{"text_format":"3","workbook":"xlsx","n_sheets":7,"sheets":["Общий","ОМС","ПЛАТ","БЮДЖ","Бюдж.ОПК","Ф.кв.ОРТО","Лист2"],"not_rendered":{"macros":1,"defined_names":7},"read":"whole","date_system":"1900"}

{"sheet":"Общий","index":0,"n_rows":1567,"n_cols":10,"rows_kept":1567,"merged":[[9,0,9,8],[12,0,12,9],[229,0,229,9],[427,0,427,9],[682,0,682,9],[756,0,756,9],[771,0,771,9],[802,0,802,9],[925,0,925,9],[930,0,930,9],[1001,0,1001,9],[1231,0,1231,9],[1235,0,1235,9],[1322,0,1322,9],[1388,0,1388,9],[1420,0,1420,9],[1521,0,1521,5],[1527,0,1527,5],[1531,1,1531,5],[1535,1,1535,5],[1539,1,1539,5],[1541,1,1541,5],[1549,1,1549,5],[1551,1,1551,5],[1559,1,1559,5],[1561,1,1561,5]]}
[{"$nulls":7},"\"Утверждаю\""]
[{"$nulls":7},"Главный врач СПб ГБУЗ ГМПБ №2"]
[{"$nulls":7},"Волчков В.А."]
[]
[{"$nulls":7},"______________________________"]
[{"$nulls":7},"\"30 мая 2020 года"]
[]
[]
[]
["ФОРМУЛЯРНЫЙ ПЕРЕЧЕНЬ ЛЕКАРСТВЕННЫХ ПРЕПАРАТОВ НА 2021 ГОД"]
[]
["АТХ","Группа","МНН","Название","ИФ","ЖНиВЛП","Ед.изм","Кол-во","Цена","Сумма"]
["A Пищеварительный тракт и обмен веществ "]
["A01Стоматологические препараты"]
["A01AB11","противомикробное средство","Метронидазол + Хлоргексидин","Метрогил Дента гель стоматологический 20g №1","ПЛАТ","Нет","уп",20,"281,59",{"$f":"H15*I15","v":{"v":5631.799999999999,"d":"5,631.80"}}]
["A01AD11","НПВП","Холина салицилат + Цеталкония хлорид","Холисал гель стоматологический 10g","ПЛАТ","Нет","уп",25,"417,43",{"$f":"H16*I16","v":{"v":10435.75,"d":"10,435.75"}}]
["A01AВ11","противовоспалительное средство растительного происхождения","~","Стоматофит экстракт для местного применения, [жидкий] 100ml","ПЛАТ","Нет","уп",20,"319,28",{"v":6385.599999999999,"d":"6,385.60"}]
["A02Препараты, применяемые при состояниях, связанных с нарушениями кислотности",{"$nulls":8},{"v":0,"d":"0.00"}]
["A02BA03","желез желудка секрецию понижающее средство - H2-гистаминовых рецепторов блокатор","Фамотидин","Фамотидин лиоф д/пр р-ра д/в/в вв 20mg+5ml №5","Бюджет","Да","уп",271,"310,43",{"v":84126.53,"d":"84,126.53"}]
["A02BA03","желез желудка секрецию понижающее средство - H2-гистаминовых рецепторов блокатор","Фамотидин","Фамотидин лиоф д/пр р-ра д/в/в вв 20mg+5ml №5","ОМС","Да","уп",2453,"310,43",{"v":761484.79,"d":"761,484.79"}]
["A02BA03","желез желудка секрецию понижающее средство - H2-гистаминовых рецепторов блокатор","Фамотидин","Фамотидин лиоф д/пр р-ра д/в/в вв 20mg+5ml №5","ПЛАТ","Да","уп",128,"310,43",{"v":39735.04,"d":"39,735.04"}]
["A02BA03","желез желудка секрецию понижающее средство - H2-гистаминовых рецепторов блокатор","Фамотидин","Фамотидин табл п/п/о 20mg №20","Бюджет","Да","уп",20,"23,33",{"v":466.59999999999997,"d":"466.60"}]
["A02BA03","желез желудка секрецию понижающее средство - H2-гистаминовых рецепторов блокатор","Фамотидин","Фамотидин табл п/п/о 20mg №20","ОМС","Да","уп",395,"23,33",{"v":9215.349999999999,"d":"9,215.35"}]
["A02BA03","желез желудка секрецию понижающее средство - H2-гистаминовых рецепторов блокатор","Фамотидин","Фамотидин табл п/п/о 20mg №20","ПЛАТ","Да","уп",8,"23,33",186.64]
["A02BA03","желез желудка секрецию понижающее средство - H2-гистаминовых рецепторов блокатор","Фамотидин","Фамотидин табл п/п/о 20mg №30","Бюджет","Да","уп",100,"34,43",{"v":3443,"d":"3,443.00"}]
["A02BA03","желез желудка секрецию понижающее средство - H2-гистаминовых рецепторов блокатор","Фамотидин","Фамотидин табл п/п/о 20mg №30","ОМС","Да","уп",2218,"34,43",{"v":76365.74,"d":"76,365.74"}]
["A02BA03","желез желудка секрецию понижающее средство - H2-гистаминовых рецепторов блокатор","Фамотидин","Фамотидин табл п/п/о 20mg №30","ПЛАТ","Да","уп",25,"34,43",860.75]
["A02BC01","желез желудка секрецию понижающее средство - протонного насоса ингибитор","Омепразол","Омез лиоф-т д/пригот р-ра д/инф 40mg №1","Бюджет","Да","уп",50,"150,3",{"v":7515.000000000001,"d":"7,515.00"}]
["A02BC01","желез желудка секрецию понижающее средство - протонного насоса ингибитор","Омепразол","Омез лиоф-т д/пригот р-ра д/инф 40mg №1","ОМС","Да","уп",1225,"150,3",{"v":184117.5,"d":"184,117.50"}]
["A02BC01","желез желудка секрецию понижающее средство - протонного насоса ингибитор","Омепразол","Омез лиоф-т д/пригот р-ра д/инф 40mg №1","ПЛАТ","Да","уп",108,"150,3",{"v":16232.400000000001,"d":"16,232.40"}]
["A02BC01","желез желудка секрецию понижающее средство - протонного насоса ингибитор","Омепразол","Омепразол капс к/раст 20mg №30","Бюджет","Да","уп",115,"32,94",{"v":3788.1,"d":"3,788.10"}]
["A02BC01","желез желудка секрецию понижающее средство - протонного насоса ингибитор","Омепразол","Омепразол капс к/раст 20mg №30","ОМС","Да","уп",4968,"32,94",{"v":163645.91999999998,"d":"163,645.92"}]
["A02BC01","желез желудка секрецию понижающее средство - протонного насоса ингибитор","Омепразол","Омепразол капс к/раст 20mg №30","ПЛАТ","Да","уп",210,"32,94",{"v":6917.4,"d":"6,917.40"}]
["A02BC01","желез желудка секрецию понижающее средство - протонного насоса ингибитор","Омепразол","Омепразол лиоф-т д/пригот р-ра д/инф 40mg №1","ОМС","Да","уп",101,"272,26",{"v":27498.26,"d":"27,498.26"}]
["A02BC01","желез желудка секрецию понижающее средство - протонного насоса ингибитор","Омепразол","Ультоп капсулы 40mg №28","ОМС","Да","уп",19,"525,44",{"v":9983.36,"d":"9,983.36"}]
["A02BC01","желез желудка секрецию понижающее средство - протонного насоса ингибитор","Омепразол","Ультоп капсулы 40mg №28","ПЛАТ","Да","уп",21,"525,44",{"v":11034.240000000002,"d":"11,034.24"}]
["А02BC02","желез желудка секрецию понижающее средство - протонного насоса ингибитор","Пантопразол","Нольпаза лиоф д/пр р-ра д/в/в вв 40mg №1","ОМС","Нет","уп",50,"301,45",{"v":15072.5,"d":"15,072.50"}]
["А02BC02","желез желудка секрецию понижающее средство - протонного насоса ингибитор","Пантопразол","Нольпаза лиоф д/пр р-ра д/в/в вв 40mg №1","ПЛАТ","Нет","уп",61,"301,45",{"v":18388.45,"d":"18,388.45"}]
["А02BC02","желез желудка секрецию понижающее средство - протонного насоса ингибитор","Пантопразол","Нольпаза табл п/к/р/о 40mg №14","ОМС","Нет","уп",298,"184,04",{"v":54843.92,"d":"54,843.92"}]
["А02BC02","желез желудка секрецию понижающее средство - протонного насоса ингибитор","Пантопразол","Нольпаза табл п/к/р/о 40mg №14","ПЛАТ","Нет","уп",20,"184,04",{"v":3680.7999999999997,"d":"3,680.80"}]
["A02BC04","желез желудка секрецию понижающее средство - протонного насоса ингибитор","Рабепразол","Зульбекс табл к/р п/п/о 20mg №28","ОМС","Нет","уп",20,1680,{"v":33600,"d":"33,600.00"}]
["A02BC04","желез желудка секрецию понижающее средство - протонного насоса ингибитор","Рабепразол","Зульбекс табл к/р п/п/о 20mg №28","ПЛАТ","Нет","уп",8,1680,{"v":13440,"d":"13,440.00"}]
["A02BC04","желез желудка секрецию понижающее средство - протонного насоса ингибитор","Рабепразол","Рабепразол-СЗ капсулы 20mg №28","ОМС","Нет","уп",20,"427,53",{"v":8550.599999999999,"d":"8,550.60"}]
["A02BC05","желез желудка секрецию понижающее средство - протонного насоса ингибитор","Эзомепразол","Эманера капс к/раст 20mg №14","ОМС","Да","уп",55,"242,17",{"v":13319.349999999999,"d":"13,319.35"}]
["A02BC05","желез желудка секрецию понижающее средство - протонного насоса ингибитор","Эзомепразол","Эманера капс к/раст 20mg №14","ПЛАТ","Да","уп",25,"242,17",{"v":6054.25,"d":"6,054.25"}]
["A02BC05","желез желудка секрецию понижающее средство - протонного насоса ингибитор","Эзомепразол","Эманера капс к/раст 40mg №28","ОМС","Да","уп",29,"727,99",{"v":21111.71,"d":"21,111.71"}]
["A02BC05","желез желудка секрецию понижающее средство - протонного насоса ингибитор","Эзомепразол","Эманера капс к/раст 40mg №28","ПЛАТ","Да","уп",15,"727,99",{"v":10919.85,"d":"10,919.85"}]
["A02BX","рефлюкс-эзофагита средство лечения","~","Гевискон Форте суспензия д/ приема внутрь (в компл.мерн.лож) 150ml №1","ОМС","Нет","уп",10,"346,8",{"v":3468,"d":"3,468.00"}]
["A02BX","рефлюкс-эзофагита средство лечения","~","Гевискон Форте суспензия д/ приема внутрь (в компл.мерн.лож) 150ml №1","ПЛАТ","Нет","уп",5,"346,8",{"v":1734,"d":"1,734.00"}]
["A02BX05","антисептическое кишечное и вяжущее средство","Висмута трикалия дицитрат","Висмута трикалия дицитрат табл п/п/о 120mg № 56","ОМС","Да","уп",73,"440,62",{"v":32165.260000000002,"d":"32,165.26"}]
["A02BX05","антисептическое кишечное и вяжущее средство","Висмута трикалия дицитрат","Висмута трикалия дицитрат табл п/п/о 120mg № 56","ПЛАТ","Да","уп",15,"440,62",{"v":6609.3,"d":"6,609.30"}]
["A02BX05","антисептическое кишечное и вяжущее средство","Висмута трикалия дицитрат","Улькавис табл п/п/о 120mg № 56","ПЛАТ","Да","уп",5,"413,7",{"v":2068.5,"d":"2,068.50"}]
["A02АХ","антацидное средство","Алгелдрат+Магния гидроксид","Алмагель суспензия д/ приема внутрь (в компл.мерн.лож) 170ml","ОМС","Нет","уп",53,"266,66",{"v":14132.980000000001,"d":"14,132.98"}]
["A02АХ","антацидное средство","Алгелдрат+Магния гидроксид","Алмагель суспензия д/ приема внутрь (в компл.мерн.лож) 170ml","ПЛАТ","Нет","уп",2,"266,66",533.32]
["A03Препараты для лечения функциональных нарушений со стороны ЖКТ",{"$nulls":8},{"v":0,"d":"0.00"}]
["A03AA","м-холиноблокатор","Платифиллин","Платифиллина гидротартрат раствор для п/к вв 2mg/ml 1ml №10","ОМС","Да","уп",241,"69,75",{"v":16809.75,"d":"16,809.75"}]
["A03AA","м-холиноблокатор","Платифиллин","Платифиллина гидротартрат раствор для п/к вв 2mg/ml 1ml №10","ПЛАТ","Да","уп",26,"69,75",{"v":1813.5,"d":"1,813.50"}]
["A03AA04","спазмолитическое средство","Мебеверин","Спарекс капс пролонг/д-я 200mg №30","ОМС","Да","уп",165,"514,84",{"v":84948.6,"d":"84,948.60"}]
["A03AA04","спазмолитическое средство","Мебеверин","Спарекс капс пролонг/д-я 200mg №30","ПЛАТ","Да","уп",45,"514,84",{"v":23167.800000000003,"d":"23,167.80"}]
["A03AD01","спазмолитическое средство","Папаверин","Папаверина гидрохлорид раствор для инъекций 20mg/ml 2ml №10","Б.Опк","Нет","уп",2,"273,06",546.12]
["A03AD01","спазмолитическое средство","Папаверин","Папаверина гидрохлорид раствор для инъекций 20mg/ml 2ml №10","Бюджет","Нет","уп",30,"273,06",{"v":8191.8,"d":"8,191.80"}]
["A03AD01","спазмолитическое средство","Папаверин","Папаверина гидрохлорид раствор для инъекций 20mg/ml 2ml №10","ОМС","Нет","уп",315,"273,06",{"v":86013.9,"d":"86,013.90"}]
["A03AD01","спазмолитическое средство","Папаверин","Папаверина гидрохлорид раствор для инъекций 20mg/ml 2ml №10","ПЛАТ","Нет","уп",10,"273,06",{"v":2730.6,"d":"2,730.60"}]
["A03AD02","спазмолитическое средство","Дротаверин","Дротаверин раствор для инъекций 20mg/ml 2ml №10","Бюджет","Да","уп",105,"59,01",{"v":6196.05,"d":"6,196.05"}]
["A03AD02","спазмолитическое средство","Дротаверин","Дротаверин раствор для инъекций 20mg/ml 2ml №10","ОМС","Да","уп",3134,"59,01",{"v":184937.34,"d":"184,937.34"}]
["A03AD02","спазмолитическое средство","Дротаверин","Дротаверин раствор для инъекций 20mg/ml 2ml №10","ПЛАТ","Да","уп",58,"59,01",{"v":3422.58,"d":"3,422.58"}]
["A03AD02","спазмолитическое средство","Дротаверин","Дротаверин табл 40mg №100","Бюджет","Да","уп",2,"58,25",{"v":116.5,"d":"116.50"}]
["A03AD02","спазмолитическое средство","Дротаверин","Дротаверин табл 40mg №100","ОМС","Да","уп",430,"58,25",{"v":25047.5,"d":"25,047.50"}]
["A03AD02","спазмолитическое средство","Дротаверин","Дротаверин табл 40mg №100","ПЛАТ","Да","уп",23,"58,25",{"v":1339.75,"d":"1,339.75"}]
["A03AD02","спазмолитическое средство","Дротаверин","Дротаверин табл 40mg №20","ОМС","Да","уп",57,"30,12",{"v":1716.8400000000001,"d":"1,716.84"}]
["A03AD02","спазмолитическое средство","Дротаверин","Дротаверин табл 40mg №20","ПЛАТ","Да","уп",5,"30,12",{"v":150.6,"d":"150.60"}]
["A03BA01","м-холиноблокатор","Атропин","Атропин капли глазные 1% 5ml","ОМС","Да","уп",63,"52,27",{"v":3293.01,"d":"3,293.01"}]
["A03BA01","м-холиноблокатор","Атропин","Атропин капли глазные 1% 5ml","ПЛАТ","Да","уп",4,"52,27",209.08]
["A03BA01","м-холиноблокатор","Атропин","Атропин раствор для инъекций 1mg/ml 1ml №5","ОМС","Да","уп",897,"12,01",{"v":10772.97,"d":"10,772.97"}]
["A03BA01","м-холиноблокатор","Атропин","Атропин раствор для инъекций 1mg/ml 1ml №5","ПЛАТ","Да","уп",2,"12,01",24.02]
["A03BA01","м-холиноблокатор","Атропин","Атропина сульфат раствор для инъекций 1mg/ml 1ml №10","ОМС","Да","уп",1544,"28,39",{"v":43834.16,"d":"43,834.16"}]
["A03FA01","противорвотное средство - дофаминовых рецепторов блокатор центральный","Метоклопрамид","Метоклопрамид раствор для в/в и в/м вв 5mg/ml 2ml №10","Бюджет","Да","уп",49,"123,89",{"v":6070.61,"d":"6,070.61"}]
["A03FA01","противорвотное средство - дофаминовых рецепторов блокатор центральный","Метоклопрамид","Метоклопрамид раствор для в/в и в/м вв 5mg/ml 2ml №10","ОМС","Да","уп",1543,"123,89",{"v":191162.27,"d":"191,162.27"}]
["A03FA01","противорвотное средство - дофаминовых рецепторов блокатор центральный","Метоклопрамид","Метоклопрамид раствор для в/в и в/м вв 5mg/ml 2ml №10","ПЛАТ","Да","уп",72,"123,89",{"v":8920.08,"d":"8,920.08"}]
["A03FA01","противорвотное средство - дофаминовых рецепторов блокатор центральный","Метоклопрамид","Метоклопрамид табл 10mg №50","ОМС","Да","уп",69,"26,79",{"$f":"H80*I80","v":{"v":1848.51,"d":"1,848.51"}}]
["A03FA01","противорвотное средство - дофаминовых рецепторов блокатор центральный","Метоклопрамид","Метоклопрамид табл 10mg №50","ПЛАТ","Да","уп",3,"26,79",80.37]
["A04Противорвотные препараты",{"$nulls":8},{"v":0,"d":"0.00"}]
["А04АА01","противорвотное средство - серотониновых рецепторов антагонист","Ондансетрон","Латран раствор для в/в и в/м вв 2mg/ml 2ml №5","Бюджет","Да","уп",10,"456,12",{"v":4561.2,"d":"4,561.20"}]
["А04АА01","противорвотное средство - серотониновых рецепторов антагонист","Ондансетрон","Латран раствор для в/в и в/м вв 2mg/ml 2ml №5","ОМС","Да","уп",90,"456,12",{"v":41050.8,"d":"41,050.80"}]
["А04АА01","противорвотное средство - серотониновых рецепторов антагонист","Ондансетрон","Латран раствор для в/в и в/м вв 2mg/ml 2ml №5","ПЛАТ","Да","уп",21,"456,12",{"v":9578.52,"d":"9,578.52"}]
["A05Препараты для лечения заболеваний печени и желчевыводящих путей",{"$nulls":8},{"v":0,"d":"0.00"}]
["А05АА02","гепатопротекторное средство","Урсодезоксихолевая кислота","Урсодезоксихолевая кислота капсулы 250mg №50","ОМС","Да","уп",32,"571,14",{"v":18276.48,"d":"18,276.48"}]
["А05АА02","гепатопротекторное средство","Урсодезоксихолевая кислота","Урсодезоксихолевая кислота капсулы 250mg №50","ПЛАТ","Да","уп",8,"571,14",{"v":4569.12,"d":"4,569.12"}]
["A05BA","гипоазотемическое средство","Орнитин","Гепа-Мерц гран д/р-ра перор 5g №30","Бюджет","Нет","уп",2,"2095,42",{"v":4190.84,"d":"4,190.84"}]
["A05BA","гипоазотемическое средство","Орнитин","Гепа-Мерц гран д/р-ра перор 5g №30","ОМС","Нет","уп",15,"2095,42",{"v":31431.300000000003,"d":"31,431.30"}]
["A05BA","гипоазотемическое средство","Орнитин","Гепа-Мерц гран д/р-ра перор 5g №30","ПЛАТ","Нет","уп",10,"2095,42",{"v":20954.2,"d":"20,954.20"}]
["A05BA","метаболическое средство","Инозин+Меглюмин+Метионин+Никотинамид+Янтарная кислота","Ремаксол раствор для инфузий 400ml №1","Бюджет","Да","уп",90,"398,47",{"v":35862.3,"d":"35,862.30"}]
["A05BA","метаболическое средство","Инозин+Меглюмин+Метионин+Никотинамид+Янтарная кислота","Ремаксол раствор для инфузий 400ml №1","ОМС","Да","уп",160,"398,47",{"v":63755.200000000004,"d":"63,755.20"}]
["A05BA","метаболическое средство","Инозин+Меглюмин+Метионин+Никотинамид+Янтарная кислота","Ремаксол раствор для инфузий 400ml №1","ПЛАТ","Да","уп",100,"398,47",{"v":39847,"d":"39,847.00"}]
["A06Слабительные препараты",{"$nulls":8},{"v":0,"d":"0.00"}]
["A06AA01","слабительное средство","Парафин жидкий","Вазелиновое масло масло д/приема внутрь 25ml","ОМС","Нет","уп",273,"36,63",{"v":9999.990000000002,"d":"9,999.99"}]
["A06AA01","слабительное средство","Парафин жидкий","Вазелиновое масло масло д/приема внутрь 25ml","ПЛАТ","Нет","уп",30,"36,63",{"v":1098.9,"d":"1,098.90"}]
["A06AB02","слабительное средство","Бисакодил","Бисакодил табл п/к/р/о 5mg №30","ОМС","Да","уп",135,"20,96",{"v":2829.6,"d":"2,829.60"}]
["A06AB02","слабительное средство","Бисакодил","Бисакодил табл п/к/р/о 5mg №30","ПЛАТ","Да","уп",2,"20,96",41.92]
["A06AB02","слабительное средство","Бисакодил","Бисакодил-Нижфарм  супп рект 10mg №10","ОМС","Да","уп",65,"42,62",{"v":2770.2999999999997,"d":"2,770.30"}]
["A06AB02","слабительное средство","Бисакодил","Бисакодил-Нижфарм  супп рект 10mg №10","ПЛАТ","Да","уп",8,"42,62",340.96]
["А06АВ06","слабительное средство растительного происхождения","Сеннозиды А и В","Сенадексин  табл №20","ОМС","Да","уп",354,"15,84",{"v":5607.36,"d":"5,607.36"}]
["А06АВ06","слабительное средство растительного происхождения","Сеннозиды А и В","Сенадексин  табл №20","ПЛАТ","Да","уп",3,"15,84",{"v":47.519999999999996,"d":"47.52"}]
["A06AD11","слабительное средство","Лактулоза","Нормазе сироп 667mg/ml 200ml","ОМС","Да","уп",107,"278,3",{"v":29778.100000000002,"d":"29,778.10"}]
["A06AD11","слабительное средство","Лактулоза","Порталак сироп 667mg/ml 500ml","ОМС","Да","уп",7,"398,47",{"v":2789.29,"d":"2,789.29"}]
["A06AD11","слабительное средство","Лактулоза","Порталак сироп 667mg/ml 500ml","ПЛАТ","Да","уп",11,"398,47",{"v":4383.17,"d":"4,383.17"}]
["A06AD15","слабительное средство","Макрогол","Фортранс порошок д/приг суспензии д/вн прим 64g №4","ПЛАТ","Да","уп",83,"517,38",{"v":42942.54,"d":"42,942.54"}]
["A06АВ05","слабительное средство растительного происхождения","~","Касторовое масло масло д/приема внутрь 30ml","ОМС","Нет","уп",125,"36,63",{"v":4578.75,"d":"4,578.75"}]
["A07Противодиарейные, кишечные противовоспалительные и противомикробные препараты",{"$nulls":8},{"v":0,"d":"0.00"}]
["A07AA11","антибиотик-рифамицин","Рифаксимин","Альфа Нормикс табл п/п/о 200mg №12","ОМС","Нет","уп",70,"1069,34",{"v":74853.79999999999,"d":"74,853.80"}]
["A07AA11","антибиотик-рифамицин","Рифаксимин","Альфа Нормикс табл п/п/о 200mg №12","ПЛАТ","Нет","уп",20,"1069,34",{"v":21386.8,"d":"21,386.80"}]
["A07AX03","противомикробное средство - нитрофуран","Нифуроксазид","Экофурил капсулы 200mg №16","ОМС","Нет","уп",20,"459,56",{"v":9191.2,"d":"9,191.20"}]
["A07AX03","противомикробное средство - нитрофуран","Нифуроксазид","Экофурил капсулы 200mg №16","ПЛАТ","Нет","уп",15,"459,56",{"v":6893.4,"d":"6,893.40"}]
["A07BA01","энтеросорбирующее средство","Уголь активированный","Уголь активированный табл 250mg №10","ОМС","Нет","уп",408,"4,33",{"v":1766.64,"d":"1,766.64"}]
["A07BA01","энтеросорбирующее средство","Уголь активированный","Уголь активированный табл 250mg №10","ПЛАТ","Нет","уп",20,"4,33",{"v":86.6,"d":"86.60"}]
["A07BC05","противодиарейное средство","Диосмектит","Неосмектин порошок д/приг суспензии д/вн прим 3g №30","ОМС","Да","уп",33,"341,55",{"v":11271.15,"d":"11,271.15"}]
["A07BC05","противодиарейное средство","Диосмектит","Неосмектин порошок д/приг суспензии д/вн прим 3g №30","ПЛАТ","Да","уп",20,"341,55",{"v":6831,"d":"6,831.00"}]
["A07DA03","противодиарейное средство","Лоперамид","Лоперамид табл 2mg №10","ОМС","Да","уп",35,"25,06",{"v":877.0999999999999,"d":"877.10"}]
["A07DA03","противодиарейное средство","Лоперамид","Лоперамид табл 2mg №20","ОМС","Да","уп",251,"27,21",{"v":6829.71,"d":"6,829.71"}]
["A07DA03","противодиарейное средство","Лоперамид","Лоперамид табл 2mg №20","ПЛАТ","Да","уп",14,"27,21",380.94]
["A07EC02","противомикробное и противовоспалительное кишечное средство","Сульфасалазин","Сульфасалазин-ЕН  табл п/к/р/о 500mg №50","ОМС","Да","уп",20,"359,34",{"v":7186.799999999999,"d":"7,186.80"}]
["A07EC02","противомикробное и противовоспалительное кишечное средство","Сульфасалазин","Сульфасалазин-ЕН  табл п/к/р/о 500mg №50","ПЛАТ","Да","уп",3,"359,34",{"v":1078.02,"d":"1,078.02"}]
["A07FA","средство, нормализующее микрофлору кишечника","~","Хилак Форте капл д/пр внутрь 100ml №1","ПЛАТ","Нет","уп",15,"565,48",{"v":8482.2,"d":"8,482.20"}]
["A07FA","эубиотик","Бифидобактерии бифидум","Бифидумбактерин  лиоф д/приг р-ра д/приема внутрь и мест прим 5dosis №10","ОМС","Да","уп",12,"86,51",{"v":1038.1200000000001,"d":"1,038.12"}]
["A07FA","эубиотик","Бифидобактерии лонгум+Энтерококкус фециум","Бифиформ капс к/раст №30","ОМС","Нет","уп",42,"615,87",{"v":25866.54,"d":"25,866.54"}]
["A07FA","эубиотик","Бифидобактерии лонгум+Энтерококкус фециум","Бифиформ капс к/раст №30","ПЛАТ","Нет","уп",49,"615,87",{"v":30177.63,"d":"30,177.63"}]
["A07FA02","противодиарейное средство","Сахаромицеты Boulardii","Энтерол капсулы 250mg №30","ОМС","Нет","уп",60,"570,54",{"v":34232.399999999994,"d":"34,232.40"}]
["A07FA02","противодиарейное средство","Сахаромицеты Boulardii","Энтерол капсулы 250mg №30","ПЛАТ","Нет","уп",20,"570,54",{"v":11410.8,"d":"11,410.80"}]
["A07FA51","эубиотик","~","Линекс капс №16","ОМС","Нет","уп",10,"394,94",{"v":3949.4,"d":"3,949.40"}]
["A07FA51","эубиотик","~","Линекс капс №16","ПЛАТ","Нет","уп",2,"394,94",789.88]
["A09Препараты, способствующие пищеварению (в т.ч. ферментные препараты)",{"$nulls":8},{"v":0,"d":"0.00"}]
["А09АА02","пищеварительное ферментное средство","Панкреатин","Креон 25000 капс к/раст 300mg №20","ОМС","Да","уп",55,"562,03",{"v":30911.649999999998,"d":"30,911.65"}]
["А09АА02","пищеварительное ферментное средство","Панкреатин","Креон 25000 капс к/раст 300mg №20","ПЛАТ","Да","уп",45,"562,03",{"v":25291.35,"d":"25,291.35"}]
["А09АА02","пищеварительное ферментное средство","Панкреатин","Мезим форте 10000 табл п/к/р/о  №20","ОМС","Да","уп",758,"180,66",{"v":136940.28,"d":"136,940.28"}]
["А09АА02","пищеварительное ферментное средство","Панкреатин","Мезим форте 10000 табл п/к/р/о  №20","ПЛАТ","Да","уп",142,"180,66",{"v":25653.72,"d":"25,653.72"}]
["А09АА02","пищеварительное ферментное средство","Панкреатин","Микразим капсулы 25000 ЕД №50","ОМС","Да","уп",326,"792,55",{"v":258371.3,"d":"258,371.30"}]
["А09АА02","пищеварительное ферментное средство","Панкреатин","Микразим капсулы 25000 ЕД №50","ПЛАТ","Да","уп",54,"792,55",{"v":42797.7,"d":"42,797.70"}]
["А09АА02","пищеварительное ферментное средство","Панкреатин","Микразим капсулы 40000 EД №50","ОМС","Да","уп",4,"1516,61",{"v":6066.44,"d":"6,066.44"}]
["А09АА02","пищеварительное ферментное средство","Панкреатин","Микразим капсулы 40000 EД №50","ПЛАТ","Да","уп",4,"1516,61",{"v":6066.44,"d":"6,066.44"}]
["A10Препараты для лечения сахарного диабета",{"$nulls":8},{"v":0,"d":"0.00"}]
["A10AB01","гипогликемическое средство - инсулин короткого действия","Инсулин растворимый [человеческий генно-инженерный]","Инсуман Рапид ГТ раствор для инъекций 100МЕ/ml 3ml №5","Бюджет","Да","уп",5,"1120,14",{"v":5600.700000000001,"d":"5,600.70"}]
["A10AB01","гипогликемическое средство - инсулин короткого действия","Инсулин растворимый [человеческий генно-инженерный]","Инсуман Рапид ГТ раствор для инъекций 100МЕ/ml 3ml №5","ОМС","Да","уп",43,"1120,14",{"v":48166.020000000004,"d":"48,166.02"}]
["A10AB01","гипогликемическое средство - инсулин короткого действия","Инсулин растворимый [человеческий генно-инженерный]","Инсуман Рапид ГТ раствор для инъекций 100МЕ/ml 3ml №5","ПЛАТ","Да","уп",3,"1120,14",{"v":3360.42,"d":"3,360.42"}]
["A10AB01","гипогликемическое средство - инсулин короткого действия","Инсулин растворимый [человеческий генно-инженерный]","Росинсулин Р раствор для инъекций 100МЕ/ml 3ml №5","Бюджет","Да","уп",5,"1516,57",{"$f":"H144*I144","v":{"v":7582.849999999999,"d":"7,582.85"}}]
["A10AB01","гипогликемическое средство - инсулин короткого действия","Инсулин растворимый [человеческий генно-инженерный]","Росинсулин Р раствор для инъекций 100МЕ/ml 3ml №5","ОМС","Да","уп",47,"1516,57",{"v":71278.79,"d":"71,278.79"}]
["A10AB01","гипогликемическое средство - инсулин короткого действия","Инсулин растворимый [человеческий генно-инженерный]","Росинсулин Р раствор для инъекций 100МЕ/ml 5ml №5","Бюджет","Да","уп",14,"1085,06",{"v":15190.84,"d":"15,190.84"}]
["A10AB01","гипогликемическое средство - инсулин короткого действия","Инсулин растворимый [человеческий генно-инженерный]","Росинсулин Р раствор для инъекций 100МЕ/ml 5ml №5","ОМС","Да","уп",116,"1085,06",{"v":125866.95999999999,"d":"125,866.96"}]
["A10AB01","гипогликемическое средство - инсулин короткого действия","Инсулин растворимый [человеческий генно-инженерный]","Росинсулин Р раствор для инъекций 100МЕ/ml 5ml №5","ПЛАТ","Да","уп",2,"1085,06",{"v":2170.12,"d":"2,170.12"}]
["A10AB01","гипогликемическое средство - инсулин короткого действия","Инсулин растворимый [человеческий генно-инженерный]","Росинсулин Р раствор для п/к вв 100ME/ml 5ml №5","ОМС","Да","уп",47,"1043,32",{"v":49036.03999999999,"d":"49,036.04"}]
["A10AC01","гипогликемическое средство - инсулин средней продолжительности действия","Инсулин-изофан","Росинсулин С суспензия для п/к вв 100ME/ml 5ml №5","Бюджет","Да","уп",8,"1046,36",{"v":8370.88,"d":"8,370.88"}]
["A10AC01","гипогликемическое средство - инсулин средней продолжительности действия","Инсулин-изофан","Росинсулин С суспензия для п/к вв 100ME/ml 5ml №5","ОМС","Да","уп",134,"1046,36",{"v":140212.24,"d":"140,212.24"}]
["A10AC01","гипогликемическое средство - инсулин средней продолжительности действия","Инсулин-изофан","Росинсулин С суспензия для п/к вв 100ME/ml 5ml №5","ПЛАТ","Да","уп",2,"1046,36",{"v":2092.72,"d":"2,092.72"}]
["A10AЕ04","гипогликемическое средство - инсулина длительного действия аналог","Инсулин гларгин","Туджео СолоСтар р-р для п/к введ, картриджи в шприц-ручках СолоСтар 300ME/ml 1,5ml №3","Бюджет","Да","уп",12,"3208,15",{"v":38497.8,"d":"38,497.80"}]
["A10AЕ04","гипогликемическое средство - инсулина длительного действия аналог","Инсулин гларгин","Туджео СолоСтар р-р для п/к введ, картриджи в шприц-ручках СолоСтар 300ME/ml 1,5ml №3","ОМС","Да","уп",145,"3208,15",{"v":465181.75,"d":"465,181.75"}]
["A10AЕ04","гипогликемическое средство - инсулина длительного действия аналог","Инсулин гларгин","Туджео СолоСтар р-р для п/к введ, картриджи в шприц-ручках СолоСтар 300ME/ml 1,5ml №3","ПЛАТ","Да","уп",9,"3208,15",{"v":28873.350000000002,"d":"28,873.35"}]
["A10BA02","гипогликемическое средство для перорального применения группы бигуанидов","Метформин","Форметин табл 0,5g №60","Бюджет","Да","уп",3,"93,43",280.29]
["A10BA02","гипогликемическое средство для перорального применения группы бигуанидов","Метформин","Форметин табл 0,5g №60","ОМС","Да","уп",93,"93,43",{"v":8688.99,"d":"8,688.99"}]
["A10BA02","гипогликемическое средство для перорального применения группы бигуанидов","Метформин","Форметин табл 0,5g №60","ПЛАТ","Да","уп",7,"93,43",654.01]
["A10BA02","гипогликемическое средство для перорального применения группы бигуанидов","Метформин","Форметин табл 0,85g №60","Бюджет","Да","уп",5,"180,33",{"v":901.6500000000001,"d":"901.65"}]
["A10BA02","гипогликемическое средство для перорального применения группы бигуанидов","Метформин","Форметин табл 0,85g №60","ОМС","Да","уп",252,"180,33",{"v":45443.16,"d":"45,443.16"}]
["A10BA02","гипогликемическое средство для перорального применения группы бигуанидов","Метформин","Форметин табл 0,85g №60","ПЛАТ","Да","уп",3,"180,33",540.99]
["A10BA02","гипогликемическое средство для перорального применения группы бигуанидов","Метформин","Форметин табл 1g №30","Бюджет","Да","уп",5,"153,01",765.05]
["A10BA02","гипогликемическое средство для перорального применения группы бигуанидов","Метформин","Форметин табл 1g №30","ОМС","Да","уп",115,"153,01",{"v":17596.149999999998,"d":"17,596.15"}]
["A10BA02","гипогликемическое средство для перорального применения группы бигуанидов","Метформин","Форметин табл 1g №30","ПЛАТ","Да","уп",3,"153,01",459.03]
["A10BB01","гипогликемическое средство для перорального применения группы сульфонилмочевины II поколения","Глибенкламид","Глибенкламид табл 5mg №120","ОМС","Да","уп",15,"97,94",{"v":1469.1,"d":"1,469.10"}]
["A10BB01","гипогликемическое средство для перорального применения группы сульфонилмочевины II поколения","Глибенкламид","Глибенкламид табл 5mg №120","ПЛАТ","Да","уп",1,"97,94",97.94]
["A10BB09","гипогликемическое средство для перорального применения группы сульфонилмочевины II поколения","Гликлазид","Гликлазид МВ  табл с модифиц. высвобождением 30 mg №60 ","ПЛАТ","Да","уп",3,"138,13",414.39]
["A10BB09","гипогликемическое средство для перорального применения группы сульфонилмочевины II поколения","Гликлазид","Гликлазид МВ  табл с модифиц. высвобождением 60mg №60","ОМС","Да","уп",15,"138,13",{"v":2071.95,"d":"2,071.95"}]
["A11Витамины",{"$nulls":8},{"v":0,"d":"0.00"}]
["A11CC03","витамин - кальциево-фосфорного обмена регулятор","Альфакальцидол","Альфа Д3-Тева капсулы 0,25mkg №30","ПЛАТ","Да","уп",2,"299,85",{"v":599.7,"d":"599.70"}]
["A11DA01","витамин","Тиамин","Тиамин раствор для в/м вв 50mg/ml 1ml №10","Бюджет","Да","уп",7,"27,49",{"v":192.42999999999998,"d":"192.43"}]
["A11DA01","витамин","Тиамин","Тиамин раствор для в/м вв 50mg/ml 1ml №10","ОМС","Да","уп",813,"27,49",{"v":22349.37,"d":"22,349.37"}]
["A11DA01","витамин","Тиамин","Тиамин раствор для в/м вв 50mg/ml 1ml №10","ПЛАТ","Да","уп",18,"27,49",494.82]
["A11EA","витамины группы B","Поливитамины","Нейромультивит табл п/п/о №20","ПЛАТ","Нет","уп",3,"796,09",{"v":2388.27,"d":"2,388.27"}]
["A11GA01","витамин","Аскорбиновая кислота","Аскорбиновая кислота раствор для в/в и в/м вв 50mg/ml 2ml №10","Бюджет","Да","уп",25,"37,69",942.25]
["A11GA01","витамин","Аскорбиновая кислота","Аскорбиновая кислота раствор для в/в и в/м вв 50mg/ml 2ml №10","ОМС","Да","уп",920,"37,69",{"v":34674.799999999996,"d":"34,674.80"}]
["A11GA01","витамин","Аскорбиновая кислота","Аскорбиновая кислота раствор для в/в и в/м вв 50mg/ml 2ml №10","ПЛАТ","Да","уп",170,"37,69",{"v":6407.299999999999,"d":"6,407.30"}]
["A11HA02","витамин","Пиридоксин","Пиридоксин раствор для инъекций 50mg/ml 1ml №10","Бюджет","Да","уп",9,"27,44",246.96]
["A11HA02","витамин","Пиридоксин","Пиридоксин раствор для инъекций 50mg/ml 1ml №10","ОМС","Да","уп",779,"27,44",{"v":21375.760000000002,"d":"21,375.76"}]
["A11HA02","витамин","Пиридоксин","Пиридоксин раствор для инъекций 50mg/ml 1ml №10","ПЛАТ","Да","уп",18,"27,44",493.92]
["А11НА03","витамин","Витамин Е","Лайфевит капсулы 100mg №30","ОМС","Нет","уп",20,"188,7",{"v":3774,"d":"3,774.00"}]
["А11НА03","витамин","Витамин Е","альфа-Токоферола ацетат (Витамин E)  капсулы 100mg №10","ОМС","Нет","уп",50,"85,35",{"v":4267.5,"d":"4,267.50"}]
["A11HA04","витамин","Рибофлавин","Рибофлавин - мононуклеотид раствор для в/м вв 10mg/ml 1ml №10","ОМС","Нет","уп",60,"115,43",{"v":6925.8,"d":"6,925.80"}]
["A11HA04","витамин","Рибофлавин","Рибофлавин - мононуклеотид раствор для в/м вв 10mg/ml 1ml №10","ПЛАТ","Нет","уп",2,"115,43",230.86]
["A11JA","поливитаминное средство","Витамин Е+ Ретинол","Аевит капсулы №10","ПЛАТ","Нет","уп",20,"39,18",{"v":783.6,"d":"783.60"}]
["A12Минеральные добавки",{"$nulls":8},{"v":0,"d":"0.00"}]
["A12AA03","кальциево-фосфорного обмена регулятор","Кальция глюконат","Кальция глюконат Б.Браун раствор для инъекций 10% 10ml №20","ОМС","Да","уп",143,"379,5",{"v":54268.5,"d":"54,268.50"}]
["A12AA03","кальциево-фосфорного обмена регулятор","Кальция глюконат","Кальция глюконат Б.Браун раствор для инъекций 10% 10ml №20","ПЛАТ","Да","уп",3,"379,5",{"v":1138.5,"d":"1,138.50"}]
["A12AX","кальциево-фосфорного обмена регулятор","Кальция карбонат + Колекальциферол","Кальций-Д3 Никомед Форте  табл жеват 500mg+400ME №30","ОМС","Нет","уп",4,"578,2",{"v":2312.8,"d":"2,312.80"}]
["A12AX","кальциево-фосфорного обмена регулятор","Кальция карбонат + Колекальциферол","Кальций-Д3 Никомед Форте  табл жеват 500mg+400ME №30","ПЛАТ","Нет","уп",2,"578,2",{"v":1156.4,"d":"1,156.40"}]
["A12BA01","калия препарат","Калия хлорид","Калия хлорид Б. Браун конц-т д/приг раствора для инфузий 40mg/ml 10ml №20","Бюджет","Да","уп",28,"245,41",{"v":6871.48,"d":"6,871.48"}]
["A12BA01","калия препарат","Калия хлорид","Калия хлорид Б. Браун конц-т д/приг раствора для инфузий 40mg/ml 10ml №20","ОМС","Да","уп",877,"245,41",{"v":215224.57,"d":"215,224.57"}]
["A12BA01","калия препарат","Калия хлорид","Калия хлорид Б. Браун конц-т д/приг раствора для инфузий 40mg/ml 10ml №20","ПЛАТ","Да","уп",115,"245,41",{"v":28222.149999999998,"d":"28,222.15"}]
["A12BA01","калия препарат","Калия хлорид","Калия хлорид конц-т д/приг раствора для инфузий 40mg/ml 100ml №1","ОМС","Да","уп",1780,"63,59",{"v":113190.20000000001,"d":"113,190.20"}]
["A12BA01","калия препарат","Калия хлорид","Калия хлорид конц-т д/приг раствора для инфузий 40mg/ml 100ml №1","ПЛАТ","Да","уп",35,"63,59",{"v":2225.65,"d":"2,225.65"}]
["A12BA01","калия препарат","Калия хлорид","Калия хлорид конц-т д/приг раствора для инфузий 40mg/ml 100ml №35","Бюджет","Да","уп",5,"2894,38",{"v":14471.900000000001,"d":"14,471.90"}]
["A12BA01","калия препарат","Калия хлорид","Калия хлорид конц-т д/приг раствора для инфузий 40mg/ml 100ml №35","ОМС","Да","уп",72,"2894,38",{"v":208395.36000000002,"d":"208,395.36"}]
["A12BA01","калия препарат","Калия хлорид","Калия хлорид конц-т д/приг раствора для инфузий 40mg/ml 100ml №35","ПЛАТ","Да","уп",9,"2894,38",{"v":26049.420000000002,"d":"26,049.42"}]
["A12BA01","калия препарат","Калия хлорид","Калия хлорид концентрат для приготовления р-ра для инфузий 75mg/ml 200ml №28","ОМС","Да","уп",194,"2868,16",{"v":556423.0399999999,"d":"556,423.04"}]
["A12CX","калия и магния препарат","Калия и магния аспарагинат","Аспаркам табл №20","ОМС","Да","уп",250,"41,14",{"v":10285,"d":"10,285.00"}]
["A12CX","калия и магния препарат","Калия и магния аспарагинат","Аспаркам табл №60","Бюджет","Да","уп",100,"103,73",{"v":10373,"d":"10,373.00"}]
["A12CX","калия и магния препарат","Калия и магния аспарагинат","Аспаркам табл №60","ОМС","Да","уп",710,"103,73",{"v":73648.3,"d":"73,648.30"}]
["A12CX","калия и магния препарат","Калия и магния аспарагинат","Аспаркам табл №60","ПЛАТ","Да","уп",9,"103,73",933.57]
["A12CX","калия и магния препарат","Калия и магния аспарагинат","Аспаркам- L раствор для в/в  вв 10ml №10","ОМС","Да","уп",51,"94,48",{"v":4818.4800000000005,"d":"4,818.48"}]
["A12CX","калия и магния препарат","Калия и магния аспарагинат","Аспаркам- L раствор для в/в  вв 10ml №10","ПЛАТ","Да","уп",30,"94,48",{"v":2834.4,"d":"2,834.40"}]
["A12CX","калия и магния препарат","Калия и магния аспарагинат","Калия и магния аспарагинат  конц-т д/приг раствора для инфузий 10ml №10","ОМС","Да","уп",30,"227,7",{"v":6831,"d":"6,831.00"}]
["A12CX","калия и магния препарат","Калия и магния аспарагинат","Калия и магния аспарагинат  раствор для инфузий 250ml №1","Бюджет","Да","уп",350,"79,59",{"v":27856.5,"d":"27,856.50"}]
["A12CX","калия и магния препарат","Калия и магния аспарагинат","Калия и магния аспарагинат  раствор для инфузий 250ml №1","ОМС","Да","уп",3410,"79,59",{"$f":"H208*I208","v":{"v":271401.9,"d":"271,401.90"}}]
["A12CX","калия и магния препарат","Калия и магния аспарагинат","Калия и магния аспарагинат  раствор для инфузий 250ml №1","ПЛАТ","Да","уп",54,"79,59",{"v":4297.860000000001,"d":"4,297.86"}]
["A12CX","калия и магния препарат","Калия и магния аспарагинат","Калия и магния аспарагинат  раствор для инфузий 500ml №1","Бюджет","Да","уп",240,"148,19",{"v":35565.6,"d":"35,565.60"}]
["A12CX","калия и магния препарат","Калия и магния аспарагинат","Калия и магния аспарагинат  раствор для инфузий 500ml №1","ОМС","Да","уп",365,"148,19",{"v":54089.35,"d":"54,089.35"}]
["A14Анаболические препараты для системного применения",{"$nulls":8},{"v":0,"d":"0.00"}]
["A14AB01","анаболическое стероидное средство","Нандролон","Ретаболил раствор для в/м вв 50mg/ml 1ml","ОМС","Да","амп",20,"239,83",{"v":4796.6,"d":"4,796.60"}]
["A14AB01","анаболическое стероидное средство","Нандролон","Ретаболил раствор для в/м вв 50mg/ml 1ml","ПЛАТ","Да","амп",5,"239,83",{"v":1199.15,"d":"1,199.15"}]
["A16Другие препараты для лечения заболеваний ЖКТ и нарушений обмена веществ",{"$nulls":8},{"v":0,"d":"0.00"}]
["A16AA02","гепатопротекторное средство","Адеметионин","Гептор лиоф-т д/приг р-ра для в/в и в/м вв 400mg+р-ль 5ml №5","Бюджет","Да","уп",22,"1475,53",{"v":32461.66,"d":"32,461.66"}]
["A16AA02","гепатопротекторное средство","Адеметионин","Гептор лиоф-т д/приг р-ра для в/в и в/м вв 400mg+р-ль 5ml №5","ОМС","Да","уп",80,"1475,53",{"v":118042.4,"d":"118,042.40"}]
["A16AA02","гепатопротекторное средство","Адеметионин","Гептор лиоф-т д/приг р-ра для в/в и в/м вв 400mg+р-ль 5ml №5","ПЛАТ","Да","уп",82,"1475,53",{"v":120993.45999999999,"d":"120,993.46"}]
["A16AA02","гепатопротекторное средство","Адеметионин","Гептор табл п/к/р/о  400mg №40","ОМС","Да","уп",56,"2246,91",{"v":125826.95999999999,"d":"125,826.96"}]
["A16AA02","гепатопротекторное средство","Адеметионин","Гептор табл п/к/р/о  400mg №40","ПЛАТ","Да","уп",17,"2246,91",{"v":38197.47,"d":"38,197.47"}]
["A16AA02","гепатопротекторное средство","Адеметионин","Гептор табл п/к/р/о 400mg №20","ПЛАТ","Да","уп",1,"1123,45",{"v":1123.45,"d":"1,123.45"}]
["A16AX01","метаболическое средство","Тиоктовая кислота","Октолипен табл п/п/о 600mg №30","ОМС","Да","уп",25,"708,51",{"v":17712.75,"d":"17,712.75"}]
["A16AX01","метаболическое средство","Тиоктовая кислота","Октолипен табл п/п/о 600mg №30","ПЛАТ","Да","уп",7,"708,51",{"v":4959.57,"d":"4,959.57"}]
["A16AX01","метаболическое средство","Тиоктовая кислота","Тиолепта раствор для инфузий 12mg/ml 50ml №10","ОМС","Да","уп",65,"2110,73",{"v":137197.45,"d":"137,197.45"}]
["A16AX01","метаболическое средство","Тиоктовая кислота","Тиолипон конц-т д/приг раствора для в/в вв 30mg/ml 10ml №10","ОМС","Да","уп",135,"420,18",{"v":56724.3,"d":"56,724.30"}]
["A16AX01","метаболическое средство","Тиоктовая кислота","Тиолипон конц-т д/приг раствора для в/в вв 30mg/ml 10ml №10","ПЛАТ","Да","уп",108,"420,18",{"v":45379.44,"d":"45,379.44"}]
["А16АХ01","метаболическое средство","Тиоктовая кислота","Тиоктовая кислота концентрат для приготовления р-ра для инфузий 30mg/ml 10ml №10","ОМС","Да","уп",55,"1073,42",{"v":59038.100000000006,"d":"59,038.10"}]
["А16АХ01","метаболическое средство","Тиоктовая кислота","Тиоктовая кислота концентрат для приготовления р-ра для инфузий 30mg/ml 10ml №10","ПЛАТ","Да","уп",5,"1073,42",{"v":5367.1,"d":"5,367.10"}]
[{"$nulls":9},{"$f":"SUM(J15:J228)","v":{"v":7279007.550000003,"d":"7,279,007.55"}}]
["B Кроветворение и кровь "]
["B01Антикоагулянты"]
["B01AA03","антикоагулянтное средство непрямого действия","Варфарин","Варфарин Канон табл 2,5mg №50","ОМС","Да","уп",41,"139,36",{"$f":"H232*I232","v":{"v":5713.76,"d":"5,713.76"}}]
["B01AA03","антикоагулянтное средство непрямого действия","Варфарин","Варфарин-OBL табл 2,5mg №50","Бюджет","Да","уп",5,"100,1",{"$f":"H233*I233","v":{"v":500.5,"d":"500.50"}}]
["B01AA03","антикоагулянтное средство непрямого действия","Варфарин","Варфарин-OBL табл 2,5mg №50","ОМС","Да","уп",88,"100,1",{"v":8808.8,"d":"8,808.80"}]
["B01AA03","антикоагулянтное средство непрямого действия","Варфарин","Варфарин-OBL табл 2,5mg №50","ПЛАТ","Да","уп",2,"100,1",{"v":200.2,"d":"200.20"}]
["В01АВ01","антикоагулянтное средство прямого действия","Гепарин натрия","Гепарин-натрий Браун раствор для в/в и п/к  вв 5000МЕ/ml 5ml №10","Бюджет","Да","уп",169,"1380,45",{"v":233296.05000000002,"d":"233,296.05"}]
["В01АВ01","антикоагулянтное средство прямого действия","Гепарин натрия","Гепарин-натрий Браун раствор для в/в и п/к  вв 5000МЕ/ml 5ml №10","ОМС","Да","уп",3257,"1380,45",{"v":4496125.65,"d":"4,496,125.65"}]
["В01АВ01","антикоагулянтное средство прямого действия","Гепарин натрия","Гепарин-натрий Браун раствор для в/в и п/к  вв 5000МЕ/ml 5ml №10","ПЛАТ","Да","уп",138,"1380,45",{"v":190502.1,"d":"190,502.10"}]
["В01АВ05","антикоагулянтное средство прямого действия","Эноксапарин натрия","Эниксум раствор для инъекций 10000анти-Ха МЕ/1ml 0,6ml №10","ОМС","Да","уп",24,"3056,8",{"v":73363.20000000001,"d":"73,363.20"}]
["B01AB05","антикоагулянтное средство прямого действия","Эноксапарин натрия","Анфибра раствор для инъекций 2000анти-Ха МЕ/0,2ml №10","ОМС","Да","уп",10,"1799,16",{"v":17991.600000000002,"d":"17,991.60"}]
["B01AB05","антикоагулянтное средство прямого действия","Эноксапарин натрия","Анфибра раствор для инъекций 4000анти-Ха МЕ/0,4ml №10","Бюджет","Да","уп",110,"2621,11",{"v":288322.10000000003,"d":"288,322.10"}]
["B01AB05","антикоагулянтное средство прямого действия","Эноксапарин натрия","Анфибра раствор для инъекций 4000анти-Ха МЕ/0,4ml №10","ОМС","Да","уп",1237,"2621,11",{"v":3242313.0700000003,"d":"3,242,313.07"}]
["B01AB05","антикоагулянтное средство прямого действия","Эноксапарин натрия","Анфибра раствор для инъекций 4000анти-Ха МЕ/0,4ml №10","ПЛАТ","Да","уп",46,"2621,11",{"v":120571.06000000001,"d":"120,571.06"}]
["B01AB05","антикоагулянтное средство прямого действия","Эноксапарин натрия","Анфибра раствор для инъекций 6000анти-Ха МЕ/0,6ml №10","ОМС","Да","уп",75,"3387,43",{"v":254057.25,"d":"254,057.25"}]
["B01AB05","антикоагулянтное средство прямого действия","Эноксапарин натрия","Анфибра раствор для инъекций 6000анти-Ха МЕ/0,6ml №10","ПЛАТ","Да","уп",6,"3387,43",{"v":20324.579999999998,"d":"20,324.58"}]
["B01AB05","антикоагулянтное средство прямого действия","Эноксапарин натрия","Анфибра раствор для инъекций 8000анти-Ха МЕ/0,8ml №10","Бюджет","Да","уп",20,"5337,65",{"v":106753,"d":"106,753.00"}]
["B01AB05","антикоагулянтное средство прямого действия","Эноксапарин натрия","Анфибра раствор для инъекций 8000анти-Ха МЕ/0,8ml №10","ОМС","Да","уп",64,"5337,65",{"v":341609.6,"d":"341,609.60"}]
["B01AB05","антикоагулянтное средство прямого действия","Эноксапарин натрия","Анфибра раствор для инъекций 8000анти-Ха МЕ/0,8ml №10","ПЛАТ","Да","уп",8,"5337,65",{"v":42701.2,"d":"42,701.20"}]
["B01AB06","антикоагулянтное средство прямого действия","Надропарин кальция","Фраксипарин р-р д/подкож введ (шприц) 9500 МЕ/ml 0.3ml №10","Бюджет","Нет","уп",20,"2655,67",{"v":53113.4,"d":"53,113.40"}]
["B01AB06","антикоагулянтное средство прямого действия","Надропарин кальция","Фраксипарин р-р д/подкож введ (шприц) 9500 МЕ/ml 0.3ml №10","ПЛАТ","Нет","уп",5,"2655,67",{"v":13278.35,"d":"13,278.35"}]
["B01AC04","антиагрегантное средство","Клопидогрел ","Плавикс табл п/п/о 300mg №10","Бюджет","Да","уп.",8,"2288,55",{"v":18308.4,"d":"18,308.40"}]
["B01AC04","антиагрегантное средство","Клопидогрел ","Плавикс табл п/п/о 300mg №10","ОМС","Да","уп.",149,"2288,55",{"v":340993.95,"d":"340,993.95"}]
["B01AC04","антиагрегантное средство","Клопидогрел ","Плавикс табл п/п/о 75mg №100","Бюджет","Да","уп",6,"3418,4",{"v":20510.4,"d":"20,510.40"}]
["B01AC04","антиагрегантное средство","Клопидогрел ","Плавикс табл п/п/о 75mg №100","ОМС","Да","уп",274,"3418,4",{"v":936641.6,"d":"936,641.60"}]
["B01AC04","антиагрегантное средство","Клопидогрел ","Плавикс табл п/п/о 75mg №100","ПЛАТ","Да","уп",10,"3418,4",{"v":34184,"d":"34,184.00"}]
["B01AC06","антиагрегантное средство","Ацетилсалициловая кислота","Ацекардол табл п/к/р/о  300mg №30","ОМС","Да","уп",40,"42,7",{"v":1708,"d":"1,708.00"}]
["B01AC06","антиагрегантное средство","Ацетилсалициловая кислота","Ацекардол табл п/к/р/о 100mg №30","Бюджет","Да","уп",10,"22,47",{"v":224.7,"d":"224.70"}]
["B01AC06","антиагрегантное средство","Ацетилсалициловая кислота","Ацекардол табл п/к/р/о 100mg №30","ОМС","Да","уп",623,"22,47",{"v":13998.81,"d":"13,998.81"}]
["B01AC06","антиагрегантное средство","Ацетилсалициловая кислота","Ацекардол табл п/к/р/о 100mg №30","ПЛАТ","Да","уп",35,"22,47",{"v":786.4499999999999,"d":"786.45"}]
["B01AC07","вазодилатирующее средство","Дипиридамол","Дипиридамол-ФПО табл п/п/о 75mg №40","ОМС","Нет","уп",1,"599,17",599.17]
["B01AC24","антиагрегантное средство","Тикагрелор","Брилинта табл п/п/о 90mg №168","Бюджет","Да","уп",1,"14934,38",{"v":14934.38,"d":"14,934.38"}]
["B01AC24","антиагрегантное средство","Тикагрелор","Брилинта табл п/п/о 90mg №168","ОМС","Да","уп",29,"14934,38",{"v":433097.01999999996,"d":"433,097.02"}]
["B01AC24","антиагрегантное средство","Тикагрелор","Брилинта табл п/п/о 90mg №168","ПЛАТ","Да","уп",1,"14934,38",{"v":14934.38,"d":"14,934.38"}]
["B01AC30","антиагрегантное средство","Ацетилсалициловая кислота+Клопидогрел","Коплавикс табл п/п/о 100mg+75mg №28","ОМС","Нет","уп",11,3663,{"v":40293,"d":"40,293.00"}]
["B01AC30","ингибиторы агрегации тромбоцитов в комбинации","Ацетилсалициловая кислота+ Магния гидроксид","Кардиомагнил табл п/п/о 75+15,2mg №100","Бюджет","Нет","уп",50,"309,91",{"v":15495.500000000002,"d":"15,495.50"}]
["B01AC30","ингибиторы агрегации тромбоцитов в комбинации","Ацетилсалициловая кислота+ Магния гидроксид","Кардиомагнил табл п/п/о 75+15,2mg №100","ОМС","Нет","уп",79,"309,91",{"v":24482.890000000003,"d":"24,482.89"}]
["B01AC30","ингибиторы агрегации тромбоцитов в комбинации","Ацетилсалициловая кислота+ Магния гидроксид","Кардиомагнил табл п/п/о 75+15,2mg №100","ПЛАТ","Нет","уп",31,"309,91",{"v":9607.210000000001,"d":"9,607.21"}]
["B01AD","фибринолитическое средство","Проурокиназа","Гемаза лиоф-т д/пригот р-ра д/инъек. 5000МЕ №5, амп","ОМС","Да","уп",132,"922,29",{"v":121742.28,"d":"121,742.28"}]
["B01AD","фибринолитическое средство","Проурокиназа","Гемаза лиоф-т д/пригот р-ра д/инъек. 5000МЕ №5, амп","ПЛАТ","Да","уп",27,"922,29",{"v":24901.829999999998,"d":"24,901.83"}]
["B01AD02","фибринолитическое средство - активатор плазминогена","Алтеплаза ","Актилизе лиоф-т д/приг р-ра д/инф +раств в комп 50mg","ОМС","Да","уп.",88,"28755,75",{"v":2530506,"d":"2,530,506.00"}]
["B01AE07","тромбина ингибитор прямой","Дабигатрана этексилат","Прадакса капс 110mg №180","Бюджет","Да","уп",1,"11894,54",{"v":11894.54,"d":"11,894.54"}]
["B01AE07","тромбина ингибитор прямой","Дабигатрана этексилат","Прадакса капс 110mg №180","ОМС","Да","уп",14,"11894,54",{"v":166523.56,"d":"166,523.56"}]
["B01AE07","тромбина ингибитор прямой","Дабигатрана этексилат","Прадакса капс 110mg №180","ПЛАТ","Да","уп",5,"11894,54",{"v":59472.700000000004,"d":"59,472.70"}]
["B01AE07","тромбина ингибитор прямой","Дабигатрана этексилат","Прадакса капс 150mg №180","Бюджет","Да","уп",1,"11837,5",{"v":11837.5,"d":"11,837.50"}]
["B01AE07","тромбина ингибитор прямой","Дабигатрана этексилат","Прадакса капс 150mg №180","ОМС","Да","уп",21,"11837,5",{"v":248587.5,"d":"248,587.50"}]
["B01AE07","тромбина ингибитор прямой","Дабигатрана этексилат","Прадакса капс 150mg №180","ПЛАТ","Да","уп",1,"11837,5",{"v":11837.5,"d":"11,837.50"}]
["B01AF01","прямые ингибиторы фактора Ха","Ривароксабан","Ксарелто табл п/п/о 10mg №100","Бюджет","Да","уп",18,"10161,4",{"v":182905.19999999998,"d":"182,905.20"}]
["B01AF01","прямые ингибиторы фактора Ха","Ривароксабан","Ксарелто табл п/п/о 10mg №100","ОМС","Да","уп",30,"10161,4",{"v":304842,"d":"304,842.00"}]
["B01AF01","прямые ингибиторы фактора Ха","Ривароксабан","Ксарелто табл п/п/о 15mg №100","Бюджет","Да","уп",1,12540,{"v":12540,"d":"12,540.00"}]
["B01AF01","прямые ингибиторы фактора Ха","Ривароксабан","Ксарелто табл п/п/о 15mg №100","ОМС","Да","уп",32,12540,{"v":401280,"d":"401,280.00"}]
["B01AF01","прямые ингибиторы фактора Ха","Ривароксабан","Ксарелто табл п/п/о 15mg №100","ПЛАТ","Да","уп",7,12540,{"v":87780,"d":"87,780.00"}]
["B01AF01","прямые ингибиторы фактора Ха","Ривароксабан","Ксарелто табл п/п/о 20mg №100","Бюджет","Да","уп",1,12540,{"v":12540,"d":"12,540.00"}]
["B01AF01","прямые ингибиторы фактора Ха","Ривароксабан","Ксарелто табл п/п/о 20mg №100","ОМС","Да","уп",42,12540,{"v":526680,"d":"526,680.00"}]
["B01AF01","прямые ингибиторы фактора Ха","Ривароксабан","Ксарелто табл п/п/о 20mg №100","ПЛАТ","Да","уп",2,12540,{"v":25080,"d":"25,080.00"}]
["B01AF02","антикоагулянтное средство прямого действия","Апиксабан","Эликвис табл 5mg №20","Бюджет","Да","уп",20,"846,7",{"v":16934,"d":"16,934.00"}]
["B01AF02","антикоагулянтное средство прямого действия","Апиксабан","Эликвис табл 5mg №20","ОМС","Да","уп",344,"846,7",{"v":291264.8,"d":"291,264.80"}]
["B01AF02","антикоагулянтное средство прямого действия","Апиксабан","Эликвис табл 5mg №20","ПЛАТ","Да","уп",26,"846,7",{"v":22014.2,"d":"22,014.20"}]
["B01AF02","антикоагулянтное средство прямого действия","Апиксабан","Эликвис табл п/п/о 2,5mg №20","ОМС","Да","уп",215,"848,65",{"v":182459.75,"d":"182,459.75"}]
["B01AF02","антикоагулянтное средство прямого действия","Апиксабан","Эликвис табл п/п/о 2,5mg №20","ПЛАТ","Да","уп",30,"848,65",{"v":25459.5,"d":"25,459.50"}]
["B01AF02","антикоагулянтное средство прямого действия","Апиксабан","Эликвис табл п/п/о 5mg №60","ПЛАТ","Да","уп",7,"2540,6",{"v":17784.2,"d":"17,784.20"}]
["B01AX05","антитромботическое средство","Фондапаринукс натрия","Арикстра раствор для в/в и п/к  вв 2,5mg/0,5ml 0,5ml №10","ОМС","Нет","уп",105,"7677,25",{"v":806111.25,"d":"806,111.25"}]
["B01AX05","антитромботическое средство","Фондапаринукс натрия","Арикстра раствор для в/в и п/к  вв 2,5mg/0,5ml 0,5ml №10","ПЛАТ","Нет","уп",6,"7677,25",{"v":46063.5,"d":"46,063.50"}]
["B02Гемостатические препараты",{"$nulls":8},{"v":0,"d":"0.00"}]
["B02AA01","гемостатическое средство - ингибитор фибринолиза","Аминокапроновая кислота","Аминокапроновая кислота  раствор для инфузий 50mg/ml 100ml №1","Бюджет","Да","уп.",50,49.896,{"v":2494.8,"d":"2,494.80"}]
["B02AA01","гемостатическое средство - ингибитор фибринолиза","Аминокапроновая кислота","Аминокапроновая кислота  раствор для инфузий 50mg/ml 100ml №1","ОМС","Да","уп.",800,49.896,{"v":39916.8,"d":"39,916.80"}]
["B02AA01","гемостатическое средство - ингибитор фибринолиза","Аминокапроновая кислота","Аминокапроновая кислота  раствор для инфузий 50mg/ml 100ml №1","ПЛАТ","Да","уп.",15,49.896,748.44]
["B02AA02","гемостатическое средство - ингибитор фибринолиза","Транексамовая кислота","Транексамовая кислота  раствор для в/в  вв 50mg/ml 5ml №10","Бюджет","Да","уп",30,1254,{"$f":"H297*I297","v":{"v":37620,"d":"37,620.00"}}]
["B02AA02","гемостатическое средство - ингибитор фибринолиза","Транексамовая кислота","Транексамовая кислота  раствор для в/в  вв 50mg/ml 5ml №10","ОМС","Да","уп",122,1254,{"v":152988,"d":"152,988.00"}]
["B02AA02","гемостатическое средство - ингибитор фибринолиза","Транексамовая кислота","Транексамовая кислота  раствор для в/в  вв 50mg/ml 5ml №10","ПЛАТ","Да","уп",15,1254,{"v":18810,"d":"18,810.00"}]
["B02AA02","гемостатическое средство - ингибитор фибринолиза","Транексамовая кислота ","Траксара раствор для в/в  вв 50 mg/ml 5ml №10","Бюджет","Да","уп",24,"1462,41",{"v":35097.840000000004,"d":"35,097.84"}]
["B02AA02","гемостатическое средство - ингибитор фибринолиза","Транексамовая кислота ","Траксара раствор для в/в  вв 50 mg/ml 5ml №10","ОМС","Да","уп",136,"1462,41",{"v":198887.76,"d":"198,887.76"}]
["B02AA02","гемостатическое средство - ингибитор фибринолиза","Транексамовая кислота ","Траксара раствор для в/в  вв 50 mg/ml 5ml №10","ПЛАТ","Да","уп",8,"1462,41",{"v":11699.28,"d":"11,699.28"}]
["B02AA02","гемостатическое средство - ингибитор фибринолиза","Транексамовая кислота ","Транексам табл п/п/о 250mg №30","ОМС","Да","уп",7,"566,3",{"v":3964.0999999999995,"d":"3,964.10"}]
["B02AA02","гемостатическое средство - ингибитор фибринолиза","Транексамовая кислота ","Транексам табл п/п/о 250mg №30","ПЛАТ","Да","уп",1,"566,3",{"v":566.3,"d":"566.30"}]
["B02AB01","протеолиза ингибитор","Апротинин","Гордокс раствор для в/в  вв 10000 КИЕ/ml 10ml №25","Бюджет","Да","уп",11,"5378,31",{"v":59161.41,"d":"59,161.41"}]
["B02AB01","протеолиза ингибитор","Апротинин","Гордокс раствор для в/в  вв 10000 КИЕ/ml 10ml №25","ОМС","Да","уп",22,"5378,31",{"v":118322.82,"d":"118,322.82"}]
["B02AB01","протеолиза ингибитор","Апротинин","Гордокс раствор для в/в  вв 10000 КИЕ/ml 10ml №25","ПЛАТ","Да","уп",1,"5378,31",{"v":5378.31,"d":"5,378.31"}]
["B02BA02","витамина K аналог синтетический","Менадиона натрия бисульфит","Викасол амп 10mg/ml 1ml №10","ОМС","Да","уп",166,"74,87",{"v":12428.42,"d":"12,428.42"}]
["B02BA02","витамина K аналог синтетический","Менадиона натрия бисульфит","Викасол амп 10mg/ml 1ml №10","ПЛАТ","Да","уп",4,"74,87",299.48]
["B02BC09","альфа- и бета-адреномиметик","Эпинефрин","Адреналин  раствор для инъекций 1mg/ml 1ml №5","Бюджет","Да","уп",26,"79,44",{"v":2065.44,"d":"2,065.44"}]
["B02BC09","альфа- и бета-адреномиметик","Эпинефрин","Адреналин  раствор для инъекций 1mg/ml 1ml №5","ОМС","Да","уп",2066,"79,44",{"v":164123.04,"d":"164,123.04"}]
["B02BC09","альфа- и бета-адреномиметик","Эпинефрин","Адреналин  раствор для инъекций 1mg/ml 1ml №5","ПЛАТ","Да","уп",13,"79,44",{"v":1032.72,"d":"1,032.72"}]
["B02BC09","альфа- и бета-адреномиметик","Эпинефрин","Адреналин  раствор для инъекций 1mg/ml 1ml №5","Ф.кв. ОРТО","Да","уп",1,"79,44",79.44]
["B02BX01","гемостатическое средство","Этамзилат","Этамзилат-Ферейн раствор для инъекций 125mg/ml 2ml №10","Бюджет","Да","уп",100,"63,47",{"v":6347,"d":"6,347.00"}]
["B02BX01","гемостатическое средство","Этамзилат","Этамзилат-Ферейн раствор для инъекций 125mg/ml 2ml №10","ОМС","Да","уп",1456,"63,47",{"v":92412.31999999999,"d":"92,412.32"}]
["B02BX01","гемостатическое средство","Этамзилат","Этамзилат-Ферейн раствор для инъекций 125mg/ml 2ml №10","ПЛАТ","Да","уп",1,"63,47",63.47]
["B02BX01","гемостатическое средство","Этамзилат","Этамзилат-Эском раствор д/инъекций и наруж прим 125mg/ml 2ml №10","Бюджет","Да","уп",50,"25,67",{"v":1283.5,"d":"1,283.50"}]
["B02BX01","гемостатическое средство","Этамзилат","Этамзилат-Эском раствор д/инъекций и наруж прим 125mg/ml 2ml №10","ОМС","Да","уп",570,"25,67",{"v":14631.900000000001,"d":"14,631.90"}]
["B02BX01","гемостатическое средство","Этамзилат","Этамзилат-Эском раствор д/инъекций и наруж прим 125mg/ml 2ml №10","ПЛАТ","Да","уп",5,"25,67",{"v":128.35000000000002,"d":"128.35"}]
["B03Антианемические препараты",{"$nulls":8},{"v":0,"d":"0.00"}]
["B03A","железа препарат","Железа [III] гидроксид декстран","Феррум Лек раствор для в/м вв 50mg/ml 2ml №50","ОМС","Нет","уп",5,"10939,54",{"v":54697.700000000004,"d":"54,697.70"}]
["B03A","железа препарат","Железа [III] гидроксид декстран","Феррум Лек раствор для в/м вв 50mg/ml 2ml №50","ПЛАТ","Нет","уп","1,4","10939,54",{"v":15315.356,"d":"15,315.36"}]
["B03A","железа препарат","Железа [III] гидроксид декстран","Феррум Лек табл жеват 100mg №30","Бюджет","Да","уп",3,"291,08",873.24]
["B03A","железа препарат","Железа [III] гидроксид декстран","Феррум Лек табл жеват 100mg №30","ОМС","Да","уп",105,"291,08",{"v":30563.399999999998,"d":"30,563.40"}]
["B03A","железа препарат","Железа [III] гидроксид декстран","Феррум Лек табл жеват 100mg №30","ПЛАТ","Да","уп",13,"291,08",{"v":3784.04,"d":"3,784.04"}]
["B03AC","железа препарат","Железа [III] гидроксид сахарозный комплекс","Венофер раствор для в/в  вв 20mg/ml 5ml №5","Бюджет","Да","уп",2,"4293,43",{"v":8586.86,"d":"8,586.86"}]
["B03AC","железа препарат","Железа [III] гидроксид сахарозный комплекс","Венофер раствор для в/в  вв 20mg/ml 5ml №5","ОМС","Да","уп",39,"4293,43",{"v":167443.77000000002,"d":"167,443.77"}]
["B03AC","железа препарат","Железа [III] гидроксид сахарозный комплекс","Венофер раствор для в/в  вв 20mg/ml 5ml №5","ПЛАТ","Да","уп",57,"4293,43",{"v":244725.51,"d":"244,725.51"}]
["B03AC","железа препарат","Железа [III] гидроксид сахарозный комплекс","Железа [III] гидроксид сахарозный комплекс раствор для в/в  вв 20mg/ml 5ml №5","Бюджет","Да","уп",8,"3572,13",{"v":28577.04,"d":"28,577.04"}]
["B03AC","железа препарат","Железа [III] гидроксид сахарозный комплекс","Железа [III] гидроксид сахарозный комплекс раствор для в/в  вв 20mg/ml 5ml №5","ОМС","Да","уп",213,"3572,13",{"v":760863.6900000001,"d":"760,863.69"}]
["B03AC","железа препарат","Железа [III] гидроксид сахарозный комплекс","Железа [III] гидроксид сахарозный комплекс раствор для в/в  вв 20mg/ml 5ml №5","ПЛАТ","Да","уп",33,"3572,13",{"v":117880.29000000001,"d":"117,880.29"}]
["B03AE03","железа препарат+витамин","Железа сульфат+Аскорбиновая кислота","Сорбифер Дурулес табл п/о №50","ОМС","Нет","уп",262,"532,84",{"v":139604.08000000002,"d":"139,604.08"}]
["B03AE03","железа препарат+витамин","Железа сульфат+Аскорбиновая кислота","Сорбифер Дурулес табл п/о №50","ПЛАТ","Нет","уп",34,"532,84",{"v":18116.56,"d":"18,116.56"}]
["B03BA01","витамин","Цианокобаламин","Цианокобаламин раствор для инъекций 0,5mg/ml 1ml №10","Бюджет","Да","уп",5,"27,93",139.65]
["B03BA01","витамин","Цианокобаламин","Цианокобаламин раствор для инъекций 0,5mg/ml 1ml №10","ОМС","Да","уп",1224,"27,93",{"v":34186.32,"d":"34,186.32"}]
["B03BA01","витамин","Цианокобаламин","Цианокобаламин раствор для инъекций 0,5mg/ml 1ml №10","ПЛАТ","Да","уп",35,"27,93",977.55]
["B03BB01","витамин","Фолиевая кислота","9 месяцев Фолиевая кислота табл п/п/о 400mkg №30","ОМС","Да","уп",5,"115,29",576.45]
["B03BB01","витамин","Фолиевая кислота","Фолиевая кислота табл 1mg №50","ОМС","Да","уп",114,"31,65",{"v":3608.1,"d":"3,608.10"}]
["B03BB01","витамин","Фолиевая кислота","Фолиевая кислота табл 1mg №50","ПЛАТ","Да","уп",10,"31,65",{"v":316.5,"d":"316.50"}]
["B05Плазмозамещающие и перфузионные растворы",{"$nulls":8},{"v":0,"d":"0.00"}]
["B05AA01","плазмозамещающее средство","Альбумин человека","Альбумин раствор для инфузий 20% 50ml №1","Бюджет","Да","уп",10,1881,{"v":18810,"d":"18,810.00"}]
["B05AA01","плазмозамещающее средство","Альбумин человека","Альбумин раствор для инфузий 20% 50ml №1","ОМС","Да","уп",607,1881,{"v":1141767,"d":"1,141,767.00"}]
["B05AA01","плазмозамещающее средство","Альбумин человека","Альбумин раствор для инфузий 20% 50ml №1","ПЛАТ","Да","уп",31,1881,{"v":58311,"d":"58,311.00"}]
["В05АА06","плазмозамещающее средство","Желатин","Гелофузин раствор для инфузий 4% 500мл №10","Бюджет","Да","уп",37,"2337,19",{"v":86476.03,"d":"86,476.03"}]
["В05АА06","плазмозамещающее средство","Желатин","Гелофузин раствор для инфузий 4% 500мл №10","ОМС","Да","уп",134,"2337,19",{"v":313183.46,"d":"313,183.46"}]
["В05АА06","плазмозамещающее средство","Желатин","Гелофузин раствор для инфузий 4% 500мл №10","ПЛАТ","Да","уп",1,"2337,19",{"v":2337.19,"d":"2,337.19"}]
["B05AA07","плазмозамещающее средство","~","Волюлайт раствор для инфузий 500ml №20","Бюджет","Да",null,1,"12489,84",{"v":12489.84,"d":"12,489.84"}]
["B05AA07","плазмозамещающее средство","~","Волюлайт раствор для инфузий 500ml №20","ОМС","Да",null,7,"12489,84",{"v":87428.88,"d":"87,428.88"}]
["B05AA07","плазмозамещающее средство","Гидроксиэтилкрахмал","Венофундин раствор для инфузий 6% 500ml №10","Бюджет","Да","уп",14,"4078,34",{"v":57096.76,"d":"57,096.76"}]
["B05AA07","плазмозамещающее средство","Гидроксиэтилкрахмал","Венофундин раствор для инфузий 6% 500ml №10","ОМС","Да","уп",13,"4078,34",{"v":53018.42,"d":"53,018.42"}]
["B05AA07","плазмозамещающее средство","Гидроксиэтилкрахмал","Венофундин раствор для инфузий 6% 500ml №10","ПЛАТ","Да","уп",1,"4078,34",{"v":4078.34,"d":"4,078.34"}]
["B05AA07","плазмозамещающее средство","Гидроксиэтилкрахмал","Волювен раствор для инфузий 6% 500ml №10","Бюджет","Да","уп",38,"4378,91",{"v":166398.58,"d":"166,398.58"}]
["B05AA07","плазмозамещающее средство","Гидроксиэтилкрахмал","Волювен раствор для инфузий 6% 500ml №10","ОМС","Да","уп",60,"4378,91",{"v":262734.6,"d":"262,734.60"}]
["B05AA07","плазмозамещающее средство","Гидроксиэтилкрахмал","Тетраспан 6 раствор для инфузий 500ml №10","Бюджет","Да","уп",14,"4715,11",{"v":66011.54,"d":"66,011.54"}]
["B05AA07","плазмозамещающее средство","Гидроксиэтилкрахмал","Тетраспан 6 раствор для инфузий 500ml №10","ОМС","Да","уп",15,"4715,11",{"v":70726.65,"d":"70,726.65"}]
["B05BA01","питания парентерального средство - аминокислоты","Аминокислоты для парентерального питания + Прочие препараты ","Аминосол-Нео Е  раствор для инфузий 10% 500ml","ОМС","Да","уп",5,"330,91",{"v":1654.5500000000002,"d":"1,654.55"}]
["B05BA01","питания парентерального средство - аминокислоты","Аминокислоты для парентерального питания + Прочие препараты ","Аминосол-Нео Е  раствор для инфузий 10% 500ml","ПЛАТ","Да","уп",20,"330,91",{"v":6618.200000000001,"d":"6,618.20"}]
["B05BA01","питания парентерального средство - аминокислоты","Аминокислоты для парентерального питания + Прочие препараты [Минералы] ","Аминоплазмаль Б. Браун Е 10  раствор для инфузий 500ml №10","ОМС","Да","уп",70,"4691,81",{"v":328426.7,"d":"328,426.70"}]
["B05BA01","питания парентерального средство - аминокислоты","Аминокислоты для парентерального питания + Прочие препараты [Минералы] ","Аминоплазмаль Б. Браун Е 10  раствор для инфузий 500ml №10","ПЛАТ","Да","уп",1,"4691,81",{"v":4691.81,"d":"4,691.81"}]
["B05BA02","питания парентерального средство","Аминокислоты для парентерального питания + Прочие препараты [Жировые эмульсии для парентерального питания + Декстроза + Минералы","Кабивен центральный эмульсия для инфузий 1540ml №4","Бюджет","Да","уп",1,"5702,82",{"v":5702.82,"d":"5,702.82"}]
["B05BA02","питания парентерального средство","Аминокислоты для парентерального питания + Прочие препараты [Жировые эмульсии для парентерального питания + Декстроза + Минералы","Кабивен центральный эмульсия для инфузий 1540ml №4","ОМС","Да","уп",1,"5702,82",{"$f":"H361*I361","v":{"v":5702.82,"d":"5,702.82"}}]
["B05BA02","питания парентерального средство","Аминокислоты для парентерального питания + Прочие препараты [Жировые эмульсии для парентерального питания + Декстроза + Минералы]","Кабивен периферический эмульсия для инфузий 1920ml №4","ОМС","Да","уп",1,"6353,26",{"v":6353.26,"d":"6,353.26"}]
["В05ВА03","питания углеводного средство","Декстроза","Глюкоза-СОЛОфарм раствор для инфузий 10% 500ml №1","ОМС","Да","уп",120,"55,99",{"v":6718.8,"d":"6,718.80"}]
["B05BA03","питания углеводного средство","Декстроза","Глюкоза раствор для в/в  вв 400mg/ml 10ml №10","Бюджет","Да","уп",3,"44,71",134.13]
["B05BA03","питания углеводного средство","Декстроза","Глюкоза раствор для в/в  вв 400mg/ml 10ml №10","ОМС","Да","уп",280,"44,71",{"v":12518.800000000001,"d":"12,518.80"}]
["B05BA03","питания углеводного средство","Декстроза","Глюкоза раствор для инфузий 20% 500ml №12","ОМС","Да","уп",3,"699,54",{"v":2098.62,"d":"2,098.62"}]
["B05BA03","питания углеводного средство","Декстроза","Глюкоза раствор для инфузий 5% 250ml №10","Бюджет","Да","уп",30,"521,15",{"v":15634.5,"d":"15,634.50"}]
["B05BA03","питания углеводного средство","Декстроза","Глюкоза раствор для инфузий 5% 250ml №10","ОМС","Да","уп",1725,"521,15",{"v":898983.75,"d":"898,983.75"}]
["B05BA03","питания углеводного средство","Декстроза","Глюкоза раствор для инфузий 5% 250ml №10","ПЛАТ","Да","уп",3,"521,15",{"v":1563.4499999999998,"d":"1,563.45"}]
["B05BA03","питания углеводного средство","Декстроза","Глюкоза раствор для инфузий 5% 500ml №10","Бюджет","Да","уп",1,"344,88",344.88]
["B05BA03","питания углеводного средство","Декстроза","Глюкоза раствор для инфузий 5% 500ml №10","ОМС","Да","уп",997,"344,88",{"v":343845.36,"d":"343,845.36"}]
["B05BA03","питания углеводного средство","Декстроза","Глюкоза раствор для инфузий 5% 500ml №10","ПЛАТ","Да","уп",7,"344,88",{"v":2414.16,"d":"2,414.16"}]
["B05BA04","питания парентерального средство - аминокислоты","Аминокислоты для парентерального питания ","Гепасол-Нео  раствор для инфузий  8% 500ml №1","ОМС","Да","уп",10,"331,98",{"v":3319.8,"d":"3,319.80"}]
["B05BA04","питания парентерального средство - аминокислоты","Аминокислоты для парентерального питания ","Гепасол-Нео  раствор для инфузий  8% 500ml №1","ПЛАТ","Да","уп",10,"331,98",{"v":3319.8,"d":"3,319.80"}]
["B05BA10","питания парентерального средство","Аминокислоты для парентерального питания + Прочие препараты [Декстроза + Минералы","Нутрифлекс липид эмульсия для инфузий 48/150 1250ml №5","ОМС","Да","уп.",10,"8222,6",{"v":82226,"d":"82,226.00"}]
["B05BA10","питания парентерального средство","Аминокислоты для парентерального питания + Прочие препараты [Жировые эмульсии для парентерального питания + Декстроза + Минералы","Оликлиномель N4-550 Е  эмульсия для инфузий 1500ml №4","ОМС","Да","уп.",6,"6352,06",{"v":38112.36,"d":"38,112.36"}]
["B05BB","Растворы влияющие на водно-электролитный баланс","Меглюмина натрия сукцинат","Реамберин раствор для инфузий 1,5% 400ml №1","ПЛАТ","Да","уп",20,"221,07",{"v":4421.4,"d":"4,421.40"}]
["B05BB","Растворы влияющие на водно-электролитный баланс","Меглюмина натрия сукцинат","Реамберин раствор для инфузий 1,5% 500ml №20","Бюджет","Да","уп",210,"3469,06",{"v":728502.6,"d":"728,502.60"}]
["B05BB","Растворы влияющие на водно-электролитный баланс","Меглюмина натрия сукцинат","Реамберин раствор для инфузий 1,5% 500ml №20","ОМС","Да","уп",151,"3469,06",{"v":523828.06,"d":"523,828.06"}]
["B05BB","Растворы влияющие на водно-электролитный баланс","Меглюмина натрия сукцинат","Реамберин раствор для инфузий 1,5% 500ml №20","ПЛАТ","Да","уп",20,"3469,06",{"v":69381.2,"d":"69,381.20"}]
["B05BB01","регидратирующее средство","Калия хлорид+Кальция хлорид+Натрия хлорид","Рингер раствор для инфузий 500ml №10","Бюджет","Да","уп",45,"399,71",{"v":17986.95,"d":"17,986.95"}]
["B05BB01","регидратирующее средство","Калия хлорид+Кальция хлорид+Натрия хлорид","Рингер раствор для инфузий 500ml №10","ОМС","Да","уп",225,"399,71",{"v":89934.75,"d":"89,934.75"}]
["B05BB01","регидратирующее средство","Калия хлорид+Кальция хлорид+Натрия хлорид","Рингер раствор для инфузий 500ml №10","ПЛАТ","Да","уп",11,"399,71",{"v":4396.8099999999995,"d":"4,396.81"}]
["B05BB01","регидратирующее средство","Калия хлорид+Магния хлорид+Натрия хлорид+Натрия фумарат","Мафусол раствор для инфузий 500ml","ОМС","Нет","уп",530,"208,8",{"v":110664,"d":"110,664.00"}]
["B05BB01","регидратирующее средство","Калия хлорид+Магния хлорид+Натрия хлорид+Натрия фумарат","Мафусол раствор для инфузий 500ml","ПЛАТ","Нет","уп",10,"208,8",{"v":2088,"d":"2,088.00"}]
["B05BB01","регидратирующее средство","Натрия ацетат+Натрия хлорид+Калия хлорид","Ацесоль раствор для инфузий 400ml №12","ОМС","Да","уп",413,"418,81",{"v":172968.53,"d":"172,968.53"}]
["B05BB01","регидратирующее средство","Натрия ацетат+Натрия хлорид+Калия хлорид","Ацесоль раствор для инфузий 400ml №12","ПЛАТ","Да","уп",5,"418,81",{"v":2094.05,"d":"2,094.05"}]
["B05BB01","регидратирующее средство","Стерофундин изотонический","Стерофундин изотонический раствор для инфузий 1000ml №10","Бюджет","Да","уп",26,"1379,4",{"v":35864.4,"d":"35,864.40"}]
["B05BB01","регидратирующее средство","Стерофундин изотонический","Стерофундин изотонический раствор для инфузий 1000ml №10","ОМС","Да","уп",300,"1379,4",{"v":413820,"d":"413,820.00"}]
["B05BB01","регидратирующее средство","Стерофундин изотонический","Стерофундин изотонический раствор для инфузий 500ml №10","Бюджет","Да","уп",22,"971,22",{"v":21366.84,"d":"21,366.84"}]
["B05BB01","регидратирующее средство","Стерофундин изотонический","Стерофундин изотонический раствор для инфузий 500ml №10","ОМС","Да","уп",400,"971,22",{"v":388488,"d":"388,488.00"}]
["B05BB01","регидратирующее средство","Стерофундин изотонический","Стерофундин изотонический раствор для инфузий 500ml №10","ПЛАТ","Да","уп",91,"971,22",{"v":88381.02,"d":"88,381.02"}]
["B05BB01","электролитов баланс восстанавливающее средство","Калия хлорид + Магния хлорид + Натрия ацетат + Натрия глюконат + Натрия хлорид","Плазма-Лит 148 Водный Раствор раствор для инфузий 1000ml №10","Бюджет","Нет","уп",10,"2694,61",{"v":26946.100000000002,"d":"26,946.10"}]
["B05BB01","электролитов баланс восстанавливающее средство","Калия хлорид + Магния хлорид + Натрия ацетат + Натрия глюконат + Натрия хлорид","Плазма-Лит 148 Водный Раствор раствор для инфузий 1000ml №10","ОМС","Нет","уп",40,"2694,61",{"v":107784.40000000001,"d":"107,784.40"}]
["B05BC01","регидратирующее средство","Маннитол","Маннит раствор для инфузий 150mg/ml 400ml №1","Бюджет","Да","уп",50,"150,96",{"v":7548,"d":"7,548.00"}]
["B05BC01","регидратирующее средство","Маннитол","Маннит раствор для инфузий 150mg/ml 400ml №1","ОМС","Да","уп",90,"150,96",{"v":13586.400000000001,"d":"13,586.40"}]
["B05CB01","регидратирующее средство","Натрия хлорид","Натрия хлорид раствор для инфузий 0,9% 250ml","Бюджет","Да","уп",350,"52,8",{"v":18480,"d":"18,480.00"}]
["B05CB01","регидратирующее средство","Натрия хлорид","Натрия хлорид раствор для инфузий 0,9% 250ml","ОМС","Да","уп",29487,"52,8",{"v":1556913.5999999999,"d":"1,556,913.60"}]
["B05CB01","регидратирующее средство","Натрия хлорид","Натрия хлорид раствор для инфузий 0,9% 250ml №10","Б.Опк","Да","уп",20,"430,1",{"v":8602,"d":"8,602.00"}]
["B05CB01","регидратирующее средство","Натрия хлорид","Натрия хлорид раствор для инфузий 0,9% 250ml №10","Бюджет","Да","уп",326,"430,1",{"v":140212.6,"d":"140,212.60"}]
["B05CB01","регидратирующее средство","Натрия хлорид","Натрия хлорид раствор для инфузий 0,9% 250ml №10","ОМС","Да","уп",14103,"430,1",{"v":6065700.300000001,"d":"6,065,700.30"}]
["B05CB01","регидратирующее средство","Натрия хлорид","Натрия хлорид раствор для инфузий 0,9% 250ml №10","ПЛАТ","Да","уп",640,"430,1",{"v":275264,"d":"275,264.00"}]
["B05CB01","регидратирующее средство","Натрия хлорид","Натрия хлорид раствор для инфузий 0,9% 500ml","Б.Опк","Да","уп",1000,62.491,{"v":62491,"d":"62,491.00"}]
["B05CB01","регидратирующее средство","Натрия хлорид","Натрия хлорид раствор для инфузий 0,9% 500ml","Бюджет","Да","уп",300,62.491,{"v":18747.3,"d":"18,747.30"}]
["B05CB01","регидратирующее средство","Натрия хлорид","Натрия хлорид раствор для инфузий 0,9% 500ml","ОМС","Да","уп",29752,62.491,{"v":1859232.232,"d":"1,859,232.23"}]
["B05CB01","регидратирующее средство","Натрия хлорид","Натрия хлорид раствор для инфузий 0,9% 500ml №10","Бюджет","Да","уп",346,"342,28",{"v":118428.87999999999,"d":"118,428.88"}]
["B05CB01","регидратирующее средство","Натрия хлорид","Натрия хлорид раствор для инфузий 0,9% 500ml №10","ОМС","Да","уп",5746,"342,28",{"v":1966740.88,"d":"1,966,740.88"}]
["B05CB01","регидратирующее средство","Натрия хлорид","Натрия хлорид раствор для инфузий 0,9% 500ml №10","ПЛАТ","Да","уп",255,"342,28",{"v":87281.4,"d":"87,281.40"}]
["В05СВ01","регидратирующее средство","Натрия хлорид","Натрия хлорид-СОЛОфарм  раствор для инфузий 0,9% 100ml №36","ОМС","Да","уп",6,"1130,4",{"v":6782.400000000001,"d":"6,782.40"}]
["В05СВ01","регидратирующее средство","Натрия хлорид","Натрия хлорид-СОЛОфарм  раствор для инфузий 0,9% 250ml №1","ОМС","Да","уп",2500,"53,76",{"v":134400,"d":"134,400.00"}]
["В05СВ01","регидратирующее средство","Натрия хлорид","Натрия хлорид-СОЛОфарм  раствор для инфузий 0,9% 500ml №1","ОМС","Да","уп",1000,"68,74",{"v":68740,"d":"68,740.00"}]
["B05CB04","антиацидемическое средство","Натрия гидрокарбонат","Натрия гидрокарбонат раствор для инфузий 5% 200ml №1","Бюджет","Да","бутылка",122,"33,19",{"v":4049.18,"d":"4,049.18"}]
["B05CB04","антиацидемическое средство","Натрия гидрокарбонат","Натрия гидрокарбонат раствор для инфузий 5% 200ml №1","ОМС","Да","бутылка",1847,"33,19",{"v":61301.92999999999,"d":"61,301.93"}]
["B05CB04","антиацидемическое средство","Натрия гидрокарбонат","Натрия гидрокарбонат раствор для инфузий 5% 200ml №1","ПЛАТ","Да","бутылка",50,"33,19",{"v":1659.5,"d":"1,659.50"}]
["B05CB04","антиацидемическое средство","Натрия гидрокарбонат","Натрия гидрокарбонат-Эском раствор для инфузий 5% 200ml №1","ПЛАТ","Да","фл",50,"31,5",{"v":1575,"d":"1,575.00"}]
["B05XA05","вазодилатирующее средство","Магния сульфат","Магния сульфат раствор для в/в  вв 250mg/ml 10ml №10","Бюджет","Да","уп",108,"46,31",{"v":5001.4800000000005,"d":"5,001.48"}]
["B05XA05","вазодилатирующее средство","Магния сульфат","Магния сульфат раствор для в/в  вв 250mg/ml 10ml №10","ОМС","Да","уп",4888,"46,31",{"v":226363.28,"d":"226,363.28"}]
["B05XA05","вазодилатирующее средство","Магния сульфат","Магния сульфат раствор для в/в  вв 250mg/ml 10ml №10","ПЛАТ","Да","уп",275,"46,31",{"v":12735.25,"d":"12,735.25"}]
["B05XA07","кальциево-фосфорного обмена регулятор","Кальция хлорид","Кальция хлорид раствор для в/в  вв 100mg/ml 10ml №10","Б.Опк","Нет","уп",2,"55,5",{"v":111,"d":"111.00"}]
["B05XA07","кальциево-фосфорного обмена регулятор","Кальция хлорид","Кальция хлорид раствор для в/в  вв 100mg/ml 10ml №10","ОМС","Нет","уп",435,"55,5",{"v":24142.5,"d":"24,142.50"}]
["B05XA07","кальциево-фосфорного обмена регулятор","Кальция хлорид","Кальция хлорид раствор для в/в  вв 100mg/ml 10ml №10","ПЛАТ","Нет","уп",3,"55,5",{"v":166.5,"d":"166.50"}]
["B05XA16","кардиоплегическое средство","~","Кустодиол раствор для внутрикоронарных перфузий  1000ml","Бюджет","Нет","уп",100,15207,{"v":1520700,"d":"1,520,700.00"}]
["B05XA16","кардиоплегическое средство","~","Кустодиол раствор для внутрикоронарных перфузий  1000ml","ОМС","Нет","уп",100,15207,{"v":1520700,"d":"1,520,700.00"}]
["B06Другие гематологические препараты",{"$nulls":8},{"v":0,"d":"0.00"}]
["В06АВ","репарации тканей стимулятор","Депротеинизированный гемодериват крови телят","Актовегин раствор для инъекций 40mg/ml 5ml №5","ОМС","Нет","уп",380,"623,73",{"$f":"H425*I425","v":{"v":237017.4,"d":"237,017.40"}}]
["В06АВ","репарации тканей стимулятор","Депротеинизированный гемодериват крови телят","Актовегин раствор для инъекций 40mg/ml 5ml №5","ПЛАТ","Нет","уп",253,"623,73",{"v":157803.69,"d":"157,803.69"}]
[{"$nulls":9},{"$f":"SUM(J232:J426)","v":{"v":43353421.85799999,"d":"43,353,421.86"}}]
["C Сердечно-сосудистая система "]
["C01Препараты для лечения заболеваний сердца"]
["C01AA05","кардиотоническое средство - сердечный гликозид","Дигоксин","Дигоксин раствор для в/в  вв 0,025% 1 ml №10","Бюджет","Да","уп",2,"41,51",{"$f":"H430*I430","v":83.02}]
["C01AA05","кардиотоническое средство - сердечный гликозид","Дигоксин","Дигоксин раствор для в/в  вв 0,025% 1 ml №10","ОМС","Да","уп",212,"41,51",{"$f":"H431*I431","v":{"v":8800.119999999999,"d":"8,800.12"}}]
["C01AA05","кардиотоническое средство - сердечный гликозид","Дигоксин","Дигоксин раствор для в/в  вв 0,025% 1 ml №10","ПЛАТ","Да","уп",10,"41,51",{"v":415.09999999999997,"d":"415.10"}]
["C01AA05","кардиотоническое средство - сердечный гликозид","Дигоксин","Дигоксин табл 250mkg №30","Бюджет","Да","уп",5,"34,66",{"v":173.29999999999998,"d":"173.30"}]
["C01AA05","кардиотоническое средство - сердечный гликозид","Дигоксин","Дигоксин табл 250mkg №30","ОМС","Да","уп",186,"34,66",{"v":6446.759999999999,"d":"6,446.76"}]
["C01AA05","кардиотоническое средство - сердечный гликозид","Дигоксин","Дигоксин табл 250mkg №30","ПЛАТ","Да","уп",10,"34,66",{"v":346.59999999999997,"d":"346.60"}]
["C01BA02","антиаритмическое средство","Прокаинамид","Новокаинамид раствор для в/в и в/м вв 100mg/ml 5ml №10","ОМС","Да","уп",20,"185,51",{"v":3710.2,"d":"3,710.20"}]
["С01ВС03","антиаритмическое средство","Пропафенон","Пропафенон  табл п/п/о 150mg №50","ОМС","Да","уп",22,"390,88",{"v":8599.36,"d":"8,599.36"}]
["C01BD01","антиаритмическое средство","Амиодарон","Веро-Амиодарон раствор для в/в  вв 50mg/ml 3ml №5","ОМС","Да","уп.",90,"218,59",{"v":19673.1,"d":"19,673.10"}]
["C01BD01","антиаритмическое средство","Амиодарон","Веро-Амиодарон раствор для в/в  вв 50mg/ml 3ml №5","ПЛАТ","Да","уп.",10,"218,59",{"v":2185.9,"d":"2,185.90"}]
["С01BD01","антиаритмическое средство","Амиодарон","Амиодарон конц-т д/приг раствора для в/в вв 50mg/ml 3ml №10","Бюджет","Да","уп",40,"240,47",{"v":9618.8,"d":"9,618.80"}]
["С01BD01","антиаритмическое средство","Амиодарон","Амиодарон конц-т д/приг раствора для в/в вв 50mg/ml 3ml №10","ОМС","Да","уп",1243,"240,47",{"v":298904.21,"d":"298,904.21"}]
["С01BD01","антиаритмическое средство","Амиодарон","Амиодарон табл 200mg №30","Бюджет","Да","уп",30,"183,56",{"v":5506.8,"d":"5,506.80"}]
["С01BD01","антиаритмическое средство","Амиодарон","Амиодарон табл 200mg №30","ОМС","Да","уп",440,"183,56",{"v":80766.4,"d":"80,766.40"}]
["С01BD01","антиаритмическое средство","Амиодарон","Амиодарон табл 200mg №30","ПЛАТ","Да","уп",20,"183,56",{"v":3671.2,"d":"3,671.20"}]
["C01CA03","альфа- и бета-адреномиметик","Норэпинефрин","Норэпинефрин конц-т д/приг раствора для в/в вв 2mg/ml 4ml №10","Бюджет","Да","уп",12,1161.5802,{"v":13938.9624,"d":"13,938.96"}]
["C01CA03","альфа- и бета-адреномиметик","Норэпинефрин","Норэпинефрин конц-т д/приг раствора для в/в вв 2mg/ml 4ml №10","ОМС","Да","уп",128,1161.5802,{"v":148682.2656,"d":"148,682.27"}]
["C01CA04","кардиотоническое средство негликозидной структуры","Допамин","Дофамин конц-т д/приг раствора для инфузий 40mg/ml 5ml №10","Бюджет","Да","уп",30,"278,3",{"v":8349,"d":"8,349.00"}]
["C01CA04","кардиотоническое средство негликозидной структуры","Допамин","Дофамин конц-т д/приг раствора для инфузий 40mg/ml 5ml №10","ОМС","Да","уп",465,"278,3",{"v":129409.5,"d":"129,409.50"}]
["C01CA04","кардиотоническое средство негликозидной структуры","Допамин","Дофамин конц-т д/приг раствора для инфузий 5mg/ml 5ml №5","ОМС","Да","уп",150,"67,85",{"v":10177.5,"d":"10,177.50"}]
["C01CA06","альфа-адреномиметик","Фенилэфрин","Мезатон раствор для инъекций 10mg/ml 1ml №10","Бюджет","Да","уп",76,"93,68",{"v":7119.68,"d":"7,119.68"}]
["C01CA06","альфа-адреномиметик","Фенилэфрин","Мезатон раствор для инъекций 10mg/ml 1ml №10","ОМС","Да","уп",965,"93,68",{"v":90401.20000000001,"d":"90,401.20"}]
["C01CA06","альфа-адреномиметик","Фенилэфрин","Мезатон раствор для инъекций 10mg/ml 1ml №10","ПЛАТ","Да","уп",30,"93,68",{"v":2810.4,"d":"2,810.40"}]
["C01CA06","альфа-адреномиметик","Фенилэфрин","Релиф супп рект 5mg №12","ПЛАТ","Нет","уп",15,"466,19",{"v":6992.85,"d":"6,992.85"}]
["C01CA07","кардиотоническое средство негликозидной структуры","Добутамин","Добутамин Гексал лиоф-т д/пригот р-ра д/инф 250mg №1","Бюджет","Да","уп",40,"399,74",{"v":15989.6,"d":"15,989.60"}]
["C01CA07","кардиотоническое средство негликозидной структуры","Добутамин","Добутамин Гексал лиоф-т д/пригот р-ра д/инф 250mg №1","ОМС","Да","уп",80,"399,74",{"v":31979.2,"d":"31,979.20"}]
["C01CX08","кардиотоническое средство негликозидной структуры","Левосимендан","Симдакс концентрат для приготовления р-ра для инфузий 2,5mg/ml 5ml","Бюджет","Да","уп",5,"30983,61",{"v":154918.05,"d":"154,918.05"}]
["C01CX08","кардиотоническое средство негликозидной структуры","Левосимендан","Симдакс концентрат для приготовления р-ра для инфузий 2,5mg/ml 5ml","ОМС","Да","уп",2,"30983,61",{"v":61967.22,"d":"61,967.22"}]
["C01DA02","вазодилатирующее средство - нитрат","Нитроглицерин","Нитроглицерин конц-т д/приг раствора для инфузий 1mg/ml 10ml №10","Бюджет","Да","уп",30,"590,95",{"v":17728.5,"d":"17,728.50"}]
["C01DA02","вазодилатирующее средство - нитрат","Нитроглицерин","Нитроглицерин конц-т д/приг раствора для инфузий 1mg/ml 10ml №10","ОМС","Да","уп",904,"590,95",{"v":534218.8,"d":"534,218.80"}]
["C01DA02","вазодилатирующее средство - нитрат","Нитроглицерин","Нитроглицерин конц-т д/приг раствора для инфузий 1mg/ml 10ml №10","ПЛАТ","Да","уп",1,"590,95",590.95]
["C01DA02","вазодилатирующее средство - нитрат","Нитроглицерин","Нитроспрей спрей сублинг доз 0,4mg/dosis 10ml 200dosis","Бюджет","Да","уп",12,"100,75",{"v":1209,"d":"1,209.00"}]
["C01DA02","вазодилатирующее средство - нитрат","Нитроглицерин","Нитроспрей спрей сублинг доз 0,4mg/dosis 10ml 200dosis","ОМС","Да","уп",200,"100,75",{"v":20150,"d":"20,150.00"}]
["C01DA02","вазодилатирующее средство - нитрат","Нитроглицерин","Нитроспрей спрей сублинг доз 0,4mg/dosis 10ml 200dosis","ПЛАТ","Да","уп",7,"100,75",705.25]
["С01DА02","вазодилатирующее средство - нитрат","Нитроглицерин","Нитроглицерин табл сублинг 0,5mg №40","Б.Опк","Да","уп",2,"44,98",89.96]
["С01DА02","вазодилатирующее средство - нитрат","Нитроглицерин","Нитроглицерин табл сублинг 0,5mg №40","ОМС","Да","уп",28,"44,98",{"v":1259.4399999999998,"d":"1,259.44"}]
["C01DA08","вазодилатирующее средство - нитрат","Изосорбида динитрат","Изакардин конц-т д/приг раствора для инфузий 1mg/ml 10ml №10","ПЛАТ","Да","уп",1,"730,95",730.95]
["С01DA08","вазодилатирующее средство - нитрат","Изосорбида динитрат","Кардикет  табл пролог п/п/о 20mg №20","ОМС","Да","уп",40,"58,89",{"v":2355.6,"d":"2,355.60"}]
["С01DA08","вазодилатирующее средство - нитрат","Изосорбида динитрат","Кардикет  табл пролог п/п/о 20mg №20","ПЛАТ","Да","уп",2,"58,89",117.78]
["С01DA08","вазодилатирующее средство - нитрат","Изосорбида динитрат","Кардикет  табл. пролонг. 60mg №20","ОМС","Да","уп",66,"131,3",{"v":8665.800000000001,"d":"8,665.80"}]
["С01DA08","вазодилатирующее средство - нитрат","Изосорбида динитрат","Кардикет  табл. пролонг. 60mg №20","ПЛАТ","Да","уп",2,"131,3",{"v":262.6,"d":"262.60"}]
["C01DA08","вазодилатирующее средство - нитрат","Изосорбида динитрат","Нитросорбид табл 10mg №60","Бюджет","Да","уп",1,"27,72",27.72]
["C01DA08","вазодилатирующее средство - нитрат","Изосорбида динитрат","Нитросорбид табл 10mg №60","ОМС","Да","уп",78,"27,72",{"v":2162.16,"d":"2,162.16"}]
["C01DA14","вазодилатирующее средство - нитрат","Изосорбида мононитрат","Изосорбида мононитрат табл 20mg №30","ОМС","Да","уп",216,"70,46",{"v":15219.359999999999,"d":"15,219.36"}]
["C01DA14","вазодилатирующее средство - нитрат","Изосорбида мононитрат","Изосорбида мононитрат табл 20mg №30","ПЛАТ","Да","уп",2,"70,46",140.92]
["С01DA14","вазодилатирующее средство - нитрат","Изосорбида мононитрат","Моночинкве ретард капс ретард 50mg №30","ОМС","Да","уп",17,"341,56",{"v":5806.52,"d":"5,806.52"}]
["С01DA14","вазодилатирующее средство - нитрат","Изосорбида мононитрат","Моночинкве ретард капс ретард 50mg №30","ПЛАТ","Да","уп",5,"341,56",{"v":1707.8,"d":"1,707.80"}]
["C01DA14","вазодилатирующее средство - нитрат","Изосорбида мононитрат","Эфокс 20 табл 20mg №50","Бюджет","Да","уп",5,124,{"v":620,"d":"620.00"}]
["C01DA14","вазодилатирующее средство - нитрат","Изосорбида мононитрат","Эфокс 20 табл 20mg №50","ОМС","Да","уп",48,124,{"v":5952,"d":"5,952.00"}]
["C01DA14","вазодилатирующее средство - нитрат","Изосорбида мононитрат","Эфокс 20 табл 20mg №50","ПЛАТ","Да","уп",3,124,{"v":372,"d":"372.00"}]
["C01EB","метаболическое средство","Инозин","Рибоксин раствор для в/в  вв 20mg/ml 10ml №10","ОМС","Нет","уп",613,"43,95",{"v":26941.350000000002,"d":"26,941.35"}]
["C01EB","метаболическое средство","Инозин","Рибоксин раствор для в/в  вв 20mg/ml 10ml №10","ПЛАТ","Нет","уп",18,"43,95",{"v":791.1,"d":"791.10"}]
["C01EB","метаболическое средство","Трифосаденин","Натрия аденозинтрифосфат-Дарница раствор для в/в  вв 10mg/ml 1ml №10","ОМС","Нет","уп",42,"285,93",{"v":12009.06,"d":"12,009.06"}]
["C01EB","метаболическое средство","Трифосаденин","Натрия аденозинтрифосфат-Дарница раствор для в/в  вв 10mg/ml 1ml №10","ПЛАТ","Нет","уп",11,"285,93",{"v":3145.23,"d":"3,145.23"}]
["C01EB05","метаболическое средство","Фосфокреатин","Неотон лиоф.пор. д/приг р-ра д/инф 1g (+ agua pro inject 50ml) №4","ПЛАТ","Нет","уп",22,"5714,28",{"v":125714.15999999999,"d":"125,714.16"}]
["C01EB15","антигипоксантное средство","Триметазидин","Депренорм МВ табл пролонг п/п/о 35mg №60","ПЛАТ","Нет","уп",7,"368,34",{"v":2578.3799999999997,"d":"2,578.38"}]
["C01EB17","антиангинальное средство","Ивабрадин","Ивабрадин Канон  табл п/п/о 5mg №56","ОМС","Да","уп",42,"978,92",{"v":41114.64,"d":"41,114.64"}]
["C01EB17","антиангинальное средство","Ивабрадин","Ивабрадин Канон  табл п/п/о 5mg №56","ПЛАТ","Да","уп",3,"978,92",{"v":2936.7599999999998,"d":"2,936.76"}]
["C01EB17","антиангинальное средство","Ивабрадин","Ивабрадин Канон  табл п/п/о 7,5mg №56","ОМС","Да","уп",21,"1011,92",{"v":21250.32,"d":"21,250.32"}]
["C01EB17","антиангинальное средство","Ивабрадин","Кораксан табл п/п/о 5mg №28","ОМС","Да","уп",45,"610,17",{"v":27457.649999999998,"d":"27,457.65"}]
["C01EB17","антиангинальное средство","Ивабрадин","Кораксан табл п/п/о 5mg №28","ПЛАТ","Да","уп",2,"610,17",{"v":1220.34,"d":"1,220.34"}]
["C01EB17","антиангинальное средство","Ивабрадин","Кораксан табл п/п/о 7,5mg №28","ОМС","Да","уп",11,"605,63",{"v":6661.93,"d":"6,661.93"}]
["C01EB17","антиангинальное средство","Ивабрадин","Кораксан табл п/п/о 7,5mg №28","ПЛАТ","Да","уп",5,"605,63",{"v":3028.15,"d":"3,028.15"}]
["C01EB22","метаболическое средство","Мельдоний","Мельдоний раствор для парабульбарного и в/в вв 100mg/ml 5ml №10","ОМС","Да","уп",477,"291,32",{"v":138959.63999999998,"d":"138,959.64"}]
["C01EB22","метаболическое средство","Мельдоний","Мельдоний раствор для парабульбарного и в/в вв 100mg/ml 5ml №10","ПЛАТ","Да","уп",235,"291,32",{"v":68460.2,"d":"68,460.20"}]
["C02Антигипертензивные препараты",{"$nulls":8},{"$f":"H495*I495","v":{"v":0,"d":"0.00"}}]
["C02AC01","гипотензивное средство центрального действия","Клонидин","Клофелин раствор для инъекций 0,1 mg/ml 1ml","ОМС","Да","амп",305,30.4524,{"v":9287.982,"d":"9,287.98"}]
["C02AC05","гипотензивное средство центрального действия","Моксонидин","Моксонидин Канон  табл п/п/о 0,2 mg №14","ОМС","Да","уп",120,"139,35",{"v":16722,"d":"16,722.00"}]
["C02AC05","гипотензивное средство центрального действия","Моксонидин","Моксонидин Канон  табл п/п/о 0,4 mg №14","ОМС","Да","уп",360,"255,47",{"v":91969.2,"d":"91,969.20"}]
["C02AC05","гипотензивное средство центрального действия","Моксонидин","Моксонидин Канон  табл п/п/о 0,4 mg №14","ПЛАТ","Да","уп",3,"255,47",766.41]
["C02AC05","гипотензивное средство центрального действия","Моксонидин","Моксонидин табл п/п/о 0,2 mg №14","Бюджет","Да","уп",10,"143,95",{"v":1439.5,"d":"1,439.50"}]
["C02AC05","гипотензивное средство центрального действия","Моксонидин","Моксонидин табл п/п/о 0,2 mg №14","ОМС","Да","уп",170,"143,95",{"v":24471.499999999996,"d":"24,471.50"}]
["C02AC05","гипотензивное средство центрального действия","Моксонидин","Моксонидин табл п/п/о 0,2 mg №14","ПЛАТ","Да","уп",41,"143,95",{"v":5901.95,"d":"5,901.95"}]
["C02AC05","гипотензивное средство центрального действия","Моксонидин","Моксонидин табл п/п/о 0,4 mg №14","Бюджет","Да","уп",10,"240,22",{"v":2402.2,"d":"2,402.20"}]
["C02AC05","гипотензивное средство центрального действия","Моксонидин","Моксонидин табл п/п/о 0,4 mg №14","ОМС","Да","уп",345,"240,22",{"v":82875.9,"d":"82,875.90"}]
["C02AC05","гипотензивное средство центрального действия","Моксонидин","Моксонидин табл п/п/о 0,4 mg №14","ПЛАТ","Да","уп",32,"240,22",{"v":7687.04,"d":"7,687.04"}]
["C02BC","ганглиоблокатор","Азаметония бромид","Пентамин раствор для в/в и в/м вв 50mg/ml 1ml №10","ОМС","Нет","уп",517,"1800,91",{"v":931070.4700000001,"d":"931,070.47"}]
["C02CA04","альфа1-адреноблокатор","Доксазозин","Доксазозин табл 4mg №30","ОМС","Да","уп",16,"573,42",{"v":9174.72,"d":"9,174.72"}]
["C02CA04","альфа1-адреноблокатор","Доксазозин","Доксазозин-ФПО табл 400mg №30","ПЛАТ","Да","уп",2,"269,58",539.16]
["C02CA06","альфа-адреноблокатор","Урапидил","Эбрантил капс 30mg №30","ОМС","Да","уп",29,"249,92",{"v":7247.679999999999,"d":"7,247.68"}]
["C02CA06","альфа-адреноблокатор","Урапидил","Эбрантил раствор для в/в  вв 5mg/ml 10ml №5","Бюджет","Да","уп",5,"1019,59",{"v":5097.95,"d":"5,097.95"}]
["C02CA06","альфа-адреноблокатор","Урапидил","Эбрантил раствор для в/в  вв 5mg/ml 10ml №5","ОМС","Да","уп",58,"1019,59",{"v":59136.22,"d":"59,136.22"}]
["C03Диуретики",{"$nulls":8},{"v":0,"d":"0.00"}]
["C03AA03","диуретическое средство","Гидрохлоротиазид","Гидрохлоротиазид табл 100mg №20","ОМС","Да","уп",15,"63,7",{"v":955.5,"d":"955.50"}]
["C03AA03","диуретическое средство","Гидрохлоротиазид","Гидрохлоротиазид табл 25mg №20","Бюджет","Да","уп",10,"47,32",{"v":473.2,"d":"473.20"}]
["C03AA03","диуретическое средство","Гидрохлоротиазид","Гидрохлоротиазид табл 25mg №20","ОМС","Да","уп",335,"47,32",{"v":15852.2,"d":"15,852.20"}]
["C03AA03","диуретическое средство","Гидрохлоротиазид","Гидрохлоротиазид табл 25mg №20","ПЛАТ","Да","уп",5,"47,32",{"v":236.6,"d":"236.60"}]
["C03BA11","диуретическое средство","Индапамид","Индапамид ретард табл пролонг п/п/о 1,5 mg №30","ОМС","Да","уп",719,"95,89",{"v":68944.91,"d":"68,944.91"}]
["C03BA11","диуретическое средство","Индапамид","Индапамид ретард табл пролонг п/п/о 1,5 mg №30","ПЛАТ","Да","уп",19,"95,89",{"v":1821.91,"d":"1,821.91"}]
["C03CA01","диуретическое средство","Фуросемид","Фуросемид раствор для инъекций 20mg/2ml 2ml №10","Б.Опк","Да","уп",2,"25,34",50.68]
["C03CA01","диуретическое средство","Фуросемид","Фуросемид раствор для инъекций 20mg/2ml 2ml №10","Бюджет","Да","уп",30,"25,34",{"v":760.2,"d":"760.20"}]
["C03CA01","диуретическое средство","Фуросемид","Фуросемид раствор для инъекций 20mg/2ml 2ml №10","ОМС","Да","уп",5632,"25,34",{"v":142714.88,"d":"142,714.88"}]
["C03CA01","диуретическое средство","Фуросемид","Фуросемид раствор для инъекций 20mg/2ml 2ml №10","ПЛАТ","Да","уп",103,"25,34",{"v":2610.02,"d":"2,610.02"}]
["C03CA01","диуретическое средство","Фуросемид","Фуросемид табл 40mg №50","Бюджет","Да","уп",5,"27,07",135.35]
["C03CA01","диуретическое средство","Фуросемид","Фуросемид табл 40mg №50","ОМС","Да","уп",404,"27,07",{"v":10936.28,"d":"10,936.28"}]
["C03CA01","диуретическое средство","Фуросемид","Фуросемид табл 40mg №50","ПЛАТ","Да","уп",5,"27,07",135.35]
["C03CA04","диуретическое средство","Торасемид","Торасемид Канон табл 10mg №60","ОМС","Нет","уп",112,"543,9",{"v":60916.799999999996,"d":"60,916.80"}]
["C03CA04","диуретическое средство","Торасемид","Торасемид Канон табл 5mg №20","ОМС","Нет","уп",38,"148,74",{"v":5652.120000000001,"d":"5,652.12"}]
["C03CA04","диуретическое средство","Торасемид","Торасемид Канон табл 5mg №20","ПЛАТ","Нет","уп",10,"148,74",{"v":1487.4,"d":"1,487.40"}]
["C03CA04","диуретическое средство","Торасемид","Торасемид-СЗ табл 10mg №60","ОМС","Нет","уп",182,"543,9",{"v":98989.8,"d":"98,989.80"}]
["C03CA04","диуретическое средство","Торасемид","Торасемид-СЗ табл 10mg №60","ПЛАТ","Нет","уп",10,"543,9",{"v":5439,"d":"5,439.00"}]
["C03DA01","диуретическое калийсберегающее средство","Спиронолактон","Верошпирон капс 50mg № 30","Бюджет","Да","уп",100,"184,19",{"v":18419,"d":"18,419.00"}]
["C03DA01","диуретическое калийсберегающее средство","Спиронолактон","Верошпирон капс 50mg № 30","ОМС","Да","уп",387,"184,19",{"v":71281.53,"d":"71,281.53"}]
["C03DA01","диуретическое калийсберегающее средство","Спиронолактон","Верошпирон капс 50mg № 30","ПЛАТ","Да","уп",20,"184,19",{"v":3683.8,"d":"3,683.80"}]
["C03DA01","диуретическое калийсберегающее средство","Спиронолактон","Верошпирон табл 25mg №20","Бюджет","Да","уп",119,"77,86",{"v":9265.34,"d":"9,265.34"}]
["C03DA01","диуретическое калийсберегающее средство","Спиронолактон","Верошпирон табл 25mg №20","ОМС","Да","уп",2204,"77,86",{"v":171603.44,"d":"171,603.44"}]
["C03DA01","диуретическое калийсберегающее средство","Спиронолактон","Верошпирон табл 25mg №20","ПЛАТ","Да","уп",55,"77,86",{"v":4282.3,"d":"4,282.30"}]
["C04Периферические вазодилататоры",{"$nulls":8},{"v":0,"d":"0.00"}]
["С04АС01","витамин","Никотиновая кислота","Никотиновая кислота - СОЛОфарм раствор для инъекций 10mg/ml 1ml №10","Бюджет","Нет","уп",200,"44,4",{"v":8880,"d":"8,880.00"}]
["С04АС01","витамин","Никотиновая кислота","Никотиновая кислота - СОЛОфарм раствор для инъекций 10mg/ml 1ml №10","ОМС","Нет","уп",364,"44,4",{"v":16161.6,"d":"16,161.60"}]
["С04АС01","витамин","Никотиновая кислота","Никотиновая кислота - СОЛОфарм раствор для инъекций 10mg/ml 1ml №10","ПЛАТ","Нет","уп",35,"44,4",{"v":1554,"d":"1,554.00"}]
["C04AC01","витамин","Никотиновая кислота","Никотиновая кислота раствор для инъекций 10mg/ml 1ml №10","ОМС","Нет","уп",56,"53,18",{"v":2978.08,"d":"2,978.08"}]
["C04AD03","вазодилатирующее средство","Пентоксифиллин","Пентоксифиллин конц-т д/приг раствора для в/в и в/арт вв 20mg/ml 5ml №10","Бюджет","Да","уп",100,"40,82",{"v":4082,"d":"4,082.00"}]
["C04AD03","вазодилатирующее средство","Пентоксифиллин","Пентоксифиллин конц-т д/приг раствора для в/в и в/арт вв 20mg/ml 5ml №10","ОМС","Да","уп",874,"40,82",{"v":35676.68,"d":"35,676.68"}]
["C04AD03","вазодилатирующее средство","Пентоксифиллин","Пентоксифиллин конц-т д/приг раствора для в/в и в/арт вв 20mg/ml 5ml №10","ПЛАТ","Да","уп",145,"40,82",{"v":5918.9,"d":"5,918.90"}]
["C04AD03","вазодилатирующее средство","Пентоксифиллин","Пентоксифиллин табл п/к/р/о 100mg №60","ОМС","Нет","уп",170,"134,13",{"v":22802.1,"d":"22,802.10"}]
["C04AX","вазодилатирующее средство","Бендазол","Дибазол раствор для в/в и в/м вв 10mg/ml 1ml №10","ОМС","Нет","уп",183,"33,33",{"v":6099.389999999999,"d":"6,099.39"}]
["C04AX","вазодилатирующее средство","Бендазол","Дибазол раствор для в/в и в/м вв 10mg/ml 1ml №10","ПЛАТ","Нет","уп",5,"33,33",{"v":166.64999999999998,"d":"166.65"}]
["C05Ангиопротекторы",{"$nulls":8},{"v":0,"d":"0.00"}]
["C05BA53","антикоагулянтное средство прямого действия для местного применения+прочие препараты","Гепарин натрия+Бензокаин+Бензилникотинат","Гепариновая мазь мазь д/наружн прим 25g №1","Бюджет","Нет","уп",5,"36,05",180.25]
["C05BA53","антикоагулянтное средство прямого действия для местного применения+прочие препараты","Гепарин натрия+Бензокаин+Бензилникотинат","Гепариновая мазь мазь д/наружн прим 25g №1","ОМС","Нет","уп",190,"36,05",{"v":6849.499999999999,"d":"6,849.50"}]
["C05BA53","антикоагулянтное средство прямого действия для местного применения+прочие препараты","Гепарин натрия+Бензокаин+Бензилникотинат","Гепариновая мазь мазь д/наружн прим 25g №1","ПЛАТ","Нет","уп",34,"36,05",{"v":1225.6999999999998,"d":"1,225.70"}]
["C05CA53","венотонизирующее и венопротекторное средство","Гесперидин+Диосмин","Венарус табл п/п/о 500mg №30","ОМС","Нет","уп",30,"409,03",{"v":12270.9,"d":"12,270.90"}]
["C05CA53","венотонизирующее и венопротекторное средство","Гесперидин+Диосмин","Венарус табл п/п/о 500mg №30","ПЛАТ","Нет","уп",30,"409,03",{"v":12270.9,"d":"12,270.90"}]
["С05СА53","венотонизирующее и венопротекторное средство","Очищенная микронизированная флавоноидная фракция (диосмин + флавоноиды в пересчете на гесперидин)","Детравенол табл п/п/о 500mg №30","ОМС","Нет","уп",7,"386,51",{"v":2705.5699999999997,"d":"2,705.57"}]
["С05СА53","венотонизирующее и венопротекторное средство","Очищенная микронизированная флавоноидная фракция (диосмин + флавоноиды в пересчете на гесперидин)","Детравенол табл п/п/о 500mg №30","ПЛАТ","Нет","уп",4,"386,51",{"v":1546.04,"d":"1,546.04"}]
["C05CX","антиоксидантное средство","Метилэтилпиридинол","Метилэтилпиридинол раствор для инъекций 10mg/ml 1ml №10","ОМС","Нет","уп",280,"45,02",{"v":12605.6,"d":"12,605.60"}]
["C07Бета-адреноблокаторы",{"$nulls":8},{"v":0,"d":"0.00"}]
["C07AA05","бета-адреноблокатор","Пропранолол","Анаприлин табл 10mg №50","ОМС","Да","уп",56,"15,06",843.36]
["C07AA05","бета-адреноблокатор","Пропранолол","Анаприлин табл 10mg №50","ПЛАТ","Да","уп",7,"15,06",{"$f":"H559*I559","v":105.42}]
["С07АА07","бета-адреноблокатор","Соталол","Соталол табл 160mg №20","Бюджет","Да","уп",30,"107,77",{"v":3233.1,"d":"3,233.10"}]
["С07АА07","бета-адреноблокатор","Соталол","Соталол табл 160mg №20","ОМС","Да","уп",117,"107,77",{"v":12609.09,"d":"12,609.09"}]
["С07АА07","бета-адреноблокатор","Соталол","Соталол табл 80mg №20","Бюджет","Да","уп",10,"65,52",{"v":655.1999999999999,"d":"655.20"}]
["С07АА07","бета-адреноблокатор","Соталол","Соталол табл 80mg №20","ОМС","Да","уп",125,"65,52",{"v":8189.999999999999,"d":"8,190.00"}]
["С07АА07","бета-адреноблокатор","Соталол","Соталол табл 80mg №20","ПЛАТ","Да","уп",5,"65,52",{"v":327.59999999999997,"d":"327.60"}]
["С07АВ","бета1-адреноблокатор селективный","Атенолол","Атенолол табл п/п/о 50mg №30","Бюджет","Да","уп",5,"31,16",{"v":155.8,"d":"155.80"}]
["С07АВ","бета1-адреноблокатор селективный","Атенолол","Атенолол табл п/п/о 50mg №30","ОМС","Да","уп",43,"31,16",{"v":1339.88,"d":"1,339.88"}]
["С07АВ","бета1-адреноблокатор селективный","Атенолол","Атенолол табл п/п/о 50mg №30","ПЛАТ","Да","уп",5,"31,16",{"v":155.8,"d":"155.80"}]
["C07AB02","бета1-адреноблокатор селективный","Метопролол","Беталок раствор для в/в  вв 1mg/ml 5ml №5","Бюджет","Да","уп",21,"834,28",{"v":17519.88,"d":"17,519.88"}]
["C07AB02","бета1-адреноблокатор селективный","Метопролол","Беталок раствор для в/в  вв 1mg/ml 5ml №5","ОМС","Да","уп",83,"834,28",{"v":69245.23999999999,"d":"69,245.24"}]
["C07AB02","бета1-адреноблокатор селективный","Метопролол","Беталок раствор для в/в  вв 1mg/ml 5ml №5","ПЛАТ","Да","уп",1,"834,28",834.28]
["С07АB02","бета1-адреноблокатор селективный","Метопролол","Метопролол раствор для в/в  вв 1mg/ml 5ml №5","ОМС","Да","уп",30,"123,93",{"v":3717.9,"d":"3,717.90"}]
["С07АB02","бета1-адреноблокатор селективный","Метопролол","Метопролол табл 25mg №60","Бюджет","Да","уп",10,"91,08",{"v":910.8,"d":"910.80"}]
["С07АB02","бета1-адреноблокатор селективный","Метопролол","Метопролол табл 25mg №60","ОМС","Да","уп",339,"91,08",{"v":30876.12,"d":"30,876.12"}]
["С07АB02","бета1-адреноблокатор селективный","Метопролол","Метопролол табл 25mg №60","ПЛАТ","Да","уп",2,"91,08",182.16]
["С07АB02","бета1-адреноблокатор селективный","Метопролол","Метопролол табл 50mg №30","Бюджет","Да","уп",20,"29,66",{"v":593.2,"d":"593.20"}]
["С07АB02","бета1-адреноблокатор селективный","Метопролол","Метопролол табл 50mg №30","ОМС","Да","уп",961,"29,66",{"v":28503.26,"d":"28,503.26"}]
["C07AB07","бета1-адреноблокатор селективный","Бисопролол","Бисопролол табл п/п/о 10mg  №30","Бюджет","Да","уп",10,"172,16",{"v":1721.6,"d":"1,721.60"}]
["C07AB07","бета1-адреноблокатор селективный","Бисопролол","Бисопролол табл п/п/о 10mg  №30","ОМС","Да","уп",65,"172,16",{"v":11190.4,"d":"11,190.40"}]
["C07AB07","бета1-адреноблокатор селективный","Бисопролол","Бисопролол табл п/п/о 10mg  №30","ПЛАТ","Да","уп",3,"172,16",516.48]
["C07AB07","бета1-адреноблокатор селективный","Бисопролол","Бисопролол табл п/п/о 5mg №50","Бюджет","Да","уп",10,"135,25",{"v":1352.5,"d":"1,352.50"}]
["C07AB07","бета1-адреноблокатор селективный","Бисопролол","Бисопролол табл п/п/о 5mg №50","ОМС","Да","уп",640,"135,25",{"v":86560,"d":"86,560.00"}]
["C07AB07","бета1-адреноблокатор селективный","Бисопролол","Бисопролол табл п/п/о 5mg №50","ПЛАТ","Да","уп",12,"135,25",{"v":1623,"d":"1,623.00"}]
["С07АВ07","бета1-адреноблокатор селективный","Бисопролол","Бисопролол-Прана табл п/п/о 10mg №30","ОМС","Да","уп",180,"163,94",{"v":29509.2,"d":"29,509.20"}]
["С07АВ07","бета1-адреноблокатор селективный","Бисопролол","Бисопролол-Прана табл п/п/о 5mg №30","Бюджет","Да","уп",20,"95,63",{"v":1912.6,"d":"1,912.60"}]
["С07АВ07","бета1-адреноблокатор селективный","Бисопролол","Бисопролол-Прана табл п/п/о 5mg №30","ОМС","Да","уп",580,"95,63",{"v":55465.399999999994,"d":"55,465.40"}]
["C07AB09","бета1-адреноблокатор селективный","Эсмолол","Бревиблок раствор для в/в  вв 10mg/ml 10ml №5","Бюджет","Нет","уп",4,"5026,84",{"v":20107.36,"d":"20,107.36"}]
["C07AB09","бета1-адреноблокатор селективный","Эсмолол","Бревиблок раствор для в/в  вв 10mg/ml 10ml №5","ОМС","Нет","уп",6,"5026,84",{"v":30161.04,"d":"30,161.04"}]
["C07AB12","бета1-адреноблокатор селективный","Небиволол","Небиволол табл 5mg №14","ОМС","Нет","уп",91,"186,71",{"v":16990.61,"d":"16,990.61"}]
["C07AB12","бета1-адреноблокатор селективный","Небиволол","Небиволол табл 5mg №14","ПЛАТ","Нет","уп",55,"186,71",{"v":10269.050000000001,"d":"10,269.05"}]
["C07AG02","альфа- и бета-адреноблокатор","Карведилол","Карведилол табл 12,5mg №30","ОМС","Да","уп",33,"273,24",{"v":9016.92,"d":"9,016.92"}]
["C07AG02","альфа- и бета-адреноблокатор","Карведилол","Карведилол табл 12,5mg №30","ПЛАТ","Да","уп",1,"273,24",273.24]
["C07AG02","альфа- и бета-адреноблокатор","Карведилол","Карведилол табл 25mg №30","ОМС","Да","уп",30,"341,55",{"v":10246.5,"d":"10,246.50"}]
["C08Блокаторы кальциевых каналов",{"$nulls":8},{"v":0,"d":"0.00"}]
["C08CA01","блокатор \"медленных\" кальциевых каналов","Амлодипин","Амлодипин-Прана  табл 10mg №90","Бюджет","Да","уп.",5,"390,39",{"v":1951.9499999999998,"d":"1,951.95"}]
["C08CA01","блокатор \"медленных\" кальциевых каналов","Амлодипин","Амлодипин-Прана  табл 10mg №90","ОМС","Да","уп.",675,"390,39",{"v":263513.25,"d":"263,513.25"}]
["C08CA01","блокатор \"медленных\" кальциевых каналов","Амлодипин","Амлодипин-Прана  табл 10mg №90","ПЛАТ","Да","уп.",24,"390,39",{"v":9369.36,"d":"9,369.36"}]
["C08CA01","блокатор \"медленных\" кальциевых каналов","Амлодипин","Амлодипин-Прана  табл 5mg №90","Бюджет","Да","уп",12,"316,27",{"v":3795.24,"d":"3,795.24"}]
["C08CA01","блокатор \"медленных\" кальциевых каналов","Амлодипин","Амлодипин-Прана  табл 5mg №90","ОМС","Да","уп",625,"316,27",{"v":197668.75,"d":"197,668.75"}]
["C08CA01","блокатор \"медленных\" кальциевых каналов","Амлодипин","Амлодипин-Прана  табл 5mg №90","ПЛАТ","Да","уп",45,"316,27",{"v":14232.15,"d":"14,232.15"}]
["C08CA05","блокатор \"медленных\" кальциевых каналов","Нифедипин","Кордафлекс табл пролонг п/п/о 20mg №60","Бюджет","Да","уп",6,"122,26",{"v":733.5600000000001,"d":"733.56"}]
["C08CA05","блокатор \"медленных\" кальциевых каналов","Нифедипин","Кордафлекс табл пролонг п/п/о 20mg №60","ОМС","Да","уп",247,"122,26",{"v":30198.22,"d":"30,198.22"}]
["C08CA05","блокатор \"медленных\" кальциевых каналов","Нифедипин","Кордафлекс табл пролонг п/п/о 20mg №60","ПЛАТ","Да","уп",8,"122,26",978.08]
["С08CА05","блокатор \"медленных\" кальциевых каналов","Нифедипин","Нифедипин табл п/п/о 10mg №50","ОМС","Да","уп",400,"39,25",{"v":15700,"d":"15,700.00"}]
["C08CA05","блокатор \"медленных\" кальциевых каналов","Нифедипин","Нифекард ХЛ табл с модифиц. высвобождением п/п/о 30mg №30","ОМС","Да","уп",68,"187,82",{"v":12771.76,"d":"12,771.76"}]
["C08CA05","блокатор \"медленных\" кальциевых каналов","Нифедипин","Нифекард ХЛ табл с модифиц. высвобождением п/п/о 30mg №30","ПЛАТ","Да","уп",5,"187,82",{"v":939.0999999999999,"d":"939.10"}]
["C08CA06","блокатор \"медленных\" кальциевых каналов","Нимодипин","Нимопин раствор для инфузий 0,2mg/ml 50ml №1","Бюджет","Да","уп",20,"767,38",{"v":15347.6,"d":"15,347.60"}]
["C08CA06","блокатор \"медленных\" кальциевых каналов","Нимодипин","Нимопин раствор для инфузий 0,2mg/ml 50ml №1","ОМС","Да","уп",420,"767,38",{"v":322299.6,"d":"322,299.60"}]
["C08CA06","блокатор \"медленных\" кальциевых каналов","Нимодипин","Нимопин раствор для инфузий 0,2mg/ml 50ml №1","ПЛАТ","Да","уп",20,"767,38",{"v":15347.6,"d":"15,347.60"}]
["C08CA06","блокатор \"медленных\" кальциевых каналов","Нимодипин","Нимопин табл п/п/о 30mg №30","ОМС","Да","уп",20,"727,93",{"v":14558.599999999999,"d":"14,558.60"}]
["C08CA13","блокатор \"медленных\" кальциевых каналов","Лерканидипин","Лерканидипин-СЗ табл п/п/о 20mg №30","ОМС","Нет","уп",30,"252,33",{"v":7569.900000000001,"d":"7,569.90"}]
["C08CA13","блокатор \"медленных\" кальциевых каналов","Лерканидипин","Лерканидипин-СЗ табл п/п/о 20mg №30","ПЛАТ","Нет","уп",10,"252,33",{"v":2523.3,"d":"2,523.30"}]
["C08DA01","блокатор \"медленных\" кальциевых каналов","Верапамил","Верапамил раствор для в/в  вв 2,5mg/ml 2ml №10","ОМС","Да","уп",71,"55,04",{"v":3907.84,"d":"3,907.84"}]
["C08DA01","блокатор \"медленных\" кальциевых каналов","Верапамил","Верапамил табл п/о 80mg №30","Бюджет","Да","уп",5,"56,4",{"v":282,"d":"282.00"}]
["C08DA01","блокатор \"медленных\" кальциевых каналов","Верапамил","Верапамил табл п/о 80mg №30","ОМС","Да","уп",294,"56,4",{"v":16581.6,"d":"16,581.60"}]
["C08DA01","блокатор \"медленных\" кальциевых каналов","Верапамил","Верапамил табл п/о 80mg №30","ПЛАТ","Да","уп",3,"56,4",{"v":169.2,"d":"169.20"}]
["C08DA01","блокатор \"медленных\" кальциевых каналов","Верапамил","Верапамил табл п/п/о 40mg №50","ОМС","Да","уп",17,"37,34",{"v":634.7800000000001,"d":"634.78"}]
["C08DA01","блокатор \"медленных\" кальциевых каналов","Верапамил","Верапамил табл п/п/о 40mg №50","ПЛАТ","Да","уп",2,"37,34",74.68]
["C08DA01","блокатор \"медленных\" кальциевых каналов","Верапамил","Верапамил табл. пролог. п/о 240 mg №20","ОМС","Да","уп",3,"179,98",{"v":539.9399999999999,"d":"539.94"}]
["C08DA01","блокатор \"медленных\" кальциевых каналов","Верапамил","Верапамил табл. пролог. п/о 240 mg №20","ПЛАТ","Да","уп",1,"179,98",179.98]
["C08DB01","блокатор \"медленных\" кальциевых каналов","Дилтиазем","Дилтиазем Ланнахер табл пролонг п/п/о 180mg №30","ОМС","Нет","уп",16,"335,78",{"v":5372.48,"d":"5,372.48"}]
["C08DB01","блокатор \"медленных\" кальциевых каналов","Дилтиазем","Дилтиазем Ланнахер табл пролонг п/п/о 180mg №30","ПЛАТ","Нет","уп",1,"335,78",335.78]
["C09Препараты, влияющие на ренин-ангиотензиновую систему",{"$nulls":8},{"v":0,"d":"0.00"}]
["C09AA01","АПФ ингибитор","Каптоприл","Каптоприл табл 25mg №40","Бюджет","Да","уп.",30,"16,03",{"$f":"H623*I623","v":{"v":480.90000000000003,"d":"480.90"}}]
["C09AA01","АПФ ингибитор","Каптоприл","Каптоприл табл 25mg №40","ОМС","Да","уп.",915,"16,03",{"v":14667.45,"d":"14,667.45"}]
["C09AA01","АПФ ингибитор","Каптоприл","Каптоприл табл 25mg №40","ПЛАТ","Да","уп.",29,"16,03",464.87]
["C09AA02","АПФ ингибитор","Эналаприл","Эналаприл табл 10mg №20","Бюджет","Да","уп",40,"13,68",{"v":547.2,"d":"547.20"}]
["C09AA02","АПФ ингибитор","Эналаприл","Эналаприл табл 10mg №20","ОМС","Да","уп",4490,"13,68",{"v":61423.2,"d":"61,423.20"}]
["C09AA02","АПФ ингибитор","Эналаприл","Эналаприл табл 10mg №20","ПЛАТ","Да","уп",30,"13,68",{"v":410.4,"d":"410.40"}]
["C09AA02","АПФ ингибитор","Эналаприл","Эналаприл табл 20mg №20","ОМС","Да","уп",2208,"17,04",{"v":37624.32,"d":"37,624.32"}]
["C09AA02","АПФ ингибитор","Эналаприл","Эналаприл табл 20mg №20","ПЛАТ","Да","уп",22,"17,04",374.88]
["C09AA03","АПФ ингибитор","Лизиноприл","Лизиноприл табл п/п/о 10mg №30","ОМС","Да","уп",245,"114,6",{"v":28077,"d":"28,077.00"}]
["C09AA03","АПФ ингибитор","Лизиноприл","Лизиноприл табл п/п/о 10mg №30","ПЛАТ","Да","уп",22,"114,6",{"v":2521.2,"d":"2,521.20"}]
["C09AA04","АПФ ингибитор","Периндоприл","Периндоприл-Тева табл п/п/о 10mg  №30","ОМС","Да","уп",247,"400,18",{"v":98844.46,"d":"98,844.46"}]
["C09AA04","АПФ ингибитор","Периндоприл","Периндоприл-Тева табл п/п/о 10mg  №30","ПЛАТ","Да","уп",4,"400,18",{"v":1600.72,"d":"1,600.72"}]
["C09AA04","АПФ ингибитор","Периндоприл","Периндоприл-Тева табл п/п/о 5mg №30","ОМС","Да","уп",223,"307,07",{"v":68476.61,"d":"68,476.61"}]
["C09AA04","АПФ ингибитор","Периндоприл","Периндоприл-Тева табл п/п/о 5mg №30","ПЛАТ","Да","уп",3,"307,07",921.21]
["C09AA04","АПФ ингибитор","Периндоприл","Престариум А табл п/п/о 10mg №29","Бюджет","Да","уп",1,"615,57",615.57]
["C09AA04","АПФ ингибитор","Периндоприл","Престариум А табл п/п/о 10mg №29","ОМС","Да","уп",121,"615,57",{"v":74483.97,"d":"74,483.97"}]
["C09AA04","АПФ ингибитор","Периндоприл","Престариум А табл п/п/о 10mg №29","ПЛАТ","Да","уп",24,"615,57",{"v":14773.68,"d":"14,773.68"}]
["C09AA04","АПФ ингибитор","Периндоприл","Престариум А табл п/п/о 5mg №14","Бюджет","Да","уп",15,"194,3",{"v":2914.5,"d":"2,914.50"}]
["C09AA04","АПФ ингибитор","Периндоприл","Престариум А табл п/п/о 5mg №14","ОМС","Да","уп",256,"194,3",{"v":49740.8,"d":"49,740.80"}]
["C09AA04","АПФ ингибитор","Периндоприл","Престариум А табл п/п/о 5mg №14","ПЛАТ","Да","уп",37,"194,3",{"v":7189.1,"d":"7,189.10"}]
["С09АА09","АПФ ингибитор","Фозиноприл","Фозиноприл табл 10mg №28","ОМС","Нет","уп",15,"245,08",{"v":3676.2000000000003,"d":"3,676.20"}]
["С09ВА","гипотензивное средство комбинированное (диуретик+АПФ ингибитор)","Индапамид+Периндоприл","Индапамид/Периндоприл-Тева  табл п/п/о 1,25mg+5mg №30","ОМС","Нет","уп",90,"339,68",{"v":30571.2,"d":"30,571.20"}]
["С09ВА","гипотензивное средство комбинированное (диуретик+АПФ ингибитор)","Индапамид+Периндоприл","Индапамид/Периндоприл-Тева  табл п/п/о 1,25mg+5mg №30","ПЛАТ","Нет","уп",15,"339,68",{"v":5095.2,"d":"5,095.20"}]
["C09BA","гипотензивное средство комбинированное (диуретик+АПФ ингибитор)","Гидрохлоротиазид+Эналаприл","Эналаприл НЛ 20 табл 12,5mg+ 20mg №20","Бюджет","Нет","уп",5,"66,6",{"v":333,"d":"333.00"}]
["C09BA","гипотензивное средство комбинированное (диуретик+АПФ ингибитор)","Гидрохлоротиазид+Эналаприл","Эналаприл НЛ 20 табл 12,5mg+ 20mg №20","ОМС","Нет","уп",65,"66,6",{"v":4329,"d":"4,329.00"}]
["C09BA","гипотензивное средство комбинированное (диуретик+АПФ ингибитор)","Гидрохлоротиазид+Эналаприл","Эналаприл НЛ 20 табл 12,5mg+ 20mg №20","ПЛАТ","Нет","уп",1,"66,6",{"v":66.6,"d":"66.60"}]
["C09BA","гипотензивное средство комбинированное (диуретик+АПФ ингибитор)","Индапамид+Периндоприл","Нолипрел А форте табл п/п/о 1,25mg+5mg №30","ПЛАТ","Нет","уп",2,"821,73",{"v":1643.46,"d":"1,643.46"}]
["C09BB03","гипотензивное средство комбинированное (АПФ ингибитор+БМКК)","Амлодипин + Лизиноприл","Экламиз табл 5mg+10mg №30","ПЛАТ","Нет","уп",3,"696,95",{"v":2090.8500000000004,"d":"2,090.85"}]
["C09BB04","гипотензивное средство комбинированное (АПФ ингибитор+БМКК)","Периндоприла аргинин+Амлодипин","Престанс табл 10mg+5mg №30","Бюджет","Нет","уп",10,"1042,9",{"v":10429,"d":"10,429.00"}]
["C09BB04","гипотензивное средство комбинированное (АПФ ингибитор+БМКК)","Периндоприла аргинин+Амлодипин","Престанс табл 10mg+5mg №30","ОМС","Нет","уп",90,"1042,9",{"v":93861.00000000001,"d":"93,861.00"}]
["C09BB04","гипотензивное средство комбинированное (АПФ ингибитор+БМКК)","Периндоприла аргинин+Амлодипин","Престанс табл 10mg+5mg №30","ПЛАТ","Нет","уп",23,"1042,9",{"v":23986.7,"d":"23,986.70"}]
["C09BА03","гипотензивное средство комбинированное (диуретик+АПФ ингибитор)","Лизиноприл+ гидрохлортиазид","Ко-Диротон табл 10mg+12,5mg №30","ПЛАТ","Нет","уп",7,"609,12",{"v":4263.84,"d":"4,263.84"}]
["C09CA06","ангиотензина II рецепторов антагонист","Кандесартан","Ангиаканд табл 8mg №28","ОМС","Нет","уп",45,"205,4",{"v":9243,"d":"9,243.00"}]
["C09CA06","ангиотензина II рецепторов антагонист","Кандесартан","Кандесартан табл 16mg №20","ОМС","Нет","уп",10,"267,15",{"v":2671.5,"d":"2,671.50"}]
["C09CA06","ангиотензина II рецепторов антагонист","Кандесартан","Кандесартан табл 16mg №20","ПЛАТ","Нет","уп",3,"267,15",{"v":801.4499999999999,"d":"801.45"}]
["С09СА01","ангиотензина II рецепторов антагонист","Лозартан","Лозартан табл п/п/о 50mg №30","Бюджет","Да","уп",10,"275,61",{"v":2756.1000000000004,"d":"2,756.10"}]
["С09СА01","ангиотензина II рецепторов антагонист","Лозартан","Лозартан табл п/п/о 50mg №30","ОМС","Да","уп",492,"275,61",{"v":135600.12,"d":"135,600.12"}]
["С09СА01","ангиотензина II рецепторов антагонист","Лозартан","Лозартан табл п/п/о 50mg №30","ПЛАТ","Да","уп",30,"275,61",{"v":8268.300000000001,"d":"8,268.30"}]
["С09СА03","ангиотензина II рецепторов антагонист","Валсартан","Вальсакор табл п/п/о 80mg №30","ОМС","Нет","уп",23,"490,17",{"v":11273.91,"d":"11,273.91"}]
["С09СА03","ангиотензина II рецепторов антагонист","Валсартан","Вальсакор табл п/п/о 80mg №30","ПЛАТ","Нет","уп",14,"490,17",{"v":6862.38,"d":"6,862.38"}]
["C09CA07","ангиотензина II рецепторов антагонист","Телмисартан","Микардис табл 80mg №28","ПЛАТ","Нет","уп",6,"1244,4",{"v":7466.400000000001,"d":"7,466.40"}]
["С09СА07","ангиотензина II рецепторов антагонист","Телмисартан","Телмиста табл 80mg №28","ПЛАТ","Нет","уп",2,"600,98",{"v":1201.96,"d":"1,201.96"}]
["C09DA01","гипотензивное средство комбинированное (ангиотензина II рецепторов антагонист+диуретик)","Гидрохлоротиазид+Лозартан","Лозартан Н табл п/п/о 12,5mg+50mg №30","Бюджет","Нет","уп",10,"155,05",{"v":1550.5,"d":"1,550.50"}]
["C09DA01","гипотензивное средство комбинированное (ангиотензина II рецепторов антагонист+диуретик)","Гидрохлоротиазид+Лозартан","Лозартан Н табл п/п/о 12,5mg+50mg №30","ОМС","Нет","уп",105,"155,05",{"v":16280.250000000002,"d":"16,280.25"}]
["C09DA01","гипотензивное средство комбинированное (ангиотензина II рецепторов антагонист+диуретик)","Гидрохлоротиазид+Лозартан","Лозартан Н табл п/п/о 12,5mg+50mg №30","ПЛАТ","Нет","уп",1,"155,05",155.05]
["C09DB01","гипотензивное средство комбинированное (БМКК+ангиотензина II рецепторов антагонист)","Амлодипин+ Валсартан","Вамлосет табл п/п/о 5mg+ 80mg  №30","ОМС","Нет","уп",5,"626,12",{"v":3130.6,"d":"3,130.60"}]
["C09DB01","гипотензивное средство комбинированное (БМКК+ангиотензина II рецепторов антагонист)","Амлодипин+ Валсартан","Вамлосет табл п/п/о 5mg+ 80mg  №30","ПЛАТ","Нет","уп",6,"626,12",{"v":3756.7200000000003,"d":"3,756.72"}]
["C10Гиполипидемические препараты",{"$nulls":8},{"v":0,"d":"0.00"}]
["C10AA01","гиполипидемическое средство - ГМГ-КоА-редуктазы ингибитор","Симвастатин","Симвастатин табл п/п/о 20mg №30","ОМС","Да","уп",20,"227,87",{"v":4557.4,"d":"4,557.40"}]
["C10AA01","гиполипидемическое средство - ГМГ-КоА-редуктазы ингибитор","Симвастатин","Симвастатин табл п/п/о 20mg №30","ПЛАТ","Да","уп",20,"227,87",{"v":4557.4,"d":"4,557.40"}]
["C10AA01","гиполипидемическое средство - ГМГ-КоА-редуктазы ингибитор","Симвастатин","Симвастатин табл п/п/о 40mg №30","ОМС","Да","уп",3,"751,64",{"v":2254.92,"d":"2,254.92"}]
["C10AA05","гиполипидемическое средство - ГМГ-КоА-редуктазы ингибитор","Аторвастатин","Аторвастатин табл п/п/о 20mg №30","ОМС","Да","уп",415,"393,1",{"v":163136.5,"d":"163,136.50"}]
["C10AA05","гиполипидемическое средство - ГМГ-КоА-редуктазы ингибитор","Аторвастатин","Аторвастатин табл п/п/о 20mg №30","ПЛАТ","Да","уп",28,"393,1",{"v":11006.800000000001,"d":"11,006.80"}]
["C10AA05","гиполипидемическое средство - ГМГ-КоА-редуктазы ингибитор","Аторвастатин","Аторвастатин табл п/п/о 40mg №30","ОМС","Да","уп",341,"627,99",{"v":214144.59,"d":"214,144.59"}]
["С10АА05","гиполипидемическое средство - ГМГ-КоА-редуктазы ингибитор","Аторвастатин","Аторвастатин-К  табл п/п/о 20mg №30","Бюджет","Да","уп",30,"442,75",{"v":13282.5,"d":"13,282.50"}]
["С10АА05","гиполипидемическое средство - ГМГ-КоА-редуктазы ингибитор","Аторвастатин","Аторвастатин-К  табл п/п/о 20mg №30","ОМС","Да","уп",205,"442,75",{"v":90763.75,"d":"90,763.75"}]
["С10АА05","гиполипидемическое средство - ГМГ-КоА-редуктазы ингибитор","Аторвастатин","Аторвастатин-К  табл п/п/о 20mg №30","ПЛАТ","Да","уп",30,"442,75",{"v":13282.5,"d":"13,282.50"}]
["С10АА07","гиполипидемическое средство - ГМГ-КоА-редуктазы ингибитор","Розувастатин","Розувастатин табл п/п/о 20mg №30","ОМС","Нет","уп",25,"285,71",{"v":7142.749999999999,"d":"7,142.75"}]
["С10АА07","гиполипидемическое средство - ГМГ-КоА-редуктазы ингибитор","Розувастатин","Розувастатин табл п/п/о 20mg №30","ПЛАТ","Нет","уп",15,"285,71",{"v":4285.65,"d":"4,285.65"}]
[{"$nulls":9},{"$f":"SUM(J430:J681)","v":{"v":7150831.050000004,"d":"7,150,831.05"}}]
["D Дерматология "]
["D02Препараты со смягчающим и протекторным действием"]
["D02AC","дерматопротекторное средство","Вазелин","Вазелин мазь д/наружн прим 25g","Бюджет","Нет","уп",10,"10,34",{"$f":"H685*I685","v":{"v":103.4,"d":"103.40"}}]
["D02AC","дерматопротекторное средство","Вазелин","Вазелин мазь д/наружн прим 25g","ОМС","Нет","уп",409,"10,34",{"$f":"H686*I686","v":{"v":4229.0599999999995,"d":"4,229.06"}}]
["D02AC","дерматопротекторное средство","Вазелин","Вазелин мазь д/наружн прим 25g","ПЛАТ","Нет","уп",5,"10,34",{"v":51.7,"d":"51.70"}]
["D04Препараты для лечения зуда (включая антигистаминные препараты и анестетики)",{"$nulls":8},{"v":0,"d":"0.00"}]
["D04AB01","местноанестезирующее средство","Лидокаин","Лидокаин-Виал спрей для местного и наружного прим 10% 38g","Бюджет","Да","уп",24,"337,7",{"v":8104.799999999999,"d":"8,104.80"}]
["D04AB01","местноанестезирующее средство","Лидокаин","Лидокаин-Виал спрей для местного и наружного прим 10% 38g","ОМС","Да","уп",222,"337,7",{"v":74969.4,"d":"74,969.40"}]
["D04AB01","местноанестезирующее средство","Лидокаин","Лидокаин-Виал спрей для местного и наружного прим 10% 38g","ПЛАТ","Да","уп",30,"337,7",{"v":10131,"d":"10,131.00"}]
["D06Противомикробные препараты для лечения заболеваний кожи",{"$nulls":8},{"v":0,"d":"0.00"}]
["D06AX","антибиотик комбинированный (антибиотик полипептидный+антибиотик-аминогликозид)","Неомицин","Банеоцин мазь д/наружн прим 250ME/g+5000ME/g 20g","ОМС","Нет","уп",15,"425,13",{"v":6376.95,"d":"6,376.95"}]
["D06AX","антибиотик комбинированный (антибиотик полипептидный+антибиотик-аминогликозид)","Неомицин","Банеоцин мазь д/наружн прим 250ME/g+5000ME/g 20g","ПЛАТ","Нет","уп",3,"425,13",{"v":1275.3899999999999,"d":"1,275.39"}]
["D06AX","антибиотик комбинированный (антибиотик полипептидный+антибиотик-аминогликозид)","Неомицин","Банеоцин порошок для наруж примен(присыпка) 250ME/g+5000ME/g 10g","Бюджет","Нет","уп",1,"461,76",461.76]
["D06AX","антибиотик комбинированный (антибиотик полипептидный+антибиотик-аминогликозид)","Неомицин","Банеоцин порошок для наруж примен(присыпка) 250ME/g+5000ME/g 10g","ОМС","Нет","уп",42,"461,76",{"v":19393.92,"d":"19,393.92"}]
["D06AX","антибиотик комбинированный (антибиотик полипептидный+антибиотик-аминогликозид)","Неомицин","Банеоцин порошок для наруж примен(присыпка) 250ME/g+5000ME/g 10g","ПЛАТ","Нет","уп",15,"461,76",{"v":6926.4,"d":"6,926.40"}]
["D06C","противомикробное средство комбинированное","Диоксометилтетрагидропиримидин+сульфадиметоксин+тримекаин+хлормфеникол","Левосин мазь д/наружн прим 40g №1","Бюджет","Да","уп",5,"79,5",{"v":397.5,"d":"397.50"}]
["D06C","противомикробное средство комбинированное","Диоксометилтетрагидропиримидин+сульфадиметоксин+тримекаин+хлормфеникол","Левосин мазь д/наружн прим 40g №1","ОМС","Да","уп",439,"79,5",{"v":34900.5,"d":"34,900.50"}]
["D06C","противомикробное средство комбинированное","Диоксометилтетрагидропиримидин+сульфадиметоксин+тримекаин+хлормфеникол","Левосин мазь д/наружн прим 40g №1","ПЛАТ","Да","уп",68,"79,5",{"v":5406,"d":"5,406.00"}]
["D07Кортикостероиды для лечения заболеваний кожи для наружного применения",{"$nulls":8},{"v":0,"d":"0.00"}]
["D07AA02","глюкокортикостероид для местного применения","Гидрокортизон","Гидрокортизон мазь д/наружн прим 1% 15g ","ОМС","Да","уп",120,"46,2",{"v":5544,"d":"5,544.00"}]
["D07AA02","глюкокортикостероид для местного применения","Гидрокортизон","Гидрокортизон мазь д/наружн прим 1% 15g ","ПЛАТ","Да","уп",3,"46,2",{"v":138.60000000000002,"d":"138.60"}]
["D07AC14","глюкокортикостероид для местного применения","Метилпреднизолона ацепонат ","Комфодерм мазь д/наружн прим 0,1% 15g","ПЛАТ","Нет","уп",5,"280,96",{"v":1404.8,"d":"1,404.80"}]
["D07XB01","глюкокортикостероид для местного применения+кератолитическое средство","Салициловая кислота+Флуметазон","Лоринден  А мазь д/наружн прим 15g №1","Бюджет","Нет","уп",17,"489,74",{"v":8325.58,"d":"8,325.58"}]
["D07XB01","глюкокортикостероид для местного применения+кератолитическое средство","Салициловая кислота+Флуметазон","Лоринден  А мазь д/наружн прим 15g №1","ОМС","Нет","уп",90,"489,74",{"v":44076.6,"d":"44,076.60"}]
["D07XB01","глюкокортикостероид для местного применения+кератолитическое средство","Салициловая кислота+Флуметазон","Лоринден  А мазь д/наружн прим 15g №1","ПЛАТ","Нет","уп",55,"489,74",{"v":26935.7,"d":"26,935.70"}]
["D07XC01","глюкокортикостероид для местного применения+антибиотик-аминогликозид+противогрибковое средство","Бетаметазон+Гентамицин+Клотримазол","Акридерм ГК крем д/ наружн /пр 15g №1","ОМС","Нет","уп",2,"483,51",967.02]
["D07XC01","глюкокортикостероид для местного применения+антибиотик-аминогликозид+противогрибковое средство","Бетаметазон+Гентамицин+Клотримазол","Акридерм ГК крем д/ наружн /пр 15g №1","ПЛАТ","Нет","уп",10,"483,51",{"v":4835.1,"d":"4,835.10"}]
["D08Антисептики и дезинфицирующие препараты",{"$nulls":8},{"v":0,"d":"0.00"}]
["D08AC02","антисептическое средство","Хлоргексидин","Хлоргексидин-Ферейн р-р д/наруж/прим спирт 0,5% 1L","Бюджет","Да","бутылка",11,"158,5",{"v":1743.5,"d":"1,743.50"}]
["D08AC02","антисептическое средство","Хлоргексидин","Хлоргексидин-Ферейн р-р д/наруж/прим спирт 0,5% 1L","ОМС","Да","бутылка",3597,"158,5",{"v":570124.5,"d":"570,124.50"}]
["D08AC02","антисептическое средство","Хлоргексидин","Хлоргексидин-Ферейн р-р д/наруж/прим спирт 0,5% 1L","ПЛАТ","Да","бутылка",80,"158,5",{"v":12680,"d":"12,680.00"}]
["D08AC02","антисептическое средство","Хлоргексидин","Хлоргексидина биглюконат р-р для наружного применения 0,05% 100ml №1","ОМС","Да","уп",286,"12,26",{"v":3506.36,"d":"3,506.36"}]
["D08AC02","антисептическое средство","Хлоргексидин","Хлоргексидина биглюконат р-р для наружного применения 0,05% 100ml №1","ПЛАТ","Да","уп",27,"12,26",331.02]
["D08AD","антисептическое средство","Борная кислота","Борная кислота р-р для наружного применения (спиртовой) 3% 25ml №1","ОМС","Нет","уп",14,"8,88",{"v":124.32000000000001,"d":"124.32"}]
["D08AD","антисептическое средство","Борная кислота","Борная кислота р-р для наружного применения (спиртовой) 3% 25ml №1","ПЛАТ","Нет","уп",5,"8,88",{"v":44.400000000000006,"d":"44.40"}]
["D08AF01","противомикробное средство - нитрофуран","Нитрофурал","Фурацилин  р-р д/нар и местн прим 0,02% 200ml №28","ОМС","Нет","уп",30,"2320,03",{"v":69600.90000000001,"d":"69,600.90"}]
["D08AF01","противомикробное средство - нитрофуран","Нитрофурал","Фурацилин  р-р д/нар и местн прим 0,02% 200ml №28","ПЛАТ","Нет","уп",2,"2320,03",{"v":4640.06,"d":"4,640.06"}]
["D08AF01","противомикробное средство - нитрофуран","Нитрофурал","Фурацилин  раствор для местного и наружного применения 0,02% 400ml №1","ОМС","Нет","уп",8125,"166,5",{"v":1352812.5,"d":"1,352,812.50"}]
["D08AF01","противомикробное средство - нитрофуран","Нитрофурал","Фурацилин  раствор для местного и наружного применения 0,02% 400ml №1","ПЛАТ","Нет","уп",5,"166,5",{"v":832.5,"d":"832.50"}]
["D08AF01","противомикробное средство - нитрофуран","Нитрофурал","Фурацилин  раствор для местного и наружного применения 0,02% 400ml №15","ОМС","Нет","уп",49,"1999,33",{"v":97967.17,"d":"97,967.17"}]
["D08AG","антисептическое средство","Йод+Каля йодид+Глицерол","Люголя раствор с глицерином р-р д/нар и местн прим 50g №1","ОМС","Да","уп",21,"91,89",{"v":1929.69,"d":"1,929.69"}]
["D08AG","антисептическое средство","Йод+Каля йодид+Глицерол","Люголя раствор с глицерином раствор для местного применения 25g","ПЛАТ","Да","уп",3,"12,72",{"v":38.160000000000004,"d":"38.16"}]
["D08AG02","антисептическое средство","Повидон-йод","Бетадин мазь д/мест и наруж/пр 10% 20g","ОМС","Нет","уп",24,"314,15",{"v":7539.599999999999,"d":"7,539.60"}]
["D08AG02","антисептическое средство","Повидон-йод","Бетадин мазь д/мест и наруж/пр 10% 20g","ПЛАТ","Нет","уп",3,"314,15",{"v":942.4499999999999,"d":"942.45"}]
["D08AG02","антисептическое средство","Повидон-йод","Браунодин Б.Браун мазь д/наружн прим 10% 20g","ОМС","Нет","уп",10,"188,52",{"v":1885.2,"d":"1,885.20"}]
["D08AG02","антисептическое средство","Повидон-йод","Браунодин Б.Браун мазь д/наружн прим 10% 20g","ПЛАТ","Нет","уп",3,"188,52",{"v":565.5600000000001,"d":"565.56"}]
["D08AG02","антисептическое средство","Повидон-йод","Браунодин Б.Браун р-р д/нар и местн прим 7,5% 1000ml №10","Бюджет","Да","уп",2,"8307,75",{"v":16615.5,"d":"16,615.50"}]
["D08AG02","антисептическое средство","Повидон-йод","Браунодин Б.Браун р-р д/нар и местн прим 7,5% 1000ml №10","ОМС","Да","уп",114,"8307,75",{"v":947083.5,"d":"947,083.50"}]
["D08AG02","антисептическое средство","Повидон-йод","Браунодин Б.Браун р-р д/нар и местн прим 7,5% 1000ml №10","ПЛАТ","Да","уп",2,"8307,75",{"v":16615.5,"d":"16,615.50"}]
["D08AG02","антисептическое средство","Повидон-йод","Браунодин Б.Браун р-р д/нар и местн прим 7,5% 100ml","Бюджет","Да","уп",10,"233,26",{"v":2332.6,"d":"2,332.60"}]
["D08AG02","антисептическое средство","Повидон-йод","Браунодин Б.Браун р-р д/нар и местн прим 7,5% 100ml","ОМС","Да","уп",170,"233,26",{"v":39654.2,"d":"39,654.20"}]
["D08AG02","антисептическое средство","Повидон-йод","Браунодин Б.Браун р-р д/нар и местн прим 7,5% 100ml","ПЛАТ","Да","уп",23,"233,26",{"v":5364.98,"d":"5,364.98"}]
["D08AG02","антисептическое средство","Повидон-йод","Браунодин Б.Браун р-р д/нар и местн прим 7,5% 500ml №20","Бюджет","Да","уп",1,"14383,38",{"v":14383.38,"d":"14,383.38"}]
["D08AG02","антисептическое средство","Повидон-йод","Браунодин Б.Браун р-р д/нар и местн прим 7,5% 500ml №20","ОМС","Да","уп",6,"14383,38",{"v":86300.28,"d":"86,300.28"}]
["D08AG03","антисептическое средство","Йод + [Калия йодид + Этанол","Йод р-р для наружного применения (спиртовой) 5% 10ml №1","ОМС","Нет","фл",1231,"8,88",{"v":10931.28,"d":"10,931.28"}]
["D08AG03","антисептическое средство","Йод + [Калия йодид + Этанол","Йод р-р для наружного применения (спиртовой) 5% 10ml №1","ПЛАТ","Нет","фл",5,"8,88",{"v":44.400000000000006,"d":"44.40"}]
["D08AX","антисептическое средство","Бриллиантовый зеленый","Бриллиантовый зеленый р-р д/наруж/прим спирт 1% 10ml №1","ОМС","Нет","фл",1021,"7,77",{"v":7933.169999999999,"d":"7,933.17"}]
["D08AX","антисептическое средство","Бриллиантовый зеленый","Бриллиантовый зеленый р-р д/наруж/прим спирт 1% 10ml №1","ПЛАТ","Нет","фл",16,"7,77",124.32]
["D08AX","антисептическое средство","Деготь + Трибромфенолята висмута и висмута оксида комплекс","Линимент бальзамический (по Вишневскому)  линимент 30g №1","ОМС","Нет","уп",45,"29,97",{"v":1348.6499999999999,"d":"1,348.65"}]
["D08AX","противомикробное средство комбинированное","Бензокаин + Борная кислота + Облепихи масло + Хлорамфеникол","Олазоль аэрозоль д/нар прим 80g №1","ОМС","Нет","уп",28,"349,65",{"v":9790.199999999999,"d":"9,790.20"}]
["D08AX","противомикробное средство комбинированное","Бензокаин + Борная кислота + Облепихи масло + Хлорамфеникол","Олазоль аэрозоль д/нар прим 80g №1","ПЛАТ","Нет","уп",1,"349,65",349.65]
["D08AX01","антисептическое средство","Водорода пероксид","Перекись водорода р-р д/нар и местн прим 3% 100ml №1","Бюджет","Да","фл",10,"11,31",{"v":113.10000000000001,"d":"113.10"}]
["D08AX01","антисептическое средство","Водорода пероксид","Перекись водорода р-р д/нар и местн прим 3% 100ml №1","ОМС","Да","фл",3350,"11,31",{"v":37888.5,"d":"37,888.50"}]
["D08AX01","антисептическое средство","Водорода пероксид","Перекись водорода р-р д/нар и местн прим 3% 100ml №1","ПЛАТ","Да","фл",80,"11,31",{"v":904.8000000000001,"d":"904.80"}]
["D08AX08","антисептическое средство","Этанол","Этиловый спирт 70% р-р д/нар прим и пригот лек форм 100ml","Бюджет","Да","фл",2,"15,12",30.24]
["D08AX08","антисептическое средство","Этанол","Этиловый спирт 70% р-р д/нар прим и пригот лек форм 100ml","ОМС","Да","фл",10404,"15,12",{"v":157308.47999999998,"d":"157,308.48"}]
["D08AX08","антисептическое средство","Этанол","Этиловый спирт 70% р-р д/нар прим и пригот лек форм 100ml","ПЛАТ","Да","фл",20,"15,12",{"v":302.4,"d":"302.40"}]
["D08AX08","антисептическое средство","Этанол","Этиловый спирт 95% конц д/пр р-ра д/наруж/пр 100ml","ОМС","Да","фл",1818,"19,76",{"$f":"H750*I750","v":{"v":35923.68,"d":"35,923.68"}}]
["D11Прочие препараты для лечения заболеваний кожи",{"$nulls":8},{"v":0,"d":"0.00"}]
["D11A","репарации тканей стимулятор растительного происхождения","Облепихи масло","Облепиховое масло масло для приема внутрь, местного и наружного применения 100ml","ПЛАТ","Нет","уп",20,"116,82",{"v":2336.3999999999996,"d":"2,336.40"}]
["D11AX","репарации тканей стимулятор","~","Солкосерил гель д/наруж/пр 20g №1","ОМС","Нет","уп",13,"338,27",{"v":4397.51,"d":"4,397.51"}]
["D11AX","репарации тканей стимулятор","~","Солкосерил гель д/наруж/пр 20g №1","ПЛАТ","Нет","уп",3,"338,27",{"v":1014.81,"d":"1,014.81"}]
["D11AX","репарации тканей стимулятор","Диоксометилтетрагидропиримидин ","Метилурацил мазь д/мест и наруж/пр 10%-25g","ОМС","Нет","уп",58,"32,75",{"v":1899.5,"d":"1,899.50"}]
[{"$nulls":9},{"$f":"SUM(J685:J755)","v":{"v":3793254.1,"d":"3,793,254.10"}}]
["G Mочеполовая система и половые гормоны "]
["G02Прочие гинекологические препараты"]
["G02AD06","родовой деятельности стимулятор - простагландина E1 аналог синтетический","Мизопростол","Миролют табл 200mkg №4","ПЛАТ","Да","уп",5,"353,44",{"$f":"H759*I759","v":{"v":1767.2,"d":"1,767.20"}}]
["G03Половые гормоны и модуляторы половой системы",{"$nulls":8},{"$f":"H760*I760","v":{"v":0,"d":"0.00"}}]
["G03DA04","гестаген","Прогестерон","Прогестерон раствор для в/м вв 10mg/ml 1ml №10","ОМС","Нет","уп",100,"421,8",{"v":42180,"d":"42,180.00"}]
["G03DA04","гестаген","Прогестерон","Прогестерон раствор для в/м вв 25mg/ml 1ml №10","ОМС","Нет","уп",250,"774,78",{"v":193695,"d":"193,695.00"}]
["G03DB01","гестаген","Дидрогестерон","Дюфастон табл п/о 10mg №20","ПЛАТ","Да","уп",10,"544,45",{"v":5444.5,"d":"5,444.50"}]
["G03XB01","ангиопротекторное средство","Троксерутин ","Троксерутин  гель д/наруж/пр 2% 40g","ОМС","Нет","уп",10,"72,97",{"v":729.7,"d":"729.70"}]
["G03XB01","антигестаген","Мифепристон","Миропристон табл 200mg №3","ПЛАТ","Нет","уп",5,"2664,08",{"v":13320.4,"d":"13,320.40"}]
["G04Препараты для лечения урологических заболеваний",{"$nulls":8},{"v":0,"d":"0.00"}]
["G04AB","противомикробное средство - хиноксалин","Гидроксиметилхиноксалиндиоксид","Диоксидин раствор для в/полост.и наруж.применения 10mg/ml 10ml №10","ОМС","Нет","уп",75,"719,77",{"v":53982.75,"d":"53,982.75"}]
["G04AB","противомикробное средство - хиноксалин","Гидроксиметилхиноксалиндиоксид","Диоксидин раствор для в/полост.и наруж.применения 10mg/ml 10ml №10","ПЛАТ","Нет","уп",7,"719,77",{"v":5038.389999999999,"d":"5,038.39"}]
["G04CA02","альфа1-адреноблокатор","Тамсулозин","Тамсулозин-OBL капс с модиф/ высв 0,4 мг №30","ОМС","Да","уп",10,"603,49",{"v":6034.9,"d":"6,034.90"}]
["G04CA02","альфа1-адреноблокатор","Тамсулозин","Тамсулозин-OBL капс с модиф/ высв 0,4 мг №30","ПЛАТ","Да","уп",10,"603,49",{"v":6034.9,"d":"6,034.90"}]
[{"$nulls":9},{"$f":"SUM(J759:J770)","v":{"v":328227.7400000001,"d":"328,227.74"}}]
["H Гормоны для системного применения (исключая половые гормоны и инсулины) "]
["H01Гормоны гипоталамуса и гипофиза и их аналоги"]
["H01BB02","родовой деятельности стимулятор - препарат окситоцина","Окситоцин","Окситоцин р-р для в/м и в/в введ 5МЕ/ml 1ml №10","ОМС","Да","уп",200,"42,97",{"$f":"H774*I774","v":{"v":8594,"d":"8,594.00"}}]
["Н01СВ02","соматостатина аналог синтетический","Октреотид","Октреотид Сан раствор для в/в и п/к  вв 100mkg/ml 1ml №1","Бюджет","Да","уп",20,"181,23",{"$f":"H775*I775","v":{"v":3624.6,"d":"3,624.60"}}]
["Н01СВ02","соматостатина аналог синтетический","Октреотид","Октреотид Сан раствор для в/в и п/к  вв 100mkg/ml 1ml №1","ОМС","Да","уп",337,"181,23",{"v":61074.509999999995,"d":"61,074.51"}]
["Н01СВ02","соматостатина аналог синтетический","Октреотид","Октреотид Сан раствор для в/в и п/к  вв 100mkg/ml 1ml №1","ПЛАТ","Да","уп",20,"181,23",{"v":3624.6,"d":"3,624.60"}]
["H02Кортикостероиды для системного применения",{"$nulls":8},{"v":0,"d":"0.00"}]
["H02AB01","глюкокортикостероид","Бетаметазон","Дипроспан суспензия для инъекций 2mg+5mg/ml 1ml №1","Бюджет","Да","уп",8,"319,66",{"v":2557.28,"d":"2,557.28"}]
["H02AB01","глюкокортикостероид","Бетаметазон","Дипроспан суспензия для инъекций 2mg+5mg/ml 1ml №1","ОМС","Да","уп",341,"319,66",{"v":109004.06000000001,"d":"109,004.06"}]
["H02AB01","глюкокортикостероид","Бетаметазон","Дипроспан суспензия для инъекций 2mg+5mg/ml 1ml №1","ПЛАТ","Да","уп",85,"319,66",{"v":27171.100000000002,"d":"27,171.10"}]
["Н02AB02","глюкокортикостероид","Дексаметазон","Дексаметазон-Ферейн раствор для инъекций 4mg/ml 2ml №25","ОМС","Да","уп",600,"350,25",{"v":210150,"d":"210,150.00"}]
["H02AB04","глюкокортикостероид","Метилпреднизолон","Метипред табл 4mg №30","ОМС","Да","уп.",23,"187,18",{"v":4305.14,"d":"4,305.14"}]
["H02AB04","глюкокортикостероид","Метилпреднизолон","Метипред табл 4mg №30","ПЛАТ","Да","уп.",10,"187,18",{"v":1871.8000000000002,"d":"1,871.80"}]
["H02AB04","глюкокортикостероид","Метилпреднизолон","Солу-Медрол лиоф-т д/приг р-ра для в/в и в/м вв 250mg №1","ОМС","Да","уп",85,"339,02",{"v":28816.699999999997,"d":"28,816.70"}]
["H02AB04","глюкокортикостероид","Метилпреднизолон","Солу-Медрол лиоф-т д/приг р-ра для в/в и в/м вв 250mg №1","ПЛАТ","Да","уп",20,"339,02",{"v":6780.4,"d":"6,780.40"}]
["H02AB06","глюкокортикостероид","Преднизолон","Преднизолон Эльфа  р-р для в/м и в/в введ 30mg/ml 1ml №3","Б.Опк","Да","уп",2,"27,57",55.14]
["H02AB06","глюкокортикостероид","Преднизолон","Преднизолон Эльфа  р-р для в/м и в/в введ 30mg/ml 1ml №3","ОМС","Да","уп",1271,"27,57",{"v":35041.47,"d":"35,041.47"}]
["H02AB06","глюкокортикостероид","Преднизолон","Преднизолон Эльфа  р-р для в/м и в/в введ 30mg/ml 1ml №3","ПЛАТ","Да","уп",13,"27,57",358.41]
["H02AB06","глюкокортикостероид","Преднизолон","Преднизолон раствор для в/в и в/м вв 30mg/ml 1ml №3","ПЛАТ","Да","уп.",10,"38,28",{"v":382.8,"d":"382.80"}]
["H02AB06","глюкокортикостероид","Преднизолон","Преднизолон табл 5mg №100","ОМС","Да","уп",467,"93,1",{"v":43477.7,"d":"43,477.70"}]
["H02AB06","глюкокортикостероид","Преднизолон","Преднизолон табл 5mg №100","ПЛАТ","Да","уп",18,"93,1",{"v":1675.8,"d":"1,675.80"}]
["H02AB08","глюкокортикостероид","Триамцинолон","Кеналог 40 суспензия для инъекций 40mg/ml 1ml №5","Бюджет","Нет","уп",20,"674,22",{"v":13484.400000000001,"d":"13,484.40"}]
["H02AB08","глюкокортикостероид","Триамцинолон","Кеналог 40 суспензия для инъекций 40mg/ml 1ml №5","ОМС","Нет","уп",126,"674,22",{"v":84951.72,"d":"84,951.72"}]
["H02AB08","глюкокортикостероид","Триамцинолон","Кеналог 40 суспензия для инъекций 40mg/ml 1ml №5","ПЛАТ","Нет","уп",47,"674,22",{"v":31688.34,"d":"31,688.34"}]
["H02AB09","глюкокортикостероид","Гидрокортизон+Лидокаин","Гидрокортизон-Рихтер суспензия для в/суст и околосуст вв 25mg+5mg/ml 5ml","ОМС","Да","уп",30,"246,77",{"v":7403.1,"d":"7,403.10"}]
["H03Препараты для лечения заболеваний щитовидной железы",{"$nulls":8},{"v":0,"d":"0.00"}]
["H03AA01","тиреоидное средство","Левотироксин натрия","L-Тироксин  табл 100mkg №100","ПЛАТ","Да","уп",1,"136,3",{"v":136.3,"d":"136.30"}]
["Н03АА01","тиреоидное средство","Левотироксин натрия","L-Тироксин 100 Берлин-Хеми табл 100mkg №100","ОМС","Да","уп",11,"136,3",{"v":1499.3000000000002,"d":"1,499.30"}]
["H03BB02","антитиреоидное средство","Тиамазол ","Тирозол табл п/п/о 5mg №50","ОМС","Да","уп",10,"159,23",{"v":1592.3,"d":"1,592.30"}]
["H03BB02","антитиреоидное средство","Тиамазол ","Тирозол табл п/п/о 5mg №50","ПЛАТ","Да","уп",2,"159,23",318.46]
[{"$nulls":9},{"$f":"SUM(J774:J801)","v":{"v":689639.43,"d":"689,639.43"}}]
["J Противомикробные препараты для системного применения "]
["J01Противомикробные препараты для системного применения"]
["J01AA02","антибиотик-тетрациклин","Доксициклин","Доксициклин капс 100mg №10","ОМС","Да","уп",100,"25,91",{"$f":"H805*I805","v":{"v":2591,"d":"2,591.00"}}]
["J01AA02","антибиотик-тетрациклин","Доксициклин","Доксициклин-Ферейн лиоф-т д/пригот р-ра д/инф 100mg №50","ОМС","Да","уп",2,"4062,96",{"$f":"H806*I806","v":{"v":8125.92,"d":"8,125.92"}}]
["J01CA04","антибиотик-пенициллин полусинтетический","Амоксициллин","Флемоксин Солютаб табл дисперг 500mg №20","ОМС","Да","уп",48,"341,67",{"v":16400.16,"d":"16,400.16"}]
["J01CA04","антибиотик-пенициллин полусинтетический","Амоксициллин","Флемоксин Солютаб табл дисперг 500mg №20","ПЛАТ","Да","уп",14,"341,67",{"v":4783.38,"d":"4,783.38"}]
["J01CR02","антибиотик-пенициллин полусинтетический+бета-лактамаз ингибитор","Амоксициллин+ клавулановая кислота","Кламосар порошок д/приг-я р-ра для в/в введ 1000mg+200mg №5","Бюджет","Да","уп",471,"392,42",{"v":184829.82,"d":"184,829.82"}]
["J01CR02","антибиотик-пенициллин полусинтетический+бета-лактамаз ингибитор","Амоксициллин+ клавулановая кислота","Кламосар порошок д/приг-я р-ра для в/в введ 1000mg+200mg №5","ОМС","Да","уп",4238,"392,42",{"v":1663075.96,"d":"1,663,075.96"}]
["J01CR02","антибиотик-пенициллин полусинтетический+бета-лактамаз ингибитор","Амоксициллин+ клавулановая кислота","Кламосар порошок д/приг-я р-ра для в/в введ 1000mg+200mg №5","ПЛАТ","Да","уп",385,"392,42",{"v":151081.7,"d":"151,081.70"}]
["J01CR02","антибиотик-пенициллин полусинтетический+бета-лактамаз ингибитор","Амоксициллин+Клавулановая кислота","Экоклав табл п/п/о 875mg +125mg №14","Бюджет","Да","уп",3,"484,2",{"v":1452.6,"d":"1,452.60"}]
["J01CR02","антибиотик-пенициллин полусинтетический+бета-лактамаз ингибитор","Амоксициллин+Клавулановая кислота","Экоклав табл п/п/о 875mg +125mg №14","ОМС","Да","уп",547,"484,2",{"v":264857.39999999997,"d":"264,857.40"}]
["J01CR02","антибиотик-пенициллин полусинтетический+бета-лактамаз ингибитор","Амоксициллин+Клавулановая кислота","Экоклав табл п/п/о 875mg +125mg №14","ПЛАТ","Да","уп",37,"484,2",{"v":17915.399999999998,"d":"17,915.40"}]
["J01CR50","антибиотик комбинированный (пенициллины полусинтетические)","Ампициллин+Оксациллин","Оксамп-натрий порошок д/приг-я р-ра для в/в , в/м введ 333,5mg + 166,5mg №50","ОМС","Нет","уп",11,914,{"v":10054,"d":"10,054.00"}]
["J01DB04","антибиотик-цефалоспорин","Цефазолин","Цефазолин-АКОС порошок д/приг-я р-ра для в/в , в/м введ №50 1.0g","Бюджет","Да","уп",79,"824,66",{"v":65148.14,"d":"65,148.14"}]
["J01DB04","антибиотик-цефалоспорин","Цефазолин","Цефазолин-АКОС порошок д/приг-я р-ра для в/в , в/м введ №50 1.0g","ОМС","Да","уп",1138,"824,66",{"v":938463.08,"d":"938,463.08"}]
["J01DB04","антибиотик-цефалоспорин","Цефазолин","Цефазолин-АКОС порошок д/приг-я р-ра для в/в , в/м введ №50 1.0g","ПЛАТ","Да","уп",78,"824,66",{"v":64323.479999999996,"d":"64,323.48"}]
["J01DC02","антибиотик-цефалоспорин","Цефтазидим","Цефтазидим-АКОС порошок д/приг-я р-ра для в/в , в/м введ 1,0g","ОМС","Да","уп",2000,"83,38",{"v":166760,"d":"166,760.00"}]
["J01DC02","антибиотик-цефалоспорин","Цефтазидим","Цефтазидим-АКОС порошок д/приг-я р-ра для в/в , в/м введ 1,0g","ПЛАТ","Да","уп",130,"83,38",{"v":10839.4,"d":"10,839.40"}]
["J01DC02","антибиотик-цефалоспорин","Цефтазидим","Цефтазидим-АКОС порошок д/приг-я р-ра для в/в , в/м введ 2 g","ОМС","Да","уп",1700,"155,33",{"v":264061,"d":"264,061.00"}]
["J01DD","антибиотик-цефалоспорин","Цефоперазон","Операз  порошок д/приг-я р-ра для в/в , в/м введ 1,0g","ОМС","Нет","уп",960,"36,63",{"v":35164.8,"d":"35,164.80"}]
["J01DD01","антибиотик-цефалоспорин","Цефотаксим","Цефотаксим порошок д/приг-я р-ра для в/в , в/м введ 1g №50","Бюджет","Да",null,50,"1173,41",{"v":58670.50000000001,"d":"58,670.50"}]
["J01DD01","антибиотик-цефалоспорин","Цефотаксим","Цефотаксим порошок д/приг-я р-ра для в/в , в/м введ 1g №50","ОМС","Да",null,261,"1173,41",{"v":306260.01,"d":"306,260.01"}]
["J01DD01","антибиотик-цефалоспорин","Цефотаксим","Цефотаксим порошок д/приг-я р-ра для в/в , в/м введ 1g №50","ПЛАТ","Да",null,14,"1173,41",{"v":16427.74,"d":"16,427.74"}]
["J01DD04","антибиотик-цефалоспорин","Цефтриаксон","Цефтриаксон порошок д/приг-я р-ра для в/в , в/м введ 1g №50","Бюджет","Да","уп",148,"1024,25",{"v":151589,"d":"151,589.00"}]
["J01DD04","антибиотик-цефалоспорин","Цефтриаксон","Цефтриаксон порошок д/приг-я р-ра для в/в , в/м введ 1g №50","ОМС","Да","уп",882,"1024,25",{"v":903388.5,"d":"903,388.50"}]
["J01DD04","антибиотик-цефалоспорин","Цефтриаксон","Цефтриаксон порошок д/приг-я р-ра для в/в , в/м введ 1g №50","ПЛАТ","Да","уп",24,"1024,25",{"v":24582,"d":"24,582.00"}]
["J01DD51","антибиотик-цефалоспорин+бета-лактамаз ингибитор","Цефотаксим+[Сульбактам]","Кларуктам порошок д/приг-я р-ра для в/в , в/м введ 1000mg+500mg №1","ОМС","Нет","уп",300,"329,67",{"v":98901,"d":"98,901.00"}]
["J01DD62","антибиотик-цефалоспорин+бета-лактамаз ингибитор","Цефоперазон+[Сульбактам]","Цефоперазон и Сульбактам Джодас  1g+1g №1","ОМС","Да","уп",650,"228,29",{"v":148388.5,"d":"148,388.50"}]
["J01DE","антибиотик-цефалоспорин+бета-лактамаз ингибитор","Цефепим + [Сульбактам]","Максиктам-АФ порошок д/приг-я р-ра для в/в , в/м введ 1g+1g №1","ОМС","Нет","уп",300,"987,9",{"v":296370,"d":"296,370.00"}]
["J01DE01","антибиотик-цефалоспорин","Цефепим","Цефепим порошок д/приг р-ра для в/м введ 1,0g","ОМС","Да","уп",663,"249,74",{"v":165577.62,"d":"165,577.62"}]
["J01DE01","антибиотик-цефалоспорин","Цефепим","Цефепим порошок д/приг р-ра для в/м введ 1,0g","ПЛАТ","Да","уп",30,"249,74",{"v":7492.200000000001,"d":"7,492.20"}]
["J01DH02","антибиотик-карбапенем","Меропенем","Мепенем порошок д/приг-я р-ра для в/в введ 1,0g","Бюджет","Да","фл",20,"1630,2",{"v":32604,"d":"32,604.00"}]
["J01DH02","антибиотик-карбапенем","Меропенем","Мепенем порошок д/приг-я р-ра для в/в введ 1,0g","ОМС","Да","фл",871,"1630,2",{"v":1419904.2,"d":"1,419,904.20"}]
["J01DH02","антибиотик-карбапенем","Меропенем","Мепенем порошок д/приг-я р-ра для в/в введ 1,0g","ПЛАТ","Да","фл",165,"1630,2",{"v":268983,"d":"268,983.00"}]
["J01DH02","антибиотик-карбапенем","Меропенем","Меропенем порошок д/приг-я р-ра для в/в введ 1g №1","Бюджет","Да","уп",74,"1780,68",{"v":131770.32,"d":"131,770.32"}]
["J01DH02","антибиотик-карбапенем","Меропенем","Меропенем порошок д/приг-я р-ра для в/в введ 1g №1","ОМС","Да","уп",1280,"1780,68",{"v":2279270.4,"d":"2,279,270.40"}]
["J01DH02","антибиотик-карбапенем","Меропенем","Меропенем порошок д/приг-я р-ра для в/в введ 1g №1","ПЛАТ","Да","уп",100,"1780,68",{"v":178068,"d":"178,068.00"}]
["J01DH51","антибиотик-карбапенем+почечной дегидропептидазы блокатор","Имипенем + Циластатин","Имипенем и Циластатин Джодас порошок д/приг р-ра д/инфузий 500mg+500mg №1","ОМС","Да","уп",705,"618,8",{"v":436253.99999999994,"d":"436,254.00"}]
["J01DH51","антибиотик-карбапенем+почечной дегидропептидазы блокатор","Имипенем + Циластатин","Имипенем и Циластатин Джодас порошок д/приг р-ра д/инфузий 500mg+500mg №1","ПЛАТ","Да","уп",116,"618,8",{"v":71780.79999999999,"d":"71,780.80"}]
["J01EE01","противомикробное средство комбинированное","Ко-тримоксазол","Бисептол 480 конц-т д/приг раствора для инфузий 96mg/ml 5ml №10","ОМС","Да","уп",96,"410,92",{"v":39448.32,"d":"39,448.32"}]
["J01EE01","противомикробное средство комбинированное","Ко-тримоксазол","Бисептол 480 конц-т д/приг раствора для инфузий 96mg/ml 5ml №10","ПЛАТ","Да","уп",3,"410,92",{"v":1232.76,"d":"1,232.76"}]
["J01EE01","противомикробное средство комбинированное","Ко-тримоксазол","Ко-тримоксазол табл 480mg №10","ПЛАТ","Да","уп",2,"20,21",40.42]
["J01FA09","антибиотик-аминогликозид","Кларитромицин","Клабакс ОД табл пролонг п/п/о 500mg №14","ОМС","Да","уп",15,"516,91",{"v":7753.65,"d":"7,753.65"}]
["J01FA09","антибиотик-аминогликозид","Кларитромицин","Клабакс ОД табл пролонг п/п/о 500mg №14","ПЛАТ","Да","уп",1,"516,91",516.91]
["J01FA09","антибиотик-аминогликозид","Кларитромицин","Кларитромицин табл пролонг п/п/о 500mg №7","Бюджет","Да","уп",2,"361,71",723.42]
["J01FA09","антибиотик-аминогликозид","Кларитромицин","Кларитромицин табл пролонг п/п/о 500mg №7","ОМС","Да","уп",17,"361,71",{"v":6149.07,"d":"6,149.07"}]
["J01FA10","антибиотик-азалид","Азитромицин","Азитромицин  Экомед табл п/п/о 500mg №3","ОМС","Да","уп",82,"258,8",{"v":21221.600000000002,"d":"21,221.60"}]
["J01FA10","антибиотик-азалид","Азитромицин","Азитромицин  Экомед табл п/п/о 500mg №3","ПЛАТ","Да","уп",17,"258,8",{"v":4399.6,"d":"4,399.60"}]
["J01FF02","антибиотик-линкозамид","Линкомицин","Линкомицин раствор для в/в и в/м вв 300mg/ml 1ml №10","ОМС","Нет","уп",270,"156,67",{"v":42300.899999999994,"d":"42,300.90"}]
["J01FF02","антибиотик-линкозамид","Линкомицин","Линкомицин раствор для в/в и в/м вв 300mg/ml 1ml №10","ПЛАТ","Нет","уп",85,"156,67",{"v":13316.949999999999,"d":"13,316.95"}]
["J01GB01","антибиотик-аминогликозид","Тобрамицин","Тобропт капли глазные 0,3% 5ml","ОМС","Да","уп",500,"120,12",{"v":60060,"d":"60,060.00"}]
["J01GB01","антибиотик-аминогликозид","Тобрамицин","Тобропт капли глазные 0,3% 5ml","ПЛАТ","Да","уп",10,"120,12",{"v":1201.2,"d":"1,201.20"}]
["J01GB03","антибиотик-аминогликозид","Гентамицин","Гентамицин раствор для в/в и в/м вв 40mg/ml 2ml №10","Бюджет","Да","уп",50,"32,19",{"v":1609.5,"d":"1,609.50"}]
["J01GB03","антибиотик-аминогликозид","Гентамицин","Гентамицин раствор для в/в и в/м вв 40mg/ml 2ml №10","ОМС","Да","уп",2190,"32,19",{"v":70496.09999999999,"d":"70,496.10"}]
["J01GB03","антибиотик-аминогликозид","Гентамицин","Гентамицин раствор для в/в и в/м вв 40mg/ml 2ml №10","ПЛАТ","Да","уп",35,"32,19",{"v":1126.6499999999999,"d":"1,126.65"}]
["J01GB06","антибиотик-аминогликозид","Амикацин","Амикацин порошок д/приг-я р-ра для в/в , в/м введ 500mg №50","Бюджет","Да","уп",6,"1975,41",{"v":11852.460000000001,"d":"11,852.46"}]
["J01GB06","антибиотик-аминогликозид","Амикацин","Амикацин порошок д/приг-я р-ра для в/в , в/м введ 500mg №50","ОМС","Да","уп","239,2","1975,41",{"v":472518.072,"d":"472,518.07"}]
["J01GB06","антибиотик-аминогликозид","Амикацин","Амикацин порошок д/приг-я р-ра для в/в , в/м введ 500mg №50","ПЛАТ","Да","уп",3,"1975,41",{"v":5926.2300000000005,"d":"5,926.23"}]
["J01MA01","противомикробное средство - фторхинолон","Офлоксацин","Офлоксацин раствор для инфузий 2mg/ml 100ml №1","ОМС","Да","уп",100,"52,39",{"v":5239,"d":"5,239.00"}]
["J01MA02","противомикробное средство - фторхинолон","Ципрофлоксацин","Ципрофлоксацин раствор для инфузий 2mg/ml 100ml №1","Бюджет","Да","уп",1130,"32,42",{"v":36634.6,"d":"36,634.60"}]
["J01MA02","противомикробное средство - фторхинолон","Ципрофлоксацин","Ципрофлоксацин раствор для инфузий 2mg/ml 100ml №1","ОМС","Да","уп",16038,"32,42",{"v":519951.96,"d":"519,951.96"}]
["J01MA02","противомикробное средство - фторхинолон","Ципрофлоксацин","Ципрофлоксацин раствор для инфузий 2mg/ml 100ml №1","ПЛАТ","Да","уп",435,"32,42",{"v":14102.7,"d":"14,102.70"}]
["J01MA02","противомикробное средство - фторхинолон","Ципрофлоксацин","Ципрофлоксацин табл 500mg №10","Бюджет","Да","уп",17,"37,86",643.62]
["J01MA02","противомикробное средство - фторхинолон","Ципрофлоксацин","Ципрофлоксацин табл 500mg №10","ОМС","Да","уп",892,"37,86",{"v":33771.12,"d":"33,771.12"}]
["J01MA02","противомикробное средство - фторхинолон","Ципрофлоксацин","Ципрофлоксацин табл 500mg №10","ПЛАТ","Да","уп",35,"37,86",{"v":1325.1,"d":"1,325.10"}]
["J01MA03","противомикробное средство - фторхинолон","Пефлоксацин","Пефлоксацин-АКОС конц-т д/приг раствора для инфузий 400mg/5ml 5ml №10","ОМС","Нет","уп",230,"124,37",{"v":28605.100000000002,"d":"28,605.10"}]
["J01MA03","противомикробное средство - фторхинолон","Пефлоксацин","Пефлоксацин-АКОС конц-т д/приг раствора для инфузий 400mg/5ml 5ml №10","ПЛАТ","Нет","уп",55,"124,37",{"v":6840.35,"d":"6,840.35"}]
["J01MA03","противомикробное средство - фторхинолон","Пефлоксацин","Пефлоксацин-АКОС табл п/п/о 400mg №10","ОМС","Нет","уп",5,"88,83",{"$f":"H870*I870","v":444.15}]
["J01MA03","противомикробное средство - фторхинолон","Пефлоксацин","Пефлоксацин-АКОС табл п/п/о 400mg №10","ПЛАТ","Нет","уп",5,"88,83",444.15]
["J01MA06","противомикробное средство - фторхинолон","Норфлоксацин","Нолицин табл 400mg №10","ОМС","Нет","уп",42,"157,28",{"v":6605.76,"d":"6,605.76"}]
["J01MA06","противомикробное средство - фторхинолон","Норфлоксацин","Нолицин табл 400mg №10","ПЛАТ","Нет","уп",43,"157,28",{"v":6763.04,"d":"6,763.04"}]
["J01MA12","противомикробное средство - фторхинолон","Левофлоксацин","Лефлобакт раствор для инфузий 5mg/ml 100ml","Бюджет","Да","уп",12,"442,75",{"v":5313,"d":"5,313.00"}]
["J01MA12","противомикробное средство - фторхинолон","Левофлоксацин","Лефлобакт раствор для инфузий 5mg/ml 100ml","ОМС","Да","уп",837,"442,75",{"v":370581.75,"d":"370,581.75"}]
["J01MA12","противомикробное средство - фторхинолон","Левофлоксацин","Лефлобакт раствор для инфузий 5mg/ml 100ml","ПЛАТ","Да","уп",255,"442,75",{"v":112901.25,"d":"112,901.25"}]
["J01MA12","противомикробное средство - фторхинолон","Левофлоксацин","Лефлобакт табл п/п/о 500mg №10","Бюджет","Да","уп",5,"409,86",{"v":2049.3,"d":"2,049.30"}]
["J01MA12","противомикробное средство - фторхинолон","Левофлоксацин","Лефлобакт табл п/п/о 500mg №10","ОМС","Да","уп",258,"409,86",{"v":105743.88,"d":"105,743.88"}]
["J01MA12","противомикробное средство - фторхинолон","Левофлоксацин","Лефлобакт табл п/п/о 500mg №10","ПЛАТ","Да","уп",22,"409,86",{"v":9016.92,"d":"9,016.92"}]
["J01MB04","противомикробное средство - хинолон","Пипеминовая кислота","Палин капс 200mg №20","ОМС","Нет","уп",17,"278,27",{"v":4730.59,"d":"4,730.59"}]
["J01MB04","противомикробное средство - хинолон","Пипеминовая кислота","Палин капс 200mg №20","ПЛАТ","Нет","уп",23,"278,27",{"v":6400.209999999999,"d":"6,400.21"}]
["J01XA01","антибиотик-гликопептид","Ванкомицин","Ванкомицин Эльфа порошок д/приг р-ра д/инфузий 1000mg №1","ОМС","Да","уп",1150,"324,47",{"v":373140.50000000006,"d":"373,140.50"}]
["J01XA01","антибиотик-гликопептид","Ванкомицин","Ванкомицин Эльфа порошок д/приг р-ра д/инфузий 1000mg №1","ПЛАТ","Да","уп",70,"324,47",{"v":22712.9,"d":"22,712.90"}]
["J01XA01","антибиотик-гликопептид","Ванкомицин","Ванкорус лиоф-т д/пригот р-ра д/инф 1,0g","ОМС","Да","уп",310,"431,92",{"v":133895.2,"d":"133,895.20"}]
["J01XA01","антибиотик-гликопептид","Ванкомицин","Ванкорус лиоф-т д/пригот р-ра д/инф 1,0g","ПЛАТ","Да","уп",14,"431,92",{"v":6046.88,"d":"6,046.88"}]
["J01XD01","противомикробное и противопротозойное средство","Метронидазол","Метронидазол раствор для инфузий 5mg/ml  100ml","Бюджет","Да","уп",820,"35,23",{"v":28888.6,"d":"28,888.60"}]
["J01XD01","противомикробное и противопротозойное средство","Метронидазол","Метронидазол раствор для инфузий 5mg/ml  100ml","ОМС","Да","уп",11693,"35,23",{"v":411944.38999999996,"d":"411,944.39"}]
["J01XD01","противомикробное и противопротозойное средство","Метронидазол","Метронидазол раствор для инфузий 5mg/ml  100ml","ПЛАТ","Да","уп",350,"35,23",{"v":12330.499999999998,"d":"12,330.50"}]
["J01XD01","противомикробное и противопротозойное средство","Метронидазол","Метронидазол табл 250mg №20","Бюджет","Да","уп",2,"15,09",30.18]
["J01XD01","противомикробное и противопротозойное средство","Метронидазол","Метронидазол табл 250mg №20","ОМС","Да","уп",388,"15,09",{"v":5854.92,"d":"5,854.92"}]
["J01XD01","противомикробное и противопротозойное средство","Метронидазол","Метронидазол табл 250mg №20","ПЛАТ","Да","уп",88,"15,09",{"v":1327.92,"d":"1,327.92"}]
["J01XE01","противомикробное средство - нитрофуран","Нитрофурантоин","Фурадонин Авексима табл 50mg №20","ОМС","Нет","уп",15,100,{"v":1500,"d":"1,500.00"}]
["J01XX01","антибиотик","Фосфомицин","Экофомурал гранулы д/приг р-ра д/вн прим 3g","ПЛАТ","Нет","уп",3,"319,41",958.23]
["J01XX08","антиагрегантное средство","Эптифибатид","Коромакс раствор для в/в  вв 0,75mg/ml 100ml №1","ОМС","Нет","уп",35,"10875,78",{"v":380652.30000000005,"d":"380,652.30"}]
["J01XX08","антиагрегантное средство","Эптифибатид","Коромакс раствор для в/в  вв 2mg/ml 10ml №1","ОМС","Нет","уп",35,"2794,98",{"v":97824.3,"d":"97,824.30"}]
["J01XX08","антибиотик-оксазолидинон","Линезолид","Зивокс раствор для инфузий 2mg/ml 300ml №10","ОМС","Да","уп",8,"8364,18",{"v":66913.44,"d":"66,913.44"}]
["J02Противогрибковые препараты для системного применения",{"$nulls":8},{"v":0,"d":"0.00"}]
["J02AC01","противогрибковое средство","Флуконазол","Микосист капсулы 100mg №28","Бюджет","Да","уп",2,"2240,1",{"v":4480.2,"d":"4,480.20"}]
["J02AC01","противогрибковое средство","Флуконазол","Микосист капсулы 100mg №28","ОМС","Да","уп",19,"2240,1",{"v":42561.9,"d":"42,561.90"}]
["J02AC01","противогрибковое средство","Флуконазол","Микосист капсулы 100mg №28","ПЛАТ","Да","уп",4,"2240,1",{"v":8960.4,"d":"8,960.40"}]
["J02AC01","противогрибковое средство","Флуконазол","Флуконазол капс 150mg №2","ОМС","Да","уп",522,"44,74",{"v":23354.280000000002,"d":"23,354.28"}]
["J02AC01","противогрибковое средство","Флуконазол","Флуконазол капс 150mg №2","ПЛАТ","Да","уп",25,"44,74",{"v":1118.5,"d":"1,118.50"}]
["J02AC01","противогрибковое средство","Флуконазол","Флуконазол капсулы 50mg №7","ОМС","Да","уп",36,"92,58",{"v":3332.88,"d":"3,332.88"}]
["J02AC01","противогрибковое средство","Флуконазол","Флукорус раствор для инфузий 2mg/ml 100ml","ОМС","Да","уп",116,"316,25",{"v":36685,"d":"36,685.00"}]
["J05Противовирусные препараты для системного применения",{"$nulls":8},{"v":0,"d":"0.00"}]
["J05AB01","противовирусное средство","Ацикловир","Ацикловир  лиоф-т д/пригот р-ра д/инф 0,5g №1","ОМС","Да","уп",12,"323,03",{"v":3876.3599999999997,"d":"3,876.36"}]
["J05AB01","противовирусное средство","Ацикловир","Ацикловир  табл 200mg №20","ОМС","Да","уп",26,"30,41",790.66]
["J05AB01","противовирусное средство","Ацикловир","Ацикловир  табл 200mg №20","ПЛАТ","Да","уп",58,"30,41",{"v":1763.78,"d":"1,763.78"}]
["J05AH02","противовирусное средство","Осельтамивир","Тамифлю капс 75mg №10","Бюджет","Да","уп",4,"1248,24",{"v":4992.96,"d":"4,992.96"}]
["J05AH02","противовирусное средство","Осельтамивир","Тамифлю капс 75mg №10","ОМС","Да","уп",56,"1248,24",{"v":69901.44,"d":"69,901.44"}]
["J05AH02","противовирусное средство","Осельтамивир","Тамифлю капс 75mg №10","ПЛАТ","Да","уп",25,"1248,24",{"v":31206,"d":"31,206.00"}]
["J05AX","противовирусное иммуностимулирующее средство - индуктор образования интерферонов","Тилорон","Лавомакс табл п/о 125mg №6","ПЛАТ","Да","уп",3,"548,92",{"v":1646.7599999999998,"d":"1,646.76"}]
["J05AX","противовирусное средство","Имидазолилэтанамид пентандиовой кислоты","Ингавирин капс 90mg №7","Бюджет","Да","уп",2,"540,82",{"v":1081.64,"d":"1,081.64"}]
["J05AX","противовирусное средство","Имидазолилэтанамид пентандиовой кислоты","Ингавирин капс 90mg №7","ОМС","Да","уп",35,"540,82",{"v":18928.7,"d":"18,928.70"}]
["J05AX","противовирусное средство","Имидазолилэтанамид пентандиовой кислоты","Ингавирин капс 90mg №7","ПЛАТ","Да","уп",5,"540,82",{"v":2704.1000000000004,"d":"2,704.10"}]
["J05AX","противовирусное средство","Кагоцел","Кагоцел табл 12mg №10","ОМС","Да","уп",120,"269,31",{"v":32317.2,"d":"32,317.20"}]
["J05AX","противовирусное средство","Кагоцел","Кагоцел табл 12mg №10","ПЛАТ","Да","уп",16,"269,31",{"v":4308.96,"d":"4,308.96"}]
["J05AX","противовирусное средство","Умифеновир","Арбидол капсулы 100mg №10","Бюджет","Да","уп",3,"242,73",{"v":728.1899999999999,"d":"728.19"}]
["J05AX","противовирусное средство","Умифеновир","Арбидол капсулы 100mg №10","ОМС","Да","уп",61,"242,73",{"v":14806.529999999999,"d":"14,806.53"}]
["J05AX","противовирусное средство","Умифеновир","Арбидол капсулы 100mg №10","ПЛАТ","Да","уп",5,"242,73",{"v":1213.6499999999999,"d":"1,213.65"}]
["J06Иммунные сыворотки и иммуноглобулины",{"$nulls":8},{"v":0,"d":"0.00"}]
["J06AA03","МИБП - сыворотка","Антитоксин яда гадюки обыкновенной","Сыворотка против яда гадюки обыкновенной лошадиная очищенная концентрированная жидкая раствор для инъекций 150 АЕ/доза 1 доз №1","ОМС","Да","уп",3,"478,8",{"v":1436.4,"d":"1,436.40"}]
["J07Вакцины",{"$nulls":8},{"v":0,"d":"0.00"}]
["J07AM01","МИБП - анатоксин","Анатоксин столбнячный","Анатоксин столбнячный очищенный адсорбированный жидкий  (АС-анатоксин) суспензия для п/к вв 0,5ml/dosis 1ml (2dosis) №10","ОМС","Да","уп",20,"106,55",{"v":2131,"d":"2,131.00"}]
[{"$nulls":9},{"$f":"SUM(J805:J924)","v":{"v":14764558.142,"d":"14,764,558.14"}}]
["L Противоопухолевые препараты и иммуномодуляторы "]
["L04Иммунодепрессанты"]
["L04AX01","иммунодепрессивное средство","Азатиоприн","Азатиоприн табл 50mg №50","ОМС","Да","уп",53,"236,77",{"$f":"H928*I928","v":{"v":12548.810000000001,"d":"12,548.81"}}]
["L04AX01","иммунодепрессивное средство","Азатиоприн","Азатиоприн табл 50mg №50","ПЛАТ","Да","уп",12,"236,77",{"$f":"H929*I929","v":{"v":2841.2400000000002,"d":"2,841.24"}}]
[{"$nulls":9},{"$f":"SUM(J928:J929)","v":{"v":15390.050000000001,"d":"15,390.05"}}]
["M Костно-мышечная система "]
["M01Противовоспалительные и противоревматические препараты"]
["M01AB05","НПВП","Диклофенак","Диклофенак ретард табл. пролог п/к/р/о 100mg №20","ОМС","Да","уп",313,"32,57",{"$f":"H933*I933","v":{"v":10194.41,"d":"10,194.41"}}]
["M01AB05","НПВП","Диклофенак","Диклофенак ретард табл. пролог п/к/р/о 100mg №20","ПЛАТ","Да","уп",14,"32,57",{"$f":"H934*I934","v":455.98}]
["M01AB05","НПВП","Диклофенак","Диклофенак табл п/к/р/о 50mg №20","ОМС","Да","уп",50,"13,63",{"v":681.5,"d":"681.50"}]
["M01AB05","НПВП","Диклофенак","Диклофенак-АКОС раствор для в/м вв 25mg/ml 3 ml №5","Бюджет","Да","уп",690,"20,82",{"v":14365.800000000001,"d":"14,365.80"}]
["M01AB05","НПВП","Диклофенак","Диклофенак-АКОС раствор для в/м вв 25mg/ml 3 ml №5","ОМС","Да","уп",4913,"20,82",{"v":102288.66,"d":"102,288.66"}]
["M01AB05","НПВП","Диклофенак","Диклофенак-АКОС раствор для в/м вв 25mg/ml 3 ml №5","ПЛАТ","Да","уп",201,"20,82",{"v":4184.82,"d":"4,184.82"}]
["M01AB05","НПВП","Диклофенак","Диклофенак-ФПО  табл п/к/р/о 50mg №20","ОМС","Да","уп",65,"72,06",{"v":4683.900000000001,"d":"4,683.90"}]
["M01AB15","НПВП","Кеторолак","Кеторолак раствор для в/в и в/м вв 30mg/ml 1ml №10","ОМС","Да","уп.",1065,"83,68",{"v":89119.20000000001,"d":"89,119.20"}]
["M01AB15","НПВП","Кеторолак","Кеторолак раствор для в/в и в/м вв 30mg/ml 1ml №10","ПЛАТ","Да","уп.",161,"83,68",{"v":13472.480000000001,"d":"13,472.48"}]
["M01AB15","НПВП","Кеторолак","Кеторолак табл п/о 10mg №20","Бюджет","Да","уп.",7,"49,63",347.41]
["M01AB15","НПВП","Кеторолак","Кеторолак табл п/о 10mg №20","ОМС","Да","уп.",283,"49,63",{"v":14045.29,"d":"14,045.29"}]
["M01AB15","НПВП","Кеторолак","Кеторолак табл п/о 10mg №20","ПЛАТ","Да","уп.",26,"49,63",{"v":1290.38,"d":"1,290.38"}]
["M01AC05","НПВП","Лорноксикам","Ксефокам лиоф-т д/приг р-ра для в/в и в/м вв 8mg №5","ОМС","Да","уп",3,"699,1",{"v":2097.3,"d":"2,097.30"}]
["M01AC05","НПВП","Лорноксикам","Ксефокам лиоф-т д/приг р-ра для в/в и в/м вв 8mg №5","ПЛАТ","Да","уп",2,"699,1",{"v":1398.2,"d":"1,398.20"}]
["M01AC05","НПВП","Лорноксикам","Ксефокам табл п/п/о 4mg №10","ОМС","Да","уп",5,"114,98",{"v":574.9,"d":"574.90"}]
["M01AC06","НПВП","Мелоксикам","Мовалис раствор для в/м вв 15mg/1,5ml 1,5ml №3","ОМС","Нет","уп",38,"1456,65",{"v":55352.700000000004,"d":"55,352.70"}]
["M01AC06","НПВП","Мелоксикам","Мовалис раствор для в/м вв 15mg/1,5ml 1,5ml №3","ПЛАТ","Нет","уп",57,"1456,65",{"v":83029.05,"d":"83,029.05"}]
["M01AC06","НПВП","Мелоксикам","Мовасин табл 15mg №20","ОМС","Нет","уп",61,"95,24",{"v":5809.639999999999,"d":"5,809.64"}]
["M01AC06","НПВП","Мелоксикам","Мовасин табл 15mg №20","ПЛАТ","Нет","уп",14,"95,24",{"v":1333.36,"d":"1,333.36"}]
["M01AE01","НПВП","Ибупрофен","Ибупрофен гель д/наруж/пр 5% 50g №1","ПЛАТ","Да","уп",3,"80,18",{"v":240.54000000000002,"d":"240.54"}]
["M01AE01","НПВП","Ибупрофен","Ибупрофен табл п/п/о 200mg № 50","Бюджет","Да","уп",30,"38,46",{"v":1153.8,"d":"1,153.80"}]
["M01AE01","НПВП","Ибупрофен","Ибупрофен табл п/п/о 200mg № 50","ОМС","Да","уп",161,"38,46",{"v":6192.06,"d":"6,192.06"}]
["M01AE01","НПВП","Ибупрофен","Ибупрофен табл п/п/о 200mg № 50","ПЛАТ","Да","уп",5,"38,46",{"v":192.3,"d":"192.30"}]
["M01AE01","НПВП","Ибупрофен","Ибупрофен табл п/п/о 200mg №20","ОМС","Да","уп",505,"16,1",{"v":8130.500000000001,"d":"8,130.50"}]
["M01AE01","НПВП","Ибупрофен","Ибупрофен табл п/п/о 200mg №20","ПЛАТ","Да","уп",15,"16,1",{"v":241.50000000000003,"d":"241.50"}]
["M01AE03","НПВП","Кетопрофен","Кетопрофен раствор для в/в и в/м вв 50mg/ml 2ml №10","Бюджет","Да","уп",481,"185,09",{"v":89028.29000000001,"d":"89,028.29"}]
["M01AE03","НПВП","Кетопрофен","Кетопрофен раствор для в/в и в/м вв 50mg/ml 2ml №10","ОМС","Да","уп",3920,"185,09",{"v":725552.8,"d":"725,552.80"}]
["M01AE03","НПВП","Кетопрофен","Кетопрофен раствор для в/в и в/м вв 50mg/ml 2ml №10","ПЛАТ","Да","уп",191,"185,09",{"v":35352.19,"d":"35,352.19"}]
["M01AE03","НПВП","Кетопрофен","Кетопрофен супп рект 100mg №10","ОМС","Да","уп",10,"318,78",{"v":3187.7999999999997,"d":"3,187.80"}]
["M01AE03","НПВП","Кетопрофен","Кетопрофен супп рект 100mg №10","ПЛАТ","Да","уп",3,"318,78",{"v":956.3399999999999,"d":"956.34"}]
["M01AE03","НПВП","Кетопрофен","Фламакс капс 50mg №25","Бюджет","Да","уп",20,"109,08",{"v":2181.6,"d":"2,181.60"}]
["M01AE03","НПВП","Кетопрофен","Фламакс капс 50mg №25","ОМС","Да","уп",182,"109,08",{"v":19852.56,"d":"19,852.56"}]
["M01AE03","НПВП","Кетопрофен","Фламакс капс 50mg №25","ПЛАТ","Да","уп",14,"109,08",{"v":1527.12,"d":"1,527.12"}]
["M01AE17","НПВП","Декскетопрофен","Фламадекс раствор для в/в и в/м вв 25mg/ml 2ml №5","ОМС","Да","уп",85,207,{"v":17595,"d":"17,595.00"}]
["M01AE17","НПВП","Декскетопрофен","Фламадекс раствор для в/в и в/м вв 25mg/ml 2ml №5","ПЛАТ","Да","уп",60,207,{"v":12420,"d":"12,420.00"}]
["M01AH01","НПВП","Целекоксиб","Дилакса капс 200mg №10","ОМС","Нет","уп",3,"577,53",{"v":1732.59,"d":"1,732.59"}]
["M01AX17","НПВП","Нимесулид","Нимесулид табл 100mg №20","ОМС","Нет","уп",261,"79,36",{"v":20712.96,"d":"20,712.96"}]
["M01AX17","НПВП","Нимесулид","Нимесулид табл 100mg №20","ПЛАТ","Нет","уп",17,"79,36",{"v":1349.12,"d":"1,349.12"}]
["M02Препараты для наружного применения при болевом синдроме при заболеваниях костно-мышечной системы",{"$nulls":8},{"v":0,"d":"0.00"}]
["M02AA10","НПВП","Кетопрофен","Фастум гель д/наруж/пр 2,5%-50g ","ОМС","Нет","уп",3,"467,03",{"v":1401.09,"d":"1,401.09"}]
["M02AA10","НПВП","Кетопрофен","Фастум гель д/наруж/пр 2,5%-50g ","ПЛАТ","Нет","уп",2,"467,03",934.06]
["M02AA15","НПВП","Диклофенак","Вольтарен эмульгель гель д/наруж/пр 1% 20g №1","ОМС","Нет","уп",27,"305,3",{"v":8243.1,"d":"8,243.10"}]
["M02AA15","НПВП","Диклофенак","Вольтарен эмульгель гель д/наруж/пр 1% 20g №1","ПЛАТ","Нет","уп",3,"305,3",{"v":915.9000000000001,"d":"915.90"}]
["M02AX03","противовоспалительное средство для местного применения","Диметилсульфоксид","Димексид конц д/пр р-ра д/наруж/пр 990mg/ml 100ml №1","ОМС","Нет","уп",25,"56,42",{"v":1410.5,"d":"1,410.50"}]
["M02AX03","противовоспалительное средство для местного применения","Диметилсульфоксид","Димексид конц д/пр р-ра д/наруж/пр 990mg/ml 100ml №1","ПЛАТ","Нет","уп",5,"56,42",{"v":282.1,"d":"282.10"}]
["M03Миорелаксанты",{"$nulls":8},{"v":0,"d":"0.00"}]
["M03AB01","миорелаксант деполяризующий периферического действия","Суксаметония хлорид","Листенон раствор для в/в и в/м вв 20mg/ml 5ml №5","ОМС","Да","уп",185,"123,84",{"v":22910.4,"d":"22,910.40"}]
["M03AC06","миорелаксант недеполяризующий периферического действия","Пипекурония бромид","Ардуан лиоф д/пр р-ра д/в/в вв 4mg №25 (с раст-лем: натрия хлорида раствор 0.9% (ампулы) 2 мл №25)","ОМС","Да","уп",140,"1785,53",{"v":249974.19999999998,"d":"249,974.20"}]
["M03AC09","миорелаксант деполяризующий периферического действия","Рокурония бромид ","Круарон  раствор для в/в  вв 10mg/ml 5ml №12","Бюджет","Да","уп",56,"5230,98",{"v":292934.88,"d":"292,934.88"}]
["M03AC09","миорелаксант деполяризующий периферического действия","Рокурония бромид ","Круарон  раствор для в/в  вв 10mg/ml 5ml №12","ОМС","Да","уп",495,"5230,98",{"v":2589335.0999999996,"d":"2,589,335.10"}]
["M03AC09","миорелаксант деполяризующий периферического действия","Рокурония бромид ","Круарон  раствор для в/в  вв 10mg/ml 5ml №12","ПЛАТ","Да","уп",50,"5230,98",{"v":261548.99999999997,"d":"261,549.00"}]
["M03AC11","миорелаксант недеполяризующий периферического действия","Цисатракурия безилат","Нимбекс раствор для в/в  вв 2mg/ml 5ml №5","Бюджет","Нет","уп",5,"1692,07",{"v":8460.35,"d":"8,460.35"}]
["M03AC11","миорелаксант недеполяризующий периферического действия","Цисатракурия безилат","Нимбекс раствор для в/в  вв 2mg/ml 5ml №5","ОМС","Нет","уп",19,"1692,07",{"v":32149.329999999998,"d":"32,149.33"}]
["M03AC11","миорелаксант недеполяризующий периферического действия","Цисатракурия безилат","Нимбекс раствор для в/в  вв 2mg/ml 5ml №5","ПЛАТ","Нет","уп",9,"1692,07",{"v":15228.63,"d":"15,228.63"}]
["M03BX02","миорелаксант центрального действия","Тизанидин","Сирдалуд табл 2mg №30","ОМС","Да","уп",80,"207,2",{"v":16576,"d":"16,576.00"}]
["M03BX02","миорелаксант центрального действия","Тизанидин","Сирдалуд табл 2mg №30","ПЛАТ","Да","уп",22,"207,2",{"v":4558.4,"d":"4,558.40"}]
["M03BX04","миорелаксант центрального действия","Толперизон","Толперизон табл п/п/о 150mg №30","ОМС","Нет","уп",180,"144,3",{"v":25974.000000000004,"d":"25,974.00"}]
["M03BX04","миорелаксант центрального действия","Толперизон","Толперизон табл п/п/о 150mg №30","ПЛАТ","Нет","уп",15,"144,3",{"v":2164.5,"d":"2,164.50"}]
["M03BX04","миорелаксант центрального действия","Толперизон","Толперизон табл п/п/о 50mg №30","ОМС","Нет","уп",50,"122,64",{"v":6132,"d":"6,132.00"}]
["M03BX04","миорелаксант центрального действия","Толперизон","Толперизон табл п/п/о 50mg №30","ПЛАТ","Нет","уп",17,"122,64",{"v":2084.88,"d":"2,084.88"}]
["M03BX04","миорелаксант центрального действия","Толперизон+лидокаин","Мидокалм- Рихтер раствор для в/в и в/м вв 100mg +2,5mg/ml 1ml № 5","ОМС","Нет","уп",61,"680,45",{"v":41507.450000000004,"d":"41,507.45"}]
["M03BX04","миорелаксант центрального действия","Толперизон+лидокаин","Мидокалм- Рихтер раствор для в/в и в/м вв 100mg +2,5mg/ml 1ml № 5","ПЛАТ","Нет","уп",16,"680,45",{"v":10887.2,"d":"10,887.20"}]
["M04Противоподагрические препараты",{"$nulls":8},{"v":0,"d":"0.00"}]
["M04AA01","противоподагрическое средство - ксантиноксидазы ингибитор","Аллопуринол","Аллопуринол табл 100mg №50","ОМС","Да","уп",50,"95,76",{"v":4788,"d":"4,788.00"}]
["M04AA01","противоподагрическое средство - ксантиноксидазы ингибитор","Аллопуринол","Аллопуринол табл 100mg №50","ПЛАТ","Да","уп",3,"95,76",{"v":287.28000000000003,"d":"287.28"}]
["M09Другие препараты для лечения заболеваний костно-мышечной системы",{"$nulls":8},{"$f":"H998*I998","v":{"v":0,"d":"0.00"}}]
["M09AX","репарации тканей стимулятор природного происхождения","~","Алфлутоп  раствор для инъекций 10mg/ml 2ml №5","ОМС","Нет","уп",5,"2014,65",{"v":10073.25,"d":"10,073.25"}]
["M09AX","репарации тканей стимулятор природного происхождения","~","Алфлутоп  раствор для инъекций 10mg/ml 2ml №5","ПЛАТ","Нет","уп",1,"2014,65",{"v":2014.65,"d":"2,014.65"}]
[{"$nulls":9},{"$f":"SUM(J933:J1000)","v":{"v":4965100.300000002,"d":"4,965,100.30"}}]
["N Нервная система "]
["N01Анестетики"]
["N01AB01","средство для ингаляционной анестезии","Галотан","Фторотан жидкость д/ингаляций 50ml","ОМС","Да","фл",100,"445,78",{"$f":"H1004*I1004","v":{"v":44578,"d":"44,578.00"}}]
["N01AB06","средство для ингаляционной анестезии","Изофлуран","Форан жидкость д/ингаляций 100ml №6","ОМС","Нет","уп",5,"16176,59",{"$f":"H1005*I1005","v":{"v":80882.95,"d":"80,882.95"}}]
["N01AB07","средство для ингаляционной анестезии","Десфлуран","Супран жидкость д/инг.наркоза 240ml №6","Бюджет","Нет","уп",3,"70812,5",{"v":212437.5,"d":"212,437.50"}]
["N01AB07","средство для ингаляционной анестезии","Десфлуран","Супран жидкость д/инг.наркоза 240ml №6","ОМС","Нет","уп",3,"70812,5",{"v":212437.5,"d":"212,437.50"}]
["N01AB07","средство для ингаляционной анестезии","Десфлуран","Супран жидкость д/инг.наркоза 240ml №6","ПЛАТ","Нет","уп",1,"70812,5",{"v":70812.5,"d":"70,812.50"}]
["N01AB08","средство для ингаляционной анестезии","Севофлуран","Севоран жидкость д/ингаляций 250ml","Бюджет","Да","фл",74,"10218,37",{"v":756159.38,"d":"756,159.38"}]
["N01AB08","средство для ингаляционной анестезии","Севофлуран","Севоран жидкость д/ингаляций 250ml","ОМС","Да","фл",56,"10218,37",{"v":572228.7200000001,"d":"572,228.72"}]
["N01AB08","средство для ингаляционной анестезии","Севофлуран","Севоран жидкость д/ингаляций 250ml","ПЛАТ","Да","фл",40,"10218,37",{"v":408734.80000000005,"d":"408,734.80"}]
["N01AF03","средство для неингаляционной общей анестезии","Тиопентал натрия","Тиопентал натрия порошок д/приг-я р-ра для в/в , в/м введ №50 0,5","ОМС","Да","фл",44,"1117,17",{"v":49155.48,"d":"49,155.48"}]
["N01AH","анальгезирующее наркотическое средство","Тримеперидин","Промедол раствор для инъекций 20mg/ml 1ml","ОМС","Да","амп",915,57.222,{"v":52358.130000000005,"d":"52,358.13"}]
["N01AH01","анальгезирующее наркотическое средство","Фентанил","Фентанил раствор для в/в и в/м вв 50mkg/ml 2ml","ОМС","Да","амп",35020,25.146,{"v":880612.92,"d":"880,612.92"}]
["N01AX","средство для неингаляционной общей анестезии","Натрии оксибутират","Натрия оксибат раствор для в/в и в/м вв 200mg/ml 5ml","ОМС","Да","амп",500,33.957,{"v":16978.5,"d":"16,978.50"}]
["N01AX01","антипсихотическое средство (нейролептик)","Дроперидол","Дроперидол раствор для инъекций 2,5mg/ml 2ml №5","ОМС","Да","уп",381,"65,78",{"v":25062.18,"d":"25,062.18"}]
["N01AX01","антипсихотическое средство (нейролептик)","Дроперидол","Дроперидол раствор для инъекций 2,5mg/ml 2ml №5","ПЛАТ","Да","уп",3,"65,78",197.34]
["N01AX03","средство для неингаляционной общей анестезии","Кетамин","Кетамин раствор для в/в и в/м вв 50mg/ml 2ml","ОМС","Да","амп",380,"45,02",{"v":17107.600000000002,"d":"17,107.60"}]
["N01AX10","Наркозные средства","Пропофол","Пропофол-Бинергия эмульсия для в/в вв 10mg/ml 20ml №5","ОМС","Да","уп",190,"673,27",{"v":127921.3,"d":"127,921.30"}]
["N01AX10","средство для неингаляционной общей анестезии","Пропофол","Пропофол Липуро эмульсия для в/в вв 10mg/ml 20ml №5","Бюджет","Да","уп",250,"822,96",{"v":205740,"d":"205,740.00"}]
["N01AX10","средство для неингаляционной общей анестезии","Пропофол","Пропофол Липуро эмульсия для в/в вв 10mg/ml 20ml №5","ОМС","Да","уп",5015,"822,96",{"v":4127144.4000000004,"d":"4,127,144.40"}]
["N01AX10","средство для неингаляционной общей анестезии","Пропофол","Пропофол Липуро эмульсия для в/в вв 10mg/ml 20ml №5","ПЛАТ","Да","уп",495,"822,96",{"v":407365.2,"d":"407,365.20"}]
["N01AX10","средство для неингаляционной общей анестезии","Пропофол","Пропофол Липуро эмульсия для в/в вв 10mg/ml 50ml №10","Бюджет","Да","уп",21,"5199,74",{"v":109194.54,"d":"109,194.54"}]
["N01AX10","средство для неингаляционной общей анестезии","Пропофол","Пропофол Липуро эмульсия для в/в вв 10mg/ml 50ml №10","ОМС","Да","уп",90,"5199,74",{"v":467976.6,"d":"467,976.60"}]
["N01AX10","средство для неингаляционной общей анестезии","Пропофол","Пропофол Липуро эмульсия для в/в вв 10mg/ml 50ml №10","ПЛАТ","Да","уп",20,"5199,74",{"v":103994.79999999999,"d":"103,994.80"}]
["N01BA02","местноанестезирующее средство","Прокаин","Новокаин раствор для инъекций 0,5% 5ml №10","Бюджет","Да","уп",15,"93,61",{"v":1404.15,"d":"1,404.15"}]
["N01BA02","местноанестезирующее средство","Прокаин","Новокаин раствор для инъекций 0,5% 5ml №10","ОМС","Да","уп",728,"93,61",{"v":68148.08,"d":"68,148.08"}]
["N01BA02","местноанестезирующее средство","Прокаин","Новокаин раствор для инъекций 0,5% 5ml №10","ПЛАТ","Да","уп",3,"93,61",280.83]
["N01BA02","местноанестезирующее средство","Прокаин","Новокаин раствор для инъекций 2,5mg/ml 200ml №28","ОМС","Да","уп",7,"808,72",{"v":5661.04,"d":"5,661.04"}]
["N01BA02","местноанестезирующее средство","Прокаин","Новокаин раствор для инъекций 5mg/ml 200ml №28","ОМС","Да","уп",53,"895,4",{"v":47456.2,"d":"47,456.20"}]
["N01BB01","местноанестезирующее средство","Бупивакаин","Бупивакаин раствор для инъекций 5mg/ml 4ml №5","Бюджет","Да","уп",17,"850,51",{"v":14458.67,"d":"14,458.67"}]
["N01BB01","местноанестезирующее средство","Бупивакаин","Бупивакаин раствор для инъекций 5mg/ml 4ml №5","ОМС","Да","уп",450,"850,51",{"v":382729.5,"d":"382,729.50"}]
["N01BB01","местноанестезирующее средство","Бупивакаин","Бупивакаин раствор для инъекций 5mg/ml 4ml №5","ПЛАТ","Да","уп",2,"850,51",{"v":1701.02,"d":"1,701.02"}]
["N01BB02","местноанестезирующее средство","Лидокаин","Лидокаин раствор для инъекций 100mg/ml 2ml №10","Бюджет","Да","уп",754,"41,47",{"v":31268.379999999997,"d":"31,268.38"}]
["N01BB02","местноанестезирующее средство","Лидокаин","Лидокаин раствор для инъекций 100mg/ml 2ml №10","ОМС","Да","уп",1895,"41,47",{"v":78585.65,"d":"78,585.65"}]
["N01BB02","местноанестезирующее средство","Лидокаин","Лидокаин раствор для инъекций 100mg/ml 2ml №10","ПЛАТ","Да","уп",130,"41,47",{"v":5391.099999999999,"d":"5,391.10"}]
["N01BB02","местноанестезирующее средство","Лидокаин","Лидокаин раствор для инъекций 20mg/ml 2ml №10","Бюджет","Да","уп",90,"93,61",{"v":8424.9,"d":"8,424.90"}]
["N01BB02","местноанестезирующее средство","Лидокаин","Лидокаин раствор для инъекций 20mg/ml 2ml №10","ОМС","Да","уп",6921,"93,61",{"v":647874.8099999999,"d":"647,874.81"}]
["N01BB02","местноанестезирующее средство","Лидокаин","Лидокаин раствор для инъекций 20mg/ml 2ml №10","ПЛАТ","Да","уп",129,"93,61",{"v":12075.69,"d":"12,075.69"}]
["N01BB08","местноанестезирующее средство","Артикаин","Артикаин-Бинергия раствор для инъекций 20mg/ml 1,7ml №10","ПЛАТ","Нет","уп",13,495,{"v":6435,"d":"6,435.00"}]
["N01BB09","местноанестезирующее средство","Ропивакаин","Наропин раствор для инъекций 2mg/ml 100ml №5","Бюджет","Да","уп",12,"2829,65",{"v":33955.8,"d":"33,955.80"}]
["N01BB09","местноанестезирующее средство","Ропивакаин","Наропин раствор для инъекций 2mg/ml 100ml №5","ОМС","Да","уп",111,"2829,65",{"v":314091.15,"d":"314,091.15"}]
["N01BB09","местноанестезирующее средство","Ропивакаин","Наропин раствор для инъекций 2mg/ml 100ml №5","ПЛАТ","Да","уп",5,"2829,65",{"v":14148.25,"d":"14,148.25"}]
["N01BB09","местноанестезирующее средство","Ропивакаин","Наропин раствор для инъекций 5mg/ml 10ml №5","ОМС","Да","уп",61,"1612,77",{"v":98378.97,"d":"98,378.97"}]
["N01BB09","местноанестезирующее средство","Ропивакаин","Наропин раствор для инъекций 5mg/ml 10ml №5","ПЛАТ","Да","уп",9,"1612,77",{"v":14514.93,"d":"14,514.93"}]
["N01BB09","местноанестезирующее средство","Ропивакаин","Наропин раствор для инъекций 7,5mg/ml 10ml №5","Бюджет","Да","уп",23,"1056,49",{"v":24299.27,"d":"24,299.27"}]
["N01BB09","местноанестезирующее средство","Ропивакаин","Наропин раствор для инъекций 7,5mg/ml 10ml №5","ОМС","Да","уп",305,"1056,49",{"v":322229.45,"d":"322,229.45"}]
["N01BB09","местноанестезирующее средство","Ропивакаин","Наропин раствор для инъекций 7,5mg/ml 10ml №5","ПЛАТ","Да","уп",9,"1056,49",{"v":9508.41,"d":"9,508.41"}]
["N01BB09","местноанестезирующее средство","Ропивакаин","Ропивакаин Каби раствор для инъекций 2mg/ml 100ml №5","ОМС","Да","уп",100,"2821,5",{"v":282150,"d":"282,150.00"}]
["N01BB10","местноанестезирующее средство","Левобупивакаин","Хирокаин раствор для инъекций 5mg/ml 5ml №10","Бюджет","Да","уп",9,"1178,81",{"v":10609.289999999999,"d":"10,609.29"}]
["N01BB10","местноанестезирующее средство","Левобупивакаин","Хирокаин раствор для инъекций 5mg/ml 5ml №10","ОМС","Да","уп",17,"1178,81",{"v":20039.77,"d":"20,039.77"}]
["N01BB10","местноанестезирующее средство","Левобупивакаин","Хирокаин раствор для инъекций 5mg/ml 5ml №10","ПЛАТ","Да","уп",10,"1178,81",{"v":11788.099999999999,"d":"11,788.10"}]
["N01BB58","местноанестезирующее средство+альфа- и бета-адреномиметик","Артикаин + Эпинефрин","Септанест с адреналином раствор для инъекций 40mg+10mkg/ml №50","ОМС","Нет","уп",1,"2156,17",{"v":2156.17,"d":"2,156.17"}]
["N01BB58","местноанестезирующее средство+альфа- и бета-адреномиметик","Артикаин + Эпинефрин","Септанест с адреналином раствор для инъекций 40mg+10mkg/ml №50","ПЛАТ","Нет","уп",3,"2156,17",{"v":6468.51,"d":"6,468.51"}]
["N01BB58","местноанестезирующее средство+альфа- и бета-адреномиметик","Артикаин+[Эпинефрин]","Артикаин с адреналином форте раствор для инъекций 40mg+0,01mg/ml 1,7ml №50","ОМС","Нет","уп",3,"2253,3",{"v":6759.900000000001,"d":"6,759.90"}]
["N01BB58","местноанестезирующее средство+альфа- и бета-адреномиметик","Артикаин+[Эпинефрин]","Артикаин с адреналином форте раствор для инъекций 40mg+0,01mg/ml 1,7ml №50","ПЛАТ","Нет","уп",5,"2253,3",{"v":11266.5,"d":"11,266.50"}]
["N01BB58","местноанестезирующее средство+альфа- и бета-адреномиметик","Артикаин+Эпинефрин","Ультракаин ДС Форте раствор для инъекций 40mg+0,01mg/ml 1,7ml №100","ПЛАТ","Нет","уп",16,"6700,27",{"v":107204.32,"d":"107,204.32"}]
["N02Анальгетики",{"$nulls":8},{"v":0,"d":"0.00"}]
["N02AA01","анальгезирующее наркотическое средство","Морфин","Морфин раствор для инъекций 10mg/ml 1ml","ОМС","Да","амп",3200,34.782,{"v":111302.4,"d":"111,302.40"}]
["N02AX02","анальгезирующее средство со смешанным механизмом действия","Трамадол","Трамадол капсулы 50mg","ОМС","Да","капс",76,4.021435,{"v":305.62906000000004,"d":"305.63"}]
["N02AX02","анальгезирующее средство со смешанным механизмом действия","Трамадол","Трамадол капсулы 50mg","ПЛАТ","Да","капс",5,4.021435,{"v":20.107175,"d":"20.11"}]
["N02AX02","анальгезирующее средство со смешанным механизмом действия","Трамадол","Трамадол раствор для инъекций 50mg/ml 2ml","ОМС","Да","амп",1897,16.2426,{"v":30812.212199999998,"d":"30,812.21"}]
["N02AX02","анальгезирующее средство со смешанным механизмом действия","Трамадол","Трамадол раствор для инъекций 50mg/ml 2ml","ПЛАТ","Да","амп",5,16.2426,{"v":81.213,"d":"81.21"}]
["N02AX02","анальгезирующее средство со смешанным механизмом действия","Трамадол","Трамадол раствор для инъекций 50mg/ml 2ml №5","ОМС","Да","уп",420,"80,58",{"v":33843.6,"d":"33,843.60"}]
["N02AX02","анальгезирующее средство со смешанным механизмом действия","Трамадол","Трамадол раствор для инъекций 50mg/ml 2ml №5","ПЛАТ","Да","уп",2,"80,58",161.16]
["N02AX06","анальгезирующее наркотическое средство","Тапентадол","Палексия табл пролонг п/п/о 50mg №20","ОМС","Да","уп",11,"814,62",{"v":8960.82,"d":"8,960.82"}]
["N02AX06","анальгезирующее наркотическое средство","Тапентадол","Палексия табл пролонг п/п/о 50mg №20","ПЛАТ","Да","уп",4,"814,62",{"v":3258.48,"d":"3,258.48"}]
["N02BA01","НПВП","Ацетилсалициловая кислота","Ацетилсалициловая кислота табл 500mg №10","ОМС","Да","уп",3152,"5,2",{"v":16390.4,"d":"16,390.40"}]
["N02BA01","НПВП","Ацетилсалициловая кислота","Ацетилсалициловая кислота табл 500mg №10","ПЛАТ","Да","уп",25,"5,2",{"$f":"H1069*I1069","v":{"v":130,"d":"130.00"}}]
["N02BA51","анальгезирующее средство комбинированное","~","Каффетин Лайт табл №12","ОМС","Нет","уп",27,"231,14",{"v":6240.78,"d":"6,240.78"}]
["N02BA51","анальгезирующее средство комбинированное","~","Каффетин Лайт табл №12","ПЛАТ","Нет","уп",20,"231,14",{"v":4622.799999999999,"d":"4,622.80"}]
["N02BB02","анальгезирующее ненаркотическое средство","Метамизол натрия","Анальгин раствор для в/в и в/м вв 500mg/ml 2ml №10","Бюджет","Нет","уп",30,"39,17",{"v":1175.1000000000001,"d":"1,175.10"}]
["N02BB02","анальгезирующее ненаркотическое средство","Метамизол натрия","Анальгин раствор для в/в и в/м вв 500mg/ml 2ml №10","ОМС","Нет","уп",5109,"39,17",{"v":200119.53,"d":"200,119.53"}]
["N02BB02","анальгезирующее ненаркотическое средство","Метамизол натрия","Анальгин раствор для в/в и в/м вв 500mg/ml 2ml №10","ПЛАТ","Нет","уп",121,"39,17",{"v":4739.570000000001,"d":"4,739.57"}]
["N02BB02","анальгезирующее ненаркотическое средство","Метамизол натрия","Анальгин табл 500mg №10","ПЛАТ","Нет","уп",20,"14,88",{"v":297.6,"d":"297.60"}]
["N02BB02","анальгезирующее ненаркотическое средство","Метамизол натрия ","Баралгин М раствор для в/в и в/м вв 500mg/ml 5ml №5","Бюджет","Нет","уп.",25,"380,06",{"v":9501.5,"d":"9,501.50"}]
["N02BB02","анальгезирующее ненаркотическое средство","Метамизол натрия ","Баралгин М раствор для в/в и в/м вв 500mg/ml 5ml №5","ОМС","Нет","уп.",482,"380,06",{"v":183188.92,"d":"183,188.92"}]
["N02BB02","анальгезирующее ненаркотическое средство","Метамизол натрия ","Баралгин М раствор для в/в и в/м вв 500mg/ml 5ml №5","ПЛАТ","Нет","уп.",31,"380,06",{"v":11781.86,"d":"11,781.86"}]
["N02BB52","анальгезирующее средство комбинированное (анальгезирующее ненаркотическое средство+спазмолитическое средство)","Метамизол натрия+питофенон+фенпивериния бромид","Спазмалин раствор для в/в и в/м вв 5ml №5","Бюджет","Нет","уп",20,"109,74",{"v":2194.7999999999997,"d":"2,194.80"}]
["N02BB52","анальгезирующее средство комбинированное (анальгезирующее ненаркотическое средство+спазмолитическое средство)","Метамизол натрия+питофенон+фенпивериния бромид","Спазмалин раствор для в/в и в/м вв 5ml №5","ОМС","Нет","уп",517,"109,74",{"v":56735.579999999994,"d":"56,735.58"}]
["N02BB52","анальгезирующее средство комбинированное (анальгезирующее ненаркотическое средство+спазмолитическое средство)","Метамизол натрия+питофенон+фенпивериния бромид","Спазмалин раствор для в/в и в/м вв 5ml №5","ПЛАТ","Нет","уп",62,"109,74",{"v":6803.88,"d":"6,803.88"}]
["N02BE01","анальгезирующее ненаркотическое средство","Парацетамол","Парацетамол раствор для инфузий 10mg/ml 100ml","Бюджет","Да","уп",830,"66,79",{"v":55435.700000000004,"d":"55,435.70"}]
["N02BE01","анальгезирующее ненаркотическое средство","Парацетамол","Парацетамол раствор для инфузий 10mg/ml 100ml","ОМС","Да","уп",3926,"66,79",{"v":262217.54000000004,"d":"262,217.54"}]
["N02BE01","анальгезирующее ненаркотическое средство","Парацетамол","Парацетамол раствор для инфузий 10mg/ml 100ml","ПЛАТ","Да","уп",210,"66,79",{"v":14025.900000000001,"d":"14,025.90"}]
["N02BE01","анальгезирующее ненаркотическое средство","Парацетамол","Парацетамол табл 500mg №10","Бюджет","Да","уп",31,"4,75",147.25]
["N02BE01","анальгезирующее ненаркотическое средство","Парацетамол","Парацетамол табл 500mg №10","ОМС","Да","уп",278,"4,75",{"v":1320.5,"d":"1,320.50"}]
["N02BE01","анальгезирующее ненаркотическое средство","Парацетамол","Парацетамол табл 500mg №10","ПЛАТ","Да","уп",61,"4,75",289.75]
["N02BE51","ОРЗ и \"простуды\" симптомов средство устранения (анальгезирующее ненаркотическое средство+психостимулирующее средство+альфа-адреномиметик+отхаркивающее средство+витамин)","Кофеин + Парацетамол + Фенилэфрин + Терпингидрат + Аскорбиновая кислота ","Колдрекс табл №12","ОМС","Нет","уп.",5,"196,98",{"v":984.9,"d":"984.90"}]
["N02BE51","ОРЗ и \"простуды\" симптомов средство устранения (анальгезирующее ненаркотическое средство+психостимулирующее средство+альфа-адреномиметик+отхаркивающее средство+витамин)","Кофеин + Парацетамол + Фенилэфрин + Терпингидрат + Аскорбиновая кислота ","Колдрекс табл №12","ПЛАТ","Нет","уп.",5,"196,98",{"v":984.9,"d":"984.90"}]
["N02BE71","анальгезирующее средство комбинированное (НПВП+анальгезирующее ненаркотическое средство+психостимулирующее средство)","Дротаверин+Кофеин+Напроксен+Парацетамол+Фенирамин","Пенталгин табл п/п/о №12","ОМС","Нет","уп",144,"110,66",{"v":15935.039999999999,"d":"15,935.04"}]
["N02BE71","анальгезирующее средство комбинированное (НПВП+анальгезирующее ненаркотическое средство+психостимулирующее средство)","Дротаверин+Кофеин+Напроксен+Парацетамол+Фенирамин","Пенталгин табл п/п/о №12","ПЛАТ","Нет","уп",25,"110,66",{"v":2766.5,"d":"2,766.50"}]
["N02BG06","анальгезирующее средство центрального действия","Нефопам","Акупан-Биокодекс раствор для инфузий и в/м вв 10mg/ml 2ml №5","Бюджет","Нет","уп",31,1250,{"v":38750,"d":"38,750.00"}]
["N02BG06","анальгезирующее средство центрального действия","Нефопам","Акупан-Биокодекс раствор для инфузий и в/м вв 10mg/ml 2ml №5","ОМС","Нет","уп",59,1250,{"v":73750,"d":"73,750.00"}]
["N02BG06","анальгезирующее средство центрального действия","Нефопам","Акупан-Биокодекс раствор для инфузий и в/м вв 10mg/ml 2ml №5","ПЛАТ","Нет","уп",10,1250,{"v":12500,"d":"12,500.00"}]
["N03Противоэпилептические препараты",{"$nulls":8},{"v":0,"d":"0.00"}]
["N03AF01","противоэпилептическое средство","Карбамазепин","Карбамазепин табл 200mg № 50","ОМС","Да","уп.",378,"61,47",{"v":23235.66,"d":"23,235.66"}]
["N03AF01","противоэпилептическое средство","Карбамазепин","Карбамазепин табл 200mg № 50","ПЛАТ","Да","уп.",26,"61,47",{"v":1598.22,"d":"1,598.22"}]
["N03AG01","противоэпилептическое средство","Вальпроевая кислота","Конвулекс раствор для в/в  вв 100mg/ml 5ml №5","ОМС","Да","уп",6,"1471,94",{"v":8831.64,"d":"8,831.64"}]
["N03AG01","противоэпилептическое средство","Вальпроевая кислота","Энкорат хроно табл с контрол.высвобождением п/о 500mg №30","ОМС","Да","уп",53,"358,62",{"v":19006.86,"d":"19,006.86"}]
["N03AG01","противоэпилептическое средство","Вальпроевая кислота","Энкорат хроно табл с контрол.высвобождением п/о 500mg №30","ПЛАТ","Да","уп",5,"358,62",{"v":1793.1,"d":"1,793.10"}]
["N03AG01","противоэпилептическое средство","Вальпроевая кислота ","Вальпарин ХР табл пролог п/п/о 300mg №100","ОМС","Да","уп.",22,"668,18",{"v":14699.96,"d":"14,699.96"}]
["N03AG01","противоэпилептическое средство","Вальпроевая кислота ","Вальпарин ХР табл пролог п/п/о 300mg №100","ПЛАТ","Да","уп.",2,"668,18",{"v":1336.36,"d":"1,336.36"}]
["N03AX12","противоэпилептическое средство","Габапентин","Габапентин Канон капсулы 300mg №50","ОМС","Нет","уп",58,"495,06",{"v":28713.48,"d":"28,713.48"}]
["N03AX12","противоэпилептическое средство","Габапентин","Габапентин Канон капсулы 300mg №50","ПЛАТ","Нет","уп",25,"495,06",{"v":12376.5,"d":"12,376.50"}]
["N03AX12","противоэпилептическое средство","Габапентин","Тебантин капс 300mg №50","ОМС","Нет","уп",22,"1015,9",{"v":22349.8,"d":"22,349.80"}]
["N03AX12","противоэпилептическое средство","Габапентин","Тебантин капс 300mg №50","ПЛАТ","Нет","уп",20,"1015,9",{"v":20318,"d":"20,318.00"}]
["N03AX16","противоэпилептическое средство","Прегабалин","Прегабалин Канон капс 75mg №14","ПЛАТ","Да","уп",20,"441,41",{"v":8828.2,"d":"8,828.20"}]
["N03AX16","противоэпилептическое средство","Прегабалин","Прегабалин-Рихтер капсулы 75mg","ОМС","Да","капс",30,"33,83",{"v":1014.9,"d":"1,014.90"}]
["N03AX16","противоэпилептическое средство","Прегабалин","Прегабалин-Рихтер капсулы 75mg","ПЛАТ","Да","капс",10,"33,83",{"v":338.29999999999995,"d":"338.30"}]
["N04Противопаркинсонические препараты",{"$nulls":8},{"v":0,"d":"0.00"}]
["N04BA","противопаркинсоническое средство (дофамина предшественник+декарбоксилазы периферический ингибитор)","Леводопа+Бенсеразид","Мадопар \"250\" табл 200mg+50mg №100","ОМС","Да","уп",5,"1365,94",{"v":6829.700000000001,"d":"6,829.70"}]
["N04BA","противоэпилептическое средство","Леводопа+Бенсеразид","Мадопар \"125\" капс 100mg+25mg №100","ОМС","Да","уп",13,"747,91",{"v":9722.83,"d":"9,722.83"}]
["N04BA","противоэпилептическое средство","Леводопа+Бенсеразид","Мадопар \"125\" капс 100mg+25mg №100","ПЛАТ","Да","уп",3,"747,91",{"v":2243.73,"d":"2,243.73"}]
["N04BB01","Противопаркинсонические средства","Амантадин","ПК-Мерц  табл п/п/о 100mg №30","ОМС","Да","уп",35,"258,89",{"v":9061.15,"d":"9,061.15"}]
["N04BB01","Противопаркинсонические средства","Амантадин","ПК-Мерц  табл п/п/о 100mg №30","ПЛАТ","Да","уп",2,"258,89",517.78]
["N04BB01","противопаркинсоническое средство","Амантадин","ПК-Мерц фл 0,4mg/ml 500ml №2","ОМС","Да","уп",3,"1440,16",{"v":4320.4800000000005,"d":"4,320.48"}]
["N04BB01","противопаркинсоническое средство","Амантадин","ПК-Мерц фл 0,4mg/ml 500ml №2","ПЛАТ","Да","уп",3,"1440,16",{"v":4320.4800000000005,"d":"4,320.48"}]
["N04BC05","противопаркинсоническое средство, дофаминовых рецепторов агонист","Прамипексол","Прамипексол табл 1mg №30","ОМС","Да","уп",1,"796,89",796.89]
["N04BC08","противопаркинсоническое средство, дофаминовых рецепторов агонист","Пирибедил","Проноран табл п/о 50mg №30","ОМС","Да","уп",15,"530,03",{"v":7950.45,"d":"7,950.45"}]
["N04BC08","противопаркинсоническое средство, дофаминовых рецепторов агонист","Пирибедил","Проноран табл п/о 50mg №30","ПЛАТ","Да","уп",4,"530,03",{"v":2120.12,"d":"2,120.12"}]
["N05Психолептики",{"$nulls":8},{"v":0,"d":"0.00"}]
["N05AA01","антипсихотическое средство (нейролептик)","Хлорпромазин","Аминазин раствор для в/в и в/м вв 25mg/ml 2ml №10","ОМС","Да","уп",104,"181,72",{"v":18898.88,"d":"18,898.88"}]
["N05AA01","антипсихотическое средство (нейролептик)","Хлорпромазин","Аминазин раствор для в/в и в/м вв 25mg/ml 2ml №10","ПЛАТ","Да","уп",3,"181,72",545.16]
["N05AA01","антипсихотическое средство (нейролептик)","Хлорпромазин","Аминазин табл п/п/о 50mg №10","ОМС","Да","уп",10,"209,95",{"v":2099.5,"d":"2,099.50"}]
["N05AC02","антипсихотическое средство (нейролептик)","Тиоридазин","Сонапакс табл п/о 10mg №60","Бюджет","Да","уп",62,"286,57",{"v":17767.34,"d":"17,767.34"}]
["N05AC02","антипсихотическое средство (нейролептик)","Тиоридазин","Сонапакс табл п/о 10mg №60","ОМС","Да","уп",219,"286,57",{"v":62758.83,"d":"62,758.83"}]
["N05AC02","антипсихотическое средство (нейролептик)","Тиоридазин","Сонапакс табл п/о 10mg №60","ПЛАТ","Да","уп",5,"286,57",{"v":1432.85,"d":"1,432.85"}]
["N05AC02","антипсихотическое средство (нейролептик)","Тиоридазин","Тиорил табл 25mg №100","Бюджет","Да","уп",5,"118,37",591.85]
["N05AC02","антипсихотическое средство (нейролептик)","Тиоридазин","Тиорил табл 25mg №100","ОМС","Да","уп",62,"118,37",{"v":7338.9400000000005,"d":"7,338.94"}]
["N05AC02","антипсихотическое средство (нейролептик)","Тиоридазин","Тиорил табл 25mg №100","ПЛАТ","Да","уп",5,"118,37",591.85]
["N05AD01","антипсихотическое средство (нейролептик)","Галоперидол","Галоперидол раствор для в/в и в/м вв 5mg/ml 1ml №10","Бюджет","Да","уп",1,"157,11",157.11]
["N05AD01","антипсихотическое средство (нейролептик)","Галоперидол","Галоперидол раствор для в/в и в/м вв 5mg/ml 1ml №10","ОМС","Да","уп",461,"157,11",{"v":72427.71,"d":"72,427.71"}]
["N05AD01","антипсихотическое средство (нейролептик)","Галоперидол","Галоперидол раствор для в/в и в/м вв 5mg/ml 1ml №10","ПЛАТ","Да","уп",3,"157,11",{"$f":"H1133*I1133","v":{"v":471.33000000000004,"d":"471.33"}}]
["N05AD01","антипсихотическое средство (нейролептик)","Галоперидол","Галоперидол табл 5mg №50","ОМС","Да","уп",28,"76,5",{"v":2142,"d":"2,142.00"}]
["N05AD01","антипсихотическое средство (нейролептик)","Галоперидол","Галоперидол табл 5mg №50","ПЛАТ","Да","уп",2,"76,5",{"v":153,"d":"153.00"}]
["N05AF03","антипсихотическое средство (нейролептик)","Хлорпротиксен","Хлорпротиксен Зентива табл п/п/о 15mg №30","Бюджет","Нет","уп",10,"225,16",{"v":2251.6,"d":"2,251.60"}]
["N05AF03","антипсихотическое средство (нейролептик)","Хлорпротиксен","Хлорпротиксен Зентива табл п/п/о 15mg №30","ОМС","Нет","уп",132,"225,16",{"v":29721.12,"d":"29,721.12"}]
["N05AF03","антипсихотическое средство (нейролептик)","Хлорпротиксен","Хлорпротиксен Зентива табл п/п/о 15mg №30","ПЛАТ","Нет","уп",2,"225,16",450.32]
["N05AL01","антипсихотическое средство (нейролептик)","Сульпирид","Бетамакс табл 100mg №30","ОМС","Да","уп",86,"279,97",{"v":24077.420000000002,"d":"24,077.42"}]
["N05AL01","антипсихотическое средство (нейролептик)","Сульпирид","Бетамакс табл 100mg №30","ПЛАТ","Да","уп",21,"279,97",{"v":5879.370000000001,"d":"5,879.37"}]
["N05AL01","антипсихотическое средство (нейролептик)","Сульпирид","Сульпирид раствор для в/м вв 50mg/ml 2ml №10","ОМС","Да","уп",62,"142,14",{"v":8812.679999999998,"d":"8,812.68"}]
["N05AL01","антипсихотическое средство (нейролептик)","Сульпирид","Сульпирид табл 50mg № 30","ОМС","Да","уп",257,"70,67",{"v":18162.19,"d":"18,162.19"}]
["N05AL01","антипсихотическое средство (нейролептик)","Сульпирид","Сульпирид табл 50mg № 30","ПЛАТ","Да","уп",47,"70,67",{"v":3321.4900000000002,"d":"3,321.49"}]
["N05BA01","транквилизатор","Диазепам","Реланиум раствор для в/в и в/м вв 5mg/ml 2ml","ОМС","Да","амп",3420,"21,85",{"v":74727,"d":"74,727.00"}]
["N05BA23","анксиолитическое средство (транквилизатор)","Тофизопам","Грандаксин табл 50mg №20","ОМС","Нет","уп",56,"447,38",{"v":25053.28,"d":"25,053.28"}]
["N05BA23","анксиолитическое средство (транквилизатор)","Тофизопам","Грандаксин табл 50mg №20","ПЛАТ","Нет","уп",13,"447,38",{"v":5815.94,"d":"5,815.94"}]
["N05BB01","анксиолитическое средство (транквилизатор)","Гидроксизин","Гидроксизин Канон  табл п/п/о 25mg №25","ОМС","Да","уп.",499,"285,28",{"v":142354.71999999997,"d":"142,354.72"}]
["N05BB01","анксиолитическое средство (транквилизатор)","Гидроксизин","Гидроксизин Канон  табл п/п/о 25mg №25","ПЛАТ","Да","уп.",35,"285,28",{"v":9984.8,"d":"9,984.80"}]
["N05BX","анксиолитическое средство (транквилизатор)","Бромдигидрохлорфенилбензодиазепин","Феназепам раствор для в/в и в/м вв 1mg/ml 1ml №10","Бюджет","Да","уп",53,"164,31",{"v":8708.43,"d":"8,708.43"}]
["N05BX","анксиолитическое средство (транквилизатор)","Бромдигидрохлорфенилбензодиазепин","Феназепам раствор для в/в и в/м вв 1mg/ml 1ml №10","ОМС","Да","уп",987,"164,31",{"v":162173.97,"d":"162,173.97"}]
["N05BX","анксиолитическое средство (транквилизатор)","Бромдигидрохлорфенилбензодиазепин","Феназепам раствор для в/в и в/м вв 1mg/ml 1ml №10","ПЛАТ","Да","уп",22,"164,31",{"v":3614.82,"d":"3,614.82"}]
["N05BX","анксиолитическое средство (транквилизатор)","Бромдигидрохлорфенилбензодиазепин","Феназепам табл 0,5mg №50","Бюджет","Да","уп",5,"94,04",{"v":470.20000000000005,"d":"470.20"}]
["N05BX","анксиолитическое средство (транквилизатор)","Бромдигидрохлорфенилбензодиазепин","Феназепам табл 0,5mg №50","ОМС","Да","уп",137,"94,04",{"v":12883.480000000001,"d":"12,883.48"}]
["N05BX","анксиолитическое средство (транквилизатор)","Бромдигидрохлорфенилбензодиазепин","Феназепам табл 0,5mg №50","ПЛАТ","Да","уп",6,"94,04",564.24]
["N05BX","анксиолитическое средство (транквилизатор)","Бромдигидрохлорфенилбензодиазепин","Феназепам табл 1mg №50","Бюджет","Да","уп",5,"112,21",561.05]
["N05BX","анксиолитическое средство (транквилизатор)","Бромдигидрохлорфенилбензодиазепин","Феназепам табл 1mg №50","ОМС","Да","уп",152,"112,21",{"v":17055.92,"d":"17,055.92"}]
["N05BX","анксиолитическое средство (транквилизатор)","Бромдигидрохлорфенилбензодиазепин","Феназепам табл 1mg №50","ПЛАТ","Да","уп",7,"112,21",{"v":785.4699999999999,"d":"785.47"}]
["N05BX","анксиолитическое средство (транквилизатор)","Фабомотизол","Афобазол табл 10mg №60","ОМС","Нет","уп",28,"580,8",{"v":16262.399999999998,"d":"16,262.40"}]
["N05BX","анксиолитическое средство (транквилизатор)","Фабомотизол","Афобазол табл 10mg №60","ПЛАТ","Нет","уп",15,"580,8",{"v":8712,"d":"8,712.00"}]
["N05BX","ноотропное средство","Аминофенилмасляная кислота","Фенибут табл 250mg №20","Бюджет","Нет","уп",30,"90,16",{"v":2704.7999999999997,"d":"2,704.80"}]
["N05BX","ноотропное средство","Аминофенилмасляная кислота","Фенибут табл 250mg №20","ОМС","Нет","уп",63,"90,16",{"v":5680.08,"d":"5,680.08"}]
["N05BX","ноотропное средство","Аминофенилмасляная кислота","Фенибут табл 250mg №20","ПЛАТ","Нет","уп",10,"90,16",{"v":901.5999999999999,"d":"901.60"}]
["N05CB02","седативное средство","Мяты перечной листьев масло+Фенобарбитал+Этилбромизовалерианат","Корвалол капл д/пр внутрь 25ml","ОМС","Нет","уп",530,"22,2",{"v":11766,"d":"11,766.00"}]
["N05CD08","снотворное и седативное средство","Мидазолам","Дормикум раствор для в/в и в/м вв 5mg/ml 1ml","ОМС","Да","амп",3000,37.099,{"v":111296.99999999999,"d":"111,297.00"}]
["N05CF01","снотворное средство","Зопиклон","Сомнол табл п/п/о 7,5mg №1","ОМС","Да","табл",810,8.917617,{"v":7223.26977,"d":"7,223.27"}]
["N05CF01","снотворное средство","Зопиклон","Сомнол табл п/п/о 7,5mg №1","ПЛАТ","Да","табл",15,8.917617,{"v":133.764255,"d":"133.76"}]
["N05CM","седативное средство растительного происхождения","Пустырника трава","Пустырника настойка капл д/пр внутрь 25ml","ОМС","Нет","уп",136,"12,34",{"v":1678.24,"d":"1,678.24"}]
["N05CM","седативное средство растительного происхождения","Пустырника трава","Пустырника настойка капл д/пр внутрь 25ml","ПЛАТ","Нет","уп",20,"12,34",{"v":246.8,"d":"246.80"}]
["N05CM09","седативное средство растительного происхождения","Валерианы корневища с корнями","Валерианы настойка настойка 25ml","ОМС","Нет","уп",220,"13,59",{"v":2989.8,"d":"2,989.80"}]
["N05CM09","седативное средство растительного происхождения","Валерианы корневища с корнями","Валерианы настойка настойка 25ml","ПЛАТ","Нет","уп",12,"13,59",{"v":163.07999999999998,"d":"163.08"}]
["N05CM18","седативное средство","Дексмедетомидин","Дексдор конц-т д/приг раствора для инфузий 100mkg/ml 2ml №5","Бюджет","Нет","уп",17,"10821,66",{"v":183968.22,"d":"183,968.22"}]
["N05CM18","седативное средство","Дексмедетомидин","Дексдор конц-т д/приг раствора для инфузий 100mkg/ml 2ml №5","ОМС","Нет","уп",22,"10821,66",{"v":238076.52,"d":"238,076.52"}]
["N05CM18","седативное средство","Дексмедетомидин","Дексдор конц-т д/приг раствора для инфузий 100mkg/ml 2ml №5","ПЛАТ","Нет","уп",8,"10821,66",{"v":86573.28,"d":"86,573.28"}]
["N06Психоаналептики",{"$nulls":8},{"v":0,"d":"0.00"}]
["N06AA09","антидепрессант","Амитриптилин","Амитриптилин раствор для в/в и в/м вв 10mg/ml 2ml №10","ПЛАТ","Да","уп",2,"54,62",109.24]
["N06AA09","антидепрессант","Амитриптилин","Амитриптилин табл 25mg №50","Бюджет","Да","уп.",2,"56,77",113.54]
["N06AA09","антидепрессант","Амитриптилин","Амитриптилин табл 25mg №50","ОМС","Да","уп.",238,"56,77",{"v":13511.26,"d":"13,511.26"}]
["N06AA09","антидепрессант","Амитриптилин","Амитриптилин табл 25mg №50","ПЛАТ","Да","уп.",30,"56,77",{"v":1703.1000000000001,"d":"1,703.10"}]
["N06AB03","антидепрессант","Флуоксетин","Флуоксетин капс 20mg №30","ПЛАТ","Да","уп",3,"118,52",355.56]
["N06AB05","антидепрессант","Пароксетин","Пароксетин табл п/п/о 20mg №30","ОМС","Да","уп",20,"536,61",{"v":10732.2,"d":"10,732.20"}]
["N06AB05","антидепрессант","Пароксетин","Пароксетин табл п/п/о 20mg №30","ПЛАТ","Да","уп",8,"536,61",{"v":4292.88,"d":"4,292.88"}]
["N06AB08","антидепрессант","Флувоксамин","Феварин табл п/о 50mg №15","ПЛАТ","Нет","уп",5,"1087,8",{"v":5439,"d":"5,439.00"}]
["N06AX21","антидепрессант","Дулоксетин","Дулоксетин Канон капс к/раст 30mg №14","ОМС","Нет","уп",20,"1243,2",{"v":24864,"d":"24,864.00"}]
["N06AX21","антидепрессант","Дулоксетин","Дулоксетин Канон капс к/раст 30mg №14","ПЛАТ","Нет","уп",1,"1243,2",{"v":1243.2,"d":"1,243.20"}]
["N06AX22","снотворное средство","Агомелатин","Вальдоксан табл п/о 25mg №14","ПЛАТ","Да","уп",2,"937,85",{"v":1875.7,"d":"1,875.70"}]
["N06BC01","психостимулирующее средство","Кофеин","Кофеин-бензоат натрия раствор для инъекций 200mg/ml 1ml № 10","Б.Опк","Да","уп",2,"34,53",69.06]
["N06BC01","психостимулирующее средство","Кофеин","Кофеин-бензоат натрия раствор для инъекций 200mg/ml 1ml № 10","Бюджет","Да","уп",7,"34,53",241.71]
["N06BC01","психостимулирующее средство","Кофеин","Кофеин-бензоат натрия раствор для инъекций 200mg/ml 1ml № 10","ОМС","Да","уп",154,"34,53",{"v":5317.62,"d":"5,317.62"}]
["N06BC01","психостимулирующее средство","Кофеин","Кофеин-бензоат натрия раствор для инъекций 200mg/ml 1ml № 10","ПЛАТ","Да","уп",1,"34,53",34.53]
["N06BX","Ноотропы","Глицин","Глицин  табл п/язычн 100mg №50","ОМС","Да","уп",1,"29,9",{"v":29.9,"d":"29.90"}]
["N06BX","метаболическое средство","Глицин","Глицин-БИО Фармаплант табл п/язычн 100mg №50","ПЛАТ","Да","уп",5,"46,13",230.65]
["N06BX","ноотропное средство","Фонтурацетам","Фенотропил табл 100mg №30","ПЛАТ","Да","уп",3,"1091,14",{"v":3273.42,"d":"3,273.42"}]
["N06BX03","ноотропное средство","Пирацетам","Пирацетам  раствор для в/в и в/м вв 200mg/ml 5ml №10","Бюджет","Да","уп",65,"65,56",{"v":4261.400000000001,"d":"4,261.40"}]
["N06BX03","ноотропное средство","Пирацетам","Пирацетам  раствор для в/в и в/м вв 200mg/ml 5ml №10","ОМС","Да","уп",1058,"65,56",{"v":69362.48,"d":"69,362.48"}]
["N06BX03","ноотропное средство","Пирацетам","Пирацетам  раствор для в/в и в/м вв 200mg/ml 5ml №10","ПЛАТ","Да","уп",111,"65,56",{"v":7277.16,"d":"7,277.16"}]
["N06BX03","ноотропное средство","Пирацетам","Пирацетам  табл 800mg №30","ОМС","Да","уп",63,"71,19",{"v":4484.97,"d":"4,484.97"}]
["N06BX06","ноотропное средство","Цитиколин","Нейпилепт раствор для в/в и в/м вв 250mg/ml 4ml №5","ПЛАТ","Да","уп",35,"1170,35",{"$f":"H1197*I1197","v":{"v":40962.25,"d":"40,962.25"}}]
["N06BX06","ноотропное средство","Цитиколин","Цераксон раствор для в/в и в/м вв 1000mg/4ml  №5","ОМС","Да","уп",245,"1173,55",{"v":287519.75,"d":"287,519.75"}]
["N06BX06","ноотропное средство","Цитиколин","Цераксон раствор для в/в и в/м вв 1000mg/4ml  №5","ПЛАТ","Да","уп",67,"1173,55",{"v":78627.84999999999,"d":"78,627.85"}]
["N06BX18","психостимулирующее и ноотропное средство","Винпоцетин","Винпоцетин конц-т д/приг раствора для инфузий 5mg/ml 5ml №10","ОМС","Да","уп.",374,"122,76",{"v":45912.240000000005,"d":"45,912.24"}]
["N06BX18","психостимулирующее и ноотропное средство","Винпоцетин","Винпоцетин конц-т д/приг раствора для инфузий 5mg/ml 5ml №10","ПЛАТ","Да","уп.",51,"122,76",{"v":6260.76,"d":"6,260.76"}]
["N06BX18","психостимулирующее и ноотропное средство","Винпоцетин","Винпоцетин табл 5mg №50","ОМС","Да","уп",5,"213,98",{"v":1069.8999999999999,"d":"1,069.90"}]
["N06BX18","психостимулирующее и ноотропное средство","Винпоцетин","Винпоцетин форте табл 10mg №30","ОМС","Да","уп",3,"268,16",804.48]
["N06BX18","психостимулирующее и ноотропное средство","Винпоцетин","Винпоцетин форте табл 10mg №30","ПЛАТ","Да","уп",17,"268,16",{"v":4558.72,"d":"4,558.72"}]
["N06DA04","деменции средство лечения","Галантамин","Галантамин Канон табл п/п/о 8mg №56","ОМС","Да","уп",25,"3572,53",{"v":89313.25,"d":"89,313.25"}]
["N06DA04","деменции средство лечения","Галантамин","Галантамин Канон табл п/п/о 8mg №56","ПЛАТ","Да","уп",4,"3572,53",{"v":14290.12,"d":"14,290.12"}]
["N06DX01","деменции средство лечения","Мемантин","Мемантин табл п/п/о 10mg  №30","ОМС","Да","уп",10,"1389,31",{"v":13893.099999999999,"d":"13,893.10"}]
["N06DX01","деменции средство лечения","Мемантин","Мемантин табл п/п/о 10mg  №30","ПЛАТ","Да","уп",5,"1389,31",{"v":6946.549999999999,"d":"6,946.55"}]
["N07Другие препараты для лечения заболеваний нервной системы",{"$nulls":8},{"v":0,"d":"0.00"}]
["N07AA01","холинэстеразы ингибитор","Неостигмина метилсульфат","Прозерин раствор для инъекций 0,5mg/ml 1ml №10","ОМС","Да","уп",783,"73,29",{"v":57386.07000000001,"d":"57,386.07"}]
["N07AA01","холинэстеразы ингибитор","Неостигмина метилсульфат","Прозерин раствор для инъекций 0,5mg/ml 1ml №10","ПЛАТ","Да","уп",26,"73,29",{"v":1905.5400000000002,"d":"1,905.54"}]
["N07AA01","холинэстеразы ингибитор","Неостигмина метилсульфат","Прозерин табл 15mg №20","ОМС","Да","уп",60,"55,54",{"v":3332.4,"d":"3,332.40"}]
["N07AA01","холинэстеразы ингибитор","Неостигмина метилсульфат","Прозерин табл 15mg №20","ПЛАТ","Да","уп",1,"55,54",55.54]
["N07AA02","холинэстеразы ингибитор","Пиридостигмина бромид","Пиридостигмна бромид табл 60mg №100","ОМС","Да","уп",70,"676,87",{"v":47380.9,"d":"47,380.90"}]
["N07AA02","холинэстеразы ингибитор","Пиридостигмина бромид","Пиридостигмна бромид табл 60mg №100","ПЛАТ","Да","уп",11,"676,87",{"v":7445.57,"d":"7,445.57"}]
["N07AX02","ноотропное средство","Холина альфосцерат","Церетон капсулы 400mg №28","ОМС","Да","уп",50,"1073,91",{"v":53695.50000000001,"d":"53,695.50"}]
["N07AX02","ноотропное средство","Холина альфосцерат","Церетон капсулы 400mg №28","ПЛАТ","Да","уп",6,"1073,91",{"v":6443.460000000001,"d":"6,443.46"}]
["N07AX02","ноотропное средство","Холина альфосцерат","Церетон раствор для в/в и в/м вв 250mg/ml 4ml №5","ОМС","Да","уп",10,"627,74",{"v":6277.4,"d":"6,277.40"}]
["N07AX02","ноотропное средство","Холина альфосцерат","Церетон раствор для в/в и в/м вв 250mg/ml 4ml №5","ПЛАТ","Да","уп",5,"627,74",{"v":3138.7,"d":"3,138.70"}]
["N07CA01","гистамина препарат","Бетагистин","Бетагистин табл 24mg №20","ОМС","Да","уп",311,"273,29",{"v":84993.19,"d":"84,993.19"}]
["N07CA01","гистамина препарат","Бетагистин","Бетагистин табл 24mg №20","ПЛАТ","Да","уп",61,"273,29",{"v":16670.690000000002,"d":"16,670.69"}]
["N07XX","антиоксидантное средство","Этилметилгидроксипиридина сукцинат","Нейрокс раствор для в/в и в/м вв 50mg/ml 5ml №5","ОМС","Да","уп",110,"332,91",{"v":36620.100000000006,"d":"36,620.10"}]
["N07XX","антиоксидантное средство","Этилметилгидроксипиридина сукцинат","Нейрокс раствор для в/в и в/м вв 50mg/ml 5ml №5","ПЛАТ","Да","уп",153,"332,91",{"v":50935.23,"d":"50,935.23"}]
["N07XX","витамины группы B+прочие препараты","~","КомплигамВ раствор для в/м вв 2ml №5","ОМС","Нет","уп",128,"203,13",{"v":26000.64,"d":"26,000.64"}]
["N07XX","витамины группы B+прочие препараты","~","КомплигамВ раствор для в/м вв 2ml №5","ПЛАТ","Нет","уп",66,"203,13",{"v":13406.58,"d":"13,406.58"}]
["N07XX","метаболическое средство","Инозин+Никотинамид+Рибофлавин+Янтарная кислота","Цитофлавин раствор для в/в  вв 10ml №10","Бюджет","Да","уп",10,"1214,13",{"v":12141.300000000001,"d":"12,141.30"}]
["N07XX","метаболическое средство","Инозин+Никотинамид+Рибофлавин+Янтарная кислота","Цитофлавин раствор для в/в  вв 10ml №10","ОМС","Да","уп",404,"1214,13",{"v":490508.52,"d":"490,508.52"}]
["N07XX","метаболическое средство","Инозин+Никотинамид+Рибофлавин+Янтарная кислота","Цитофлавин раствор для в/в  вв 10ml №10","ПЛАТ","Да","уп",122,"1214,13",{"v":148123.86000000002,"d":"148,123.86"}]
["N07XX","ноотропное средство","Полипептиды коры головного мозга эмбрионов свиней","Целлекс раствор для п/к вв 0,1mg/ml 1ml №5","ОМС","Нет","уп",40,"10799,19",{"v":431967.60000000003,"d":"431,967.60"}]
["N07XX","ноотропное средство","Полипептиды коры головного мозга эмбрионов свиней","Целлекс раствор для п/к вв 0,1mg/ml 1ml №5","ПЛАТ","Нет","уп",2,"10799,19",{"v":21598.38,"d":"21,598.38"}]
[{"$nulls":9},{"$f":"SUM(J1004:J1230)","v":{"v":16626836.095460007,"d":"16,626,836.10"}}]
["P Противопаразитарные препараты, инсектициды и репелленты "]
["P03Препараты для уничтожения эктопаразитов (в т.ч. чесоточного клеща), инсектициды и репелленты"]
["P03AX01","противочесоточное средство","Бензилбензоат","Бензилбензоат мазь д/наружн прим 20% 25g","ОМС","Да","уп",10,"29,47",{"$f":"H1234*I1234","v":{"v":294.7,"d":"294.70"}}]
[{"$nulls":9},{"$f":"SUM(J1234)","v":{"v":294.7,"d":"294.70"}}]
["R Дыхательная система "]
["R01Препараты для лечения заболеваний носа"]
["R01AA07","противоконгестивное средство - альфа-адреномиметик","Ксилометазолин","Ксилен капли назал 0,1% 10ml №1","ОМС","Да","уп",60,"25,88",{"$f":"H1238*I1238","v":{"v":1552.8,"d":"1,552.80"}}]
["R01AA07","противоконгестивное средство - альфа-адреномиметик","Ксилометазолин","Ксилометазолин спрей назал 0,1% 10ml №1","ПЛАТ","Да","уп",5,"126,75",{"$f":"H1239*I1239","v":633.75}]
["R01AA08","носа заболеваний средство лечения","Нафазолин","Нафтизин капли назал 0,1% 10ml №1","ОМС","Нет","уп",6,"17,97",107.82]
["R01AA08","носа заболеваний средство лечения","Нафазолин","Нафтизин капли назал 0,1% 10ml №1","ПЛАТ","Нет","уп",3,"17,97",53.91]
["R02Препараты для лечения заболеваний глотки",{"$nulls":8},{"v":0,"d":"0.00"}]
["R02AA01","антисептическое средство","Амбазон","Фарингосепт табл. д/рассас 10mg №20","ОМС","Нет","уп",3,"195,36",586.08]
["R02AA01","антисептическое средство","Амбазон","Фарингосепт табл. д/рассас 10mg №20","ПЛАТ","Нет","уп",5,"195,36",{"v":976.8000000000001,"d":"976.80"}]
["R02AA01","миорелаксант центрального действия","Баклофен","Баклосан табл 10mg №50","ОМС","Да","уп",95,"253,4",{"v":24073,"d":"24,073.00"}]
["R02AA01","миорелаксант центрального действия","Баклофен","Баклосан табл 10mg №50","ПЛАТ","Да","уп",20,"253,4",{"v":5068,"d":"5,068.00"}]
["R03Препараты для лечения бронхиальной астмы",{"$nulls":8},{"v":0,"d":"0.00"}]
["R03AC02","бронходилатирующее средство - бета2-адреномиметик селективный","Сальбутамол","Вентолин Небулы раствор для ингаляций 1mg/ml 2,5 ml №20","Бюджет","Да","уп",6,"262,83",{"v":1576.98,"d":"1,576.98"}]
["R03AC02","бронходилатирующее средство - бета2-адреномиметик селективный","Сальбутамол","Вентолин Небулы раствор для ингаляций 1mg/ml 2,5 ml №20","ОМС","Да","уп",113,"262,83",{"v":29699.789999999997,"d":"29,699.79"}]
["R03AC02","бронходилатирующее средство - бета2-адреномиметик селективный","Сальбутамол","Вентолин Небулы раствор для ингаляций 1mg/ml 2,5 ml №20","ПЛАТ","Да","уп",30,"262,83",{"v":7884.9,"d":"7,884.90"}]
["R03AC02","бронходилатирующее средство - бета2-адреномиметик селективный","Сальбутамол","Сальбутамол аэрозоль д/инг дозир 100mkg/dosis 200dosis 12ml №1","ОМС","Да","уп",38,"174,82",{"v":6643.16,"d":"6,643.16"}]
["R03AC02","бронходилатирующее средство - бета2-адреномиметик селективный","Сальбутамол","Сальбутамол-СОЛОфарм раствор для ингаляций 1mg/ml 2,5 ml №20","ОМС","Да","уп",2,"419,98",839.96]
["R03AC02","бронходилатирующее средство - бета2-адреномиметик селективный","Сальбутамол","Сальбутамол-СОЛОфарм раствор для ингаляций 1mg/ml 2,5 ml №20","ПЛАТ","Да","уп",15,"419,98",{"v":6299.700000000001,"d":"6,299.70"}]
["R03AC02","бронходилатирующее средство - бета2-адреномиметик селективный","Сальбутамол","Сальбутамол-Фармстандарт аэрозоль д/инг дозир 100mkg/dosis 200dosis №1","ОМС","Да","уп",15,"113,04",{"v":1695.6000000000001,"d":"1,695.60"}]
["R03AC04","бронходилатирующее средство - бета2-адреномиметик селективный","Фенотерол","Фенотерол-аэронатив аэрозоль д/инг дозир 100mkg/dosis 200dosis","ОМС","Нет","уп",17,"422,82",{"v":7187.94,"d":"7,187.94"}]
["R03AC04","бронходилатирующее средство - бета2-адреномиметик селективный","Фенотерол","Фенотерол-натив раствор для ингаляций 1mg/ml 20ml №1","ОМС","Да","уп",8,"386,91",{"v":3095.28,"d":"3,095.28"}]
["R03AK03","бронходилатирующее средство комбинированное (бета2-адреномиметик селективный+м-холиноблокатор)","Ипратропия бромид+Фенотерол","Ипратерол-аэронатив аэрозоль д/инг дозир 20mkg/dosis+50mkg/dosis 200dosis №1","ОМС","Да","уп",4,"394,23",{"v":1576.92,"d":"1,576.92"}]
["R03AK03","бронходилатирующее средство комбинированное (бета2-адреномиметик селективный+м-холиноблокатор)","Ипратропия бромид+Фенотерол","Ипратерол-аэронатив аэрозоль д/инг дозир 20mkg/dosis+50mkg/dosis 200dosis №1","ПЛАТ","Да","уп",3,"394,23",{"v":1182.69,"d":"1,182.69"}]
["R03AK03","бронходилатирующее средство комбинированное (бета2-адреномиметик селективный+м-холиноблокатор)","Ипратропия бромид+Фенотерол","Ипратерол-натив раствор для ингаляций 0,25mg/ml+0,5mg/ml 20ml №1","Бюджет","Да","уп",12,"230,23",{"v":2762.7599999999998,"d":"2,762.76"}]
["R03AK03","бронходилатирующее средство комбинированное (бета2-адреномиметик селективный+м-холиноблокатор)","Ипратропия бромид+Фенотерол","Ипратерол-натив раствор для ингаляций 0,25mg/ml+0,5mg/ml 20ml №1","ОМС","Да","уп",532,"230,23",{"v":122482.36,"d":"122,482.36"}]
["R03AK03","бронходилатирующее средство комбинированное (бета2-адреномиметик селективный+м-холиноблокатор)","Ипратропия бромид+Фенотерол","Ипратерол-натив раствор для ингаляций 0,25mg/ml+0,5mg/ml 20ml №1","ПЛАТ","Да","уп",30,"230,23",{"v":6906.9,"d":"6,906.90"}]
["R03AL06","бронхолитическое средство комбинированное (бета2-адреномиметик длительного действия+м-холиноблокатор)","Олодатерол+Тиотропия бромид","Спиолто Респимат раствор для ингаляций 2.5mkg+2,5mkg/dosis 4ml","ПЛАТ","Да","уп",2,"2983,52",{"v":5967.04,"d":"5,967.04"}]
["R03BA02","глюкокортикостероид для местного применения","Будесонид","Буденит Стери-Неб  сусп д/инг дозир 0,5mg/ml-2ml №60","Бюджет","Да","уп.",10,"2299,54",{"v":22995.4,"d":"22,995.40"}]
["R03BA02","глюкокортикостероид для местного применения","Будесонид","Буденит Стери-Неб  сусп д/инг дозир 0,5mg/ml-2ml №60","ОМС","Да","уп.",80,"2299,54",{"v":183963.2,"d":"183,963.20"}]
["R03BA02","глюкокортикостероид для местного применения","Будесонид","Буденит Стери-Неб  сусп д/инг дозир 0,5mg/ml-2ml №60","ПЛАТ","Да","уп.",7,"2299,54",{"v":16096.779999999999,"d":"16,096.78"}]
["R03BA02","глюкокортикостероид для местного применения","Будесонид","Будесонид-натив раствор для ингаляций 0,25mg/ml 2ml №10","ОМС","Да","уп",3,"312,58",937.74]
["R03BA02","глюкокортикостероид для местного применения","Будесонид","Будесонид-натив раствор для ингаляций 0,25mg/ml 2ml №10","ПЛАТ","Да","уп",25,"312,58",{"v":7814.5,"d":"7,814.50"}]
["R03BB01","м-холиноблокатор","Ипратропия бромид","Ипратропиум-натив  раствор для ингаляций 0,25mg/ml 20ml №1","Бюджет","Да","уп",12,"208,73",{"v":2504.7599999999998,"d":"2,504.76"}]
["R03BB01","м-холиноблокатор","Ипратропия бромид","Ипратропиум-натив  раствор для ингаляций 0,25mg/ml 20ml №1","ОМС","Да","уп",232,"208,73",{"v":48425.36,"d":"48,425.36"}]
["R03BB01","м-холиноблокатор","Ипратропия бромид","Ипратропиум-натив  раствор для ингаляций 0,25mg/ml 20ml №1","ПЛАТ","Да","уп",20,"208,73",{"v":4174.599999999999,"d":"4,174.60"}]
["R03DA05","бронходилатирующее средство","Аминофиллин","Эуфиллин  раствор для в/в  вв 24mg/ml 10ml №10","Б.Опк","Да","уп",2,"41,67",83.34]
["R03DA05","бронходилатирующее средство","Аминофиллин","Эуфиллин  раствор для в/в  вв 24mg/ml 10ml №10","Бюджет","Да","уп",40,"41,67",{"v":1666.8000000000002,"d":"1,666.80"}]
["R03DA05","бронходилатирующее средство","Аминофиллин","Эуфиллин  раствор для в/в  вв 24mg/ml 10ml №10","ОМС","Да","уп",1751,"41,67",{"v":72964.17,"d":"72,964.17"}]
["R03DA05","бронходилатирующее средство","Аминофиллин","Эуфиллин  раствор для в/в  вв 24mg/ml 10ml №10","ПЛАТ","Да","уп",40,"41,67",{"v":1666.8000000000002,"d":"1,666.80"}]
["R05Препараты, применяемые при кашле и простудных заболеваниях",{"$nulls":8},{"v":0,"d":"0.00"}]
["R05CB01","отхаркивающее муколитическое средство","Ацетилцистеин","Ацетилцистеин Канон гранулы д/приг р-ра д/вн прим 200mg №20","ОМС","Да","уп",385,"152,19",{"v":58593.15,"d":"58,593.15"}]
["R05CB01","отхаркивающее муколитическое средство","Ацетилцистеин","Ацетилцистеин Канон гранулы д/приг р-ра д/вн прим 200mg №20","ПЛАТ","Да","уп",27,"152,19",{"v":4109.13,"d":"4,109.13"}]
["R05CB01","отхаркивающее муколитическое средство","Ацетилцистеин","Флуимуцил раствор для инъекций и ингаляций амп 100mg/ml 3ml №5","Бюджет","Да","уп",5,"214,56",{"v":1072.8,"d":"1,072.80"}]
["R05CB01","отхаркивающее муколитическое средство","Ацетилцистеин","Флуимуцил раствор для инъекций и ингаляций амп 100mg/ml 3ml №5","ОМС","Да","уп",72,"214,56",{"v":15448.32,"d":"15,448.32"}]
["R05CB03","отхаркивающее муколитическое средство","Карбоцистеин","Флуифорт гранулы для пригот суспензии внутрь 2,7g №10","Бюджет","Нет","уп",12,553,{"v":6636,"d":"6,636.00"}]
["R05CB03","отхаркивающее муколитическое средство","Карбоцистеин","Флуифорт гранулы для пригот суспензии внутрь 2,7g №10","ОМС","Нет","уп",62,553,{"v":34286,"d":"34,286.00"}]
["R05CB03","отхаркивающее муколитическое средство","Карбоцистеин","Флуифорт гранулы для пригот суспензии внутрь 2,7g №10","ПЛАТ","Нет","уп",2,553,{"v":1106,"d":"1,106.00"}]
["R05CB06","отхаркивающее муколитическое средство","Амброксол","Амбробене капс 75mg №10","ПЛАТ","Да","уп",20,"176,94",{"v":3538.8,"d":"3,538.80"}]
["R05CB06","отхаркивающее муколитическое средство","Амброксол","Амброксол  р-р для приема внутрь и инг 7,5mg/ml 100ml №1","ПЛАТ","Да","фл",20,"299,69",{"v":5993.8,"d":"5,993.80"}]
["R05CB06","отхаркивающее муколитическое средство","Амброксол","Амброксол  р-р для приема внутрь и инг 7,5mg/ml 40ml №1","ОМС","Да","уп",27,"119,87",{"v":3236.4900000000002,"d":"3,236.49"}]
["R05CB06","отхаркивающее муколитическое средство","Амброксол","Амброксол табл 30 mg №20","Бюджет","Да","уп",10,"31,04",{"v":310.4,"d":"310.40"}]
["R05CB06","отхаркивающее муколитическое средство","Амброксол","Амброксол табл 30 mg №20","ОМС","Да","уп",1076,"31,04",{"v":33399.04,"d":"33,399.04"}]
["R05CB06","отхаркивающее муколитическое средство","Амброксол","Амброксол табл 30 mg №20","ПЛАТ","Да","уп",39,"31,04",{"v":1210.56,"d":"1,210.56"}]
["R05DB13","противокашлевое средство центрального действия","Бутамират","Синекод сироп 1,5mg/ml 200ml","ОМС","Нет","уп",2,"425,69",851.38]
["R05DB13","противокашлевое средство центрального действия","Бутамират","Синекод сироп 1,5mg/ml 200ml","ПЛАТ","Нет","уп",5,"425,69",{"v":2128.45,"d":"2,128.45"}]
["R06Антигистаминные препараты для системного применения",{"$nulls":8},{"v":0,"d":"0.00"}]
["R06AA","противоаллергическое средство - H1-гистаминовых рецепторов блокатор","Клемастин","Тавегил раствор для в/в и в/м вв 1mg/ml 2ml №5","Б.Опк","Нет","уп",1,"225,55",225.55]
["R06AA","противоаллергическое средство - H1-гистаминовых рецепторов блокатор","Клемастин","Тавегил раствор для в/в и в/м вв 1mg/ml 2ml №5","ОМС","Нет","уп",144,"225,55",{"v":32479.2,"d":"32,479.20"}]
["R06AA","противоаллергическое средство - H1-гистаминовых рецепторов блокатор","Клемастин","Тавегил раствор для в/в и в/м вв 1mg/ml 2ml №5","ПЛАТ","Нет","уп",17,"225,55",{"v":3834.3500000000004,"d":"3,834.35"}]
["R06AA","противоаллергическое средство - H1-гистаминовых рецепторов блокатор","Клемастин","Тавегил табл 1mg №20","Бюджет","Нет","уп",5,"195,73",978.65]
["R06AA","противоаллергическое средство - H1-гистаминовых рецепторов блокатор","Клемастин","Тавегил табл 1mg №20","ОМС","Нет","уп",61,"195,73",{"v":11939.529999999999,"d":"11,939.53"}]
["R06AA","противоаллергическое средство - H1-гистаминовых рецепторов блокатор","Клемастин","Тавегил табл 1mg №20","ПЛАТ","Нет","уп",6,"195,73",{"v":1174.3799999999999,"d":"1,174.38"}]
["R06AA02","противоаллергическое средство - H1-гистаминовых рецепторов блокатор","Дифенгидрамин","Димедрол раствор для в/в и в/м вв 10mg/ml 1ml №10","Бюджет","Да","уп",40,"24,96",{"v":998.4000000000001,"d":"998.40"}]
["R06AA02","противоаллергическое средство - H1-гистаминовых рецепторов блокатор","Дифенгидрамин","Димедрол раствор для в/в и в/м вв 10mg/ml 1ml №10","ОМС","Да","уп",833,"24,96",{"v":20791.68,"d":"20,791.68"}]
["R06AA02","противоаллергическое средство - H1-гистаминовых рецепторов блокатор","Дифенгидрамин","Димедрол раствор для в/в и в/м вв 10mg/ml 1ml №10","ПЛАТ","Да","уп",20,"24,96",{"v":499.20000000000005,"d":"499.20"}]
["R06AA02","противоаллергическое средство - H1-гистаминовых рецепторов блокатор","Дифенгидрамин","Димедрол табл 50mg №20","ОМС","Да","уп",46,"8,63",396.98]
["R06AA02","противоаллергическое средство - H1-гистаминовых рецепторов блокатор","Дифенгидрамин","Димедрол табл 50mg №20","ПЛАТ","Да","уп",5,"8,63",{"v":43.150000000000006,"d":"43.15"}]
["R06AC03","противоаллергическое средство - H1-гистаминовых рецепторов блокатор","Хлоропирамин","Хлоропирамин раствор для в/в и в/м вв 20mg/ml 1ml №5","Бюджет","Да","уп",20,"101,17",{"$f":"H1303*I1303","v":{"v":2023.4,"d":"2,023.40"}}]
["R06AC03","противоаллергическое средство - H1-гистаминовых рецепторов блокатор","Хлоропирамин","Хлоропирамин раствор для в/в и в/м вв 20mg/ml 1ml №5","ОМС","Да","уп",511,"101,17",{"v":51697.87,"d":"51,697.87"}]
["R06AC03","противоаллергическое средство - H1-гистаминовых рецепторов блокатор","Хлоропирамин","Хлоропирамин раствор для в/в и в/м вв 20mg/ml 1ml №5","ПЛАТ","Да","уп",43,"101,17",{"v":4350.31,"d":"4,350.31"}]
["R06AC03","противоаллергическое средство - H1-гистаминовых рецепторов блокатор","Хлоропирамин","Хлоропирамин табл 25mg №20","Бюджет","Да","уп",3,"73,23",219.69]
["R06AC03","противоаллергическое средство - H1-гистаминовых рецепторов блокатор","Хлоропирамин","Хлоропирамин табл 25mg №20","ОМС","Да","уп",243,"73,23",{"v":17794.89,"d":"17,794.89"}]
["R06AC03","противоаллергическое средство - H1-гистаминовых рецепторов блокатор","Хлоропирамин","Хлоропирамин табл 25mg №20","ПЛАТ","Да","уп",10,"73,23",{"v":732.3000000000001,"d":"732.30"}]
["R06AX13","противоаллергическое средство - H1-гистаминовых рецепторов блокатор","Лоратадин","Лоратадин табл 10mg  №10","ОМС","Да","уп",69,"58,5",{"v":4036.5,"d":"4,036.50"}]
["R06AX13","противоаллергическое средство - H1-гистаминовых рецепторов блокатор","Лоратадин","Лоратадин табл 10mg  №10","ПЛАТ","Да","уп",15,"58,5",{"v":877.5,"d":"877.50"}]
["R06AX27","противоаллергическое средство - H1-гистаминовых рецепторов блокатор","Дезлоратадин","Дезлоратадин  табл 5mg №10","ОМС","Нет","уп",10,"131,42",{"v":1314.1999999999998,"d":"1,314.20"}]
["R06AX27","противоаллергическое средство - H1-гистаминовых рецепторов блокатор","Дезлоратадин","Лордестин табл п/п/о 5mg №10","ОМС","Нет","уп",8,"315,98",{"v":2527.84,"d":"2,527.84"}]
["R06AX27","противоаллергическое средство - H1-гистаминовых рецепторов блокатор","Дезлоратадин","Лордестин табл п/п/о 5mg №10","ПЛАТ","Нет","уп",2,"315,98",631.96]
["R07Другие препараты для лечения заболеваний органов дыхания",{"$nulls":8},{"v":0,"d":"0.00"}]
["R07AB","аналептическое средство","Сульфокамфорная кислота+Прокаин","Сульфокамфокаин раствор для инъекций 100mg/ml 2ml №10","ОМС","Нет","уп",15,"192,36",{"v":2885.4,"d":"2,885.40"}]
["R07AB","аналептическое средство","Сульфокамфорная кислота+Прокаин","Сульфокамфокаин раствор для инъекций 100mg/ml 2ml №10","ПЛАТ","Нет","уп",2,"192,36",384.72]
["R07AB","антисептическое средство+местноанестезирующее средство","Аммиак","Аммиак р-р д/нар прим и инг 10% 40ml №1","ОМС","Нет","уп",298,"16,65",{"v":4961.7,"d":"4,961.70"}]
["R07AB","антисептическое средство+местноанестезирующее средство","Аммиак","Аммиак р-р д/нар прим и инг 10% 40ml №1","ПЛАТ","Нет","уп",8,"16,65",{"v":133.2,"d":"133.20"}]
["R07AB02","аналептическое средство","Никетамид","Кордиамин раствор для инъекций 250mg/ml 2ml №10","Бюджет","Нет","уп",1,"568,74",568.74]
["R07AB02","аналептическое средство","Никетамид","Кордиамин раствор для инъекций 250mg/ml 2ml №10","ОМС","Нет","уп",5,"568,74",{"v":2843.7,"d":"2,843.70"}]
["R07AB02","аналептическое средство","Никетамид","Кордиамин раствор для инъекций 250mg/ml 2ml №10","ПЛАТ","Нет","уп",2,"568,74",{"v":1137.48,"d":"1,137.48"}]
[{"$nulls":9},{"$f":"SUM(J1238:J1321)","v":{"v":946550.3800000001,"d":"946,550.38"}}]
["S Препараты для лечения заболеваний органов чувств "]
["S01Препараты для лечения заболеваний глаз"]
["S01AA09","антибиотик-тетрациклин","Тетрациклин","Тетрациклин мазь глазная 1% 3g","ОМС","Да","уп",185,"40,78",{"$f":"H1325*I1325","v":{"v":7544.3,"d":"7,544.30"}}]
["S01AA09","антибиотик-тетрациклин","Тетрациклин","Тетрациклин мазь глазная 1% 3g","ПЛАТ","Да","уп",25,"40,78",{"$f":"H1326*I1326","v":{"v":1019.5,"d":"1,019.50"}}]
["S01AA13","антибиотик полициклической структуры","Фузидовая кислота","Фуциталмик капли глазные 1% 5g ","ОМС","Нет","уп",5,555,{"v":2775,"d":"2,775.00"}]
["S01AB04","противомикробное средство - сульфаниламид","Сульфацетамид","Сульфацил-натрий капли глазные 20% 1,5ml №2 тюбик-капельницы","ОМС","Нет","уп",151,"20,05",{"v":3027.55,"d":"3,027.55"}]
["S01AB04","противомикробное средство - сульфаниламид","Сульфацетамид","Сульфацил-натрий капли глазные 20% 1,5ml №2 тюбик-капельницы","ПЛАТ","Нет","уп",52,"20,05",{"v":1042.6000000000001,"d":"1,042.60"}]
["S01AD","иммуностимулирующее средство","Полиадениловая кислота+Полиуридиловая кислота","Полудан лиоф д/приг гл кап 100ЕД 5ml №1","ОМС","Нет","уп",5,"165,95",829.75]
["S01AD03","противовирусное средство для местного применения","Ацикловир","Ацикловир мазь глазная 3% 5,0","ОМС","Да","уп",30,"139,15",{"v":4174.5,"d":"4,174.50"}]
["S01AD03","противовирусное средство для местного применения","Ацикловир","Ацикловир мазь глазная 3% 5,0","ПЛАТ","Да","уп",4,"139,15",{"v":556.6,"d":"556.60"}]
["S01AD03","противовирусное средство для местного применения","Ацикловир","Ацикловир мазь д/наружн прим 5% 10g","ОМС","Да","уп",5,"43,42",{"v":217.10000000000002,"d":"217.10"}]
["S01AD03","противовирусное средство для местного применения","Ацикловир","Ацикловир мазь д/наружн прим 5% 10g","ПЛАТ","Да","уп",5,"43,42",{"v":217.10000000000002,"d":"217.10"}]
["S01AD05","противовирусное средство комбинированное (цитокин + H1-гистаминовых рецепторов блокатор)","Интерферон альфа-2b + дифенгидрамин","Офтальмоферон капли глазные 10000МЕ/ml + 1mg/g 10ml №1","ОМС","Нет","уп",45,"381,19",{"v":17153.55,"d":"17,153.55"}]
["S01AD05","противовирусное средство комбинированное (цитокин + H1-гистаминовых рецепторов блокатор)","Интерферон альфа-2b + дифенгидрамин","Офтальмоферон капли глазные 10000МЕ/ml + 1mg/g 10ml №1","ПЛАТ","Нет","уп",2,"381,19",762.38]
["S01AE07","противомикробное средство - фторхинолон","Моксифлоксацин","Максифлокс  капли глазные 5mg/ml 5ml ","ОМС","Да","уп",80,"160,46",{"v":12836.800000000001,"d":"12,836.80"}]
["S01AE07","противомикробное средство - фторхинолон","Моксифлоксацин","Максифлокс  капли глазные 5mg/ml 5ml ","ПЛАТ","Да","уп",10,"160,46",{"v":1604.6000000000001,"d":"1,604.60"}]
["S01AX","антисептическое средство","Бензилдиметил-миристоиламино-пропиламмоний","Окомистин капли глазные 0,01% 10ml","Бюджет","Нет","уп",9,"202,07",{"v":1818.6299999999999,"d":"1,818.63"}]
["S01AX","антисептическое средство","Бензилдиметил-миристоиламино-пропиламмоний","Окомистин капли глазные 0,01% 10ml","ОМС","Нет","уп",1100,"202,07",{"v":222277,"d":"222,277.00"}]
["S01AX","антисептическое средство","Бензилдиметил-миристоиламино-пропиламмоний","Окомистин капли глазные 0,01% 10ml","ПЛАТ","Нет","уп",285,"202,07",{"v":57589.95,"d":"57,589.95"}]
["S01AX11","противомикробное средство - фторхинолон","Офлоксацин","Флоксал мазь глазная 3mg/g 3,0","ОМС","Да","уп",5,"156,59",782.95]
["S01AX19","противомикробное средство - фторхинолон","Левофлоксацин","Л-Оптик Ромфарм капли глазные 0,5% 5ml","Бюджет","Да","уп",100,"166,98",{"v":16698,"d":"16,698.00"}]
["S01AX19","противомикробное средство - фторхинолон","Левофлоксацин","Л-Оптик Ромфарм капли глазные 0,5% 5ml","ОМС","Да","уп",1950,"166,98",{"v":325611,"d":"325,611.00"}]
["S01AX19","противомикробное средство - фторхинолон","Левофлоксацин","Л-Оптик Ромфарм капли глазные 0,5% 5ml","ПЛАТ","Да","уп",102,"166,98",{"v":17031.96,"d":"17,031.96"}]
["S01BA01","глюкокортикостероид для местного применения","Дексаметазон","Озурдекс имплантат д/интравитреального введ 0,7mg","ПЛАТ","Да","уп",15,56430,{"v":846450,"d":"846,450.00"}]
["S01BA01, H02AB02","глюкокортикостероид","Дексаметазон","Дексаметазон глазные капли 0,1% 10ml №1","Бюджет","Нет","уп",100,"100,23",{"v":10023,"d":"10,023.00"}]
["S01BA01, H02AB02","глюкокортикостероид","Дексаметазон","Дексаметазон глазные капли 0,1% 10ml №1","ОМС","Нет","уп",1600,"100,23",{"v":160368,"d":"160,368.00"}]
["S01BA01, H02AB02","глюкокортикостероид","Дексаметазон","Дексаметазон глазные капли 0,1% 10ml №1","ПЛАТ","Нет","уп",505,"100,23",{"v":50616.15,"d":"50,616.15"}]
["S01BA01, H02AB02","глюкокортикостероид","Дексаметазон","Дексаметазон раствор для инъекций 4mg/ml 1ml №25","Бюджет","Да","уп",87,"272,63",{"v":23718.81,"d":"23,718.81"}]
["S01BA01, H02AB02","глюкокортикостероид","Дексаметазон","Дексаметазон раствор для инъекций 4mg/ml 1ml №25","ОМС","Да","уп",2370,"272,63",{"v":646133.1,"d":"646,133.10"}]
["S01BA01, H02AB02","глюкокортикостероид","Дексаметазон","Дексаметазон раствор для инъекций 4mg/ml 1ml №25","ПЛАТ","Да","уп",108,"272,63",{"v":29444.04,"d":"29,444.04"}]
["S01BA01, H02AB02","глюкокортикостероид","Дексаметазон","Дексаметазон раствор для инъекций 4mg/ml 2ml №25","Бюджет","Да","уп",71,"273,63",{"v":19427.73,"d":"19,427.73"}]
["S01BA01, H02AB02","глюкокортикостероид","Дексаметазон","Дексаметазон раствор для инъекций 4mg/ml 2ml №25","ОМС","Да","уп",2056,"273,63",{"v":562583.28,"d":"562,583.28"}]
["S01BA01, H02AB02","глюкокортикостероид","Дексаметазон","Дексаметазон раствор для инъекций 4mg/ml 2ml №25","ПЛАТ","Да","уп",80,"273,63",{"v":21890.4,"d":"21,890.40"}]
["S01BA01, H02AB02","глюкокортикостероид","Дексаметазон","Дексаметазон табл 0,5mg №10","ОМС","Да","уп",7,"36,12",{"v":252.83999999999997,"d":"252.84"}]
["S01BA01, H02AB02","глюкокортикостероид","Дексаметазон","Дексаметазон табл 0,5mg №10","ПЛАТ","Да","уп",2,"36,12",72.24]
["S01BA02","глюкокортикостероид для местного применения","Гидрокортизон","Гидрокортизон мазь глазная 0,5% 3g","ОМС","Да","уп",34,"35,97",{"v":1222.98,"d":"1,222.98"}]
["S01BA02","глюкокортикостероид для местного применения","Гидрокортизон","Гидрокортизон мазь глазная 0,5% 3g","ПЛАТ","Да","уп",2,"35,97",71.94]
["S01BC01","НПВП","Индометацин","Индоколлир  капли глазные 0,1% 5ml","ОМС","Нет","уп",260,"480,43",{"v":124911.8,"d":"124,911.80"}]
["S01BC01","НПВП","Индометацин","Индоколлир  капли глазные 0,1% 5ml","ПЛАТ","Нет","уп",70,"480,43",{"v":33630.1,"d":"33,630.10"}]
["S01CA01","глюкокортикостероид для местного применения+антибиотик-аминогликозид+противогрибковое средство","Дексаметазон+Тобрамицин","ДексаТобропт капли глазные 5ml","ОМС","Нет","уп",50,"251,47",{"v":12573.5,"d":"12,573.50"}]
["S01CA01","глюкокортикостероид для местного применения+антибиотик-аминогликозид+противогрибковое средство","Дексаметазон+Тобрамицин","ДексаТобропт капли глазные 5ml","ПЛАТ","Нет","уп",20,"251,47",{"v":5029.4,"d":"5,029.40"}]
["S01EB01","противоглаукомное средство - м-холиномиметик","Пилокарпин","Пилокарпин капли глазные 10mg/ml 5ml","ОМС","Да","уп",32005,"30,69",{"v":982233.4500000001,"d":"982,233.45"}]
["S01EB51","противоглаукомное средство комбинированное (м-холиномиметик+бета-адреноблокатор)","Пилокарпин+ тимолол","Фотил форте капли глазные 40mg/ml+5mg/ml 5ml","ОМС","Нет","уп",190,"299,62",{"v":56927.8,"d":"56,927.80"}]
["S01EC01","диуретическое средство","Ацетазоламид","Диакарб табл 250mg №30","Бюджет","Да","уп",2,"254,02",508.04]
["S01EC01","диуретическое средство","Ацетазоламид","Диакарб табл 250mg №30","ОМС","Да","уп",374,"254,02",{"v":95003.48000000001,"d":"95,003.48"}]
["S01EC01","диуретическое средство","Ацетазоламид","Диакарб табл 250mg №30","ПЛАТ","Да","уп",13,"254,02",{"v":3302.26,"d":"3,302.26"}]
["S01EC03","противоглаукомное средство - карбоангидразы ингибитор","Дорзоламид","Дорзопт  капли глазные 2% 5ml №3","ОМС","Да","уп",152,"1334,75",{"v":202882,"d":"202,882.00"}]
["S01EC03","противоглаукомное средство - карбоангидразы ингибитор","Дорзоламид","Дорзопт  капли глазные 2% 5ml №3","ПЛАТ","Да","уп",20,"1334,75",{"v":26695,"d":"26,695.00"}]
["S01ED01","противоглаукомное средство - бета-адреноблокатор","Тимолол","Тимолол-СОЛОфарм  капли глазные 0,5% 5ml","ОМС","Да","уп",130,"40,82",{"v":5306.6,"d":"5,306.60"}]
["S01ED01","противоглаукомное средство - бета-адреноблокатор","Тимолол","Тимолол-СОЛОфарм  капли глазные 0,5% 5ml","ПЛАТ","Да","уп",10,"40,82",{"v":408.2,"d":"408.20"}]
["S01ED51","бета-адреноблокатор","Дорзоламид+Тимолол","Дорзопт Плюс  капли глазные 20mg+5mg/ml 5ml","ОМС","Нет","уп",56,"864,33",{"v":48402.48,"d":"48,402.48"}]
["S01ED51","бета-адреноблокатор","Дорзоламид+Тимолол","Дорзопт Плюс  капли глазные 20mg+5mg/ml 5ml","ПЛАТ","Нет","уп",2,"864,33",{"v":1728.66,"d":"1,728.66"}]
["S01EE01","противоглаукомное средство - простагландина F2-альфа аналог синтетический","Латанопрост","Трилактан глазные капли 0,005% 2.5 ml","ОМС","Нет","уп",33,"703,29",{"v":23208.57,"d":"23,208.57"}]
["S01FA56","офтальмологических заболеваний средство диагностики (м-холиноблокатор+альфа-адреномиметик)","Тропикамид+Фенилэфрин","Аппамид плюс капли глазные 5ml","Бюджет","Нет","уп",100,"172,66",{"v":17266,"d":"17,266.00"}]
["S01FA56","офтальмологических заболеваний средство диагностики (м-холиноблокатор+альфа-адреномиметик)","Тропикамид+Фенилэфрин","Аппамид плюс капли глазные 5ml","ОМС","Нет","уп",1713,"172,66",{"v":295766.58,"d":"295,766.58"}]
["S01FA56","офтальмологических заболеваний средство диагностики (м-холиноблокатор+альфа-адреномиметик)","Тропикамид+Фенилэфрин","Аппамид плюс капли глазные 5ml","ПЛАТ","Нет","уп",420,"172,66",{"v":72517.2,"d":"72,517.20"}]
["S01HA02","местноанестезирующее средство","Оксибупрокаин","Инокаин капли глазные 0,4% 5ml","Бюджет","Да","уп",50,"114,06",{"v":5703,"d":"5,703.00"}]
["S01HA02","местноанестезирующее средство","Оксибупрокаин","Инокаин капли глазные 0,4% 5ml","ОМС","Да","уп",3553,"114,06",{"v":405255.18,"d":"405,255.18"}]
["S01HA02","местноанестезирующее средство","Оксибупрокаин","Инокаин капли глазные 0,4% 5ml","ПЛАТ","Да","уп",435,"114,06",{"v":49616.1,"d":"49,616.10"}]
["S01JA01","диагностическое средство","Флуоресцеин натрия","Флуоресцеин Новартис раствор для в/в  вв 100mg/ml 5ml №10","ОМС","Да","уп",30,"2399,38",{"v":71981.40000000001,"d":"71,981.40"}]
["S01JA01","диагностическое средство","Флуоресцеин натрия","Флуоресцеин натрия раствор для в/в  вв 100mg/ml 5ml №1","ОМС","Да","уп",500,"188,49",{"v":94245,"d":"94,245.00"}]
["S01LA05","средства, препятствующие новообразованию сосудов","Афлиберцепт ","Эйлеа р-р д/внутригл введ 40mg/ml 0,1ml №1","ПЛАТ","Да","уп",90,"53420,4",{"v":4807836,"d":"4,807,836.00"}]
["S01XA12","репарации тканей стимулятор","Декспантенол","Корнерегель гель глазной 5% 10g №1","Бюджет","Нет","уп",5,"968,25",{"v":4841.25,"d":"4,841.25"}]
["S01XA12","репарации тканей стимулятор","Декспантенол","Корнерегель гель глазной 5% 10g №1","ОМС","Нет","уп",610,"968,25",{"v":590632.5,"d":"590,632.50"}]
["S01XA12","репарации тканей стимулятор","Декспантенол","Корнерегель гель глазной 5% 10g №1","ПЛАТ","Нет","уп",63,"968,25",{"v":60999.75,"d":"60,999.75"}]
[{"$nulls":9},{"$f":"SUM(J1325:J1387)","v":{"v":11167256.629999999,"d":"11,167,256.63"}}]
["V Прочие препараты "]
["V03Прочие разные препараты"]
["V03AB","комплексообразующее средство","Димеркаптопропансульфонат натрия ","Унитиол р-р для в/м и п/к введ 50 mg/ml 5ml №10","ОМС","Да","уп",3,"517,42",{"$f":"H1391*I1391","v":{"v":1552.2599999999998,"d":"1,552.26"}}]
["V03AB","комплексообразующее средство","Димеркаптопропансульфонат натрия ","Унитиол р-р для в/м и п/к введ 50 mg/ml 5ml №10","ПЛАТ","Да","уп",2,"517,42",{"$f":"H1392*I1392","v":{"v":1034.84,"d":"1,034.84"}}]
["V03AB06","комплексообразующее средство","Натрия тиосульфат","Натрия тиосульфат раствор для в/в  вв 300mg/ml 10ml №10","ОМС","Да","уп",87,"84,61",{"v":7361.07,"d":"7,361.07"}]
["V03AB06","комплексообразующее средство","Натрия тиосульфат","Натрия тиосульфат раствор для в/в  вв 300mg/ml 10ml №10","ПЛАТ","Да","уп",2,"84,61",169.22]
["V03AB14","гемостатическое средство","Протамина сульфат","Протамина сульфат раствор для в/в  вв 10mg/ml 5ml №10","Бюджет","Да","уп",70,"1543,42",{"v":108039.40000000001,"d":"108,039.40"}]
["V03AB14","гемостатическое средство","Протамина сульфат","Протамина сульфат раствор для в/в  вв 10mg/ml 5ml №10","ОМС","Да","уп",130,"1543,42",{"v":200644.6,"d":"200,644.60"}]
["V03AB15","опиоидных рецепторов антагонист","Налоксон","Налоксон раствор для инъекций 0,4mg/ml 1ml №10","ОМС","Да","уп",1,"202,27",202.27]
["V03AB35","антидот","Сугаммадекс","Брайдан раствор для в/в  вв 100mg/ml 2ml №10","Бюджет","Да","уп",10,"74274,28",{"v":742742.8,"d":"742,742.80"}]
["V03AB35","антидот","Сугаммадекс","Брайдан раствор для в/в  вв 100mg/ml 2ml №10","ОМС","Да","уп",13,"74274,28",{"v":965565.64,"d":"965,565.64"}]
["V03AB35","антидот","Сугаммадекс","Брайдан раствор для в/в  вв 100mg/ml 2ml №10","ПЛАТ","Да","уп",9,"74274,28",{"v":668468.52,"d":"668,468.52"}]
["V03AX","ферментное средство","Гиалуронидаза","Лидаза лиоф д/пр р-ра д/и и мест/пр 64УЕ №10","ОМС","Нет","уп.",10,"362,68",{"v":3626.8,"d":"3,626.80"}]
["V04Диагностические препараты",{"$nulls":8},{"v":0,"d":"0.00"}]
["V04CX","диагностическое средство","Индоцианин зеленый","Индоцианин зеленый-ПУЛЬСИОН лиоф д/пр р-ра д/в/в вв 25mg №5","ПЛАТ","Нет","уп",1,48300,{"v":48300,"d":"48,300.00"}]
["V07Другие разные нелечебные средства",{"$nulls":8},{"v":0,"d":"0.00"}]
["V07AB","растворитель","Вода","Вода для инъекций растворитель для приг.лек.форм для инъекций 500ml №24","Бюджет","Да","уп",15,"1093,92",{"v":16408.800000000003,"d":"16,408.80"}]
["V07AB","растворитель","Вода","Вода для инъекций растворитель для приг.лек.форм для инъекций 500ml №24","ОМС","Да","уп",527,"1093,92",{"v":576495.8400000001,"d":"576,495.84"}]
["V07AB","растворитель","Декстроза","Глюкоза Браун раствор для инфузий 5% 250ml №10","ОМС","Да","уп",52,"226,46",{"v":11775.92,"d":"11,775.92"}]
["V07AB","растворитель","Декстроза","Глюкоза Браун раствор для инфузий 5% 250ml №10","ПЛАТ","Да","уп",10,"226,46",{"v":2264.6,"d":"2,264.60"}]
["V07AB","растворитель","Натрия хлорид ","Натрия хлорид  растворитель для приг.лек.форм для инъекций 0,9%-10ml №10","ОМС","Да","уп.",275,"49,53",{"v":13620.75,"d":"13,620.75"}]
["V08Контрастные вещества",{"$nulls":8},{"v":0,"d":"0.00"}]
["V08AB02","рентгеноконтрастное средство","Йогексол","Омнипак раствор для инъекций 350mg/ml 100ml №10","ОМС","Да","уп",200,"19516,25",{"v":3903250,"d":"3,903,250.00"}]
["V08AB02","рентгеноконтрастное средство","Йогексол","Омнипак раствор для инъекций 350mg/ml 50ml №10","ОМС","Да","уп",330,"10343,62",{"v":3413394.6,"d":"3,413,394.60"}]
["V08AB02","рентгеноконтрастное средство","Йогексол","Омнипак раствор для инъекций 350mg/ml 50ml №10","ПЛАТ","Да","уп",8,"10343,62",{"v":82748.96,"d":"82,748.96"}]
["V08AB05","рентгеноконтрастное средство","Йопромид","Ультравист раствор для инъекций 300mg/ml 500ml №8","Бюджет","Да","уп",10,"80916,5",{"v":809165,"d":"809,165.00"}]
["V08AB05","рентгеноконтрастное средство","Йопромид","Ультравист раствор для инъекций 300mg/ml 500ml №8","ОМС","Да","уп",118,"80916,5",{"v":9548147,"d":"9,548,147.00"}]
["V08AB05","рентгеноконтрастное средство","Йопромид","Ультравист раствор для инъекций 300mg/ml 500ml №8","ПЛАТ","Да","уп",12,"80916,5",{"v":970998,"d":"970,998.00"}]
["V08BA02","рентгеноконтрастное средство","Бария сульфат","Бар-ВИПС порошок д/приг суспензии д/вн прим 240g №40","ОМС","Да","уп",8,"4015,5",{"v":32124,"d":"32,124.00"}]
["V08CA03","контрастное средство для МРТ","Гадодиамид","Омнискан раствор для в/в  вв 0,5mmol/ml 20ml №10","ОМС","Да","уп",231,"29453,02",{"v":6803647.62,"d":"6,803,647.62"}]
["V08CA03","контрастное средство для МРТ","Гадодиамид","Омнискан раствор для в/в  вв 0,5mmol/ml 20ml №10","ПЛАТ","Да","уп",14,"29453,02",{"v":412342.28,"d":"412,342.28"}]
[{"$nulls":9},{"$f":"SUM(J1391:J1419)","v":{"v":29344090.790000003,"d":"29,344,090.79"}}]
["Прочие"]
["~ Диуретическое средство растительного происхождения"]
["~","диуретическое средство растительного происхождения","~","Канефрон Н драже №60","ОМС","Нет","уп",6,"704,85",{"$f":"H1423*I1423","v":{"v":4229.1,"d":"4,229.10"}}]
["~","диуретическое средство растительного происхождения","~","Канефрон Н драже №60","ПЛАТ","Нет","уп",9,"704,85",{"$f":"H1424*I1424","v":{"v":6343.650000000001,"d":"6,343.65"}}]
["Экстемпоральная рецептура",{"$nulls":8},{"v":0,"d":"0.00"}]
["С1",null,"Натрия хлорид","Натрия хлорид субстанция-порошок кг","ОМС","Нет","кг",62,"166,5",{"v":10323,"d":"10,323.00"}]
["Э",null,"~","Антигриппин порошок для внутр. применения 1,04 г","Бюджет","Нет","пор.",50,"2,9",{"v":145,"d":"145.00"}]
["Э",null,"~","Антигриппин порошок для внутр. применения 1,04 г","ОМС","Нет","пор.",8052,"2,9",{"v":23350.8,"d":"23,350.80"}]
["Э",null,"~","Антигриппин порошок для внутр. применения 1,04 г","ПЛАТ","Нет","пор.",340,"2,9",{"v":986,"d":"986.00"}]
["Э",null,"~","Капли Морозова(сердечное)  капл д/пр внутрь 45 ml","Бюджет","Нет","фл",40,"32,18",{"v":1287.2,"d":"1,287.20"}]
["Э",null,"~","Капли Морозова(сердечное)  капл д/пр внутрь 45 ml","ОМС","Нет","фл",1213,"32,18",{"v":39034.34,"d":"39,034.34"}]
["Э",null,"~","Капли Морозова(сердечное)  капл д/пр внутрь 45 ml","ПЛАТ","Нет","фл",37,"32,18",{"v":1190.66,"d":"1,190.66"}]
["Э",null,"~","Краска ВГД  для измерения внутриглазного давл. 5,04g","ОМС","Нет","фл",608,"374,64",{"v":227781.12,"d":"227,781.12"}]
["Э",null,"~","Мазь Анестезиновая 5% мазь д/наружн прим 100g","ОМС","Нет","банка",5,"39,56",{"v":197.8,"d":"197.80"}]
["Э",null,"~","Мазь Ксероформная 10%  мазь д/наружн прим 100g","ОМС","Нет","банка",10,"96,91",{"v":969.0999999999999,"d":"969.10"}]
["Э",null,"~","Мазь Ланолиновая  мазь д/наружн прим 50g","ПЛАТ","Нет","банка",2,"49,37",98.74]
["Э",null,"~","Мазь Стрептоцидовая 10% мазь д/мест и наруж/пр 100g","ОМС","Нет","банка",5,"241,88",{"v":1209.4,"d":"1,209.40"}]
["Э",null,"~","Мазь в нос  мазь д/мест и наруж/пр 10g","Бюджет","Нет","банка",5,"10,38",{"v":51.900000000000006,"d":"51.90"}]
["Э",null,"~","Мазь в нос  мазь д/мест и наруж/пр 10g","ОМС","Нет","банка",60,"10,38",{"v":622.8000000000001,"d":"622.80"}]
["Э",null,"~","Мазь в нос  мазь д/мест и наруж/пр 10g","ПЛАТ","Нет","банка",5,"10,38",{"v":51.900000000000006,"d":"51.90"}]
["Э",null,"~","Масло вазелиновое масло для наружн. примненения 100g","ОМС","Нет","фл",66,"44,07",{"v":2908.62,"d":"2,908.62"}]
["Э",null,"~","Масло вазелиновое масло для наружн. примненения 100g","ПЛАТ","Нет","фл",20,"44,07",{"v":881.4,"d":"881.40"}]
["Э",null,"~","Микстура Кватера  микстура 400mll","Бюджет","Нет","фл",30,28,{"v":840,"d":"840.00"}]
["Э",null,"~","Микстура Кватера  микстура 400mll","ОМС","Нет","фл",2300,28,{"v":64400,"d":"64,400.00"}]
["Э",null,"~","Микстура Кватера  микстура 400mll","ПЛАТ","Нет","фл",120,28,{"v":3360,"d":"3,360.00"}]
["Э",null,"~","Настойка Боярышника (капли) капл д/пр внутрь 25g","ОМС","Нет","фл",30,"6,05",{"v":181.5,"d":"181.50"}]
["Э",null,"~","Настойка Боярышника (капли) капл д/пр внутрь 25g","ПЛАТ","Нет","фл",20,"6,05",{"v":121,"d":"121.00"}]
["Э",null,"~","Настойка Валерианы (капли) капл д/пр внутрь 25g","ОМС","Нет","фл",107,"11,38",{"v":1217.66,"d":"1,217.66"}]
["Э",null,"~","Настойка Валерианы (капли) капл д/пр внутрь 25g","ПЛАТ","Нет","фл",20,"11,38",{"v":227.60000000000002,"d":"227.60"}]
["Э",null,"~","Настойка Пустырника (капли) капл д/пр внутрь 25g","ОМС","Нет","фл",102,"7,38",752.76]
["Э",null,"~","Настойка Пустырника (капли) капл д/пр внутрь 25g","ПЛАТ","Нет","фл",20,"7,38",{"v":147.6,"d":"147.60"}]
["Э",null,"~","Порошок Глюкозы  порошок для внутр. применения 100g","ОМС","Нет","уп.",329,13,{"v":4277,"d":"4,277.00"}]
["Э",null,"~","Р-Р Магния сульфата 3%  раствор для ФТО 200ml","ОМС","Нет","фл",20,"1,51",{"v":30.2,"d":"30.20"}]
["Э",null,"~","Р-р Анальгина 2%  раствор для ФТО 200ml","ОМС","Нет","фл",20,"11,68",{"v":233.6,"d":"233.60"}]
["Э",null,"~","Р-р Борной кислоты 2%  р-р для наружного применения 400ml","ОМС","Нет","фл",1,"3,95",3.95]
["Э",null,"~","Р-р Йода спиртовый 5%  р-р для наружного применения 30ml","Б.Опк","Нет","фл",8,"29,3",{"v":234.4,"d":"234.40"}]
["Э",null,"~","Р-р Йода спиртовый 5%  р-р для наружного применения 30ml","Бюджет","Нет","фл",2,"29,3",{"v":58.6,"d":"58.60"}]
["Э",null,"~","Р-р Йода спиртовый 5%  р-р для наружного применения 30ml","ОМС","Нет","фл",323,"29,3",{"v":9463.9,"d":"9,463.90"}]
["Э",null,"~","Р-р Йода спиртовый 5%  р-р для наружного применения 30ml","ПЛАТ","Нет","фл",20,"29,3",{"v":586,"d":"586.00"}]
["Э",null,"~","Р-р Калия йодида 3%  раствор для ФТО 100ml","ОМС","Нет","фл",200,"24,98",{"v":4996,"d":"4,996.00"}]
["Э",null,"~","Р-р Калия йодида 3%  раствор для ФТО 200ml","ОМС","Нет","фл",30,"49,95",{"v":1498.5,"d":"1,498.50"}]
["Э",null,"~","Р-р Калия перманганата 0,05% р-р для наружного применения 20ml","ОМС","Нет","фл",110,"0,12",{"v":13.2,"d":"13.20"}]
["Э",null,"~","Р-р Калия перманганата 5%  р-р для наружного применения 50ml","Бюджет","Нет","фл",5,"35,52",{"v":177.60000000000002,"d":"177.60"}]
["Э",null,"~","Р-р Калия перманганата 5%  р-р для наружного применения 50ml","ОМС","Нет","фл",180,"35,52",{"v":6393.6,"d":"6,393.60"}]
["Э",null,"~","Р-р Калия перманганата 5%  р-р для наружного применения 50ml","ПЛАТ","Нет","фл",5,"35,52",{"v":177.60000000000002,"d":"177.60"}]
["Э",null,"~","Р-р Кальция хлорида 2%  раствор для ФТО 200ml","ОМС","Нет","фл",130,"2,22",{"v":288.6,"d":"288.60"}]
["Э",null,"~","Р-р Колларгола 2%  р-р для наружного применения 200ml","ОМС","Нет","фл",20,"745,92",{"v":14918.4,"d":"14,918.40"}]
["Э",null,"~","Р-р Колларгола 2%  р-р для наружного применения 200ml","ПЛАТ","Нет","фл",12,"745,92",{"v":8951.039999999999,"d":"8,951.04"}]
["Э",null,"~","Р-р Левомицетина 0,25%  раствор для ФТО 200ml","ОМС","Нет","фл",50,"3,66",{"v":183,"d":"183.00"}]
["Э",null,"~","Р-р Натрия тиосульфата 2%  раствор для ФТО 200ml","ОМС","Нет","фл",20,"0,93",{"v":18.6,"d":"18.60"}]
["Э",null,"~","Р-р Натрия хлорида 0,9%  р-р для наружного применения 3 l","Б.Опк","Нет","фл",48,"3,6",{"v":172.8,"d":"172.80"}]
["Э",null,"~","Р-р Натрия хлорида 0,9%  р-р для наружного применения 3 l","ОМС","Нет","фл",48,"3,6",{"v":172.8,"d":"172.80"}]
["Э",null,"~","Р-р Натрия хлорида 10%  р-р для наружного применения 3 l","ОМС","Нет","фл",30,"39,96",{"v":1198.8,"d":"1,198.80"}]
["Э",null,"~","Р-р Новокаина 2%  раствор для ФТО 200ml","ОМС","Нет","фл",80,"23,09",{"v":1847.2,"d":"1,847.20"}]
["Э",null,"~","Р-р Перекиси водорода 3%  р-р для наружного применения 200ml","ОМС","Нет","фл",1575,"4,8",{"v":7560,"d":"7,560.00"}]
["Э",null,"~","Р-р Перекиси водорода 3%  р-р для наружного применения 200ml","ПЛАТ","Нет","фл",5,"4,8",{"v":24,"d":"24.00"}]
["Э",null,"~","Р-р Перекиси водорода 3%  р-р для наружного применения 20ml","ОМС","Нет","фл",1321,"0,48",{"v":634.0799999999999,"d":"634.08"}]
["Э",null,"~","Р-р Перекиси водорода 3%  р-р для наружного применения 400ml","Б.Опк","Нет","фл",48,"9,54",{"v":457.91999999999996,"d":"457.92"}]
["Э",null,"~","Р-р Перекиси водорода 3%  р-р для наружного применения 400ml","ОМС","Нет","фл",2687,"9,54",{"v":25633.979999999996,"d":"25,633.98"}]
["Э",null,"~","Р-р Перекиси водорода 4%  р-р для дезинф 400ml","Б.Опк","Нет","фл",500,"12,69",{"v":6345,"d":"6,345.00"}]
["Э",null,"~","Р-р Перекиси водорода 4%  р-р для дезинф 400ml","ОМС","Нет","фл",2396,"12,69",{"v":30405.239999999998,"d":"30,405.24"}]
["Э",null,"~","Р-р Перекиси водорода 4%  р-р для дезинф 5 l","ОМС","Нет","канистра",20,"158,56",{"v":3171.2,"d":"3,171.20"}]
["Э",null,"~","Р-р Перекиси водорода 6%  р-р для дезинф 200ml","Б.Опк","Нет","фл",800,"9,55",{"v":7640.000000000001,"d":"7,640.00"}]
["Э",null,"~","Р-р Перекиси водорода 6%  р-р для дезинф 200ml","ОМС","Нет","фл",1480,"9,55",{"v":14134.000000000002,"d":"14,134.00"}]
["Э",null,"~","Р-р Перекиси водорода 6%  р-р для дезинф 400ml","Бюджет","Нет","фл",30,"19,09",{"v":572.7,"d":"572.70"}]
["Э",null,"~","Р-р Перекиси водорода 6%  р-р для дезинф 400ml","ОМС","Нет","фл",466,"19,09",{"v":8895.94,"d":"8,895.94"}]
["Э",null,"Формальдегид","Р-р Формалина 10%  р-р для наружного применения 200ml","ОМС","Нет","фл",240,"8,44",{"v":2025.6,"d":"2,025.60"}]
["Э",null,"~","Р-р Фурацилина 0,02%  р-р для наружного применения 400ml","ОМС","Нет","фл",9183,"0,81",{"$f":"H1488*I1488","v":{"v":7438.2300000000005,"d":"7,438.23"}}]
["Э",null,"~","Р-р Фурацилина 0,02%  р-р для наружного применения 400ml","ПЛАТ","Нет","фл",6,"0,81",4.86]
["Э",null,"~","Р-р Хлоргексидина 0,02% асепт. р-р д/нар и местн прим 200ml","ОМС","Нет","фл",11340,"0,52",{"v":5896.8,"d":"5,896.80"}]
["Э",null,"~","Р-р Хлоргексидина 0,25%  р-р для наружного применения 200ml","Бюджет","Нет","фл",21,"6,52",136.92]
["Э",null,"~","Р-р Хлоргексидина 0,25%  р-р для наружного применения 200ml","ОМС","Нет","фл",1995,"6,52",{"v":13007.4,"d":"13,007.40"}]
["Э",null,"~","Р-р Хлоргексидина 0,25%  р-р для наружного применения 400ml","ОМС","Нет","фл",1764,"13,04",{"v":23002.559999999998,"d":"23,002.56"}]
["Э",null,"Борная кислота","Кислота борная порошок для наруж примен(присыпка) 100g","ОМС","Нет","уп",34,"79,92",{"v":2717.28,"d":"2,717.28"}]
["Э",null,"Вазелин","Вазелин (мазь) мазь д/наружн прим 30g","ОМС","Нет","банка",188,"6,62",{"v":1244.56,"d":"1,244.56"}]
["Э",null,"Вазелин","Вазелин (мазь) мазь д/наружн прим 30g","ПЛАТ","Нет","банка",3,"6,62",19.86]
["Э",null,"Глицерол","Глицерин  р-р для наружного применения 50g","ОМС","Нет","фл",88,"27,53",{"v":2422.6400000000003,"d":"2,422.64"}]
["Э",null,"Калия хлорид","Р-р Калия хлорида 10%   стер. раствор для в/в  вв 200ml","Бюджет","Нет","фл",370,"7,9",{"v":2923,"d":"2,923.00"}]
["Э",null,"Калия хлорид","Р-р Калия хлорида 10%   стер. раствор для в/в  вв 200ml","ОМС","Нет","фл",2260,"7,9",{"v":17854,"d":"17,854.00"}]
["Э",null,"Кальция хлорид","Р-р Кальция хлорида 1%  стер. раствор для инъекций 200ml","ОМС","Нет","фл",310,"1,12",{"v":347.20000000000005,"d":"347.20"}]
["Э",null,"Ксероформ ","Ксероформ (присыпка) порошок для наруж примен(присыпка) 10g","ОМС","Нет","уп.",75,"77,03",{"v":5777.25,"d":"5,777.25"}]
["Э",null,"Мяты перечной листьев масло+Фенобарбитал+Этилбромизовалерианат","Корвалол (капли) капл д/пр внутрь 25g","Б.Опк","Нет","фл",2,"33,85",{"v":67.7,"d":"67.70"}]
["Э",null,"Мяты перечной листьев масло+Фенобарбитал+Этилбромизовалерианат","Корвалол (капли) капл д/пр внутрь 25g","Бюджет","Нет","фл",8,"33,85",{"v":270.8,"d":"270.80"}]
["Э",null,"Мяты перечной листьев масло+Фенобарбитал+Этилбромизовалерианат","Корвалол (капли) капл д/пр внутрь 25g","ОМС","Нет","фл",132,"33,85",{"v":4468.2,"d":"4,468.20"}]
["Э",null,"Мяты перечной листьев масло+Фенобарбитал+Этилбромизовалерианат","Корвалол (капли) капл д/пр внутрь 25g","ПЛАТ","Нет","фл",20,"33,85",{"v":677,"d":"677.00"}]
["Э",null,"Натрия гидрокарбонат","Р-р Натрия гидрокарбоната 3% стер. раствор для в/в  вв 150ml","ОМС","Нет","фл",1100,"0,94",{"v":1034,"d":"1,034.00"}]
["Э",null,"Натрия хлорид","Р-р Натрия хлорида 0,9%  стер. раствор для инфузий 150ml","ОМС","Нет","фл",400,"0,22",{"v":88,"d":"88.00"}]
["Э",null,"Натрия хлорид","Р-р Натрия хлорида 10%  стер. раствор для инъекций 150ml","ОМС","Нет","фл",967,2,{"v":1934,"d":"1,934.00"}]
["Э",null,"Нитрофурал","Р-р Фурацилина 0,02%  изот. стер. р-р для наружного применения 350ml","Бюджет","Нет","фл",50,"1,13",{"v":56.49999999999999,"d":"56.50"}]
["Э",null,"Нитрофурал","Р-р Фурацилина 0,02%  изот. стер. р-р для наружного применения 350ml","ОМС","Нет","фл",1830,"1,13",{"v":2067.8999999999996,"d":"2,067.90"}]
["Э",null,"Парафин жидкий","Масло вазелиновое  стер. масло для наружн. примненения 5g","ОМС","Нет","фл",8462,"2,43",{"v":20562.66,"d":"20,562.66"}]
["Э",null,"Парафин жидкий","Масло вазелиновое  стер. масло для наружн. примненения 5g","ПЛАТ","Нет","фл",20,"2,43",{"v":48.6,"d":"48.60"}]
["Э",null,"Тальк","Тальк (присыпка) порошок для наруж примен(присыпка) 100g","ОМС","Нет","уп",6,"14,43",86.58]
["Э",null,"Формальдегид","Р-р Формалина 10% р-р для наружного применения 5 l","ОМС","Нет","канистра",125,"231,99",{"v":28998.75,"d":"28,998.75"}]
[{"$nulls":9},{"$f":"SUM(J1423:J1514)","v":{"v":699458.9499999997,"d":"699,458.95"}}]
[]
["Итого",{"$nulls":8},{"$f":"J229+J427+J682+J756+J771+J802+J925+J930+J1001+J1231+J1235+J1322+J1388+J1420+J1515","v":{"v":141123917.76545998,"d":"141,123,917.77"}}]
[]
["Всего запланировано к закупке 706 наименований лекарственных препаратов на общую сумму 141 123 917,77 руб."]
[]
["Согласовано:",null,null,"."]
["Заместитель главного врача по экономическим вопросам",{"$nulls":6},"Заикина Е.В."]
[{"$nulls":3},"."]
["Главный бухгалтер",null,null,".",{"$nulls":3},"Титова З.А."]
[{"$nulls":3},"."]
["Заместитель главного врача",null,null,".",{"$nulls":3},"Мотущук Е.А."]
[{"$nulls":3},"."]
["Председатель ФТК: заместитель главного врача по терапии",{"$nulls":6},"Нестерко А.О."]
[{"$nulls":3},"."]
["Секретарь: заведующая аптекой",null,null,".",{"$nulls":3},"Козлова Н.В."]
[{"$nulls":3},"."]
["Члены ФТК:","заместитель главного врача по ЭВН",{"$nulls":5},"Руденко Д.И."]
[{"$nulls":3},"."]
[null,"заместитель главного врача по офтальмологии",{"$nulls":5},"Николаенко В.П."]
[{"$nulls":3},"."]
[null,"заведующий терапевтическим отделением",{"$nulls":5},"Петров А.Л."]
[{"$nulls":3},"."]
[null,"клинический фармаколог",{"$nulls":5},"Гомон Ю.М."]
[]
[null,"заведующий отделением кардиологии № 2",{"$nulls":5},"Иконников П.П."]
[{"$nulls":3},"."]
[null,"заведующая отделением эндокринологии",{"$nulls":5},"Орлова В.Л."]
[{"$nulls":3},"."]
[null,"заведующая отделением переливания крови",{"$nulls":5},"Никитова И.С"]
[{"$nulls":3},"."]
[null,"заведующая отделением гастроэнтерологии",{"$nulls":5},"Кашерининова И.И."]
[{"$nulls":3},"."]
[null,"заведующий КОИТ",null,".",{"$nulls":3},"Шорохов К.Н."]
[{"$nulls":3},"."]
[null,"заведующий отделением общей хирургии",{"$nulls":5},"Олейник В.В."]
[{"$nulls":3},"."]
[null,"заведующий отделением анестезиологии",{"$nulls":5},"Бояркин А.А."]
[{"$nulls":3},"."]
[null,"заведующий отделением неврологии №1",{"$nulls":5},"Голиков К.В."]
[]
[null,"заведующая отделением неврологии №3",{"$nulls":5},"Стучевская Т.Р."]
[]
[null,"заведующая офтальмологическим КДО",{"$nulls":5},"Терехова И.В."]
[]
[null,"заведующий ОРИТ № 1",{"$nulls":5},"Сорокин М.Ф."]
[]
[null,"заведующий ОРИТ № 2",{"$nulls":5},"Нефедов А.В."]
[]
[]
["всего",706,100]
["ЖНВЛП",470,66.5]
["не ЖНВЛП",{"$f":"B1565-B1566","v":236},{"$f":"C1565-C1566","v":33.5}]

{"sheet":"ОМС","index":1,"n_rows":1562,"n_cols":10,"rows_kept":1562,"merged":[[9,0,9,8],[12,0,12,9],[229,0,229,9],[427,0,427,9],[682,0,682,9],[756,0,756,9],[771,0,771,9],[802,0,802,9],[925,0,925,9],[930,0,930,9],[1001,0,1001,9],[1231,0,1231,9],[1235,0,1235,9],[1322,0,1322,9],[1388,0,1388,9],[1420,0,1420,9],[1521,0,1521,5],[1527,0,1527,5],[1531,1,1531,5],[1535,1,1535,5],[1539,1,1539,5],[1541,1,1541,5],[1549,1,1549,5],[1551,1,1551,5],[1559,1,1559,5],[1561,1,1561,5]]}
[{"$nulls":7},"\"Утверждаю\""]
[{"$nulls":7},"Главный врач СПб ГБУЗ ГМПБ №2"]
[{"$nulls":7},"Волчков В.А."]
[]
[{"$nulls":7},"______________________________"]
[{"$nulls":7},"\"30 мая 2019 года"]
[]
[]
[]
["ФОРМУЛЯРНЫЙ ПЕРЕЧЕНЬ ЛЕКАРСТВЕННЫХ ПРЕПАРАТОВ НА 2020 ГОД"]
[{"$nulls":3},"ОМС"]
["АТХ","Группа","МНН","Название","ИФ","ЖНиВЛП","Ед.изм","Кол-во","Цена","Сумма"]
["A Пищеварительный тракт и обмен веществ "]
["A01Стоматологические препараты"]
["A01AB11","противомикробное средство","Метронидазол + Хлоргексидин","Метрогил Дента гель стоматологический 20g №1","ПЛАТ","Нет","уп",20,"281,59","5631,8"]
["A01AD11","НПВП","Холина салицилат + Цеталкония хлорид","Холисал гель стоматологический 10g","ПЛАТ","Нет","уп",25,"417,43","10435,75"]
["A01AВ11","противовоспалительное средство растительного происхождения","~","Стоматофит экстракт для местного применения, [жидкий] 100ml","ПЛАТ","Нет","уп",20,"319,28","6385,6"]
["A02Препараты, применяемые при состояниях, связанных с нарушениями кислотности"]
["A02BA03","желез желудка секрецию понижающее средство - H2-гистаминовых рецепторов блокатор","Фамотидин","Фамотидин лиоф д/пр р-ра д/в/в вв 20mg+5ml №5","Бюджет","Да","уп",271,"310,43","84126,53"]
["A02BA03","желез желудка секрецию понижающее средство - H2-гистаминовых рецепторов блокатор","Фамотидин","Фамотидин лиоф д/пр р-ра д/в/в вв 20mg+5ml №5","ОМС","Да","уп",2453,"310,43",{"$f":"H20*I20","v":{"v":761484.79,"d":"761,484.79"}}]
["A02BA03","желез желудка секрецию понижающее средство - H2-гистаминовых рецепторов блокатор","Фамотидин","Фамотидин лиоф д/пр р-ра д/в/в вв 20mg+5ml №5","ПЛАТ","Да","уп",128,"310,43",{"$f":"H21*I21","v":39735.04}]
["A02BA03","желез желудка секрецию понижающее средство - H2-гистаминовых рецепторов блокатор","Фамотидин","Фамотидин табл п/п/о 20mg №20","Бюджет","Да","уп",20,"23,33",466.59999999999997]
["A02BA03","желез желудка секрецию понижающее средство - H2-гистаминовых рецепторов блокатор","Фамотидин","Фамотидин табл п/п/о 20mg №20","ОМС","Да","уп",395,"23,33",{"v":9215.349999999999,"d":"9,215.35"}]
["A02BA03","желез желудка секрецию понижающее средство - H2-гистаминовых рецепторов блокатор","Фамотидин","Фамотидин табл п/п/о 20mg №20","ПЛАТ","Да","уп",8,"23,33",186.64]
["A02BA03","желез желудка секрецию понижающее средство - H2-гистаминовых рецепторов блокатор","Фамотидин","Фамотидин табл п/п/о 20mg №30","Бюджет","Да","уп",100,"34,43",3443]
["A02BA03","желез желудка секрецию понижающее средство - H2-гистаминовых рецепторов блокатор","Фамотидин","Фамотидин табл п/п/о 20mg №30","ОМС","Да","уп",2218,"34,43",{"v":76365.74,"d":"76,365.74"}]
["A02BA03","желез желудка секрецию понижающее средство - H2-гистаминовых рецепторов блокатор","Фамотидин","Фамотидин табл п/п/о 20mg №30","ПЛАТ","Да","уп",25,"34,43",860.75]
["A02BC01","желез желудка секрецию понижающее средство - протонного насоса ингибитор","Омепразол","Омез лиоф-т д/пригот р-ра д/инф 40mg №1","Бюджет","Да","уп",50,"150,3",7515.000000000001]
["A02BC01","желез желудка секрецию понижающее средство - протонного насоса ингибитор","Омепразол","Омез лиоф-т д/пригот р-ра д/инф 40mg №1","ОМС","Да","уп",1225,"150,3",{"v":184117.5,"d":"184,117.50"}]
["A02BC01","желез желудка секрецию понижающее средство - протонного насоса ингибитор","Омепразол","Омез лиоф-т д/пригот р-ра д/инф 40mg №1","ПЛАТ","Да","уп",108,"150,3",16232.400000000001]
["A02BC01","желез желудка секрецию понижающее средство - протонного насоса ингибитор","Омепразол","Омепразол капс к/раст 20mg №30","Бюджет","Да","уп",115,"32,94",3788.1]
["A02BC01","желез желудка секрецию понижающее средство - протонного насоса ингибитор","Омепразол","Омепразол капс к/раст 20mg №30","ОМС","Да","уп",4968,"32,94",{"v":163645.91999999998,"d":"163,645.92"}]
["A02BC01","желез желудка секрецию понижающее средство - протонного насоса ингибитор","Омепразол","Омепразол капс к/раст 20mg №30","ПЛАТ","Да","уп",210,"32,94",6917.4]
["A02BC01","желез желудка секрецию понижающее средство - протонного насоса ингибитор","Омепразол","Омепразол лиоф-т д/пригот р-ра д/инф 40mg №1","ОМС","Да","уп",101,"272,26",{"v":27498.26,"d":"27,498.26"}]
["A02BC01","желез желудка секрецию понижающее средство - протонного насоса ингибитор","Омепразол","Ультоп капсулы 40mg №28","ОМС","Да","уп",19,"525,44",{"v":9983.36,"d":"9,983.36"}]
["A02BC01","желез желудка секрецию понижающее средство - протонного насоса ингибитор","Омепразол","Ультоп капсулы 40mg №28","ПЛАТ","Да","уп",21,"525,44",11034.240000000002]
["А02BC02","желез желудка секрецию понижающее средство - протонного насоса ингибитор","Пантопразол","Нольпаза лиоф д/пр р-ра д/в/в вв 40mg №1","ОМС","Нет","уп",50,"301,45",{"v":15072.5,"d":"15,072.50"}]
["А02BC02","желез желудка секрецию понижающее средство - протонного насоса ингибитор","Пантопразол","Нольпаза лиоф д/пр р-ра д/в/в вв 40mg №1","ПЛАТ","Нет","уп",61,"301,45",18388.45]
["А02BC02","желез желудка секрецию понижающее средство - протонного насоса ингибитор","Пантопразол","Нольпаза табл п/к/р/о 40mg №14","ОМС","Нет","уп",298,"184,04",{"v":54843.92,"d":"54,843.92"}]
["А02BC02","желез желудка секрецию понижающее средство - протонного насоса ингибитор","Пантопразол","Нольпаза табл п/к/р/о 40mg №14","ПЛАТ","Нет","уп",20,"184,04",3680.7999999999997]
["A02BC04","желез желудка секрецию понижающее средство - протонного насоса ингибитор","Рабепразол","Зульбекс табл к/р п/п/о 20mg №28","ОМС","Нет","уп",20,1680,{"v":33600,"d":"33,600.00"}]
["A02BC04","желез желудка секрецию понижающее средство - протонного насоса ингибитор","Рабепразол","Зульбекс табл к/р п/п/о 20mg №28","ПЛАТ","Нет","уп",8,1680,13440]
["A02BC04","желез желудка секрецию понижающее средство - протонного насоса ингибитор","Рабепразол","Рабепразол-СЗ капсулы 20mg №28","ОМС","Нет","уп",20,"427,53",{"v":8550.599999999999,"d":"8,550.60"}]
["A02BC05","желез желудка секрецию понижающее средство - протонного насоса ингибитор","Эзомепразол","Эманера капс к/раст 20mg №14","ОМС","Да","уп",55,"242,17",{"v":13319.349999999999,"d":"13,319.35"}]
["A02BC05","желез желудка секрецию понижающее средство - протонного насоса ингибитор","Эзомепразол","Эманера капс к/раст 20mg №14","ПЛАТ","Да","уп",25,"242,17",6054.25]
["A02BC05","желез желудка секрецию понижающее средство - протонного насоса ингибитор","Эзомепразол","Эманера капс к/раст 40mg №28","ОМС","Да","уп",29,"727,99",{"v":21111.71,"d":"21,111.71"}]
["A02BC05","желез желудка секрецию понижающее средство - протонного насоса ингибитор","Эзомепразол","Эманера капс к/раст 40mg №28","ПЛАТ","Да","уп",15,"727,99",10919.85]
["A02BX","рефлюкс-эзофагита средство лечения","~","Гевискон Форте суспензия д/ приема внутрь (в компл.мерн.лож) 150ml №1","ОМС","Нет","уп",10,"346,8",{"v":3468,"d":"3,468.00"}]
["A02BX","рефлюкс-эзофагита средство лечения","~","Гевискон Форте суспензия д/ приема внутрь (в компл.мерн.лож) 150ml №1","ПЛАТ","Нет","уп",5,"346,8",1734]
["A02BX05","антисептическое кишечное и вяжущее средство","Висмута трикалия дицитрат","Висмута трикалия дицитрат табл п/п/о 120mg № 56","ОМС","Да","уп",73,"440,62",{"v":32165.260000000002,"d":"32,165.26"}]
["A02BX05","антисептическое кишечное и вяжущее средство","Висмута трикалия дицитрат","Висмута трикалия дицитрат табл п/п/о 120mg № 56","ПЛАТ","Да","уп",15,"440,62",6609.3]
["A02BX05","антисептическое кишечное и вяжущее средство","Висмута трикалия дицитрат","Улькавис табл п/п/о 120mg № 56","ПЛАТ","Да","уп",5,"413,7",2068.5]
["A02АХ","антацидное средство","Алгелдрат+Магния гидроксид","Алмагель суспензия д/ приема внутрь (в компл.мерн.лож) 170ml","ОМС","Нет","уп",53,"266,66",{"v":14132.980000000001,"d":"14,132.98"}]
["A02АХ","антацидное средство","Алгелдрат+Магния гидроксид","Алмагель суспензия д/ приема внутрь (в компл.мерн.лож) 170ml","ПЛАТ","Нет","уп",2,"266,66",533.32]
["A03Препараты для лечения функциональных нарушений со стороны ЖКТ",{"$nulls":8},{"v":0,"d":"0.00"}]
["A03AA","м-холиноблокатор","Платифиллин","Платифиллина гидротартрат раствор для п/к вв 2mg/ml 1ml №10","ОМС","Да","уп",241,"69,75",{"v":16809.75,"d":"16,809.75"}]
["A03AA","м-холиноблокатор","Платифиллин","Платифиллина гидротартрат раствор для п/к вв 2mg/ml 1ml №10","ПЛАТ","Да","уп",26,"69,75",1813.5]
["A03AA04","спазмолитическое средство","Мебеверин","Спарекс капс пролонг/д-я 200mg №30","ОМС","Да","уп",165,"514,84",{"v":84948.6,"d":"84,948.60"}]
["A03AA04","спазмолитическое средство","Мебеверин","Спарекс капс пролонг/д-я 200mg №30","ПЛАТ","Да","уп",45,"514,84",23167.800000000003]
["A03AD01","спазмолитическое средство","Папаверин","Папаверина гидрохлорид раствор для инъекций 20mg/ml 2ml №10","Б.Опк","Нет","уп",2,"273,06",546.12]
["A03AD01","спазмолитическое средство","Папаверин","Папаверина гидрохлорид раствор для инъекций 20mg/ml 2ml №10","Бюджет","Нет","уп",30,"273,06",8191.8]
["A03AD01","спазмолитическое средство","Папаверин","Папаверина гидрохлорид раствор для инъекций 20mg/ml 2ml №10","ОМС","Нет","уп",315,"273,06",{"v":86013.9,"d":"86,013.90"}]
["A03AD01","спазмолитическое средство","Папаверин","Папаверина гидрохлорид раствор для инъекций 20mg/ml 2ml №10","ПЛАТ","Нет","уп",10,"273,06",2730.6]
["A03AD02","спазмолитическое средство","Дротаверин","Дротаверин раствор для инъекций 20mg/ml 2ml №10","Бюджет","Да","уп",105,"59,01",6196.05]
["A03AD02","спазмолитическое средство","Дротаверин","Дротаверин раствор для инъекций 20mg/ml 2ml №10","ОМС","Да","уп",3134,"59,01",{"v":184937.34,"d":"184,937.34"}]
["A03AD02","спазмолитическое средство","Дротаверин","Дротаверин раствор для инъекций 20mg/ml 2ml №10","ПЛАТ","Да","уп",58,"59,01",3422.58]
["A03AD02","спазмолитическое средство","Дротаверин","Дротаверин табл 40mg №100","Бюджет","Да","уп",2,"58,25",116.5]
["A03AD02","спазмолитическое средство","Дротаверин","Дротаверин табл 40mg №100","ОМС","Да","уп",430,"58,25",{"v":25047.5,"d":"25,047.50"}]
["A03AD02","спазмолитическое средство","Дротаверин","Дротаверин табл 40mg №100","ПЛАТ","Да","уп",23,"58,25",1339.75]
["A03AD02","спазмолитическое средство","Дротаверин","Дротаверин табл 40mg №20","ОМС","Да","уп",57,"30,12",{"v":1716.8400000000001,"d":"1,716.84"}]
["A03AD02","спазмолитическое средство","Дротаверин","Дротаверин табл 40mg №20","ПЛАТ","Да","уп",5,"30,12",150.6]
["A03BA01","м-холиноблокатор","Атропин","Атропин капли глазные 1% 5ml","ОМС","Да","уп",63,"52,27",{"v":3293.01,"d":"3,293.01"}]
["A03BA01","м-холиноблокатор","Атропин","Атропин капли глазные 1% 5ml","ПЛАТ","Да","уп",4,"52,27",209.08]
["A03BA01","м-холиноблокатор","Атропин","Атропин раствор для инъекций 1mg/ml 1ml №5","ОМС","Да","уп",897,"12,01",{"v":10772.97,"d":"10,772.97"}]
["A03BA01","м-холиноблокатор","Атропин","Атропин раствор для инъекций 1mg/ml 1ml №5","ПЛАТ","Да","уп",2,"12,01",24.02]
["A03BA01","м-холиноблокатор","Атропин","Атропина сульфат раствор для инъекций 1mg/ml 1ml №10","ОМС","Да","уп",1544,"28,39",{"v":43834.16,"d":"43,834.16"}]
["A03FA01","противорвотное средство - дофаминовых рецепторов блокатор центральный","Метоклопрамид","Метоклопрамид раствор для в/в и в/м вв 5mg/ml 2ml №10","Бюджет","Да","уп",49,"123,89",6070.61]
["A03FA01","противорвотное средство - дофаминовых рецепторов блокатор центральный","Метоклопрамид","Метоклопрамид раствор для в/в и в/м вв 5mg/ml 2ml №10","ОМС","Да","уп",1543,"123,89",{"v":191162.27,"d":"191,162.27"}]
["A03FA01","противорвотное средство - дофаминовых рецепторов блокатор центральный","Метоклопрамид","Метоклопрамид раствор для в/в и в/м вв 5mg/ml 2ml №10","ПЛАТ","Да","уп",72,"123,89",8920.08]
["A03FA01","противорвотное средство - дофаминовых рецепторов блокатор центральный","Метоклопрамид","Метоклопрамид табл 10mg №50","ОМС","Да","уп",69,"26,79",{"v":1848.51,"d":"1,848.51"}]
["A03FA01","противорвотное средство - дофаминовых рецепторов блокатор центральный","Метоклопрамид","Метоклопрамид табл 10mg №50","ПЛАТ","Да","уп",3,"26,79",80.37]
["A04Противорвотные препараты",{"$nulls":8},{"v":0,"d":"0.00"}]
["А04АА01","противорвотное средство - серотониновых рецепторов антагонист","Ондансетрон","Латран раствор для в/в и в/м вв 2mg/ml 2ml №5","Бюджет","Да","уп",10,"456,12",4561.2]
["А04АА01","противорвотное средство - серотониновых рецепторов антагонист","Ондансетрон","Латран раствор для в/в и в/м вв 2mg/ml 2ml №5","ОМС","Да","уп",90,"456,12",{"v":41050.8,"d":"41,050.80"}]
["А04АА01","противорвотное средство - серотониновых рецепторов антагонист","Ондансетрон","Латран раствор для в/в и в/м вв 2mg/ml 2ml №5","ПЛАТ","Да","уп",21,"456,12",{"$f":"H85*I85","v":9578.52}]
["A05Препараты для лечения заболеваний печени и желчевыводящих путей",{"$nulls":8},{"v":0,"d":"0.00"}]
["А05АА02","гепатопротекторное средство","Урсодезоксихолевая кислота","Урсодезоксихолевая кислота капсулы 250mg №50","ОМС","Да","уп",32,"571,14",{"v":18276.48,"d":"18,276.48"}]
["А05АА02","гепатопротекторное средство","Урсодезоксихолевая кислота","Урсодезоксихолевая кислота капсулы 250mg №50","ПЛАТ","Да","уп",8,"571,14",4569.12]
["A05BA","гипоазотемическое средство","Орнитин","Гепа-Мерц гран д/р-ра перор 5g №30","Бюджет","Нет","уп",2,"2095,42",4190.84]
["A05BA","гипоазотемическое средство","Орнитин","Гепа-Мерц гран д/р-ра перор 5g №30","ОМС","Нет","уп",15,"2095,42",{"v":31431.300000000003,"d":"31,431.30"}]
["A05BA","гипоазотемическое средство","Орнитин","Гепа-Мерц гран д/р-ра перор 5g №30","ПЛАТ","Нет","уп",10,"2095,42",20954.2]
["A05BA","метаболическое средство","Инозин+Меглюмин+Метионин+Никотинамид+Янтарная кислота","Ремаксол раствор для инфузий 400ml №1","Бюджет","Да","уп",90,"398,47",35862.3]
["A05BA","метаболическое средство","Инозин+Меглюмин+Метионин+Никотинамид+Янтарная кислота","Ремаксол раствор для инфузий 400ml №1","ОМС","Да","уп",160,"398,47",{"v":63755.200000000004,"d":"63,755.20"}]
["A05BA","метаболическое средство","Инозин+Меглюмин+Метионин+Никотинамид+Янтарная кислота","Ремаксол раствор для инфузий 400ml №1","ПЛАТ","Да","уп",100,"398,47",39847]
["A06Слабительные препараты",{"$nulls":8},{"v":0,"d":"0.00"}]
["A06AA01","слабительное средство","Парафин жидкий","Вазелиновое масло масло д/приема внутрь 25ml","ОМС","Нет","уп",273,"36,63",{"v":9999.990000000002,"d":"9,999.99"}]
["A06AA01","слабительное средство","Парафин жидкий","Вазелиновое масло масло д/приема внутрь 25ml","ПЛАТ","Нет","уп",30,"36,63",1098.9]
["A06AB02","слабительное средство","Бисакодил","Бисакодил табл п/к/р/о 5mg №30","ОМС","Да","уп",135,"20,96",{"v":2829.6,"d":"2,829.60"}]
["A06AB02","слабительное средство","Бисакодил","Бисакодил табл п/к/р/о 5mg №30","ПЛАТ","Да","уп",2,"20,96",41.92]
["A06AB02","слабительное средство","Бисакодил","Бисакодил-Нижфарм  супп рект 10mg №10","ОМС","Да","уп",65,"42,62",{"v":2770.2999999999997,"d":"2,770.30"}]
["A06AB02","слабительное средство","Бисакодил","Бисакодил-Нижфарм  супп рект 10mg №10","ПЛАТ","Да","уп",8,"42,62",340.96]
["А06АВ06","слабительное средство растительного происхождения","Сеннозиды А и В","Сенадексин  табл №20","ОМС","Да","уп",354,"15,84",{"v":5607.36,"d":"5,607.36"}]
["А06АВ06","слабительное средство растительного происхождения","Сеннозиды А и В","Сенадексин  табл №20","ПЛАТ","Да","уп",3,"15,84",47.519999999999996]
["A06AD11","слабительное средство","Лактулоза","Нормазе сироп 667mg/ml 200ml","ОМС","Да","уп",107,"278,3",{"v":29778.100000000002,"d":"29,778.10"}]
["A06AD11","слабительное средство","Лактулоза","Порталак сироп 667mg/ml 500ml","ОМС","Да","уп",7,"398,47",{"v":2789.29,"d":"2,789.29"}]
["A06AD11","слабительное средство","Лактулоза","Порталак сироп 667mg/ml 500ml","ПЛАТ","Да","уп",11,"398,47",4383.17]
["A06AD15","слабительное средство","Макрогол","Фортранс порошок д/приг суспензии д/вн прим 64g №4","ПЛАТ","Да","уп",83,"517,38",42942.54]
["A06АВ05","слабительное средство растительного происхождения","~","Касторовое масло масло д/приема внутрь 30ml","ОМС","Нет","уп",125,"36,63",{"v":4578.75,"d":"4,578.75"}]
["A07Противодиарейные, кишечные противовоспалительные и противомикробные препараты",{"$nulls":8},{"v":0,"d":"0.00"}]
["A07AA11","антибиотик-рифамицин","Рифаксимин","Альфа Нормикс табл п/п/о 200mg №12","ОМС","Нет","уп",70,"1069,34",{"v":74853.79999999999,"d":"74,853.80"}]
["A07AA11","антибиотик-рифамицин","Рифаксимин","Альфа Нормикс табл п/п/о 200mg №12","ПЛАТ","Нет","уп",20,"1069,34",21386.8]
["A07AX03","противомикробное средство - нитрофуран","Нифуроксазид","Экофурил капсулы 200mg №16","ОМС","Нет","уп",20,"459,56",{"v":9191.2,"d":"9,191.20"}]
["A07AX03","противомикробное средство - нитрофуран","Нифуроксазид","Экофурил капсулы 200mg №16","ПЛАТ","Нет","уп",15,"459,56",6893.4]
["A07BA01","энтеросорбирующее средство","Уголь активированный","Уголь активированный табл 250mg №10","ОМС","Нет","уп",408,"4,33",{"v":1766.64,"d":"1,766.64"}]
["A07BA01","энтеросорбирующее средство","Уголь активированный","Уголь активированный табл 250mg №10","ПЛАТ","Нет","уп",20,"4,33",86.6]
["A07BC05","противодиарейное средство","Диосмектит","Неосмектин порошок д/приг суспензии д/вн прим 3g №30","ОМС","Да","уп",33,"341,55",{"v":11271.15,"d":"11,271.15"}]
["A07BC05","противодиарейное средство","Диосмектит","Неосмектин порошок д/приг суспензии д/вн прим 3g №30","ПЛАТ","Да","уп",20,"341,55",6831]
["A07DA03","противодиарейное средство","Лоперамид","Лоперамид табл 2mg №10","ОМС","Да","уп",35,"25,06",{"v":877.0999999999999,"d":"877.10"}]
["A07DA03","противодиарейное средство","Лоперамид","Лоперамид табл 2mg №20","ОМС","Да","уп",251,"27,21",{"v":6829.71,"d":"6,829.71"}]
["A07DA03","противодиарейное средство","Лоперамид","Лоперамид табл 2mg №20","ПЛАТ","Да","уп",14,"27,21",380.94]
["A07EC02","противомикробное и противовоспалительное кишечное средство","Сульфасалазин","Сульфасалазин-ЕН  табл п/к/р/о 500mg №50","ОМС","Да","уп",20,"359,34",{"v":7186.799999999999,"d":"7,186.80"}]
["A07EC02","противомикробное и противовоспалительное кишечное средство","Сульфасалазин","Сульфасалазин-ЕН  табл п/к/р/о 500mg №50","ПЛАТ","Да","уп",3,"359,34",1078.02]
["A07FA","средство, нормализующее микрофлору кишечника","~","Хилак Форте капл д/пр внутрь 100ml №1","ПЛАТ","Нет","уп",15,"565,48",8482.2]
["A07FA","эубиотик","Бифидобактерии бифидум","Бифидумбактерин  лиоф д/приг р-ра д/приема внутрь и мест прим 5dosis №10","ОМС","Да","уп",12,"86,51",{"v":1038.1200000000001,"d":"1,038.12"}]
["A07FA","эубиотик","Бифидобактерии лонгум+Энтерококкус фециум","Бифиформ капс к/раст №30","ОМС","Нет","уп",42,"615,87",{"v":25866.54,"d":"25,866.54"}]
["A07FA","эубиотик","Бифидобактерии лонгум+Энтерококкус фециум","Бифиформ капс к/раст №30","ПЛАТ","Нет","уп",49,"615,87",30177.63]
["A07FA02","противодиарейное средство","Сахаромицеты Boulardii","Энтерол капсулы 250mg №30","ОМС","Нет","уп",60,"570,54",{"v":34232.399999999994,"d":"34,232.40"}]
["A07FA02","противодиарейное средство","Сахаромицеты Boulardii","Энтерол капсулы 250mg №30","ПЛАТ","Нет","уп",20,"570,54",11410.8]
["A07FA51","эубиотик","~","Линекс капс №16","ОМС","Нет","уп",10,"394,94",{"v":3949.4,"d":"3,949.40"}]
["A07FA51","эубиотик","~","Линекс капс №16","ПЛАТ","Нет","уп",2,"394,94",789.88]
["A09Препараты, способствующие пищеварению (в т.ч. ферментные препараты)",{"$nulls":8},{"v":0,"d":"0.00"}]
["А09АА02","пищеварительное ферментное средство","Панкреатин","Креон 25000 капс к/раст 300mg №20","ОМС","Да","уп",55,"562,03",{"v":30911.649999999998,"d":"30,911.65"}]
["А09АА02","пищеварительное ферментное средство","Панкреатин","Креон 25000 капс к/раст 300mg №20","ПЛАТ","Да","уп",45,"562,03",25291.35]
["А09АА02","пищеварительное ферментное средство","Панкреатин","Мезим форте 10000 табл п/к/р/о  №20","ОМС","Да","уп",758,"180,66",{"v":136940.28,"d":"136,940.28"}]
["А09АА02","пищеварительное ферментное средство","Панкреатин","Мезим форте 10000 табл п/к/р/о  №20","ПЛАТ","Да","уп",142,"180,66",25653.72]
["А09АА02","пищеварительное ферментное средство","Панкреатин","Микразим капсулы 25000 ЕД №50","ОМС","Да","уп",326,"792,55",{"v":258371.3,"d":"258,371.30"}]
["А09АА02","пищеварительное ферментное средство","Панкреатин","Микразим капсулы 25000 ЕД №50","ПЛАТ","Да","уп",54,"792,55",42797.7]
["А09АА02","пищеварительное ферментное средство","Панкреатин","Микразим капсулы 40000 EД №50","ОМС","Да","уп",4,"1516,61",{"v":6066.44,"d":"6,066.44"}]
["А09АА02","пищеварительное ферментное средство","Панкреатин","Микразим капсулы 40000 EД №50","ПЛАТ","Да","уп",4,"1516,61",6066.44]
["A10Препараты для лечения сахарного диабета",{"$nulls":8},{"v":0,"d":"0.00"}]
["A10AB01","гипогликемическое средство - инсулин короткого действия","Инсулин растворимый [человеческий генно-инженерный]","Инсуман Рапид ГТ раствор для инъекций 100МЕ/ml 3ml №5","Бюджет","Да","уп",5,"1120,14",5600.700000000001]
["A10AB01","гипогликемическое средство - инсулин короткого действия","Инсулин растворимый [человеческий генно-инженерный]","Инсуман Рапид ГТ раствор для инъекций 100МЕ/ml 3ml №5","ОМС","Да","уп",43,"1120,14",{"v":48166.020000000004,"d":"48,166.02"}]
["A10AB01","гипогликемическое средство - инсулин короткого действия","Инсулин растворимый [человеческий генно-инженерный]","Инсуман Рапид ГТ раствор для инъекций 100МЕ/ml 3ml №5","ПЛАТ","Да","уп",3,"1120,14",3360.42]
["A10AB01","гипогликемическое средство - инсулин короткого действия","Инсулин растворимый [человеческий генно-инженерный]","Росинсулин Р раствор для инъекций 100МЕ/ml 3ml №5","Бюджет","Да","уп",5,"1516,57",7582.849999999999]
["A10AB01","гипогликемическое средство - инсулин короткого действия","Инсулин растворимый [человеческий генно-инженерный]","Росинсулин Р раствор для инъекций 100МЕ/ml 3ml №5","ОМС","Да","уп",47,"1516,57",{"v":71278.79,"d":"71,278.79"}]
["A10AB01","гипогликемическое средство - инсулин короткого действия","Инсулин растворимый [человеческий генно-инженерный]","Росинсулин Р раствор для инъекций 100МЕ/ml 5ml №5","Бюджет","Да","уп",14,"1085,06",15190.84]
["A10AB01","гипогликемическое средство - инсулин короткого действия","Инсулин растворимый [человеческий генно-инженерный]","Росинсулин Р раствор для инъекций 100МЕ/ml 5ml №5","ОМС","Да","уп",116,"1085,06",{"v":125866.95999999999,"d":"125,866.96"}]
["A10AB01","гипогликемическое средство - инсулин короткого действия","Инсулин растворимый [человеческий генно-инженерный]","Росинсулин Р раствор для инъекций 100МЕ/ml 5ml №5","ПЛАТ","Да","уп",2,"1085,06",2170.12]
["A10AB01","гипогликемическое средство - инсулин короткого действия","Инсулин растворимый [человеческий генно-инженерный]","Росинсулин Р раствор для п/к вв 100ME/ml 5ml №5","ОМС","Да","уп",47,"1043,32",{"$f":"H149*I149","v":{"v":49036.03999999999,"d":"49,036.04"}}]
["A10AC01","гипогликемическое средство - инсулин средней продолжительности действия","Инсулин-изофан","Росинсулин С суспензия для п/к вв 100ME/ml 5ml №5","Бюджет","Да","уп",8,"1046,36",8370.88]
["A10AC01","гипогликемическое средство - инсулин средней продолжительности действия","Инсулин-изофан","Росинсулин С суспензия для п/к вв 100ME/ml 5ml №5","ОМС","Да","уп",134,"1046,36",{"v":140212.24,"d":"140,212.24"}]
["A10AC01","гипогликемическое средство - инсулин средней продолжительности действия","Инсулин-изофан","Росинсулин С суспензия для п/к вв 100ME/ml 5ml №5","ПЛАТ","Да","уп",2,"1046,36",2092.72]
["A10AЕ04","гипогликемическое средство - инсулина длительного действия аналог","Инсулин гларгин","Туджео СолоСтар р-р для п/к введ, картриджи в шприц-ручках СолоСтар 300ME/ml 1,5ml №3","Бюджет","Да","уп",12,"3208,15",38497.8]
["A10AЕ04","гипогликемическое средство - инсулина длительного действия аналог","Инсулин гларгин","Туджео СолоСтар р-р для п/к введ, картриджи в шприц-ручках СолоСтар 300ME/ml 1,5ml №3","ОМС","Да","уп",145,"3208,15",{"v":465181.75,"d":"465,181.75"}]
["A10AЕ04","гипогликемическое средство - инсулина длительного действия аналог","Инсулин гларгин","Туджео СолоСтар р-р для п/к введ, картриджи в шприц-ручках СолоСтар 300ME/ml 1,5ml №3","ПЛАТ","Да","уп",9,"3208,15",28873.350000000002]
["A10BA02","гипогликемическое средство для перорального применения группы бигуанидов","Метформин","Форметин табл 0,5g №60","Бюджет","Да","уп",3,"93,43",280.29]
["A10BA02","гипогликемическое средство для перорального применения группы бигуанидов","Метформин","Форметин табл 0,5g №60","ОМС","Да","уп",93,"93,43",{"v":8688.99,"d":"8,688.99"}]
["A10BA02","гипогликемическое средство для перорального применения группы бигуанидов","Метформин","Форметин табл 0,5g №60","ПЛАТ","Да","уп",7,"93,43",654.01]
["A10BA02","гипогликемическое средство для перорального применения группы бигуанидов","Метформин","Форметин табл 0,85g №60","Бюджет","Да","уп",5,"180,33",901.6500000000001]
["A10BA02","гипогликемическое средство для перорального применения группы бигуанидов","Метформин","Форметин табл 0,85g №60","ОМС","Да","уп",252,"180,33",{"v":45443.16,"d":"45,443.16"}]
["A10BA02","гипогликемическое средство для перорального применения группы бигуанидов","Метформин","Форметин табл 0,85g №60","ПЛАТ","Да","уп",3,"180,33",540.99]
["A10BA02","гипогликемическое средство для перорального применения группы бигуанидов","Метформин","Форметин табл 1g №30","Бюджет","Да","уп",5,"153,01",765.05]
["A10BA02","гипогликемическое средство для перорального применения группы бигуанидов","Метформин","Форметин табл 1g №30","ОМС","Да","уп",115,"153,01",{"v":17596.149999999998,"d":"17,596.15"}]
["A10BA02","гипогликемическое средство для перорального применения группы бигуанидов","Метформин","Форметин табл 1g №30","ПЛАТ","Да","уп",3,"153,01",459.03]
["A10BB01","гипогликемическое средство для перорального применения группы сульфонилмочевины II поколения","Глибенкламид","Глибенкламид табл 5mg №120","ОМС","Да","уп",15,"97,94",{"v":1469.1,"d":"1,469.10"}]
["A10BB01","гипогликемическое средство для перорального применения группы сульфонилмочевины II поколения","Глибенкламид","Глибенкламид табл 5mg №120","ПЛАТ","Да","уп",1,"97,94",97.94]
["A10BB09","гипогликемическое средство для перорального применения группы сульфонилмочевины II поколения","Гликлазид","Гликлазид МВ  табл с модифиц. высвобождением 30 mg №60 ","ПЛАТ","Да","уп",3,"138,13",414.39]
["A10BB09","гипогликемическое средство для перорального применения группы сульфонилмочевины II поколения","Гликлазид","Гликлазид МВ  табл с модифиц. высвобождением 60mg №60","ОМС","Да","уп",15,"138,13",{"v":2071.95,"d":"2,071.95"}]
["A11Витамины",{"$nulls":8},{"v":0,"d":"0.00"}]
["A11CC03","витамин - кальциево-фосфорного обмена регулятор","Альфакальцидол","Альфа Д3-Тева капсулы 0,25mkg №30","ПЛАТ","Да","уп",2,"299,85",599.7]
["A11DA01","витамин","Тиамин","Тиамин раствор для в/м вв 50mg/ml 1ml №10","Бюджет","Да","уп",7,"27,49",192.42999999999998]
["A11DA01","витамин","Тиамин","Тиамин раствор для в/м вв 50mg/ml 1ml №10","ОМС","Да","уп",813,"27,49",{"v":22349.37,"d":"22,349.37"}]
["A11DA01","витамин","Тиамин","Тиамин раствор для в/м вв 50mg/ml 1ml №10","ПЛАТ","Да","уп",18,"27,49",494.82]
["A11EA","витамины группы B","Поливитамины","Нейромультивит табл п/п/о №20","ПЛАТ","Нет","уп",3,"796,09",2388.27]
["A11GA01","витамин","Аскорбиновая кислота","Аскорбиновая кислота раствор для в/в и в/м вв 50mg/ml 2ml №10","Бюджет","Да","уп",25,"37,69",942.25]
["A11GA01","витамин","Аскорбиновая кислота","Аскорбиновая кислота раствор для в/в и в/м вв 50mg/ml 2ml №10","ОМС","Да","уп",920,"37,69",{"v":34674.799999999996,"d":"34,674.80"}]
["A11GA01","витамин","Аскорбиновая кислота","Аскорбиновая кислота раствор для в/в и в/м вв 50mg/ml 2ml №10","ПЛАТ","Да","уп",170,"37,69",6407.299999999999]
["A11HA02","витамин","Пиридоксин","Пиридоксин раствор для инъекций 50mg/ml 1ml №10","Бюджет","Да","уп",9,"27,44",246.96]
["A11HA02","витамин","Пиридоксин","Пиридоксин раствор для инъекций 50mg/ml 1ml №10","ОМС","Да","уп",779,"27,44",{"v":21375.760000000002,"d":"21,375.76"}]
["A11HA02","витамин","Пиридоксин","Пиридоксин раствор для инъекций 50mg/ml 1ml №10","ПЛАТ","Да","уп",18,"27,44",493.92]
["А11НА03","витамин","Витамин Е","Лайфевит капсулы 100mg №30","ОМС","Нет","уп",20,"188,7",{"v":3774,"d":"3,774.00"}]
["А11НА03","витамин","Витамин Е","альфа-Токоферола ацетат (Витамин E)  капсулы 100mg №10","ОМС","Нет","уп",50,"85,35",{"v":4267.5,"d":"4,267.50"}]
["A11HA04","витамин","Рибофлавин","Рибофлавин - мононуклеотид раствор для в/м вв 10mg/ml 1ml №10","ОМС","Нет","уп",60,"115,43",{"v":6925.8,"d":"6,925.80"}]
["A11HA04","витамин","Рибофлавин","Рибофлавин - мононуклеотид раствор для в/м вв 10mg/ml 1ml №10","ПЛАТ","Нет","уп",2,"115,43",230.86]
["A11JA","поливитаминное средство","Витамин Е+ Ретинол","Аевит капсулы №10","ПЛАТ","Нет","уп",20,"39,18",783.6]
["A12Минеральные добавки",{"$nulls":8},{"v":0,"d":"0.00"}]
["A12AA03","кальциево-фосфорного обмена регулятор","Кальция глюконат","Кальция глюконат Б.Браун раствор для инъекций 10% 10ml №20","ОМС","Да","уп",143,"379,5",{"v":54268.5,"d":"54,268.50"}]
["A12AA03","кальциево-фосфорного обмена регулятор","Кальция глюконат","Кальция глюконат Б.Браун раствор для инъекций 10% 10ml №20","ПЛАТ","Да","уп",3,"379,5",1138.5]
["A12AX","кальциево-фосфорного обмена регулятор","Кальция карбонат + Колекальциферол","Кальций-Д3 Никомед Форте  табл жеват 500mg+400ME №30","ОМС","Нет","уп",4,"578,2",{"v":2312.8,"d":"2,312.80"}]
["A12AX","кальциево-фосфорного обмена регулятор","Кальция карбонат + Колекальциферол","Кальций-Д3 Никомед Форте  табл жеват 500mg+400ME №30","ПЛАТ","Нет","уп",2,"578,2",1156.4]
["A12BA01","калия препарат","Калия хлорид","Калия хлорид Б. Браун конц-т д/приг раствора для инфузий 40mg/ml 10ml №20","Бюджет","Да","уп",28,"245,41",6871.48]
["A12BA01","калия препарат","Калия хлорид","Калия хлорид Б. Браун конц-т д/приг раствора для инфузий 40mg/ml 10ml №20","ОМС","Да","уп",877,"245,41",{"v":215224.57,"d":"215,224.57"}]
["A12BA01","калия препарат","Калия хлорид","Калия хлорид Б. Браун конц-т д/приг раствора для инфузий 40mg/ml 10ml №20","ПЛАТ","Да","уп",115,"245,41",28222.149999999998]
["A12BA01","калия препарат","Калия хлорид","Калия хлорид конц-т д/приг раствора для инфузий 40mg/ml 100ml №1","ОМС","Да","уп",1780,"63,59",{"v":113190.20000000001,"d":"113,190.20"}]
["A12BA01","калия препарат","Калия хлорид","Калия хлорид конц-т д/приг раствора для инфузий 40mg/ml 100ml №1","ПЛАТ","Да","уп",35,"63,59",2225.65]
["A12BA01","калия препарат","Калия хлорид","Калия хлорид конц-т д/приг раствора для инфузий 40mg/ml 100ml №35","Бюджет","Да","уп",5,"2894,38",14471.900000000001]
["A12BA01","калия препарат","Калия хлорид","Калия хлорид конц-т д/приг раствора для инфузий 40mg/ml 100ml №35","ОМС","Да","уп",72,"2894,38",{"v":208395.36000000002,"d":"208,395.36"}]
["A12BA01","калия препарат","Калия хлорид","Калия хлорид конц-т д/приг раствора для инфузий 40mg/ml 100ml №35","ПЛАТ","Да","уп",9,"2894,38",26049.420000000002]
["A12BA01","калия препарат","Калия хлорид","Калия хлорид концентрат для приготовления р-ра для инфузий 75mg/ml 200ml №28","ОМС","Да","уп",194,"2868,16",{"v":556423.0399999999,"d":"556,423.04"}]
["A12CX","калия и магния препарат","Калия и магния аспарагинат","Аспаркам табл №20","ОМС","Да","уп",250,"41,14",{"v":10285,"d":"10,285.00"}]
["A12CX","калия и магния препарат","Калия и магния аспарагинат","Аспаркам табл №60","Бюджет","Да","уп",100,"103,73",10373]
["A12CX","калия и магния препарат","Калия и магния аспарагинат","Аспаркам табл №60","ОМС","Да","уп",710,"103,73",{"v":73648.3,"d":"73,648.30"}]
["A12CX","калия и магния препарат","Калия и магния аспарагинат","Аспаркам табл №60","ПЛАТ","Да","уп",9,"103,73",933.57]
["A12CX","калия и магния препарат","Калия и магния аспарагинат","Аспаркам- L раствор для в/в  вв 10ml №10","ОМС","Да","уп",51,"94,48",{"v":4818.4800000000005,"d":"4,818.48"}]
["A12CX","калия и магния препарат","Калия и магния аспарагинат","Аспаркам- L раствор для в/в  вв 10ml №10","ПЛАТ","Да","уп",30,"94,48",2834.4]
["A12CX","калия и магния препарат","Калия и магния аспарагинат","Калия и магния аспарагинат  конц-т д/приг раствора для инфузий 10ml №10","ОМС","Да","уп",30,"227,7",{"v":6831,"d":"6,831.00"}]
["A12CX","калия и магния препарат","Калия и магния аспарагинат","Калия и магния аспарагинат  раствор для инфузий 250ml №1","Бюджет","Да","уп",350,"79,59",27856.5]
["A12CX","калия и магния препарат","Калия и магния аспарагинат","Калия и магния аспарагинат  раствор для инфузий 250ml №1","ОМС","Да","уп",3410,"79,59",{"v":271401.9,"d":"271,401.90"}]
["A12CX","калия и магния препарат","Калия и магния аспарагинат","Калия и магния аспарагинат  раствор для инфузий 250ml №1","ПЛАТ","Да","уп",54,"79,59",4297.860000000001]
["A12CX","калия и магния препарат","Калия и магния аспарагинат","Калия и магния аспарагинат  раствор для инфузий 500ml №1","Бюджет","Да","уп",240,"148,19",35565.6]
["A12CX","калия и магния препарат","Калия и магния аспарагинат","Калия и магния аспарагинат  раствор для инфузий 500ml №1","ОМС","Да","уп",365,"148,19",{"v":54089.35,"d":"54,089.35"}]
["A14Анаболические препараты для системного применения",{"$nulls":8},{"v":0,"d":"0.00"}]
["A14AB01","анаболическое стероидное средство","Нандролон","Ретаболил раствор для в/м вв 50mg/ml 1ml","ОМС","Да","амп",20,"239,83",{"$f":"H213*I213","v":{"v":4796.6,"d":"4,796.60"}}]
["A14AB01","анаболическое стероидное средство","Нандролон","Ретаболил раствор для в/м вв 50mg/ml 1ml","ПЛАТ","Да","амп",5,"239,83",1199.15]
["A16Другие препараты для лечения заболеваний ЖКТ и нарушений обмена веществ",{"$nulls":8},{"v":0,"d":"0.00"}]
["A16AA02","гепатопротекторное средство","Адеметионин","Гептор лиоф-т д/приг р-ра для в/в и в/м вв 400mg+р-ль 5ml №5","Бюджет","Да","уп",22,"1475,53",32461.66]
["A16AA02","гепатопротекторное средство","Адеметионин","Гептор лиоф-т д/приг р-ра для в/в и в/м вв 400mg+р-ль 5ml №5","ОМС","Да","уп",80,"1475,53",{"v":118042.4,"d":"118,042.40"}]
["A16AA02","гепатопротекторное средство","Адеметионин","Гептор лиоф-т д/приг р-ра для в/в и в/м вв 400mg+р-ль 5ml №5","ПЛАТ","Да","уп",82,"1475,53",120993.45999999999]
["A16AA02","гепатопротекторное средство","Адеметионин","Гептор табл п/к/р/о  400mg №40","ОМС","Да","уп",56,"2246,91",{"v":125826.95999999999,"d":"125,826.96"}]
["A16AA02","гепатопротекторное средство","Адеметионин","Гептор табл п/к/р/о  400mg №40","ПЛАТ","Да","уп",17,"2246,91",38197.47]
["A16AA02","гепатопротекторное средство","Адеметионин","Гептор табл п/к/р/о 400mg №20","ПЛАТ","Да","уп",1,"1123,45",1123.45]
["A16AX01","метаболическое средство","Тиоктовая кислота","Октолипен табл п/п/о 600mg №30","ОМС","Да","уп",25,"708,51",{"v":17712.75,"d":"17,712.75"}]
["A16AX01","метаболическое средство","Тиоктовая кислота","Октолипен табл п/п/о 600mg №30","ПЛАТ","Да","уп",7,"708,51",4959.57]
["A16AX01","метаболическое средство","Тиоктовая кислота","Тиолепта раствор для инфузий 12mg/ml 50ml №10","ОМС","Да","уп",65,"2110,73",{"v":137197.45,"d":"137,197.45"}]
["A16AX01","метаболическое средство","Тиоктовая кислота","Тиолипон конц-т д/приг раствора для в/в вв 30mg/ml 10ml №10","ОМС","Да","уп",135,"420,18",{"v":56724.3,"d":"56,724.30"}]
["A16AX01","метаболическое средство","Тиоктовая кислота","Тиолипон конц-т д/приг раствора для в/в вв 30mg/ml 10ml №10","ПЛАТ","Да","уп",108,"420,18",45379.44]
["А16АХ01","метаболическое средство","Тиоктовая кислота","Тиоктовая кислота концентрат для приготовления р-ра для инфузий 30mg/ml 10ml №10","ОМС","Да","уп",55,"1073,42",{"v":59038.100000000006,"d":"59,038.10"}]
["А16АХ01","метаболическое средство","Тиоктовая кислота","Тиоктовая кислота концентрат для приготовления р-ра для инфузий 30mg/ml 10ml №10","ПЛАТ","Да","уп",5,"1073,42","5367,1"]
[{"$nulls":9},{"$f":"SUBTOTAL(9,J20:J227)","v":{"v":6059785.23,"d":"6,059,785.23"}}]
["B Кроветворение и кровь "]
["B01Антикоагулянты"]
["B01AA03","антикоагулянтное средство непрямого действия","Варфарин","Варфарин Канон табл 2,5mg №50","ОМС","Да","уп",41,"139,36",{"$f":"H232*I232","v":{"v":5713.76,"d":"5,713.76"}}]
["B01AA03","антикоагулянтное средство непрямого действия","Варфарин","Варфарин-OBL табл 2,5mg №50","Бюджет","Да","уп",5,"100,1",{"$f":"H233*I233","v":500.5}]
["B01AA03","антикоагулянтное средство непрямого действия","Варфарин","Варфарин-OBL табл 2,5mg №50","ОМС","Да","уп",88,"100,1",{"v":8808.8,"d":"8,808.80"}]
["B01AA03","антикоагулянтное средство непрямого действия","Варфарин","Варфарин-OBL табл 2,5mg №50","ПЛАТ","Да","уп",2,"100,1",200.2]
["В01АВ01","антикоагулянтное средство прямого действия","Гепарин натрия","Гепарин-натрий Браун раствор для в/в и п/к  вв 5000МЕ/ml 5ml №10","Бюджет","Да","уп",169,"1380,45",233296.05000000002]
["В01АВ01","антикоагулянтное средство прямого действия","Гепарин натрия","Гепарин-натрий Браун раствор для в/в и п/к  вв 5000МЕ/ml 5ml №10","ОМС","Да","уп",3257,"1380,45",{"v":4496125.65,"d":"4,496,125.65"}]
["В01АВ01","антикоагулянтное средство прямого действия","Гепарин натрия","Гепарин-натрий Браун раствор для в/в и п/к  вв 5000МЕ/ml 5ml №10","ПЛАТ","Да","уп",138,"1380,45",190502.1]
["В01АВ05","антикоагулянтное средство прямого действия","Эноксапарин натрия","Эниксум раствор для инъекций 10000анти-Ха МЕ/1ml 0,6ml №10","ОМС","Да","уп",24,"3056,8",{"v":73363.20000000001,"d":"73,363.20"}]
["B01AB05","антикоагулянтное средство прямого действия","Эноксапарин натрия","Анфибра раствор для инъекций 2000анти-Ха МЕ/0,2ml №10","ОМС","Да","уп",10,"1799,16",{"v":17991.600000000002,"d":"17,991.60"}]
["B01AB05","антикоагулянтное средство прямого действия","Эноксапарин натрия","Анфибра раствор для инъекций 4000анти-Ха МЕ/0,4ml №10","Бюджет","Да","уп",110,"2621,11",288322.10000000003]
["B01AB05","антикоагулянтное средство прямого действия","Эноксапарин натрия","Анфибра раствор для инъекций 4000анти-Ха МЕ/0,4ml №10","ОМС","Да","уп",1237,"2621,11",{"v":3242313.0700000003,"d":"3,242,313.07"}]
["B01AB05","антикоагулянтное средство прямого действия","Эноксапарин натрия","Анфибра раствор для инъекций 4000анти-Ха МЕ/0,4ml №10","ПЛАТ","Да","уп",46,"2621,11",120571.06000000001]
["B01AB05","антикоагулянтное средство прямого действия","Эноксапарин натрия","Анфибра раствор для инъекций 6000анти-Ха МЕ/0,6ml №10","ОМС","Да","уп",75,"3387,43",{"v":254057.25,"d":"254,057.25"}]
["B01AB05","антикоагулянтное средство прямого действия","Эноксапарин натрия","Анфибра раствор для инъекций 6000анти-Ха МЕ/0,6ml №10","ПЛАТ","Да","уп",6,"3387,43",20324.579999999998]
["B01AB05","антикоагулянтное средство прямого действия","Эноксапарин натрия","Анфибра раствор для инъекций 8000анти-Ха МЕ/0,8ml №10","Бюджет","Да","уп",20,"5337,65",106753]
["B01AB05","антикоагулянтное средство прямого действия","Эноксапарин натрия","Анфибра раствор для инъекций 8000анти-Ха МЕ/0,8ml №10","ОМС","Да","уп",64,"5337,65",{"v":341609.6,"d":"341,609.60"}]
["B01AB05","антикоагулянтное средство прямого действия","Эноксапарин натрия","Анфибра раствор для инъекций 8000анти-Ха МЕ/0,8ml №10","ПЛАТ","Да","уп",8,"5337,65",42701.2]
["B01AB06","антикоагулянтное средство прямого действия","Надропарин кальция","Фраксипарин р-р д/подкож введ (шприц) 9500 МЕ/ml 0.3ml №10","Бюджет","Нет","уп",20,"2655,67",53113.4]
["B01AB06","антикоагулянтное средство прямого действия","Надропарин кальция","Фраксипарин р-р д/подкож введ (шприц) 9500 МЕ/ml 0.3ml №10","ПЛАТ","Нет","уп",5,"2655,67",13278.35]
["B01AC04","антиагрегантное средство","Клопидогрел ","Плавикс табл п/п/о 300mg №10","Бюджет","Да","уп.",8,"2288,55",18308.4]
["B01AC04","антиагрегантное средство","Клопидогрел ","Плавикс табл п/п/о 300mg №10","ОМС","Да","уп.",149,"2288,55",{"v":340993.95,"d":"340,993.95"}]
["B01AC04","антиагрегантное средство","Клопидогрел ","Плавикс табл п/п/о 75mg №100","Бюджет","Да","уп",6,"3418,4",20510.4]
["B01AC04","антиагрегантное средство","Клопидогрел ","Плавикс табл п/п/о 75mg №100","ОМС","Да","уп",274,"3418,4",{"v":936641.6,"d":"936,641.60"}]
["B01AC04","антиагрегантное средство","Клопидогрел ","Плавикс табл п/п/о 75mg №100","ПЛАТ","Да","уп",10,"3418,4",34184]
["B01AC06","антиагрегантное средство","Ацетилсалициловая кислота","Ацекардол табл п/к/р/о  300mg №30","ОМС","Да","уп",40,"42,7",{"v":1708,"d":"1,708.00"}]
["B01AC06","антиагрегантное средство","Ацетилсалициловая кислота","Ацекардол табл п/к/р/о 100mg №30","Бюджет","Да","уп",10,"22,47",224.7]
["B01AC06","антиагрегантное средство","Ацетилсалициловая кислота","Ацекардол табл п/к/р/о 100mg №30","ОМС","Да","уп",623,"22,47",{"v":13998.81,"d":"13,998.81"}]
["B01AC06","антиагрегантное средство","Ацетилсалициловая кислота","Ацекардол табл п/к/р/о 100mg №30","ПЛАТ","Да","уп",35,"22,47",786.4499999999999]
["B01AC07","вазодилатирующее средство","Дипиридамол","Дипиридамол-ФПО табл п/п/о 75mg №40","ОМС","Нет","уп",1,"599,17",599.17]
["B01AC24","антиагрегантное средство","Тикагрелор","Брилинта табл п/п/о 90mg №168","Бюджет","Да","уп",1,"14934,38",14934.38]
["B01AC24","антиагрегантное средство","Тикагрелор","Брилинта табл п/п/о 90mg №168","ОМС","Да","уп",29,"14934,38",{"v":433097.01999999996,"d":"433,097.02"}]
["B01AC24","антиагрегантное средство","Тикагрелор","Брилинта табл п/п/о 90mg №168","ПЛАТ","Да","уп",1,"14934,38",14934.38]
["B01AC30","антиагрегантное средство","Ацетилсалициловая кислота+Клопидогрел","Коплавикс табл п/п/о 100mg+75mg №28","ОМС","Нет","уп",11,3663,{"v":40293,"d":"40,293.00"}]
["B01AC30","ингибиторы агрегации тромбоцитов в комбинации","Ацетилсалициловая кислота+ Магния гидроксид","Кардиомагнил табл п/п/о 75+15,2mg №100","Бюджет","Нет","уп",50,"309,91",15495.500000000002]
["B01AC30","ингибиторы агрегации тромбоцитов в комбинации","Ацетилсалициловая кислота+ Магния гидроксид","Кардиомагнил табл п/п/о 75+15,2mg №100","ОМС","Нет","уп",79,"309,91",{"v":24482.890000000003,"d":"24,482.89"}]
["B01AC30","ингибиторы агрегации тромбоцитов в комбинации","Ацетилсалициловая кислота+ Магния гидроксид","Кардиомагнил табл п/п/о 75+15,2mg №100","ПЛАТ","Нет","уп",31,"309,91",9607.210000000001]
["B01AD","фибринолитическое средство","Проурокиназа","Гемаза лиоф-т д/пригот р-ра д/инъек. 5000МЕ №5, амп","ОМС","Да","уп",132,"922,29",{"v":121742.28,"d":"121,742.28"}]
["B01AD","фибринолитическое средство","Проурокиназа","Гемаза лиоф-т д/пригот р-ра д/инъек. 5000МЕ №5, амп","ПЛАТ","Да","уп",27,"922,29",24901.829999999998]
["B01AD02","фибринолитическое средство - активатор плазминогена","Алтеплаза ","Актилизе лиоф-т д/приг р-ра д/инф +раств в комп 50mg","ОМС","Да","уп.",88,"28755,75",{"v":2530506,"d":"2,530,506.00"}]
["B01AE07","тромбина ингибитор прямой","Дабигатрана этексилат","Прадакса капс 110mg №180","Бюджет","Да","уп",1,"11894,54",11894.54]
["B01AE07","тромбина ингибитор прямой","Дабигатрана этексилат","Прадакса капс 110mg №180","ОМС","Да","уп",14,"11894,54",{"v":166523.56,"d":"166,523.56"}]
["B01AE07","тромбина ингибитор прямой","Дабигатрана этексилат","Прадакса капс 110mg №180","ПЛАТ","Да","уп",5,"11894,54",59472.700000000004]
["B01AE07","тромбина ингибитор прямой","Дабигатрана этексилат","Прадакса капс 150mg №180","Бюджет","Да","уп",1,"11837,5",11837.5]
["B01AE07","тромбина ингибитор прямой","Дабигатрана этексилат","Прадакса капс 150mg №180","ОМС","Да","уп",21,"11837,5",{"v":248587.5,"d":"248,587.50"}]
["B01AE07","тромбина ингибитор прямой","Дабигатрана этексилат","Прадакса капс 150mg №180","ПЛАТ","Да","уп",1,"11837,5",11837.5]
["B01AF01","прямые ингибиторы фактора Ха","Ривароксабан","Ксарелто табл п/п/о 10mg №100","Бюджет","Да","уп",18,"10161,4",182905.19999999998]
["B01AF01","прямые ингибиторы фактора Ха","Ривароксабан","Ксарелто табл п/п/о 10mg №100","ОМС","Да","уп",30,"10161,4",{"v":304842,"d":"304,842.00"}]
["B01AF01","прямые ингибиторы фактора Ха","Ривароксабан","Ксарелто табл п/п/о 15mg №100","Бюджет","Да","уп",1,12540,12540]
["B01AF01","прямые ингибиторы фактора Ха","Ривароксабан","Ксарелто табл п/п/о 15mg №100","ОМС","Да","уп",32,12540,{"v":401280,"d":"401,280.00"}]
["B01AF01","прямые ингибиторы фактора Ха","Ривароксабан","Ксарелто табл п/п/о 15mg №100","ПЛАТ","Да","уп",7,12540,87780]
["B01AF01","прямые ингибиторы фактора Ха","Ривароксабан","Ксарелто табл п/п/о 20mg №100","Бюджет","Да","уп",1,12540,12540]
["B01AF01","прямые ингибиторы фактора Ха","Ривароксабан","Ксарелто табл п/п/о 20mg №100","ОМС","Да","уп",42,12540,{"v":526680,"d":"526,680.00"}]
["B01AF01","прямые ингибиторы фактора Ха","Ривароксабан","Ксарелто табл п/п/о 20mg №100","ПЛАТ","Да","уп",2,12540,25080]
["B01AF02","антикоагулянтное средство прямого действия","Апиксабан","Эликвис табл 5mg №20","Бюджет","Да","уп",20,"846,7",16934]
["B01AF02","антикоагулянтное средство прямого действия","Апиксабан","Эликвис табл 5mg №20","ОМС","Да","уп",344,"846,7",{"v":291264.8,"d":"291,264.80"}]
["B01AF02","антикоагулянтное средство прямого действия","Апиксабан","Эликвис табл 5mg №20","ПЛАТ","Да","уп",26,"846,7",22014.2]
["B01AF02","антикоагулянтное средство прямого действия","Апиксабан","Эликвис табл п/п/о 2,5mg №20","ОМС","Да","уп",215,"848,65",{"v":182459.75,"d":"182,459.75"}]
["B01AF02","антикоагулянтное средство прямого действия","Апиксабан","Эликвис табл п/п/о 2,5mg №20","ПЛАТ","Да","уп",30,"848,65",25459.5]
["B01AF02","антикоагулянтное средство прямого действия","Апиксабан","Эликвис табл п/п/о 5mg №60","ПЛАТ","Да","уп",7,"2540,6",17784.2]
["B01AX05","антитромботическое средство","Фондапаринукс натрия","Арикстра раствор для в/в и п/к  вв 2,5mg/0,5ml 0,5ml №10","ОМС","Нет","уп",105,"7677,25",{"v":806111.25,"d":"806,111.25"}]
["B01AX05","антитромботическое средство","Фондапаринукс натрия","Арикстра раствор для в/в и п/к  вв 2,5mg/0,5ml 0,5ml №10","ПЛАТ","Нет","уп",6,"7677,25",46063.5]
["B02Гемостатические препараты",{"$nulls":8},{"v":0,"d":"0.00"}]
["B02AA01","гемостатическое средство - ингибитор фибринолиза","Аминокапроновая кислота","Аминокапроновая кислота  раствор для инфузий 50mg/ml 100ml №1","Бюджет","Да","уп.",50,{"v":49896,"d":"49,896"},2494800]
["B02AA01","гемостатическое средство - ингибитор фибринолиза","Аминокапроновая кислота","Аминокапроновая кислота  раствор для инфузий 50mg/ml 100ml №1","ОМС","Да","уп.",800,49.896,{"v":39916.8,"d":"39,916.80"}]
["B02AA01","гемостатическое средство - ингибитор фибринолиза","Аминокапроновая кислота","Аминокапроновая кислота  раствор для инфузий 50mg/ml 100ml №1","ПЛАТ","Да","уп.",15,{"v":49896,"d":"49,896"},748440]
["B02AA02","гемостатическое средство - ингибитор фибринолиза","Транексамовая кислота","Транексамовая кислота  раствор для в/в  вв 50mg/ml 5ml №10","Бюджет","Да","уп",30,1254,{"$f":"H297*I297","v":37620}]
["B02AA02","гемостатическое средство - ингибитор фибринолиза","Транексамовая кислота","Транексамовая кислота  раствор для в/в  вв 50mg/ml 5ml №10","ОМС","Да","уп",122,1254,{"v":152988,"d":"152,988.00"}]
["B02AA02","гемостатическое средство - ингибитор фибринолиза","Транексамовая кислота","Транексамовая кислота  раствор для в/в  вв 50mg/ml 5ml №10","ПЛАТ","Да","уп",15,1254,18810]
["B02AA02","гемостатическое средство - ингибитор фибринолиза","Транексамовая кислота ","Траксара раствор для в/в  вв 50 mg/ml 5ml №10","Бюджет","Да","уп",24,"1462,41",35097.840000000004]
["B02AA02","гемостатическое средство - ингибитор фибринолиза","Транексамовая кислота ","Траксара раствор для в/в  вв 50 mg/ml 5ml №10","ОМС","Да","уп",136,"1462,41",{"v":198887.76,"d":"198,887.76"}]
["B02AA02","гемостатическое средство - ингибитор фибринолиза","Транексамовая кислота ","Траксара раствор для в/в  вв 50 mg/ml 5ml №10","ПЛАТ","Да","уп",8,"1462,41",11699.28]
["B02AA02","гемостатическое средство - ингибитор фибринолиза","Транексамовая кислота ","Транексам табл п/п/о 250mg №30","ОМС","Да","уп",7,"566,3",{"v":3964.0999999999995,"d":"3,964.10"}]
["B02AA02","гемостатическое средство - ингибитор фибринолиза","Транексамовая кислота ","Транексам табл п/п/о 250mg №30","ПЛАТ","Да","уп",1,"566,3",566.3]
["B02AB01","протеолиза ингибитор","Апротинин","Гордокс раствор для в/в  вв 10000 КИЕ/ml 10ml №25","Бюджет","Да","уп",11,"5378,31",59161.41]
["B02AB01","протеолиза ингибитор","Апротинин","Гордокс раствор для в/в  вв 10000 КИЕ/ml 10ml №25","ОМС","Да","уп",22,"5378,31",{"v":118322.82,"d":"118,322.82"}]
["B02AB01","протеолиза ингибитор","Апротинин","Гордокс раствор для в/в  вв 10000 КИЕ/ml 10ml №25","ПЛАТ","Да","уп",1,"5378,31",5378.31]
["B02BA02","витамина K аналог синтетический","Менадиона натрия бисульфит","Викасол амп 10mg/ml 1ml №10","ОМС","Да","уп",166,"74,87",{"v":12428.42,"d":"12,428.42"}]
["B02BA02","витамина K аналог синтетический","Менадиона натрия бисульфит","Викасол амп 10mg/ml 1ml №10","ПЛАТ","Да","уп",4,"74,87",299.48]
["B02BC09","альфа- и бета-адреномиметик","Эпинефрин","Адреналин  раствор для инъекций 1mg/ml 1ml №5","Бюджет","Да","уп",26,"79,44",2065.44]
["B02BC09","альфа- и бета-адреномиметик","Эпинефрин","Адреналин  раствор для инъекций 1mg/ml 1ml №5","ОМС","Да","уп",2066,"79,44",{"v":164123.04,"d":"164,123.04"}]
["B02BC09","альфа- и бета-адреномиметик","Эпинефрин","Адреналин  раствор для инъекций 1mg/ml 1ml №5","ПЛАТ","Да","уп",13,"79,44",1032.72]
["B02BC09","альфа- и бета-адреномиметик","Эпинефрин","Адреналин  раствор для инъекций 1mg/ml 1ml №5","Ф.кв. ОРТО","Да","уп",1,"79,44",79.44]
["B02BX01","гемостатическое средство","Этамзилат","Этамзилат-Ферейн раствор для инъекций 125mg/ml 2ml №10","Бюджет","Да","уп",100,"63,47",6347]
["B02BX01","гемостатическое средство","Этамзилат","Этамзилат-Ферейн раствор для инъекций 125mg/ml 2ml №10","ОМС","Да","уп",1456,"63,47",{"v":92412.31999999999,"d":"92,412.32"}]
["B02BX01","гемостатическое средство","Этамзилат","Этамзилат-Ферейн раствор для инъекций 125mg/ml 2ml №10","ПЛАТ","Да","уп",1,"63,47",63.47]
["B02BX01","гемостатическое средство","Этамзилат","Этамзилат-Эском раствор д/инъекций и наруж прим 125mg/ml 2ml №10","Бюджет","Да","уп",50,"25,67",1283.5]
["B02BX01","гемостатическое средство","Этамзилат","Этамзилат-Эском раствор д/инъекций и наруж прим 125mg/ml 2ml №10","ОМС","Да","уп",570,"25,67",{"v":14631.900000000001,"d":"14,631.90"}]
["B02BX01","гемостатическое средство","Этамзилат","Этамзилат-Эском раствор д/инъекций и наруж прим 125mg/ml 2ml №10","ПЛАТ","Да","уп",5,"25,67",128.35000000000002]
["B03Антианемические препараты",{"$nulls":8},{"v":0,"d":"0.00"}]
["B03A","железа препарат","Железа [III] гидроксид декстран","Феррум Лек раствор для в/м вв 50mg/ml 2ml №50","ОМС","Нет","уп",5,"10939,54",{"v":54697.700000000004,"d":"54,697.70"}]
["B03A","железа препарат","Железа [III] гидроксид декстран","Феррум Лек раствор для в/м вв 50mg/ml 2ml №50","ПЛАТ","Нет","уп","1,4","10939,54",{"v":15315.356,"d":"15,315"}]
["B03A","железа препарат","Железа [III] гидроксид декстран","Феррум Лек табл жеват 100mg №30","Бюджет","Да","уп",3,"291,08",873.24]
["B03A","железа препарат","Железа [III] гидроксид декстран","Феррум Лек табл жеват 100mg №30","ОМС","Да","уп",105,"291,08",{"v":30563.399999999998,"d":"30,563.40"}]
["B03A","железа препарат","Железа [III] гидроксид декстран","Феррум Лек табл жеват 100mg №30","ПЛАТ","Да","уп",13,"291,08",3784.04]
["B03AC","железа препарат","Железа [III] гидроксид сахарозный комплекс","Венофер раствор для в/в  вв 20mg/ml 5ml №5","Бюджет","Да","уп",2,"4293,43",8586.86]
["B03AC","железа препарат","Железа [III] гидроксид сахарозный комплекс","Венофер раствор для в/в  вв 20mg/ml 5ml №5","ОМС","Да","уп",39,"4293,43",{"v":167443.77000000002,"d":"167,443.77"}]
["B03AC","железа препарат","Железа [III] гидроксид сахарозный комплекс","Венофер раствор для в/в  вв 20mg/ml 5ml №5","ПЛАТ","Да","уп",57,"4293,43",244725.51]
["B03AC","железа препарат","Железа [III] гидроксид сахарозный комплекс","Железа [III] гидроксид сахарозный комплекс раствор для в/в  вв 20mg/ml 5ml №5","Бюджет","Да","уп",8,"3572,13",28577.04]
["B03AC","железа препарат","Железа [III] гидроксид сахарозный комплекс","Железа [III] гидроксид сахарозный комплекс раствор для в/в  вв 20mg/ml 5ml №5","ОМС","Да","уп",213,"3572,13",{"v":760863.6900000001,"d":"760,863.69"}]
["B03AC","железа препарат","Железа [III] гидроксид сахарозный комплекс","Железа [III] гидроксид сахарозный комплекс раствор для в/в  вв 20mg/ml 5ml №5","ПЛАТ","Да","уп",33,"3572,13",117880.29000000001]
["B03AE03","железа препарат+витамин","Железа сульфат+Аскорбиновая кислота","Сорбифер Дурулес табл п/о №50","ОМС","Нет","уп",262,"532,84",{"v":139604.08000000002,"d":"139,604.08"}]
["B03AE03","железа препарат+витамин","Железа сульфат+Аскорбиновая кислота","Сорбифер Дурулес табл п/о №50","ПЛАТ","Нет","уп",34,"532,84",18116.56]
["B03BA01","витамин","Цианокобаламин","Цианокобаламин раствор для инъекций 0,5mg/ml 1ml №10","Бюджет","Да","уп",5,"27,93",139.65]
["B03BA01","витамин","Цианокобаламин","Цианокобаламин раствор для инъекций 0,5mg/ml 1ml №10","ОМС","Да","уп",1224,"27,93",{"v":34186.32,"d":"34,186.32"}]
["B03BA01","витамин","Цианокобаламин","Цианокобаламин раствор для инъекций 0,5mg/ml 1ml №10","ПЛАТ","Да","уп",35,"27,93",977.55]
["B03BB01","витамин","Фолиевая кислота","9 месяцев Фолиевая кислота табл п/п/о 400mkg №30","ОМС","Да","уп",5,"115,29",576.45]
["B03BB01","витамин","Фолиевая кислота","Фолиевая кислота табл 1mg №50","ОМС","Да","уп",114,"31,65",{"v":3608.1,"d":"3,608.10"}]
["B03BB01","витамин","Фолиевая кислота","Фолиевая кислота табл 1mg №50","ПЛАТ","Да","уп",10,"31,65",316.5]
["B05Плазмозамещающие и перфузионные растворы",{"$nulls":8},{"v":0,"d":"0.00"}]
["B05AA01","плазмозамещающее средство","Альбумин человека","Альбумин раствор для инфузий 20% 50ml №1","Бюджет","Да","уп",10,1881,18810]
["B05AA01","плазмозамещающее средство","Альбумин человека","Альбумин раствор для инфузий 20% 50ml №1","ОМС","Да","уп",607,1881,{"v":1141767,"d":"1,141,767.00"}]
["B05AA01","плазмозамещающее средство","Альбумин человека","Альбумин раствор для инфузий 20% 50ml №1","ПЛАТ","Да","уп",31,1881,58311]
["В05АА06","плазмозамещающее средство","Желатин","Гелофузин раствор для инфузий 4% 500мл №10","Бюджет","Да","уп",37,"2337,19",86476.03]
["В05АА06","плазмозамещающее средство","Желатин","Гелофузин раствор для инфузий 4% 500мл №10","ОМС","Да","уп",134,"2337,19",{"v":313183.46,"d":"313,183.46"}]
["В05АА06","плазмозамещающее средство","Желатин","Гелофузин раствор для инфузий 4% 500мл №10","ПЛАТ","Да","уп",1,"2337,19",2337.19]
["B05AA07","плазмозамещающее средство","~","Волюлайт раствор для инфузий 500ml №20","Бюджет","Да",null,1,"12489,84",12489.84]
["B05AA07","плазмозамещающее средство","~","Волюлайт раствор для инфузий 500ml №20","ОМС","Да",null,7,"12489,84",{"v":87428.88,"d":"87,428.88"}]
["B05AA07","плазмозамещающее средство","Гидроксиэтилкрахмал","Венофундин раствор для инфузий 6% 500ml №10","Бюджет","Да","уп",14,"4078,34",57096.76]
["B05AA07","плазмозамещающее средство","Гидроксиэтилкрахмал","Венофундин раствор для инфузий 6% 500ml №10","ОМС","Да","уп",13,"4078,34",{"v":53018.42,"d":"53,018.42"}]
["B05AA07","плазмозамещающее средство","Гидроксиэтилкрахмал","Венофундин раствор для инфузий 6% 500ml №10","ПЛАТ","Да","уп",1,"4078,34",4078.34]
["B05AA07","плазмозамещающее средство","Гидроксиэтилкрахмал","Волювен раствор для инфузий 6% 500ml №10","Бюджет","Да","уп",38,"4378,91",166398.58]
["B05AA07","плазмозамещающее средство","Гидроксиэтилкрахмал","Волювен раствор для инфузий 6% 500ml №10","ОМС","Да","уп",60,"4378,91",{"v":262734.6,"d":"262,734.60"}]
["B05AA07","плазмозамещающее средство","Гидроксиэтилкрахмал","Тетраспан 6 раствор для инфузий 500ml №10","Бюджет","Да","уп",14,"4715,11",66011.54]
["B05AA07","плазмозамещающее средство","Гидроксиэтилкрахмал","Тетраспан 6 раствор для инфузий 500ml №10","ОМС","Да","уп",15,"4715,11",{"v":70726.65,"d":"70,726.65"}]
["B05BA01","питания парентерального средство - аминокислоты","Аминокислоты для парентерального питания + Прочие препараты ","Аминосол-Нео Е  раствор для инфузий 10% 500ml","ОМС","Да","уп",5,"330,91",{"v":1654.5500000000002,"d":"1,654.55"}]
["B05BA01","питания парентерального средство - аминокислоты","Аминокислоты для парентерального питания + Прочие препараты ","Аминосол-Нео Е  раствор для инфузий 10% 500ml","ПЛАТ","Да","уп",20,"330,91",6618.200000000001]
["B05BA01","питания парентерального средство - аминокислоты","Аминокислоты для парентерального питания + Прочие препараты [Минералы] ","Аминоплазмаль Б. Браун Е 10  раствор для инфузий 500ml №10","ОМС","Да","уп",70,"4691,81",{"v":328426.7,"d":"328,426.70"}]
["B05BA01","питания парентерального средство - аминокислоты","Аминокислоты для парентерального питания + Прочие препараты [Минералы] ","Аминоплазмаль Б. Браун Е 10  раствор для инфузий 500ml №10","ПЛАТ","Да","уп",1,"4691,81",4691.81]
["B05BA02","питания парентерального средство","Аминокислоты для парентерального питания + Прочие препараты [Жировые эмульсии для парентерального питания + Декстроза + Минералы","Кабивен центральный эмульсия для инфузий 1540ml №4","Бюджет","Да","уп",1,"5702,82",5702.82]
["B05BA02","питания парентерального средство","Аминокислоты для парентерального питания + Прочие препараты [Жировые эмульсии для парентерального питания + Декстроза + Минералы","Кабивен центральный эмульсия для инфузий 1540ml №4","ОМС","Да","уп",1,"5702,82",{"$f":"H361*I361","v":{"v":5702.82,"d":"5,702.82"}}]
["B05BA02","питания парентерального средство","Аминокислоты для парентерального питания + Прочие препараты [Жировые эмульсии для парентерального питания + Декстроза + Минералы]","Кабивен периферический эмульсия для инфузий 1920ml №4","ОМС","Да","уп",1,"6353,26",{"v":6353.26,"d":"6,353.26"}]
["В05ВА03","питания углеводного средство","Декстроза","Глюкоза-СОЛОфарм раствор для инфузий 10% 500ml №1","ОМС","Да","уп",120,"55,99",{"v":6718.8,"d":"6,718.80"}]
["B05BA03","питания углеводного средство","Декстроза","Глюкоза раствор для в/в  вв 400mg/ml 10ml №10","Бюджет","Да","уп",3,"44,71",134.13]
["B05BA03","питания углеводного средство","Декстроза","Глюкоза раствор для в/в  вв 400mg/ml 10ml №10","ОМС","Да","уп",280,"44,71",{"v":12518.800000000001,"d":"12,518.80"}]
["B05BA03","питания углеводного средство","Декстроза","Глюкоза раствор для инфузий 20% 500ml №12","ОМС","Да","уп",3,"699,54",{"v":2098.62,"d":"2,098.62"}]
["B05BA03","питания углеводного средство","Декстроза","Глюкоза раствор для инфузий 5% 250ml №10","Бюджет","Да","уп",30,"521,15",15634.5]
["B05BA03","питания углеводного средство","Декстроза","Глюкоза раствор для инфузий 5% 250ml №10","ОМС","Да","уп",1725,"521,15",{"v":898983.75,"d":"898,983.75"}]
["B05BA03","питания углеводного средство","Декстроза","Глюкоза раствор для инфузий 5% 250ml №10","ПЛАТ","Да","уп",3,"521,15",1563.4499999999998]
["B05BA03","питания углеводного средство","Декстроза","Глюкоза раствор для инфузий 5% 500ml №10","Бюджет","Да","уп",1,"344,88",344.88]
["B05BA03","питания углеводного средство","Декстроза","Глюкоза раствор для инфузий 5% 500ml №10","ОМС","Да","уп",997,"344,88",{"v":343845.36,"d":"343,845.36"}]
["B05BA03","питания углеводного средство","Декстроза","Глюкоза раствор для инфузий 5% 500ml №10","ПЛАТ","Да","уп",7,"344,88",2414.16]
["B05BA04","питания парентерального средство - аминокислоты","Аминокислоты для парентерального питания ","Гепасол-Нео  раствор для инфузий  8% 500ml №1","ОМС","Да","уп",10,"331,98",{"v":3319.8,"d":"3,319.80"}]
["B05BA04","питания парентерального средство - аминокислоты","Аминокислоты для парентерального питания ","Гепасол-Нео  раствор для инфузий  8% 500ml №1","ПЛАТ","Да","уп",10,"331,98",3319.8]
["B05BA10","питания парентерального средство","Аминокислоты для парентерального питания + Прочие препараты [Декстроза + Минералы","Нутрифлекс липид эмульсия для инфузий 48/150 1250ml №5","ОМС","Да","уп.",10,"8222,6",{"v":82226,"d":"82,226.00"}]
["B05BA10","питания парентерального средство","Аминокислоты для парентерального питания + Прочие препараты [Жировые эмульсии для парентерального питания + Декстроза + Минералы","Оликлиномель N4-550 Е  эмульсия для инфузий 1500ml №4","ОМС","Да","уп.",6,"6352,06",{"v":38112.36,"d":"38,112.36"}]
["B05BB","Растворы влияющие на водно-электролитный баланс","Меглюмина натрия сукцинат","Реамберин раствор для инфузий 1,5% 400ml №1","ПЛАТ","Да","уп",20,"221,07",4421.4]
["B05BB","Растворы влияющие на водно-электролитный баланс","Меглюмина натрия сукцинат","Реамберин раствор для инфузий 1,5% 500ml №20","Бюджет","Да","уп",210,"3469,06",728502.6]
["B05BB","Растворы влияющие на водно-электролитный баланс","Меглюмина натрия сукцинат","Реамберин раствор для инфузий 1,5% 500ml №20","ОМС","Да","уп",151,"3469,06",{"v":523828.06,"d":"523,828.06"}]
["B05BB","Растворы влияющие на водно-электролитный баланс","Меглюмина натрия сукцинат","Реамберин раствор для инфузий 1,5% 500ml №20","ПЛАТ","Да","уп",20,"3469,06",69381.2]
["B05BB01","регидратирующее средство","Калия хлорид+Кальция хлорид+Натрия хлорид","Рингер раствор для инфузий 500ml №10","Бюджет","Да","уп",45,"399,71",17986.95]
["B05BB01","регидратирующее средство","Калия хлорид+Кальция хлорид+Натрия хлорид","Рингер раствор для инфузий 500ml №10","ОМС","Да","уп",225,"399,71",{"v":89934.75,"d":"89,934.75"}]
["B05BB01","регидратирующее средство","Калия хлорид+Кальция хлорид+Натрия хлорид","Рингер раствор для инфузий 500ml №10","ПЛАТ","Да","уп",11,"399,71",4396.8099999999995]
["B05BB01","регидратирующее средство","Калия хлорид+Магния хлорид+Натрия хлорид+Натрия фумарат","Мафусол раствор для инфузий 500ml","ОМС","Нет","уп",530,"208,8",{"v":110664,"d":"110,664.00"}]
["B05BB01","регидратирующее средство","Калия хлорид+Магния хлорид+Натрия хлорид+Натрия фумарат","Мафусол раствор для инфузий 500ml","ПЛАТ","Нет","уп",10,"208,8",2088]
["B05BB01","регидратирующее средство","Натрия ацетат+Натрия хлорид+Калия хлорид","Ацесоль раствор для инфузий 400ml №12","ОМС","Да","уп",413,"418,81",{"v":172968.53,"d":"172,968.53"}]
["B05BB01","регидратирующее средство","Натрия ацетат+Натрия хлорид+Калия хлорид","Ацесоль раствор для инфузий 400ml №12","ПЛАТ","Да","уп",5,"418,81",2094.05]
["B05BB01","регидратирующее средство","Стерофундин изотонический","Стерофундин изотонический раствор для инфузий 1000ml №10","Бюджет","Да","уп",26,"1379,4",35864.4]
["B05BB01","регидратирующее средство","Стерофундин изотонический","Стерофундин изотонический раствор для инфузий 1000ml №10","ОМС","Да","уп",300,"1379,4",{"v":413820,"d":"413,820.00"}]
["B05BB01","регидратирующее средство","Стерофундин изотонический","Стерофундин изотонический раствор для инфузий 500ml №10","Бюджет","Да","уп",22,"971,22",21366.84]
["B05BB01","регидратирующее средство","Стерофундин изотонический","Стерофундин изотонический раствор для инфузий 500ml №10","ОМС","Да","уп",400,"971,22",{"v":388488,"d":"388,488.00"}]
["B05BB01","регидратирующее средство","Стерофундин изотонический","Стерофундин изотонический раствор для инфузий 500ml №10","ПЛАТ","Да","уп",91,"971,22",88381.02]
["B05BB01","электролитов баланс восстанавливающее средство","Калия хлорид + Магния хлорид + Натрия ацетат + Натрия глюконат + Натрия хлорид","Плазма-Лит 148 Водный Раствор раствор для инфузий 1000ml №10","Бюджет","Нет","уп",10,"2694,61",26946.100000000002]
["B05BB01","электролитов баланс восстанавливающее средство","Калия хлорид + Магния хлорид + Натрия ацетат + Натрия глюконат + Натрия хлорид","Плазма-Лит 148 Водный Раствор раствор для инфузий 1000ml №10","ОМС","Нет","уп",40,"2694,61",{"v":107784.40000000001,"d":"107,784.40"}]
["B05BC01","регидратирующее средство","Маннитол","Маннит раствор для инфузий 150mg/ml 400ml №1","Бюджет","Да","уп",50,"150,96",7548]
["B05BC01","регидратирующее средство","Маннитол","Маннит раствор для инфузий 150mg/ml 400ml №1","ОМС","Да","уп",90,"150,96",{"v":13586.400000000001,"d":"13,586.40"}]
["B05CB01","регидратирующее средство","Натрия хлорид","Натрия хлорид раствор для инфузий 0,9% 250ml","Бюджет","Да","уп",350,"52,8",18480]
["B05CB01","регидратирующее средство","Натрия хлорид","Натрия хлорид раствор для инфузий 0,9% 250ml","ОМС","Да","уп",29487,"52,8",{"v":1556913.5999999999,"d":"1,556,913.60"}]
["B05CB01","регидратирующее средство","Натрия хлорид","Натрия хлорид раствор для инфузий 0,9% 250ml №10","Б.Опк","Да","уп",20,"430,1",8602]
["B05CB01","регидратирующее средство","Натрия хлорид","Натрия хлорид раствор для инфузий 0,9% 250ml №10","Бюджет","Да","уп",326,"430,1",140212.6]
["B05CB01","регидратирующее средство","Натрия хлорид","Натрия хлорид раствор для инфузий 0,9% 250ml №10","ОМС","Да","уп",14103,"430,1",{"v":6065700.300000001,"d":"6,065,700.30"}]
["B05CB01","регидратирующее средство","Натрия хлорид","Натрия хлорид раствор для инфузий 0,9% 250ml №10","ПЛАТ","Да","уп",640,"430,1",275264]
["B05CB01","регидратирующее средство","Натрия хлорид","Натрия хлорид раствор для инфузий 0,9% 500ml","Б.Опк","Да","уп",1000,{"v":62491,"d":"62,491"},62491000]
["B05CB01","регидратирующее средство","Натрия хлорид","Натрия хлорид раствор для инфузий 0,9% 500ml","Бюджет","Да","уп",300,{"v":62491,"d":"62,491"},18747300]
["B05CB01","регидратирующее средство","Натрия хлорид","Натрия хлорид раствор для инфузий 0,9% 500ml","ОМС","Да","уп",29752,62.491,{"v":1859232.232,"d":"1,859,232.23"}]
["B05CB01","регидратирующее средство","Натрия хлорид","Натрия хлорид раствор для инфузий 0,9% 500ml №10","Бюджет","Да","уп",346,"342,28",118428.87999999999]
["B05CB01","регидратирующее средство","Натрия хлорид","Натрия хлорид раствор для инфузий 0,9% 500ml №10","ОМС","Да","уп",5746,"342,28",{"v":1966740.88,"d":"1,966,740.88"}]
["B05CB01","регидратирующее средство","Натрия хлорид","Натрия хлорид раствор для инфузий 0,9% 500ml №10","ПЛАТ","Да","уп",255,"342,28",87281.4]
["В05СВ01","регидратирующее средство","Натрия хлорид","Натрия хлорид-СОЛОфарм  раствор для инфузий 0,9% 100ml №36","ОМС","Да","уп",6,"1130,4",{"v":6782.400000000001,"d":"6,782.40"}]
["В05СВ01","регидратирующее средство","Натрия хлорид","Натрия хлорид-СОЛОфарм  раствор для инфузий 0,9% 250ml №1","ОМС","Да","уп",2500,"53,76",{"v":134400,"d":"134,400.00"}]
["В05СВ01","регидратирующее средство","Натрия хлорид","Натрия хлорид-СОЛОфарм  раствор для инфузий 0,9% 500ml №1","ОМС","Да","уп",1000,"68,74",{"v":68740,"d":"68,740.00"}]
["B05CB04","антиацидемическое средство","Натрия гидрокарбонат","Натрия гидрокарбонат раствор для инфузий 5% 200ml №1","Бюджет","Да","бутылка",122,"33,19",4049.18]
["B05CB04","антиацидемическое средство","Натрия гидрокарбонат","Натрия гидрокарбонат раствор для инфузий 5% 200ml №1","ОМС","Да","бутылка",1847,"33,19",{"v":61301.92999999999,"d":"61,301.93"}]
["B05CB04","антиацидемическое средство","Натрия гидрокарбонат","Натрия гидрокарбонат раствор для инфузий 5% 200ml №1","ПЛАТ","Да","бутылка",50,"33,19",1659.5]
["B05CB04","антиацидемическое средство","Натрия гидрокарбонат","Натрия гидрокарбонат-Эском раствор для инфузий 5% 200ml №1","ПЛАТ","Да","фл",50,"31,5",1575]
["B05XA05","вазодилатирующее средство","Магния сульфат","Магния сульфат раствор для в/в  вв 250mg/ml 10ml №10","Бюджет","Да","уп",108,"46,31",5001.4800000000005]
["B05XA05","вазодилатирующее средство","Магния сульфат","Магния сульфат раствор для в/в  вв 250mg/ml 10ml №10","ОМС","Да","уп",4888,"46,31",{"v":226363.28,"d":"226,363.28"}]
["B05XA05","вазодилатирующее средство","Магния сульфат","Магния сульфат раствор для в/в  вв 250mg/ml 10ml №10","ПЛАТ","Да","уп",275,"46,31",12735.25]
["B05XA07","кальциево-фосфорного обмена регулятор","Кальция хлорид","Кальция хлорид раствор для в/в  вв 100mg/ml 10ml №10","Б.Опк","Нет","уп",2,"55,5",111]
["B05XA07","кальциево-фосфорного обмена регулятор","Кальция хлорид","Кальция хлорид раствор для в/в  вв 100mg/ml 10ml №10","ОМС","Нет","уп",435,"55,5",{"v":24142.5,"d":"24,142.50"}]
["B05XA07","кальциево-фосфорного обмена регулятор","Кальция хлорид","Кальция хлорид раствор для в/в  вв 100mg/ml 10ml №10","ПЛАТ","Нет","уп",3,"55,5",166.5]
["B05XA16","кардиоплегическое средство","~","Кустодиол раствор для внутрикоронарных перфузий  1000ml","Бюджет","Нет","уп",100,15207,1520700]
["B05XA16","кардиоплегическое средство","~","Кустодиол раствор для внутрикоронарных перфузий  1000ml","ОМС","Нет","уп",100,15207,{"v":1520700,"d":"1,520,700.00"}]
["B06Другие гематологические препараты",{"$nulls":8},{"v":0,"d":"0.00"}]
["В06АВ","репарации тканей стимулятор","Депротеинизированный гемодериват крови телят","Актовегин раствор для инъекций 40mg/ml 5ml №5","ОМС","Нет","уп",380,"623,73",{"$f":"H425*I425","v":{"v":237017.4,"d":"237,017.40"}}]
["В06АВ","репарации тканей стимулятор","Депротеинизированный гемодериват крови телят","Актовегин раствор для инъекций 40mg/ml 5ml №5","ПЛАТ","Нет","уп",253,"623,73","157717,9"]
[{"$nulls":9},{"$f":"SUBTOTAL(9,J232:J425)","v":{"v":37008941.672000006,"d":"37,008,941.67"}}]
["C Сердечно-сосудистая система "]
["C01Препараты для лечения заболеваний сердца"]
["C01AA05","кардиотоническое средство - сердечный гликозид","Дигоксин","Дигоксин раствор для в/в  вв 0,025% 1 ml №10","Бюджет","Да","уп",2,"41,51","83,02"]
["C01AA05","кардиотоническое средство - сердечный гликозид","Дигоксин","Дигоксин раствор для в/в  вв 0,025% 1 ml №10","ОМС","Да","уп",212,"41,51",{"$f":"H431*I431","v":{"v":8800.119999999999,"d":"8,800.12"}}]
["C01AA05","кардиотоническое средство - сердечный гликозид","Дигоксин","Дигоксин раствор для в/в  вв 0,025% 1 ml №10","ПЛАТ","Да","уп",10,"41,51",{"$f":"H432*I432","v":415.09999999999997}]
["C01AA05","кардиотоническое средство - сердечный гликозид","Дигоксин","Дигоксин табл 250mkg №30","Бюджет","Да","уп",5,"34,66",173.29999999999998]
["C01AA05","кардиотоническое средство - сердечный гликозид","Дигоксин","Дигоксин табл 250mkg №30","ОМС","Да","уп",186,"34,66",{"v":6446.759999999999,"d":"6,446.76"}]
["C01AA05","кардиотоническое средство - сердечный гликозид","Дигоксин","Дигоксин табл 250mkg №30","ПЛАТ","Да","уп",10,"34,66",346.59999999999997]
["C01BA02","антиаритмическое средство","Прокаинамид","Новокаинамид раствор для в/в и в/м вв 100mg/ml 5ml №10","ОМС","Да","уп",20,"185,51",{"v":3710.2,"d":"3,710.20"}]
["С01ВС03","антиаритмическое средство","Пропафенон","Пропафенон  табл п/п/о 150mg №50","ОМС","Да","уп",22,"390,88",{"v":8599.36,"d":"8,599.36"}]
["C01BD01","антиаритмическое средство","Амиодарон","Веро-Амиодарон раствор для в/в  вв 50mg/ml 3ml №5","ОМС","Да","уп.",90,"218,59",{"v":19673.1,"d":"19,673.10"}]
["C01BD01","антиаритмическое средство","Амиодарон","Веро-Амиодарон раствор для в/в  вв 50mg/ml 3ml №5","ПЛАТ","Да","уп.",10,"218,59",2185.9]
["С01BD01","антиаритмическое средство","Амиодарон","Амиодарон конц-т д/приг раствора для в/в вв 50mg/ml 3ml №10","Бюджет","Да","уп",40,"240,47",9618.8]
["С01BD01","антиаритмическое средство","Амиодарон","Амиодарон конц-т д/приг раствора для в/в вв 50mg/ml 3ml №10","ОМС","Да","уп",1243,"240,47",{"v":298904.21,"d":"298,904.21"}]
["С01BD01","антиаритмическое средство","Амиодарон","Амиодарон табл 200mg №30","Бюджет","Да","уп",30,"183,56",5506.8]
["С01BD01","антиаритмическое средство","Амиодарон","Амиодарон табл 200mg №30","ОМС","Да","уп",440,"183,56",{"v":80766.4,"d":"80,766.40"}]
["С01BD01","антиаритмическое средство","Амиодарон","Амиодарон табл 200mg №30","ПЛАТ","Да","уп",20,"183,56",3671.2]
["C01CA03","альфа- и бета-адреномиметик","Норэпинефрин","Норэпинефрин конц-т д/приг раствора для в/в вв 2mg/ml 4ml №10","Бюджет","Да","уп",12,{"v":11615802,"d":"11,615,802"},{"v":139389624,"d":"139,389,624"}]
["C01CA03","альфа- и бета-адреномиметик","Норэпинефрин","Норэпинефрин конц-т д/приг раствора для в/в вв 2mg/ml 4ml №10","ОМС","Да","уп",128,1161.5802,{"v":148682.2656,"d":"148,682.27"}]
["C01CA04","кардиотоническое средство негликозидной структуры","Допамин","Дофамин конц-т д/приг раствора для инфузий 40mg/ml 5ml №10","Бюджет","Да","уп",30,"278,3",8349]
["C01CA04","кардиотоническое средство негликозидной структуры","Допамин","Дофамин конц-т д/приг раствора для инфузий 40mg/ml 5ml №10","ОМС","Да","уп",465,"278,3",{"v":129409.5,"d":"129,409.50"}]
["C01CA04","кардиотоническое средство негликозидной структуры","Допамин","Дофамин конц-т д/приг раствора для инфузий 5mg/ml 5ml №5","ОМС","Да","уп",150,"67,85",{"v":10177.5,"d":"10,177.50"}]
["C01CA06","альфа-адреномиметик","Фенилэфрин","Мезатон раствор для инъекций 10mg/ml 1ml №10","Бюджет","Да","уп",76,"93,68",7119.68]
["C01CA06","альфа-адреномиметик","Фенилэфрин","Мезатон раствор для инъекций 10mg/ml 1ml №10","ОМС","Да","уп",965,"93,68",{"v":90401.20000000001,"d":"90,401.20"}]
["C01CA06","альфа-адреномиметик","Фенилэфрин","Мезатон раствор для инъекций 10mg/ml 1ml №10","ПЛАТ","Да","уп",30,"93,68",2810.4]
["C01CA06","альфа-адреномиметик","Фенилэфрин","Релиф супп рект 5mg №12","ПЛАТ","Нет","уп",15,"466,19",6992.85]
["C01CA07","кардиотоническое средство негликозидной структуры","Добутамин","Добутамин Гексал лиоф-т д/пригот р-ра д/инф 250mg №1","Бюджет","Да","уп",40,"399,74",15989.6]
["C01CA07","кардиотоническое средство негликозидной структуры","Добутамин","Добутамин Гексал лиоф-т д/пригот р-ра д/инф 250mg №1","ОМС","Да","уп",80,"399,74",{"v":31979.2,"d":"31,979.20"}]
["C01CX08","кардиотоническое средство негликозидной структуры","Левосимендан","Симдакс концентрат для приготовления р-ра для инфузий 2,5mg/ml 5ml","Бюджет","Да","уп",5,"30983,61",154918.05]
["C01CX08","кардиотоническое средство негликозидной структуры","Левосимендан","Симдакс концентрат для приготовления р-ра для инфузий 2,5mg/ml 5ml","ОМС","Да","уп",2,"30983,61",{"v":61967.22,"d":"61,967.22"}]
["C01DA02","вазодилатирующее средство - нитрат","Нитроглицерин","Нитроглицерин конц-т д/приг раствора для инфузий 1mg/ml 10ml №10","Бюджет","Да","уп",30,"590,95",17728.5]
["C01DA02","вазодилатирующее средство - нитрат","Нитроглицерин","Нитроглицерин конц-т д/приг раствора для инфузий 1mg/ml 10ml №10","ОМС","Да","уп",904,"590,95",{"v":534218.8,"d":"534,218.80"}]
["C01DA02","вазодилатирующее средство - нитрат","Нитроглицерин","Нитроглицерин конц-т д/приг раствора для инфузий 1mg/ml 10ml №10","ПЛАТ","Да","уп",1,"590,95",590.95]
["C01DA02","вазодилатирующее средство - нитрат","Нитроглицерин","Нитроспрей спрей сублинг доз 0,4mg/dosis 10ml 200dosis","Бюджет","Да","уп",12,"100,75",1209]
["C01DA02","вазодилатирующее средство - нитрат","Нитроглицерин","Нитроспрей спрей сублинг доз 0,4mg/dosis 10ml 200dosis","ОМС","Да","уп",200,"100,75",{"v":20150,"d":"20,150.00"}]
["C01DA02","вазодилатирующее средство - нитрат","Нитроглицерин","Нитроспрей спрей сублинг доз 0,4mg/dosis 10ml 200dosis","ПЛАТ","Да","уп",7,"100,75",705.25]
["С01DА02","вазодилатирующее средство - нитрат","Нитроглицерин","Нитроглицерин табл сублинг 0,5mg №40","Б.Опк","Да","уп",2,"44,98",89.96]
["С01DА02","вазодилатирующее средство - нитрат","Нитроглицерин","Нитроглицерин табл сублинг 0,5mg №40","ОМС","Да","уп",28,"44,98",{"v":1259.4399999999998,"d":"1,259.44"}]
["C01DA08","вазодилатирующее средство - нитрат","Изосорбида динитрат","Изакардин конц-т д/приг раствора для инфузий 1mg/ml 10ml №10","ПЛАТ","Да","уп",1,"730,95",730.95]
["С01DA08","вазодилатирующее средство - нитрат","Изосорбида динитрат","Кардикет  табл пролог п/п/о 20mg №20","ОМС","Да","уп",40,"58,89",{"v":2355.6,"d":"2,355.60"}]
["С01DA08","вазодилатирующее средство - нитрат","Изосорбида динитрат","Кардикет  табл пролог п/п/о 20mg №20","ПЛАТ","Да","уп",2,"58,89",117.78]
["С01DA08","вазодилатирующее средство - нитрат","Изосорбида динитрат","Кардикет  табл. пролонг. 60mg №20","ОМС","Да","уп",66,"131,3",{"v":8665.800000000001,"d":"8,665.80"}]
["С01DA08","вазодилатирующее средство - нитрат","Изосорбида динитрат","Кардикет  табл. пролонг. 60mg №20","ПЛАТ","Да","уп",2,"131,3",262.6]
["C01DA08","вазодилатирующее средство - нитрат","Изосорбида динитрат","Нитросорбид табл 10mg №60","Бюджет","Да","уп",1,"27,72",27.72]
["C01DA08","вазодилатирующее средство - нитрат","Изосорбида динитрат","Нитросорбид табл 10mg №60","ОМС","Да","уп",78,"27,72",{"v":2162.16,"d":"2,162.16"}]
["C01DA14","вазодилатирующее средство - нитрат","Изосорбида мононитрат","Изосорбида мононитрат табл 20mg №30","ОМС","Да","уп",216,"70,46",{"v":15219.359999999999,"d":"15,219.36"}]
["C01DA14","вазодилатирующее средство - нитрат","Изосорбида мононитрат","Изосорбида мононитрат табл 20mg №30","ПЛАТ","Да","уп",2,"70,46",140.92]
["С01DA14","вазодилатирующее средство - нитрат","Изосорбида мононитрат","Моночинкве ретард капс ретард 50mg №30","ОМС","Да","уп",17,"341,56",{"v":5806.52,"d":"5,806.52"}]
["С01DA14","вазодилатирующее средство - нитрат","Изосорбида мононитрат","Моночинкве ретард капс ретард 50mg №30","ПЛАТ","Да","уп",5,"341,56",1707.8]
["C01DA14","вазодилатирующее средство - нитрат","Изосорбида мононитрат","Эфокс 20 табл 20mg №50","Бюджет","Да","уп",5,124,620]
["C01DA14","вазодилатирующее средство - нитрат","Изосорбида мононитрат","Эфокс 20 табл 20mg №50","ОМС","Да","уп",48,124,{"v":5952,"d":"5,952.00"}]
["C01DA14","вазодилатирующее средство - нитрат","Изосорбида мононитрат","Эфокс 20 табл 20mg №50","ПЛАТ","Да","уп",3,124,372]
["C01EB","метаболическое средство","Инозин","Рибоксин раствор для в/в  вв 20mg/ml 10ml №10","ОМС","Нет","уп",613,"43,95",{"v":26941.350000000002,"d":"26,941.35"}]
["C01EB","метаболическое средство","Инозин","Рибоксин раствор для в/в  вв 20mg/ml 10ml №10","ПЛАТ","Нет","уп",18,"43,95",791.1]
["C01EB","метаболическое средство","Трифосаденин","Натрия аденозинтрифосфат-Дарница раствор для в/в  вв 10mg/ml 1ml №10","ОМС","Нет","уп",42,"285,93",{"v":12009.06,"d":"12,009.06"}]
["C01EB","метаболическое средство","Трифосаденин","Натрия аденозинтрифосфат-Дарница раствор для в/в  вв 10mg/ml 1ml №10","ПЛАТ","Нет","уп",11,"285,93",3145.23]
["C01EB05","метаболическое средство","Фосфокреатин","Неотон лиоф.пор. д/приг р-ра д/инф 1g (+ agua pro inject 50ml) №4","ПЛАТ","Нет","уп",22,"5714,28",125714.15999999999]
["C01EB15","антигипоксантное средство","Триметазидин","Депренорм МВ табл пролонг п/п/о 35mg №60","ПЛАТ","Нет","уп",7,"368,34",2578.3799999999997]
["C01EB17","антиангинальное средство","Ивабрадин","Ивабрадин Канон  табл п/п/о 5mg №56","ОМС","Да","уп",42,"978,92",{"v":41114.64,"d":"41,114.64"}]
["C01EB17","антиангинальное средство","Ивабрадин","Ивабрадин Канон  табл п/п/о 5mg №56","ПЛАТ","Да","уп",3,"978,92",2936.7599999999998]
["C01EB17","антиангинальное средство","Ивабрадин","Ивабрадин Канон  табл п/п/о 7,5mg №56","ОМС","Да","уп",21,"1011,92",{"v":21250.32,"d":"21,250.32"}]
["C01EB17","антиангинальное средство","Ивабрадин","Кораксан табл п/п/о 5mg №28","ОМС","Да","уп",45,"610,17",{"v":27457.649999999998,"d":"27,457.65"}]
["C01EB17","антиангинальное средство","Ивабрадин","Кораксан табл п/п/о 5mg №28","ПЛАТ","Да","уп",2,"610,17",1220.34]
["C01EB17","антиангинальное средство","Ивабрадин","Кораксан табл п/п/о 7,5mg №28","ОМС","Да","уп",11,"605,63",{"v":6661.93,"d":"6,661.93"}]
["C01EB17","антиангинальное средство","Ивабрадин","Кораксан табл п/п/о 7,5mg №28","ПЛАТ","Да","уп",5,"605,63",3028.15]
["C01EB22","метаболическое средство","Мельдоний","Мельдоний раствор для парабульбарного и в/в вв 100mg/ml 5ml №10","ОМС","Да","уп",477,"291,32",{"v":138959.63999999998,"d":"138,959.64"}]
["C01EB22","метаболическое средство","Мельдоний","Мельдоний раствор для парабульбарного и в/в вв 100mg/ml 5ml №10","ПЛАТ","Да","уп",235,"291,32",68460.2]
["C02Антигипертензивные препараты",{"$nulls":8},{"v":0,"d":"0.00"}]
["C02AC01","гипотензивное средство центрального действия","Клонидин","Клофелин раствор для инъекций 0,1 mg/ml 1ml","ОМС","Да","амп",305,30.4524,{"$f":"H496*I496","v":{"v":9287.982,"d":"9,287.98"}}]
["C02AC05","гипотензивное средство центрального действия","Моксонидин","Моксонидин Канон  табл п/п/о 0,2 mg №14","ОМС","Да","уп",120,"139,35",{"v":16722,"d":"16,722.00"}]
["C02AC05","гипотензивное средство центрального действия","Моксонидин","Моксонидин Канон  табл п/п/о 0,4 mg №14","ОМС","Да","уп",360,"255,47",{"v":91969.2,"d":"91,969.20"}]
["C02AC05","гипотензивное средство центрального действия","Моксонидин","Моксонидин Канон  табл п/п/о 0,4 mg №14","ПЛАТ","Да","уп",3,"255,47",766.41]
["C02AC05","гипотензивное средство центрального действия","Моксонидин","Моксонидин табл п/п/о 0,2 mg №14","Бюджет","Да","уп",10,"143,95",1439.5]
["C02AC05","гипотензивное средство центрального действия","Моксонидин","Моксонидин табл п/п/о 0,2 mg №14","ОМС","Да","уп",170,"143,95",{"v":24471.499999999996,"d":"24,471.50"}]
["C02AC05","гипотензивное средство центрального действия","Моксонидин","Моксонидин табл п/п/о 0,2 mg №14","ПЛАТ","Да","уп",41,"143,95",5901.95]
["C02AC05","гипотензивное средство центрального действия","Моксонидин","Моксонидин табл п/п/о 0,4 mg №14","Бюджет","Да","уп",10,"240,22",2402.2]
["C02AC05","гипотензивное средство центрального действия","Моксонидин","Моксонидин табл п/п/о 0,4 mg №14","ОМС","Да","уп",345,"240,22",{"v":82875.9,"d":"82,875.90"}]
["C02AC05","гипотензивное средство центрального действия","Моксонидин","Моксонидин табл п/п/о 0,4 mg №14","ПЛАТ","Да","уп",32,"240,22",7687.04]
["C02BC","ганглиоблокатор","Азаметония бромид","Пентамин раствор для в/в и в/м вв 50mg/ml 1ml №10","ОМС","Нет","уп",517,"1800,91",{"v":931070.4700000001,"d":"931,070.47"}]
["C02CA04","альфа1-адреноблокатор","Доксазозин","Доксазозин табл 4mg №30","ОМС","Да","уп",16,"573,42",{"v":9174.72,"d":"9,174.72"}]
["C02CA04","альфа1-адреноблокатор","Доксазозин","Доксазозин-ФПО табл 400mg №30","ПЛАТ","Да","уп",2,"269,58",539.16]
["C02CA06","альфа-адреноблокатор","Урапидил","Эбрантил капс 30mg №30","ОМС","Да","уп",29,"249,92",{"v":7247.679999999999,"d":"7,247.68"}]
["C02CA06","альфа-адреноблокатор","Урапидил","Эбрантил раствор для в/в  вв 5mg/ml 10ml №5","Бюджет","Да","уп",5,"1019,59",5097.95]
["C02CA06","альфа-адреноблокатор","Урапидил","Эбрантил раствор для в/в  вв 5mg/ml 10ml №5","ОМС","Да","уп",58,"1019,59",{"v":59136.22,"d":"59,136.22"}]
["C03Диуретики",{"$nulls":8},{"v":0,"d":"0.00"}]
["C03AA03","диуретическое средство","Гидрохлоротиазид","Гидрохлоротиазид табл 100mg №20","ОМС","Да","уп",15,"63,7",{"v":955.5,"d":"955.50"}]
["C03AA03","диуретическое средство","Гидрохлоротиазид","Гидрохлоротиазид табл 25mg №20","Бюджет","Да","уп",10,"47,32",473.2]
["C03AA03","диуретическое средство","Гидрохлоротиазид","Гидрохлоротиазид табл 25mg №20","ОМС","Да","уп",335,"47,32",{"v":15852.2,"d":"15,852.20"}]
["C03AA03","диуретическое средство","Гидрохлоротиазид","Гидрохлоротиазид табл 25mg №20","ПЛАТ","Да","уп",5,"47,32",236.6]
["C03BA11","диуретическое средство","Индапамид","Индапамид ретард табл пролонг п/п/о 1,5 mg №30","ОМС","Да","уп",719,"95,89",{"v":68944.91,"d":"68,944.91"}]
["C03BA11","диуретическое средство","Индапамид","Индапамид ретард табл пролонг п/п/о 1,5 mg №30","ПЛАТ","Да","уп",19,"95,89",1821.91]
["C03CA01","диуретическое средство","Фуросемид","Фуросемид раствор для инъекций 20mg/2ml 2ml №10","Б.Опк","Да","уп",2,"25,34",50.68]
["C03CA01","диуретическое средство","Фуросемид","Фуросемид раствор для инъекций 20mg/2ml 2ml №10","Бюджет","Да","уп",30,"25,34",760.2]
["C03CA01","диуретическое средство","Фуросемид","Фуросемид раствор для инъекций 20mg/2ml 2ml №10","ОМС","Да","уп",5632,"25,34",{"v":142714.88,"d":"142,714.88"}]
["C03CA01","диуретическое средство","Фуросемид","Фуросемид раствор для инъекций 20mg/2ml 2ml №10","ПЛАТ","Да","уп",103,"25,34",2610.02]
["C03CA01","диуретическое средство","Фуросемид","Фуросемид табл 40mg №50","Бюджет","Да","уп",5,"27,07",135.35]
["C03CA01","диуретическое средство","Фуросемид","Фуросемид табл 40mg №50","ОМС","Да","уп",404,"27,07",{"v":10936.28,"d":"10,936.28"}]
["C03CA01","диуретическое средство","Фуросемид","Фуросемид табл 40mg №50","ПЛАТ","Да","уп",5,"27,07",135.35]
["C03CA04","диуретическое средство","Торасемид","Торасемид Канон табл 10mg №60","ОМС","Нет","уп",112,"543,9",{"v":60916.799999999996,"d":"60,916.80"}]
["C03CA04","диуретическое средство","Торасемид","Торасемид Канон табл 5mg №20","ОМС","Нет","уп",38,"148,74",{"v":5652.120000000001,"d":"5,652.12"}]
["C03CA04","диуретическое средство","Торасемид","Торасемид Канон табл 5mg №20","ПЛАТ","Нет","уп",10,"148,74",1487.4]
["C03CA04","диуретическое средство","Торасемид","Торасемид-СЗ табл 10mg №60","ОМС","Нет","уп",182,"543,9",{"v":98989.8,"d":"98,989.80"}]
["C03CA04","диуретическое средство","Торасемид","Торасемид-СЗ табл 10mg №60","ПЛАТ","Нет","уп",10,"543,9",5439]
["C03DA01","диуретическое калийсберегающее средство","Спиронолактон","Верошпирон капс 50mg № 30","Бюджет","Да","уп",100,"184,19",18419]
["C03DA01","диуретическое калийсберегающее средство","Спиронолактон","Верошпирон капс 50mg № 30","ОМС","Да","уп",387,"184,19",{"v":71281.53,"d":"71,281.53"}]
["C03DA01","диуретическое калийсберегающее средство","Спиронолактон","Верошпирон капс 50mg № 30","ПЛАТ","Да","уп",20,"184,19",3683.8]
["C03DA01","диуретическое калийсберегающее средство","Спиронолактон","Верошпирон табл 25mg №20","Бюджет","Да","уп",119,"77,86",9265.34]
["C03DA01","диуретическое калийсберегающее средство","Спиронолактон","Верошпирон табл 25mg №20","ОМС","Да","уп",2204,"77,86",{"v":171603.44,"d":"171,603.44"}]
["C03DA01","диуретическое калийсберегающее средство","Спиронолактон","Верошпирон табл 25mg №20","ПЛАТ","Да","уп",55,"77,86",4282.3]
["C04Периферические вазодилататоры",{"$nulls":8},{"v":0,"d":"0.00"}]
["С04АС01","витамин","Никотиновая кислота","Никотиновая кислота - СОЛОфарм раствор для инъекций 10mg/ml 1ml №10","Бюджет","Нет","уп",200,"44,4",8880]
["С04АС01","витамин","Никотиновая кислота","Никотиновая кислота - СОЛОфарм раствор для инъекций 10mg/ml 1ml №10","ОМС","Нет","уп",364,"44,4",{"v":16161.6,"d":"16,161.60"}]
["С04АС01","витамин","Никотиновая кислота","Никотиновая кислота - СОЛОфарм раствор для инъекций 10mg/ml 1ml №10","ПЛАТ","Нет","уп",35,"44,4",1554]
["C04AC01","витамин","Никотиновая кислота","Никотиновая кислота раствор для инъекций 10mg/ml 1ml №10","ОМС","Нет","уп",56,"53,18",{"v":2978.08,"d":"2,978.08"}]
["C04AD03","вазодилатирующее средство","Пентоксифиллин","Пентоксифиллин конц-т д/приг раствора для в/в и в/арт вв 20mg/ml 5ml №10","Бюджет","Да","уп",100,"40,82",4082]
["C04AD03","вазодилатирующее средство","Пентоксифиллин","Пентоксифиллин конц-т д/приг раствора для в/в и в/арт вв 20mg/ml 5ml №10","ОМС","Да","уп",874,"40,82",{"v":35676.68,"d":"35,676.68"}]
["C04AD03","вазодилатирующее средство","Пентоксифиллин","Пентоксифиллин конц-т д/приг раствора для в/в и в/арт вв 20mg/ml 5ml №10","ПЛАТ","Да","уп",145,"40,82",5918.9]
["C04AD03","вазодилатирующее средство","Пентоксифиллин","Пентоксифиллин табл п/к/р/о 100mg №60","ОМС","Нет","уп",170,"134,13",{"v":22802.1,"d":"22,802.10"}]
["C04AX","вазодилатирующее средство","Бендазол","Дибазол раствор для в/в и в/м вв 10mg/ml 1ml №10","ОМС","Нет","уп",183,"33,33",{"v":6099.389999999999,"d":"6,099.39"}]
["C04AX","вазодилатирующее средство","Бендазол","Дибазол раствор для в/в и в/м вв 10mg/ml 1ml №10","ПЛАТ","Нет","уп",5,"33,33",166.64999999999998]
["C05Ангиопротекторы",{"$nulls":8},{"v":0,"d":"0.00"}]
["C05BA53","антикоагулянтное средство прямого действия для местного применения+прочие препараты","Гепарин натрия+Бензокаин+Бензилникотинат","Гепариновая мазь мазь д/наружн прим 25g №1","Бюджет","Нет","уп",5,"36,05",180.25]
["C05BA53","антикоагулянтное средство прямого действия для местного применения+прочие препараты","Гепарин натрия+Бензокаин+Бензилникотинат","Гепариновая мазь мазь д/наружн прим 25g №1","ОМС","Нет","уп",190,"36,05",{"v":6849.499999999999,"d":"6,849.50"}]
["C05BA53","антикоагулянтное средство прямого действия для местного применения+прочие препараты","Гепарин натрия+Бензокаин+Бензилникотинат","Гепариновая мазь мазь д/наружн прим 25g №1","ПЛАТ","Нет","уп",34,"36,05",1225.6999999999998]
["C05CA53","венотонизирующее и венопротекторное средство","Гесперидин+Диосмин","Венарус табл п/п/о 500mg №30","ОМС","Нет","уп",30,"409,03",{"v":12270.9,"d":"12,270.90"}]
["C05CA53","венотонизирующее и венопротекторное средство","Гесперидин+Диосмин","Венарус табл п/п/о 500mg №30","ПЛАТ","Нет","уп",30,"409,03",12270.9]
["С05СА53","венотонизирующее и венопротекторное средство","Очищенная микронизированная флавоноидная фракция (диосмин + флавоноиды в пересчете на гесперидин)","Детравенол табл п/п/о 500mg №30","ОМС","Нет","уп",7,"386,51",{"v":2705.5699999999997,"d":"2,705.57"}]
["С05СА53","венотонизирующее и венопротекторное средство","Очищенная микронизированная флавоноидная фракция (диосмин + флавоноиды в пересчете на гесперидин)","Детравенол табл п/п/о 500mg №30","ПЛАТ","Нет","уп",4,"386,51",1546.04]
["C05CX","антиоксидантное средство","Метилэтилпиридинол","Метилэтилпиридинол раствор для инъекций 10mg/ml 1ml №10","ОМС","Нет","уп",280,"45,02",{"v":12605.6,"d":"12,605.60"}]
["C07Бета-адреноблокаторы",{"$nulls":8},{"v":0,"d":"0.00"}]
["C07AA05","бета-адреноблокатор","Пропранолол","Анаприлин табл 10mg №50","ОМС","Да","уп",56,"15,06",843.36]
["C07AA05","бета-адреноблокатор","Пропранолол","Анаприлин табл 10mg №50","ПЛАТ","Да","уп",7,"15,06",105.42]
["С07АА07","бета-адреноблокатор","Соталол","Соталол табл 160mg №20","Бюджет","Да","уп",30,"107,77",{"$f":"H560*I560","v":3233.1}]
["С07АА07","бета-адреноблокатор","Соталол","Соталол табл 160mg №20","ОМС","Да","уп",117,"107,77",{"v":12609.09,"d":"12,609.09"}]
["С07АА07","бета-адреноблокатор","Соталол","Соталол табл 80mg №20","Бюджет","Да","уп",10,"65,52",655.1999999999999]
["С07АА07","бета-адреноблокатор","Соталол","Соталол табл 80mg №20","ОМС","Да","уп",125,"65,52",{"v":8189.999999999999,"d":"8,190.00"}]
["С07АА07","бета-адреноблокатор","Соталол","Соталол табл 80mg №20","ПЛАТ","Да","уп",5,"65,52",327.59999999999997]
["С07АВ","бета1-адреноблокатор селективный","Атенолол","Атенолол табл п/п/о 50mg №30","Бюджет","Да","уп",5,"31,16",155.8]
["С07АВ","бета1-адреноблокатор селективный","Атенолол","Атенолол табл п/п/о 50mg №30","ОМС","Да","уп",43,"31,16",{"v":1339.88,"d":"1,339.88"}]
["С07АВ","бета1-адреноблокатор селективный","Атенолол","Атенолол табл п/п/о 50mg №30","ПЛАТ","Да","уп",5,"31,16",155.8]
["C07AB02","бета1-адреноблокатор селективный","Метопролол","Беталок раствор для в/в  вв 1mg/ml 5ml №5","Бюджет","Да","уп",21,"834,28",17519.88]
["C07AB02","бета1-адреноблокатор селективный","Метопролол","Беталок раствор для в/в  вв 1mg/ml 5ml №5","ОМС","Да","уп",83,"834,28",{"v":69245.23999999999,"d":"69,245.24"}]
["C07AB02","бета1-адреноблокатор селективный","Метопролол","Беталок раствор для в/в  вв 1mg/ml 5ml №5","ПЛАТ","Да","уп",1,"834,28",834.28]
["С07АB02","бета1-адреноблокатор селективный","Метопролол","Метопролол раствор для в/в  вв 1mg/ml 5ml №5","ОМС","Да","уп",30,"123,93",{"v":3717.9,"d":"3,717.90"}]
["С07АB02","бета1-адреноблокатор селективный","Метопролол","Метопролол табл 25mg №60","Бюджет","Да","уп",10,"91,08",910.8]
["С07АB02","бета1-адреноблокатор селективный","Метопролол","Метопролол табл 25mg №60","ОМС","Да","уп",339,"91,08",{"v":30876.12,"d":"30,876.12"}]
["С07АB02","бета1-адреноблокатор селективный","Метопролол","Метопролол табл 25mg №60","ПЛАТ","Да","уп",2,"91,08",182.16]
["С07АB02","бета1-адреноблокатор селективный","Метопролол","Метопролол табл 50mg №30","Бюджет","Да","уп",20,"29,66",593.2]
["С07АB02","бета1-адреноблокатор селективный","Метопролол","Метопролол табл 50mg №30","ОМС","Да","уп",961,"29,66",{"v":28503.26,"d":"28,503.26"}]
["C07AB07","бета1-адреноблокатор селективный","Бисопролол","Бисопролол табл п/п/о 10mg  №30","Бюджет","Да","уп",10,"172,16",1721.6]
["C07AB07","бета1-адреноблокатор селективный","Бисопролол","Бисопролол табл п/п/о 10mg  №30","ОМС","Да","уп",65,"172,16",{"v":11190.4,"d":"11,190.40"}]
["C07AB07","бета1-адреноблокатор селективный","Бисопролол","Бисопролол табл п/п/о 10mg  №30","ПЛАТ","Да","уп",3,"172,16",516.48]
["C07AB07","бета1-адреноблокатор селективный","Бисопролол","Бисопролол табл п/п/о 5mg №50","Бюджет","Да","уп",10,"135,25",1352.5]
["C07AB07","бета1-адреноблокатор селективный","Бисопролол","Бисопролол табл п/п/о 5mg №50","ОМС","Да","уп",640,"135,25",{"v":86560,"d":"86,560.00"}]
["C07AB07","бета1-адреноблокатор селективный","Бисопролол","Бисопролол табл п/п/о 5mg №50","ПЛАТ","Да","уп",12,"135,25",1623]
["С07АВ07","бета1-адреноблокатор селективный","Бисопролол","Бисопролол-Прана табл п/п/о 10mg №30","ОМС","Да","уп",180,"163,94",{"v":29509.2,"d":"29,509.20"}]
["С07АВ07","бета1-адреноблокатор селективный","Бисопролол","Бисопролол-Прана табл п/п/о 5mg №30","Бюджет","Да","уп",20,"95,63",1912.6]
["С07АВ07","бета1-адреноблокатор селективный","Бисопролол","Бисопролол-Прана табл п/п/о 5mg №30","ОМС","Да","уп",580,"95,63",{"v":55465.399999999994,"d":"55,465.40"}]
["C07AB09","бета1-адреноблокатор селективный","Эсмолол","Бревиблок раствор для в/в  вв 10mg/ml 10ml №5","Бюджет","Нет","уп",4,"5026,84",20107.36]
["C07AB09","бета1-адреноблокатор селективный","Эсмолол","Бревиблок раствор для в/в  вв 10mg/ml 10ml №5","ОМС","Нет","уп",6,"5026,84",{"v":30161.04,"d":"30,161.04"}]
["C07AB12","бета1-адреноблокатор селективный","Небиволол","Небиволол табл 5mg №14","ОМС","Нет","уп",91,"186,71",{"v":16990.61,"d":"16,990.61"}]
["C07AB12","бета1-адреноблокатор селективный","Небиволол","Небиволол табл 5mg №14","ПЛАТ","Нет","уп",55,"186,71",10269.050000000001]
["C07AG02","альфа- и бета-адреноблокатор","Карведилол","Карведилол табл 12,5mg №30","ОМС","Да","уп",33,"273,24",{"v":9016.92,"d":"9,016.92"}]
["C07AG02","альфа- и бета-адреноблокатор","Карведилол","Карведилол табл 12,5mg №30","ПЛАТ","Да","уп",1,"273,24",273.24]
["C07AG02","альфа- и бета-адреноблокатор","Карведилол","Карведилол табл 25mg №30","ОМС","Да","уп",30,"341,55",{"v":10246.5,"d":"10,246.50"}]
["C08Блокаторы кальциевых каналов",{"$nulls":8},{"v":0,"d":"0.00"}]
["C08CA01","блокатор \"медленных\" кальциевых каналов","Амлодипин","Амлодипин-Прана  табл 10mg №90","Бюджет","Да","уп.",5,"390,39",1951.9499999999998]
["C08CA01","блокатор \"медленных\" кальциевых каналов","Амлодипин","Амлодипин-Прана  табл 10mg №90","ОМС","Да","уп.",675,"390,39",{"v":263513.25,"d":"263,513.25"}]
["C08CA01","блокатор \"медленных\" кальциевых каналов","Амлодипин","Амлодипин-Прана  табл 10mg №90","ПЛАТ","Да","уп.",24,"390,39",9369.36]
["C08CA01","блокатор \"медленных\" кальциевых каналов","Амлодипин","Амлодипин-Прана  табл 5mg №90","Бюджет","Да","уп",12,"316,27",3795.24]
["C08CA01","блокатор \"медленных\" кальциевых каналов","Амлодипин","Амлодипин-Прана  табл 5mg №90","ОМС","Да","уп",625,"316,27",{"v":197668.75,"d":"197,668.75"}]
["C08CA01","блокатор \"медленных\" кальциевых каналов","Амлодипин","Амлодипин-Прана  табл 5mg №90","ПЛАТ","Да","уп",45,"316,27",14232.15]
["C08CA05","блокатор \"медленных\" кальциевых каналов","Нифедипин","Кордафлекс табл пролонг п/п/о 20mg №60","Бюджет","Да","уп",6,"122,26",733.5600000000001]
["C08CA05","блокатор \"медленных\" кальциевых каналов","Нифедипин","Кордафлекс табл пролонг п/п/о 20mg №60","ОМС","Да","уп",247,"122,26",{"v":30198.22,"d":"30,198.22"}]
["C08CA05","блокатор \"медленных\" кальциевых каналов","Нифедипин","Кордафлекс табл пролонг п/п/о 20mg №60","ПЛАТ","Да","уп",8,"122,26",978.08]
["С08CА05","блокатор \"медленных\" кальциевых каналов","Нифедипин","Нифедипин табл п/п/о 10mg №50","ОМС","Да","уп",400,"39,25",{"v":15700,"d":"15,700.00"}]
["C08CA05","блокатор \"медленных\" кальциевых каналов","Нифедипин","Нифекард ХЛ табл с модифиц. высвобождением п/п/о 30mg №30","ОМС","Да","уп",68,"187,82",{"v":12771.76,"d":"12,771.76"}]
["C08CA05","блокатор \"медленных\" кальциевых каналов","Нифедипин","Нифекард ХЛ табл с модифиц. высвобождением п/п/о 30mg №30","ПЛАТ","Да","уп",5,"187,82",939.0999999999999]
["C08CA06","блокатор \"медленных\" кальциевых каналов","Нимодипин","Нимопин раствор для инфузий 0,2mg/ml 50ml №1","Бюджет","Да","уп",20,"767,38",15347.6]
["C08CA06","блокатор \"медленных\" кальциевых каналов","Нимодипин","Нимопин раствор для инфузий 0,2mg/ml 50ml №1","ОМС","Да","уп",420,"767,38",{"v":322299.6,"d":"322,299.60"}]
["C08CA06","блокатор \"медленных\" кальциевых каналов","Нимодипин","Нимопин раствор для инфузий 0,2mg/ml 50ml №1","ПЛАТ","Да","уп",20,"767,38",15347.6]
["C08CA06","блокатор \"медленных\" кальциевых каналов","Нимодипин","Нимопин табл п/п/о 30mg №30","ОМС","Да","уп",20,"727,93",{"v":14558.599999999999,"d":"14,558.60"}]
["C08CA13","блокатор \"медленных\" кальциевых каналов","Лерканидипин","Лерканидипин-СЗ табл п/п/о 20mg №30","ОМС","Нет","уп",30,"252,33",{"v":7569.900000000001,"d":"7,569.90"}]
["C08CA13","блокатор \"медленных\" кальциевых каналов","Лерканидипин","Лерканидипин-СЗ табл п/п/о 20mg №30","ПЛАТ","Нет","уп",10,"252,33",2523.3]
["C08DA01","блокатор \"медленных\" кальциевых каналов","Верапамил","Верапамил раствор для в/в  вв 2,5mg/ml 2ml №10","ОМС","Да","уп",71,"55,04",{"v":3907.84,"d":"3,907.84"}]
["C08DA01","блокатор \"медленных\" кальциевых каналов","Верапамил","Верапамил табл п/о 80mg №30","Бюджет","Да","уп",5,"56,4",282]
["C08DA01","блокатор \"медленных\" кальциевых каналов","Верапамил","Верапамил табл п/о 80mg №30","ОМС","Да","уп",294,"56,4",{"v":16581.6,"d":"16,581.60"}]
["C08DA01","блокатор \"медленных\" кальциевых каналов","Верапамил","Верапамил табл п/о 80mg №30","ПЛАТ","Да","уп",3,"56,4",169.2]
["C08DA01","блокатор \"медленных\" кальциевых каналов","Верапамил","Верапамил табл п/п/о 40mg №50","ОМС","Да","уп",17,"37,34",{"v":634.7800000000001,"d":"634.78"}]
["C08DA01","блокатор \"медленных\" кальциевых каналов","Верапамил","Верапамил табл п/п/о 40mg №50","ПЛАТ","Да","уп",2,"37,34",74.68]
["C08DA01","блокатор \"медленных\" кальциевых каналов","Верапамил","Верапамил табл. пролог. п/о 240 mg №20","ОМС","Да","уп",3,"179,98",{"v":539.9399999999999,"d":"539.94"}]
["C08DA01","блокатор \"медленных\" кальциевых каналов","Верапамил","Верапамил табл. пролог. п/о 240 mg №20","ПЛАТ","Да","уп",1,"179,98",179.98]
["C08DB01","блокатор \"медленных\" кальциевых каналов","Дилтиазем","Дилтиазем Ланнахер табл пролонг п/п/о 180mg №30","ОМС","Нет","уп",16,"335,78",{"v":5372.48,"d":"5,372.48"}]
["C08DB01","блокатор \"медленных\" кальциевых каналов","Дилтиазем","Дилтиазем Ланнахер табл пролонг п/п/о 180mg №30","ПЛАТ","Нет","уп",1,"335,78",335.78]
["C09Препараты, влияющие на ренин-ангиотензиновую систему",{"$nulls":8},{"v":0,"d":"0.00"}]
["C09AA01","АПФ ингибитор","Каптоприл","Каптоприл табл 25mg №40","Бюджет","Да","уп.",30,"16,03",480.90000000000003]
["C09AA01","АПФ ингибитор","Каптоприл","Каптоприл табл 25mg №40","ОМС","Да","уп.",915,"16,03",{"$f":"H624*I624","v":{"v":14667.45,"d":"14,667.45"}}]
["C09AA01","АПФ ингибитор","Каптоприл","Каптоприл табл 25mg №40","ПЛАТ","Да","уп.",29,"16,03",464.87]
["C09AA02","АПФ ингибитор","Эналаприл","Эналаприл табл 10mg №20","Бюджет","Да","уп",40,"13,68",547.2]
["C09AA02","АПФ ингибитор","Эналаприл","Эналаприл табл 10mg №20","ОМС","Да","уп",4490,"13,68",{"v":61423.2,"d":"61,423.20"}]
["C09AA02","АПФ ингибитор","Эналаприл","Эналаприл табл 10mg №20","ПЛАТ","Да","уп",30,"13,68",410.4]
["C09AA02","АПФ ингибитор","Эналаприл","Эналаприл табл 20mg №20","ОМС","Да","уп",2208,"17,04",{"v":37624.32,"d":"37,624.32"}]
["C09AA02","АПФ ингибитор","Эналаприл","Эналаприл табл 20mg №20","ПЛАТ","Да","уп",22,"17,04",374.88]
["C09AA03","АПФ ингибитор","Лизиноприл","Лизиноприл табл п/п/о 10mg №30","ОМС","Да","уп",245,"114,6",{"v":28077,"d":"28,077.00"}]
["C09AA03","АПФ ингибитор","Лизиноприл","Лизиноприл табл п/п/о 10mg №30","ПЛАТ","Да","уп",22,"114,6",2521.2]
["C09AA04","АПФ ингибитор","Периндоприл","Периндоприл-Тева табл п/п/о 10mg  №30","ОМС","Да","уп",247,"400,18",{"v":98844.46,"d":"98,844.46"}]
["C09AA04","АПФ ингибитор","Периндоприл","Периндоприл-Тева табл п/п/о 10mg  №30","ПЛАТ","Да","уп",4,"400,18",1600.72]
["C09AA04","АПФ ингибитор","Периндоприл","Периндоприл-Тева табл п/п/о 5mg №30","ОМС","Да","уп",223,"307,07",{"v":68476.61,"d":"68,476.61"}]
["C09AA04","АПФ ингибитор","Периндоприл","Периндоприл-Тева табл п/п/о 5mg №30","ПЛАТ","Да","уп",3,"307,07",921.21]
["C09AA04","АПФ ингибитор","Периндоприл","Престариум А табл п/п/о 10mg №29","Бюджет","Да","уп",1,"615,57",615.57]
["C09AA04","АПФ ингибитор","Периндоприл","Престариум А табл п/п/о 10mg №29","ОМС","Да","уп",121,"615,57",{"v":74483.97,"d":"74,483.97"}]
["C09AA04","АПФ ингибитор","Периндоприл","Престариум А табл п/п/о 10mg №29","ПЛАТ","Да","уп",24,"615,57",14773.68]
["C09AA04","АПФ ингибитор","Периндоприл","Престариум А табл п/п/о 5mg №14","Бюджет","Да","уп",15,"194,3",2914.5]
["C09AA04","АПФ ингибитор","Периндоприл","Престариум А табл п/п/о 5mg №14","ОМС","Да","уп",256,"194,3",{"v":49740.8,"d":"49,740.80"}]
["C09AA04","АПФ ингибитор","Периндоприл","Престариум А табл п/п/о 5mg №14","ПЛАТ","Да","уп",37,"194,3",7189.1]
["С09АА09","АПФ ингибитор","Фозиноприл","Фозиноприл табл 10mg №28","ОМС","Нет","уп",15,"245,08",{"v":3676.2000000000003,"d":"3,676.20"}]
["С09ВА","гипотензивное средство комбинированное (диуретик+АПФ ингибитор)","Индапамид+Периндоприл","Индапамид/Периндоприл-Тева  табл п/п/о 1,25mg+5mg №30","ОМС","Нет","уп",90,"339,68",{"v":30571.2,"d":"30,571.20"}]
["С09ВА","гипотензивное средство комбинированное (диуретик+АПФ ингибитор)","Индапамид+Периндоприл","Индапамид/Периндоприл-Тева  табл п/п/о 1,25mg+5mg №30","ПЛАТ","Нет","уп",15,"339,68",5095.2]
["C09BA","гипотензивное средство комбинированное (диуретик+АПФ ингибитор)","Гидрохлоротиазид+Эналаприл","Эналаприл НЛ 20 табл 12,5mg+ 20mg №20","Бюджет","Нет","уп",5,"66,6",333]
["C09BA","гипотензивное средство комбинированное (диуретик+АПФ ингибитор)","Гидрохлоротиазид+Эналаприл","Эналаприл НЛ 20 табл 12,5mg+ 20mg №20","ОМС","Нет","уп",65,"66,6",{"v":4329,"d":"4,329.00"}]
["C09BA","гипотензивное средство комбинированное (диуретик+АПФ ингибитор)","Гидрохлоротиазид+Эналаприл","Эналаприл НЛ 20 табл 12,5mg+ 20mg №20","ПЛАТ","Нет","уп",1,"66,6",66.6]
["C09BA","гипотензивное средство комбинированное (диуретик+АПФ ингибитор)","Индапамид+Периндоприл","Нолипрел А форте табл п/п/о 1,25mg+5mg №30","ПЛАТ","Нет","уп",2,"821,73",1643.46]
["C09BB03","гипотензивное средство комбинированное (АПФ ингибитор+БМКК)","Амлодипин + Лизиноприл","Экламиз табл 5mg+10mg №30","ПЛАТ","Нет","уп",3,"696,95",2090.8500000000004]
["C09BB04","гипотензивное средство комбинированное (АПФ ингибитор+БМКК)","Периндоприла аргинин+Амлодипин","Престанс табл 10mg+5mg №30","Бюджет","Нет","уп",10,"1042,9",10429]
["C09BB04","гипотензивное средство комбинированное (АПФ ингибитор+БМКК)","Периндоприла аргинин+Амлодипин","Престанс табл 10mg+5mg №30","ОМС","Нет","уп",90,"1042,9",{"v":93861.00000000001,"d":"93,861.00"}]
["C09BB04","гипотензивное средство комбинированное (АПФ ингибитор+БМКК)","Периндоприла аргинин+Амлодипин","Престанс табл 10mg+5mg №30","ПЛАТ","Нет","уп",23,"1042,9",23986.7]
["C09BА03","гипотензивное средство комбинированное (диуретик+АПФ ингибитор)","Лизиноприл+ гидрохлортиазид","Ко-Диротон табл 10mg+12,5mg №30","ПЛАТ","Нет","уп",7,"609,12",4263.84]
["C09CA06","ангиотензина II рецепторов антагонист","Кандесартан","Ангиаканд табл 8mg №28","ОМС","Нет","уп",45,"205,4",{"v":9243,"d":"9,243.00"}]
["C09CA06","ангиотензина II рецепторов антагонист","Кандесартан","Кандесартан табл 16mg №20","ОМС","Нет","уп",10,"267,15",{"v":2671.5,"d":"2,671.50"}]
["C09CA06","ангиотензина II рецепторов антагонист","Кандесартан","Кандесартан табл 16mg №20","ПЛАТ","Нет","уп",3,"267,15",801.4499999999999]
["С09СА01","ангиотензина II рецепторов антагонист","Лозартан","Лозартан табл п/п/о 50mg №30","Бюджет","Да","уп",10,"275,61",2756.1000000000004]
["С09СА01","ангиотензина II рецепторов антагонист","Лозартан","Лозартан табл п/п/о 50mg №30","ОМС","Да","уп",492,"275,61",{"v":135600.12,"d":"135,600.12"}]
["С09СА01","ангиотензина II рецепторов антагонист","Лозартан","Лозартан табл п/п/о 50mg №30","ПЛАТ","Да","уп",30,"275,61",8268.300000000001]
["С09СА03","ангиотензина II рецепторов антагонист","Валсартан","Вальсакор табл п/п/о 80mg №30","ОМС","Нет","уп",23,"490,17",{"v":11273.91,"d":"11,273.91"}]
["С09СА03","ангиотензина II рецепторов антагонист","Валсартан","Вальсакор табл п/п/о 80mg №30","ПЛАТ","Нет","уп",14,"490,17",6862.38]
["C09CA07","ангиотензина II рецепторов антагонист","Телмисартан","Микардис табл 80mg №28","ПЛАТ","Нет","уп",6,"1244,4",7466.400000000001]
["С09СА07","ангиотензина II рецепторов антагонист","Телмисартан","Телмиста табл 80mg №28","ПЛАТ","Нет","уп",2,"600,98",1201.96]
["C09DA01","гипотензивное средство комбинированное (ангиотензина II рецепторов антагонист+диуретик)","Гидрохлоротиазид+Лозартан","Лозартан Н табл п/п/о 12,5mg+50mg №30","Бюджет","Нет","уп",10,"155,05",1550.5]
["C09DA01","гипотензивное средство комбинированное (ангиотензина II рецепторов антагонист+диуретик)","Гидрохлоротиазид+Лозартан","Лозартан Н табл п/п/о 12,5mg+50mg №30","ОМС","Нет","уп",105,"155,05",{"v":16280.250000000002,"d":"16,280.25"}]
["C09DA01","гипотензивное средство комбинированное (ангиотензина II рецепторов антагонист+диуретик)","Гидрохлоротиазид+Лозартан","Лозартан Н табл п/п/о 12,5mg+50mg №30","ПЛАТ","Нет","уп",1,"155,05",155.05]
["C09DB01","гипотензивное средство комбинированное (БМКК+ангиотензина II рецепторов антагонист)","Амлодипин+ Валсартан","Вамлосет табл п/п/о 5mg+ 80mg  №30","ОМС","Нет","уп",5,"626,12",{"v":3130.6,"d":"3,130.60"}]
["C09DB01","гипотензивное средство комбинированное (БМКК+ангиотензина II рецепторов антагонист)","Амлодипин+ Валсартан","Вамлосет табл п/п/о 5mg+ 80mg  №30","ПЛАТ","Нет","уп",6,"626,12",3756.7200000000003]
["C10Гиполипидемические препараты",{"$nulls":8},{"v":0,"d":"0.00"}]
["C10AA01","гиполипидемическое средство - ГМГ-КоА-редуктазы ингибитор","Симвастатин","Симвастатин табл п/п/о 20mg №30","ОМС","Да","уп",20,"227,87",{"v":4557.4,"d":"4,557.40"}]
["C10AA01","гиполипидемическое средство - ГМГ-КоА-редуктазы ингибитор","Симвастатин","Симвастатин табл п/п/о 20mg №30","ПЛАТ","Да","уп",20,"227,87",4557.4]
["C10AA01","гиполипидемическое средство - ГМГ-КоА-редуктазы ингибитор","Симвастатин","Симвастатин табл п/п/о 40mg №30","ОМС","Да","уп",3,"751,64",{"v":2254.92,"d":"2,254.92"}]
["C10AA05","гиполипидемическое средство - ГМГ-КоА-редуктазы ингибитор","Аторвастатин","Аторвастатин табл п/п/о 20mg №30","ОМС","Да","уп",415,"393,1",{"v":163136.5,"d":"163,136.50"}]
["C10AA05","гиполипидемическое средство - ГМГ-КоА-редуктазы ингибитор","Аторвастатин","Аторвастатин табл п/п/о 20mg №30","ПЛАТ","Да","уп",28,"393,1",11006.800000000001]
["C10AA05","гиполипидемическое средство - ГМГ-КоА-редуктазы ингибитор","Аторвастатин","Аторвастатин табл п/п/о 40mg №30","ОМС","Да","уп",341,"627,99",{"v":214144.59,"d":"214,144.59"}]
["С10АА05","гиполипидемическое средство - ГМГ-КоА-редуктазы ингибитор","Аторвастатин","Аторвастатин-К  табл п/п/о 20mg №30","Бюджет","Да","уп",30,"442,75",13282.5]
["С10АА05","гиполипидемическое средство - ГМГ-КоА-редуктазы ингибитор","Аторвастатин","Аторвастатин-К  табл п/п/о 20mg №30","ОМС","Да","уп",205,"442,75",{"v":90763.75,"d":"90,763.75"}]
["С10АА05","гиполипидемическое средство - ГМГ-КоА-редуктазы ингибитор","Аторвастатин","Аторвастатин-К  табл п/п/о 20mg №30","ПЛАТ","Да","уп",30,"442,75",13282.5]
["С10АА07","гиполипидемическое средство - ГМГ-КоА-редуктазы ингибитор","Розувастатин","Розувастатин табл п/п/о 20mg №30","ОМС","Нет","уп",25,"285,71",{"v":7142.749999999999,"d":"7,142.75"}]
["С10АА07","гиполипидемическое средство - ГМГ-КоА-редуктазы ингибитор","Розувастатин","Розувастатин табл п/п/о 20mg №30","ПЛАТ","Нет","уп",15,"285,71","4285,65"]
[{"$nulls":9},{"$f":"SUBTOTAL(9,J431:J680)","v":{"v":6289409.9976,"d":"6,289,410.00"}}]
["D Дерматология "]
["D02Препараты со смягчающим и протекторным действием"]
["D02AC","дерматопротекторное средство","Вазелин","Вазелин мазь д/наружн прим 25g","Бюджет","Нет","уп",10,"10,34","415,1"]
["D02AC","дерматопротекторное средство","Вазелин","Вазелин мазь д/наружн прим 25g","ОМС","Нет","уп",409,"10,34",{"$f":"H686*I686","v":{"v":4229.0599999999995,"d":"4,229.06"}}]
["D02AC","дерматопротекторное средство","Вазелин","Вазелин мазь д/наружн прим 25g","ПЛАТ","Нет","уп",5,"10,34",{"$f":"H687*I687","v":51.7}]
["D04Препараты для лечения зуда (включая антигистаминные препараты и анестетики)",{"$nulls":8},{"v":0,"d":"0.00"}]
["D04AB01","местноанестезирующее средство","Лидокаин","Лидокаин-Виал спрей для местного и наружного прим 10% 38g","Бюджет","Да","уп",24,"337,7",8104.799999999999]
["D04AB01","местноанестезирующее средство","Лидокаин","Лидокаин-Виал спрей для местного и наружного прим 10% 38g","ОМС","Да","уп",222,"337,7",{"v":74969.4,"d":"74,969.40"}]
["D04AB01","местноанестезирующее средство","Лидокаин","Лидокаин-Виал спрей для местного и наружного прим 10% 38g","ПЛАТ","Да","уп",30,"337,7",10131]
["D06Противомикробные препараты для лечения заболеваний кожи",{"$nulls":8},{"v":0,"d":"0.00"}]
["D06AX","антибиотик комбинированный (антибиотик полипептидный+антибиотик-аминогликозид)","Неомицин","Банеоцин мазь д/наружн прим 250ME/g+5000ME/g 20g","ОМС","Нет","уп",15,"425,13",{"v":6376.95,"d":"6,376.95"}]
["D06AX","антибиотик комбинированный (антибиотик полипептидный+антибиотик-аминогликозид)","Неомицин","Банеоцин мазь д/наружн прим 250ME/g+5000ME/g 20g","ПЛАТ","Нет","уп",3,"425,13",1275.3899999999999]
["D06AX","антибиотик комбинированный (антибиотик полипептидный+антибиотик-аминогликозид)","Неомицин","Банеоцин порошок для наруж примен(присыпка) 250ME/g+5000ME/g 10g","Бюджет","Нет","уп",1,"461,76",461.76]
["D06AX","антибиотик комбинированный (антибиотик полипептидный+антибиотик-аминогликозид)","Неомицин","Банеоцин порошок для наруж примен(присыпка) 250ME/g+5000ME/g 10g","ОМС","Нет","уп",42,"461,76",{"v":19393.92,"d":"19,393.92"}]
["D06AX","антибиотик комбинированный (антибиотик полипептидный+антибиотик-аминогликозид)","Неомицин","Банеоцин порошок для наруж примен(присыпка) 250ME/g+5000ME/g 10g","ПЛАТ","Нет","уп",15,"461,76",6926.4]
["D06C","противомикробное средство комбинированное","Диоксометилтетрагидропиримидин+сульфадиметоксин+тримекаин+хлормфеникол","Левосин мазь д/наружн прим 40g №1","Бюджет","Да","уп",5,"79,5",397.5]
["D06C","противомикробное средство комбинированное","Диоксометилтетрагидропиримидин+сульфадиметоксин+тримекаин+хлормфеникол","Левосин мазь д/наружн прим 40g №1","ОМС","Да","уп",439,"79,5",{"v":34900.5,"d":"34,900.50"}]
["D06C","противомикробное средство комбинированное","Диоксометилтетрагидропиримидин+сульфадиметоксин+тримекаин+хлормфеникол","Левосин мазь д/наружн прим 40g №1","ПЛАТ","Да","уп",68,"79,5",5406]
["D07Кортикостероиды для лечения заболеваний кожи для наружного применения",{"$nulls":8},{"v":0,"d":"0.00"}]
["D07AA02","глюкокортикостероид для местного применения","Гидрокортизон","Гидрокортизон мазь д/наружн прим 1% 15g ","ОМС","Да","уп",120,"46,2",{"v":5544,"d":"5,544.00"}]
["D07AA02","глюкокортикостероид для местного применения","Гидрокортизон","Гидрокортизон мазь д/наружн прим 1% 15g ","ПЛАТ","Да","уп",3,"46,2",138.60000000000002]
["D07AC14","глюкокортикостероид для местного применения","Метилпреднизолона ацепонат ","Комфодерм мазь д/наружн прим 0,1% 15g","ПЛАТ","Нет","уп",5,"280,96",1404.8]
["D07XB01","глюкокортикостероид для местного применения+кератолитическое средство","Салициловая кислота+Флуметазон","Лоринден  А мазь д/наружн прим 15g №1","Бюджет","Нет","уп",17,"489,74",8325.58]
["D07XB01","глюкокортикостероид для местного применения+кератолитическое средство","Салициловая кислота+Флуметазон","Лоринден  А мазь д/наружн прим 15g №1","ОМС","Нет","уп",90,"489,74",{"v":44076.6,"d":"44,076.60"}]
["D07XB01","глюкокортикостероид для местного применения+кератолитическое средство","Салициловая кислота+Флуметазон","Лоринден  А мазь д/наружн прим 15g №1","ПЛАТ","Нет","уп",55,"489,74",26935.7]
["D07XC01","глюкокортикостероид для местного применения+антибиотик-аминогликозид+противогрибковое средство","Бетаметазон+Гентамицин+Клотримазол","Акридерм ГК крем д/ наружн /пр 15g №1","ОМС","Нет","уп",2,"483,51",967.02]
["D07XC01","глюкокортикостероид для местного применения+антибиотик-аминогликозид+противогрибковое средство","Бетаметазон+Гентамицин+Клотримазол","Акридерм ГК крем д/ наружн /пр 15g №1","ПЛАТ","Нет","уп",10,"483,51",4835.1]
["D08Антисептики и дезинфицирующие препараты",{"$nulls":8},{"v":0,"d":"0.00"}]
["D08AC02","антисептическое средство","Хлоргексидин","Хлоргексидин-Ферейн р-р д/наруж/прим спирт 0,5% 1L","Бюджет","Да","бутылка",11,"158,5",1743.5]
["D08AC02","антисептическое средство","Хлоргексидин","Хлоргексидин-Ферейн р-р д/наруж/прим спирт 0,5% 1L","ОМС","Да","бутылка",3597,"158,5",{"v":570124.5,"d":"570,124.50"}]
["D08AC02","антисептическое средство","Хлоргексидин","Хлоргексидин-Ферейн р-р д/наруж/прим спирт 0,5% 1L","ПЛАТ","Да","бутылка",80,"158,5",12680]
["D08AC02","антисептическое средство","Хлоргексидин","Хлоргексидина биглюконат р-р для наружного применения 0,05% 100ml №1","ОМС","Да","уп",286,"12,26",{"v":3506.36,"d":"3,506.36"}]
["D08AC02","антисептическое средство","Хлоргексидин","Хлоргексидина биглюконат р-р для наружного применения 0,05% 100ml №1","ПЛАТ","Да","уп",27,"12,26",331.02]
["D08AD","антисептическое средство","Борная кислота","Борная кислота р-р для наружного применения (спиртовой) 3% 25ml №1","ОМС","Нет","уп",14,"8,88",{"v":124.32000000000001,"d":"124.32"}]
["D08AD","антисептическое средство","Борная кислота","Борная кислота р-р для наружного применения (спиртовой) 3% 25ml №1","ПЛАТ","Нет","уп",5,"8,88",44.400000000000006]
["D08AF01","противомикробное средство - нитрофуран","Нитрофурал","Фурацилин  р-р д/нар и местн прим 0,02% 200ml №28","ОМС","Нет","уп",30,"2320,03",{"v":69600.90000000001,"d":"69,600.90"}]
["D08AF01","противомикробное средство - нитрофуран","Нитрофурал","Фурацилин  р-р д/нар и местн прим 0,02% 200ml №28","ПЛАТ","Нет","уп",2,"2320,03",4640.06]
["D08AF01","противомикробное средство - нитрофуран","Нитрофурал","Фурацилин  раствор для местного и наружного применения 0,02% 400ml №1","ОМС","Нет","уп",8125,"166,5",{"v":1352812.5,"d":"1,352,812.50"}]
["D08AF01","противомикробное средство - нитрофуран","Нитрофурал","Фурацилин  раствор для местного и наружного применения 0,02% 400ml №1","ПЛАТ","Нет","уп",5,"166,5",832.5]
["D08AF01","противомикробное средство - нитрофуран","Нитрофурал","Фурацилин  раствор для местного и наружного применения 0,02% 400ml №15","ОМС","Нет","уп",49,"1999,33",{"v":97967.17,"d":"97,967.17"}]
["D08AG","антисептическое средство","Йод+Каля йодид+Глицерол","Люголя раствор с глицерином р-р д/нар и местн прим 50g №1","ОМС","Да","уп",21,"91,89",{"v":1929.69,"d":"1,929.69"}]
["D08AG","антисептическое средство","Йод+Каля йодид+Глицерол","Люголя раствор с глицерином раствор для местного применения 25g","ПЛАТ","Да","уп",3,"12,72",38.160000000000004]
["D08AG02","антисептическое средство","Повидон-йод","Бетадин мазь д/мест и наруж/пр 10% 20g","ОМС","Нет","уп",24,"314,15",{"v":7539.599999999999,"d":"7,539.60"}]
["D08AG02","антисептическое средство","Повидон-йод","Бетадин мазь д/мест и наруж/пр 10% 20g","ПЛАТ","Нет","уп",3,"314,15",942.4499999999999]
["D08AG02","антисептическое средство","Повидон-йод","Браунодин Б.Браун мазь д/наружн прим 10% 20g","ОМС","Нет","уп",10,"188,52",{"v":1885.2,"d":"1,885.20"}]
["D08AG02","антисептическое средство","Повидон-йод","Браунодин Б.Браун мазь д/наружн прим 10% 20g","ПЛАТ","Нет","уп",3,"188,52",565.5600000000001]
["D08AG02","антисептическое средство","Повидон-йод","Браунодин Б.Браун р-р д/нар и местн прим 7,5% 1000ml №10","Бюджет","Да","уп",2,"8307,75",16615.5]
["D08AG02","антисептическое средство","Повидон-йод","Браунодин Б.Браун р-р д/нар и местн прим 7,5% 1000ml №10","ОМС","Да","уп",114,"8307,75",{"v":947083.5,"d":"947,083.50"}]
["D08AG02","антисептическое средство","Повидон-йод","Браунодин Б.Браун р-р д/нар и местн прим 7,5% 1000ml №10","ПЛАТ","Да","уп",2,"8307,75",16615.5]
["D08AG02","антисептическое средство","Повидон-йод","Браунодин Б.Браун р-р д/нар и местн прим 7,5% 100ml","Бюджет","Да","уп",10,"233,26",2332.6]
["D08AG02","антисептическое средство","Повидон-йод","Браунодин Б.Браун р-р д/нар и местн прим 7,5% 100ml","ОМС","Да","уп",170,"233,26",{"v":39654.2,"d":"39,654.20"}]
["D08AG02","антисептическое средство","Повидон-йод","Браунодин Б.Браун р-р д/нар и местн прим 7,5% 100ml","ПЛАТ","Да","уп",23,"233,26",5364.98]
["D08AG02","антисептическое средство","Повидон-йод","Браунодин Б.Браун р-р д/нар и местн прим 7,5% 500ml №20","Бюджет","Да","уп",1,"14383,38",14383.38]
["D08AG02","антисептическое средство","Повидон-йод","Браунодин Б.Браун р-р д/нар и местн прим 7,5% 500ml №20","ОМС","Да","уп",6,"14383,38",{"v":86300.28,"d":"86,300.28"}]
["D08AG03","антисептическое средство","Йод + [Калия йодид + Этанол","Йод р-р для наружного применения (спиртовой) 5% 10ml №1","ОМС","Нет","фл",1231,"8,88",{"v":10931.28,"d":"10,931.28"}]
["D08AG03","антисептическое средство","Йод + [Калия йодид + Этанол","Йод р-р для наружного применения (спиртовой) 5% 10ml №1","ПЛАТ","Нет","фл",5,"8,88",44.400000000000006]
["D08AX","антисептическое средство","Бриллиантовый зеленый","Бриллиантовый зеленый р-р д/наруж/прим спирт 1% 10ml №1","ОМС","Нет","фл",1021,"7,77",{"v":7933.169999999999,"d":"7,933.17"}]
["D08AX","антисептическое средство","Бриллиантовый зеленый","Бриллиантовый зеленый р-р д/наруж/прим спирт 1% 10ml №1","ПЛАТ","Нет","фл",16,"7,77",124.32]
["D08AX","антисептическое средство","Деготь + Трибромфенолята висмута и висмута оксида комплекс","Линимент бальзамический (по Вишневскому)  линимент 30g №1","ОМС","Нет","уп",45,"29,97",{"v":1348.6499999999999,"d":"1,348.65"}]
["D08AX","противомикробное средство комбинированное","Бензокаин + Борная кислота + Облепихи масло + Хлорамфеникол","Олазоль аэрозоль д/нар прим 80g №1","ОМС","Нет","уп",28,"349,65",{"v":9790.199999999999,"d":"9,790.20"}]
["D08AX","противомикробное средство комбинированное","Бензокаин + Борная кислота + Облепихи масло + Хлорамфеникол","Олазоль аэрозоль д/нар прим 80g №1","ПЛАТ","Нет","уп",1,"349,65",349.65]
["D08AX01","антисептическое средство","Водорода пероксид","Перекись водорода р-р д/нар и местн прим 3% 100ml №1","Бюджет","Да","фл",10,"11,31",113.10000000000001]
["D08AX01","антисептическое средство","Водорода пероксид","Перекись водорода р-р д/нар и местн прим 3% 100ml №1","ОМС","Да","фл",3350,"11,31",{"v":37888.5,"d":"37,888.50"}]
["D08AX01","антисептическое средство","Водорода пероксид","Перекись водорода р-р д/нар и местн прим 3% 100ml №1","ПЛАТ","Да","фл",80,"11,31",904.8000000000001]
["D08AX08","антисептическое средство","Этанол","Этиловый спирт 70% р-р д/нар прим и пригот лек форм 100ml","Бюджет","Да","фл",2,"15,12",30.24]
["D08AX08","антисептическое средство","Этанол","Этиловый спирт 70% р-р д/нар прим и пригот лек форм 100ml","ОМС","Да","фл",10404,"15,12",{"v":157308.47999999998,"d":"157,308.48"}]
["D08AX08","антисептическое средство","Этанол","Этиловый спирт 70% р-р д/нар прим и пригот лек форм 100ml","ПЛАТ","Да","фл",20,"15,12",302.4]
["D08AX08","антисептическое средство","Этанол","Этиловый спирт 95% конц д/пр р-ра д/наруж/пр 100ml","ОМС","Да","фл",1818,"19,76",{"v":35923.68,"d":"35,923.68"}]
["D11Прочие препараты для лечения заболеваний кожи",{"$nulls":8},{"$f":"H751*I751","v":{"v":0,"d":"0.00"}}]
["D11A","репарации тканей стимулятор растительного происхождения","Облепихи масло","Облепиховое масло масло для приема внутрь, местного и наружного применения 100ml","ПЛАТ","Нет","уп",20,"116,82",2336.3999999999996]
["D11AX","репарации тканей стимулятор","~","Солкосерил гель д/наруж/пр 20g №1","ОМС","Нет","уп",13,"338,27",{"v":4397.51,"d":"4,397.51"}]
["D11AX","репарации тканей стимулятор","~","Солкосерил гель д/наруж/пр 20g №1","ПЛАТ","Нет","уп",3,"338,27",1014.81]
["D11AX","репарации тканей стимулятор","Диоксометилтетрагидропиримидин ","Метилурацил мазь д/мест и наруж/пр 10%-25g","ОМС","Нет","уп",58,"32,75",{"v":1899.5,"d":"1,899.50"}]
[{"$nulls":9},{"$f":"SUBTOTAL(9,J686:J755)","v":{"v":3636406.6399999997,"d":"3,636,406.64"}}]
["G Mочеполовая система и половые гормоны "]
["G02Прочие гинекологические препараты"]
["G02AD06","родовой деятельности стимулятор - простагландина E1 аналог синтетический","Мизопростол","Миролют табл 200mkg №4","ПЛАТ","Да","уп",5,"353,44","1767,2"]
["G03Половые гормоны и модуляторы половой системы"]
["G03DA04","гестаген","Прогестерон","Прогестерон раствор для в/м вв 10mg/ml 1ml №10","ОМС","Нет","уп",100,"421,8",{"$f":"H761*I761","v":{"v":42180,"d":"42,180.00"}}]
["G03DA04","гестаген","Прогестерон","Прогестерон раствор для в/м вв 25mg/ml 1ml №10","ОМС","Нет","уп",250,"774,78",{"$f":"H762*I762","v":{"v":193695,"d":"193,695.00"}}]
["G03DB01","гестаген","Дидрогестерон","Дюфастон табл п/о 10mg №20","ПЛАТ","Да","уп",10,"544,45",5444.5]
["G03XB01","ангиопротекторное средство","Троксерутин ","Троксерутин  гель д/наруж/пр 2% 40g","ОМС","Нет","уп",10,"72,97",{"v":729.7,"d":"729.70"}]
["G03XB01","антигестаген","Мифепристон","Миропристон табл 200mg №3","ПЛАТ","Нет","уп",5,"2664,08",13320.4]
["G04Препараты для лечения урологических заболеваний",{"$nulls":8},{"v":0,"d":"0.00"}]
["G04AB","противомикробное средство - хиноксалин","Гидроксиметилхиноксалиндиоксид","Диоксидин раствор для в/полост.и наруж.применения 10mg/ml 10ml №10","ОМС","Нет","уп",75,"719,77",{"v":53982.75,"d":"53,982.75"}]
["G04AB","противомикробное средство - хиноксалин","Гидроксиметилхиноксалиндиоксид","Диоксидин раствор для в/полост.и наруж.применения 10mg/ml 10ml №10","ПЛАТ","Нет","уп",7,"719,77",5038.389999999999]
["G04CA02","альфа1-адреноблокатор","Тамсулозин","Тамсулозин-OBL капс с модиф/ высв 0,4 мг №30","ОМС","Да","уп",10,"603,49",{"v":6034.9,"d":"6,034.90"}]
["G04CA02","альфа1-адреноблокатор","Тамсулозин","Тамсулозин-OBL капс с модиф/ высв 0,4 мг №30","ПЛАТ","Да","уп",10,"603,49","6034,9"]
[{"$nulls":9},{"$f":"SUBTOTAL(9,J761:J770)","v":{"v":296622.35000000003,"d":"296,622.35"}}]
["H Гормоны для системного применения (исключая половые гормоны и инсулины) "]
["H01Гормоны гипоталамуса и гипофиза и их аналоги"]
["H01BB02","родовой деятельности стимулятор - препарат окситоцина","Окситоцин","Окситоцин р-р для в/м и в/в введ 5МЕ/ml 1ml №10","ОМС","Да","уп",200,"42,97",{"$f":"H774*I774","v":{"v":8594,"d":"8,594.00"}}]
["Н01СВ02","соматостатина аналог синтетический","Октреотид","Октреотид Сан раствор для в/в и п/к  вв 100mkg/ml 1ml №1","Бюджет","Да","уп",20,"181,23",{"$f":"H775*I775","v":3624.6}]
["Н01СВ02","соматостатина аналог синтетический","Октреотид","Октреотид Сан раствор для в/в и п/к  вв 100mkg/ml 1ml №1","ОМС","Да","уп",337,"181,23",{"v":61074.509999999995,"d":"61,074.51"}]
["Н01СВ02","соматостатина аналог синтетический","Октреотид","Октреотид Сан раствор для в/в и п/к  вв 100mkg/ml 1ml №1","ПЛАТ","Да","уп",20,"181,23",3624.6]
["H02Кортикостероиды для системного применения",{"$nulls":8},{"v":0,"d":"0.00"}]
["H02AB01","глюкокортикостероид","Бетаметазон","Дипроспан суспензия для инъекций 2mg+5mg/ml 1ml №1","Бюджет","Да","уп",8,"319,66",2557.28]
["H02AB01","глюкокортикостероид","Бетаметазон","Дипроспан суспензия для инъекций 2mg+5mg/ml 1ml №1","ОМС","Да","уп",341,"319,66",{"v":109004.06000000001,"d":"109,004.06"}]
["H02AB01","глюкокортикостероид","Бетаметазон","Дипроспан суспензия для инъекций 2mg+5mg/ml 1ml №1","ПЛАТ","Да","уп",85,"319,66",27171.100000000002]
["Н02AB02","глюкокортикостероид","Дексаметазон","Дексаметазон-Ферейн раствор для инъекций 4mg/ml 2ml №25","ОМС","Да","уп",600,"350,25",{"v":210150,"d":"210,150.00"}]
["H02AB04","глюкокортикостероид","Метилпреднизолон","Метипред табл 4mg №30","ОМС","Да","уп.",23,"187,18",{"v":4305.14,"d":"4,305.14"}]
["H02AB04","глюкокортикостероид","Метилпреднизолон","Метипред табл 4mg №30","ПЛАТ","Да","уп.",10,"187,18",1871.8000000000002]
["H02AB04","глюкокортикостероид","Метилпреднизолон","Солу-Медрол лиоф-т д/приг р-ра для в/в и в/м вв 250mg №1","ОМС","Да","уп",85,"339,02",{"v":28816.699999999997,"d":"28,816.70"}]
["H02AB04","глюкокортикостероид","Метилпреднизолон","Солу-Медрол лиоф-т д/приг р-ра для в/в и в/м вв 250mg №1","ПЛАТ","Да","уп",20,"339,02",6780.4]
["H02AB06","глюкокортикостероид","Преднизолон","Преднизолон Эльфа  р-р для в/м и в/в введ 30mg/ml 1ml №3","Б.Опк","Да","уп",2,"27,57",55.14]
["H02AB06","глюкокортикостероид","Преднизолон","Преднизолон Эльфа  р-р для в/м и в/в введ 30mg/ml 1ml №3","ОМС","Да","уп",1271,"27,57",{"v":35041.47,"d":"35,041.47"}]
["H02AB06","глюкокортикостероид","Преднизолон","Преднизолон Эльфа  р-р для в/м и в/в введ 30mg/ml 1ml №3","ПЛАТ","Да","уп",13,"27,57",358.41]
["H02AB06","глюкокортикостероид","Преднизолон","Преднизолон раствор для в/в и в/м вв 30mg/ml 1ml №3","ПЛАТ","Да","уп.",10,"38,28",382.8]
["H02AB06","глюкокортикостероид","Преднизолон","Преднизолон табл 5mg №100","ОМС","Да","уп",467,"93,1",{"v":43477.7,"d":"43,477.70"}]
["H02AB06","глюкокортикостероид","Преднизолон","Преднизолон табл 5mg №100","ПЛАТ","Да","уп",18,"93,1",1675.8]
["H02AB08","глюкокортикостероид","Триамцинолон","Кеналог 40 суспензия для инъекций 40mg/ml 1ml №5","Бюджет","Нет","уп",20,"674,22",13484.400000000001]
["H02AB08","глюкокортикостероид","Триамцинолон","Кеналог 40 суспензия для инъекций 40mg/ml 1ml №5","ОМС","Нет","уп",126,"674,22",{"v":84951.72,"d":"84,951.72"}]
["H02AB08","глюкокортикостероид","Триамцинолон","Кеналог 40 суспензия для инъекций 40mg/ml 1ml №5","ПЛАТ","Нет","уп",47,"674,22",31688.34]
["H02AB09","глюкокортикостероид","Гидрокортизон+Лидокаин","Гидрокортизон-Рихтер суспензия для в/суст и околосуст вв 25mg+5mg/ml 5ml","ОМС","Да","уп",30,"246,77",{"v":7403.1,"d":"7,403.10"}]
["H03Препараты для лечения заболеваний щитовидной железы",{"$nulls":8},{"v":0,"d":"0.00"}]
["H03AA01","тиреоидное средство","Левотироксин натрия","L-Тироксин  табл 100mkg №100","ПЛАТ","Да","уп",1,"136,3",136.3]
["Н03АА01","тиреоидное средство","Левотироксин натрия","L-Тироксин 100 Берлин-Хеми табл 100mkg №100","ОМС","Да","уп",11,"136,3",{"v":1499.3000000000002,"d":"1,499.30"}]
["H03BB02","антитиреоидное средство","Тиамазол ","Тирозол табл п/п/о 5mg №50","ОМС","Да","уп",10,"159,23",{"v":1592.3,"d":"1,592.30"}]
["H03BB02","антитиреоидное средство","Тиамазол ","Тирозол табл п/п/о 5mg №50","ПЛАТ","Да","уп",2,"159,23","318,46"]
[{"$nulls":9},{"$f":"SUBTOTAL(9,J774:J801)","v":{"v":595910.0000000001,"d":"595,910.00"}}]
["J Противомикробные препараты для системного применения "]
["J01Противомикробные препараты для системного применения"]
["J01AA02","антибиотик-тетрациклин","Доксициклин","Доксициклин капс 100mg №10","ОМС","Да","уп",100,"25,91",{"$f":"H805*I805","v":{"v":2591,"d":"2,591.00"}}]
["J01AA02","антибиотик-тетрациклин","Доксициклин","Доксициклин-Ферейн лиоф-т д/пригот р-ра д/инф 100mg №50","ОМС","Да","уп",2,"4062,96",{"$f":"H806*I806","v":{"v":8125.92,"d":"8,125.92"}}]
["J01CA04","антибиотик-пенициллин полусинтетический","Амоксициллин","Флемоксин Солютаб табл дисперг 500mg №20","ОМС","Да","уп",48,"341,67",{"v":16400.16,"d":"16,400.16"}]
["J01CA04","антибиотик-пенициллин полусинтетический","Амоксициллин","Флемоксин Солютаб табл дисперг 500mg №20","ПЛАТ","Да","уп",14,"341,67",4783.38]
["J01CR02","антибиотик-пенициллин полусинтетический+бета-лактамаз ингибитор","Амоксициллин+ клавулановая кислота","Кламосар порошок д/приг-я р-ра для в/в введ 1000mg+200mg №5","Бюджет","Да","уп",471,"392,42",184829.82]
["J01CR02","антибиотик-пенициллин полусинтетический+бета-лактамаз ингибитор","Амоксициллин+ клавулановая кислота","Кламосар порошок д/приг-я р-ра для в/в введ 1000mg+200mg №5","ОМС","Да","уп",4238,"392,42",{"v":1663075.96,"d":"1,663,075.96"}]
["J01CR02","антибиотик-пенициллин полусинтетический+бета-лактамаз ингибитор","Амоксициллин+ клавулановая кислота","Кламосар порошок д/приг-я р-ра для в/в введ 1000mg+200mg №5","ПЛАТ","Да","уп",385,"392,42",151081.7]
["J01CR02","антибиотик-пенициллин полусинтетический+бета-лактамаз ингибитор","Амоксициллин+Клавулановая кислота","Экоклав табл п/п/о 875mg +125mg №14","Бюджет","Да","уп",3,"484,2",1452.6]
["J01CR02","антибиотик-пенициллин полусинтетический+бета-лактамаз ингибитор","Амоксициллин+Клавулановая кислота","Экоклав табл п/п/о 875mg +125mg №14","ОМС","Да","уп",547,"484,2",{"v":264857.39999999997,"d":"264,857.40"}]
["J01CR02","антибиотик-пенициллин полусинтетический+бета-лактамаз ингибитор","Амоксициллин+Клавулановая кислота","Экоклав табл п/п/о 875mg +125mg №14","ПЛАТ","Да","уп",37,"484,2",17915.399999999998]
["J01CR50","антибиотик комбинированный (пенициллины полусинтетические)","Ампициллин+Оксациллин","Оксамп-натрий порошок д/приг-я р-ра для в/в , в/м введ 333,5mg + 166,5mg №50","ОМС","Нет","уп",11,914,{"v":10054,"d":"10,054.00"}]
["J01DB04","антибиотик-цефалоспорин","Цефазолин","Цефазолин-АКОС порошок д/приг-я р-ра для в/в , в/м введ №50 1.0g","Бюджет","Да","уп",79,"824,66",65148.14]
["J01DB04","антибиотик-цефалоспорин","Цефазолин","Цефазолин-АКОС порошок д/приг-я р-ра для в/в , в/м введ №50 1.0g","ОМС","Да","уп",1138,"824,66",{"v":938463.08,"d":"938,463.08"}]
["J01DB04","антибиотик-цефалоспорин","Цефазолин","Цефазолин-АКОС порошок д/приг-я р-ра для в/в , в/м введ №50 1.0g","ПЛАТ","Да","уп",78,"824,66",64323.479999999996]
["J01DC02","антибиотик-цефалоспорин","Цефтазидим","Цефтазидим-АКОС порошок д/приг-я р-ра для в/в , в/м введ 1,0g","ОМС","Да","уп",2000,"83,38",{"v":166760,"d":"166,760.00"}]
["J01DC02","антибиотик-цефалоспорин","Цефтазидим","Цефтазидим-АКОС порошок д/приг-я р-ра для в/в , в/м введ 1,0g","ПЛАТ","Да","уп",130,"83,38",10839.4]
["J01DC02","антибиотик-цефалоспорин","Цефтазидим","Цефтазидим-АКОС порошок д/приг-я р-ра для в/в , в/м введ 2 g","ОМС","Да","уп",1700,"155,33",{"v":264061,"d":"264,061.00"}]
["J01DD","антибиотик-цефалоспорин","Цефоперазон","Операз  порошок д/приг-я р-ра для в/в , в/м введ 1,0g","ОМС","Нет","уп",960,"36,63",{"v":35164.8,"d":"35,164.80"}]
["J01DD01","антибиотик-цефалоспорин","Цефотаксим","Цефотаксим порошок д/приг-я р-ра для в/в , в/м введ 1g №50","Бюджет","Да",null,50,"1173,41",58670.50000000001]
["J01DD01","антибиотик-цефалоспорин","Цефотаксим","Цефотаксим порошок д/приг-я р-ра для в/в , в/м введ 1g №50","ОМС","Да",null,261,"1173,41",{"v":306260.01,"d":"306,260.01"}]
["J01DD01","антибиотик-цефалоспорин","Цефотаксим","Цефотаксим порошок д/приг-я р-ра для в/в , в/м введ 1g №50","ПЛАТ","Да",null,14,"1173,41",16427.74]
["J01DD04","антибиотик-цефалоспорин","Цефтриаксон","Цефтриаксон порошок д/приг-я р-ра для в/в , в/м введ 1g №50","Бюджет","Да","уп",148,"1024,25",151589]
["J01DD04","антибиотик-цефалоспорин","Цефтриаксон","Цефтриаксон порошок д/приг-я р-ра для в/в , в/м введ 1g №50","ОМС","Да","уп",882,"1024,25",{"v":903388.5,"d":"903,388.50"}]
["J01DD04","антибиотик-цефалоспорин","Цефтриаксон","Цефтриаксон порошок д/приг-я р-ра для в/в , в/м введ 1g №50","ПЛАТ","Да","уп",24,"1024,25",24582]
["J01DD51","антибиотик-цефалоспорин+бета-лактамаз ингибитор","Цефотаксим+[Сульбактам]","Кларуктам порошок д/приг-я р-ра для в/в , в/м введ 1000mg+500mg №1","ОМС","Нет","уп",300,"329,67",{"v":98901,"d":"98,901.00"}]
["J01DD62","антибиотик-цефалоспорин+бета-лактамаз ингибитор","Цефоперазон+[Сульбактам]","Цефоперазон и Сульбактам Джодас  1g+1g №1","ОМС","Да","уп",650,"228,29",{"v":148388.5,"d":"148,388.50"}]
["J01DE","антибиотик-цефалоспорин+бета-лактамаз ингибитор","Цефепим + [Сульбактам]","Максиктам-АФ порошок д/приг-я р-ра для в/в , в/м введ 1g+1g №1","ОМС","Нет",null,300,"987,9",{"v":296370,"d":"296,370.00"}]
["J01DE01","антибиотик-цефалоспорин","Цефепим","Цефепим порошок д/приг р-ра для в/м введ 1,0g","ОМС","Да","уп",663,"249,74",{"v":165577.62,"d":"165,577.62"}]
["J01DE01","антибиотик-цефалоспорин","Цефепим","Цефепим порошок д/приг р-ра для в/м введ 1,0g","ПЛАТ","Да","уп",30,"249,74",7492.200000000001]
["J01DH02","антибиотик-карбапенем","Меропенем","Мепенем порошок д/приг-я р-ра для в/в введ 1,0g","Бюджет","Да","фл",20,"1630,2",32604]
["J01DH02","антибиотик-карбапенем","Меропенем","Мепенем порошок д/приг-я р-ра для в/в введ 1,0g","ОМС","Да","фл",871,"1630,2",{"v":1419904.2,"d":"1,419,904.20"}]
["J01DH02","антибиотик-карбапенем","Меропенем","Мепенем порошок д/приг-я р-ра для в/в введ 1,0g","ПЛАТ","Да","фл",165,"1630,2",268983]
["J01DH02","антибиотик-карбапенем","Меропенем","Меропенем порошок д/приг-я р-ра для в/в введ 1g №1","Бюджет","Да","уп",74,"1780,68",131770.32]
["J01DH02","антибиотик-карбапенем","Меропенем","Меропенем порошок д/приг-я р-ра для в/в введ 1g №1","ОМС","Да","уп",1280,"1780,68",{"v":2279270.4,"d":"2,279,270.40"}]
["J01DH02","антибиотик-карбапенем","Меропенем","Меропенем порошок д/приг-я р-ра для в/в введ 1g №1","ПЛАТ","Да","уп",100,"1780,68",178068]
["J01DH51","антибиотик-карбапенем+почечной дегидропептидазы блокатор","Имипенем + Циластатин","Имипенем и Циластатин Джодас порошок д/приг р-ра д/инфузий 500mg+500mg №1","ОМС","Да","уп",705,"618,8",{"v":436253.99999999994,"d":"436,254.00"}]
["J01DH51","антибиотик-карбапенем+почечной дегидропептидазы блокатор","Имипенем + Циластатин","Имипенем и Циластатин Джодас порошок д/приг р-ра д/инфузий 500mg+500mg №1","ПЛАТ","Да","уп",116,"618,8",71780.79999999999]
["J01EE01","противомикробное средство комбинированное","Ко-тримоксазол","Бисептол 480 конц-т д/приг раствора для инфузий 96mg/ml 5ml №10","ОМС","Да","уп",96,"410,92",{"v":39448.32,"d":"39,448.32"}]
["J01EE01","противомикробное средство комбинированное","Ко-тримоксазол","Бисептол 480 конц-т д/приг раствора для инфузий 96mg/ml 5ml №10","ПЛАТ","Да","уп",3,"410,92",1232.76]
["J01EE01","противомикробное средство комбинированное","Ко-тримоксазол","Ко-тримоксазол табл 480mg №10","ПЛАТ","Да","уп",2,"20,21",40.42]
["J01FA09","антибиотик-аминогликозид","Кларитромицин","Клабакс ОД табл пролонг п/п/о 500mg №14","ОМС","Да","уп",15,"516,91",{"v":7753.65,"d":"7,753.65"}]
["J01FA09","антибиотик-аминогликозид","Кларитромицин","Клабакс ОД табл пролонг п/п/о 500mg №14","ПЛАТ","Да","уп",1,"516,91",516.91]
["J01FA09","антибиотик-аминогликозид","Кларитромицин","Кларитромицин табл пролонг п/п/о 500mg №7","Бюджет","Да","уп",2,"361,71",723.42]
["J01FA09","антибиотик-аминогликозид","Кларитромицин","Кларитромицин табл пролонг п/п/о 500mg №7","ОМС","Да","уп",17,"361,71",{"v":6149.07,"d":"6,149.07"}]
["J01FA10","антибиотик-азалид","Азитромицин","Азитромицин  Экомед табл п/п/о 500mg №3","ОМС","Да","уп",82,"258,8",{"v":21221.600000000002,"d":"21,221.60"}]
["J01FA10","антибиотик-азалид","Азитромицин","Азитромицин  Экомед табл п/п/о 500mg №3","ПЛАТ","Да","уп",17,"258,8",4399.6]
["J01FF02","антибиотик-линкозамид","Линкомицин","Линкомицин раствор для в/в и в/м вв 300mg/ml 1ml №10","ОМС","Нет","уп",270,"156,67",{"v":42300.899999999994,"d":"42,300.90"}]
["J01FF02","антибиотик-линкозамид","Линкомицин","Линкомицин раствор для в/в и в/м вв 300mg/ml 1ml №10","ПЛАТ","Нет","уп",85,"156,67",13316.949999999999]
["J01GB01","антибиотик-аминогликозид","Тобрамицин","Тобропт капли глазные 0,3% 5ml","ОМС","Да","уп",500,"120,12",{"v":60060,"d":"60,060.00"}]
["J01GB01","антибиотик-аминогликозид","Тобрамицин","Тобропт капли глазные 0,3% 5ml","ПЛАТ","Да","уп",10,"120,12",1201.2]
["J01GB03","антибиотик-аминогликозид","Гентамицин","Гентамицин раствор для в/в и в/м вв 40mg/ml 2ml №10","Бюджет","Да","уп",50,"32,19",1609.5]
["J01GB03","антибиотик-аминогликозид","Гентамицин","Гентамицин раствор для в/в и в/м вв 40mg/ml 2ml №10","ОМС","Да","уп",2190,"32,19",{"v":70496.09999999999,"d":"70,496.10"}]
["J01GB03","антибиотик-аминогликозид","Гентамицин","Гентамицин раствор для в/в и в/м вв 40mg/ml 2ml №10","ПЛАТ","Да","уп",35,"32,19",1126.6499999999999]
["J01GB06","антибиотик-аминогликозид","Амикацин","Амикацин порошок д/приг-я р-ра для в/в , в/м введ 500mg №50","Бюджет","Да","уп",6,"1975,41",11852.460000000001]
["J01GB06","антибиотик-аминогликозид","Амикацин","Амикацин порошок д/приг-я р-ра для в/в , в/м введ 500mg №50","ОМС","Да","уп","239,2","1975,41",{"v":472518.072,"d":"472,518.07"}]
["J01GB06","антибиотик-аминогликозид","Амикацин","Амикацин порошок д/приг-я р-ра для в/в , в/м введ 500mg №50","ПЛАТ","Да","уп",3,"1975,41",5926.2300000000005]
["J01MA01","противомикробное средство - фторхинолон","Офлоксацин","Офлоксацин раствор для инфузий 2mg/ml 100ml №1","ОМС","Да","уп",100,"52,39",{"v":5239,"d":"5,239.00"}]
["J01MA02","противомикробное средство - фторхинолон","Ципрофлоксацин","Ципрофлоксацин раствор для инфузий 2mg/ml 100ml №1","Бюджет","Да","уп",1130,"32,42",36634.6]
["J01MA02","противомикробное средство - фторхинолон","Ципрофлоксацин","Ципрофлоксацин раствор для инфузий 2mg/ml 100ml №1","ОМС","Да","уп",16038,"32,42",{"v":519951.96,"d":"519,951.96"}]
["J01MA02","противомикробное средство - фторхинолон","Ципрофлоксацин","Ципрофлоксацин раствор для инфузий 2mg/ml 100ml №1","ПЛАТ","Да","уп",435,"32,42",14102.7]
["J01MA02","противомикробное средство - фторхинолон","Ципрофлоксацин","Ципрофлоксацин табл 500mg №10","Бюджет","Да","уп",17,"37,86",643.62]
["J01MA02","противомикробное средство - фторхинолон","Ципрофлоксацин","Ципрофлоксацин табл 500mg №10","ОМС","Да","уп",892,"37,86",{"v":33771.12,"d":"33,771.12"}]
["J01MA02","противомикробное средство - фторхинолон","Ципрофлоксацин","Ципрофлоксацин табл 500mg №10","ПЛАТ","Да","уп",35,"37,86",1325.1]
["J01MA03","противомикробное средство - фторхинолон","Пефлоксацин","Пефлоксацин-АКОС конц-т д/приг раствора для инфузий 400mg/5ml 5ml №10","ОМС","Нет","уп",230,"124,37",{"v":28605.100000000002,"d":"28,605.10"}]
["J01MA03","противомикробное средство - фторхинолон","Пефлоксацин","Пефлоксацин-АКОС конц-т д/приг раствора для инфузий 400mg/5ml 5ml №10","ПЛАТ","Нет","уп",55,"124,37",6840.35]
["J01MA03","противомикробное средство - фторхинолон","Пефлоксацин","Пефлоксацин-АКОС табл п/п/о 400mg №10","ОМС","Нет","уп",5,"88,83",{"$f":"H870*I870","v":444.15}]
["J01MA03","противомикробное средство - фторхинолон","Пефлоксацин","Пефлоксацин-АКОС табл п/п/о 400mg №10","ПЛАТ","Нет","уп",5,"88,83",444.15]
["J01MA06","противомикробное средство - фторхинолон","Норфлоксацин","Нолицин табл 400mg №10","ОМС","Нет","уп",42,"157,28",{"v":6605.76,"d":"6,605.76"}]
["J01MA06","противомикробное средство - фторхинолон","Норфлоксацин","Нолицин табл 400mg №10","ПЛАТ","Нет","уп",43,"157,28",6763.04]
["J01MA12","противомикробное средство - фторхинолон","Левофлоксацин","Лефлобакт раствор для инфузий 5mg/ml 100ml","Бюджет","Да","уп",12,"442,75",5313]
["J01MA12","противомикробное средство - фторхинолон","Левофлоксацин","Лефлобакт раствор для инфузий 5mg/ml 100ml","ОМС","Да","уп",837,"442,75",{"v":370581.75,"d":"370,581.75"}]
["J01MA12","противомикробное средство - фторхинолон","Левофлоксацин","Лефлобакт раствор для инфузий 5mg/ml 100ml","ПЛАТ","Да","уп",255,"442,75",112901.25]
["J01MA12","противомикробное средство - фторхинолон","Левофлоксацин","Лефлобакт табл п/п/о 500mg №10","Бюджет","Да","уп",5,"409,86",2049.3]
["J01MA12","противомикробное средство - фторхинолон","Левофлоксацин","Лефлобакт табл п/п/о 500mg №10","ОМС","Да","уп",258,"409,86",{"v":105743.88,"d":"105,743.88"}]
["J01MA12","противомикробное средство - фторхинолон","Левофлоксацин","Лефлобакт табл п/п/о 500mg №10","ПЛАТ","Да","уп",22,"409,86",9016.92]
["J01MB04","противомикробное средство - хинолон","Пипеминовая кислота","Палин капс 200mg №20","ОМС","Нет","уп",17,"278,27",{"v":4730.59,"d":"4,730.59"}]
["J01MB04","противомикробное средство - хинолон","Пипеминовая кислота","Палин капс 200mg №20","ПЛАТ","Нет","уп",23,"278,27",6400.209999999999]
["J01XA01","антибиотик-гликопептид","Ванкомицин","Ванкомицин Эльфа порошок д/приг р-ра д/инфузий 1000mg №1","ОМС","Да","уп",1150,"324,47",{"v":373140.50000000006,"d":"373,140.50"}]
["J01XA01","антибиотик-гликопептид","Ванкомицин","Ванкомицин Эльфа порошок д/приг р-ра д/инфузий 1000mg №1","ПЛАТ","Да","уп",70,"324,47",22712.9]
["J01XA01","антибиотик-гликопептид","Ванкомицин","Ванкорус лиоф-т д/пригот р-ра д/инф 1,0g","ОМС","Да","уп",310,"431,92",{"v":133895.2,"d":"133,895.20"}]
["J01XA01","антибиотик-гликопептид","Ванкомицин","Ванкорус лиоф-т д/пригот р-ра д/инф 1,0g","ПЛАТ","Да","уп",14,"431,92",6046.88]
["J01XD01","противомикробное и противопротозойное средство","Метронидазол","Метронидазол раствор для инфузий 5mg/ml  100ml","Бюджет","Да","уп",820,"35,23",28888.6]
["J01XD01","противомикробное и противопротозойное средство","Метронидазол","Метронидазол раствор для инфузий 5mg/ml  100ml","ОМС","Да","уп",11693,"35,23",{"v":411944.38999999996,"d":"411,944.39"}]
["J01XD01","противомикробное и противопротозойное средство","Метронидазол","Метронидазол раствор для инфузий 5mg/ml  100ml","ПЛАТ","Да","уп",350,"35,23",12330.499999999998]
["J01XD01","противомикробное и противопротозойное средство","Метронидазол","Метронидазол табл 250mg №20","Бюджет","Да","уп",2,"15,09",30.18]
["J01XD01","противомикробное и противопротозойное средство","Метронидазол","Метронидазол табл 250mg №20","ОМС","Да","уп",388,"15,09",{"v":5854.92,"d":"5,854.92"}]
["J01XD01","противомикробное и противопротозойное средство","Метронидазол","Метронидазол табл 250mg №20","ПЛАТ","Да","уп",88,"15,09",1327.92]
["J01XE01","противомикробное средство - нитрофуран","Нитрофурантоин","Фурадонин Авексима табл 50mg №20","ОМС","Нет","уп",15,100,{"v":1500,"d":"1,500.00"}]
["J01XX01","антибиотик","Фосфомицин","Экофомурал гранулы д/приг р-ра д/вн прим 3g","ПЛАТ","Нет","уп",3,"319,41",958.23]
["J01XX08","антиагрегантное средство","Эптифибатид","Коромакс раствор для в/в  вв 0,75mg/ml 100ml №1","ОМС","Нет","уп",35,"10875,78",{"v":380652.30000000005,"d":"380,652.30"}]
["J01XX08","антиагрегантное средство","Эптифибатид","Коромакс раствор для в/в  вв 2mg/ml 10ml №1","ОМС","Нет","уп",35,"2794,98",{"v":97824.3,"d":"97,824.30"}]
["J01XX08","антибиотик-оксазолидинон","Линезолид","Зивокс раствор для инфузий 2mg/ml 300ml №10","ОМС","Да","уп",8,"8364,18",{"v":66913.44,"d":"66,913.44"}]
["J02Противогрибковые препараты для системного применения",{"$nulls":8},{"v":0,"d":"0.00"}]
["J02AC01","противогрибковое средство","Флуконазол","Микосист капсулы 100mg №28","Бюджет","Да","уп",2,"2240,1",4480.2]
["J02AC01","противогрибковое средство","Флуконазол","Микосист капсулы 100mg №28","ОМС","Да","уп",19,"2240,1",{"v":42561.9,"d":"42,561.90"}]
["J02AC01","противогрибковое средство","Флуконазол","Микосист капсулы 100mg №28","ПЛАТ","Да","уп",4,"2240,1",8960.4]
["J02AC01","противогрибковое средство","Флуконазол","Флуконазол капс 150mg №2","ОМС","Да","уп",522,"44,74",{"v":23354.280000000002,"d":"23,354.28"}]
["J02AC01","противогрибковое средство","Флуконазол","Флуконазол капс 150mg №2","ПЛАТ","Да","уп",25,"44,74",1118.5]
["J02AC01","противогрибковое средство","Флуконазол","Флуконазол капсулы 50mg №7","ОМС","Да","уп",36,"92,58",{"v":3332.88,"d":"3,332.88"}]
["J02AC01","противогрибковое средство","Флуконазол","Флукорус раствор для инфузий 2mg/ml 100ml","ОМС","Да","уп",116,"316,25",{"v":36685,"d":"36,685.00"}]
["J05Противовирусные препараты для системного применения",{"$nulls":8},{"v":0,"d":"0.00"}]
["J05AB01","противовирусное средство","Ацикловир","Ацикловир  лиоф-т д/пригот р-ра д/инф 0,5g №1","ОМС","Да","уп",12,"323,03",{"v":3876.3599999999997,"d":"3,876.36"}]
["J05AB01","противовирусное средство","Ацикловир","Ацикловир  табл 200mg №20","ОМС","Да","уп",26,"30,41",790.66]
["J05AB01","противовирусное средство","Ацикловир","Ацикловир  табл 200mg №20","ПЛАТ","Да","уп",58,"30,41",1763.78]
["J05AH02","противовирусное средство","Осельтамивир","Тамифлю капс 75mg №10","Бюджет","Да","уп",4,"1248,24",4992.96]
["J05AH02","противовирусное средство","Осельтамивир","Тамифлю капс 75mg №10","ОМС","Да","уп",56,"1248,24",{"v":69901.44,"d":"69,901.44"}]
["J05AH02","противовирусное средство","Осельтамивир","Тамифлю капс 75mg №10","ПЛАТ","Да","уп",25,"1248,24",31206]
["J05AX","противовирусное иммуностимулирующее средство - индуктор образования интерферонов","Тилорон","Лавомакс табл п/о 125mg №6","ПЛАТ","Да","уп",3,"548,92",1646.7599999999998]
["J05AX","противовирусное средство","Имидазолилэтанамид пентандиовой кислоты","Ингавирин капс 90mg №7","Бюджет","Да","уп",2,"540,82",1081.64]
["J05AX","противовирусное средство","Имидазолилэтанамид пентандиовой кислоты","Ингавирин капс 90mg №7","ОМС","Да","уп",35,"540,82",{"v":18928.7,"d":"18,928.70"}]
["J05AX","противовирусное средство","Имидазолилэтанамид пентандиовой кислоты","Ингавирин капс 90mg №7","ПЛАТ","Да","уп",5,"540,82",2704.1000000000004]
["J05AX","противовирусное средство","Кагоцел","Кагоцел табл 12mg №10","ОМС","Да","уп",120,"269,31",{"v":32317.2,"d":"32,317.20"}]
["J05AX","противовирусное средство","Кагоцел","Кагоцел табл 12mg №10","ПЛАТ","Да","уп",16,"269,31",4308.96]
["J05AX","противовирусное средство","Умифеновир","Арбидол капсулы 100mg №10","Бюджет","Да","уп",3,"242,73",728.1899999999999]
["J05AX","противовирусное средство","Умифеновир","Арбидол капсулы 100mg №10","ОМС","Да","уп",61,"242,73",{"v":14806.529999999999,"d":"14,806.53"}]
["J05AX","противовирусное средство","Умифеновир","Арбидол капсулы 100mg №10","ПЛАТ","Да","уп",5,"242,73",1213.6499999999999]
["J06Иммунные сыворотки и иммуноглобулины",{"$nulls":8},{"v":0,"d":"0.00"}]
["J06AA03","МИБП - сыворотка","Антитоксин яда гадюки обыкновенной","Сыворотка против яда гадюки обыкновенной лошадиная очищенная концентрированная жидкая раствор для инъекций 150 АЕ/доза 1 доз №1","ОМС","Да","уп",3,"478,8",{"v":1436.4,"d":"1,436.40"}]
["J07Вакцины",{"$nulls":8},{"v":0,"d":"0.00"}]
["J07AM01","МИБП - анатоксин","Анатоксин столбнячный","Анатоксин столбнячный очищенный адсорбированный жидкий  (АС-анатоксин) суспензия для п/к вв 0,5ml/dosis 1ml (2dosis) №10","ОМС","Да","уп",20,"106,55",{"v":2131,"d":"2,131.00"}]
[{"$nulls":9},{"$f":"SUBTOTAL(9,J805:J924)","v":{"v":12941335.972000001,"d":"12,941,335.97"}}]
["L Противоопухолевые препараты и иммуномодуляторы "]
["L04Иммунодепрессанты"]
["L04AX01","иммунодепрессивное средство","Азатиоприн","Азатиоприн табл 50mg №50","ОМС","Да","уп",53,"236,77",{"$f":"H928*I928","v":{"v":12548.810000000001,"d":"12,548.81"}}]
["L04AX01","иммунодепрессивное средство","Азатиоприн","Азатиоприн табл 50mg №50","ПЛАТ","Да","уп",12,"236,77","2841,24"]
[{"$nulls":9},{"$f":"SUBTOTAL(9,J928:J929)","v":{"v":12548.810000000001,"d":"12,548.81"}}]
["M Костно-мышечная система "]
["M01Противовоспалительные и противоревматические препараты"]
["M01AB05","НПВП","Диклофенак","Диклофенак ретард табл. пролог п/к/р/о 100mg №20","ОМС","Да","уп",313,"32,57",{"$f":"H933*I933","v":{"v":10194.41,"d":"10,194.41"}}]
["M01AB05","НПВП","Диклофенак","Диклофенак ретард табл. пролог п/к/р/о 100mg №20","ПЛАТ","Да","уп",14,"32,57",{"$f":"H934*I934","v":455.98}]
["M01AB05","НПВП","Диклофенак","Диклофенак табл п/к/р/о 50mg №20","ОМС","Да","уп",50,"13,63",{"v":681.5,"d":"681.50"}]
["M01AB05","НПВП","Диклофенак","Диклофенак-АКОС раствор для в/м вв 25mg/ml 3 ml №5","Бюджет","Да","уп",690,"20,82",14365.800000000001]
["M01AB05","НПВП","Диклофенак","Диклофенак-АКОС раствор для в/м вв 25mg/ml 3 ml №5","ОМС","Да","уп",4913,"20,82",{"v":102288.66,"d":"102,288.66"}]
["M01AB05","НПВП","Диклофенак","Диклофенак-АКОС раствор для в/м вв 25mg/ml 3 ml №5","ПЛАТ","Да","уп",201,"20,82",4184.82]
["M01AB05","НПВП","Диклофенак","Диклофенак-ФПО  табл п/к/р/о 50mg №20","ОМС","Да","уп",65,"72,06",{"v":4683.900000000001,"d":"4,683.90"}]
["M01AB15","НПВП","Кеторолак","Кеторолак раствор для в/в и в/м вв 30mg/ml 1ml №10","ОМС","Да","уп.",1065,"83,68",{"v":89119.20000000001,"d":"89,119.20"}]
["M01AB15","НПВП","Кеторолак","Кеторолак раствор для в/в и в/м вв 30mg/ml 1ml №10","ПЛАТ","Да","уп.",161,"83,68",13472.480000000001]
["M01AB15","НПВП","Кеторолак","Кеторолак табл п/о 10mg №20","Бюджет","Да","уп.",7,"49,63",347.41]
["M01AB15","НПВП","Кеторолак","Кеторолак табл п/о 10mg №20","ОМС","Да","уп.",283,"49,63",{"v":14045.29,"d":"14,045.29"}]
["M01AB15","НПВП","Кеторолак","Кеторолак табл п/о 10mg №20","ПЛАТ","Да","уп.",26,"49,63",1290.38]
["M01AC05","НПВП","Лорноксикам","Ксефокам лиоф-т д/приг р-ра для в/в и в/м вв 8mg №5","ОМС","Да","уп",3,"699,1",{"v":2097.3,"d":"2,097.30"}]
["M01AC05","НПВП","Лорноксикам","Ксефокам лиоф-т д/приг р-ра для в/в и в/м вв 8mg №5","ПЛАТ","Да","уп",2,"699,1",1398.2]
["M01AC05","НПВП","Лорноксикам","Ксефокам табл п/п/о 4mg №10","ОМС","Да","уп",5,"114,98",{"v":574.9,"d":"574.90"}]
["M01AC06","НПВП","Мелоксикам","Мовалис раствор для в/м вв 15mg/1,5ml 1,5ml №3","ОМС","Нет","уп",38,"1456,65",{"v":55352.700000000004,"d":"55,352.70"}]
["M01AC06","НПВП","Мелоксикам","Мовалис раствор для в/м вв 15mg/1,5ml 1,5ml №3","ПЛАТ","Нет","уп",57,"1456,65",83029.05]
["M01AC06","НПВП","Мелоксикам","Мовасин табл 15mg №20","ОМС","Нет","уп",61,"95,24",{"v":5809.639999999999,"d":"5,809.64"}]
["M01AC06","НПВП","Мелоксикам","Мовасин табл 15mg №20","ПЛАТ","Нет","уп",14,"95,24",1333.36]
["M01AE01","НПВП","Ибупрофен","Ибупрофен гель д/наруж/пр 5% 50g №1","ПЛАТ","Да","уп",3,"80,18",240.54000000000002]
["M01AE01","НПВП","Ибупрофен","Ибупрофен табл п/п/о 200mg № 50","Бюджет","Да","уп",30,"38,46",1153.8]
["M01AE01","НПВП","Ибупрофен","Ибупрофен табл п/п/о 200mg № 50","ОМС","Да","уп",161,"38,46",{"v":6192.06,"d":"6,192.06"}]
["M01AE01","НПВП","Ибупрофен","Ибупрофен табл п/п/о 200mg № 50","ПЛАТ","Да","уп",5,"38,46",192.3]
["M01AE01","НПВП","Ибупрофен","Ибупрофен табл п/п/о 200mg №20","ОМС","Да","уп",505,"16,1",{"v":8130.500000000001,"d":"8,130.50"}]
["M01AE01","НПВП","Ибупрофен","Ибупрофен табл п/п/о 200mg №20","ПЛАТ","Да","уп",15,"16,1",241.50000000000003]
["M01AE03","НПВП","Кетопрофен","Кетопрофен раствор для в/в и в/м вв 50mg/ml 2ml №10","Бюджет","Да","уп",481,"185,09",89028.29000000001]
["M01AE03","НПВП","Кетопрофен","Кетопрофен раствор для в/в и в/м вв 50mg/ml 2ml №10","ОМС","Да","уп",3920,"185,09",{"v":725552.8,"d":"725,552.80"}]
["M01AE03","НПВП","Кетопрофен","Кетопрофен раствор для в/в и в/м вв 50mg/ml 2ml №10","ПЛАТ","Да","уп",191,"185,09",35352.19]
["M01AE03","НПВП","Кетопрофен","Кетопрофен супп рект 100mg №10","ОМС","Да","уп",10,"318,78",{"v":3187.7999999999997,"d":"3,187.80"}]
["M01AE03","НПВП","Кетопрофен","Кетопрофен супп рект 100mg №10","ПЛАТ","Да","уп",3,"318,78",956.3399999999999]
["M01AE03","НПВП","Кетопрофен","Фламакс капс 50mg №25","Бюджет","Да","уп",20,"109,08",2181.6]
["M01AE03","НПВП","Кетопрофен","Фламакс капс 50mg №25","ОМС","Да","уп",182,"109,08",{"v":19852.56,"d":"19,852.56"}]
["M01AE03","НПВП","Кетопрофен","Фламакс капс 50mg №25","ПЛАТ","Да","уп",14,"109,08",1527.12]
["M01AE17","НПВП","Декскетопрофен","Фламадекс раствор для в/в и в/м вв 25mg/ml 2ml №5","ОМС","Да","уп",85,207,{"v":17595,"d":"17,595.00"}]
["M01AE17","НПВП","Декскетопрофен","Фламадекс раствор для в/в и в/м вв 25mg/ml 2ml №5","ПЛАТ","Да","уп",60,207,12420]
["M01AH01","НПВП","Целекоксиб","Дилакса капс 200mg №10","ОМС","Нет","уп",3,"577,53",{"v":1732.59,"d":"1,732.59"}]
["M01AX17","НПВП","Нимесулид","Нимесулид табл 100mg №20","ОМС","Нет","уп",261,"79,36",{"v":20712.96,"d":"20,712.96"}]
["M01AX17","НПВП","Нимесулид","Нимесулид табл 100mg №20","ПЛАТ","Нет","уп",17,"79,36",1349.12]
["M02Препараты для наружного применения при болевом синдроме при заболеваниях костно-мышечной системы",{"$nulls":8},{"v":0,"d":"0.00"}]
["M02AA10","НПВП","Кетопрофен","Фастум гель д/наруж/пр 2,5%-50g ","ОМС","Нет","уп",3,"467,03",{"v":1401.09,"d":"1,401.09"}]
["M02AA10","НПВП","Кетопрофен","Фастум гель д/наруж/пр 2,5%-50g ","ПЛАТ","Нет","уп",2,"467,03",934.06]
["M02AA15","НПВП","Диклофенак","Вольтарен эмульгель гель д/наруж/пр 1% 20g №1","ОМС","Нет","уп",27,"305,3",{"v":8243.1,"d":"8,243.10"}]
["M02AA15","НПВП","Диклофенак","Вольтарен эмульгель гель д/наруж/пр 1% 20g №1","ПЛАТ","Нет","уп",3,"305,3",915.9000000000001]
["M02AX03","противовоспалительное средство для местного применения","Диметилсульфоксид","Димексид конц д/пр р-ра д/наруж/пр 990mg/ml 100ml №1","ОМС","Нет","уп",25,"56,42",{"v":1410.5,"d":"1,410.50"}]
["M02AX03","противовоспалительное средство для местного применения","Диметилсульфоксид","Димексид конц д/пр р-ра д/наруж/пр 990mg/ml 100ml №1","ПЛАТ","Нет","уп",5,"56,42",282.1]
["M03Миорелаксанты",{"$nulls":8},{"v":0,"d":"0.00"}]
["M03AB01","миорелаксант деполяризующий периферического действия","Суксаметония хлорид","Листенон раствор для в/в и в/м вв 20mg/ml 5ml №5","ОМС","Да","уп",185,"123,84",{"v":22910.4,"d":"22,910.40"}]
["M03AC06","миорелаксант недеполяризующий периферического действия","Пипекурония бромид","Ардуан лиоф д/пр р-ра д/в/в вв 4mg №25 (с раст-лем: натрия хлорида раствор 0.9% (ампулы) 2 мл №25)","ОМС","Да","уп",140,"1785,53",{"v":249974.19999999998,"d":"249,974.20"}]
["M03AC09","миорелаксант деполяризующий периферического действия","Рокурония бромид ","Круарон  раствор для в/в  вв 10mg/ml 5ml №12","Бюджет","Да","уп",56,"5230,98",292934.88]
["M03AC09","миорелаксант деполяризующий периферического действия","Рокурония бромид ","Круарон  раствор для в/в  вв 10mg/ml 5ml №12","ОМС","Да","уп",495,"5230,98",{"v":2589335.0999999996,"d":"2,589,335.10"}]
["M03AC09","миорелаксант деполяризующий периферического действия","Рокурония бромид ","Круарон  раствор для в/в  вв 10mg/ml 5ml №12","ПЛАТ","Да","уп",50,"5230,98",261548.99999999997]
["M03AC11","миорелаксант недеполяризующий периферического действия","Цисатракурия безилат","Нимбекс раствор для в/в  вв 2mg/ml 5ml №5","Бюджет","Нет","уп",5,"1692,07",8460.35]
["M03AC11","миорелаксант недеполяризующий периферического действия","Цисатракурия безилат","Нимбекс раствор для в/в  вв 2mg/ml 5ml №5","ОМС","Нет","уп",19,"1692,07",{"v":32149.329999999998,"d":"32,149.33"}]
["M03AC11","миорелаксант недеполяризующий периферического действия","Цисатракурия безилат","Нимбекс раствор для в/в  вв 2mg/ml 5ml №5","ПЛАТ","Нет","уп",9,"1692,07",15228.63]
["M03BX02","миорелаксант центрального действия","Тизанидин","Сирдалуд табл 2mg №30","ОМС","Да","уп",80,"207,2",{"v":16576,"d":"16,576.00"}]
["M03BX02","миорелаксант центрального действия","Тизанидин","Сирдалуд табл 2mg №30","ПЛАТ","Да","уп",22,"207,2",4558.4]
["M03BX04","миорелаксант центрального действия","Толперизон","Толперизон табл п/п/о 150mg №30","ОМС","Нет","уп",180,"144,3",{"v":25974.000000000004,"d":"25,974.00"}]
["M03BX04","миорелаксант центрального действия","Толперизон","Толперизон табл п/п/о 150mg №30","ПЛАТ","Нет","уп",15,"144,3",2164.5]
["M03BX04","миорелаксант центрального действия","Толперизон","Толперизон табл п/п/о 50mg №30","ОМС","Нет","уп",50,"122,64",{"v":6132,"d":"6,132.00"}]
["M03BX04","миорелаксант центрального действия","Толперизон","Толперизон табл п/п/о 50mg №30","ПЛАТ","Нет","уп",17,"122,64",2084.88]
["M03BX04","миорелаксант центрального действия","Толперизон+лидокаин","Мидокалм- Рихтер раствор для в/в и в/м вв 100mg +2,5mg/ml 1ml № 5","ОМС","Нет","уп",61,"680,45",{"v":41507.450000000004,"d":"41,507.45"}]
["M03BX04","миорелаксант центрального действия","Толперизон+лидокаин","Мидокалм- Рихтер раствор для в/в и в/м вв 100mg +2,5mg/ml 1ml № 5","ПЛАТ","Нет","уп",16,"680,45",10887.2]
["M04Противоподагрические препараты",{"$nulls":8},{"v":0,"d":"0.00"}]
["M04AA01","противоподагрическое средство - ксантиноксидазы ингибитор","Аллопуринол","Аллопуринол табл 100mg №50","ОМС","Да","уп",50,"95,76",{"v":4788,"d":"4,788.00"}]
["M04AA01","противоподагрическое средство - ксантиноксидазы ингибитор","Аллопуринол","Аллопуринол табл 100mg №50","ПЛАТ","Да","уп",3,"95,76",287.28000000000003]
["M09Другие препараты для лечения заболеваний костно-мышечной системы",{"$nulls":8},{"$f":"H998*I998","v":{"v":0,"d":"0.00"}}]
["M09AX","репарации тканей стимулятор природного происхождения","~","Алфлутоп  раствор для инъекций 10mg/ml 2ml №5","ОМС","Нет","уп",5,"2014,65",{"v":10073.25,"d":"10,073.25"}]
["M09AX","репарации тканей стимулятор природного происхождения","~","Алфлутоп  раствор для инъекций 10mg/ml 2ml №5","ПЛАТ","Нет","уп",1,"2014,65","2014,65"]
[{"$nulls":9},{"$f":"SUBTOTAL(9,J933:J1000)","v":{"v":4098278.1900000004,"d":"4,098,278.19"}}]
["N Нервная система "]
["N01Анестетики"]
["N01AB01","средство для ингаляционной анестезии","Галотан","Фторотан жидкость д/ингаляций 50ml","ОМС","Да","фл",100,"445,78",{"$f":"H1004*I1004","v":{"v":44578,"d":"44,578.00"}}]
["N01AB06","средство для ингаляционной анестезии","Изофлуран","Форан жидкость д/ингаляций 100ml №6","ОМС","Нет","уп",5,"16176,59",{"$f":"H1005*I1005","v":{"v":80882.95,"d":"80,882.95"}}]
["N01AB07","средство для ингаляционной анестезии","Десфлуран","Супран жидкость д/инг.наркоза 240ml №6","Бюджет","Нет","уп",3,"70812,5",212437.5]
["N01AB07","средство для ингаляционной анестезии","Десфлуран","Супран жидкость д/инг.наркоза 240ml №6","ОМС","Нет","уп",3,"70812,5",{"v":212437.5,"d":"212,437.50"}]
["N01AB07","средство для ингаляционной анестезии","Десфлуран","Супран жидкость д/инг.наркоза 240ml №6","ПЛАТ","Нет","уп",1,"70812,5",70812.5]
["N01AB08","средство для ингаляционной анестезии","Севофлуран","Севоран жидкость д/ингаляций 250ml","Бюджет","Да","фл",74,"10218,37",756159.38]
["N01AB08","средство для ингаляционной анестезии","Севофлуран","Севоран жидкость д/ингаляций 250ml","ОМС","Да","фл",56,"10218,37",{"v":572228.7200000001,"d":"572,228.72"}]
["N01AB08","средство для ингаляционной анестезии","Севофлуран","Севоран жидкость д/ингаляций 250ml","ПЛАТ","Да","фл",40,"10218,37",408734.80000000005]
["N01AF03","средство для неингаляционной общей анестезии","Тиопентал натрия","Тиопентал натрия порошок д/приг-я р-ра для в/в , в/м введ №50 0,5","ОМС","Да","фл",44,"1117,17",{"v":49155.48,"d":"49,155.48"}]
["N01AH","анальгезирующее наркотическое средство","Тримеперидин","Промедол раствор для инъекций 20mg/ml 1ml","ОМС","Да","амп",915,57.222,{"v":52358.130000000005,"d":"52,358.13"}]
["N01AH01","анальгезирующее наркотическое средство","Фентанил","Фентанил раствор для в/в и в/м вв 50mkg/ml 2ml","ОМС","Да","амп",35020,25.146,{"v":880612.92,"d":"880,612.92"}]
["N01AX","средство для неингаляционной общей анестезии","Натрии оксибутират","Натрия оксибат раствор для в/в и в/м вв 200mg/ml 5ml","ОМС","Да","амп",500,33.957,{"v":16978.5,"d":"16,978.50"}]
["N01AX01","антипсихотическое средство (нейролептик)","Дроперидол","Дроперидол раствор для инъекций 2,5mg/ml 2ml №5","ОМС","Да","уп",381,"65,78",{"v":25062.18,"d":"25,062.18"}]
["N01AX01","антипсихотическое средство (нейролептик)","Дроперидол","Дроперидол раствор для инъекций 2,5mg/ml 2ml №5","ПЛАТ","Да","уп",3,"65,78",197.34]
["N01AX03","средство для неингаляционной общей анестезии","Кетамин","Кетамин раствор для в/в и в/м вв 50mg/ml 2ml","ОМС","Да","амп",380,"45,02",{"v":17107.600000000002,"d":"17,107.60"}]
["N01AX10","Наркозные средства","Пропофол","Пропофол-Бинергия эмульсия для в/в вв 10mg/ml 20ml №5","ОМС","Да","уп",190,"673,27",{"v":127921.3,"d":"127,921.30"}]
["N01AX10","средство для неингаляционной общей анестезии","Пропофол","Пропофол Липуро эмульсия для в/в вв 10mg/ml 20ml №5","Бюджет","Да","уп",250,"822,96",205740]
["N01AX10","средство для неингаляционной общей анестезии","Пропофол","Пропофол Липуро эмульсия для в/в вв 10mg/ml 20ml №5","ОМС","Да","уп",5015,"822,96",{"v":4127144.4000000004,"d":"4,127,144.40"}]
["N01AX10","средство для неингаляционной общей анестезии","Пропофол","Пропофол Липуро эмульсия для в/в вв 10mg/ml 20ml №5","ПЛАТ","Да","уп",495,"822,96",407365.2]
["N01AX10","средство для неингаляционной общей анестезии","Пропофол","Пропофол Липуро эмульсия для в/в вв 10mg/ml 50ml №10","Бюджет","Да","уп",21,"5199,74",109194.54]
["N01AX10","средство для неингаляционной общей анестезии","Пропофол","Пропофол Липуро эмульсия для в/в вв 10mg/ml 50ml №10","ОМС","Да","уп",90,"5199,74",{"v":467976.6,"d":"467,976.60"}]
["N01AX10","средство для неингаляционной общей анестезии","Пропофол","Пропофол Липуро эмульсия для в/в вв 10mg/ml 50ml №10","ПЛАТ","Да","уп",20,"5199,74",103994.79999999999]
["N01BA02","местноанестезирующее средство","Прокаин","Новокаин раствор для инъекций 0,5% 5ml №10","Бюджет","Да","уп",15,"93,61",1404.15]
["N01BA02","местноанестезирующее средство","Прокаин","Новокаин раствор для инъекций 0,5% 5ml №10","ОМС","Да","уп",728,"93,61",{"v":68148.08,"d":"68,148.08"}]
["N01BA02","местноанестезирующее средство","Прокаин","Новокаин раствор для инъекций 0,5% 5ml №10","ПЛАТ","Да","уп",3,"93,61",280.83]
["N01BA02","местноанестезирующее средство","Прокаин","Новокаин раствор для инъекций 2,5mg/ml 200ml №28","ОМС","Да","уп",7,"808,72",{"v":5661.04,"d":"5,661.04"}]
["N01BA02","местноанестезирующее средство","Прокаин","Новокаин раствор для инъекций 5mg/ml 200ml №28","ОМС","Да","уп",53,"895,4",{"v":47456.2,"d":"47,456.20"}]
["N01BB01","местноанестезирующее средство","Бупивакаин","Бупивакаин раствор для инъекций 5mg/ml 4ml №5","Бюджет","Да","уп",17,"850,51",14458.67]
["N01BB01","местноанестезирующее средство","Бупивакаин","Бупивакаин раствор для инъекций 5mg/ml 4ml №5","ОМС","Да","уп",450,"850,51",{"v":382729.5,"d":"382,729.50"}]
["N01BB01","местноанестезирующее средство","Бупивакаин","Бупивакаин раствор для инъекций 5mg/ml 4ml №5","ПЛАТ","Да","уп",2,"850,51",1701.02]
["N01BB02","местноанестезирующее средство","Лидокаин","Лидокаин раствор для инъекций 100mg/ml 2ml №10","Бюджет","Да","уп",754,"41,47",31268.379999999997]
["N01BB02","местноанестезирующее средство","Лидокаин","Лидокаин раствор для инъекций 100mg/ml 2ml №10","ОМС","Да","уп",1895,"41,47",{"v":78585.65,"d":"78,585.65"}]
["N01BB02","местноанестезирующее средство","Лидокаин","Лидокаин раствор для инъекций 100mg/ml 2ml №10","ПЛАТ","Да","уп",130,"41,47",5391.099999999999]
["N01BB02","местноанестезирующее средство","Лидокаин","Лидокаин раствор для инъекций 20mg/ml 2ml №10","Бюджет","Да","уп",90,"93,61",8424.9]
["N01BB02","местноанестезирующее средство","Лидокаин","Лидокаин раствор для инъекций 20mg/ml 2ml №10","ОМС","Да","уп",6921,"93,61",{"v":647874.8099999999,"d":"647,874.81"}]
["N01BB02","местноанестезирующее средство","Лидокаин","Лидокаин раствор для инъекций 20mg/ml 2ml №10","ПЛАТ","Да","уп",129,"93,61",12075.69]
["N01BB08","местноанестезирующее средство","Артикаин","Артикаин-Бинергия раствор для инъекций 20mg/ml 1,7ml №10","ПЛАТ","Нет","уп",13,495,6435]
["N01BB09","местноанестезирующее средство","Ропивакаин","Наропин раствор для инъекций 2mg/ml 100ml №5","Бюджет","Да","уп",12,"2829,65",33955.8]
["N01BB09","местноанестезирующее средство","Ропивакаин","Наропин раствор для инъекций 2mg/ml 100ml №5","ОМС","Да","уп",111,"2829,65",{"v":314091.15,"d":"314,091.15"}]
["N01BB09","местноанестезирующее средство","Ропивакаин","Наропин раствор для инъекций 2mg/ml 100ml №5","ПЛАТ","Да","уп",5,"2829,65",14148.25]
["N01BB09","местноанестезирующее средство","Ропивакаин","Наропин раствор для инъекций 5mg/ml 10ml №5","ОМС","Да","уп",61,"1612,77",{"v":98378.97,"d":"98,378.97"}]
["N01BB09","местноанестезирующее средство","Ропивакаин","Наропин раствор для инъекций 5mg/ml 10ml №5","ПЛАТ","Да","уп",9,"1612,77",14514.93]
["N01BB09","местноанестезирующее средство","Ропивакаин","Наропин раствор для инъекций 7,5mg/ml 10ml №5","Бюджет","Да","уп",23,"1056,49",24299.27]
["N01BB09","местноанестезирующее средство","Ропивакаин","Наропин раствор для инъекций 7,5mg/ml 10ml №5","ОМС","Да","уп",305,"1056,49",{"v":322229.45,"d":"322,229.45"}]
["N01BB09","местноанестезирующее средство","Ропивакаин","Наропин раствор для инъекций 7,5mg/ml 10ml №5","ПЛАТ","Да","уп",9,"1056,49",9508.41]
["N01BB09","местноанестезирующее средство","Ропивакаин","Ропивакаин Каби раствор для инъекций 2mg/ml 100ml №5","ОМС","Да","уп",100,"2821,5",{"v":282150,"d":"282,150.00"}]
["N01BB10","местноанестезирующее средство","Левобупивакаин","Хирокаин раствор для инъекций 5mg/ml 5ml №10","Бюджет","Да","уп",9,"1178,81",10609.289999999999]
["N01BB10","местноанестезирующее средство","Левобупивакаин","Хирокаин раствор для инъекций 5mg/ml 5ml №10","ОМС","Да","уп",17,"1178,81",{"v":20039.77,"d":"20,039.77"}]
["N01BB10","местноанестезирующее средство","Левобупивакаин","Хирокаин раствор для инъекций 5mg/ml 5ml №10","ПЛАТ","Да","уп",10,"1178,81",11788.099999999999]
["N01BB58","местноанестезирующее средство+альфа- и бета-адреномиметик","Артикаин + Эпинефрин","Септанест с адреналином раствор для инъекций 40mg+10mkg/ml №50","ОМС","Нет","уп",1,"2156,17",{"v":2156.17,"d":"2,156.17"}]
["N01BB58","местноанестезирующее средство+альфа- и бета-адреномиметик","Артикаин + Эпинефрин","Септанест с адреналином раствор для инъекций 40mg+10mkg/ml №50","ПЛАТ","Нет","уп",3,"2156,17",6468.51]
["N01BB58","местноанестезирующее средство+альфа- и бета-адреномиметик","Артикаин+[Эпинефрин]","Артикаин с адреналином форте раствор для инъекций 40mg+0,01mg/ml 1,7ml №50","ОМС","Нет","уп",3,"2253,3",{"v":6759.900000000001,"d":"6,759.90"}]
["N01BB58","местноанестезирующее средство+альфа- и бета-адреномиметик","Артикаин+[Эпинефрин]","Артикаин с адреналином форте раствор для инъекций 40mg+0,01mg/ml 1,7ml №50","ПЛАТ","Нет","уп",5,"2253,3",11266.5]
["N01BB58","местноанестезирующее средство+альфа- и бета-адреномиметик","Артикаин+Эпинефрин","Ультракаин ДС Форте раствор для инъекций 40mg+0,01mg/ml 1,7ml №100","ПЛАТ","Нет","уп",16,"6700,27",107204.32]
["N02Анальгетики",{"$nulls":8},{"v":0,"d":"0.00"}]
["N02AA01","анальгезирующее наркотическое средство","Морфин","Морфин раствор для инъекций 10mg/ml 1ml","ОМС","Да","амп",3200,34.782,{"v":111302.4,"d":"111,302.40"}]
["N02AX02","анальгезирующее средство со смешанным механизмом действия","Трамадол","Трамадол капсулы 50mg","ОМС","Да","капс",76,4.021435,{"v":305.62906000000004,"d":"305.63"}]
["N02AX02","анальгезирующее средство со смешанным механизмом действия","Трамадол","Трамадол капсулы 50mg","ПЛАТ","Да","капс",5,{"v":4021435,"d":"4,021,435"},{"v":20107175,"d":"20,107,175"}]
["N02AX02","анальгезирующее средство со смешанным механизмом действия","Трамадол","Трамадол раствор для инъекций 50mg/ml 2ml","ОМС","Да","амп",1897,16.2426,{"v":30812.212199999998,"d":"30,812.21"}]
["N02AX02","анальгезирующее средство со смешанным механизмом действия","Трамадол","Трамадол раствор для инъекций 50mg/ml 2ml","ПЛАТ","Да","амп",5,{"v":162426,"d":"162,426"},{"v":812130,"d":"812,130"}]
["N02AX02","анальгезирующее средство со смешанным механизмом действия","Трамадол","Трамадол раствор для инъекций 50mg/ml 2ml №5","ОМС","Да","уп",420,"80,58",{"v":33843.6,"d":"33,843.60"}]
["N02AX02","анальгезирующее средство со смешанным механизмом действия","Трамадол","Трамадол раствор для инъекций 50mg/ml 2ml №5","ПЛАТ","Да","уп",2,"80,58",161.16]
["N02AX06","анальгезирующее наркотическое средство","Тапентадол","Палексия табл пролонг п/п/о 50mg №20","ОМС","Да","уп",11,"814,62",{"v":8960.82,"d":"8,960.82"}]
["N02AX06","анальгезирующее наркотическое средство","Тапентадол","Палексия табл пролонг п/п/о 50mg №20","ПЛАТ","Да","уп",4,"814,62",3258.48]
["N02BA01","НПВП","Ацетилсалициловая кислота","Ацетилсалициловая кислота табл 500mg №10","ОМС","Да","уп",3152,"5,2",{"v":16390.4,"d":"16,390.40"}]
["N02BA01","НПВП","Ацетилсалициловая кислота","Ацетилсалициловая кислота табл 500mg №10","ПЛАТ","Да","уп",25,"5,2",{"$f":"H1069*I1069","v":130}]
["N02BA51","анальгезирующее средство комбинированное","~","Каффетин Лайт табл №12","ОМС","Нет","уп",27,"231,14",{"v":6240.78,"d":"6,240.78"}]
["N02BA51","анальгезирующее средство комбинированное","~","Каффетин Лайт табл №12","ПЛАТ","Нет","уп",20,"231,14",4622.799999999999]
["N02BB02","анальгезирующее ненаркотическое средство","Метамизол натрия","Анальгин раствор для в/в и в/м вв 500mg/ml 2ml №10","Бюджет","Нет","уп",30,"39,17",1175.1000000000001]
["N02BB02","анальгезирующее ненаркотическое средство","Метамизол натрия","Анальгин раствор для в/в и в/м вв 500mg/ml 2ml №10","ОМС","Нет","уп",5109,"39,17",{"v":200119.53,"d":"200,119.53"}]
["N02BB02","анальгезирующее ненаркотическое средство","Метамизол натрия","Анальгин раствор для в/в и в/м вв 500mg/ml 2ml №10","ПЛАТ","Нет","уп",121,"39,17",4739.570000000001]
["N02BB02","анальгезирующее ненаркотическое средство","Метамизол натрия","Анальгин табл 500mg №10","ПЛАТ","Нет","уп",20,"14,88",297.6]
["N02BB02","анальгезирующее ненаркотическое средство","Метамизол натрия ","Баралгин М раствор для в/в и в/м вв 500mg/ml 5ml №5","Бюджет","Нет","уп.",25,"380,06",9501.5]
["N02BB02","анальгезирующее ненаркотическое средство","Метамизол натрия ","Баралгин М раствор для в/в и в/м вв 500mg/ml 5ml №5","ОМС","Нет","уп.",482,"380,06",{"v":183188.92,"d":"183,188.92"}]
["N02BB02","анальгезирующее ненаркотическое средство","Метамизол натрия ","Баралгин М раствор для в/в и в/м вв 500mg/ml 5ml №5","ПЛАТ","Нет","уп.",31,"380,06",11781.86]
["N02BB52","анальгезирующее средство комбинированное (анальгезирующее ненаркотическое средство+спазмолитическое средство)","Метамизол натрия+питофенон+фенпивериния бромид","Спазмалин раствор для в/в и в/м вв 5ml №5","Бюджет","Нет","уп",20,"109,74",2194.7999999999997]
["N02BB52","анальгезирующее средство комбинированное (анальгезирующее ненаркотическое средство+спазмолитическое средство)","Метамизол натрия+питофенон+фенпивериния бромид","Спазмалин раствор для в/в и в/м вв 5ml №5","ОМС","Нет","уп",517,"109,74",{"v":56735.579999999994,"d":"56,735.58"}]
["N02BB52","анальгезирующее средство комбинированное (анальгезирующее ненаркотическое средство+спазмолитическое средство)","Метамизол натрия+питофенон+фенпивериния бромид","Спазмалин раствор для в/в и в/м вв 5ml №5","ПЛАТ","Нет","уп",62,"109,74",6803.88]
["N02BE01","анальгезирующее ненаркотическое средство","Парацетамол","Парацетамол раствор для инфузий 10mg/ml 100ml","Бюджет","Да","уп",830,"66,79",55435.700000000004]
["N02BE01","анальгезирующее ненаркотическое средство","Парацетамол","Парацетамол раствор для инфузий 10mg/ml 100ml","ОМС","Да","уп",3926,"66,79",{"v":262217.54000000004,"d":"262,217.54"}]
["N02BE01","анальгезирующее ненаркотическое средство","Парацетамол","Парацетамол раствор для инфузий 10mg/ml 100ml","ПЛАТ","Да","уп",210,"66,79",14025.900000000001]
["N02BE01","анальгезирующее ненаркотическое средство","Парацетамол","Парацетамол табл 500mg №10","Бюджет","Да","уп",31,"4,75",147.25]
["N02BE01","анальгезирующее ненаркотическое средство","Парацетамол","Парацетамол табл 500mg №10","ОМС","Да","уп",278,"4,75",{"v":1320.5,"d":"1,320.50"}]
["N02BE01","анальгезирующее ненаркотическое средство","Парацетамол","Парацетамол табл 500mg №10","ПЛАТ","Да","уп",61,"4,75",289.75]
["N02BE51","ОРЗ и \"простуды\" симптомов средство устранения (анальгезирующее ненаркотическое средство+психостимулирующее средство+альфа-адреномиметик+отхаркивающее средство+витамин)","Кофеин + Парацетамол + Фенилэфрин + Терпингидрат + Аскорбиновая кислота ","Колдрекс табл №12","ОМС","Нет","уп.",5,"196,98",{"v":984.9,"d":"984.90"}]
["N02BE51","ОРЗ и \"простуды\" симптомов средство устранения (анальгезирующее ненаркотическое средство+психостимулирующее средство+альфа-адреномиметик+отхаркивающее средство+витамин)","Кофеин + Парацетамол + Фенилэфрин + Терпингидрат + Аскорбиновая кислота ","Колдрекс табл №12","ПЛАТ","Нет","уп.",5,"196,98",984.9]
["N02BE71","анальгезирующее средство комбинированное (НПВП+анальгезирующее ненаркотическое средство+психостимулирующее средство)","Дротаверин+Кофеин+Напроксен+Парацетамол+Фенирамин","Пенталгин табл п/п/о №12","ОМС","Нет","уп",144,"110,66",{"v":15935.039999999999,"d":"15,935.04"}]
["N02BE71","анальгезирующее средство комбинированное (НПВП+анальгезирующее ненаркотическое средство+психостимулирующее средство)","Дротаверин+Кофеин+Напроксен+Парацетамол+Фенирамин","Пенталгин табл п/п/о №12","ПЛАТ","Нет","уп",25,"110,66",2766.5]
["N02BG06","анальгезирующее средство центрального действия","Нефопам","Акупан-Биокодекс раствор для инфузий и в/м вв 10mg/ml 2ml №5","Бюджет","Нет","уп",31,1250,38750]
["N02BG06","анальгезирующее средство центрального действия","Нефопам","Акупан-Биокодекс раствор для инфузий и в/м вв 10mg/ml 2ml №5","ОМС","Нет","уп",59,1250,{"v":73750,"d":"73,750.00"}]
["N02BG06","анальгезирующее средство центрального действия","Нефопам","Акупан-Биокодекс раствор для инфузий и в/м вв 10mg/ml 2ml №5","ПЛАТ","Нет","уп",10,1250,12500]
["N03Противоэпилептические препараты",{"$nulls":8},{"v":0,"d":"0.00"}]
["N03AF01","противоэпилептическое средство","Карбамазепин","Карбамазепин табл 200mg № 50","ОМС","Да","уп.",378,"61,47",{"v":23235.66,"d":"23,235.66"}]
["N03AF01","противоэпилептическое средство","Карбамазепин","Карбамазепин табл 200mg № 50","ПЛАТ","Да","уп.",26,"61,47",1598.22]
["N03AG01","противоэпилептическое средство","Вальпроевая кислота","Конвулекс раствор для в/в  вв 100mg/ml 5ml №5","ОМС","Да","уп",6,"1471,94",{"v":8831.64,"d":"8,831.64"}]
["N03AG01","противоэпилептическое средство","Вальпроевая кислота","Энкорат хроно табл с контрол.высвобождением п/о 500mg №30","ОМС","Да","уп",53,"358,62",{"v":19006.86,"d":"19,006.86"}]
["N03AG01","противоэпилептическое средство","Вальпроевая кислота","Энкорат хроно табл с контрол.высвобождением п/о 500mg №30","ПЛАТ","Да","уп",5,"358,62",1793.1]
["N03AG01","противоэпилептическое средство","Вальпроевая кислота ","Вальпарин ХР табл пролог п/п/о 300mg №100","ОМС","Да","уп.",22,"668,18",{"v":14699.96,"d":"14,699.96"}]
["N03AG01","противоэпилептическое средство","Вальпроевая кислота ","Вальпарин ХР табл пролог п/п/о 300mg №100","ПЛАТ","Да","уп.",2,"668,18",1336.36]
["N03AX12","противоэпилептическое средство","Габапентин","Габапентин Канон капсулы 300mg №50","ОМС","Нет","уп",58,"495,06",{"v":28713.48,"d":"28,713.48"}]
["N03AX12","противоэпилептическое средство","Габапентин","Габапентин Канон капсулы 300mg №50","ПЛАТ","Нет","уп",25,"495,06",12376.5]
["N03AX12","противоэпилептическое средство","Габапентин","Тебантин капс 300mg №50","ОМС","Нет","уп",22,"1015,9",{"v":22349.8,"d":"22,349.80"}]
["N03AX12","противоэпилептическое средство","Габапентин","Тебантин капс 300mg №50","ПЛАТ","Нет","уп",20,"1015,9",20318]
["N03AX16","противоэпилептическое средство","Прегабалин","Прегабалин Канон капс 75mg №14","ПЛАТ","Да","уп",20,"441,41",8828.2]
["N03AX16","противоэпилептическое средство","Прегабалин","Прегабалин-Рихтер капсулы 75mg","ОМС","Да","капс",30,"33,83",{"v":1014.9,"d":"1,014.90"}]
["N03AX16","противоэпилептическое средство","Прегабалин","Прегабалин-Рихтер капсулы 75mg","ПЛАТ","Да","капс",10,"33,83",338.29999999999995]
["N04Противопаркинсонические препараты",{"$nulls":8},{"v":0,"d":"0.00"}]
["N04BA","противопаркинсоническое средство (дофамина предшественник+декарбоксилазы периферический ингибитор)","Леводопа+Бенсеразид","Мадопар \"250\" табл 200mg+50mg №100","ОМС","Да","уп",5,"1365,94",{"v":6829.700000000001,"d":"6,829.70"}]
["N04BA","противоэпилептическое средство","Леводопа+Бенсеразид","Мадопар \"125\" капс 100mg+25mg №100","ОМС","Да","уп",13,"747,91",{"v":9722.83,"d":"9,722.83"}]
["N04BA","противоэпилептическое средство","Леводопа+Бенсеразид","Мадопар \"125\" капс 100mg+25mg №100","ПЛАТ","Да","уп",3,"747,91",2243.73]
["N04BB01","Противопаркинсонические средства","Амантадин","ПК-Мерц  табл п/п/о 100mg №30","ОМС","Да","уп",35,"258,89",{"v":9061.15,"d":"9,061.15"}]
["N04BB01","Противопаркинсонические средства","Амантадин","ПК-Мерц  табл п/п/о 100mg №30","ПЛАТ","Да","уп",2,"258,89",517.78]
["N04BB01","противопаркинсоническое средство","Амантадин","ПК-Мерц фл 0,4mg/ml 500ml №2","ОМС","Да","уп",3,"1440,16",{"v":4320.4800000000005,"d":"4,320.48"}]
["N04BB01","противопаркинсоническое средство","Амантадин","ПК-Мерц фл 0,4mg/ml 500ml №2","ПЛАТ","Да","уп",3,"1440,16",4320.4800000000005]
["N04BC05","противопаркинсоническое средство, дофаминовых рецепторов агонист","Прамипексол","Прамипексол табл 1mg №30","ОМС","Да","уп",1,"796,89",796.89]
["N04BC08","противопаркинсоническое средство, дофаминовых рецепторов агонист","Пирибедил","Проноран табл п/о 50mg №30","ОМС","Да","уп",15,"530,03",{"v":7950.45,"d":"7,950.45"}]
["N04BC08","противопаркинсоническое средство, дофаминовых рецепторов агонист","Пирибедил","Проноран табл п/о 50mg №30","ПЛАТ","Да","уп",4,"530,03",2120.12]
["N05Психолептики",{"$nulls":8},{"v":0,"d":"0.00"}]
["N05AA01","антипсихотическое средство (нейролептик)","Хлорпромазин","Аминазин раствор для в/в и в/м вв 25mg/ml 2ml №10","ОМС","Да","уп",104,"181,72",{"v":18898.88,"d":"18,898.88"}]
["N05AA01","антипсихотическое средство (нейролептик)","Хлорпромазин","Аминазин раствор для в/в и в/м вв 25mg/ml 2ml №10","ПЛАТ","Да","уп",3,"181,72",545.16]
["N05AA01","антипсихотическое средство (нейролептик)","Хлорпромазин","Аминазин табл п/п/о 50mg №10","ОМС","Да","уп",10,"209,95",{"v":2099.5,"d":"2,099.50"}]
["N05AC02","антипсихотическое средство (нейролептик)","Тиоридазин","Сонапакс табл п/о 10mg №60","Бюджет","Да","уп",62,"286,57",17767.34]
["N05AC02","антипсихотическое средство (нейролептик)","Тиоридазин","Сонапакс табл п/о 10mg №60","ОМС","Да","уп",219,"286,57",{"v":62758.83,"d":"62,758.83"}]
["N05AC02","антипсихотическое средство (нейролептик)","Тиоридазин","Сонапакс табл п/о 10mg №60","ПЛАТ","Да","уп",5,"286,57",1432.85]
["N05AC02","антипсихотическое средство (нейролептик)","Тиоридазин","Тиорил табл 25mg №100","Бюджет","Да","уп",5,"118,37",591.85]
["N05AC02","антипсихотическое средство (нейролептик)","Тиоридазин","Тиорил табл 25mg №100","ОМС","Да","уп",62,"118,37",{"v":7338.9400000000005,"d":"7,338.94"}]
["N05AC02","антипсихотическое средство (нейролептик)","Тиоридазин","Тиорил табл 25mg №100","ПЛАТ","Да","уп",5,"118,37",591.85]
["N05AD01","антипсихотическое средство (нейролептик)","Галоперидол","Галоперидол раствор для в/в и в/м вв 5mg/ml 1ml №10","Бюджет","Да","уп",1,"157,11",157.11]
["N05AD01","антипсихотическое средство (нейролептик)","Галоперидол","Галоперидол раствор для в/в и в/м вв 5mg/ml 1ml №10","ОМС","Да","уп",461,"157,11",{"v":72427.71,"d":"72,427.71"}]
["N05AD01","антипсихотическое средство (нейролептик)","Галоперидол","Галоперидол раствор для в/в и в/м вв 5mg/ml 1ml №10","ПЛАТ","Да","уп",3,"157,11",{"$f":"H1133*I1133","v":471.33000000000004}]
["N05AD01","антипсихотическое средство (нейролептик)","Галоперидол","Галоперидол табл 5mg №50","ОМС","Да","уп",28,"76,5",{"v":2142,"d":"2,142.00"}]
["N05AD01","антипсихотическое средство (нейролептик)","Галоперидол","Галоперидол табл 5mg №50","ПЛАТ","Да","уп",2,"76,5",153]
["N05AF03","антипсихотическое средство (нейролептик)","Хлорпротиксен","Хлорпротиксен Зентива табл п/п/о 15mg №30","Бюджет","Нет","уп",10,"225,16",2251.6]
["N05AF03","антипсихотическое средство (нейролептик)","Хлорпротиксен","Хлорпротиксен Зентива табл п/п/о 15mg №30","ОМС","Нет","уп",132,"225,16",{"v":29721.12,"d":"29,721.12"}]
["N05AF03","антипсихотическое средство (нейролептик)","Хлорпротиксен","Хлорпротиксен Зентива табл п/п/о 15mg №30","ПЛАТ","Нет","уп",2,"225,16",450.32]
["N05AL01","антипсихотическое средство (нейролептик)","Сульпирид","Бетамакс табл 100mg №30","ОМС","Да","уп",86,"279,97",{"v":24077.420000000002,"d":"24,077.42"}]
["N05AL01","антипсихотическое средство (нейролептик)","Сульпирид","Бетамакс табл 100mg №30","ПЛАТ","Да","уп",21,"279,97",5879.370000000001]
["N05AL01","антипсихотическое средство (нейролептик)","Сульпирид","Сульпирид раствор для в/м вв 50mg/ml 2ml №10","ОМС","Да","уп",62,"142,14",{"v":8812.679999999998,"d":"8,812.68"}]
["N05AL01","антипсихотическое средство (нейролептик)","Сульпирид","Сульпирид табл 50mg № 30","ОМС","Да","уп",257,"70,67",{"v":18162.19,"d":"18,162.19"}]
["N05AL01","антипсихотическое средство (нейролептик)","Сульпирид","Сульпирид табл 50mg № 30","ПЛАТ","Да","уп",47,"70,67",3321.4900000000002]
["N05BA01","транквилизатор","Диазепам","Реланиум раствор для в/в и в/м вв 5mg/ml 2ml","ОМС","Да","амп",3420,"21,85",{"v":74727,"d":"74,727.00"}]
["N05BA23","анксиолитическое средство (транквилизатор)","Тофизопам","Грандаксин табл 50mg №20","ОМС","Нет","уп",56,"447,38",{"v":25053.28,"d":"25,053.28"}]
["N05BA23","анксиолитическое средство (транквилизатор)","Тофизопам","Грандаксин табл 50mg №20","ПЛАТ","Нет","уп",13,"447,38",5815.94]
["N05BB01","анксиолитическое средство (транквилизатор)","Гидроксизин","Гидроксизин Канон  табл п/п/о 25mg №25","ОМС","Да","уп.",499,"285,28",{"v":142354.71999999997,"d":"142,354.72"}]
["N05BB01","анксиолитическое средство (транквилизатор)","Гидроксизин","Гидроксизин Канон  табл п/п/о 25mg №25","ПЛАТ","Да","уп.",35,"285,28",9984.8]
["N05BX","анксиолитическое средство (транквилизатор)","Бромдигидрохлорфенилбензодиазепин","Феназепам раствор для в/в и в/м вв 1mg/ml 1ml №10","Бюджет","Да","уп",53,"164,31",8708.43]
["N05BX","анксиолитическое средство (транквилизатор)","Бромдигидрохлорфенилбензодиазепин","Феназепам раствор для в/в и в/м вв 1mg/ml 1ml №10","ОМС","Да","уп",987,"164,31",{"v":162173.97,"d":"162,173.97"}]
["N05BX","анксиолитическое средство (транквилизатор)","Бромдигидрохлорфенилбензодиазепин","Феназепам раствор для в/в и в/м вв 1mg/ml 1ml №10","ПЛАТ","Да","уп",22,"164,31",3614.82]
["N05BX","анксиолитическое средство (транквилизатор)","Бромдигидрохлорфенилбензодиазепин","Феназепам табл 0,5mg №50","Бюджет","Да","уп",5,"94,04",470.20000000000005]
["N05BX","анксиолитическое средство (транквилизатор)","Бромдигидрохлорфенилбензодиазепин","Феназепам табл 0,5mg №50","ОМС","Да","уп",137,"94,04",{"v":12883.480000000001,"d":"12,883.48"}]
["N05BX","анксиолитическое средство (транквилизатор)","Бромдигидрохлорфенилбензодиазепин","Феназепам табл 0,5mg №50","ПЛАТ","Да","уп",6,"94,04",564.24]
["N05BX","анксиолитическое средство (транквилизатор)","Бромдигидрохлорфенилбензодиазепин","Феназепам табл 1mg №50","Бюджет","Да","уп",5,"112,21",561.05]
["N05BX","анксиолитическое средство (транквилизатор)","Бромдигидрохлорфенилбензодиазепин","Феназепам табл 1mg №50","ОМС","Да","уп",152,"112,21",{"v":17055.92,"d":"17,055.92"}]
["N05BX","анксиолитическое средство (транквилизатор)","Бромдигидрохлорфенилбензодиазепин","Феназепам табл 1mg №50","ПЛАТ","Да","уп",7,"112,21",785.4699999999999]
["N05BX","анксиолитическое средство (транквилизатор)","Фабомотизол","Афобазол табл 10mg №60","ОМС","Нет","уп",28,"580,8",{"v":16262.399999999998,"d":"16,262.40"}]
["N05BX","анксиолитическое средство (транквилизатор)","Фабомотизол","Афобазол табл 10mg №60","ПЛАТ","Нет","уп",15,"580,8",8712]
["N05BX","ноотропное средство","Аминофенилмасляная кислота","Фенибут табл 250mg №20","Бюджет","Нет","уп",30,"90,16",2704.7999999999997]
["N05BX","ноотропное средство","Аминофенилмасляная кислота","Фенибут табл 250mg №20","ОМС","Нет","уп",63,"90,16",{"v":5680.08,"d":"5,680.08"}]
["N05BX","ноотропное средство","Аминофенилмасляная кислота","Фенибут табл 250mg №20","ПЛАТ","Нет","уп",10,"90,16",901.5999999999999]
["N05CB02","седативное средство","Мяты перечной листьев масло+Фенобарбитал+Этилбромизовалерианат","Корвалол капл д/пр внутрь 25ml","ОМС","Нет","уп",530,"22,2",{"v":11766,"d":"11,766.00"}]
["N05CD08","снотворное и седативное средство","Мидазолам","Дормикум раствор для в/в и в/м вв 5mg/ml 1ml","ОМС","Да","амп",3000,37.099,{"v":111296.99999999999,"d":"111,297.00"}]
["N05CF01","снотворное средство","Зопиклон","Сомнол табл п/п/о 7,5mg №1","ОМС","Да","табл",810,8.917617,{"v":7223.26977,"d":"7,223.27"}]
["N05CF01","снотворное средство","Зопиклон","Сомнол табл п/п/о 7,5mg №1","ПЛАТ","Да","табл",15,{"v":8917617,"d":"8,917,617"},{"v":133764255,"d":"133,764,255"}]
["N05CM","седативное средство растительного происхождения","Пустырника трава","Пустырника настойка капл д/пр внутрь 25ml","ОМС","Нет","уп",136,"12,34",{"v":1678.24,"d":"1,678.24"}]
["N05CM","седативное средство растительного происхождения","Пустырника трава","Пустырника настойка капл д/пр внутрь 25ml","ПЛАТ","Нет","уп",20,"12,34",246.8]
["N05CM09","седативное средство растительного происхождения","Валерианы корневища с корнями","Валерианы настойка настойка 25ml","ОМС","Нет","уп",220,"13,59",{"v":2989.8,"d":"2,989.80"}]
["N05CM09","седативное средство растительного происхождения","Валерианы корневища с корнями","Валерианы настойка настойка 25ml","ПЛАТ","Нет","уп",12,"13,59",163.07999999999998]
["N05CM18","седативное средство","Дексмедетомидин","Дексдор конц-т д/приг раствора для инфузий 100mkg/ml 2ml №5","Бюджет","Нет","уп",17,"10821,66",183968.22]
["N05CM18","седативное средство","Дексмедетомидин","Дексдор конц-т д/приг раствора для инфузий 100mkg/ml 2ml №5","ОМС","Нет","уп",22,"10821,66",{"v":238076.52,"d":"238,076.52"}]
["N05CM18","седативное средство","Дексмедетомидин","Дексдор конц-т д/приг раствора для инфузий 100mkg/ml 2ml №5","ПЛАТ","Нет","уп",8,"10821,66",86573.28]
["N06Психоаналептики",{"$nulls":8},{"v":0,"d":"0.00"}]
["N06AA09","антидепрессант","Амитриптилин","Амитриптилин раствор для в/в и в/м вв 10mg/ml 2ml №10","ПЛАТ","Да","уп",2,"54,62",109.24]
["N06AA09","антидепрессант","Амитриптилин","Амитриптилин табл 25mg №50","Бюджет","Да","уп.",2,"56,77",113.54]
["N06AA09","антидепрессант","Амитриптилин","Амитриптилин табл 25mg №50","ОМС","Да","уп.",238,"56,77",{"v":13511.26,"d":"13,511.26"}]
["N06AA09","антидепрессант","Амитриптилин","Амитриптилин табл 25mg №50","ПЛАТ","Да","уп.",30,"56,77",1703.1000000000001]
["N06AB03","антидепрессант","Флуоксетин","Флуоксетин капс 20mg №30","ПЛАТ","Да","уп",3,"118,52",355.56]
["N06AB05","антидепрессант","Пароксетин","Пароксетин табл п/п/о 20mg №30","ОМС","Да","уп",20,"536,61",{"v":10732.2,"d":"10,732.20"}]
["N06AB05","антидепрессант","Пароксетин","Пароксетин табл п/п/о 20mg №30","ПЛАТ","Да","уп",8,"536,61",4292.88]
["N06AB08","антидепрессант","Флувоксамин","Феварин табл п/о 50mg №15","ПЛАТ","Нет","уп",5,"1087,8",5439]
["N06AX21","антидепрессант","Дулоксетин","Дулоксетин Канон капс к/раст 30mg №14","ОМС","Нет","уп",20,"1243,2",{"v":24864,"d":"24,864.00"}]
["N06AX21","антидепрессант","Дулоксетин","Дулоксетин Канон капс к/раст 30mg №14","ПЛАТ","Нет","уп",1,"1243,2",1243.2]
["N06AX22","снотворное средство","Агомелатин","Вальдоксан табл п/о 25mg №14","ПЛАТ","Да","уп",2,"937,85",1875.7]
["N06BC01","психостимулирующее средство","Кофеин","Кофеин-бензоат натрия раствор для инъекций 200mg/ml 1ml № 10","Б.Опк","Да","уп",2,"34,53",69.06]
["N06BC01","психостимулирующее средство","Кофеин","Кофеин-бензоат натрия раствор для инъекций 200mg/ml 1ml № 10","Бюджет","Да","уп",7,"34,53",241.71]
["N06BC01","психостимулирующее средство","Кофеин","Кофеин-бензоат натрия раствор для инъекций 200mg/ml 1ml № 10","ОМС","Да","уп",154,"34,53",{"v":5317.62,"d":"5,317.62"}]
["N06BC01","психостимулирующее средство","Кофеин","Кофеин-бензоат натрия раствор для инъекций 200mg/ml 1ml № 10","ПЛАТ","Да","уп",1,"34,53",34.53]
["N06BX","Ноотропы","Глицин","Глицин  табл п/язычн 100mg №50","ОМС","Да","уп",1,"29,9",{"v":29.9,"d":"29.90"}]
["N06BX","метаболическое средство","Глицин","Глицин-БИО Фармаплант табл п/язычн 100mg №50","ПЛАТ","Да","уп",5,"46,13",230.65]
["N06BX","ноотропное средство","Фонтурацетам","Фенотропил табл 100mg №30","ПЛАТ","Да","уп",3,"1091,14",3273.42]
["N06BX03","ноотропное средство","Пирацетам","Пирацетам  раствор для в/в и в/м вв 200mg/ml 5ml №10","Бюджет","Да","уп",65,"65,56",4261.400000000001]
["N06BX03","ноотропное средство","Пирацетам","Пирацетам  раствор для в/в и в/м вв 200mg/ml 5ml №10","ОМС","Да","уп",1058,"65,56",{"v":69362.48,"d":"69,362.48"}]
["N06BX03","ноотропное средство","Пирацетам","Пирацетам  раствор для в/в и в/м вв 200mg/ml 5ml №10","ПЛАТ","Да","уп",111,"65,56",7277.16]
["N06BX03","ноотропное средство","Пирацетам","Пирацетам  табл 800mg №30","ОМС","Да","уп",63,"71,19",{"v":4484.97,"d":"4,484.97"}]
["N06BX06","ноотропное средство","Цитиколин","Нейпилепт раствор для в/в и в/м вв 250mg/ml 4ml №5","ПЛАТ","Да","уп",35,"1170,35",{"$f":"H1197*I1197","v":40962.25}]
["N06BX06","ноотропное средство","Цитиколин","Цераксон раствор для в/в и в/м вв 1000mg/4ml  №5","ОМС","Да","уп",245,"1173,55",{"v":287519.75,"d":"287,519.75"}]
["N06BX06","ноотропное средство","Цитиколин","Цераксон раствор для в/в и в/м вв 1000mg/4ml  №5","ПЛАТ","Да","уп",67,"1173,55",78627.84999999999]
["N06BX18","психостимулирующее и ноотропное средство","Винпоцетин","Винпоцетин конц-т д/приг раствора для инфузий 5mg/ml 5ml №10","ОМС","Да","уп.",374,"122,76",{"v":45912.240000000005,"d":"45,912.24"}]
["N06BX18","психостимулирующее и ноотропное средство","Винпоцетин","Винпоцетин конц-т д/приг раствора для инфузий 5mg/ml 5ml №10","ПЛАТ","Да","уп.",51,"122,76",6260.76]
["N06BX18","психостимулирующее и ноотропное средство","Винпоцетин","Винпоцетин табл 5mg №50","ОМС","Да","уп",5,"213,98",{"v":1069.8999999999999,"d":"1,069.90"}]
["N06BX18","психостимулирующее и ноотропное средство","Винпоцетин","Винпоцетин форте табл 10mg №30","ОМС","Да","уп",3,"268,16",804.48]
["N06BX18","психостимулирующее и ноотропное средство","Винпоцетин","Винпоцетин форте табл 10mg №30","ПЛАТ","Да","уп",17,"268,16",4558.72]
["N06DA04","деменции средство лечения","Галантамин","Галантамин Канон табл п/п/о 8mg №56","ОМС","Да","уп",25,"3572,53",{"v":89313.25,"d":"89,313.25"}]
["N06DA04","деменции средство лечения","Галантамин","Галантамин Канон табл п/п/о 8mg №56","ПЛАТ","Да","уп",4,"3572,53",14290.12]
["N06DX01","деменции средство лечения","Мемантин","Мемантин табл п/п/о 10mg  №30","ОМС","Да","уп",10,"1389,31",{"v":13893.099999999999,"d":"13,893.10"}]
["N06DX01","деменции средство лечения","Мемантин","Мемантин табл п/п/о 10mg  №30","ПЛАТ","Да","уп",5,"1389,31",{"v":6946.549999999999,"d":"6,947"}]
["N07Другие препараты для лечения заболеваний нервной системы",{"$nulls":8},{"v":0,"d":"0.00"}]
["N07AA01","холинэстеразы ингибитор","Неостигмина метилсульфат","Прозерин раствор для инъекций 0,5mg/ml 1ml №10","ОМС","Да","уп",783,"73,29",{"v":57386.07000000001,"d":"57,386.07"}]
["N07AA01","холинэстеразы ингибитор","Неостигмина метилсульфат","Прозерин раствор для инъекций 0,5mg/ml 1ml №10","ПЛАТ","Да","уп",26,"73,29",1905.5400000000002]
["N07AA01","холинэстеразы ингибитор","Неостигмина метилсульфат","Прозерин табл 15mg №20","ОМС","Да","уп",60,"55,54",{"v":3332.4,"d":"3,332.40"}]
["N07AA01","холинэстеразы ингибитор","Неостигмина метилсульфат","Прозерин табл 15mg №20","ПЛАТ","Да","уп",1,"55,54",55.54]
["N07AA02","холинэстеразы ингибитор","Пиридостигмина бромид","Пиридостигмна бромид табл 60mg №100","ОМС","Да","уп",70,"676,87",{"v":47380.9,"d":"47,380.90"}]
["N07AA02","холинэстеразы ингибитор","Пиридостигмина бромид","Пиридостигмна бромид табл 60mg №100","ПЛАТ","Да","уп",11,"676,87",7445.57]
["N07AX02","ноотропное средство","Холина альфосцерат","Церетон капсулы 400mg №28","ОМС","Да","уп",50,"1073,91",{"v":53695.50000000001,"d":"53,695.50"}]
["N07AX02","ноотропное средство","Холина альфосцерат","Церетон капсулы 400mg №28","ПЛАТ","Да","уп",6,"1073,91",6443.460000000001]
["N07AX02","ноотропное средство","Холина альфосцерат","Церетон раствор для в/в и в/м вв 250mg/ml 4ml №5","ОМС","Да","уп",10,"627,74",{"v":6277.4,"d":"6,277.40"}]
["N07AX02","ноотропное средство","Холина альфосцерат","Церетон раствор для в/в и в/м вв 250mg/ml 4ml №5","ПЛАТ","Да","уп",5,"627,74",3138.7]
["N07CA01","гистамина препарат","Бетагистин","Бетагистин табл 24mg №20","ОМС","Да","уп",311,"273,29",{"v":84993.19,"d":"84,993.19"}]
["N07CA01","гистамина препарат","Бетагистин","Бетагистин табл 24mg №20","ПЛАТ","Да","уп",61,"273,29",16670.690000000002]
["N07XX","антиоксидантное средство","Этилметилгидроксипиридина сукцинат","Нейрокс раствор для в/в и в/м вв 50mg/ml 5ml №5","ОМС","Да","уп",110,"332,91",{"v":36620.100000000006,"d":"36,620.10"}]
["N07XX","антиоксидантное средство","Этилметилгидроксипиридина сукцинат","Нейрокс раствор для в/в и в/м вв 50mg/ml 5ml №5","ПЛАТ","Да","уп",153,"332,91",50935.23]
["N07XX","витамины группы B+прочие препараты","~","КомплигамВ раствор для в/м вв 2ml №5","ОМС","Нет","уп",128,"203,13",{"v":26000.64,"d":"26,000.64"}]
["N07XX","витамины группы B+прочие препараты","~","КомплигамВ раствор для в/м вв 2ml №5","ПЛАТ","Нет","уп",66,"203,13",13406.58]
["N07XX","метаболическое средство","Инозин+Никотинамид+Рибофлавин+Янтарная кислота","Цитофлавин раствор для в/в  вв 10ml №10","Бюджет","Да","уп",10,"1214,13",12141.300000000001]
["N07XX","метаболическое средство","Инозин+Никотинамид+Рибофлавин+Янтарная кислота","Цитофлавин раствор для в/в  вв 10ml №10","ОМС","Да","уп",404,"1214,13",{"v":490508.52,"d":"490,508.52"}]
["N07XX","метаболическое средство","Инозин+Никотинамид+Рибофлавин+Янтарная кислота","Цитофлавин раствор для в/в  вв 10ml №10","ПЛАТ","Да","уп",122,"1214,13",148123.86000000002]
["N07XX","ноотропное средство","Полипептиды коры головного мозга эмбрионов свиней","Целлекс раствор для п/к вв 0,1mg/ml 1ml №5","ОМС","Нет","уп",40,"10799,19",{"v":431967.60000000003,"d":"431,967.60"}]
["N07XX","ноотропное средство","Полипептиды коры головного мозга эмбрионов свиней","Целлекс раствор для п/к вв 0,1mg/ml 1ml №5","ПЛАТ","Нет","уп",2,"10799,19","21598,38"]
[{"$nulls":9},{"$f":"SUBTOTAL(9,J1004:J1230)","v":{"v":12989985.041030005,"d":"12,989,985.04"}}]
["P Противопаразитарные препараты, инсектициды и репелленты "]
["P03Препараты для уничтожения эктопаразитов (в т.ч. чесоточного клеща), инсектициды и репелленты"]
["P03AX01","противочесоточное средство","Бензилбензоат","Бензилбензоат мазь д/наружн прим 20% 25g","ОМС","Да","уп",10,"29,47",{"$f":"H1234*I1234","v":{"v":294.7,"d":"294.70"}}]
[{"$nulls":9},{"$f":"SUBTOTAL(9,J1234)","v":{"v":294.7,"d":"294.70"}}]
["R Дыхательная система "]
["R01Препараты для лечения заболеваний носа"]
["R01AA07","противоконгестивное средство - альфа-адреномиметик","Ксилометазолин","Ксилен капли назал 0,1% 10ml №1","ОМС","Да","уп",60,"25,88",{"$f":"H1238*I1238","v":{"v":1552.8,"d":"1,552.80"}}]
["R01AA07","противоконгестивное средство - альфа-адреномиметик","Ксилометазолин","Ксилометазолин спрей назал 0,1% 10ml №1","ПЛАТ","Да","уп",5,"126,75",{"$f":"H1239*I1239","v":633.75}]
["R01AA08","носа заболеваний средство лечения","Нафазолин","Нафтизин капли назал 0,1% 10ml №1","ОМС","Нет","уп",6,"17,97",107.82]
["R01AA08","носа заболеваний средство лечения","Нафазолин","Нафтизин капли назал 0,1% 10ml №1","ПЛАТ","Нет","уп",3,"17,97",53.91]
["R02Препараты для лечения заболеваний глотки",{"$nulls":8},{"v":0,"d":"0.00"}]
["R02AA01","антисептическое средство","Амбазон","Фарингосепт табл. д/рассас 10mg №20","ОМС","Нет","уп",3,"195,36",586.08]
["R02AA01","антисептическое средство","Амбазон","Фарингосепт табл. д/рассас 10mg №20","ПЛАТ","Нет","уп",5,"195,36",976.8000000000001]
["R02AA01","миорелаксант центрального действия","Баклофен","Баклосан табл 10mg №50","ОМС","Да","уп",95,"253,4",{"v":24073,"d":"24,073.00"}]
["R02AA01","миорелаксант центрального действия","Баклофен","Баклосан табл 10mg №50","ПЛАТ","Да","уп",20,"253,4",5068]
["R03Препараты для лечения бронхиальной астмы",{"$nulls":8},{"v":0,"d":"0.00"}]
["R03AC02","бронходилатирующее средство - бета2-адреномиметик селективный","Сальбутамол","Вентолин Небулы раствор для ингаляций 1mg/ml 2,5 ml №20","Бюджет","Да","уп",6,"262,83",1576.98]
["R03AC02","бронходилатирующее средство - бета2-адреномиметик селективный","Сальбутамол","Вентолин Небулы раствор для ингаляций 1mg/ml 2,5 ml №20","ОМС","Да","уп",113,"262,83",{"v":29699.789999999997,"d":"29,699.79"}]
["R03AC02","бронходилатирующее средство - бета2-адреномиметик селективный","Сальбутамол","Вентолин Небулы раствор для ингаляций 1mg/ml 2,5 ml №20","ПЛАТ","Да","уп",30,"262,83",7884.9]
["R03AC02","бронходилатирующее средство - бета2-адреномиметик селективный","Сальбутамол","Сальбутамол аэрозоль д/инг дозир 100mkg/dosis 200dosis 12ml №1","ОМС","Да","уп",38,"174,82",{"v":6643.16,"d":"6,643.16"}]
["R03AC02","бронходилатирующее средство - бета2-адреномиметик селективный","Сальбутамол","Сальбутамол-СОЛОфарм раствор для ингаляций 1mg/ml 2,5 ml №20","ОМС","Да","уп",2,"419,98",839.96]
["R03AC02","бронходилатирующее средство - бета2-адреномиметик селективный","Сальбутамол","Сальбутамол-СОЛОфарм раствор для ингаляций 1mg/ml 2,5 ml №20","ПЛАТ","Да","уп",15,"419,98",6299.700000000001]
["R03AC02","бронходилатирующее средство - бета2-адреномиметик селективный","Сальбутамол","Сальбутамол-Фармстандарт аэрозоль д/инг дозир 100mkg/dosis 200dosis №1","ОМС","Да","уп",15,"113,04",{"v":1695.6000000000001,"d":"1,695.60"}]
["R03AC04","бронходилатирующее средство - бета2-адреномиметик селективный","Фенотерол","Фенотерол-аэронатив аэрозоль д/инг дозир 100mkg/dosis 200dosis","ОМС","Нет","уп",17,"422,82",{"v":7187.94,"d":"7,187.94"}]
["R03AC04","бронходилатирующее средство - бета2-адреномиметик селективный","Фенотерол","Фенотерол-натив раствор для ингаляций 1mg/ml 20ml №1","ОМС","Да","уп",8,"386,91",{"v":3095.28,"d":"3,095.28"}]
["R03AK03","бронходилатирующее средство комбинированное (бета2-адреномиметик селективный+м-холиноблокатор)","Ипратропия бромид+Фенотерол","Ипратерол-аэронатив аэрозоль д/инг дозир 20mkg/dosis+50mkg/dosis 200dosis №1","ОМС","Да","уп",4,"394,23",{"v":1576.92,"d":"1,576.92"}]
["R03AK03","бронходилатирующее средство комбинированное (бета2-адреномиметик селективный+м-холиноблокатор)","Ипратропия бромид+Фенотерол","Ипратерол-аэронатив аэрозоль д/инг дозир 20mkg/dosis+50mkg/dosis 200dosis №1","ПЛАТ","Да","уп",3,"394,23",1182.69]
["R03AK03","бронходилатирующее средство комбинированное (бета2-адреномиметик селективный+м-холиноблокатор)","Ипратропия бромид+Фенотерол","Ипратерол-натив раствор для ингаляций 0,25mg/ml+0,5mg/ml 20ml №1","Бюджет","Да","уп",12,"230,23",2762.7599999999998]
["R03AK03","бронходилатирующее средство комбинированное (бета2-адреномиметик селективный+м-холиноблокатор)","Ипратропия бромид+Фенотерол","Ипратерол-натив раствор для ингаляций 0,25mg/ml+0,5mg/ml 20ml №1","ОМС","Да","уп",532,"230,23",{"v":122482.36,"d":"122,482.36"}]
["R03AK03","бронходилатирующее средство комбинированное (бета2-адреномиметик селективный+м-холиноблокатор)","Ипратропия бромид+Фенотерол","Ипратерол-натив раствор для ингаляций 0,25mg/ml+0,5mg/ml 20ml №1","ПЛАТ","Да","уп",30,"230,23",6906.9]
["R03AL06","бронхолитическое средство комбинированное (бета2-адреномиметик длительного действия+м-холиноблокатор)","Олодатерол+Тиотропия бромид","Спиолто Респимат раствор для ингаляций 2.5mkg+2,5mkg/dosis 4ml","ПЛАТ","Да","уп",2,"2983,52",5967.04]
["R03BA02","глюкокортикостероид для местного применения","Будесонид","Буденит Стери-Неб  сусп д/инг дозир 0,5mg/ml-2ml №60","Бюджет","Да","уп.",10,"2299,54",22995.4]
["R03BA02","глюкокортикостероид для местного применения","Будесонид","Буденит Стери-Неб  сусп д/инг дозир 0,5mg/ml-2ml №60","ОМС","Да","уп.",80,"2299,54",{"v":183963.2,"d":"183,963.20"}]
["R03BA02","глюкокортикостероид для местного применения","Будесонид","Буденит Стери-Неб  сусп д/инг дозир 0,5mg/ml-2ml №60","ПЛАТ","Да","уп.",7,"2299,54",16096.779999999999]
["R03BA02","глюкокортикостероид для местного применения","Будесонид","Будесонид-натив раствор для ингаляций 0,25mg/ml 2ml №10","ОМС","Да","уп",3,"312,58",937.74]
["R03BA02","глюкокортикостероид для местного применения","Будесонид","Будесонид-натив раствор для ингаляций 0,25mg/ml 2ml №10","ПЛАТ","Да","уп",25,"312,58",7814.5]
["R03BB01","м-холиноблокатор","Ипратропия бромид","Ипратропиум-натив  раствор для ингаляций 0,25mg/ml 20ml №1","Бюджет","Да","уп",12,"208,73",2504.7599999999998]
["R03BB01","м-холиноблокатор","Ипратропия бромид","Ипратропиум-натив  раствор для ингаляций 0,25mg/ml 20ml №1","ОМС","Да","уп",232,"208,73",{"v":48425.36,"d":"48,425.36"}]
["R03BB01","м-холиноблокатор","Ипратропия бромид","Ипратропиум-натив  раствор для ингаляций 0,25mg/ml 20ml №1","ПЛАТ","Да","уп",20,"208,73",4174.599999999999]
["R03DA05","бронходилатирующее средство","Аминофиллин","Эуфиллин  раствор для в/в  вв 24mg/ml 10ml №10","Б.Опк","Да","уп",2,"41,67",83.34]
["R03DA05","бронходилатирующее средство","Аминофиллин","Эуфиллин  раствор для в/в  вв 24mg/ml 10ml №10","Бюджет","Да","уп",40,"41,67",1666.8000000000002]
["R03DA05","бронходилатирующее средство","Аминофиллин","Эуфиллин  раствор для в/в  вв 24mg/ml 10ml №10","ОМС","Да","уп",1751,"41,67",{"v":72964.17,"d":"72,964.17"}]
["R03DA05","бронходилатирующее средство","Аминофиллин","Эуфиллин  раствор для в/в  вв 24mg/ml 10ml №10","ПЛАТ","Да","уп",40,"41,67",1666.8000000000002]
["R05Препараты, применяемые при кашле и простудных заболеваниях",{"$nulls":8},{"v":0,"d":"0.00"}]
["R05CB01","отхаркивающее муколитическое средство","Ацетилцистеин","Ацетилцистеин Канон гранулы д/приг р-ра д/вн прим 200mg №20","ОМС","Да","уп",385,"152,19",{"v":58593.15,"d":"58,593.15"}]
["R05CB01","отхаркивающее муколитическое средство","Ацетилцистеин","Ацетилцистеин Канон гранулы д/приг р-ра д/вн прим 200mg №20","ПЛАТ","Да","уп",27,"152,19",4109.13]
["R05CB01","отхаркивающее муколитическое средство","Ацетилцистеин","Флуимуцил раствор для инъекций и ингаляций амп 100mg/ml 3ml №5","Бюджет","Да","уп",5,"214,56",1072.8]
["R05CB01","отхаркивающее муколитическое средство","Ацетилцистеин","Флуимуцил раствор для инъекций и ингаляций амп 100mg/ml 3ml №5","ОМС","Да","уп",72,"214,56",{"v":15448.32,"d":"15,448.32"}]
["R05CB03","отхаркивающее муколитическое средство","Карбоцистеин","Флуифорт гранулы для пригот суспензии внутрь 2,7g №10","Бюджет","Нет","уп",12,553,6636]
["R05CB03","отхаркивающее муколитическое средство","Карбоцистеин","Флуифорт гранулы для пригот суспензии внутрь 2,7g №10","ОМС","Нет","уп",62,553,{"v":34286,"d":"34,286.00"}]
["R05CB03","отхаркивающее муколитическое средство","Карбоцистеин","Флуифорт гранулы для пригот суспензии внутрь 2,7g №10","ПЛАТ","Нет","уп",2,553,1106]
["R05CB06","отхаркивающее муколитическое средство","Амброксол","Амбробене капс 75mg №10","ПЛАТ","Да","уп",20,"176,94",3538.8]
["R05CB06","отхаркивающее муколитическое средство","Амброксол","Амброксол  р-р для приема внутрь и инг 7,5mg/ml 100ml №1","ПЛАТ","Да","фл",20,"299,69",5993.8]
["R05CB06","отхаркивающее муколитическое средство","Амброксол","Амброксол  р-р для приема внутрь и инг 7,5mg/ml 40ml №1","ОМС","Да","уп",27,"119,87",{"v":3236.4900000000002,"d":"3,236.49"}]
["R05CB06","отхаркивающее муколитическое средство","Амброксол","Амброксол табл 30 mg №20","Бюджет","Да","уп",10,"31,04",310.4]
["R05CB06","отхаркивающее муколитическое средство","Амброксол","Амброксол табл 30 mg №20","ОМС","Да","уп",1076,"31,04",{"v":33399.04,"d":"33,399.04"}]
["R05CB06","отхаркивающее муколитическое средство","Амброксол","Амброксол табл 30 mg №20","ПЛАТ","Да","уп",39,"31,04",1210.56]
["R05DB13","противокашлевое средство центрального действия","Бутамират","Синекод сироп 1,5mg/ml 200ml","ОМС","Нет","уп",2,"425,69",851.38]
["R05DB13","противокашлевое средство центрального действия","Бутамират","Синекод сироп 1,5mg/ml 200ml","ПЛАТ","Нет","уп",5,"425,69",2128.45]
["R06Антигистаминные препараты для системного применения",{"$nulls":8},{"v":0,"d":"0.00"}]
["R06AA","противоаллергическое средство - H1-гистаминовых рецепторов блокатор","Клемастин","Тавегил раствор для в/в и в/м вв 1mg/ml 2ml №5","Б.Опк","Нет","уп",1,"225,55",225.55]
["R06AA","противоаллергическое средство - H1-гистаминовых рецепторов блокатор","Клемастин","Тавегил раствор для в/в и в/м вв 1mg/ml 2ml №5","ОМС","Нет","уп",144,"225,55",{"v":32479.2,"d":"32,479.20"}]
["R06AA","противоаллергическое средство - H1-гистаминовых рецепторов блокатор","Клемастин","Тавегил раствор для в/в и в/м вв 1mg/ml 2ml №5","ПЛАТ","Нет","уп",17,"225,55",3834.3500000000004]
["R06AA","противоаллергическое средство - H1-гистаминовых рецепторов блокатор","Клемастин","Тавегил табл 1mg №20","Бюджет","Нет","уп",5,"195,73",978.65]
["R06AA","противоаллергическое средство - H1-гистаминовых рецепторов блокатор","Клемастин","Тавегил табл 1mg №20","ОМС","Нет","уп",61,"195,73",{"v":11939.529999999999,"d":"11,939.53"}]
["R06AA","противоаллергическое средство - H1-гистаминовых рецепторов блокатор","Клемастин","Тавегил табл 1mg №20","ПЛАТ","Нет","уп",6,"195,73",1174.3799999999999]
["R06AA02","противоаллергическое средство - H1-гистаминовых рецепторов блокатор","Дифенгидрамин","Димедрол раствор для в/в и в/м вв 10mg/ml 1ml №10","Бюджет","Да","уп",40,"24,96",998.4000000000001]
["R06AA02","противоаллергическое средство - H1-гистаминовых рецепторов блокатор","Дифенгидрамин","Димедрол раствор для в/в и в/м вв 10mg/ml 1ml №10","ОМС","Да","уп",833,"24,96",{"v":20791.68,"d":"20,791.68"}]
["R06AA02","противоаллергическое средство - H1-гистаминовых рецепторов блокатор","Дифенгидрамин","Димедрол раствор для в/в и в/м вв 10mg/ml 1ml №10","ПЛАТ","Да","уп",20,"24,96",499.20000000000005]
["R06AA02","противоаллергическое средство - H1-гистаминовых рецепторов блокатор","Дифенгидрамин","Димедрол табл 50mg №20","ОМС","Да","уп",46,"8,63",396.98]
["R06AA02","противоаллергическое средство - H1-гистаминовых рецепторов блокатор","Дифенгидрамин","Димедрол табл 50mg №20","ПЛАТ","Да","уп",5,"8,63",43.150000000000006]
["R06AC03","противоаллергическое средство - H1-гистаминовых рецепторов блокатор","Хлоропирамин","Хлоропирамин раствор для в/в и в/м вв 20mg/ml 1ml №5","Бюджет","Да","уп",20,"101,17",{"$f":"H1303*I1303","v":2023.4}]
["R06AC03","противоаллергическое средство - H1-гистаминовых рецепторов блокатор","Хлоропирамин","Хлоропирамин раствор для в/в и в/м вв 20mg/ml 1ml №5","ОМС","Да","уп",511,"101,17",{"v":51697.87,"d":"51,697.87"}]
["R06AC03","противоаллергическое средство - H1-гистаминовых рецепторов блокатор","Хлоропирамин","Хлоропирамин раствор для в/в и в/м вв 20mg/ml 1ml №5","ПЛАТ","Да","уп",43,"101,17",4350.31]
["R06AC03","противоаллергическое средство - H1-гистаминовых рецепторов блокатор","Хлоропирамин","Хлоропирамин табл 25mg №20","Бюджет","Да","уп",3,"73,23",219.69]
["R06AC03","противоаллергическое средство - H1-гистаминовых рецепторов блокатор","Хлоропирамин","Хлоропирамин табл 25mg №20","ОМС","Да","уп",243,"73,23",{"v":17794.89,"d":"17,794.89"}]
["R06AC03","противоаллергическое средство - H1-гистаминовых рецепторов блокатор","Хлоропирамин","Хлоропирамин табл 25mg №20","ПЛАТ","Да","уп",10,"73,23",732.3000000000001]
["R06AX13","противоаллергическое средство - H1-гистаминовых рецепторов блокатор","Лоратадин","Лоратадин табл 10mg  №10","ОМС","Да","уп",69,"58,5",{"v":4036.5,"d":"4,036.50"}]
["R06AX13","противоаллергическое средство - H1-гистаминовых рецепторов блокатор","Лоратадин","Лоратадин табл 10mg  №10","ПЛАТ","Да","уп",15,"58,5",877.5]
["R06AX27","противоаллергическое средство - H1-гистаминовых рецепторов блокатор","Дезлоратадин","Дезлоратадин  табл 5mg №10","ОМС","Нет","уп",10,"131,42",{"v":1314.1999999999998,"d":"1,314.20"}]
["R06AX27","противоаллергическое средство - H1-гистаминовых рецепторов блокатор","Дезлоратадин","Лордестин табл п/п/о 5mg №10","ОМС","Нет","уп",8,"315,98",{"v":2527.84,"d":"2,527.84"}]
["R06AX27","противоаллергическое средство - H1-гистаминовых рецепторов блокатор","Дезлоратадин","Лордестин табл п/п/о 5mg №10","ПЛАТ","Нет","уп",2,"315,98",631.96]
["R07Другие препараты для лечения заболеваний органов дыхания",{"$nulls":8},{"v":0,"d":"0.00"}]
["R07AB","аналептическое средство","Сульфокамфорная кислота+Прокаин","Сульфокамфокаин раствор для инъекций 100mg/ml 2ml №10","ОМС","Нет","уп",15,"192,36",{"v":2885.4,"d":"2,885.40"}]
["R07AB","аналептическое средство","Сульфокамфорная кислота+Прокаин","Сульфокамфокаин раствор для инъекций 100mg/ml 2ml №10","ПЛАТ","Нет","уп",2,"192,36",384.72]
["R07AB","антисептическое средство+местноанестезирующее средство","Аммиак","Аммиак р-р д/нар прим и инг 10% 40ml №1","ОМС","Нет","уп",298,"16,65",{"v":4961.7,"d":"4,961.70"}]
["R07AB","антисептическое средство+местноанестезирующее средство","Аммиак","Аммиак р-р д/нар прим и инг 10% 40ml №1","ПЛАТ","Нет","уп",8,"16,65",133.2]
["R07AB02","аналептическое средство","Никетамид","Кордиамин раствор для инъекций 250mg/ml 2ml №10","Бюджет","Нет","уп",1,"568,74",568.74]
["R07AB02","аналептическое средство","Никетамид","Кордиамин раствор для инъекций 250mg/ml 2ml №10","ОМС","Нет","уп",5,"568,74",{"v":2843.7,"d":"2,843.70"}]
["R07AB02","аналептическое средство","Никетамид","Кордиамин раствор для инъекций 250mg/ml 2ml №10","ПЛАТ","Нет","уп",2,"568,74","1137,48"]
[{"$nulls":9},{"$f":"SUBTOTAL(9,J1238:J1321)","v":{"v":805315.0499999998,"d":"805,315.05"}}]
["S Препараты для лечения заболеваний органов чувств "]
["S01Препараты для лечения заболеваний глаз"]
["S01AA09","антибиотик-тетрациклин","Тетрациклин","Тетрациклин мазь глазная 1% 3g","ОМС","Да","уп",185,"40,78",{"$f":"H1325*I1325","v":{"v":7544.3,"d":"7,544.30"}}]
["S01AA09","антибиотик-тетрациклин","Тетрациклин","Тетрациклин мазь глазная 1% 3g","ПЛАТ","Да","уп",25,"40,78",{"$f":"H1326*I1326","v":1019.5}]
["S01AA13","антибиотик полициклической структуры","Фузидовая кислота","Фуциталмик капли глазные 1% 5g ","ОМС","Нет","уп",5,555,{"v":2775,"d":"2,775.00"}]
["S01AB04","противомикробное средство - сульфаниламид","Сульфацетамид","Сульфацил-натрий капли глазные 20% 1,5ml №2 тюбик-капельницы","ОМС","Нет","уп",151,"20,05",{"v":3027.55,"d":"3,027.55"}]
["S01AB04","противомикробное средство - сульфаниламид","Сульфацетамид","Сульфацил-натрий капли глазные 20% 1,5ml №2 тюбик-капельницы","ПЛАТ","Нет","уп",52,"20,05",1042.6000000000001]
["S01AD","иммуностимулирующее средство","Полиадениловая кислота+Полиуридиловая кислота","Полудан лиоф д/приг гл кап 100ЕД 5ml №1","ОМС","Нет","уп",5,"165,95",829.75]
["S01AD03","противовирусное средство для местного применения","Ацикловир","Ацикловир мазь глазная 3% 5,0","ОМС","Да","уп",30,"139,15",{"v":4174.5,"d":"4,174.50"}]
["S01AD03","противовирусное средство для местного применения","Ацикловир","Ацикловир мазь глазная 3% 5,0","ПЛАТ","Да","уп",4,"139,15",556.6]
["S01AD03","противовирусное средство для местного применения","Ацикловир","Ацикловир мазь д/наружн прим 5% 10g","ОМС","Да","уп",5,"43,42",{"v":217.10000000000002,"d":"217.10"}]
["S01AD03","противовирусное средство для местного применения","Ацикловир","Ацикловир мазь д/наружн прим 5% 10g","ПЛАТ","Да","уп",5,"43,42",217.10000000000002]
["S01AD05","противовирусное средство комбинированное (цитокин + H1-гистаминовых рецепторов блокатор)","Интерферон альфа-2b + дифенгидрамин","Офтальмоферон капли глазные 10000МЕ/ml + 1mg/g 10ml №1","ОМС","Нет","уп",45,"381,19",{"v":17153.55,"d":"17,153.55"}]
["S01AD05","противовирусное средство комбинированное (цитокин + H1-гистаминовых рецепторов блокатор)","Интерферон альфа-2b + дифенгидрамин","Офтальмоферон капли глазные 10000МЕ/ml + 1mg/g 10ml №1","ПЛАТ","Нет","уп",2,"381,19",762.38]
["S01AE07","противомикробное средство - фторхинолон","Моксифлоксацин","Максифлокс  капли глазные 5mg/ml 5ml ","ОМС","Да","уп",80,"160,46",{"v":12836.800000000001,"d":"12,836.80"}]
["S01AE07","противомикробное средство - фторхинолон","Моксифлоксацин","Максифлокс  капли глазные 5mg/ml 5ml ","ПЛАТ","Да","уп",10,"160,46",1604.6000000000001]
["S01AX","антисептическое средство","Бензилдиметил-миристоиламино-пропиламмоний","Окомистин капли глазные 0,01% 10ml","Бюджет","Нет","уп",9,"202,07",1818.6299999999999]
["S01AX","антисептическое средство","Бензилдиметил-миристоиламино-пропиламмоний","Окомистин капли глазные 0,01% 10ml","ОМС","Нет","уп",1100,"202,07",{"v":222277,"d":"222,277.00"}]
["S01AX","антисептическое средство","Бензилдиметил-миристоиламино-пропиламмоний","Окомистин капли глазные 0,01% 10ml","ПЛАТ","Нет","уп",285,"202,07",57589.95]
["S01AX11","противомикробное средство - фторхинолон","Офлоксацин","Флоксал мазь глазная 3mg/g 3,0","ОМС","Да","уп",5,"156,59",782.95]
["S01AX19","противомикробное средство - фторхинолон","Левофлоксацин","Л-Оптик Ромфарм капли глазные 0,5% 5ml","Бюджет","Да","уп",100,"166,98",16698]
["S01AX19","противомикробное средство - фторхинолон","Левофлоксацин","Л-Оптик Ромфарм капли глазные 0,5% 5ml","ОМС","Да","уп",1950,"166,98",{"v":325611,"d":"325,611.00"}]
["S01AX19","противомикробное средство - фторхинолон","Левофлоксацин","Л-Оптик Ромфарм капли глазные 0,5% 5ml","ПЛАТ","Да","уп",102,"166,98",17031.96]
["S01BA01","глюкокортикостероид для местного применения","Дексаметазон","Озурдекс имплантат д/интравитреального введ 0,7mg","ПЛАТ","Да","уп",15,56430,846450]
["S01BA01, H02AB02","глюкокортикостероид","Дексаметазон","Дексаметазон глазные капли 0,1% 10ml №1","Бюджет","Нет","уп",100,"100,23",10023]
["S01BA01, H02AB02","глюкокортикостероид","Дексаметазон","Дексаметазон глазные капли 0,1% 10ml №1","ОМС","Нет","уп",1600,"100,23",{"v":160368,"d":"160,368.00"}]
["S01BA01, H02AB02","глюкокортикостероид","Дексаметазон","Дексаметазон глазные капли 0,1% 10ml №1","ПЛАТ","Нет","уп",505,"100,23",50616.15]
["S01BA01, H02AB02","глюкокортикостероид","Дексаметазон","Дексаметазон раствор для инъекций 4mg/ml 1ml №25","Бюджет","Да","уп",87,"272,63",23718.81]
["S01BA01, H02AB02","глюкокортикостероид","Дексаметазон","Дексаметазон раствор для инъекций 4mg/ml 1ml №25","ОМС","Да","уп",2370,"272,63",{"v":646133.1,"d":"646,133.10"}]
["S01BA01, H02AB02","глюкокортикостероид","Дексаметазон","Дексаметазон раствор для инъекций 4mg/ml 1ml №25","ПЛАТ","Да","уп",108,"272,63",29444.04]
["S01BA01, H02AB02","глюкокортикостероид","Дексаметазон","Дексаметазон раствор для инъекций 4mg/ml 2ml №25","Бюджет","Да","уп",71,"273,63",19427.73]
["S01BA01, H02AB02","глюкокортикостероид","Дексаметазон","Дексаметазон раствор для инъекций 4mg/ml 2ml №25","ОМС","Да","уп",2056,"273,63",{"v":562583.28,"d":"562,583.28"}]
["S01BA01, H02AB02","глюкокортикостероид","Дексаметазон","Дексаметазон раствор для инъекций 4mg/ml 2ml №25","ПЛАТ","Да","уп",80,"273,63",21890.4]
["S01BA01, H02AB02","глюкокортикостероид","Дексаметазон","Дексаметазон табл 0,5mg №10","ОМС","Да","уп",7,"36,12",{"v":252.83999999999997,"d":"252.84"}]
["S01BA01, H02AB02","глюкокортикостероид","Дексаметазон","Дексаметазон табл 0,5mg №10","ПЛАТ","Да","уп",2,"36,12",72.24]
["S01BA02","глюкокортикостероид для местного применения","Гидрокортизон","Гидрокортизон мазь глазная 0,5% 3g","ОМС","Да","уп",34,"35,97",{"v":1222.98,"d":"1,222.98"}]
["S01BA02","глюкокортикостероид для местного применения","Гидрокортизон","Гидрокортизон мазь глазная 0,5% 3g","ПЛАТ","Да","уп",2,"35,97",71.94]
["S01BC01","НПВП","Индометацин","Индоколлир  капли глазные 0,1% 5ml","ОМС","Нет","уп",260,"480,43",{"v":124911.8,"d":"124,911.80"}]
["S01BC01","НПВП","Индометацин","Индоколлир  капли глазные 0,1% 5ml","ПЛАТ","Нет","уп",70,"480,43",33630.1]
["S01CA01","глюкокортикостероид для местного применения+антибиотик-аминогликозид+противогрибковое средство","Дексаметазон+Тобрамицин","ДексаТобропт капли глазные 5ml","ОМС","Нет","уп",50,"251,47",{"v":12573.5,"d":"12,573.50"}]
["S01CA01","глюкокортикостероид для местного применения+антибиотик-аминогликозид+противогрибковое средство","Дексаметазон+Тобрамицин","ДексаТобропт капли глазные 5ml","ПЛАТ","Нет","уп",20,"251,47",5029.4]
["S01EB01","противоглаукомное средство - м-холиномиметик","Пилокарпин","Пилокарпин капли глазные 10mg/ml 5ml","ОМС","Да","уп",32005,"30,69",{"v":982233.4500000001,"d":"982,233.45"}]
["S01EB51","противоглаукомное средство комбинированное (м-холиномиметик+бета-адреноблокатор)","Пилокарпин+ тимолол","Фотил форте капли глазные 40mg/ml+5mg/ml 5ml","ОМС","Нет","уп",190,"299,62",{"v":56927.8,"d":"56,927.80"}]
["S01EC01","диуретическое средство","Ацетазоламид","Диакарб табл 250mg №30","Бюджет","Да","уп",2,"254,02",508.04]
["S01EC01","диуретическое средство","Ацетазоламид","Диакарб табл 250mg №30","ОМС","Да","уп",374,"254,02",{"v":95003.48000000001,"d":"95,003.48"}]
["S01EC01","диуретическое средство","Ацетазоламид","Диакарб табл 250mg №30","ПЛАТ","Да","уп",13,"254,02",3302.26]
["S01EC03","противоглаукомное средство - карбоангидразы ингибитор","Дорзоламид","Дорзопт  капли глазные 2% 5ml №3","ОМС","Да","уп",152,"1334,75",{"v":202882,"d":"202,882.00"}]
["S01EC03","противоглаукомное средство - карбоангидразы ингибитор","Дорзоламид","Дорзопт  капли глазные 2% 5ml №3","ПЛАТ","Да","уп",20,"1334,75",26695]
["S01ED01","противоглаукомное средство - бета-адреноблокатор","Тимолол","Тимолол-СОЛОфарм  капли глазные 0,5% 5ml","ОМС","Да","уп",130,"40,82",{"v":5306.6,"d":"5,306.60"}]
["S01ED01","противоглаукомное средство - бета-адреноблокатор","Тимолол","Тимолол-СОЛОфарм  капли глазные 0,5% 5ml","ПЛАТ","Да","уп",10,"40,82",408.2]
["S01ED51","бета-адреноблокатор","Дорзоламид+Тимолол","Дорзопт Плюс  капли глазные 20mg+5mg/ml 5ml","ОМС","Нет","уп",56,"864,33",{"v":48402.48,"d":"48,402.48"}]
["S01ED51","бета-адреноблокатор","Дорзоламид+Тимолол","Дорзопт Плюс  капли глазные 20mg+5mg/ml 5ml","ПЛАТ","Нет","уп",2,"864,33",1728.66]
["S01EE01","противоглаукомное средство - простагландина F2-альфа аналог синтетический","Латанопрост","Трилактан глазные капли 0,005% 2.5 ml","ОМС","Нет","уп",33,"703,29",{"v":23208.57,"d":"23,208.57"}]
["S01FA56","офтальмологических заболеваний средство диагностики (м-холиноблокатор+альфа-адреномиметик)","Тропикамид+Фенилэфрин","Аппамид плюс капли глазные 5ml","Бюджет","Нет","уп",100,"172,66",17266]
["S01FA56","офтальмологических заболеваний средство диагностики (м-холиноблокатор+альфа-адреномиметик)","Тропикамид+Фенилэфрин","Аппамид плюс капли глазные 5ml","ОМС","Нет","уп",1713,"172,66",{"v":295766.58,"d":"295,766.58"}]
["S01FA56","офтальмологических заболеваний средство диагностики (м-холиноблокатор+альфа-адреномиметик)","Тропикамид+Фенилэфрин","Аппамид плюс капли глазные 5ml","ПЛАТ","Нет","уп",420,"172,66",72517.2]
["S01HA02","местноанестезирующее средство","Оксибупрокаин","Инокаин капли глазные 0,4% 5ml","Бюджет","Да","уп",50,"114,06",5703]
["S01HA02","местноанестезирующее средство","Оксибупрокаин","Инокаин капли глазные 0,4% 5ml","ОМС","Да","уп",3553,"114,06",{"v":405255.18,"d":"405,255.18"}]
["S01HA02","местноанестезирующее средство","Оксибупрокаин","Инокаин капли глазные 0,4% 5ml","ПЛАТ","Да","уп",435,"114,06",49616.1]
["S01JA01","диагностическое средство","Флуоресцеин натрия","Флуоресцеин Новартис раствор для в/в  вв 100mg/ml 5ml №10","ОМС","Да","уп",30,"2399,38",{"v":71981.40000000001,"d":"71,981.40"}]
["S01JA01","диагностическое средство","Флуоресцеин натрия","Флуоресцеин натрия раствор для в/в  вв 100mg/ml 5ml №1","ОМС","Да","уп",500,"188,49",{"v":94245,"d":"94,245.00"}]
["S01LA05","средства, препятствующие новообразованию сосудов","Афлиберцепт ","Эйлеа р-р д/внутригл введ 40mg/ml 0,1ml №1","ПЛАТ","Да","уп",90,"53420,4",4807836]
["S01XA12","репарации тканей стимулятор","Декспантенол","Корнерегель гель глазной 5% 10g №1","Бюджет","Нет","уп",5,"968,25",4841.25]
["S01XA12","репарации тканей стимулятор","Декспантенол","Корнерегель гель глазной 5% 10g №1","ОМС","Нет","уп",610,"968,25",{"v":590632.5,"d":"590,632.50"}]
["S01XA12","репарации тканей стимулятор","Декспантенол","Корнерегель гель глазной 5% 10g №1","ПЛАТ","Нет","уп",63,"968,25","60999,75"]
[{"$nulls":9},{"$f":"SUBTOTAL(9,J1325:J1387)","v":{"v":4977120.04,"d":"4,977,120.04"}}]
["V Прочие препараты "]
["V03Прочие разные препараты"]
["V03AB","комплексообразующее средство","Димеркаптопропансульфонат натрия ","Унитиол р-р для в/м и п/к введ 50 mg/ml 5ml №10","ОМС","Да","уп",3,"517,42",{"$f":"H1391*I1391","v":{"v":1552.2599999999998,"d":"1,552.26"}}]
["V03AB","комплексообразующее средство","Димеркаптопропансульфонат натрия ","Унитиол р-р для в/м и п/к введ 50 mg/ml 5ml №10","ПЛАТ","Да","уп",2,"517,42",{"$f":"H1392*I1392","v":1034.84}]
["V03AB06","комплексообразующее средство","Натрия тиосульфат","Натрия тиосульфат раствор для в/в  вв 300mg/ml 10ml №10","ОМС","Да","уп",87,"84,61",{"v":7361.07,"d":"7,361.07"}]
["V03AB06","комплексообразующее средство","Натрия тиосульфат","Натрия тиосульфат раствор для в/в  вв 300mg/ml 10ml №10","ПЛАТ","Да","уп",2,"84,61",169.22]
["V03AB14","гемостатическое средство","Протамина сульфат","Протамина сульфат раствор для в/в  вв 10mg/ml 5ml №10","Бюджет","Да","уп",70,"1543,42",108039.40000000001]
["V03AB14","гемостатическое средство","Протамина сульфат","Протамина сульфат раствор для в/в  вв 10mg/ml 5ml №10","ОМС","Да","уп",130,"1543,42",{"v":200644.6,"d":"200,644.60"}]
["V03AB15","опиоидных рецепторов антагонист","Налоксон","Налоксон раствор для инъекций 0,4mg/ml 1ml №10","ОМС","Да","уп",1,"202,27",202.27]
["V03AB35","антидот","Сугаммадекс","Брайдан раствор для в/в  вв 100mg/ml 2ml №10","Бюджет","Да","уп",10,"74274,28",742742.8]
["V03AB35","антидот","Сугаммадекс","Брайдан раствор для в/в  вв 100mg/ml 2ml №10","ОМС","Да","уп",13,"74274,28",{"v":965565.64,"d":"965,565.64"}]
["V03AB35","антидот","Сугаммадекс","Брайдан раствор для в/в  вв 100mg/ml 2ml №10","ПЛАТ","Да","уп",9,"74274,28",668468.52]
["V03AX","ферментное средство","Гиалуронидаза","Лидаза лиоф д/пр р-ра д/и и мест/пр 64УЕ №10","ОМС","Нет","уп.",10,"362,68",{"v":3626.8,"d":"3,626.80"}]
["V04Диагностические препараты",{"$nulls":8},{"v":0,"d":"0.00"}]
["V04CX","диагностическое средство","Индоцианин зеленый","Индоцианин зеленый-ПУЛЬСИОН лиоф д/пр р-ра д/в/в вв 25mg №5","ПЛАТ","Нет","уп",1,48300,48300]
["V07Другие разные нелечебные средства",{"$nulls":8},{"v":0,"d":"0.00"}]
["V07AB","растворитель","Вода","Вода для инъекций растворитель для приг.лек.форм для инъекций 500ml №24","Бюджет","Да","уп",15,"1093,92",16408.800000000003]
["V07AB","растворитель","Вода","Вода для инъекций растворитель для приг.лек.форм для инъекций 500ml №24","ОМС","Да","уп",527,"1093,92",{"v":576495.8400000001,"d":"576,495.84"}]
["V07AB","растворитель","Декстроза","Глюкоза Браун раствор для инфузий 5% 250ml №10","ОМС","Да","уп",52,"226,46",{"v":11775.92,"d":"11,775.92"}]
["V07AB","растворитель","Декстроза","Глюкоза Браун раствор для инфузий 5% 250ml №10","ПЛАТ","Да","уп",10,"226,46",2264.6]
["V07AB","растворитель","Натрия хлорид ","Натрия хлорид  растворитель для приг.лек.форм для инъекций 0,9%-10ml №10","ОМС","Да","уп.",275,"49,53",{"v":13620.75,"d":"13,620.75"}]
["V08Контрастные вещества",{"$nulls":8},{"v":0,"d":"0.00"}]
["V08AB02","рентгеноконтрастное средство","Йогексол","Омнипак раствор для инъекций 350mg/ml 100ml №10","ОМС","Да","уп",200,"19516,25",{"v":3903250,"d":"3,903,250.00"}]
["V08AB02","рентгеноконтрастное средство","Йогексол","Омнипак раствор для инъекций 350mg/ml 50ml №10","ОМС","Да","уп",330,"10343,62",{"v":3413394.6,"d":"3,413,394.60"}]
["V08AB02","рентгеноконтрастное средство","Йогексол","Омнипак раствор для инъекций 350mg/ml 50ml №10","ПЛАТ","Да","уп",8,"10343,62",82748.96]
["V08AB05","рентгеноконтрастное средство","Йопромид","Ультравист раствор для инъекций 300mg/ml 500ml №8","Бюджет","Да","уп",10,"80916,5",809165]
["V08AB05","рентгеноконтрастное средство","Йопромид","Ультравист раствор для инъекций 300mg/ml 500ml №8","ОМС","Да","уп",118,"80916,5",{"v":9548147,"d":"9,548,147.00"}]
["V08AB05","рентгеноконтрастное средство","Йопромид","Ультравист раствор для инъекций 300mg/ml 500ml №8","ПЛАТ","Да","уп",12,"80916,5",970998]
["V08BA02","рентгеноконтрастное средство","Бария сульфат","Бар-ВИПС порошок д/приг суспензии д/вн прим 240g №40","ОМС","Да","уп",8,"4015,5",{"v":32124,"d":"32,124.00"}]
["V08CA03","контрастное средство для МРТ","Гадодиамид","Омнискан раствор для в/в  вв 0,5mmol/ml 20ml №10","ОМС","Да","уп",231,"29453,02",{"v":6803647.62,"d":"6,803,647.62"}]
["V08CA03","контрастное средство для МРТ","Гадодиамид","Омнискан раствор для в/в  вв 0,5mmol/ml 20ml №10","ПЛАТ","Да","уп",14,"29453,02","412342,28"]
[{"$nulls":9},{"$f":"SUBTOTAL(9,J1391:J1419)","v":{"v":25481408.37,"d":"25,481,408.37"}}]
["Прочие"]
["~ Диуретическое средство растительного происхождения"]
["~","диуретическое средство растительного происхождения","~","Канефрон Н драже №60","ОМС","Нет","уп",6,"704,85",{"$f":"H1423*I1423","v":{"v":4229.1,"d":"4,229.10"}}]
["~","диуретическое средство растительного происхождения","~","Канефрон Н драже №60","ПЛАТ","Нет","уп",9,"704,85",{"$f":"H1424*I1424","v":6343.650000000001}]
["Экстемпоральная рецептура",{"$nulls":8},{"v":0,"d":"0.00"}]
["С1",null,"Натрия хлорид","Натрия хлорид субстанция-порошок кг","ОМС","Нет","кг",62,"166,5",{"v":10323,"d":"10,323.00"}]
["Э",null,"~","Антигриппин порошок для внутр. применения 1,04 г","Бюджет","Нет","пор.",50,"2,9",145]
["Э",null,"~","Антигриппин порошок для внутр. применения 1,04 г","ОМС","Нет","пор.",8052,"2,9",{"v":23350.8,"d":"23,350.80"}]
["Э",null,"~","Антигриппин порошок для внутр. применения 1,04 г","ПЛАТ","Нет","пор.",340,"2,9",986]
["Э",null,"~","Капли Морозова(сердечное)  капл д/пр внутрь 45 ml","Бюджет","Нет","фл",40,"32,18",1287.2]
["Э",null,"~","Капли Морозова(сердечное)  капл д/пр внутрь 45 ml","ОМС","Нет","фл",1213,"32,18",{"v":39034.34,"d":"39,034.34"}]
["Э",null,"~","Капли Морозова(сердечное)  капл д/пр внутрь 45 ml","ПЛАТ","Нет","фл",37,"32,18",1190.66]
["Э",null,"~","Краска ВГД  для измерения внутриглазного давл. 5,04g","ОМС","Нет","фл",608,"374,64",{"v":227781.12,"d":"227,781.12"}]
["Э",null,"~","Мазь Анестезиновая 5% мазь д/наружн прим 100g","ОМС","Нет","банка",5,"39,56",{"v":197.8,"d":"197.80"}]
["Э",null,"~","Мазь Ксероформная 10%  мазь д/наружн прим 100g","ОМС","Нет","банка",10,"96,91",{"v":969.0999999999999,"d":"969.10"}]
["Э",null,"~","Мазь Ланолиновая  мазь д/наружн прим 50g","ПЛАТ","Нет","банка",2,"49,37",98.74]
["Э",null,"~","Мазь Стрептоцидовая 10% мазь д/мест и наруж/пр 100g","ОМС","Нет","банка",5,"241,88",{"v":1209.4,"d":"1,209.40"}]
["Э",null,"~","Мазь в нос  мазь д/мест и наруж/пр 10g","Бюджет","Нет","банка",5,"10,38",51.900000000000006]
["Э",null,"~","Мазь в нос  мазь д/мест и наруж/пр 10g","ОМС","Нет","банка",60,"10,38",{"v":622.8000000000001,"d":"622.80"}]
["Э",null,"~","Мазь в нос  мазь д/мест и наруж/пр 10g","ПЛАТ","Нет","банка",5,"10,38",51.900000000000006]
["Э",null,"~","Масло вазелиновое масло для наружн. примненения 100g","ОМС","Нет","фл",66,"44,07",{"v":2908.62,"d":"2,908.62"}]
["Э",null,"~","Масло вазелиновое масло для наружн. примненения 100g","ПЛАТ","Нет","фл",20,"44,07",881.4]
["Э",null,"~","Микстура Кватера  микстура 400mll","Бюджет","Нет","фл",30,28,840]
["Э",null,"~","Микстура Кватера  микстура 400mll","ОМС","Нет","фл",2300,28,{"v":64400,"d":"64,400.00"}]
["Э",null,"~","Микстура Кватера  микстура 400mll","ПЛАТ","Нет","фл",120,28,3360]
["Э",null,"~","Настойка Боярышника (капли) капл д/пр внутрь 25g","ОМС","Нет","фл",30,"6,05",{"v":181.5,"d":"181.50"}]
["Э",null,"~","Настойка Боярышника (капли) капл д/пр внутрь 25g","ПЛАТ","Нет","фл",20,"6,05",121]
["Э",null,"~","Настойка Валерианы (капли) капл д/пр внутрь 25g","ОМС","Нет","фл",107,"11,38",{"v":1217.66,"d":"1,217.66"}]
["Э",null,"~","Настойка Валерианы (капли) капл д/пр внутрь 25g","ПЛАТ","Нет","фл",20,"11,38",227.60000000000002]
["Э",null,"~","Настойка Пустырника (капли) капл д/пр внутрь 25g","ОМС","Нет","фл",102,"7,38",752.76]
["Э",null,"~","Настойка Пустырника (капли) капл д/пр внутрь 25g","ПЛАТ","Нет","фл",20,"7,38",147.6]
["Э",null,"~","Порошок Глюкозы  порошок для внутр. применения 100g","ОМС","Нет","уп.",329,13,{"v":4277,"d":"4,277.00"}]
["Э",null,"~","Р-Р Магния сульфата 3%  раствор для ФТО 200ml","ОМС","Нет","фл",20,"1,51",{"v":30.2,"d":"30.20"}]
["Э",null,"~","Р-р Анальгина 2%  раствор для ФТО 200ml","ОМС","Нет","фл",20,"11,68",{"v":233.6,"d":"233.60"}]
["Э",null,"~","Р-р Борной кислоты 2%  р-р для наружного применения 400ml","ОМС","Нет","фл",1,"3,95",3.95]
["Э",null,"~","Р-р Йода спиртовый 5%  р-р для наружного применения 30ml","Б.Опк","Нет","фл",8,"29,3",234.4]
["Э",null,"~","Р-р Йода спиртовый 5%  р-р для наружного применения 30ml","Бюджет","Нет","фл",2,"29,3",58.6]
["Э",null,"~","Р-р Йода спиртовый 5%  р-р для наружного применения 30ml","ОМС","Нет","фл",323,"29,3",{"v":9463.9,"d":"9,463.90"}]
["Э",null,"~","Р-р Йода спиртовый 5%  р-р для наружного применения 30ml","ПЛАТ","Нет","фл",20,"29,3",586]
["Э",null,"~","Р-р Калия йодида 3%  раствор для ФТО 100ml","ОМС","Нет","фл",200,"24,98",{"v":4996,"d":"4,996.00"}]
["Э",null,"~","Р-р Калия йодида 3%  раствор для ФТО 200ml","ОМС","Нет","фл",30,"49,95",{"v":1498.5,"d":"1,498.50"}]
["Э",null,"~","Р-р Калия перманганата 0,05% р-р для наружного применения 20ml","ОМС","Нет","фл",110,"0,12",{"v":13.2,"d":"13.20"}]
["Э",null,"~","Р-р Калия перманганата 5%  р-р для наружного применения 50ml","Бюджет","Нет","фл",5,"35,52",177.60000000000002]
["Э",null,"~","Р-р Калия перманганата 5%  р-р для наружного применения 50ml","ОМС","Нет","фл",180,"35,52",{"v":6393.6,"d":"6,393.60"}]
["Э",null,"~","Р-р Калия перманганата 5%  р-р для наружного применения 50ml","ПЛАТ","Нет","фл",5,"35,52",177.60000000000002]
["Э",null,"~","Р-р Кальция хлорида 2%  раствор для ФТО 200ml","ОМС","Нет","фл",130,"2,22",{"v":288.6,"d":"288.60"}]
["Э",null,"~","Р-р Колларгола 2%  р-р для наружного применения 200ml","ОМС","Нет","фл",20,"745,92",{"v":14918.4,"d":"14,918.40"}]
["Э",null,"~","Р-р Колларгола 2%  р-р для наружного применения 200ml","ПЛАТ","Нет","фл",12,"745,92",8951.039999999999]
["Э",null,"~","Р-р Левомицетина 0,25%  раствор для ФТО 200ml","ОМС","Нет","фл",50,"3,66",{"v":183,"d":"183.00"}]
["Э",null,"~","Р-р Натрия тиосульфата 2%  раствор для ФТО 200ml","ОМС","Нет","фл",20,"0,93",{"v":18.6,"d":"18.60"}]
["Э",null,"~","Р-р Натрия хлорида 0,9%  р-р для наружного применения 3 l","Б.Опк","Нет","фл",48,"3,6",172.8]
["Э",null,"~","Р-р Натрия хлорида 0,9%  р-р для наружного применения 3 l","ОМС","Нет","фл",48,"3,6",{"v":172.8,"d":"172.80"}]
["Э",null,"~","Р-р Натрия хлорида 10%  р-р для наружного применения 3 l","ОМС","Нет","фл",30,"39,96",{"v":1198.8,"d":"1,198.80"}]
["Э",null,"~","Р-р Новокаина 2%  раствор для ФТО 200ml","ОМС","Нет","фл",80,"23,09",{"v":1847.2,"d":"1,847.20"}]
["Э",null,"~","Р-р Перекиси водорода 3%  р-р для наружного применения 200ml","ОМС","Нет","фл",1575,"4,8",{"v":7560,"d":"7,560.00"}]
["Э",null,"~","Р-р Перекиси водорода 3%  р-р для наружного применения 200ml","ПЛАТ","Нет","фл",5,"4,8",24]
["Э",null,"~","Р-р Перекиси водорода 3%  р-р для наружного применения 20ml","ОМС","Нет","фл",1321,"0,48",{"v":634.0799999999999,"d":"634.08"}]
["Э",null,"~","Р-р Перекиси водорода 3%  р-р для наружного применения 400ml","Б.Опк","Нет","фл",48,"9,54",457.91999999999996]
["Э",null,"~","Р-р Перекиси водорода 3%  р-р для наружного применения 400ml","ОМС","Нет","фл",2687,"9,54",{"v":25633.979999999996,"d":"25,633.98"}]
["Э",null,"~","Р-р Перекиси водорода 4%  р-р для дезинф 400ml","Б.Опк","Нет","фл",500,"12,69",6345]
["Э",null,"~","Р-р Перекиси водорода 4%  р-р для дезинф 400ml","ОМС","Нет","фл",2396,"12,69",{"v":30405.239999999998,"d":"30,405.24"}]
["Э",null,"~","Р-р Перекиси водорода 4%  р-р для дезинф 5 l","ОМС","Нет","канистра",20,"158,56",{"v":3171.2,"d":"3,171.20"}]
["Э",null,"~","Р-р Перекиси водорода 6%  р-р для дезинф 200ml","Б.Опк","Нет","фл",800,"9,55",7640.000000000001]
["Э",null,"~","Р-р Перекиси водорода 6%  р-р для дезинф 200ml","ОМС","Нет","фл",1480,"9,55",{"v":14134.000000000002,"d":"14,134.00"}]
["Э",null,"~","Р-р Перекиси водорода 6%  р-р для дезинф 400ml","Бюджет","Нет","фл",30,"19,09",572.7]
["Э",null,"~","Р-р Перекиси водорода 6%  р-р для дезинф 400ml","ОМС","Нет","фл",466,"19,09",{"v":8895.94,"d":"8,895.94"}]
["Э",null,"Формальдегид","Р-р Формалина 10%  р-р для наружного применения 200ml","ОМС","Нет","фл",240,"8,44",{"v":2025.6,"d":"2,025.60"}]
["Э",null,"~","Р-р Фурацилина 0,02%  р-р для наружного применения 400ml","ОМС","Нет","фл",9183,"0,81",{"$f":"H1488*I1488","v":{"v":7438.2300000000005,"d":"7,438.23"}}]
["Э",null,"~","Р-р Фурацилина 0,02%  р-р для наружного применения 400ml","ПЛАТ","Нет","фл",6,"0,81",4.86]
["Э",null,"~","Р-р Хлоргексидина 0,02% асепт. р-р д/нар и местн прим 200ml","ОМС","Нет","фл",11340,"0,52",{"v":5896.8,"d":"5,896.80"}]
["Э",null,"~","Р-р Хлоргексидина 0,25%  р-р для наружного применения 200ml","Бюджет","Нет","фл",21,"6,52",136.92]
["Э",null,"~","Р-р Хлоргексидина 0,25%  р-р для наружного применения 200ml","ОМС","Нет","фл",1995,"6,52",{"v":13007.4,"d":"13,007.40"}]
["Э",null,"~","Р-р Хлоргексидина 0,25%  р-р для наружного применения 400ml","ОМС","Нет","фл",1764,"13,04",{"v":23002.559999999998,"d":"23,002.56"}]
["Э",null,"Борная кислота","Кислота борная порошок для наруж примен(присыпка) 100g","ОМС","Нет","уп",34,"79,92",{"v":2717.28,"d":"2,717.28"}]
["Э",null,"Вазелин","Вазелин (мазь) мазь д/наружн прим 30g","ОМС","Нет","банка",188,"6,62",{"v":1244.56,"d":"1,244.56"}]
["Э",null,"Вазелин","Вазелин (мазь) мазь д/наружн прим 30g","ПЛАТ","Нет","банка",3,"6,62",19.86]
["Э",null,"Глицерол","Глицерин  р-р для наружного применения 50g","ОМС","Нет","фл",88,"27,53",{"v":2422.6400000000003,"d":"2,422.64"}]
["Э",null,"Калия хлорид","Р-р Калия хлорида 10%   стер. раствор для в/в  вв 200ml","Бюджет","Нет","фл",370,"7,9",2923]
["Э",null,"Калия хлорид","Р-р Калия хлорида 10%   стер. раствор для в/в  вв 200ml","ОМС","Нет","фл",2260,"7,9",{"v":17854,"d":"17,854.00"}]
["Э",null,"Кальция хлорид","Р-р Кальция хлорида 1%  стер. раствор для инъекций 200ml","ОМС","Нет","фл",310,"1,12",{"v":347.20000000000005,"d":"347.20"}]
["Э",null,"Ксероформ ","Ксероформ (присыпка) порошок для наруж примен(присыпка) 10g","ОМС","Нет","уп.",75,"77,03",{"v":5777.25,"d":"5,777.25"}]
["Э",null,"Мяты перечной листьев масло+Фенобарбитал+Этилбромизовалерианат","Корвалол (капли) капл д/пр внутрь 25g","Б.Опк","Нет","фл",2,"33,85",67.7]
["Э",null,"Мяты перечной листьев масло+Фенобарбитал+Этилбромизовалерианат","Корвалол (капли) капл д/пр внутрь 25g","Бюджет","Нет","фл",8,"33,85",270.8]
["Э",null,"Мяты перечной листьев масло+Фенобарбитал+Этилбромизовалерианат","Корвалол (капли) капл д/пр внутрь 25g","ОМС","Нет","фл",132,"33,85",{"v":4468.2,"d":"4,468.20"}]
["Э",null,"Мяты перечной листьев масло+Фенобарбитал+Этилбромизовалерианат","Корвалол (капли) капл д/пр внутрь 25g","ПЛАТ","Нет","фл",20,"33,85",677]
["Э",null,"Натрия гидрокарбонат","Р-р Натрия гидрокарбоната 3% стер. раствор для в/в  вв 150ml","ОМС","Нет","фл",1100,"0,94",{"v":1034,"d":"1,034.00"}]
["Э",null,"Натрия хлорид","Р-р Натрия хлорида 0,9%  стер. раствор для инфузий 150ml","ОМС","Нет","фл",400,"0,22",{"v":88,"d":"88.00"}]
["Э",null,"Натрия хлорид","Р-р Натрия хлорида 10%  стер. раствор для инъекций 150ml","ОМС","Нет","фл",967,2,{"v":1934,"d":"1,934.00"}]
["Э",null,"Нитрофурал","Р-р Фурацилина 0,02%  изот. стер. р-р для наружного применения 350ml","Бюджет","Нет","фл",50,"1,13",56.49999999999999]
["Э",null,"Нитрофурал","Р-р Фурацилина 0,02%  изот. стер. р-р для наружного применения 350ml","ОМС","Нет","фл",1830,"1,13",{"v":2067.8999999999996,"d":"2,067.90"}]
["Э",null,"Парафин жидкий","Масло вазелиновое  стер. масло для наружн. примненения 5g","ОМС","Нет","фл",8462,"2,43",{"v":20562.66,"d":"20,562.66"}]
["Э",null,"Парафин жидкий","Масло вазелиновое  стер. масло для наружн. примненения 5g","ПЛАТ","Нет","фл",20,"2,43",48.6]
["Э",null,"Тальк","Тальк (присыпка) порошок для наруж примен(присыпка) 100g","ОМС","Нет","уп",6,"14,43",86.58]
["Э",null,"Формальдегид","Р-р Формалина 10% р-р для наружного применения 5 l","ОМС","Нет","канистра",125,"231,99",{"v":28998.75,"d":"28,998.75"}]
[{"$nulls":9},{"$f":"SUBTOTAL(9,J1423:J1514)","v":{"v":654123.3999999999,"d":"654,123.40"}}]
[]
["Итого",{"$nulls":8},{"$f":"J229+J427+J682+J756+J771+J802+J925+J930+J1001+J1231+J1235+J1322+J1388+J1420+J1515","v":{"v":115847485.46263005,"d":"115,847,485.46"}}]
[]
["Всего запланировано к закупке 650 наименований лекарственных препаратов на общую сумму 115 847 485,46 руб."]
[]
["Согласовано:",null,null,"."]
["Заместитель главного врача по экономическим вопросам",{"$nulls":6},"Заикина Е.В."]
[{"$nulls":3},"."]
["Главный бухгалтер",null,null,".",{"$nulls":3},"Титова З.А."]
[{"$nulls":3},"."]
["Заместитель главного врача",null,null,".",{"$nulls":3},"Мотущук Е.А."]
[{"$nulls":3},"."]
["Председатель ФТК: заместитель главного врача по терапии",{"$nulls":6},"Нестерко А.О."]
[{"$nulls":3},"."]
["Секретарь: заведующая аптекой",null,null,".",{"$nulls":3},"Козлова Н.В."]
[{"$nulls":3},"."]
["Члены ФТК:","заместитель главного врача по ЭВН",{"$nulls":5},"Руденко Д.И."]
[{"$nulls":3},"."]
[null,"заместитель главного врача по офтальмологии",{"$nulls":5},"Николаенко В.П."]
[{"$nulls":3},"."]
[null,"заведующий терапевтическим отделением",{"$nulls":5},"Петров А.Л."]
[{"$nulls":3},"."]
[null,"клинический фармаколог",{"$nulls":5},"Гомон Ю.М."]
[]
[null,"заведующий отделением кардиологии № 2",{"$nulls":5},"Иконников П.П."]
[{"$nulls":3},"."]
[null,"заведующая отделением эндокринологии",{"$nulls":5},"Орлова В.Л."]
[{"$nulls":3},"."]
[null,"заведующая отделением переливания крови",{"$nulls":5},"Никитова И.С"]
[{"$nulls":3},"."]
[null,"заведующая отделением гастроэнтерологии",{"$nulls":5},"Кашерининова И.И."]
[{"$nulls":3},"."]
[null,"заведующий КОИТ",null,".",{"$nulls":3},"Шорохов К.Н."]
[{"$nulls":3},"."]
[null,"заведующий отделением общей хирургии",{"$nulls":5},"Олейник В.В."]
[{"$nulls":3},"."]
[null,"заведующий отделением анестезиологии",{"$nulls":5},"Бояркин А.А."]
[{"$nulls":3},"."]
[null,"заведующий отделением неврологии №1",{"$nulls":5},"Голиков К.В."]
[]
[null,"заведующая отделением неврологии №3",{"$nulls":5},"Стучевская Т.Р."]
[]
[null,"заведующая офтальмологическим КДО",{"$nulls":5},"Терехова И.В."]
[]
[null,"заведующий ОРИТ № 1",{"$nulls":5},"Сорокин М.Ф."]
[]
[null,"заведующий ОРИТ № 2",{"$nulls":5},"Нефедов А.В."]

{"sheet":"ПЛАТ","index":2,"n_rows":1561,"n_cols":10,"rows_kept":1561,"merged":[[9,0,9,8],[12,0,12,9],[229,0,229,9],[427,0,427,9],[682,0,682,9],[756,0,756,9],[771,0,771,9],[802,0,802,9],[925,0,925,9],[930,0,930,9],[1001,0,1001,9],[1230,0,1230,9],[1234,0,1234,9],[1321,0,1321,9],[1387,0,1387,9],[1419,0,1419,9],[1520,0,1520,5],[1526,0,1526,5],[1530,1,1530,5],[1534,1,1534,5],[1538,1,1538,5],[1540,1,1540,5],[1548,1,1548,5],[1550,1,1550,5],[1558,1,1558,5],[1560,1,1560,5]]}
[{"$nulls":7},"\"Утверждаю\""]
[{"$nulls":7},"Главный врач СПб ГБУЗ ГМПБ №2"]
[{"$nulls":7},"Волчков В.А."]
[]
[{"$nulls":7},"______________________________"]
[{"$nulls":7},"\"30 мая 2019 года"]
[]
[]
[]
["ФОРМУЛЯРНЫЙ ПЕРЕЧЕНЬ ЛЕКАРСТВЕННЫХ ПРЕПАРАТОВ НА 2020 ГОД"]
[{"$nulls":3},"ПЛАТНАЯ"]
["АТХ","Группа","МНН","Название","ИФ","ЖНиВЛП","Ед.изм","Кол-во","Цена","Сумма"]
["A Пищеварительный тракт и обмен веществ "]
["A01Стоматологические препараты"]
["A01AB11","противомикробное средство","Метронидазол + Хлоргексидин","Метрогил Дента гель стоматологический 20g №1","ПЛАТ","Нет","уп",20,"281,59",{"$f":"H15*I15","v":{"v":5631.799999999999,"d":"5,631.80"}}]
["A01AD11","НПВП","Холина салицилат + Цеталкония хлорид","Холисал гель стоматологический 10g","ПЛАТ","Нет","уп",25,"417,43",{"$f":"H16*I16","v":{"v":10435.75,"d":"10,435.75"}}]
["A01AВ11","противовоспалительное средство растительного происхождения","~","Стоматофит экстракт для местного применения, [жидкий] 100ml","ПЛАТ","Нет","уп",20,"319,28",{"v":6385.599999999999,"d":"6,385.60"}]
["A02Препараты, применяемые при состояниях, связанных с нарушениями кислотности",{"$nulls":8},{"v":0,"d":"0.00"}]
["A02BA03","желез желудка секрецию понижающее средство - H2-гистаминовых рецепторов блокатор","Фамотидин","Фамотидин лиоф д/пр р-ра д/в/в вв 20mg+5ml №5","Бюджет","Да","уп",271,"310,43",84126.53]
["A02BA03","желез желудка секрецию понижающее средство - H2-гистаминовых рецепторов блокатор","Фамотидин","Фамотидин лиоф д/пр р-ра д/в/в вв 20mg+5ml №5","ОМС","Да","уп",2453,"310,43",761484.79]
["A02BA03","желез желудка секрецию понижающее средство - H2-гистаминовых рецепторов блокатор","Фамотидин","Фамотидин лиоф д/пр р-ра д/в/в вв 20mg+5ml №5","ПЛАТ","Да","уп",128,"310,43",{"v":39735.04,"d":"39,735.04"}]
["A02BA03","желез желудка секрецию понижающее средство - H2-гистаминовых рецепторов блокатор","Фамотидин","Фамотидин табл п/п/о 20mg №20","Бюджет","Да","уп",20,"23,33",466.59999999999997]
["A02BA03","желез желудка секрецию понижающее средство - H2-гистаминовых рецепторов блокатор","Фамотидин","Фамотидин табл п/п/о 20mg №20","ОМС","Да","уп",395,"23,33",9215.349999999999]
["A02BA03","желез желудка секрецию понижающее средство - H2-гистаминовых рецепторов блокатор","Фамотидин","Фамотидин табл п/п/о 20mg №20","ПЛАТ","Да","уп",8,"23,33",186.64]
["A02BA03","желез желудка секрецию понижающее средство - H2-гистаминовых рецепторов блокатор","Фамотидин","Фамотидин табл п/п/о 20mg №30","Бюджет","Да","уп",100,"34,43",3443]
["A02BA03","желез желудка секрецию понижающее средство - H2-гистаминовых рецепторов блокатор","Фамотидин","Фамотидин табл п/п/о 20mg №30","ОМС","Да","уп",2218,"34,43",76365.74]
["A02BA03","желез желудка секрецию понижающее средство - H2-гистаминовых рецепторов блокатор","Фамотидин","Фамотидин табл п/п/о 20mg №30","ПЛАТ","Да","уп",25,"34,43",860.75]
["A02BC01","желез желудка секрецию понижающее средство - протонного насоса ингибитор","Омепразол","Омез лиоф-т д/пригот р-ра д/инф 40mg №1","Бюджет","Да","уп",50,"150,3",7515.000000000001]
["A02BC01","желез желудка секрецию понижающее средство - протонного насоса ингибитор","Омепразол","Омез лиоф-т д/пригот р-ра д/инф 40mg №1","ОМС","Да","уп",1225,"150,3",184117.5]
["A02BC01","желез желудка секрецию понижающее средство - протонного насоса ингибитор","Омепразол","Омез лиоф-т д/пригот р-ра д/инф 40mg №1","ПЛАТ","Да","уп",108,"150,3",{"v":16232.400000000001,"d":"16,232.40"}]
["A02BC01","желез желудка секрецию понижающее средство - протонного насоса ингибитор","Омепразол","Омепразол капс к/раст 20mg №30","Бюджет","Да","уп",115,"32,94",3788.1]
["A02BC01","желез желудка секрецию понижающее средство - протонного насоса ингибитор","Омепразол","Омепразол капс к/раст 20mg №30","ОМС","Да","уп",4968,"32,94",163645.91999999998]
["A02BC01","желез желудка секрецию понижающее средство - протонного насоса ингибитор","Омепразол","Омепразол капс к/раст 20mg №30","ПЛАТ","Да","уп",210,"32,94",{"v":6917.4,"d":"6,917.40"}]
["A02BC01","желез желудка секрецию понижающее средство - протонного насоса ингибитор","Омепразол","Омепразол лиоф-т д/пригот р-ра д/инф 40mg №1","ОМС","Да","уп",101,"272,26",27498.26]
["A02BC01","желез желудка секрецию понижающее средство - протонного насоса ингибитор","Омепразол","Ультоп капсулы 40mg №28","ОМС","Да","уп",19,"525,44",9983.36]
["A02BC01","желез желудка секрецию понижающее средство - протонного насоса ингибитор","Омепразол","Ультоп капсулы 40mg №28","ПЛАТ","Да","уп",21,"525,44",{"v":11034.240000000002,"d":"11,034.24"}]
["А02BC02","желез желудка секрецию понижающее средство - протонного насоса ингибитор","Пантопразол","Нольпаза лиоф д/пр р-ра д/в/в вв 40mg №1","ОМС","Нет","уп",50,"301,45",15072.5]
["А02BC02","желез желудка секрецию понижающее средство - протонного насоса ингибитор","Пантопразол","Нольпаза лиоф д/пр р-ра д/в/в вв 40mg №1","ПЛАТ","Нет","уп",61,"301,45",{"v":18388.45,"d":"18,388.45"}]
["А02BC02","желез желудка секрецию понижающее средство - протонного насоса ингибитор","Пантопразол","Нольпаза табл п/к/р/о 40mg №14","ОМС","Нет","уп",298,"184,04",54843.92]
["А02BC02","желез желудка секрецию понижающее средство - протонного насоса ингибитор","Пантопразол","Нольпаза табл п/к/р/о 40mg №14","ПЛАТ","Нет","уп",20,"184,04",{"v":3680.7999999999997,"d":"3,680.80"}]
["A02BC04","желез желудка секрецию понижающее средство - протонного насоса ингибитор","Рабепразол","Зульбекс табл к/р п/п/о 20mg №28","ОМС","Нет","уп",20,1680,33600]
["A02BC04","желез желудка секрецию понижающее средство - протонного насоса ингибитор","Рабепразол","Зульбекс табл к/р п/п/о 20mg №28","ПЛАТ","Нет","уп",8,1680,{"v":13440,"d":"13,440.00"}]
["A02BC04","желез желудка секрецию понижающее средство - протонного насоса ингибитор","Рабепразол","Рабепразол-СЗ капсулы 20mg №28","ОМС","Нет","уп",20,"427,53",8550.599999999999]
["A02BC05","желез желудка секрецию понижающее средство - протонного насоса ингибитор","Эзомепразол","Эманера капс к/раст 20mg №14","ОМС","Да","уп",55,"242,17",13319.349999999999]
["A02BC05","желез желудка секрецию понижающее средство - протонного насоса ингибитор","Эзомепразол","Эманера капс к/раст 20mg №14","ПЛАТ","Да","уп",25,"242,17",{"v":6054.25,"d":"6,054.25"}]
["A02BC05","желез желудка секрецию понижающее средство - протонного насоса ингибитор","Эзомепразол","Эманера капс к/раст 40mg №28","ОМС","Да","уп",29,"727,99",21111.71]
["A02BC05","желез желудка секрецию понижающее средство - протонного насоса ингибитор","Эзомепразол","Эманера капс к/раст 40mg №28","ПЛАТ","Да","уп",15,"727,99",{"v":10919.85,"d":"10,919.85"}]
["A02BX","рефлюкс-эзофагита средство лечения","~","Гевискон Форте суспензия д/ приема внутрь (в компл.мерн.лож) 150ml №1","ОМС","Нет","уп",10,"346,8",3468]
["A02BX","рефлюкс-эзофагита средство лечения","~","Гевискон Форте суспензия д/ приема внутрь (в компл.мерн.лож) 150ml №1","ПЛАТ","Нет","уп",5,"346,8",{"v":1734,"d":"1,734.00"}]
["A02BX05","антисептическое кишечное и вяжущее средство","Висмута трикалия дицитрат","Висмута трикалия дицитрат табл п/п/о 120mg № 56","ОМС","Да","уп",73,"440,62",32165.260000000002]
["A02BX05","антисептическое кишечное и вяжущее средство","Висмута трикалия дицитрат","Висмута трикалия дицитрат табл п/п/о 120mg № 56","ПЛАТ","Да","уп",15,"440,62",{"v":6609.3,"d":"6,609.30"}]
["A02BX05","антисептическое кишечное и вяжущее средство","Висмута трикалия дицитрат","Улькавис табл п/п/о 120mg № 56","ПЛАТ","Да","уп",5,"413,7",{"v":2068.5,"d":"2,068.50"}]
["A02АХ","антацидное средство","Алгелдрат+Магния гидроксид","Алмагель суспензия д/ приема внутрь (в компл.мерн.лож) 170ml","ОМС","Нет","уп",53,"266,66",14132.980000000001]
["A02АХ","антацидное средство","Алгелдрат+Магния гидроксид","Алмагель суспензия д/ приема внутрь (в компл.мерн.лож) 170ml","ПЛАТ","Нет","уп",2,"266,66",533.32]
["A03Препараты для лечения функциональных нарушений со стороны ЖКТ",{"$nulls":8},{"v":0,"d":"0.00"}]
["A03AA","м-холиноблокатор","Платифиллин","Платифиллина гидротартрат раствор для п/к вв 2mg/ml 1ml №10","ОМС","Да","уп",241,"69,75",16809.75]
["A03AA","м-холиноблокатор","Платифиллин","Платифиллина гидротартрат раствор для п/к вв 2mg/ml 1ml №10","ПЛАТ","Да","уп",26,"69,75",{"v":1813.5,"d":"1,813.50"}]
["A03AA04","спазмолитическое средство","Мебеверин","Спарекс капс пролонг/д-я 200mg №30","ОМС","Да","уп",165,"514,84",84948.6]
["A03AA04","спазмолитическое средство","Мебеверин","Спарекс капс пролонг/д-я 200mg №30","ПЛАТ","Да","уп",45,"514,84",{"v":23167.800000000003,"d":"23,167.80"}]
["A03AD01","спазмолитическое средство","Папаверин","Папаверина гидрохлорид раствор для инъекций 20mg/ml 2ml №10","Б.Опк","Нет","уп",2,"273,06",546.12]
["A03AD01","спазмолитическое средство","Папаверин","Папаверина гидрохлорид раствор для инъекций 20mg/ml 2ml №10","Бюджет","Нет","уп",30,"273,06",8191.8]
["A03AD01","спазмолитическое средство","Папаверин","Папаверина гидрохлорид раствор для инъекций 20mg/ml 2ml №10","ОМС","Нет","уп",315,"273,06",86013.9]
["A03AD01","спазмолитическое средство","Папаверин","Папаверина гидрохлорид раствор для инъекций 20mg/ml 2ml №10","ПЛАТ","Нет","уп",10,"273,06",{"v":2730.6,"d":"2,730.60"}]
["A03AD02","спазмолитическое средство","Дротаверин","Дротаверин раствор для инъекций 20mg/ml 2ml №10","Бюджет","Да","уп",105,"59,01",6196.05]
["A03AD02","спазмолитическое средство","Дротаверин","Дротаверин раствор для инъекций 20mg/ml 2ml №10","ОМС","Да","уп",3134,"59,01",184937.34]
["A03AD02","спазмолитическое средство","Дротаверин","Дротаверин раствор для инъекций 20mg/ml 2ml №10","ПЛАТ","Да","уп",58,"59,01",{"v":3422.58,"d":"3,422.58"}]
["A03AD02","спазмолитическое средство","Дротаверин","Дротаверин табл 40mg №100","Бюджет","Да","уп",2,"58,25",116.5]
["A03AD02","спазмолитическое средство","Дротаверин","Дротаверин табл 40mg №100","ОМС","Да","уп",430,"58,25",25047.5]
["A03AD02","спазмолитическое средство","Дротаверин","Дротаверин табл 40mg №100","ПЛАТ","Да","уп",23,"58,25",{"v":1339.75,"d":"1,339.75"}]
["A03AD02","спазмолитическое средство","Дротаверин","Дротаверин табл 40mg №20","ОМС","Да","уп",57,"30,12",1716.8400000000001]
["A03AD02","спазмолитическое средство","Дротаверин","Дротаверин табл 40mg №20","ПЛАТ","Да","уп",5,"30,12",{"v":150.6,"d":"150.60"}]
["A03BA01","м-холиноблокатор","Атропин","Атропин капли глазные 1% 5ml","ОМС","Да","уп",63,"52,27",3293.01]
["A03BA01","м-холиноблокатор","Атропин","Атропин капли глазные 1% 5ml","ПЛАТ","Да","уп",4,"52,27",209.08]
["A03BA01","м-холиноблокатор","Атропин","Атропин раствор для инъекций 1mg/ml 1ml №5","ОМС","Да","уп",897,"12,01",10772.97]
["A03BA01","м-холиноблокатор","Атропин","Атропин раствор для инъекций 1mg/ml 1ml №5","ПЛАТ","Да","уп",2,"12,01",24.02]
["A03BA01","м-холиноблокатор","Атропин","Атропина сульфат раствор для инъекций 1mg/ml 1ml №10","ОМС","Да","уп",1544,"28,39",43834.16]
["A03FA01","противорвотное средство - дофаминовых рецепторов блокатор центральный","Метоклопрамид","Метоклопрамид раствор для в/в и в/м вв 5mg/ml 2ml №10","Бюджет","Да","уп",49,"123,89",6070.61]
["A03FA01","противорвотное средство - дофаминовых рецепторов блокатор центральный","Метоклопрамид","Метоклопрамид раствор для в/в и в/м вв 5mg/ml 2ml №10","ОМС","Да","уп",1543,"123,89",191162.27]
["A03FA01","противорвотное средство - дофаминовых рецепторов блокатор центральный","Метоклопрамид","Метоклопрамид раствор для в/в и в/м вв 5mg/ml 2ml №10","ПЛАТ","Да","уп",72,"123,89",{"v":8920.08,"d":"8,920.08"}]
["A03FA01","противорвотное средство - дофаминовых рецепторов блокатор центральный","Метоклопрамид","Метоклопрамид табл 10mg №50","ОМС","Да","уп",69,"26,79",{"$f":"H80*I80","v":1848.51}]
["A03FA01","противорвотное средство - дофаминовых рецепторов блокатор центральный","Метоклопрамид","Метоклопрамид табл 10mg №50","ПЛАТ","Да","уп",3,"26,79",80.37]
["A04Противорвотные препараты",{"$nulls":8},{"v":0,"d":"0.00"}]
["А04АА01","противорвотное средство - серотониновых рецепторов антагонист","Ондансетрон","Латран раствор для в/в и в/м вв 2mg/ml 2ml №5","Бюджет","Да","уп",10,"456,12",4561.2]
["А04АА01","противорвотное средство - серотониновых рецепторов антагонист","Ондансетрон","Латран раствор для в/в и в/м вв 2mg/ml 2ml №5","ОМС","Да","уп",90,"456,12",41050.8]
["А04АА01","противорвотное средство - серотониновых рецепторов антагонист","Ондансетрон","Латран раствор для в/в и в/м вв 2mg/ml 2ml №5","ПЛАТ","Да","уп",21,"456,12",{"v":9578.52,"d":"9,578.52"}]
["A05Препараты для лечения заболеваний печени и желчевыводящих путей",{"$nulls":8},{"v":0,"d":"0.00"}]
["А05АА02","гепатопротекторное средство","Урсодезоксихолевая кислота","Урсодезоксихолевая кислота капсулы 250mg №50","ОМС","Да","уп",32,"571,14",18276.48]
["А05АА02","гепатопротекторное средство","Урсодезоксихолевая кислота","Урсодезоксихолевая кислота капсулы 250mg №50","ПЛАТ","Да","уп",8,"571,14",{"v":4569.12,"d":"4,569.12"}]
["A05BA","гипоазотемическое средство","Орнитин","Гепа-Мерц гран д/р-ра перор 5g №30","Бюджет","Нет","уп",2,"2095,42",4190.84]
["A05BA","гипоазотемическое средство","Орнитин","Гепа-Мерц гран д/р-ра перор 5g №30","ОМС","Нет","уп",15,"2095,42",31431.300000000003]
["A05BA","гипоазотемическое средство","Орнитин","Гепа-Мерц гран д/р-ра перор 5g №30","ПЛАТ","Нет","уп",10,"2095,42",{"v":20954.2,"d":"20,954.20"}]
["A05BA","метаболическое средство","Инозин+Меглюмин+Метионин+Никотинамид+Янтарная кислота","Ремаксол раствор для инфузий 400ml №1","Бюджет","Да","уп",90,"398,47",35862.3]
["A05BA","метаболическое средство","Инозин+Меглюмин+Метионин+Никотинамид+Янтарная кислота","Ремаксол раствор для инфузий 400ml №1","ОМС","Да","уп",160,"398,47",63755.200000000004]
["A05BA","метаболическое средство","Инозин+Меглюмин+Метионин+Никотинамид+Янтарная кислота","Ремаксол раствор для инфузий 400ml №1","ПЛАТ","Да","уп",100,"398,47",{"v":39847,"d":"39,847.00"}]
["A06Слабительные препараты",{"$nulls":8},{"v":0,"d":"0.00"}]
["A06AA01","слабительное средство","Парафин жидкий","Вазелиновое масло масло д/приема внутрь 25ml","ОМС","Нет","уп",273,"36,63",9999.990000000002]
["A06AA01","слабительное средство","Парафин жидкий","Вазелиновое масло масло д/приема внутрь 25ml","ПЛАТ","Нет","уп",30,"36,63",{"v":1098.9,"d":"1,098.90"}]
["A06AB02","слабительное средство","Бисакодил","Бисакодил табл п/к/р/о 5mg №30","ОМС","Да","уп",135,"20,96",2829.6]
["A06AB02","слабительное средство","Бисакодил","Бисакодил табл п/к/р/о 5mg №30","ПЛАТ","Да","уп",2,"20,96",41.92]
["A06AB02","слабительное средство","Бисакодил","Бисакодил-Нижфарм  супп рект 10mg №10","ОМС","Да","уп",65,"42,62",2770.2999999999997]
["A06AB02","слабительное средство","Бисакодил","Бисакодил-Нижфарм  супп рект 10mg №10","ПЛАТ","Да","уп",8,"42,62",340.96]
["А06АВ06","слабительное средство растительного происхождения","Сеннозиды А и В","Сенадексин  табл №20","ОМС","Да","уп",354,"15,84",5607.36]
["А06АВ06","слабительное средство растительного происхождения","Сеннозиды А и В","Сенадексин  табл №20","ПЛАТ","Да","уп",3,"15,84",{"v":47.519999999999996,"d":"47.52"}]
["A06AD11","слабительное средство","Лактулоза","Нормазе сироп 667mg/ml 200ml","ОМС","Да","уп",107,"278,3",29778.100000000002]
["A06AD11","слабительное средство","Лактулоза","Порталак сироп 667mg/ml 500ml","ОМС","Да","уп",7,"398,47",2789.29]
["A06AD11","слабительное средство","Лактулоза","Порталак сироп 667mg/ml 500ml","ПЛАТ","Да","уп",11,"398,47",{"v":4383.17,"d":"4,383.17"}]
["A06AD15","слабительное средство","Макрогол","Фортранс порошок д/приг суспензии д/вн прим 64g №4","ПЛАТ","Да","уп",83,"517,38",{"v":42942.54,"d":"42,942.54"}]
["A06АВ05","слабительное средство растительного происхождения","~","Касторовое масло масло д/приема внутрь 30ml","ОМС","Нет","уп",125,"36,63",4578.75]
["A07Противодиарейные, кишечные противовоспалительные и противомикробные препараты",{"$nulls":8},{"v":0,"d":"0.00"}]
["A07AA11","антибиотик-рифамицин","Рифаксимин","Альфа Нормикс табл п/п/о 200mg №12","ОМС","Нет","уп",70,"1069,34",74853.79999999999]
["A07AA11","антибиотик-рифамицин","Рифаксимин","Альфа Нормикс табл п/п/о 200mg №12","ПЛАТ","Нет","уп",20,"1069,34",{"v":21386.8,"d":"21,386.80"}]
["A07AX03","противомикробное средство - нитрофуран","Нифуроксазид","Экофурил капсулы 200mg №16","ОМС","Нет","уп",20,"459,56",9191.2]
["A07AX03","противомикробное средство - нитрофуран","Нифуроксазид","Экофурил капсулы 200mg №16","ПЛАТ","Нет","уп",15,"459,56",{"v":6893.4,"d":"6,893.40"}]
["A07BA01","энтеросорбирующее средство","Уголь активированный","Уголь активированный табл 250mg №10","ОМС","Нет","уп",408,"4,33",1766.64]
["A07BA01","энтеросорбирующее средство","Уголь активированный","Уголь активированный табл 250mg №10","ПЛАТ","Нет","уп",20,"4,33",{"v":86.6,"d":"86.60"}]
["A07BC05","противодиарейное средство","Диосмектит","Неосмектин порошок д/приг суспензии д/вн прим 3g №30","ОМС","Да","уп",33,"341,55",11271.15]
["A07BC05","противодиарейное средство","Диосмектит","Неосмектин порошок д/приг суспензии д/вн прим 3g №30","ПЛАТ","Да","уп",20,"341,55",{"v":6831,"d":"6,831.00"}]
["A07DA03","противодиарейное средство","Лоперамид","Лоперамид табл 2mg №10","ОМС","Да","уп",35,"25,06",877.0999999999999]
["A07DA03","противодиарейное средство","Лоперамид","Лоперамид табл 2mg №20","ОМС","Да","уп",251,"27,21",6829.71]
["A07DA03","противодиарейное средство","Лоперамид","Лоперамид табл 2mg №20","ПЛАТ","Да","уп",14,"27,21",380.94]
["A07EC02","противомикробное и противовоспалительное кишечное средство","Сульфасалазин","Сульфасалазин-ЕН  табл п/к/р/о 500mg №50","ОМС","Да","уп",20,"359,34",7186.799999999999]
["A07EC02","противомикробное и противовоспалительное кишечное средство","Сульфасалазин","Сульфасалазин-ЕН  табл п/к/р/о 500mg №50","ПЛАТ","Да","уп",3,"359,34",{"v":1078.02,"d":"1,078.02"}]
["A07FA","средство, нормализующее микрофлору кишечника","~","Хилак Форте капл д/пр внутрь 100ml №1","ПЛАТ","Нет","уп",15,"565,48",{"v":8482.2,"d":"8,482.20"}]
["A07FA","эубиотик","Бифидобактерии бифидум","Бифидумбактерин  лиоф д/приг р-ра д/приема внутрь и мест прим 5dosis №10","ОМС","Да","уп",12,"86,51",1038.1200000000001]
["A07FA","эубиотик","Бифидобактерии лонгум+Энтерококкус фециум","Бифиформ капс к/раст №30","ОМС","Нет","уп",42,"615,87",25866.54]
["A07FA","эубиотик","Бифидобактерии лонгум+Энтерококкус фециум","Бифиформ капс к/раст №30","ПЛАТ","Нет","уп",49,"615,87",{"v":30177.63,"d":"30,177.63"}]
["A07FA02","противодиарейное средство","Сахаромицеты Boulardii","Энтерол капсулы 250mg №30","ОМС","Нет","уп",60,"570,54",34232.399999999994]
["A07FA02","противодиарейное средство","Сахаромицеты Boulardii","Энтерол капсулы 250mg №30","ПЛАТ","Нет","уп",20,"570,54",{"v":11410.8,"d":"11,410.80"}]
["A07FA51","эубиотик","~","Линекс капс №16","ОМС","Нет","уп",10,"394,94",3949.4]
["A07FA51","эубиотик","~","Линекс капс №16","ПЛАТ","Нет","уп",2,"394,94",789.88]
["A09Препараты, способствующие пищеварению (в т.ч. ферментные препараты)",{"$nulls":8},{"v":0,"d":"0.00"}]
["А09АА02","пищеварительное ферментное средство","Панкреатин","Креон 25000 капс к/раст 300mg №20","ОМС","Да","уп",55,"562,03",30911.649999999998]
["А09АА02","пищеварительное ферментное средство","Панкреатин","Креон 25000 капс к/раст 300mg №20","ПЛАТ","Да","уп",45,"562,03",{"v":25291.35,"d":"25,291.35"}]
["А09АА02","пищеварительное ферментное средство","Панкреатин","Мезим форте 10000 табл п/к/р/о  №20","ОМС","Да","уп",758,"180,66",136940.28]
["А09АА02","пищеварительное ферментное средство","Панкреатин","Мезим форте 10000 табл п/к/р/о  №20","ПЛАТ","Да","уп",142,"180,66",{"v":25653.72,"d":"25,653.72"}]
["А09АА02","пищеварительное ферментное средство","Панкреатин","Микразим капсулы 25000 ЕД №50","ОМС","Да","уп",326,"792,55",258371.3]
["А09АА02","пищеварительное ферментное средство","Панкреатин","Микразим капсулы 25000 ЕД №50","ПЛАТ","Да","уп",54,"792,55",{"v":42797.7,"d":"42,797.70"}]
["А09АА02","пищеварительное ферментное средство","Панкреатин","Микразим капсулы 40000 EД №50","ОМС","Да","уп",4,"1516,61",6066.44]
["А09АА02","пищеварительное ферментное средство","Панкреатин","Микразим капсулы 40000 EД №50","ПЛАТ","Да","уп",4,"1516,61",{"v":6066.44,"d":"6,066.44"}]
["A10Препараты для лечения сахарного диабета",{"$nulls":8},{"v":0,"d":"0.00"}]
["A10AB01","гипогликемическое средство - инсулин короткого действия","Инсулин растворимый [человеческий генно-инженерный]","Инсуман Рапид ГТ раствор для инъекций 100МЕ/ml 3ml №5","Бюджет","Да","уп",5,"1120,14",5600.700000000001]
["A10AB01","гипогликемическое средство - инсулин короткого действия","Инсулин растворимый [человеческий генно-инженерный]","Инсуман Рапид ГТ раствор для инъекций 100МЕ/ml 3ml №5","ОМС","Да","уп",43,"1120,14",48166.020000000004]
["A10AB01","гипогликемическое средство - инсулин короткого действия","Инсулин растворимый [человеческий генно-инженерный]","Инсуман Рапид ГТ раствор для инъекций 100МЕ/ml 3ml №5","ПЛАТ","Да","уп",3,"1120,14",{"v":3360.42,"d":"3,360.42"}]
["A10AB01","гипогликемическое средство - инсулин короткого действия","Инсулин растворимый [человеческий генно-инженерный]","Росинсулин Р раствор для инъекций 100МЕ/ml 3ml №5","Бюджет","Да","уп",5,"1516,57",{"$f":"H144*I144","v":7582.849999999999}]
["A10AB01","гипогликемическое средство - инсулин короткого действия","Инсулин растворимый [человеческий генно-инженерный]","Росинсулин Р раствор для инъекций 100МЕ/ml 3ml №5","ОМС","Да","уп",47,"1516,57",71278.79]
["A10AB01","гипогликемическое средство - инсулин короткого действия","Инсулин растворимый [человеческий генно-инженерный]","Росинсулин Р раствор для инъекций 100МЕ/ml 5ml №5","Бюджет","Да","уп",14,"1085,06",15190.84]
["A10AB01","гипогликемическое средство - инсулин короткого действия","Инсулин растворимый [человеческий генно-инженерный]","Росинсулин Р раствор для инъекций 100МЕ/ml 5ml №5","ОМС","Да","уп",116,"1085,06",125866.95999999999]
["A10AB01","гипогликемическое средство - инсулин короткого действия","Инсулин растворимый [человеческий генно-инженерный]","Росинсулин Р раствор для инъекций 100МЕ/ml 5ml №5","ПЛАТ","Да","уп",2,"1085,06",{"v":2170.12,"d":"2,170.12"}]
["A10AB01","гипогликемическое средство - инсулин короткого действия","Инсулин растворимый [человеческий генно-инженерный]","Росинсулин Р раствор для п/к вв 100ME/ml 5ml №5","ОМС","Да","уп",47,"1043,32",49036.03999999999]
["A10AC01","гипогликемическое средство - инсулин средней продолжительности действия","Инсулин-изофан","Росинсулин С суспензия для п/к вв 100ME/ml 5ml №5","Бюджет","Да","уп",8,"1046,36",8370.88]
["A10AC01","гипогликемическое средство - инсулин средней продолжительности действия","Инсулин-изофан","Росинсулин С суспензия для п/к вв 100ME/ml 5ml №5","ОМС","Да","уп",134,"1046,36",140212.24]
["A10AC01","гипогликемическое средство - инсулин средней продолжительности действия","Инсулин-изофан","Росинсулин С суспензия для п/к вв 100ME/ml 5ml №5","ПЛАТ","Да","уп",2,"1046,36",{"v":2092.72,"d":"2,092.72"}]
["A10AЕ04","гипогликемическое средство - инсулина длительного действия аналог","Инсулин гларгин","Туджео СолоСтар р-р для п/к введ, картриджи в шприц-ручках СолоСтар 300ME/ml 1,5ml №3","Бюджет","Да","уп",12,"3208,15",38497.8]
["A10AЕ04","гипогликемическое средство - инсулина длительного действия аналог","Инсулин гларгин","Туджео СолоСтар р-р для п/к введ, картриджи в шприц-ручках СолоСтар 300ME/ml 1,5ml №3","ОМС","Да","уп",145,"3208,15",465181.75]
["A10AЕ04","гипогликемическое средство - инсулина длительного действия аналог","Инсулин гларгин","Туджео СолоСтар р-р для п/к введ, картриджи в шприц-ручках СолоСтар 300ME/ml 1,5ml №3","ПЛАТ","Да","уп",9,"3208,15",{"v":28873.350000000002,"d":"28,873.35"}]
["A10BA02","гипогликемическое средство для перорального применения группы бигуанидов","Метформин","Форметин табл 0,5g №60","Бюджет","Да","уп",3,"93,43",280.29]
["A10BA02","гипогликемическое средство для перорального применения группы бигуанидов","Метформин","Форметин табл 0,5g №60","ОМС","Да","уп",93,"93,43",8688.99]
["A10BA02","гипогликемическое средство для перорального применения группы бигуанидов","Метформин","Форметин табл 0,5g №60","ПЛАТ","Да","уп",7,"93,43",654.01]
["A10BA02","гипогликемическое средство для перорального применения группы бигуанидов","Метформин","Форметин табл 0,85g №60","Бюджет","Да","уп",5,"180,33",901.6500000000001]
["A10BA02","гипогликемическое средство для перорального применения группы бигуанидов","Метформин","Форметин табл 0,85g №60","ОМС","Да","уп",252,"180,33",45443.16]
["A10BA02","гипогликемическое средство для перорального применения группы бигуанидов","Метформин","Форметин табл 0,85g №60","ПЛАТ","Да","уп",3,"180,33",540.99]
["A10BA02","гипогликемическое средство для перорального применения группы бигуанидов","Метформин","Форметин табл 1g №30","Бюджет","Да","уп",5,"153,01",765.05]
["A10BA02","гипогликемическое средство для перорального применения группы бигуанидов","Метформин","Форметин табл 1g №30","ОМС","Да","уп",115,"153,01",17596.149999999998]
["A10BA02","гипогликемическое средство для перорального применения группы бигуанидов","Метформин","Форметин табл 1g №30","ПЛАТ","Да","уп",3,"153,01",459.03]
["A10BB01","гипогликемическое средство для перорального применения группы сульфонилмочевины II поколения","Глибенкламид","Глибенкламид табл 5mg №120","ОМС","Да","уп",15,"97,94",1469.1]
["A10BB01","гипогликемическое средство для перорального применения группы сульфонилмочевины II поколения","Глибенкламид","Глибенкламид табл 5mg №120","ПЛАТ","Да","уп",1,"97,94",97.94]
["A10BB09","гипогликемическое средство для перорального применения группы сульфонилмочевины II поколения","Гликлазид","Гликлазид МВ  табл с модифиц. высвобождением 30 mg №60 ","ПЛАТ","Да","уп",3,"138,13",414.39]
["A10BB09","гипогликемическое средство для перорального применения группы сульфонилмочевины II поколения","Гликлазид","Гликлазид МВ  табл с модифиц. высвобождением 60mg №60","ОМС","Да","уп",15,"138,13",2071.95]
["A11Витамины",{"$nulls":8},{"v":0,"d":"0.00"}]
["A11CC03","витамин - кальциево-фосфорного обмена регулятор","Альфакальцидол","Альфа Д3-Тева капсулы 0,25mkg №30","ПЛАТ","Да","уп",2,"299,85",{"v":599.7,"d":"599.70"}]
["A11DA01","витамин","Тиамин","Тиамин раствор для в/м вв 50mg/ml 1ml №10","Бюджет","Да","уп",7,"27,49",192.42999999999998]
["A11DA01","витамин","Тиамин","Тиамин раствор для в/м вв 50mg/ml 1ml №10","ОМС","Да","уп",813,"27,49",22349.37]
["A11DA01","витамин","Тиамин","Тиамин раствор для в/м вв 50mg/ml 1ml №10","ПЛАТ","Да","уп",18,"27,49",494.82]
["A11EA","витамины группы B","Поливитамины","Нейромультивит табл п/п/о №20","ПЛАТ","Нет","уп",3,"796,09",{"v":2388.27,"d":"2,388.27"}]
["A11GA01","витамин","Аскорбиновая кислота","Аскорбиновая кислота раствор для в/в и в/м вв 50mg/ml 2ml №10","Бюджет","Да","уп",25,"37,69",942.25]
["A11GA01","витамин","Аскорбиновая кислота","Аскорбиновая кислота раствор для в/в и в/м вв 50mg/ml 2ml №10","ОМС","Да","уп",920,"37,69",34674.799999999996]
["A11GA01","витамин","Аскорбиновая кислота","Аскорбиновая кислота раствор для в/в и в/м вв 50mg/ml 2ml №10","ПЛАТ","Да","уп",170,"37,69",{"v":6407.299999999999,"d":"6,407.30"}]
["A11HA02","витамин","Пиридоксин","Пиридоксин раствор для инъекций 50mg/ml 1ml №10","Бюджет","Да","уп",9,"27,44",246.96]
["A11HA02","витамин","Пиридоксин","Пиридоксин раствор для инъекций 50mg/ml 1ml №10","ОМС","Да","уп",779,"27,44",21375.760000000002]
["A11HA02","витамин","Пиридоксин","Пиридоксин раствор для инъекций 50mg/ml 1ml №10","ПЛАТ","Да","уп",18,"27,44",493.92]
["А11НА03","витамин","Витамин Е","Лайфевит капсулы 100mg №30","ОМС","Нет","уп",20,"188,7",3774]
["А11НА03","витамин","Витамин Е","альфа-Токоферола ацетат (Витамин E)  капсулы 100mg №10","ОМС","Нет","уп",50,"85,35",4267.5]
["A11HA04","витамин","Рибофлавин","Рибофлавин - мононуклеотид раствор для в/м вв 10mg/ml 1ml №10","ОМС","Нет","уп",60,"115,43",6925.8]
["A11HA04","витамин","Рибофлавин","Рибофлавин - мононуклеотид раствор для в/м вв 10mg/ml 1ml №10","ПЛАТ","Нет","уп",2,"115,43",230.86]
["A11JA","поливитаминное средство","Витамин Е+ Ретинол","Аевит капсулы №10","ПЛАТ","Нет","уп",20,"39,18",{"v":783.6,"d":"783.60"}]
["A12Минеральные добавки",{"$nulls":8},{"v":0,"d":"0.00"}]
["A12AA03","кальциево-фосфорного обмена регулятор","Кальция глюконат","Кальция глюконат Б.Браун раствор для инъекций 10% 10ml №20","ОМС","Да","уп",143,"379,5",54268.5]
["A12AA03","кальциево-фосфорного обмена регулятор","Кальция глюконат","Кальция глюконат Б.Браун раствор для инъекций 10% 10ml №20","ПЛАТ","Да","уп",3,"379,5",{"v":1138.5,"d":"1,138.50"}]
["A12AX","кальциево-фосфорного обмена регулятор","Кальция карбонат + Колекальциферол","Кальций-Д3 Никомед Форте  табл жеват 500mg+400ME №30","ОМС","Нет","уп",4,"578,2",2312.8]
["A12AX","кальциево-фосфорного обмена регулятор","Кальция карбонат + Колекальциферол","Кальций-Д3 Никомед Форте  табл жеват 500mg+400ME №30","ПЛАТ","Нет","уп",2,"578,2",{"v":1156.4,"d":"1,156.40"}]
["A12BA01","калия препарат","Калия хлорид","Калия хлорид Б. Браун конц-т д/приг раствора для инфузий 40mg/ml 10ml №20","Бюджет","Да","уп",28,"245,41",6871.48]
["A12BA01","калия препарат","Калия хлорид","Калия хлорид Б. Браун конц-т д/приг раствора для инфузий 40mg/ml 10ml №20","ОМС","Да","уп",877,"245,41",215224.57]
["A12BA01","калия препарат","Калия хлорид","Калия хлорид Б. Браун конц-т д/приг раствора для инфузий 40mg/ml 10ml №20","ПЛАТ","Да","уп",115,"245,41",{"v":28222.149999999998,"d":"28,222.15"}]
["A12BA01","калия препарат","Калия хлорид","Калия хлорид конц-т д/приг раствора для инфузий 40mg/ml 100ml №1","ОМС","Да","уп",1780,"63,59",113190.20000000001]
["A12BA01","калия препарат","Калия хлорид","Калия хлорид конц-т д/приг раствора для инфузий 40mg/ml 100ml №1","ПЛАТ","Да","уп",35,"63,59",{"v":2225.65,"d":"2,225.65"}]
["A12BA01","калия препарат","Калия хлорид","Калия хлорид конц-т д/приг раствора для инфузий 40mg/ml 100ml №35","Бюджет","Да","уп",5,"2894,38",14471.900000000001]
["A12BA01","калия препарат","Калия хлорид","Калия хлорид конц-т д/приг раствора для инфузий 40mg/ml 100ml №35","ОМС","Да","уп",72,"2894,38",208395.36000000002]
["A12BA01","калия препарат","Калия хлорид","Калия хлорид конц-т д/приг раствора для инфузий 40mg/ml 100ml №35","ПЛАТ","Да","уп",9,"2894,38",{"v":26049.420000000002,"d":"26,049.42"}]
["A12BA01","калия препарат","Калия хлорид","Калия хлорид концентрат для приготовления р-ра для инфузий 75mg/ml 200ml №28","ОМС","Да","уп",194,"2868,16",556423.0399999999]
["A12CX","калия и магния препарат","Калия и магния аспарагинат","Аспаркам табл №20","ОМС","Да","уп",250,"41,14",10285]
["A12CX","калия и магния препарат","Калия и магния аспарагинат","Аспаркам табл №60","Бюджет","Да","уп",100,"103,73",10373]
["A12CX","калия и магния препарат","Калия и магния аспарагинат","Аспаркам табл №60","ОМС","Да","уп",710,"103,73",73648.3]
["A12CX","калия и магния препарат","Калия и магния аспарагинат","Аспаркам табл №60","ПЛАТ","Да","уп",9,"103,73",933.57]
["A12CX","калия и магния препарат","Калия и магния аспарагинат","Аспаркам- L раствор для в/в  вв 10ml №10","ОМС","Да","уп",51,"94,48",4818.4800000000005]
["A12CX","калия и магния препарат","Калия и магния аспарагинат","Аспаркам- L раствор для в/в  вв 10ml №10","ПЛАТ","Да","уп",30,"94,48",{"v":2834.4,"d":"2,834.40"}]
["A12CX","калия и магния препарат","Калия и магния аспарагинат","Калия и магния аспарагинат  конц-т д/приг раствора для инфузий 10ml №10","ОМС","Да","уп",30,"227,7",6831]
["A12CX","калия и магния препарат","Калия и магния аспарагинат","Калия и магния аспарагинат  раствор для инфузий 250ml №1","Бюджет","Да","уп",350,"79,59",27856.5]
["A12CX","калия и магния препарат","Калия и магния аспарагинат","Калия и магния аспарагинат  раствор для инфузий 250ml №1","ОМС","Да","уп",3410,"79,59",{"$f":"H208*I208","v":271401.9}]
["A12CX","калия и магния препарат","Калия и магния аспарагинат","Калия и магния аспарагинат  раствор для инфузий 250ml №1","ПЛАТ","Да","уп",54,"79,59",{"v":4297.860000000001,"d":"4,297.86"}]
["A12CX","калия и магния препарат","Калия и магния аспарагинат","Калия и магния аспарагинат  раствор для инфузий 500ml №1","Бюджет","Да","уп",240,"148,19",35565.6]
["A12CX","калия и магния препарат","Калия и магния аспарагинат","Калия и магния аспарагинат  раствор для инфузий 500ml №1","ОМС","Да","уп",365,"148,19",54089.35]
["A14Анаболические препараты для системного применения",{"$nulls":8},{"v":0,"d":"0.00"}]
["A14AB01","анаболическое стероидное средство","Нандролон","Ретаболил раствор для в/м вв 50mg/ml 1ml","ОМС","Да","амп",20,"239,83",4796.6]
["A14AB01","анаболическое стероидное средство","Нандролон","Ретаболил раствор для в/м вв 50mg/ml 1ml","ПЛАТ","Да","амп",5,"239,83",{"v":1199.15,"d":"1,199.15"}]
["A16Другие препараты для лечения заболеваний ЖКТ и нарушений обмена веществ",{"$nulls":8},{"v":0,"d":"0.00"}]
["A16AA02","гепатопротекторное средство","Адеметионин","Гептор лиоф-т д/приг р-ра для в/в и в/м вв 400mg+р-ль 5ml №5","Бюджет","Да","уп",22,"1475,53",32461.66]
["A16AA02","гепатопротекторное средство","Адеметионин","Гептор лиоф-т д/приг р-ра для в/в и в/м вв 400mg+р-ль 5ml №5","ОМС","Да","уп",80,"1475,53",118042.4]
["A16AA02","гепатопротекторное средство","Адеметионин","Гептор лиоф-т д/приг р-ра для в/в и в/м вв 400mg+р-ль 5ml №5","ПЛАТ","Да","уп",82,"1475,53",{"v":120993.45999999999,"d":"120,993.46"}]
["A16AA02","гепатопротекторное средство","Адеметионин","Гептор табл п/к/р/о  400mg №40","ОМС","Да","уп",56,"2246,91",125826.95999999999]
["A16AA02","гепатопротекторное средство","Адеметионин","Гептор табл п/к/р/о  400mg №40","ПЛАТ","Да","уп",17,"2246,91",{"v":38197.47,"d":"38,197.47"}]
["A16AA02","гепатопротекторное средство","Адеметионин","Гептор табл п/к/р/о 400mg №20","ПЛАТ","Да","уп",1,"1123,45",{"v":1123.45,"d":"1,123.45"}]
["A16AX01","метаболическое средство","Тиоктовая кислота","Октолипен табл п/п/о 600mg №30","ОМС","Да","уп",25,"708,51",17712.75]
["A16AX01","метаболическое средство","Тиоктовая кислота","Октолипен табл п/п/о 600mg №30","ПЛАТ","Да","уп",7,"708,51",{"v":4959.57,"d":"4,959.57"}]
["A16AX01","метаболическое средство","Тиоктовая кислота","Тиолепта раствор для инфузий 12mg/ml 50ml №10","ОМС","Да","уп",65,"2110,73",137197.45]
["A16AX01","метаболическое средство","Тиоктовая кислота","Тиолипон конц-т д/приг раствора для в/в вв 30mg/ml 10ml №10","ОМС","Да","уп",135,"420,18",56724.3]
["A16AX01","метаболическое средство","Тиоктовая кислота","Тиолипон конц-т д/приг раствора для в/в вв 30mg/ml 10ml №10","ПЛАТ","Да","уп",108,"420,18",{"v":45379.44,"d":"45,379.44"}]
["А16АХ01","метаболическое средство","Тиоктовая кислота","Тиоктовая кислота концентрат для приготовления р-ра для инфузий 30mg/ml 10ml №10","ОМС","Да","уп",55,"1073,42",59038.100000000006]
["А16АХ01","метаболическое средство","Тиоктовая кислота","Тиоктовая кислота концентрат для приготовления р-ра для инфузий 30mg/ml 10ml №10","ПЛАТ","Да","уп",5,"1073,42",{"v":5367.1,"d":"5,367.10"}]
[{"$nulls":9},{"$f":"SUBTOTAL(9,J15:J228)","v":{"v":847975.8299999997,"d":"847,975.83"}}]
["B Кроветворение и кровь "]
["B01Антикоагулянты"]
["B01AA03","антикоагулянтное средство непрямого действия","Варфарин","Варфарин Канон табл 2,5mg №50","ОМС","Да","уп",41,"139,36","5713,76"]
["B01AA03","антикоагулянтное средство непрямого действия","Варфарин","Варфарин-OBL табл 2,5mg №50","Бюджет","Да","уп",5,"100,1","500,5"]
["B01AA03","антикоагулянтное средство непрямого действия","Варфарин","Варфарин-OBL табл 2,5mg №50","ОМС","Да","уп",88,"100,1","8808,8"]
["B01AA03","антикоагулянтное средство непрямого действия","Варфарин","Варфарин-OBL табл 2,5mg №50","ПЛАТ","Да","уп",2,"100,1",{"$f":"H235*I235","v":{"v":200.2,"d":"200.20"}}]
["В01АВ01","антикоагулянтное средство прямого действия","Гепарин натрия","Гепарин-натрий Браун раствор для в/в и п/к  вв 5000МЕ/ml 5ml №10","Бюджет","Да","уп",169,"1380,45",{"$f":"H236*I236","v":233296.05000000002}]
["В01АВ01","антикоагулянтное средство прямого действия","Гепарин натрия","Гепарин-натрий Браун раствор для в/в и п/к  вв 5000МЕ/ml 5ml №10","ОМС","Да","уп",3257,"1380,45",4496125.65]
["В01АВ01","антикоагулянтное средство прямого действия","Гепарин натрия","Гепарин-натрий Браун раствор для в/в и п/к  вв 5000МЕ/ml 5ml №10","ПЛАТ","Да","уп",138,"1380,45",{"v":190502.1,"d":"190,502.10"}]
["В01АВ05","антикоагулянтное средство прямого действия","Эноксапарин натрия","Эниксум раствор для инъекций 10000анти-Ха МЕ/1ml 0,6ml №10","ОМС","Да","уп",24,"3056,8",73363.20000000001]
["B01AB05","антикоагулянтное средство прямого действия","Эноксапарин натрия","Анфибра раствор для инъекций 2000анти-Ха МЕ/0,2ml №10","ОМС","Да","уп",10,"1799,16",17991.600000000002]
["B01AB05","антикоагулянтное средство прямого действия","Эноксапарин натрия","Анфибра раствор для инъекций 4000анти-Ха МЕ/0,4ml №10","Бюджет","Да","уп",110,"2621,11",288322.10000000003]
["B01AB05","антикоагулянтное средство прямого действия","Эноксапарин натрия","Анфибра раствор для инъекций 4000анти-Ха МЕ/0,4ml №10","ОМС","Да","уп",1237,"2621,11",3242313.0700000003]
["B01AB05","антикоагулянтное средство прямого действия","Эноксапарин натрия","Анфибра раствор для инъекций 4000анти-Ха МЕ/0,4ml №10","ПЛАТ","Да","уп",46,"2621,11",{"v":120571.06000000001,"d":"120,571.06"}]
["B01AB05","антикоагулянтное средство прямого действия","Эноксапарин натрия","Анфибра раствор для инъекций 6000анти-Ха МЕ/0,6ml №10","ОМС","Да","уп",75,"3387,43",254057.25]
["B01AB05","антикоагулянтное средство прямого действия","Эноксапарин натрия","Анфибра раствор для инъекций 6000анти-Ха МЕ/0,6ml №10","ПЛАТ","Да","уп",6,"3387,43",{"v":20324.579999999998,"d":"20,324.58"}]
["B01AB05","антикоагулянтное средство прямого действия","Эноксапарин натрия","Анфибра раствор для инъекций 8000анти-Ха МЕ/0,8ml №10","Бюджет","Да","уп",20,"5337,65",106753]
["B01AB05","антикоагулянтное средство прямого действия","Эноксапарин натрия","Анфибра раствор для инъекций 8000анти-Ха МЕ/0,8ml №10","ОМС","Да","уп",64,"5337,65",341609.6]
["B01AB05","антикоагулянтное средство прямого действия","Эноксапарин натрия","Анфибра раствор для инъекций 8000анти-Ха МЕ/0,8ml №10","ПЛАТ","Да","уп",8,"5337,65",{"v":42701.2,"d":"42,701.20"}]
["B01AB06","антикоагулянтное средство прямого действия","Надропарин кальция","Фраксипарин р-р д/подкож введ (шприц) 9500 МЕ/ml 0.3ml №10","Бюджет","Нет","уп",20,"2655,67",53113.4]
["B01AB06","антикоагулянтное средство прямого действия","Надропарин кальция","Фраксипарин р-р д/подкож введ (шприц) 9500 МЕ/ml 0.3ml №10","ПЛАТ","Нет","уп",5,"2655,67",{"v":13278.35,"d":"13,278.35"}]
["B01AC04","антиагрегантное средство","Клопидогрел ","Плавикс табл п/п/о 300mg №10","Бюджет","Да","уп.",8,"2288,55",18308.4]
["B01AC04","антиагрегантное средство","Клопидогрел ","Плавикс табл п/п/о 300mg №10","ОМС","Да","уп.",149,"2288,55",340993.95]
["B01AC04","антиагрегантное средство","Клопидогрел ","Плавикс табл п/п/о 75mg №100","Бюджет","Да","уп",6,"3418,4",20510.4]
["B01AC04","антиагрегантное средство","Клопидогрел ","Плавикс табл п/п/о 75mg №100","ОМС","Да","уп",274,"3418,4",936641.6]
["B01AC04","антиагрегантное средство","Клопидогрел ","Плавикс табл п/п/о 75mg №100","ПЛАТ","Да","уп",10,"3418,4",{"v":34184,"d":"34,184.00"}]
["B01AC06","антиагрегантное средство","Ацетилсалициловая кислота","Ацекардол табл п/к/р/о  300mg №30","ОМС","Да","уп",40,"42,7",1708]
["B01AC06","антиагрегантное средство","Ацетилсалициловая кислота","Ацекардол табл п/к/р/о 100mg №30","Бюджет","Да","уп",10,"22,47",224.7]
["B01AC06","антиагрегантное средство","Ацетилсалициловая кислота","Ацекардол табл п/к/р/о 100mg №30","ОМС","Да","уп",623,"22,47",13998.81]
["B01AC06","антиагрегантное средство","Ацетилсалициловая кислота","Ацекардол табл п/к/р/о 100mg №30","ПЛАТ","Да","уп",35,"22,47",{"v":786.4499999999999,"d":"786.45"}]
["B01AC07","вазодилатирующее средство","Дипиридамол","Дипиридамол-ФПО табл п/п/о 75mg №40","ОМС","Нет","уп",1,"599,17",599.17]
["B01AC24","антиагрегантное средство","Тикагрелор","Брилинта табл п/п/о 90mg №168","Бюджет","Да","уп",1,"14934,38",14934.38]
["B01AC24","антиагрегантное средство","Тикагрелор","Брилинта табл п/п/о 90mg №168","ОМС","Да","уп",29,"14934,38",433097.01999999996]
["B01AC24","антиагрегантное средство","Тикагрелор","Брилинта табл п/п/о 90mg №168","ПЛАТ","Да","уп",1,"14934,38",{"v":14934.38,"d":"14,934.38"}]
["B01AC30","антиагрегантное средство","Ацетилсалициловая кислота+Клопидогрел","Коплавикс табл п/п/о 100mg+75mg №28","ОМС","Нет","уп",11,3663,40293]
["B01AC30","ингибиторы агрегации тромбоцитов в комбинации","Ацетилсалициловая кислота+ Магния гидроксид","Кардиомагнил табл п/п/о 75+15,2mg №100","Бюджет","Нет","уп",50,"309,91",15495.500000000002]
["B01AC30","ингибиторы агрегации тромбоцитов в комбинации","Ацетилсалициловая кислота+ Магния гидроксид","Кардиомагнил табл п/п/о 75+15,2mg №100","ОМС","Нет","уп",79,"309,91",24482.890000000003]
["B01AC30","ингибиторы агрегации тромбоцитов в комбинации","Ацетилсалициловая кислота+ Магния гидроксид","Кардиомагнил табл п/п/о 75+15,2mg №100","ПЛАТ","Нет","уп",31,"309,91",{"v":9607.210000000001,"d":"9,607.21"}]
["B01AD","фибринолитическое средство","Проурокиназа","Гемаза лиоф-т д/пригот р-ра д/инъек. 5000МЕ №5, амп","ОМС","Да","уп",132,"922,29",121742.28]
["B01AD","фибринолитическое средство","Проурокиназа","Гемаза лиоф-т д/пригот р-ра д/инъек. 5000МЕ №5, амп","ПЛАТ","Да","уп",27,"922,29",{"v":24901.829999999998,"d":"24,901.83"}]
["B01AD02","фибринолитическое средство - активатор плазминогена","Алтеплаза ","Актилизе лиоф-т д/приг р-ра д/инф +раств в комп 50mg","ОМС","Да","уп.",88,"28755,75",2530506]
["B01AE07","тромбина ингибитор прямой","Дабигатрана этексилат","Прадакса капс 110mg №180","Бюджет","Да","уп",1,"11894,54",11894.54]
["B01AE07","тромбина ингибитор прямой","Дабигатрана этексилат","Прадакса капс 110mg №180","ОМС","Да","уп",14,"11894,54",166523.56]
["B01AE07","тромбина ингибитор прямой","Дабигатрана этексилат","Прадакса капс 110mg №180","ПЛАТ","Да","уп",5,"11894,54",{"v":59472.700000000004,"d":"59,472.70"}]
["B01AE07","тромбина ингибитор прямой","Дабигатрана этексилат","Прадакса капс 150mg №180","Бюджет","Да","уп",1,"11837,5",11837.5]
["B01AE07","тромбина ингибитор прямой","Дабигатрана этексилат","Прадакса капс 150mg №180","ОМС","Да","уп",21,"11837,5",248587.5]
["B01AE07","тромбина ингибитор прямой","Дабигатрана этексилат","Прадакса капс 150mg №180","ПЛАТ","Да","уп",1,"11837,5",{"v":11837.5,"d":"11,837.50"}]
["B01AF01","прямые ингибиторы фактора Ха","Ривароксабан","Ксарелто табл п/п/о 10mg №100","Бюджет","Да","уп",18,"10161,4",182905.19999999998]
["B01AF01","прямые ингибиторы фактора Ха","Ривароксабан","Ксарелто табл п/п/о 10mg №100","ОМС","Да","уп",30,"10161,4",304842]
["B01AF01","прямые ингибиторы фактора Ха","Ривароксабан","Ксарелто табл п/п/о 15mg №100","Бюджет","Да","уп",1,12540,12540]
["B01AF01","прямые ингибиторы фактора Ха","Ривароксабан","Ксарелто табл п/п/о 15mg №100","ОМС","Да","уп",32,12540,401280]
["B01AF01","прямые ингибиторы фактора Ха","Ривароксабан","Ксарелто табл п/п/о 15mg №100","ПЛАТ","Да","уп",7,12540,{"v":87780,"d":"87,780.00"}]
["B01AF01","прямые ингибиторы фактора Ха","Ривароксабан","Ксарелто табл п/п/о 20mg №100","Бюджет","Да","уп",1,12540,12540]
["B01AF01","прямые ингибиторы фактора Ха","Ривароксабан","Ксарелто табл п/п/о 20mg №100","ОМС","Да","уп",42,12540,526680]
["B01AF01","прямые ингибиторы фактора Ха","Ривароксабан","Ксарелто табл п/п/о 20mg №100","ПЛАТ","Да","уп",2,12540,{"v":25080,"d":"25,080.00"}]
["B01AF02","антикоагулянтное средство прямого действия","Апиксабан","Эликвис табл 5mg №20","Бюджет","Да","уп",20,"846,7",16934]
["B01AF02","антикоагулянтное средство прямого действия","Апиксабан","Эликвис табл 5mg №20","ОМС","Да","уп",344,"846,7",291264.8]
["B01AF02","антикоагулянтное средство прямого действия","Апиксабан","Эликвис табл 5mg №20","ПЛАТ","Да","уп",26,"846,7",{"v":22014.2,"d":"22,014.20"}]
["B01AF02","антикоагулянтное средство прямого действия","Апиксабан","Эликвис табл п/п/о 2,5mg №20","ОМС","Да","уп",215,"848,65",182459.75]
["B01AF02","антикоагулянтное средство прямого действия","Апиксабан","Эликвис табл п/п/о 2,5mg №20","ПЛАТ","Да","уп",30,"848,65",{"v":25459.5,"d":"25,459.50"}]
["B01AF02","антикоагулянтное средство прямого действия","Апиксабан","Эликвис табл п/п/о 5mg №60","ПЛАТ","Да","уп",7,"2540,6",{"v":17784.2,"d":"17,784.20"}]
["B01AX05","антитромботическое средство","Фондапаринукс натрия","Арикстра раствор для в/в и п/к  вв 2,5mg/0,5ml 0,5ml №10","ОМС","Нет","уп",105,"7677,25",806111.25]
["B01AX05","антитромботическое средство","Фондапаринукс натрия","Арикстра раствор для в/в и п/к  вв 2,5mg/0,5ml 0,5ml №10","ПЛАТ","Нет","уп",6,"7677,25",{"v":46063.5,"d":"46,063.50"}]
["B02Гемостатические препараты",{"$nulls":8},{"v":0,"d":"0.00"}]
["B02AA01","гемостатическое средство - ингибитор фибринолиза","Аминокапроновая кислота","Аминокапроновая кислота  раствор для инфузий 50mg/ml 100ml №1","Бюджет","Да","уп.",50,{"v":49896,"d":"49,896"},2494800]
["B02AA01","гемостатическое средство - ингибитор фибринолиза","Аминокапроновая кислота","Аминокапроновая кислота  раствор для инфузий 50mg/ml 100ml №1","ОМС","Да","уп.",800,{"v":49896,"d":"49,896"},39916800]
["B02AA01","гемостатическое средство - ингибитор фибринолиза","Аминокапроновая кислота","Аминокапроновая кислота  раствор для инфузий 50mg/ml 100ml №1","ПЛАТ","Да","уп.",15,49.896,748.44]
["B02AA02","гемостатическое средство - ингибитор фибринолиза","Транексамовая кислота","Транексамовая кислота  раствор для в/в  вв 50mg/ml 5ml №10","Бюджет","Да","уп",30,1254,37620]
["B02AA02","гемостатическое средство - ингибитор фибринолиза","Транексамовая кислота","Транексамовая кислота  раствор для в/в  вв 50mg/ml 5ml №10","ОМС","Да","уп",122,1254,152988]
["B02AA02","гемостатическое средство - ингибитор фибринолиза","Транексамовая кислота","Транексамовая кислота  раствор для в/в  вв 50mg/ml 5ml №10","ПЛАТ","Да","уп",15,1254,{"v":18810,"d":"18,810.00"}]
["B02AA02","гемостатическое средство - ингибитор фибринолиза","Транексамовая кислота ","Траксара раствор для в/в  вв 50 mg/ml 5ml №10","Бюджет","Да","уп",24,"1462,41",{"$f":"H300*I300","v":35097.840000000004}]
["B02AA02","гемостатическое средство - ингибитор фибринолиза","Транексамовая кислота ","Траксара раствор для в/в  вв 50 mg/ml 5ml №10","ОМС","Да","уп",136,"1462,41",198887.76]
["B02AA02","гемостатическое средство - ингибитор фибринолиза","Транексамовая кислота ","Траксара раствор для в/в  вв 50 mg/ml 5ml №10","ПЛАТ","Да","уп",8,"1462,41",{"v":11699.28,"d":"11,699.28"}]
["B02AA02","гемостатическое средство - ингибитор фибринолиза","Транексамовая кислота ","Транексам табл п/п/о 250mg №30","ОМС","Да","уп",7,"566,3",3964.0999999999995]
["B02AA02","гемостатическое средство - ингибитор фибринолиза","Транексамовая кислота ","Транексам табл п/п/о 250mg №30","ПЛАТ","Да","уп",1,"566,3",{"v":566.3,"d":"566.30"}]
["B02AB01","протеолиза ингибитор","Апротинин","Гордокс раствор для в/в  вв 10000 КИЕ/ml 10ml №25","Бюджет","Да","уп",11,"5378,31",59161.41]
["B02AB01","протеолиза ингибитор","Апротинин","Гордокс раствор для в/в  вв 10000 КИЕ/ml 10ml №25","ОМС","Да","уп",22,"5378,31",118322.82]
["B02AB01","протеолиза ингибитор","Апротинин","Гордокс раствор для в/в  вв 10000 КИЕ/ml 10ml №25","ПЛАТ","Да","уп",1,"5378,31",{"v":5378.31,"d":"5,378.31"}]
["B02BA02","витамина K аналог синтетический","Менадиона натрия бисульфит","Викасол амп 10mg/ml 1ml №10","ОМС","Да","уп",166,"74,87",12428.42]
["B02BA02","витамина K аналог синтетический","Менадиона натрия бисульфит","Викасол амп 10mg/ml 1ml №10","ПЛАТ","Да","уп",4,"74,87",299.48]
["B02BC09","альфа- и бета-адреномиметик","Эпинефрин","Адреналин  раствор для инъекций 1mg/ml 1ml №5","Бюджет","Да","уп",26,"79,44",2065.44]
["B02BC09","альфа- и бета-адреномиметик","Эпинефрин","Адреналин  раствор для инъекций 1mg/ml 1ml №5","ОМС","Да","уп",2066,"79,44",164123.04]
["B02BC09","альфа- и бета-адреномиметик","Эпинефрин","Адреналин  раствор для инъекций 1mg/ml 1ml №5","ПЛАТ","Да","уп",13,"79,44",{"v":1032.72,"d":"1,032.72"}]
["B02BC09","альфа- и бета-адреномиметик","Эпинефрин","Адреналин  раствор для инъекций 1mg/ml 1ml №5","Ф.кв. ОРТО","Да","уп",1,"79,44",79.44]
["B02BX01","гемостатическое средство","Этамзилат","Этамзилат-Ферейн раствор для инъекций 125mg/ml 2ml №10","Бюджет","Да","уп",100,"63,47",6347]
["B02BX01","гемостатическое средство","Этамзилат","Этамзилат-Ферейн раствор для инъекций 125mg/ml 2ml №10","ОМС","Да","уп",1456,"63,47",92412.31999999999]
["B02BX01","гемостатическое средство","Этамзилат","Этамзилат-Ферейн раствор для инъекций 125mg/ml 2ml №10","ПЛАТ","Да","уп",1,"63,47",63.47]
["B02BX01","гемостатическое средство","Этамзилат","Этамзилат-Эском раствор д/инъекций и наруж прим 125mg/ml 2ml №10","Бюджет","Да","уп",50,"25,67",1283.5]
["B02BX01","гемостатическое средство","Этамзилат","Этамзилат-Эском раствор д/инъекций и наруж прим 125mg/ml 2ml №10","ОМС","Да","уп",570,"25,67",14631.900000000001]
["B02BX01","гемостатическое средство","Этамзилат","Этамзилат-Эском раствор д/инъекций и наруж прим 125mg/ml 2ml №10","ПЛАТ","Да","уп",5,"25,67",{"v":128.35000000000002,"d":"128.35"}]
["B03Антианемические препараты",{"$nulls":8},{"v":0,"d":"0.00"}]
["B03A","железа препарат","Железа [III] гидроксид декстран","Феррум Лек раствор для в/м вв 50mg/ml 2ml №50","ОМС","Нет","уп",5,"10939,54",54697.700000000004]
["B03A","железа препарат","Железа [III] гидроксид декстран","Феррум Лек раствор для в/м вв 50mg/ml 2ml №50","ПЛАТ","Нет","уп","1,4","10939,54",{"v":15315.356,"d":"15,315.36"}]
["B03A","железа препарат","Железа [III] гидроксид декстран","Феррум Лек табл жеват 100mg №30","Бюджет","Да","уп",3,"291,08",873.24]
["B03A","железа препарат","Железа [III] гидроксид декстран","Феррум Лек табл жеват 100mg №30","ОМС","Да","уп",105,"291,08",30563.399999999998]
["B03A","железа препарат","Железа [III] гидроксид декстран","Феррум Лек табл жеват 100mg №30","ПЛАТ","Да","уп",13,"291,08",{"v":3784.04,"d":"3,784.04"}]
["B03AC","железа препарат","Железа [III] гидроксид сахарозный комплекс","Венофер раствор для в/в  вв 20mg/ml 5ml №5","Бюджет","Да","уп",2,"4293,43",8586.86]
["B03AC","железа препарат","Железа [III] гидроксид сахарозный комплекс","Венофер раствор для в/в  вв 20mg/ml 5ml №5","ОМС","Да","уп",39,"4293,43",167443.77000000002]
["B03AC","железа препарат","Железа [III] гидроксид сахарозный комплекс","Венофер раствор для в/в  вв 20mg/ml 5ml №5","ПЛАТ","Да","уп",57,"4293,43",{"v":244725.51,"d":"244,725.51"}]
["B03AC","железа препарат","Железа [III] гидроксид сахарозный комплекс","Железа [III] гидроксид сахарозный комплекс раствор для в/в  вв 20mg/ml 5ml №5","Бюджет","Да","уп",8,"3572,13",28577.04]
["B03AC","железа препарат","Железа [III] гидроксид сахарозный комплекс","Железа [III] гидроксид сахарозный комплекс раствор для в/в  вв 20mg/ml 5ml №5","ОМС","Да","уп",213,"3572,13",760863.6900000001]
["B03AC","железа препарат","Железа [III] гидроксид сахарозный комплекс","Железа [III] гидроксид сахарозный комплекс раствор для в/в  вв 20mg/ml 5ml №5","ПЛАТ","Да","уп",33,"3572,13",{"v":117880.29000000001,"d":"117,880.29"}]
["B03AE03","железа препарат+витамин","Железа сульфат+Аскорбиновая кислота","Сорбифер Дурулес табл п/о №50","ОМС","Нет","уп",262,"532,84",139604.08000000002]
["B03AE03","железа препарат+витамин","Железа сульфат+Аскорбиновая кислота","Сорбифер Дурулес табл п/о №50","ПЛАТ","Нет","уп",34,"532,84",{"v":18116.56,"d":"18,116.56"}]
["B03BA01","витамин","Цианокобаламин","Цианокобаламин раствор для инъекций 0,5mg/ml 1ml №10","Бюджет","Да","уп",5,"27,93",139.65]
["B03BA01","витамин","Цианокобаламин","Цианокобаламин раствор для инъекций 0,5mg/ml 1ml №10","ОМС","Да","уп",1224,"27,93",34186.32]
["B03BA01","витамин","Цианокобаламин","Цианокобаламин раствор для инъекций 0,5mg/ml 1ml №10","ПЛАТ","Да","уп",35,"27,93",977.55]
["B03BB01","витамин","Фолиевая кислота","9 месяцев Фолиевая кислота табл п/п/о 400mkg №30","ОМС","Да","уп",5,"115,29",576.45]
["B03BB01","витамин","Фолиевая кислота","Фолиевая кислота табл 1mg №50","ОМС","Да","уп",114,"31,65",3608.1]
["B03BB01","витамин","Фолиевая кислота","Фолиевая кислота табл 1mg №50","ПЛАТ","Да","уп",10,"31,65",{"v":316.5,"d":"316.50"}]
["B05Плазмозамещающие и перфузионные растворы",{"$nulls":8},{"v":0,"d":"0.00"}]
["B05AA01","плазмозамещающее средство","Альбумин человека","Альбумин раствор для инфузий 20% 50ml №1","Бюджет","Да","уп",10,1881,18810]
["B05AA01","плазмозамещающее средство","Альбумин человека","Альбумин раствор для инфузий 20% 50ml №1","ОМС","Да","уп",607,1881,1141767]
["B05AA01","плазмозамещающее средство","Альбумин человека","Альбумин раствор для инфузий 20% 50ml №1","ПЛАТ","Да","уп",31,1881,{"v":58311,"d":"58,311.00"}]
["В05АА06","плазмозамещающее средство","Желатин","Гелофузин раствор для инфузий 4% 500мл №10","Бюджет","Да","уп",37,"2337,19",86476.03]
["В05АА06","плазмозамещающее средство","Желатин","Гелофузин раствор для инфузий 4% 500мл №10","ОМС","Да","уп",134,"2337,19",313183.46]
["В05АА06","плазмозамещающее средство","Желатин","Гелофузин раствор для инфузий 4% 500мл №10","ПЛАТ","Да","уп",1,"2337,19",{"v":2337.19,"d":"2,337.19"}]
["B05AA07","плазмозамещающее средство","~","Волюлайт раствор для инфузий 500ml №20","Бюджет","Да",null,1,"12489,84",12489.84]
["B05AA07","плазмозамещающее средство","~","Волюлайт раствор для инфузий 500ml №20","ОМС","Да",null,7,"12489,84",87428.88]
["B05AA07","плазмозамещающее средство","Гидроксиэтилкрахмал","Венофундин раствор для инфузий 6% 500ml №10","Бюджет","Да","уп",14,"4078,34",57096.76]
["B05AA07","плазмозамещающее средство","Гидроксиэтилкрахмал","Венофундин раствор для инфузий 6% 500ml №10","ОМС","Да","уп",13,"4078,34",53018.42]
["B05AA07","плазмозамещающее средство","Гидроксиэтилкрахмал","Венофундин раствор для инфузий 6% 500ml №10","ПЛАТ","Да","уп",1,"4078,34",{"v":4078.34,"d":"4,078.34"}]
["B05AA07","плазмозамещающее средство","Гидроксиэтилкрахмал","Волювен раствор для инфузий 6% 500ml №10","Бюджет","Да","уп",38,"4378,91",166398.58]
["B05AA07","плазмозамещающее средство","Гидроксиэтилкрахмал","Волювен раствор для инфузий 6% 500ml №10","ОМС","Да","уп",60,"4378,91",262734.6]
["B05AA07","плазмозамещающее средство","Гидроксиэтилкрахмал","Тетраспан 6 раствор для инфузий 500ml №10","Бюджет","Да","уп",14,"4715,11",66011.54]
["B05AA07","плазмозамещающее средство","Гидроксиэтилкрахмал","Тетраспан 6 раствор для инфузий 500ml №10","ОМС","Да","уп",15,"4715,11",70726.65]
["B05BA01","питания парентерального средство - аминокислоты","Аминокислоты для парентерального питания + Прочие препараты ","Аминосол-Нео Е  раствор для инфузий 10% 500ml","ОМС","Да","уп",5,"330,91",1654.5500000000002]
["B05BA01","питания парентерального средство - аминокислоты","Аминокислоты для парентерального питания + Прочие препараты ","Аминосол-Нео Е  раствор для инфузий 10% 500ml","ПЛАТ","Да","уп",20,"330,91",{"v":6618.200000000001,"d":"6,618.20"}]
["B05BA01","питания парентерального средство - аминокислоты","Аминокислоты для парентерального питания + Прочие препараты [Минералы] ","Аминоплазмаль Б. Браун Е 10  раствор для инфузий 500ml №10","ОМС","Да","уп",70,"4691,81",328426.7]
["B05BA01","питания парентерального средство - аминокислоты","Аминокислоты для парентерального питания + Прочие препараты [Минералы] ","Аминоплазмаль Б. Браун Е 10  раствор для инфузий 500ml №10","ПЛАТ","Да","уп",1,"4691,81",{"v":4691.81,"d":"4,691.81"}]
["B05BA02","питания парентерального средство","Аминокислоты для парентерального питания + Прочие препараты [Жировые эмульсии для парентерального питания + Декстроза + Минералы","Кабивен центральный эмульсия для инфузий 1540ml №4","Бюджет","Да","уп",1,"5702,82",5702.82]
["B05BA02","питания парентерального средство","Аминокислоты для парентерального питания + Прочие препараты [Жировые эмульсии для парентерального питания + Декстроза + Минералы","Кабивен центральный эмульсия для инфузий 1540ml №4","ОМС","Да","уп",1,"5702,82",5702.82]
["B05BA02","питания парентерального средство","Аминокислоты для парентерального питания + Прочие препараты [Жировые эмульсии для парентерального питания + Декстроза + Минералы]","Кабивен периферический эмульсия для инфузий 1920ml №4","ОМС","Да","уп",1,"6353,26",6353.26]
["В05ВА03","питания углеводного средство","Декстроза","Глюкоза-СОЛОфарм раствор для инфузий 10% 500ml №1","ОМС","Да","уп",120,"55,99",6718.8]
["B05BA03","питания углеводного средство","Декстроза","Глюкоза раствор для в/в  вв 400mg/ml 10ml №10","Бюджет","Да","уп",3,"44,71",{"$f":"H364*I364","v":134.13}]
["B05BA03","питания углеводного средство","Декстроза","Глюкоза раствор для в/в  вв 400mg/ml 10ml №10","ОМС","Да","уп",280,"44,71",12518.800000000001]
["B05BA03","питания углеводного средство","Декстроза","Глюкоза раствор для инфузий 20% 500ml №12","ОМС","Да","уп",3,"699,54",2098.62]
["B05BA03","питания углеводного средство","Декстроза","Глюкоза раствор для инфузий 5% 250ml №10","Бюджет","Да","уп",30,"521,15",15634.5]
["B05BA03","питания углеводного средство","Декстроза","Глюкоза раствор для инфузий 5% 250ml №10","ОМС","Да","уп",1725,"521,15",898983.75]
["B05BA03","питания углеводного средство","Декстроза","Глюкоза раствор для инфузий 5% 250ml №10","ПЛАТ","Да","уп",3,"521,15",{"v":1563.4499999999998,"d":"1,563.45"}]
["B05BA03","питания углеводного средство","Декстроза","Глюкоза раствор для инфузий 5% 500ml №10","Бюджет","Да","уп",1,"344,88",344.88]
["B05BA03","питания углеводного средство","Декстроза","Глюкоза раствор для инфузий 5% 500ml №10","ОМС","Да","уп",997,"344,88",343845.36]
["B05BA03","питания углеводного средство","Декстроза","Глюкоза раствор для инфузий 5% 500ml №10","ПЛАТ","Да","уп",7,"344,88",{"v":2414.16,"d":"2,414.16"}]
["B05BA04","питания парентерального средство - аминокислоты","Аминокислоты для парентерального питания ","Гепасол-Нео  раствор для инфузий  8% 500ml №1","ОМС","Да","уп",10,"331,98",3319.8]
["B05BA04","питания парентерального средство - аминокислоты","Аминокислоты для парентерального питания ","Гепасол-Нео  раствор для инфузий  8% 500ml №1","ПЛАТ","Да","уп",10,"331,98",{"v":3319.8,"d":"3,319.80"}]
["B05BA10","питания парентерального средство","Аминокислоты для парентерального питания + Прочие препараты [Декстроза + Минералы","Нутрифлекс липид эмульсия для инфузий 48/150 1250ml №5","ОМС","Да","уп.",10,"8222,6",82226]
["B05BA10","питания парентерального средство","Аминокислоты для парентерального питания + Прочие препараты [Жировые эмульсии для парентерального питания + Декстроза + Минералы","Оликлиномель N4-550 Е  эмульсия для инфузий 1500ml №4","ОМС","Да","уп.",6,"6352,06",38112.36]
["B05BB","Растворы влияющие на водно-электролитный баланс","Меглюмина натрия сукцинат","Реамберин раствор для инфузий 1,5% 400ml №1","ПЛАТ","Да","уп",20,"221,07",{"v":4421.4,"d":"4,421.40"}]
["B05BB","Растворы влияющие на водно-электролитный баланс","Меглюмина натрия сукцинат","Реамберин раствор для инфузий 1,5% 500ml №20","Бюджет","Да","уп",210,"3469,06",728502.6]
["B05BB","Растворы влияющие на водно-электролитный баланс","Меглюмина натрия сукцинат","Реамберин раствор для инфузий 1,5% 500ml №20","ОМС","Да","уп",151,"3469,06",523828.06]
["B05BB","Растворы влияющие на водно-электролитный баланс","Меглюмина натрия сукцинат","Реамберин раствор для инфузий 1,5% 500ml №20","ПЛАТ","Да","уп",20,"3469,06",{"v":69381.2,"d":"69,381.20"}]
["B05BB01","регидратирующее средство","Калия хлорид+Кальция хлорид+Натрия хлорид","Рингер раствор для инфузий 500ml №10","Бюджет","Да","уп",45,"399,71",17986.95]
["B05BB01","регидратирующее средство","Калия хлорид+Кальция хлорид+Натрия хлорид","Рингер раствор для инфузий 500ml №10","ОМС","Да","уп",225,"399,71",89934.75]
["B05BB01","регидратирующее средство","Калия хлорид+Кальция хлорид+Натрия хлорид","Рингер раствор для инфузий 500ml №10","ПЛАТ","Да","уп",11,"399,71",{"v":4396.8099999999995,"d":"4,396.81"}]
["B05BB01","регидратирующее средство","Калия хлорид+Магния хлорид+Натрия хлорид+Натрия фумарат","Мафусол раствор для инфузий 500ml","ОМС","Нет","уп",530,"208,8",110664]
["B05BB01","регидратирующее средство","Калия хлорид+Магния хлорид+Натрия хлорид+Натрия фумарат","Мафусол раствор для инфузий 500ml","ПЛАТ","Нет","уп",10,"208,8",{"v":2088,"d":"2,088.00"}]
["B05BB01","регидратирующее средство","Натрия ацетат+Натрия хлорид+Калия хлорид","Ацесоль раствор для инфузий 400ml №12","ОМС","Да","уп",413,"418,81",172968.53]
["B05BB01","регидратирующее средство","Натрия ацетат+Натрия хлорид+Калия хлорид","Ацесоль раствор для инфузий 400ml №12","ПЛАТ","Да","уп",5,"418,81",{"v":2094.05,"d":"2,094.05"}]
["B05BB01","регидратирующее средство","Стерофундин изотонический","Стерофундин изотонический раствор для инфузий 1000ml №10","Бюджет","Да","уп",26,"1379,4",35864.4]
["B05BB01","регидратирующее средство","Стерофундин изотонический","Стерофундин изотонический раствор для инфузий 1000ml №10","ОМС","Да","уп",300,"1379,4",413820]
["B05BB01","регидратирующее средство","Стерофундин изотонический","Стерофундин изотонический раствор для инфузий 500ml №10","Бюджет","Да","уп",22,"971,22",21366.84]
["B05BB01","регидратирующее средство","Стерофундин изотонический","Стерофундин изотонический раствор для инфузий 500ml №10","ОМС","Да","уп",400,"971,22",388488]
["B05BB01","регидратирующее средство","Стерофундин изотонический","Стерофундин изотонический раствор для инфузий 500ml №10","ПЛАТ","Да","уп",91,"971,22",{"v":88381.02,"d":"88,381.02"}]
["B05BB01","электролитов баланс восстанавливающее средство","Калия хлорид + Магния хлорид + Натрия ацетат + Натрия глюконат + Натрия хлорид","Плазма-Лит 148 Водный Раствор раствор для инфузий 1000ml №10","Бюджет","Нет","уп",10,"2694,61",26946.100000000002]
["B05BB01","электролитов баланс восстанавливающее средство","Калия хлорид + Магния хлорид + Натрия ацетат + Натрия глюконат + Натрия хлорид","Плазма-Лит 148 Водный Раствор раствор для инфузий 1000ml №10","ОМС","Нет","уп",40,"2694,61",107784.40000000001]
["B05BC01","регидратирующее средство","Маннитол","Маннит раствор для инфузий 150mg/ml 400ml №1","Бюджет","Да","уп",50,"150,96",7548]
["B05BC01","регидратирующее средство","Маннитол","Маннит раствор для инфузий 150mg/ml 400ml №1","ОМС","Да","уп",90,"150,96",13586.400000000001]
["B05CB01","регидратирующее средство","Натрия хлорид","Натрия хлорид раствор для инфузий 0,9% 250ml","Бюджет","Да","уп",350,"52,8",18480]
["B05CB01","регидратирующее средство","Натрия хлорид","Натрия хлорид раствор для инфузий 0,9% 250ml","ОМС","Да","уп",29487,"52,8",1556913.5999999999]
["B05CB01","регидратирующее средство","Натрия хлорид","Натрия хлорид раствор для инфузий 0,9% 250ml №10","Б.Опк","Да","уп",20,"430,1",8602]
["B05CB01","регидратирующее средство","Натрия хлорид","Натрия хлорид раствор для инфузий 0,9% 250ml №10","Бюджет","Да","уп",326,"430,1",140212.6]
["B05CB01","регидратирующее средство","Натрия хлорид","Натрия хлорид раствор для инфузий 0,9% 250ml №10","ОМС","Да","уп",14103,"430,1",6065700.300000001]
["B05CB01","регидратирующее средство","Натрия хлорид","Натрия хлорид раствор для инфузий 0,9% 250ml №10","ПЛАТ","Да","уп",640,"430,1",{"v":275264,"d":"275,264.00"}]
["B05CB01","регидратирующее средство","Натрия хлорид","Натрия хлорид раствор для инфузий 0,9% 500ml","Б.Опк","Да","уп",1000,{"v":62491,"d":"62,491"},62491000]
["B05CB01","регидратирующее средство","Натрия хлорид","Натрия хлорид раствор для инфузий 0,9% 500ml","Бюджет","Да","уп",300,{"v":62491,"d":"62,491"},18747300]
["B05CB01","регидратирующее средство","Натрия хлорид","Натрия хлорид раствор для инфузий 0,9% 500ml","ОМС","Да","уп",29752,{"v":62491,"d":"62,491"},{"v":1859232232,"d":"1,859,232,232"}]
["B05CB01","регидратирующее средство","Натрия хлорид","Натрия хлорид раствор для инфузий 0,9% 500ml №10","Бюджет","Да","уп",346,"342,28",118428.87999999999]
["B05CB01","регидратирующее средство","Натрия хлорид","Натрия хлорид раствор для инфузий 0,9% 500ml №10","ОМС","Да","уп",5746,"342,28",1966740.88]
["B05CB01","регидратирующее средство","Натрия хлорид","Натрия хлорид раствор для инфузий 0,9% 500ml №10","ПЛАТ","Да","уп",255,"342,28",{"v":87281.4,"d":"87,281.40"}]
["В05СВ01","регидратирующее средство","Натрия хлорид","Натрия хлорид-СОЛОфарм  раствор для инфузий 0,9% 100ml №36","ОМС","Да","уп",6,"1130,4",6782.400000000001]
["В05СВ01","регидратирующее средство","Натрия хлорид","Натрия хлорид-СОЛОфарм  раствор для инфузий 0,9% 250ml №1","ОМС","Да","уп",2500,"53,76",134400]
["В05СВ01","регидратирующее средство","Натрия хлорид","Натрия хлорид-СОЛОфарм  раствор для инфузий 0,9% 500ml №1","ОМС","Да","уп",1000,"68,74",68740]
["B05CB04","антиацидемическое средство","Натрия гидрокарбонат","Натрия гидрокарбонат раствор для инфузий 5% 200ml №1","Бюджет","Да","бутылка",122,"33,19",4049.18]
["B05CB04","антиацидемическое средство","Натрия гидрокарбонат","Натрия гидрокарбонат раствор для инфузий 5% 200ml №1","ОМС","Да","бутылка",1847,"33,19",61301.92999999999]
["B05CB04","антиацидемическое средство","Натрия гидрокарбонат","Натрия гидрокарбонат раствор для инфузий 5% 200ml №1","ПЛАТ","Да","бутылка",50,"33,19",{"v":1659.5,"d":"1,659.50"}]
["B05CB04","антиацидемическое средство","Натрия гидрокарбонат","Натрия гидрокарбонат-Эском раствор для инфузий 5% 200ml №1","ПЛАТ","Да","фл",50,"31,5",{"v":1575,"d":"1,575.00"}]
["B05XA05","вазодилатирующее средство","Магния сульфат","Магния сульфат раствор для в/в  вв 250mg/ml 10ml №10","Бюджет","Да","уп",108,"46,31",5001.4800000000005]
["B05XA05","вазодилатирующее средство","Магния сульфат","Магния сульфат раствор для в/в  вв 250mg/ml 10ml №10","ОМС","Да","уп",4888,"46,31",226363.28]
["B05XA05","вазодилатирующее средство","Магния сульфат","Магния сульфат раствор для в/в  вв 250mg/ml 10ml №10","ПЛАТ","Да","уп",275,"46,31",{"v":12735.25,"d":"12,735.25"}]
["B05XA07","кальциево-фосфорного обмена регулятор","Кальция хлорид","Кальция хлорид раствор для в/в  вв 100mg/ml 10ml №10","Б.Опк","Нет","уп",2,"55,5",111]
["B05XA07","кальциево-фосфорного обмена регулятор","Кальция хлорид","Кальция хлорид раствор для в/в  вв 100mg/ml 10ml №10","ОМС","Нет","уп",435,"55,5",24142.5]
["B05XA07","кальциево-фосфорного обмена регулятор","Кальция хлорид","Кальция хлорид раствор для в/в  вв 100mg/ml 10ml №10","ПЛАТ","Нет","уп",3,"55,5",{"v":166.5,"d":"166.50"}]
["B05XA16","кардиоплегическое средство","~","Кустодиол раствор для внутрикоронарных перфузий  1000ml","Бюджет","Нет","уп",100,15207,1520700]
["B05XA16","кардиоплегическое средство","~","Кустодиол раствор для внутрикоронарных перфузий  1000ml","ОМС","Нет","уп",100,15207,1520700]
["B06Другие гематологические препараты",{"$nulls":8},{"v":0,"d":"0.00"}]
["В06АВ","репарации тканей стимулятор","Депротеинизированный гемодериват крови телят","Актовегин раствор для инъекций 40mg/ml 5ml №5","ОМС","Нет","уп",380,"623,73",237017.4]
["В06АВ","репарации тканей стимулятор","Депротеинизированный гемодериват крови телят","Актовегин раствор для инъекций 40mg/ml 5ml №5","ПЛАТ","Нет","уп",253,"623,73",{"v":157803.69,"d":"157,803.69"}]
[{"$nulls":9},{"$f":"SUBTOTAL(9,J235:J426)","v":{"v":1997906.886,"d":"1,997,906.89"}}]
["C Сердечно-сосудистая система "]
["C01Препараты для лечения заболеваний сердца"]
["C01AA05","кардиотоническое средство - сердечный гликозид","Дигоксин","Дигоксин раствор для в/в  вв 0,025% 1 ml №10","Бюджет","Да","уп",2,"41,51","83,02"]
["C01AA05","кардиотоническое средство - сердечный гликозид","Дигоксин","Дигоксин раствор для в/в  вв 0,025% 1 ml №10","ОМС","Да","уп",212,"41,51","8800,12"]
["C01AA05","кардиотоническое средство - сердечный гликозид","Дигоксин","Дигоксин раствор для в/в  вв 0,025% 1 ml №10","ПЛАТ","Да","уп",10,"41,51",{"$f":"H432*I432","v":{"v":415.09999999999997,"d":"415.10"}}]
["C01AA05","кардиотоническое средство - сердечный гликозид","Дигоксин","Дигоксин табл 250mkg №30","Бюджет","Да","уп",5,"34,66",{"$f":"H433*I433","v":173.29999999999998}]
["C01AA05","кардиотоническое средство - сердечный гликозид","Дигоксин","Дигоксин табл 250mkg №30","ОМС","Да","уп",186,"34,66",6446.759999999999]
["C01AA05","кардиотоническое средство - сердечный гликозид","Дигоксин","Дигоксин табл 250mkg №30","ПЛАТ","Да","уп",10,"34,66",{"v":346.59999999999997,"d":"346.60"}]
["C01BA02","антиаритмическое средство","Прокаинамид","Новокаинамид раствор для в/в и в/м вв 100mg/ml 5ml №10","ОМС","Да","уп",20,"185,51",3710.2]
["С01ВС03","антиаритмическое средство","Пропафенон","Пропафенон  табл п/п/о 150mg №50","ОМС","Да","уп",22,"390,88",8599.36]
["C01BD01","антиаритмическое средство","Амиодарон","Веро-Амиодарон раствор для в/в  вв 50mg/ml 3ml №5","ОМС","Да","уп.",90,"218,59",19673.1]
["C01BD01","антиаритмическое средство","Амиодарон","Веро-Амиодарон раствор для в/в  вв 50mg/ml 3ml №5","ПЛАТ","Да","уп.",10,"218,59",{"v":2185.9,"d":"2,185.90"}]
["С01BD01","антиаритмическое средство","Амиодарон","Амиодарон конц-т д/приг раствора для в/в вв 50mg/ml 3ml №10","Бюджет","Да","уп",40,"240,47",9618.8]
["С01BD01","антиаритмическое средство","Амиодарон","Амиодарон конц-т д/приг раствора для в/в вв 50mg/ml 3ml №10","ОМС","Да","уп",1243,"240,47",298904.21]
["С01BD01","антиаритмическое средство","Амиодарон","Амиодарон табл 200mg №30","Бюджет","Да","уп",30,"183,56",5506.8]
["С01BD01","антиаритмическое средство","Амиодарон","Амиодарон табл 200mg №30","ОМС","Да","уп",440,"183,56",80766.4]
["С01BD01","антиаритмическое средство","Амиодарон","Амиодарон табл 200mg №30","ПЛАТ","Да","уп",20,"183,56",{"v":3671.2,"d":"3,671.20"}]
["C01CA03","альфа- и бета-адреномиметик","Норэпинефрин","Норэпинефрин конц-т д/приг раствора для в/в вв 2mg/ml 4ml №10","Бюджет","Да","уп",12,{"v":11615802,"d":"11,615,802"},{"v":139389624,"d":"139,389,624"}]
["C01CA03","альфа- и бета-адреномиметик","Норэпинефрин","Норэпинефрин конц-т д/приг раствора для в/в вв 2mg/ml 4ml №10","ОМС","Да","уп",128,{"v":11615802,"d":"11,615,802"},{"v":1486822656,"d":"1,486,822,656"}]
["C01CA04","кардиотоническое средство негликозидной структуры","Допамин","Дофамин конц-т д/приг раствора для инфузий 40mg/ml 5ml №10","Бюджет","Да","уп",30,"278,3",8349]
["C01CA04","кардиотоническое средство негликозидной структуры","Допамин","Дофамин конц-т д/приг раствора для инфузий 40mg/ml 5ml №10","ОМС","Да","уп",465,"278,3",129409.5]
["C01CA04","кардиотоническое средство негликозидной структуры","Допамин","Дофамин конц-т д/приг раствора для инфузий 5mg/ml 5ml №5","ОМС","Да","уп",150,"67,85",10177.5]
["C01CA06","альфа-адреномиметик","Фенилэфрин","Мезатон раствор для инъекций 10mg/ml 1ml №10","Бюджет","Да","уп",76,"93,68",7119.68]
["C01CA06","альфа-адреномиметик","Фенилэфрин","Мезатон раствор для инъекций 10mg/ml 1ml №10","ОМС","Да","уп",965,"93,68",90401.20000000001]
["C01CA06","альфа-адреномиметик","Фенилэфрин","Мезатон раствор для инъекций 10mg/ml 1ml №10","ПЛАТ","Да","уп",30,"93,68",{"v":2810.4,"d":"2,810.40"}]
["C01CA06","альфа-адреномиметик","Фенилэфрин","Релиф супп рект 5mg №12","ПЛАТ","Нет","уп",15,"466,19",{"v":6992.85,"d":"6,992.85"}]
["C01CA07","кардиотоническое средство негликозидной структуры","Добутамин","Добутамин Гексал лиоф-т д/пригот р-ра д/инф 250mg №1","Бюджет","Да","уп",40,"399,74",15989.6]
["C01CA07","кардиотоническое средство негликозидной структуры","Добутамин","Добутамин Гексал лиоф-т д/пригот р-ра д/инф 250mg №1","ОМС","Да","уп",80,"399,74",31979.2]
["C01CX08","кардиотоническое средство негликозидной структуры","Левосимендан","Симдакс концентрат для приготовления р-ра для инфузий 2,5mg/ml 5ml","Бюджет","Да","уп",5,"30983,61",154918.05]
["C01CX08","кардиотоническое средство негликозидной структуры","Левосимендан","Симдакс концентрат для приготовления р-ра для инфузий 2,5mg/ml 5ml","ОМС","Да","уп",2,"30983,61",61967.22]
["C01DA02","вазодилатирующее средство - нитрат","Нитроглицерин","Нитроглицерин конц-т д/приг раствора для инфузий 1mg/ml 10ml №10","Бюджет","Да","уп",30,"590,95",17728.5]
["C01DA02","вазодилатирующее средство - нитрат","Нитроглицерин","Нитроглицерин конц-т д/приг раствора для инфузий 1mg/ml 10ml №10","ОМС","Да","уп",904,"590,95",534218.8]
["C01DA02","вазодилатирующее средство - нитрат","Нитроглицерин","Нитроглицерин конц-т д/приг раствора для инфузий 1mg/ml 10ml №10","ПЛАТ","Да","уп",1,"590,95",590.95]
["C01DA02","вазодилатирующее средство - нитрат","Нитроглицерин","Нитроспрей спрей сублинг доз 0,4mg/dosis 10ml 200dosis","Бюджет","Да","уп",12,"100,75",1209]
["C01DA02","вазодилатирующее средство - нитрат","Нитроглицерин","Нитроспрей спрей сублинг доз 0,4mg/dosis 10ml 200dosis","ОМС","Да","уп",200,"100,75",20150]
["C01DA02","вазодилатирующее средство - нитрат","Нитроглицерин","Нитроспрей спрей сублинг доз 0,4mg/dosis 10ml 200dosis","ПЛАТ","Да","уп",7,"100,75",705.25]
["С01DА02","вазодилатирующее средство - нитрат","Нитроглицерин","Нитроглицерин табл сублинг 0,5mg №40","Б.Опк","Да","уп",2,"44,98",89.96]
["С01DА02","вазодилатирующее средство - нитрат","Нитроглицерин","Нитроглицерин табл сублинг 0,5mg №40","ОМС","Да","уп",28,"44,98",1259.4399999999998]
["C01DA08","вазодилатирующее средство - нитрат","Изосорбида динитрат","Изакардин конц-т д/приг раствора для инфузий 1mg/ml 10ml №10","ПЛАТ","Да","уп",1,"730,95",730.95]
["С01DA08","вазодилатирующее средство - нитрат","Изосорбида динитрат","Кардикет  табл пролог п/п/о 20mg №20","ОМС","Да","уп",40,"58,89",2355.6]
["С01DA08","вазодилатирующее средство - нитрат","Изосорбида динитрат","Кардикет  табл пролог п/п/о 20mg №20","ПЛАТ","Да","уп",2,"58,89",117.78]
["С01DA08","вазодилатирующее средство - нитрат","Изосорбида динитрат","Кардикет  табл. пролонг. 60mg №20","ОМС","Да","уп",66,"131,3",8665.800000000001]
["С01DA08","вазодилатирующее средство - нитрат","Изосорбида динитрат","Кардикет  табл. пролонг. 60mg №20","ПЛАТ","Да","уп",2,"131,3",{"v":262.6,"d":"262.60"}]
["C01DA08","вазодилатирующее средство - нитрат","Изосорбида динитрат","Нитросорбид табл 10mg №60","Бюджет","Да","уп",1,"27,72",27.72]
["C01DA08","вазодилатирующее средство - нитрат","Изосорбида динитрат","Нитросорбид табл 10mg №60","ОМС","Да","уп",78,"27,72",2162.16]
["C01DA14","вазодилатирующее средство - нитрат","Изосорбида мононитрат","Изосорбида мононитрат табл 20mg №30","ОМС","Да","уп",216,"70,46",15219.359999999999]
["C01DA14","вазодилатирующее средство - нитрат","Изосорбида мононитрат","Изосорбида мононитрат табл 20mg №30","ПЛАТ","Да","уп",2,"70,46",140.92]
["С01DA14","вазодилатирующее средство - нитрат","Изосорбида мононитрат","Моночинкве ретард капс ретард 50mg №30","ОМС","Да","уп",17,"341,56",5806.52]
["С01DA14","вазодилатирующее средство - нитрат","Изосорбида мононитрат","Моночинкве ретард капс ретард 50mg №30","ПЛАТ","Да","уп",5,"341,56",{"v":1707.8,"d":"1,707.80"}]
["C01DA14","вазодилатирующее средство - нитрат","Изосорбида мононитрат","Эфокс 20 табл 20mg №50","Бюджет","Да","уп",5,124,620]
["C01DA14","вазодилатирующее средство - нитрат","Изосорбида мононитрат","Эфокс 20 табл 20mg №50","ОМС","Да","уп",48,124,5952]
["C01DA14","вазодилатирующее средство - нитрат","Изосорбида мононитрат","Эфокс 20 табл 20mg №50","ПЛАТ","Да","уп",3,124,{"v":372,"d":"372.00"}]
["C01EB","метаболическое средство","Инозин","Рибоксин раствор для в/в  вв 20mg/ml 10ml №10","ОМС","Нет","уп",613,"43,95",26941.350000000002]
["C01EB","метаболическое средство","Инозин","Рибоксин раствор для в/в  вв 20mg/ml 10ml №10","ПЛАТ","Нет","уп",18,"43,95",{"v":791.1,"d":"791.10"}]
["C01EB","метаболическое средство","Трифосаденин","Натрия аденозинтрифосфат-Дарница раствор для в/в  вв 10mg/ml 1ml №10","ОМС","Нет","уп",42,"285,93",12009.06]
["C01EB","метаболическое средство","Трифосаденин","Натрия аденозинтрифосфат-Дарница раствор для в/в  вв 10mg/ml 1ml №10","ПЛАТ","Нет","уп",11,"285,93",{"v":3145.23,"d":"3,145.23"}]
["C01EB05","метаболическое средство","Фосфокреатин","Неотон лиоф.пор. д/приг р-ра д/инф 1g (+ agua pro inject 50ml) №4","ПЛАТ","Нет","уп",22,"5714,28",{"v":125714.15999999999,"d":"125,714.16"}]
["C01EB15","антигипоксантное средство","Триметазидин","Депренорм МВ табл пролонг п/п/о 35mg №60","ПЛАТ","Нет","уп",7,"368,34",{"v":2578.3799999999997,"d":"2,578.38"}]
["C01EB17","антиангинальное средство","Ивабрадин","Ивабрадин Канон  табл п/п/о 5mg №56","ОМС","Да","уп",42,"978,92",{"v":41114.64,"d":"41,115"}]
["C01EB17","антиангинальное средство","Ивабрадин","Ивабрадин Канон  табл п/п/о 5mg №56","ПЛАТ","Да","уп",3,"978,92",{"v":2936.7599999999998,"d":"2,936.76"}]
["C01EB17","антиангинальное средство","Ивабрадин","Ивабрадин Канон  табл п/п/о 7,5mg №56","ОМС","Да","уп",21,"1011,92",21250.32]
["C01EB17","антиангинальное средство","Ивабрадин","Кораксан табл п/п/о 5mg №28","ОМС","Да","уп",45,"610,17",27457.649999999998]
["C01EB17","антиангинальное средство","Ивабрадин","Кораксан табл п/п/о 5mg №28","ПЛАТ","Да","уп",2,"610,17",{"v":1220.34,"d":"1,220.34"}]
["C01EB17","антиангинальное средство","Ивабрадин","Кораксан табл п/п/о 7,5mg №28","ОМС","Да","уп",11,"605,63",6661.93]
["C01EB17","антиангинальное средство","Ивабрадин","Кораксан табл п/п/о 7,5mg №28","ПЛАТ","Да","уп",5,"605,63",{"v":3028.15,"d":"3,028.15"}]
["C01EB22","метаболическое средство","Мельдоний","Мельдоний раствор для парабульбарного и в/в вв 100mg/ml 5ml №10","ОМС","Да","уп",477,"291,32",138959.63999999998]
["C01EB22","метаболическое средство","Мельдоний","Мельдоний раствор для парабульбарного и в/в вв 100mg/ml 5ml №10","ПЛАТ","Да","уп",235,"291,32",{"v":68460.2,"d":"68,460.20"}]
["C02Антигипертензивные препараты",{"$nulls":8},{"v":0,"d":"0.00"}]
["C02AC01","гипотензивное средство центрального действия","Клонидин","Клофелин раствор для инъекций 0,1 mg/ml 1ml","ОМС","Да","амп",305,{"v":304524,"d":"304,524"},{"v":92879820,"d":"92,879,820"}]
["C02AC05","гипотензивное средство центрального действия","Моксонидин","Моксонидин Канон  табл п/п/о 0,2 mg №14","ОМС","Да","уп",120,"139,35",{"$f":"H497*I497","v":16722}]
["C02AC05","гипотензивное средство центрального действия","Моксонидин","Моксонидин Канон  табл п/п/о 0,4 mg №14","ОМС","Да","уп",360,"255,47",91969.2]
["C02AC05","гипотензивное средство центрального действия","Моксонидин","Моксонидин Канон  табл п/п/о 0,4 mg №14","ПЛАТ","Да","уп",3,"255,47",766.41]
["C02AC05","гипотензивное средство центрального действия","Моксонидин","Моксонидин табл п/п/о 0,2 mg №14","Бюджет","Да","уп",10,"143,95",1439.5]
["C02AC05","гипотензивное средство центрального действия","Моксонидин","Моксонидин табл п/п/о 0,2 mg №14","ОМС","Да","уп",170,"143,95",24471.499999999996]
["C02AC05","гипотензивное средство центрального действия","Моксонидин","Моксонидин табл п/п/о 0,2 mg №14","ПЛАТ","Да","уп",41,"143,95",{"v":5901.95,"d":"5,901.95"}]
["C02AC05","гипотензивное средство центрального действия","Моксонидин","Моксонидин табл п/п/о 0,4 mg №14","Бюджет","Да","уп",10,"240,22",2402.2]
["C02AC05","гипотензивное средство центрального действия","Моксонидин","Моксонидин табл п/п/о 0,4 mg №14","ОМС","Да","уп",345,"240,22",82875.9]
["C02AC05","гипотензивное средство центрального действия","Моксонидин","Моксонидин табл п/п/о 0,4 mg №14","ПЛАТ","Да","уп",32,"240,22",{"v":7687.04,"d":"7,687.04"}]
["C02BC","ганглиоблокатор","Азаметония бромид","Пентамин раствор для в/в и в/м вв 50mg/ml 1ml №10","ОМС","Нет","уп",517,"1800,91",931070.4700000001]
["C02CA04","альфа1-адреноблокатор","Доксазозин","Доксазозин табл 4mg №30","ОМС","Да","уп",16,"573,42",9174.72]
["C02CA04","альфа1-адреноблокатор","Доксазозин","Доксазозин-ФПО табл 400mg №30","ПЛАТ","Да","уп",2,"269,58",539.16]
["C02CA06","альфа-адреноблокатор","Урапидил","Эбрантил капс 30mg №30","ОМС","Да","уп",29,"249,92",7247.679999999999]
["C02CA06","альфа-адреноблокатор","Урапидил","Эбрантил раствор для в/в  вв 5mg/ml 10ml №5","Бюджет","Да","уп",5,"1019,59",5097.95]
["C02CA06","альфа-адреноблокатор","Урапидил","Эбрантил раствор для в/в  вв 5mg/ml 10ml №5","ОМС","Да","уп",58,"1019,59",59136.22]
["C03Диуретики",{"$nulls":8},{"v":0,"d":"0.00"}]
["C03AA03","диуретическое средство","Гидрохлоротиазид","Гидрохлоротиазид табл 100mg №20","ОМС","Да","уп",15,"63,7",955.5]
["C03AA03","диуретическое средство","Гидрохлоротиазид","Гидрохлоротиазид табл 25mg №20","Бюджет","Да","уп",10,"47,32",473.2]
["C03AA03","диуретическое средство","Гидрохлоротиазид","Гидрохлоротиазид табл 25mg №20","ОМС","Да","уп",335,"47,32",15852.2]
["C03AA03","диуретическое средство","Гидрохлоротиазид","Гидрохлоротиазид табл 25mg №20","ПЛАТ","Да","уп",5,"47,32",{"v":236.6,"d":"236.60"}]
["C03BA11","диуретическое средство","Индапамид","Индапамид ретард табл пролонг п/п/о 1,5 mg №30","ОМС","Да","уп",719,"95,89",68944.91]
["C03BA11","диуретическое средство","Индапамид","Индапамид ретард табл пролонг п/п/о 1,5 mg №30","ПЛАТ","Да","уп",19,"95,89",{"v":1821.91,"d":"1,821.91"}]
["C03CA01","диуретическое средство","Фуросемид","Фуросемид раствор для инъекций 20mg/2ml 2ml №10","Б.Опк","Да","уп",2,"25,34",50.68]
["C03CA01","диуретическое средство","Фуросемид","Фуросемид раствор для инъекций 20mg/2ml 2ml №10","Бюджет","Да","уп",30,"25,34",760.2]
["C03CA01","диуретическое средство","Фуросемид","Фуросемид раствор для инъекций 20mg/2ml 2ml №10","ОМС","Да","уп",5632,"25,34",142714.88]
["C03CA01","диуретическое средство","Фуросемид","Фуросемид раствор для инъекций 20mg/2ml 2ml №10","ПЛАТ","Да","уп",103,"25,34",{"v":2610.02,"d":"2,610.02"}]
["C03CA01","диуретическое средство","Фуросемид","Фуросемид табл 40mg №50","Бюджет","Да","уп",5,"27,07",135.35]
["C03CA01","диуретическое средство","Фуросемид","Фуросемид табл 40mg №50","ОМС","Да","уп",404,"27,07",10936.28]
["C03CA01","диуретическое средство","Фуросемид","Фуросемид табл 40mg №50","ПЛАТ","Да","уп",5,"27,07",135.35]
["C03CA04","диуретическое средство","Торасемид","Торасемид Канон табл 10mg №60","ОМС","Нет","уп",112,"543,9",60916.799999999996]
["C03CA04","диуретическое средство","Торасемид","Торасемид Канон табл 5mg №20","ОМС","Нет","уп",38,"148,74",5652.120000000001]
["C03CA04","диуретическое средство","Торасемид","Торасемид Канон табл 5mg №20","ПЛАТ","Нет","уп",10,"148,74",{"v":1487.4,"d":"1,487.40"}]
["C03CA04","диуретическое средство","Торасемид","Торасемид-СЗ табл 10mg №60","ОМС","Нет","уп",182,"543,9",98989.8]
["C03CA04","диуретическое средство","Торасемид","Торасемид-СЗ табл 10mg №60","ПЛАТ","Нет","уп",10,"543,9",{"v":5439,"d":"5,439.00"}]
["C03DA01","диуретическое калийсберегающее средство","Спиронолактон","Верошпирон капс 50mg № 30","Бюджет","Да","уп",100,"184,19",18419]
["C03DA01","диуретическое калийсберегающее средство","Спиронолактон","Верошпирон капс 50mg № 30","ОМС","Да","уп",387,"184,19",71281.53]
["C03DA01","диуретическое калийсберегающее средство","Спиронолактон","Верошпирон капс 50mg № 30","ПЛАТ","Да","уп",20,"184,19",{"v":3683.8,"d":"3,683.80"}]
["C03DA01","диуретическое калийсберегающее средство","Спиронолактон","Верошпирон табл 25mg №20","Бюджет","Да","уп",119,"77,86",9265.34]
["C03DA01","диуретическое калийсберегающее средство","Спиронолактон","Верошпирон табл 25mg №20","ОМС","Да","уп",2204,"77,86",171603.44]
["C03DA01","диуретическое калийсберегающее средство","Спиронолактон","Верошпирон табл 25mg №20","ПЛАТ","Да","уп",55,"77,86",{"v":4282.3,"d":"4,282.30"}]
["C04Периферические вазодилататоры",{"$nulls":8},{"v":0,"d":"0.00"}]
["С04АС01","витамин","Никотиновая кислота","Никотиновая кислота - СОЛОфарм раствор для инъекций 10mg/ml 1ml №10","Бюджет","Нет","уп",200,"44,4",8880]
["С04АС01","витамин","Никотиновая кислота","Никотиновая кислота - СОЛОфарм раствор для инъекций 10mg/ml 1ml №10","ОМС","Нет","уп",364,"44,4",16161.6]
["С04АС01","витамин","Никотиновая кислота","Никотиновая кислота - СОЛОфарм раствор для инъекций 10mg/ml 1ml №10","ПЛАТ","Нет","уп",35,"44,4",{"v":1554,"d":"1,554.00"}]
["C04AC01","витамин","Никотиновая кислота","Никотиновая кислота раствор для инъекций 10mg/ml 1ml №10","ОМС","Нет","уп",56,"53,18",2978.08]
["C04AD03","вазодилатирующее средство","Пентоксифиллин","Пентоксифиллин конц-т д/приг раствора для в/в и в/арт вв 20mg/ml 5ml №10","Бюджет","Да","уп",100,"40,82",4082]
["C04AD03","вазодилатирующее средство","Пентоксифиллин","Пентоксифиллин конц-т д/приг раствора для в/в и в/арт вв 20mg/ml 5ml №10","ОМС","Да","уп",874,"40,82",35676.68]
["C04AD03","вазодилатирующее средство","Пентоксифиллин","Пентоксифиллин конц-т д/приг раствора для в/в и в/арт вв 20mg/ml 5ml №10","ПЛАТ","Да","уп",145,"40,82",{"v":5918.9,"d":"5,918.90"}]
["C04AD03","вазодилатирующее средство","Пентоксифиллин","Пентоксифиллин табл п/к/р/о 100mg №60","ОМС","Нет","уп",170,"134,13",22802.1]
["C04AX","вазодилатирующее средство","Бендазол","Дибазол раствор для в/в и в/м вв 10mg/ml 1ml №10","ОМС","Нет","уп",183,"33,33",6099.389999999999]
["C04AX","вазодилатирующее средство","Бендазол","Дибазол раствор для в/в и в/м вв 10mg/ml 1ml №10","ПЛАТ","Нет","уп",5,"33,33",{"v":166.64999999999998,"d":"166.65"}]
["C05Ангиопротекторы",{"$nulls":8},{"v":0,"d":"0.00"}]
["C05BA53","антикоагулянтное средство прямого действия для местного применения+прочие препараты","Гепарин натрия+Бензокаин+Бензилникотинат","Гепариновая мазь мазь д/наружн прим 25g №1","Бюджет","Нет","уп",5,"36,05",180.25]
["C05BA53","антикоагулянтное средство прямого действия для местного применения+прочие препараты","Гепарин натрия+Бензокаин+Бензилникотинат","Гепариновая мазь мазь д/наружн прим 25g №1","ОМС","Нет","уп",190,"36,05",6849.499999999999]
["C05BA53","антикоагулянтное средство прямого действия для местного применения+прочие препараты","Гепарин натрия+Бензокаин+Бензилникотинат","Гепариновая мазь мазь д/наружн прим 25g №1","ПЛАТ","Нет","уп",34,"36,05",{"v":1225.6999999999998,"d":"1,225.70"}]
["C05CA53","венотонизирующее и венопротекторное средство","Гесперидин+Диосмин","Венарус табл п/п/о 500mg №30","ОМС","Нет","уп",30,"409,03",12270.9]
["C05CA53","венотонизирующее и венопротекторное средство","Гесперидин+Диосмин","Венарус табл п/п/о 500mg №30","ПЛАТ","Нет","уп",30,"409,03",{"v":12270.9,"d":"12,270.90"}]
["С05СА53","венотонизирующее и венопротекторное средство","Очищенная микронизированная флавоноидная фракция (диосмин + флавоноиды в пересчете на гесперидин)","Детравенол табл п/п/о 500mg №30","ОМС","Нет","уп",7,"386,51",2705.5699999999997]
["С05СА53","венотонизирующее и венопротекторное средство","Очищенная микронизированная флавоноидная фракция (диосмин + флавоноиды в пересчете на гесперидин)","Детравенол табл п/п/о 500mg №30","ПЛАТ","Нет","уп",4,"386,51",{"v":1546.04,"d":"1,546.04"}]
["C05CX","антиоксидантное средство","Метилэтилпиридинол","Метилэтилпиридинол раствор для инъекций 10mg/ml 1ml №10","ОМС","Нет","уп",280,"45,02",12605.6]
["C07Бета-адреноблокаторы",{"$nulls":8},{"v":0,"d":"0.00"}]
["C07AA05","бета-адреноблокатор","Пропранолол","Анаприлин табл 10mg №50","ОМС","Да","уп",56,"15,06",843.36]
["C07AA05","бета-адреноблокатор","Пропранолол","Анаприлин табл 10mg №50","ПЛАТ","Да","уп",7,"15,06",105.42]
["С07АА07","бета-адреноблокатор","Соталол","Соталол табл 160mg №20","Бюджет","Да","уп",30,"107,77",3233.1]
["С07АА07","бета-адреноблокатор","Соталол","Соталол табл 160mg №20","ОМС","Да","уп",117,"107,77",{"$f":"H561*I561","v":12609.09}]
["С07АА07","бета-адреноблокатор","Соталол","Соталол табл 80mg №20","Бюджет","Да","уп",10,"65,52",655.1999999999999]
["С07АА07","бета-адреноблокатор","Соталол","Соталол табл 80mg №20","ОМС","Да","уп",125,"65,52",8189.999999999999]
["С07АА07","бета-адреноблокатор","Соталол","Соталол табл 80mg №20","ПЛАТ","Да","уп",5,"65,52",{"v":327.59999999999997,"d":"327.60"}]
["С07АВ","бета1-адреноблокатор селективный","Атенолол","Атенолол табл п/п/о 50mg №30","Бюджет","Да","уп",5,"31,16",155.8]
["С07АВ","бета1-адреноблокатор селективный","Атенолол","Атенолол табл п/п/о 50mg №30","ОМС","Да","уп",43,"31,16",1339.88]
["С07АВ","бета1-адреноблокатор селективный","Атенолол","Атенолол табл п/п/о 50mg №30","ПЛАТ","Да","уп",5,"31,16",{"v":155.8,"d":"155.80"}]
["C07AB02","бета1-адреноблокатор селективный","Метопролол","Беталок раствор для в/в  вв 1mg/ml 5ml №5","Бюджет","Да","уп",21,"834,28",17519.88]
["C07AB02","бета1-адреноблокатор селективный","Метопролол","Беталок раствор для в/в  вв 1mg/ml 5ml №5","ОМС","Да","уп",83,"834,28",69245.23999999999]
["C07AB02","бета1-адреноблокатор селективный","Метопролол","Беталок раствор для в/в  вв 1mg/ml 5ml №5","ПЛАТ","Да","уп",1,"834,28",834.28]
["С07АB02","бета1-адреноблокатор селективный","Метопролол","Метопролол раствор для в/в  вв 1mg/ml 5ml №5","ОМС","Да","уп",30,"123,93",3717.9]
["С07АB02","бета1-адреноблокатор селективный","Метопролол","Метопролол табл 25mg №60","Бюджет","Да","уп",10,"91,08",910.8]
["С07АB02","бета1-адреноблокатор селективный","Метопролол","Метопролол табл 25mg №60","ОМС","Да","уп",339,"91,08",30876.12]
["С07АB02","бета1-адреноблокатор селективный","Метопролол","Метопролол табл 25mg №60","ПЛАТ","Да","уп",2,"91,08",182.16]
["С07АB02","бета1-адреноблокатор селективный","Метопролол","Метопролол табл 50mg №30","Бюджет","Да","уп",20,"29,66",593.2]
["С07АB02","бета1-адреноблокатор селективный","Метопролол","Метопролол табл 50mg №30","ОМС","Да","уп",961,"29,66",28503.26]
["C07AB07","бета1-адреноблокатор селективный","Бисопролол","Бисопролол табл п/п/о 10mg  №30","Бюджет","Да","уп",10,"172,16",1721.6]
["C07AB07","бета1-адреноблокатор селективный","Бисопролол","Бисопролол табл п/п/о 10mg  №30","ОМС","Да","уп",65,"172,16",11190.4]
["C07AB07","бета1-адреноблокатор селективный","Бисопролол","Бисопролол табл п/п/о 10mg  №30","ПЛАТ","Да","уп",3,"172,16",516.48]
["C07AB07","бета1-адреноблокатор селективный","Бисопролол","Бисопролол табл п/п/о 5mg №50","Бюджет","Да","уп",10,"135,25",1352.5]
["C07AB07","бета1-адреноблокатор селективный","Бисопролол","Бисопролол табл п/п/о 5mg №50","ОМС","Да","уп",640,"135,25",86560]
["C07AB07","бета1-адреноблокатор селективный","Бисопролол","Бисопролол табл п/п/о 5mg №50","ПЛАТ","Да","уп",12,"135,25",{"v":1623,"d":"1,623.00"}]
["С07АВ07","бета1-адреноблокатор селективный","Бисопролол","Бисопролол-Прана табл п/п/о 10mg №30","ОМС","Да","уп",180,"163,94",29509.2]
["С07АВ07","бета1-адреноблокатор селективный","Бисопролол","Бисопролол-Прана табл п/п/о 5mg №30","Бюджет","Да","уп",20,"95,63",1912.6]
["С07АВ07","бета1-адреноблокатор селективный","Бисопролол","Бисопролол-Прана табл п/п/о 5mg №30","ОМС","Да","уп",580,"95,63",55465.399999999994]
["C07AB09","бета1-адреноблокатор селективный","Эсмолол","Бревиблок раствор для в/в  вв 10mg/ml 10ml №5","Бюджет","Нет","уп",4,"5026,84",20107.36]
["C07AB09","бета1-адреноблокатор селективный","Эсмолол","Бревиблок раствор для в/в  вв 10mg/ml 10ml №5","ОМС","Нет","уп",6,"5026,84",30161.04]
["C07AB12","бета1-адреноблокатор селективный","Небиволол","Небиволол табл 5mg №14","ОМС","Нет","уп",91,"186,71",16990.61]
["C07AB12","бета1-адреноблокатор селективный","Небиволол","Небиволол табл 5mg №14","ПЛАТ","Нет","уп",55,"186,71",{"v":10269.050000000001,"d":"10,269.05"}]
["C07AG02","альфа- и бета-адреноблокатор","Карведилол","Карведилол табл 12,5mg №30","ОМС","Да","уп",33,"273,24",9016.92]
["C07AG02","альфа- и бета-адреноблокатор","Карведилол","Карведилол табл 12,5mg №30","ПЛАТ","Да","уп",1,"273,24",273.24]
["C07AG02","альфа- и бета-адреноблокатор","Карведилол","Карведилол табл 25mg №30","ОМС","Да","уп",30,"341,55",10246.5]
["C08Блокаторы кальциевых каналов",{"$nulls":8},{"v":0,"d":"0.00"}]
["C08CA01","блокатор \"медленных\" кальциевых каналов","Амлодипин","Амлодипин-Прана  табл 10mg №90","Бюджет","Да","уп.",5,"390,39",1951.9499999999998]
["C08CA01","блокатор \"медленных\" кальциевых каналов","Амлодипин","Амлодипин-Прана  табл 10mg №90","ОМС","Да","уп.",675,"390,39",263513.25]
["C08CA01","блокатор \"медленных\" кальциевых каналов","Амлодипин","Амлодипин-Прана  табл 10mg №90","ПЛАТ","Да","уп.",24,"390,39",{"v":9369.36,"d":"9,369.36"}]
["C08CA01","блокатор \"медленных\" кальциевых каналов","Амлодипин","Амлодипин-Прана  табл 5mg №90","Бюджет","Да","уп",12,"316,27",3795.24]
["C08CA01","блокатор \"медленных\" кальциевых каналов","Амлодипин","Амлодипин-Прана  табл 5mg №90","ОМС","Да","уп",625,"316,27",197668.75]
["C08CA01","блокатор \"медленных\" кальциевых каналов","Амлодипин","Амлодипин-Прана  табл 5mg №90","ПЛАТ","Да","уп",45,"316,27",{"v":14232.15,"d":"14,232.15"}]
["C08CA05","блокатор \"медленных\" кальциевых каналов","Нифедипин","Кордафлекс табл пролонг п/п/о 20mg №60","Бюджет","Да","уп",6,"122,26",733.5600000000001]
["C08CA05","блокатор \"медленных\" кальциевых каналов","Нифедипин","Кордафлекс табл пролонг п/п/о 20mg №60","ОМС","Да","уп",247,"122,26",30198.22]
["C08CA05","блокатор \"медленных\" кальциевых каналов","Нифедипин","Кордафлекс табл пролонг п/п/о 20mg №60","ПЛАТ","Да","уп",8,"122,26",978.08]
["С08CА05","блокатор \"медленных\" кальциевых каналов","Нифедипин","Нифедипин табл п/п/о 10mg №50","ОМС","Да","уп",400,"39,25",15700]
["C08CA05","блокатор \"медленных\" кальциевых каналов","Нифедипин","Нифекард ХЛ табл с модифиц. высвобождением п/п/о 30mg №30","ОМС","Да","уп",68,"187,82",12771.76]
["C08CA05","блокатор \"медленных\" кальциевых каналов","Нифедипин","Нифекард ХЛ табл с модифиц. высвобождением п/п/о 30mg №30","ПЛАТ","Да","уп",5,"187,82",{"v":939.0999999999999,"d":"939.10"}]
["C08CA06","блокатор \"медленных\" кальциевых каналов","Нимодипин","Нимопин раствор для инфузий 0,2mg/ml 50ml №1","Бюджет","Да","уп",20,"767,38",15347.6]
["C08CA06","блокатор \"медленных\" кальциевых каналов","Нимодипин","Нимопин раствор для инфузий 0,2mg/ml 50ml №1","ОМС","Да","уп",420,"767,38",322299.6]
["C08CA06","блокатор \"медленных\" кальциевых каналов","Нимодипин","Нимопин раствор для инфузий 0,2mg/ml 50ml №1","ПЛАТ","Да","уп",20,"767,38",{"v":15347.6,"d":"15,347.60"}]
["C08CA06","блокатор \"медленных\" кальциевых каналов","Нимодипин","Нимопин табл п/п/о 30mg №30","ОМС","Да","уп",20,"727,93",14558.599999999999]
["C08CA13","блокатор \"медленных\" кальциевых каналов","Лерканидипин","Лерканидипин-СЗ табл п/п/о 20mg №30","ОМС","Нет","уп",30,"252,33",7569.900000000001]
["C08CA13","блокатор \"медленных\" кальциевых каналов","Лерканидипин","Лерканидипин-СЗ табл п/п/о 20mg №30","ПЛАТ","Нет","уп",10,"252,33",{"v":2523.3,"d":"2,523.30"}]
["C08DA01","блокатор \"медленных\" кальциевых каналов","Верапамил","Верапамил раствор для в/в  вв 2,5mg/ml 2ml №10","ОМС","Да","уп",71,"55,04",3907.84]
["C08DA01","блокатор \"медленных\" кальциевых каналов","Верапамил","Верапамил табл п/о 80mg №30","Бюджет","Да","уп",5,"56,4",282]
["C08DA01","блокатор \"медленных\" кальциевых каналов","Верапамил","Верапамил табл п/о 80mg №30","ОМС","Да","уп",294,"56,4",16581.6]
["C08DA01","блокатор \"медленных\" кальциевых каналов","Верапамил","Верапамил табл п/о 80mg №30","ПЛАТ","Да","уп",3,"56,4",{"v":169.2,"d":"169.20"}]
["C08DA01","блокатор \"медленных\" кальциевых каналов","Верапамил","Верапамил табл п/п/о 40mg №50","ОМС","Да","уп",17,"37,34",634.7800000000001]
["C08DA01","блокатор \"медленных\" кальциевых каналов","Верапамил","Верапамил табл п/п/о 40mg №50","ПЛАТ","Да","уп",2,"37,34",74.68]
["C08DA01","блокатор \"медленных\" кальциевых каналов","Верапамил","Верапамил табл. пролог. п/о 240 mg №20","ОМС","Да","уп",3,"179,98",539.9399999999999]
["C08DA01","блокатор \"медленных\" кальциевых каналов","Верапамил","Верапамил табл. пролог. п/о 240 mg №20","ПЛАТ","Да","уп",1,"179,98",179.98]
["C08DB01","блокатор \"медленных\" кальциевых каналов","Дилтиазем","Дилтиазем Ланнахер табл пролонг п/п/о 180mg №30","ОМС","Нет","уп",16,"335,78",5372.48]
["C08DB01","блокатор \"медленных\" кальциевых каналов","Дилтиазем","Дилтиазем Ланнахер табл пролонг п/п/о 180mg №30","ПЛАТ","Нет","уп",1,"335,78",335.78]
["C09Препараты, влияющие на ренин-ангиотензиновую систему",{"$nulls":8},{"v":0,"d":"0.00"}]
["C09AA01","АПФ ингибитор","Каптоприл","Каптоприл табл 25mg №40","Бюджет","Да","уп.",30,"16,03",480.90000000000003]
["C09AA01","АПФ ингибитор","Каптоприл","Каптоприл табл 25mg №40","ОМС","Да","уп.",915,"16,03",14667.45]
["C09AA01","АПФ ингибитор","Каптоприл","Каптоприл табл 25mg №40","ПЛАТ","Да","уп.",29,"16,03",{"$f":"H625*I625","v":464.87}]
["C09AA02","АПФ ингибитор","Эналаприл","Эналаприл табл 10mg №20","Бюджет","Да","уп",40,"13,68",547.2]
["C09AA02","АПФ ингибитор","Эналаприл","Эналаприл табл 10mg №20","ОМС","Да","уп",4490,"13,68",61423.2]
["C09AA02","АПФ ингибитор","Эналаприл","Эналаприл табл 10mg №20","ПЛАТ","Да","уп",30,"13,68",{"v":410.4,"d":"410.40"}]
["C09AA02","АПФ ингибитор","Эналаприл","Эналаприл табл 20mg №20","ОМС","Да","уп",2208,"17,04",37624.32]
["C09AA02","АПФ ингибитор","Эналаприл","Эналаприл табл 20mg №20","ПЛАТ","Да","уп",22,"17,04",374.88]
["C09AA03","АПФ ингибитор","Лизиноприл","Лизиноприл табл п/п/о 10mg №30","ОМС","Да","уп",245,"114,6",28077]
["C09AA03","АПФ ингибитор","Лизиноприл","Лизиноприл табл п/п/о 10mg №30","ПЛАТ","Да","уп",22,"114,6",{"v":2521.2,"d":"2,521.20"}]
["C09AA04","АПФ ингибитор","Периндоприл","Периндоприл-Тева табл п/п/о 10mg  №30","ОМС","Да","уп",247,"400,18",98844.46]
["C09AA04","АПФ ингибитор","Периндоприл","Периндоприл-Тева табл п/п/о 10mg  №30","ПЛАТ","Да","уп",4,"400,18",{"v":1600.72,"d":"1,600.72"}]
["C09AA04","АПФ ингибитор","Периндоприл","Периндоприл-Тева табл п/п/о 5mg №30","ОМС","Да","уп",223,"307,07",68476.61]
["C09AA04","АПФ ингибитор","Периндоприл","Периндоприл-Тева табл п/п/о 5mg №30","ПЛАТ","Да","уп",3,"307,07",921.21]
["C09AA04","АПФ ингибитор","Периндоприл","Престариум А табл п/п/о 10mg №29","Бюджет","Да","уп",1,"615,57",615.57]
["C09AA04","АПФ ингибитор","Периндоприл","Престариум А табл п/п/о 10mg №29","ОМС","Да","уп",121,"615,57",74483.97]
["C09AA04","АПФ ингибитор","Периндоприл","Престариум А табл п/п/о 10mg №29","ПЛАТ","Да","уп",24,"615,57",{"v":14773.68,"d":"14,773.68"}]
["C09AA04","АПФ ингибитор","Периндоприл","Престариум А табл п/п/о 5mg №14","Бюджет","Да","уп",15,"194,3",2914.5]
["C09AA04","АПФ ингибитор","Периндоприл","Престариум А табл п/п/о 5mg №14","ОМС","Да","уп",256,"194,3",49740.8]
["C09AA04","АПФ ингибитор","Периндоприл","Престариум А табл п/п/о 5mg №14","ПЛАТ","Да","уп",37,"194,3",{"v":7189.1,"d":"7,189.10"}]
["С09АА09","АПФ ингибитор","Фозиноприл","Фозиноприл табл 10mg №28","ОМС","Нет","уп",15,"245,08",3676.2000000000003]
["С09ВА","гипотензивное средство комбинированное (диуретик+АПФ ингибитор)","Индапамид+Периндоприл","Индапамид/Периндоприл-Тева  табл п/п/о 1,25mg+5mg №30","ОМС","Нет","уп",90,"339,68",30571.2]
["С09ВА","гипотензивное средство комбинированное (диуретик+АПФ ингибитор)","Индапамид+Периндоприл","Индапамид/Периндоприл-Тева  табл п/п/о 1,25mg+5mg №30","ПЛАТ","Нет","уп",15,"339,68",{"v":5095.2,"d":"5,095.20"}]
["C09BA","гипотензивное средство комбинированное (диуретик+АПФ ингибитор)","Гидрохлоротиазид+Эналаприл","Эналаприл НЛ 20 табл 12,5mg+ 20mg №20","Бюджет","Нет","уп",5,"66,6",333]
["C09BA","гипотензивное средство комбинированное (диуретик+АПФ ингибитор)","Гидрохлоротиазид+Эналаприл","Эналаприл НЛ 20 табл 12,5mg+ 20mg №20","ОМС","Нет","уп",65,"66,6",4329]
["C09BA","гипотензивное средство комбинированное (диуретик+АПФ ингибитор)","Гидрохлоротиазид+Эналаприл","Эналаприл НЛ 20 табл 12,5mg+ 20mg №20","ПЛАТ","Нет","уп",1,"66,6",{"v":66.6,"d":"66.60"}]
["C09BA","гипотензивное средство комбинированное (диуретик+АПФ ингибитор)","Индапамид+Периндоприл","Нолипрел А форте табл п/п/о 1,25mg+5mg №30","ПЛАТ","Нет","уп",2,"821,73",{"v":1643.46,"d":"1,643.46"}]
["C09BB03","гипотензивное средство комбинированное (АПФ ингибитор+БМКК)","Амлодипин + Лизиноприл","Экламиз табл 5mg+10mg №30","ПЛАТ","Нет","уп",3,"696,95",{"v":2090.8500000000004,"d":"2,090.85"}]
["C09BB04","гипотензивное средство комбинированное (АПФ ингибитор+БМКК)","Периндоприла аргинин+Амлодипин","Престанс табл 10mg+5mg №30","Бюджет","Нет","уп",10,"1042,9",10429]
["C09BB04","гипотензивное средство комбинированное (АПФ ингибитор+БМКК)","Периндоприла аргинин+Амлодипин","Престанс табл 10mg+5mg №30","ОМС","Нет","уп",90,"1042,9",93861.00000000001]
["C09BB04","гипотензивное средство комбинированное (АПФ ингибитор+БМКК)","Периндоприла аргинин+Амлодипин","Престанс табл 10mg+5mg №30","ПЛАТ","Нет","уп",23,"1042,9",{"v":23986.7,"d":"23,986.70"}]
["C09BА03","гипотензивное средство комбинированное (диуретик+АПФ ингибитор)","Лизиноприл+ гидрохлортиазид","Ко-Диротон табл 10mg+12,5mg №30","ПЛАТ","Нет","уп",7,"609,12",{"v":4263.84,"d":"4,263.84"}]
["C09CA06","ангиотензина II рецепторов антагонист","Кандесартан","Ангиаканд табл 8mg №28","ОМС","Нет","уп",45,"205,4",9243]
["C09CA06","ангиотензина II рецепторов антагонист","Кандесартан","Кандесартан табл 16mg №20","ОМС","Нет","уп",10,"267,15",2671.5]
["C09CA06","ангиотензина II рецепторов антагонист","Кандесартан","Кандесартан табл 16mg №20","ПЛАТ","Нет","уп",3,"267,15",{"v":801.4499999999999,"d":"801.45"}]
["С09СА01","ангиотензина II рецепторов антагонист","Лозартан","Лозартан табл п/п/о 50mg №30","Бюджет","Да","уп",10,"275,61",2756.1000000000004]
["С09СА01","ангиотензина II рецепторов антагонист","Лозартан","Лозартан табл п/п/о 50mg №30","ОМС","Да","уп",492,"275,61",135600.12]
["С09СА01","ангиотензина II рецепторов антагонист","Лозартан","Лозартан табл п/п/о 50mg №30","ПЛАТ","Да","уп",30,"275,61",{"v":8268.300000000001,"d":"8,268.30"}]
["С09СА03","ангиотензина II рецепторов антагонист","Валсартан","Вальсакор табл п/п/о 80mg №30","ОМС","Нет","уп",23,"490,17",11273.91]
["С09СА03","ангиотензина II рецепторов антагонист","Валсартан","Вальсакор табл п/п/о 80mg №30","ПЛАТ","Нет","уп",14,"490,17",{"v":6862.38,"d":"6,862.38"}]
["C09CA07","ангиотензина II рецепторов антагонист","Телмисартан","Микардис табл 80mg №28","ПЛАТ","Нет","уп",6,"1244,4",{"v":7466.400000000001,"d":"7,466.40"}]
["С09СА07","ангиотензина II рецепторов антагонист","Телмисартан","Телмиста табл 80mg №28","ПЛАТ","Нет","уп",2,"600,98",{"v":1201.96,"d":"1,201.96"}]
["C09DA01","гипотензивное средство комбинированное (ангиотензина II рецепторов антагонист+диуретик)","Гидрохлоротиазид+Лозартан","Лозартан Н табл п/п/о 12,5mg+50mg №30","Бюджет","Нет","уп",10,"155,05",1550.5]
["C09DA01","гипотензивное средство комбинированное (ангиотензина II рецепторов антагонист+диуретик)","Гидрохлоротиазид+Лозартан","Лозартан Н табл п/п/о 12,5mg+50mg №30","ОМС","Нет","уп",105,"155,05",16280.250000000002]
["C09DA01","гипотензивное средство комбинированное (ангиотензина II рецепторов антагонист+диуретик)","Гидрохлоротиазид+Лозартан","Лозартан Н табл п/п/о 12,5mg+50mg №30","ПЛАТ","Нет","уп",1,"155,05",155.05]
["C09DB01","гипотензивное средство комбинированное (БМКК+ангиотензина II рецепторов антагонист)","Амлодипин+ Валсартан","Вамлосет табл п/п/о 5mg+ 80mg  №30","ОМС","Нет","уп",5,"626,12",3130.6]
["C09DB01","гипотензивное средство комбинированное (БМКК+ангиотензина II рецепторов антагонист)","Амлодипин+ Валсартан","Вамлосет табл п/п/о 5mg+ 80mg  №30","ПЛАТ","Нет","уп",6,"626,12",{"v":3756.7200000000003,"d":"3,756.72"}]
["C10Гиполипидемические препараты",{"$nulls":8},{"v":0,"d":"0.00"}]
["C10AA01","гиполипидемическое средство - ГМГ-КоА-редуктазы ингибитор","Симвастатин","Симвастатин табл п/п/о 20mg №30","ОМС","Да","уп",20,"227,87",4557.4]
["C10AA01","гиполипидемическое средство - ГМГ-КоА-редуктазы ингибитор","Симвастатин","Симвастатин табл п/п/о 20mg №30","ПЛАТ","Да","уп",20,"227,87",{"v":4557.4,"d":"4,557.40"}]
["C10AA01","гиполипидемическое средство - ГМГ-КоА-редуктазы ингибитор","Симвастатин","Симвастатин табл п/п/о 40mg №30","ОМС","Да","уп",3,"751,64",2254.92]
["C10AA05","гиполипидемическое средство - ГМГ-КоА-редуктазы ингибитор","Аторвастатин","Аторвастатин табл п/п/о 20mg №30","ОМС","Да","уп",415,"393,1",163136.5]
["C10AA05","гиполипидемическое средство - ГМГ-КоА-редуктазы ингибитор","Аторвастатин","Аторвастатин табл п/п/о 20mg №30","ПЛАТ","Да","уп",28,"393,1",{"v":11006.800000000001,"d":"11,006.80"}]
["C10AA05","гиполипидемическое средство - ГМГ-КоА-редуктазы ингибитор","Аторвастатин","Аторвастатин табл п/п/о 40mg №30","ОМС","Да","уп",341,"627,99",214144.59]
["С10АА05","гиполипидемическое средство - ГМГ-КоА-редуктазы ингибитор","Аторвастатин","Аторвастатин-К  табл п/п/о 20mg №30","Бюджет","Да","уп",30,"442,75",13282.5]
["С10АА05","гиполипидемическое средство - ГМГ-КоА-редуктазы ингибитор","Аторвастатин","Аторвастатин-К  табл п/п/о 20mg №30","ОМС","Да","уп",205,"442,75",90763.75]
["С10АА05","гиполипидемическое средство - ГМГ-КоА-редуктазы ингибитор","Аторвастатин","Аторвастатин-К  табл п/п/о 20mg №30","ПЛАТ","Да","уп",30,"442,75",{"v":13282.5,"d":"13,282.50"}]
["С10АА07","гиполипидемическое средство - ГМГ-КоА-редуктазы ингибитор","Розувастатин","Розувастатин табл п/п/о 20mg №30","ОМС","Нет","уп",25,"285,71",7142.749999999999]
["С10АА07","гиполипидемическое средство - ГМГ-КоА-редуктазы ингибитор","Розувастатин","Розувастатин табл п/п/о 20mg №30","ПЛАТ","Нет","уп",15,"285,71",{"v":4285.65,"d":"4,285.65"}]
[{"$nulls":9},{"$f":"SUBTOTAL(9,J432:J681)","v":{"v":471681.33,"d":"471,681.33"}}]
["D Дерматология "]
["D02Препараты со смягчающим и протекторным действием"]
["D02AC","дерматопротекторное средство","Вазелин","Вазелин мазь д/наружн прим 25g","Бюджет","Нет","уп",10,"10,34","415,1"]
["D02AC","дерматопротекторное средство","Вазелин","Вазелин мазь д/наружн прим 25g","ОМС","Нет","уп",409,"10,34","5631,71"]
["D02AC","дерматопротекторное средство","Вазелин","Вазелин мазь д/наружн прим 25g","ПЛАТ","Нет","уп",5,"10,34",{"$f":"H687*I687","v":{"v":51.7,"d":"51.70"}}]
["D04Препараты для лечения зуда (включая антигистаминные препараты и анестетики)",{"$nulls":8},{"$f":"H688*I688","v":{"v":0,"d":"0.00"}}]
["D04AB01","местноанестезирующее средство","Лидокаин","Лидокаин-Виал спрей для местного и наружного прим 10% 38g","Бюджет","Да","уп",24,"337,7",8104.799999999999]
["D04AB01","местноанестезирующее средство","Лидокаин","Лидокаин-Виал спрей для местного и наружного прим 10% 38g","ОМС","Да","уп",222,"337,7",74969.4]
["D04AB01","местноанестезирующее средство","Лидокаин","Лидокаин-Виал спрей для местного и наружного прим 10% 38g","ПЛАТ","Да","уп",30,"337,7",{"v":10131,"d":"10,131.00"}]
["D06Противомикробные препараты для лечения заболеваний кожи",{"$nulls":8},{"v":0,"d":"0.00"}]
["D06AX","антибиотик комбинированный (антибиотик полипептидный+антибиотик-аминогликозид)","Неомицин","Банеоцин мазь д/наружн прим 250ME/g+5000ME/g 20g","ОМС","Нет","уп",15,"425,13",6376.95]
["D06AX","антибиотик комбинированный (антибиотик полипептидный+антибиотик-аминогликозид)","Неомицин","Банеоцин мазь д/наружн прим 250ME/g+5000ME/g 20g","ПЛАТ","Нет","уп",3,"425,13",{"v":1275.3899999999999,"d":"1,275.39"}]
["D06AX","антибиотик комбинированный (антибиотик полипептидный+антибиотик-аминогликозид)","Неомицин","Банеоцин порошок для наруж примен(присыпка) 250ME/g+5000ME/g 10g","Бюджет","Нет","уп",1,"461,76",461.76]
["D06AX","антибиотик комбинированный (антибиотик полипептидный+антибиотик-аминогликозид)","Неомицин","Банеоцин порошок для наруж примен(присыпка) 250ME/g+5000ME/g 10g","ОМС","Нет","уп",42,"461,76",19393.92]
["D06AX","антибиотик комбинированный (антибиотик полипептидный+антибиотик-аминогликозид)","Неомицин","Банеоцин порошок для наруж примен(присыпка) 250ME/g+5000ME/g 10g","ПЛАТ","Нет","уп",15,"461,76",{"v":6926.4,"d":"6,926.40"}]
["D06C","противомикробное средство комбинированное","Диоксометилтетрагидропиримидин+сульфадиметоксин+тримекаин+хлормфеникол","Левосин мазь д/наружн прим 40g №1","Бюджет","Да","уп",5,"79,5",397.5]
["D06C","противомикробное средство комбинированное","Диоксометилтетрагидропиримидин+сульфадиметоксин+тримекаин+хлормфеникол","Левосин мазь д/наружн прим 40g №1","ОМС","Да","уп",439,"79,5",34900.5]
["D06C","противомикробное средство комбинированное","Диоксометилтетрагидропиримидин+сульфадиметоксин+тримекаин+хлормфеникол","Левосин мазь д/наружн прим 40g №1","ПЛАТ","Да","уп",68,"79,5",{"v":5406,"d":"5,406.00"}]
["D07Кортикостероиды для лечения заболеваний кожи для наружного применения",{"$nulls":8},{"v":0,"d":"0.00"}]
["D07AA02","глюкокортикостероид для местного применения","Гидрокортизон","Гидрокортизон мазь д/наружн прим 1% 15g ","ОМС","Да","уп",120,"46,2",5544]
["D07AA02","глюкокортикостероид для местного применения","Гидрокортизон","Гидрокортизон мазь д/наружн прим 1% 15g ","ПЛАТ","Да","уп",3,"46,2",{"v":138.60000000000002,"d":"138.60"}]
["D07AC14","глюкокортикостероид для местного применения","Метилпреднизолона ацепонат ","Комфодерм мазь д/наружн прим 0,1% 15g","ПЛАТ","Нет","уп",5,"280,96",{"v":1404.8,"d":"1,404.80"}]
["D07XB01","глюкокортикостероид для местного применения+кератолитическое средство","Салициловая кислота+Флуметазон","Лоринден  А мазь д/наружн прим 15g №1","Бюджет","Нет","уп",17,"489,74",8325.58]
["D07XB01","глюкокортикостероид для местного применения+кератолитическое средство","Салициловая кислота+Флуметазон","Лоринден  А мазь д/наружн прим 15g №1","ОМС","Нет","уп",90,"489,74",44076.6]
["D07XB01","глюкокортикостероид для местного применения+кератолитическое средство","Салициловая кислота+Флуметазон","Лоринден  А мазь д/наружн прим 15g №1","ПЛАТ","Нет","уп",55,"489,74",{"v":26935.7,"d":"26,935.70"}]
["D07XC01","глюкокортикостероид для местного применения+антибиотик-аминогликозид+противогрибковое средство","Бетаметазон+Гентамицин+Клотримазол","Акридерм ГК крем д/ наружн /пр 15g №1","ОМС","Нет","уп",2,"483,51",967.02]
["D07XC01","глюкокортикостероид для местного применения+антибиотик-аминогликозид+противогрибковое средство","Бетаметазон+Гентамицин+Клотримазол","Акридерм ГК крем д/ наружн /пр 15g №1","ПЛАТ","Нет","уп",10,"483,51",{"v":4835.1,"d":"4,835.10"}]
["D08Антисептики и дезинфицирующие препараты",{"$nulls":8},{"v":0,"d":"0.00"}]
["D08AC02","антисептическое средство","Хлоргексидин","Хлоргексидин-Ферейн р-р д/наруж/прим спирт 0,5% 1L","Бюджет","Да","бутылка",11,"158,5",1743.5]
["D08AC02","антисептическое средство","Хлоргексидин","Хлоргексидин-Ферейн р-р д/наруж/прим спирт 0,5% 1L","ОМС","Да","бутылка",3597,"158,5",570124.5]
["D08AC02","антисептическое средство","Хлоргексидин","Хлоргексидин-Ферейн р-р д/наруж/прим спирт 0,5% 1L","ПЛАТ","Да","бутылка",80,"158,5",{"v":12680,"d":"12,680.00"}]
["D08AC02","антисептическое средство","Хлоргексидин","Хлоргексидина биглюконат р-р для наружного применения 0,05% 100ml №1","ОМС","Да","уп",286,"12,26",3506.36]
["D08AC02","антисептическое средство","Хлоргексидин","Хлоргексидина биглюконат р-р для наружного применения 0,05% 100ml №1","ПЛАТ","Да","уп",27,"12,26",331.02]
["D08AD","антисептическое средство","Борная кислота","Борная кислота р-р для наружного применения (спиртовой) 3% 25ml №1","ОМС","Нет","уп",14,"8,88",124.32000000000001]
["D08AD","антисептическое средство","Борная кислота","Борная кислота р-р для наружного применения (спиртовой) 3% 25ml №1","ПЛАТ","Нет","уп",5,"8,88",{"v":44.400000000000006,"d":"44.40"}]
["D08AF01","противомикробное средство - нитрофуран","Нитрофурал","Фурацилин  р-р д/нар и местн прим 0,02% 200ml №28","ОМС","Нет","уп",30,"2320,03",69600.90000000001]
["D08AF01","противомикробное средство - нитрофуран","Нитрофурал","Фурацилин  р-р д/нар и местн прим 0,02% 200ml №28","ПЛАТ","Нет","уп",2,"2320,03",{"v":4640.06,"d":"4,640.06"}]
["D08AF01","противомикробное средство - нитрофуран","Нитрофурал","Фурацилин  раствор для местного и наружного применения 0,02% 400ml №1","ОМС","Нет","уп",8125,"166,5",1352812.5]
["D08AF01","противомикробное средство - нитрофуран","Нитрофурал","Фурацилин  раствор для местного и наружного применения 0,02% 400ml №1","ПЛАТ","Нет","уп",5,"166,5",{"v":832.5,"d":"832.50"}]
["D08AF01","противомикробное средство - нитрофуран","Нитрофурал","Фурацилин  раствор для местного и наружного применения 0,02% 400ml №15","ОМС","Нет","уп",49,"1999,33",97967.17]
["D08AG","антисептическое средство","Йод+Каля йодид+Глицерол","Люголя раствор с глицерином р-р д/нар и местн прим 50g №1","ОМС","Да","уп",21,"91,89",1929.69]
["D08AG","антисептическое средство","Йод+Каля йодид+Глицерол","Люголя раствор с глицерином раствор для местного применения 25g","ПЛАТ","Да","уп",3,"12,72",{"v":38.160000000000004,"d":"38.16"}]
["D08AG02","антисептическое средство","Повидон-йод","Бетадин мазь д/мест и наруж/пр 10% 20g","ОМС","Нет","уп",24,"314,15",7539.599999999999]
["D08AG02","антисептическое средство","Повидон-йод","Бетадин мазь д/мест и наруж/пр 10% 20g","ПЛАТ","Нет","уп",3,"314,15",{"v":942.4499999999999,"d":"942.45"}]
["D08AG02","антисептическое средство","Повидон-йод","Браунодин Б.Браун мазь д/наружн прим 10% 20g","ОМС","Нет","уп",10,"188,52",1885.2]
["D08AG02","антисептическое средство","Повидон-йод","Браунодин Б.Браун мазь д/наружн прим 10% 20g","ПЛАТ","Нет","уп",3,"188,52",{"v":565.5600000000001,"d":"565.56"}]
["D08AG02","антисептическое средство","Повидон-йод","Браунодин Б.Браун р-р д/нар и местн прим 7,5% 1000ml №10","Бюджет","Да","уп",2,"8307,75",16615.5]
["D08AG02","антисептическое средство","Повидон-йод","Браунодин Б.Браун р-р д/нар и местн прим 7,5% 1000ml №10","ОМС","Да","уп",114,"8307,75",947083.5]
["D08AG02","антисептическое средство","Повидон-йод","Браунодин Б.Браун р-р д/нар и местн прим 7,5% 1000ml №10","ПЛАТ","Да","уп",2,"8307,75",{"v":16615.5,"d":"16,615.50"}]
["D08AG02","антисептическое средство","Повидон-йод","Браунодин Б.Браун р-р д/нар и местн прим 7,5% 100ml","Бюджет","Да","уп",10,"233,26",2332.6]
["D08AG02","антисептическое средство","Повидон-йод","Браунодин Б.Браун р-р д/нар и местн прим 7,5% 100ml","ОМС","Да","уп",170,"233,26",39654.2]
["D08AG02","антисептическое средство","Повидон-йод","Браунодин Б.Браун р-р д/нар и местн прим 7,5% 100ml","ПЛАТ","Да","уп",23,"233,26",{"v":5364.98,"d":"5,364.98"}]
["D08AG02","антисептическое средство","Повидон-йод","Браунодин Б.Браун р-р д/нар и местн прим 7,5% 500ml №20","Бюджет","Да","уп",1,"14383,38",14383.38]
["D08AG02","антисептическое средство","Повидон-йод","Браунодин Б.Браун р-р д/нар и местн прим 7,5% 500ml №20","ОМС","Да","уп",6,"14383,38",86300.28]
["D08AG03","антисептическое средство","Йод + [Калия йодид + Этанол","Йод р-р для наружного применения (спиртовой) 5% 10ml №1","ОМС","Нет","фл",1231,"8,88",10931.28]
["D08AG03","антисептическое средство","Йод + [Калия йодид + Этанол","Йод р-р для наружного применения (спиртовой) 5% 10ml №1","ПЛАТ","Нет","фл",5,"8,88",{"v":44.400000000000006,"d":"44.40"}]
["D08AX","антисептическое средство","Бриллиантовый зеленый","Бриллиантовый зеленый р-р д/наруж/прим спирт 1% 10ml №1","ОМС","Нет","фл",1021,"7,77",7933.169999999999]
["D08AX","антисептическое средство","Бриллиантовый зеленый","Бриллиантовый зеленый р-р д/наруж/прим спирт 1% 10ml №1","ПЛАТ","Нет","фл",16,"7,77",124.32]
["D08AX","антисептическое средство","Деготь + Трибромфенолята висмута и висмута оксида комплекс","Линимент бальзамический (по Вишневскому)  линимент 30g №1","ОМС","Нет","уп",45,"29,97",1348.6499999999999]
["D08AX","противомикробное средство комбинированное","Бензокаин + Борная кислота + Облепихи масло + Хлорамфеникол","Олазоль аэрозоль д/нар прим 80g №1","ОМС","Нет","уп",28,"349,65",9790.199999999999]
["D08AX","противомикробное средство комбинированное","Бензокаин + Борная кислота + Облепихи масло + Хлорамфеникол","Олазоль аэрозоль д/нар прим 80g №1","ПЛАТ","Нет","уп",1,"349,65",349.65]
["D08AX01","антисептическое средство","Водорода пероксид","Перекись водорода р-р д/нар и местн прим 3% 100ml №1","Бюджет","Да","фл",10,"11,31",113.10000000000001]
["D08AX01","антисептическое средство","Водорода пероксид","Перекись водорода р-р д/нар и местн прим 3% 100ml №1","ОМС","Да","фл",3350,"11,31",37888.5]
["D08AX01","антисептическое средство","Водорода пероксид","Перекись водорода р-р д/нар и местн прим 3% 100ml №1","ПЛАТ","Да","фл",80,"11,31",{"v":904.8000000000001,"d":"904.80"}]
["D08AX08","антисептическое средство","Этанол","Этиловый спирт 70% р-р д/нар прим и пригот лек форм 100ml","Бюджет","Да","фл",2,"15,12",30.24]
["D08AX08","антисептическое средство","Этанол","Этиловый спирт 70% р-р д/нар прим и пригот лек форм 100ml","ОМС","Да","фл",10404,"15,12",157308.47999999998]
["D08AX08","антисептическое средство","Этанол","Этиловый спирт 70% р-р д/нар прим и пригот лек форм 100ml","ПЛАТ","Да","фл",20,"15,12",{"v":302.4,"d":"302.40"}]
["D08AX08","антисептическое средство","Этанол","Этиловый спирт 95% конц д/пр р-ра д/наруж/пр 100ml","ОМС","Да","фл",1818,"19,76",35923.68]
["D11Прочие препараты для лечения заболеваний кожи",{"$nulls":8},{"v":0,"d":"0.00"}]
["D11A","репарации тканей стимулятор растительного происхождения","Облепихи масло","Облепиховое масло масло для приема внутрь, местного и наружного применения 100ml","ПЛАТ","Нет","уп",20,"116,82",{"$f":"H752*I752","v":{"v":2336.3999999999996,"d":"2,336.40"}}]
["D11AX","репарации тканей стимулятор","~","Солкосерил гель д/наруж/пр 20g №1","ОМС","Нет","уп",13,"338,27",4397.51]
["D11AX","репарации тканей стимулятор","~","Солкосерил гель д/наруж/пр 20g №1","ПЛАТ","Нет","уп",3,"338,27",{"v":1014.81,"d":"1,014.81"}]
["D11AX","репарации тканей стимулятор","Диоксометилтетрагидропиримидин ","Метилурацил мазь д/мест и наруж/пр 10%-25g","ОМС","Нет","уп",58,"32,75","1899,5"]
[{"$nulls":9},{"$f":"SUBTOTAL(9,J687:J755)","v":{"v":104236.09999999998,"d":"104,236.10"}}]
["G Mочеполовая система и половые гормоны "]
["G02Прочие гинекологические препараты"]
["G02AD06","родовой деятельности стимулятор - простагландина E1 аналог синтетический","Мизопростол","Миролют табл 200mkg №4","ПЛАТ","Да","уп",5,"353,44",{"$f":"H759*I759","v":{"v":1767.2,"d":"1,767.20"}}]
["G03Половые гормоны и модуляторы половой системы",{"$nulls":8},{"$f":"H760*I760","v":{"v":0,"d":"0.00"}}]
["G03DA04","гестаген","Прогестерон","Прогестерон раствор для в/м вв 10mg/ml 1ml №10","ОМС","Нет","уп",100,"421,8",42180]
["G03DA04","гестаген","Прогестерон","Прогестерон раствор для в/м вв 25mg/ml 1ml №10","ОМС","Нет","уп",250,"774,78",193695]
["G03DB01","гестаген","Дидрогестерон","Дюфастон табл п/о 10mg №20","ПЛАТ","Да","уп",10,"544,45",{"v":5444.5,"d":"5,444.50"}]
["G03XB01","ангиопротекторное средство","Троксерутин ","Троксерутин  гель д/наруж/пр 2% 40g","ОМС","Нет","уп",10,"72,97",729.7]
["G03XB01","антигестаген","Мифепристон","Миропристон табл 200mg №3","ПЛАТ","Нет","уп",5,"2664,08",{"v":13320.4,"d":"13,320.40"}]
["G04Препараты для лечения урологических заболеваний",{"$nulls":8},{"v":0,"d":"0.00"}]
["G04AB","противомикробное средство - хиноксалин","Гидроксиметилхиноксалиндиоксид","Диоксидин раствор для в/полост.и наруж.применения 10mg/ml 10ml №10","ОМС","Нет","уп",75,"719,77",53982.75]
["G04AB","противомикробное средство - хиноксалин","Гидроксиметилхиноксалиндиоксид","Диоксидин раствор для в/полост.и наруж.применения 10mg/ml 10ml №10","ПЛАТ","Нет","уп",7,"719,77",{"v":5038.389999999999,"d":"5,038.39"}]
["G04CA02","альфа1-адреноблокатор","Тамсулозин","Тамсулозин-OBL капс с модиф/ высв 0,4 мг №30","ОМС","Да","уп",10,"603,49",6034.9]
["G04CA02","альфа1-адреноблокатор","Тамсулозин","Тамсулозин-OBL капс с модиф/ высв 0,4 мг №30","ПЛАТ","Да","уп",10,"603,49",{"v":6034.9,"d":"6,034.90"}]
[{"$nulls":9},{"$f":"SUBTOTAL(9,J759:J770)","v":{"v":31605.39,"d":"31,605.39"}}]
["H Гормоны для системного применения (исключая половые гормоны и инсулины) "]
["H01Гормоны гипоталамуса и гипофиза и их аналоги"]
["H01BB02","родовой деятельности стимулятор - препарат окситоцина","Окситоцин","Окситоцин р-р для в/м и в/в введ 5МЕ/ml 1ml №10","ОМС","Да","уп",200,"42,97",8594]
["Н01СВ02","соматостатина аналог синтетический","Октреотид","Октреотид Сан раствор для в/в и п/к  вв 100mkg/ml 1ml №1","Бюджет","Да","уп",20,"181,23","3624,6"]
["Н01СВ02","соматостатина аналог синтетический","Октреотид","Октреотид Сан раствор для в/в и п/к  вв 100mkg/ml 1ml №1","ОМС","Да","уп",337,"181,23","61074,51"]
["Н01СВ02","соматостатина аналог синтетический","Октреотид","Октреотид Сан раствор для в/в и п/к  вв 100mkg/ml 1ml №1","ПЛАТ","Да","уп",20,"181,23",{"$f":"H777*I777","v":{"v":3624.6,"d":"3,624.60"}}]
["H02Кортикостероиды для системного применения",{"$nulls":8},{"$f":"H778*I778","v":{"v":0,"d":"0.00"}}]
["H02AB01","глюкокортикостероид","Бетаметазон","Дипроспан суспензия для инъекций 2mg+5mg/ml 1ml №1","Бюджет","Да","уп",8,"319,66",2557.28]
["H02AB01","глюкокортикостероид","Бетаметазон","Дипроспан суспензия для инъекций 2mg+5mg/ml 1ml №1","ОМС","Да","уп",341,"319,66",109004.06000000001]
["H02AB01","глюкокортикостероид","Бетаметазон","Дипроспан суспензия для инъекций 2mg+5mg/ml 1ml №1","ПЛАТ","Да","уп",85,"319,66",{"v":27171.100000000002,"d":"27,171.10"}]
["Н02AB02","глюкокортикостероид","Дексаметазон","Дексаметазон-Ферейн раствор для инъекций 4mg/ml 2ml №25","ОМС","Да","уп",600,"350,25",210150]
["H02AB04","глюкокортикостероид","Метилпреднизолон","Метипред табл 4mg №30","ОМС","Да","уп.",23,"187,18",4305.14]
["H02AB04","глюкокортикостероид","Метилпреднизолон","Метипред табл 4mg №30","ПЛАТ","Да","уп.",10,"187,18",{"v":1871.8000000000002,"d":"1,871.80"}]
["H02AB04","глюкокортикостероид","Метилпреднизолон","Солу-Медрол лиоф-т д/приг р-ра для в/в и в/м вв 250mg №1","ОМС","Да","уп",85,"339,02",28816.699999999997]
["H02AB04","глюкокортикостероид","Метилпреднизолон","Солу-Медрол лиоф-т д/приг р-ра для в/в и в/м вв 250mg №1","ПЛАТ","Да","уп",20,"339,02",{"v":6780.4,"d":"6,780.40"}]
["H02AB06","глюкокортикостероид","Преднизолон","Преднизолон Эльфа  р-р для в/м и в/в введ 30mg/ml 1ml №3","Б.Опк","Да","уп",2,"27,57",55.14]
["H02AB06","глюкокортикостероид","Преднизолон","Преднизолон Эльфа  р-р для в/м и в/в введ 30mg/ml 1ml №3","ОМС","Да","уп",1271,"27,57",35041.47]
["H02AB06","глюкокортикостероид","Преднизолон","Преднизолон Эльфа  р-р для в/м и в/в введ 30mg/ml 1ml №3","ПЛАТ","Да","уп",13,"27,57",358.41]
["H02AB06","глюкокортикостероид","Преднизолон","Преднизолон раствор для в/в и в/м вв 30mg/ml 1ml №3","ПЛАТ","Да","уп.",10,"38,28",{"v":382.8,"d":"382.80"}]
["H02AB06","глюкокортикостероид","Преднизолон","Преднизолон табл 5mg №100","ОМС","Да","уп",467,"93,1",43477.7]
["H02AB06","глюкокортикостероид","Преднизолон","Преднизолон табл 5mg №100","ПЛАТ","Да","уп",18,"93,1",{"v":1675.8,"d":"1,675.80"}]
["H02AB08","глюкокортикостероид","Триамцинолон","Кеналог 40 суспензия для инъекций 40mg/ml 1ml №5","Бюджет","Нет","уп",20,"674,22",13484.400000000001]
["H02AB08","глюкокортикостероид","Триамцинолон","Кеналог 40 суспензия для инъекций 40mg/ml 1ml №5","ОМС","Нет","уп",126,"674,22",84951.72]
["H02AB08","глюкокортикостероид","Триамцинолон","Кеналог 40 суспензия для инъекций 40mg/ml 1ml №5","ПЛАТ","Нет","уп",47,"674,22",{"v":31688.34,"d":"31,688.34"}]
["H02AB09","глюкокортикостероид","Гидрокортизон+Лидокаин","Гидрокортизон-Рихтер суспензия для в/суст и околосуст вв 25mg+5mg/ml 5ml","ОМС","Да","уп",30,"246,77",7403.1]
["H03Препараты для лечения заболеваний щитовидной железы",{"$nulls":8},{"v":0,"d":"0.00"}]
["H03AA01","тиреоидное средство","Левотироксин натрия","L-Тироксин  табл 100mkg №100","ПЛАТ","Да","уп",1,"136,3",{"v":136.3,"d":"136.30"}]
["Н03АА01","тиреоидное средство","Левотироксин натрия","L-Тироксин 100 Берлин-Хеми табл 100mkg №100","ОМС","Да","уп",11,"136,3",1499.3000000000002]
["H03BB02","антитиреоидное средство","Тиамазол ","Тирозол табл п/п/о 5mg №50","ОМС","Да","уп",10,"159,23",1592.3]
["H03BB02","антитиреоидное средство","Тиамазол ","Тирозол табл п/п/о 5mg №50","ПЛАТ","Да","уп",2,"159,23",318.46]
[{"$nulls":9},{"$f":"SUBTOTAL(9,J777:J801)","v":{"v":74008.01000000002,"d":"74,008.01"}}]
["J Противомикробные препараты для системного применения "]
["J01Противомикробные препараты для системного применения"]
["J01AA02","антибиотик-тетрациклин","Доксициклин","Доксициклин капс 100mg №10","ОМС","Да","уп",100,"25,91",2591]
["J01AA02","антибиотик-тетрациклин","Доксициклин","Доксициклин-Ферейн лиоф-т д/пригот р-ра д/инф 100mg №50","ОМС","Да","уп",2,"4062,96","8125,92"]
["J01CA04","антибиотик-пенициллин полусинтетический","Амоксициллин","Флемоксин Солютаб табл дисперг 500mg №20","ОМС","Да","уп",48,"341,67","16400,16"]
["J01CA04","антибиотик-пенициллин полусинтетический","Амоксициллин","Флемоксин Солютаб табл дисперг 500mg №20","ПЛАТ","Да","уп",14,"341,67",{"$f":"H808*I808","v":{"v":4783.38,"d":"4,783.38"}}]
["J01CR02","антибиотик-пенициллин полусинтетический+бета-лактамаз ингибитор","Амоксициллин+ клавулановая кислота","Кламосар порошок д/приг-я р-ра для в/в введ 1000mg+200mg №5","Бюджет","Да","уп",471,"392,42",{"$f":"H809*I809","v":184829.82}]
["J01CR02","антибиотик-пенициллин полусинтетический+бета-лактамаз ингибитор","Амоксициллин+ клавулановая кислота","Кламосар порошок д/приг-я р-ра для в/в введ 1000mg+200mg №5","ОМС","Да","уп",4238,"392,42",1663075.96]
["J01CR02","антибиотик-пенициллин полусинтетический+бета-лактамаз ингибитор","Амоксициллин+ клавулановая кислота","Кламосар порошок д/приг-я р-ра для в/в введ 1000mg+200mg №5","ПЛАТ","Да","уп",385,"392,42",{"v":151081.7,"d":"151,081.70"}]
["J01CR02","антибиотик-пенициллин полусинтетический+бета-лактамаз ингибитор","Амоксициллин+Клавулановая кислота","Экоклав табл п/п/о 875mg +125mg №14","Бюджет","Да","уп",3,"484,2",1452.6]
["J01CR02","антибиотик-пенициллин полусинтетический+бета-лактамаз ингибитор","Амоксициллин+Клавулановая кислота","Экоклав табл п/п/о 875mg +125mg №14","ОМС","Да","уп",547,"484,2",264857.39999999997]
["J01CR02","антибиотик-пенициллин полусинтетический+бета-лактамаз ингибитор","Амоксициллин+Клавулановая кислота","Экоклав табл п/п/о 875mg +125mg №14","ПЛАТ","Да","уп",37,"484,2",{"v":17915.399999999998,"d":"17,915.40"}]
["J01CR50","антибиотик комбинированный (пенициллины полусинтетические)","Ампициллин+Оксациллин","Оксамп-натрий порошок д/приг-я р-ра для в/в , в/м введ 333,5mg + 166,5mg №50","ОМС","Нет","уп",11,914,10054]
["J01DB04","антибиотик-цефалоспорин","Цефазолин","Цефазолин-АКОС порошок д/приг-я р-ра для в/в , в/м введ №50 1.0g","Бюджет","Да","уп",79,"824,66",65148.14]
["J01DB04","антибиотик-цефалоспорин","Цефазолин","Цефазолин-АКОС порошок д/приг-я р-ра для в/в , в/м введ №50 1.0g","ОМС","Да","уп",1138,"824,66",938463.08]
["J01DB04","антибиотик-цефалоспорин","Цефазолин","Цефазолин-АКОС порошок д/приг-я р-ра для в/в , в/м введ №50 1.0g","ПЛАТ","Да","уп",78,"824,66",{"v":64323.479999999996,"d":"64,323.48"}]
["J01DC02","антибиотик-цефалоспорин","Цефтазидим","Цефтазидим-АКОС порошок д/приг-я р-ра для в/в , в/м введ 1,0g","ОМС","Да","уп",2000,"83,38",166760]
["J01DC02","антибиотик-цефалоспорин","Цефтазидим","Цефтазидим-АКОС порошок д/приг-я р-ра для в/в , в/м введ 1,0g","ПЛАТ","Да","уп",130,"83,38",{"v":10839.4,"d":"10,839.40"}]
["J01DC02","антибиотик-цефалоспорин","Цефтазидим","Цефтазидим-АКОС порошок д/приг-я р-ра для в/в , в/м введ 2 g","ОМС","Да","уп",1700,"155,33",264061]
["J01DD","антибиотик-цефалоспорин","Цефоперазон","Операз  порошок д/приг-я р-ра для в/в , в/м введ 1,0g","ОМС","Нет","уп",960,"36,63",35164.8]
["J01DD01","антибиотик-цефалоспорин","Цефотаксим","Цефотаксим порошок д/приг-я р-ра для в/в , в/м введ 1g №50","Бюджет","Да",null,50,"1173,41",58670.50000000001]
["J01DD01","антибиотик-цефалоспорин","Цефотаксим","Цефотаксим порошок д/приг-я р-ра для в/в , в/м введ 1g №50","ОМС","Да",null,261,"1173,41",306260.01]
["J01DD01","антибиотик-цефалоспорин","Цефотаксим","Цефотаксим порошок д/приг-я р-ра для в/в , в/м введ 1g №50","ПЛАТ","Да",null,14,"1173,41",{"v":16427.74,"d":"16,427.74"}]
["J01DD04","антибиотик-цефалоспорин","Цефтриаксон","Цефтриаксон порошок д/приг-я р-ра для в/в , в/м введ 1g №50","Бюджет","Да","уп",148,"1024,25",151589]
["J01DD04","антибиотик-цефалоспорин","Цефтриаксон","Цефтриаксон порошок д/приг-я р-ра для в/в , в/м введ 1g №50","ОМС","Да","уп",882,"1024,25",903388.5]
["J01DD04","антибиотик-цефалоспорин","Цефтриаксон","Цефтриаксон порошок д/приг-я р-ра для в/в , в/м введ 1g №50","ПЛАТ","Да","уп",24,"1024,25",{"v":24582,"d":"24,582.00"}]
["J01DD51","антибиотик-цефалоспорин+бета-лактамаз ингибитор","Цефотаксим+[Сульбактам]","Кларуктам порошок д/приг-я р-ра для в/в , в/м введ 1000mg+500mg №1","ОМС","Нет","уп",300,"329,67",98901]
["J01DD62","антибиотик-цефалоспорин+бета-лактамаз ингибитор","Цефоперазон+[Сульбактам]","Цефоперазон и Сульбактам Джодас  1g+1g №1","ОМС","Да","уп",650,"228,29",148388.5]
["J01DE","антибиотик-цефалоспорин+бета-лактамаз ингибитор","Цефепим + [Сульбактам]","Максиктам-АФ порошок д/приг-я р-ра для в/в , в/м введ 1g+1g №1","ОМС","Нет",null,300,"987,9",296370]
["J01DE01","антибиотик-цефалоспорин","Цефепим","Цефепим порошок д/приг р-ра для в/м введ 1,0g","ОМС","Да","уп",663,"249,74",165577.62]
["J01DE01","антибиотик-цефалоспорин","Цефепим","Цефепим порошок д/приг р-ра для в/м введ 1,0g","ПЛАТ","Да","уп",30,"249,74",{"v":7492.200000000001,"d":"7,492.20"}]
["J01DH02","антибиотик-карбапенем","Меропенем","Мепенем порошок д/приг-я р-ра для в/в введ 1,0g","Бюджет","Да","фл",20,"1630,2",32604]
["J01DH02","антибиотик-карбапенем","Меропенем","Мепенем порошок д/приг-я р-ра для в/в введ 1,0g","ОМС","Да","фл",871,"1630,2",1419904.2]
["J01DH02","антибиотик-карбапенем","Меропенем","Мепенем порошок д/приг-я р-ра для в/в введ 1,0g","ПЛАТ","Да","фл",165,"1630,2",{"v":268983,"d":"268,983.00"}]
["J01DH02","антибиотик-карбапенем","Меропенем","Меропенем порошок д/приг-я р-ра для в/в введ 1g №1","Бюджет","Да","уп",74,"1780,68",131770.32]
["J01DH02","антибиотик-карбапенем","Меропенем","Меропенем порошок д/приг-я р-ра для в/в введ 1g №1","ОМС","Да","уп",1280,"1780,68",2279270.4]
["J01DH02","антибиотик-карбапенем","Меропенем","Меропенем порошок д/приг-я р-ра для в/в введ 1g №1","ПЛАТ","Да","уп",100,"1780,68",{"v":178068,"d":"178,068.00"}]
["J01DH51","антибиотик-карбапенем+почечной дегидропептидазы блокатор","Имипенем + Циластатин","Имипенем и Циластатин Джодас порошок д/приг р-ра д/инфузий 500mg+500mg №1","ОМС","Да","уп",705,"618,8",436253.99999999994]
["J01DH51","антибиотик-карбапенем+почечной дегидропептидазы блокатор","Имипенем + Циластатин","Имипенем и Циластатин Джодас порошок д/приг р-ра д/инфузий 500mg+500mg №1","ПЛАТ","Да","уп",116,"618,8",{"v":71780.79999999999,"d":"71,780.80"}]
["J01EE01","противомикробное средство комбинированное","Ко-тримоксазол","Бисептол 480 конц-т д/приг раствора для инфузий 96mg/ml 5ml №10","ОМС","Да","уп",96,"410,92",39448.32]
["J01EE01","противомикробное средство комбинированное","Ко-тримоксазол","Бисептол 480 конц-т д/приг раствора для инфузий 96mg/ml 5ml №10","ПЛАТ","Да","уп",3,"410,92",{"v":1232.76,"d":"1,232.76"}]
["J01EE01","противомикробное средство комбинированное","Ко-тримоксазол","Ко-тримоксазол табл 480mg №10","ПЛАТ","Да","уп",2,"20,21",40.42]
["J01FA09","антибиотик-аминогликозид","Кларитромицин","Клабакс ОД табл пролонг п/п/о 500mg №14","ОМС","Да","уп",15,"516,91",7753.65]
["J01FA09","антибиотик-аминогликозид","Кларитромицин","Клабакс ОД табл пролонг п/п/о 500mg №14","ПЛАТ","Да","уп",1,"516,91",516.91]
["J01FA09","антибиотик-аминогликозид","Кларитромицин","Кларитромицин табл пролонг п/п/о 500mg №7","Бюджет","Да","уп",2,"361,71",723.42]
["J01FA09","антибиотик-аминогликозид","Кларитромицин","Кларитромицин табл пролонг п/п/о 500mg №7","ОМС","Да","уп",17,"361,71",6149.07]
["J01FA10","антибиотик-азалид","Азитромицин","Азитромицин  Экомед табл п/п/о 500mg №3","ОМС","Да","уп",82,"258,8",21221.600000000002]
["J01FA10","антибиотик-азалид","Азитромицин","Азитромицин  Экомед табл п/п/о 500mg №3","ПЛАТ","Да","уп",17,"258,8",{"v":4399.6,"d":"4,399.60"}]
["J01FF02","антибиотик-линкозамид","Линкомицин","Линкомицин раствор для в/в и в/м вв 300mg/ml 1ml №10","ОМС","Нет","уп",270,"156,67",42300.899999999994]
["J01FF02","антибиотик-линкозамид","Линкомицин","Линкомицин раствор для в/в и в/м вв 300mg/ml 1ml №10","ПЛАТ","Нет","уп",85,"156,67",{"v":13316.949999999999,"d":"13,316.95"}]
["J01GB01","антибиотик-аминогликозид","Тобрамицин","Тобропт капли глазные 0,3% 5ml","ОМС","Да","уп",500,"120,12",60060]
["J01GB01","антибиотик-аминогликозид","Тобрамицин","Тобропт капли глазные 0,3% 5ml","ПЛАТ","Да","уп",10,"120,12",{"v":1201.2,"d":"1,201.20"}]
["J01GB03","антибиотик-аминогликозид","Гентамицин","Гентамицин раствор для в/в и в/м вв 40mg/ml 2ml №10","Бюджет","Да","уп",50,"32,19",1609.5]
["J01GB03","антибиотик-аминогликозид","Гентамицин","Гентамицин раствор для в/в и в/м вв 40mg/ml 2ml №10","ОМС","Да","уп",2190,"32,19",70496.09999999999]
["J01GB03","антибиотик-аминогликозид","Гентамицин","Гентамицин раствор для в/в и в/м вв 40mg/ml 2ml №10","ПЛАТ","Да","уп",35,"32,19",{"v":1126.6499999999999,"d":"1,126.65"}]
["J01GB06","антибиотик-аминогликозид","Амикацин","Амикацин порошок д/приг-я р-ра для в/в , в/м введ 500mg №50","Бюджет","Да","уп",6,"1975,41",11852.460000000001]
["J01GB06","антибиотик-аминогликозид","Амикацин","Амикацин порошок д/приг-я р-ра для в/в , в/м введ 500mg №50","ОМС","Да","уп","239,2","1975,41",{"v":472518.072,"d":"472,518"}]
["J01GB06","антибиотик-аминогликозид","Амикацин","Амикацин порошок д/приг-я р-ра для в/в , в/м введ 500mg №50","ПЛАТ","Да","уп",3,"1975,41",{"v":5926.2300000000005,"d":"5,926.23"}]
["J01MA01","противомикробное средство - фторхинолон","Офлоксацин","Офлоксацин раствор для инфузий 2mg/ml 100ml №1","ОМС","Да","уп",100,"52,39",5239]
["J01MA02","противомикробное средство - фторхинолон","Ципрофлоксацин","Ципрофлоксацин раствор для инфузий 2mg/ml 100ml №1","Бюджет","Да","уп",1130,"32,42",36634.6]
["J01MA02","противомикробное средство - фторхинолон","Ципрофлоксацин","Ципрофлоксацин раствор для инфузий 2mg/ml 100ml №1","ОМС","Да","уп",16038,"32,42",519951.96]
["J01MA02","противомикробное средство - фторхинолон","Ципрофлоксацин","Ципрофлоксацин раствор для инфузий 2mg/ml 100ml №1","ПЛАТ","Да","уп",435,"32,42",{"v":14102.7,"d":"14,102.70"}]
["J01MA02","противомикробное средство - фторхинолон","Ципрофлоксацин","Ципрофлоксацин табл 500mg №10","Бюджет","Да","уп",17,"37,86",643.62]
["J01MA02","противомикробное средство - фторхинолон","Ципрофлоксацин","Ципрофлоксацин табл 500mg №10","ОМС","Да","уп",892,"37,86",33771.12]
["J01MA02","противомикробное средство - фторхинолон","Ципрофлоксацин","Ципрофлоксацин табл 500mg №10","ПЛАТ","Да","уп",35,"37,86",{"v":1325.1,"d":"1,325.10"}]
["J01MA03","противомикробное средство - фторхинолон","Пефлоксацин","Пефлоксацин-АКОС конц-т д/приг раствора для инфузий 400mg/5ml 5ml №10","ОМС","Нет","уп",230,"124,37",28605.100000000002]
["J01MA03","противомикробное средство - фторхинолон","Пефлоксацин","Пефлоксацин-АКОС конц-т д/приг раствора для инфузий 400mg/5ml 5ml №10","ПЛАТ","Нет","уп",55,"124,37",{"v":6840.35,"d":"6,840.35"}]
["J01MA03","противомикробное средство - фторхинолон","Пефлоксацин","Пефлоксацин-АКОС табл п/п/о 400mg №10","ОМС","Нет","уп",5,"88,83",444.15]
["J01MA03","противомикробное средство - фторхинолон","Пефлоксацин","Пефлоксацин-АКОС табл п/п/о 400mg №10","ПЛАТ","Нет","уп",5,"88,83",444.15]
["J01MA06","противомикробное средство - фторхинолон","Норфлоксацин","Нолицин табл 400mg №10","ОМС","Нет","уп",42,"157,28",6605.76]
["J01MA06","противомикробное средство - фторхинолон","Норфлоксацин","Нолицин табл 400mg №10","ПЛАТ","Нет","уп",43,"157,28",{"$f":"H873*I873","v":{"v":6763.04,"d":"6,763.04"}}]
["J01MA12","противомикробное средство - фторхинолон","Левофлоксацин","Лефлобакт раствор для инфузий 5mg/ml 100ml","Бюджет","Да","уп",12,"442,75",5313]
["J01MA12","противомикробное средство - фторхинолон","Левофлоксацин","Лефлобакт раствор для инфузий 5mg/ml 100ml","ОМС","Да","уп",837,"442,75",370581.75]
["J01MA12","противомикробное средство - фторхинолон","Левофлоксацин","Лефлобакт раствор для инфузий 5mg/ml 100ml","ПЛАТ","Да","уп",255,"442,75",{"v":112901.25,"d":"112,901.25"}]
["J01MA12","противомикробное средство - фторхинолон","Левофлоксацин","Лефлобакт табл п/п/о 500mg №10","Бюджет","Да","уп",5,"409,86",2049.3]
["J01MA12","противомикробное средство - фторхинолон","Левофлоксацин","Лефлобакт табл п/п/о 500mg №10","ОМС","Да","уп",258,"409,86",105743.88]
["J01MA12","противомикробное средство - фторхинолон","Левофлоксацин","Лефлобакт табл п/п/о 500mg №10","ПЛАТ","Да","уп",22,"409,86",{"v":9016.92,"d":"9,016.92"}]
["J01MB04","противомикробное средство - хинолон","Пипеминовая кислота","Палин капс 200mg №20","ОМС","Нет","уп",17,"278,27",4730.59]
["J01MB04","противомикробное средство - хинолон","Пипеминовая кислота","Палин капс 200mg №20","ПЛАТ","Нет","уп",23,"278,27",{"v":6400.209999999999,"d":"6,400.21"}]
["J01XA01","антибиотик-гликопептид","Ванкомицин","Ванкомицин Эльфа порошок д/приг р-ра д/инфузий 1000mg №1","ОМС","Да","уп",1150,"324,47",373140.50000000006]
["J01XA01","антибиотик-гликопептид","Ванкомицин","Ванкомицин Эльфа порошок д/приг р-ра д/инфузий 1000mg №1","ПЛАТ","Да","уп",70,"324,47",{"v":22712.9,"d":"22,712.90"}]
["J01XA01","антибиотик-гликопептид","Ванкомицин","Ванкорус лиоф-т д/пригот р-ра д/инф 1,0g","ОМС","Да","уп",310,"431,92",133895.2]
["J01XA01","антибиотик-гликопептид","Ванкомицин","Ванкорус лиоф-т д/пригот р-ра д/инф 1,0g","ПЛАТ","Да","уп",14,"431,92",{"v":6046.88,"d":"6,046.88"}]
["J01XD01","противомикробное и противопротозойное средство","Метронидазол","Метронидазол раствор для инфузий 5mg/ml  100ml","Бюджет","Да","уп",820,"35,23",28888.6]
["J01XD01","противомикробное и противопротозойное средство","Метронидазол","Метронидазол раствор для инфузий 5mg/ml  100ml","ОМС","Да","уп",11693,"35,23",411944.38999999996]
["J01XD01","противомикробное и противопротозойное средство","Метронидазол","Метронидазол раствор для инфузий 5mg/ml  100ml","ПЛАТ","Да","уп",350,"35,23",{"v":12330.499999999998,"d":"12,330.50"}]
["J01XD01","противомикробное и противопротозойное средство","Метронидазол","Метронидазол табл 250mg №20","Бюджет","Да","уп",2,"15,09",30.18]
["J01XD01","противомикробное и противопротозойное средство","Метронидазол","Метронидазол табл 250mg №20","ОМС","Да","уп",388,"15,09",5854.92]
["J01XD01","противомикробное и противопротозойное средство","Метронидазол","Метронидазол табл 250mg №20","ПЛАТ","Да","уп",88,"15,09",{"v":1327.92,"d":"1,327.92"}]
["J01XE01","противомикробное средство - нитрофуран","Нитрофурантоин","Фурадонин Авексима табл 50mg №20","ОМС","Нет","уп",15,100,1500]
["J01XX01","антибиотик","Фосфомицин","Экофомурал гранулы д/приг р-ра д/вн прим 3g","ПЛАТ","Нет","уп",3,"319,41",958.23]
["J01XX08","антиагрегантное средство","Эптифибатид","Коромакс раствор для в/в  вв 0,75mg/ml 100ml №1","ОМС","Нет","уп",35,"10875,78",380652.30000000005]
["J01XX08","антиагрегантное средство","Эптифибатид","Коромакс раствор для в/в  вв 2mg/ml 10ml №1","ОМС","Нет","уп",35,"2794,98",97824.3]
["J01XX08","антибиотик-оксазолидинон","Линезолид","Зивокс раствор для инфузий 2mg/ml 300ml №10","ОМС","Да","уп",8,"8364,18",66913.44]
["J02Противогрибковые препараты для системного применения",{"$nulls":8},{"v":0,"d":"0.00"}]
["J02AC01","противогрибковое средство","Флуконазол","Микосист капсулы 100mg №28","Бюджет","Да","уп",2,"2240,1",4480.2]
["J02AC01","противогрибковое средство","Флуконазол","Микосист капсулы 100mg №28","ОМС","Да","уп",19,"2240,1",42561.9]
["J02AC01","противогрибковое средство","Флуконазол","Микосист капсулы 100mg №28","ПЛАТ","Да","уп",4,"2240,1",{"v":8960.4,"d":"8,960.40"}]
["J02AC01","противогрибковое средство","Флуконазол","Флуконазол капс 150mg №2","ОМС","Да","уп",522,"44,74",23354.280000000002]
["J02AC01","противогрибковое средство","Флуконазол","Флуконазол капс 150mg №2","ПЛАТ","Да","уп",25,"44,74",{"v":1118.5,"d":"1,118.50"}]
["J02AC01","противогрибковое средство","Флуконазол","Флуконазол капсулы 50mg №7","ОМС","Да","уп",36,"92,58",3332.88]
["J02AC01","противогрибковое средство","Флуконазол","Флукорус раствор для инфузий 2mg/ml 100ml","ОМС","Да","уп",116,"316,25",36685]
["J05Противовирусные препараты для системного применения",{"$nulls":8},{"v":0,"d":"0.00"}]
["J05AB01","противовирусное средство","Ацикловир","Ацикловир  лиоф-т д/пригот р-ра д/инф 0,5g №1","ОМС","Да","уп",12,"323,03",3876.3599999999997]
["J05AB01","противовирусное средство","Ацикловир","Ацикловир  табл 200mg №20","ОМС","Да","уп",26,"30,41",790.66]
["J05AB01","противовирусное средство","Ацикловир","Ацикловир  табл 200mg №20","ПЛАТ","Да","уп",58,"30,41",{"v":1763.78,"d":"1,763.78"}]
["J05AH02","противовирусное средство","Осельтамивир","Тамифлю капс 75mg №10","Бюджет","Да","уп",4,"1248,24",4992.96]
["J05AH02","противовирусное средство","Осельтамивир","Тамифлю капс 75mg №10","ОМС","Да","уп",56,"1248,24",69901.44]
["J05AH02","противовирусное средство","Осельтамивир","Тамифлю капс 75mg №10","ПЛАТ","Да","уп",25,"1248,24",{"v":31206,"d":"31,206.00"}]
["J05AX","противовирусное иммуностимулирующее средство - индуктор образования интерферонов","Тилорон","Лавомакс табл п/о 125mg №6","ПЛАТ","Да","уп",3,"548,92",{"v":1646.7599999999998,"d":"1,646.76"}]
["J05AX","противовирусное средство","Имидазолилэтанамид пентандиовой кислоты","Ингавирин капс 90mg №7","Бюджет","Да","уп",2,"540,82",1081.64]
["J05AX","противовирусное средство","Имидазолилэтанамид пентандиовой кислоты","Ингавирин капс 90mg №7","ОМС","Да","уп",35,"540,82",18928.7]
["J05AX","противовирусное средство","Имидазолилэтанамид пентандиовой кислоты","Ингавирин капс 90mg №7","ПЛАТ","Да","уп",5,"540,82",{"v":2704.1000000000004,"d":"2,704.10"}]
["J05AX","противовирусное средство","Кагоцел","Кагоцел табл 12mg №10","ОМС","Да","уп",120,"269,31",32317.2]
["J05AX","противовирусное средство","Кагоцел","Кагоцел табл 12mg №10","ПЛАТ","Да","уп",16,"269,31",{"v":4308.96,"d":"4,308.96"}]
["J05AX","противовирусное средство","Умифеновир","Арбидол капсулы 100mg №10","Бюджет","Да","уп",3,"242,73",728.1899999999999]
["J05AX","противовирусное средство","Умифеновир","Арбидол капсулы 100mg №10","ОМС","Да","уп",61,"242,73",14806.529999999999]
["J05AX","противовирусное средство","Умифеновир","Арбидол капсулы 100mg №10","ПЛАТ","Да","уп",5,"242,73",{"v":1213.6499999999999,"d":"1,213.65"}]
["J06Иммунные сыворотки и иммуноглобулины"]
["J06AA03","МИБП - сыворотка","Антитоксин яда гадюки обыкновенной","Сыворотка против яда гадюки обыкновенной лошадиная очищенная концентрированная жидкая раствор для инъекций 150 АЕ/доза 1 доз №1","ОМС","Да","уп",3,"478,8","1381,14"]
["J07Вакцины"]
["J07AM01","МИБП - анатоксин","Анатоксин столбнячный","Анатоксин столбнячный очищенный адсорбированный жидкий  (АС-анатоксин) суспензия для п/к вв 0,5ml/dosis 1ml (2dosis) №10","ОМС","Да","уп",20,"106,55",2131]
[{"$nulls":9},{"$f":"SUBTOTAL(9,J808:J920)","v":{"v":1098130.12,"d":"1,098,130.12"}}]
["L Противоопухолевые препараты и иммуномодуляторы "]
["L04Иммунодепрессанты"]
["L04AX01","иммунодепрессивное средство","Азатиоприн","Азатиоприн табл 50mg №50","ОМС","Да","уп",53,"236,77","12548,81"]
["L04AX01","иммунодепрессивное средство","Азатиоприн","Азатиоприн табл 50mg №50","ПЛАТ","Да","уп",12,"236,77",{"$f":"H929*I929","v":{"v":2841.2400000000002,"d":"2,841.24"}}]
[{"$nulls":9},{"$f":"SUBTOTAL(9,J929)","v":{"v":2841.2400000000002,"d":"2,841.24"}}]
["M Костно-мышечная система "]
["M01Противовоспалительные и противоревматические препараты"]
["M01AB05","НПВП","Диклофенак","Диклофенак ретард табл. пролог п/к/р/о 100mg №20","ОМС","Да","уп",313,"32,57","10194,41"]
["M01AB05","НПВП","Диклофенак","Диклофенак ретард табл. пролог п/к/р/о 100mg №20","ПЛАТ","Да","уп",14,"32,57",{"$f":"H934*I934","v":455.98}]
["M01AB05","НПВП","Диклофенак","Диклофенак табл п/к/р/о 50mg №20","ОМС","Да","уп",50,"13,63",{"$f":"H935*I935","v":681.5}]
["M01AB05","НПВП","Диклофенак","Диклофенак-АКОС раствор для в/м вв 25mg/ml 3 ml №5","Бюджет","Да","уп",690,"20,82",14365.800000000001]
["M01AB05","НПВП","Диклофенак","Диклофенак-АКОС раствор для в/м вв 25mg/ml 3 ml №5","ОМС","Да","уп",4913,"20,82",102288.66]
["M01AB05","НПВП","Диклофенак","Диклофенак-АКОС раствор для в/м вв 25mg/ml 3 ml №5","ПЛАТ","Да","уп",201,"20,82",{"v":4184.82,"d":"4,184.82"}]
["M01AB05","НПВП","Диклофенак","Диклофенак-ФПО  табл п/к/р/о 50mg №20","ОМС","Да","уп",65,"72,06",4683.900000000001]
["M01AB15","НПВП","Кеторолак","Кеторолак раствор для в/в и в/м вв 30mg/ml 1ml №10","ОМС","Да","уп.",1065,"83,68",89119.20000000001]
["M01AB15","НПВП","Кеторолак","Кеторолак раствор для в/в и в/м вв 30mg/ml 1ml №10","ПЛАТ","Да","уп.",161,"83,68",{"v":13472.480000000001,"d":"13,472.48"}]
["M01AB15","НПВП","Кеторолак","Кеторолак табл п/о 10mg №20","Бюджет","Да","уп.",7,"49,63",347.41]
["M01AB15","НПВП","Кеторолак","Кеторолак табл п/о 10mg №20","ОМС","Да","уп.",283,"49,63",14045.29]
["M01AB15","НПВП","Кеторолак","Кеторолак табл п/о 10mg №20","ПЛАТ","Да","уп.",26,"49,63",{"v":1290.38,"d":"1,290.38"}]
["M01AC05","НПВП","Лорноксикам","Ксефокам лиоф-т д/приг р-ра для в/в и в/м вв 8mg №5","ОМС","Да","уп",3,"699,1",2097.3]
["M01AC05","НПВП","Лорноксикам","Ксефокам лиоф-т д/приг р-ра для в/в и в/м вв 8mg №5","ПЛАТ","Да","уп",2,"699,1",{"v":1398.2,"d":"1,398.20"}]
["M01AC05","НПВП","Лорноксикам","Ксефокам табл п/п/о 4mg №10","ОМС","Да","уп",5,"114,98",574.9]
["M01AC06","НПВП","Мелоксикам","Мовалис раствор для в/м вв 15mg/1,5ml 1,5ml №3","ОМС","Нет","уп",38,"1456,65",55352.700000000004]
["M01AC06","НПВП","Мелоксикам","Мовалис раствор для в/м вв 15mg/1,5ml 1,5ml №3","ПЛАТ","Нет","уп",57,"1456,65",{"v":83029.05,"d":"83,029.05"}]
["M01AC06","НПВП","Мелоксикам","Мовасин табл 15mg №20","ОМС","Нет","уп",61,"95,24",5809.639999999999]
["M01AC06","НПВП","Мелоксикам","Мовасин табл 15mg №20","ПЛАТ","Нет","уп",14,"95,24",{"v":1333.36,"d":"1,333.36"}]
["M01AE01","НПВП","Ибупрофен","Ибупрофен гель д/наруж/пр 5% 50g №1","ПЛАТ","Да","уп",3,"80,18",{"v":240.54000000000002,"d":"240.54"}]
["M01AE01","НПВП","Ибупрофен","Ибупрофен табл п/п/о 200mg № 50","Бюджет","Да","уп",30,"38,46",1153.8]
["M01AE01","НПВП","Ибупрофен","Ибупрофен табл п/п/о 200mg № 50","ОМС","Да","уп",161,"38,46",6192.06]
["M01AE01","НПВП","Ибупрофен","Ибупрофен табл п/п/о 200mg № 50","ПЛАТ","Да","уп",5,"38,46",{"v":192.3,"d":"192.30"}]
["M01AE01","НПВП","Ибупрофен","Ибупрофен табл п/п/о 200mg №20","ОМС","Да","уп",505,"16,1",8130.500000000001]
["M01AE01","НПВП","Ибупрофен","Ибупрофен табл п/п/о 200mg №20","ПЛАТ","Да","уп",15,"16,1",{"v":241.50000000000003,"d":"241.50"}]
["M01AE03","НПВП","Кетопрофен","Кетопрофен раствор для в/в и в/м вв 50mg/ml 2ml №10","Бюджет","Да","уп",481,"185,09",89028.29000000001]
["M01AE03","НПВП","Кетопрофен","Кетопрофен раствор для в/в и в/м вв 50mg/ml 2ml №10","ОМС","Да","уп",3920,"185,09",725552.8]
["M01AE03","НПВП","Кетопрофен","Кетопрофен раствор для в/в и в/м вв 50mg/ml 2ml №10","ПЛАТ","Да","уп",191,"185,09",{"v":35352.19,"d":"35,352.19"}]
["M01AE03","НПВП","Кетопрофен","Кетопрофен супп рект 100mg №10","ОМС","Да","уп",10,"318,78",3187.7999999999997]
["M01AE03","НПВП","Кетопрофен","Кетопрофен супп рект 100mg №10","ПЛАТ","Да","уп",3,"318,78",{"v":956.3399999999999,"d":"956.34"}]
["M01AE03","НПВП","Кетопрофен","Фламакс капс 50mg №25","Бюджет","Да","уп",20,"109,08",2181.6]
["M01AE03","НПВП","Кетопрофен","Фламакс капс 50mg №25","ОМС","Да","уп",182,"109,08",19852.56]
["M01AE03","НПВП","Кетопрофен","Фламакс капс 50mg №25","ПЛАТ","Да","уп",14,"109,08",{"v":1527.12,"d":"1,527.12"}]
["M01AE17","НПВП","Декскетопрофен","Фламадекс раствор для в/в и в/м вв 25mg/ml 2ml №5","ОМС","Да","уп",85,207,17595]
["M01AE17","НПВП","Декскетопрофен","Фламадекс раствор для в/в и в/м вв 25mg/ml 2ml №5","ПЛАТ","Да","уп",60,207,{"v":12420,"d":"12,420.00"}]
["M01AH01","НПВП","Целекоксиб","Дилакса капс 200mg №10","ОМС","Нет","уп",3,"577,53",1732.59]
["M01AX17","НПВП","Нимесулид","Нимесулид табл 100mg №20","ОМС","Нет","уп",261,"79,36",20712.96]
["M01AX17","НПВП","Нимесулид","Нимесулид табл 100mg №20","ПЛАТ","Нет","уп",17,"79,36",{"v":1349.12,"d":"1,349.12"}]
["M02Препараты для наружного применения при болевом синдроме при заболеваниях костно-мышечной системы",{"$nulls":8},{"v":0,"d":"0.00"}]
["M02AA10","НПВП","Кетопрофен","Фастум гель д/наруж/пр 2,5%-50g ","ОМС","Нет","уп",3,"467,03",1401.09]
["M02AA10","НПВП","Кетопрофен","Фастум гель д/наруж/пр 2,5%-50g ","ПЛАТ","Нет","уп",2,"467,03",934.06]
["M02AA15","НПВП","Диклофенак","Вольтарен эмульгель гель д/наруж/пр 1% 20g №1","ОМС","Нет","уп",27,"305,3",8243.1]
["M02AA15","НПВП","Диклофенак","Вольтарен эмульгель гель д/наруж/пр 1% 20g №1","ПЛАТ","Нет","уп",3,"305,3",{"v":915.9000000000001,"d":"915.90"}]
["M02AX03","противовоспалительное средство для местного применения","Диметилсульфоксид","Димексид конц д/пр р-ра д/наруж/пр 990mg/ml 100ml №1","ОМС","Нет","уп",25,"56,42",1410.5]
["M02AX03","противовоспалительное средство для местного применения","Диметилсульфоксид","Димексид конц д/пр р-ра д/наруж/пр 990mg/ml 100ml №1","ПЛАТ","Нет","уп",5,"56,42",{"v":282.1,"d":"282.10"}]
["M03Миорелаксанты",{"$nulls":8},{"v":0,"d":"0.00"}]
["M03AB01","миорелаксант деполяризующий периферического действия","Суксаметония хлорид","Листенон раствор для в/в и в/м вв 20mg/ml 5ml №5","ОМС","Да","уп",185,"123,84",22910.4]
["M03AC06","миорелаксант недеполяризующий периферического действия","Пипекурония бромид","Ардуан лиоф д/пр р-ра д/в/в вв 4mg №25 (с раст-лем: натрия хлорида раствор 0.9% (ампулы) 2 мл №25)","ОМС","Да","уп",140,"1785,53",249974.19999999998]
["M03AC09","миорелаксант деполяризующий периферического действия","Рокурония бромид ","Круарон  раствор для в/в  вв 10mg/ml 5ml №12","Бюджет","Да","уп",56,"5230,98",292934.88]
["M03AC09","миорелаксант деполяризующий периферического действия","Рокурония бромид ","Круарон  раствор для в/в  вв 10mg/ml 5ml №12","ОМС","Да","уп",495,"5230,98",2589335.0999999996]
["M03AC09","миорелаксант деполяризующий периферического действия","Рокурония бромид ","Круарон  раствор для в/в  вв 10mg/ml 5ml №12","ПЛАТ","Да","уп",50,"5230,98",{"v":261548.99999999997,"d":"261,549.00"}]
["M03AC11","миорелаксант недеполяризующий периферического действия","Цисатракурия безилат","Нимбекс раствор для в/в  вв 2mg/ml 5ml №5","Бюджет","Нет","уп",5,"1692,07",8460.35]
["M03AC11","миорелаксант недеполяризующий периферического действия","Цисатракурия безилат","Нимбекс раствор для в/в  вв 2mg/ml 5ml №5","ОМС","Нет","уп",19,"1692,07",32149.329999999998]
["M03AC11","миорелаксант недеполяризующий периферического действия","Цисатракурия безилат","Нимбекс раствор для в/в  вв 2mg/ml 5ml №5","ПЛАТ","Нет","уп",9,"1692,07",{"v":15228.63,"d":"15,228.63"}]
["M03BX02","миорелаксант центрального действия","Тизанидин","Сирдалуд табл 2mg №30","ОМС","Да","уп",80,"207,2",16576]
["M03BX02","миорелаксант центрального действия","Тизанидин","Сирдалуд табл 2mg №30","ПЛАТ","Да","уп",22,"207,2",{"v":4558.4,"d":"4,558.40"}]
["M03BX04","миорелаксант центрального действия","Толперизон","Толперизон табл п/п/о 150mg №30","ОМС","Нет","уп",180,"144,3",25974.000000000004]
["M03BX04","миорелаксант центрального действия","Толперизон","Толперизон табл п/п/о 150mg №30","ПЛАТ","Нет","уп",15,"144,3",{"v":2164.5,"d":"2,164.50"}]
["M03BX04","миорелаксант центрального действия","Толперизон","Толперизон табл п/п/о 50mg №30","ОМС","Нет","уп",50,"122,64",6132]
["M03BX04","миорелаксант центрального действия","Толперизон","Толперизон табл п/п/о 50mg №30","ПЛАТ","Нет","уп",17,"122,64",{"v":2084.88,"d":"2,084.88"}]
["M03BX04","миорелаксант центрального действия","Толперизон+лидокаин","Мидокалм- Рихтер раствор для в/в и в/м вв 100mg +2,5mg/ml 1ml № 5","ОМС","Нет","уп",61,"680,45",41507.450000000004]
["M03BX04","миорелаксант центрального действия","Толперизон+лидокаин","Мидокалм- Рихтер раствор для в/в и в/м вв 100mg +2,5mg/ml 1ml № 5","ПЛАТ","Нет","уп",16,"680,45",{"v":10887.2,"d":"10,887.20"}]
["M04Противоподагрические препараты",{"$nulls":8},{"v":0,"d":"0.00"}]
["M04AA01","противоподагрическое средство - ксантиноксидазы ингибитор","Аллопуринол","Аллопуринол табл 100mg №50","ОМС","Да","уп",50,"95,76",4788]
["M04AA01","противоподагрическое средство - ксантиноксидазы ингибитор","Аллопуринол","Аллопуринол табл 100mg №50","ПЛАТ","Да","уп",3,"95,76",{"v":287.28000000000003,"d":"287.28"}]
["M09Другие препараты для лечения заболеваний костно-мышечной системы",{"$nulls":8},{"v":0,"d":"0.00"}]
["M09AX","репарации тканей стимулятор природного происхождения","~","Алфлутоп  раствор для инъекций 10mg/ml 2ml №5","ОМС","Нет","уп",5,"2014,65",{"$f":"H999*I999","v":10073.25}]
["M09AX","репарации тканей стимулятор природного происхождения","~","Алфлутоп  раствор для инъекций 10mg/ml 2ml №5","ПЛАТ","Нет","уп",1,"2014,65",{"v":2014.65,"d":"2,014.65"}]
[{"$nulls":9},{"$f":"SUBTOTAL(9,J934:J1000)","v":{"v":458349.98000000004,"d":"458,349.98"}}]
["N Нервная система "]
["N01Анестетики"]
["N01AB01","средство для ингаляционной анестезии","Галотан","Фторотан жидкость д/ингаляций 50ml","ОМС","Да","фл",100,"445,78",44578]
["N01AB06","средство для ингаляционной анестезии","Изофлуран","Форан жидкость д/ингаляций 100ml №6","ОМС","Нет","уп",5,"16176,59","80882,95"]
["N01AB07","средство для ингаляционной анестезии","Десфлуран","Супран жидкость д/инг.наркоза 240ml №6","Бюджет","Нет","уп",3,"70812,5","212437,5"]
["N01AB07","средство для ингаляционной анестезии","Десфлуран","Супран жидкость д/инг.наркоза 240ml №6","ОМС","Нет","уп",3,"70812,5","212437,5"]
["N01AB07","средство для ингаляционной анестезии","Десфлуран","Супран жидкость д/инг.наркоза 240ml №6","ПЛАТ","Нет","уп",1,"70812,5",{"$f":"H1008*I1008","v":{"v":70812.5,"d":"70,812.50"}}]
["N01AB08","средство для ингаляционной анестезии","Севофлуран","Севоран жидкость д/ингаляций 250ml","Бюджет","Да","фл",74,"10218,37",{"$f":"H1009*I1009","v":756159.38}]
["N01AB08","средство для ингаляционной анестезии","Севофлуран","Севоран жидкость д/ингаляций 250ml","ОМС","Да","фл",56,"10218,37",572228.7200000001]
["N01AB08","средство для ингаляционной анестезии","Севофлуран","Севоран жидкость д/ингаляций 250ml","ПЛАТ","Да","фл",40,"10218,37",{"v":408734.80000000005,"d":"408,734.80"}]
["N01AF03","средство для неингаляционной общей анестезии","Тиопентал натрия","Тиопентал натрия порошок д/приг-я р-ра для в/в , в/м введ №50 0,5","ОМС","Да","фл",44,"1117,17",49155.48]
["N01AH","анальгезирующее наркотическое средство","Тримеперидин","Промедол раствор для инъекций 20mg/ml 1ml","ОМС","Да","амп",915,{"v":57222,"d":"57,222"},52358130]
["N01AH01","анальгезирующее наркотическое средство","Фентанил","Фентанил раствор для в/в и в/м вв 50mkg/ml 2ml","ОМС","Да","амп",35020,{"v":25146,"d":"25,146"},880612920]
["N01AX","средство для неингаляционной общей анестезии","Натрии оксибутират","Натрия оксибат раствор для в/в и в/м вв 200mg/ml 5ml","ОМС","Да","амп",500,{"v":33957,"d":"33,957"},16978500]
["N01AX01","антипсихотическое средство (нейролептик)","Дроперидол","Дроперидол раствор для инъекций 2,5mg/ml 2ml №5","ОМС","Да","уп",381,"65,78",25062.18]
["N01AX01","антипсихотическое средство (нейролептик)","Дроперидол","Дроперидол раствор для инъекций 2,5mg/ml 2ml №5","ПЛАТ","Да","уп",3,"65,78",197.34]
["N01AX03","средство для неингаляционной общей анестезии","Кетамин","Кетамин раствор для в/в и в/м вв 50mg/ml 2ml","ОМС","Да","амп",380,"45,02",17107.600000000002]
["N01AX10","Наркозные средства","Пропофол","Пропофол-Бинергия эмульсия для в/в вв 10mg/ml 20ml №5","ОМС","Да","уп",190,"673,27",127921.3]
["N01AX10","средство для неингаляционной общей анестезии","Пропофол","Пропофол Липуро эмульсия для в/в вв 10mg/ml 20ml №5","Бюджет","Да","уп",250,"822,96",205740]
["N01AX10","средство для неингаляционной общей анестезии","Пропофол","Пропофол Липуро эмульсия для в/в вв 10mg/ml 20ml №5","ОМС","Да","уп",5015,"822,96",4127144.4000000004]
["N01AX10","средство для неингаляционной общей анестезии","Пропофол","Пропофол Липуро эмульсия для в/в вв 10mg/ml 20ml №5","ПЛАТ","Да","уп",495,"822,96",{"v":407365.2,"d":"407,365.20"}]
["N01AX10","средство для неингаляционной общей анестезии","Пропофол","Пропофол Липуро эмульсия для в/в вв 10mg/ml 50ml №10","Бюджет","Да","уп",21,"5199,74",109194.54]
["N01AX10","средство для неингаляционной общей анестезии","Пропофол","Пропофол Липуро эмульсия для в/в вв 10mg/ml 50ml №10","ОМС","Да","уп",90,"5199,74",467976.6]
["N01AX10","средство для неингаляционной общей анестезии","Пропофол","Пропофол Липуро эмульсия для в/в вв 10mg/ml 50ml №10","ПЛАТ","Да","уп",20,"5199,74",{"v":103994.79999999999,"d":"103,994.80"}]
["N01BA02","местноанестезирующее средство","Прокаин","Новокаин раствор для инъекций 0,5% 5ml №10","Бюджет","Да","уп",15,"93,61",1404.15]
["N01BA02","местноанестезирующее средство","Прокаин","Новокаин раствор для инъекций 0,5% 5ml №10","ОМС","Да","уп",728,"93,61",68148.08]
["N01BA02","местноанестезирующее средство","Прокаин","Новокаин раствор для инъекций 0,5% 5ml №10","ПЛАТ","Да","уп",3,"93,61",280.83]
["N01BA02","местноанестезирующее средство","Прокаин","Новокаин раствор для инъекций 2,5mg/ml 200ml №28","ОМС","Да","уп",7,"808,72",5661.04]
["N01BA02","местноанестезирующее средство","Прокаин","Новокаин раствор для инъекций 5mg/ml 200ml №28","ОМС","Да","уп",53,"895,4",47456.2]
["N01BB01","местноанестезирующее средство","Бупивакаин","Бупивакаин раствор для инъекций 5mg/ml 4ml №5","Бюджет","Да","уп",17,"850,51",14458.67]
["N01BB01","местноанестезирующее средство","Бупивакаин","Бупивакаин раствор для инъекций 5mg/ml 4ml №5","ОМС","Да","уп",450,"850,51",382729.5]
["N01BB01","местноанестезирующее средство","Бупивакаин","Бупивакаин раствор для инъекций 5mg/ml 4ml №5","ПЛАТ","Да","уп",2,"850,51",{"v":1701.02,"d":"1,701.02"}]
["N01BB02","местноанестезирующее средство","Лидокаин","Лидокаин раствор для инъекций 100mg/ml 2ml №10","Бюджет","Да","уп",754,"41,47",31268.379999999997]
["N01BB02","местноанестезирующее средство","Лидокаин","Лидокаин раствор для инъекций 100mg/ml 2ml №10","ОМС","Да","уп",1895,"41,47",78585.65]
["N01BB02","местноанестезирующее средство","Лидокаин","Лидокаин раствор для инъекций 100mg/ml 2ml №10","ПЛАТ","Да","уп",130,"41,47",{"v":5391.099999999999,"d":"5,391.10"}]
["N01BB02","местноанестезирующее средство","Лидокаин","Лидокаин раствор для инъекций 20mg/ml 2ml №10","Бюджет","Да","уп",90,"93,61",8424.9]
["N01BB02","местноанестезирующее средство","Лидокаин","Лидокаин раствор для инъекций 20mg/ml 2ml №10","ОМС","Да","уп",6921,"93,61",647874.8099999999]
["N01BB02","местноанестезирующее средство","Лидокаин","Лидокаин раствор для инъекций 20mg/ml 2ml №10","ПЛАТ","Да","уп",129,"93,61",{"v":12075.69,"d":"12,075.69"}]
["N01BB08","местноанестезирующее средство","Артикаин","Артикаин-Бинергия раствор для инъекций 20mg/ml 1,7ml №10","ПЛАТ","Нет","уп",13,495,{"v":6435,"d":"6,435.00"}]
["N01BB09","местноанестезирующее средство","Ропивакаин","Наропин раствор для инъекций 2mg/ml 100ml №5","Бюджет","Да","уп",12,"2829,65",33955.8]
["N01BB09","местноанестезирующее средство","Ропивакаин","Наропин раствор для инъекций 2mg/ml 100ml №5","ОМС","Да","уп",111,"2829,65",314091.15]
["N01BB09","местноанестезирующее средство","Ропивакаин","Наропин раствор для инъекций 2mg/ml 100ml №5","ПЛАТ","Да","уп",5,"2829,65",{"v":14148.25,"d":"14,148.25"}]
["N01BB09","местноанестезирующее средство","Ропивакаин","Наропин раствор для инъекций 5mg/ml 10ml №5","ОМС","Да","уп",61,"1612,77",98378.97]
["N01BB09","местноанестезирующее средство","Ропивакаин","Наропин раствор для инъекций 5mg/ml 10ml №5","ПЛАТ","Да","уп",9,"1612,77",{"v":14514.93,"d":"14,514.93"}]
["N01BB09","местноанестезирующее средство","Ропивакаин","Наропин раствор для инъекций 7,5mg/ml 10ml №5","Бюджет","Да","уп",23,"1056,49",24299.27]
["N01BB09","местноанестезирующее средство","Ропивакаин","Наропин раствор для инъекций 7,5mg/ml 10ml №5","ОМС","Да","уп",305,"1056,49",322229.45]
["N01BB09","местноанестезирующее средство","Ропивакаин","Наропин раствор для инъекций 7,5mg/ml 10ml №5","ПЛАТ","Да","уп",9,"1056,49",{"v":9508.41,"d":"9,508.41"}]
["N01BB09","местноанестезирующее средство","Ропивакаин","Ропивакаин Каби раствор для инъекций 2mg/ml 100ml №5","ОМС","Да","уп",100,"2821,5",282150]
["N01BB10","местноанестезирующее средство","Левобупивакаин","Хирокаин раствор для инъекций 5mg/ml 5ml №10","Бюджет","Да","уп",9,"1178,81",10609.289999999999]
["N01BB10","местноанестезирующее средство","Левобупивакаин","Хирокаин раствор для инъекций 5mg/ml 5ml №10","ОМС","Да","уп",17,"1178,81",20039.77]
["N01BB10","местноанестезирующее средство","Левобупивакаин","Хирокаин раствор для инъекций 5mg/ml 5ml №10","ПЛАТ","Да","уп",10,"1178,81",{"v":11788.099999999999,"d":"11,788.10"}]
["N01BB58","местноанестезирующее средство+альфа- и бета-адреномиметик","Артикаин + Эпинефрин","Септанест с адреналином раствор для инъекций 40mg+10mkg/ml №50","ОМС","Нет","уп",1,"2156,17",2156.17]
["N01BB58","местноанестезирующее средство+альфа- и бета-адреномиметик","Артикаин + Эпинефрин","Септанест с адреналином раствор для инъекций 40mg+10mkg/ml №50","ПЛАТ","Нет","уп",3,"2156,17",{"v":6468.51,"d":"6,468.51"}]
["N01BB58","местноанестезирующее средство+альфа- и бета-адреномиметик","Артикаин+[Эпинефрин]","Артикаин с адреналином форте раствор для инъекций 40mg+0,01mg/ml 1,7ml №50","ОМС","Нет","уп",3,"2253,3",6759.900000000001]
["N01BB58","местноанестезирующее средство+альфа- и бета-адреномиметик","Артикаин+[Эпинефрин]","Артикаин с адреналином форте раствор для инъекций 40mg+0,01mg/ml 1,7ml №50","ПЛАТ","Нет","уп",5,"2253,3",{"v":11266.5,"d":"11,266.50"}]
["N01BB58","местноанестезирующее средство+альфа- и бета-адреномиметик","Артикаин+Эпинефрин","Ультракаин ДС Форте раствор для инъекций 40mg+0,01mg/ml 1,7ml №100","ПЛАТ","Нет","уп",16,"6700,27",{"v":107204.32,"d":"107,204.32"}]
["N02Анальгетики",{"$nulls":8},{"v":0,"d":"0.00"}]
["N02AA01","анальгезирующее наркотическое средство","Морфин","Морфин раствор для инъекций 10mg/ml 1ml","ОМС","Да","амп",3200,{"v":34782,"d":"34,782"},111302400]
["N02AX02","анальгезирующее средство со смешанным механизмом действия","Трамадол","Трамадол капсулы 50mg","ОМС","Да","капс",76,{"v":4021435,"d":"4,021,435"},{"v":305629060,"d":"305,629,060"}]
["N02AX02","анальгезирующее средство со смешанным механизмом действия","Трамадол","Трамадол капсулы 50mg","ПЛАТ","Да","капс",5,4.021435,{"v":20.107175,"d":"20.11"}]
["N02AX02","анальгезирующее средство со смешанным механизмом действия","Трамадол","Трамадол раствор для инъекций 50mg/ml 2ml","ОМС","Да","амп",1897,{"v":162426,"d":"162,426"},{"v":308122122,"d":"308,122,122"}]
["N02AX02","анальгезирующее средство со смешанным механизмом действия","Трамадол","Трамадол раствор для инъекций 50mg/ml 2ml","ПЛАТ","Да","амп",5,16.2426,{"v":81.213,"d":"81.21"}]
["N02AX02","анальгезирующее средство со смешанным механизмом действия","Трамадол","Трамадол раствор для инъекций 50mg/ml 2ml №5","ОМС","Да","уп",420,"80,58",33843.6]
["N02AX02","анальгезирующее средство со смешанным механизмом действия","Трамадол","Трамадол раствор для инъекций 50mg/ml 2ml №5","ПЛАТ","Да","уп",2,"80,58",161.16]
["N02AX06","анальгезирующее наркотическое средство","Тапентадол","Палексия табл пролонг п/п/о 50mg №20","ОМС","Да","уп",11,"814,62",8960.82]
["N02AX06","анальгезирующее наркотическое средство","Тапентадол","Палексия табл пролонг п/п/о 50mg №20","ПЛАТ","Да","уп",4,"814,62",{"v":3258.48,"d":"3,258.48"}]
["N02BA01","НПВП","Ацетилсалициловая кислота","Ацетилсалициловая кислота табл 500mg №10","ОМС","Да","уп",3152,"5,2",16390.4]
["N02BA01","НПВП","Ацетилсалициловая кислота","Ацетилсалициловая кислота табл 500mg №10","ПЛАТ","Да","уп",25,"5,2",{"v":130,"d":"130.00"}]
["N02BA51","анальгезирующее средство комбинированное","~","Каффетин Лайт табл №12","ОМС","Нет","уп",27,"231,14",6240.78]
["N02BA51","анальгезирующее средство комбинированное","~","Каффетин Лайт табл №12","ПЛАТ","Нет","уп",20,"231,14",{"v":4622.799999999999,"d":"4,622.80"}]
["N02BB02","анальгезирующее ненаркотическое средство","Метамизол натрия","Анальгин раствор для в/в и в/м вв 500mg/ml 2ml №10","Бюджет","Нет","уп",30,"39,17",1175.1000000000001]
["N02BB02","анальгезирующее ненаркотическое средство","Метамизол натрия","Анальгин раствор для в/в и в/м вв 500mg/ml 2ml №10","ОМС","Нет","уп",5109,"39,17",{"$f":"H1073*I1073","v":200119.53}]
["N02BB02","анальгезирующее ненаркотическое средство","Метамизол натрия","Анальгин раствор для в/в и в/м вв 500mg/ml 2ml №10","ПЛАТ","Нет","уп",121,"39,17",{"v":4739.570000000001,"d":"4,739.57"}]
["N02BB02","анальгезирующее ненаркотическое средство","Метамизол натрия","Анальгин табл 500mg №10","ПЛАТ","Нет","уп",20,"14,88",{"v":297.6,"d":"297.60"}]
["N02BB02","анальгезирующее ненаркотическое средство","Метамизол натрия ","Баралгин М раствор для в/в и в/м вв 500mg/ml 5ml №5","Бюджет","Нет","уп.",25,"380,06",9501.5]
["N02BB02","анальгезирующее ненаркотическое средство","Метамизол натрия ","Баралгин М раствор для в/в и в/м вв 500mg/ml 5ml №5","ОМС","Нет","уп.",482,"380,06",183188.92]
["N02BB02","анальгезирующее ненаркотическое средство","Метамизол натрия ","Баралгин М раствор для в/в и в/м вв 500mg/ml 5ml №5","ПЛАТ","Нет","уп.",31,"380,06",{"v":11781.86,"d":"11,781.86"}]
["N02BB52","анальгезирующее средство комбинированное (анальгезирующее ненаркотическое средство+спазмолитическое средство)","Метамизол натрия+питофенон+фенпивериния бромид","Спазмалин раствор для в/в и в/м вв 5ml №5","Бюджет","Нет","уп",20,"109,74",2194.7999999999997]
["N02BB52","анальгезирующее средство комбинированное (анальгезирующее ненаркотическое средство+спазмолитическое средство)","Метамизол натрия+питофенон+фенпивериния бромид","Спазмалин раствор для в/в и в/м вв 5ml №5","ОМС","Нет","уп",517,"109,74",56735.579999999994]
["N02BB52","анальгезирующее средство комбинированное (анальгезирующее ненаркотическое средство+спазмолитическое средство)","Метамизол натрия+питофенон+фенпивериния бромид","Спазмалин раствор для в/в и в/м вв 5ml №5","ПЛАТ","Нет","уп",62,"109,74",{"v":6803.88,"d":"6,803.88"}]
["N02BE01","анальгезирующее ненаркотическое средство","Парацетамол","Парацетамол раствор для инфузий 10mg/ml 100ml","Бюджет","Да","уп",830,"66,79",55435.700000000004]
["N02BE01","анальгезирующее ненаркотическое средство","Парацетамол","Парацетамол раствор для инфузий 10mg/ml 100ml","ОМС","Да","уп",3926,"66,79",262217.54000000004]
["N02BE01","анальгезирующее ненаркотическое средство","Парацетамол","Парацетамол раствор для инфузий 10mg/ml 100ml","ПЛАТ","Да","уп",210,"66,79",{"v":14025.900000000001,"d":"14,025.90"}]
["N02BE01","анальгезирующее ненаркотическое средство","Парацетамол","Парацетамол табл 500mg №10","Бюджет","Да","уп",31,"4,75",147.25]
["N02BE01","анальгезирующее ненаркотическое средство","Парацетамол","Парацетамол табл 500mg №10","ОМС","Да","уп",278,"4,75",1320.5]
["N02BE01","анальгезирующее ненаркотическое средство","Парацетамол","Парацетамол табл 500mg №10","ПЛАТ","Да","уп",61,"4,75",289.75]
["N02BE51","ОРЗ и \"простуды\" симптомов средство устранения (анальгезирующее ненаркотическое средство+психостимулирующее средство+альфа-адреномиметик+отхаркивающее средство+витамин)","Кофеин + Парацетамол + Фенилэфрин + Терпингидрат + Аскорбиновая кислота ","Колдрекс табл №12","ОМС","Нет","уп.",5,"196,98",984.9]
["N02BE51","ОРЗ и \"простуды\" симптомов средство устранения (анальгезирующее ненаркотическое средство+психостимулирующее средство+альфа-адреномиметик+отхаркивающее средство+витамин)","Кофеин + Парацетамол + Фенилэфрин + Терпингидрат + Аскорбиновая кислота ","Колдрекс табл №12","ПЛАТ","Нет","уп.",5,"196,98",{"v":984.9,"d":"984.90"}]
["N02BE71","анальгезирующее средство комбинированное (НПВП+анальгезирующее ненаркотическое средство+психостимулирующее средство)","Дротаверин+Кофеин+Напроксен+Парацетамол+Фенирамин","Пенталгин табл п/п/о №12","ОМС","Нет","уп",144,"110,66",15935.039999999999]
["N02BE71","анальгезирующее средство комбинированное (НПВП+анальгезирующее ненаркотическое средство+психостимулирующее средство)","Дротаверин+Кофеин+Напроксен+Парацетамол+Фенирамин","Пенталгин табл п/п/о №12","ПЛАТ","Нет","уп",25,"110,66",{"v":2766.5,"d":"2,766.50"}]
["N02BG06","анальгезирующее средство центрального действия","Нефопам","Акупан-Биокодекс раствор для инфузий и в/м вв 10mg/ml 2ml №5","Бюджет","Нет","уп",31,1250,38750]
["N02BG06","анальгезирующее средство центрального действия","Нефопам","Акупан-Биокодекс раствор для инфузий и в/м вв 10mg/ml 2ml №5","ОМС","Нет","уп",59,1250,73750]
["N02BG06","анальгезирующее средство центрального действия","Нефопам","Акупан-Биокодекс раствор для инфузий и в/м вв 10mg/ml 2ml №5","ПЛАТ","Нет","уп",10,1250,{"v":12500,"d":"12,500.00"}]
["N03Противоэпилептические препараты",{"$nulls":8},{"v":0,"d":"0.00"}]
["N03AF01","противоэпилептическое средство","Карбамазепин","Карбамазепин табл 200mg № 50","ОМС","Да","уп.",378,"61,47",23235.66]
["N03AF01","противоэпилептическое средство","Карбамазепин","Карбамазепин табл 200mg № 50","ПЛАТ","Да","уп.",26,"61,47",{"v":1598.22,"d":"1,598.22"}]
["N03AG01","противоэпилептическое средство","Вальпроевая кислота","Конвулекс раствор для в/в  вв 100mg/ml 5ml №5","ОМС","Да","уп",6,"1471,94",8831.64]
["N03AG01","противоэпилептическое средство","Вальпроевая кислота","Энкорат хроно табл с контрол.высвобождением п/о 500mg №30","ОМС","Да","уп",53,"358,62",19006.86]
["N03AG01","противоэпилептическое средство","Вальпроевая кислота","Энкорат хроно табл с контрол.высвобождением п/о 500mg №30","ПЛАТ","Да","уп",5,"358,62",{"v":1793.1,"d":"1,793.10"}]
["N03AG01","противоэпилептическое средство","Вальпроевая кислота ","Вальпарин ХР табл пролог п/п/о 300mg №100","ОМС","Да","уп.",22,"668,18",14699.96]
["N03AG01","противоэпилептическое средство","Вальпроевая кислота ","Вальпарин ХР табл пролог п/п/о 300mg №100","ПЛАТ","Да","уп.",2,"668,18",{"v":1336.36,"d":"1,336.36"}]
["N03AX12","противоэпилептическое средство","Габапентин","Габапентин Канон капсулы 300mg №50","ОМС","Нет","уп",58,"495,06",28713.48]
["N03AX12","противоэпилептическое средство","Габапентин","Габапентин Канон капсулы 300mg №50","ПЛАТ","Нет","уп",25,"495,06",{"v":12376.5,"d":"12,376.50"}]
["N03AX12","противоэпилептическое средство","Габапентин","Тебантин капс 300mg №50","ОМС","Нет","уп",22,"1015,9",22349.8]
["N03AX12","противоэпилептическое средство","Габапентин","Тебантин капс 300mg №50","ПЛАТ","Нет","уп",20,"1015,9",{"v":20318,"d":"20,318.00"}]
["N03AX16","противоэпилептическое средство","Прегабалин","Прегабалин Канон капс 75mg №14","ПЛАТ","Да","уп",20,"441,41",{"v":8828.2,"d":"8,828.20"}]
["N03AX16","противоэпилептическое средство","Прегабалин","Прегабалин-Рихтер капсулы 75mg","ОМС","Да","капс",30,"33,83",1014.9]
["N03AX16","противоэпилептическое средство","Прегабалин","Прегабалин-Рихтер капсулы 75mg","ПЛАТ","Да","капс",10,"33,83",{"v":338.29999999999995,"d":"338.30"}]
["N04Противопаркинсонические препараты",{"$nulls":8},{"v":0,"d":"0.00"}]
["N04BA","противопаркинсоническое средство (дофамина предшественник+декарбоксилазы периферический ингибитор)","Леводопа+Бенсеразид","Мадопар \"250\" табл 200mg+50mg №100","ОМС","Да","уп",5,"1365,94",6829.700000000001]
["N04BA","противоэпилептическое средство","Леводопа+Бенсеразид","Мадопар \"125\" капс 100mg+25mg №100","ОМС","Да","уп",13,"747,91",9722.83]
["N04BA","противоэпилептическое средство","Леводопа+Бенсеразид","Мадопар \"125\" капс 100mg+25mg №100","ПЛАТ","Да","уп",3,"747,91",{"v":2243.73,"d":"2,243.73"}]
["N04BB01","Противопаркинсонические средства","Амантадин","ПК-Мерц  табл п/п/о 100mg №30","ОМС","Да","уп",35,"258,89",9061.15]
["N04BB01","Противопаркинсонические средства","Амантадин","ПК-Мерц  табл п/п/о 100mg №30","ПЛАТ","Да","уп",2,"258,89",517.78]
["N04BB01","противопаркинсоническое средство","Амантадин","ПК-Мерц фл 0,4mg/ml 500ml №2","ОМС","Да","уп",3,"1440,16",4320.4800000000005]
["N04BB01","противопаркинсоническое средство","Амантадин","ПК-Мерц фл 0,4mg/ml 500ml №2","ПЛАТ","Да","уп",3,"1440,16",{"v":4320.4800000000005,"d":"4,320.48"}]
["N04BC05","противопаркинсоническое средство, дофаминовых рецепторов агонист","Прамипексол","Прамипексол табл 1mg №30","ОМС","Да","уп",1,"796,89",796.89]
["N04BC08","противопаркинсоническое средство, дофаминовых рецепторов агонист","Пирибедил","Проноран табл п/о 50mg №30","ОМС","Да","уп",15,"530,03",7950.45]
["N04BC08","противопаркинсоническое средство, дофаминовых рецепторов агонист","Пирибедил","Проноран табл п/о 50mg №30","ПЛАТ","Да","уп",4,"530,03",{"v":2120.12,"d":"2,120.12"}]
["N05Психолептики",{"$nulls":8},{"v":0,"d":"0.00"}]
["N05AA01","антипсихотическое средство (нейролептик)","Хлорпромазин","Аминазин раствор для в/в и в/м вв 25mg/ml 2ml №10","ОМС","Да","уп",104,"181,72",18898.88]
["N05AA01","антипсихотическое средство (нейролептик)","Хлорпромазин","Аминазин раствор для в/в и в/м вв 25mg/ml 2ml №10","ПЛАТ","Да","уп",3,"181,72",545.16]
["N05AA01","антипсихотическое средство (нейролептик)","Хлорпромазин","Аминазин табл п/п/о 50mg №10","ОМС","Да","уп",10,"209,95",2099.5]
["N05AC02","антипсихотическое средство (нейролептик)","Тиоридазин","Сонапакс табл п/о 10mg №60","Бюджет","Да","уп",62,"286,57",17767.34]
["N05AC02","антипсихотическое средство (нейролептик)","Тиоридазин","Сонапакс табл п/о 10mg №60","ОМС","Да","уп",219,"286,57",62758.83]
["N05AC02","антипсихотическое средство (нейролептик)","Тиоридазин","Сонапакс табл п/о 10mg №60","ПЛАТ","Да","уп",5,"286,57",{"v":1432.85,"d":"1,432.85"}]
["N05AC02","антипсихотическое средство (нейролептик)","Тиоридазин","Тиорил табл 25mg №100","Бюджет","Да","уп",5,"118,37",591.85]
["N05AC02","антипсихотическое средство (нейролептик)","Тиоридазин","Тиорил табл 25mg №100","ОМС","Да","уп",62,"118,37",7338.9400000000005]
["N05AC02","антипсихотическое средство (нейролептик)","Тиоридазин","Тиорил табл 25mg №100","ПЛАТ","Да","уп",5,"118,37",591.85]
["N05AD01","антипсихотическое средство (нейролептик)","Галоперидол","Галоперидол раствор для в/в и в/м вв 5mg/ml 1ml №10","Бюджет","Да","уп",1,"157,11",157.11]
["N05AD01","антипсихотическое средство (нейролептик)","Галоперидол","Галоперидол раствор для в/в и в/м вв 5mg/ml 1ml №10","ОМС","Да","уп",461,"157,11",72427.71]
["N05AD01","антипсихотическое средство (нейролептик)","Галоперидол","Галоперидол раствор для в/в и в/м вв 5mg/ml 1ml №10","ПЛАТ","Да","уп",3,"157,11",{"v":471.33000000000004,"d":"471.33"}]
["N05AD01","антипсихотическое средство (нейролептик)","Галоперидол","Галоперидол табл 5mg №50","ОМС","Да","уп",28,"76,5",2142]
["N05AD01","антипсихотическое средство (нейролептик)","Галоперидол","Галоперидол табл 5mg №50","ПЛАТ","Да","уп",2,"76,5",{"v":153,"d":"153.00"}]
["N05AF03","антипсихотическое средство (нейролептик)","Хлорпротиксен","Хлорпротиксен Зентива табл п/п/о 15mg №30","Бюджет","Нет","уп",10,"225,16",2251.6]
["N05AF03","антипсихотическое средство (нейролептик)","Хлорпротиксен","Хлорпротиксен Зентива табл п/п/о 15mg №30","ОМС","Нет","уп",132,"225,16",{"$f":"H1137*I1137","v":29721.12}]
["N05AF03","антипсихотическое средство (нейролептик)","Хлорпротиксен","Хлорпротиксен Зентива табл п/п/о 15mg №30","ПЛАТ","Нет","уп",2,"225,16",450.32]
["N05AL01","антипсихотическое средство (нейролептик)","Сульпирид","Бетамакс табл 100mg №30","ОМС","Да","уп",86,"279,97",24077.420000000002]
["N05AL01","антипсихотическое средство (нейролептик)","Сульпирид","Бетамакс табл 100mg №30","ПЛАТ","Да","уп",21,"279,97",{"v":5879.370000000001,"d":"5,879.37"}]
["N05AL01","антипсихотическое средство (нейролептик)","Сульпирид","Сульпирид раствор для в/м вв 50mg/ml 2ml №10","ОМС","Да","уп",62,"142,14",8812.679999999998]
["N05AL01","антипсихотическое средство (нейролептик)","Сульпирид","Сульпирид табл 50mg № 30","ОМС","Да","уп",257,"70,67",18162.19]
["N05AL01","антипсихотическое средство (нейролептик)","Сульпирид","Сульпирид табл 50mg № 30","ПЛАТ","Да","уп",47,"70,67",{"v":3321.4900000000002,"d":"3,321.49"}]
["N05BA01","транквилизатор","Диазепам","Реланиум раствор для в/в и в/м вв 5mg/ml 2ml","ОМС","Да","амп",3420,"21,85",74727]
["N05BA23","анксиолитическое средство (транквилизатор)","Тофизопам","Грандаксин табл 50mg №20","ОМС","Нет","уп",56,"447,38",25053.28]
["N05BA23","анксиолитическое средство (транквилизатор)","Тофизопам","Грандаксин табл 50mg №20","ПЛАТ","Нет","уп",13,"447,38",{"v":5815.94,"d":"5,815.94"}]
["N05BB01","анксиолитическое средство (транквилизатор)","Гидроксизин","Гидроксизин Канон  табл п/п/о 25mg №25","ОМС","Да","уп.",499,"285,28",142354.71999999997]
["N05BB01","анксиолитическое средство (транквилизатор)","Гидроксизин","Гидроксизин Канон  табл п/п/о 25mg №25","ПЛАТ","Да","уп.",35,"285,28",{"v":9984.8,"d":"9,984.80"}]
["N05BX","анксиолитическое средство (транквилизатор)","Бромдигидрохлорфенилбензодиазепин","Феназепам раствор для в/в и в/м вв 1mg/ml 1ml №10","Бюджет","Да","уп",53,"164,31",8708.43]
["N05BX","анксиолитическое средство (транквилизатор)","Бромдигидрохлорфенилбензодиазепин","Феназепам раствор для в/в и в/м вв 1mg/ml 1ml №10","ОМС","Да","уп",987,"164,31",162173.97]
["N05BX","анксиолитическое средство (транквилизатор)","Бромдигидрохлорфенилбензодиазепин","Феназепам раствор для в/в и в/м вв 1mg/ml 1ml №10","ПЛАТ","Да","уп",22,"164,31",{"v":3614.82,"d":"3,614.82"}]
["N05BX","анксиолитическое средство (транквилизатор)","Бромдигидрохлорфенилбензодиазепин","Феназепам табл 0,5mg №50","Бюджет","Да","уп",5,"94,04",470.20000000000005]
["N05BX","анксиолитическое средство (транквилизатор)","Бромдигидрохлорфенилбензодиазепин","Феназепам табл 0,5mg №50","ОМС","Да","уп",137,"94,04",12883.480000000001]
["N05BX","анксиолитическое средство (транквилизатор)","Бромдигидрохлорфенилбензодиазепин","Феназепам табл 0,5mg №50","ПЛАТ","Да","уп",6,"94,04",564.24]
["N05BX","анксиолитическое средство (транквилизатор)","Бромдигидрохлорфенилбензодиазепин","Феназепам табл 1mg №50","Бюджет","Да","уп",5,"112,21",561.05]
["N05BX","анксиолитическое средство (транквилизатор)","Бромдигидрохлорфенилбензодиазепин","Феназепам табл 1mg №50","ОМС","Да","уп",152,"112,21",17055.92]
["N05BX","анксиолитическое средство (транквилизатор)","Бромдигидрохлорфенилбензодиазепин","Феназепам табл 1mg №50","ПЛАТ","Да","уп",7,"112,21",{"v":785.4699999999999,"d":"785.47"}]
["N05BX","анксиолитическое средство (транквилизатор)","Фабомотизол","Афобазол табл 10mg №60","ОМС","Нет","уп",28,"580,8",16262.399999999998]
["N05BX","анксиолитическое средство (транквилизатор)","Фабомотизол","Афобазол табл 10mg №60","ПЛАТ","Нет","уп",15,"580,8",{"v":8712,"d":"8,712.00"}]
["N05BX","ноотропное средство","Аминофенилмасляная кислота","Фенибут табл 250mg №20","Бюджет","Нет","уп",30,"90,16",2704.7999999999997]
["N05BX","ноотропное средство","Аминофенилмасляная кислота","Фенибут табл 250mg №20","ОМС","Нет","уп",63,"90,16",5680.08]
["N05BX","ноотропное средство","Аминофенилмасляная кислота","Фенибут табл 250mg №20","ПЛАТ","Нет","уп",10,"90,16",{"v":901.5999999999999,"d":"901.60"}]
["N05CB02","седативное средство","Мяты перечной листьев масло+Фенобарбитал+Этилбромизовалерианат","Корвалол капл д/пр внутрь 25ml","ОМС","Нет","уп",530,"22,2",11766]
["N05CD08","снотворное и седативное средство","Мидазолам","Дормикум раствор для в/в и в/м вв 5mg/ml 1ml","ОМС","Да","амп",3000,{"v":37099,"d":"37,099"},111297000]
["N05CF01","снотворное средство","Зопиклон","Сомнол табл п/п/о 7,5mg №1","ОМС","Да","табл",810,{"v":8917617,"d":"8,917,617"},{"v":7223269770,"d":"7,223,269,770"}]
["N05CF01","снотворное средство","Зопиклон","Сомнол табл п/п/о 7,5mg №1","ПЛАТ","Да","табл",15,8.917617,{"v":133.764255,"d":"133.76"}]
["N05CM","седативное средство растительного происхождения","Пустырника трава","Пустырника настойка капл д/пр внутрь 25ml","ОМС","Нет","уп",136,"12,34",1678.24]
["N05CM","седативное средство растительного происхождения","Пустырника трава","Пустырника настойка капл д/пр внутрь 25ml","ПЛАТ","Нет","уп",20,"12,34",{"v":246.8,"d":"246.80"}]
["N05CM09","седативное средство растительного происхождения","Валерианы корневища с корнями","Валерианы настойка настойка 25ml","ОМС","Нет","уп",220,"13,59",2989.8]
["N05CM09","седативное средство растительного происхождения","Валерианы корневища с корнями","Валерианы настойка настойка 25ml","ПЛАТ","Нет","уп",12,"13,59",{"v":163.07999999999998,"d":"163.08"}]
["N05CM18","седативное средство","Дексмедетомидин","Дексдор конц-т д/приг раствора для инфузий 100mkg/ml 2ml №5","Бюджет","Нет","уп",17,"10821,66",183968.22]
["N05CM18","седативное средство","Дексмедетомидин","Дексдор конц-т д/приг раствора для инфузий 100mkg/ml 2ml №5","ОМС","Нет","уп",22,"10821,66",238076.52]
["N05CM18","седативное средство","Дексмедетомидин","Дексдор конц-т д/приг раствора для инфузий 100mkg/ml 2ml №5","ПЛАТ","Нет","уп",8,"10821,66",{"v":86573.28,"d":"86,573.28"}]
["N06Психоаналептики",{"$nulls":8},{"v":0,"d":"0.00"}]
["N06AA09","антидепрессант","Амитриптилин","Амитриптилин раствор для в/в и в/м вв 10mg/ml 2ml №10","ПЛАТ","Да","уп",2,"54,62",109.24]
["N06AA09","антидепрессант","Амитриптилин","Амитриптилин табл 25mg №50","Бюджет","Да","уп.",2,"56,77",113.54]
["N06AA09","антидепрессант","Амитриптилин","Амитриптилин табл 25mg №50","ОМС","Да","уп.",238,"56,77",13511.26]
["N06AA09","антидепрессант","Амитриптилин","Амитриптилин табл 25mg №50","ПЛАТ","Да","уп.",30,"56,77",{"v":1703.1000000000001,"d":"1,703.10"}]
["N06AB03","антидепрессант","Флуоксетин","Флуоксетин капс 20mg №30","ПЛАТ","Да","уп",3,"118,52",355.56]
["N06AB05","антидепрессант","Пароксетин","Пароксетин табл п/п/о 20mg №30","ОМС","Да","уп",20,"536,61",10732.2]
["N06AB05","антидепрессант","Пароксетин","Пароксетин табл п/п/о 20mg №30","ПЛАТ","Да","уп",8,"536,61",{"v":4292.88,"d":"4,292.88"}]
["N06AB08","антидепрессант","Флувоксамин","Феварин табл п/о 50mg №15","ПЛАТ","Нет","уп",5,"1087,8",{"v":5439,"d":"5,439.00"}]
["N06AX21","антидепрессант","Дулоксетин","Дулоксетин Канон капс к/раст 30mg №14","ОМС","Нет","уп",20,"1243,2",24864]
["N06AX21","антидепрессант","Дулоксетин","Дулоксетин Канон капс к/раст 30mg №14","ПЛАТ","Нет","уп",1,"1243,2",{"v":1243.2,"d":"1,243.20"}]
["N06AX22","снотворное средство","Агомелатин","Вальдоксан табл п/о 25mg №14","ПЛАТ","Да","уп",2,"937,85",{"v":1875.7,"d":"1,875.70"}]
["N06BC01","психостимулирующее средство","Кофеин","Кофеин-бензоат натрия раствор для инъекций 200mg/ml 1ml № 10","Б.Опк","Да","уп",2,"34,53",69.06]
["N06BC01","психостимулирующее средство","Кофеин","Кофеин-бензоат натрия раствор для инъекций 200mg/ml 1ml № 10","Бюджет","Да","уп",7,"34,53",241.71]
["N06BC01","психостимулирующее средство","Кофеин","Кофеин-бензоат натрия раствор для инъекций 200mg/ml 1ml № 10","ОМС","Да","уп",154,"34,53",5317.62]
["N06BC01","психостимулирующее средство","Кофеин","Кофеин-бензоат натрия раствор для инъекций 200mg/ml 1ml № 10","ПЛАТ","Да","уп",1,"34,53",34.53]
["N06BX","Ноотропы","Глицин","Глицин  табл п/язычн 100mg №50","ОМС","Да","уп",1,"29,9",29.9]
["N06BX","метаболическое средство","Глицин","Глицин-БИО Фармаплант табл п/язычн 100mg №50","ПЛАТ","Да","уп",5,"46,13",230.65]
["N06BX","ноотропное средство","Фонтурацетам","Фенотропил табл 100mg №30","ПЛАТ","Да","уп",3,"1091,14",{"v":3273.42,"d":"3,273.42"}]
["N06BX03","ноотропное средство","Пирацетам","Пирацетам  раствор для в/в и в/м вв 200mg/ml 5ml №10","Бюджет","Да","уп",65,"65,56",4261.400000000001]
["N06BX03","ноотропное средство","Пирацетам","Пирацетам  раствор для в/в и в/м вв 200mg/ml 5ml №10","ОМС","Да","уп",1058,"65,56",69362.48]
["N06BX03","ноотропное средство","Пирацетам","Пирацетам  раствор для в/в и в/м вв 200mg/ml 5ml №10","ПЛАТ","Да","уп",111,"65,56",{"v":7277.16,"d":"7,277.16"}]
["N06BX03","ноотропное средство","Пирацетам","Пирацетам  табл 800mg №30","ОМС","Да","уп",63,"71,19",4484.97]
["N06BX06","ноотропное средство","Цитиколин","Нейпилепт раствор для в/в и в/м вв 250mg/ml 4ml №5","ПЛАТ","Да","уп",35,"1170,35",{"v":40962.25,"d":"40,962.25"}]
["N06BX06","ноотропное средство","Цитиколин","Цераксон раствор для в/в и в/м вв 1000mg/4ml  №5","ОМС","Да","уп",245,"1173,55",287519.75]
["N06BX06","ноотропное средство","Цитиколин","Цераксон раствор для в/в и в/м вв 1000mg/4ml  №5","ПЛАТ","Да","уп",67,"1173,55",{"v":78627.84999999999,"d":"78,627.85"}]
["N06BX18","психостимулирующее и ноотропное средство","Винпоцетин","Винпоцетин конц-т д/приг раствора для инфузий 5mg/ml 5ml №10","ОМС","Да","уп.",374,"122,76",45912.240000000005]
["N06BX18","психостимулирующее и ноотропное средство","Винпоцетин","Винпоцетин конц-т д/приг раствора для инфузий 5mg/ml 5ml №10","ПЛАТ","Да","уп.",51,"122,76",{"$f":"H1201*I1201","v":{"v":6260.76,"d":"6,260.76"}}]
["N06BX18","психостимулирующее и ноотропное средство","Винпоцетин","Винпоцетин табл 5mg №50","ОМС","Да","уп",5,"213,98",1069.8999999999999]
["N06BX18","психостимулирующее и ноотропное средство","Винпоцетин","Винпоцетин форте табл 10mg №30","ОМС","Да","уп",3,"268,16",804.48]
["N06BX18","психостимулирующее и ноотропное средство","Винпоцетин","Винпоцетин форте табл 10mg №30","ПЛАТ","Да","уп",17,"268,16",{"v":4558.72,"d":"4,558.72"}]
["N06DA04","деменции средство лечения","Галантамин","Галантамин Канон табл п/п/о 8mg №56","ОМС","Да","уп",25,"3572,53",89313.25]
["N06DA04","деменции средство лечения","Галантамин","Галантамин Канон табл п/п/о 8mg №56","ПЛАТ","Да","уп",4,"3572,53",{"v":14290.12,"d":"14,290.12"}]
["N06DX01","деменции средство лечения","Мемантин","Мемантин табл п/п/о 10mg  №30","ОМС","Да","уп",10,"1389,31",{"v":13893.099999999999,"d":"13,893"}]
["N06DX01","деменции средство лечения","Мемантин","Мемантин табл п/п/о 10mg  №30","ПЛАТ","Да","уп",5,"1389,31",{"v":6946.549999999999,"d":"6,946.55"}]
["N07Другие препараты для лечения заболеваний нервной системы",{"$nulls":8},{"v":0,"d":"0.00"}]
["N07AA01","холинэстеразы ингибитор","Неостигмина метилсульфат","Прозерин раствор для инъекций 0,5mg/ml 1ml №10","ОМС","Да","уп",783,"73,29",57386.07000000001]
["N07AA01","холинэстеразы ингибитор","Неостигмина метилсульфат","Прозерин раствор для инъекций 0,5mg/ml 1ml №10","ПЛАТ","Да","уп",26,"73,29",{"v":1905.5400000000002,"d":"1,905.54"}]
["N07AA01","холинэстеразы ингибитор","Неостигмина метилсульфат","Прозерин табл 15mg №20","ОМС","Да","уп",60,"55,54",3332.4]
["N07AA01","холинэстеразы ингибитор","Неостигмина метилсульфат","Прозерин табл 15mg №20","ПЛАТ","Да","уп",1,"55,54",55.54]
["N07AA02","холинэстеразы ингибитор","Пиридостигмина бромид","Пиридостигмна бромид табл 60mg №100","ОМС","Да","уп",70,"676,87",47380.9]
["N07AA02","холинэстеразы ингибитор","Пиридостигмина бромид","Пиридостигмна бромид табл 60mg №100","ПЛАТ","Да","уп",11,"676,87",{"v":7445.57,"d":"7,445.57"}]
["N07AX02","ноотропное средство","Холина альфосцерат","Церетон капсулы 400mg №28","ОМС","Да","уп",50,"1073,91",53695.50000000001]
["N07AX02","ноотропное средство","Холина альфосцерат","Церетон капсулы 400mg №28","ПЛАТ","Да","уп",6,"1073,91",{"v":6443.460000000001,"d":"6,443.46"}]
["N07AX02","ноотропное средство","Холина альфосцерат","Церетон раствор для в/в и в/м вв 250mg/ml 4ml №5","ОМС","Да","уп",10,"627,74",6277.4]
["N07AX02","ноотропное средство","Холина альфосцерат","Церетон раствор для в/в и в/м вв 250mg/ml 4ml №5","ПЛАТ","Да","уп",5,"627,74",{"v":3138.7,"d":"3,138.70"}]
["N07CA01","гистамина препарат","Бетагистин","Бетагистин табл 24mg №20","ОМС","Да","уп",311,"273,29",84993.19]
["N07CA01","гистамина препарат","Бетагистин","Бетагистин табл 24mg №20","ПЛАТ","Да","уп",61,"273,29",{"v":16670.690000000002,"d":"16,670.69"}]
["N07XX","антиоксидантное средство","Этилметилгидроксипиридина сукцинат","Нейрокс раствор для в/в и в/м вв 50mg/ml 5ml №5","ОМС","Да","уп",110,"332,91",36620.100000000006]
["N07XX","антиоксидантное средство","Этилметилгидроксипиридина сукцинат","Нейрокс раствор для в/в и в/м вв 50mg/ml 5ml №5","ПЛАТ","Да","уп",153,"332,91",{"v":50935.23,"d":"50,935.23"}]
["N07XX","витамины группы B+прочие препараты","~","КомплигамВ раствор для в/м вв 2ml №5","ОМС","Нет","уп",128,"203,13",26000.64]
["N07XX","витамины группы B+прочие препараты","~","КомплигамВ раствор для в/м вв 2ml №5","ПЛАТ","Нет","уп",66,"203,13",{"v":13406.58,"d":"13,406.58"}]
["N07XX","метаболическое средство","Инозин+Никотинамид+Рибофлавин+Янтарная кислота","Цитофлавин раствор для в/в  вв 10ml №10","Бюджет","Да","уп",10,"1214,13",12141.300000000001]
["N07XX","метаболическое средство","Инозин+Никотинамид+Рибофлавин+Янтарная кислота","Цитофлавин раствор для в/в  вв 10ml №10","ОМС","Да","уп",404,"1214,13",490508.52]
["N07XX","метаболическое средство","Инозин+Никотинамид+Рибофлавин+Янтарная кислота","Цитофлавин раствор для в/в  вв 10ml №10","ПЛАТ","Да","уп",122,"1214,13",{"v":148123.86000000002,"d":"148,123.86"}]
["N07XX","ноотропное средство","Полипептиды коры головного мозга эмбрионов свиней","Целлекс раствор для п/к вв 0,1mg/ml 1ml №5","ОМС","Нет","уп",40,"10799,19",431967.60000000003]
["N07XX","ноотропное средство","Полипептиды коры головного мозга эмбрионов свиней","Целлекс раствор для п/к вв 0,1mg/ml 1ml №5","ПЛАТ","Нет","уп",2,"10799,19",{"v":21598.38,"d":"21,598.38"}]
["P Противопаразитарные препараты, инсектициды и репелленты "]
["P03Препараты для уничтожения эктопаразитов (в т.ч. чесоточного клеща), инсектициды и репелленты"]
["P03AX01","противочесоточное средство","Бензилбензоат","Бензилбензоат мазь д/наружн прим 20% 25g","ОМС","Да","уп",10,"29,47","294,7"]
[{"$nulls":9},{"$f":"SUBTOTAL(9,J1008:J1230)","v":{"v":1887687.214430001,"d":"1,887,687.21"}}]
["R Дыхательная система "]
["R01Препараты для лечения заболеваний носа"]
["R01AA07","противоконгестивное средство - альфа-адреномиметик","Ксилометазолин","Ксилен капли назал 0,1% 10ml №1","ОМС","Да","уп",60,"25,88","1552,8"]
["R01AA07","противоконгестивное средство - альфа-адреномиметик","Ксилометазолин","Ксилометазолин спрей назал 0,1% 10ml №1","ПЛАТ","Да","уп",5,"126,75",{"$f":"H1238*I1238","v":633.75}]
["R01AA08","носа заболеваний средство лечения","Нафазолин","Нафтизин капли назал 0,1% 10ml №1","ОМС","Нет","уп",6,"17,97",{"$f":"H1239*I1239","v":107.82}]
["R01AA08","носа заболеваний средство лечения","Нафазолин","Нафтизин капли назал 0,1% 10ml №1","ПЛАТ","Нет","уп",3,"17,97",53.91]
["R02Препараты для лечения заболеваний глотки",{"$nulls":8},{"v":0,"d":"0.00"}]
["R02AA01","антисептическое средство","Амбазон","Фарингосепт табл. д/рассас 10mg №20","ОМС","Нет","уп",3,"195,36",586.08]
["R02AA01","антисептическое средство","Амбазон","Фарингосепт табл. д/рассас 10mg №20","ПЛАТ","Нет","уп",5,"195,36",{"v":976.8000000000001,"d":"976.80"}]
["R02AA01","миорелаксант центрального действия","Баклофен","Баклосан табл 10mg №50","ОМС","Да","уп",95,"253,4",24073]
["R02AA01","миорелаксант центрального действия","Баклофен","Баклосан табл 10mg №50","ПЛАТ","Да","уп",20,"253,4",{"v":5068,"d":"5,068.00"}]
["R03Препараты для лечения бронхиальной астмы",{"$nulls":8},{"v":0,"d":"0.00"}]
["R03AC02","бронходилатирующее средство - бета2-адреномиметик селективный","Сальбутамол","Вентолин Небулы раствор для ингаляций 1mg/ml 2,5 ml №20","Бюджет","Да","уп",6,"262,83",1576.98]
["R03AC02","бронходилатирующее средство - бета2-адреномиметик селективный","Сальбутамол","Вентолин Небулы раствор для ингаляций 1mg/ml 2,5 ml №20","ОМС","Да","уп",113,"262,83",29699.789999999997]
["R03AC02","бронходилатирующее средство - бета2-адреномиметик селективный","Сальбутамол","Вентолин Небулы раствор для ингаляций 1mg/ml 2,5 ml №20","ПЛАТ","Да","уп",30,"262,83",{"v":7884.9,"d":"7,884.90"}]
["R03AC02","бронходилатирующее средство - бета2-адреномиметик селективный","Сальбутамол","Сальбутамол аэрозоль д/инг дозир 100mkg/dosis 200dosis 12ml №1","ОМС","Да","уп",38,"174,82",6643.16]
["R03AC02","бронходилатирующее средство - бета2-адреномиметик селективный","Сальбутамол","Сальбутамол-СОЛОфарм раствор для ингаляций 1mg/ml 2,5 ml №20","ОМС","Да","уп",2,"419,98",839.96]
["R03AC02","бронходилатирующее средство - бета2-адреномиметик селективный","Сальбутамол","Сальбутамол-СОЛОфарм раствор для ингаляций 1mg/ml 2,5 ml №20","ПЛАТ","Да","уп",15,"419,98",{"v":6299.700000000001,"d":"6,299.70"}]
["R03AC02","бронходилатирующее средство - бета2-адреномиметик селективный","Сальбутамол","Сальбутамол-Фармстандарт аэрозоль д/инг дозир 100mkg/dosis 200dosis №1","ОМС","Да","уп",15,"113,04",1695.6000000000001]
["R03AC04","бронходилатирующее средство - бета2-адреномиметик селективный","Фенотерол","Фенотерол-аэронатив аэрозоль д/инг дозир 100mkg/dosis 200dosis","ОМС","Нет","уп",17,"422,82",7187.94]
["R03AC04","бронходилатирующее средство - бета2-адреномиметик селективный","Фенотерол","Фенотерол-натив раствор для ингаляций 1mg/ml 20ml №1","ОМС","Да","уп",8,"386,91",3095.28]
["R03AK03","бронходилатирующее средство комбинированное (бета2-адреномиметик селективный+м-холиноблокатор)","Ипратропия бромид+Фенотерол","Ипратерол-аэронатив аэрозоль д/инг дозир 20mkg/dosis+50mkg/dosis 200dosis №1","ОМС","Да","уп",4,"394,23",1576.92]
["R03AK03","бронходилатирующее средство комбинированное (бета2-адреномиметик селективный+м-холиноблокатор)","Ипратропия бромид+Фенотерол","Ипратерол-аэронатив аэрозоль д/инг дозир 20mkg/dosis+50mkg/dosis 200dosis №1","ПЛАТ","Да","уп",3,"394,23",{"v":1182.69,"d":"1,182.69"}]
["R03AK03","бронходилатирующее средство комбинированное (бета2-адреномиметик селективный+м-холиноблокатор)","Ипратропия бромид+Фенотерол","Ипратерол-натив раствор для ингаляций 0,25mg/ml+0,5mg/ml 20ml №1","Бюджет","Да","уп",12,"230,23",2762.7599999999998]
["R03AK03","бронходилатирующее средство комбинированное (бета2-адреномиметик селективный+м-холиноблокатор)","Ипратропия бромид+Фенотерол","Ипратерол-натив раствор для ингаляций 0,25mg/ml+0,5mg/ml 20ml №1","ОМС","Да","уп",532,"230,23",122482.36]
["R03AK03","бронходилатирующее средство комбинированное (бета2-адреномиметик селективный+м-холиноблокатор)","Ипратропия бромид+Фенотерол","Ипратерол-натив раствор для ингаляций 0,25mg/ml+0,5mg/ml 20ml №1","ПЛАТ","Да","уп",30,"230,23",{"v":6906.9,"d":"6,906.90"}]
["R03AL06","бронхолитическое средство комбинированное (бета2-адреномиметик длительного действия+м-холиноблокатор)","Олодатерол+Тиотропия бромид","Спиолто Респимат раствор для ингаляций 2.5mkg+2,5mkg/dosis 4ml","ПЛАТ","Да","уп",2,"2983,52",{"v":5967.04,"d":"5,967.04"}]
["R03BA02","глюкокортикостероид для местного применения","Будесонид","Буденит Стери-Неб  сусп д/инг дозир 0,5mg/ml-2ml №60","Бюджет","Да","уп.",10,"2299,54",22995.4]
["R03BA02","глюкокортикостероид для местного применения","Будесонид","Буденит Стери-Неб  сусп д/инг дозир 0,5mg/ml-2ml №60","ОМС","Да","уп.",80,"2299,54",183963.2]
["R03BA02","глюкокортикостероид для местного применения","Будесонид","Буденит Стери-Неб  сусп д/инг дозир 0,5mg/ml-2ml №60","ПЛАТ","Да","уп.",7,"2299,54",{"v":16096.779999999999,"d":"16,096.78"}]
["R03BA02","глюкокортикостероид для местного применения","Будесонид","Будесонид-натив раствор для ингаляций 0,25mg/ml 2ml №10","ОМС","Да","уп",3,"312,58",937.74]
["R03BA02","глюкокортикостероид для местного применения","Будесонид","Будесонид-натив раствор для ингаляций 0,25mg/ml 2ml №10","ПЛАТ","Да","уп",25,"312,58",{"v":7814.5,"d":"7,814.50"}]
["R03BB01","м-холиноблокатор","Ипратропия бромид","Ипратропиум-натив  раствор для ингаляций 0,25mg/ml 20ml №1","Бюджет","Да","уп",12,"208,73",2504.7599999999998]
["R03BB01","м-холиноблокатор","Ипратропия бромид","Ипратропиум-натив  раствор для ингаляций 0,25mg/ml 20ml №1","ОМС","Да","уп",232,"208,73",48425.36]
["R03BB01","м-холиноблокатор","Ипратропия бромид","Ипратропиум-натив  раствор для ингаляций 0,25mg/ml 20ml №1","ПЛАТ","Да","уп",20,"208,73",{"v":4174.599999999999,"d":"4,174.60"}]
["R03DA05","бронходилатирующее средство","Аминофиллин","Эуфиллин  раствор для в/в  вв 24mg/ml 10ml №10","Б.Опк","Да","уп",2,"41,67",83.34]
["R03DA05","бронходилатирующее средство","Аминофиллин","Эуфиллин  раствор для в/в  вв 24mg/ml 10ml №10","Бюджет","Да","уп",40,"41,67",1666.8000000000002]
["R03DA05","бронходилатирующее средство","Аминофиллин","Эуфиллин  раствор для в/в  вв 24mg/ml 10ml №10","ОМС","Да","уп",1751,"41,67",72964.17]
["R03DA05","бронходилатирующее средство","Аминофиллин","Эуфиллин  раствор для в/в  вв 24mg/ml 10ml №10","ПЛАТ","Да","уп",40,"41,67",{"v":1666.8000000000002,"d":"1,666.80"}]
["R05Препараты, применяемые при кашле и простудных заболеваниях",{"$nulls":8},{"v":0,"d":"0.00"}]
["R05CB01","отхаркивающее муколитическое средство","Ацетилцистеин","Ацетилцистеин Канон гранулы д/приг р-ра д/вн прим 200mg №20","ОМС","Да","уп",385,"152,19",58593.15]
["R05CB01","отхаркивающее муколитическое средство","Ацетилцистеин","Ацетилцистеин Канон гранулы д/приг р-ра д/вн прим 200mg №20","ПЛАТ","Да","уп",27,"152,19",{"v":4109.13,"d":"4,109.13"}]
["R05CB01","отхаркивающее муколитическое средство","Ацетилцистеин","Флуимуцил раствор для инъекций и ингаляций амп 100mg/ml 3ml №5","Бюджет","Да","уп",5,"214,56",1072.8]
["R05CB01","отхаркивающее муколитическое средство","Ацетилцистеин","Флуимуцил раствор для инъекций и ингаляций амп 100mg/ml 3ml №5","ОМС","Да","уп",72,"214,56",15448.32]
["R05CB03","отхаркивающее муколитическое средство","Карбоцистеин","Флуифорт гранулы для пригот суспензии внутрь 2,7g №10","Бюджет","Нет","уп",12,553,6636]
["R05CB03","отхаркивающее муколитическое средство","Карбоцистеин","Флуифорт гранулы для пригот суспензии внутрь 2,7g №10","ОМС","Нет","уп",62,553,34286]
["R05CB03","отхаркивающее муколитическое средство","Карбоцистеин","Флуифорт гранулы для пригот суспензии внутрь 2,7g №10","ПЛАТ","Нет","уп",2,553,{"v":1106,"d":"1,106.00"}]
["R05CB06","отхаркивающее муколитическое средство","Амброксол","Амбробене капс 75mg №10","ПЛАТ","Да","уп",20,"176,94",{"v":3538.8,"d":"3,538.80"}]
["R05CB06","отхаркивающее муколитическое средство","Амброксол","Амброксол  р-р для приема внутрь и инг 7,5mg/ml 100ml №1","ПЛАТ","Да","фл",20,"299,69",{"v":5993.8,"d":"5,993.80"}]
["R05CB06","отхаркивающее муколитическое средство","Амброксол","Амброксол  р-р для приема внутрь и инг 7,5mg/ml 40ml №1","ОМС","Да","уп",27,"119,87",3236.4900000000002]
["R05CB06","отхаркивающее муколитическое средство","Амброксол","Амброксол табл 30 mg №20","Бюджет","Да","уп",10,"31,04",310.4]
["R05CB06","отхаркивающее муколитическое средство","Амброксол","Амброксол табл 30 mg №20","ОМС","Да","уп",1076,"31,04",33399.04]
["R05CB06","отхаркивающее муколитическое средство","Амброксол","Амброксол табл 30 mg №20","ПЛАТ","Да","уп",39,"31,04",{"v":1210.56,"d":"1,210.56"}]
["R05DB13","противокашлевое средство центрального действия","Бутамират","Синекод сироп 1,5mg/ml 200ml","ОМС","Нет","уп",2,"425,69",851.38]
["R05DB13","противокашлевое средство центрального действия","Бутамират","Синекод сироп 1,5mg/ml 200ml","ПЛАТ","Нет","уп",5,"425,69",{"v":2128.45,"d":"2,128.45"}]
["R06Антигистаминные препараты для системного применения",{"$nulls":8},{"v":0,"d":"0.00"}]
["R06AA","противоаллергическое средство - H1-гистаминовых рецепторов блокатор","Клемастин","Тавегил раствор для в/в и в/м вв 1mg/ml 2ml №5","Б.Опк","Нет","уп",1,"225,55",225.55]
["R06AA","противоаллергическое средство - H1-гистаминовых рецепторов блокатор","Клемастин","Тавегил раствор для в/в и в/м вв 1mg/ml 2ml №5","ОМС","Нет","уп",144,"225,55",32479.2]
["R06AA","противоаллергическое средство - H1-гистаминовых рецепторов блокатор","Клемастин","Тавегил раствор для в/в и в/м вв 1mg/ml 2ml №5","ПЛАТ","Нет","уп",17,"225,55",{"v":3834.3500000000004,"d":"3,834.35"}]
["R06AA","противоаллергическое средство - H1-гистаминовых рецепторов блокатор","Клемастин","Тавегил табл 1mg №20","Бюджет","Нет","уп",5,"195,73",978.65]
["R06AA","противоаллергическое средство - H1-гистаминовых рецепторов блокатор","Клемастин","Тавегил табл 1mg №20","ОМС","Нет","уп",61,"195,73",11939.529999999999]
["R06AA","противоаллергическое средство - H1-гистаминовых рецепторов блокатор","Клемастин","Тавегил табл 1mg №20","ПЛАТ","Нет","уп",6,"195,73",{"v":1174.3799999999999,"d":"1,174.38"}]
["R06AA02","противоаллергическое средство - H1-гистаминовых рецепторов блокатор","Дифенгидрамин","Димедрол раствор для в/в и в/м вв 10mg/ml 1ml №10","Бюджет","Да","уп",40,"24,96",998.4000000000001]
["R06AA02","противоаллергическое средство - H1-гистаминовых рецепторов блокатор","Дифенгидрамин","Димедрол раствор для в/в и в/м вв 10mg/ml 1ml №10","ОМС","Да","уп",833,"24,96",20791.68]
["R06AA02","противоаллергическое средство - H1-гистаминовых рецепторов блокатор","Дифенгидрамин","Димедрол раствор для в/в и в/м вв 10mg/ml 1ml №10","ПЛАТ","Да","уп",20,"24,96",{"v":499.20000000000005,"d":"499.20"}]
["R06AA02","противоаллергическое средство - H1-гистаминовых рецепторов блокатор","Дифенгидрамин","Димедрол табл 50mg №20","ОМС","Да","уп",46,"8,63",396.98]
["R06AA02","противоаллергическое средство - H1-гистаминовых рецепторов блокатор","Дифенгидрамин","Димедрол табл 50mg №20","ПЛАТ","Да","уп",5,"8,63",{"v":43.150000000000006,"d":"43.15"}]
["R06AC03","противоаллергическое средство - H1-гистаминовых рецепторов блокатор","Хлоропирамин","Хлоропирамин раствор для в/в и в/м вв 20mg/ml 1ml №5","Бюджет","Да","уп",20,"101,17",2023.4]
["R06AC03","противоаллергическое средство - H1-гистаминовых рецепторов блокатор","Хлоропирамин","Хлоропирамин раствор для в/в и в/м вв 20mg/ml 1ml №5","ОМС","Да","уп",511,"101,17",{"$f":"H1303*I1303","v":51697.87}]
["R06AC03","противоаллергическое средство - H1-гистаминовых рецепторов блокатор","Хлоропирамин","Хлоропирамин раствор для в/в и в/м вв 20mg/ml 1ml №5","ПЛАТ","Да","уп",43,"101,17",{"v":4350.31,"d":"4,350.31"}]
["R06AC03","противоаллергическое средство - H1-гистаминовых рецепторов блокатор","Хлоропирамин","Хлоропирамин табл 25mg №20","Бюджет","Да","уп",3,"73,23",219.69]
["R06AC03","противоаллергическое средство - H1-гистаминовых рецепторов блокатор","Хлоропирамин","Хлоропирамин табл 25mg №20","ОМС","Да","уп",243,"73,23",17794.89]
["R06AC03","противоаллергическое средство - H1-гистаминовых рецепторов блокатор","Хлоропирамин","Хлоропирамин табл 25mg №20","ПЛАТ","Да","уп",10,"73,23",{"v":732.3000000000001,"d":"732.30"}]
["R06AX13","противоаллергическое средство - H1-гистаминовых рецепторов блокатор","Лоратадин","Лоратадин табл 10mg  №10","ОМС","Да","уп",69,"58,5",4036.5]
["R06AX13","противоаллергическое средство - H1-гистаминовых рецепторов блокатор","Лоратадин","Лоратадин табл 10mg  №10","ПЛАТ","Да","уп",15,"58,5",{"v":877.5,"d":"877.50"}]
["R06AX27","противоаллергическое средство - H1-гистаминовых рецепторов блокатор","Дезлоратадин","Дезлоратадин  табл 5mg №10","ОМС","Нет","уп",10,"131,42",1314.1999999999998]
["R06AX27","противоаллергическое средство - H1-гистаминовых рецепторов блокатор","Дезлоратадин","Лордестин табл п/п/о 5mg №10","ОМС","Нет","уп",8,"315,98",2527.84]
["R06AX27","противоаллергическое средство - H1-гистаминовых рецепторов блокатор","Дезлоратадин","Лордестин табл п/п/о 5mg №10","ПЛАТ","Нет","уп",2,"315,98",631.96]
["R07Другие препараты для лечения заболеваний органов дыхания",{"$nulls":8},{"v":0,"d":"0.00"}]
["R07AB","аналептическое средство","Сульфокамфорная кислота+Прокаин","Сульфокамфокаин раствор для инъекций 100mg/ml 2ml №10","ОМС","Нет","уп",15,"192,36",2885.4]
["R07AB","аналептическое средство","Сульфокамфорная кислота+Прокаин","Сульфокамфокаин раствор для инъекций 100mg/ml 2ml №10","ПЛАТ","Нет","уп",2,"192,36",384.72]
["R07AB","антисептическое средство+местноанестезирующее средство","Аммиак","Аммиак р-р д/нар прим и инг 10% 40ml №1","ОМС","Нет","уп",298,"16,65",4961.7]
["R07AB","антисептическое средство+местноанестезирующее средство","Аммиак","Аммиак р-р д/нар прим и инг 10% 40ml №1","ПЛАТ","Нет","уп",8,"16,65",{"v":133.2,"d":"133.20"}]
["R07AB02","аналептическое средство","Никетамид","Кордиамин раствор для инъекций 250mg/ml 2ml №10","Бюджет","Нет","уп",1,"568,74",568.74]
["R07AB02","аналептическое средство","Никетамид","Кордиамин раствор для инъекций 250mg/ml 2ml №10","ОМС","Нет","уп",5,"568,74",2843.7]
["R07AB02","аналептическое средство","Никетамид","Кордиамин раствор для инъекций 250mg/ml 2ml №10","ПЛАТ","Нет","уп",2,"568,74",{"v":1137.48,"d":"1,137.48"}]
[{"$nulls":9},{"$f":"SUBTOTAL(9,J1238:J1320)","v":{"v":96611.66,"d":"96,611.66"}}]
["S Препараты для лечения заболеваний органов чувств "]
["S01Препараты для лечения заболеваний глаз"]
["S01AA09","антибиотик-тетрациклин","Тетрациклин","Тетрациклин мазь глазная 1% 3g","ОМС","Да","уп",185,"40,78","7544,3"]
["S01AA09","антибиотик-тетрациклин","Тетрациклин","Тетрациклин мазь глазная 1% 3g","ПЛАТ","Да","уп",25,"40,78",{"$f":"H1325*I1325","v":{"v":1019.5,"d":"1,019.50"}}]
["S01AA13","антибиотик полициклической структуры","Фузидовая кислота","Фуциталмик капли глазные 1% 5g ","ОМС","Нет","уп",5,555,{"$f":"H1326*I1326","v":2775}]
["S01AB04","противомикробное средство - сульфаниламид","Сульфацетамид","Сульфацил-натрий капли глазные 20% 1,5ml №2 тюбик-капельницы","ОМС","Нет","уп",151,"20,05",3027.55]
["S01AB04","противомикробное средство - сульфаниламид","Сульфацетамид","Сульфацил-натрий капли глазные 20% 1,5ml №2 тюбик-капельницы","ПЛАТ","Нет","уп",52,"20,05",{"v":1042.6000000000001,"d":"1,042.60"}]
["S01AD","иммуностимулирующее средство","Полиадениловая кислота+Полиуридиловая кислота","Полудан лиоф д/приг гл кап 100ЕД 5ml №1","ОМС","Нет","уп",5,"165,95",829.75]
["S01AD03","противовирусное средство для местного применения","Ацикловир","Ацикловир мазь глазная 3% 5,0","ОМС","Да","уп",30,"139,15",4174.5]
["S01AD03","противовирусное средство для местного применения","Ацикловир","Ацикловир мазь глазная 3% 5,0","ПЛАТ","Да","уп",4,"139,15",{"v":556.6,"d":"556.60"}]
["S01AD03","противовирусное средство для местного применения","Ацикловир","Ацикловир мазь д/наружн прим 5% 10g","ОМС","Да","уп",5,"43,42",217.10000000000002]
["S01AD03","противовирусное средство для местного применения","Ацикловир","Ацикловир мазь д/наружн прим 5% 10g","ПЛАТ","Да","уп",5,"43,42",{"v":217.10000000000002,"d":"217.10"}]
["S01AD05","противовирусное средство комбинированное (цитокин + H1-гистаминовых рецепторов блокатор)","Интерферон альфа-2b + дифенгидрамин","Офтальмоферон капли глазные 10000МЕ/ml + 1mg/g 10ml №1","ОМС","Нет","уп",45,"381,19",17153.55]
["S01AD05","противовирусное средство комбинированное (цитокин + H1-гистаминовых рецепторов блокатор)","Интерферон альфа-2b + дифенгидрамин","Офтальмоферон капли глазные 10000МЕ/ml + 1mg/g 10ml №1","ПЛАТ","Нет","уп",2,"381,19",762.38]
["S01AE07","противомикробное средство - фторхинолон","Моксифлоксацин","Максифлокс  капли глазные 5mg/ml 5ml ","ОМС","Да","уп",80,"160,46",12836.800000000001]
["S01AE07","противомикробное средство - фторхинолон","Моксифлоксацин","Максифлокс  капли глазные 5mg/ml 5ml ","ПЛАТ","Да","уп",10,"160,46",{"v":1604.6000000000001,"d":"1,604.60"}]
["S01AX","антисептическое средство","Бензилдиметил-миристоиламино-пропиламмоний","Окомистин капли глазные 0,01% 10ml","Бюджет","Нет","уп",9,"202,07",1818.6299999999999]
["S01AX","антисептическое средство","Бензилдиметил-миристоиламино-пропиламмоний","Окомистин капли глазные 0,01% 10ml","ОМС","Нет","уп",1100,"202,07",222277]
["S01AX","антисептическое средство","Бензилдиметил-миристоиламино-пропиламмоний","Окомистин капли глазные 0,01% 10ml","ПЛАТ","Нет","уп",285,"202,07",{"v":57589.95,"d":"57,589.95"}]
["S01AX11","противомикробное средство - фторхинолон","Офлоксацин","Флоксал мазь глазная 3mg/g 3,0","ОМС","Да","уп",5,"156,59",782.95]
["S01AX19","противомикробное средство - фторхинолон","Левофлоксацин","Л-Оптик Ромфарм капли глазные 0,5% 5ml","Бюджет","Да","уп",100,"166,98",16698]
["S01AX19","противомикробное средство - фторхинолон","Левофлоксацин","Л-Оптик Ромфарм капли глазные 0,5% 5ml","ОМС","Да","уп",1950,"166,98",325611]
["S01AX19","противомикробное средство - фторхинолон","Левофлоксацин","Л-Оптик Ромфарм капли глазные 0,5% 5ml","ПЛАТ","Да","уп",102,"166,98",{"v":17031.96,"d":"17,031.96"}]
["S01BA01","глюкокортикостероид для местного применения","Дексаметазон","Озурдекс имплантат д/интравитреального введ 0,7mg","ПЛАТ","Да","уп",15,56430,{"v":846450,"d":"846,450.00"}]
["S01BA01, H02AB02","глюкокортикостероид","Дексаметазон","Дексаметазон глазные капли 0,1% 10ml №1","Бюджет","Нет","уп",100,"100,23",10023]
["S01BA01, H02AB02","глюкокортикостероид","Дексаметазон","Дексаметазон глазные капли 0,1% 10ml №1","ОМС","Нет","уп",1600,"100,23",160368]
["S01BA01, H02AB02","глюкокортикостероид","Дексаметазон","Дексаметазон глазные капли 0,1% 10ml №1","ПЛАТ","Нет","уп",505,"100,23",{"v":50616.15,"d":"50,616.15"}]
["S01BA01, H02AB02","глюкокортикостероид","Дексаметазон","Дексаметазон раствор для инъекций 4mg/ml 1ml №25","Бюджет","Да","уп",87,"272,63",23718.81]
["S01BA01, H02AB02","глюкокортикостероид","Дексаметазон","Дексаметазон раствор для инъекций 4mg/ml 1ml №25","ОМС","Да","уп",2370,"272,63",646133.1]
["S01BA01, H02AB02","глюкокортикостероид","Дексаметазон","Дексаметазон раствор для инъекций 4mg/ml 1ml №25","ПЛАТ","Да","уп",108,"272,63",{"v":29444.04,"d":"29,444.04"}]
["S01BA01, H02AB02","глюкокортикостероид","Дексаметазон","Дексаметазон раствор для инъекций 4mg/ml 2ml №25","Бюджет","Да","уп",71,"273,63",19427.73]
["S01BA01, H02AB02","глюкокортикостероид","Дексаметазон","Дексаметазон раствор для инъекций 4mg/ml 2ml №25","ОМС","Да","уп",2056,"273,63",562583.28]
["S01BA01, H02AB02","глюкокортикостероид","Дексаметазон","Дексаметазон раствор для инъекций 4mg/ml 2ml №25","ПЛАТ","Да","уп",80,"273,63",{"v":21890.4,"d":"21,890.40"}]
["S01BA01, H02AB02","глюкокортикостероид","Дексаметазон","Дексаметазон табл 0,5mg №10","ОМС","Да","уп",7,"36,12",252.83999999999997]
["S01BA01, H02AB02","глюкокортикостероид","Дексаметазон","Дексаметазон табл 0,5mg №10","ПЛАТ","Да","уп",2,"36,12",72.24]
["S01BA02","глюкокортикостероид для местного применения","Гидрокортизон","Гидрокортизон мазь глазная 0,5% 3g","ОМС","Да","уп",34,"35,97",1222.98]
["S01BA02","глюкокортикостероид для местного применения","Гидрокортизон","Гидрокортизон мазь глазная 0,5% 3g","ПЛАТ","Да","уп",2,"35,97",71.94]
["S01BC01","НПВП","Индометацин","Индоколлир  капли глазные 0,1% 5ml","ОМС","Нет","уп",260,"480,43",124911.8]
["S01BC01","НПВП","Индометацин","Индоколлир  капли глазные 0,1% 5ml","ПЛАТ","Нет","уп",70,"480,43",{"v":33630.1,"d":"33,630.10"}]
["S01CA01","глюкокортикостероид для местного применения+антибиотик-аминогликозид+противогрибковое средство","Дексаметазон+Тобрамицин","ДексаТобропт капли глазные 5ml","ОМС","Нет","уп",50,"251,47",12573.5]
["S01CA01","глюкокортикостероид для местного применения+антибиотик-аминогликозид+противогрибковое средство","Дексаметазон+Тобрамицин","ДексаТобропт капли глазные 5ml","ПЛАТ","Нет","уп",20,"251,47",{"v":5029.4,"d":"5,029.40"}]
["S01EB01","противоглаукомное средство - м-холиномиметик","Пилокарпин","Пилокарпин капли глазные 10mg/ml 5ml","ОМС","Да","уп",{"v":32005,"d":"32,005"},"30,69",{"v":982233.4500000001,"d":"982,233"}]
["S01EB51","противоглаукомное средство комбинированное (м-холиномиметик+бета-адреноблокатор)","Пилокарпин+ тимолол","Фотил форте капли глазные 40mg/ml+5mg/ml 5ml","ОМС","Нет","уп",190,"299,62",56927.8]
["S01EC01","диуретическое средство","Ацетазоламид","Диакарб табл 250mg №30","Бюджет","Да","уп",2,"254,02",508.04]
["S01EC01","диуретическое средство","Ацетазоламид","Диакарб табл 250mg №30","ОМС","Да","уп",374,"254,02",95003.48000000001]
["S01EC01","диуретическое средство","Ацетазоламид","Диакарб табл 250mg №30","ПЛАТ","Да","уп",13,"254,02",{"v":3302.26,"d":"3,302.26"}]
["S01EC03","противоглаукомное средство - карбоангидразы ингибитор","Дорзоламид","Дорзопт  капли глазные 2% 5ml №3","ОМС","Да","уп",152,"1334,75",202882]
["S01EC03","противоглаукомное средство - карбоангидразы ингибитор","Дорзоламид","Дорзопт  капли глазные 2% 5ml №3","ПЛАТ","Да","уп",20,"1334,75",{"v":26695,"d":"26,695.00"}]
["S01ED01","противоглаукомное средство - бета-адреноблокатор","Тимолол","Тимолол-СОЛОфарм  капли глазные 0,5% 5ml","ОМС","Да","уп",130,"40,82",5306.6]
["S01ED01","противоглаукомное средство - бета-адреноблокатор","Тимолол","Тимолол-СОЛОфарм  капли глазные 0,5% 5ml","ПЛАТ","Да","уп",10,"40,82",{"v":408.2,"d":"408.20"}]
["S01ED51","бета-адреноблокатор","Дорзоламид+Тимолол","Дорзопт Плюс  капли глазные 20mg+5mg/ml 5ml","ОМС","Нет","уп",56,"864,33",48402.48]
["S01ED51","бета-адреноблокатор","Дорзоламид+Тимолол","Дорзопт Плюс  капли глазные 20mg+5mg/ml 5ml","ПЛАТ","Нет","уп",2,"864,33",{"v":1728.66,"d":"1,728.66"}]
["S01EE01","противоглаукомное средство - простагландина F2-альфа аналог синтетический","Латанопрост","Трилактан глазные капли 0,005% 2.5 ml","ОМС","Нет","уп",33,"703,29",23208.57]
["S01FA56","офтальмологических заболеваний средство диагностики (м-холиноблокатор+альфа-адреномиметик)","Тропикамид+Фенилэфрин","Аппамид плюс капли глазные 5ml","Бюджет","Нет","уп",100,"172,66",17266]
["S01FA56","офтальмологических заболеваний средство диагностики (м-холиноблокатор+альфа-адреномиметик)","Тропикамид+Фенилэфрин","Аппамид плюс капли глазные 5ml","ОМС","Нет","уп",1713,"172,66",295766.58]
["S01FA56","офтальмологических заболеваний средство диагностики (м-холиноблокатор+альфа-адреномиметик)","Тропикамид+Фенилэфрин","Аппамид плюс капли глазные 5ml","ПЛАТ","Нет","уп",420,"172,66",{"v":72517.2,"d":"72,517.20"}]
["S01HA02","местноанестезирующее средство","Оксибупрокаин","Инокаин капли глазные 0,4% 5ml","Бюджет","Да","уп",50,"114,06",5703]
["S01HA02","местноанестезирующее средство","Оксибупрокаин","Инокаин капли глазные 0,4% 5ml","ОМС","Да","уп",3553,"114,06",405255.18]
["S01HA02","местноанестезирующее средство","Оксибупрокаин","Инокаин капли глазные 0,4% 5ml","ПЛАТ","Да","уп",435,"114,06",{"v":49616.1,"d":"49,616.10"}]
["S01JA01","диагностическое средство","Флуоресцеин натрия","Флуоресцеин Новартис раствор для в/в  вв 100mg/ml 5ml №10","ОМС","Да","уп",30,"2399,38",71981.40000000001]
["S01JA01","диагностическое средство","Флуоресцеин натрия","Флуоресцеин натрия раствор для в/в  вв 100mg/ml 5ml №1","ОМС","Да","уп",500,"188,49",94245]
["S01LA05","средства, препятствующие новообразованию сосудов","Афлиберцепт ","Эйлеа р-р д/внутригл введ 40mg/ml 0,1ml №1","ПЛАТ","Да","уп",90,"53420,4",{"v":4807836,"d":"4,807,836.00"}]
["S01XA12","репарации тканей стимулятор","Декспантенол","Корнерегель гель глазной 5% 10g №1","Бюджет","Нет","уп",5,"968,25",4841.25]
["S01XA12","репарации тканей стимулятор","Декспантенол","Корнерегель гель глазной 5% 10g №1","ОМС","Нет","уп",610,"968,25",590632.5]
["S01XA12","репарации тканей стимулятор","Декспантенол","Корнерегель гель глазной 5% 10g №1","ПЛАТ","Нет","уп",63,"968,25",{"v":60999.75,"d":"60,999.75"}]
[{"$nulls":9},{"$f":"SUBTOTAL(9,J1325:J1386)","v":{"v":6090132.13,"d":"6,090,132.13"}}]
["V Прочие препараты "]
["V03Прочие разные препараты"]
["V03AB","комплексообразующее средство","Димеркаптопропансульфонат натрия ","Унитиол р-р для в/м и п/к введ 50 mg/ml 5ml №10","ОМС","Да","уп",3,"517,42","1552,26"]
["V03AB","комплексообразующее средство","Димеркаптопропансульфонат натрия ","Унитиол р-р для в/м и п/к введ 50 mg/ml 5ml №10","ПЛАТ","Да","уп",2,"517,42",{"$f":"H1391*I1391","v":{"v":1034.84,"d":"1,034.84"}}]
["V03AB06","комплексообразующее средство","Натрия тиосульфат","Натрия тиосульфат раствор для в/в  вв 300mg/ml 10ml №10","ОМС","Да","уп",87,"84,61",{"$f":"H1392*I1392","v":7361.07}]
["V03AB06","комплексообразующее средство","Натрия тиосульфат","Натрия тиосульфат раствор для в/в  вв 300mg/ml 10ml №10","ПЛАТ","Да","уп",2,"84,61",169.22]
["V03AB14","гемостатическое средство","Протамина сульфат","Протамина сульфат раствор для в/в  вв 10mg/ml 5ml №10","Бюджет","Да","уп",70,"1543,42",108039.40000000001]
["V03AB14","гемостатическое средство","Протамина сульфат","Протамина сульфат раствор для в/в  вв 10mg/ml 5ml №10","ОМС","Да","уп",130,"1543,42",200644.6]
["V03AB15","опиоидных рецепторов антагонист","Налоксон","Налоксон раствор для инъекций 0,4mg/ml 1ml №10","ОМС","Да","уп",1,"202,27",202.27]
["V03AB35","антидот","Сугаммадекс","Брайдан раствор для в/в  вв 100mg/ml 2ml №10","Бюджет","Да","уп",10,"74274,28",742742.8]
["V03AB35","антидот","Сугаммадекс","Брайдан раствор для в/в  вв 100mg/ml 2ml №10","ОМС","Да","уп",13,"74274,28",965565.64]
["V03AB35","антидот","Сугаммадекс","Брайдан раствор для в/в  вв 100mg/ml 2ml №10","ПЛАТ","Да","уп",9,"74274,28",{"v":668468.52,"d":"668,468.52"}]
["V03AX","ферментное средство","Гиалуронидаза","Лидаза лиоф д/пр р-ра д/и и мест/пр 64УЕ №10","ОМС","Нет","уп.",10,"362,68",3626.8]
["V04Диагностические препараты",{"$nulls":8},{"v":0,"d":"0.00"}]
["V04CX","диагностическое средство","Индоцианин зеленый","Индоцианин зеленый-ПУЛЬСИОН лиоф д/пр р-ра д/в/в вв 25mg №5","ПЛАТ","Нет","уп",1,48300,{"v":48300,"d":"48,300.00"}]
["V07Другие разные нелечебные средства",{"$nulls":8},{"v":0,"d":"0.00"}]
["V07AB","растворитель","Вода","Вода для инъекций растворитель для приг.лек.форм для инъекций 500ml №24","Бюджет","Да","уп",15,"1093,92",16408.800000000003]
["V07AB","растворитель","Вода","Вода для инъекций растворитель для приг.лек.форм для инъекций 500ml №24","ОМС","Да","уп",527,"1093,92",576495.8400000001]
["V07AB","растворитель","Декстроза","Глюкоза Браун раствор для инфузий 5% 250ml №10","ОМС","Да","уп",52,"226,46",11775.92]
["V07AB","растворитель","Декстроза","Глюкоза Браун раствор для инфузий 5% 250ml №10","ПЛАТ","Да","уп",10,"226,46",{"v":2264.6,"d":"2,264.60"}]
["V07AB","растворитель","Натрия хлорид ","Натрия хлорид  растворитель для приг.лек.форм для инъекций 0,9%-10ml №10","ОМС","Да","уп.",275,"49,53",13620.75]
["V08Контрастные вещества",{"$nulls":8},{"v":0,"d":"0.00"}]
["V08AB02","рентгеноконтрастное средство","Йогексол","Омнипак раствор для инъекций 350mg/ml 100ml №10","ОМС","Да","уп",200,"19516,25",3903250]
["V08AB02","рентгеноконтрастное средство","Йогексол","Омнипак раствор для инъекций 350mg/ml 50ml №10","ОМС","Да","уп",330,"10343,62",3413394.6]
["V08AB02","рентгеноконтрастное средство","Йогексол","Омнипак раствор для инъекций 350mg/ml 50ml №10","ПЛАТ","Да","уп",8,"10343,62",{"v":82748.96,"d":"82,748.96"}]
["V08AB05","рентгеноконтрастное средство","Йопромид","Ультравист раствор для инъекций 300mg/ml 500ml №8","Бюджет","Да","уп",10,"80916,5",809165]
["V08AB05","рентгеноконтрастное средство","Йопромид","Ультравист раствор для инъекций 300mg/ml 500ml №8","ОМС","Да","уп",118,"80916,5",9548147]
["V08AB05","рентгеноконтрастное средство","Йопромид","Ультравист раствор для инъекций 300mg/ml 500ml №8","ПЛАТ","Да","уп",12,"80916,5",{"v":970998,"d":"970,998.00"}]
["V08BA02","рентгеноконтрастное средство","Бария сульфат","Бар-ВИПС порошок д/приг суспензии д/вн прим 240g №40","ОМС","Да","уп",8,"4015,5",32124]
["V08CA03","контрастное средство для МРТ","Гадодиамид","Омнискан раствор для в/в  вв 0,5mmol/ml 20ml №10","ОМС","Да","уп",231,"29453,02",6803647.62]
["V08CA03","контрастное средство для МРТ","Гадодиамид","Омнискан раствор для в/в  вв 0,5mmol/ml 20ml №10","ПЛАТ","Да","уп",14,"29453,02",{"v":412342.28,"d":"412,342.28"}]
[{"$nulls":9},{"$f":"SUBTOTAL(9,J1391:J1418)","v":{"v":2186326.42,"d":"2,186,326.42"}}]
["Прочие"]
["~ Диуретическое средство растительного происхождения"]
["~","диуретическое средство растительного происхождения","~","Канефрон Н драже №60","ОМС","Нет","уп",6,"704,85","4229,1"]
["~","диуретическое средство растительного происхождения","~","Канефрон Н драже №60","ПЛАТ","Нет","уп",9,"704,85",{"$f":"H1423*I1423","v":{"v":6343.650000000001,"d":"6,343.65"}}]
["Экстемпоральная рецептура",{"$nulls":8},{"$f":"H1424*I1424","v":{"v":0,"d":"0.00"}}]
["С1",null,"Натрия хлорид","Натрия хлорид субстанция-порошок кг","ОМС","Нет","кг",62,"166,5",10323]
["Э",null,"~","Антигриппин порошок для внутр. применения 1,04 г","Бюджет","Нет","пор.",50,"2,9",145]
["Э",null,"~","Антигриппин порошок для внутр. применения 1,04 г","ОМС","Нет","пор.",8052,"2,9",23350.8]
["Э",null,"~","Антигриппин порошок для внутр. применения 1,04 г","ПЛАТ","Нет","пор.",340,"2,9",{"v":986,"d":"986.00"}]
["Э",null,"~","Капли Морозова(сердечное)  капл д/пр внутрь 45 ml","Бюджет","Нет","фл",40,"32,18",1287.2]
["Э",null,"~","Капли Морозова(сердечное)  капл д/пр внутрь 45 ml","ОМС","Нет","фл",1213,"32,18",39034.34]
["Э",null,"~","Капли Морозова(сердечное)  капл д/пр внутрь 45 ml","ПЛАТ","Нет","фл",37,"32,18",{"v":1190.66,"d":"1,190.66"}]
["Э",null,"~","Краска ВГД  для измерения внутриглазного давл. 5,04g","ОМС","Нет","фл",608,"374,64",227781.12]
["Э",null,"~","Мазь Анестезиновая 5% мазь д/наружн прим 100g","ОМС","Нет","банка",5,"39,56",197.8]
["Э",null,"~","Мазь Ксероформная 10%  мазь д/наружн прим 100g","ОМС","Нет","банка",10,"96,91",969.0999999999999]
["Э",null,"~","Мазь Ланолиновая  мазь д/наружн прим 50g","ПЛАТ","Нет","банка",2,"49,37",98.74]
["Э",null,"~","Мазь Стрептоцидовая 10% мазь д/мест и наруж/пр 100g","ОМС","Нет","банка",5,"241,88",1209.4]
["Э",null,"~","Мазь в нос  мазь д/мест и наруж/пр 10g","Бюджет","Нет","банка",5,"10,38",51.900000000000006]
["Э",null,"~","Мазь в нос  мазь д/мест и наруж/пр 10g","ОМС","Нет","банка",60,"10,38",622.8000000000001]
["Э",null,"~","Мазь в нос  мазь д/мест и наруж/пр 10g","ПЛАТ","Нет","банка",5,"10,38",{"v":51.900000000000006,"d":"51.90"}]
["Э",null,"~","Масло вазелиновое масло для наружн. примненения 100g","ОМС","Нет","фл",66,"44,07",2908.62]
["Э",null,"~","Масло вазелиновое масло для наружн. примненения 100g","ПЛАТ","Нет","фл",20,"44,07",{"v":881.4,"d":"881.40"}]
["Э",null,"~","Микстура Кватера  микстура 400mll","Бюджет","Нет","фл",30,28,840]
["Э",null,"~","Микстура Кватера  микстура 400mll","ОМС","Нет","фл",2300,28,64400]
["Э",null,"~","Микстура Кватера  микстура 400mll","ПЛАТ","Нет","фл",120,28,{"v":3360,"d":"3,360.00"}]
["Э",null,"~","Настойка Боярышника (капли) капл д/пр внутрь 25g","ОМС","Нет","фл",30,"6,05",181.5]
["Э",null,"~","Настойка Боярышника (капли) капл д/пр внутрь 25g","ПЛАТ","Нет","фл",20,"6,05",{"v":121,"d":"121.00"}]
["Э",null,"~","Настойка Валерианы (капли) капл д/пр внутрь 25g","ОМС","Нет","фл",107,"11,38",1217.66]
["Э",null,"~","Настойка Валерианы (капли) капл д/пр внутрь 25g","ПЛАТ","Нет","фл",20,"11,38",{"v":227.60000000000002,"d":"227.60"}]
["Э",null,"~","Настойка Пустырника (капли) капл д/пр внутрь 25g","ОМС","Нет","фл",102,"7,38",752.76]
["Э",null,"~","Настойка Пустырника (капли) капл д/пр внутрь 25g","ПЛАТ","Нет","фл",20,"7,38",{"v":147.6,"d":"147.60"}]
["Э",null,"~","Порошок Глюкозы  порошок для внутр. применения 100g","ОМС","Нет","уп.",329,13,4277]
["Э",null,"~","Р-Р Магния сульфата 3%  раствор для ФТО 200ml","ОМС","Нет","фл",20,"1,51",30.2]
["Э",null,"~","Р-р Анальгина 2%  раствор для ФТО 200ml","ОМС","Нет","фл",20,"11,68",233.6]
["Э",null,"~","Р-р Борной кислоты 2%  р-р для наружного применения 400ml","ОМС","Нет","фл",1,"3,95",3.95]
["Э",null,"~","Р-р Йода спиртовый 5%  р-р для наружного применения 30ml","Б.Опк","Нет","фл",8,"29,3",234.4]
["Э",null,"~","Р-р Йода спиртовый 5%  р-р для наружного применения 30ml","Бюджет","Нет","фл",2,"29,3",58.6]
["Э",null,"~","Р-р Йода спиртовый 5%  р-р для наружного применения 30ml","ОМС","Нет","фл",323,"29,3",9463.9]
["Э",null,"~","Р-р Йода спиртовый 5%  р-р для наружного применения 30ml","ПЛАТ","Нет","фл",20,"29,3",{"v":586,"d":"586.00"}]
["Э",null,"~","Р-р Калия йодида 3%  раствор для ФТО 100ml","ОМС","Нет","фл",200,"24,98",4996]
["Э",null,"~","Р-р Калия йодида 3%  раствор для ФТО 200ml","ОМС","Нет","фл",30,"49,95",1498.5]
["Э",null,"~","Р-р Калия перманганата 0,05% р-р для наружного применения 20ml","ОМС","Нет","фл",110,"0,12",13.2]
["Э",null,"~","Р-р Калия перманганата 5%  р-р для наружного применения 50ml","Бюджет","Нет","фл",5,"35,52",177.60000000000002]
["Э",null,"~","Р-р Калия перманганата 5%  р-р для наружного применения 50ml","ОМС","Нет","фл",180,"35,52",6393.6]
["Э",null,"~","Р-р Калия перманганата 5%  р-р для наружного применения 50ml","ПЛАТ","Нет","фл",5,"35,52",{"v":177.60000000000002,"d":"177.60"}]
["Э",null,"~","Р-р Кальция хлорида 2%  раствор для ФТО 200ml","ОМС","Нет","фл",130,"2,22",288.6]
["Э",null,"~","Р-р Колларгола 2%  р-р для наружного применения 200ml","ОМС","Нет","фл",20,"745,92",14918.4]
["Э",null,"~","Р-р Колларгола 2%  р-р для наружного применения 200ml","ПЛАТ","Нет","фл",12,"745,92",{"v":8951.039999999999,"d":"8,951.04"}]
["Э",null,"~","Р-р Левомицетина 0,25%  раствор для ФТО 200ml","ОМС","Нет","фл",50,"3,66",183]
["Э",null,"~","Р-р Натрия тиосульфата 2%  раствор для ФТО 200ml","ОМС","Нет","фл",20,"0,93",18.6]
["Э",null,"~","Р-р Натрия хлорида 0,9%  р-р для наружного применения 3 l","Б.Опк","Нет","фл",48,"3,6",172.8]
["Э",null,"~","Р-р Натрия хлорида 0,9%  р-р для наружного применения 3 l","ОМС","Нет","фл",48,"3,6",172.8]
["Э",null,"~","Р-р Натрия хлорида 10%  р-р для наружного применения 3 l","ОМС","Нет","фл",30,"39,96",1198.8]
["Э",null,"~","Р-р Новокаина 2%  раствор для ФТО 200ml","ОМС","Нет","фл",80,"23,09",1847.2]
["Э",null,"~","Р-р Перекиси водорода 3%  р-р для наружного применения 200ml","ОМС","Нет","фл",1575,"4,8",7560]
["Э",null,"~","Р-р Перекиси водорода 3%  р-р для наружного применения 200ml","ПЛАТ","Нет","фл",5,"4,8",{"v":24,"d":"24.00"}]
["Э",null,"~","Р-р Перекиси водорода 3%  р-р для наружного применения 20ml","ОМС","Нет","фл",1321,"0,48",634.0799999999999]
["Э",null,"~","Р-р Перекиси водорода 3%  р-р для наружного применения 400ml","Б.Опк","Нет","фл",48,"9,54",457.91999999999996]
["Э",null,"~","Р-р Перекиси водорода 3%  р-р для наружного применения 400ml","ОМС","Нет","фл",2687,"9,54",25633.979999999996]
["Э",null,"~","Р-р Перекиси водорода 4%  р-р для дезинф 400ml","Б.Опк","Нет","фл",500,"12,69",6345]
["Э",null,"~","Р-р Перекиси водорода 4%  р-р для дезинф 400ml","ОМС","Нет","фл",2396,"12,69",30405.239999999998]
["Э",null,"~","Р-р Перекиси водорода 4%  р-р для дезинф 5 l","ОМС","Нет","канистра",20,"158,56",3171.2]
["Э",null,"~","Р-р Перекиси водорода 6%  р-р для дезинф 200ml","Б.Опк","Нет","фл",800,"9,55",7640.000000000001]
["Э",null,"~","Р-р Перекиси водорода 6%  р-р для дезинф 200ml","ОМС","Нет","фл",1480,"9,55",14134.000000000002]
["Э",null,"~","Р-р Перекиси водорода 6%  р-р для дезинф 400ml","Бюджет","Нет","фл",30,"19,09",572.7]
["Э",null,"~","Р-р Перекиси водорода 6%  р-р для дезинф 400ml","ОМС","Нет","фл",466,"19,09",8895.94]
["Э",null,"Формальдегид","Р-р Формалина 10%  р-р для наружного применения 200ml","ОМС","Нет","фл",240,"8,44",2025.6]
["Э",null,"~","Р-р Фурацилина 0,02%  р-р для наружного применения 400ml","ОМС","Нет","фл",9183,"0,81",7438.2300000000005]
["Э",null,"~","Р-р Фурацилина 0,02%  р-р для наружного применения 400ml","ПЛАТ","Нет","фл",6,"0,81",{"$f":"H1488*I1488","v":4.86}]
["Э",null,"~","Р-р Хлоргексидина 0,02% асепт. р-р д/нар и местн прим 200ml","ОМС","Нет","фл",11340,"0,52",5896.8]
["Э",null,"~","Р-р Хлоргексидина 0,25%  р-р для наружного применения 200ml","Бюджет","Нет","фл",21,"6,52",136.92]
["Э",null,"~","Р-р Хлоргексидина 0,25%  р-р для наружного применения 200ml","ОМС","Нет","фл",1995,"6,52",13007.4]
["Э",null,"~","Р-р Хлоргексидина 0,25%  р-р для наружного применения 400ml","ОМС","Нет","фл",1764,"13,04",23002.559999999998]
["Э",null,"Борная кислота","Кислота борная порошок для наруж примен(присыпка) 100g","ОМС","Нет","уп",34,"79,92",2717.28]
["Э",null,"Вазелин","Вазелин (мазь) мазь д/наружн прим 30g","ОМС","Нет","банка",188,"6,62",1244.56]
["Э",null,"Вазелин","Вазелин (мазь) мазь д/наружн прим 30g","ПЛАТ","Нет","банка",3,"6,62",19.86]
["Э",null,"Глицерол","Глицерин  р-р для наружного применения 50g","ОМС","Нет","фл",88,"27,53",2422.6400000000003]
["Э",null,"Калия хлорид","Р-р Калия хлорида 10%   стер. раствор для в/в  вв 200ml","Бюджет","Нет","фл",370,"7,9",2923]
["Э",null,"Калия хлорид","Р-р Калия хлорида 10%   стер. раствор для в/в  вв 200ml","ОМС","Нет","фл",2260,"7,9",17854]
["Э",null,"Кальция хлорид","Р-р Кальция хлорида 1%  стер. раствор для инъекций 200ml","ОМС","Нет","фл",310,"1,12",347.20000000000005]
["Э",null,"Ксероформ ","Ксероформ (присыпка) порошок для наруж примен(присыпка) 10g","ОМС","Нет","уп.",75,"77,03",5777.25]
["Э",null,"Мяты перечной листьев масло+Фенобарбитал+Этилбромизовалерианат","Корвалол (капли) капл д/пр внутрь 25g","Б.Опк","Нет","фл",2,"33,85",67.7]
["Э",null,"Мяты перечной листьев масло+Фенобарбитал+Этилбромизовалерианат","Корвалол (капли) капл д/пр внутрь 25g","Бюджет","Нет","фл",8,"33,85",270.8]
["Э",null,"Мяты перечной листьев масло+Фенобарбитал+Этилбромизовалерианат","Корвалол (капли) капл д/пр внутрь 25g","ОМС","Нет","фл",132,"33,85",4468.2]
["Э",null,"Мяты перечной листьев масло+Фенобарбитал+Этилбромизовалерианат","Корвалол (капли) капл д/пр внутрь 25g","ПЛАТ","Нет","фл",20,"33,85",{"v":677,"d":"677.00"}]
["Э",null,"Натрия гидрокарбонат","Р-р Натрия гидрокарбоната 3% стер. раствор для в/в  вв 150ml","ОМС","Нет","фл",1100,"0,94",1034]
["Э",null,"Натрия хлорид","Р-р Натрия хлорида 0,9%  стер. раствор для инфузий 150ml","ОМС","Нет","фл",400,"0,22",88]
["Э",null,"Натрия хлорид","Р-р Натрия хлорида 10%  стер. раствор для инъекций 150ml","ОМС","Нет","фл",967,2,1934]
["Э",null,"Нитрофурал","Р-р Фурацилина 0,02%  изот. стер. р-р для наружного применения 350ml","Бюджет","Нет","фл",50,"1,13",56.49999999999999]
["Э",null,"Нитрофурал","Р-р Фурацилина 0,02%  изот. стер. р-р для наружного применения 350ml","ОМС","Нет","фл",1830,"1,13",2067.8999999999996]
["Э",null,"Парафин жидкий","Масло вазелиновое  стер. масло для наружн. примненения 5g","ОМС","Нет","фл",8462,"2,43",20562.66]
["Э",null,"Парафин жидкий","Масло вазелиновое  стер. масло для наружн. примненения 5g","ПЛАТ","Нет","фл",20,"2,43",{"v":48.6,"d":"48.60"}]
["Э",null,"Тальк","Тальк (присыпка) порошок для наруж примен(присыпка) 100g","ОМС","Нет","уп",6,"14,43","86,58"]
["Э",null,"Формальдегид","Р-р Формалина 10% р-р для наружного применения 5 l","ОМС","Нет","канистра",125,"231,99","28998,75"]
[{"$nulls":9},{"$f":"SUBTOTAL(9,J1423:J1513)","v":{"v":23897.510000000002,"d":"23,897.51"}}]
[]
["Итого",{"$nulls":8},{"$f":"J1514+J1419+J1387+J1321+J1234+J1001+J930+J925+J802+J771+J756+J682+J427+J229","v":{"v":15371389.82043,"d":"15,371,389.82"}}]
[]
["Всего запланировано к закупке 500 наименований лекарственных препаратов на общую сумму 15 371 389,82 руб."]
[]
["Согласовано:",null,null,"."]
["Заместитель главного врача по экономическим вопросам",{"$nulls":6},"Заикина Е.В."]
[{"$nulls":3},"."]
["Главный бухгалтер",null,null,".",{"$nulls":3},"Титова З.А."]
[{"$nulls":3},"."]
["Заместитель главного врача",null,null,".",{"$nulls":3},"Мотущук Е.А."]
[{"$nulls":3},"."]
["Председатель ФТК: заместитель главного врача по терапии",{"$nulls":6},"Нестерко А.О."]
[{"$nulls":3},"."]
["Секретарь: заведующая аптекой",null,null,".",{"$nulls":3},"Козлова Н.В."]
[{"$nulls":3},"."]
["Члены ФТК:","заместитель главного врача по ЭВН",{"$nulls":5},"Руденко Д.И."]
[{"$nulls":3},"."]
[null,"заместитель главного врача по офтальмологии",{"$nulls":5},"Николаенко В.П."]
[{"$nulls":3},"."]
[null,"заведующий терапевтическим отделением",{"$nulls":5},"Петров А.Л."]
[{"$nulls":3},"."]
[null,"клинический фармаколог",{"$nulls":5},"Гомон Ю.М."]
[]
[null,"заведующий отделением кардиологии № 2",{"$nulls":5},"Иконников П.П."]
[{"$nulls":3},"."]
[null,"заведующая отделением эндокринологии",{"$nulls":5},"Орлова В.Л."]
[{"$nulls":3},"."]
[null,"заведующая отделением переливания крови",{"$nulls":5},"Никитова И.С"]
[{"$nulls":3},"."]
[null,"заведующая отделением гастроэнтерологии",{"$nulls":5},"Кашерининова И.И."]
[{"$nulls":3},"."]
[null,"заведующий КОИТ",null,".",{"$nulls":3},"Шорохов К.Н."]
[{"$nulls":3},"."]
[null,"заведующий отделением общей хирургии",{"$nulls":5},"Олейник В.В."]
[{"$nulls":3},"."]
[null,"заведующий отделением анестезиологии",{"$nulls":5},"Бояркин А.А."]
[{"$nulls":3},"."]
[null,"заведующий отделением неврологии №1",{"$nulls":5},"Голиков К.В."]
[]
[null,"заведующая отделением неврологии №3",{"$nulls":5},"Стучевская Т.Р."]
[]
[null,"заведующая офтальмологическим КДО",{"$nulls":5},"Терехова И.В."]
[]
[null,"заведующий ОРИТ № 1",{"$nulls":5},"Сорокин М.Ф."]
[]
[null,"заведующий ОРИТ № 2",{"$nulls":5},"Нефедов А.В."]

{"sheet":"БЮДЖ","index":3,"n_rows":1534,"n_cols":10,"rows_kept":1534,"merged":[[9,0,9,8],[12,0,12,9],[224,0,224,9],[421,0,421,9],[676,0,676,9],[759,0,759,9],[789,0,789,9],[912,0,912,9],[981,0,981,9],[1210,0,1210,9],[1295,0,1295,9],[1361,0,1361,9],[1392,0,1392,9],[1493,0,1493,5],[1499,0,1499,5],[1503,1,1503,5],[1507,1,1507,5],[1511,1,1511,5],[1513,1,1513,5],[1521,1,1521,5],[1523,1,1523,5],[1531,1,1531,5],[1533,1,1533,5]]}
[{"$nulls":7},"\"Утверждаю\""]
[{"$nulls":7},"Главный врач СПб ГБУЗ ГМПБ №2"]
[{"$nulls":7},"Волчков В.А."]
[]
[{"$nulls":7},"______________________________"]
[{"$nulls":7},"\"30 мая 2019 года"]
[]
[]
[]
["ФОРМУЛЯРНЫЙ ПЕРЕЧЕНЬ ЛЕКАРСТВЕННЫХ ПРЕПАРАТОВ НА 2020 ГОД"]
[{"$nulls":3},"БЮДЖЕТ"]
["АТХ","Группа","МНН","Название","ИФ","ЖНиВЛП","Ед.изм","Кол-во","Цена","Сумма"]
["A Пищеварительный тракт и обмен веществ "]
["A01AB11","противомикробное средство","Метронидазол + Хлоргексидин","Метрогил Дента гель стоматологический 20g №1","ПЛАТ","Нет","уп",20,"281,59","5631,8"]
["A01AD11","НПВП","Холина салицилат + Цеталкония хлорид","Холисал гель стоматологический 10g","ПЛАТ","Нет","уп",25,"417,43","10435,75"]
["A01AВ11","противовоспалительное средство растительного происхождения","~","Стоматофит экстракт для местного применения, [жидкий] 100ml","ПЛАТ","Нет","уп",20,"319,28","6385,6"]
["A02Препараты, применяемые при состояниях, связанных с нарушениями кислотности"]
["A02BA03","желез желудка секрецию понижающее средство - H2-гистаминовых рецепторов блокатор","Фамотидин","Фамотидин лиоф д/пр р-ра д/в/в вв 20mg+5ml №5","Бюджет","Да","уп",271,"310,43",{"$f":"H18*I18","v":{"v":84126.53,"d":"84,126.53"}}]
["A02BA03","желез желудка секрецию понижающее средство - H2-гистаминовых рецепторов блокатор","Фамотидин","Фамотидин лиоф д/пр р-ра д/в/в вв 20mg+5ml №5","ОМС","Да","уп",2453,"310,43",{"$f":"H19*I19","v":761484.79}]
["A02BA03","желез желудка секрецию понижающее средство - H2-гистаминовых рецепторов блокатор","Фамотидин","Фамотидин лиоф д/пр р-ра д/в/в вв 20mg+5ml №5","ПЛАТ","Да","уп",128,"310,43",39735.04]
["A02BA03","желез желудка секрецию понижающее средство - H2-гистаминовых рецепторов блокатор","Фамотидин","Фамотидин табл п/п/о 20mg №20","Бюджет","Да","уп",20,"23,33",{"v":466.59999999999997,"d":"466.60"}]
["A02BA03","желез желудка секрецию понижающее средство - H2-гистаминовых рецепторов блокатор","Фамотидин","Фамотидин табл п/п/о 20mg №20","ОМС","Да","уп",395,"23,33",9215.349999999999]
["A02BA03","желез желудка секрецию понижающее средство - H2-гистаминовых рецепторов блокатор","Фамотидин","Фамотидин табл п/п/о 20mg №20","ПЛАТ","Да","уп",8,"23,33",186.64]
["A02BA03","желез желудка секрецию понижающее средство - H2-гистаминовых рецепторов блокатор","Фамотидин","Фамотидин табл п/п/о 20mg №30","Бюджет","Да","уп",100,"34,43",{"v":3443,"d":"3,443.00"}]
["A02BA03","желез желудка секрецию понижающее средство - H2-гистаминовых рецепторов блокатор","Фамотидин","Фамотидин табл п/п/о 20mg №30","ОМС","Да","уп",2218,"34,43",76365.74]
["A02BA03","желез желудка секрецию понижающее средство - H2-гистаминовых рецепторов блокатор","Фамотидин","Фамотидин табл п/п/о 20mg №30","ПЛАТ","Да","уп",25,"34,43",860.75]
["A02BC01","желез желудка секрецию понижающее средство - протонного насоса ингибитор","Омепразол","Омез лиоф-т д/пригот р-ра д/инф 40mg №1","Бюджет","Да","уп",50,"150,3",{"v":7515.000000000001,"d":"7,515.00"}]
["A02BC01","желез желудка секрецию понижающее средство - протонного насоса ингибитор","Омепразол","Омез лиоф-т д/пригот р-ра д/инф 40mg №1","ОМС","Да","уп",1225,"150,3",184117.5]
["A02BC01","желез желудка секрецию понижающее средство - протонного насоса ингибитор","Омепразол","Омез лиоф-т д/пригот р-ра д/инф 40mg №1","ПЛАТ","Да","уп",108,"150,3",16232.400000000001]
["A02BC01","желез желудка секрецию понижающее средство - протонного насоса ингибитор","Омепразол","Омепразол капс к/раст 20mg №30","Бюджет","Да","уп",115,"32,94",{"v":3788.1,"d":"3,788.10"}]
["A02BC01","желез желудка секрецию понижающее средство - протонного насоса ингибитор","Омепразол","Омепразол капс к/раст 20mg №30","ОМС","Да","уп",4968,"32,94",163645.91999999998]
["A02BC01","желез желудка секрецию понижающее средство - протонного насоса ингибитор","Омепразол","Омепразол капс к/раст 20mg №30","ПЛАТ","Да","уп",210,"32,94",6917.4]
["A02BC01","желез желудка секрецию понижающее средство - протонного насоса ингибитор","Омепразол","Омепразол лиоф-т д/пригот р-ра д/инф 40mg №1","ОМС","Да","уп",101,"272,26",27498.26]
["A02BC01","желез желудка секрецию понижающее средство - протонного насоса ингибитор","Омепразол","Ультоп капсулы 40mg №28","ОМС","Да","уп",19,"525,44",9983.36]
["A02BC01","желез желудка секрецию понижающее средство - протонного насоса ингибитор","Омепразол","Ультоп капсулы 40mg №28","ПЛАТ","Да","уп",21,"525,44",11034.240000000002]
["А02BC02","желез желудка секрецию понижающее средство - протонного насоса ингибитор","Пантопразол","Нольпаза лиоф д/пр р-ра д/в/в вв 40mg №1","ОМС","Нет","уп",50,"301,45",15072.5]
["А02BC02","желез желудка секрецию понижающее средство - протонного насоса ингибитор","Пантопразол","Нольпаза лиоф д/пр р-ра д/в/в вв 40mg №1","ПЛАТ","Нет","уп",61,"301,45",18388.45]
["А02BC02","желез желудка секрецию понижающее средство - протонного насоса ингибитор","Пантопразол","Нольпаза табл п/к/р/о 40mg №14","ОМС","Нет","уп",298,"184,04",54843.92]
["А02BC02","желез желудка секрецию понижающее средство - протонного насоса ингибитор","Пантопразол","Нольпаза табл п/к/р/о 40mg №14","ПЛАТ","Нет","уп",20,"184,04",3680.7999999999997]
["A02BC04","желез желудка секрецию понижающее средство - протонного насоса ингибитор","Рабепразол","Зульбекс табл к/р п/п/о 20mg №28","ОМС","Нет","уп",20,1680,33600]
["A02BC04","желез желудка секрецию понижающее средство - протонного насоса ингибитор","Рабепразол","Зульбекс табл к/р п/п/о 20mg №28","ПЛАТ","Нет","уп",8,1680,13440]
["A02BC04","желез желудка секрецию понижающее средство - протонного насоса ингибитор","Рабепразол","Рабепразол-СЗ капсулы 20mg №28","ОМС","Нет","уп",20,"427,53",8550.599999999999]
["A02BC05","желез желудка секрецию понижающее средство - протонного насоса ингибитор","Эзомепразол","Эманера капс к/раст 20mg №14","ОМС","Да","уп",55,"242,17",13319.349999999999]
["A02BC05","желез желудка секрецию понижающее средство - протонного насоса ингибитор","Эзомепразол","Эманера капс к/раст 20mg №14","ПЛАТ","Да","уп",25,"242,17",6054.25]
["A02BC05","желез желудка секрецию понижающее средство - протонного насоса ингибитор","Эзомепразол","Эманера капс к/раст 40mg №28","ОМС","Да","уп",29,"727,99",21111.71]
["A02BC05","желез желудка секрецию понижающее средство - протонного насоса ингибитор","Эзомепразол","Эманера капс к/раст 40mg №28","ПЛАТ","Да","уп",15,"727,99",10919.85]
["A02BX","рефлюкс-эзофагита средство лечения","~","Гевискон Форте суспензия д/ приема внутрь (в компл.мерн.лож) 150ml №1","ОМС","Нет","уп",10,"346,8",3468]
["A02BX","рефлюкс-эзофагита средство лечения","~","Гевискон Форте суспензия д/ приема внутрь (в компл.мерн.лож) 150ml №1","ПЛАТ","Нет","уп",5,"346,8",1734]
["A02BX05","антисептическое кишечное и вяжущее средство","Висмута трикалия дицитрат","Висмута трикалия дицитрат табл п/п/о 120mg № 56","ОМС","Да","уп",73,"440,62",32165.260000000002]
["A02BX05","антисептическое кишечное и вяжущее средство","Висмута трикалия дицитрат","Висмута трикалия дицитрат табл п/п/о 120mg № 56","ПЛАТ","Да","уп",15,"440,62",6609.3]
["A02BX05","антисептическое кишечное и вяжущее средство","Висмута трикалия дицитрат","Улькавис табл п/п/о 120mg № 56","ПЛАТ","Да","уп",5,"413,7",2068.5]
["A02АХ","антацидное средство","Алгелдрат+Магния гидроксид","Алмагель суспензия д/ приема внутрь (в компл.мерн.лож) 170ml","ОМС","Нет","уп",53,"266,66",14132.980000000001]
["A02АХ","антацидное средство","Алгелдрат+Магния гидроксид","Алмагель суспензия д/ приема внутрь (в компл.мерн.лож) 170ml","ПЛАТ","Нет","уп",2,"266,66",533.32]
["A03Препараты для лечения функциональных нарушений со стороны ЖКТ",{"$nulls":8},{"v":0,"d":"0.00"}]
["A03AA","м-холиноблокатор","Платифиллин","Платифиллина гидротартрат раствор для п/к вв 2mg/ml 1ml №10","ОМС","Да","уп",241,"69,75",16809.75]
["A03AA","м-холиноблокатор","Платифиллин","Платифиллина гидротартрат раствор для п/к вв 2mg/ml 1ml №10","ПЛАТ","Да","уп",26,"69,75",1813.5]
["A03AA04","спазмолитическое средство","Мебеверин","Спарекс капс пролонг/д-я 200mg №30","ОМС","Да","уп",165,"514,84",84948.6]
["A03AA04","спазмолитическое средство","Мебеверин","Спарекс капс пролонг/д-я 200mg №30","ПЛАТ","Да","уп",45,"514,84",23167.800000000003]
["A03AD01","спазмолитическое средство","Папаверин","Папаверина гидрохлорид раствор для инъекций 20mg/ml 2ml №10","Б.Опк","Нет","уп",2,"273,06",546.12]
["A03AD01","спазмолитическое средство","Папаверин","Папаверина гидрохлорид раствор для инъекций 20mg/ml 2ml №10","Бюджет","Нет","уп",30,"273,06",{"v":8191.8,"d":"8,191.80"}]
["A03AD01","спазмолитическое средство","Папаверин","Папаверина гидрохлорид раствор для инъекций 20mg/ml 2ml №10","ОМС","Нет","уп",315,"273,06",86013.9]
["A03AD01","спазмолитическое средство","Папаверин","Папаверина гидрохлорид раствор для инъекций 20mg/ml 2ml №10","ПЛАТ","Нет","уп",10,"273,06",2730.6]
["A03AD02","спазмолитическое средство","Дротаверин","Дротаверин раствор для инъекций 20mg/ml 2ml №10","Бюджет","Да","уп",105,"59,01",{"v":6196.05,"d":"6,196.05"}]
["A03AD02","спазмолитическое средство","Дротаверин","Дротаверин раствор для инъекций 20mg/ml 2ml №10","ОМС","Да","уп",3134,"59,01",184937.34]
["A03AD02","спазмолитическое средство","Дротаверин","Дротаверин раствор для инъекций 20mg/ml 2ml №10","ПЛАТ","Да","уп",58,"59,01",3422.58]
["A03AD02","спазмолитическое средство","Дротаверин","Дротаверин табл 40mg №100","Бюджет","Да","уп",2,"58,25",{"v":116.5,"d":"116.50"}]
["A03AD02","спазмолитическое средство","Дротаверин","Дротаверин табл 40mg №100","ОМС","Да","уп",430,"58,25",25047.5]
["A03AD02","спазмолитическое средство","Дротаверин","Дротаверин табл 40mg №100","ПЛАТ","Да","уп",23,"58,25",1339.75]
["A03AD02","спазмолитическое средство","Дротаверин","Дротаверин табл 40mg №20","ОМС","Да","уп",57,"30,12",1716.8400000000001]
["A03AD02","спазмолитическое средство","Дротаверин","Дротаверин табл 40mg №20","ПЛАТ","Да","уп",5,"30,12",150.6]
["A03BA01","м-холиноблокатор","Атропин","Атропин капли глазные 1% 5ml","ОМС","Да","уп",63,"52,27",3293.01]
["A03BA01","м-холиноблокатор","Атропин","Атропин капли глазные 1% 5ml","ПЛАТ","Да","уп",4,"52,27",209.08]
["A03BA01","м-холиноблокатор","Атропин","Атропин раствор для инъекций 1mg/ml 1ml №5","ОМС","Да","уп",897,"12,01",10772.97]
["A03BA01","м-холиноблокатор","Атропин","Атропин раствор для инъекций 1mg/ml 1ml №5","ПЛАТ","Да","уп",2,"12,01",24.02]
["A03BA01","м-холиноблокатор","Атропин","Атропина сульфат раствор для инъекций 1mg/ml 1ml №10","ОМС","Да","уп",1544,"28,39",43834.16]
["A03FA01","противорвотное средство - дофаминовых рецепторов блокатор центральный","Метоклопрамид","Метоклопрамид раствор для в/в и в/м вв 5mg/ml 2ml №10","Бюджет","Да","уп",49,"123,89",{"v":6070.61,"d":"6,070.61"}]
["A03FA01","противорвотное средство - дофаминовых рецепторов блокатор центральный","Метоклопрамид","Метоклопрамид раствор для в/в и в/м вв 5mg/ml 2ml №10","ОМС","Да","уп",1543,"123,89",191162.27]
["A03FA01","противорвотное средство - дофаминовых рецепторов блокатор центральный","Метоклопрамид","Метоклопрамид раствор для в/в и в/м вв 5mg/ml 2ml №10","ПЛАТ","Да","уп",72,"123,89",8920.08]
["A03FA01","противорвотное средство - дофаминовых рецепторов блокатор центральный","Метоклопрамид","Метоклопрамид табл 10mg №50","ОМС","Да","уп",69,"26,79",1848.51]
["A03FA01","противорвотное средство - дофаминовых рецепторов блокатор центральный","Метоклопрамид","Метоклопрамид табл 10mg №50","ПЛАТ","Да","уп",3,"26,79",80.37]
["A04Противорвотные препараты",{"$nulls":8},{"v":0,"d":"0.00"}]
["А04АА01","противорвотное средство - серотониновых рецепторов антагонист","Ондансетрон","Латран раствор для в/в и в/м вв 2mg/ml 2ml №5","Бюджет","Да","уп",10,"456,12",{"v":4561.2,"d":"4,561.20"}]
["А04АА01","противорвотное средство - серотониновых рецепторов антагонист","Ондансетрон","Латран раствор для в/в и в/м вв 2mg/ml 2ml №5","ОМС","Да","уп",90,"456,12",{"$f":"H83*I83","v":41050.8}]
["А04АА01","противорвотное средство - серотониновых рецепторов антагонист","Ондансетрон","Латран раствор для в/в и в/м вв 2mg/ml 2ml №5","ПЛАТ","Да","уп",21,"456,12",9578.52]
["A05Препараты для лечения заболеваний печени и желчевыводящих путей",{"$nulls":8},{"v":0,"d":"0.00"}]
["А05АА02","гепатопротекторное средство","Урсодезоксихолевая кислота","Урсодезоксихолевая кислота капсулы 250mg №50","ОМС","Да","уп",32,"571,14",18276.48]
["А05АА02","гепатопротекторное средство","Урсодезоксихолевая кислота","Урсодезоксихолевая кислота капсулы 250mg №50","ПЛАТ","Да","уп",8,"571,14",4569.12]
["A05BA","гипоазотемическое средство","Орнитин","Гепа-Мерц гран д/р-ра перор 5g №30","Бюджет","Нет","уп",2,"2095,42",{"v":4190.84,"d":"4,190.84"}]
["A05BA","гипоазотемическое средство","Орнитин","Гепа-Мерц гран д/р-ра перор 5g №30","ОМС","Нет","уп",15,"2095,42",31431.300000000003]
["A05BA","гипоазотемическое средство","Орнитин","Гепа-Мерц гран д/р-ра перор 5g №30","ПЛАТ","Нет","уп",10,"2095,42",20954.2]
["A05BA","метаболическое средство","Инозин+Меглюмин+Метионин+Никотинамид+Янтарная кислота","Ремаксол раствор для инфузий 400ml №1","Бюджет","Да","уп",90,"398,47",{"v":35862.3,"d":"35,862.30"}]
["A05BA","метаболическое средство","Инозин+Меглюмин+Метионин+Никотинамид+Янтарная кислота","Ремаксол раствор для инфузий 400ml №1","ОМС","Да","уп",160,"398,47",63755.200000000004]
["A05BA","метаболическое средство","Инозин+Меглюмин+Метионин+Никотинамид+Янтарная кислота","Ремаксол раствор для инфузий 400ml №1","ПЛАТ","Да","уп",100,"398,47",39847]
["A06AA01","слабительное средство","Парафин жидкий","Вазелиновое масло масло д/приема внутрь 25ml","ОМС","Нет","уп",273,"36,63",9999.990000000002]
["A06AA01","слабительное средство","Парафин жидкий","Вазелиновое масло масло д/приема внутрь 25ml","ПЛАТ","Нет","уп",30,"36,63",1098.9]
["A06AB02","слабительное средство","Бисакодил","Бисакодил табл п/к/р/о 5mg №30","ОМС","Да","уп",135,"20,96",2829.6]
["A06AB02","слабительное средство","Бисакодил","Бисакодил табл п/к/р/о 5mg №30","ПЛАТ","Да","уп",2,"20,96",41.92]
["A06AB02","слабительное средство","Бисакодил","Бисакодил-Нижфарм  супп рект 10mg №10","ОМС","Да","уп",65,"42,62",2770.2999999999997]
["A06AB02","слабительное средство","Бисакодил","Бисакодил-Нижфарм  супп рект 10mg №10","ПЛАТ","Да","уп",8,"42,62",340.96]
["А06АВ06","слабительное средство растительного происхождения","Сеннозиды А и В","Сенадексин  табл №20","ОМС","Да","уп",354,"15,84",5607.36]
["А06АВ06","слабительное средство растительного происхождения","Сеннозиды А и В","Сенадексин  табл №20","ПЛАТ","Да","уп",3,"15,84",47.519999999999996]
["A06AD11","слабительное средство","Лактулоза","Нормазе сироп 667mg/ml 200ml","ОМС","Да","уп",107,"278,3",29778.100000000002]
["A06AD11","слабительное средство","Лактулоза","Порталак сироп 667mg/ml 500ml","ОМС","Да","уп",7,"398,47",2789.29]
["A06AD11","слабительное средство","Лактулоза","Порталак сироп 667mg/ml 500ml","ПЛАТ","Да","уп",11,"398,47",4383.17]
["A06AD15","слабительное средство","Макрогол","Фортранс порошок д/приг суспензии д/вн прим 64g №4","ПЛАТ","Да","уп",83,"517,38",42942.54]
["A06АВ05","слабительное средство растительного происхождения","~","Касторовое масло масло д/приема внутрь 30ml","ОМС","Нет","уп",125,"36,63",4578.75]
["A07AA11","антибиотик-рифамицин","Рифаксимин","Альфа Нормикс табл п/п/о 200mg №12","ОМС","Нет","уп",70,"1069,34",74853.79999999999]
["A07AA11","антибиотик-рифамицин","Рифаксимин","Альфа Нормикс табл п/п/о 200mg №12","ПЛАТ","Нет","уп",20,"1069,34",21386.8]
["A07AX03","противомикробное средство - нитрофуран","Нифуроксазид","Экофурил капсулы 200mg №16","ОМС","Нет","уп",20,"459,56",9191.2]
["A07AX03","противомикробное средство - нитрофуран","Нифуроксазид","Экофурил капсулы 200mg №16","ПЛАТ","Нет","уп",15,"459,56",6893.4]
["A07BA01","энтеросорбирующее средство","Уголь активированный","Уголь активированный табл 250mg №10","ОМС","Нет","уп",408,"4,33",1766.64]
["A07BA01","энтеросорбирующее средство","Уголь активированный","Уголь активированный табл 250mg №10","ПЛАТ","Нет","уп",20,"4,33",86.6]
["A07BC05","противодиарейное средство","Диосмектит","Неосмектин порошок д/приг суспензии д/вн прим 3g №30","ОМС","Да","уп",33,"341,55",11271.15]
["A07BC05","противодиарейное средство","Диосмектит","Неосмектин порошок д/приг суспензии д/вн прим 3g №30","ПЛАТ","Да","уп",20,"341,55",6831]
["A07DA03","противодиарейное средство","Лоперамид","Лоперамид табл 2mg №10","ОМС","Да","уп",35,"25,06",877.0999999999999]
["A07DA03","противодиарейное средство","Лоперамид","Лоперамид табл 2mg №20","ОМС","Да","уп",251,"27,21",6829.71]
["A07DA03","противодиарейное средство","Лоперамид","Лоперамид табл 2mg №20","ПЛАТ","Да","уп",14,"27,21",380.94]
["A07EC02","противомикробное и противовоспалительное кишечное средство","Сульфасалазин","Сульфасалазин-ЕН  табл п/к/р/о 500mg №50","ОМС","Да","уп",20,"359,34",7186.799999999999]
["A07EC02","противомикробное и противовоспалительное кишечное средство","Сульфасалазин","Сульфасалазин-ЕН  табл п/к/р/о 500mg №50","ПЛАТ","Да","уп",3,"359,34",1078.02]
["A07FA","средство, нормализующее микрофлору кишечника","~","Хилак Форте капл д/пр внутрь 100ml №1","ПЛАТ","Нет","уп",15,"565,48",8482.2]
["A07FA","эубиотик","Бифидобактерии бифидум","Бифидумбактерин  лиоф д/приг р-ра д/приема внутрь и мест прим 5dosis №10","ОМС","Да","уп",12,"86,51",1038.1200000000001]
["A07FA","эубиотик","Бифидобактерии лонгум+Энтерококкус фециум","Бифиформ капс к/раст №30","ОМС","Нет","уп",42,"615,87",25866.54]
["A07FA","эубиотик","Бифидобактерии лонгум+Энтерококкус фециум","Бифиформ капс к/раст №30","ПЛАТ","Нет","уп",49,"615,87",30177.63]
["A07FA02","противодиарейное средство","Сахаромицеты Boulardii","Энтерол капсулы 250mg №30","ОМС","Нет","уп",60,"570,54",34232.399999999994]
["A07FA02","противодиарейное средство","Сахаромицеты Boulardii","Энтерол капсулы 250mg №30","ПЛАТ","Нет","уп",20,"570,54",11410.8]
["A07FA51","эубиотик","~","Линекс капс №16","ОМС","Нет","уп",10,"394,94",3949.4]
["A07FA51","эубиотик","~","Линекс капс №16","ПЛАТ","Нет","уп",2,"394,94",789.88]
["А09АА02","пищеварительное ферментное средство","Панкреатин","Креон 25000 капс к/раст 300mg №20","ОМС","Да","уп",55,"562,03",30911.649999999998]
["А09АА02","пищеварительное ферментное средство","Панкреатин","Креон 25000 капс к/раст 300mg №20","ПЛАТ","Да","уп",45,"562,03",25291.35]
["А09АА02","пищеварительное ферментное средство","Панкреатин","Мезим форте 10000 табл п/к/р/о  №20","ОМС","Да","уп",758,"180,66",136940.28]
["А09АА02","пищеварительное ферментное средство","Панкреатин","Мезим форте 10000 табл п/к/р/о  №20","ПЛАТ","Да","уп",142,"180,66",25653.72]
["А09АА02","пищеварительное ферментное средство","Панкреатин","Микразим капсулы 25000 ЕД №50","ОМС","Да","уп",326,"792,55",258371.3]
["А09АА02","пищеварительное ферментное средство","Панкреатин","Микразим капсулы 25000 ЕД №50","ПЛАТ","Да","уп",54,"792,55",42797.7]
["А09АА02","пищеварительное ферментное средство","Панкреатин","Микразим капсулы 40000 EД №50","ОМС","Да","уп",4,"1516,61",6066.44]
["А09АА02","пищеварительное ферментное средство","Панкреатин","Микразим капсулы 40000 EД №50","ПЛАТ","Да","уп",4,"1516,61",6066.44]
["A10Препараты для лечения сахарного диабета",{"$nulls":8},{"v":0,"d":"0.00"}]
["A10AB01","гипогликемическое средство - инсулин короткого действия","Инсулин растворимый [человеческий генно-инженерный]","Инсуман Рапид ГТ раствор для инъекций 100МЕ/ml 3ml №5","Бюджет","Да","уп",5,"1120,14",{"v":5600.700000000001,"d":"5,600.70"}]
["A10AB01","гипогликемическое средство - инсулин короткого действия","Инсулин растворимый [человеческий генно-инженерный]","Инсуман Рапид ГТ раствор для инъекций 100МЕ/ml 3ml №5","ОМС","Да","уп",43,"1120,14",48166.020000000004]
["A10AB01","гипогликемическое средство - инсулин короткого действия","Инсулин растворимый [человеческий генно-инженерный]","Инсуман Рапид ГТ раствор для инъекций 100МЕ/ml 3ml №5","ПЛАТ","Да","уп",3,"1120,14",3360.42]
["A10AB01","гипогликемическое средство - инсулин короткого действия","Инсулин растворимый [человеческий генно-инженерный]","Росинсулин Р раствор для инъекций 100МЕ/ml 3ml №5","Бюджет","Да","уп",5,"1516,57",{"v":7582.849999999999,"d":"7,582.85"}]
["A10AB01","гипогликемическое средство - инсулин короткого действия","Инсулин растворимый [человеческий генно-инженерный]","Росинсулин Р раствор для инъекций 100МЕ/ml 3ml №5","ОМС","Да","уп",47,"1516,57",71278.79]
["A10AB01","гипогликемическое средство - инсулин короткого действия","Инсулин растворимый [человеческий генно-инженерный]","Росинсулин Р раствор для инъекций 100МЕ/ml 5ml №5","Бюджет","Да","уп",14,"1085,06",{"v":15190.84,"d":"15,190.84"}]
["A10AB01","гипогликемическое средство - инсулин короткого действия","Инсулин растворимый [человеческий генно-инженерный]","Росинсулин Р раствор для инъекций 100МЕ/ml 5ml №5","ОМС","Да","уп",116,"1085,06",125866.95999999999]
["A10AB01","гипогликемическое средство - инсулин короткого действия","Инсулин растворимый [человеческий генно-инженерный]","Росинсулин Р раствор для инъекций 100МЕ/ml 5ml №5","ПЛАТ","Да","уп",2,"1085,06",2170.12]
["A10AB01","гипогликемическое средство - инсулин короткого действия","Инсулин растворимый [человеческий генно-инженерный]","Росинсулин Р раствор для п/к вв 100ME/ml 5ml №5","ОМС","Да","уп",47,"1043,32",49036.03999999999]
["A10AC01","гипогликемическое средство - инсулин средней продолжительности действия","Инсулин-изофан","Росинсулин С суспензия для п/к вв 100ME/ml 5ml №5","Бюджет","Да","уп",8,"1046,36",{"v":8370.88,"d":"8,370.88"}]
["A10AC01","гипогликемическое средство - инсулин средней продолжительности действия","Инсулин-изофан","Росинсулин С суспензия для п/к вв 100ME/ml 5ml №5","ОМС","Да","уп",134,"1046,36",{"$f":"H147*I147","v":140212.24}]
["A10AC01","гипогликемическое средство - инсулин средней продолжительности действия","Инсулин-изофан","Росинсулин С суспензия для п/к вв 100ME/ml 5ml №5","ПЛАТ","Да","уп",2,"1046,36",2092.72]
["A10AЕ04","гипогликемическое средство - инсулина длительного действия аналог","Инсулин гларгин","Туджео СолоСтар р-р для п/к введ, картриджи в шприц-ручках СолоСтар 300ME/ml 1,5ml №3","Бюджет","Да","уп",12,"3208,15",{"v":38497.8,"d":"38,497.80"}]
["A10AЕ04","гипогликемическое средство - инсулина длительного действия аналог","Инсулин гларгин","Туджео СолоСтар р-р для п/к введ, картриджи в шприц-ручках СолоСтар 300ME/ml 1,5ml №3","ОМС","Да","уп",145,"3208,15",465181.75]
["A10AЕ04","гипогликемическое средство - инсулина длительного действия аналог","Инсулин гларгин","Туджео СолоСтар р-р для п/к введ, картриджи в шприц-ручках СолоСтар 300ME/ml 1,5ml №3","ПЛАТ","Да","уп",9,"3208,15",28873.350000000002]
["A10BA02","гипогликемическое средство для перорального применения группы бигуанидов","Метформин","Форметин табл 0,5g №60","Бюджет","Да","уп",3,"93,43",280.29]
["A10BA02","гипогликемическое средство для перорального применения группы бигуанидов","Метформин","Форметин табл 0,5g №60","ОМС","Да","уп",93,"93,43",8688.99]
["A10BA02","гипогликемическое средство для перорального применения группы бигуанидов","Метформин","Форметин табл 0,5g №60","ПЛАТ","Да","уп",7,"93,43",654.01]
["A10BA02","гипогликемическое средство для перорального применения группы бигуанидов","Метформин","Форметин табл 0,85g №60","Бюджет","Да","уп",5,"180,33",{"v":901.6500000000001,"d":"901.65"}]
["A10BA02","гипогликемическое средство для перорального применения группы бигуанидов","Метформин","Форметин табл 0,85g №60","ОМС","Да","уп",252,"180,33",45443.16]
["A10BA02","гипогликемическое средство для перорального применения группы бигуанидов","Метформин","Форметин табл 0,85g №60","ПЛАТ","Да","уп",3,"180,33",540.99]
["A10BA02","гипогликемическое средство для перорального применения группы бигуанидов","Метформин","Форметин табл 1g №30","Бюджет","Да","уп",5,"153,01",765.05]
["A10BA02","гипогликемическое средство для перорального применения группы бигуанидов","Метформин","Форметин табл 1g №30","ОМС","Да","уп",115,"153,01",17596.149999999998]
["A10BA02","гипогликемическое средство для перорального применения группы бигуанидов","Метформин","Форметин табл 1g №30","ПЛАТ","Да","уп",3,"153,01",459.03]
["A10BB01","гипогликемическое средство для перорального применения группы сульфонилмочевины II поколения","Глибенкламид","Глибенкламид табл 5mg №120","ОМС","Да","уп",15,"97,94",1469.1]
["A10BB01","гипогликемическое средство для перорального применения группы сульфонилмочевины II поколения","Глибенкламид","Глибенкламид табл 5mg №120","ПЛАТ","Да","уп",1,"97,94",97.94]
["A10BB09","гипогликемическое средство для перорального применения группы сульфонилмочевины II поколения","Гликлазид","Гликлазид МВ  табл с модифиц. высвобождением 30 mg №60 ","ПЛАТ","Да","уп",3,"138,13",414.39]
["A10BB09","гипогликемическое средство для перорального применения группы сульфонилмочевины II поколения","Гликлазид","Гликлазид МВ  табл с модифиц. высвобождением 60mg №60","ОМС","Да","уп",15,"138,13",2071.95]
["A11Витамины",{"$nulls":8},{"v":0,"d":"0.00"}]
["A11CC03","витамин - кальциево-фосфорного обмена регулятор","Альфакальцидол","Альфа Д3-Тева капсулы 0,25mkg №30","ПЛАТ","Да","уп",2,"299,85",599.7]
["A11DA01","витамин","Тиамин","Тиамин раствор для в/м вв 50mg/ml 1ml №10","Бюджет","Да","уп",7,"27,49",{"v":192.42999999999998,"d":"192.43"}]
["A11DA01","витамин","Тиамин","Тиамин раствор для в/м вв 50mg/ml 1ml №10","ОМС","Да","уп",813,"27,49",22349.37]
["A11DA01","витамин","Тиамин","Тиамин раствор для в/м вв 50mg/ml 1ml №10","ПЛАТ","Да","уп",18,"27,49",494.82]
["A11EA","витамины группы B","Поливитамины","Нейромультивит табл п/п/о №20","ПЛАТ","Нет","уп",3,"796,09",2388.27]
["A11GA01","витамин","Аскорбиновая кислота","Аскорбиновая кислота раствор для в/в и в/м вв 50mg/ml 2ml №10","Бюджет","Да","уп",25,"37,69",942.25]
["A11GA01","витамин","Аскорбиновая кислота","Аскорбиновая кислота раствор для в/в и в/м вв 50mg/ml 2ml №10","ОМС","Да","уп",920,"37,69",34674.799999999996]
["A11GA01","витамин","Аскорбиновая кислота","Аскорбиновая кислота раствор для в/в и в/м вв 50mg/ml 2ml №10","ПЛАТ","Да","уп",170,"37,69",6407.299999999999]
["A11HA02","витамин","Пиридоксин","Пиридоксин раствор для инъекций 50mg/ml 1ml №10","Бюджет","Да","уп",9,"27,44",246.96]
["A11HA02","витамин","Пиридоксин","Пиридоксин раствор для инъекций 50mg/ml 1ml №10","ОМС","Да","уп",779,"27,44",21375.760000000002]
["A11HA02","витамин","Пиридоксин","Пиридоксин раствор для инъекций 50mg/ml 1ml №10","ПЛАТ","Да","уп",18,"27,44",493.92]
["А11НА03","витамин","Витамин Е","Лайфевит капсулы 100mg №30","ОМС","Нет","уп",20,"188,7",3774]
["А11НА03","витамин","Витамин Е","альфа-Токоферола ацетат (Витамин E)  капсулы 100mg №10","ОМС","Нет","уп",50,"85,35",4267.5]
["A11HA04","витамин","Рибофлавин","Рибофлавин - мононуклеотид раствор для в/м вв 10mg/ml 1ml №10","ОМС","Нет","уп",60,"115,43",6925.8]
["A11HA04","витамин","Рибофлавин","Рибофлавин - мононуклеотид раствор для в/м вв 10mg/ml 1ml №10","ПЛАТ","Нет","уп",2,"115,43",230.86]
["A11JA","поливитаминное средство","Витамин Е+ Ретинол","Аевит капсулы №10","ПЛАТ","Нет","уп",20,"39,18",783.6]
["A12Минеральные добавки",{"$nulls":8},{"v":0,"d":"0.00"}]
["A12AA03","кальциево-фосфорного обмена регулятор","Кальция глюконат","Кальция глюконат Б.Браун раствор для инъекций 10% 10ml №20","ОМС","Да","уп",143,"379,5",54268.5]
["A12AA03","кальциево-фосфорного обмена регулятор","Кальция глюконат","Кальция глюконат Б.Браун раствор для инъекций 10% 10ml №20","ПЛАТ","Да","уп",3,"379,5",1138.5]
["A12AX","кальциево-фосфорного обмена регулятор","Кальция карбонат + Колекальциферол","Кальций-Д3 Никомед Форте  табл жеват 500mg+400ME №30","ОМС","Нет","уп",4,"578,2",2312.8]
["A12AX","кальциево-фосфорного обмена регулятор","Кальция карбонат + Колекальциферол","Кальций-Д3 Никомед Форте  табл жеват 500mg+400ME №30","ПЛАТ","Нет","уп",2,"578,2",1156.4]
["A12BA01","калия препарат","Калия хлорид","Калия хлорид Б. Браун конц-т д/приг раствора для инфузий 40mg/ml 10ml №20","Бюджет","Да","уп",28,"245,41",{"v":6871.48,"d":"6,871.48"}]
["A12BA01","калия препарат","Калия хлорид","Калия хлорид Б. Браун конц-т д/приг раствора для инфузий 40mg/ml 10ml №20","ОМС","Да","уп",877,"245,41",215224.57]
["A12BA01","калия препарат","Калия хлорид","Калия хлорид Б. Браун конц-т д/приг раствора для инфузий 40mg/ml 10ml №20","ПЛАТ","Да","уп",115,"245,41",28222.149999999998]
["A12BA01","калия препарат","Калия хлорид","Калия хлорид конц-т д/приг раствора для инфузий 40mg/ml 100ml №1","ОМС","Да","уп",1780,"63,59",113190.20000000001]
["A12BA01","калия препарат","Калия хлорид","Калия хлорид конц-т д/приг раствора для инфузий 40mg/ml 100ml №1","ПЛАТ","Да","уп",35,"63,59",2225.65]
["A12BA01","калия препарат","Калия хлорид","Калия хлорид конц-т д/приг раствора для инфузий 40mg/ml 100ml №35","Бюджет","Да","уп",5,"2894,38",{"v":14471.900000000001,"d":"14,471.90"}]
["A12BA01","калия препарат","Калия хлорид","Калия хлорид конц-т д/приг раствора для инфузий 40mg/ml 100ml №35","ОМС","Да","уп",72,"2894,38",208395.36000000002]
["A12BA01","калия препарат","Калия хлорид","Калия хлорид конц-т д/приг раствора для инфузий 40mg/ml 100ml №35","ПЛАТ","Да","уп",9,"2894,38",26049.420000000002]
["A12BA01","калия препарат","Калия хлорид","Калия хлорид концентрат для приготовления р-ра для инфузий 75mg/ml 200ml №28","ОМС","Да","уп",194,"2868,16",556423.0399999999]
["A12CX","калия и магния препарат","Калия и магния аспарагинат","Аспаркам табл №20","ОМС","Да","уп",250,"41,14",10285]
["A12CX","калия и магния препарат","Калия и магния аспарагинат","Аспаркам табл №60","Бюджет","Да","уп",100,"103,73",{"v":10373,"d":"10,373.00"}]
["A12CX","калия и магния препарат","Калия и магния аспарагинат","Аспаркам табл №60","ОМС","Да","уп",710,"103,73",73648.3]
["A12CX","калия и магния препарат","Калия и магния аспарагинат","Аспаркам табл №60","ПЛАТ","Да","уп",9,"103,73",933.57]
["A12CX","калия и магния препарат","Калия и магния аспарагинат","Аспаркам- L раствор для в/в  вв 10ml №10","ОМС","Да","уп",51,"94,48",4818.4800000000005]
["A12CX","калия и магния препарат","Калия и магния аспарагинат","Аспаркам- L раствор для в/в  вв 10ml №10","ПЛАТ","Да","уп",30,"94,48",2834.4]
["A12CX","калия и магния препарат","Калия и магния аспарагинат","Калия и магния аспарагинат  конц-т д/приг раствора для инфузий 10ml №10","ОМС","Да","уп",30,"227,7",6831]
["A12CX","калия и магния препарат","Калия и магния аспарагинат","Калия и магния аспарагинат  раствор для инфузий 250ml №1","Бюджет","Да","уп",350,"79,59",{"v":27856.5,"d":"27,856.50"}]
["A12CX","калия и магния препарат","Калия и магния аспарагинат","Калия и магния аспарагинат  раствор для инфузий 250ml №1","ОМС","Да","уп",3410,"79,59",271401.9]
["A12CX","калия и магния препарат","Калия и магния аспарагинат","Калия и магния аспарагинат  раствор для инфузий 250ml №1","ПЛАТ","Да","уп",54,"79,59",4297.860000000001]
["A12CX","калия и магния препарат","Калия и магния аспарагинат","Калия и магния аспарагинат  раствор для инфузий 500ml №1","Бюджет","Да","уп",240,"148,19",{"v":35565.6,"d":"35,565.60"}]
["A12CX","калия и магния препарат","Калия и магния аспарагинат","Калия и магния аспарагинат  раствор для инфузий 500ml №1","ОМС","Да","уп",365,"148,19",54089.35]
["A14AB01","анаболическое стероидное средство","Нандролон","Ретаболил раствор для в/м вв 50mg/ml 1ml","ОМС","Да","амп",20,"239,83",4796.6]
["A14AB01","анаболическое стероидное средство","Нандролон","Ретаболил раствор для в/м вв 50mg/ml 1ml","ПЛАТ","Да","амп",5,"239,83",1199.15]
["A16Другие препараты для лечения заболеваний ЖКТ и нарушений обмена веществ",{"$nulls":8},{"v":0,"d":"0.00"}]
["A16AA02","гепатопротекторное средство","Адеметионин","Гептор лиоф-т д/приг р-ра для в/в и в/м вв 400mg+р-ль 5ml №5","Бюджет","Да","уп",22,"1475,53",{"$f":"H211*I211","v":{"v":32461.66,"d":"32,461.66"}}]
["A16AA02","гепатопротекторное средство","Адеметионин","Гептор лиоф-т д/приг р-ра для в/в и в/м вв 400mg+р-ль 5ml №5","ОМС","Да","уп",80,"1475,53","118042,4"]
["A16AA02","гепатопротекторное средство","Адеметионин","Гептор лиоф-т д/приг р-ра для в/в и в/м вв 400mg+р-ль 5ml №5","ПЛАТ","Да","уп",82,"1475,53","118650,26"]
["A16AA02","гепатопротекторное средство","Адеметионин","Гептор табл п/к/р/о  400mg №40","ОМС","Да","уп",56,"2246,91","125826,96"]
["A16AA02","гепатопротекторное средство","Адеметионин","Гептор табл п/к/р/о  400mg №40","ПЛАТ","Да","уп",17,"2246,91","38197,47"]
["A16AA02","гепатопротекторное средство","Адеметионин","Гептор табл п/к/р/о 400mg №20","ПЛАТ","Да","уп",1,"1123,45","1123,45"]
["A16AX01","метаболическое средство","Тиоктовая кислота","Октолипен табл п/п/о 600mg №30","ОМС","Да","уп",25,"708,51","17712,75"]
["A16AX01","метаболическое средство","Тиоктовая кислота","Октолипен табл п/п/о 600mg №30","ПЛАТ","Да","уп",7,"708,51","4959,57"]
["A16AX01","метаболическое средство","Тиоктовая кислота","Тиолепта раствор для инфузий 12mg/ml 50ml №10","ОМС","Да","уп",65,"2110,73","137197,45"]
["A16AX01","метаболическое средство","Тиоктовая кислота","Тиолипон конц-т д/приг раствора для в/в вв 30mg/ml 10ml №10","ОМС","Да","уп",135,"420,18","56724,3"]
["A16AX01","метаболическое средство","Тиоктовая кислота","Тиолипон конц-т д/приг раствора для в/в вв 30mg/ml 10ml №10","ПЛАТ","Да","уп",108,"420,18","45379,44"]
["А16АХ01","метаболическое средство","Тиоктовая кислота","Тиоктовая кислота концентрат для приготовления р-ра для инфузий 30mg/ml 10ml №10","ОМС","Да","уп",55,"1073,42","59038,1"]
["А16АХ01","метаболическое средство","Тиоктовая кислота","Тиоктовая кислота концентрат для приготовления р-ра для инфузий 30mg/ml 10ml №10","ПЛАТ","Да","уп",5,"1073,42","5367,1"]
[{"$nulls":9},{"$f":"SUBTOTAL(9,J18:J223)","v":{"v":370700.37,"d":"370,700.37"}}]
["B Кроветворение и кровь "]
["B01Антикоагулянты"]
["B01AA03","антикоагулянтное средство непрямого действия","Варфарин","Варфарин Канон табл 2,5mg №50","ОМС","Да","уп",41,"139,36","5713,76"]
["B01AA03","антикоагулянтное средство непрямого действия","Варфарин","Варфарин-OBL табл 2,5mg №50","Бюджет","Да","уп",5,"100,1",{"$f":"H228*I228","v":{"v":500.5,"d":"500.50"}}]
["B01AA03","антикоагулянтное средство непрямого действия","Варфарин","Варфарин-OBL табл 2,5mg №50","ОМС","Да","уп",88,"100,1",{"$f":"H229*I229","v":8808.8}]
["B01AA03","антикоагулянтное средство непрямого действия","Варфарин","Варфарин-OBL табл 2,5mg №50","ПЛАТ","Да","уп",2,"100,1",200.2]
["В01АВ01","антикоагулянтное средство прямого действия","Гепарин натрия","Гепарин-натрий Браун раствор для в/в и п/к  вв 5000МЕ/ml 5ml №10","Бюджет","Да","уп",169,"1380,45",{"v":233296.05000000002,"d":"233,296.05"}]
["В01АВ01","антикоагулянтное средство прямого действия","Гепарин натрия","Гепарин-натрий Браун раствор для в/в и п/к  вв 5000МЕ/ml 5ml №10","ОМС","Да","уп",3257,"1380,45",4496125.65]
["В01АВ01","антикоагулянтное средство прямого действия","Гепарин натрия","Гепарин-натрий Браун раствор для в/в и п/к  вв 5000МЕ/ml 5ml №10","ПЛАТ","Да","уп",138,"1380,45",190502.1]
["В01АВ05","антикоагулянтное средство прямого действия","Эноксапарин натрия","Эниксум раствор для инъекций 10000анти-Ха МЕ/1ml 0,6ml №10","ОМС","Да","уп",24,"3056,8",73363.20000000001]
["B01AB05","антикоагулянтное средство прямого действия","Эноксапарин натрия","Анфибра раствор для инъекций 2000анти-Ха МЕ/0,2ml №10","ОМС","Да","уп",10,"1799,16",17991.600000000002]
["B01AB05","антикоагулянтное средство прямого действия","Эноксапарин натрия","Анфибра раствор для инъекций 4000анти-Ха МЕ/0,4ml №10","Бюджет","Да","уп",110,"2621,11",{"v":288322.10000000003,"d":"288,322.10"}]
["B01AB05","антикоагулянтное средство прямого действия","Эноксапарин натрия","Анфибра раствор для инъекций 4000анти-Ха МЕ/0,4ml №10","ОМС","Да","уп",1237,"2621,11",3242313.0700000003]
["B01AB05","антикоагулянтное средство прямого действия","Эноксапарин натрия","Анфибра раствор для инъекций 4000анти-Ха МЕ/0,4ml №10","ПЛАТ","Да","уп",46,"2621,11",120571.06000000001]
["B01AB05","антикоагулянтное средство прямого действия","Эноксапарин натрия","Анфибра раствор для инъекций 6000анти-Ха МЕ/0,6ml №10","ОМС","Да","уп",75,"3387,43",254057.25]
["B01AB05","антикоагулянтное средство прямого действия","Эноксапарин натрия","Анфибра раствор для инъекций 6000анти-Ха МЕ/0,6ml №10","ПЛАТ","Да","уп",6,"3387,43",20324.579999999998]
["B01AB05","антикоагулянтное средство прямого действия","Эноксапарин натрия","Анфибра раствор для инъекций 8000анти-Ха МЕ/0,8ml №10","Бюджет","Да","уп",20,"5337,65",{"v":106753,"d":"106,753.00"}]
["B01AB05","антикоагулянтное средство прямого действия","Эноксапарин натрия","Анфибра раствор для инъекций 8000анти-Ха МЕ/0,8ml №10","ОМС","Да","уп",64,"5337,65",341609.6]
["B01AB05","антикоагулянтное средство прямого действия","Эноксапарин натрия","Анфибра раствор для инъекций 8000анти-Ха МЕ/0,8ml №10","ПЛАТ","Да","уп",8,"5337,65",42701.2]
["B01AB06","антикоагулянтное средство прямого действия","Надропарин кальция","Фраксипарин р-р д/подкож введ (шприц) 9500 МЕ/ml 0.3ml №10","Бюджет","Нет","уп",20,"2655,67",{"v":53113.4,"d":"53,113.40"}]
["B01AB06","антикоагулянтное средство прямого действия","Надропарин кальция","Фраксипарин р-р д/подкож введ (шприц) 9500 МЕ/ml 0.3ml №10","ПЛАТ","Нет","уп",5,"2655,67",13278.35]
["B01AC04","антиагрегантное средство","Клопидогрел ","Плавикс табл п/п/о 300mg №10","Бюджет","Да","уп.",8,"2288,55",{"v":18308.4,"d":"18,308.40"}]
["B01AC04","антиагрегантное средство","Клопидогрел ","Плавикс табл п/п/о 300mg №10","ОМС","Да","уп.",149,"2288,55",340993.95]
["B01AC04","антиагрегантное средство","Клопидогрел ","Плавикс табл п/п/о 75mg №100","Бюджет","Да","уп",6,"3418,4",{"v":20510.4,"d":"20,510.40"}]
["B01AC04","антиагрегантное средство","Клопидогрел ","Плавикс табл п/п/о 75mg №100","ОМС","Да","уп",274,"3418,4",936641.6]
["B01AC04","антиагрегантное средство","Клопидогрел ","Плавикс табл п/п/о 75mg №100","ПЛАТ","Да","уп",10,"3418,4",34184]
["B01AC06","антиагрегантное средство","Ацетилсалициловая кислота","Ацекардол табл п/к/р/о  300mg №30","ОМС","Да","уп",40,"42,7",1708]
["B01AC06","антиагрегантное средство","Ацетилсалициловая кислота","Ацекардол табл п/к/р/о 100mg №30","Бюджет","Да","уп",10,"22,47",{"v":224.7,"d":"224.70"}]
["B01AC06","антиагрегантное средство","Ацетилсалициловая кислота","Ацекардол табл п/к/р/о 100mg №30","ОМС","Да","уп",623,"22,47",13998.81]
["B01AC06","антиагрегантное средство","Ацетилсалициловая кислота","Ацекардол табл п/к/р/о 100mg №30","ПЛАТ","Да","уп",35,"22,47",786.4499999999999]
["B01AC07","вазодилатирующее средство","Дипиридамол","Дипиридамол-ФПО табл п/п/о 75mg №40","ОМС","Нет","уп",1,"599,17",599.17]
["B01AC24","антиагрегантное средство","Тикагрелор","Брилинта табл п/п/о 90mg №168","Бюджет","Да","уп",1,"14934,38",{"v":14934.38,"d":"14,934.38"}]
["B01AC24","антиагрегантное средство","Тикагрелор","Брилинта табл п/п/о 90mg №168","ОМС","Да","уп",29,"14934,38",433097.01999999996]
["B01AC24","антиагрегантное средство","Тикагрелор","Брилинта табл п/п/о 90mg №168","ПЛАТ","Да","уп",1,"14934,38",14934.38]
["B01AC30","антиагрегантное средство","Ацетилсалициловая кислота+Клопидогрел","Коплавикс табл п/п/о 100mg+75mg №28","ОМС","Нет","уп",11,3663,40293]
["B01AC30","ингибиторы агрегации тромбоцитов в комбинации","Ацетилсалициловая кислота+ Магния гидроксид","Кардиомагнил табл п/п/о 75+15,2mg №100","Бюджет","Нет","уп",50,"309,91",{"v":15495.500000000002,"d":"15,495.50"}]
["B01AC30","ингибиторы агрегации тромбоцитов в комбинации","Ацетилсалициловая кислота+ Магния гидроксид","Кардиомагнил табл п/п/о 75+15,2mg №100","ОМС","Нет","уп",79,"309,91",24482.890000000003]
["B01AC30","ингибиторы агрегации тромбоцитов в комбинации","Ацетилсалициловая кислота+ Магния гидроксид","Кардиомагнил табл п/п/о 75+15,2mg №100","ПЛАТ","Нет","уп",31,"309,91",9607.210000000001]
["B01AD","фибринолитическое средство","Проурокиназа","Гемаза лиоф-т д/пригот р-ра д/инъек. 5000МЕ №5, амп","ОМС","Да","уп",132,"922,29",121742.28]
["B01AD","фибринолитическое средство","Проурокиназа","Гемаза лиоф-т д/пригот р-ра д/инъек. 5000МЕ №5, амп","ПЛАТ","Да","уп",27,"922,29",24901.829999999998]
["B01AD02","фибринолитическое средство - активатор плазминогена","Алтеплаза ","Актилизе лиоф-т д/приг р-ра д/инф +раств в комп 50mg","ОМС","Да","уп.",88,"28755,75",2530506]
["B01AE07","тромбина ингибитор прямой","Дабигатрана этексилат","Прадакса капс 110mg №180","Бюджет","Да","уп",1,"11894,54",{"v":11894.54,"d":"11,894.54"}]
["B01AE07","тромбина ингибитор прямой","Дабигатрана этексилат","Прадакса капс 110mg №180","ОМС","Да","уп",14,"11894,54",166523.56]
["B01AE07","тромбина ингибитор прямой","Дабигатрана этексилат","Прадакса капс 110mg №180","ПЛАТ","Да","уп",5,"11894,54",59472.700000000004]
["B01AE07","тромбина ингибитор прямой","Дабигатрана этексилат","Прадакса капс 150mg №180","Бюджет","Да","уп",1,"11837,5",{"v":11837.5,"d":"11,837.50"}]
["B01AE07","тромбина ингибитор прямой","Дабигатрана этексилат","Прадакса капс 150mg №180","ОМС","Да","уп",21,"11837,5",248587.5]
["B01AE07","тромбина ингибитор прямой","Дабигатрана этексилат","Прадакса капс 150mg №180","ПЛАТ","Да","уп",1,"11837,5",11837.5]
["B01AF01","прямые ингибиторы фактора Ха","Ривароксабан","Ксарелто табл п/п/о 10mg №100","Бюджет","Да","уп",18,"10161,4",{"v":182905.19999999998,"d":"182,905.20"}]
["B01AF01","прямые ингибиторы фактора Ха","Ривароксабан","Ксарелто табл п/п/о 10mg №100","ОМС","Да","уп",30,"10161,4",304842]
["B01AF01","прямые ингибиторы фактора Ха","Ривароксабан","Ксарелто табл п/п/о 15mg №100","Бюджет","Да","уп",1,12540,{"v":12540,"d":"12,540.00"}]
["B01AF01","прямые ингибиторы фактора Ха","Ривароксабан","Ксарелто табл п/п/о 15mg №100","ОМС","Да","уп",32,12540,401280]
["B01AF01","прямые ингибиторы фактора Ха","Ривароксабан","Ксарелто табл п/п/о 15mg №100","ПЛАТ","Да","уп",7,12540,87780]
["B01AF01","прямые ингибиторы фактора Ха","Ривароксабан","Ксарелто табл п/п/о 20mg №100","Бюджет","Да","уп",1,12540,{"v":12540,"d":"12,540.00"}]
["B01AF01","прямые ингибиторы фактора Ха","Ривароксабан","Ксарелто табл п/п/о 20mg №100","ОМС","Да","уп",42,12540,526680]
["B01AF01","прямые ингибиторы фактора Ха","Ривароксабан","Ксарелто табл п/п/о 20mg №100","ПЛАТ","Да","уп",2,12540,25080]
["B01AF02","антикоагулянтное средство прямого действия","Апиксабан","Эликвис табл 5mg №20","Бюджет","Да","уп",20,"846,7",{"v":16934,"d":"16,934.00"}]
["B01AF02","антикоагулянтное средство прямого действия","Апиксабан","Эликвис табл 5mg №20","ОМС","Да","уп",344,"846,7",291264.8]
["B01AF02","антикоагулянтное средство прямого действия","Апиксабан","Эликвис табл 5mg №20","ПЛАТ","Да","уп",26,"846,7",22014.2]
["B01AF02","антикоагулянтное средство прямого действия","Апиксабан","Эликвис табл п/п/о 2,5mg №20","ОМС","Да","уп",215,"848,65",182459.75]
["B01AF02","антикоагулянтное средство прямого действия","Апиксабан","Эликвис табл п/п/о 2,5mg №20","ПЛАТ","Да","уп",30,"848,65",25459.5]
["B01AF02","антикоагулянтное средство прямого действия","Апиксабан","Эликвис табл п/п/о 5mg №60","ПЛАТ","Да","уп",7,"2540,6",17784.2]
["B01AX05","антитромботическое средство","Фондапаринукс натрия","Арикстра раствор для в/в и п/к  вв 2,5mg/0,5ml 0,5ml №10","ОМС","Нет","уп",105,"7677,25",806111.25]
["B01AX05","антитромботическое средство","Фондапаринукс натрия","Арикстра раствор для в/в и п/к  вв 2,5mg/0,5ml 0,5ml №10","ПЛАТ","Нет","уп",6,"7677,25",46063.5]
["B02Гемостатические препараты",{"$nulls":8},{"v":0,"d":"0.00"}]
["B02AA01","гемостатическое средство - ингибитор фибринолиза","Аминокапроновая кислота","Аминокапроновая кислота  раствор для инфузий 50mg/ml 100ml №1","Бюджет","Да","уп.",50,49.896,{"v":2494.8,"d":"2,494.80"}]
["B02AA01","гемостатическое средство - ингибитор фибринолиза","Аминокапроновая кислота","Аминокапроновая кислота  раствор для инфузий 50mg/ml 100ml №1","ОМС","Да","уп.",800,{"v":49896,"d":"49,896"},39916800]
["B02AA01","гемостатическое средство - ингибитор фибринолиза","Аминокапроновая кислота","Аминокапроновая кислота  раствор для инфузий 50mg/ml 100ml №1","ПЛАТ","Да","уп.",15,{"v":49896,"d":"49,896"},748440]
["B02AA02","гемостатическое средство - ингибитор фибринолиза","Транексамовая кислота","Транексамовая кислота  раствор для в/в  вв 50mg/ml 5ml №10","Бюджет","Да","уп",30,1254,{"v":37620,"d":"37,620.00"}]
["B02AA02","гемостатическое средство - ингибитор фибринолиза","Транексамовая кислота","Транексамовая кислота  раствор для в/в  вв 50mg/ml 5ml №10","ОМС","Да","уп",122,1254,{"$f":"H293*I293","v":152988}]
["B02AA02","гемостатическое средство - ингибитор фибринолиза","Транексамовая кислота","Транексамовая кислота  раствор для в/в  вв 50mg/ml 5ml №10","ПЛАТ","Да","уп",15,1254,18810]
["B02AA02","гемостатическое средство - ингибитор фибринолиза","Транексамовая кислота ","Траксара раствор для в/в  вв 50 mg/ml 5ml №10","Бюджет","Да","уп",24,"1462,41",{"v":35097.840000000004,"d":"35,097.84"}]
["B02AA02","гемостатическое средство - ингибитор фибринолиза","Транексамовая кислота ","Траксара раствор для в/в  вв 50 mg/ml 5ml №10","ОМС","Да","уп",136,"1462,41",198887.76]
["B02AA02","гемостатическое средство - ингибитор фибринолиза","Транексамовая кислота ","Траксара раствор для в/в  вв 50 mg/ml 5ml №10","ПЛАТ","Да","уп",8,"1462,41",11699.28]
["B02AA02","гемостатическое средство - ингибитор фибринолиза","Транексамовая кислота ","Транексам табл п/п/о 250mg №30","ОМС","Да","уп",7,"566,3",3964.0999999999995]
["B02AA02","гемостатическое средство - ингибитор фибринолиза","Транексамовая кислота ","Транексам табл п/п/о 250mg №30","ПЛАТ","Да","уп",1,"566,3",566.3]
["B02AB01","протеолиза ингибитор","Апротинин","Гордокс раствор для в/в  вв 10000 КИЕ/ml 10ml №25","Бюджет","Да","уп",11,"5378,31",{"v":59161.41,"d":"59,161.41"}]
["B02AB01","протеолиза ингибитор","Апротинин","Гордокс раствор для в/в  вв 10000 КИЕ/ml 10ml №25","ОМС","Да","уп",22,"5378,31",118322.82]
["B02AB01","протеолиза ингибитор","Апротинин","Гордокс раствор для в/в  вв 10000 КИЕ/ml 10ml №25","ПЛАТ","Да","уп",1,"5378,31",5378.31]
["B02BA02","витамина K аналог синтетический","Менадиона натрия бисульфит","Викасол амп 10mg/ml 1ml №10","ОМС","Да","уп",166,"74,87",12428.42]
["B02BA02","витамина K аналог синтетический","Менадиона натрия бисульфит","Викасол амп 10mg/ml 1ml №10","ПЛАТ","Да","уп",4,"74,87",299.48]
["B02BC09","альфа- и бета-адреномиметик","Эпинефрин","Адреналин  раствор для инъекций 1mg/ml 1ml №5","Бюджет","Да","уп",26,"79,44",{"v":2065.44,"d":"2,065.44"}]
["B02BC09","альфа- и бета-адреномиметик","Эпинефрин","Адреналин  раствор для инъекций 1mg/ml 1ml №5","ОМС","Да","уп",2066,"79,44",164123.04]
["B02BC09","альфа- и бета-адреномиметик","Эпинефрин","Адреналин  раствор для инъекций 1mg/ml 1ml №5","ПЛАТ","Да","уп",13,"79,44",1032.72]
["B02BC09","альфа- и бета-адреномиметик","Эпинефрин","Адреналин  раствор для инъекций 1mg/ml 1ml №5","Ф.кв. ОРТО","Да","уп",1,"79,44",79.44]
["B02BX01","гемостатическое средство","Этамзилат","Этамзилат-Ферейн раствор для инъекций 125mg/ml 2ml №10","Бюджет","Да","уп",100,"63,47",{"v":6347,"d":"6,347.00"}]
["B02BX01","гемостатическое средство","Этамзилат","Этамзилат-Ферейн раствор для инъекций 125mg/ml 2ml №10","ОМС","Да","уп",1456,"63,47",92412.31999999999]
["B02BX01","гемостатическое средство","Этамзилат","Этамзилат-Ферейн раствор для инъекций 125mg/ml 2ml №10","ПЛАТ","Да","уп",1,"63,47",63.47]
["B02BX01","гемостатическое средство","Этамзилат","Этамзилат-Эском раствор д/инъекций и наруж прим 125mg/ml 2ml №10","Бюджет","Да","уп",50,"25,67",{"v":1283.5,"d":"1,283.50"}]
["B02BX01","гемостатическое средство","Этамзилат","Этамзилат-Эском раствор д/инъекций и наруж прим 125mg/ml 2ml №10","ОМС","Да","уп",570,"25,67",14631.900000000001]
["B02BX01","гемостатическое средство","Этамзилат","Этамзилат-Эском раствор д/инъекций и наруж прим 125mg/ml 2ml №10","ПЛАТ","Да","уп",5,"25,67",128.35000000000002]
["B03Антианемические препараты",{"$nulls":8},{"v":0,"d":"0.00"}]
["B03A","железа препарат","Железа [III] гидроксид декстран","Феррум Лек раствор для в/м вв 50mg/ml 2ml №50","ОМС","Нет","уп",5,"10939,54",54697.700000000004]
["B03A","железа препарат","Железа [III] гидроксид декстран","Феррум Лек раствор для в/м вв 50mg/ml 2ml №50","ПЛАТ","Нет","уп","1,4","10939,54",{"v":15315.356,"d":"15,315"}]
["B03A","железа препарат","Железа [III] гидроксид декстран","Феррум Лек табл жеват 100mg №30","Бюджет","Да","уп",3,"291,08",873.24]
["B03A","железа препарат","Железа [III] гидроксид декстран","Феррум Лек табл жеват 100mg №30","ОМС","Да","уп",105,"291,08",30563.399999999998]
["B03A","железа препарат","Железа [III] гидроксид декстран","Феррум Лек табл жеват 100mg №30","ПЛАТ","Да","уп",13,"291,08",3784.04]
["B03AC","железа препарат","Железа [III] гидроксид сахарозный комплекс","Венофер раствор для в/в  вв 20mg/ml 5ml №5","Бюджет","Да","уп",2,"4293,43",{"v":8586.86,"d":"8,586.86"}]
["B03AC","железа препарат","Железа [III] гидроксид сахарозный комплекс","Венофер раствор для в/в  вв 20mg/ml 5ml №5","ОМС","Да","уп",39,"4293,43",167443.77000000002]
["B03AC","железа препарат","Железа [III] гидроксид сахарозный комплекс","Венофер раствор для в/в  вв 20mg/ml 5ml №5","ПЛАТ","Да","уп",57,"4293,43",244725.51]
["B03AC","железа препарат","Железа [III] гидроксид сахарозный комплекс","Железа [III] гидроксид сахарозный комплекс раствор для в/в  вв 20mg/ml 5ml №5","Бюджет","Да","уп",8,"3572,13",{"v":28577.04,"d":"28,577.04"}]
["B03AC","железа препарат","Железа [III] гидроксид сахарозный комплекс","Железа [III] гидроксид сахарозный комплекс раствор для в/в  вв 20mg/ml 5ml №5","ОМС","Да","уп",213,"3572,13",760863.6900000001]
["B03AC","железа препарат","Железа [III] гидроксид сахарозный комплекс","Железа [III] гидроксид сахарозный комплекс раствор для в/в  вв 20mg/ml 5ml №5","ПЛАТ","Да","уп",33,"3572,13",117880.29000000001]
["B03AE03","железа препарат+витамин","Железа сульфат+Аскорбиновая кислота","Сорбифер Дурулес табл п/о №50","ОМС","Нет","уп",262,"532,84",139604.08000000002]
["B03AE03","железа препарат+витамин","Железа сульфат+Аскорбиновая кислота","Сорбифер Дурулес табл п/о №50","ПЛАТ","Нет","уп",34,"532,84",18116.56]
["B03BA01","витамин","Цианокобаламин","Цианокобаламин раствор для инъекций 0,5mg/ml 1ml №10","Бюджет","Да","уп",5,"27,93",139.65]
["B03BA01","витамин","Цианокобаламин","Цианокобаламин раствор для инъекций 0,5mg/ml 1ml №10","ОМС","Да","уп",1224,"27,93",34186.32]
["B03BA01","витамин","Цианокобаламин","Цианокобаламин раствор для инъекций 0,5mg/ml 1ml №10","ПЛАТ","Да","уп",35,"27,93",977.55]
["B03BB01","витамин","Фолиевая кислота","9 месяцев Фолиевая кислота табл п/п/о 400mkg №30","ОМС","Да","уп",5,"115,29",576.45]
["B03BB01","витамин","Фолиевая кислота","Фолиевая кислота табл 1mg №50","ОМС","Да","уп",114,"31,65",3608.1]
["B03BB01","витамин","Фолиевая кислота","Фолиевая кислота табл 1mg №50","ПЛАТ","Да","уп",10,"31,65",316.5]
["B05Плазмозамещающие и перфузионные растворы",{"$nulls":8},{"v":0,"d":"0.00"}]
["B05AA01","плазмозамещающее средство","Альбумин человека","Альбумин раствор для инфузий 20% 50ml №1","Бюджет","Да","уп",10,1881,{"v":18810,"d":"18,810.00"}]
["B05AA01","плазмозамещающее средство","Альбумин человека","Альбумин раствор для инфузий 20% 50ml №1","ОМС","Да","уп",607,1881,1141767]
["B05AA01","плазмозамещающее средство","Альбумин человека","Альбумин раствор для инфузий 20% 50ml №1","ПЛАТ","Да","уп",31,1881,58311]
["В05АА06","плазмозамещающее средство","Желатин","Гелофузин раствор для инфузий 4% 500мл №10","Бюджет","Да","уп",37,"2337,19",{"v":86476.03,"d":"86,476.03"}]
["В05АА06","плазмозамещающее средство","Желатин","Гелофузин раствор для инфузий 4% 500мл №10","ОМС","Да","уп",134,"2337,19",313183.46]
["В05АА06","плазмозамещающее средство","Желатин","Гелофузин раствор для инфузий 4% 500мл №10","ПЛАТ","Да","уп",1,"2337,19",2337.19]
["B05AA07","плазмозамещающее средство","~","Волюлайт раствор для инфузий 500ml №20","Бюджет","Да",null,1,"12489,84",{"v":12489.84,"d":"12,489.84"}]
["B05AA07","плазмозамещающее средство","~","Волюлайт раствор для инфузий 500ml №20","ОМС","Да",null,7,"12489,84",87428.88]
["B05AA07","плазмозамещающее средство","Гидроксиэтилкрахмал","Венофундин раствор для инфузий 6% 500ml №10","Бюджет","Да","уп",14,"4078,34",{"v":57096.76,"d":"57,096.76"}]
["B05AA07","плазмозамещающее средство","Гидроксиэтилкрахмал","Венофундин раствор для инфузий 6% 500ml №10","ОМС","Да","уп",13,"4078,34",53018.42]
["B05AA07","плазмозамещающее средство","Гидроксиэтилкрахмал","Венофундин раствор для инфузий 6% 500ml №10","ПЛАТ","Да","уп",1,"4078,34",4078.34]
["B05AA07","плазмозамещающее средство","Гидроксиэтилкрахмал","Волювен раствор для инфузий 6% 500ml №10","Бюджет","Да","уп",38,"4378,91",{"v":166398.58,"d":"166,398.58"}]
["B05AA07","плазмозамещающее средство","Гидроксиэтилкрахмал","Волювен раствор для инфузий 6% 500ml №10","ОМС","Да","уп",60,"4378,91",262734.6]
["B05AA07","плазмозамещающее средство","Гидроксиэтилкрахмал","Тетраспан 6 раствор для инфузий 500ml №10","Бюджет","Да","уп",14,"4715,11",{"v":66011.54,"d":"66,011.54"}]
["B05AA07","плазмозамещающее средство","Гидроксиэтилкрахмал","Тетраспан 6 раствор для инфузий 500ml №10","ОМС","Да","уп",15,"4715,11",70726.65]
["B05BA01","питания парентерального средство - аминокислоты","Аминокислоты для парентерального питания + Прочие препараты ","Аминосол-Нео Е  раствор для инфузий 10% 500ml","ОМС","Да","уп",5,"330,91",1654.5500000000002]
["B05BA01","питания парентерального средство - аминокислоты","Аминокислоты для парентерального питания + Прочие препараты ","Аминосол-Нео Е  раствор для инфузий 10% 500ml","ПЛАТ","Да","уп",20,"330,91",6618.200000000001]
["B05BA01","питания парентерального средство - аминокислоты","Аминокислоты для парентерального питания + Прочие препараты [Минералы] ","Аминоплазмаль Б. Браун Е 10  раствор для инфузий 500ml №10","ОМС","Да","уп",70,"4691,81",328426.7]
["B05BA01","питания парентерального средство - аминокислоты","Аминокислоты для парентерального питания + Прочие препараты [Минералы] ","Аминоплазмаль Б. Браун Е 10  раствор для инфузий 500ml №10","ПЛАТ","Да","уп",1,"4691,81",4691.81]
["B05BA02","питания парентерального средство","Аминокислоты для парентерального питания + Прочие препараты [Жировые эмульсии для парентерального питания + Декстроза + Минералы","Кабивен центральный эмульсия для инфузий 1540ml №4","Бюджет","Да","уп",1,"5702,82",{"v":5702.82,"d":"5,702.82"}]
["B05BA02","питания парентерального средство","Аминокислоты для парентерального питания + Прочие препараты [Жировые эмульсии для парентерального питания + Декстроза + Минералы","Кабивен центральный эмульсия для инфузий 1540ml №4","ОМС","Да","уп",1,"5702,82",5702.82]
["B05BA02","питания парентерального средство","Аминокислоты для парентерального питания + Прочие препараты [Жировые эмульсии для парентерального питания + Декстроза + Минералы]","Кабивен периферический эмульсия для инфузий 1920ml №4","ОМС","Да","уп",1,"6353,26",{"$f":"H357*I357","v":6353.26}]
["В05ВА03","питания углеводного средство","Декстроза","Глюкоза-СОЛОфарм раствор для инфузий 10% 500ml №1","ОМС","Да","уп",120,"55,99",6718.8]
["B05BA03","питания углеводного средство","Декстроза","Глюкоза раствор для в/в  вв 400mg/ml 10ml №10","Бюджет","Да","уп",3,"44,71",134.13]
["B05BA03","питания углеводного средство","Декстроза","Глюкоза раствор для в/в  вв 400mg/ml 10ml №10","ОМС","Да","уп",280,"44,71",12518.800000000001]
["B05BA03","питания углеводного средство","Декстроза","Глюкоза раствор для инфузий 20% 500ml №12","ОМС","Да","уп",3,"699,54",2098.62]
["B05BA03","питания углеводного средство","Декстроза","Глюкоза раствор для инфузий 5% 250ml №10","Бюджет","Да","уп",30,"521,15",{"v":15634.5,"d":"15,634.50"}]
["B05BA03","питания углеводного средство","Декстроза","Глюкоза раствор для инфузий 5% 250ml №10","ОМС","Да","уп",1725,"521,15",898983.75]
["B05BA03","питания углеводного средство","Декстроза","Глюкоза раствор для инфузий 5% 250ml №10","ПЛАТ","Да","уп",3,"521,15",1563.4499999999998]
["B05BA03","питания углеводного средство","Декстроза","Глюкоза раствор для инфузий 5% 500ml №10","Бюджет","Да","уп",1,"344,88",344.88]
["B05BA03","питания углеводного средство","Декстроза","Глюкоза раствор для инфузий 5% 500ml №10","ОМС","Да","уп",997,"344,88",343845.36]
["B05BA03","питания углеводного средство","Декстроза","Глюкоза раствор для инфузий 5% 500ml №10","ПЛАТ","Да","уп",7,"344,88",2414.16]
["B05BA04","питания парентерального средство - аминокислоты","Аминокислоты для парентерального питания ","Гепасол-Нео  раствор для инфузий  8% 500ml №1","ОМС","Да","уп",10,"331,98",3319.8]
["B05BA04","питания парентерального средство - аминокислоты","Аминокислоты для парентерального питания ","Гепасол-Нео  раствор для инфузий  8% 500ml №1","ПЛАТ","Да","уп",10,"331,98",3319.8]
["B05BA10","питания парентерального средство","Аминокислоты для парентерального питания + Прочие препараты [Декстроза + Минералы","Нутрифлекс липид эмульсия для инфузий 48/150 1250ml №5","ОМС","Да","уп.",10,"8222,6",82226]
["B05BA10","питания парентерального средство","Аминокислоты для парентерального питания + Прочие препараты [Жировые эмульсии для парентерального питания + Декстроза + Минералы","Оликлиномель N4-550 Е  эмульсия для инфузий 1500ml №4","ОМС","Да","уп.",6,"6352,06",38112.36]
["B05BB","Растворы влияющие на водно-электролитный баланс","Меглюмина натрия сукцинат","Реамберин раствор для инфузий 1,5% 400ml №1","ПЛАТ","Да","уп",20,"221,07",4421.4]
["B05BB","Растворы влияющие на водно-электролитный баланс","Меглюмина натрия сукцинат","Реамберин раствор для инфузий 1,5% 500ml №20","Бюджет","Да","уп",210,"3469,06",{"v":728502.6,"d":"728,502.60"}]
["B05BB","Растворы влияющие на водно-электролитный баланс","Меглюмина натрия сукцинат","Реамберин раствор для инфузий 1,5% 500ml №20","ОМС","Да","уп",151,"3469,06",523828.06]
["B05BB","Растворы влияющие на водно-электролитный баланс","Меглюмина натрия сукцинат","Реамберин раствор для инфузий 1,5% 500ml №20","ПЛАТ","Да","уп",20,"3469,06",69381.2]
["B05BB01","регидратирующее средство","Калия хлорид+Кальция хлорид+Натрия хлорид","Рингер раствор для инфузий 500ml №10","Бюджет","Да","уп",45,"399,71",{"v":17986.95,"d":"17,986.95"}]
["B05BB01","регидратирующее средство","Калия хлорид+Кальция хлорид+Натрия хлорид","Рингер раствор для инфузий 500ml №10","ОМС","Да","уп",225,"399,71",89934.75]
["B05BB01","регидратирующее средство","Калия хлорид+Кальция хлорид+Натрия хлорид","Рингер раствор для инфузий 500ml №10","ПЛАТ","Да","уп",11,"399,71",4396.8099999999995]
["B05BB01","регидратирующее средство","Калия хлорид+Магния хлорид+Натрия хлорид+Натрия фумарат","Мафусол раствор для инфузий 500ml","ОМС","Нет","уп",530,"208,8",110664]
["B05BB01","регидратирующее средство","Калия хлорид+Магния хлорид+Натрия хлорид+Натрия фумарат","Мафусол раствор для инфузий 500ml","ПЛАТ","Нет","уп",10,"208,8",2088]
["B05BB01","регидратирующее средство","Натрия ацетат+Натрия хлорид+Калия хлорид","Ацесоль раствор для инфузий 400ml №12","ОМС","Да","уп",413,"418,81",172968.53]
["B05BB01","регидратирующее средство","Натрия ацетат+Натрия хлорид+Калия хлорид","Ацесоль раствор для инфузий 400ml №12","ПЛАТ","Да","уп",5,"418,81",2094.05]
["B05BB01","регидратирующее средство","Стерофундин изотонический","Стерофундин изотонический раствор для инфузий 1000ml №10","Бюджет","Да","уп",26,"1379,4",{"v":35864.4,"d":"35,864.40"}]
["B05BB01","регидратирующее средство","Стерофундин изотонический","Стерофундин изотонический раствор для инфузий 1000ml №10","ОМС","Да","уп",300,"1379,4",413820]
["B05BB01","регидратирующее средство","Стерофундин изотонический","Стерофундин изотонический раствор для инфузий 500ml №10","Бюджет","Да","уп",22,"971,22",{"v":21366.84,"d":"21,366.84"}]
["B05BB01","регидратирующее средство","Стерофундин изотонический","Стерофундин изотонический раствор для инфузий 500ml №10","ОМС","Да","уп",400,"971,22",388488]
["B05BB01","регидратирующее средство","Стерофундин изотонический","Стерофундин изотонический раствор для инфузий 500ml №10","ПЛАТ","Да","уп",91,"971,22",88381.02]
["B05BB01","электролитов баланс восстанавливающее средство","Калия хлорид + Магния хлорид + Натрия ацетат + Натрия глюконат + Натрия хлорид","Плазма-Лит 148 Водный Раствор раствор для инфузий 1000ml №10","Бюджет","Нет","уп",10,"2694,61",{"v":26946.100000000002,"d":"26,946.10"}]
["B05BB01","электролитов баланс восстанавливающее средство","Калия хлорид + Магния хлорид + Натрия ацетат + Натрия глюконат + Натрия хлорид","Плазма-Лит 148 Водный Раствор раствор для инфузий 1000ml №10","ОМС","Нет","уп",40,"2694,61",107784.40000000001]
["B05BC01","регидратирующее средство","Маннитол","Маннит раствор для инфузий 150mg/ml 400ml №1","Бюджет","Да","уп",50,"150,96",{"v":7548,"d":"7,548.00"}]
["B05BC01","регидратирующее средство","Маннитол","Маннит раствор для инфузий 150mg/ml 400ml №1","ОМС","Да","уп",90,"150,96",13586.400000000001]
["B05CB01","регидратирующее средство","Натрия хлорид","Натрия хлорид раствор для инфузий 0,9% 250ml","Бюджет","Да","уп",350,"52,8",{"v":18480,"d":"18,480.00"}]
["B05CB01","регидратирующее средство","Натрия хлорид","Натрия хлорид раствор для инфузий 0,9% 250ml","ОМС","Да","уп",29487,"52,8",1556913.5999999999]
["B05CB01","регидратирующее средство","Натрия хлорид","Натрия хлорид раствор для инфузий 0,9% 250ml №10","Б.Опк","Да","уп",20,"430,1",8602]
["B05CB01","регидратирующее средство","Натрия хлорид","Натрия хлорид раствор для инфузий 0,9% 250ml №10","Бюджет","Да","уп",326,"430,1",{"v":140212.6,"d":"140,212.60"}]
["B05CB01","регидратирующее средство","Натрия хлорид","Натрия хлорид раствор для инфузий 0,9% 250ml №10","ОМС","Да","уп",14103,"430,1",6065700.300000001]
["B05CB01","регидратирующее средство","Натрия хлорид","Натрия хлорид раствор для инфузий 0,9% 250ml №10","ПЛАТ","Да","уп",640,"430,1",275264]
["B05CB01","регидратирующее средство","Натрия хлорид","Натрия хлорид раствор для инфузий 0,9% 500ml","Б.Опк","Да","уп",1000,{"v":62491,"d":"62,491"},62491000]
["B05CB01","регидратирующее средство","Натрия хлорид","Натрия хлорид раствор для инфузий 0,9% 500ml","Бюджет","Да","уп",300,62.491,{"v":18747.3,"d":"18,747.30"}]
["B05CB01","регидратирующее средство","Натрия хлорид","Натрия хлорид раствор для инфузий 0,9% 500ml","ОМС","Да","уп",29752,{"v":62491,"d":"62,491"},{"v":1859232232,"d":"1,859,232,232"}]
["B05CB01","регидратирующее средство","Натрия хлорид","Натрия хлорид раствор для инфузий 0,9% 500ml №10","Бюджет","Да","уп",346,"342,28",{"v":118428.87999999999,"d":"118,428.88"}]
["B05CB01","регидратирующее средство","Натрия хлорид","Натрия хлорид раствор для инфузий 0,9% 500ml №10","ОМС","Да","уп",5746,"342,28",1966740.88]
["B05CB01","регидратирующее средство","Натрия хлорид","Натрия хлорид раствор для инфузий 0,9% 500ml №10","ПЛАТ","Да","уп",255,"342,28",87281.4]
["В05СВ01","регидратирующее средство","Натрия хлорид","Натрия хлорид-СОЛОфарм  раствор для инфузий 0,9% 100ml №36","ОМС","Да","уп",6,"1130,4",6782.400000000001]
["В05СВ01","регидратирующее средство","Натрия хлорид","Натрия хлорид-СОЛОфарм  раствор для инфузий 0,9% 250ml №1","ОМС","Да","уп",2500,"53,76",134400]
["В05СВ01","регидратирующее средство","Натрия хлорид","Натрия хлорид-СОЛОфарм  раствор для инфузий 0,9% 500ml №1","ОМС","Да","уп",1000,"68,74",68740]
["B05CB04","антиацидемическое средство","Натрия гидрокарбонат","Натрия гидрокарбонат раствор для инфузий 5% 200ml №1","Бюджет","Да","бутылка",122,"33,19",{"v":4049.18,"d":"4,049.18"}]
["B05CB04","антиацидемическое средство","Натрия гидрокарбонат","Натрия гидрокарбонат раствор для инфузий 5% 200ml №1","ОМС","Да","бутылка",1847,"33,19",61301.92999999999]
["B05CB04","антиацидемическое средство","Натрия гидрокарбонат","Натрия гидрокарбонат раствор для инфузий 5% 200ml №1","ПЛАТ","Да","бутылка",50,"33,19",1659.5]
["B05CB04","антиацидемическое средство","Натрия гидрокарбонат","Натрия гидрокарбонат-Эском раствор для инфузий 5% 200ml №1","ПЛАТ","Да","фл",50,"31,5",1575]
["B05XA05","вазодилатирующее средство","Магния сульфат","Магния сульфат раствор для в/в  вв 250mg/ml 10ml №10","Бюджет","Да","уп",108,"46,31",{"v":5001.4800000000005,"d":"5,001.48"}]
["B05XA05","вазодилатирующее средство","Магния сульфат","Магния сульфат раствор для в/в  вв 250mg/ml 10ml №10","ОМС","Да","уп",4888,"46,31",226363.28]
["B05XA05","вазодилатирующее средство","Магния сульфат","Магния сульфат раствор для в/в  вв 250mg/ml 10ml №10","ПЛАТ","Да","уп",275,"46,31",12735.25]
["B05XA07","кальциево-фосфорного обмена регулятор","Кальция хлорид","Кальция хлорид раствор для в/в  вв 100mg/ml 10ml №10","Б.Опк","Нет","уп",2,"55,5",111]
["B05XA07","кальциево-фосфорного обмена регулятор","Кальция хлорид","Кальция хлорид раствор для в/в  вв 100mg/ml 10ml №10","ОМС","Нет","уп",435,"55,5",24142.5]
["B05XA07","кальциево-фосфорного обмена регулятор","Кальция хлорид","Кальция хлорид раствор для в/в  вв 100mg/ml 10ml №10","ПЛАТ","Нет","уп",3,"55,5",166.5]
["B05XA16","кардиоплегическое средство","~","Кустодиол раствор для внутрикоронарных перфузий  1000ml","Бюджет","Нет","уп",100,15207,{"v":1520700,"d":"1,520,700.00"}]
["B05XA16","кардиоплегическое средство","~","Кустодиол раствор для внутрикоронарных перфузий  1000ml","ОМС","Нет","уп",100,15207,1520700]
["В06АВ","репарации тканей стимулятор","Депротеинизированный гемодериват крови телят","Актовегин раствор для инъекций 40mg/ml 5ml №5","ОМС","Нет","уп",380,"623,73","236868,2"]
["В06АВ","репарации тканей стимулятор","Депротеинизированный гемодериват крови телят","Актовегин раствор для инъекций 40mg/ml 5ml №5","ПЛАТ","Нет","уп",253,"623,73","157717,9"]
[{"$nulls":9},{"$f":"SUBTOTAL(9,J228:J420)","v":{"v":4275289.859999999,"d":"4,275,289.86"}}]
["C Сердечно-сосудистая система "]
["C01Препараты для лечения заболеваний сердца"]
["C01AA05","кардиотоническое средство - сердечный гликозид","Дигоксин","Дигоксин раствор для в/в  вв 0,025% 1 ml №10","Бюджет","Да","уп",2,"41,51",{"$f":"H424*I424","v":83.02}]
["C01AA05","кардиотоническое средство - сердечный гликозид","Дигоксин","Дигоксин раствор для в/в  вв 0,025% 1 ml №10","ОМС","Да","уп",212,"41,51",{"$f":"H425*I425","v":8800.119999999999}]
["C01AA05","кардиотоническое средство - сердечный гликозид","Дигоксин","Дигоксин раствор для в/в  вв 0,025% 1 ml №10","ПЛАТ","Да","уп",10,"41,51",415.09999999999997]
["C01AA05","кардиотоническое средство - сердечный гликозид","Дигоксин","Дигоксин табл 250mkg №30","Бюджет","Да","уп",5,"34,66",{"v":173.29999999999998,"d":"173.30"}]
["C01AA05","кардиотоническое средство - сердечный гликозид","Дигоксин","Дигоксин табл 250mkg №30","ОМС","Да","уп",186,"34,66",6446.759999999999]
["C01AA05","кардиотоническое средство - сердечный гликозид","Дигоксин","Дигоксин табл 250mkg №30","ПЛАТ","Да","уп",10,"34,66",346.59999999999997]
["C01BA02","антиаритмическое средство","Прокаинамид","Новокаинамид раствор для в/в и в/м вв 100mg/ml 5ml №10","ОМС","Да","уп",20,"185,51",3710.2]
["С01ВС03","антиаритмическое средство","Пропафенон","Пропафенон  табл п/п/о 150mg №50","ОМС","Да","уп",22,"390,88",8599.36]
["C01BD01","антиаритмическое средство","Амиодарон","Веро-Амиодарон раствор для в/в  вв 50mg/ml 3ml №5","ОМС","Да","уп.",90,"218,59",19673.1]
["C01BD01","антиаритмическое средство","Амиодарон","Веро-Амиодарон раствор для в/в  вв 50mg/ml 3ml №5","ПЛАТ","Да","уп.",10,"218,59",2185.9]
["С01BD01","антиаритмическое средство","Амиодарон","Амиодарон конц-т д/приг раствора для в/в вв 50mg/ml 3ml №10","Бюджет","Да","уп",40,"240,47",{"v":9618.8,"d":"9,618.80"}]
["С01BD01","антиаритмическое средство","Амиодарон","Амиодарон конц-т д/приг раствора для в/в вв 50mg/ml 3ml №10","ОМС","Да","уп",1243,"240,47",298904.21]
["С01BD01","антиаритмическое средство","Амиодарон","Амиодарон табл 200mg №30","Бюджет","Да","уп",30,"183,56",{"v":5506.8,"d":"5,506.80"}]
["С01BD01","антиаритмическое средство","Амиодарон","Амиодарон табл 200mg №30","ОМС","Да","уп",440,"183,56",80766.4]
["С01BD01","антиаритмическое средство","Амиодарон","Амиодарон табл 200mg №30","ПЛАТ","Да","уп",20,"183,56",3671.2]
["C01CA03","альфа- и бета-адреномиметик","Норэпинефрин","Норэпинефрин конц-т д/приг раствора для в/в вв 2mg/ml 4ml №10","Бюджет","Да","уп",12,1161.5802,{"v":13938.9624,"d":"13,938.96"}]
["C01CA03","альфа- и бета-адреномиметик","Норэпинефрин","Норэпинефрин конц-т д/приг раствора для в/в вв 2mg/ml 4ml №10","ОМС","Да","уп",128,{"v":11615802,"d":"11,615,802"},{"v":1486822656,"d":"1,486,822,656"}]
["C01CA04","кардиотоническое средство негликозидной структуры","Допамин","Дофамин конц-т д/приг раствора для инфузий 40mg/ml 5ml №10","Бюджет","Да","уп",30,"278,3",{"v":8349,"d":"8,349.00"}]
["C01CA04","кардиотоническое средство негликозидной структуры","Допамин","Дофамин конц-т д/приг раствора для инфузий 40mg/ml 5ml №10","ОМС","Да","уп",465,"278,3",129409.5]
["C01CA04","кардиотоническое средство негликозидной структуры","Допамин","Дофамин конц-т д/приг раствора для инфузий 5mg/ml 5ml №5","ОМС","Да","уп",150,"67,85",10177.5]
["C01CA06","альфа-адреномиметик","Фенилэфрин","Мезатон раствор для инъекций 10mg/ml 1ml №10","Бюджет","Да","уп",76,"93,68",{"v":7119.68,"d":"7,119.68"}]
["C01CA06","альфа-адреномиметик","Фенилэфрин","Мезатон раствор для инъекций 10mg/ml 1ml №10","ОМС","Да","уп",965,"93,68",90401.20000000001]
["C01CA06","альфа-адреномиметик","Фенилэфрин","Мезатон раствор для инъекций 10mg/ml 1ml №10","ПЛАТ","Да","уп",30,"93,68",2810.4]
["C01CA06","альфа-адреномиметик","Фенилэфрин","Релиф супп рект 5mg №12","ПЛАТ","Нет","уп",15,"466,19",6992.85]
["C01CA07","кардиотоническое средство негликозидной структуры","Добутамин","Добутамин Гексал лиоф-т д/пригот р-ра д/инф 250mg №1","Бюджет","Да","уп",40,"399,74",{"v":15989.6,"d":"15,989.60"}]
["C01CA07","кардиотоническое средство негликозидной структуры","Добутамин","Добутамин Гексал лиоф-т д/пригот р-ра д/инф 250mg №1","ОМС","Да","уп",80,"399,74",31979.2]
["C01CX08","кардиотоническое средство негликозидной структуры","Левосимендан","Симдакс концентрат для приготовления р-ра для инфузий 2,5mg/ml 5ml","Бюджет","Да","уп",5,"30983,61",{"v":154918.05,"d":"154,918.05"}]
["C01CX08","кардиотоническое средство негликозидной структуры","Левосимендан","Симдакс концентрат для приготовления р-ра для инфузий 2,5mg/ml 5ml","ОМС","Да","уп",2,"30983,61",61967.22]
["C01DA02","вазодилатирующее средство - нитрат","Нитроглицерин","Нитроглицерин конц-т д/приг раствора для инфузий 1mg/ml 10ml №10","Бюджет","Да","уп",30,"590,95",{"v":17728.5,"d":"17,728.50"}]
["C01DA02","вазодилатирующее средство - нитрат","Нитроглицерин","Нитроглицерин конц-т д/приг раствора для инфузий 1mg/ml 10ml №10","ОМС","Да","уп",904,"590,95",534218.8]
["C01DA02","вазодилатирующее средство - нитрат","Нитроглицерин","Нитроглицерин конц-т д/приг раствора для инфузий 1mg/ml 10ml №10","ПЛАТ","Да","уп",1,"590,95",590.95]
["C01DA02","вазодилатирующее средство - нитрат","Нитроглицерин","Нитроспрей спрей сублинг доз 0,4mg/dosis 10ml 200dosis","Бюджет","Да","уп",12,"100,75",{"v":1209,"d":"1,209.00"}]
["C01DA02","вазодилатирующее средство - нитрат","Нитроглицерин","Нитроспрей спрей сублинг доз 0,4mg/dosis 10ml 200dosis","ОМС","Да","уп",200,"100,75",20150]
["C01DA02","вазодилатирующее средство - нитрат","Нитроглицерин","Нитроспрей спрей сублинг доз 0,4mg/dosis 10ml 200dosis","ПЛАТ","Да","уп",7,"100,75",705.25]
["С01DА02","вазодилатирующее средство - нитрат","Нитроглицерин","Нитроглицерин табл сублинг 0,5mg №40","Б.Опк","Да","уп",2,"44,98",89.96]
["С01DА02","вазодилатирующее средство - нитрат","Нитроглицерин","Нитроглицерин табл сублинг 0,5mg №40","ОМС","Да","уп",28,"44,98",1259.4399999999998]
["C01DA08","вазодилатирующее средство - нитрат","Изосорбида динитрат","Изакардин конц-т д/приг раствора для инфузий 1mg/ml 10ml №10","ПЛАТ","Да","уп",1,"730,95",730.95]
["С01DA08","вазодилатирующее средство - нитрат","Изосорбида динитрат","Кардикет  табл пролог п/п/о 20mg №20","ОМС","Да","уп",40,"58,89",2355.6]
["С01DA08","вазодилатирующее средство - нитрат","Изосорбида динитрат","Кардикет  табл пролог п/п/о 20mg №20","ПЛАТ","Да","уп",2,"58,89",117.78]
["С01DA08","вазодилатирующее средство - нитрат","Изосорбида динитрат","Кардикет  табл. пролонг. 60mg №20","ОМС","Да","уп",66,"131,3",8665.800000000001]
["С01DA08","вазодилатирующее средство - нитрат","Изосорбида динитрат","Кардикет  табл. пролонг. 60mg №20","ПЛАТ","Да","уп",2,"131,3",262.6]
["C01DA08","вазодилатирующее средство - нитрат","Изосорбида динитрат","Нитросорбид табл 10mg №60","Бюджет","Да","уп",1,"27,72",27.72]
["C01DA08","вазодилатирующее средство - нитрат","Изосорбида динитрат","Нитросорбид табл 10mg №60","ОМС","Да","уп",78,"27,72",2162.16]
["C01DA14","вазодилатирующее средство - нитрат","Изосорбида мононитрат","Изосорбида мононитрат табл 20mg №30","ОМС","Да","уп",216,"70,46",15219.359999999999]
["C01DA14","вазодилатирующее средство - нитрат","Изосорбида мононитрат","Изосорбида мононитрат табл 20mg №30","ПЛАТ","Да","уп",2,"70,46",140.92]
["С01DA14","вазодилатирующее средство - нитрат","Изосорбида мононитрат","Моночинкве ретард капс ретард 50mg №30","ОМС","Да","уп",17,"341,56",5806.52]
["С01DA14","вазодилатирующее средство - нитрат","Изосорбида мононитрат","Моночинкве ретард капс ретард 50mg №30","ПЛАТ","Да","уп",5,"341,56",1707.8]
["C01DA14","вазодилатирующее средство - нитрат","Изосорбида мононитрат","Эфокс 20 табл 20mg №50","Бюджет","Да","уп",5,124,{"v":620,"d":"620.00"}]
["C01DA14","вазодилатирующее средство - нитрат","Изосорбида мононитрат","Эфокс 20 табл 20mg №50","ОМС","Да","уп",48,124,5952]
["C01DA14","вазодилатирующее средство - нитрат","Изосорбида мононитрат","Эфокс 20 табл 20mg №50","ПЛАТ","Да","уп",3,124,372]
["C01EB","метаболическое средство","Инозин","Рибоксин раствор для в/в  вв 20mg/ml 10ml №10","ОМС","Нет","уп",613,"43,95",26941.350000000002]
["C01EB","метаболическое средство","Инозин","Рибоксин раствор для в/в  вв 20mg/ml 10ml №10","ПЛАТ","Нет","уп",18,"43,95",791.1]
["C01EB","метаболическое средство","Трифосаденин","Натрия аденозинтрифосфат-Дарница раствор для в/в  вв 10mg/ml 1ml №10","ОМС","Нет","уп",42,"285,93",12009.06]
["C01EB","метаболическое средство","Трифосаденин","Натрия аденозинтрифосфат-Дарница раствор для в/в  вв 10mg/ml 1ml №10","ПЛАТ","Нет","уп",11,"285,93",3145.23]
["C01EB05","метаболическое средство","Фосфокреатин","Неотон лиоф.пор. д/приг р-ра д/инф 1g (+ agua pro inject 50ml) №4","ПЛАТ","Нет","уп",22,"5714,28",125714.15999999999]
["C01EB15","антигипоксантное средство","Триметазидин","Депренорм МВ табл пролонг п/п/о 35mg №60","ПЛАТ","Нет","уп",7,"368,34",2578.3799999999997]
["C01EB17","антиангинальное средство","Ивабрадин","Ивабрадин Канон  табл п/п/о 5mg №56","ОМС","Да","уп",42,"978,92",{"v":41114.64,"d":"41,115"}]
["C01EB17","антиангинальное средство","Ивабрадин","Ивабрадин Канон  табл п/п/о 5mg №56","ПЛАТ","Да","уп",3,"978,92",2936.7599999999998]
["C01EB17","антиангинальное средство","Ивабрадин","Ивабрадин Канон  табл п/п/о 7,5mg №56","ОМС","Да","уп",21,"1011,92",21250.32]
["C01EB17","антиангинальное средство","Ивабрадин","Кораксан табл п/п/о 5mg №28","ОМС","Да","уп",45,"610,17",27457.649999999998]
["C01EB17","антиангинальное средство","Ивабрадин","Кораксан табл п/п/о 5mg №28","ПЛАТ","Да","уп",2,"610,17",1220.34]
["C01EB17","антиангинальное средство","Ивабрадин","Кораксан табл п/п/о 7,5mg №28","ОМС","Да","уп",11,"605,63",6661.93]
["C01EB17","антиангинальное средство","Ивабрадин","Кораксан табл п/п/о 7,5mg №28","ПЛАТ","Да","уп",5,"605,63",3028.15]
["C01EB22","метаболическое средство","Мельдоний","Мельдоний раствор для парабульбарного и в/в вв 100mg/ml 5ml №10","ОМС","Да","уп",477,"291,32",138959.63999999998]
["C01EB22","метаболическое средство","Мельдоний","Мельдоний раствор для парабульбарного и в/в вв 100mg/ml 5ml №10","ПЛАТ","Да","уп",235,"291,32",68460.2]
["C02Антигипертензивные препараты",{"$nulls":8},{"$f":"H489*I489","v":{"v":0,"d":"0.00"}}]
["C02AC01","гипотензивное средство центрального действия","Клонидин","Клофелин раствор для инъекций 0,1 mg/ml 1ml","ОМС","Да","амп",305,{"v":304524,"d":"304,524"},{"v":92879820,"d":"92,879,820"}]
["C02AC05","гипотензивное средство центрального действия","Моксонидин","Моксонидин Канон  табл п/п/о 0,2 mg №14","ОМС","Да","уп",120,"139,35",16722]
["C02AC05","гипотензивное средство центрального действия","Моксонидин","Моксонидин Канон  табл п/п/о 0,4 mg №14","ОМС","Да","уп",360,"255,47",91969.2]
["C02AC05","гипотензивное средство центрального действия","Моксонидин","Моксонидин Канон  табл п/п/о 0,4 mg №14","ПЛАТ","Да","уп",3,"255,47",766.41]
["C02AC05","гипотензивное средство центрального действия","Моксонидин","Моксонидин табл п/п/о 0,2 mg №14","Бюджет","Да","уп",10,"143,95",{"v":1439.5,"d":"1,439.50"}]
["C02AC05","гипотензивное средство центрального действия","Моксонидин","Моксонидин табл п/п/о 0,2 mg №14","ОМС","Да","уп",170,"143,95",24471.499999999996]
["C02AC05","гипотензивное средство центрального действия","Моксонидин","Моксонидин табл п/п/о 0,2 mg №14","ПЛАТ","Да","уп",41,"143,95",5901.95]
["C02AC05","гипотензивное средство центрального действия","Моксонидин","Моксонидин табл п/п/о 0,4 mg №14","Бюджет","Да","уп",10,"240,22",{"v":2402.2,"d":"2,402.20"}]
["C02AC05","гипотензивное средство центрального действия","Моксонидин","Моксонидин табл п/п/о 0,4 mg №14","ОМС","Да","уп",345,"240,22",82875.9]
["C02AC05","гипотензивное средство центрального действия","Моксонидин","Моксонидин табл п/п/о 0,4 mg №14","ПЛАТ","Да","уп",32,"240,22",7687.04]
["C02BC","ганглиоблокатор","Азаметония бромид","Пентамин раствор для в/в и в/м вв 50mg/ml 1ml №10","ОМС","Нет","уп",517,"1800,91",931070.4700000001]
["C02CA04","альфа1-адреноблокатор","Доксазозин","Доксазозин табл 4mg №30","ОМС","Да","уп",16,"573,42",9174.72]
["C02CA04","альфа1-адреноблокатор","Доксазозин","Доксазозин-ФПО табл 400mg №30","ПЛАТ","Да","уп",2,"269,58",539.16]
["C02CA06","альфа-адреноблокатор","Урапидил","Эбрантил капс 30mg №30","ОМС","Да","уп",29,"249,92",7247.679999999999]
["C02CA06","альфа-адреноблокатор","Урапидил","Эбрантил раствор для в/в  вв 5mg/ml 10ml №5","Бюджет","Да","уп",5,"1019,59",{"v":5097.95,"d":"5,097.95"}]
["C02CA06","альфа-адреноблокатор","Урапидил","Эбрантил раствор для в/в  вв 5mg/ml 10ml №5","ОМС","Да","уп",58,"1019,59",59136.22]
["C03Диуретики",{"$nulls":8},{"v":0,"d":"0.00"}]
["C03AA03","диуретическое средство","Гидрохлоротиазид","Гидрохлоротиазид табл 100mg №20","ОМС","Да","уп",15,"63,7",955.5]
["C03AA03","диуретическое средство","Гидрохлоротиазид","Гидрохлоротиазид табл 25mg №20","Бюджет","Да","уп",10,"47,32",{"v":473.2,"d":"473.20"}]
["C03AA03","диуретическое средство","Гидрохлоротиазид","Гидрохлоротиазид табл 25mg №20","ОМС","Да","уп",335,"47,32",15852.2]
["C03AA03","диуретическое средство","Гидрохлоротиазид","Гидрохлоротиазид табл 25mg №20","ПЛАТ","Да","уп",5,"47,32",236.6]
["C03BA11","диуретическое средство","Индапамид","Индапамид ретард табл пролонг п/п/о 1,5 mg №30","ОМС","Да","уп",719,"95,89",68944.91]
["C03BA11","диуретическое средство","Индапамид","Индапамид ретард табл пролонг п/п/о 1,5 mg №30","ПЛАТ","Да","уп",19,"95,89",1821.91]
["C03CA01","диуретическое средство","Фуросемид","Фуросемид раствор для инъекций 20mg/2ml 2ml №10","Б.Опк","Да","уп",2,"25,34",50.68]
["C03CA01","диуретическое средство","Фуросемид","Фуросемид раствор для инъекций 20mg/2ml 2ml №10","Бюджет","Да","уп",30,"25,34",{"v":760.2,"d":"760.20"}]
["C03CA01","диуретическое средство","Фуросемид","Фуросемид раствор для инъекций 20mg/2ml 2ml №10","ОМС","Да","уп",5632,"25,34",142714.88]
["C03CA01","диуретическое средство","Фуросемид","Фуросемид раствор для инъекций 20mg/2ml 2ml №10","ПЛАТ","Да","уп",103,"25,34",2610.02]
["C03CA01","диуретическое средство","Фуросемид","Фуросемид табл 40mg №50","Бюджет","Да","уп",5,"27,07",135.35]
["C03CA01","диуретическое средство","Фуросемид","Фуросемид табл 40mg №50","ОМС","Да","уп",404,"27,07",10936.28]
["C03CA01","диуретическое средство","Фуросемид","Фуросемид табл 40mg №50","ПЛАТ","Да","уп",5,"27,07",135.35]
["C03CA04","диуретическое средство","Торасемид","Торасемид Канон табл 10mg №60","ОМС","Нет","уп",112,"543,9",60916.799999999996]
["C03CA04","диуретическое средство","Торасемид","Торасемид Канон табл 5mg №20","ОМС","Нет","уп",38,"148,74",5652.120000000001]
["C03CA04","диуретическое средство","Торасемид","Торасемид Канон табл 5mg №20","ПЛАТ","Нет","уп",10,"148,74",1487.4]
["C03CA04","диуретическое средство","Торасемид","Торасемид-СЗ табл 10mg №60","ОМС","Нет","уп",182,"543,9",98989.8]
["C03CA04","диуретическое средство","Торасемид","Торасемид-СЗ табл 10mg №60","ПЛАТ","Нет","уп",10,"543,9",5439]
["C03DA01","диуретическое калийсберегающее средство","Спиронолактон","Верошпирон капс 50mg № 30","Бюджет","Да","уп",100,"184,19",{"v":18419,"d":"18,419.00"}]
["C03DA01","диуретическое калийсберегающее средство","Спиронолактон","Верошпирон капс 50mg № 30","ОМС","Да","уп",387,"184,19",71281.53]
["C03DA01","диуретическое калийсберегающее средство","Спиронолактон","Верошпирон капс 50mg № 30","ПЛАТ","Да","уп",20,"184,19",3683.8]
["C03DA01","диуретическое калийсберегающее средство","Спиронолактон","Верошпирон табл 25mg №20","Бюджет","Да","уп",119,"77,86",{"v":9265.34,"d":"9,265.34"}]
["C03DA01","диуретическое калийсберегающее средство","Спиронолактон","Верошпирон табл 25mg №20","ОМС","Да","уп",2204,"77,86",171603.44]
["C03DA01","диуретическое калийсберегающее средство","Спиронолактон","Верошпирон табл 25mg №20","ПЛАТ","Да","уп",55,"77,86",4282.3]
["C04Периферические вазодилататоры",{"$nulls":8},{"v":0,"d":"0.00"}]
["С04АС01","витамин","Никотиновая кислота","Никотиновая кислота - СОЛОфарм раствор для инъекций 10mg/ml 1ml №10","Бюджет","Нет","уп",200,"44,4",{"v":8880,"d":"8,880.00"}]
["С04АС01","витамин","Никотиновая кислота","Никотиновая кислота - СОЛОфарм раствор для инъекций 10mg/ml 1ml №10","ОМС","Нет","уп",364,"44,4",16161.6]
["С04АС01","витамин","Никотиновая кислота","Никотиновая кислота - СОЛОфарм раствор для инъекций 10mg/ml 1ml №10","ПЛАТ","Нет","уп",35,"44,4",1554]
["C04AC01","витамин","Никотиновая кислота","Никотиновая кислота раствор для инъекций 10mg/ml 1ml №10","ОМС","Нет","уп",56,"53,18",2978.08]
["C04AD03","вазодилатирующее средство","Пентоксифиллин","Пентоксифиллин конц-т д/приг раствора для в/в и в/арт вв 20mg/ml 5ml №10","Бюджет","Да","уп",100,"40,82",{"v":4082,"d":"4,082.00"}]
["C04AD03","вазодилатирующее средство","Пентоксифиллин","Пентоксифиллин конц-т д/приг раствора для в/в и в/арт вв 20mg/ml 5ml №10","ОМС","Да","уп",874,"40,82",35676.68]
["C04AD03","вазодилатирующее средство","Пентоксифиллин","Пентоксифиллин конц-т д/приг раствора для в/в и в/арт вв 20mg/ml 5ml №10","ПЛАТ","Да","уп",145,"40,82",5918.9]
["C04AD03","вазодилатирующее средство","Пентоксифиллин","Пентоксифиллин табл п/к/р/о 100mg №60","ОМС","Нет","уп",170,"134,13",22802.1]
["C04AX","вазодилатирующее средство","Бендазол","Дибазол раствор для в/в и в/м вв 10mg/ml 1ml №10","ОМС","Нет","уп",183,"33,33",6099.389999999999]
["C04AX","вазодилатирующее средство","Бендазол","Дибазол раствор для в/в и в/м вв 10mg/ml 1ml №10","ПЛАТ","Нет","уп",5,"33,33",166.64999999999998]
["C05Ангиопротекторы",{"$nulls":8},{"v":0,"d":"0.00"}]
["C05BA53","антикоагулянтное средство прямого действия для местного применения+прочие препараты","Гепарин натрия+Бензокаин+Бензилникотинат","Гепариновая мазь мазь д/наружн прим 25g №1","Бюджет","Нет","уп",5,"36,05",180.25]
["C05BA53","антикоагулянтное средство прямого действия для местного применения+прочие препараты","Гепарин натрия+Бензокаин+Бензилникотинат","Гепариновая мазь мазь д/наружн прим 25g №1","ОМС","Нет","уп",190,"36,05",6849.499999999999]
["C05BA53","антикоагулянтное средство прямого действия для местного применения+прочие препараты","Гепарин натрия+Бензокаин+Бензилникотинат","Гепариновая мазь мазь д/наружн прим 25g №1","ПЛАТ","Нет","уп",34,"36,05",1225.6999999999998]
["C05CA53","венотонизирующее и венопротекторное средство","Гесперидин+Диосмин","Венарус табл п/п/о 500mg №30","ОМС","Нет","уп",30,"409,03",12270.9]
["C05CA53","венотонизирующее и венопротекторное средство","Гесперидин+Диосмин","Венарус табл п/п/о 500mg №30","ПЛАТ","Нет","уп",30,"409,03",12270.9]
["С05СА53","венотонизирующее и венопротекторное средство","Очищенная микронизированная флавоноидная фракция (диосмин + флавоноиды в пересчете на гесперидин)","Детравенол табл п/п/о 500mg №30","ОМС","Нет","уп",7,"386,51",2705.5699999999997]
["С05СА53","венотонизирующее и венопротекторное средство","Очищенная микронизированная флавоноидная фракция (диосмин + флавоноиды в пересчете на гесперидин)","Детравенол табл п/п/о 500mg №30","ПЛАТ","Нет","уп",4,"386,51",1546.04]
["C05CX","антиоксидантное средство","Метилэтилпиридинол","Метилэтилпиридинол раствор для инъекций 10mg/ml 1ml №10","ОМС","Нет","уп",280,"45,02",12605.6]
["C07Бета-адреноблокаторы",{"$nulls":8},{"v":0,"d":"0.00"}]
["C07AA05","бета-адреноблокатор","Пропранолол","Анаприлин табл 10mg №50","ОМС","Да","уп",56,"15,06",843.36]
["C07AA05","бета-адреноблокатор","Пропранолол","Анаприлин табл 10mg №50","ПЛАТ","Да","уп",7,"15,06",{"$f":"H553*I553","v":105.42}]
["С07АА07","бета-адреноблокатор","Соталол","Соталол табл 160mg №20","Бюджет","Да","уп",30,"107,77",{"v":3233.1,"d":"3,233.10"}]
["С07АА07","бета-адреноблокатор","Соталол","Соталол табл 160mg №20","ОМС","Да","уп",117,"107,77",12609.09]
["С07АА07","бета-адреноблокатор","Соталол","Соталол табл 80mg №20","Бюджет","Да","уп",10,"65,52",{"v":655.1999999999999,"d":"655.20"}]
["С07АА07","бета-адреноблокатор","Соталол","Соталол табл 80mg №20","ОМС","Да","уп",125,"65,52",8189.999999999999]
["С07АА07","бета-адреноблокатор","Соталол","Соталол табл 80mg №20","ПЛАТ","Да","уп",5,"65,52",327.59999999999997]
["С07АВ","бета1-адреноблокатор селективный","Атенолол","Атенолол табл п/п/о 50mg №30","Бюджет","Да","уп",5,"31,16",{"v":155.8,"d":"155.80"}]
["С07АВ","бета1-адреноблокатор селективный","Атенолол","Атенолол табл п/п/о 50mg №30","ОМС","Да","уп",43,"31,16",1339.88]
["С07АВ","бета1-адреноблокатор селективный","Атенолол","Атенолол табл п/п/о 50mg №30","ПЛАТ","Да","уп",5,"31,16",155.8]
["C07AB02","бета1-адреноблокатор селективный","Метопролол","Беталок раствор для в/в  вв 1mg/ml 5ml №5","Бюджет","Да","уп",21,"834,28",{"v":17519.88,"d":"17,519.88"}]
["C07AB02","бета1-адреноблокатор селективный","Метопролол","Беталок раствор для в/в  вв 1mg/ml 5ml №5","ОМС","Да","уп",83,"834,28",69245.23999999999]
["C07AB02","бета1-адреноблокатор селективный","Метопролол","Беталок раствор для в/в  вв 1mg/ml 5ml №5","ПЛАТ","Да","уп",1,"834,28",834.28]
["С07АB02","бета1-адреноблокатор селективный","Метопролол","Метопролол раствор для в/в  вв 1mg/ml 5ml №5","ОМС","Да","уп",30,"123,93",3717.9]
["С07АB02","бета1-адреноблокатор селективный","Метопролол","Метопролол табл 25mg №60","Бюджет","Да","уп",10,"91,08",{"v":910.8,"d":"910.80"}]
["С07АB02","бета1-адреноблокатор селективный","Метопролол","Метопролол табл 25mg №60","ОМС","Да","уп",339,"91,08",30876.12]
["С07АB02","бета1-адреноблокатор селективный","Метопролол","Метопролол табл 25mg №60","ПЛАТ","Да","уп",2,"91,08",182.16]
["С07АB02","бета1-адреноблокатор селективный","Метопролол","Метопролол табл 50mg №30","Бюджет","Да","уп",20,"29,66",{"v":593.2,"d":"593.20"}]
["С07АB02","бета1-адреноблокатор селективный","Метопролол","Метопролол табл 50mg №30","ОМС","Да","уп",961,"29,66",28503.26]
["C07AB07","бета1-адреноблокатор селективный","Бисопролол","Бисопролол табл п/п/о 10mg  №30","Бюджет","Да","уп",10,"172,16",{"v":1721.6,"d":"1,721.60"}]
["C07AB07","бета1-адреноблокатор селективный","Бисопролол","Бисопролол табл п/п/о 10mg  №30","ОМС","Да","уп",65,"172,16",11190.4]
["C07AB07","бета1-адреноблокатор селективный","Бисопролол","Бисопролол табл п/п/о 10mg  №30","ПЛАТ","Да","уп",3,"172,16",516.48]
["C07AB07","бета1-адреноблокатор селективный","Бисопролол","Бисопролол табл п/п/о 5mg №50","Бюджет","Да","уп",10,"135,25",{"v":1352.5,"d":"1,352.50"}]
["C07AB07","бета1-адреноблокатор селективный","Бисопролол","Бисопролол табл п/п/о 5mg №50","ОМС","Да","уп",640,"135,25",86560]
["C07AB07","бета1-адреноблокатор селективный","Бисопролол","Бисопролол табл п/п/о 5mg №50","ПЛАТ","Да","уп",12,"135,25",1623]
["С07АВ07","бета1-адреноблокатор селективный","Бисопролол","Бисопролол-Прана табл п/п/о 10mg №30","ОМС","Да","уп",180,"163,94",29509.2]
["С07АВ07","бета1-адреноблокатор селективный","Бисопролол","Бисопролол-Прана табл п/п/о 5mg №30","Бюджет","Да","уп",20,"95,63",{"v":1912.6,"d":"1,912.60"}]
["С07АВ07","бета1-адреноблокатор селективный","Бисопролол","Бисопролол-Прана табл п/п/о 5mg №30","ОМС","Да","уп",580,"95,63",55465.399999999994]
["C07AB09","бета1-адреноблокатор селективный","Эсмолол","Бревиблок раствор для в/в  вв 10mg/ml 10ml №5","Бюджет","Нет","уп",4,"5026,84",{"v":20107.36,"d":"20,107.36"}]
["C07AB09","бета1-адреноблокатор селективный","Эсмолол","Бревиблок раствор для в/в  вв 10mg/ml 10ml №5","ОМС","Нет","уп",6,"5026,84",30161.04]
["C07AB12","бета1-адреноблокатор селективный","Небиволол","Небиволол табл 5mg №14","ОМС","Нет","уп",91,"186,71",16990.61]
["C07AB12","бета1-адреноблокатор селективный","Небиволол","Небиволол табл 5mg №14","ПЛАТ","Нет","уп",55,"186,71",10269.050000000001]
["C07AG02","альфа- и бета-адреноблокатор","Карведилол","Карведилол табл 12,5mg №30","ОМС","Да","уп",33,"273,24",9016.92]
["C07AG02","альфа- и бета-адреноблокатор","Карведилол","Карведилол табл 12,5mg №30","ПЛАТ","Да","уп",1,"273,24",273.24]
["C07AG02","альфа- и бета-адреноблокатор","Карведилол","Карведилол табл 25mg №30","ОМС","Да","уп",30,"341,55",10246.5]
["C08Блокаторы кальциевых каналов",{"$nulls":8},{"v":0,"d":"0.00"}]
["C08CA01","блокатор \"медленных\" кальциевых каналов","Амлодипин","Амлодипин-Прана  табл 10mg №90","Бюджет","Да","уп.",5,"390,39",{"v":1951.9499999999998,"d":"1,951.95"}]
["C08CA01","блокатор \"медленных\" кальциевых каналов","Амлодипин","Амлодипин-Прана  табл 10mg №90","ОМС","Да","уп.",675,"390,39",263513.25]
["C08CA01","блокатор \"медленных\" кальциевых каналов","Амлодипин","Амлодипин-Прана  табл 10mg №90","ПЛАТ","Да","уп.",24,"390,39",9369.36]
["C08CA01","блокатор \"медленных\" кальциевых каналов","Амлодипин","Амлодипин-Прана  табл 5mg №90","Бюджет","Да","уп",12,"316,27",{"v":3795.24,"d":"3,795.24"}]
["C08CA01","блокатор \"медленных\" кальциевых каналов","Амлодипин","Амлодипин-Прана  табл 5mg №90","ОМС","Да","уп",625,"316,27",197668.75]
["C08CA01","блокатор \"медленных\" кальциевых каналов","Амлодипин","Амлодипин-Прана  табл 5mg №90","ПЛАТ","Да","уп",45,"316,27",14232.15]
["C08CA05","блокатор \"медленных\" кальциевых каналов","Нифедипин","Кордафлекс табл пролонг п/п/о 20mg №60","Бюджет","Да","уп",6,"122,26",{"v":733.5600000000001,"d":"733.56"}]
["C08CA05","блокатор \"медленных\" кальциевых каналов","Нифедипин","Кордафлекс табл пролонг п/п/о 20mg №60","ОМС","Да","уп",247,"122,26",30198.22]
["C08CA05","блокатор \"медленных\" кальциевых каналов","Нифедипин","Кордафлекс табл пролонг п/п/о 20mg №60","ПЛАТ","Да","уп",8,"122,26",978.08]
["С08CА05","блокатор \"медленных\" кальциевых каналов","Нифедипин","Нифедипин табл п/п/о 10mg №50","ОМС","Да","уп",400,"39,25",15700]
["C08CA05","блокатор \"медленных\" кальциевых каналов","Нифедипин","Нифекард ХЛ табл с модифиц. высвобождением п/п/о 30mg №30","ОМС","Да","уп",68,"187,82",12771.76]
["C08CA05","блокатор \"медленных\" кальциевых каналов","Нифедипин","Нифекард ХЛ табл с модифиц. высвобождением п/п/о 30mg №30","ПЛАТ","Да","уп",5,"187,82",939.0999999999999]
["C08CA06","блокатор \"медленных\" кальциевых каналов","Нимодипин","Нимопин раствор для инфузий 0,2mg/ml 50ml №1","Бюджет","Да","уп",20,"767,38",{"v":15347.6,"d":"15,347.60"}]
["C08CA06","блокатор \"медленных\" кальциевых каналов","Нимодипин","Нимопин раствор для инфузий 0,2mg/ml 50ml №1","ОМС","Да","уп",420,"767,38",322299.6]
["C08CA06","блокатор \"медленных\" кальциевых каналов","Нимодипин","Нимопин раствор для инфузий 0,2mg/ml 50ml №1","ПЛАТ","Да","уп",20,"767,38",15347.6]
["C08CA06","блокатор \"медленных\" кальциевых каналов","Нимодипин","Нимопин табл п/п/о 30mg №30","ОМС","Да","уп",20,"727,93",14558.599999999999]
["C08CA13","блокатор \"медленных\" кальциевых каналов","Лерканидипин","Лерканидипин-СЗ табл п/п/о 20mg №30","ОМС","Нет","уп",30,"252,33",7569.900000000001]
["C08CA13","блокатор \"медленных\" кальциевых каналов","Лерканидипин","Лерканидипин-СЗ табл п/п/о 20mg №30","ПЛАТ","Нет","уп",10,"252,33",2523.3]
["C08DA01","блокатор \"медленных\" кальциевых каналов","Верапамил","Верапамил раствор для в/в  вв 2,5mg/ml 2ml №10","ОМС","Да","уп",71,"55,04",3907.84]
["C08DA01","блокатор \"медленных\" кальциевых каналов","Верапамил","Верапамил табл п/о 80mg №30","Бюджет","Да","уп",5,"56,4",{"v":282,"d":"282.00"}]
["C08DA01","блокатор \"медленных\" кальциевых каналов","Верапамил","Верапамил табл п/о 80mg №30","ОМС","Да","уп",294,"56,4",16581.6]
["C08DA01","блокатор \"медленных\" кальциевых каналов","Верапамил","Верапамил табл п/о 80mg №30","ПЛАТ","Да","уп",3,"56,4",169.2]
["C08DA01","блокатор \"медленных\" кальциевых каналов","Верапамил","Верапамил табл п/п/о 40mg №50","ОМС","Да","уп",17,"37,34",634.7800000000001]
["C08DA01","блокатор \"медленных\" кальциевых каналов","Верапамил","Верапамил табл п/п/о 40mg №50","ПЛАТ","Да","уп",2,"37,34",74.68]
["C08DA01","блокатор \"медленных\" кальциевых каналов","Верапамил","Верапамил табл. пролог. п/о 240 mg №20","ОМС","Да","уп",3,"179,98",539.9399999999999]
["C08DA01","блокатор \"медленных\" кальциевых каналов","Верапамил","Верапамил табл. пролог. п/о 240 mg №20","ПЛАТ","Да","уп",1,"179,98",179.98]
["C08DB01","блокатор \"медленных\" кальциевых каналов","Дилтиазем","Дилтиазем Ланнахер табл пролонг п/п/о 180mg №30","ОМС","Нет","уп",16,"335,78",5372.48]
["C08DB01","блокатор \"медленных\" кальциевых каналов","Дилтиазем","Дилтиазем Ланнахер табл пролонг п/п/о 180mg №30","ПЛАТ","Нет","уп",1,"335,78",335.78]
["C09Препараты, влияющие на ренин-ангиотензиновую систему",{"$nulls":8},{"v":0,"d":"0.00"}]
["C09AA01","АПФ ингибитор","Каптоприл","Каптоприл табл 25mg №40","Бюджет","Да","уп.",30,"16,03",{"$f":"H617*I617","v":{"v":480.90000000000003,"d":"480.90"}}]
["C09AA01","АПФ ингибитор","Каптоприл","Каптоприл табл 25mg №40","ОМС","Да","уп.",915,"16,03",14667.45]
["C09AA01","АПФ ингибитор","Каптоприл","Каптоприл табл 25mg №40","ПЛАТ","Да","уп.",29,"16,03",464.87]
["C09AA02","АПФ ингибитор","Эналаприл","Эналаприл табл 10mg №20","Бюджет","Да","уп",40,"13,68",{"v":547.2,"d":"547.20"}]
["C09AA02","АПФ ингибитор","Эналаприл","Эналаприл табл 10mg №20","ОМС","Да","уп",4490,"13,68",61423.2]
["C09AA02","АПФ ингибитор","Эналаприл","Эналаприл табл 10mg №20","ПЛАТ","Да","уп",30,"13,68",410.4]
["C09AA02","АПФ ингибитор","Эналаприл","Эналаприл табл 20mg №20","ОМС","Да","уп",2208,"17,04",37624.32]
["C09AA02","АПФ ингибитор","Эналаприл","Эналаприл табл 20mg №20","ПЛАТ","Да","уп",22,"17,04",374.88]
["C09AA03","АПФ ингибитор","Лизиноприл","Лизиноприл табл п/п/о 10mg №30","ОМС","Да","уп",245,"114,6",28077]
["C09AA03","АПФ ингибитор","Лизиноприл","Лизиноприл табл п/п/о 10mg №30","ПЛАТ","Да","уп",22,"114,6",2521.2]
["C09AA04","АПФ ингибитор","Периндоприл","Периндоприл-Тева табл п/п/о 10mg  №30","ОМС","Да","уп",247,"400,18",98844.46]
["C09AA04","АПФ ингибитор","Периндоприл","Периндоприл-Тева табл п/п/о 10mg  №30","ПЛАТ","Да","уп",4,"400,18",1600.72]
["C09AA04","АПФ ингибитор","Периндоприл","Периндоприл-Тева табл п/п/о 5mg №30","ОМС","Да","уп",223,"307,07",68476.61]
["C09AA04","АПФ ингибитор","Периндоприл","Периндоприл-Тева табл п/п/о 5mg №30","ПЛАТ","Да","уп",3,"307,07",921.21]
["C09AA04","АПФ ингибитор","Периндоприл","Престариум А табл п/п/о 10mg №29","Бюджет","Да","уп",1,"615,57",615.57]
["C09AA04","АПФ ингибитор","Периндоприл","Престариум А табл п/п/о 10mg №29","ОМС","Да","уп",121,"615,57",74483.97]
["C09AA04","АПФ ингибитор","Периндоприл","Престариум А табл п/п/о 10mg №29","ПЛАТ","Да","уп",24,"615,57",14773.68]
["C09AA04","АПФ ингибитор","Периндоприл","Престариум А табл п/п/о 5mg №14","Бюджет","Да","уп",15,"194,3",{"v":2914.5,"d":"2,914.50"}]
["C09AA04","АПФ ингибитор","Периндоприл","Престариум А табл п/п/о 5mg №14","ОМС","Да","уп",256,"194,3",49740.8]
["C09AA04","АПФ ингибитор","Периндоприл","Престариум А табл п/п/о 5mg №14","ПЛАТ","Да","уп",37,"194,3",7189.1]
["С09АА09","АПФ ингибитор","Фозиноприл","Фозиноприл табл 10mg №28","ОМС","Нет","уп",15,"245,08",3676.2000000000003]
["С09ВА","гипотензивное средство комбинированное (диуретик+АПФ ингибитор)","Индапамид+Периндоприл","Индапамид/Периндоприл-Тева  табл п/п/о 1,25mg+5mg №30","ОМС","Нет","уп",90,"339,68",30571.2]
["С09ВА","гипотензивное средство комбинированное (диуретик+АПФ ингибитор)","Индапамид+Периндоприл","Индапамид/Периндоприл-Тева  табл п/п/о 1,25mg+5mg №30","ПЛАТ","Нет","уп",15,"339,68",5095.2]
["C09BA","гипотензивное средство комбинированное (диуретик+АПФ ингибитор)","Гидрохлоротиазид+Эналаприл","Эналаприл НЛ 20 табл 12,5mg+ 20mg №20","Бюджет","Нет","уп",5,"66,6",{"v":333,"d":"333.00"}]
["C09BA","гипотензивное средство комбинированное (диуретик+АПФ ингибитор)","Гидрохлоротиазид+Эналаприл","Эналаприл НЛ 20 табл 12,5mg+ 20mg №20","ОМС","Нет","уп",65,"66,6",4329]
["C09BA","гипотензивное средство комбинированное (диуретик+АПФ ингибитор)","Гидрохлоротиазид+Эналаприл","Эналаприл НЛ 20 табл 12,5mg+ 20mg №20","ПЛАТ","Нет","уп",1,"66,6",66.6]
["C09BA","гипотензивное средство комбинированное (диуретик+АПФ ингибитор)","Индапамид+Периндоприл","Нолипрел А форте табл п/п/о 1,25mg+5mg №30","ПЛАТ","Нет","уп",2,"821,73",1643.46]
["C09BB03","гипотензивное средство комбинированное (АПФ ингибитор+БМКК)","Амлодипин + Лизиноприл","Экламиз табл 5mg+10mg №30","ПЛАТ","Нет","уп",3,"696,95",2090.8500000000004]
["C09BB04","гипотензивное средство комбинированное (АПФ ингибитор+БМКК)","Периндоприла аргинин+Амлодипин","Престанс табл 10mg+5mg №30","Бюджет","Нет","уп",10,"1042,9",{"v":10429,"d":"10,429.00"}]
["C09BB04","гипотензивное средство комбинированное (АПФ ингибитор+БМКК)","Периндоприла аргинин+Амлодипин","Престанс табл 10mg+5mg №30","ОМС","Нет","уп",90,"1042,9",93861.00000000001]
["C09BB04","гипотензивное средство комбинированное (АПФ ингибитор+БМКК)","Периндоприла аргинин+Амлодипин","Престанс табл 10mg+5mg №30","ПЛАТ","Нет","уп",23,"1042,9",23986.7]
["C09BА03","гипотензивное средство комбинированное (диуретик+АПФ ингибитор)","Лизиноприл+ гидрохлортиазид","Ко-Диротон табл 10mg+12,5mg №30","ПЛАТ","Нет","уп",7,"609,12",4263.84]
["C09CA06","ангиотензина II рецепторов антагонист","Кандесартан","Ангиаканд табл 8mg №28","ОМС","Нет","уп",45,"205,4",9243]
["C09CA06","ангиотензина II рецепторов антагонист","Кандесартан","Кандесартан табл 16mg №20","ОМС","Нет","уп",10,"267,15",2671.5]
["C09CA06","ангиотензина II рецепторов антагонист","Кандесартан","Кандесартан табл 16mg №20","ПЛАТ","Нет","уп",3,"267,15",801.4499999999999]
["С09СА01","ангиотензина II рецепторов антагонист","Лозартан","Лозартан табл п/п/о 50mg №30","Бюджет","Да","уп",10,"275,61",{"v":2756.1000000000004,"d":"2,756.10"}]
["С09СА01","ангиотензина II рецепторов антагонист","Лозартан","Лозартан табл п/п/о 50mg №30","ОМС","Да","уп",492,"275,61",135600.12]
["С09СА01","ангиотензина II рецепторов антагонист","Лозартан","Лозартан табл п/п/о 50mg №30","ПЛАТ","Да","уп",30,"275,61",8268.300000000001]
["С09СА03","ангиотензина II рецепторов антагонист","Валсартан","Вальсакор табл п/п/о 80mg №30","ОМС","Нет","уп",23,"490,17",11273.91]
["С09СА03","ангиотензина II рецепторов антагонист","Валсартан","Вальсакор табл п/п/о 80mg №30","ПЛАТ","Нет","уп",14,"490,17",6862.38]
["C09CA07","ангиотензина II рецепторов антагонист","Телмисартан","Микардис табл 80mg №28","ПЛАТ","Нет","уп",6,"1244,4",7466.400000000001]
["С09СА07","ангиотензина II рецепторов антагонист","Телмисартан","Телмиста табл 80mg №28","ПЛАТ","Нет","уп",2,"600,98",1201.96]
["C09DA01","гипотензивное средство комбинированное (ангиотензина II рецепторов антагонист+диуретик)","Гидрохлоротиазид+Лозартан","Лозартан Н табл п/п/о 12,5mg+50mg №30","Бюджет","Нет","уп",10,"155,05",{"v":1550.5,"d":"1,550.50"}]
["C09DA01","гипотензивное средство комбинированное (ангиотензина II рецепторов антагонист+диуретик)","Гидрохлоротиазид+Лозартан","Лозартан Н табл п/п/о 12,5mg+50mg №30","ОМС","Нет","уп",105,"155,05",16280.250000000002]
["C09DA01","гипотензивное средство комбинированное (ангиотензина II рецепторов антагонист+диуретик)","Гидрохлоротиазид+Лозартан","Лозартан Н табл п/п/о 12,5mg+50mg №30","ПЛАТ","Нет","уп",1,"155,05",155.05]
["C09DB01","гипотензивное средство комбинированное (БМКК+ангиотензина II рецепторов антагонист)","Амлодипин+ Валсартан","Вамлосет табл п/п/о 5mg+ 80mg  №30","ОМС","Нет","уп",5,"626,12",3130.6]
["C09DB01","гипотензивное средство комбинированное (БМКК+ангиотензина II рецепторов антагонист)","Амлодипин+ Валсартан","Вамлосет табл п/п/о 5mg+ 80mg  №30","ПЛАТ","Нет","уп",6,"626,12",3756.7200000000003]
["C10Гиполипидемические препараты",{"$nulls":8},{"v":0,"d":"0.00"}]
["C10AA01","гиполипидемическое средство - ГМГ-КоА-редуктазы ингибитор","Симвастатин","Симвастатин табл п/п/о 20mg №30","ОМС","Да","уп",20,"227,87",4557.4]
["C10AA01","гиполипидемическое средство - ГМГ-КоА-редуктазы ингибитор","Симвастатин","Симвастатин табл п/п/о 20mg №30","ПЛАТ","Да","уп",20,"227,87",4557.4]
["C10AA01","гиполипидемическое средство - ГМГ-КоА-редуктазы ингибитор","Симвастатин","Симвастатин табл п/п/о 40mg №30","ОМС","Да","уп",3,"751,64",2254.92]
["C10AA05","гиполипидемическое средство - ГМГ-КоА-редуктазы ингибитор","Аторвастатин","Аторвастатин табл п/п/о 20mg №30","ОМС","Да","уп",415,"393,1",163136.5]
["C10AA05","гиполипидемическое средство - ГМГ-КоА-редуктазы ингибитор","Аторвастатин","Аторвастатин табл п/п/о 20mg №30","ПЛАТ","Да","уп",28,"393,1",11006.800000000001]
["C10AA05","гиполипидемическое средство - ГМГ-КоА-редуктазы ингибитор","Аторвастатин","Аторвастатин табл п/п/о 40mg №30","ОМС","Да","уп",341,"627,99",214144.59]
["С10АА05","гиполипидемическое средство - ГМГ-КоА-редуктазы ингибитор","Аторвастатин","Аторвастатин-К  табл п/п/о 20mg №30","Бюджет","Да","уп",30,"442,75",{"v":13282.5,"d":"13,282.50"}]
["С10АА05","гиполипидемическое средство - ГМГ-КоА-редуктазы ингибитор","Аторвастатин","Аторвастатин-К  табл п/п/о 20mg №30","ОМС","Да","уп",205,"442,75","90763,75"]
["С10АА05","гиполипидемическое средство - ГМГ-КоА-редуктазы ингибитор","Аторвастатин","Аторвастатин-К  табл п/п/о 20mg №30","ПЛАТ","Да","уп",30,"442,75","13282,5"]
["С10АА07","гиполипидемическое средство - ГМГ-КоА-редуктазы ингибитор","Розувастатин","Розувастатин табл п/п/о 20mg №30","ОМС","Нет","уп",25,"285,71","7142,75"]
["С10АА07","гиполипидемическое средство - ГМГ-КоА-редуктазы ингибитор","Розувастатин","Розувастатин табл п/п/о 20mg №30","ПЛАТ","Нет","уп",15,"285,71","4285,65"]
[{"$nulls":9},{"$f":"SUBTOTAL(9,J424:J675)","v":{"v":389599.0824,"d":"389,599.08"}}]
["D Дерматология "]
["D02Препараты со смягчающим и протекторным действием"]
["D02AC","дерматопротекторное средство","Вазелин","Вазелин мазь д/наружн прим 25g","Бюджет","Нет","уп",10,"10,34",{"$f":"H679*I679","v":{"v":103.4,"d":"103.40"}}]
["D02AC","дерматопротекторное средство","Вазелин","Вазелин мазь д/наружн прим 25g","ОМС","Нет","уп",409,"10,34",{"$f":"H680*I680","v":4229.0599999999995}]
["D02AC","дерматопротекторное средство","Вазелин","Вазелин мазь д/наружн прим 25g","ПЛАТ","Нет","уп",5,"10,34",51.7]
["D04Препараты для лечения зуда (включая антигистаминные препараты и анестетики)",{"$nulls":8},{"v":0,"d":"0.00"}]
["D04AB01","местноанестезирующее средство","Лидокаин","Лидокаин-Виал спрей для местного и наружного прим 10% 38g","Бюджет","Да","уп",24,"337,7",{"v":8104.799999999999,"d":"8,104.80"}]
["D04AB01","местноанестезирующее средство","Лидокаин","Лидокаин-Виал спрей для местного и наружного прим 10% 38g","ОМС","Да","уп",222,"337,7",74969.4]
["D04AB01","местноанестезирующее средство","Лидокаин","Лидокаин-Виал спрей для местного и наружного прим 10% 38g","ПЛАТ","Да","уп",30,"337,7",10131]
["D06Противомикробные препараты для лечения заболеваний кожи",{"$nulls":8},{"v":0,"d":"0.00"}]
["D06AX","антибиотик комбинированный (антибиотик полипептидный+антибиотик-аминогликозид)","Неомицин","Банеоцин мазь д/наружн прим 250ME/g+5000ME/g 20g","ОМС","Нет","уп",15,"425,13",6376.95]
["D06AX","антибиотик комбинированный (антибиотик полипептидный+антибиотик-аминогликозид)","Неомицин","Банеоцин мазь д/наружн прим 250ME/g+5000ME/g 20g","ПЛАТ","Нет","уп",3,"425,13",1275.3899999999999]
["D06AX","антибиотик комбинированный (антибиотик полипептидный+антибиотик-аминогликозид)","Неомицин","Банеоцин порошок для наруж примен(присыпка) 250ME/g+5000ME/g 10g","Бюджет","Нет","уп",1,"461,76",461.76]
["D06AX","антибиотик комбинированный (антибиотик полипептидный+антибиотик-аминогликозид)","Неомицин","Банеоцин порошок для наруж примен(присыпка) 250ME/g+5000ME/g 10g","ОМС","Нет","уп",42,"461,76",19393.92]
["D06AX","антибиотик комбинированный (антибиотик полипептидный+антибиотик-аминогликозид)","Неомицин","Банеоцин порошок для наруж примен(присыпка) 250ME/g+5000ME/g 10g","ПЛАТ","Нет","уп",15,"461,76",6926.4]
["D06C","противомикробное средство комбинированное","Диоксометилтетрагидропиримидин+сульфадиметоксин+тримекаин+хлормфеникол","Левосин мазь д/наружн прим 40g №1","Бюджет","Да","уп",5,"79,5",{"v":397.5,"d":"397.50"}]
["D06C","противомикробное средство комбинированное","Диоксометилтетрагидропиримидин+сульфадиметоксин+тримекаин+хлормфеникол","Левосин мазь д/наружн прим 40g №1","ОМС","Да","уп",439,"79,5",34900.5]
["D06C","противомикробное средство комбинированное","Диоксометилтетрагидропиримидин+сульфадиметоксин+тримекаин+хлормфеникол","Левосин мазь д/наружн прим 40g №1","ПЛАТ","Да","уп",68,"79,5",5406]
["D07Кортикостероиды для лечения заболеваний кожи для наружного применения",{"$nulls":8},{"v":0,"d":"0.00"}]
["D07AA02","глюкокортикостероид для местного применения","Гидрокортизон","Гидрокортизон мазь д/наружн прим 1% 15g ","ОМС","Да","уп",120,"46,2",5544]
["D07AA02","глюкокортикостероид для местного применения","Гидрокортизон","Гидрокортизон мазь д/наружн прим 1% 15g ","ПЛАТ","Да","уп",3,"46,2",138.60000000000002]
["D07AC14","глюкокортикостероид для местного применения","Метилпреднизолона ацепонат ","Комфодерм мазь д/наружн прим 0,1% 15g","ПЛАТ","Нет","уп",5,"280,96",1404.8]
["D07XB01","глюкокортикостероид для местного применения+кератолитическое средство","Салициловая кислота+Флуметазон","Лоринден  А мазь д/наружн прим 15g №1","Бюджет","Нет","уп",17,"489,74",{"v":8325.58,"d":"8,325.58"}]
["D07XB01","глюкокортикостероид для местного применения+кератолитическое средство","Салициловая кислота+Флуметазон","Лоринден  А мазь д/наружн прим 15g №1","ОМС","Нет","уп",90,"489,74",44076.6]
["D07XB01","глюкокортикостероид для местного применения+кератолитическое средство","Салициловая кислота+Флуметазон","Лоринден  А мазь д/наружн прим 15g №1","ПЛАТ","Нет","уп",55,"489,74",26935.7]
["D07XC01","глюкокортикостероид для местного применения+антибиотик-аминогликозид+противогрибковое средство","Бетаметазон+Гентамицин+Клотримазол","Акридерм ГК крем д/ наружн /пр 15g №1","ОМС","Нет","уп",2,"483,51",967.02]
["D07XC01","глюкокортикостероид для местного применения+антибиотик-аминогликозид+противогрибковое средство","Бетаметазон+Гентамицин+Клотримазол","Акридерм ГК крем д/ наружн /пр 15g №1","ПЛАТ","Нет","уп",10,"483,51",4835.1]
["D08Антисептики и дезинфицирующие препараты",{"$nulls":8},{"v":0,"d":"0.00"}]
["D08AC02","антисептическое средство","Хлоргексидин","Хлоргексидин-Ферейн р-р д/наруж/прим спирт 0,5% 1L","Бюджет","Да","бутылка",11,"158,5",{"v":1743.5,"d":"1,743.50"}]
["D08AC02","антисептическое средство","Хлоргексидин","Хлоргексидин-Ферейн р-р д/наруж/прим спирт 0,5% 1L","ОМС","Да","бутылка",3597,"158,5",570124.5]
["D08AC02","антисептическое средство","Хлоргексидин","Хлоргексидин-Ферейн р-р д/наруж/прим спирт 0,5% 1L","ПЛАТ","Да","бутылка",80,"158,5",12680]
["D08AC02","антисептическое средство","Хлоргексидин","Хлоргексидина биглюконат р-р для наружного применения 0,05% 100ml №1","ОМС","Да","уп",286,"12,26",3506.36]
["D08AC02","антисептическое средство","Хлоргексидин","Хлоргексидина биглюконат р-р для наружного применения 0,05% 100ml №1","ПЛАТ","Да","уп",27,"12,26",331.02]
["D08AD","антисептическое средство","Борная кислота","Борная кислота р-р для наружного применения (спиртовой) 3% 25ml №1","ОМС","Нет","уп",14,"8,88",124.32000000000001]
["D08AD","антисептическое средство","Борная кислота","Борная кислота р-р для наружного применения (спиртовой) 3% 25ml №1","ПЛАТ","Нет","уп",5,"8,88",44.400000000000006]
["D08AF01","противомикробное средство - нитрофуран","Нитрофурал","Фурацилин  р-р д/нар и местн прим 0,02% 200ml №28","ОМС","Нет","уп",30,"2320,03",69600.90000000001]
["D08AF01","противомикробное средство - нитрофуран","Нитрофурал","Фурацилин  р-р д/нар и местн прим 0,02% 200ml №28","ПЛАТ","Нет","уп",2,"2320,03",4640.06]
["D08AF01","противомикробное средство - нитрофуран","Нитрофурал","Фурацилин  раствор для местного и наружного применения 0,02% 400ml №1","ОМС","Нет","уп",8125,"166,5",1352812.5]
["D08AF01","противомикробное средство - нитрофуран","Нитрофурал","Фурацилин  раствор для местного и наружного применения 0,02% 400ml №1","ПЛАТ","Нет","уп",5,"166,5",832.5]
["D08AF01","противомикробное средство - нитрофуран","Нитрофурал","Фурацилин  раствор для местного и наружного применения 0,02% 400ml №15","ОМС","Нет","уп",49,"1999,33",97967.17]
["D08AG","антисептическое средство","Йод+Каля йодид+Глицерол","Люголя раствор с глицерином р-р д/нар и местн прим 50g №1","ОМС","Да","уп",21,"91,89",1929.69]
["D08AG","антисептическое средство","Йод+Каля йодид+Глицерол","Люголя раствор с глицерином раствор для местного применения 25g","ПЛАТ","Да","уп",3,"12,72",38.160000000000004]
["D08AG02","антисептическое средство","Повидон-йод","Бетадин мазь д/мест и наруж/пр 10% 20g","ОМС","Нет","уп",24,"314,15",7539.599999999999]
["D08AG02","антисептическое средство","Повидон-йод","Бетадин мазь д/мест и наруж/пр 10% 20g","ПЛАТ","Нет","уп",3,"314,15",942.4499999999999]
["D08AG02","антисептическое средство","Повидон-йод","Браунодин Б.Браун мазь д/наружн прим 10% 20g","ОМС","Нет","уп",10,"188,52",1885.2]
["D08AG02","антисептическое средство","Повидон-йод","Браунодин Б.Браун мазь д/наружн прим 10% 20g","ПЛАТ","Нет","уп",3,"188,52",565.5600000000001]
["D08AG02","антисептическое средство","Повидон-йод","Браунодин Б.Браун р-р д/нар и местн прим 7,5% 1000ml №10","Бюджет","Да","уп",2,"8307,75",{"v":16615.5,"d":"16,615.50"}]
["D08AG02","антисептическое средство","Повидон-йод","Браунодин Б.Браун р-р д/нар и местн прим 7,5% 1000ml №10","ОМС","Да","уп",114,"8307,75",947083.5]
["D08AG02","антисептическое средство","Повидон-йод","Браунодин Б.Браун р-р д/нар и местн прим 7,5% 1000ml №10","ПЛАТ","Да","уп",2,"8307,75",16615.5]
["D08AG02","антисептическое средство","Повидон-йод","Браунодин Б.Браун р-р д/нар и местн прим 7,5% 100ml","Бюджет","Да","уп",10,"233,26",{"v":2332.6,"d":"2,332.60"}]
["D08AG02","антисептическое средство","Повидон-йод","Браунодин Б.Браун р-р д/нар и местн прим 7,5% 100ml","ОМС","Да","уп",170,"233,26",39654.2]
["D08AG02","антисептическое средство","Повидон-йод","Браунодин Б.Браун р-р д/нар и местн прим 7,5% 100ml","ПЛАТ","Да","уп",23,"233,26",5364.98]
["D08AG02","антисептическое средство","Повидон-йод","Браунодин Б.Браун р-р д/нар и местн прим 7,5% 500ml №20","Бюджет","Да","уп",1,"14383,38",{"v":14383.38,"d":"14,383.38"}]
["D08AG02","антисептическое средство","Повидон-йод","Браунодин Б.Браун р-р д/нар и местн прим 7,5% 500ml №20","ОМС","Да","уп",6,"14383,38",86300.28]
["D08AG03","антисептическое средство","Йод + [Калия йодид + Этанол","Йод р-р для наружного применения (спиртовой) 5% 10ml №1","ОМС","Нет","фл",1231,"8,88",10931.28]
["D08AG03","антисептическое средство","Йод + [Калия йодид + Этанол","Йод р-р для наружного применения (спиртовой) 5% 10ml №1","ПЛАТ","Нет","фл",5,"8,88",44.400000000000006]
["D08AX","антисептическое средство","Бриллиантовый зеленый","Бриллиантовый зеленый р-р д/наруж/прим спирт 1% 10ml №1","ОМС","Нет","фл",1021,"7,77",7933.169999999999]
["D08AX","антисептическое средство","Бриллиантовый зеленый","Бриллиантовый зеленый р-р д/наруж/прим спирт 1% 10ml №1","ПЛАТ","Нет","фл",16,"7,77",124.32]
["D08AX","антисептическое средство","Деготь + Трибромфенолята висмута и висмута оксида комплекс","Линимент бальзамический (по Вишневскому)  линимент 30g №1","ОМС","Нет","уп",45,"29,97",1348.6499999999999]
["D08AX","противомикробное средство комбинированное","Бензокаин + Борная кислота + Облепихи масло + Хлорамфеникол","Олазоль аэрозоль д/нар прим 80g №1","ОМС","Нет","уп",28,"349,65",9790.199999999999]
["D08AX","противомикробное средство комбинированное","Бензокаин + Борная кислота + Облепихи масло + Хлорамфеникол","Олазоль аэрозоль д/нар прим 80g №1","ПЛАТ","Нет","уп",1,"349,65",349.65]
["D08AX01","антисептическое средство","Водорода пероксид","Перекись водорода р-р д/нар и местн прим 3% 100ml №1","Бюджет","Да","фл",10,"11,31",{"v":113.10000000000001,"d":"113.10"}]
["D08AX01","антисептическое средство","Водорода пероксид","Перекись водорода р-р д/нар и местн прим 3% 100ml №1","ОМС","Да","фл",3350,"11,31",37888.5]
["D08AX01","антисептическое средство","Водорода пероксид","Перекись водорода р-р д/нар и местн прим 3% 100ml №1","ПЛАТ","Да","фл",80,"11,31",904.8000000000001]
["D08AX08","антисептическое средство","Этанол","Этиловый спирт 70% р-р д/нар прим и пригот лек форм 100ml","Бюджет","Да","фл",2,"15,12",30.24]
["D08AX08","антисептическое средство","Этанол","Этиловый спирт 70% р-р д/нар прим и пригот лек форм 100ml","ОМС","Да","фл",10404,"15,12","157139,61"]
["D08AX08","антисептическое средство","Этанол","Этиловый спирт 70% р-р д/нар прим и пригот лек форм 100ml","ПЛАТ","Да","фл",20,"15,12","294,6"]
["D08AX08","антисептическое средство","Этанол","Этиловый спирт 95% конц д/пр р-ра д/наруж/пр 100ml","ОМС","Да","фл",1818,"19,76",48333]
["D11A","репарации тканей стимулятор растительного происхождения","Облепихи масло","Облепиховое масло масло для приема внутрь, местного и наружного применения 100ml","ПЛАТ","Нет","уп",20,"116,82","2336,4"]
["D11AX","репарации тканей стимулятор","~","Солкосерил гель д/наруж/пр 20g №1","ОМС","Нет","уп",13,"338,27","4397,51"]
["D11AX","репарации тканей стимулятор","~","Солкосерил гель д/наруж/пр 20g №1","ПЛАТ","Нет","уп",3,"338,27","1014,81"]
["D11AX","репарации тканей стимулятор","Диоксометилтетрагидропиримидин ","Метилурацил мазь д/мест и наруж/пр 10%-25g","ОМС","Нет","уп",58,"32,75","1899,5"]
["G02AD06","родовой деятельности стимулятор - простагландина E1 аналог синтетический","Мизопростол","Миролют табл 200mkg №4","ПЛАТ","Да","уп",5,"353,44","1767,2"]
["G03DA04","гестаген","Прогестерон","Прогестерон раствор для в/м вв 10mg/ml 1ml №10","ОМС","Нет","уп",100,"421,8",42180]
["G03DA04","гестаген","Прогестерон","Прогестерон раствор для в/м вв 25mg/ml 1ml №10","ОМС","Нет","уп",250,"774,78",193695]
["G03DB01","гестаген","Дидрогестерон","Дюфастон табл п/о 10mg №20","ПЛАТ","Да","уп",10,"544,45","5444,5"]
["G03XB01","ангиопротекторное средство","Троксерутин ","Троксерутин  гель д/наруж/пр 2% 40g","ОМС","Нет","уп",10,"72,97","729,7"]
["G03XB01","антигестаген","Мифепристон","Миропристон табл 200mg №3","ПЛАТ","Нет","уп",5,"2664,08","13320,4"]
["G04AB","противомикробное средство - хиноксалин","Гидроксиметилхиноксалиндиоксид","Диоксидин раствор для в/полост.и наруж.применения 10mg/ml 10ml №10","ОМС","Нет","уп",75,"719,77","53982,75"]
["G04AB","противомикробное средство - хиноксалин","Гидроксиметилхиноксалиндиоксид","Диоксидин раствор для в/полост.и наруж.применения 10mg/ml 10ml №10","ПЛАТ","Нет","уп",7,"719,77","4558,93"]
["G04CA02","альфа1-адреноблокатор","Тамсулозин","Тамсулозин-OBL капс с модиф/ высв 0,4 мг №30","ОМС","Да","уп",10,"603,49","6034,9"]
["G04CA02","альфа1-адреноблокатор","Тамсулозин","Тамсулозин-OBL капс с модиф/ высв 0,4 мг №30","ПЛАТ","Да","уп",10,"603,49","6034,9"]
[{"$nulls":9},{"$f":"SUBTOTAL(9,J679:J741)","v":{"v":52611.35999999999,"d":"52,611.36"}}]
["H Гормоны для системного применения (исключая половые гормоны и инсулины) "]
["H01Гормоны гипоталамуса и гипофиза и их аналоги"]
["H01BB02","родовой деятельности стимулятор - препарат окситоцина","Окситоцин","Окситоцин р-р для в/м и в/в введ 5МЕ/ml 1ml №10","ОМС","Да","уп",200,"42,97",8594]
["Н01СВ02","соматостатина аналог синтетический","Октреотид","Октреотид Сан раствор для в/в и п/к  вв 100mkg/ml 1ml №1","Бюджет","Да","уп",20,"181,23",{"$f":"H763*I763","v":{"v":3624.6,"d":"3,624.60"}}]
["Н01СВ02","соматостатина аналог синтетический","Октреотид","Октреотид Сан раствор для в/в и п/к  вв 100mkg/ml 1ml №1","ОМС","Да","уп",337,"181,23",{"$f":"H764*I764","v":61074.509999999995}]
["Н01СВ02","соматостатина аналог синтетический","Октреотид","Октреотид Сан раствор для в/в и п/к  вв 100mkg/ml 1ml №1","ПЛАТ","Да","уп",20,"181,23",3624.6]
["H02Кортикостероиды для системного применения",{"$nulls":8},{"v":0,"d":"0.00"}]
["H02AB01","глюкокортикостероид","Бетаметазон","Дипроспан суспензия для инъекций 2mg+5mg/ml 1ml №1","Бюджет","Да","уп",8,"319,66",{"v":2557.28,"d":"2,557.28"}]
["H02AB01","глюкокортикостероид","Бетаметазон","Дипроспан суспензия для инъекций 2mg+5mg/ml 1ml №1","ОМС","Да","уп",341,"319,66",109004.06000000001]
["H02AB01","глюкокортикостероид","Бетаметазон","Дипроспан суспензия для инъекций 2mg+5mg/ml 1ml №1","ПЛАТ","Да","уп",85,"319,66",27171.100000000002]
["Н02AB02","глюкокортикостероид","Дексаметазон","Дексаметазон-Ферейн раствор для инъекций 4mg/ml 2ml №25","ОМС","Да","уп",600,"350,25",210150]
["H02AB04","глюкокортикостероид","Метилпреднизолон","Метипред табл 4mg №30","ОМС","Да","уп.",23,"187,18",4305.14]
["H02AB04","глюкокортикостероид","Метилпреднизолон","Метипред табл 4mg №30","ПЛАТ","Да","уп.",10,"187,18",1871.8000000000002]
["H02AB04","глюкокортикостероид","Метилпреднизолон","Солу-Медрол лиоф-т д/приг р-ра для в/в и в/м вв 250mg №1","ОМС","Да","уп",85,"339,02",28816.699999999997]
["H02AB04","глюкокортикостероид","Метилпреднизолон","Солу-Медрол лиоф-т д/приг р-ра для в/в и в/м вв 250mg №1","ПЛАТ","Да","уп",20,"339,02",6780.4]
["H02AB06","глюкокортикостероид","Преднизолон","Преднизолон Эльфа  р-р для в/м и в/в введ 30mg/ml 1ml №3","Б.Опк","Да","уп",2,"27,57",55.14]
["H02AB06","глюкокортикостероид","Преднизолон","Преднизолон Эльфа  р-р для в/м и в/в введ 30mg/ml 1ml №3","ОМС","Да","уп",1271,"27,57",35041.47]
["H02AB06","глюкокортикостероид","Преднизолон","Преднизолон Эльфа  р-р для в/м и в/в введ 30mg/ml 1ml №3","ПЛАТ","Да","уп",13,"27,57",358.41]
["H02AB06","глюкокортикостероид","Преднизолон","Преднизолон раствор для в/в и в/м вв 30mg/ml 1ml №3","ПЛАТ","Да","уп.",10,"38,28",382.8]
["H02AB06","глюкокортикостероид","Преднизолон","Преднизолон табл 5mg №100","ОМС","Да","уп",467,"93,1",43477.7]
["H02AB06","глюкокортикостероид","Преднизолон","Преднизолон табл 5mg №100","ПЛАТ","Да","уп",18,"93,1",1675.8]
["H02AB08","глюкокортикостероид","Триамцинолон","Кеналог 40 суспензия для инъекций 40mg/ml 1ml №5","Бюджет","Нет","уп",20,"674,22",{"v":13484.400000000001,"d":"13,484.40"}]
["H02AB08","глюкокортикостероид","Триамцинолон","Кеналог 40 суспензия для инъекций 40mg/ml 1ml №5","ОМС","Нет","уп",126,"674,22","84951,72"]
["H02AB08","глюкокортикостероид","Триамцинолон","Кеналог 40 суспензия для инъекций 40mg/ml 1ml №5","ПЛАТ","Нет","уп",47,"674,22","31688,34"]
["H02AB09","глюкокортикостероид","Гидрокортизон+Лидокаин","Гидрокортизон-Рихтер суспензия для в/суст и околосуст вв 25mg+5mg/ml 5ml","ОМС","Да","уп",30,"246,77","7403,1"]
["H03AA01","тиреоидное средство","Левотироксин натрия","L-Тироксин  табл 100mkg №100","ПЛАТ","Да","уп",1,"136,3","119,67"]
["Н03АА01","тиреоидное средство","Левотироксин натрия","L-Тироксин 100 Берлин-Хеми табл 100mkg №100","ОМС","Да","уп",11,"136,3","1499,3"]
["H03BB02","антитиреоидное средство","Тиамазол ","Тирозол табл п/п/о 5mg №50","ОМС","Да","уп",10,"159,23","1592,3"]
["H03BB02","антитиреоидное средство","Тиамазол ","Тирозол табл п/п/о 5mg №50","ПЛАТ","Да","уп",2,"159,23","318,46"]
[{"$nulls":9},{"$f":"SUBTOTAL(9,J762:J788)","v":{"v":19666.280000000002,"d":"19,666.28"}}]
["J Противомикробные препараты для системного применения "]
["J01Противомикробные препараты для системного применения"]
["J01AA02","антибиотик-тетрациклин","Доксициклин","Доксициклин капс 100mg №10","ОМС","Да","уп",100,"25,91",2591]
["J01AA02","антибиотик-тетрациклин","Доксициклин","Доксициклин-Ферейн лиоф-т д/пригот р-ра д/инф 100mg №50","ОМС","Да","уп",2,"4062,96","8125,92"]
["J01CA04","антибиотик-пенициллин полусинтетический","Амоксициллин","Флемоксин Солютаб табл дисперг 500mg №20","ОМС","Да","уп",48,"341,67","16400,16"]
["J01CA04","антибиотик-пенициллин полусинтетический","Амоксициллин","Флемоксин Солютаб табл дисперг 500mg №20","ПЛАТ","Да","уп",14,"341,67","4783,38"]
["J01CR02","антибиотик-пенициллин полусинтетический+бета-лактамаз ингибитор","Амоксициллин+ клавулановая кислота","Кламосар порошок д/приг-я р-ра для в/в введ 1000mg+200mg №5","Бюджет","Да","уп",471,"392,42",{"$f":"H796*I796","v":{"v":184829.82,"d":"184,829.82"}}]
["J01CR02","антибиотик-пенициллин полусинтетический+бета-лактамаз ингибитор","Амоксициллин+ клавулановая кислота","Кламосар порошок д/приг-я р-ра для в/в введ 1000mg+200mg №5","ОМС","Да","уп",4238,"392,42",{"$f":"H797*I797","v":1663075.96}]
["J01CR02","антибиотик-пенициллин полусинтетический+бета-лактамаз ингибитор","Амоксициллин+ клавулановая кислота","Кламосар порошок д/приг-я р-ра для в/в введ 1000mg+200mg №5","ПЛАТ","Да","уп",385,"392,42",151081.7]
["J01CR02","антибиотик-пенициллин полусинтетический+бета-лактамаз ингибитор","Амоксициллин+Клавулановая кислота","Экоклав табл п/п/о 875mg +125mg №14","Бюджет","Да","уп",3,"484,2",{"v":1452.6,"d":"1,452.60"}]
["J01CR02","антибиотик-пенициллин полусинтетический+бета-лактамаз ингибитор","Амоксициллин+Клавулановая кислота","Экоклав табл п/п/о 875mg +125mg №14","ОМС","Да","уп",547,"484,2",264857.39999999997]
["J01CR02","антибиотик-пенициллин полусинтетический+бета-лактамаз ингибитор","Амоксициллин+Клавулановая кислота","Экоклав табл п/п/о 875mg +125mg №14","ПЛАТ","Да","уп",37,"484,2",17915.399999999998]
["J01CR50","антибиотик комбинированный (пенициллины полусинтетические)","Ампициллин+Оксациллин","Оксамп-натрий порошок д/приг-я р-ра для в/в , в/м введ 333,5mg + 166,5mg №50","ОМС","Нет","уп",11,914,10054]
["J01DB04","антибиотик-цефалоспорин","Цефазолин","Цефазолин-АКОС порошок д/приг-я р-ра для в/в , в/м введ №50 1.0g","Бюджет","Да","уп",79,"824,66",{"v":65148.14,"d":"65,148.14"}]
["J01DB04","антибиотик-цефалоспорин","Цефазолин","Цефазолин-АКОС порошок д/приг-я р-ра для в/в , в/м введ №50 1.0g","ОМС","Да","уп",1138,"824,66",938463.08]
["J01DB04","антибиотик-цефалоспорин","Цефазолин","Цефазолин-АКОС порошок д/приг-я р-ра для в/в , в/м введ №50 1.0g","ПЛАТ","Да","уп",78,"824,66",64323.479999999996]
["J01DC02","антибиотик-цефалоспорин","Цефтазидим","Цефтазидим-АКОС порошок д/приг-я р-ра для в/в , в/м введ 1,0g","ОМС","Да","уп",2000,"83,38",166760]
["J01DC02","антибиотик-цефалоспорин","Цефтазидим","Цефтазидим-АКОС порошок д/приг-я р-ра для в/в , в/м введ 1,0g","ПЛАТ","Да","уп",130,"83,38",10839.4]
["J01DC02","антибиотик-цефалоспорин","Цефтазидим","Цефтазидим-АКОС порошок д/приг-я р-ра для в/в , в/м введ 2 g","ОМС","Да","уп",1700,"155,33",264061]
["J01DD","антибиотик-цефалоспорин","Цефоперазон","Операз  порошок д/приг-я р-ра для в/в , в/м введ 1,0g","ОМС","Нет","уп",960,"36,63",35164.8]
["J01DD01","антибиотик-цефалоспорин","Цефотаксим","Цефотаксим порошок д/приг-я р-ра для в/в , в/м введ 1g №50","Бюджет","Да",null,50,"1173,41",{"v":58670.50000000001,"d":"58,670.50"}]
["J01DD01","антибиотик-цефалоспорин","Цефотаксим","Цефотаксим порошок д/приг-я р-ра для в/в , в/м введ 1g №50","ОМС","Да",null,261,"1173,41",306260.01]
["J01DD01","антибиотик-цефалоспорин","Цефотаксим","Цефотаксим порошок д/приг-я р-ра для в/в , в/м введ 1g №50","ПЛАТ","Да",null,14,"1173,41",16427.74]
["J01DD04","антибиотик-цефалоспорин","Цефтриаксон","Цефтриаксон порошок д/приг-я р-ра для в/в , в/м введ 1g №50","Бюджет","Да","уп",148,"1024,25",{"v":151589,"d":"151,589.00"}]
["J01DD04","антибиотик-цефалоспорин","Цефтриаксон","Цефтриаксон порошок д/приг-я р-ра для в/в , в/м введ 1g №50","ОМС","Да","уп",882,"1024,25",903388.5]
["J01DD04","антибиотик-цефалоспорин","Цефтриаксон","Цефтриаксон порошок д/приг-я р-ра для в/в , в/м введ 1g №50","ПЛАТ","Да","уп",24,"1024,25",24582]
["J01DD51","антибиотик-цефалоспорин+бета-лактамаз ингибитор","Цефотаксим+[Сульбактам]","Кларуктам порошок д/приг-я р-ра для в/в , в/м введ 1000mg+500mg №1","ОМС","Нет","уп",300,"329,67",98901]
["J01DD62","антибиотик-цефалоспорин+бета-лактамаз ингибитор","Цефоперазон+[Сульбактам]","Цефоперазон и Сульбактам Джодас  1g+1g №1","ОМС","Да","уп",650,"228,29",148388.5]
["J01DE","антибиотик-цефалоспорин+бета-лактамаз ингибитор","Цефепим + [Сульбактам]","Максиктам-АФ порошок д/приг-я р-ра для в/в , в/м введ 1g+1g №1","ОМС","Нет",null,300,"987,9",296370]
["J01DE01","антибиотик-цефалоспорин","Цефепим","Цефепим порошок д/приг р-ра для в/м введ 1,0g","ОМС","Да","уп",663,"249,74",165577.62]
["J01DE01","антибиотик-цефалоспорин","Цефепим","Цефепим порошок д/приг р-ра для в/м введ 1,0g","ПЛАТ","Да","уп",30,"249,74",7492.200000000001]
["J01DH02","антибиотик-карбапенем","Меропенем","Мепенем порошок д/приг-я р-ра для в/в введ 1,0g","Бюджет","Да","фл",20,"1630,2",{"v":32604,"d":"32,604.00"}]
["J01DH02","антибиотик-карбапенем","Меропенем","Мепенем порошок д/приг-я р-ра для в/в введ 1,0g","ОМС","Да","фл",871,"1630,2",1419904.2]
["J01DH02","антибиотик-карбапенем","Меропенем","Мепенем порошок д/приг-я р-ра для в/в введ 1,0g","ПЛАТ","Да","фл",165,"1630,2",268983]
["J01DH02","антибиотик-карбапенем","Меропенем","Меропенем порошок д/приг-я р-ра для в/в введ 1g №1","Бюджет","Да","уп",74,"1780,68",{"v":131770.32,"d":"131,770.32"}]
["J01DH02","антибиотик-карбапенем","Меропенем","Меропенем порошок д/приг-я р-ра для в/в введ 1g №1","ОМС","Да","уп",1280,"1780,68",2279270.4]
["J01DH02","антибиотик-карбапенем","Меропенем","Меропенем порошок д/приг-я р-ра для в/в введ 1g №1","ПЛАТ","Да","уп",100,"1780,68",178068]
["J01DH51","антибиотик-карбапенем+почечной дегидропептидазы блокатор","Имипенем + Циластатин","Имипенем и Циластатин Джодас порошок д/приг р-ра д/инфузий 500mg+500mg №1","ОМС","Да","уп",705,"618,8",436253.99999999994]
["J01DH51","антибиотик-карбапенем+почечной дегидропептидазы блокатор","Имипенем + Циластатин","Имипенем и Циластатин Джодас порошок д/приг р-ра д/инфузий 500mg+500mg №1","ПЛАТ","Да","уп",116,"618,8",71780.79999999999]
["J01EE01","противомикробное средство комбинированное","Ко-тримоксазол","Бисептол 480 конц-т д/приг раствора для инфузий 96mg/ml 5ml №10","ОМС","Да","уп",96,"410,92",39448.32]
["J01EE01","противомикробное средство комбинированное","Ко-тримоксазол","Бисептол 480 конц-т д/приг раствора для инфузий 96mg/ml 5ml №10","ПЛАТ","Да","уп",3,"410,92",1232.76]
["J01EE01","противомикробное средство комбинированное","Ко-тримоксазол","Ко-тримоксазол табл 480mg №10","ПЛАТ","Да","уп",2,"20,21",40.42]
["J01FA09","антибиотик-аминогликозид","Кларитромицин","Клабакс ОД табл пролонг п/п/о 500mg №14","ОМС","Да","уп",15,"516,91",7753.65]
["J01FA09","антибиотик-аминогликозид","Кларитромицин","Клабакс ОД табл пролонг п/п/о 500mg №14","ПЛАТ","Да","уп",1,"516,91",516.91]
["J01FA09","антибиотик-аминогликозид","Кларитромицин","Кларитромицин табл пролонг п/п/о 500mg №7","Бюджет","Да","уп",2,"361,71",723.42]
["J01FA09","антибиотик-аминогликозид","Кларитромицин","Кларитромицин табл пролонг п/п/о 500mg №7","ОМС","Да","уп",17,"361,71",6149.07]
["J01FA10","антибиотик-азалид","Азитромицин","Азитромицин  Экомед табл п/п/о 500mg №3","ОМС","Да","уп",82,"258,8",21221.600000000002]
["J01FA10","антибиотик-азалид","Азитромицин","Азитромицин  Экомед табл п/п/о 500mg №3","ПЛАТ","Да","уп",17,"258,8",4399.6]
["J01FF02","антибиотик-линкозамид","Линкомицин","Линкомицин раствор для в/в и в/м вв 300mg/ml 1ml №10","ОМС","Нет","уп",270,"156,67",42300.899999999994]
["J01FF02","антибиотик-линкозамид","Линкомицин","Линкомицин раствор для в/в и в/м вв 300mg/ml 1ml №10","ПЛАТ","Нет","уп",85,"156,67",13316.949999999999]
["J01GB01","антибиотик-аминогликозид","Тобрамицин","Тобропт капли глазные 0,3% 5ml","ОМС","Да","уп",500,"120,12",60060]
["J01GB01","антибиотик-аминогликозид","Тобрамицин","Тобропт капли глазные 0,3% 5ml","ПЛАТ","Да","уп",10,"120,12",1201.2]
["J01GB03","антибиотик-аминогликозид","Гентамицин","Гентамицин раствор для в/в и в/м вв 40mg/ml 2ml №10","Бюджет","Да","уп",50,"32,19",{"v":1609.5,"d":"1,609.50"}]
["J01GB03","антибиотик-аминогликозид","Гентамицин","Гентамицин раствор для в/в и в/м вв 40mg/ml 2ml №10","ОМС","Да","уп",2190,"32,19",70496.09999999999]
["J01GB03","антибиотик-аминогликозид","Гентамицин","Гентамицин раствор для в/в и в/м вв 40mg/ml 2ml №10","ПЛАТ","Да","уп",35,"32,19",1126.6499999999999]
["J01GB06","антибиотик-аминогликозид","Амикацин","Амикацин порошок д/приг-я р-ра для в/в , в/м введ 500mg №50","Бюджет","Да","уп",6,"1975,41",{"v":11852.460000000001,"d":"11,852.46"}]
["J01GB06","антибиотик-аминогликозид","Амикацин","Амикацин порошок д/приг-я р-ра для в/в , в/м введ 500mg №50","ОМС","Да","уп","239,2","1975,41",{"v":472518.072,"d":"472,518"}]
["J01GB06","антибиотик-аминогликозид","Амикацин","Амикацин порошок д/приг-я р-ра для в/в , в/м введ 500mg №50","ПЛАТ","Да","уп",3,"1975,41",5926.2300000000005]
["J01MA01","противомикробное средство - фторхинолон","Офлоксацин","Офлоксацин раствор для инфузий 2mg/ml 100ml №1","ОМС","Да","уп",100,"52,39",5239]
["J01MA02","противомикробное средство - фторхинолон","Ципрофлоксацин","Ципрофлоксацин раствор для инфузий 2mg/ml 100ml №1","Бюджет","Да","уп",1130,"32,42",{"v":36634.6,"d":"36,634.60"}]
["J01MA02","противомикробное средство - фторхинолон","Ципрофлоксацин","Ципрофлоксацин раствор для инфузий 2mg/ml 100ml №1","ОМС","Да","уп",16038,"32,42",519951.96]
["J01MA02","противомикробное средство - фторхинолон","Ципрофлоксацин","Ципрофлоксацин раствор для инфузий 2mg/ml 100ml №1","ПЛАТ","Да","уп",435,"32,42",14102.7]
["J01MA02","противомикробное средство - фторхинолон","Ципрофлоксацин","Ципрофлоксацин табл 500mg №10","Бюджет","Да","уп",17,"37,86",643.62]
["J01MA02","противомикробное средство - фторхинолон","Ципрофлоксацин","Ципрофлоксацин табл 500mg №10","ОМС","Да","уп",892,"37,86",33771.12]
["J01MA02","противомикробное средство - фторхинолон","Ципрофлоксацин","Ципрофлоксацин табл 500mg №10","ПЛАТ","Да","уп",35,"37,86",1325.1]
["J01MA03","противомикробное средство - фторхинолон","Пефлоксацин","Пефлоксацин-АКОС конц-т д/приг раствора для инфузий 400mg/5ml 5ml №10","ОМС","Нет","уп",230,"124,37",28605.100000000002]
["J01MA03","противомикробное средство - фторхинолон","Пефлоксацин","Пефлоксацин-АКОС конц-т д/приг раствора для инфузий 400mg/5ml 5ml №10","ПЛАТ","Нет","уп",55,"124,37",6840.35]
["J01MA03","противомикробное средство - фторхинолон","Пефлоксацин","Пефлоксацин-АКОС табл п/п/о 400mg №10","ОМС","Нет","уп",5,"88,83",444.15]
["J01MA03","противомикробное средство - фторхинолон","Пефлоксацин","Пефлоксацин-АКОС табл п/п/о 400mg №10","ПЛАТ","Нет","уп",5,"88,83",444.15]
["J01MA06","противомикробное средство - фторхинолон","Норфлоксацин","Нолицин табл 400mg №10","ОМС","Нет","уп",42,"157,28",6605.76]
["J01MA06","противомикробное средство - фторхинолон","Норфлоксацин","Нолицин табл 400mg №10","ПЛАТ","Нет","уп",43,"157,28",6763.04]
["J01MA12","противомикробное средство - фторхинолон","Левофлоксацин","Лефлобакт раствор для инфузий 5mg/ml 100ml","Бюджет","Да","уп",12,"442,75",{"$f":"H861*I861","v":{"v":5313,"d":"5,313.00"}}]
["J01MA12","противомикробное средство - фторхинолон","Левофлоксацин","Лефлобакт раствор для инфузий 5mg/ml 100ml","ОМС","Да","уп",837,"442,75",370581.75]
["J01MA12","противомикробное средство - фторхинолон","Левофлоксацин","Лефлобакт раствор для инфузий 5mg/ml 100ml","ПЛАТ","Да","уп",255,"442,75",112901.25]
["J01MA12","противомикробное средство - фторхинолон","Левофлоксацин","Лефлобакт табл п/п/о 500mg №10","Бюджет","Да","уп",5,"409,86",{"v":2049.3,"d":"2,049.30"}]
["J01MA12","противомикробное средство - фторхинолон","Левофлоксацин","Лефлобакт табл п/п/о 500mg №10","ОМС","Да","уп",258,"409,86",105743.88]
["J01MA12","противомикробное средство - фторхинолон","Левофлоксацин","Лефлобакт табл п/п/о 500mg №10","ПЛАТ","Да","уп",22,"409,86",9016.92]
["J01MB04","противомикробное средство - хинолон","Пипеминовая кислота","Палин капс 200mg №20","ОМС","Нет","уп",17,"278,27",4730.59]
["J01MB04","противомикробное средство - хинолон","Пипеминовая кислота","Палин капс 200mg №20","ПЛАТ","Нет","уп",23,"278,27",6400.209999999999]
["J01XA01","антибиотик-гликопептид","Ванкомицин","Ванкомицин Эльфа порошок д/приг р-ра д/инфузий 1000mg №1","ОМС","Да","уп",1150,"324,47",373140.50000000006]
["J01XA01","антибиотик-гликопептид","Ванкомицин","Ванкомицин Эльфа порошок д/приг р-ра д/инфузий 1000mg №1","ПЛАТ","Да","уп",70,"324,47",22712.9]
["J01XA01","антибиотик-гликопептид","Ванкомицин","Ванкорус лиоф-т д/пригот р-ра д/инф 1,0g","ОМС","Да","уп",310,"431,92",133895.2]
["J01XA01","антибиотик-гликопептид","Ванкомицин","Ванкорус лиоф-т д/пригот р-ра д/инф 1,0g","ПЛАТ","Да","уп",14,"431,92",6046.88]
["J01XD01","противомикробное и противопротозойное средство","Метронидазол","Метронидазол раствор для инфузий 5mg/ml  100ml","Бюджет","Да","уп",820,"35,23",{"v":28888.6,"d":"28,888.60"}]
["J01XD01","противомикробное и противопротозойное средство","Метронидазол","Метронидазол раствор для инфузий 5mg/ml  100ml","ОМС","Да","уп",11693,"35,23",411944.38999999996]
["J01XD01","противомикробное и противопротозойное средство","Метронидазол","Метронидазол раствор для инфузий 5mg/ml  100ml","ПЛАТ","Да","уп",350,"35,23",12330.499999999998]
["J01XD01","противомикробное и противопротозойное средство","Метронидазол","Метронидазол табл 250mg №20","Бюджет","Да","уп",2,"15,09",30.18]
["J01XD01","противомикробное и противопротозойное средство","Метронидазол","Метронидазол табл 250mg №20","ОМС","Да","уп",388,"15,09",5854.92]
["J01XD01","противомикробное и противопротозойное средство","Метронидазол","Метронидазол табл 250mg №20","ПЛАТ","Да","уп",88,"15,09",1327.92]
["J01XE01","противомикробное средство - нитрофуран","Нитрофурантоин","Фурадонин Авексима табл 50mg №20","ОМС","Нет","уп",15,100,1500]
["J01XX01","антибиотик","Фосфомицин","Экофомурал гранулы д/приг р-ра д/вн прим 3g","ПЛАТ","Нет","уп",3,"319,41",958.23]
["J01XX08","антиагрегантное средство","Эптифибатид","Коромакс раствор для в/в  вв 0,75mg/ml 100ml №1","ОМС","Нет","уп",35,"10875,78",380652.30000000005]
["J01XX08","антиагрегантное средство","Эптифибатид","Коромакс раствор для в/в  вв 2mg/ml 10ml №1","ОМС","Нет","уп",35,"2794,98",97824.3]
["J01XX08","антибиотик-оксазолидинон","Линезолид","Зивокс раствор для инфузий 2mg/ml 300ml №10","ОМС","Да","уп",8,"8364,18",66913.44]
["J02Противогрибковые препараты для системного применения",{"$nulls":8},{"v":0,"d":"0.00"}]
["J02AC01","противогрибковое средство","Флуконазол","Микосист капсулы 100mg №28","Бюджет","Да","уп",2,"2240,1",{"v":4480.2,"d":"4,480.20"}]
["J02AC01","противогрибковое средство","Флуконазол","Микосист капсулы 100mg №28","ОМС","Да","уп",19,"2240,1",42561.9]
["J02AC01","противогрибковое средство","Флуконазол","Микосист капсулы 100mg №28","ПЛАТ","Да","уп",4,"2240,1",8960.4]
["J02AC01","противогрибковое средство","Флуконазол","Флуконазол капс 150mg №2","ОМС","Да","уп",522,"44,74",23354.280000000002]
["J02AC01","противогрибковое средство","Флуконазол","Флуконазол капс 150mg №2","ПЛАТ","Да","уп",25,"44,74",1118.5]
["J02AC01","противогрибковое средство","Флуконазол","Флуконазол капсулы 50mg №7","ОМС","Да","уп",36,"92,58",3332.88]
["J02AC01","противогрибковое средство","Флуконазол","Флукорус раствор для инфузий 2mg/ml 100ml","ОМС","Да","уп",116,"316,25",36685]
["J05Противовирусные препараты для системного применения",{"$nulls":8},{"v":0,"d":"0.00"}]
["J05AB01","противовирусное средство","Ацикловир","Ацикловир  лиоф-т д/пригот р-ра д/инф 0,5g №1","ОМС","Да","уп",12,"323,03",3876.3599999999997]
["J05AB01","противовирусное средство","Ацикловир","Ацикловир  табл 200mg №20","ОМС","Да","уп",26,"30,41",790.66]
["J05AB01","противовирусное средство","Ацикловир","Ацикловир  табл 200mg №20","ПЛАТ","Да","уп",58,"30,41",1763.78]
["J05AH02","противовирусное средство","Осельтамивир","Тамифлю капс 75mg №10","Бюджет","Да","уп",4,"1248,24",{"v":4992.96,"d":"4,992.96"}]
["J05AH02","противовирусное средство","Осельтамивир","Тамифлю капс 75mg №10","ОМС","Да","уп",56,"1248,24",69901.44]
["J05AH02","противовирусное средство","Осельтамивир","Тамифлю капс 75mg №10","ПЛАТ","Да","уп",25,"1248,24",31206]
["J05AX","противовирусное иммуностимулирующее средство - индуктор образования интерферонов","Тилорон","Лавомакс табл п/о 125mg №6","ПЛАТ","Да","уп",3,"548,92",1646.7599999999998]
["J05AX","противовирусное средство","Имидазолилэтанамид пентандиовой кислоты","Ингавирин капс 90mg №7","Бюджет","Да","уп",2,"540,82",{"v":1081.64,"d":"1,081.64"}]
["J05AX","противовирусное средство","Имидазолилэтанамид пентандиовой кислоты","Ингавирин капс 90mg №7","ОМС","Да","уп",35,"540,82",18928.7]
["J05AX","противовирусное средство","Имидазолилэтанамид пентандиовой кислоты","Ингавирин капс 90mg №7","ПЛАТ","Да","уп",5,"540,82",2704.1000000000004]
["J05AX","противовирусное средство","Кагоцел","Кагоцел табл 12mg №10","ОМС","Да","уп",120,"269,31",32317.2]
["J05AX","противовирусное средство","Кагоцел","Кагоцел табл 12mg №10","ПЛАТ","Да","уп",16,"269,31",4308.96]
["J05AX","противовирусное средство","Умифеновир","Арбидол капсулы 100mg №10","Бюджет","Да","уп",3,"242,73",{"v":728.1899999999999,"d":"728.19"}]
["J05AX","противовирусное средство","Умифеновир","Арбидол капсулы 100mg №10","ОМС","Да","уп",61,"242,73","14806,53"]
["J05AX","противовирусное средство","Умифеновир","Арбидол капсулы 100mg №10","ПЛАТ","Да","уп",5,"242,73","1213,65"]
["J06AA03","МИБП - сыворотка","Антитоксин яда гадюки обыкновенной","Сыворотка против яда гадюки обыкновенной лошадиная очищенная концентрированная жидкая раствор для инъекций 150 АЕ/доза 1 доз №1","ОМС","Да","уп",3,"478,8","1381,14"]
["J07AM01","МИБП - анатоксин","Анатоксин столбнячный","Анатоксин столбнячный очищенный адсорбированный жидкий  (АС-анатоксин) суспензия для п/к вв 0,5ml/dosis 1ml (2dosis) №10","ОМС","Да","уп",20,"106,55",2131]
["L04AX01","иммунодепрессивное средство","Азатиоприн","Азатиоприн табл 50mg №50","ОМС","Да","уп",53,"236,77","12548,81"]
["L04AX01","иммунодепрессивное средство","Азатиоприн","Азатиоприн табл 50mg №50","ПЛАТ","Да","уп",12,"236,77","2841,24"]
[{"$nulls":9},{"$f":"SUBTOTAL(9,J796:J905)","v":{"v":725092.0499999999,"d":"725,092.05"}}]
["M Костно-мышечная система "]
["M01Противовоспалительные и противоревматические препараты"]
["M01AB05","НПВП","Диклофенак","Диклофенак ретард табл. пролог п/к/р/о 100mg №20","ОМС","Да","уп",313,"32,57","10194,41"]
["M01AB05","НПВП","Диклофенак","Диклофенак ретард табл. пролог п/к/р/о 100mg №20","ПЛАТ","Да","уп",14,"32,57","455,98"]
["M01AB05","НПВП","Диклофенак","Диклофенак табл п/к/р/о 50mg №20","ОМС","Да","уп",50,"13,63","681,5"]
["M01AB05","НПВП","Диклофенак","Диклофенак-АКОС раствор для в/м вв 25mg/ml 3 ml №5","Бюджет","Да","уп",690,"20,82",{"$f":"H918*I918","v":{"v":14365.800000000001,"d":"14,365.80"}}]
["M01AB05","НПВП","Диклофенак","Диклофенак-АКОС раствор для в/м вв 25mg/ml 3 ml №5","ОМС","Да","уп",4913,"20,82",{"$f":"H919*I919","v":102288.66}]
["M01AB05","НПВП","Диклофенак","Диклофенак-АКОС раствор для в/м вв 25mg/ml 3 ml №5","ПЛАТ","Да","уп",201,"20,82",4184.82]
["M01AB05","НПВП","Диклофенак","Диклофенак-ФПО  табл п/к/р/о 50mg №20","ОМС","Да","уп",65,"72,06",4683.900000000001]
["M01AB15","НПВП","Кеторолак","Кеторолак раствор для в/в и в/м вв 30mg/ml 1ml №10","ОМС","Да","уп.",1065,"83,68",89119.20000000001]
["M01AB15","НПВП","Кеторолак","Кеторолак раствор для в/в и в/м вв 30mg/ml 1ml №10","ПЛАТ","Да","уп.",161,"83,68",13472.480000000001]
["M01AB15","НПВП","Кеторолак","Кеторолак табл п/о 10mg №20","Бюджет","Да","уп.",7,"49,63",347.41]
["M01AB15","НПВП","Кеторолак","Кеторолак табл п/о 10mg №20","ОМС","Да","уп.",283,"49,63",14045.29]
["M01AB15","НПВП","Кеторолак","Кеторолак табл п/о 10mg №20","ПЛАТ","Да","уп.",26,"49,63",1290.38]
["M01AC05","НПВП","Лорноксикам","Ксефокам лиоф-т д/приг р-ра для в/в и в/м вв 8mg №5","ОМС","Да","уп",3,"699,1",2097.3]
["M01AC05","НПВП","Лорноксикам","Ксефокам лиоф-т д/приг р-ра для в/в и в/м вв 8mg №5","ПЛАТ","Да","уп",2,"699,1",1398.2]
["M01AC05","НПВП","Лорноксикам","Ксефокам табл п/п/о 4mg №10","ОМС","Да","уп",5,"114,98",574.9]
["M01AC06","НПВП","Мелоксикам","Мовалис раствор для в/м вв 15mg/1,5ml 1,5ml №3","ОМС","Нет","уп",38,"1456,65",55352.700000000004]
["M01AC06","НПВП","Мелоксикам","Мовалис раствор для в/м вв 15mg/1,5ml 1,5ml №3","ПЛАТ","Нет","уп",57,"1456,65",83029.05]
["M01AC06","НПВП","Мелоксикам","Мовасин табл 15mg №20","ОМС","Нет","уп",61,"95,24",5809.639999999999]
["M01AC06","НПВП","Мелоксикам","Мовасин табл 15mg №20","ПЛАТ","Нет","уп",14,"95,24",1333.36]
["M01AE01","НПВП","Ибупрофен","Ибупрофен гель д/наруж/пр 5% 50g №1","ПЛАТ","Да","уп",3,"80,18",240.54000000000002]
["M01AE01","НПВП","Ибупрофен","Ибупрофен табл п/п/о 200mg № 50","Бюджет","Да","уп",30,"38,46",{"v":1153.8,"d":"1,153.80"}]
["M01AE01","НПВП","Ибупрофен","Ибупрофен табл п/п/о 200mg № 50","ОМС","Да","уп",161,"38,46",6192.06]
["M01AE01","НПВП","Ибупрофен","Ибупрофен табл п/п/о 200mg № 50","ПЛАТ","Да","уп",5,"38,46",192.3]
["M01AE01","НПВП","Ибупрофен","Ибупрофен табл п/п/о 200mg №20","ОМС","Да","уп",505,"16,1",8130.500000000001]
["M01AE01","НПВП","Ибупрофен","Ибупрофен табл п/п/о 200mg №20","ПЛАТ","Да","уп",15,"16,1",241.50000000000003]
["M01AE03","НПВП","Кетопрофен","Кетопрофен раствор для в/в и в/м вв 50mg/ml 2ml №10","Бюджет","Да","уп",481,"185,09",{"v":89028.29000000001,"d":"89,028.29"}]
["M01AE03","НПВП","Кетопрофен","Кетопрофен раствор для в/в и в/м вв 50mg/ml 2ml №10","ОМС","Да","уп",3920,"185,09",725552.8]
["M01AE03","НПВП","Кетопрофен","Кетопрофен раствор для в/в и в/м вв 50mg/ml 2ml №10","ПЛАТ","Да","уп",191,"185,09",35352.19]
["M01AE03","НПВП","Кетопрофен","Кетопрофен супп рект 100mg №10","ОМС","Да","уп",10,"318,78",3187.7999999999997]
["M01AE03","НПВП","Кетопрофен","Кетопрофен супп рект 100mg №10","ПЛАТ","Да","уп",3,"318,78",956.3399999999999]
["M01AE03","НПВП","Кетопрофен","Фламакс капс 50mg №25","Бюджет","Да","уп",20,"109,08",{"v":2181.6,"d":"2,181.60"}]
["M01AE03","НПВП","Кетопрофен","Фламакс капс 50mg №25","ОМС","Да","уп",182,"109,08",19852.56]
["M01AE03","НПВП","Кетопрофен","Фламакс капс 50mg №25","ПЛАТ","Да","уп",14,"109,08",1527.12]
["M01AE17","НПВП","Декскетопрофен","Фламадекс раствор для в/в и в/м вв 25mg/ml 2ml №5","ОМС","Да","уп",85,207,17595]
["M01AE17","НПВП","Декскетопрофен","Фламадекс раствор для в/в и в/м вв 25mg/ml 2ml №5","ПЛАТ","Да","уп",60,207,12420]
["M01AH01","НПВП","Целекоксиб","Дилакса капс 200mg №10","ОМС","Нет","уп",3,"577,53",1732.59]
["M01AX17","НПВП","Нимесулид","Нимесулид табл 100mg №20","ОМС","Нет","уп",261,"79,36",20712.96]
["M01AX17","НПВП","Нимесулид","Нимесулид табл 100mg №20","ПЛАТ","Нет","уп",17,"79,36",1349.12]
["M02Препараты для наружного применения при болевом синдроме при заболеваниях костно-мышечной системы",{"$nulls":8},0]
["M02AA10","НПВП","Кетопрофен","Фастум гель д/наруж/пр 2,5%-50g ","ОМС","Нет","уп",3,"467,03",1401.09]
["M02AA10","НПВП","Кетопрофен","Фастум гель д/наруж/пр 2,5%-50g ","ПЛАТ","Нет","уп",2,"467,03",934.06]
["M02AA15","НПВП","Диклофенак","Вольтарен эмульгель гель д/наруж/пр 1% 20g №1","ОМС","Нет","уп",27,"305,3",8243.1]
["M02AA15","НПВП","Диклофенак","Вольтарен эмульгель гель д/наруж/пр 1% 20g №1","ПЛАТ","Нет","уп",3,"305,3",915.9000000000001]
["M02AX03","противовоспалительное средство для местного применения","Диметилсульфоксид","Димексид конц д/пр р-ра д/наруж/пр 990mg/ml 100ml №1","ОМС","Нет","уп",25,"56,42",1410.5]
["M02AX03","противовоспалительное средство для местного применения","Диметилсульфоксид","Димексид конц д/пр р-ра д/наруж/пр 990mg/ml 100ml №1","ПЛАТ","Нет","уп",5,"56,42",282.1]
["M03Миорелаксанты",{"$nulls":8},{"v":0,"d":"0.00"}]
["M03AB01","миорелаксант деполяризующий периферического действия","Суксаметония хлорид","Листенон раствор для в/в и в/м вв 20mg/ml 5ml №5","ОМС","Да","уп",185,"123,84",22910.4]
["M03AC06","миорелаксант недеполяризующий периферического действия","Пипекурония бромид","Ардуан лиоф д/пр р-ра д/в/в вв 4mg №25 (с раст-лем: натрия хлорида раствор 0.9% (ампулы) 2 мл №25)","ОМС","Да","уп",140,"1785,53",249974.19999999998]
["M03AC09","миорелаксант деполяризующий периферического действия","Рокурония бромид ","Круарон  раствор для в/в  вв 10mg/ml 5ml №12","Бюджет","Да","уп",56,"5230,98",{"v":292934.88,"d":"292,934.88"}]
["M03AC09","миорелаксант деполяризующий периферического действия","Рокурония бромид ","Круарон  раствор для в/в  вв 10mg/ml 5ml №12","ОМС","Да","уп",495,"5230,98",2589335.0999999996]
["M03AC09","миорелаксант деполяризующий периферического действия","Рокурония бромид ","Круарон  раствор для в/в  вв 10mg/ml 5ml №12","ПЛАТ","Да","уп",50,"5230,98",261548.99999999997]
["M03AC11","миорелаксант недеполяризующий периферического действия","Цисатракурия безилат","Нимбекс раствор для в/в  вв 2mg/ml 5ml №5","Бюджет","Нет","уп",5,"1692,07",{"v":8460.35,"d":"8,460.35"}]
["M03AC11","миорелаксант недеполяризующий периферического действия","Цисатракурия безилат","Нимбекс раствор для в/в  вв 2mg/ml 5ml №5","ОМС","Нет","уп",19,"1692,07","32149,33"]
["M03AC11","миорелаксант недеполяризующий периферического действия","Цисатракурия безилат","Нимбекс раствор для в/в  вв 2mg/ml 5ml №5","ПЛАТ","Нет","уп",9,"1692,07","15228,63"]
["M03BX02","миорелаксант центрального действия","Тизанидин","Сирдалуд табл 2mg №30","ОМС","Да","уп",80,"207,2",16576]
["M03BX02","миорелаксант центрального действия","Тизанидин","Сирдалуд табл 2mg №30","ПЛАТ","Да","уп",22,"207,2","4558,4"]
["M03BX04","миорелаксант центрального действия","Толперизон","Толперизон табл п/п/о 150mg №30","ОМС","Нет","уп",180,"144,3",25974]
["M03BX04","миорелаксант центрального действия","Толперизон","Толперизон табл п/п/о 150mg №30","ПЛАТ","Нет","уп",15,"144,3","2164,5"]
["M03BX04","миорелаксант центрального действия","Толперизон","Толперизон табл п/п/о 50mg №30","ОМС","Нет","уп",50,"122,64",6132]
["M03BX04","миорелаксант центрального действия","Толперизон","Толперизон табл п/п/о 50mg №30","ПЛАТ","Нет","уп",17,"122,64","2084,88"]
["M03BX04","миорелаксант центрального действия","Толперизон+лидокаин","Мидокалм- Рихтер раствор для в/в и в/м вв 100mg +2,5mg/ml 1ml № 5","ОМС","Нет","уп",61,"680,45","41507,45"]
["M03BX04","миорелаксант центрального действия","Толперизон+лидокаин","Мидокалм- Рихтер раствор для в/в и в/м вв 100mg +2,5mg/ml 1ml № 5","ПЛАТ","Нет","уп",16,"680,45","10887,2"]
["M04AA01","противоподагрическое средство - ксантиноксидазы ингибитор","Аллопуринол","Аллопуринол табл 100mg №50","ОМС","Да","уп",50,"95,76",4788]
["M04AA01","противоподагрическое средство - ксантиноксидазы ингибитор","Аллопуринол","Аллопуринол табл 100mg №50","ПЛАТ","Да","уп",3,"95,76","287,28"]
["M09AX","репарации тканей стимулятор природного происхождения","~","Алфлутоп  раствор для инъекций 10mg/ml 2ml №5","ОМС","Нет","уп",5,"2014,65","10073,25"]
["M09AX","репарации тканей стимулятор природного происхождения","~","Алфлутоп  раствор для инъекций 10mg/ml 2ml №5","ПЛАТ","Нет","уп",1,"2014,65","2014,65"]
[{"$nulls":9},{"$f":"SUBTOTAL(9,J918:J966)","v":{"v":408472.13,"d":"408,472.13"}}]
["N Нервная система "]
["N01Анестетики"]
["N01AB01","средство для ингаляционной анестезии","Галотан","Фторотан жидкость д/ингаляций 50ml","ОМС","Да","фл",100,"445,78",44578]
["N01AB06","средство для ингаляционной анестезии","Изофлуран","Форан жидкость д/ингаляций 100ml №6","ОМС","Нет","уп",5,"16176,59","80882,95"]
["N01AB07","средство для ингаляционной анестезии","Десфлуран","Супран жидкость д/инг.наркоза 240ml №6","Бюджет","Нет","уп",3,"70812,5",{"$f":"H986*I986","v":{"v":212437.5,"d":"212,437.50"}}]
["N01AB07","средство для ингаляционной анестезии","Десфлуран","Супран жидкость д/инг.наркоза 240ml №6","ОМС","Нет","уп",3,"70812,5",{"$f":"H987*I987","v":212437.5}]
["N01AB07","средство для ингаляционной анестезии","Десфлуран","Супран жидкость д/инг.наркоза 240ml №6","ПЛАТ","Нет","уп",1,"70812,5",70812.5]
["N01AB08","средство для ингаляционной анестезии","Севофлуран","Севоран жидкость д/ингаляций 250ml","Бюджет","Да","фл",74,"10218,37",{"v":756159.38,"d":"756,159.38"}]
["N01AB08","средство для ингаляционной анестезии","Севофлуран","Севоран жидкость д/ингаляций 250ml","ОМС","Да","фл",56,"10218,37",572228.7200000001]
["N01AB08","средство для ингаляционной анестезии","Севофлуран","Севоран жидкость д/ингаляций 250ml","ПЛАТ","Да","фл",40,"10218,37",408734.80000000005]
["N01AF03","средство для неингаляционной общей анестезии","Тиопентал натрия","Тиопентал натрия порошок д/приг-я р-ра для в/в , в/м введ №50 0,5","ОМС","Да","фл",44,"1117,17",49155.48]
["N01AH","анальгезирующее наркотическое средство","Тримеперидин","Промедол раствор для инъекций 20mg/ml 1ml","ОМС","Да","амп",915,{"v":57222,"d":"57,222"},52358130]
["N01AH01","анальгезирующее наркотическое средство","Фентанил","Фентанил раствор для в/в и в/м вв 50mkg/ml 2ml","ОМС","Да","амп",35020,{"v":25146,"d":"25,146"},880612920]
["N01AX","средство для неингаляционной общей анестезии","Натрии оксибутират","Натрия оксибат раствор для в/в и в/м вв 200mg/ml 5ml","ОМС","Да","амп",500,{"v":33957,"d":"33,957"},16978500]
["N01AX01","антипсихотическое средство (нейролептик)","Дроперидол","Дроперидол раствор для инъекций 2,5mg/ml 2ml №5","ОМС","Да","уп",381,"65,78",25062.18]
["N01AX01","антипсихотическое средство (нейролептик)","Дроперидол","Дроперидол раствор для инъекций 2,5mg/ml 2ml №5","ПЛАТ","Да","уп",3,"65,78",197.34]
["N01AX03","средство для неингаляционной общей анестезии","Кетамин","Кетамин раствор для в/в и в/м вв 50mg/ml 2ml","ОМС","Да","амп",380,"45,02",17107.600000000002]
["N01AX10","Наркозные средства","Пропофол","Пропофол-Бинергия эмульсия для в/в вв 10mg/ml 20ml №5","ОМС","Да","уп",190,"673,27",127921.3]
["N01AX10","средство для неингаляционной общей анестезии","Пропофол","Пропофол Липуро эмульсия для в/в вв 10mg/ml 20ml №5","Бюджет","Да","уп",250,"822,96",{"v":205740,"d":"205,740.00"}]
["N01AX10","средство для неингаляционной общей анестезии","Пропофол","Пропофол Липуро эмульсия для в/в вв 10mg/ml 20ml №5","ОМС","Да","уп",5015,"822,96",4127144.4000000004]
["N01AX10","средство для неингаляционной общей анестезии","Пропофол","Пропофол Липуро эмульсия для в/в вв 10mg/ml 20ml №5","ПЛАТ","Да","уп",495,"822,96",407365.2]
["N01AX10","средство для неингаляционной общей анестезии","Пропофол","Пропофол Липуро эмульсия для в/в вв 10mg/ml 50ml №10","Бюджет","Да","уп",21,"5199,74",{"v":109194.54,"d":"109,194.54"}]
["N01AX10","средство для неингаляционной общей анестезии","Пропофол","Пропофол Липуро эмульсия для в/в вв 10mg/ml 50ml №10","ОМС","Да","уп",90,"5199,74",467976.6]
["N01AX10","средство для неингаляционной общей анестезии","Пропофол","Пропофол Липуро эмульсия для в/в вв 10mg/ml 50ml №10","ПЛАТ","Да","уп",20,"5199,74",103994.79999999999]
["N01BA02","местноанестезирующее средство","Прокаин","Новокаин раствор для инъекций 0,5% 5ml №10","Бюджет","Да","уп",15,"93,61",{"v":1404.15,"d":"1,404.15"}]
["N01BA02","местноанестезирующее средство","Прокаин","Новокаин раствор для инъекций 0,5% 5ml №10","ОМС","Да","уп",728,"93,61",68148.08]
["N01BA02","местноанестезирующее средство","Прокаин","Новокаин раствор для инъекций 0,5% 5ml №10","ПЛАТ","Да","уп",3,"93,61",280.83]
["N01BA02","местноанестезирующее средство","Прокаин","Новокаин раствор для инъекций 2,5mg/ml 200ml №28","ОМС","Да","уп",7,"808,72",5661.04]
["N01BA02","местноанестезирующее средство","Прокаин","Новокаин раствор для инъекций 5mg/ml 200ml №28","ОМС","Да","уп",53,"895,4",47456.2]
["N01BB01","местноанестезирующее средство","Бупивакаин","Бупивакаин раствор для инъекций 5mg/ml 4ml №5","Бюджет","Да","уп",17,"850,51",{"v":14458.67,"d":"14,458.67"}]
["N01BB01","местноанестезирующее средство","Бупивакаин","Бупивакаин раствор для инъекций 5mg/ml 4ml №5","ОМС","Да","уп",450,"850,51",382729.5]
["N01BB01","местноанестезирующее средство","Бупивакаин","Бупивакаин раствор для инъекций 5mg/ml 4ml №5","ПЛАТ","Да","уп",2,"850,51",1701.02]
["N01BB02","местноанестезирующее средство","Лидокаин","Лидокаин раствор для инъекций 100mg/ml 2ml №10","Бюджет","Да","уп",754,"41,47",{"v":31268.379999999997,"d":"31,268.38"}]
["N01BB02","местноанестезирующее средство","Лидокаин","Лидокаин раствор для инъекций 100mg/ml 2ml №10","ОМС","Да","уп",1895,"41,47",78585.65]
["N01BB02","местноанестезирующее средство","Лидокаин","Лидокаин раствор для инъекций 100mg/ml 2ml №10","ПЛАТ","Да","уп",130,"41,47",5391.099999999999]
["N01BB02","местноанестезирующее средство","Лидокаин","Лидокаин раствор для инъекций 20mg/ml 2ml №10","Бюджет","Да","уп",90,"93,61",{"v":8424.9,"d":"8,424.90"}]
["N01BB02","местноанестезирующее средство","Лидокаин","Лидокаин раствор для инъекций 20mg/ml 2ml №10","ОМС","Да","уп",6921,"93,61",647874.8099999999]
["N01BB02","местноанестезирующее средство","Лидокаин","Лидокаин раствор для инъекций 20mg/ml 2ml №10","ПЛАТ","Да","уп",129,"93,61",12075.69]
["N01BB08","местноанестезирующее средство","Артикаин","Артикаин-Бинергия раствор для инъекций 20mg/ml 1,7ml №10","ПЛАТ","Нет","уп",13,495,6435]
["N01BB09","местноанестезирующее средство","Ропивакаин","Наропин раствор для инъекций 2mg/ml 100ml №5","Бюджет","Да","уп",12,"2829,65",{"v":33955.8,"d":"33,955.80"}]
["N01BB09","местноанестезирующее средство","Ропивакаин","Наропин раствор для инъекций 2mg/ml 100ml №5","ОМС","Да","уп",111,"2829,65",314091.15]
["N01BB09","местноанестезирующее средство","Ропивакаин","Наропин раствор для инъекций 2mg/ml 100ml №5","ПЛАТ","Да","уп",5,"2829,65",14148.25]
["N01BB09","местноанестезирующее средство","Ропивакаин","Наропин раствор для инъекций 5mg/ml 10ml №5","ОМС","Да","уп",61,"1612,77",98378.97]
["N01BB09","местноанестезирующее средство","Ропивакаин","Наропин раствор для инъекций 5mg/ml 10ml №5","ПЛАТ","Да","уп",9,"1612,77",14514.93]
["N01BB09","местноанестезирующее средство","Ропивакаин","Наропин раствор для инъекций 7,5mg/ml 10ml №5","Бюджет","Да","уп",23,"1056,49",{"v":24299.27,"d":"24,299.27"}]
["N01BB09","местноанестезирующее средство","Ропивакаин","Наропин раствор для инъекций 7,5mg/ml 10ml №5","ОМС","Да","уп",305,"1056,49",322229.45]
["N01BB09","местноанестезирующее средство","Ропивакаин","Наропин раствор для инъекций 7,5mg/ml 10ml №5","ПЛАТ","Да","уп",9,"1056,49",9508.41]
["N01BB09","местноанестезирующее средство","Ропивакаин","Ропивакаин Каби раствор для инъекций 2mg/ml 100ml №5","ОМС","Да","уп",100,"2821,5",282150]
["N01BB10","местноанестезирующее средство","Левобупивакаин","Хирокаин раствор для инъекций 5mg/ml 5ml №10","Бюджет","Да","уп",9,"1178,81",{"v":10609.289999999999,"d":"10,609.29"}]
["N01BB10","местноанестезирующее средство","Левобупивакаин","Хирокаин раствор для инъекций 5mg/ml 5ml №10","ОМС","Да","уп",17,"1178,81",20039.77]
["N01BB10","местноанестезирующее средство","Левобупивакаин","Хирокаин раствор для инъекций 5mg/ml 5ml №10","ПЛАТ","Да","уп",10,"1178,81",11788.099999999999]
["N01BB58","местноанестезирующее средство+альфа- и бета-адреномиметик","Артикаин + Эпинефрин","Септанест с адреналином раствор для инъекций 40mg+10mkg/ml №50","ОМС","Нет","уп",1,"2156,17",2156.17]
["N01BB58","местноанестезирующее средство+альфа- и бета-адреномиметик","Артикаин + Эпинефрин","Септанест с адреналином раствор для инъекций 40mg+10mkg/ml №50","ПЛАТ","Нет","уп",3,"2156,17",6468.51]
["N01BB58","местноанестезирующее средство+альфа- и бета-адреномиметик","Артикаин+[Эпинефрин]","Артикаин с адреналином форте раствор для инъекций 40mg+0,01mg/ml 1,7ml №50","ОМС","Нет","уп",3,"2253,3",6759.900000000001]
["N01BB58","местноанестезирующее средство+альфа- и бета-адреномиметик","Артикаин+[Эпинефрин]","Артикаин с адреналином форте раствор для инъекций 40mg+0,01mg/ml 1,7ml №50","ПЛАТ","Нет","уп",5,"2253,3",11266.5]
["N01BB58","местноанестезирующее средство+альфа- и бета-адреномиметик","Артикаин+Эпинефрин","Ультракаин ДС Форте раствор для инъекций 40mg+0,01mg/ml 1,7ml №100","ПЛАТ","Нет","уп",16,"6700,27",107204.32]
["N02Анальгетики",{"$nulls":8},{"v":0,"d":"0.00"}]
["N02AA01","анальгезирующее наркотическое средство","Морфин","Морфин раствор для инъекций 10mg/ml 1ml","ОМС","Да","амп",3200,{"v":34782,"d":"34,782"},111302400]
["N02AX02","анальгезирующее средство со смешанным механизмом действия","Трамадол","Трамадол капсулы 50mg","ОМС","Да","капс",76,{"v":4021435,"d":"4,021,435"},{"v":305629060,"d":"305,629,060"}]
["N02AX02","анальгезирующее средство со смешанным механизмом действия","Трамадол","Трамадол капсулы 50mg","ПЛАТ","Да","капс",5,{"v":4021435,"d":"4,021,435"},{"v":20107175,"d":"20,107,175"}]
["N02AX02","анальгезирующее средство со смешанным механизмом действия","Трамадол","Трамадол раствор для инъекций 50mg/ml 2ml","ОМС","Да","амп",1897,{"v":162426,"d":"162,426"},{"v":308122122,"d":"308,122,122"}]
["N02AX02","анальгезирующее средство со смешанным механизмом действия","Трамадол","Трамадол раствор для инъекций 50mg/ml 2ml","ПЛАТ","Да","амп",5,{"v":162426,"d":"162,426"},{"v":812130,"d":"812,130"}]
["N02AX02","анальгезирующее средство со смешанным механизмом действия","Трамадол","Трамадол раствор для инъекций 50mg/ml 2ml №5","ОМС","Да","уп",420,"80,58",33843.6]
["N02AX02","анальгезирующее средство со смешанным механизмом действия","Трамадол","Трамадол раствор для инъекций 50mg/ml 2ml №5","ПЛАТ","Да","уп",2,"80,58",161.16]
["N02AX06","анальгезирующее наркотическое средство","Тапентадол","Палексия табл пролонг п/п/о 50mg №20","ОМС","Да","уп",11,"814,62",8960.82]
["N02AX06","анальгезирующее наркотическое средство","Тапентадол","Палексия табл пролонг п/п/о 50mg №20","ПЛАТ","Да","уп",4,"814,62",3258.48]
["N02BA01","НПВП","Ацетилсалициловая кислота","Ацетилсалициловая кислота табл 500mg №10","ОМС","Да","уп",3152,"5,2",16390.4]
["N02BA01","НПВП","Ацетилсалициловая кислота","Ацетилсалициловая кислота табл 500mg №10","ПЛАТ","Да","уп",25,"5,2",130]
["N02BA51","анальгезирующее средство комбинированное","~","Каффетин Лайт табл №12","ОМС","Нет","уп",27,"231,14",6240.78]
["N02BA51","анальгезирующее средство комбинированное","~","Каффетин Лайт табл №12","ПЛАТ","Нет","уп",20,"231,14",{"$f":"H1051*I1051","v":4622.799999999999}]
["N02BB02","анальгезирующее ненаркотическое средство","Метамизол натрия","Анальгин раствор для в/в и в/м вв 500mg/ml 2ml №10","Бюджет","Нет","уп",30,"39,17",{"v":1175.1000000000001,"d":"1,175.10"}]
["N02BB02","анальгезирующее ненаркотическое средство","Метамизол натрия","Анальгин раствор для в/в и в/м вв 500mg/ml 2ml №10","ОМС","Нет","уп",5109,"39,17",200119.53]
["N02BB02","анальгезирующее ненаркотическое средство","Метамизол натрия","Анальгин раствор для в/в и в/м вв 500mg/ml 2ml №10","ПЛАТ","Нет","уп",121,"39,17",4739.570000000001]
["N02BB02","анальгезирующее ненаркотическое средство","Метамизол натрия","Анальгин табл 500mg №10","ПЛАТ","Нет","уп",20,"14,88",297.6]
["N02BB02","анальгезирующее ненаркотическое средство","Метамизол натрия ","Баралгин М раствор для в/в и в/м вв 500mg/ml 5ml №5","Бюджет","Нет","уп.",25,"380,06",{"v":9501.5,"d":"9,501.50"}]
["N02BB02","анальгезирующее ненаркотическое средство","Метамизол натрия ","Баралгин М раствор для в/в и в/м вв 500mg/ml 5ml №5","ОМС","Нет","уп.",482,"380,06",183188.92]
["N02BB02","анальгезирующее ненаркотическое средство","Метамизол натрия ","Баралгин М раствор для в/в и в/м вв 500mg/ml 5ml №5","ПЛАТ","Нет","уп.",31,"380,06",11781.86]
["N02BB52","анальгезирующее средство комбинированное (анальгезирующее ненаркотическое средство+спазмолитическое средство)","Метамизол натрия+питофенон+фенпивериния бромид","Спазмалин раствор для в/в и в/м вв 5ml №5","Бюджет","Нет","уп",20,"109,74",{"v":2194.7999999999997,"d":"2,194.80"}]
["N02BB52","анальгезирующее средство комбинированное (анальгезирующее ненаркотическое средство+спазмолитическое средство)","Метамизол натрия+питофенон+фенпивериния бромид","Спазмалин раствор для в/в и в/м вв 5ml №5","ОМС","Нет","уп",517,"109,74",56735.579999999994]
["N02BB52","анальгезирующее средство комбинированное (анальгезирующее ненаркотическое средство+спазмолитическое средство)","Метамизол натрия+питофенон+фенпивериния бромид","Спазмалин раствор для в/в и в/м вв 5ml №5","ПЛАТ","Нет","уп",62,"109,74",6803.88]
["N02BE01","анальгезирующее ненаркотическое средство","Парацетамол","Парацетамол раствор для инфузий 10mg/ml 100ml","Бюджет","Да","уп",830,"66,79",{"v":55435.700000000004,"d":"55,435.70"}]
["N02BE01","анальгезирующее ненаркотическое средство","Парацетамол","Парацетамол раствор для инфузий 10mg/ml 100ml","ОМС","Да","уп",3926,"66,79",262217.54000000004]
["N02BE01","анальгезирующее ненаркотическое средство","Парацетамол","Парацетамол раствор для инфузий 10mg/ml 100ml","ПЛАТ","Да","уп",210,"66,79",14025.900000000001]
["N02BE01","анальгезирующее ненаркотическое средство","Парацетамол","Парацетамол табл 500mg №10","Бюджет","Да","уп",31,"4,75",147.25]
["N02BE01","анальгезирующее ненаркотическое средство","Парацетамол","Парацетамол табл 500mg №10","ОМС","Да","уп",278,"4,75",1320.5]
["N02BE01","анальгезирующее ненаркотическое средство","Парацетамол","Парацетамол табл 500mg №10","ПЛАТ","Да","уп",61,"4,75",289.75]
["N02BE51","ОРЗ и \"простуды\" симптомов средство устранения (анальгезирующее ненаркотическое средство+психостимулирующее средство+альфа-адреномиметик+отхаркивающее средство+витамин)","Кофеин + Парацетамол + Фенилэфрин + Терпингидрат + Аскорбиновая кислота ","Колдрекс табл №12","ОМС","Нет","уп.",5,"196,98",984.9]
["N02BE51","ОРЗ и \"простуды\" симптомов средство устранения (анальгезирующее ненаркотическое средство+психостимулирующее средство+альфа-адреномиметик+отхаркивающее средство+витамин)","Кофеин + Парацетамол + Фенилэфрин + Терпингидрат + Аскорбиновая кислота ","Колдрекс табл №12","ПЛАТ","Нет","уп.",5,"196,98",984.9]
["N02BE71","анальгезирующее средство комбинированное (НПВП+анальгезирующее ненаркотическое средство+психостимулирующее средство)","Дротаверин+Кофеин+Напроксен+Парацетамол+Фенирамин","Пенталгин табл п/п/о №12","ОМС","Нет","уп",144,"110,66",15935.039999999999]
["N02BE71","анальгезирующее средство комбинированное (НПВП+анальгезирующее ненаркотическое средство+психостимулирующее средство)","Дротаверин+Кофеин+Напроксен+Парацетамол+Фенирамин","Пенталгин табл п/п/о №12","ПЛАТ","Нет","уп",25,"110,66",2766.5]
["N02BG06","анальгезирующее средство центрального действия","Нефопам","Акупан-Биокодекс раствор для инфузий и в/м вв 10mg/ml 2ml №5","Бюджет","Нет","уп",31,1250,{"v":38750,"d":"38,750.00"}]
["N02BG06","анальгезирующее средство центрального действия","Нефопам","Акупан-Биокодекс раствор для инфузий и в/м вв 10mg/ml 2ml №5","ОМС","Нет","уп",59,1250,73750]
["N02BG06","анальгезирующее средство центрального действия","Нефопам","Акупан-Биокодекс раствор для инфузий и в/м вв 10mg/ml 2ml №5","ПЛАТ","Нет","уп",10,1250,12500]
["N03AF01","противоэпилептическое средство","Карбамазепин","Карбамазепин табл 200mg № 50","ОМС","Да","уп.",378,"61,47",23235.66]
["N03AF01","противоэпилептическое средство","Карбамазепин","Карбамазепин табл 200mg № 50","ПЛАТ","Да","уп.",26,"61,47",1598.22]
["N03AG01","противоэпилептическое средство","Вальпроевая кислота","Конвулекс раствор для в/в  вв 100mg/ml 5ml №5","ОМС","Да","уп",6,"1471,94",8831.64]
["N03AG01","противоэпилептическое средство","Вальпроевая кислота","Энкорат хроно табл с контрол.высвобождением п/о 500mg №30","ОМС","Да","уп",53,"358,62",19006.86]
["N03AG01","противоэпилептическое средство","Вальпроевая кислота","Энкорат хроно табл с контрол.высвобождением п/о 500mg №30","ПЛАТ","Да","уп",5,"358,62",1793.1]
["N03AG01","противоэпилептическое средство","Вальпроевая кислота ","Вальпарин ХР табл пролог п/п/о 300mg №100","ОМС","Да","уп.",22,"668,18",14699.96]
["N03AG01","противоэпилептическое средство","Вальпроевая кислота ","Вальпарин ХР табл пролог п/п/о 300mg №100","ПЛАТ","Да","уп.",2,"668,18",1336.36]
["N03AX12","противоэпилептическое средство","Габапентин","Габапентин Канон капсулы 300mg №50","ОМС","Нет","уп",58,"495,06",28713.48]
["N03AX12","противоэпилептическое средство","Габапентин","Габапентин Канон капсулы 300mg №50","ПЛАТ","Нет","уп",25,"495,06",12376.5]
["N03AX12","противоэпилептическое средство","Габапентин","Тебантин капс 300mg №50","ОМС","Нет","уп",22,"1015,9",22349.8]
["N03AX12","противоэпилептическое средство","Габапентин","Тебантин капс 300mg №50","ПЛАТ","Нет","уп",20,"1015,9",20318]
["N03AX16","противоэпилептическое средство","Прегабалин","Прегабалин Канон капс 75mg №14","ПЛАТ","Да","уп",20,"441,41",8828.2]
["N03AX16","противоэпилептическое средство","Прегабалин","Прегабалин-Рихтер капсулы 75mg","ОМС","Да","капс",30,"33,83",1014.9]
["N03AX16","противоэпилептическое средство","Прегабалин","Прегабалин-Рихтер капсулы 75mg","ПЛАТ","Да","капс",10,"33,83",338.29999999999995]
["N04BA","противопаркинсоническое средство (дофамина предшественник+декарбоксилазы периферический ингибитор)","Леводопа+Бенсеразид","Мадопар \"250\" табл 200mg+50mg №100","ОМС","Да","уп",5,"1365,94",6829.700000000001]
["N04BA","противоэпилептическое средство","Леводопа+Бенсеразид","Мадопар \"125\" капс 100mg+25mg №100","ОМС","Да","уп",13,"747,91",9722.83]
["N04BA","противоэпилептическое средство","Леводопа+Бенсеразид","Мадопар \"125\" капс 100mg+25mg №100","ПЛАТ","Да","уп",3,"747,91",2243.73]
["N04BB01","Противопаркинсонические средства","Амантадин","ПК-Мерц  табл п/п/о 100mg №30","ОМС","Да","уп",35,"258,89",9061.15]
["N04BB01","Противопаркинсонические средства","Амантадин","ПК-Мерц  табл п/п/о 100mg №30","ПЛАТ","Да","уп",2,"258,89",517.78]
["N04BB01","противопаркинсоническое средство","Амантадин","ПК-Мерц фл 0,4mg/ml 500ml №2","ОМС","Да","уп",3,"1440,16",4320.4800000000005]
["N04BB01","противопаркинсоническое средство","Амантадин","ПК-Мерц фл 0,4mg/ml 500ml №2","ПЛАТ","Да","уп",3,"1440,16",4320.4800000000005]
["N04BC05","противопаркинсоническое средство, дофаминовых рецепторов агонист","Прамипексол","Прамипексол табл 1mg №30","ОМС","Да","уп",1,"796,89",796.89]
["N04BC08","противопаркинсоническое средство, дофаминовых рецепторов агонист","Пирибедил","Проноран табл п/о 50mg №30","ОМС","Да","уп",15,"530,03",7950.45]
["N04BC08","противопаркинсоническое средство, дофаминовых рецепторов агонист","Пирибедил","Проноран табл п/о 50mg №30","ПЛАТ","Да","уп",4,"530,03",2120.12]
["N05Психолептики",{"$nulls":8},{"v":0,"d":"0.00"}]
["N05AA01","антипсихотическое средство (нейролептик)","Хлорпромазин","Аминазин раствор для в/в и в/м вв 25mg/ml 2ml №10","ОМС","Да","уп",104,"181,72",18898.88]
["N05AA01","антипсихотическое средство (нейролептик)","Хлорпромазин","Аминазин раствор для в/в и в/м вв 25mg/ml 2ml №10","ПЛАТ","Да","уп",3,"181,72",545.16]
["N05AA01","антипсихотическое средство (нейролептик)","Хлорпромазин","Аминазин табл п/п/о 50mg №10","ОМС","Да","уп",10,"209,95",2099.5]
["N05AC02","антипсихотическое средство (нейролептик)","Тиоридазин","Сонапакс табл п/о 10mg №60","Бюджет","Да","уп",62,"286,57",{"v":17767.34,"d":"17,767.34"}]
["N05AC02","антипсихотическое средство (нейролептик)","Тиоридазин","Сонапакс табл п/о 10mg №60","ОМС","Да","уп",219,"286,57",62758.83]
["N05AC02","антипсихотическое средство (нейролептик)","Тиоридазин","Сонапакс табл п/о 10mg №60","ПЛАТ","Да","уп",5,"286,57",1432.85]
["N05AC02","антипсихотическое средство (нейролептик)","Тиоридазин","Тиорил табл 25mg №100","Бюджет","Да","уп",5,"118,37",591.85]
["N05AC02","антипсихотическое средство (нейролептик)","Тиоридазин","Тиорил табл 25mg №100","ОМС","Да","уп",62,"118,37",7338.9400000000005]
["N05AC02","антипсихотическое средство (нейролептик)","Тиоридазин","Тиорил табл 25mg №100","ПЛАТ","Да","уп",5,"118,37",591.85]
["N05AD01","антипсихотическое средство (нейролептик)","Галоперидол","Галоперидол раствор для в/в и в/м вв 5mg/ml 1ml №10","Бюджет","Да","уп",1,"157,11",157.11]
["N05AD01","антипсихотическое средство (нейролептик)","Галоперидол","Галоперидол раствор для в/в и в/м вв 5mg/ml 1ml №10","ОМС","Да","уп",461,"157,11",72427.71]
["N05AD01","антипсихотическое средство (нейролептик)","Галоперидол","Галоперидол раствор для в/в и в/м вв 5mg/ml 1ml №10","ПЛАТ","Да","уп",3,"157,11",471.33000000000004]
["N05AD01","антипсихотическое средство (нейролептик)","Галоперидол","Галоперидол табл 5mg №50","ОМС","Да","уп",28,"76,5",2142]
["N05AD01","антипсихотическое средство (нейролептик)","Галоперидол","Галоперидол табл 5mg №50","ПЛАТ","Да","уп",2,"76,5",153]
["N05AF03","антипсихотическое средство (нейролептик)","Хлорпротиксен","Хлорпротиксен Зентива табл п/п/о 15mg №30","Бюджет","Нет","уп",10,"225,16",{"v":2251.6,"d":"2,251.60"}]
["N05AF03","антипсихотическое средство (нейролептик)","Хлорпротиксен","Хлорпротиксен Зентива табл п/п/о 15mg №30","ОМС","Нет","уп",132,"225,16",{"$f":"H1115*I1115","v":29721.12}]
["N05AF03","антипсихотическое средство (нейролептик)","Хлорпротиксен","Хлорпротиксен Зентива табл п/п/о 15mg №30","ПЛАТ","Нет","уп",2,"225,16",450.32]
["N05AL01","антипсихотическое средство (нейролептик)","Сульпирид","Бетамакс табл 100mg №30","ОМС","Да","уп",86,"279,97",24077.420000000002]
["N05AL01","антипсихотическое средство (нейролептик)","Сульпирид","Бетамакс табл 100mg №30","ПЛАТ","Да","уп",21,"279,97",5879.370000000001]
["N05AL01","антипсихотическое средство (нейролептик)","Сульпирид","Сульпирид раствор для в/м вв 50mg/ml 2ml №10","ОМС","Да","уп",62,"142,14",8812.679999999998]
["N05AL01","антипсихотическое средство (нейролептик)","Сульпирид","Сульпирид табл 50mg № 30","ОМС","Да","уп",257,"70,67",18162.19]
["N05AL01","антипсихотическое средство (нейролептик)","Сульпирид","Сульпирид табл 50mg № 30","ПЛАТ","Да","уп",47,"70,67",3321.4900000000002]
["N05BA01","транквилизатор","Диазепам","Реланиум раствор для в/в и в/м вв 5mg/ml 2ml","ОМС","Да","амп",3420,"21,85",74727]
["N05BA23","анксиолитическое средство (транквилизатор)","Тофизопам","Грандаксин табл 50mg №20","ОМС","Нет","уп",56,"447,38",25053.28]
["N05BA23","анксиолитическое средство (транквилизатор)","Тофизопам","Грандаксин табл 50mg №20","ПЛАТ","Нет","уп",13,"447,38",5815.94]
["N05BB01","анксиолитическое средство (транквилизатор)","Гидроксизин","Гидроксизин Канон  табл п/п/о 25mg №25","ОМС","Да","уп.",499,"285,28",142354.71999999997]
["N05BB01","анксиолитическое средство (транквилизатор)","Гидроксизин","Гидроксизин Канон  табл п/п/о 25mg №25","ПЛАТ","Да","уп.",35,"285,28",9984.8]
["N05BX","анксиолитическое средство (транквилизатор)","Бромдигидрохлорфенилбензодиазепин","Феназепам раствор для в/в и в/м вв 1mg/ml 1ml №10","Бюджет","Да","уп",53,"164,31",{"v":8708.43,"d":"8,708.43"}]
["N05BX","анксиолитическое средство (транквилизатор)","Бромдигидрохлорфенилбензодиазепин","Феназепам раствор для в/в и в/м вв 1mg/ml 1ml №10","ОМС","Да","уп",987,"164,31",162173.97]
["N05BX","анксиолитическое средство (транквилизатор)","Бромдигидрохлорфенилбензодиазепин","Феназепам раствор для в/в и в/м вв 1mg/ml 1ml №10","ПЛАТ","Да","уп",22,"164,31",3614.82]
["N05BX","анксиолитическое средство (транквилизатор)","Бромдигидрохлорфенилбензодиазепин","Феназепам табл 0,5mg №50","Бюджет","Да","уп",5,"94,04",{"v":470.20000000000005,"d":"470.20"}]
["N05BX","анксиолитическое средство (транквилизатор)","Бромдигидрохлорфенилбензодиазепин","Феназепам табл 0,5mg №50","ОМС","Да","уп",137,"94,04",12883.480000000001]
["N05BX","анксиолитическое средство (транквилизатор)","Бромдигидрохлорфенилбензодиазепин","Феназепам табл 0,5mg №50","ПЛАТ","Да","уп",6,"94,04",564.24]
["N05BX","анксиолитическое средство (транквилизатор)","Бромдигидрохлорфенилбензодиазепин","Феназепам табл 1mg №50","Бюджет","Да","уп",5,"112,21",561.05]
["N05BX","анксиолитическое средство (транквилизатор)","Бромдигидрохлорфенилбензодиазепин","Феназепам табл 1mg №50","ОМС","Да","уп",152,"112,21",17055.92]
["N05BX","анксиолитическое средство (транквилизатор)","Бромдигидрохлорфенилбензодиазепин","Феназепам табл 1mg №50","ПЛАТ","Да","уп",7,"112,21",785.4699999999999]
["N05BX","анксиолитическое средство (транквилизатор)","Фабомотизол","Афобазол табл 10mg №60","ОМС","Нет","уп",28,"580,8",16262.399999999998]
["N05BX","анксиолитическое средство (транквилизатор)","Фабомотизол","Афобазол табл 10mg №60","ПЛАТ","Нет","уп",15,"580,8",8712]
["N05BX","ноотропное средство","Аминофенилмасляная кислота","Фенибут табл 250mg №20","Бюджет","Нет","уп",30,"90,16",{"v":2704.7999999999997,"d":"2,704.80"}]
["N05BX","ноотропное средство","Аминофенилмасляная кислота","Фенибут табл 250mg №20","ОМС","Нет","уп",63,"90,16",5680.08]
["N05BX","ноотропное средство","Аминофенилмасляная кислота","Фенибут табл 250mg №20","ПЛАТ","Нет","уп",10,"90,16",901.5999999999999]
["N05CB02","седативное средство","Мяты перечной листьев масло+Фенобарбитал+Этилбромизовалерианат","Корвалол капл д/пр внутрь 25ml","ОМС","Нет","уп",530,"22,2",11766]
["N05CD08","снотворное и седативное средство","Мидазолам","Дормикум раствор для в/в и в/м вв 5mg/ml 1ml","ОМС","Да","амп",3000,{"v":37099,"d":"37,099"},111297000]
["N05CF01","снотворное средство","Зопиклон","Сомнол табл п/п/о 7,5mg №1","ОМС","Да","табл",810,{"v":8917617,"d":"8,917,617"},{"v":7223269770,"d":"7,223,269,770"}]
["N05CF01","снотворное средство","Зопиклон","Сомнол табл п/п/о 7,5mg №1","ПЛАТ","Да","табл",15,{"v":8917617,"d":"8,917,617"},{"v":133764255,"d":"133,764,255"}]
["N05CM","седативное средство растительного происхождения","Пустырника трава","Пустырника настойка капл д/пр внутрь 25ml","ОМС","Нет","уп",136,"12,34",1678.24]
["N05CM","седативное средство растительного происхождения","Пустырника трава","Пустырника настойка капл д/пр внутрь 25ml","ПЛАТ","Нет","уп",20,"12,34",246.8]
["N05CM09","седативное средство растительного происхождения","Валерианы корневища с корнями","Валерианы настойка настойка 25ml","ОМС","Нет","уп",220,"13,59",2989.8]
["N05CM09","седативное средство растительного происхождения","Валерианы корневища с корнями","Валерианы настойка настойка 25ml","ПЛАТ","Нет","уп",12,"13,59",163.07999999999998]
["N05CM18","седативное средство","Дексмедетомидин","Дексдор конц-т д/приг раствора для инфузий 100mkg/ml 2ml №5","Бюджет","Нет","уп",17,"10821,66",{"v":183968.22,"d":"183,968.22"}]
["N05CM18","седативное средство","Дексмедетомидин","Дексдор конц-т д/приг раствора для инфузий 100mkg/ml 2ml №5","ОМС","Нет","уп",22,"10821,66",238076.52]
["N05CM18","седативное средство","Дексмедетомидин","Дексдор конц-т д/приг раствора для инфузий 100mkg/ml 2ml №5","ПЛАТ","Нет","уп",8,"10821,66",86573.28]
["N06Психоаналептики",{"$nulls":8},{"v":0,"d":"0.00"}]
["N06AA09","антидепрессант","Амитриптилин","Амитриптилин раствор для в/в и в/м вв 10mg/ml 2ml №10","ПЛАТ","Да","уп",2,"54,62",109.24]
["N06AA09","антидепрессант","Амитриптилин","Амитриптилин табл 25mg №50","Бюджет","Да","уп.",2,"56,77",113.54]
["N06AA09","антидепрессант","Амитриптилин","Амитриптилин табл 25mg №50","ОМС","Да","уп.",238,"56,77",13511.26]
["N06AA09","антидепрессант","Амитриптилин","Амитриптилин табл 25mg №50","ПЛАТ","Да","уп.",30,"56,77",1703.1000000000001]
["N06AB03","антидепрессант","Флуоксетин","Флуоксетин капс 20mg №30","ПЛАТ","Да","уп",3,"118,52",355.56]
["N06AB05","антидепрессант","Пароксетин","Пароксетин табл п/п/о 20mg №30","ОМС","Да","уп",20,"536,61",10732.2]
["N06AB05","антидепрессант","Пароксетин","Пароксетин табл п/п/о 20mg №30","ПЛАТ","Да","уп",8,"536,61",4292.88]
["N06AB08","антидепрессант","Флувоксамин","Феварин табл п/о 50mg №15","ПЛАТ","Нет","уп",5,"1087,8",5439]
["N06AX21","антидепрессант","Дулоксетин","Дулоксетин Канон капс к/раст 30mg №14","ОМС","Нет","уп",20,"1243,2",24864]
["N06AX21","антидепрессант","Дулоксетин","Дулоксетин Канон капс к/раст 30mg №14","ПЛАТ","Нет","уп",1,"1243,2",1243.2]
["N06AX22","снотворное средство","Агомелатин","Вальдоксан табл п/о 25mg №14","ПЛАТ","Да","уп",2,"937,85",1875.7]
["N06BC01","психостимулирующее средство","Кофеин","Кофеин-бензоат натрия раствор для инъекций 200mg/ml 1ml № 10","Б.Опк","Да","уп",2,"34,53",69.06]
["N06BC01","психостимулирующее средство","Кофеин","Кофеин-бензоат натрия раствор для инъекций 200mg/ml 1ml № 10","Бюджет","Да","уп",7,"34,53",241.71]
["N06BC01","психостимулирующее средство","Кофеин","Кофеин-бензоат натрия раствор для инъекций 200mg/ml 1ml № 10","ОМС","Да","уп",154,"34,53",5317.62]
["N06BC01","психостимулирующее средство","Кофеин","Кофеин-бензоат натрия раствор для инъекций 200mg/ml 1ml № 10","ПЛАТ","Да","уп",1,"34,53",34.53]
["N06BX","Ноотропы","Глицин","Глицин  табл п/язычн 100mg №50","ОМС","Да","уп",1,"29,9",29.9]
["N06BX","метаболическое средство","Глицин","Глицин-БИО Фармаплант табл п/язычн 100mg №50","ПЛАТ","Да","уп",5,"46,13",230.65]
["N06BX","ноотропное средство","Фонтурацетам","Фенотропил табл 100mg №30","ПЛАТ","Да","уп",3,"1091,14",3273.42]
["N06BX03","ноотропное средство","Пирацетам","Пирацетам  раствор для в/в и в/м вв 200mg/ml 5ml №10","Бюджет","Да","уп",65,"65,56",{"v":4261.400000000001,"d":"4,261.40"}]
["N06BX03","ноотропное средство","Пирацетам","Пирацетам  раствор для в/в и в/м вв 200mg/ml 5ml №10","ОМС","Да","уп",1058,"65,56",69362.48]
["N06BX03","ноотропное средство","Пирацетам","Пирацетам  раствор для в/в и в/м вв 200mg/ml 5ml №10","ПЛАТ","Да","уп",111,"65,56",7277.16]
["N06BX03","ноотропное средство","Пирацетам","Пирацетам  табл 800mg №30","ОМС","Да","уп",63,"71,19",4484.97]
["N06BX06","ноотропное средство","Цитиколин","Нейпилепт раствор для в/в и в/м вв 250mg/ml 4ml №5","ПЛАТ","Да","уп",35,"1170,35",40962.25]
["N06BX06","ноотропное средство","Цитиколин","Цераксон раствор для в/в и в/м вв 1000mg/4ml  №5","ОМС","Да","уп",245,"1173,55",287519.75]
["N06BX06","ноотропное средство","Цитиколин","Цераксон раствор для в/в и в/м вв 1000mg/4ml  №5","ПЛАТ","Да","уп",67,"1173,55",78627.84999999999]
["N06BX18","психостимулирующее и ноотропное средство","Винпоцетин","Винпоцетин конц-т д/приг раствора для инфузий 5mg/ml 5ml №10","ОМС","Да","уп.",374,"122,76",45912.240000000005]
["N06BX18","психостимулирующее и ноотропное средство","Винпоцетин","Винпоцетин конц-т д/приг раствора для инфузий 5mg/ml 5ml №10","ПЛАТ","Да","уп.",51,"122,76",{"$f":"H1179*I1179","v":6260.76}]
["N06BX18","психостимулирующее и ноотропное средство","Винпоцетин","Винпоцетин табл 5mg №50","ОМС","Да","уп",5,"213,98",1069.8999999999999]
["N06BX18","психостимулирующее и ноотропное средство","Винпоцетин","Винпоцетин форте табл 10mg №30","ОМС","Да","уп",3,"268,16",804.48]
["N06BX18","психостимулирующее и ноотропное средство","Винпоцетин","Винпоцетин форте табл 10mg №30","ПЛАТ","Да","уп",17,"268,16",4558.72]
["N06DA04","деменции средство лечения","Галантамин","Галантамин Канон табл п/п/о 8mg №56","ОМС","Да","уп",25,"3572,53",89313.25]
["N06DA04","деменции средство лечения","Галантамин","Галантамин Канон табл п/п/о 8mg №56","ПЛАТ","Да","уп",4,"3572,53",14290.12]
["N06DX01","деменции средство лечения","Мемантин","Мемантин табл п/п/о 10mg  №30","ОМС","Да","уп",10,"1389,31",{"v":13893.099999999999,"d":"13,893"}]
["N06DX01","деменции средство лечения","Мемантин","Мемантин табл п/п/о 10mg  №30","ПЛАТ","Да","уп",5,"1389,31",{"v":6946.549999999999,"d":"6,947"}]
["N07Другие препараты для лечения заболеваний нервной системы",{"$nulls":8},{"v":0,"d":"0.00"}]
["N07AA01","холинэстеразы ингибитор","Неостигмина метилсульфат","Прозерин раствор для инъекций 0,5mg/ml 1ml №10","ОМС","Да","уп",783,"73,29",57386.07000000001]
["N07AA01","холинэстеразы ингибитор","Неостигмина метилсульфат","Прозерин раствор для инъекций 0,5mg/ml 1ml №10","ПЛАТ","Да","уп",26,"73,29",1905.5400000000002]
["N07AA01","холинэстеразы ингибитор","Неостигмина метилсульфат","Прозерин табл 15mg №20","ОМС","Да","уп",60,"55,54",3332.4]
["N07AA01","холинэстеразы ингибитор","Неостигмина метилсульфат","Прозерин табл 15mg №20","ПЛАТ","Да","уп",1,"55,54",55.54]
["N07AA02","холинэстеразы ингибитор","Пиридостигмина бромид","Пиридостигмна бромид табл 60mg №100","ОМС","Да","уп",70,"676,87",47380.9]
["N07AA02","холинэстеразы ингибитор","Пиридостигмина бромид","Пиридостигмна бромид табл 60mg №100","ПЛАТ","Да","уп",11,"676,87",7445.57]
["N07AX02","ноотропное средство","Холина альфосцерат","Церетон капсулы 400mg №28","ОМС","Да","уп",50,"1073,91",53695.50000000001]
["N07AX02","ноотропное средство","Холина альфосцерат","Церетон капсулы 400mg №28","ПЛАТ","Да","уп",6,"1073,91",6443.460000000001]
["N07AX02","ноотропное средство","Холина альфосцерат","Церетон раствор для в/в и в/м вв 250mg/ml 4ml №5","ОМС","Да","уп",10,"627,74",6277.4]
["N07AX02","ноотропное средство","Холина альфосцерат","Церетон раствор для в/в и в/м вв 250mg/ml 4ml №5","ПЛАТ","Да","уп",5,"627,74",3138.7]
["N07CA01","гистамина препарат","Бетагистин","Бетагистин табл 24mg №20","ОМС","Да","уп",311,"273,29",84993.19]
["N07CA01","гистамина препарат","Бетагистин","Бетагистин табл 24mg №20","ПЛАТ","Да","уп",61,"273,29",16670.690000000002]
["N07XX","антиоксидантное средство","Этилметилгидроксипиридина сукцинат","Нейрокс раствор для в/в и в/м вв 50mg/ml 5ml №5","ОМС","Да","уп",110,"332,91",36620.100000000006]
["N07XX","антиоксидантное средство","Этилметилгидроксипиридина сукцинат","Нейрокс раствор для в/в и в/м вв 50mg/ml 5ml №5","ПЛАТ","Да","уп",153,"332,91",50935.23]
["N07XX","витамины группы B+прочие препараты","~","КомплигамВ раствор для в/м вв 2ml №5","ОМС","Нет","уп",128,"203,13",26000.64]
["N07XX","витамины группы B+прочие препараты","~","КомплигамВ раствор для в/м вв 2ml №5","ПЛАТ","Нет","уп",66,"203,13",13406.58]
["N07XX","метаболическое средство","Инозин+Никотинамид+Рибофлавин+Янтарная кислота","Цитофлавин раствор для в/в  вв 10ml №10","Бюджет","Да","уп",10,"1214,13",{"v":12141.300000000001,"d":"12,141.30"}]
["N07XX","метаболическое средство","Инозин+Никотинамид+Рибофлавин+Янтарная кислота","Цитофлавин раствор для в/в  вв 10ml №10","ОМС","Да","уп",404,"1214,13","490508,52"]
["N07XX","метаболическое средство","Инозин+Никотинамид+Рибофлавин+Янтарная кислота","Цитофлавин раствор для в/в  вв 10ml №10","ПЛАТ","Да","уп",122,"1214,13","148041,52"]
["N07XX","ноотропное средство","Полипептиды коры головного мозга эмбрионов свиней","Целлекс раствор для п/к вв 0,1mg/ml 1ml №5","ОМС","Нет","уп",40,"10799,19","431967,6"]
["N07XX","ноотропное средство","Полипептиды коры головного мозга эмбрионов свиней","Целлекс раствор для п/к вв 0,1mg/ml 1ml №5","ПЛАТ","Нет","уп",2,"10799,19","21598,38"]
["P03AX01","противочесоточное средство","Бензилбензоат","Бензилбензоат мазь д/наружн прим 20% 25g","ОМС","Да","уп",10,"29,47","294,7"]
[{"$nulls":9},{"$f":"SUBTOTAL(9,J986:J1209)","v":{"v":1749094.78,"d":"1,749,094.78"}}]
["R Дыхательная система "]
["R01AA07","противоконгестивное средство - альфа-адреномиметик","Ксилометазолин","Ксилен капли назал 0,1% 10ml №1","ОМС","Да","уп",60,"25,88","1552,8"]
["R01AA07","противоконгестивное средство - альфа-адреномиметик","Ксилометазолин","Ксилометазолин спрей назал 0,1% 10ml №1","ПЛАТ","Да","уп",5,"126,75","633,75"]
["R01AA08","носа заболеваний средство лечения","Нафазолин","Нафтизин капли назал 0,1% 10ml №1","ОМС","Нет","уп",6,"17,97","107,82"]
["R01AA08","носа заболеваний средство лечения","Нафазолин","Нафтизин капли назал 0,1% 10ml №1","ПЛАТ","Нет","уп",3,"17,97","53,91"]
["R02AA01","антисептическое средство","Амбазон","Фарингосепт табл. д/рассас 10mg №20","ОМС","Нет","уп",3,"195,36","586,08"]
["R02AA01","антисептическое средство","Амбазон","Фарингосепт табл. д/рассас 10mg №20","ПЛАТ","Нет","уп",5,"195,36","976,8"]
["R02AA01","миорелаксант центрального действия","Баклофен","Баклосан табл 10mg №50","ОМС","Да","уп",95,"253,4",24073]
["R02AA01","миорелаксант центрального действия","Баклофен","Баклосан табл 10mg №50","ПЛАТ","Да","уп",20,"253,4",5068]
["R03Препараты для лечения бронхиальной астмы"]
["R03AC02","бронходилатирующее средство - бета2-адреномиметик селективный","Сальбутамол","Вентолин Небулы раствор для ингаляций 1mg/ml 2,5 ml №20","Бюджет","Да","уп",6,"262,83",{"$f":"H1221*I1221","v":{"v":1576.98,"d":"1,576.98"}}]
["R03AC02","бронходилатирующее средство - бета2-адреномиметик селективный","Сальбутамол","Вентолин Небулы раствор для ингаляций 1mg/ml 2,5 ml №20","ОМС","Да","уп",113,"262,83",{"$f":"H1222*I1222","v":29699.789999999997}]
["R03AC02","бронходилатирующее средство - бета2-адреномиметик селективный","Сальбутамол","Вентолин Небулы раствор для ингаляций 1mg/ml 2,5 ml №20","ПЛАТ","Да","уп",30,"262,83",7884.9]
["R03AC02","бронходилатирующее средство - бета2-адреномиметик селективный","Сальбутамол","Сальбутамол аэрозоль д/инг дозир 100mkg/dosis 200dosis 12ml №1","ОМС","Да","уп",38,"174,82",6643.16]
["R03AC02","бронходилатирующее средство - бета2-адреномиметик селективный","Сальбутамол","Сальбутамол-СОЛОфарм раствор для ингаляций 1mg/ml 2,5 ml №20","ОМС","Да","уп",2,"419,98",839.96]
["R03AC02","бронходилатирующее средство - бета2-адреномиметик селективный","Сальбутамол","Сальбутамол-СОЛОфарм раствор для ингаляций 1mg/ml 2,5 ml №20","ПЛАТ","Да","уп",15,"419,98",6299.700000000001]
["R03AC02","бронходилатирующее средство - бета2-адреномиметик селективный","Сальбутамол","Сальбутамол-Фармстандарт аэрозоль д/инг дозир 100mkg/dosis 200dosis №1","ОМС","Да","уп",15,"113,04",1695.6000000000001]
["R03AC04","бронходилатирующее средство - бета2-адреномиметик селективный","Фенотерол","Фенотерол-аэронатив аэрозоль д/инг дозир 100mkg/dosis 200dosis","ОМС","Нет","уп",17,"422,82",7187.94]
["R03AC04","бронходилатирующее средство - бета2-адреномиметик селективный","Фенотерол","Фенотерол-натив раствор для ингаляций 1mg/ml 20ml №1","ОМС","Да","уп",8,"386,91",3095.28]
["R03AK03","бронходилатирующее средство комбинированное (бета2-адреномиметик селективный+м-холиноблокатор)","Ипратропия бромид+Фенотерол","Ипратерол-аэронатив аэрозоль д/инг дозир 20mkg/dosis+50mkg/dosis 200dosis №1","ОМС","Да","уп",4,"394,23",1576.92]
["R03AK03","бронходилатирующее средство комбинированное (бета2-адреномиметик селективный+м-холиноблокатор)","Ипратропия бромид+Фенотерол","Ипратерол-аэронатив аэрозоль д/инг дозир 20mkg/dosis+50mkg/dosis 200dosis №1","ПЛАТ","Да","уп",3,"394,23",1182.69]
["R03AK03","бронходилатирующее средство комбинированное (бета2-адреномиметик селективный+м-холиноблокатор)","Ипратропия бромид+Фенотерол","Ипратерол-натив раствор для ингаляций 0,25mg/ml+0,5mg/ml 20ml №1","Бюджет","Да","уп",12,"230,23",{"v":2762.7599999999998,"d":"2,762.76"}]
["R03AK03","бронходилатирующее средство комбинированное (бета2-адреномиметик селективный+м-холиноблокатор)","Ипратропия бромид+Фенотерол","Ипратерол-натив раствор для ингаляций 0,25mg/ml+0,5mg/ml 20ml №1","ОМС","Да","уп",532,"230,23",122482.36]
["R03AK03","бронходилатирующее средство комбинированное (бета2-адреномиметик селективный+м-холиноблокатор)","Ипратропия бромид+Фенотерол","Ипратерол-натив раствор для ингаляций 0,25mg/ml+0,5mg/ml 20ml №1","ПЛАТ","Да","уп",30,"230,23",6906.9]
["R03AL06","бронхолитическое средство комбинированное (бета2-адреномиметик длительного действия+м-холиноблокатор)","Олодатерол+Тиотропия бромид","Спиолто Респимат раствор для ингаляций 2.5mkg+2,5mkg/dosis 4ml","ПЛАТ","Да","уп",2,"2983,52",5967.04]
["R03BA02","глюкокортикостероид для местного применения","Будесонид","Буденит Стери-Неб  сусп д/инг дозир 0,5mg/ml-2ml №60","Бюджет","Да","уп.",10,"2299,54",{"v":22995.4,"d":"22,995.40"}]
["R03BA02","глюкокортикостероид для местного применения","Будесонид","Буденит Стери-Неб  сусп д/инг дозир 0,5mg/ml-2ml №60","ОМС","Да","уп.",80,"2299,54",183963.2]
["R03BA02","глюкокортикостероид для местного применения","Будесонид","Буденит Стери-Неб  сусп д/инг дозир 0,5mg/ml-2ml №60","ПЛАТ","Да","уп.",7,"2299,54",16096.779999999999]
["R03BA02","глюкокортикостероид для местного применения","Будесонид","Будесонид-натив раствор для ингаляций 0,25mg/ml 2ml №10","ОМС","Да","уп",3,"312,58",937.74]
["R03BA02","глюкокортикостероид для местного применения","Будесонид","Будесонид-натив раствор для ингаляций 0,25mg/ml 2ml №10","ПЛАТ","Да","уп",25,"312,58",7814.5]
["R03BB01","м-холиноблокатор","Ипратропия бромид","Ипратропиум-натив  раствор для ингаляций 0,25mg/ml 20ml №1","Бюджет","Да","уп",12,"208,73",{"v":2504.7599999999998,"d":"2,504.76"}]
["R03BB01","м-холиноблокатор","Ипратропия бромид","Ипратропиум-натив  раствор для ингаляций 0,25mg/ml 20ml №1","ОМС","Да","уп",232,"208,73",48425.36]
["R03BB01","м-холиноблокатор","Ипратропия бромид","Ипратропиум-натив  раствор для ингаляций 0,25mg/ml 20ml №1","ПЛАТ","Да","уп",20,"208,73",4174.599999999999]
["R03DA05","бронходилатирующее средство","Аминофиллин","Эуфиллин  раствор для в/в  вв 24mg/ml 10ml №10","Б.Опк","Да","уп",2,"41,67",83.34]
["R03DA05","бронходилатирующее средство","Аминофиллин","Эуфиллин  раствор для в/в  вв 24mg/ml 10ml №10","Бюджет","Да","уп",40,"41,67",{"v":1666.8000000000002,"d":"1,666.80"}]
["R03DA05","бронходилатирующее средство","Аминофиллин","Эуфиллин  раствор для в/в  вв 24mg/ml 10ml №10","ОМС","Да","уп",1751,"41,67",72964.17]
["R03DA05","бронходилатирующее средство","Аминофиллин","Эуфиллин  раствор для в/в  вв 24mg/ml 10ml №10","ПЛАТ","Да","уп",40,"41,67",1666.8000000000002]
["R05Препараты, применяемые при кашле и простудных заболеваниях",{"$nulls":8},{"v":0,"d":"0.00"}]
["R05CB01","отхаркивающее муколитическое средство","Ацетилцистеин","Ацетилцистеин Канон гранулы д/приг р-ра д/вн прим 200mg №20","ОМС","Да","уп",385,"152,19",58593.15]
["R05CB01","отхаркивающее муколитическое средство","Ацетилцистеин","Ацетилцистеин Канон гранулы д/приг р-ра д/вн прим 200mg №20","ПЛАТ","Да","уп",27,"152,19",4109.13]
["R05CB01","отхаркивающее муколитическое средство","Ацетилцистеин","Флуимуцил раствор для инъекций и ингаляций амп 100mg/ml 3ml №5","Бюджет","Да","уп",5,"214,56",{"v":1072.8,"d":"1,072.80"}]
["R05CB01","отхаркивающее муколитическое средство","Ацетилцистеин","Флуимуцил раствор для инъекций и ингаляций амп 100mg/ml 3ml №5","ОМС","Да","уп",72,"214,56",15448.32]
["R05CB03","отхаркивающее муколитическое средство","Карбоцистеин","Флуифорт гранулы для пригот суспензии внутрь 2,7g №10","Бюджет","Нет","уп",12,553,{"v":6636,"d":"6,636.00"}]
["R05CB03","отхаркивающее муколитическое средство","Карбоцистеин","Флуифорт гранулы для пригот суспензии внутрь 2,7g №10","ОМС","Нет","уп",62,553,34286]
["R05CB03","отхаркивающее муколитическое средство","Карбоцистеин","Флуифорт гранулы для пригот суспензии внутрь 2,7g №10","ПЛАТ","Нет","уп",2,553,1106]
["R05CB06","отхаркивающее муколитическое средство","Амброксол","Амбробене капс 75mg №10","ПЛАТ","Да","уп",20,"176,94",3538.8]
["R05CB06","отхаркивающее муколитическое средство","Амброксол","Амброксол  р-р для приема внутрь и инг 7,5mg/ml 100ml №1","ПЛАТ","Да","фл",20,"299,69",5993.8]
["R05CB06","отхаркивающее муколитическое средство","Амброксол","Амброксол  р-р для приема внутрь и инг 7,5mg/ml 40ml №1","ОМС","Да","уп",27,"119,87",3236.4900000000002]
["R05CB06","отхаркивающее муколитическое средство","Амброксол","Амброксол табл 30 mg №20","Бюджет","Да","уп",10,"31,04",{"v":310.4,"d":"310.40"}]
["R05CB06","отхаркивающее муколитическое средство","Амброксол","Амброксол табл 30 mg №20","ОМС","Да","уп",1076,"31,04",33399.04]
["R05CB06","отхаркивающее муколитическое средство","Амброксол","Амброксол табл 30 mg №20","ПЛАТ","Да","уп",39,"31,04",1210.56]
["R05DB13","противокашлевое средство центрального действия","Бутамират","Синекод сироп 1,5mg/ml 200ml","ОМС","Нет","уп",2,"425,69",851.38]
["R05DB13","противокашлевое средство центрального действия","Бутамират","Синекод сироп 1,5mg/ml 200ml","ПЛАТ","Нет","уп",5,"425,69",2128.45]
["R06Антигистаминные препараты для системного применения",{"$nulls":8},{"v":0,"d":"0.00"}]
["R06AA","противоаллергическое средство - H1-гистаминовых рецепторов блокатор","Клемастин","Тавегил раствор для в/в и в/м вв 1mg/ml 2ml №5","Б.Опк","Нет","уп",1,"225,55",225.55]
["R06AA","противоаллергическое средство - H1-гистаминовых рецепторов блокатор","Клемастин","Тавегил раствор для в/в и в/м вв 1mg/ml 2ml №5","ОМС","Нет","уп",144,"225,55",32479.2]
["R06AA","противоаллергическое средство - H1-гистаминовых рецепторов блокатор","Клемастин","Тавегил раствор для в/в и в/м вв 1mg/ml 2ml №5","ПЛАТ","Нет","уп",17,"225,55",3834.3500000000004]
["R06AA","противоаллергическое средство - H1-гистаминовых рецепторов блокатор","Клемастин","Тавегил табл 1mg №20","Бюджет","Нет","уп",5,"195,73",978.65]
["R06AA","противоаллергическое средство - H1-гистаминовых рецепторов блокатор","Клемастин","Тавегил табл 1mg №20","ОМС","Нет","уп",61,"195,73",11939.529999999999]
["R06AA","противоаллергическое средство - H1-гистаминовых рецепторов блокатор","Клемастин","Тавегил табл 1mg №20","ПЛАТ","Нет","уп",6,"195,73",1174.3799999999999]
["R06AA02","противоаллергическое средство - H1-гистаминовых рецепторов блокатор","Дифенгидрамин","Димедрол раствор для в/в и в/м вв 10mg/ml 1ml №10","Бюджет","Да","уп",40,"24,96",{"v":998.4000000000001,"d":"998.40"}]
["R06AA02","противоаллергическое средство - H1-гистаминовых рецепторов блокатор","Дифенгидрамин","Димедрол раствор для в/в и в/м вв 10mg/ml 1ml №10","ОМС","Да","уп",833,"24,96",20791.68]
["R06AA02","противоаллергическое средство - H1-гистаминовых рецепторов блокатор","Дифенгидрамин","Димедрол раствор для в/в и в/м вв 10mg/ml 1ml №10","ПЛАТ","Да","уп",20,"24,96",499.20000000000005]
["R06AA02","противоаллергическое средство - H1-гистаминовых рецепторов блокатор","Дифенгидрамин","Димедрол табл 50mg №20","ОМС","Да","уп",46,"8,63",396.98]
["R06AA02","противоаллергическое средство - H1-гистаминовых рецепторов блокатор","Дифенгидрамин","Димедрол табл 50mg №20","ПЛАТ","Да","уп",5,"8,63",43.150000000000006]
["R06AC03","противоаллергическое средство - H1-гистаминовых рецепторов блокатор","Хлоропирамин","Хлоропирамин раствор для в/в и в/м вв 20mg/ml 1ml №5","Бюджет","Да","уп",20,"101,17",{"v":2023.4,"d":"2,023.40"}]
["R06AC03","противоаллергическое средство - H1-гистаминовых рецепторов блокатор","Хлоропирамин","Хлоропирамин раствор для в/в и в/м вв 20mg/ml 1ml №5","ОМС","Да","уп",511,"101,17",51697.87]
["R06AC03","противоаллергическое средство - H1-гистаминовых рецепторов блокатор","Хлоропирамин","Хлоропирамин раствор для в/в и в/м вв 20mg/ml 1ml №5","ПЛАТ","Да","уп",43,"101,17",4350.31]
["R06AC03","противоаллергическое средство - H1-гистаминовых рецепторов блокатор","Хлоропирамин","Хлоропирамин табл 25mg №20","Бюджет","Да","уп",3,"73,23",219.69]
["R06AC03","противоаллергическое средство - H1-гистаминовых рецепторов блокатор","Хлоропирамин","Хлоропирамин табл 25mg №20","ОМС","Да","уп",243,"73,23",17794.89]
["R06AC03","противоаллергическое средство - H1-гистаминовых рецепторов блокатор","Хлоропирамин","Хлоропирамин табл 25mg №20","ПЛАТ","Да","уп",10,"73,23",732.3000000000001]
["R06AX13","противоаллергическое средство - H1-гистаминовых рецепторов блокатор","Лоратадин","Лоратадин табл 10mg  №10","ОМС","Да","уп",69,"58,5",4036.5]
["R06AX13","противоаллергическое средство - H1-гистаминовых рецепторов блокатор","Лоратадин","Лоратадин табл 10mg  №10","ПЛАТ","Да","уп",15,"58,5",877.5]
["R06AX27","противоаллергическое средство - H1-гистаминовых рецепторов блокатор","Дезлоратадин","Дезлоратадин  табл 5mg №10","ОМС","Нет","уп",10,"131,42",1314.1999999999998]
["R06AX27","противоаллергическое средство - H1-гистаминовых рецепторов блокатор","Дезлоратадин","Лордестин табл п/п/о 5mg №10","ОМС","Нет","уп",8,"315,98",2527.84]
["R06AX27","противоаллергическое средство - H1-гистаминовых рецепторов блокатор","Дезлоратадин","Лордестин табл п/п/о 5mg №10","ПЛАТ","Нет","уп",2,"315,98",{"$f":"H1286*I1286","v":631.96}]
["R07Другие препараты для лечения заболеваний органов дыхания",{"$nulls":8},{"v":0,"d":"0.00"}]
["R07AB","аналептическое средство","Сульфокамфорная кислота+Прокаин","Сульфокамфокаин раствор для инъекций 100mg/ml 2ml №10","ОМС","Нет","уп",15,"192,36",2885.4]
["R07AB","аналептическое средство","Сульфокамфорная кислота+Прокаин","Сульфокамфокаин раствор для инъекций 100mg/ml 2ml №10","ПЛАТ","Нет","уп",2,"192,36",384.72]
["R07AB","антисептическое средство+местноанестезирующее средство","Аммиак","Аммиак р-р д/нар прим и инг 10% 40ml №1","ОМС","Нет","уп",298,"16,65",4961.7]
["R07AB","антисептическое средство+местноанестезирующее средство","Аммиак","Аммиак р-р д/нар прим и инг 10% 40ml №1","ПЛАТ","Нет","уп",8,"16,65",133.2]
["R07AB02","аналептическое средство","Никетамид","Кордиамин раствор для инъекций 250mg/ml 2ml №10","Бюджет","Нет","уп",1,"568,74",568.74]
["R07AB02","аналептическое средство","Никетамид","Кордиамин раствор для инъекций 250mg/ml 2ml №10","ОМС","Нет","уп",5,"568,74","2843,7"]
["R07AB02","аналептическое средство","Никетамид","Кордиамин раствор для инъекций 250mg/ml 2ml №10","ПЛАТ","Нет","уп",2,"568,74","1137,48"]
[{"$nulls":9},{"$f":"SUBTOTAL(9,J1221:J1294)","v":{"v":44314.780000000006,"d":"44,314.78"}}]
["S Препараты для лечения заболеваний органов чувств "]
["S01Препараты для лечения заболеваний глаз"]
["S01AA09","антибиотик-тетрациклин","Тетрациклин","Тетрациклин мазь глазная 1% 3g","ОМС","Да","уп",185,"40,78","7544,3"]
["S01AA09","антибиотик-тетрациклин","Тетрациклин","Тетрациклин мазь глазная 1% 3g","ПЛАТ","Да","уп",25,"40,78","1019,5"]
["S01AA13","антибиотик полициклической структуры","Фузидовая кислота","Фуциталмик капли глазные 1% 5g ","ОМС","Нет","уп",5,555,2775]
["S01AB04","противомикробное средство - сульфаниламид","Сульфацетамид","Сульфацил-натрий капли глазные 20% 1,5ml №2 тюбик-капельницы","ОМС","Нет","уп",151,"20,05","3027,55"]
["S01AB04","противомикробное средство - сульфаниламид","Сульфацетамид","Сульфацил-натрий капли глазные 20% 1,5ml №2 тюбик-капельницы","ПЛАТ","Нет","уп",52,"20,05","1042,6"]
["S01AD","иммуностимулирующее средство","Полиадениловая кислота+Полиуридиловая кислота","Полудан лиоф д/приг гл кап 100ЕД 5ml №1","ОМС","Нет","уп",5,"165,95","829,75"]
["S01AD03","противовирусное средство для местного применения","Ацикловир","Ацикловир мазь глазная 3% 5,0","ОМС","Да","уп",30,"139,15","4174,5"]
["S01AD03","противовирусное средство для местного применения","Ацикловир","Ацикловир мазь глазная 3% 5,0","ПЛАТ","Да","уп",4,"139,15","556,6"]
["S01AD03","противовирусное средство для местного применения","Ацикловир","Ацикловир мазь д/наружн прим 5% 10g","ОМС","Да","уп",5,"43,42","217,1"]
["S01AD03","противовирусное средство для местного применения","Ацикловир","Ацикловир мазь д/наружн прим 5% 10g","ПЛАТ","Да","уп",5,"43,42","217,1"]
["S01AD05","противовирусное средство комбинированное (цитокин + H1-гистаминовых рецепторов блокатор)","Интерферон альфа-2b + дифенгидрамин","Офтальмоферон капли глазные 10000МЕ/ml + 1mg/g 10ml №1","ОМС","Нет","уп",45,"381,19","17153,55"]
["S01AD05","противовирусное средство комбинированное (цитокин + H1-гистаминовых рецепторов блокатор)","Интерферон альфа-2b + дифенгидрамин","Офтальмоферон капли глазные 10000МЕ/ml + 1mg/g 10ml №1","ПЛАТ","Нет","уп",2,"381,19","762,38"]
["S01AE07","противомикробное средство - фторхинолон","Моксифлоксацин","Максифлокс  капли глазные 5mg/ml 5ml ","ОМС","Да","уп",80,"160,46","12836,8"]
["S01AE07","противомикробное средство - фторхинолон","Моксифлоксацин","Максифлокс  капли глазные 5mg/ml 5ml ","ПЛАТ","Да","уп",10,"160,46","1604,6"]
["S01AX","антисептическое средство","Бензилдиметил-миристоиламино-пропиламмоний","Окомистин капли глазные 0,01% 10ml","Бюджет","Нет","уп",9,"202,07",{"$f":"H1312*I1312","v":{"v":1818.6299999999999,"d":"1,818.63"}}]
["S01AX","антисептическое средство","Бензилдиметил-миристоиламино-пропиламмоний","Окомистин капли глазные 0,01% 10ml","ОМС","Нет","уп",1100,"202,07",{"$f":"H1313*I1313","v":222277}]
["S01AX","антисептическое средство","Бензилдиметил-миристоиламино-пропиламмоний","Окомистин капли глазные 0,01% 10ml","ПЛАТ","Нет","уп",285,"202,07",57589.95]
["S01AX11","противомикробное средство - фторхинолон","Офлоксацин","Флоксал мазь глазная 3mg/g 3,0","ОМС","Да","уп",5,"156,59",782.95]
["S01AX19","противомикробное средство - фторхинолон","Левофлоксацин","Л-Оптик Ромфарм капли глазные 0,5% 5ml","Бюджет","Да","уп",100,"166,98",{"v":16698,"d":"16,698.00"}]
["S01AX19","противомикробное средство - фторхинолон","Левофлоксацин","Л-Оптик Ромфарм капли глазные 0,5% 5ml","ОМС","Да","уп",1950,"166,98",325611]
["S01AX19","противомикробное средство - фторхинолон","Левофлоксацин","Л-Оптик Ромфарм капли глазные 0,5% 5ml","ПЛАТ","Да","уп",102,"166,98",17031.96]
["S01BA01","глюкокортикостероид для местного применения","Дексаметазон","Озурдекс имплантат д/интравитреального введ 0,7mg","ПЛАТ","Да","уп",15,56430,846450]
["S01BA01, H02AB02","глюкокортикостероид","Дексаметазон","Дексаметазон глазные капли 0,1% 10ml №1","Бюджет","Нет","уп",100,"100,23",{"v":10023,"d":"10,023.00"}]
["S01BA01, H02AB02","глюкокортикостероид","Дексаметазон","Дексаметазон глазные капли 0,1% 10ml №1","ОМС","Нет","уп",1600,"100,23",160368]
["S01BA01, H02AB02","глюкокортикостероид","Дексаметазон","Дексаметазон глазные капли 0,1% 10ml №1","ПЛАТ","Нет","уп",505,"100,23",50616.15]
["S01BA01, H02AB02","глюкокортикостероид","Дексаметазон","Дексаметазон раствор для инъекций 4mg/ml 1ml №25","Бюджет","Да","уп",87,"272,63",{"v":23718.81,"d":"23,718.81"}]
["S01BA01, H02AB02","глюкокортикостероид","Дексаметазон","Дексаметазон раствор для инъекций 4mg/ml 1ml №25","ОМС","Да","уп",2370,"272,63",646133.1]
["S01BA01, H02AB02","глюкокортикостероид","Дексаметазон","Дексаметазон раствор для инъекций 4mg/ml 1ml №25","ПЛАТ","Да","уп",108,"272,63",29444.04]
["S01BA01, H02AB02","глюкокортикостероид","Дексаметазон","Дексаметазон раствор для инъекций 4mg/ml 2ml №25","Бюджет","Да","уп",71,"273,63",{"v":19427.73,"d":"19,427.73"}]
["S01BA01, H02AB02","глюкокортикостероид","Дексаметазон","Дексаметазон раствор для инъекций 4mg/ml 2ml №25","ОМС","Да","уп",2056,"273,63",562583.28]
["S01BA01, H02AB02","глюкокортикостероид","Дексаметазон","Дексаметазон раствор для инъекций 4mg/ml 2ml №25","ПЛАТ","Да","уп",80,"273,63",21890.4]
["S01BA01, H02AB02","глюкокортикостероид","Дексаметазон","Дексаметазон табл 0,5mg №10","ОМС","Да","уп",7,"36,12",252.83999999999997]
["S01BA01, H02AB02","глюкокортикостероид","Дексаметазон","Дексаметазон табл 0,5mg №10","ПЛАТ","Да","уп",2,"36,12",72.24]
["S01BA02","глюкокортикостероид для местного применения","Гидрокортизон","Гидрокортизон мазь глазная 0,5% 3g","ОМС","Да","уп",34,"35,97",1222.98]
["S01BA02","глюкокортикостероид для местного применения","Гидрокортизон","Гидрокортизон мазь глазная 0,5% 3g","ПЛАТ","Да","уп",2,"35,97",71.94]
["S01BC01","НПВП","Индометацин","Индоколлир  капли глазные 0,1% 5ml","ОМС","Нет","уп",260,"480,43",124911.8]
["S01BC01","НПВП","Индометацин","Индоколлир  капли глазные 0,1% 5ml","ПЛАТ","Нет","уп",70,"480,43",33630.1]
["S01CA01","глюкокортикостероид для местного применения+антибиотик-аминогликозид+противогрибковое средство","Дексаметазон+Тобрамицин","ДексаТобропт капли глазные 5ml","ОМС","Нет","уп",50,"251,47",12573.5]
["S01CA01","глюкокортикостероид для местного применения+антибиотик-аминогликозид+противогрибковое средство","Дексаметазон+Тобрамицин","ДексаТобропт капли глазные 5ml","ПЛАТ","Нет","уп",20,"251,47",5029.4]
["S01EB01","противоглаукомное средство - м-холиномиметик","Пилокарпин","Пилокарпин капли глазные 10mg/ml 5ml","ОМС","Да","уп",{"v":32005,"d":"32,005"},"30,69",{"v":982233.4500000001,"d":"982,233"}]
["S01EB51","противоглаукомное средство комбинированное (м-холиномиметик+бета-адреноблокатор)","Пилокарпин+ тимолол","Фотил форте капли глазные 40mg/ml+5mg/ml 5ml","ОМС","Нет","уп",190,"299,62",56927.8]
["S01EC01","диуретическое средство","Ацетазоламид","Диакарб табл 250mg №30","Бюджет","Да","уп",2,"254,02",508.04]
["S01EC01","диуретическое средство","Ацетазоламид","Диакарб табл 250mg №30","ОМС","Да","уп",374,"254,02",95003.48000000001]
["S01EC01","диуретическое средство","Ацетазоламид","Диакарб табл 250mg №30","ПЛАТ","Да","уп",13,"254,02",3302.26]
["S01EC03","противоглаукомное средство - карбоангидразы ингибитор","Дорзоламид","Дорзопт  капли глазные 2% 5ml №3","ОМС","Да","уп",152,"1334,75",202882]
["S01EC03","противоглаукомное средство - карбоангидразы ингибитор","Дорзоламид","Дорзопт  капли глазные 2% 5ml №3","ПЛАТ","Да","уп",20,"1334,75",26695]
["S01ED01","противоглаукомное средство - бета-адреноблокатор","Тимолол","Тимолол-СОЛОфарм  капли глазные 0,5% 5ml","ОМС","Да","уп",130,"40,82",5306.6]
["S01ED01","противоглаукомное средство - бета-адреноблокатор","Тимолол","Тимолол-СОЛОфарм  капли глазные 0,5% 5ml","ПЛАТ","Да","уп",10,"40,82",408.2]
["S01ED51","бета-адреноблокатор","Дорзоламид+Тимолол","Дорзопт Плюс  капли глазные 20mg+5mg/ml 5ml","ОМС","Нет","уп",56,"864,33",48402.48]
["S01ED51","бета-адреноблокатор","Дорзоламид+Тимолол","Дорзопт Плюс  капли глазные 20mg+5mg/ml 5ml","ПЛАТ","Нет","уп",2,"864,33",1728.66]
["S01EE01","противоглаукомное средство - простагландина F2-альфа аналог синтетический","Латанопрост","Трилактан глазные капли 0,005% 2.5 ml","ОМС","Нет","уп",33,"703,29",23208.57]
["S01FA56","офтальмологических заболеваний средство диагностики (м-холиноблокатор+альфа-адреномиметик)","Тропикамид+Фенилэфрин","Аппамид плюс капли глазные 5ml","Бюджет","Нет","уп",100,"172,66",{"v":17266,"d":"17,266.00"}]
["S01FA56","офтальмологических заболеваний средство диагностики (м-холиноблокатор+альфа-адреномиметик)","Тропикамид+Фенилэфрин","Аппамид плюс капли глазные 5ml","ОМС","Нет","уп",1713,"172,66",295766.58]
["S01FA56","офтальмологических заболеваний средство диагностики (м-холиноблокатор+альфа-адреномиметик)","Тропикамид+Фенилэфрин","Аппамид плюс капли глазные 5ml","ПЛАТ","Нет","уп",420,"172,66",72517.2]
["S01HA02","местноанестезирующее средство","Оксибупрокаин","Инокаин капли глазные 0,4% 5ml","Бюджет","Да","уп",50,"114,06",{"v":5703,"d":"5,703.00"}]
["S01HA02","местноанестезирующее средство","Оксибупрокаин","Инокаин капли глазные 0,4% 5ml","ОМС","Да","уп",3553,"114,06",405255.18]
["S01HA02","местноанестезирующее средство","Оксибупрокаин","Инокаин капли глазные 0,4% 5ml","ПЛАТ","Да","уп",435,"114,06",49616.1]
["S01JA01","диагностическое средство","Флуоресцеин натрия","Флуоресцеин Новартис раствор для в/в  вв 100mg/ml 5ml №10","ОМС","Да","уп",30,"2399,38",71981.40000000001]
["S01JA01","диагностическое средство","Флуоресцеин натрия","Флуоресцеин натрия раствор для в/в  вв 100mg/ml 5ml №1","ОМС","Да","уп",500,"188,49",94245]
["S01LA05","средства, препятствующие новообразованию сосудов","Афлиберцепт ","Эйлеа р-р д/внутригл введ 40mg/ml 0,1ml №1","ПЛАТ","Да","уп",90,"53420,4",4807836]
["S01XA12","репарации тканей стимулятор","Декспантенол","Корнерегель гель глазной 5% 10g №1","Бюджет","Нет","уп",5,"968,25",{"v":4841.25,"d":"4,841.25"}]
["S01XA12","репарации тканей стимулятор","Декспантенол","Корнерегель гель глазной 5% 10g №1","ОМС","Нет","уп",610,"968,25","590632,5"]
["S01XA12","репарации тканей стимулятор","Декспантенол","Корнерегель гель глазной 5% 10g №1","ПЛАТ","Нет","уп",63,"968,25","60999,75"]
[{"$nulls":9},{"$f":"SUBTOTAL(9,J1312:J1360)","v":{"v":100004.45999999999,"d":"100,004.46"}}]
["V Прочие препараты "]
["V03Прочие разные препараты"]
["V03AB","комплексообразующее средство","Димеркаптопропансульфонат натрия ","Унитиол р-р для в/м и п/к введ 50 mg/ml 5ml №10","ОМС","Да","уп",3,"517,42","1552,26"]
["V03AB","комплексообразующее средство","Димеркаптопропансульфонат натрия ","Унитиол р-р для в/м и п/к введ 50 mg/ml 5ml №10","ПЛАТ","Да","уп",2,"517,42","1034,84"]
["V03AB06","комплексообразующее средство","Натрия тиосульфат","Натрия тиосульфат раствор для в/в  вв 300mg/ml 10ml №10","ОМС","Да","уп",87,"84,61","7361,07"]
["V03AB06","комплексообразующее средство","Натрия тиосульфат","Натрия тиосульфат раствор для в/в  вв 300mg/ml 10ml №10","ПЛАТ","Да","уп",2,"84,61","169,22"]
["V03AB14","гемостатическое средство","Протамина сульфат","Протамина сульфат раствор для в/в  вв 10mg/ml 5ml №10","Бюджет","Да","уп",70,"1543,42",{"$f":"H1368*I1368","v":{"v":108039.40000000001,"d":"108,039.40"}}]
["V03AB14","гемостатическое средство","Протамина сульфат","Протамина сульфат раствор для в/в  вв 10mg/ml 5ml №10","ОМС","Да","уп",130,"1543,42",{"$f":"H1369*I1369","v":200644.6}]
["V03AB15","опиоидных рецепторов антагонист","Налоксон","Налоксон раствор для инъекций 0,4mg/ml 1ml №10","ОМС","Да","уп",1,"202,27",202.27]
["V03AB35","антидот","Сугаммадекс","Брайдан раствор для в/в  вв 100mg/ml 2ml №10","Бюджет","Да","уп",10,"74274,28",{"v":742742.8,"d":"742,742.80"}]
["V03AB35","антидот","Сугаммадекс","Брайдан раствор для в/в  вв 100mg/ml 2ml №10","ОМС","Да","уп",13,"74274,28",965565.64]
["V03AB35","антидот","Сугаммадекс","Брайдан раствор для в/в  вв 100mg/ml 2ml №10","ПЛАТ","Да","уп",9,"74274,28",668468.52]
["V03AX","ферментное средство","Гиалуронидаза","Лидаза лиоф д/пр р-ра д/и и мест/пр 64УЕ №10","ОМС","Нет","уп.",10,"362,68",3626.8]
["V04CX","диагностическое средство","Индоцианин зеленый","Индоцианин зеленый-ПУЛЬСИОН лиоф д/пр р-ра д/в/в вв 25mg №5","ПЛАТ","Нет","уп",1,48300,48300]
["V07Другие разные нелечебные средства",{"$nulls":8},{"v":0,"d":"0.00"}]
["V07AB","растворитель","Вода","Вода для инъекций растворитель для приг.лек.форм для инъекций 500ml №24","Бюджет","Да","уп",15,"1093,92",{"v":16408.800000000003,"d":"16,408.80"}]
["V07AB","растворитель","Вода","Вода для инъекций растворитель для приг.лек.форм для инъекций 500ml №24","ОМС","Да","уп",527,"1093,92",576495.8400000001]
["V07AB","растворитель","Декстроза","Глюкоза Браун раствор для инфузий 5% 250ml №10","ОМС","Да","уп",52,"226,46",11775.92]
["V07AB","растворитель","Декстроза","Глюкоза Браун раствор для инфузий 5% 250ml №10","ПЛАТ","Да","уп",10,"226,46",2264.6]
["V07AB","растворитель","Натрия хлорид ","Натрия хлорид  растворитель для приг.лек.форм для инъекций 0,9%-10ml №10","ОМС","Да","уп.",275,"49,53",13620.75]
["V08Контрастные вещества",{"$nulls":8},{"v":0,"d":"0.00"}]
["V08AB02","рентгеноконтрастное средство","Йогексол","Омнипак раствор для инъекций 350mg/ml 100ml №10","ОМС","Да","уп",200,"19516,25",3903250]
["V08AB02","рентгеноконтрастное средство","Йогексол","Омнипак раствор для инъекций 350mg/ml 50ml №10","ОМС","Да","уп",330,"10343,62",3413394.6]
["V08AB02","рентгеноконтрастное средство","Йогексол","Омнипак раствор для инъекций 350mg/ml 50ml №10","ПЛАТ","Да","уп",8,"10343,62",82748.96]
["V08AB05","рентгеноконтрастное средство","Йопромид","Ультравист раствор для инъекций 300mg/ml 500ml №8","Бюджет","Да","уп",10,"80916,5",{"v":809165,"d":"809,165.00"}]
["V08AB05","рентгеноконтрастное средство","Йопромид","Ультравист раствор для инъекций 300mg/ml 500ml №8","ОМС","Да","уп",118,"80916,5",9548147]
["V08AB05","рентгеноконтрастное средство","Йопромид","Ультравист раствор для инъекций 300mg/ml 500ml №8","ПЛАТ","Да","уп",12,"80916,5",970998]
["V08BA02","рентгеноконтрастное средство","Бария сульфат","Бар-ВИПС порошок д/приг суспензии д/вн прим 240g №40","ОМС","Да","уп",8,"4015,5",32124]
["V08CA03","контрастное средство для МРТ","Гадодиамид","Омнискан раствор для в/в  вв 0,5mmol/ml 20ml №10","ОМС","Да","уп",231,"29453,02","6803647,62"]
["V08CA03","контрастное средство для МРТ","Гадодиамид","Омнискан раствор для в/в  вв 0,5mmol/ml 20ml №10","ПЛАТ","Да","уп",14,"29453,02","412342,28"]
[{"$nulls":9},{"$f":"SUBTOTAL(9,J1368:J1391)","v":{"v":1676356,"d":"1,676,356.00"}}]
["Прочие"]
["~ Диуретическое средство растительного происхождения"]
["~","диуретическое средство растительного происхождения","~","Канефрон Н драже №60","ОМС","Нет","уп",6,"704,85","4229,1"]
["~","диуретическое средство растительного происхождения","~","Канефрон Н драже №60","ПЛАТ","Нет","уп",9,"704,85","6343,65"]
["Экстемпоральная рецептура"]
["С1",null,"Натрия хлорид","Натрия хлорид субстанция-порошок кг","ОМС","Нет","кг",62,"166,5",10323]
["Э",null,"~","Антигриппин порошок для внутр. применения 1,04 г","Бюджет","Нет","пор.",50,"2,9",{"$f":"H1399*I1399","v":{"v":145,"d":"145.00"}}]
["Э",null,"~","Антигриппин порошок для внутр. применения 1,04 г","ОМС","Нет","пор.",8052,"2,9",{"$f":"H1400*I1400","v":23350.8}]
["Э",null,"~","Антигриппин порошок для внутр. применения 1,04 г","ПЛАТ","Нет","пор.",340,"2,9",986]
["Э",null,"~","Капли Морозова(сердечное)  капл д/пр внутрь 45 ml","Бюджет","Нет","фл",40,"32,18",{"v":1287.2,"d":"1,287.20"}]
["Э",null,"~","Капли Морозова(сердечное)  капл д/пр внутрь 45 ml","ОМС","Нет","фл",1213,"32,18",39034.34]
["Э",null,"~","Капли Морозова(сердечное)  капл д/пр внутрь 45 ml","ПЛАТ","Нет","фл",37,"32,18",1190.66]
["Э",null,"~","Краска ВГД  для измерения внутриглазного давл. 5,04g","ОМС","Нет","фл",608,"374,64",227781.12]
["Э",null,"~","Мазь Анестезиновая 5% мазь д/наружн прим 100g","ОМС","Нет","банка",5,"39,56",197.8]
["Э",null,"~","Мазь Ксероформная 10%  мазь д/наружн прим 100g","ОМС","Нет","банка",10,"96,91",969.0999999999999]
["Э",null,"~","Мазь Ланолиновая  мазь д/наружн прим 50g","ПЛАТ","Нет","банка",2,"49,37",98.74]
["Э",null,"~","Мазь Стрептоцидовая 10% мазь д/мест и наруж/пр 100g","ОМС","Нет","банка",5,"241,88",1209.4]
["Э",null,"~","Мазь в нос  мазь д/мест и наруж/пр 10g","Бюджет","Нет","банка",5,"10,38",{"v":51.900000000000006,"d":"51.90"}]
["Э",null,"~","Мазь в нос  мазь д/мест и наруж/пр 10g","ОМС","Нет","банка",60,"10,38",622.8000000000001]
["Э",null,"~","Мазь в нос  мазь д/мест и наруж/пр 10g","ПЛАТ","Нет","банка",5,"10,38",51.900000000000006]
["Э",null,"~","Масло вазелиновое масло для наружн. примненения 100g","ОМС","Нет","фл",66,"44,07",2908.62]
["Э",null,"~","Масло вазелиновое масло для наружн. примненения 100g","ПЛАТ","Нет","фл",20,"44,07",881.4]
["Э",null,"~","Микстура Кватера  микстура 400mll","Бюджет","Нет","фл",30,28,{"v":840,"d":"840.00"}]
["Э",null,"~","Микстура Кватера  микстура 400mll","ОМС","Нет","фл",2300,28,64400]
["Э",null,"~","Микстура Кватера  микстура 400mll","ПЛАТ","Нет","фл",120,28,3360]
["Э",null,"~","Настойка Боярышника (капли) капл д/пр внутрь 25g","ОМС","Нет","фл",30,"6,05",181.5]
["Э",null,"~","Настойка Боярышника (капли) капл д/пр внутрь 25g","ПЛАТ","Нет","фл",20,"6,05",121]
["Э",null,"~","Настойка Валерианы (капли) капл д/пр внутрь 25g","ОМС","Нет","фл",107,"11,38",1217.66]
["Э",null,"~","Настойка Валерианы (капли) капл д/пр внутрь 25g","ПЛАТ","Нет","фл",20,"11,38",227.60000000000002]
["Э",null,"~","Настойка Пустырника (капли) капл д/пр внутрь 25g","ОМС","Нет","фл",102,"7,38",752.76]
["Э",null,"~","Настойка Пустырника (капли) капл д/пр внутрь 25g","ПЛАТ","Нет","фл",20,"7,38",147.6]
["Э",null,"~","Порошок Глюкозы  порошок для внутр. применения 100g","ОМС","Нет","уп.",329,13,4277]
["Э",null,"~","Р-Р Магния сульфата 3%  раствор для ФТО 200ml","ОМС","Нет","фл",20,"1,51",30.2]
["Э",null,"~","Р-р Анальгина 2%  раствор для ФТО 200ml","ОМС","Нет","фл",20,"11,68",233.6]
["Э",null,"~","Р-р Борной кислоты 2%  р-р для наружного применения 400ml","ОМС","Нет","фл",1,"3,95",3.95]
["Э",null,"~","Р-р Йода спиртовый 5%  р-р для наружного применения 30ml","Б.Опк","Нет","фл",8,"29,3",234.4]
["Э",null,"~","Р-р Йода спиртовый 5%  р-р для наружного применения 30ml","Бюджет","Нет","фл",2,"29,3",{"v":58.6,"d":"58.60"}]
["Э",null,"~","Р-р Йода спиртовый 5%  р-р для наружного применения 30ml","ОМС","Нет","фл",323,"29,3",9463.9]
["Э",null,"~","Р-р Йода спиртовый 5%  р-р для наружного применения 30ml","ПЛАТ","Нет","фл",20,"29,3",586]
["Э",null,"~","Р-р Калия йодида 3%  раствор для ФТО 100ml","ОМС","Нет","фл",200,"24,98",4996]
["Э",null,"~","Р-р Калия йодида 3%  раствор для ФТО 200ml","ОМС","Нет","фл",30,"49,95",1498.5]
["Э",null,"~","Р-р Калия перманганата 0,05% р-р для наружного применения 20ml","ОМС","Нет","фл",110,"0,12",13.2]
["Э",null,"~","Р-р Калия перманганата 5%  р-р для наружного применения 50ml","Бюджет","Нет","фл",5,"35,52",{"v":177.60000000000002,"d":"177.60"}]
["Э",null,"~","Р-р Калия перманганата 5%  р-р для наружного применения 50ml","ОМС","Нет","фл",180,"35,52",6393.6]
["Э",null,"~","Р-р Калия перманганата 5%  р-р для наружного применения 50ml","ПЛАТ","Нет","фл",5,"35,52",177.60000000000002]
["Э",null,"~","Р-р Кальция хлорида 2%  раствор для ФТО 200ml","ОМС","Нет","фл",130,"2,22",288.6]
["Э",null,"~","Р-р Колларгола 2%  р-р для наружного применения 200ml","ОМС","Нет","фл",20,"745,92",14918.4]
["Э",null,"~","Р-р Колларгола 2%  р-р для наружного применения 200ml","ПЛАТ","Нет","фл",12,"745,92",8951.039999999999]
["Э",null,"~","Р-р Левомицетина 0,25%  раствор для ФТО 200ml","ОМС","Нет","фл",50,"3,66",183]
["Э",null,"~","Р-р Натрия тиосульфата 2%  раствор для ФТО 200ml","ОМС","Нет","фл",20,"0,93",18.6]
["Э",null,"~","Р-р Натрия хлорида 0,9%  р-р для наружного применения 3 l","Б.Опк","Нет","фл",48,"3,6",172.8]
["Э",null,"~","Р-р Натрия хлорида 0,9%  р-р для наружного применения 3 l","ОМС","Нет","фл",48,"3,6",172.8]
["Э",null,"~","Р-р Натрия хлорида 10%  р-р для наружного применения 3 l","ОМС","Нет","фл",30,"39,96",1198.8]
["Э",null,"~","Р-р Новокаина 2%  раствор для ФТО 200ml","ОМС","Нет","фл",80,"23,09",1847.2]
["Э",null,"~","Р-р Перекиси водорода 3%  р-р для наружного применения 200ml","ОМС","Нет","фл",1575,"4,8",7560]
["Э",null,"~","Р-р Перекиси водорода 3%  р-р для наружного применения 200ml","ПЛАТ","Нет","фл",5,"4,8",24]
["Э",null,"~","Р-р Перекиси водорода 3%  р-р для наружного применения 20ml","ОМС","Нет","фл",1321,"0,48",634.0799999999999]
["Э",null,"~","Р-р Перекиси водорода 3%  р-р для наружного применения 400ml","Б.Опк","Нет","фл",48,"9,54",457.91999999999996]
["Э",null,"~","Р-р Перекиси водорода 3%  р-р для наружного применения 400ml","ОМС","Нет","фл",2687,"9,54",25633.979999999996]
["Э",null,"~","Р-р Перекиси водорода 4%  р-р для дезинф 400ml","Б.Опк","Нет","фл",500,"12,69",6345]
["Э",null,"~","Р-р Перекиси водорода 4%  р-р для дезинф 400ml","ОМС","Нет","фл",2396,"12,69",30405.239999999998]
["Э",null,"~","Р-р Перекиси водорода 4%  р-р для дезинф 5 l","ОМС","Нет","канистра",20,"158,56",3171.2]
["Э",null,"~","Р-р Перекиси водорода 6%  р-р для дезинф 200ml","Б.Опк","Нет","фл",800,"9,55",7640.000000000001]
["Э",null,"~","Р-р Перекиси водорода 6%  р-р для дезинф 200ml","ОМС","Нет","фл",1480,"9,55",14134.000000000002]
["Э",null,"~","Р-р Перекиси водорода 6%  р-р для дезинф 400ml","Бюджет","Нет","фл",30,"19,09",{"v":572.7,"d":"572.70"}]
["Э",null,"~","Р-р Перекиси водорода 6%  р-р для дезинф 400ml","ОМС","Нет","фл",466,"19,09",8895.94]
["Э",null,"Формальдегид","Р-р Формалина 10%  р-р для наружного применения 200ml","ОМС","Нет","фл",240,"8,44",2025.6]
["Э",null,"~","Р-р Фурацилина 0,02%  р-р для наружного применения 400ml","ОМС","Нет","фл",9183,"0,81",7438.2300000000005]
["Э",null,"~","Р-р Фурацилина 0,02%  р-р для наружного применения 400ml","ПЛАТ","Нет","фл",6,"0,81",4.86]
["Э",null,"~","Р-р Хлоргексидина 0,02% асепт. р-р д/нар и местн прим 200ml","ОМС","Нет","фл",11340,"0,52",5896.8]
["Э",null,"~","Р-р Хлоргексидина 0,25%  р-р для наружного применения 200ml","Бюджет","Нет","фл",21,"6,52",136.92]
["Э",null,"~","Р-р Хлоргексидина 0,25%  р-р для наружного применения 200ml","ОМС","Нет","фл",1995,"6,52",{"$f":"H1464*I1464","v":13007.4}]
["Э",null,"~","Р-р Хлоргексидина 0,25%  р-р для наружного применения 400ml","ОМС","Нет","фл",1764,"13,04",23002.559999999998]
["Э",null,"Борная кислота","Кислота борная порошок для наруж примен(присыпка) 100g","ОМС","Нет","уп",34,"79,92",2717.28]
["Э",null,"Вазелин","Вазелин (мазь) мазь д/наружн прим 30g","ОМС","Нет","банка",188,"6,62",1244.56]
["Э",null,"Вазелин","Вазелин (мазь) мазь д/наружн прим 30g","ПЛАТ","Нет","банка",3,"6,62",19.86]
["Э",null,"Глицерол","Глицерин  р-р для наружного применения 50g","ОМС","Нет","фл",88,"27,53",2422.6400000000003]
["Э",null,"Калия хлорид","Р-р Калия хлорида 10%   стер. раствор для в/в  вв 200ml","Бюджет","Нет","фл",370,"7,9",{"v":2923,"d":"2,923.00"}]
["Э",null,"Калия хлорид","Р-р Калия хлорида 10%   стер. раствор для в/в  вв 200ml","ОМС","Нет","фл",2260,"7,9",17854]
["Э",null,"Кальция хлорид","Р-р Кальция хлорида 1%  стер. раствор для инъекций 200ml","ОМС","Нет","фл",310,"1,12",347.20000000000005]
["Э",null,"Ксероформ ","Ксероформ (присыпка) порошок для наруж примен(присыпка) 10g","ОМС","Нет","уп.",75,"77,03",5777.25]
["Э",null,"Мяты перечной листьев масло+Фенобарбитал+Этилбромизовалерианат","Корвалол (капли) капл д/пр внутрь 25g","Б.Опк","Нет","фл",2,"33,85",67.7]
["Э",null,"Мяты перечной листьев масло+Фенобарбитал+Этилбромизовалерианат","Корвалол (капли) капл д/пр внутрь 25g","Бюджет","Нет","фл",8,"33,85",{"v":270.8,"d":"270.80"}]
["Э",null,"Мяты перечной листьев масло+Фенобарбитал+Этилбромизовалерианат","Корвалол (капли) капл д/пр внутрь 25g","ОМС","Нет","фл",132,"33,85",4468.2]
["Э",null,"Мяты перечной листьев масло+Фенобарбитал+Этилбромизовалерианат","Корвалол (капли) капл д/пр внутрь 25g","ПЛАТ","Нет","фл",20,"33,85",677]
["Э",null,"Натрия гидрокарбонат","Р-р Натрия гидрокарбоната 3% стер. раствор для в/в  вв 150ml","ОМС","Нет","фл",1100,"0,94",1034]
["Э",null,"Натрия хлорид","Р-р Натрия хлорида 0,9%  стер. раствор для инфузий 150ml","ОМС","Нет","фл",400,"0,22",88]
["Э",null,"Натрия хлорид","Р-р Натрия хлорида 10%  стер. раствор для инъекций 150ml","ОМС","Нет","фл",967,2,1934]
["Э",null,"Нитрофурал","Р-р Фурацилина 0,02%  изот. стер. р-р для наружного применения 350ml","Бюджет","Нет","фл",50,"1,13",{"v":56.49999999999999,"d":"56.50"}]
["Э",null,"Нитрофурал","Р-р Фурацилина 0,02%  изот. стер. р-р для наружного применения 350ml","ОМС","Нет","фл",1830,"1,13","2067,9"]
["Э",null,"Парафин жидкий","Масло вазелиновое  стер. масло для наружн. примненения 5g","ОМС","Нет","фл",8462,"2,43","19493,46"]
["Э",null,"Парафин жидкий","Масло вазелиновое  стер. масло для наружн. примненения 5g","ПЛАТ","Нет","фл",20,"2,43","48,6"]
["Э",null,"Тальк","Тальк (присыпка) порошок для наруж примен(присыпка) 100g","ОМС","Нет","уп",6,"14,43","86,58"]
["Э",null,"Формальдегид","Р-р Формалина 10% р-р для наружного применения 5 l","ОМС","Нет","канистра",125,"231,99","28998,75"]
[{"$nulls":9},{"$f":"SUBTOTAL(9,J1398:J1486)","v":{"v":6520.22,"d":"6,520.22"}}]
[]
["Итого",{"$nulls":8},{"$f":"J224+J421+J676+J759+J789+J912+J981+J1210+J1295+J1361+J1392+J1487","v":{"v":9817721.3724,"d":"9,817,721.37"}}]
[]
["Всего запланировано к закупке 235 наименований лекарственных препаратов на общую сумму 9 817 721,37 руб."]
[]
["Согласовано:",null,null,"."]
["Заместитель главного врача по экономическим вопросам",{"$nulls":6},"Заикина Е.В."]
[{"$nulls":3},"."]
["Главный бухгалтер",null,null,".",{"$nulls":3},"Титова З.А."]
[{"$nulls":3},"."]
["Заместитель главного врача",null,null,".",{"$nulls":3},"Мотущук Е.А."]
[{"$nulls":3},"."]
["Председатель ФТК: заместитель главного врача по терапии",{"$nulls":6},"Нестерко А.О."]
[{"$nulls":3},"."]
["Секретарь: заведующая аптекой",null,null,".",{"$nulls":3},"Козлова Н.В."]
[{"$nulls":3},"."]
["Члены ФТК:","заместитель главного врача по ЭВН",{"$nulls":5},"Руденко Д.И."]
[{"$nulls":3},"."]
[null,"заместитель главного врача по офтальмологии",{"$nulls":5},"Николаенко В.П."]
[{"$nulls":3},"."]
[null,"заведующий терапевтическим отделением",{"$nulls":5},"Петров А.Л."]
[{"$nulls":3},"."]
[null,"клинический фармаколог",{"$nulls":5},"Гомон Ю.М."]
[]
[null,"заведующий отделением кардиологии № 2",{"$nulls":5},"Иконников П.П."]
[{"$nulls":3},"."]
[null,"заведующая отделением эндокринологии",{"$nulls":5},"Орлова В.Л."]
[{"$nulls":3},"."]
[null,"заведующая отделением переливания крови",{"$nulls":5},"Никитова И.С"]
[{"$nulls":3},"."]
[null,"заведующая отделением гастроэнтерологии",{"$nulls":5},"Кашерининова И.И."]
[{"$nulls":3},"."]
[null,"заведующий КОИТ",null,".",{"$nulls":3},"Шорохов К.Н."]
[{"$nulls":3},"."]
[null,"заведующий отделением общей хирургии",{"$nulls":5},"Олейник В.В."]
[{"$nulls":3},"."]
[null,"заведующий отделением анестезиологии",{"$nulls":5},"Бояркин А.А."]
[{"$nulls":3},"."]
[null,"заведующий отделением неврологии №1",{"$nulls":5},"Голиков К.В."]
[]
[null,"заведующая отделением неврологии №3",{"$nulls":5},"Стучевская Т.Р."]
[]
[null,"заведующая офтальмологическим КДО",{"$nulls":5},"Терехова И.В."]
[]
[null,"заведующий ОРИТ № 1",{"$nulls":5},"Сорокин М.Ф."]
[]
[null,"заведующий ОРИТ № 2",{"$nulls":5},"Нефедов А.В."]

{"sheet":"Бюдж.ОПК","index":4,"n_rows":1486,"n_cols":10,"rows_kept":1486,"merged":[[9,0,9,8],[12,0,12,9],[217,0,217,9],[411,0,411,9],[736,0,736,9],[947,0,947,9],[1172,0,1172,9],[1345,0,1345,9],[1445,0,1445,5],[1451,0,1451,5],[1455,1,1455,5],[1459,1,1459,5],[1463,1,1463,5],[1465,1,1465,5],[1473,1,1473,5],[1475,1,1475,5],[1483,1,1483,5],[1485,1,1485,5]]}
[{"$nulls":7},"\"Утверждаю\""]
[{"$nulls":7},"Главный врач СПб ГБУЗ ГМПБ №2"]
[{"$nulls":7},"Волчков В.А."]
[]
[{"$nulls":7},"______________________________"]
[{"$nulls":7},"\"30 мая 2019 года"]
[]
[]
[]
["ФОРМУЛЯРНЫЙ ПЕРЕЧЕНЬ ЛЕКАРСТВЕННЫХ ПРЕПАРАТОВ НА 2020 ГОД"]
[{"$nulls":3},"БЮДЖЕТ опк"]
["АТХ","Группа","МНН","Название","ИФ","ЖНиВЛП","Ед.изм","Кол-во","Цена","Сумма"]
["A Пищеварительный тракт и обмен веществ "]
["A01AB11","противомикробное средство","Метронидазол + Хлоргексидин","Метрогил Дента гель стоматологический 20g №1","ПЛАТ","Нет","уп",20,"281,59","5631,8"]
["A01AD11","НПВП","Холина салицилат + Цеталкония хлорид","Холисал гель стоматологический 10g","ПЛАТ","Нет","уп",25,"417,43","10435,75"]
["A01AВ11","противовоспалительное средство растительного происхождения","~","Стоматофит экстракт для местного применения, [жидкий] 100ml","ПЛАТ","Нет","уп",20,"319,28","6385,6"]
["A02BA03","желез желудка секрецию понижающее средство - H2-гистаминовых рецепторов блокатор","Фамотидин","Фамотидин лиоф д/пр р-ра д/в/в вв 20mg+5ml №5","Бюджет","Да","уп",271,"310,43","84126,53"]
["A02BA03","желез желудка секрецию понижающее средство - H2-гистаминовых рецепторов блокатор","Фамотидин","Фамотидин лиоф д/пр р-ра д/в/в вв 20mg+5ml №5","ОМС","Да","уп",2453,"310,43","761484,79"]
["A02BA03","желез желудка секрецию понижающее средство - H2-гистаминовых рецепторов блокатор","Фамотидин","Фамотидин лиоф д/пр р-ра д/в/в вв 20mg+5ml №5","ПЛАТ","Да","уп",128,"310,43","39735,04"]
["A02BA03","желез желудка секрецию понижающее средство - H2-гистаминовых рецепторов блокатор","Фамотидин","Фамотидин табл п/п/о 20mg №20","Бюджет","Да","уп",20,"23,33","466,6"]
["A02BA03","желез желудка секрецию понижающее средство - H2-гистаминовых рецепторов блокатор","Фамотидин","Фамотидин табл п/п/о 20mg №20","ОМС","Да","уп",395,"23,33","9215,35"]
["A02BA03","желез желудка секрецию понижающее средство - H2-гистаминовых рецепторов блокатор","Фамотидин","Фамотидин табл п/п/о 20mg №20","ПЛАТ","Да","уп",8,"23,33","186,64"]
["A02BA03","желез желудка секрецию понижающее средство - H2-гистаминовых рецепторов блокатор","Фамотидин","Фамотидин табл п/п/о 20mg №30","Бюджет","Да","уп",100,"34,43",3443]
["A02BA03","желез желудка секрецию понижающее средство - H2-гистаминовых рецепторов блокатор","Фамотидин","Фамотидин табл п/п/о 20mg №30","ОМС","Да","уп",2218,"34,43","76365,74"]
["A02BA03","желез желудка секрецию понижающее средство - H2-гистаминовых рецепторов блокатор","Фамотидин","Фамотидин табл п/п/о 20mg №30","ПЛАТ","Да","уп",25,"34,43","860,75"]
["A02BC01","желез желудка секрецию понижающее средство - протонного насоса ингибитор","Омепразол","Омез лиоф-т д/пригот р-ра д/инф 40mg №1","Бюджет","Да","уп",50,"150,3",7515]
["A02BC01","желез желудка секрецию понижающее средство - протонного насоса ингибитор","Омепразол","Омез лиоф-т д/пригот р-ра д/инф 40mg №1","ОМС","Да","уп",1225,"150,3","184117,5"]
["A02BC01","желез желудка секрецию понижающее средство - протонного насоса ингибитор","Омепразол","Омез лиоф-т д/пригот р-ра д/инф 40mg №1","ПЛАТ","Да","уп",108,"150,3","16232,4"]
["A02BC01","желез желудка секрецию понижающее средство - протонного насоса ингибитор","Омепразол","Омепразол капс к/раст 20mg №30","Бюджет","Да","уп",115,"32,94","3788,1"]
["A02BC01","желез желудка секрецию понижающее средство - протонного насоса ингибитор","Омепразол","Омепразол капс к/раст 20mg №30","ОМС","Да","уп",4968,"32,94","163645,92"]
["A02BC01","желез желудка секрецию понижающее средство - протонного насоса ингибитор","Омепразол","Омепразол капс к/раст 20mg №30","ПЛАТ","Да","уп",210,"32,94","6917,4"]
["A02BC01","желез желудка секрецию понижающее средство - протонного насоса ингибитор","Омепразол","Омепразол лиоф-т д/пригот р-ра д/инф 40mg №1","ОМС","Да","уп",101,"272,26","27498,26"]
["A02BC01","желез желудка секрецию понижающее средство - протонного насоса ингибитор","Омепразол","Ультоп капсулы 40mg №28","ОМС","Да","уп",19,"525,44","9983,36"]
["A02BC01","желез желудка секрецию понижающее средство - протонного насоса ингибитор","Омепразол","Ультоп капсулы 40mg №28","ПЛАТ","Да","уп",21,"525,44","11034,24"]
["А02BC02","желез желудка секрецию понижающее средство - протонного насоса ингибитор","Пантопразол","Нольпаза лиоф д/пр р-ра д/в/в вв 40mg №1","ОМС","Нет","уп",50,"301,45","15072,5"]
["А02BC02","желез желудка секрецию понижающее средство - протонного насоса ингибитор","Пантопразол","Нольпаза лиоф д/пр р-ра д/в/в вв 40mg №1","ПЛАТ","Нет","уп",61,"301,45","18388,45"]
["А02BC02","желез желудка секрецию понижающее средство - протонного насоса ингибитор","Пантопразол","Нольпаза табл п/к/р/о 40mg №14","ОМС","Нет","уп",298,"184,04","54843,92"]
["А02BC02","желез желудка секрецию понижающее средство - протонного насоса ингибитор","Пантопразол","Нольпаза табл п/к/р/о 40mg №14","ПЛАТ","Нет","уп",20,"184,04","3680,8"]
["A02BC04","желез желудка секрецию понижающее средство - протонного насоса ингибитор","Рабепразол","Зульбекс табл к/р п/п/о 20mg №28","ОМС","Нет","уп",20,1680,33600]
["A02BC04","желез желудка секрецию понижающее средство - протонного насоса ингибитор","Рабепразол","Зульбекс табл к/р п/п/о 20mg №28","ПЛАТ","Нет","уп",8,1680,13440]
["A02BC04","желез желудка секрецию понижающее средство - протонного насоса ингибитор","Рабепразол","Рабепразол-СЗ капсулы 20mg №28","ОМС","Нет","уп",20,"427,53","8550,6"]
["A02BC05","желез желудка секрецию понижающее средство - протонного насоса ингибитор","Эзомепразол","Эманера капс к/раст 20mg №14","ОМС","Да","уп",55,"242,17","13319,35"]
["A02BC05","желез желудка секрецию понижающее средство - протонного насоса ингибитор","Эзомепразол","Эманера капс к/раст 20mg №14","ПЛАТ","Да","уп",25,"242,17","6054,25"]
["A02BC05","желез желудка секрецию понижающее средство - протонного насоса ингибитор","Эзомепразол","Эманера капс к/раст 40mg №28","ОМС","Да","уп",29,"727,99","21111,71"]
["A02BC05","желез желудка секрецию понижающее средство - протонного насоса ингибитор","Эзомепразол","Эманера капс к/раст 40mg №28","ПЛАТ","Да","уп",15,"727,99","10919,85"]
["A02BX","рефлюкс-эзофагита средство лечения","~","Гевискон Форте суспензия д/ приема внутрь (в компл.мерн.лож) 150ml №1","ОМС","Нет","уп",10,"346,8",3468]
["A02BX","рефлюкс-эзофагита средство лечения","~","Гевискон Форте суспензия д/ приема внутрь (в компл.мерн.лож) 150ml №1","ПЛАТ","Нет","уп",5,"346,8",1734]
["A02BX05","антисептическое кишечное и вяжущее средство","Висмута трикалия дицитрат","Висмута трикалия дицитрат табл п/п/о 120mg № 56","ОМС","Да","уп",73,"440,62","32165,26"]
["A02BX05","антисептическое кишечное и вяжущее средство","Висмута трикалия дицитрат","Висмута трикалия дицитрат табл п/п/о 120mg № 56","ПЛАТ","Да","уп",15,"440,62","6609,3"]
["A02BX05","антисептическое кишечное и вяжущее средство","Висмута трикалия дицитрат","Улькавис табл п/п/о 120mg № 56","ПЛАТ","Да","уп",5,"413,7","2068,5"]
["A02АХ","антацидное средство","Алгелдрат+Магния гидроксид","Алмагель суспензия д/ приема внутрь (в компл.мерн.лож) 170ml","ОМС","Нет","уп",53,"266,66","14132,98"]
["A02АХ","антацидное средство","Алгелдрат+Магния гидроксид","Алмагель суспензия д/ приема внутрь (в компл.мерн.лож) 170ml","ПЛАТ","Нет","уп",2,"266,66","533,32"]
["A03Препараты для лечения функциональных нарушений со стороны ЖКТ"]
["A03AA","м-холиноблокатор","Платифиллин","Платифиллина гидротартрат раствор для п/к вв 2mg/ml 1ml №10","ОМС","Да","уп",241,"69,75","16809,75"]
["A03AA","м-холиноблокатор","Платифиллин","Платифиллина гидротартрат раствор для п/к вв 2mg/ml 1ml №10","ПЛАТ","Да","уп",26,"69,75","1813,5"]
["A03AA04","спазмолитическое средство","Мебеверин","Спарекс капс пролонг/д-я 200mg №30","ОМС","Да","уп",165,"514,84","84948,6"]
["A03AA04","спазмолитическое средство","Мебеверин","Спарекс капс пролонг/д-я 200mg №30","ПЛАТ","Да","уп",45,"514,84","23167,8"]
["A03AD01","спазмолитическое средство","Папаверин","Папаверина гидрохлорид раствор для инъекций 20mg/ml 2ml №10","Б.Опк","Нет","уп",2,"273,06",{"$f":"H58*I58","v":546.12}]
["A03AD01","спазмолитическое средство","Папаверин","Папаверина гидрохлорид раствор для инъекций 20mg/ml 2ml №10","Бюджет","Нет","уп",30,"273,06","8191,8"]
["A03AD01","спазмолитическое средство","Папаверин","Папаверина гидрохлорид раствор для инъекций 20mg/ml 2ml №10","ОМС","Нет","уп",315,"273,06","86013,9"]
["A03AD01","спазмолитическое средство","Папаверин","Папаверина гидрохлорид раствор для инъекций 20mg/ml 2ml №10","ПЛАТ","Нет","уп",10,"273,06","2730,6"]
["A03AD02","спазмолитическое средство","Дротаверин","Дротаверин раствор для инъекций 20mg/ml 2ml №10","Бюджет","Да","уп",105,"59,01","6196,05"]
["A03AD02","спазмолитическое средство","Дротаверин","Дротаверин раствор для инъекций 20mg/ml 2ml №10","ОМС","Да","уп",3134,"59,01","184937,34"]
["A03AD02","спазмолитическое средство","Дротаверин","Дротаверин раствор для инъекций 20mg/ml 2ml №10","ПЛАТ","Да","уп",58,"59,01","3422,58"]
["A03AD02","спазмолитическое средство","Дротаверин","Дротаверин табл 40mg №100","Бюджет","Да","уп",2,"58,25","116,5"]
["A03AD02","спазмолитическое средство","Дротаверин","Дротаверин табл 40mg №100","ОМС","Да","уп",430,"58,25","25047,5"]
["A03AD02","спазмолитическое средство","Дротаверин","Дротаверин табл 40mg №100","ПЛАТ","Да","уп",23,"58,25","1339,75"]
["A03AD02","спазмолитическое средство","Дротаверин","Дротаверин табл 40mg №20","ОМС","Да","уп",57,"30,12","1716,84"]
["A03AD02","спазмолитическое средство","Дротаверин","Дротаверин табл 40mg №20","ПЛАТ","Да","уп",5,"30,12","150,6"]
["A03BA01","м-холиноблокатор","Атропин","Атропин капли глазные 1% 5ml","ОМС","Да","уп",63,"52,27","3241,41"]
["A03BA01","м-холиноблокатор","Атропин","Атропин капли глазные 1% 5ml","ПЛАТ","Да","уп",4,"52,27","209,08"]
["A03BA01","м-холиноблокатор","Атропин","Атропин раствор для инъекций 1mg/ml 1ml №5","ОМС","Да","уп",897,"12,01","10772,97"]
["A03BA01","м-холиноблокатор","Атропин","Атропин раствор для инъекций 1mg/ml 1ml №5","ПЛАТ","Да","уп",2,"12,01","24,02"]
["A03BA01","м-холиноблокатор","Атропин","Атропина сульфат раствор для инъекций 1mg/ml 1ml №10","ОМС","Да","уп",1544,"28,39","43834,16"]
["A03FA01","противорвотное средство - дофаминовых рецепторов блокатор центральный","Метоклопрамид","Метоклопрамид раствор для в/в и в/м вв 5mg/ml 2ml №10","Бюджет","Да","уп",49,"123,89","6070,61"]
["A03FA01","противорвотное средство - дофаминовых рецепторов блокатор центральный","Метоклопрамид","Метоклопрамид раствор для в/в и в/м вв 5mg/ml 2ml №10","ОМС","Да","уп",1543,"123,89","191162,27"]
["A03FA01","противорвотное средство - дофаминовых рецепторов блокатор центральный","Метоклопрамид","Метоклопрамид раствор для в/в и в/м вв 5mg/ml 2ml №10","ПЛАТ","Да","уп",72,"123,89","8920,08"]
["A03FA01","противорвотное средство - дофаминовых рецепторов блокатор центральный","Метоклопрамид","Метоклопрамид табл 10mg №50","ОМС","Да","уп",69,"26,79","1848,51"]
["A03FA01","противорвотное средство - дофаминовых рецепторов блокатор центральный","Метоклопрамид","Метоклопрамид табл 10mg №50","ПЛАТ","Да","уп",3,"26,79","80,37"]
["А04АА01","противорвотное средство - серотониновых рецепторов антагонист","Ондансетрон","Латран раствор для в/в и в/м вв 2mg/ml 2ml №5","Бюджет","Да","уп",10,"456,12","4561,2"]
["А04АА01","противорвотное средство - серотониновых рецепторов антагонист","Ондансетрон","Латран раствор для в/в и в/м вв 2mg/ml 2ml №5","ОМС","Да","уп",90,"456,12","41050,8"]
["А04АА01","противорвотное средство - серотониновых рецепторов антагонист","Ондансетрон","Латран раствор для в/в и в/м вв 2mg/ml 2ml №5","ПЛАТ","Да","уп",21,"456,12","9578,52"]
["А05АА02","гепатопротекторное средство","Урсодезоксихолевая кислота","Урсодезоксихолевая кислота капсулы 250mg №50","ОМС","Да","уп",32,"571,14","18276,48"]
["А05АА02","гепатопротекторное средство","Урсодезоксихолевая кислота","Урсодезоксихолевая кислота капсулы 250mg №50","ПЛАТ","Да","уп",8,"571,14","4569,12"]
["A05BA","гипоазотемическое средство","Орнитин","Гепа-Мерц гран д/р-ра перор 5g №30","Бюджет","Нет","уп",2,"2095,42","4190,84"]
["A05BA","гипоазотемическое средство","Орнитин","Гепа-Мерц гран д/р-ра перор 5g №30","ОМС","Нет","уп",15,"2095,42","31431,3"]
["A05BA","гипоазотемическое средство","Орнитин","Гепа-Мерц гран д/р-ра перор 5g №30","ПЛАТ","Нет","уп",10,"2095,42","20954,2"]
["A05BA","метаболическое средство","Инозин+Меглюмин+Метионин+Никотинамид+Янтарная кислота","Ремаксол раствор для инфузий 400ml №1","Бюджет","Да","уп",90,"398,47","35862,3"]
["A05BA","метаболическое средство","Инозин+Меглюмин+Метионин+Никотинамид+Янтарная кислота","Ремаксол раствор для инфузий 400ml №1","ОМС","Да","уп",160,"398,47","63755,2"]
["A05BA","метаболическое средство","Инозин+Меглюмин+Метионин+Никотинамид+Янтарная кислота","Ремаксол раствор для инфузий 400ml №1","ПЛАТ","Да","уп",100,"398,47",39847]
["A06AA01","слабительное средство","Парафин жидкий","Вазелиновое масло масло д/приема внутрь 25ml","ОМС","Нет","уп",273,"36,63","9999,99"]
["A06AA01","слабительное средство","Парафин жидкий","Вазелиновое масло масло д/приема внутрь 25ml","ПЛАТ","Нет","уп",30,"36,63","1098,9"]
["A06AB02","слабительное средство","Бисакодил","Бисакодил табл п/к/р/о 5mg №30","ОМС","Да","уп",135,"20,96","2829,6"]
["A06AB02","слабительное средство","Бисакодил","Бисакодил табл п/к/р/о 5mg №30","ПЛАТ","Да","уп",2,"20,96","41,92"]
["A06AB02","слабительное средство","Бисакодил","Бисакодил-Нижфарм  супп рект 10mg №10","ОМС","Да","уп",65,"42,62","2770,3"]
["A06AB02","слабительное средство","Бисакодил","Бисакодил-Нижфарм  супп рект 10mg №10","ПЛАТ","Да","уп",8,"42,62","340,96"]
["А06АВ06","слабительное средство растительного происхождения","Сеннозиды А и В","Сенадексин  табл №20","ОМС","Да","уп",354,"15,84","5607,36"]
["А06АВ06","слабительное средство растительного происхождения","Сеннозиды А и В","Сенадексин  табл №20","ПЛАТ","Да","уп",3,"15,84","47,52"]
["A06AD11","слабительное средство","Лактулоза","Нормазе сироп 667mg/ml 200ml","ОМС","Да","уп",107,"278,3","29778,1"]
["A06AD11","слабительное средство","Лактулоза","Порталак сироп 667mg/ml 500ml","ОМС","Да","уп",7,"398,47","2789,29"]
["A06AD11","слабительное средство","Лактулоза","Порталак сироп 667mg/ml 500ml","ПЛАТ","Да","уп",11,"398,47","4383,17"]
["A06AD15","слабительное средство","Макрогол","Фортранс порошок д/приг суспензии д/вн прим 64g №4","ПЛАТ","Да","уп",83,"517,38","42942,54"]
["A06АВ05","слабительное средство растительного происхождения","~","Касторовое масло масло д/приема внутрь 30ml","ОМС","Нет","уп",125,"36,63","4578,75"]
["A07AA11","антибиотик-рифамицин","Рифаксимин","Альфа Нормикс табл п/п/о 200mg №12","ОМС","Нет","уп",70,"1069,34","74853,8"]
["A07AA11","антибиотик-рифамицин","Рифаксимин","Альфа Нормикс табл п/п/о 200mg №12","ПЛАТ","Нет","уп",20,"1069,34","21386,8"]
["A07AX03","противомикробное средство - нитрофуран","Нифуроксазид","Экофурил капсулы 200mg №16","ОМС","Нет","уп",20,"459,56","9191,2"]
["A07AX03","противомикробное средство - нитрофуран","Нифуроксазид","Экофурил капсулы 200mg №16","ПЛАТ","Нет","уп",15,"459,56","6893,4"]
["A07BA01","энтеросорбирующее средство","Уголь активированный","Уголь активированный табл 250mg №10","ОМС","Нет","уп",408,"4,33","1766,64"]
["A07BA01","энтеросорбирующее средство","Уголь активированный","Уголь активированный табл 250mg №10","ПЛАТ","Нет","уп",20,"4,33","86,6"]
["A07BC05","противодиарейное средство","Диосмектит","Неосмектин порошок д/приг суспензии д/вн прим 3g №30","ОМС","Да","уп",33,"341,55","11271,15"]
["A07BC05","противодиарейное средство","Диосмектит","Неосмектин порошок д/приг суспензии д/вн прим 3g №30","ПЛАТ","Да","уп",20,"341,55",6831]
["A07DA03","противодиарейное средство","Лоперамид","Лоперамид табл 2mg №10","ОМС","Да","уп",35,"25,06","877,1"]
["A07DA03","противодиарейное средство","Лоперамид","Лоперамид табл 2mg №20","ОМС","Да","уп",251,"27,21","6829,71"]
["A07DA03","противодиарейное средство","Лоперамид","Лоперамид табл 2mg №20","ПЛАТ","Да","уп",14,"27,21","380,94"]
["A07EC02","противомикробное и противовоспалительное кишечное средство","Сульфасалазин","Сульфасалазин-ЕН  табл п/к/р/о 500mg №50","ОМС","Да","уп",20,"359,34","7186,8"]
["A07EC02","противомикробное и противовоспалительное кишечное средство","Сульфасалазин","Сульфасалазин-ЕН  табл п/к/р/о 500mg №50","ПЛАТ","Да","уп",3,"359,34","1078,02"]
["A07FA","средство, нормализующее микрофлору кишечника","~","Хилак Форте капл д/пр внутрь 100ml №1","ПЛАТ","Нет","уп",15,"565,48","8482,2"]
["A07FA","эубиотик","Бифидобактерии бифидум","Бифидумбактерин  лиоф д/приг р-ра д/приема внутрь и мест прим 5dosis №10","ОМС","Да","уп",12,"86,51","1038,12"]
["A07FA","эубиотик","Бифидобактерии лонгум+Энтерококкус фециум","Бифиформ капс к/раст №30","ОМС","Нет","уп",42,"615,87","25866,54"]
["A07FA","эубиотик","Бифидобактерии лонгум+Энтерококкус фециум","Бифиформ капс к/раст №30","ПЛАТ","Нет","уп",49,"615,87","30177,63"]
["A07FA02","противодиарейное средство","Сахаромицеты Boulardii","Энтерол капсулы 250mg №30","ОМС","Нет","уп",60,"570,54","34232,4"]
["A07FA02","противодиарейное средство","Сахаромицеты Boulardii","Энтерол капсулы 250mg №30","ПЛАТ","Нет","уп",20,"570,54","11410,8"]
["A07FA51","эубиотик","~","Линекс капс №16","ОМС","Нет","уп",10,"394,94","3949,4"]
["A07FA51","эубиотик","~","Линекс капс №16","ПЛАТ","Нет","уп",2,"394,94","789,88"]
["А09АА02","пищеварительное ферментное средство","Панкреатин","Креон 25000 капс к/раст 300mg №20","ОМС","Да","уп",55,"562,03","30911,65"]
["А09АА02","пищеварительное ферментное средство","Панкреатин","Креон 25000 капс к/раст 300mg №20","ПЛАТ","Да","уп",45,"562,03","25291,35"]
["А09АА02","пищеварительное ферментное средство","Панкреатин","Мезим форте 10000 табл п/к/р/о  №20","ОМС","Да","уп",758,"180,66","136940,28"]
["А09АА02","пищеварительное ферментное средство","Панкреатин","Мезим форте 10000 табл п/к/р/о  №20","ПЛАТ","Да","уп",142,"180,66","25653,72"]
["А09АА02","пищеварительное ферментное средство","Панкреатин","Микразим капсулы 25000 ЕД №50","ОМС","Да","уп",326,"792,55","258371,3"]
["А09АА02","пищеварительное ферментное средство","Панкреатин","Микразим капсулы 25000 ЕД №50","ПЛАТ","Да","уп",54,"792,55","42797,7"]
["А09АА02","пищеварительное ферментное средство","Панкреатин","Микразим капсулы 40000 EД №50","ОМС","Да","уп",4,"1516,61","6066,44"]
["А09АА02","пищеварительное ферментное средство","Панкреатин","Микразим капсулы 40000 EД №50","ПЛАТ","Да","уп",4,"1516,61","6066,44"]
["A10AB01","гипогликемическое средство - инсулин короткого действия","Инсулин растворимый [человеческий генно-инженерный]","Инсуман Рапид ГТ раствор для инъекций 100МЕ/ml 3ml №5","Бюджет","Да","уп",5,"1120,14","5600,7"]
["A10AB01","гипогликемическое средство - инсулин короткого действия","Инсулин растворимый [человеческий генно-инженерный]","Инсуман Рапид ГТ раствор для инъекций 100МЕ/ml 3ml №5","ОМС","Да","уп",43,"1120,14","48166,02"]
["A10AB01","гипогликемическое средство - инсулин короткого действия","Инсулин растворимый [человеческий генно-инженерный]","Инсуман Рапид ГТ раствор для инъекций 100МЕ/ml 3ml №5","ПЛАТ","Да","уп",3,"1120,14","3360,42"]
["A10AB01","гипогликемическое средство - инсулин короткого действия","Инсулин растворимый [человеческий генно-инженерный]","Росинсулин Р раствор для инъекций 100МЕ/ml 3ml №5","Бюджет","Да","уп",5,"1516,57","7582,85"]
["A10AB01","гипогликемическое средство - инсулин короткого действия","Инсулин растворимый [человеческий генно-инженерный]","Росинсулин Р раствор для инъекций 100МЕ/ml 3ml №5","ОМС","Да","уп",47,"1516,57","71278,79"]
["A10AB01","гипогликемическое средство - инсулин короткого действия","Инсулин растворимый [человеческий генно-инженерный]","Росинсулин Р раствор для инъекций 100МЕ/ml 5ml №5","Бюджет","Да","уп",14,"1085,06","15190,84"]
["A10AB01","гипогликемическое средство - инсулин короткого действия","Инсулин растворимый [человеческий генно-инженерный]","Росинсулин Р раствор для инъекций 100МЕ/ml 5ml №5","ОМС","Да","уп",116,"1085,06","125866,96"]
["A10AB01","гипогликемическое средство - инсулин короткого действия","Инсулин растворимый [человеческий генно-инженерный]","Росинсулин Р раствор для инъекций 100МЕ/ml 5ml №5","ПЛАТ","Да","уп",2,"1085,06","2170,12"]
["A10AB01","гипогликемическое средство - инсулин короткого действия","Инсулин растворимый [человеческий генно-инженерный]","Росинсулин Р раствор для п/к вв 100ME/ml 5ml №5","ОМС","Да","уп",47,"1043,32","49036,04"]
["A10AC01","гипогликемическое средство - инсулин средней продолжительности действия","Инсулин-изофан","Росинсулин С суспензия для п/к вв 100ME/ml 5ml №5","Бюджет","Да","уп",8,"1046,36","8370,88"]
["A10AC01","гипогликемическое средство - инсулин средней продолжительности действия","Инсулин-изофан","Росинсулин С суспензия для п/к вв 100ME/ml 5ml №5","ОМС","Да","уп",134,"1046,36","140212,24"]
["A10AC01","гипогликемическое средство - инсулин средней продолжительности действия","Инсулин-изофан","Росинсулин С суспензия для п/к вв 100ME/ml 5ml №5","ПЛАТ","Да","уп",2,"1046,36","2092,72"]
["A10AЕ04","гипогликемическое средство - инсулина длительного действия аналог","Инсулин гларгин","Туджео СолоСтар р-р для п/к введ, картриджи в шприц-ручках СолоСтар 300ME/ml 1,5ml №3","Бюджет","Да","уп",12,"3208,15","38497,8"]
["A10AЕ04","гипогликемическое средство - инсулина длительного действия аналог","Инсулин гларгин","Туджео СолоСтар р-р для п/к введ, картриджи в шприц-ручках СолоСтар 300ME/ml 1,5ml №3","ОМС","Да","уп",145,"3208,15","465181,75"]
["A10AЕ04","гипогликемическое средство - инсулина длительного действия аналог","Инсулин гларгин","Туджео СолоСтар р-р для п/к введ, картриджи в шприц-ручках СолоСтар 300ME/ml 1,5ml №3","ПЛАТ","Да","уп",9,"3208,15","28873,35"]
["A10BA02","гипогликемическое средство для перорального применения группы бигуанидов","Метформин","Форметин табл 0,5g №60","Бюджет","Да","уп",3,"93,43","280,29"]
["A10BA02","гипогликемическое средство для перорального применения группы бигуанидов","Метформин","Форметин табл 0,5g №60","ОМС","Да","уп",93,"93,43","8688,99"]
["A10BA02","гипогликемическое средство для перорального применения группы бигуанидов","Метформин","Форметин табл 0,5g №60","ПЛАТ","Да","уп",7,"93,43","654,01"]
["A10BA02","гипогликемическое средство для перорального применения группы бигуанидов","Метформин","Форметин табл 0,85g №60","Бюджет","Да","уп",5,"180,33","901,65"]
["A10BA02","гипогликемическое средство для перорального применения группы бигуанидов","Метформин","Форметин табл 0,85g №60","ОМС","Да","уп",252,"180,33","45443,16"]
["A10BA02","гипогликемическое средство для перорального применения группы бигуанидов","Метформин","Форметин табл 0,85g №60","ПЛАТ","Да","уп",3,"180,33","540,99"]
["A10BA02","гипогликемическое средство для перорального применения группы бигуанидов","Метформин","Форметин табл 1g №30","Бюджет","Да","уп",5,"153,01","765,05"]
["A10BA02","гипогликемическое средство для перорального применения группы бигуанидов","Метформин","Форметин табл 1g №30","ОМС","Да","уп",115,"153,01","17596,15"]
["A10BA02","гипогликемическое средство для перорального применения группы бигуанидов","Метформин","Форметин табл 1g №30","ПЛАТ","Да","уп",3,"153,01","459,03"]
["A10BB01","гипогликемическое средство для перорального применения группы сульфонилмочевины II поколения","Глибенкламид","Глибенкламид табл 5mg №120","ОМС","Да","уп",15,"97,94","1469,1"]
["A10BB01","гипогликемическое средство для перорального применения группы сульфонилмочевины II поколения","Глибенкламид","Глибенкламид табл 5mg №120","ПЛАТ","Да","уп",1,"97,94","97,94"]
["A10BB09","гипогликемическое средство для перорального применения группы сульфонилмочевины II поколения","Гликлазид","Гликлазид МВ  табл с модифиц. высвобождением 30 mg №60 ","ПЛАТ","Да","уп",3,"138,13","414,39"]
["A10BB09","гипогликемическое средство для перорального применения группы сульфонилмочевины II поколения","Гликлазид","Гликлазид МВ  табл с модифиц. высвобождением 60mg №60","ОМС","Да","уп",15,"138,13","2071,95"]
["A11CC03","витамин - кальциево-фосфорного обмена регулятор","Альфакальцидол","Альфа Д3-Тева капсулы 0,25mkg №30","ПЛАТ","Да","уп",2,"299,85","599,7"]
["A11DA01","витамин","Тиамин","Тиамин раствор для в/м вв 50mg/ml 1ml №10","Бюджет","Да","уп",7,"27,49","192,43"]
["A11DA01","витамин","Тиамин","Тиамин раствор для в/м вв 50mg/ml 1ml №10","ОМС","Да","уп",813,"27,49","22349,37"]
["A11DA01","витамин","Тиамин","Тиамин раствор для в/м вв 50mg/ml 1ml №10","ПЛАТ","Да","уп",18,"27,49","494,82"]
["A11EA","витамины группы B","Поливитамины","Нейромультивит табл п/п/о №20","ПЛАТ","Нет","уп",3,"796,09","2388,27"]
["A11GA01","витамин","Аскорбиновая кислота","Аскорбиновая кислота раствор для в/в и в/м вв 50mg/ml 2ml №10","Бюджет","Да","уп",25,"37,69","942,25"]
["A11GA01","витамин","Аскорбиновая кислота","Аскорбиновая кислота раствор для в/в и в/м вв 50mg/ml 2ml №10","ОМС","Да","уп",920,"37,69","34539,3"]
["A11GA01","витамин","Аскорбиновая кислота","Аскорбиновая кислота раствор для в/в и в/м вв 50mg/ml 2ml №10","ПЛАТ","Да","уп",170,"37,69","6298,9"]
["A11HA02","витамин","Пиридоксин","Пиридоксин раствор для инъекций 50mg/ml 1ml №10","Бюджет","Да","уп",9,"27,44","246,96"]
["A11HA02","витамин","Пиридоксин","Пиридоксин раствор для инъекций 50mg/ml 1ml №10","ОМС","Да","уп",779,"27,44","21375,76"]
["A11HA02","витамин","Пиридоксин","Пиридоксин раствор для инъекций 50mg/ml 1ml №10","ПЛАТ","Да","уп",18,"27,44","493,92"]
["А11НА03","витамин","Витамин Е","Лайфевит капсулы 100mg №30","ОМС","Нет","уп",20,"188,7",3774]
["А11НА03","витамин","Витамин Е","альфа-Токоферола ацетат (Витамин E)  капсулы 100mg №10","ОМС","Нет","уп",50,"85,35","4267,5"]
["A11HA04","витамин","Рибофлавин","Рибофлавин - мононуклеотид раствор для в/м вв 10mg/ml 1ml №10","ОМС","Нет","уп",60,"115,43","6925,8"]
["A11HA04","витамин","Рибофлавин","Рибофлавин - мононуклеотид раствор для в/м вв 10mg/ml 1ml №10","ПЛАТ","Нет","уп",2,"115,43","230,86"]
["A11JA","поливитаминное средство","Витамин Е+ Ретинол","Аевит капсулы №10","ПЛАТ","Нет","уп",20,"39,18","976,8"]
["A12AA03","кальциево-фосфорного обмена регулятор","Кальция глюконат","Кальция глюконат Б.Браун раствор для инъекций 10% 10ml №20","ОМС","Да","уп",143,"379,5","54268,5"]
["A12AA03","кальциево-фосфорного обмена регулятор","Кальция глюконат","Кальция глюконат Б.Браун раствор для инъекций 10% 10ml №20","ПЛАТ","Да","уп",3,"379,5","1138,5"]
["A12AX","кальциево-фосфорного обмена регулятор","Кальция карбонат + Колекальциферол","Кальций-Д3 Никомед Форте  табл жеват 500mg+400ME №30","ОМС","Нет","уп",4,"578,2","2312,8"]
["A12AX","кальциево-фосфорного обмена регулятор","Кальция карбонат + Колекальциферол","Кальций-Д3 Никомед Форте  табл жеват 500mg+400ME №30","ПЛАТ","Нет","уп",2,"578,2","1156,4"]
["A12BA01","калия препарат","Калия хлорид","Калия хлорид Б. Браун конц-т д/приг раствора для инфузий 40mg/ml 10ml №20","Бюджет","Да","уп",28,"245,41","6871,48"]
["A12BA01","калия препарат","Калия хлорид","Калия хлорид Б. Браун конц-т д/приг раствора для инфузий 40mg/ml 10ml №20","ОМС","Да","уп",877,"245,41","215224,57"]
["A12BA01","калия препарат","Калия хлорид","Калия хлорид Б. Браун конц-т д/приг раствора для инфузий 40mg/ml 10ml №20","ПЛАТ","Да","уп",115,"245,41","28222,15"]
["A12BA01","калия препарат","Калия хлорид","Калия хлорид конц-т д/приг раствора для инфузий 40mg/ml 100ml №1","ОМС","Да","уп",1780,"63,59","113190,2"]
["A12BA01","калия препарат","Калия хлорид","Калия хлорид конц-т д/приг раствора для инфузий 40mg/ml 100ml №1","ПЛАТ","Да","уп",35,"63,59","2225,65"]
["A12BA01","калия препарат","Калия хлорид","Калия хлорид конц-т д/приг раствора для инфузий 40mg/ml 100ml №35","Бюджет","Да","уп",5,"2894,38","14471,9"]
["A12BA01","калия препарат","Калия хлорид","Калия хлорид конц-т д/приг раствора для инфузий 40mg/ml 100ml №35","ОМС","Да","уп",72,"2894,38","208395,36"]
["A12BA01","калия препарат","Калия хлорид","Калия хлорид конц-т д/приг раствора для инфузий 40mg/ml 100ml №35","ПЛАТ","Да","уп",9,"2894,38","26049,42"]
["A12BA01","калия препарат","Калия хлорид","Калия хлорид концентрат для приготовления р-ра для инфузий 75mg/ml 200ml №28","ОМС","Да","уп",194,"2868,16","556423,04"]
["A12CX","калия и магния препарат","Калия и магния аспарагинат","Аспаркам табл №20","ОМС","Да","уп",250,"41,14",10285]
["A12CX","калия и магния препарат","Калия и магния аспарагинат","Аспаркам табл №60","Бюджет","Да","уп",100,"103,73",10373]
["A12CX","калия и магния препарат","Калия и магния аспарагинат","Аспаркам табл №60","ОМС","Да","уп",710,"103,73","73648,3"]
["A12CX","калия и магния препарат","Калия и магния аспарагинат","Аспаркам табл №60","ПЛАТ","Да","уп",9,"103,73","933,57"]
["A12CX","калия и магния препарат","Калия и магния аспарагинат","Аспаркам- L раствор для в/в  вв 10ml №10","ОМС","Да","уп",51,"94,48","4818,48"]
["A12CX","калия и магния препарат","Калия и магния аспарагинат","Аспаркам- L раствор для в/в  вв 10ml №10","ПЛАТ","Да","уп",30,"94,48","2834,4"]
["A12CX","калия и магния препарат","Калия и магния аспарагинат","Калия и магния аспарагинат  конц-т д/приг раствора для инфузий 10ml №10","ОМС","Да","уп",30,"227,7",6831]
["A12CX","калия и магния препарат","Калия и магния аспарагинат","Калия и магния аспарагинат  раствор для инфузий 250ml №1","Бюджет","Да","уп",350,"79,59","27856,5"]
["A12CX","калия и магния препарат","Калия и магния аспарагинат","Калия и магния аспарагинат  раствор для инфузий 250ml №1","ОМС","Да","уп",3410,"79,59","271401,9"]
["A12CX","калия и магния препарат","Калия и магния аспарагинат","Калия и магния аспарагинат  раствор для инфузий 250ml №1","ПЛАТ","Да","уп",54,"79,59","4297,86"]
["A12CX","калия и магния препарат","Калия и магния аспарагинат","Калия и магния аспарагинат  раствор для инфузий 500ml №1","Бюджет","Да","уп",240,"148,19","35565,6"]
["A12CX","калия и магния препарат","Калия и магния аспарагинат","Калия и магния аспарагинат  раствор для инфузий 500ml №1","ОМС","Да","уп",365,"148,19","54089,35"]
["A14AB01","анаболическое стероидное средство","Нандролон","Ретаболил раствор для в/м вв 50mg/ml 1ml","ОМС","Да","амп",20,"239,83","4796,6"]
["A14AB01","анаболическое стероидное средство","Нандролон","Ретаболил раствор для в/м вв 50mg/ml 1ml","ПЛАТ","Да","амп",5,"239,83","1199,15"]
["A16AA02","гепатопротекторное средство","Адеметионин","Гептор лиоф-т д/приг р-ра для в/в и в/м вв 400mg+р-ль 5ml №5","Бюджет","Да","уп",22,"1475,53","32461,66"]
["A16AA02","гепатопротекторное средство","Адеметионин","Гептор лиоф-т д/приг р-ра для в/в и в/м вв 400mg+р-ль 5ml №5","ОМС","Да","уп",80,"1475,53","118042,4"]
["A16AA02","гепатопротекторное средство","Адеметионин","Гептор лиоф-т д/приг р-ра для в/в и в/м вв 400mg+р-ль 5ml №5","ПЛАТ","Да","уп",82,"1475,53","118650,26"]
["A16AA02","гепатопротекторное средство","Адеметионин","Гептор табл п/к/р/о  400mg №40","ОМС","Да","уп",56,"2246,91","125826,96"]
["A16AA02","гепатопротекторное средство","Адеметионин","Гептор табл п/к/р/о  400mg №40","ПЛАТ","Да","уп",17,"2246,91","38197,47"]
["A16AA02","гепатопротекторное средство","Адеметионин","Гептор табл п/к/р/о 400mg №20","ПЛАТ","Да","уп",1,"1123,45","1123,45"]
["A16AX01","метаболическое средство","Тиоктовая кислота","Октолипен табл п/п/о 600mg №30","ОМС","Да","уп",25,"708,51","17712,75"]
["A16AX01","метаболическое средство","Тиоктовая кислота","Октолипен табл п/п/о 600mg №30","ПЛАТ","Да","уп",7,"708,51","4959,57"]
["A16AX01","метаболическое средство","Тиоктовая кислота","Тиолепта раствор для инфузий 12mg/ml 50ml №10","ОМС","Да","уп",65,"2110,73","137197,45"]
["A16AX01","метаболическое средство","Тиоктовая кислота","Тиолипон конц-т д/приг раствора для в/в вв 30mg/ml 10ml №10","ОМС","Да","уп",135,"420,18","56724,3"]
["A16AX01","метаболическое средство","Тиоктовая кислота","Тиолипон конц-т д/приг раствора для в/в вв 30mg/ml 10ml №10","ПЛАТ","Да","уп",108,"420,18","45379,44"]
["А16АХ01","метаболическое средство","Тиоктовая кислота","Тиоктовая кислота концентрат для приготовления р-ра для инфузий 30mg/ml 10ml №10","ОМС","Да","уп",55,"1073,42","59038,1"]
["А16АХ01","метаболическое средство","Тиоктовая кислота","Тиоктовая кислота концентрат для приготовления р-ра для инфузий 30mg/ml 10ml №10","ПЛАТ","Да","уп",5,"1073,42","5367,1"]
[{"$nulls":9},{"$f":"SUBTOTAL(9,J58)","v":546.12}]
["B Кроветворение и кровь "]
["B01AA03","антикоагулянтное средство непрямого действия","Варфарин","Варфарин Канон табл 2,5mg №50","ОМС","Да","уп",41,"139,36","5713,76"]
["B01AA03","антикоагулянтное средство непрямого действия","Варфарин","Варфарин-OBL табл 2,5mg №50","Бюджет","Да","уп",5,"100,1","500,5"]
["B01AA03","антикоагулянтное средство непрямого действия","Варфарин","Варфарин-OBL табл 2,5mg №50","ОМС","Да","уп",88,"100,1","8808,8"]
["B01AA03","антикоагулянтное средство непрямого действия","Варфарин","Варфарин-OBL табл 2,5mg №50","ПЛАТ","Да","уп",2,"100,1","200,2"]
["В01АВ01","антикоагулянтное средство прямого действия","Гепарин натрия","Гепарин-натрий Браун раствор для в/в и п/к  вв 5000МЕ/ml 5ml №10","Бюджет","Да","уп",169,"1380,45","233296,05"]
["В01АВ01","антикоагулянтное средство прямого действия","Гепарин натрия","Гепарин-натрий Браун раствор для в/в и п/к  вв 5000МЕ/ml 5ml №10","ОМС","Да","уп",3257,"1380,45","4496125,65"]
["В01АВ01","антикоагулянтное средство прямого действия","Гепарин натрия","Гепарин-натрий Браун раствор для в/в и п/к  вв 5000МЕ/ml 5ml №10","ПЛАТ","Да","уп",138,"1380,45","190502,1"]
["В01АВ05","антикоагулянтное средство прямого действия","Эноксапарин натрия","Эниксум раствор для инъекций 10000анти-Ха МЕ/1ml 0,6ml №10","ОМС","Да","уп",24,"3056,8","73363,2"]
["B01AB05","антикоагулянтное средство прямого действия","Эноксапарин натрия","Анфибра раствор для инъекций 2000анти-Ха МЕ/0,2ml №10","ОМС","Да","уп",10,"1799,16","17991,6"]
["B01AB05","антикоагулянтное средство прямого действия","Эноксапарин натрия","Анфибра раствор для инъекций 4000анти-Ха МЕ/0,4ml №10","Бюджет","Да","уп",110,"2621,11","288322,1"]
["B01AB05","антикоагулянтное средство прямого действия","Эноксапарин натрия","Анфибра раствор для инъекций 4000анти-Ха МЕ/0,4ml №10","ОМС","Да","уп",1237,"2621,11","3242313,07"]
["B01AB05","антикоагулянтное средство прямого действия","Эноксапарин натрия","Анфибра раствор для инъекций 4000анти-Ха МЕ/0,4ml №10","ПЛАТ","Да","уп",46,"2621,11","120571,06"]
["B01AB05","антикоагулянтное средство прямого действия","Эноксапарин натрия","Анфибра раствор для инъекций 6000анти-Ха МЕ/0,6ml №10","ОМС","Да","уп",75,"3387,43","254057,25"]
["B01AB05","антикоагулянтное средство прямого действия","Эноксапарин натрия","Анфибра раствор для инъекций 6000анти-Ха МЕ/0,6ml №10","ПЛАТ","Да","уп",6,"3387,43","20324,58"]
["B01AB05","антикоагулянтное средство прямого действия","Эноксапарин натрия","Анфибра раствор для инъекций 8000анти-Ха МЕ/0,8ml №10","Бюджет","Да","уп",20,"5337,65",106753]
["B01AB05","антикоагулянтное средство прямого действия","Эноксапарин натрия","Анфибра раствор для инъекций 8000анти-Ха МЕ/0,8ml №10","ОМС","Да","уп",64,"5337,65","341609,6"]
["B01AB05","антикоагулянтное средство прямого действия","Эноксапарин натрия","Анфибра раствор для инъекций 8000анти-Ха МЕ/0,8ml №10","ПЛАТ","Да","уп",8,"5337,65","42701,2"]
["B01AB06","антикоагулянтное средство прямого действия","Надропарин кальция","Фраксипарин р-р д/подкож введ (шприц) 9500 МЕ/ml 0.3ml №10","Бюджет","Нет","уп",20,"2655,67","53113,4"]
["B01AB06","антикоагулянтное средство прямого действия","Надропарин кальция","Фраксипарин р-р д/подкож введ (шприц) 9500 МЕ/ml 0.3ml №10","ПЛАТ","Нет","уп",5,"2655,67","13278,35"]
["B01AC04","антиагрегантное средство","Клопидогрел ","Плавикс табл п/п/о 300mg №10","Бюджет","Да","уп.",8,"2288,55","18308,4"]
["B01AC04","антиагрегантное средство","Клопидогрел ","Плавикс табл п/п/о 300mg №10","ОМС","Да","уп.",149,"2288,55","340993,95"]
["B01AC04","антиагрегантное средство","Клопидогрел ","Плавикс табл п/п/о 75mg №100","Бюджет","Да","уп",6,"3418,4","20510,4"]
["B01AC04","антиагрегантное средство","Клопидогрел ","Плавикс табл п/п/о 75mg №100","ОМС","Да","уп",274,"3418,4","936641,6"]
["B01AC04","антиагрегантное средство","Клопидогрел ","Плавикс табл п/п/о 75mg №100","ПЛАТ","Да","уп",10,"3418,4",34184]
["B01AC06","антиагрегантное средство","Ацетилсалициловая кислота","Ацекардол табл п/к/р/о  300mg №30","ОМС","Да","уп",40,"42,7",1708]
["B01AC06","антиагрегантное средство","Ацетилсалициловая кислота","Ацекардол табл п/к/р/о 100mg №30","Бюджет","Да","уп",10,"22,47","224,7"]
["B01AC06","антиагрегантное средство","Ацетилсалициловая кислота","Ацекардол табл п/к/р/о 100mg №30","ОМС","Да","уп",623,"22,47","13998,81"]
["B01AC06","антиагрегантное средство","Ацетилсалициловая кислота","Ацекардол табл п/к/р/о 100mg №30","ПЛАТ","Да","уп",35,"22,47","786,45"]
["B01AC07","вазодилатирующее средство","Дипиридамол","Дипиридамол-ФПО табл п/п/о 75mg №40","ОМС","Нет","уп",1,"599,17","599,17"]
["B01AC24","антиагрегантное средство","Тикагрелор","Брилинта табл п/п/о 90mg №168","Бюджет","Да","уп",1,"14934,38","14934,38"]
["B01AC24","антиагрегантное средство","Тикагрелор","Брилинта табл п/п/о 90mg №168","ОМС","Да","уп",29,"14934,38","433097,02"]
["B01AC24","антиагрегантное средство","Тикагрелор","Брилинта табл п/п/о 90mg №168","ПЛАТ","Да","уп",1,"14934,38","14934,38"]
["B01AC30","антиагрегантное средство","Ацетилсалициловая кислота+Клопидогрел","Коплавикс табл п/п/о 100mg+75mg №28","ОМС","Нет","уп",11,3663,40293]
["B01AC30","ингибиторы агрегации тромбоцитов в комбинации","Ацетилсалициловая кислота+ Магния гидроксид","Кардиомагнил табл п/п/о 75+15,2mg №100","Бюджет","Нет","уп",50,"309,91","15495,5"]
["B01AC30","ингибиторы агрегации тромбоцитов в комбинации","Ацетилсалициловая кислота+ Магния гидроксид","Кардиомагнил табл п/п/о 75+15,2mg №100","ОМС","Нет","уп",79,"309,91","24482,89"]
["B01AC30","ингибиторы агрегации тромбоцитов в комбинации","Ацетилсалициловая кислота+ Магния гидроксид","Кардиомагнил табл п/п/о 75+15,2mg №100","ПЛАТ","Нет","уп",31,"309,91","9607,21"]
["B01AD","фибринолитическое средство","Проурокиназа","Гемаза лиоф-т д/пригот р-ра д/инъек. 5000МЕ №5, амп","ОМС","Да","уп",132,"922,29","121742,28"]
["B01AD","фибринолитическое средство","Проурокиназа","Гемаза лиоф-т д/пригот р-ра д/инъек. 5000МЕ №5, амп","ПЛАТ","Да","уп",27,"922,29","24901,83"]
["B01AD02","фибринолитическое средство - активатор плазминогена","Алтеплаза ","Актилизе лиоф-т д/приг р-ра д/инф +раств в комп 50mg","ОМС","Да","уп.",88,"28755,75",2530506]
["B01AE07","тромбина ингибитор прямой","Дабигатрана этексилат","Прадакса капс 110mg №180","Бюджет","Да","уп",1,"11894,54","11894,54"]
["B01AE07","тромбина ингибитор прямой","Дабигатрана этексилат","Прадакса капс 110mg №180","ОМС","Да","уп",14,"11894,54","166523,56"]
["B01AE07","тромбина ингибитор прямой","Дабигатрана этексилат","Прадакса капс 110mg №180","ПЛАТ","Да","уп",5,"11894,54","59472,7"]
["B01AE07","тромбина ингибитор прямой","Дабигатрана этексилат","Прадакса капс 150mg №180","Бюджет","Да","уп",1,"11837,5","11837,5"]
["B01AE07","тромбина ингибитор прямой","Дабигатрана этексилат","Прадакса капс 150mg №180","ОМС","Да","уп",21,"11837,5","248587,5"]
["B01AE07","тромбина ингибитор прямой","Дабигатрана этексилат","Прадакса капс 150mg №180","ПЛАТ","Да","уп",1,"11837,5","11837,5"]
["B01AF01","прямые ингибиторы фактора Ха","Ривароксабан","Ксарелто табл п/п/о 10mg №100","Бюджет","Да","уп",18,"10161,4","182905,2"]
["B01AF01","прямые ингибиторы фактора Ха","Ривароксабан","Ксарелто табл п/п/о 10mg №100","ОМС","Да","уп",30,"10161,4",304842]
["B01AF01","прямые ингибиторы фактора Ха","Ривароксабан","Ксарелто табл п/п/о 15mg №100","Бюджет","Да","уп",1,12540,12540]
["B01AF01","прямые ингибиторы фактора Ха","Ривароксабан","Ксарелто табл п/п/о 15mg №100","ОМС","Да","уп",32,12540,401280]
["B01AF01","прямые ингибиторы фактора Ха","Ривароксабан","Ксарелто табл п/п/о 15mg №100","ПЛАТ","Да","уп",7,12540,87780]
["B01AF01","прямые ингибиторы фактора Ха","Ривароксабан","Ксарелто табл п/п/о 20mg №100","Бюджет","Да","уп",1,12540,12540]
["B01AF01","прямые ингибиторы фактора Ха","Ривароксабан","Ксарелто табл п/п/о 20mg №100","ОМС","Да","уп",42,12540,526680]
["B01AF01","прямые ингибиторы фактора Ха","Ривароксабан","Ксарелто табл п/п/о 20mg №100","ПЛАТ","Да","уп",2,12540,25080]
["B01AF02","антикоагулянтное средство прямого действия","Апиксабан","Эликвис табл 5mg №20","Бюджет","Да","уп",20,"846,7",16934]
["B01AF02","антикоагулянтное средство прямого действия","Апиксабан","Эликвис табл 5mg №20","ОМС","Да","уп",344,"846,7","291264,8"]
["B01AF02","антикоагулянтное средство прямого действия","Апиксабан","Эликвис табл 5mg №20","ПЛАТ","Да","уп",26,"846,7","22014,2"]
["B01AF02","антикоагулянтное средство прямого действия","Апиксабан","Эликвис табл п/п/о 2,5mg №20","ОМС","Да","уп",215,"848,65","182459,75"]
["B01AF02","антикоагулянтное средство прямого действия","Апиксабан","Эликвис табл п/п/о 2,5mg №20","ПЛАТ","Да","уп",30,"848,65","25459,5"]
["B01AF02","антикоагулянтное средство прямого действия","Апиксабан","Эликвис табл п/п/о 5mg №60","ПЛАТ","Да","уп",7,"2540,6","17784,2"]
["B01AX05","антитромботическое средство","Фондапаринукс натрия","Арикстра раствор для в/в и п/к  вв 2,5mg/0,5ml 0,5ml №10","ОМС","Нет","уп",105,"7677,25","806111,25"]
["B01AX05","антитромботическое средство","Фондапаринукс натрия","Арикстра раствор для в/в и п/к  вв 2,5mg/0,5ml 0,5ml №10","ПЛАТ","Нет","уп",6,"7677,25","46063,5"]
["B02AA01","гемостатическое средство - ингибитор фибринолиза","Аминокапроновая кислота","Аминокапроновая кислота  раствор для инфузий 50mg/ml 100ml №1","Бюджет","Да","уп.",50,{"v":49896,"d":"49,896"},"2494,8"]
["B02AA01","гемостатическое средство - ингибитор фибринолиза","Аминокапроновая кислота","Аминокапроновая кислота  раствор для инфузий 50mg/ml 100ml №1","ОМС","Да","уп.",800,{"v":49896,"d":"49,896"},"39916,8"]
["B02AA01","гемостатическое средство - ингибитор фибринолиза","Аминокапроновая кислота","Аминокапроновая кислота  раствор для инфузий 50mg/ml 100ml №1","ПЛАТ","Да","уп.",15,{"v":49896,"d":"49,896"},"748,44"]
["B02AA02","гемостатическое средство - ингибитор фибринолиза","Транексамовая кислота","Транексамовая кислота  раствор для в/в  вв 50mg/ml 5ml №10","Бюджет","Да","уп",30,1254,37620]
["B02AA02","гемостатическое средство - ингибитор фибринолиза","Транексамовая кислота","Транексамовая кислота  раствор для в/в  вв 50mg/ml 5ml №10","ОМС","Да","уп",122,1254,152988]
["B02AA02","гемостатическое средство - ингибитор фибринолиза","Транексамовая кислота","Транексамовая кислота  раствор для в/в  вв 50mg/ml 5ml №10","ПЛАТ","Да","уп",15,1254,18810]
["B02AA02","гемостатическое средство - ингибитор фибринолиза","Транексамовая кислота ","Траксара раствор для в/в  вв 50 mg/ml 5ml №10","Бюджет","Да","уп",24,"1462,41","35097,84"]
["B02AA02","гемостатическое средство - ингибитор фибринолиза","Транексамовая кислота ","Траксара раствор для в/в  вв 50 mg/ml 5ml №10","ОМС","Да","уп",136,"1462,41","198887,76"]
["B02AA02","гемостатическое средство - ингибитор фибринолиза","Транексамовая кислота ","Траксара раствор для в/в  вв 50 mg/ml 5ml №10","ПЛАТ","Да","уп",8,"1462,41","11699,28"]
["B02AA02","гемостатическое средство - ингибитор фибринолиза","Транексамовая кислота ","Транексам табл п/п/о 250mg №30","ОМС","Да","уп",7,"566,3","3964,1"]
["B02AA02","гемостатическое средство - ингибитор фибринолиза","Транексамовая кислота ","Транексам табл п/п/о 250mg №30","ПЛАТ","Да","уп",1,"566,3","566,3"]
["B02AB01","протеолиза ингибитор","Апротинин","Гордокс раствор для в/в  вв 10000 КИЕ/ml 10ml №25","Бюджет","Да","уп",11,"5378,31","59161,41"]
["B02AB01","протеолиза ингибитор","Апротинин","Гордокс раствор для в/в  вв 10000 КИЕ/ml 10ml №25","ОМС","Да","уп",22,"5378,31","118322,82"]
["B02AB01","протеолиза ингибитор","Апротинин","Гордокс раствор для в/в  вв 10000 КИЕ/ml 10ml №25","ПЛАТ","Да","уп",1,"5378,31","5378,31"]
["B02BA02","витамина K аналог синтетический","Менадиона натрия бисульфит","Викасол амп 10mg/ml 1ml №10","ОМС","Да","уп",166,"74,87","12428,42"]
["B02BA02","витамина K аналог синтетический","Менадиона натрия бисульфит","Викасол амп 10mg/ml 1ml №10","ПЛАТ","Да","уп",4,"74,87","299,48"]
["B02BC09","альфа- и бета-адреномиметик","Эпинефрин","Адреналин  раствор для инъекций 1mg/ml 1ml №5","Бюджет","Да","уп",26,"79,44","2065,44"]
["B02BC09","альфа- и бета-адреномиметик","Эпинефрин","Адреналин  раствор для инъекций 1mg/ml 1ml №5","ОМС","Да","уп",2066,"79,44","164123,04"]
["B02BC09","альфа- и бета-адреномиметик","Эпинефрин","Адреналин  раствор для инъекций 1mg/ml 1ml №5","ПЛАТ","Да","уп",13,"79,44","1032,72"]
["B02BC09","альфа- и бета-адреномиметик","Эпинефрин","Адреналин  раствор для инъекций 1mg/ml 1ml №5","Ф.кв. ОРТО","Да","уп",1,"79,44","79,44"]
["B02BX01","гемостатическое средство","Этамзилат","Этамзилат-Ферейн раствор для инъекций 125mg/ml 2ml №10","Бюджет","Да","уп",100,"63,47",6347]
["B02BX01","гемостатическое средство","Этамзилат","Этамзилат-Ферейн раствор для инъекций 125mg/ml 2ml №10","ОМС","Да","уп",1456,"63,47","92412,32"]
["B02BX01","гемостатическое средство","Этамзилат","Этамзилат-Ферейн раствор для инъекций 125mg/ml 2ml №10","ПЛАТ","Да","уп",1,"63,47","63,47"]
["B02BX01","гемостатическое средство","Этамзилат","Этамзилат-Эском раствор д/инъекций и наруж прим 125mg/ml 2ml №10","Бюджет","Да","уп",50,"25,67","1283,5"]
["B02BX01","гемостатическое средство","Этамзилат","Этамзилат-Эском раствор д/инъекций и наруж прим 125mg/ml 2ml №10","ОМС","Да","уп",570,"25,67","14631,9"]
["B02BX01","гемостатическое средство","Этамзилат","Этамзилат-Эском раствор д/инъекций и наруж прим 125mg/ml 2ml №10","ПЛАТ","Да","уп",5,"25,67","128,35"]
["B03A","железа препарат","Железа [III] гидроксид декстран","Феррум Лек раствор для в/м вв 50mg/ml 2ml №50","ОМС","Нет","уп",5,"10939,54","54697,7"]
["B03A","железа препарат","Железа [III] гидроксид декстран","Феррум Лек раствор для в/м вв 50mg/ml 2ml №50","ПЛАТ","Нет","уп","1,4","10939,54",{"v":15315356,"d":"15,315,356"}]
["B03A","железа препарат","Железа [III] гидроксид декстран","Феррум Лек табл жеват 100mg №30","Бюджет","Да","уп",3,"291,08","873,24"]
["B03A","железа препарат","Железа [III] гидроксид декстран","Феррум Лек табл жеват 100mg №30","ОМС","Да","уп",105,"291,08","30563,4"]
["B03A","железа препарат","Железа [III] гидроксид декстран","Феррум Лек табл жеват 100mg №30","ПЛАТ","Да","уп",13,"291,08","3784,04"]
["B03AC","железа препарат","Железа [III] гидроксид сахарозный комплекс","Венофер раствор для в/в  вв 20mg/ml 5ml №5","Бюджет","Да","уп",2,"4293,43","8586,86"]
["B03AC","железа препарат","Железа [III] гидроксид сахарозный комплекс","Венофер раствор для в/в  вв 20mg/ml 5ml №5","ОМС","Да","уп",39,"4293,43","167443,77"]
["B03AC","железа препарат","Железа [III] гидроксид сахарозный комплекс","Венофер раствор для в/в  вв 20mg/ml 5ml №5","ПЛАТ","Да","уп",57,"4293,43","244725,51"]
["B03AC","железа препарат","Железа [III] гидроксид сахарозный комплекс","Железа [III] гидроксид сахарозный комплекс раствор для в/в  вв 20mg/ml 5ml №5","Бюджет","Да","уп",8,"3572,13","28577,04"]
["B03AC","железа препарат","Железа [III] гидроксид сахарозный комплекс","Железа [III] гидроксид сахарозный комплекс раствор для в/в  вв 20mg/ml 5ml №5","ОМС","Да","уп",213,"3572,13","760863,69"]
["B03AC","железа препарат","Железа [III] гидроксид сахарозный комплекс","Железа [III] гидроксид сахарозный комплекс раствор для в/в  вв 20mg/ml 5ml №5","ПЛАТ","Да","уп",33,"3572,13","117880,29"]
["B03AE03","железа препарат+витамин","Железа сульфат+Аскорбиновая кислота","Сорбифер Дурулес табл п/о №50","ОМС","Нет","уп",262,"532,84","140300,58"]
["B03AE03","железа препарат+витамин","Железа сульфат+Аскорбиновая кислота","Сорбифер Дурулес табл п/о №50","ПЛАТ","Нет","уп",34,"532,84","18144,42"]
["B03BA01","витамин","Цианокобаламин","Цианокобаламин раствор для инъекций 0,5mg/ml 1ml №10","Бюджет","Да","уп",5,"27,93","139,65"]
["B03BA01","витамин","Цианокобаламин","Цианокобаламин раствор для инъекций 0,5mg/ml 1ml №10","ОМС","Да","уп",1224,"27,93","34186,32"]
["B03BA01","витамин","Цианокобаламин","Цианокобаламин раствор для инъекций 0,5mg/ml 1ml №10","ПЛАТ","Да","уп",35,"27,93","977,55"]
["B03BB01","витамин","Фолиевая кислота","9 месяцев Фолиевая кислота табл п/п/о 400mkg №30","ОМС","Да","уп",5,"115,29","576,45"]
["B03BB01","витамин","Фолиевая кислота","Фолиевая кислота табл 1mg №50","ОМС","Да","уп",114,"31,65","3608,1"]
["B03BB01","витамин","Фолиевая кислота","Фолиевая кислота табл 1mg №50","ПЛАТ","Да","уп",10,"31,65","316,5"]
["B05Плазмозамещающие и перфузионные растворы"]
["B05AA01","плазмозамещающее средство","Альбумин человека","Альбумин раствор для инфузий 20% 50ml №1","Бюджет","Да","уп",10,1881,18810]
["B05AA01","плазмозамещающее средство","Альбумин человека","Альбумин раствор для инфузий 20% 50ml №1","ОМС","Да","уп",607,1881,1141767]
["B05AA01","плазмозамещающее средство","Альбумин человека","Альбумин раствор для инфузий 20% 50ml №1","ПЛАТ","Да","уп",31,1881,58311]
["В05АА06","плазмозамещающее средство","Желатин","Гелофузин раствор для инфузий 4% 500мл №10","Бюджет","Да","уп",37,"2337,19","86476,03"]
["В05АА06","плазмозамещающее средство","Желатин","Гелофузин раствор для инфузий 4% 500мл №10","ОМС","Да","уп",134,"2337,19","313183,46"]
["В05АА06","плазмозамещающее средство","Желатин","Гелофузин раствор для инфузий 4% 500мл №10","ПЛАТ","Да","уп",1,"2337,19","2337,19"]
["B05AA07","плазмозамещающее средство","~","Волюлайт раствор для инфузий 500ml №20","Бюджет","Да",null,1,"12489,84","12489,84"]
["B05AA07","плазмозамещающее средство","~","Волюлайт раствор для инфузий 500ml №20","ОМС","Да",null,7,"12489,84","87428,88"]
["B05AA07","плазмозамещающее средство","Гидроксиэтилкрахмал","Венофундин раствор для инфузий 6% 500ml №10","Бюджет","Да","уп",14,"4078,34","57096,76"]
["B05AA07","плазмозамещающее средство","Гидроксиэтилкрахмал","Венофундин раствор для инфузий 6% 500ml №10","ОМС","Да","уп",13,"4078,34","53018,42"]
["B05AA07","плазмозамещающее средство","Гидроксиэтилкрахмал","Венофундин раствор для инфузий 6% 500ml №10","ПЛАТ","Да","уп",1,"4078,34","4078,34"]
["B05AA07","плазмозамещающее средство","Гидроксиэтилкрахмал","Волювен раствор для инфузий 6% 500ml №10","Бюджет","Да","уп",38,"4378,91","166398,58"]
["B05AA07","плазмозамещающее средство","Гидроксиэтилкрахмал","Волювен раствор для инфузий 6% 500ml №10","ОМС","Да","уп",60,"4378,91","262734,6"]
["B05AA07","плазмозамещающее средство","Гидроксиэтилкрахмал","Тетраспан 6 раствор для инфузий 500ml №10","Бюджет","Да","уп",14,"4715,11","66011,54"]
["B05AA07","плазмозамещающее средство","Гидроксиэтилкрахмал","Тетраспан 6 раствор для инфузий 500ml №10","ОМС","Да","уп",15,"4715,11","70726,65"]
["B05BA01","питания парентерального средство - аминокислоты","Аминокислоты для парентерального питания + Прочие препараты ","Аминосол-Нео Е  раствор для инфузий 10% 500ml","ОМС","Да","уп",5,"330,91","1654,55"]
["B05BA01","питания парентерального средство - аминокислоты","Аминокислоты для парентерального питания + Прочие препараты ","Аминосол-Нео Е  раствор для инфузий 10% 500ml","ПЛАТ","Да","уп",20,"330,91","6618,2"]
["B05BA01","питания парентерального средство - аминокислоты","Аминокислоты для парентерального питания + Прочие препараты [Минералы] ","Аминоплазмаль Б. Браун Е 10  раствор для инфузий 500ml №10","ОМС","Да","уп",70,"4691,81","328426,7"]
["B05BA01","питания парентерального средство - аминокислоты","Аминокислоты для парентерального питания + Прочие препараты [Минералы] ","Аминоплазмаль Б. Браун Е 10  раствор для инфузий 500ml №10","ПЛАТ","Да","уп",1,"4691,81","4691,81"]
["B05BA02","питания парентерального средство","Аминокислоты для парентерального питания + Прочие препараты [Жировые эмульсии для парентерального питания + Декстроза + Минералы","Кабивен центральный эмульсия для инфузий 1540ml №4","Бюджет","Да","уп",1,"5702,82","5702,82"]
["B05BA02","питания парентерального средство","Аминокислоты для парентерального питания + Прочие препараты [Жировые эмульсии для парентерального питания + Декстроза + Минералы","Кабивен центральный эмульсия для инфузий 1540ml №4","ОМС","Да","уп",1,"5702,82","5702,82"]
["B05BA02","питания парентерального средство","Аминокислоты для парентерального питания + Прочие препараты [Жировые эмульсии для парентерального питания + Декстроза + Минералы]","Кабивен периферический эмульсия для инфузий 1920ml №4","ОМС","Да","уп",1,"6353,26","6353,26"]
["В05ВА03","питания углеводного средство","Декстроза","Глюкоза-СОЛОфарм раствор для инфузий 10% 500ml №1","ОМС","Да","уп",120,"55,99","6718,8"]
["B05BA03","питания углеводного средство","Декстроза","Глюкоза раствор для в/в  вв 400mg/ml 10ml №10","Бюджет","Да","уп",3,"44,71","134,13"]
["B05BA03","питания углеводного средство","Декстроза","Глюкоза раствор для в/в  вв 400mg/ml 10ml №10","ОМС","Да","уп",280,"44,71","12518,8"]
["B05BA03","питания углеводного средство","Декстроза","Глюкоза раствор для инфузий 20% 500ml №12","ОМС","Да","уп",3,"699,54","2098,62"]
["B05BA03","питания углеводного средство","Декстроза","Глюкоза раствор для инфузий 5% 250ml №10","Бюджет","Да","уп",30,"521,15","15634,5"]
["B05BA03","питания углеводного средство","Декстроза","Глюкоза раствор для инфузий 5% 250ml №10","ОМС","Да","уп",1725,"521,15","898983,75"]
["B05BA03","питания углеводного средство","Декстроза","Глюкоза раствор для инфузий 5% 250ml №10","ПЛАТ","Да","уп",3,"521,15","1563,45"]
["B05BA03","питания углеводного средство","Декстроза","Глюкоза раствор для инфузий 5% 500ml №10","Бюджет","Да","уп",1,"344,88","344,88"]
["B05BA03","питания углеводного средство","Декстроза","Глюкоза раствор для инфузий 5% 500ml №10","ОМС","Да","уп",997,"344,88","343845,36"]
["B05BA03","питания углеводного средство","Декстроза","Глюкоза раствор для инфузий 5% 500ml №10","ПЛАТ","Да","уп",7,"344,88","2414,16"]
["B05BA04","питания парентерального средство - аминокислоты","Аминокислоты для парентерального питания ","Гепасол-Нео  раствор для инфузий  8% 500ml №1","ОМС","Да","уп",10,"331,98","3319,8"]
["B05BA04","питания парентерального средство - аминокислоты","Аминокислоты для парентерального питания ","Гепасол-Нео  раствор для инфузий  8% 500ml №1","ПЛАТ","Да","уп",10,"331,98","3319,8"]
["B05BA10","питания парентерального средство","Аминокислоты для парентерального питания + Прочие препараты [Декстроза + Минералы","Нутрифлекс липид эмульсия для инфузий 48/150 1250ml №5","ОМС","Да","уп.",10,"8222,6",82226]
["B05BA10","питания парентерального средство","Аминокислоты для парентерального питания + Прочие препараты [Жировые эмульсии для парентерального питания + Декстроза + Минералы","Оликлиномель N4-550 Е  эмульсия для инфузий 1500ml №4","ОМС","Да","уп.",6,"6352,06","38112,36"]
["B05BB","Растворы влияющие на водно-электролитный баланс","Меглюмина натрия сукцинат","Реамберин раствор для инфузий 1,5% 400ml №1","ПЛАТ","Да","уп",20,"221,07","4421,4"]
["B05BB","Растворы влияющие на водно-электролитный баланс","Меглюмина натрия сукцинат","Реамберин раствор для инфузий 1,5% 500ml №20","Бюджет","Да","уп",210,"3469,06","728502,6"]
["B05BB","Растворы влияющие на водно-электролитный баланс","Меглюмина натрия сукцинат","Реамберин раствор для инфузий 1,5% 500ml №20","ОМС","Да","уп",151,"3469,06","523828,06"]
["B05BB","Растворы влияющие на водно-электролитный баланс","Меглюмина натрия сукцинат","Реамберин раствор для инфузий 1,5% 500ml №20","ПЛАТ","Да","уп",20,"3469,06","69381,2"]
["B05BB01","регидратирующее средство","Калия хлорид+Кальция хлорид+Натрия хлорид","Рингер раствор для инфузий 500ml №10","Бюджет","Да","уп",45,"399,71","17986,95"]
["B05BB01","регидратирующее средство","Калия хлорид+Кальция хлорид+Натрия хлорид","Рингер раствор для инфузий 500ml №10","ОМС","Да","уп",225,"399,71","89934,75"]
["B05BB01","регидратирующее средство","Калия хлорид+Кальция хлорид+Натрия хлорид","Рингер раствор для инфузий 500ml №10","ПЛАТ","Да","уп",11,"399,71","4396,81"]
["B05BB01","регидратирующее средство","Калия хлорид+Магния хлорид+Натрия хлорид+Натрия фумарат","Мафусол раствор для инфузий 500ml","ОМС","Нет","уп",530,"208,8",110664]
["B05BB01","регидратирующее средство","Калия хлорид+Магния хлорид+Натрия хлорид+Натрия фумарат","Мафусол раствор для инфузий 500ml","ПЛАТ","Нет","уп",10,"208,8",2088]
["B05BB01","регидратирующее средство","Натрия ацетат+Натрия хлорид+Калия хлорид","Ацесоль раствор для инфузий 400ml №12","ОМС","Да","уп",413,"418,81","172968,53"]
["B05BB01","регидратирующее средство","Натрия ацетат+Натрия хлорид+Калия хлорид","Ацесоль раствор для инфузий 400ml №12","ПЛАТ","Да","уп",5,"418,81","2094,05"]
["B05BB01","регидратирующее средство","Стерофундин изотонический","Стерофундин изотонический раствор для инфузий 1000ml №10","Бюджет","Да","уп",26,"1379,4","35864,4"]
["B05BB01","регидратирующее средство","Стерофундин изотонический","Стерофундин изотонический раствор для инфузий 1000ml №10","ОМС","Да","уп",300,"1379,4",413820]
["B05BB01","регидратирующее средство","Стерофундин изотонический","Стерофундин изотонический раствор для инфузий 500ml №10","Бюджет","Да","уп",22,"971,22","21366,84"]
["B05BB01","регидратирующее средство","Стерофундин изотонический","Стерофундин изотонический раствор для инфузий 500ml №10","ОМС","Да","уп",400,"971,22",388488]
["B05BB01","регидратирующее средство","Стерофундин изотонический","Стерофундин изотонический раствор для инфузий 500ml №10","ПЛАТ","Да","уп",91,"971,22","88381,02"]
["B05BB01","электролитов баланс восстанавливающее средство","Калия хлорид + Магния хлорид + Натрия ацетат + Натрия глюконат + Натрия хлорид","Плазма-Лит 148 Водный Раствор раствор для инфузий 1000ml №10","Бюджет","Нет","уп",10,"2694,61","26946,1"]
["B05BB01","электролитов баланс восстанавливающее средство","Калия хлорид + Магния хлорид + Натрия ацетат + Натрия глюконат + Натрия хлорид","Плазма-Лит 148 Водный Раствор раствор для инфузий 1000ml №10","ОМС","Нет","уп",40,"2694,61","107784,4"]
["B05BC01","регидратирующее средство","Маннитол","Маннит раствор для инфузий 150mg/ml 400ml №1","Бюджет","Да","уп",50,"150,96",7548]
["B05BC01","регидратирующее средство","Маннитол","Маннит раствор для инфузий 150mg/ml 400ml №1","ОМС","Да","уп",90,"150,96","13586,4"]
["B05CB01","регидратирующее средство","Натрия хлорид","Натрия хлорид раствор для инфузий 0,9% 250ml","Бюджет","Да","уп",350,"52,8",18480]
["B05CB01","регидратирующее средство","Натрия хлорид","Натрия хлорид раствор для инфузий 0,9% 250ml","ОМС","Да","уп",29487,"52,8","1556913,6"]
["B05CB01","регидратирующее средство","Натрия хлорид","Натрия хлорид раствор для инфузий 0,9% 250ml №10","Б.Опк","Да","уп",20,"430,1",{"$f":"H384*I384","v":{"v":8602,"d":"8,602.00"}}]
["B05CB01","регидратирующее средство","Натрия хлорид","Натрия хлорид раствор для инфузий 0,9% 250ml №10","Бюджет","Да","уп",326,"430,1","140212,6"]
["B05CB01","регидратирующее средство","Натрия хлорид","Натрия хлорид раствор для инфузий 0,9% 250ml №10","ОМС","Да","уп",14103,"430,1","6065700,3"]
["B05CB01","регидратирующее средство","Натрия хлорид","Натрия хлорид раствор для инфузий 0,9% 250ml №10","ПЛАТ","Да","уп",640,"430,1",275264]
["B05CB01","регидратирующее средство","Натрия хлорид","Натрия хлорид раствор для инфузий 0,9% 500ml","Б.Опк","Да","уп",1000,62.491,{"$f":"H388*I388","v":{"v":62491,"d":"62,491.00"}}]
["B05CB01","регидратирующее средство","Натрия хлорид","Натрия хлорид раствор для инфузий 0,9% 500ml","Бюджет","Да","уп",300,{"v":62491,"d":"62,491"},"18747,3"]
["B05CB01","регидратирующее средство","Натрия хлорид","Натрия хлорид раствор для инфузий 0,9% 500ml","ОМС","Да","уп",29752,{"v":62491,"d":"62,491"},{"v":1859232232,"d":"1,859,232,232"}]
["B05CB01","регидратирующее средство","Натрия хлорид","Натрия хлорид раствор для инфузий 0,9% 500ml №10","Бюджет","Да","уп",346,"342,28","118428,88"]
["B05CB01","регидратирующее средство","Натрия хлорид","Натрия хлорид раствор для инфузий 0,9% 500ml №10","ОМС","Да","уп",5746,"342,28","1966740,88"]
["B05CB01","регидратирующее средство","Натрия хлорид","Натрия хлорид раствор для инфузий 0,9% 500ml №10","ПЛАТ","Да","уп",255,"342,28","87281,4"]
["В05СВ01","регидратирующее средство","Натрия хлорид","Натрия хлорид-СОЛОфарм  раствор для инфузий 0,9% 100ml №36","ОМС","Да","уп",6,"1130,4","6782,4"]
["В05СВ01","регидратирующее средство","Натрия хлорид","Натрия хлорид-СОЛОфарм  раствор для инфузий 0,9% 250ml №1","ОМС","Да","уп",2500,"53,76",134400]
["В05СВ01","регидратирующее средство","Натрия хлорид","Натрия хлорид-СОЛОфарм  раствор для инфузий 0,9% 500ml №1","ОМС","Да","уп",1000,"68,74",68740]
["B05CB04","антиацидемическое средство","Натрия гидрокарбонат","Натрия гидрокарбонат раствор для инфузий 5% 200ml №1","Бюджет","Да","бутылка",122,"33,19","4049,18"]
["B05CB04","антиацидемическое средство","Натрия гидрокарбонат","Натрия гидрокарбонат раствор для инфузий 5% 200ml №1","ОМС","Да","бутылка",1847,"33,19","61301,93"]
["B05CB04","антиацидемическое средство","Натрия гидрокарбонат","Натрия гидрокарбонат раствор для инфузий 5% 200ml №1","ПЛАТ","Да","бутылка",50,"33,19","1659,5"]
["B05CB04","антиацидемическое средство","Натрия гидрокарбонат","Натрия гидрокарбонат-Эском раствор для инфузий 5% 200ml №1","ПЛАТ","Да","фл",50,"31,5",1575]
["B05XA05","вазодилатирующее средство","Магния сульфат","Магния сульфат раствор для в/в  вв 250mg/ml 10ml №10","Бюджет","Да","уп",108,"46,31","5001,48"]
["B05XA05","вазодилатирующее средство","Магния сульфат","Магния сульфат раствор для в/в  вв 250mg/ml 10ml №10","ОМС","Да","уп",4888,"46,31","226363,28"]
["B05XA05","вазодилатирующее средство","Магния сульфат","Магния сульфат раствор для в/в  вв 250mg/ml 10ml №10","ПЛАТ","Да","уп",275,"46,31","12735,25"]
["B05XA07","кальциево-фосфорного обмена регулятор","Кальция хлорид","Кальция хлорид раствор для в/в  вв 100mg/ml 10ml №10","Б.Опк","Нет","уп",2,"55,5",{"$f":"H404*I404","v":{"v":111,"d":"111.00"}}]
["B05XA07","кальциево-фосфорного обмена регулятор","Кальция хлорид","Кальция хлорид раствор для в/в  вв 100mg/ml 10ml №10","ОМС","Нет","уп",435,"55,5","24142,5"]
["B05XA07","кальциево-фосфорного обмена регулятор","Кальция хлорид","Кальция хлорид раствор для в/в  вв 100mg/ml 10ml №10","ПЛАТ","Нет","уп",3,"55,5","166,5"]
["B05XA16","кардиоплегическое средство","~","Кустодиол раствор для внутрикоронарных перфузий  1000ml","Бюджет","Нет","уп",100,15207,1520700]
["B05XA16","кардиоплегическое средство","~","Кустодиол раствор для внутрикоронарных перфузий  1000ml","ОМС","Нет","уп",100,15207,1520700]
["В06АВ","репарации тканей стимулятор","Депротеинизированный гемодериват крови телят","Актовегин раствор для инъекций 40mg/ml 5ml №5","ОМС","Нет","уп",380,"623,73","236868,2"]
["В06АВ","репарации тканей стимулятор","Депротеинизированный гемодериват крови телят","Актовегин раствор для инъекций 40mg/ml 5ml №5","ПЛАТ","Нет","уп",253,"623,73","157717,9"]
[{"$nulls":9},{"$f":"SUBTOTAL(9,J384:J404)","v":{"v":71204,"d":"71,204.00"}}]
["C Сердечно-сосудистая система "]
["C01Препараты для лечения заболеваний сердца"]
["C01AA05","кардиотоническое средство - сердечный гликозид","Дигоксин","Дигоксин раствор для в/в  вв 0,025% 1 ml №10","Бюджет","Да","уп",2,"41,51","83,02"]
["C01AA05","кардиотоническое средство - сердечный гликозид","Дигоксин","Дигоксин раствор для в/в  вв 0,025% 1 ml №10","ОМС","Да","уп",212,"41,51","8800,12"]
["C01AA05","кардиотоническое средство - сердечный гликозид","Дигоксин","Дигоксин раствор для в/в  вв 0,025% 1 ml №10","ПЛАТ","Да","уп",10,"41,51","415,1"]
["C01AA05","кардиотоническое средство - сердечный гликозид","Дигоксин","Дигоксин табл 250mkg №30","Бюджет","Да","уп",5,"34,66","173,3"]
["C01AA05","кардиотоническое средство - сердечный гликозид","Дигоксин","Дигоксин табл 250mkg №30","ОМС","Да","уп",186,"34,66","6446,76"]
["C01AA05","кардиотоническое средство - сердечный гликозид","Дигоксин","Дигоксин табл 250mkg №30","ПЛАТ","Да","уп",10,"34,66","346,6"]
["C01BA02","антиаритмическое средство","Прокаинамид","Новокаинамид раствор для в/в и в/м вв 100mg/ml 5ml №10","ОМС","Да","уп",20,"185,51","3710,2"]
["С01ВС03","антиаритмическое средство","Пропафенон","Пропафенон  табл п/п/о 150mg №50","ОМС","Да","уп",22,"390,88","8599,36"]
["C01BD01","антиаритмическое средство","Амиодарон","Веро-Амиодарон раствор для в/в  вв 50mg/ml 3ml №5","ОМС","Да","уп.",90,"218,59","19673,1"]
["C01BD01","антиаритмическое средство","Амиодарон","Веро-Амиодарон раствор для в/в  вв 50mg/ml 3ml №5","ПЛАТ","Да","уп.",10,"218,59","2185,9"]
["С01BD01","антиаритмическое средство","Амиодарон","Амиодарон конц-т д/приг раствора для в/в вв 50mg/ml 3ml №10","Бюджет","Да","уп",40,"240,47","9618,8"]
["С01BD01","антиаритмическое средство","Амиодарон","Амиодарон конц-т д/приг раствора для в/в вв 50mg/ml 3ml №10","ОМС","Да","уп",1243,"240,47","298904,21"]
["С01BD01","антиаритмическое средство","Амиодарон","Амиодарон табл 200mg №30","Бюджет","Да","уп",30,"183,56","5506,8"]
["С01BD01","антиаритмическое средство","Амиодарон","Амиодарон табл 200mg №30","ОМС","Да","уп",440,"183,56","80766,4"]
["С01BD01","антиаритмическое средство","Амиодарон","Амиодарон табл 200mg №30","ПЛАТ","Да","уп",20,"183,56",3170]
["C01CA03","альфа- и бета-адреномиметик","Норэпинефрин","Норэпинефрин конц-т д/приг раствора для в/в вв 2mg/ml 4ml №10","Бюджет","Да","уп",12,{"v":11615802,"d":"11,615,802"},{"v":139389624,"d":"139,389,624"}]
["C01CA03","альфа- и бета-адреномиметик","Норэпинефрин","Норэпинефрин конц-т д/приг раствора для в/в вв 2mg/ml 4ml №10","ОМС","Да","уп",128,{"v":11615802,"d":"11,615,802"},{"v":1486822656,"d":"1,486,822,656"}]
["C01CA04","кардиотоническое средство негликозидной структуры","Допамин","Дофамин конц-т д/приг раствора для инфузий 40mg/ml 5ml №10","Бюджет","Да","уп",30,"278,3",8349]
["C01CA04","кардиотоническое средство негликозидной структуры","Допамин","Дофамин конц-т д/приг раствора для инфузий 40mg/ml 5ml №10","ОМС","Да","уп",465,"278,3","129409,5"]
["C01CA04","кардиотоническое средство негликозидной структуры","Допамин","Дофамин конц-т д/приг раствора для инфузий 5mg/ml 5ml №5","ОМС","Да","уп",150,"67,85","10177,5"]
["C01CA06","альфа-адреномиметик","Фенилэфрин","Мезатон раствор для инъекций 10mg/ml 1ml №10","Бюджет","Да","уп",76,"93,68","7119,68"]
["C01CA06","альфа-адреномиметик","Фенилэфрин","Мезатон раствор для инъекций 10mg/ml 1ml №10","ОМС","Да","уп",965,"93,68","90401,2"]
["C01CA06","альфа-адреномиметик","Фенилэфрин","Мезатон раствор для инъекций 10mg/ml 1ml №10","ПЛАТ","Да","уп",30,"93,68","2810,4"]
["C01CA06","альфа-адреномиметик","Фенилэфрин","Релиф супп рект 5mg №12","ПЛАТ","Нет","уп",15,"466,19","6992,85"]
["C01CA07","кардиотоническое средство негликозидной структуры","Добутамин","Добутамин Гексал лиоф-т д/пригот р-ра д/инф 250mg №1","Бюджет","Да","уп",40,"399,74","15989,6"]
["C01CA07","кардиотоническое средство негликозидной структуры","Добутамин","Добутамин Гексал лиоф-т д/пригот р-ра д/инф 250mg №1","ОМС","Да","уп",80,"399,74","31979,2"]
["C01CX08","кардиотоническое средство негликозидной структуры","Левосимендан","Симдакс концентрат для приготовления р-ра для инфузий 2,5mg/ml 5ml","Бюджет","Да","уп",5,"30983,61","154918,05"]
["C01CX08","кардиотоническое средство негликозидной структуры","Левосимендан","Симдакс концентрат для приготовления р-ра для инфузий 2,5mg/ml 5ml","ОМС","Да","уп",2,"30983,61","61967,22"]
["C01DA02","вазодилатирующее средство - нитрат","Нитроглицерин","Нитроглицерин конц-т д/приг раствора для инфузий 1mg/ml 10ml №10","Бюджет","Да","уп",30,"590,95","17728,5"]
["C01DA02","вазодилатирующее средство - нитрат","Нитроглицерин","Нитроглицерин конц-т д/приг раствора для инфузий 1mg/ml 10ml №10","ОМС","Да","уп",904,"590,95","534218,8"]
["C01DA02","вазодилатирующее средство - нитрат","Нитроглицерин","Нитроглицерин конц-т д/приг раствора для инфузий 1mg/ml 10ml №10","ПЛАТ","Да","уп",1,"590,95","590,95"]
["C01DA02","вазодилатирующее средство - нитрат","Нитроглицерин","Нитроспрей спрей сублинг доз 0,4mg/dosis 10ml 200dosis","Бюджет","Да","уп",12,"100,75",1209]
["C01DA02","вазодилатирующее средство - нитрат","Нитроглицерин","Нитроспрей спрей сублинг доз 0,4mg/dosis 10ml 200dosis","ОМС","Да","уп",200,"100,75",20150]
["C01DA02","вазодилатирующее средство - нитрат","Нитроглицерин","Нитроспрей спрей сублинг доз 0,4mg/dosis 10ml 200dosis","ПЛАТ","Да","уп",7,"100,75","705,25"]
["С01DА02","вазодилатирующее средство - нитрат","Нитроглицерин","Нитроглицерин табл сублинг 0,5mg №40","Б.Опк","Да","уп",2,"44,98",{"$f":"H448*I448","v":89.96}]
["С01DА02","вазодилатирующее средство - нитрат","Нитроглицерин","Нитроглицерин табл сублинг 0,5mg №40","ОМС","Да","уп",28,"44,98","1259,44"]
["C01DA08","вазодилатирующее средство - нитрат","Изосорбида динитрат","Изакардин конц-т д/приг раствора для инфузий 1mg/ml 10ml №10","ПЛАТ","Да","уп",1,"730,95","730,95"]
["С01DA08","вазодилатирующее средство - нитрат","Изосорбида динитрат","Кардикет  табл пролог п/п/о 20mg №20","ОМС","Да","уп",40,"58,89","2355,6"]
["С01DA08","вазодилатирующее средство - нитрат","Изосорбида динитрат","Кардикет  табл пролог п/п/о 20mg №20","ПЛАТ","Да","уп",2,"58,89","117,78"]
["С01DA08","вазодилатирующее средство - нитрат","Изосорбида динитрат","Кардикет  табл. пролонг. 60mg №20","ОМС","Да","уп",66,"131,3","8665,8"]
["С01DA08","вазодилатирующее средство - нитрат","Изосорбида динитрат","Кардикет  табл. пролонг. 60mg №20","ПЛАТ","Да","уп",2,"131,3","262,6"]
["C01DA08","вазодилатирующее средство - нитрат","Изосорбида динитрат","Нитросорбид табл 10mg №60","Бюджет","Да","уп",1,"27,72","27,72"]
["C01DA08","вазодилатирующее средство - нитрат","Изосорбида динитрат","Нитросорбид табл 10mg №60","ОМС","Да","уп",78,"27,72","2162,16"]
["C01DA14","вазодилатирующее средство - нитрат","Изосорбида мононитрат","Изосорбида мононитрат табл 20mg №30","ОМС","Да","уп",216,"70,46","15219,36"]
["C01DA14","вазодилатирующее средство - нитрат","Изосорбида мононитрат","Изосорбида мононитрат табл 20mg №30","ПЛАТ","Да","уп",2,"70,46","140,92"]
["С01DA14","вазодилатирующее средство - нитрат","Изосорбида мононитрат","Моночинкве ретард капс ретард 50mg №30","ОМС","Да","уп",17,"341,56","5806,52"]
["С01DA14","вазодилатирующее средство - нитрат","Изосорбида мононитрат","Моночинкве ретард капс ретард 50mg №30","ПЛАТ","Да","уп",5,"341,56","1707,8"]
["C01DA14","вазодилатирующее средство - нитрат","Изосорбида мононитрат","Эфокс 20 табл 20mg №50","Бюджет","Да","уп",5,124,620]
["C01DA14","вазодилатирующее средство - нитрат","Изосорбида мононитрат","Эфокс 20 табл 20mg №50","ОМС","Да","уп",48,124,5952]
["C01DA14","вазодилатирующее средство - нитрат","Изосорбида мононитрат","Эфокс 20 табл 20mg №50","ПЛАТ","Да","уп",3,124,372]
["C01EB","метаболическое средство","Инозин","Рибоксин раствор для в/в  вв 20mg/ml 10ml №10","ОМС","Нет","уп",613,"43,95","30576,05"]
["C01EB","метаболическое средство","Инозин","Рибоксин раствор для в/в  вв 20mg/ml 10ml №10","ПЛАТ","Нет","уп",18,"43,95","791,1"]
["C01EB","метаболическое средство","Трифосаденин","Натрия аденозинтрифосфат-Дарница раствор для в/в  вв 10mg/ml 1ml №10","ОМС","Нет","уп",42,"285,93","12009,06"]
["C01EB","метаболическое средство","Трифосаденин","Натрия аденозинтрифосфат-Дарница раствор для в/в  вв 10mg/ml 1ml №10","ПЛАТ","Нет","уп",11,"285,93","3145,23"]
["C01EB05","метаболическое средство","Фосфокреатин","Неотон лиоф.пор. д/приг р-ра д/инф 1g (+ agua pro inject 50ml) №4","ПЛАТ","Нет","уп",22,"5714,28","125714,16"]
["C01EB15","антигипоксантное средство","Триметазидин","Депренорм МВ табл пролонг п/п/о 35mg №60","ПЛАТ","Нет","уп",7,"368,34","2578,38"]
["C01EB17","антиангинальное средство","Ивабрадин","Ивабрадин Канон  табл п/п/о 5mg №56","ОМС","Да","уп",42,"978,92",{"v":4111467072,"d":"4,111,467,072"}]
["C01EB17","антиангинальное средство","Ивабрадин","Ивабрадин Канон  табл п/п/о 5mg №56","ПЛАТ","Да","уп",3,"978,92","2936,76"]
["C01EB17","антиангинальное средство","Ивабрадин","Ивабрадин Канон  табл п/п/о 7,5mg №56","ОМС","Да","уп",21,"1011,92","21250,32"]
["C01EB17","антиангинальное средство","Ивабрадин","Кораксан табл п/п/о 5mg №28","ОМС","Да","уп",45,"610,17","27457,65"]
["C01EB17","антиангинальное средство","Ивабрадин","Кораксан табл п/п/о 5mg №28","ПЛАТ","Да","уп",2,"610,17","1220,34"]
["C01EB17","антиангинальное средство","Ивабрадин","Кораксан табл п/п/о 7,5mg №28","ОМС","Да","уп",11,"605,63","6661,93"]
["C01EB17","антиангинальное средство","Ивабрадин","Кораксан табл п/п/о 7,5mg №28","ПЛАТ","Да","уп",5,"605,63","3028,15"]
["C01EB22","метаболическое средство","Мельдоний","Мельдоний раствор для парабульбарного и в/в вв 100mg/ml 5ml №10","ОМС","Да","уп",477,"291,32","138959,64"]
["C01EB22","метаболическое средство","Мельдоний","Мельдоний раствор для парабульбарного и в/в вв 100mg/ml 5ml №10","ПЛАТ","Да","уп",235,"291,32","68460,2"]
["C02AC01","гипотензивное средство центрального действия","Клонидин","Клофелин раствор для инъекций 0,1 mg/ml 1ml","ОМС","Да","амп",305,{"v":304524,"d":"304,524"},{"v":9287982,"d":"9,287,982"}]
["C02AC05","гипотензивное средство центрального действия","Моксонидин","Моксонидин Канон  табл п/п/о 0,2 mg №14","ОМС","Да","уп",120,"139,35",16722]
["C02AC05","гипотензивное средство центрального действия","Моксонидин","Моксонидин Канон  табл п/п/о 0,4 mg №14","ОМС","Да","уп",360,"255,47","91969,2"]
["C02AC05","гипотензивное средство центрального действия","Моксонидин","Моксонидин Канон  табл п/п/о 0,4 mg №14","ПЛАТ","Да","уп",3,"255,47","766,41"]
["C02AC05","гипотензивное средство центрального действия","Моксонидин","Моксонидин табл п/п/о 0,2 mg №14","Бюджет","Да","уп",10,"143,95","1439,5"]
["C02AC05","гипотензивное средство центрального действия","Моксонидин","Моксонидин табл п/п/о 0,2 mg №14","ОМС","Да","уп",170,"143,95","24471,5"]
["C02AC05","гипотензивное средство центрального действия","Моксонидин","Моксонидин табл п/п/о 0,2 mg №14","ПЛАТ","Да","уп",41,"143,95","5901,95"]
["C02AC05","гипотензивное средство центрального действия","Моксонидин","Моксонидин табл п/п/о 0,4 mg №14","Бюджет","Да","уп",10,"240,22","2402,2"]
["C02AC05","гипотензивное средство центрального действия","Моксонидин","Моксонидин табл п/п/о 0,4 mg №14","ОМС","Да","уп",345,"240,22","82875,9"]
["C02AC05","гипотензивное средство центрального действия","Моксонидин","Моксонидин табл п/п/о 0,4 mg №14","ПЛАТ","Да","уп",32,"240,22","7687,04"]
["C02BC","ганглиоблокатор","Азаметония бромид","Пентамин раствор для в/в и в/м вв 50mg/ml 1ml №10","ОМС","Нет","уп",517,"1800,91","931070,47"]
["C02CA04","альфа1-адреноблокатор","Доксазозин","Доксазозин табл 4mg №30","ОМС","Да","уп",16,"573,42","9174,72"]
["C02CA04","альфа1-адреноблокатор","Доксазозин","Доксазозин-ФПО табл 400mg №30","ПЛАТ","Да","уп",2,"269,58","539,16"]
["C02CA06","альфа-адреноблокатор","Урапидил","Эбрантил капс 30mg №30","ОМС","Да","уп",29,"249,92","7247,68"]
["C02CA06","альфа-адреноблокатор","Урапидил","Эбрантил раствор для в/в  вв 5mg/ml 10ml №5","Бюджет","Да","уп",5,"1019,59","5097,95"]
["C02CA06","альфа-адреноблокатор","Урапидил","Эбрантил раствор для в/в  вв 5mg/ml 10ml №5","ОМС","Да","уп",58,"1019,59","59136,22"]
[{"$nulls":9},{"$f":"SUBTOTAL(9,J448)","v":89.96}]
["C03Диуретики"]
["C03AA03","диуретическое средство","Гидрохлоротиазид","Гидрохлоротиазид табл 100mg №20","ОМС","Да","уп",15,"63,7","955,5"]
["C03AA03","диуретическое средство","Гидрохлоротиазид","Гидрохлоротиазид табл 25mg №20","Бюджет","Да","уп",10,"47,32","473,2"]
["C03AA03","диуретическое средство","Гидрохлоротиазид","Гидрохлоротиазид табл 25mg №20","ОМС","Да","уп",335,"47,32","15852,2"]
["C03AA03","диуретическое средство","Гидрохлоротиазид","Гидрохлоротиазид табл 25mg №20","ПЛАТ","Да","уп",5,"47,32","236,6"]
["C03BA11","диуретическое средство","Индапамид","Индапамид ретард табл пролонг п/п/о 1,5 mg №30","ОМС","Да","уп",719,"95,89","68944,91"]
["C03BA11","диуретическое средство","Индапамид","Индапамид ретард табл пролонг п/п/о 1,5 mg №30","ПЛАТ","Да","уп",19,"95,89","1821,91"]
["C03CA01","диуретическое средство","Фуросемид","Фуросемид раствор для инъекций 20mg/2ml 2ml №10","Б.Опк","Да","уп",2,"25,34",{"$f":"H503*I503","v":50.68}]
["C03CA01","диуретическое средство","Фуросемид","Фуросемид раствор для инъекций 20mg/2ml 2ml №10","Бюджет","Да","уп",30,"25,34","760,2"]
["C03CA01","диуретическое средство","Фуросемид","Фуросемид раствор для инъекций 20mg/2ml 2ml №10","ОМС","Да","уп",5632,"25,34","142714,88"]
["C03CA01","диуретическое средство","Фуросемид","Фуросемид раствор для инъекций 20mg/2ml 2ml №10","ПЛАТ","Да","уп",103,"25,34","2610,02"]
["C03CA01","диуретическое средство","Фуросемид","Фуросемид табл 40mg №50","Бюджет","Да","уп",5,"27,07","135,35"]
["C03CA01","диуретическое средство","Фуросемид","Фуросемид табл 40mg №50","ОМС","Да","уп",404,"27,07","10936,28"]
["C03CA01","диуретическое средство","Фуросемид","Фуросемид табл 40mg №50","ПЛАТ","Да","уп",5,"27,07","135,35"]
["C03CA04","диуретическое средство","Торасемид","Торасемид Канон табл 10mg №60","ОМС","Нет","уп",112,"543,9","60916,8"]
["C03CA04","диуретическое средство","Торасемид","Торасемид Канон табл 5mg №20","ОМС","Нет","уп",38,"148,74","5652,12"]
["C03CA04","диуретическое средство","Торасемид","Торасемид Канон табл 5mg №20","ПЛАТ","Нет","уп",10,"148,74","1487,4"]
["C03CA04","диуретическое средство","Торасемид","Торасемид-СЗ табл 10mg №60","ОМС","Нет","уп",182,"543,9","98989,8"]
["C03CA04","диуретическое средство","Торасемид","Торасемид-СЗ табл 10mg №60","ПЛАТ","Нет","уп",10,"543,9",5439]
["C03DA01","диуретическое калийсберегающее средство","Спиронолактон","Верошпирон капс 50mg № 30","Бюджет","Да","уп",100,"184,19",18419]
["C03DA01","диуретическое калийсберегающее средство","Спиронолактон","Верошпирон капс 50mg № 30","ОМС","Да","уп",387,"184,19","71281,53"]
["C03DA01","диуретическое калийсберегающее средство","Спиронолактон","Верошпирон капс 50mg № 30","ПЛАТ","Да","уп",20,"184,19","3683,8"]
["C03DA01","диуретическое калийсберегающее средство","Спиронолактон","Верошпирон табл 25mg №20","Бюджет","Да","уп",119,"77,86","9265,34"]
["C03DA01","диуретическое калийсберегающее средство","Спиронолактон","Верошпирон табл 25mg №20","ОМС","Да","уп",2204,"77,86","171603,44"]
["C03DA01","диуретическое калийсберегающее средство","Спиронолактон","Верошпирон табл 25mg №20","ПЛАТ","Да","уп",55,"77,86","4282,3"]
["С04АС01","витамин","Никотиновая кислота","Никотиновая кислота - СОЛОфарм раствор для инъекций 10mg/ml 1ml №10","Бюджет","Нет","уп",200,"44,4",8880]
["С04АС01","витамин","Никотиновая кислота","Никотиновая кислота - СОЛОфарм раствор для инъекций 10mg/ml 1ml №10","ОМС","Нет","уп",364,"44,4","16161,6"]
["С04АС01","витамин","Никотиновая кислота","Никотиновая кислота - СОЛОфарм раствор для инъекций 10mg/ml 1ml №10","ПЛАТ","Нет","уп",35,"44,4",1554]
["C04AC01","витамин","Никотиновая кислота","Никотиновая кислота раствор для инъекций 10mg/ml 1ml №10","ОМС","Нет","уп",56,"53,18","2978,08"]
["C04AD03","вазодилатирующее средство","Пентоксифиллин","Пентоксифиллин конц-т д/приг раствора для в/в и в/арт вв 20mg/ml 5ml №10","Бюджет","Да","уп",100,"40,82",4082]
["C04AD03","вазодилатирующее средство","Пентоксифиллин","Пентоксифиллин конц-т д/приг раствора для в/в и в/арт вв 20mg/ml 5ml №10","ОМС","Да","уп",874,"40,82","35676,68"]
["C04AD03","вазодилатирующее средство","Пентоксифиллин","Пентоксифиллин конц-т д/приг раствора для в/в и в/арт вв 20mg/ml 5ml №10","ПЛАТ","Да","уп",145,"40,82","5918,9"]
["C04AD03","вазодилатирующее средство","Пентоксифиллин","Пентоксифиллин табл п/к/р/о 100mg №60","ОМС","Нет","уп",170,"134,13","22802,1"]
["C04AX","вазодилатирующее средство","Бендазол","Дибазол раствор для в/в и в/м вв 10mg/ml 1ml №10","ОМС","Нет","уп",183,"33,33","6126,69"]
["C04AX","вазодилатирующее средство","Бендазол","Дибазол раствор для в/в и в/м вв 10mg/ml 1ml №10","ПЛАТ","Нет","уп",5,"33,33","176,4"]
["C05BA53","антикоагулянтное средство прямого действия для местного применения+прочие препараты","Гепарин натрия+Бензокаин+Бензилникотинат","Гепариновая мазь мазь д/наружн прим 25g №1","Бюджет","Нет","уп",5,"36,05","172,7"]
["C05BA53","антикоагулянтное средство прямого действия для местного применения+прочие препараты","Гепарин натрия+Бензокаин+Бензилникотинат","Гепариновая мазь мазь д/наружн прим 25g №1","ОМС","Нет","уп",190,"36,05","6792,12"]
["C05BA53","антикоагулянтное средство прямого действия для местного применения+прочие препараты","Гепарин натрия+Бензокаин+Бензилникотинат","Гепариновая мазь мазь д/наружн прим 25g №1","ПЛАТ","Нет","уп",34,"36,05","1195,5"]
["C05CA53","венотонизирующее и венопротекторное средство","Гесперидин+Диосмин","Венарус табл п/п/о 500mg №30","ОМС","Нет","уп",30,"409,03","12270,9"]
["C05CA53","венотонизирующее и венопротекторное средство","Гесперидин+Диосмин","Венарус табл п/п/о 500mg №30","ПЛАТ","Нет","уп",30,"409,03","12270,9"]
["С05СА53","венотонизирующее и венопротекторное средство","Очищенная микронизированная флавоноидная фракция (диосмин + флавоноиды в пересчете на гесперидин)","Детравенол табл п/п/о 500mg №30","ОМС","Нет","уп",7,"386,51","2705,57"]
["С05СА53","венотонизирующее и венопротекторное средство","Очищенная микронизированная флавоноидная фракция (диосмин + флавоноиды в пересчете на гесперидин)","Детравенол табл п/п/о 500mg №30","ПЛАТ","Нет","уп",4,"386,51","1546,04"]
["C05CX","антиоксидантное средство","Метилэтилпиридинол","Метилэтилпиридинол раствор для инъекций 10mg/ml 1ml №10","ОМС","Нет","уп",280,"45,02","12605,6"]
["C07AA05","бета-адреноблокатор","Пропранолол","Анаприлин табл 10mg №50","ОМС","Да","уп",56,"15,06","843,36"]
["C07AA05","бета-адреноблокатор","Пропранолол","Анаприлин табл 10mg №50","ПЛАТ","Да","уп",7,"15,06","105,42"]
["С07АА07","бета-адреноблокатор","Соталол","Соталол табл 160mg №20","Бюджет","Да","уп",30,"107,77","3233,1"]
["С07АА07","бета-адреноблокатор","Соталол","Соталол табл 160mg №20","ОМС","Да","уп",117,"107,77","12609,09"]
["С07АА07","бета-адреноблокатор","Соталол","Соталол табл 80mg №20","Бюджет","Да","уп",10,"65,52","655,2"]
["С07АА07","бета-адреноблокатор","Соталол","Соталол табл 80mg №20","ОМС","Да","уп",125,"65,52",8190]
["С07АА07","бета-адреноблокатор","Соталол","Соталол табл 80mg №20","ПЛАТ","Да","уп",5,"65,52","327,6"]
["С07АВ","бета1-адреноблокатор селективный","Атенолол","Атенолол табл п/п/о 50mg №30","Бюджет","Да","уп",5,"31,16","155,8"]
["С07АВ","бета1-адреноблокатор селективный","Атенолол","Атенолол табл п/п/о 50mg №30","ОМС","Да","уп",43,"31,16","1339,88"]
["С07АВ","бета1-адреноблокатор селективный","Атенолол","Атенолол табл п/п/о 50mg №30","ПЛАТ","Да","уп",5,"31,16","125,47"]
["C07AB02","бета1-адреноблокатор селективный","Метопролол","Беталок раствор для в/в  вв 1mg/ml 5ml №5","Бюджет","Да","уп",21,"834,28","17519,88"]
["C07AB02","бета1-адреноблокатор селективный","Метопролол","Беталок раствор для в/в  вв 1mg/ml 5ml №5","ОМС","Да","уп",83,"834,28","69245,24"]
["C07AB02","бета1-адреноблокатор селективный","Метопролол","Беталок раствор для в/в  вв 1mg/ml 5ml №5","ПЛАТ","Да","уп",1,"834,28","834,28"]
["С07АB02","бета1-адреноблокатор селективный","Метопролол","Метопролол раствор для в/в  вв 1mg/ml 5ml №5","ОМС","Да","уп",30,"123,93","3717,9"]
["С07АB02","бета1-адреноблокатор селективный","Метопролол","Метопролол табл 25mg №60","Бюджет","Да","уп",10,"91,08","910,8"]
["С07АB02","бета1-адреноблокатор селективный","Метопролол","Метопролол табл 25mg №60","ОМС","Да","уп",339,"91,08","30876,12"]
["С07АB02","бета1-адреноблокатор селективный","Метопролол","Метопролол табл 25mg №60","ПЛАТ","Да","уп",2,"91,08","182,16"]
["С07АB02","бета1-адреноблокатор селективный","Метопролол","Метопролол табл 50mg №30","Бюджет","Да","уп",20,"29,66","593,2"]
["С07АB02","бета1-адреноблокатор селективный","Метопролол","Метопролол табл 50mg №30","ОМС","Да","уп",961,"29,66","28503,26"]
["C07AB07","бета1-адреноблокатор селективный","Бисопролол","Бисопролол табл п/п/о 10mg  №30","Бюджет","Да","уп",10,"172,16","1721,6"]
["C07AB07","бета1-адреноблокатор селективный","Бисопролол","Бисопролол табл п/п/о 10mg  №30","ОМС","Да","уп",65,"172,16","11190,4"]
["C07AB07","бета1-адреноблокатор селективный","Бисопролол","Бисопролол табл п/п/о 10mg  №30","ПЛАТ","Да","уп",3,"172,16","516,48"]
["C07AB07","бета1-адреноблокатор селективный","Бисопролол","Бисопролол табл п/п/о 5mg №50","Бюджет","Да","уп",10,"135,25","1352,5"]
["C07AB07","бета1-адреноблокатор селективный","Бисопролол","Бисопролол табл п/п/о 5mg №50","ОМС","Да","уп",640,"135,25",86560]
["C07AB07","бета1-адреноблокатор селективный","Бисопролол","Бисопролол табл п/п/о 5mg №50","ПЛАТ","Да","уп",12,"135,25",1623]
["С07АВ07","бета1-адреноблокатор селективный","Бисопролол","Бисопролол-Прана табл п/п/о 10mg №30","ОМС","Да","уп",180,"163,94","29509,2"]
["С07АВ07","бета1-адреноблокатор селективный","Бисопролол","Бисопролол-Прана табл п/п/о 5mg №30","Бюджет","Да","уп",20,"95,63","1912,6"]
["С07АВ07","бета1-адреноблокатор селективный","Бисопролол","Бисопролол-Прана табл п/п/о 5mg №30","ОМС","Да","уп",580,"95,63","55465,4"]
["C07AB09","бета1-адреноблокатор селективный","Эсмолол","Бревиблок раствор для в/в  вв 10mg/ml 10ml №5","Бюджет","Нет","уп",4,"5026,84","20107,36"]
["C07AB09","бета1-адреноблокатор селективный","Эсмолол","Бревиблок раствор для в/в  вв 10mg/ml 10ml №5","ОМС","Нет","уп",6,"5026,84","30161,04"]
["C07AB12","бета1-адреноблокатор селективный","Небиволол","Небиволол табл 5mg №14","ОМС","Нет","уп",91,"186,71","16990,61"]
["C07AB12","бета1-адреноблокатор селективный","Небиволол","Небиволол табл 5mg №14","ПЛАТ","Нет","уп",55,"186,71","10269,05"]
["C07AG02","альфа- и бета-адреноблокатор","Карведилол","Карведилол табл 12,5mg №30","ОМС","Да","уп",33,"273,24","9016,92"]
["C07AG02","альфа- и бета-адреноблокатор","Карведилол","Карведилол табл 12,5mg №30","ПЛАТ","Да","уп",1,"273,24","273,24"]
["C07AG02","альфа- и бета-адреноблокатор","Карведилол","Карведилол табл 25mg №30","ОМС","Да","уп",30,"341,55","10246,5"]
["C08CA01","блокатор \"медленных\" кальциевых каналов","Амлодипин","Амлодипин-Прана  табл 10mg №90","Бюджет","Да","уп.",5,"390,39","1951,95"]
["C08CA01","блокатор \"медленных\" кальциевых каналов","Амлодипин","Амлодипин-Прана  табл 10mg №90","ОМС","Да","уп.",675,"390,39","263513,25"]
["C08CA01","блокатор \"медленных\" кальциевых каналов","Амлодипин","Амлодипин-Прана  табл 10mg №90","ПЛАТ","Да","уп.",24,"390,39","9369,36"]
["C08CA01","блокатор \"медленных\" кальциевых каналов","Амлодипин","Амлодипин-Прана  табл 5mg №90","Бюджет","Да","уп",12,"316,27","3795,24"]
["C08CA01","блокатор \"медленных\" кальциевых каналов","Амлодипин","Амлодипин-Прана  табл 5mg №90","ОМС","Да","уп",625,"316,27","197668,75"]
["C08CA01","блокатор \"медленных\" кальциевых каналов","Амлодипин","Амлодипин-Прана  табл 5mg №90","ПЛАТ","Да","уп",45,"316,27","14232,15"]
["C08CA05","блокатор \"медленных\" кальциевых каналов","Нифедипин","Кордафлекс табл пролонг п/п/о 20mg №60","Бюджет","Да","уп",6,"122,26","733,56"]
["C08CA05","блокатор \"медленных\" кальциевых каналов","Нифедипин","Кордафлекс табл пролонг п/п/о 20mg №60","ОМС","Да","уп",247,"122,26","30198,22"]
["C08CA05","блокатор \"медленных\" кальциевых каналов","Нифедипин","Кордафлекс табл пролонг п/п/о 20mg №60","ПЛАТ","Да","уп",8,"122,26","978,08"]
["С08CА05","блокатор \"медленных\" кальциевых каналов","Нифедипин","Нифедипин табл п/п/о 10mg №50","ОМС","Да","уп",400,"39,25",15700]
["C08CA05","блокатор \"медленных\" кальциевых каналов","Нифедипин","Нифекард ХЛ табл с модифиц. высвобождением п/п/о 30mg №30","ОМС","Да","уп",68,"187,82","12771,76"]
["C08CA05","блокатор \"медленных\" кальциевых каналов","Нифедипин","Нифекард ХЛ табл с модифиц. высвобождением п/п/о 30mg №30","ПЛАТ","Да","уп",5,"187,82","939,1"]
["C08CA06","блокатор \"медленных\" кальциевых каналов","Нимодипин","Нимопин раствор для инфузий 0,2mg/ml 50ml №1","Бюджет","Да","уп",20,"767,38","15347,6"]
["C08CA06","блокатор \"медленных\" кальциевых каналов","Нимодипин","Нимопин раствор для инфузий 0,2mg/ml 50ml №1","ОМС","Да","уп",420,"767,38","322299,6"]
["C08CA06","блокатор \"медленных\" кальциевых каналов","Нимодипин","Нимопин раствор для инфузий 0,2mg/ml 50ml №1","ПЛАТ","Да","уп",20,"767,38","15347,6"]
["C08CA06","блокатор \"медленных\" кальциевых каналов","Нимодипин","Нимопин табл п/п/о 30mg №30","ОМС","Да","уп",20,"727,93","14558,6"]
["C08CA13","блокатор \"медленных\" кальциевых каналов","Лерканидипин","Лерканидипин-СЗ табл п/п/о 20mg №30","ОМС","Нет","уп",30,"252,33","7569,9"]
["C08CA13","блокатор \"медленных\" кальциевых каналов","Лерканидипин","Лерканидипин-СЗ табл п/п/о 20mg №30","ПЛАТ","Нет","уп",10,"252,33","2523,3"]
["C08DA01","блокатор \"медленных\" кальциевых каналов","Верапамил","Верапамил раствор для в/в  вв 2,5mg/ml 2ml №10","ОМС","Да","уп",71,"55,04","3907,84"]
["C08DA01","блокатор \"медленных\" кальциевых каналов","Верапамил","Верапамил табл п/о 80mg №30","Бюджет","Да","уп",5,"56,4",282]
["C08DA01","блокатор \"медленных\" кальциевых каналов","Верапамил","Верапамил табл п/о 80mg №30","ОМС","Да","уп",294,"56,4","16581,6"]
["C08DA01","блокатор \"медленных\" кальциевых каналов","Верапамил","Верапамил табл п/о 80mg №30","ПЛАТ","Да","уп",3,"56,4","169,2"]
["C08DA01","блокатор \"медленных\" кальциевых каналов","Верапамил","Верапамил табл п/п/о 40mg №50","ОМС","Да","уп",17,"37,34","634,78"]
["C08DA01","блокатор \"медленных\" кальциевых каналов","Верапамил","Верапамил табл п/п/о 40mg №50","ПЛАТ","Да","уп",2,"37,34","74,68"]
["C08DA01","блокатор \"медленных\" кальциевых каналов","Верапамил","Верапамил табл. пролог. п/о 240 mg №20","ОМС","Да","уп",3,"179,98","539,94"]
["C08DA01","блокатор \"медленных\" кальциевых каналов","Верапамил","Верапамил табл. пролог. п/о 240 mg №20","ПЛАТ","Да","уп",1,"179,98","179,98"]
["C08DB01","блокатор \"медленных\" кальциевых каналов","Дилтиазем","Дилтиазем Ланнахер табл пролонг п/п/о 180mg №30","ОМС","Нет","уп",16,"335,78","5372,48"]
["C08DB01","блокатор \"медленных\" кальциевых каналов","Дилтиазем","Дилтиазем Ланнахер табл пролонг п/п/о 180mg №30","ПЛАТ","Нет","уп",1,"335,78","335,78"]
["C09AA01","АПФ ингибитор","Каптоприл","Каптоприл табл 25mg №40","Бюджет","Да","уп.",30,"16,03","480,9"]
["C09AA01","АПФ ингибитор","Каптоприл","Каптоприл табл 25mg №40","ОМС","Да","уп.",915,"16,03","14667,45"]
["C09AA01","АПФ ингибитор","Каптоприл","Каптоприл табл 25mg №40","ПЛАТ","Да","уп.",29,"16,03","464,87"]
["C09AA02","АПФ ингибитор","Эналаприл","Эналаприл табл 10mg №20","Бюджет","Да","уп",40,"13,68","547,2"]
["C09AA02","АПФ ингибитор","Эналаприл","Эналаприл табл 10mg №20","ОМС","Да","уп",4490,"13,68","61423,2"]
["C09AA02","АПФ ингибитор","Эналаприл","Эналаприл табл 10mg №20","ПЛАТ","Да","уп",30,"13,68","410,4"]
["C09AA02","АПФ ингибитор","Эналаприл","Эналаприл табл 20mg №20","ОМС","Да","уп",2208,"17,04","37624,32"]
["C09AA02","АПФ ингибитор","Эналаприл","Эналаприл табл 20mg №20","ПЛАТ","Да","уп",22,"17,04","374,88"]
["C09AA03","АПФ ингибитор","Лизиноприл","Лизиноприл табл п/п/о 10mg №30","ОМС","Да","уп",245,"114,6",28077]
["C09AA03","АПФ ингибитор","Лизиноприл","Лизиноприл табл п/п/о 10mg №30","ПЛАТ","Да","уп",22,"114,6","2521,2"]
["C09AA04","АПФ ингибитор","Периндоприл","Периндоприл-Тева табл п/п/о 10mg  №30","ОМС","Да","уп",247,"400,18","98844,46"]
["C09AA04","АПФ ингибитор","Периндоприл","Периндоприл-Тева табл п/п/о 10mg  №30","ПЛАТ","Да","уп",4,"400,18","1600,72"]
["C09AA04","АПФ ингибитор","Периндоприл","Периндоприл-Тева табл п/п/о 5mg №30","ОМС","Да","уп",223,"307,07","68476,61"]
["C09AA04","АПФ ингибитор","Периндоприл","Периндоприл-Тева табл п/п/о 5mg №30","ПЛАТ","Да","уп",3,"307,07","921,21"]
["C09AA04","АПФ ингибитор","Периндоприл","Престариум А табл п/п/о 10mg №29","Бюджет","Да","уп",1,"615,57","615,57"]
["C09AA04","АПФ ингибитор","Периндоприл","Престариум А табл п/п/о 10mg №29","ОМС","Да","уп",121,"615,57","74483,97"]
["C09AA04","АПФ ингибитор","Периндоприл","Престариум А табл п/п/о 10mg №29","ПЛАТ","Да","уп",24,"615,57","14773,68"]
["C09AA04","АПФ ингибитор","Периндоприл","Престариум А табл п/п/о 5mg №14","Бюджет","Да","уп",15,"194,3","2914,5"]
["C09AA04","АПФ ингибитор","Периндоприл","Престариум А табл п/п/о 5mg №14","ОМС","Да","уп",256,"194,3","49740,8"]
["C09AA04","АПФ ингибитор","Периндоприл","Престариум А табл п/п/о 5mg №14","ПЛАТ","Да","уп",37,"194,3","7189,1"]
["С09АА09","АПФ ингибитор","Фозиноприл","Фозиноприл табл 10mg №28","ОМС","Нет","уп",15,"245,08","3676,2"]
["С09ВА","гипотензивное средство комбинированное (диуретик+АПФ ингибитор)","Индапамид+Периндоприл","Индапамид/Периндоприл-Тева  табл п/п/о 1,25mg+5mg №30","ОМС","Нет","уп",90,"339,68","30571,2"]
["С09ВА","гипотензивное средство комбинированное (диуретик+АПФ ингибитор)","Индапамид+Периндоприл","Индапамид/Периндоприл-Тева  табл п/п/о 1,25mg+5mg №30","ПЛАТ","Нет","уп",15,"339,68","5095,2"]
["C09BA","гипотензивное средство комбинированное (диуретик+АПФ ингибитор)","Гидрохлоротиазид+Эналаприл","Эналаприл НЛ 20 табл 12,5mg+ 20mg №20","Бюджет","Нет","уп",5,"66,6","429,4"]
["C09BA","гипотензивное средство комбинированное (диуретик+АПФ ингибитор)","Гидрохлоротиазид+Эналаприл","Эналаприл НЛ 20 табл 12,5mg+ 20mg №20","ОМС","Нет","уп",65,"66,6","5389,4"]
["C09BA","гипотензивное средство комбинированное (диуретик+АПФ ингибитор)","Гидрохлоротиазид+Эналаприл","Эналаприл НЛ 20 табл 12,5mg+ 20mg №20","ПЛАТ","Нет","уп",1,"66,6","66,6"]
["C09BA","гипотензивное средство комбинированное (диуретик+АПФ ингибитор)","Индапамид+Периндоприл","Нолипрел А форте табл п/п/о 1,25mg+5mg №30","ПЛАТ","Нет","уп",2,"821,73","1643,46"]
["C09BB03","гипотензивное средство комбинированное (АПФ ингибитор+БМКК)","Амлодипин + Лизиноприл","Экламиз табл 5mg+10mg №30","ПЛАТ","Нет","уп",3,"696,95","2090,85"]
["C09BB04","гипотензивное средство комбинированное (АПФ ингибитор+БМКК)","Периндоприла аргинин+Амлодипин","Престанс табл 10mg+5mg №30","Бюджет","Нет","уп",10,"1042,9",10429]
["C09BB04","гипотензивное средство комбинированное (АПФ ингибитор+БМКК)","Периндоприла аргинин+Амлодипин","Престанс табл 10mg+5mg №30","ОМС","Нет","уп",90,"1042,9",93861]
["C09BB04","гипотензивное средство комбинированное (АПФ ингибитор+БМКК)","Периндоприла аргинин+Амлодипин","Престанс табл 10mg+5mg №30","ПЛАТ","Нет","уп",23,"1042,9","23986,7"]
["C09BА03","гипотензивное средство комбинированное (диуретик+АПФ ингибитор)","Лизиноприл+ гидрохлортиазид","Ко-Диротон табл 10mg+12,5mg №30","ПЛАТ","Нет","уп",7,"609,12","4263,84"]
["C09CA06","ангиотензина II рецепторов антагонист","Кандесартан","Ангиаканд табл 8mg №28","ОМС","Нет","уп",45,"205,4",9243]
["C09CA06","ангиотензина II рецепторов антагонист","Кандесартан","Кандесартан табл 16mg №20","ОМС","Нет","уп",10,"267,15","2671,5"]
["C09CA06","ангиотензина II рецепторов антагонист","Кандесартан","Кандесартан табл 16mg №20","ПЛАТ","Нет","уп",3,"267,15","801,45"]
["С09СА01","ангиотензина II рецепторов антагонист","Лозартан","Лозартан табл п/п/о 50mg №30","Бюджет","Да","уп",10,"275,61","2756,1"]
["С09СА01","ангиотензина II рецепторов антагонист","Лозартан","Лозартан табл п/п/о 50mg №30","ОМС","Да","уп",492,"275,61","135600,12"]
["С09СА01","ангиотензина II рецепторов антагонист","Лозартан","Лозартан табл п/п/о 50mg №30","ПЛАТ","Да","уп",30,"275,61","8268,3"]
["С09СА03","ангиотензина II рецепторов антагонист","Валсартан","Вальсакор табл п/п/о 80mg №30","ОМС","Нет","уп",23,"490,17","11273,91"]
["С09СА03","ангиотензина II рецепторов антагонист","Валсартан","Вальсакор табл п/п/о 80mg №30","ПЛАТ","Нет","уп",14,"490,17","6862,38"]
["C09CA07","ангиотензина II рецепторов антагонист","Телмисартан","Микардис табл 80mg №28","ПЛАТ","Нет","уп",6,"1244,4","7466,4"]
["С09СА07","ангиотензина II рецепторов антагонист","Телмисартан","Телмиста табл 80mg №28","ПЛАТ","Нет","уп",2,"600,98","1201,96"]
["C09DA01","гипотензивное средство комбинированное (ангиотензина II рецепторов антагонист+диуретик)","Гидрохлоротиазид+Лозартан","Лозартан Н табл п/п/о 12,5mg+50mg №30","Бюджет","Нет","уп",10,"155,05","1550,5"]
["C09DA01","гипотензивное средство комбинированное (ангиотензина II рецепторов антагонист+диуретик)","Гидрохлоротиазид+Лозартан","Лозартан Н табл п/п/о 12,5mg+50mg №30","ОМС","Нет","уп",105,"155,05","16280,25"]
["C09DA01","гипотензивное средство комбинированное (ангиотензина II рецепторов антагонист+диуретик)","Гидрохлоротиазид+Лозартан","Лозартан Н табл п/п/о 12,5mg+50mg №30","ПЛАТ","Нет","уп",1,"155,05","155,05"]
["C09DB01","гипотензивное средство комбинированное (БМКК+ангиотензина II рецепторов антагонист)","Амлодипин+ Валсартан","Вамлосет табл п/п/о 5mg+ 80mg  №30","ОМС","Нет","уп",5,"626,12","3130,6"]
["C09DB01","гипотензивное средство комбинированное (БМКК+ангиотензина II рецепторов антагонист)","Амлодипин+ Валсартан","Вамлосет табл п/п/о 5mg+ 80mg  №30","ПЛАТ","Нет","уп",6,"626,12","3756,72"]
["C10AA01","гиполипидемическое средство - ГМГ-КоА-редуктазы ингибитор","Симвастатин","Симвастатин табл п/п/о 20mg №30","ОМС","Да","уп",20,"227,87","4557,4"]
["C10AA01","гиполипидемическое средство - ГМГ-КоА-редуктазы ингибитор","Симвастатин","Симвастатин табл п/п/о 20mg №30","ПЛАТ","Да","уп",20,"227,87","4557,4"]
["C10AA01","гиполипидемическое средство - ГМГ-КоА-редуктазы ингибитор","Симвастатин","Симвастатин табл п/п/о 40mg №30","ОМС","Да","уп",3,"751,64","2254,92"]
["C10AA05","гиполипидемическое средство - ГМГ-КоА-редуктазы ингибитор","Аторвастатин","Аторвастатин табл п/п/о 20mg №30","ОМС","Да","уп",415,"393,1","163136,5"]
["C10AA05","гиполипидемическое средство - ГМГ-КоА-редуктазы ингибитор","Аторвастатин","Аторвастатин табл п/п/о 20mg №30","ПЛАТ","Да","уп",28,"393,1","11006,8"]
["C10AA05","гиполипидемическое средство - ГМГ-КоА-редуктазы ингибитор","Аторвастатин","Аторвастатин табл п/п/о 40mg №30","ОМС","Да","уп",341,"627,99","242320,59"]
["С10АА05","гиполипидемическое средство - ГМГ-КоА-редуктазы ингибитор","Аторвастатин","Аторвастатин-К  табл п/п/о 20mg №30","Бюджет","Да","уп",30,"442,75","13282,5"]
["С10АА05","гиполипидемическое средство - ГМГ-КоА-редуктазы ингибитор","Аторвастатин","Аторвастатин-К  табл п/п/о 20mg №30","ОМС","Да","уп",205,"442,75","90763,75"]
["С10АА05","гиполипидемическое средство - ГМГ-КоА-редуктазы ингибитор","Аторвастатин","Аторвастатин-К  табл п/п/о 20mg №30","ПЛАТ","Да","уп",30,"442,75","13282,5"]
["С10АА07","гиполипидемическое средство - ГМГ-КоА-редуктазы ингибитор","Розувастатин","Розувастатин табл п/п/о 20mg №30","ОМС","Нет","уп",25,"285,71","7142,75"]
["С10АА07","гиполипидемическое средство - ГМГ-КоА-редуктазы ингибитор","Розувастатин","Розувастатин табл п/п/о 20mg №30","ПЛАТ","Нет","уп",15,"285,71","4285,65"]
["D02AC","дерматопротекторное средство","Вазелин","Вазелин мазь д/наружн прим 25g","Бюджет","Нет","уп",10,"10,34","415,1"]
["D02AC","дерматопротекторное средство","Вазелин","Вазелин мазь д/наружн прим 25g","ОМС","Нет","уп",409,"10,34","5631,71"]
["D02AC","дерматопротекторное средство","Вазелин","Вазелин мазь д/наружн прим 25g","ПЛАТ","Нет","уп",5,"10,34","51,7"]
["D04AB01","местноанестезирующее средство","Лидокаин","Лидокаин-Виал спрей для местного и наружного прим 10% 38g","Бюджет","Да","уп",24,"337,7","8104,8"]
["D04AB01","местноанестезирующее средство","Лидокаин","Лидокаин-Виал спрей для местного и наружного прим 10% 38g","ОМС","Да","уп",222,"337,7","74969,4"]
["D04AB01","местноанестезирующее средство","Лидокаин","Лидокаин-Виал спрей для местного и наружного прим 10% 38g","ПЛАТ","Да","уп",30,"337,7",10131]
["D06AX","антибиотик комбинированный (антибиотик полипептидный+антибиотик-аминогликозид)","Неомицин","Банеоцин мазь д/наружн прим 250ME/g+5000ME/g 20g","ОМС","Нет","уп",15,"425,13","6134,1"]
["D06AX","антибиотик комбинированный (антибиотик полипептидный+антибиотик-аминогликозид)","Неомицин","Банеоцин мазь д/наружн прим 250ME/g+5000ME/g 20g","ПЛАТ","Нет","уп",3,"425,13","1129,68"]
["D06AX","антибиотик комбинированный (антибиотик полипептидный+антибиотик-аминогликозид)","Неомицин","Банеоцин порошок для наруж примен(присыпка) 250ME/g+5000ME/g 10g","Бюджет","Нет","уп",1,"461,76","461,76"]
["D06AX","антибиотик комбинированный (антибиотик полипептидный+антибиотик-аминогликозид)","Неомицин","Банеоцин порошок для наруж примен(присыпка) 250ME/g+5000ME/g 10g","ОМС","Нет","уп",42,"461,76","18340,4"]
["D06AX","антибиотик комбинированный (антибиотик полипептидный+антибиотик-аминогликозид)","Неомицин","Банеоцин порошок для наруж примен(присыпка) 250ME/g+5000ME/g 10g","ПЛАТ","Нет","уп",15,"461,76","6359,12"]
["D06C","противомикробное средство комбинированное","Диоксометилтетрагидропиримидин+сульфадиметоксин+тримекаин+хлормфеникол","Левосин мазь д/наружн прим 40g №1","Бюджет","Да","уп",5,"79,5","397,5"]
["D06C","противомикробное средство комбинированное","Диоксометилтетрагидропиримидин+сульфадиметоксин+тримекаин+хлормфеникол","Левосин мазь д/наружн прим 40g №1","ОМС","Да","уп",439,"79,5","34900,5"]
["D06C","противомикробное средство комбинированное","Диоксометилтетрагидропиримидин+сульфадиметоксин+тримекаин+хлормфеникол","Левосин мазь д/наружн прим 40g №1","ПЛАТ","Да","уп",68,"79,5",5406]
["D07AA02","глюкокортикостероид для местного применения","Гидрокортизон","Гидрокортизон мазь д/наружн прим 1% 15g ","ОМС","Да","уп",120,"46,2",5544]
["D07AA02","глюкокортикостероид для местного применения","Гидрокортизон","Гидрокортизон мазь д/наружн прим 1% 15g ","ПЛАТ","Да","уп",3,"46,2","138,6"]
["D07AC14","глюкокортикостероид для местного применения","Метилпреднизолона ацепонат ","Комфодерм мазь д/наружн прим 0,1% 15g","ПЛАТ","Нет","уп",5,"280,96","1404,8"]
["D07XB01","глюкокортикостероид для местного применения+кератолитическое средство","Салициловая кислота+Флуметазон","Лоринден  А мазь д/наружн прим 15g №1","Бюджет","Нет","уп",17,"489,74","8325,58"]
["D07XB01","глюкокортикостероид для местного применения+кератолитическое средство","Салициловая кислота+Флуметазон","Лоринден  А мазь д/наружн прим 15g №1","ОМС","Нет","уп",90,"489,74","44076,6"]
["D07XB01","глюкокортикостероид для местного применения+кератолитическое средство","Салициловая кислота+Флуметазон","Лоринден  А мазь д/наружн прим 15g №1","ПЛАТ","Нет","уп",55,"489,74","26935,7"]
["D07XC01","глюкокортикостероид для местного применения+антибиотик-аминогликозид+противогрибковое средство","Бетаметазон+Гентамицин+Клотримазол","Акридерм ГК крем д/ наружн /пр 15g №1","ОМС","Нет","уп",2,"483,51","967,02"]
["D07XC01","глюкокортикостероид для местного применения+антибиотик-аминогликозид+противогрибковое средство","Бетаметазон+Гентамицин+Клотримазол","Акридерм ГК крем д/ наружн /пр 15g №1","ПЛАТ","Нет","уп",10,"483,51",3700]
["D08AC02","антисептическое средство","Хлоргексидин","Хлоргексидин-Ферейн р-р д/наруж/прим спирт 0,5% 1L","Бюджет","Да","бутылка",11,"158,5","1743,5"]
["D08AC02","антисептическое средство","Хлоргексидин","Хлоргексидин-Ферейн р-р д/наруж/прим спирт 0,5% 1L","ОМС","Да","бутылка",3597,"158,5","570124,5"]
["D08AC02","антисептическое средство","Хлоргексидин","Хлоргексидин-Ферейн р-р д/наруж/прим спирт 0,5% 1L","ПЛАТ","Да","бутылка",80,"158,5",12680]
["D08AC02","антисептическое средство","Хлоргексидин","Хлоргексидина биглюконат р-р для наружного применения 0,05% 100ml №1","ОМС","Да","уп",286,"12,26","3506,36"]
["D08AC02","антисептическое средство","Хлоргексидин","Хлоргексидина биглюконат р-р для наружного применения 0,05% 100ml №1","ПЛАТ","Да","уп",27,"12,26","331,02"]
["D08AD","антисептическое средство","Борная кислота","Борная кислота р-р для наружного применения (спиртовой) 3% 25ml №1","ОМС","Нет","уп",14,"8,88","124,32"]
["D08AD","антисептическое средство","Борная кислота","Борная кислота р-р для наружного применения (спиртовой) 3% 25ml №1","ПЛАТ","Нет","уп",5,"8,88","44,4"]
["D08AF01","противомикробное средство - нитрофуран","Нитрофурал","Фурацилин  р-р д/нар и местн прим 0,02% 200ml №28","ОМС","Нет","уп",30,"2320,03","69600,9"]
["D08AF01","противомикробное средство - нитрофуран","Нитрофурал","Фурацилин  р-р д/нар и местн прим 0,02% 200ml №28","ПЛАТ","Нет","уп",2,"2320,03","4640,06"]
["D08AF01","противомикробное средство - нитрофуран","Нитрофурал","Фурацилин  раствор для местного и наружного применения 0,02% 400ml №1","ОМС","Нет","уп",8125,"166,5","1352812,5"]
["D08AF01","противомикробное средство - нитрофуран","Нитрофурал","Фурацилин  раствор для местного и наружного применения 0,02% 400ml №1","ПЛАТ","Нет","уп",5,"166,5","832,5"]
["D08AF01","противомикробное средство - нитрофуран","Нитрофурал","Фурацилин  раствор для местного и наружного применения 0,02% 400ml №15","ОМС","Нет","уп",49,"1999,33","97967,17"]
["D08AG","антисептическое средство","Йод+Каля йодид+Глицерол","Люголя раствор с глицерином р-р д/нар и местн прим 50g №1","ОМС","Да","уп",21,"91,89","1929,69"]
["D08AG","антисептическое средство","Йод+Каля йодид+Глицерол","Люголя раствор с глицерином раствор для местного применения 25g","ПЛАТ","Да","уп",3,"12,72","38,16"]
["D08AG02","антисептическое средство","Повидон-йод","Бетадин мазь д/мест и наруж/пр 10% 20g","ОМС","Нет","уп",24,"314,15","7539,6"]
["D08AG02","антисептическое средство","Повидон-йод","Бетадин мазь д/мест и наруж/пр 10% 20g","ПЛАТ","Нет","уп",3,"314,15","942,45"]
["D08AG02","антисептическое средство","Повидон-йод","Браунодин Б.Браун мазь д/наружн прим 10% 20g","ОМС","Нет","уп",10,"188,52","1885,2"]
["D08AG02","антисептическое средство","Повидон-йод","Браунодин Б.Браун мазь д/наружн прим 10% 20g","ПЛАТ","Нет","уп",3,"188,52","565,56"]
["D08AG02","антисептическое средство","Повидон-йод","Браунодин Б.Браун р-р д/нар и местн прим 7,5% 1000ml №10","Бюджет","Да","уп",2,"8307,75","16615,5"]
["D08AG02","антисептическое средство","Повидон-йод","Браунодин Б.Браун р-р д/нар и местн прим 7,5% 1000ml №10","ОМС","Да","уп",114,"8307,75","947083,5"]
["D08AG02","антисептическое средство","Повидон-йод","Браунодин Б.Браун р-р д/нар и местн прим 7,5% 1000ml №10","ПЛАТ","Да","уп",2,"8307,75","16615,5"]
["D08AG02","антисептическое средство","Повидон-йод","Браунодин Б.Браун р-р д/нар и местн прим 7,5% 100ml","Бюджет","Да","уп",10,"233,26","2332,6"]
["D08AG02","антисептическое средство","Повидон-йод","Браунодин Б.Браун р-р д/нар и местн прим 7,5% 100ml","ОМС","Да","уп",170,"233,26","39654,2"]
["D08AG02","антисептическое средство","Повидон-йод","Браунодин Б.Браун р-р д/нар и местн прим 7,5% 100ml","ПЛАТ","Да","уп",23,"233,26","5364,98"]
["D08AG02","антисептическое средство","Повидон-йод","Браунодин Б.Браун р-р д/нар и местн прим 7,5% 500ml №20","Бюджет","Да","уп",1,"14383,38","14383,38"]
["D08AG02","антисептическое средство","Повидон-йод","Браунодин Б.Браун р-р д/нар и местн прим 7,5% 500ml №20","ОМС","Да","уп",6,"14383,38","86300,28"]
["D08AG03","антисептическое средство","Йод + [Калия йодид + Этанол","Йод р-р для наружного применения (спиртовой) 5% 10ml №1","ОМС","Нет","фл",1231,"8,88","10931,28"]
["D08AG03","антисептическое средство","Йод + [Калия йодид + Этанол","Йод р-р для наружного применения (спиртовой) 5% 10ml №1","ПЛАТ","Нет","фл",5,"8,88","44,4"]
["D08AX","антисептическое средство","Бриллиантовый зеленый","Бриллиантовый зеленый р-р д/наруж/прим спирт 1% 10ml №1","ОМС","Нет","фл",1021,"7,77","7933,17"]
["D08AX","антисептическое средство","Бриллиантовый зеленый","Бриллиантовый зеленый р-р д/наруж/прим спирт 1% 10ml №1","ПЛАТ","Нет","фл",16,"7,77","124,32"]
["D08AX","антисептическое средство","Деготь + Трибромфенолята висмута и висмута оксида комплекс","Линимент бальзамический (по Вишневскому)  линимент 30g №1","ОМС","Нет","уп",45,"29,97","1348,65"]
["D08AX","противомикробное средство комбинированное","Бензокаин + Борная кислота + Облепихи масло + Хлорамфеникол","Олазоль аэрозоль д/нар прим 80g №1","ОМС","Нет","уп",28,"349,65","9790,2"]
["D08AX","противомикробное средство комбинированное","Бензокаин + Борная кислота + Облепихи масло + Хлорамфеникол","Олазоль аэрозоль д/нар прим 80g №1","ПЛАТ","Нет","уп",1,"349,65","349,65"]
["D08AX01","антисептическое средство","Водорода пероксид","Перекись водорода р-р д/нар и местн прим 3% 100ml №1","Бюджет","Да","фл",10,"11,31","113,1"]
["D08AX01","антисептическое средство","Водорода пероксид","Перекись водорода р-р д/нар и местн прим 3% 100ml №1","ОМС","Да","фл",3350,"11,31","37888,5"]
["D08AX01","антисептическое средство","Водорода пероксид","Перекись водорода р-р д/нар и местн прим 3% 100ml №1","ПЛАТ","Да","фл",80,"11,31","904,8"]
["D08AX08","антисептическое средство","Этанол","Этиловый спирт 70% р-р д/нар прим и пригот лек форм 100ml","Бюджет","Да","фл",2,"15,12","29,46"]
["D08AX08","антисептическое средство","Этанол","Этиловый спирт 70% р-р д/нар прим и пригот лек форм 100ml","ОМС","Да","фл",10404,"15,12","157139,61"]
["D08AX08","антисептическое средство","Этанол","Этиловый спирт 70% р-р д/нар прим и пригот лек форм 100ml","ПЛАТ","Да","фл",20,"15,12","294,6"]
["D08AX08","антисептическое средство","Этанол","Этиловый спирт 95% конц д/пр р-ра д/наруж/пр 100ml","ОМС","Да","фл",1818,"19,76",48333]
["D11A","репарации тканей стимулятор растительного происхождения","Облепихи масло","Облепиховое масло масло для приема внутрь, местного и наружного применения 100ml","ПЛАТ","Нет","уп",20,"116,82","2336,4"]
["D11AX","репарации тканей стимулятор","~","Солкосерил гель д/наруж/пр 20g №1","ОМС","Нет","уп",13,"338,27","4397,51"]
["D11AX","репарации тканей стимулятор","~","Солкосерил гель д/наруж/пр 20g №1","ПЛАТ","Нет","уп",3,"338,27","1014,81"]
["D11AX","репарации тканей стимулятор","Диоксометилтетрагидропиримидин ","Метилурацил мазь д/мест и наруж/пр 10%-25g","ОМС","Нет","уп",58,"32,75","1899,5"]
["G02AD06","родовой деятельности стимулятор - простагландина E1 аналог синтетический","Мизопростол","Миролют табл 200mkg №4","ПЛАТ","Да","уп",5,"353,44","1767,2"]
["G03DA04","гестаген","Прогестерон","Прогестерон раствор для в/м вв 10mg/ml 1ml №10","ОМС","Нет","уп",100,"421,8",42180]
["G03DA04","гестаген","Прогестерон","Прогестерон раствор для в/м вв 25mg/ml 1ml №10","ОМС","Нет","уп",250,"774,78",193695]
["G03DB01","гестаген","Дидрогестерон","Дюфастон табл п/о 10mg №20","ПЛАТ","Да","уп",10,"544,45","5444,5"]
["G03XB01","ангиопротекторное средство","Троксерутин ","Троксерутин  гель д/наруж/пр 2% 40g","ОМС","Нет","уп",10,"72,97","729,7"]
["G03XB01","антигестаген","Мифепристон","Миропристон табл 200mg №3","ПЛАТ","Нет","уп",5,"2664,08","13320,4"]
["G04AB","противомикробное средство - хиноксалин","Гидроксиметилхиноксалиндиоксид","Диоксидин раствор для в/полост.и наруж.применения 10mg/ml 10ml №10","ОМС","Нет","уп",75,"719,77","53982,75"]
["G04AB","противомикробное средство - хиноксалин","Гидроксиметилхиноксалиндиоксид","Диоксидин раствор для в/полост.и наруж.применения 10mg/ml 10ml №10","ПЛАТ","Нет","уп",7,"719,77","4558,93"]
["G04CA02","альфа1-адреноблокатор","Тамсулозин","Тамсулозин-OBL капс с модиф/ высв 0,4 мг №30","ОМС","Да","уп",10,"603,49","6034,9"]
["G04CA02","альфа1-адреноблокатор","Тамсулозин","Тамсулозин-OBL капс с модиф/ высв 0,4 мг №30","ПЛАТ","Да","уп",10,"603,49","6034,9"]
[{"$nulls":9},{"$f":"SUBTOTAL(9,J503)","v":50.68}]
["H Гормоны для системного применения (исключая половые гормоны и инсулины) "]
["H01BB02","родовой деятельности стимулятор - препарат окситоцина","Окситоцин","Окситоцин р-р для в/м и в/в введ 5МЕ/ml 1ml №10","ОМС","Да","уп",200,"42,97",8594]
["Н01СВ02","соматостатина аналог синтетический","Октреотид","Октреотид Сан раствор для в/в и п/к  вв 100mkg/ml 1ml №1","Бюджет","Да","уп",20,"181,23","3624,6"]
["Н01СВ02","соматостатина аналог синтетический","Октреотид","Октреотид Сан раствор для в/в и п/к  вв 100mkg/ml 1ml №1","ОМС","Да","уп",337,"181,23","61074,51"]
["Н01СВ02","соматостатина аналог синтетический","Октреотид","Октреотид Сан раствор для в/в и п/к  вв 100mkg/ml 1ml №1","ПЛАТ","Да","уп",20,"181,23","3624,6"]
["H02Кортикостероиды для системного применения"]
["H02AB01","глюкокортикостероид","Бетаметазон","Дипроспан суспензия для инъекций 2mg+5mg/ml 1ml №1","Бюджет","Да","уп",8,"319,66","2557,28"]
["H02AB01","глюкокортикостероид","Бетаметазон","Дипроспан суспензия для инъекций 2mg+5mg/ml 1ml №1","ОМС","Да","уп",341,"319,66","96019,06"]
["H02AB01","глюкокортикостероид","Бетаметазон","Дипроспан суспензия для инъекций 2mg+5mg/ml 1ml №1","ПЛАТ","Да","уп",85,"319,66","27171,1"]
["Н02AB02","глюкокортикостероид","Дексаметазон","Дексаметазон-Ферейн раствор для инъекций 4mg/ml 2ml №25","ОМС","Да","уп",600,"350,25",210150]
["H02AB04","глюкокортикостероид","Метилпреднизолон","Метипред табл 4mg №30","ОМС","Да","уп.",23,"187,18","4305,14"]
["H02AB04","глюкокортикостероид","Метилпреднизолон","Метипред табл 4mg №30","ПЛАТ","Да","уп.",10,"187,18","1871,8"]
["H02AB04","глюкокортикостероид","Метилпреднизолон","Солу-Медрол лиоф-т д/приг р-ра для в/в и в/м вв 250mg №1","ОМС","Да","уп",85,"339,02","28816,7"]
["H02AB04","глюкокортикостероид","Метилпреднизолон","Солу-Медрол лиоф-т д/приг р-ра для в/в и в/м вв 250mg №1","ПЛАТ","Да","уп",20,"339,02","6780,4"]
["H02AB06","глюкокортикостероид","Преднизолон","Преднизолон Эльфа  р-р для в/м и в/в введ 30mg/ml 1ml №3","Б.Опк","Да","уп",2,"27,57",{"$f":"H751*I751","v":55.14}]
["H02AB06","глюкокортикостероид","Преднизолон","Преднизолон Эльфа  р-р для в/м и в/в введ 30mg/ml 1ml №3","ОМС","Да","уп",1271,"27,57","35041,47"]
["H02AB06","глюкокортикостероид","Преднизолон","Преднизолон Эльфа  р-р для в/м и в/в введ 30mg/ml 1ml №3","ПЛАТ","Да","уп",13,"27,57","358,41"]
["H02AB06","глюкокортикостероид","Преднизолон","Преднизолон раствор для в/в и в/м вв 30mg/ml 1ml №3","ПЛАТ","Да","уп.",10,"38,28","382,8"]
["H02AB06","глюкокортикостероид","Преднизолон","Преднизолон табл 5mg №100","ОМС","Да","уп",467,"93,1","43477,7"]
["H02AB06","глюкокортикостероид","Преднизолон","Преднизолон табл 5mg №100","ПЛАТ","Да","уп",18,"93,1","1675,8"]
["H02AB08","глюкокортикостероид","Триамцинолон","Кеналог 40 суспензия для инъекций 40mg/ml 1ml №5","Бюджет","Нет","уп",20,"674,22","13484,4"]
["H02AB08","глюкокортикостероид","Триамцинолон","Кеналог 40 суспензия для инъекций 40mg/ml 1ml №5","ОМС","Нет","уп",126,"674,22","84951,72"]
["H02AB08","глюкокортикостероид","Триамцинолон","Кеналог 40 суспензия для инъекций 40mg/ml 1ml №5","ПЛАТ","Нет","уп",47,"674,22","31688,34"]
["H02AB09","глюкокортикостероид","Гидрокортизон+Лидокаин","Гидрокортизон-Рихтер суспензия для в/суст и околосуст вв 25mg+5mg/ml 5ml","ОМС","Да","уп",30,"246,77","7403,1"]
["H03AA01","тиреоидное средство","Левотироксин натрия","L-Тироксин  табл 100mkg №100","ПЛАТ","Да","уп",1,"136,3","119,67"]
["Н03АА01","тиреоидное средство","Левотироксин натрия","L-Тироксин 100 Берлин-Хеми табл 100mkg №100","ОМС","Да","уп",11,"136,3","1499,3"]
["H03BB02","антитиреоидное средство","Тиамазол ","Тирозол табл п/п/о 5mg №50","ОМС","Да","уп",10,"159,23","1592,3"]
["H03BB02","антитиреоидное средство","Тиамазол ","Тирозол табл п/п/о 5mg №50","ПЛАТ","Да","уп",2,"159,23","318,46"]
["J01AA02","антибиотик-тетрациклин","Доксициклин","Доксициклин капс 100mg №10","ОМС","Да","уп",100,"25,91",2591]
["J01AA02","антибиотик-тетрациклин","Доксициклин","Доксициклин-Ферейн лиоф-т д/пригот р-ра д/инф 100mg №50","ОМС","Да","уп",2,"4062,96","8125,92"]
["J01CA04","антибиотик-пенициллин полусинтетический","Амоксициллин","Флемоксин Солютаб табл дисперг 500mg №20","ОМС","Да","уп",48,"341,67","16400,16"]
["J01CA04","антибиотик-пенициллин полусинтетический","Амоксициллин","Флемоксин Солютаб табл дисперг 500mg №20","ПЛАТ","Да","уп",14,"341,67","4783,38"]
["J01CR02","антибиотик-пенициллин полусинтетический+бета-лактамаз ингибитор","Амоксициллин+ клавулановая кислота","Кламосар порошок д/приг-я р-ра для в/в введ 1000mg+200mg №5","Бюджет","Да","уп",471,"392,42","184829,82"]
["J01CR02","антибиотик-пенициллин полусинтетический+бета-лактамаз ингибитор","Амоксициллин+ клавулановая кислота","Кламосар порошок д/приг-я р-ра для в/в введ 1000mg+200mg №5","ОМС","Да","уп",4238,"392,42","1659305,96"]
["J01CR02","антибиотик-пенициллин полусинтетический+бета-лактамаз ингибитор","Амоксициллин+ клавулановая кислота","Кламосар порошок д/приг-я р-ра для в/в введ 1000mg+200mg №5","ПЛАТ","Да","уп",385,"392,42","151081,7"]
["J01CR02","антибиотик-пенициллин полусинтетический+бета-лактамаз ингибитор","Амоксициллин+Клавулановая кислота","Экоклав табл п/п/о 875mg +125mg №14","Бюджет","Да","уп",3,"484,2","1452,6"]
["J01CR02","антибиотик-пенициллин полусинтетический+бета-лактамаз ингибитор","Амоксициллин+Клавулановая кислота","Экоклав табл п/п/о 875mg +125mg №14","ОМС","Да","уп",547,"484,2","264857,4"]
["J01CR02","антибиотик-пенициллин полусинтетический+бета-лактамаз ингибитор","Амоксициллин+Клавулановая кислота","Экоклав табл п/п/о 875mg +125mg №14","ПЛАТ","Да","уп",37,"484,2","17915,4"]
["J01CR50","антибиотик комбинированный (пенициллины полусинтетические)","Ампициллин+Оксациллин","Оксамп-натрий порошок д/приг-я р-ра для в/в , в/м введ 333,5mg + 166,5mg №50","ОМС","Нет","уп",11,914,10054]
["J01DB04","антибиотик-цефалоспорин","Цефазолин","Цефазолин-АКОС порошок д/приг-я р-ра для в/в , в/м введ №50 1.0g","Бюджет","Да","уп",79,"824,66","65148,14"]
["J01DB04","антибиотик-цефалоспорин","Цефазолин","Цефазолин-АКОС порошок д/приг-я р-ра для в/в , в/м введ №50 1.0g","ОМС","Да","уп",1138,"824,66","938463,08"]
["J01DB04","антибиотик-цефалоспорин","Цефазолин","Цефазолин-АКОС порошок д/приг-я р-ра для в/в , в/м введ №50 1.0g","ПЛАТ","Да","уп",78,"824,66","64323,48"]
["J01DC02","антибиотик-цефалоспорин","Цефтазидим","Цефтазидим-АКОС порошок д/приг-я р-ра для в/в , в/м введ 1,0g","ОМС","Да","уп",2000,"83,38",166760]
["J01DC02","антибиотик-цефалоспорин","Цефтазидим","Цефтазидим-АКОС порошок д/приг-я р-ра для в/в , в/м введ 1,0g","ПЛАТ","Да","уп",130,"83,38","10839,4"]
["J01DC02","антибиотик-цефалоспорин","Цефтазидим","Цефтазидим-АКОС порошок д/приг-я р-ра для в/в , в/м введ 2 g","ОМС","Да","уп",1700,"155,33",264061]
["J01DD","антибиотик-цефалоспорин","Цефоперазон","Операз  порошок д/приг-я р-ра для в/в , в/м введ 1,0g","ОМС","Нет","уп",960,"36,63","35164,8"]
["J01DD01","антибиотик-цефалоспорин","Цефотаксим","Цефотаксим порошок д/приг-я р-ра для в/в , в/м введ 1g №50","Бюджет","Да",null,50,"1173,41","58670,5"]
["J01DD01","антибиотик-цефалоспорин","Цефотаксим","Цефотаксим порошок д/приг-я р-ра для в/в , в/м введ 1g №50","ОМС","Да",null,261,"1173,41","306260,01"]
["J01DD01","антибиотик-цефалоспорин","Цефотаксим","Цефотаксим порошок д/приг-я р-ра для в/в , в/м введ 1g №50","ПЛАТ","Да",null,14,"1173,41","16427,74"]
["J01DD04","антибиотик-цефалоспорин","Цефтриаксон","Цефтриаксон порошок д/приг-я р-ра для в/в , в/м введ 1g №50","Бюджет","Да","уп",148,"1024,25","156485,5"]
["J01DD04","антибиотик-цефалоспорин","Цефтриаксон","Цефтриаксон порошок д/приг-я р-ра для в/в , в/м введ 1g №50","ОМС","Да","уп",882,"1024,25","930906,83"]
["J01DD04","антибиотик-цефалоспорин","Цефтриаксон","Цефтриаксон порошок д/приг-я р-ра для в/в , в/м введ 1g №50","ПЛАТ","Да","уп",24,"1024,25","25365,44"]
["J01DD51","антибиотик-цефалоспорин+бета-лактамаз ингибитор","Цефотаксим+[Сульбактам]","Кларуктам порошок д/приг-я р-ра для в/в , в/м введ 1000mg+500mg №1","ОМС","Нет","уп",300,"329,67",98901]
["J01DD62","антибиотик-цефалоспорин+бета-лактамаз ингибитор","Цефоперазон+[Сульбактам]","Цефоперазон и Сульбактам Джодас  1g+1g №1","ОМС","Да","уп",650,"228,29","148388,5"]
["J01DE","антибиотик-цефалоспорин+бета-лактамаз ингибитор","Цефепим + [Сульбактам]","Максиктам-АФ порошок д/приг-я р-ра для в/в , в/м введ 1g+1g №1","ОМС","Нет",null,300,"987,9",296370]
["J01DE01","антибиотик-цефалоспорин","Цефепим","Цефепим порошок д/приг р-ра для в/м введ 1,0g","ОМС","Да","уп",663,"249,74","165577,62"]
["J01DE01","антибиотик-цефалоспорин","Цефепим","Цефепим порошок д/приг р-ра для в/м введ 1,0g","ПЛАТ","Да","уп",30,"249,74","7492,2"]
["J01DH02","антибиотик-карбапенем","Меропенем","Мепенем порошок д/приг-я р-ра для в/в введ 1,0g","Бюджет","Да","фл",20,"1630,2",32604]
["J01DH02","антибиотик-карбапенем","Меропенем","Мепенем порошок д/приг-я р-ра для в/в введ 1,0g","ОМС","Да","фл",871,"1630,2","1419904,2"]
["J01DH02","антибиотик-карбапенем","Меропенем","Мепенем порошок д/приг-я р-ра для в/в введ 1,0g","ПЛАТ","Да","фл",165,"1630,2",268983]
["J01DH02","антибиотик-карбапенем","Меропенем","Меропенем порошок д/приг-я р-ра для в/в введ 1g №1","Бюджет","Да","уп",74,"1780,68","131770,32"]
["J01DH02","антибиотик-карбапенем","Меропенем","Меропенем порошок д/приг-я р-ра для в/в введ 1g №1","ОМС","Да","уп",1280,"1780,68","2279270,4"]
["J01DH02","антибиотик-карбапенем","Меропенем","Меропенем порошок д/приг-я р-ра для в/в введ 1g №1","ПЛАТ","Да","уп",100,"1780,68",178068]
["J01DH51","антибиотик-карбапенем+почечной дегидропептидазы блокатор","Имипенем + Циластатин","Имипенем и Циластатин Джодас порошок д/приг р-ра д/инфузий 500mg+500mg №1","ОМС","Да","уп",705,"618,8",436254]
["J01DH51","антибиотик-карбапенем+почечной дегидропептидазы блокатор","Имипенем + Циластатин","Имипенем и Циластатин Джодас порошок д/приг р-ра д/инфузий 500mg+500mg №1","ПЛАТ","Да","уп",116,"618,8","71780,8"]
["J01EE01","противомикробное средство комбинированное","Ко-тримоксазол","Бисептол 480 конц-т д/приг раствора для инфузий 96mg/ml 5ml №10","ОМС","Да","уп",96,"410,92","39448,32"]
["J01EE01","противомикробное средство комбинированное","Ко-тримоксазол","Бисептол 480 конц-т д/приг раствора для инфузий 96mg/ml 5ml №10","ПЛАТ","Да","уп",3,"410,92","1232,76"]
["J01EE01","противомикробное средство комбинированное","Ко-тримоксазол","Ко-тримоксазол табл 480mg №10","ПЛАТ","Да","уп",2,"20,21","40,42"]
["J01FA09","антибиотик-аминогликозид","Кларитромицин","Клабакс ОД табл пролонг п/п/о 500mg №14","ОМС","Да","уп",15,"516,91","7753,65"]
["J01FA09","антибиотик-аминогликозид","Кларитромицин","Клабакс ОД табл пролонг п/п/о 500mg №14","ПЛАТ","Да","уп",1,"516,91","516,91"]
["J01FA09","антибиотик-аминогликозид","Кларитромицин","Кларитромицин табл пролонг п/п/о 500mg №7","Бюджет","Да","уп",2,"361,71","723,42"]
["J01FA09","антибиотик-аминогликозид","Кларитромицин","Кларитромицин табл пролонг п/п/о 500mg №7","ОМС","Да","уп",17,"361,71","6149,07"]
["J01FA10","антибиотик-азалид","Азитромицин","Азитромицин  Экомед табл п/п/о 500mg №3","ОМС","Да","уп",82,"258,8","21221,6"]
["J01FA10","антибиотик-азалид","Азитромицин","Азитромицин  Экомед табл п/п/о 500mg №3","ПЛАТ","Да","уп",17,"258,8","4399,6"]
["J01FF02","антибиотик-линкозамид","Линкомицин","Линкомицин раствор для в/в и в/м вв 300mg/ml 1ml №10","ОМС","Нет","уп",270,"156,67","42300,9"]
["J01FF02","антибиотик-линкозамид","Линкомицин","Линкомицин раствор для в/в и в/м вв 300mg/ml 1ml №10","ПЛАТ","Нет","уп",85,"156,67","13316,95"]
["J01GB01","антибиотик-аминогликозид","Тобрамицин","Тобропт капли глазные 0,3% 5ml","ОМС","Да","уп",500,"120,12",60060]
["J01GB01","антибиотик-аминогликозид","Тобрамицин","Тобропт капли глазные 0,3% 5ml","ПЛАТ","Да","уп",10,"120,12","1201,2"]
["J01GB03","антибиотик-аминогликозид","Гентамицин","Гентамицин раствор для в/в и в/м вв 40mg/ml 2ml №10","Бюджет","Да","уп",50,"32,19","1609,5"]
["J01GB03","антибиотик-аминогликозид","Гентамицин","Гентамицин раствор для в/в и в/м вв 40mg/ml 2ml №10","ОМС","Да","уп",2190,"32,19","70496,1"]
["J01GB03","антибиотик-аминогликозид","Гентамицин","Гентамицин раствор для в/в и в/м вв 40mg/ml 2ml №10","ПЛАТ","Да","уп",35,"32,19","1126,65"]
["J01GB06","антибиотик-аминогликозид","Амикацин","Амикацин порошок д/приг-я р-ра для в/в , в/м введ 500mg №50","Бюджет","Да","уп",6,"1975,41","11852,46"]
["J01GB06","антибиотик-аминогликозид","Амикацин","Амикацин порошок д/приг-я р-ра для в/в , в/м введ 500mg №50","ОМС","Да","уп","239,2","1975,41",{"v":472518072,"d":"472,518,072"}]
["J01GB06","антибиотик-аминогликозид","Амикацин","Амикацин порошок д/приг-я р-ра для в/в , в/м введ 500mg №50","ПЛАТ","Да","уп",3,"1975,41","5926,23"]
["J01MA01","противомикробное средство - фторхинолон","Офлоксацин","Офлоксацин раствор для инфузий 2mg/ml 100ml №1","ОМС","Да","уп",100,"52,39",5239]
["J01MA02","противомикробное средство - фторхинолон","Ципрофлоксацин","Ципрофлоксацин раствор для инфузий 2mg/ml 100ml №1","Бюджет","Да","уп",1130,"32,42","36634,6"]
["J01MA02","противомикробное средство - фторхинолон","Ципрофлоксацин","Ципрофлоксацин раствор для инфузий 2mg/ml 100ml №1","ОМС","Да","уп",16038,"32,42","519951,96"]
["J01MA02","противомикробное средство - фторхинолон","Ципрофлоксацин","Ципрофлоксацин раствор для инфузий 2mg/ml 100ml №1","ПЛАТ","Да","уп",435,"32,42","14102,7"]
["J01MA02","противомикробное средство - фторхинолон","Ципрофлоксацин","Ципрофлоксацин табл 500mg №10","Бюджет","Да","уп",17,"37,86","643,62"]
["J01MA02","противомикробное средство - фторхинолон","Ципрофлоксацин","Ципрофлоксацин табл 500mg №10","ОМС","Да","уп",892,"37,86","33771,12"]
["J01MA02","противомикробное средство - фторхинолон","Ципрофлоксацин","Ципрофлоксацин табл 500mg №10","ПЛАТ","Да","уп",35,"37,86","1325,1"]
["J01MA03","противомикробное средство - фторхинолон","Пефлоксацин","Пефлоксацин-АКОС конц-т д/приг раствора для инфузий 400mg/5ml 5ml №10","ОМС","Нет","уп",230,"124,37","28605,1"]
["J01MA03","противомикробное средство - фторхинолон","Пефлоксацин","Пефлоксацин-АКОС конц-т д/приг раствора для инфузий 400mg/5ml 5ml №10","ПЛАТ","Нет","уп",55,"124,37","6840,35"]
["J01MA03","противомикробное средство - фторхинолон","Пефлоксацин","Пефлоксацин-АКОС табл п/п/о 400mg №10","ОМС","Нет","уп",5,"88,83","444,15"]
["J01MA03","противомикробное средство - фторхинолон","Пефлоксацин","Пефлоксацин-АКОС табл п/п/о 400mg №10","ПЛАТ","Нет","уп",5,"88,83","444,15"]
["J01MA06","противомикробное средство - фторхинолон","Норфлоксацин","Нолицин табл 400mg №10","ОМС","Нет","уп",42,"157,28","6605,76"]
["J01MA06","противомикробное средство - фторхинолон","Норфлоксацин","Нолицин табл 400mg №10","ПЛАТ","Нет","уп",43,"157,28","6763,04"]
["J01MA12","противомикробное средство - фторхинолон","Левофлоксацин","Лефлобакт раствор для инфузий 5mg/ml 100ml","Бюджет","Да","уп",12,"442,75",5313]
["J01MA12","противомикробное средство - фторхинолон","Левофлоксацин","Лефлобакт раствор для инфузий 5mg/ml 100ml","ОМС","Да","уп",837,"442,75","370581,75"]
["J01MA12","противомикробное средство - фторхинолон","Левофлоксацин","Лефлобакт раствор для инфузий 5mg/ml 100ml","ПЛАТ","Да","уп",255,"442,75","112901,25"]
["J01MA12","противомикробное средство - фторхинолон","Левофлоксацин","Лефлобакт табл п/п/о 500mg №10","Бюджет","Да","уп",5,"409,86","2049,3"]
["J01MA12","противомикробное средство - фторхинолон","Левофлоксацин","Лефлобакт табл п/п/о 500mg №10","ОМС","Да","уп",258,"409,86","105743,88"]
["J01MA12","противомикробное средство - фторхинолон","Левофлоксацин","Лефлобакт табл п/п/о 500mg №10","ПЛАТ","Да","уп",22,"409,86","9016,92"]
["J01MB04","противомикробное средство - хинолон","Пипеминовая кислота","Палин капс 200mg №20","ОМС","Нет","уп",17,"278,27","4730,59"]
["J01MB04","противомикробное средство - хинолон","Пипеминовая кислота","Палин капс 200mg №20","ПЛАТ","Нет","уп",23,"278,27","6400,21"]
["J01XA01","антибиотик-гликопептид","Ванкомицин","Ванкомицин Эльфа порошок д/приг р-ра д/инфузий 1000mg №1","ОМС","Да","уп",1150,"324,47","373140,5"]
["J01XA01","антибиотик-гликопептид","Ванкомицин","Ванкомицин Эльфа порошок д/приг р-ра д/инфузий 1000mg №1","ПЛАТ","Да","уп",70,"324,47","22712,9"]
["J01XA01","антибиотик-гликопептид","Ванкомицин","Ванкорус лиоф-т д/пригот р-ра д/инф 1,0g","ОМС","Да","уп",310,"431,92","133895,2"]
["J01XA01","антибиотик-гликопептид","Ванкомицин","Ванкорус лиоф-т д/пригот р-ра д/инф 1,0g","ПЛАТ","Да","уп",14,"431,92","6046,88"]
["J01XD01","противомикробное и противопротозойное средство","Метронидазол","Метронидазол раствор для инфузий 5mg/ml  100ml","Бюджет","Да","уп",820,"35,23","28888,6"]
["J01XD01","противомикробное и противопротозойное средство","Метронидазол","Метронидазол раствор для инфузий 5mg/ml  100ml","ОМС","Да","уп",11693,"35,23","411944,39"]
["J01XD01","противомикробное и противопротозойное средство","Метронидазол","Метронидазол раствор для инфузий 5mg/ml  100ml","ПЛАТ","Да","уп",350,"35,23","12330,5"]
["J01XD01","противомикробное и противопротозойное средство","Метронидазол","Метронидазол табл 250mg №20","Бюджет","Да","уп",2,"15,09","30,18"]
["J01XD01","противомикробное и противопротозойное средство","Метронидазол","Метронидазол табл 250mg №20","ОМС","Да","уп",388,"15,09","5854,92"]
["J01XD01","противомикробное и противопротозойное средство","Метронидазол","Метронидазол табл 250mg №20","ПЛАТ","Да","уп",88,"15,09","1327,92"]
["J01XE01","противомикробное средство - нитрофуран","Нитрофурантоин","Фурадонин Авексима табл 50mg №20","ОМС","Нет","уп",15,100,1500]
["J01XX01","антибиотик","Фосфомицин","Экофомурал гранулы д/приг р-ра д/вн прим 3g","ПЛАТ","Нет","уп",3,"319,41","958,23"]
["J01XX08","антиагрегантное средство","Эптифибатид","Коромакс раствор для в/в  вв 0,75mg/ml 100ml №1","ОМС","Нет","уп",35,"10875,78","380652,3"]
["J01XX08","антиагрегантное средство","Эптифибатид","Коромакс раствор для в/в  вв 2mg/ml 10ml №1","ОМС","Нет","уп",35,"2794,98","97824,3"]
["J01XX08","антибиотик-оксазолидинон","Линезолид","Зивокс раствор для инфузий 2mg/ml 300ml №10","ОМС","Да","уп",8,"8364,18","66913,44"]
["J02AC01","противогрибковое средство","Флуконазол","Микосист капсулы 100mg №28","Бюджет","Да","уп",2,"2240,1","4480,2"]
["J02AC01","противогрибковое средство","Флуконазол","Микосист капсулы 100mg №28","ОМС","Да","уп",19,"2240,1","42561,9"]
["J02AC01","противогрибковое средство","Флуконазол","Микосист капсулы 100mg №28","ПЛАТ","Да","уп",4,"2240,1","8960,4"]
["J02AC01","противогрибковое средство","Флуконазол","Флуконазол капс 150mg №2","ОМС","Да","уп",522,"44,74","23354,28"]
["J02AC01","противогрибковое средство","Флуконазол","Флуконазол капс 150mg №2","ПЛАТ","Да","уп",25,"44,74","1118,5"]
["J02AC01","противогрибковое средство","Флуконазол","Флуконазол капсулы 50mg №7","ОМС","Да","уп",36,"92,58","3332,88"]
["J02AC01","противогрибковое средство","Флуконазол","Флукорус раствор для инфузий 2mg/ml 100ml","ОМС","Да","уп",116,"316,25",36685]
["J05AB01","противовирусное средство","Ацикловир","Ацикловир  лиоф-т д/пригот р-ра д/инф 0,5g №1","ОМС","Да","уп",12,"323,03","3876,36"]
["J05AB01","противовирусное средство","Ацикловир","Ацикловир  табл 200mg №20","ОМС","Да","уп",26,"30,41","790,66"]
["J05AB01","противовирусное средство","Ацикловир","Ацикловир  табл 200mg №20","ПЛАТ","Да","уп",58,"30,41","1792,53"]
["J05AH02","противовирусное средство","Осельтамивир","Тамифлю капс 75mg №10","Бюджет","Да","уп",4,"1248,24","4992,96"]
["J05AH02","противовирусное средство","Осельтамивир","Тамифлю капс 75mg №10","ОМС","Да","уп",56,"1248,24","69901,44"]
["J05AH02","противовирусное средство","Осельтамивир","Тамифлю капс 75mg №10","ПЛАТ","Да","уп",25,"1248,24",31206]
["J05AX","противовирусное иммуностимулирующее средство - индуктор образования интерферонов","Тилорон","Лавомакс табл п/о 125mg №6","ПЛАТ","Да","уп",3,"548,92","1646,76"]
["J05AX","противовирусное средство","Имидазолилэтанамид пентандиовой кислоты","Ингавирин капс 90mg №7","Бюджет","Да","уп",2,"540,82","1055,06"]
["J05AX","противовирусное средство","Имидазолилэтанамид пентандиовой кислоты","Ингавирин капс 90mg №7","ОМС","Да","уп",35,"540,82","18636,32"]
["J05AX","противовирусное средство","Имидазолилэтанамид пентандиовой кислоты","Ингавирин капс 90mg №7","ПЛАТ","Да","уп",5,"540,82","2637,65"]
["J05AX","противовирусное средство","Кагоцел","Кагоцел табл 12mg №10","ОМС","Да","уп",120,"269,31","32317,2"]
["J05AX","противовирусное средство","Кагоцел","Кагоцел табл 12mg №10","ПЛАТ","Да","уп",16,"269,31","4297,11"]
["J05AX","противовирусное средство","Умифеновир","Арбидол капсулы 100mg №10","Бюджет","Да","уп",3,"242,73","728,19"]
["J05AX","противовирусное средство","Умифеновир","Арбидол капсулы 100mg №10","ОМС","Да","уп",61,"242,73","14806,53"]
["J05AX","противовирусное средство","Умифеновир","Арбидол капсулы 100mg №10","ПЛАТ","Да","уп",5,"242,73","1213,65"]
["J06AA03","МИБП - сыворотка","Антитоксин яда гадюки обыкновенной","Сыворотка против яда гадюки обыкновенной лошадиная очищенная концентрированная жидкая раствор для инъекций 150 АЕ/доза 1 доз №1","ОМС","Да","уп",3,"478,8","1381,14"]
["J07AM01","МИБП - анатоксин","Анатоксин столбнячный","Анатоксин столбнячный очищенный адсорбированный жидкий  (АС-анатоксин) суспензия для п/к вв 0,5ml/dosis 1ml (2dosis) №10","ОМС","Да","уп",20,"106,55",2131]
["L04AX01","иммунодепрессивное средство","Азатиоприн","Азатиоприн табл 50mg №50","ОМС","Да","уп",53,"236,77","12548,81"]
["L04AX01","иммунодепрессивное средство","Азатиоприн","Азатиоприн табл 50mg №50","ПЛАТ","Да","уп",12,"236,77","2841,24"]
["M01AB05","НПВП","Диклофенак","Диклофенак ретард табл. пролог п/к/р/о 100mg №20","ОМС","Да","уп",313,"32,57","10194,41"]
["M01AB05","НПВП","Диклофенак","Диклофенак ретард табл. пролог п/к/р/о 100mg №20","ПЛАТ","Да","уп",14,"32,57","455,98"]
["M01AB05","НПВП","Диклофенак","Диклофенак табл п/к/р/о 50mg №20","ОМС","Да","уп",50,"13,63","681,5"]
["M01AB05","НПВП","Диклофенак","Диклофенак-АКОС раствор для в/м вв 25mg/ml 3 ml №5","Бюджет","Да","уп",690,"20,82","14365,8"]
["M01AB05","НПВП","Диклофенак","Диклофенак-АКОС раствор для в/м вв 25mg/ml 3 ml №5","ОМС","Да","уп",4913,"20,82","102288,66"]
["M01AB05","НПВП","Диклофенак","Диклофенак-АКОС раствор для в/м вв 25mg/ml 3 ml №5","ПЛАТ","Да","уп",201,"20,82","4184,82"]
["M01AB05","НПВП","Диклофенак","Диклофенак-ФПО  табл п/к/р/о 50mg №20","ОМС","Да","уп",65,"72,06","4683,9"]
["M01AB15","НПВП","Кеторолак","Кеторолак раствор для в/в и в/м вв 30mg/ml 1ml №10","ОМС","Да","уп.",1065,"83,68","89119,2"]
["M01AB15","НПВП","Кеторолак","Кеторолак раствор для в/в и в/м вв 30mg/ml 1ml №10","ПЛАТ","Да","уп.",161,"83,68","13472,48"]
["M01AB15","НПВП","Кеторолак","Кеторолак табл п/о 10mg №20","Бюджет","Да","уп.",7,"49,63","347,41"]
["M01AB15","НПВП","Кеторолак","Кеторолак табл п/о 10mg №20","ОМС","Да","уп.",283,"49,63","14045,29"]
["M01AB15","НПВП","Кеторолак","Кеторолак табл п/о 10mg №20","ПЛАТ","Да","уп.",26,"49,63","1290,38"]
["M01AC05","НПВП","Лорноксикам","Ксефокам лиоф-т д/приг р-ра для в/в и в/м вв 8mg №5","ОМС","Да","уп",3,"699,1","2097,3"]
["M01AC05","НПВП","Лорноксикам","Ксефокам лиоф-т д/приг р-ра для в/в и в/м вв 8mg №5","ПЛАТ","Да","уп",2,"699,1","1398,2"]
["M01AC05","НПВП","Лорноксикам","Ксефокам табл п/п/о 4mg №10","ОМС","Да","уп",5,"114,98","574,9"]
["M01AC06","НПВП","Мелоксикам","Мовалис раствор для в/м вв 15mg/1,5ml 1,5ml №3","ОМС","Нет","уп",38,"1456,65","55352,7"]
["M01AC06","НПВП","Мелоксикам","Мовалис раствор для в/м вв 15mg/1,5ml 1,5ml №3","ПЛАТ","Нет","уп",57,"1456,65","83029,05"]
["M01AC06","НПВП","Мелоксикам","Мовасин табл 15mg №20","ОМС","Нет","уп",61,"95,24","5809,64"]
["M01AC06","НПВП","Мелоксикам","Мовасин табл 15mg №20","ПЛАТ","Нет","уп",14,"95,24","1333,36"]
["M01AE01","НПВП","Ибупрофен","Ибупрофен гель д/наруж/пр 5% 50g №1","ПЛАТ","Да","уп",3,"80,18","247,68"]
["M01AE01","НПВП","Ибупрофен","Ибупрофен табл п/п/о 200mg № 50","Бюджет","Да","уп",30,"38,46","1153,8"]
["M01AE01","НПВП","Ибупрофен","Ибупрофен табл п/п/о 200mg № 50","ОМС","Да","уп",161,"38,46","6192,06"]
["M01AE01","НПВП","Ибупрофен","Ибупрофен табл п/п/о 200mg № 50","ПЛАТ","Да","уп",5,"38,46","192,3"]
["M01AE01","НПВП","Ибупрофен","Ибупрофен табл п/п/о 200mg №20","ОМС","Да","уп",505,"16,1","8130,5"]
["M01AE01","НПВП","Ибупрофен","Ибупрофен табл п/п/о 200mg №20","ПЛАТ","Да","уп",15,"16,1","241,5"]
["M01AE03","НПВП","Кетопрофен","Кетопрофен раствор для в/в и в/м вв 50mg/ml 2ml №10","Бюджет","Да","уп",481,"185,09","91624,79"]
["M01AE03","НПВП","Кетопрофен","Кетопрофен раствор для в/в и в/м вв 50mg/ml 2ml №10","ОМС","Да","уп",3920,"185,09","737219,74"]
["M01AE03","НПВП","Кетопрофен","Кетопрофен раствор для в/в и в/м вв 50mg/ml 2ml №10","ПЛАТ","Да","уп",191,"185,09","35698,39"]
["M01AE03","НПВП","Кетопрофен","Кетопрофен супп рект 100mg №10","ОМС","Да","уп",10,"318,78","3187,8"]
["M01AE03","НПВП","Кетопрофен","Кетопрофен супп рект 100mg №10","ПЛАТ","Да","уп",3,"318,78","956,34"]
["M01AE03","НПВП","Кетопрофен","Фламакс капс 50mg №25","Бюджет","Да","уп",20,"109,08","2181,6"]
["M01AE03","НПВП","Кетопрофен","Фламакс капс 50mg №25","ОМС","Да","уп",182,"109,08","19852,56"]
["M01AE03","НПВП","Кетопрофен","Фламакс капс 50mg №25","ПЛАТ","Да","уп",14,"109,08","1527,12"]
["M01AE17","НПВП","Декскетопрофен","Фламадекс раствор для в/в и в/м вв 25mg/ml 2ml №5","ОМС","Да","уп",85,207,17595]
["M01AE17","НПВП","Декскетопрофен","Фламадекс раствор для в/в и в/м вв 25mg/ml 2ml №5","ПЛАТ","Да","уп",60,207,12420]
["M01AH01","НПВП","Целекоксиб","Дилакса капс 200mg №10","ОМС","Нет","уп",3,"577,53","1732,59"]
["M01AX17","НПВП","Нимесулид","Нимесулид табл 100mg №20","ОМС","Нет","уп",261,"79,36","20712,96"]
["M01AX17","НПВП","Нимесулид","Нимесулид табл 100mg №20","ПЛАТ","Нет","уп",17,"79,36","1349,12"]
["M02AA10","НПВП","Кетопрофен","Фастум гель д/наруж/пр 2,5%-50g ","ОМС","Нет","уп",3,"467,03","1401,09"]
["M02AA10","НПВП","Кетопрофен","Фастум гель д/наруж/пр 2,5%-50g ","ПЛАТ","Нет","уп",2,"467,03","934,06"]
["M02AA15","НПВП","Диклофенак","Вольтарен эмульгель гель д/наруж/пр 1% 20g №1","ОМС","Нет","уп",27,"305,3","8243,1"]
["M02AA15","НПВП","Диклофенак","Вольтарен эмульгель гель д/наруж/пр 1% 20g №1","ПЛАТ","Нет","уп",3,"305,3","915,9"]
["M02AX03","противовоспалительное средство для местного применения","Диметилсульфоксид","Димексид конц д/пр р-ра д/наруж/пр 990mg/ml 100ml №1","ОМС","Нет","уп",25,"56,42","1410,5"]
["M02AX03","противовоспалительное средство для местного применения","Диметилсульфоксид","Димексид конц д/пр р-ра д/наруж/пр 990mg/ml 100ml №1","ПЛАТ","Нет","уп",5,"56,42","282,1"]
["M03AB01","миорелаксант деполяризующий периферического действия","Суксаметония хлорид","Листенон раствор для в/в и в/м вв 20mg/ml 5ml №5","ОМС","Да","уп",185,"123,84","22910,4"]
["M03AC06","миорелаксант недеполяризующий периферического действия","Пипекурония бромид","Ардуан лиоф д/пр р-ра д/в/в вв 4mg №25 (с раст-лем: натрия хлорида раствор 0.9% (ампулы) 2 мл №25)","ОМС","Да","уп",140,"1785,53","249974,2"]
["M03AC09","миорелаксант деполяризующий периферического действия","Рокурония бромид ","Круарон  раствор для в/в  вв 10mg/ml 5ml №12","Бюджет","Да","уп",56,"5230,98","292934,88"]
["M03AC09","миорелаксант деполяризующий периферического действия","Рокурония бромид ","Круарон  раствор для в/в  вв 10mg/ml 5ml №12","ОМС","Да","уп",495,"5230,98","2589335,1"]
["M03AC09","миорелаксант деполяризующий периферического действия","Рокурония бромид ","Круарон  раствор для в/в  вв 10mg/ml 5ml №12","ПЛАТ","Да","уп",50,"5230,98",261549]
["M03AC11","миорелаксант недеполяризующий периферического действия","Цисатракурия безилат","Нимбекс раствор для в/в  вв 2mg/ml 5ml №5","Бюджет","Нет","уп",5,"1692,07","8460,35"]
["M03AC11","миорелаксант недеполяризующий периферического действия","Цисатракурия безилат","Нимбекс раствор для в/в  вв 2mg/ml 5ml №5","ОМС","Нет","уп",19,"1692,07","32149,33"]
["M03AC11","миорелаксант недеполяризующий периферического действия","Цисатракурия безилат","Нимбекс раствор для в/в  вв 2mg/ml 5ml №5","ПЛАТ","Нет","уп",9,"1692,07","15228,63"]
["M03BX02","миорелаксант центрального действия","Тизанидин","Сирдалуд табл 2mg №30","ОМС","Да","уп",80,"207,2",16576]
["M03BX02","миорелаксант центрального действия","Тизанидин","Сирдалуд табл 2mg №30","ПЛАТ","Да","уп",22,"207,2","4558,4"]
["M03BX04","миорелаксант центрального действия","Толперизон","Толперизон табл п/п/о 150mg №30","ОМС","Нет","уп",180,"144,3",25974]
["M03BX04","миорелаксант центрального действия","Толперизон","Толперизон табл п/п/о 150mg №30","ПЛАТ","Нет","уп",15,"144,3","2164,5"]
["M03BX04","миорелаксант центрального действия","Толперизон","Толперизон табл п/п/о 50mg №30","ОМС","Нет","уп",50,"122,64",6132]
["M03BX04","миорелаксант центрального действия","Толперизон","Толперизон табл п/п/о 50mg №30","ПЛАТ","Нет","уп",17,"122,64","2084,88"]
["M03BX04","миорелаксант центрального действия","Толперизон+лидокаин","Мидокалм- Рихтер раствор для в/в и в/м вв 100mg +2,5mg/ml 1ml № 5","ОМС","Нет","уп",61,"680,45","41507,45"]
["M03BX04","миорелаксант центрального действия","Толперизон+лидокаин","Мидокалм- Рихтер раствор для в/в и в/м вв 100mg +2,5mg/ml 1ml № 5","ПЛАТ","Нет","уп",16,"680,45","10887,2"]
["M04AA01","противоподагрическое средство - ксантиноксидазы ингибитор","Аллопуринол","Аллопуринол табл 100mg №50","ОМС","Да","уп",50,"95,76",4788]
["M04AA01","противоподагрическое средство - ксантиноксидазы ингибитор","Аллопуринол","Аллопуринол табл 100mg №50","ПЛАТ","Да","уп",3,"95,76","287,28"]
["M09AX","репарации тканей стимулятор природного происхождения","~","Алфлутоп  раствор для инъекций 10mg/ml 2ml №5","ОМС","Нет","уп",5,"2014,65","10073,25"]
["M09AX","репарации тканей стимулятор природного происхождения","~","Алфлутоп  раствор для инъекций 10mg/ml 2ml №5","ПЛАТ","Нет","уп",1,"2014,65","2014,65"]
[{"$nulls":9},{"$f":"SUBTOTAL(9,J751)","v":55.14}]
["N Нервная система "]
["N01AB01","средство для ингаляционной анестезии","Галотан","Фторотан жидкость д/ингаляций 50ml","ОМС","Да","фл",100,"445,78",44578]
["N01AB06","средство для ингаляционной анестезии","Изофлуран","Форан жидкость д/ингаляций 100ml №6","ОМС","Нет","уп",5,"16176,59","80882,95"]
["N01AB07","средство для ингаляционной анестезии","Десфлуран","Супран жидкость д/инг.наркоза 240ml №6","Бюджет","Нет","уп",3,"70812,5","212437,5"]
["N01AB07","средство для ингаляционной анестезии","Десфлуран","Супран жидкость д/инг.наркоза 240ml №6","ОМС","Нет","уп",3,"70812,5","212437,5"]
["N01AB07","средство для ингаляционной анестезии","Десфлуран","Супран жидкость д/инг.наркоза 240ml №6","ПЛАТ","Нет","уп",1,"70812,5","70812,5"]
["N01AB08","средство для ингаляционной анестезии","Севофлуран","Севоран жидкость д/ингаляций 250ml","Бюджет","Да","фл",74,"10218,37","756159,38"]
["N01AB08","средство для ингаляционной анестезии","Севофлуран","Севоран жидкость д/ингаляций 250ml","ОМС","Да","фл",56,"10218,37","572228,72"]
["N01AB08","средство для ингаляционной анестезии","Севофлуран","Севоран жидкость д/ингаляций 250ml","ПЛАТ","Да","фл",40,"10218,37","408734,8"]
["N01AF03","средство для неингаляционной общей анестезии","Тиопентал натрия","Тиопентал натрия порошок д/приг-я р-ра для в/в , в/м введ №50 0,5","ОМС","Да","фл",44,"1117,17","49155,48"]
["N01AH","анальгезирующее наркотическое средство","Тримеперидин","Промедол раствор для инъекций 20mg/ml 1ml","ОМС","Да","амп",915,{"v":57222,"d":"57,222"},"52358,13"]
["N01AH01","анальгезирующее наркотическое средство","Фентанил","Фентанил раствор для в/в и в/м вв 50mkg/ml 2ml","ОМС","Да","амп",35020,{"v":25146,"d":"25,146"},"880612,92"]
["N01AX","средство для неингаляционной общей анестезии","Натрии оксибутират","Натрия оксибат раствор для в/в и в/м вв 200mg/ml 5ml","ОМС","Да","амп",500,{"v":33957,"d":"33,957"},"16978,5"]
["N01AX01","антипсихотическое средство (нейролептик)","Дроперидол","Дроперидол раствор для инъекций 2,5mg/ml 2ml №5","ОМС","Да","уп",381,"65,78","25062,18"]
["N01AX01","антипсихотическое средство (нейролептик)","Дроперидол","Дроперидол раствор для инъекций 2,5mg/ml 2ml №5","ПЛАТ","Да","уп",3,"65,78","197,34"]
["N01AX03","средство для неингаляционной общей анестезии","Кетамин","Кетамин раствор для в/в и в/м вв 50mg/ml 2ml","ОМС","Да","амп",380,"45,02","17107,6"]
["N01AX10","Наркозные средства","Пропофол","Пропофол-Бинергия эмульсия для в/в вв 10mg/ml 20ml №5","ОМС","Да","уп",190,"673,27","127921,3"]
["N01AX10","средство для неингаляционной общей анестезии","Пропофол","Пропофол Липуро эмульсия для в/в вв 10mg/ml 20ml №5","Бюджет","Да","уп",250,"822,96",205740]
["N01AX10","средство для неингаляционной общей анестезии","Пропофол","Пропофол Липуро эмульсия для в/в вв 10mg/ml 20ml №5","ОМС","Да","уп",5015,"822,96","4127144,4"]
["N01AX10","средство для неингаляционной общей анестезии","Пропофол","Пропофол Липуро эмульсия для в/в вв 10mg/ml 20ml №5","ПЛАТ","Да","уп",495,"822,96","407365,2"]
["N01AX10","средство для неингаляционной общей анестезии","Пропофол","Пропофол Липуро эмульсия для в/в вв 10mg/ml 50ml №10","Бюджет","Да","уп",21,"5199,74","109194,54"]
["N01AX10","средство для неингаляционной общей анестезии","Пропофол","Пропофол Липуро эмульсия для в/в вв 10mg/ml 50ml №10","ОМС","Да","уп",90,"5199,74","467976,6"]
["N01AX10","средство для неингаляционной общей анестезии","Пропофол","Пропофол Липуро эмульсия для в/в вв 10mg/ml 50ml №10","ПЛАТ","Да","уп",20,"5199,74","103994,8"]
["N01BA02","местноанестезирующее средство","Прокаин","Новокаин раствор для инъекций 0,5% 5ml №10","Бюджет","Да","уп",15,"93,61","1404,15"]
["N01BA02","местноанестезирующее средство","Прокаин","Новокаин раствор для инъекций 0,5% 5ml №10","ОМС","Да","уп",728,"93,61","68148,08"]
["N01BA02","местноанестезирующее средство","Прокаин","Новокаин раствор для инъекций 0,5% 5ml №10","ПЛАТ","Да","уп",3,"93,61","280,83"]
["N01BA02","местноанестезирующее средство","Прокаин","Новокаин раствор для инъекций 2,5mg/ml 200ml №28","ОМС","Да","уп",7,"808,72","5661,04"]
["N01BA02","местноанестезирующее средство","Прокаин","Новокаин раствор для инъекций 5mg/ml 200ml №28","ОМС","Да","уп",53,"895,4","47456,2"]
["N01BB01","местноанестезирующее средство","Бупивакаин","Бупивакаин раствор для инъекций 5mg/ml 4ml №5","Бюджет","Да","уп",17,"850,51","14458,67"]
["N01BB01","местноанестезирующее средство","Бупивакаин","Бупивакаин раствор для инъекций 5mg/ml 4ml №5","ОМС","Да","уп",450,"850,51","382729,5"]
["N01BB01","местноанестезирующее средство","Бупивакаин","Бупивакаин раствор для инъекций 5mg/ml 4ml №5","ПЛАТ","Да","уп",2,"850,51","1701,02"]
["N01BB02","местноанестезирующее средство","Лидокаин","Лидокаин раствор для инъекций 100mg/ml 2ml №10","Бюджет","Да","уп",754,"41,47","31268,38"]
["N01BB02","местноанестезирующее средство","Лидокаин","Лидокаин раствор для инъекций 100mg/ml 2ml №10","ОМС","Да","уп",1895,"41,47","78585,65"]
["N01BB02","местноанестезирующее средство","Лидокаин","Лидокаин раствор для инъекций 100mg/ml 2ml №10","ПЛАТ","Да","уп",130,"41,47","5391,1"]
["N01BB02","местноанестезирующее средство","Лидокаин","Лидокаин раствор для инъекций 20mg/ml 2ml №10","Бюджет","Да","уп",90,"93,61","8424,9"]
["N01BB02","местноанестезирующее средство","Лидокаин","Лидокаин раствор для инъекций 20mg/ml 2ml №10","ОМС","Да","уп",6921,"93,61","647874,81"]
["N01BB02","местноанестезирующее средство","Лидокаин","Лидокаин раствор для инъекций 20mg/ml 2ml №10","ПЛАТ","Да","уп",129,"93,61","12075,69"]
["N01BB08","местноанестезирующее средство","Артикаин","Артикаин-Бинергия раствор для инъекций 20mg/ml 1,7ml №10","ПЛАТ","Нет","уп",13,495,6435]
["N01BB09","местноанестезирующее средство","Ропивакаин","Наропин раствор для инъекций 2mg/ml 100ml №5","Бюджет","Да","уп",12,"2829,65","33955,8"]
["N01BB09","местноанестезирующее средство","Ропивакаин","Наропин раствор для инъекций 2mg/ml 100ml №5","ОМС","Да","уп",111,"2829,65","314091,15"]
["N01BB09","местноанестезирующее средство","Ропивакаин","Наропин раствор для инъекций 2mg/ml 100ml №5","ПЛАТ","Да","уп",5,"2829,65","14148,25"]
["N01BB09","местноанестезирующее средство","Ропивакаин","Наропин раствор для инъекций 5mg/ml 10ml №5","ОМС","Да","уп",61,"1612,77","98378,97"]
["N01BB09","местноанестезирующее средство","Ропивакаин","Наропин раствор для инъекций 5mg/ml 10ml №5","ПЛАТ","Да","уп",9,"1612,77","14514,93"]
["N01BB09","местноанестезирующее средство","Ропивакаин","Наропин раствор для инъекций 7,5mg/ml 10ml №5","Бюджет","Да","уп",23,"1056,49","24299,27"]
["N01BB09","местноанестезирующее средство","Ропивакаин","Наропин раствор для инъекций 7,5mg/ml 10ml №5","ОМС","Да","уп",305,"1056,49","322229,45"]
["N01BB09","местноанестезирующее средство","Ропивакаин","Наропин раствор для инъекций 7,5mg/ml 10ml №5","ПЛАТ","Да","уп",9,"1056,49","9508,41"]
["N01BB09","местноанестезирующее средство","Ропивакаин","Ропивакаин Каби раствор для инъекций 2mg/ml 100ml №5","ОМС","Да","уп",100,"2821,5",282150]
["N01BB10","местноанестезирующее средство","Левобупивакаин","Хирокаин раствор для инъекций 5mg/ml 5ml №10","Бюджет","Да","уп",9,"1178,81","10609,29"]
["N01BB10","местноанестезирующее средство","Левобупивакаин","Хирокаин раствор для инъекций 5mg/ml 5ml №10","ОМС","Да","уп",17,"1178,81","20039,77"]
["N01BB10","местноанестезирующее средство","Левобупивакаин","Хирокаин раствор для инъекций 5mg/ml 5ml №10","ПЛАТ","Да","уп",10,"1178,81","11788,1"]
["N01BB58","местноанестезирующее средство+альфа- и бета-адреномиметик","Артикаин + Эпинефрин","Септанест с адреналином раствор для инъекций 40mg+10mkg/ml №50","ОМС","Нет","уп",1,"2156,17","2156,17"]
["N01BB58","местноанестезирующее средство+альфа- и бета-адреномиметик","Артикаин + Эпинефрин","Септанест с адреналином раствор для инъекций 40mg+10mkg/ml №50","ПЛАТ","Нет","уп",3,"2156,17","6468,51"]
["N01BB58","местноанестезирующее средство+альфа- и бета-адреномиметик","Артикаин+[Эпинефрин]","Артикаин с адреналином форте раствор для инъекций 40mg+0,01mg/ml 1,7ml №50","ОМС","Нет","уп",3,"2253,3","6759,9"]
["N01BB58","местноанестезирующее средство+альфа- и бета-адреномиметик","Артикаин+[Эпинефрин]","Артикаин с адреналином форте раствор для инъекций 40mg+0,01mg/ml 1,7ml №50","ПЛАТ","Нет","уп",5,"2253,3","11266,5"]
["N01BB58","местноанестезирующее средство+альфа- и бета-адреномиметик","Артикаин+Эпинефрин","Ультракаин ДС Форте раствор для инъекций 40mg+0,01mg/ml 1,7ml №100","ПЛАТ","Нет","уп",16,"6700,27","107204,32"]
["N02AA01","анальгезирующее наркотическое средство","Морфин","Морфин раствор для инъекций 10mg/ml 1ml","ОМС","Да","амп",3200,{"v":34782,"d":"34,782"},"111302,4"]
["N02AX02","анальгезирующее средство со смешанным механизмом действия","Трамадол","Трамадол капсулы 50mg","ОМС","Да","капс",76,{"v":4021435,"d":"4,021,435"},{"v":30562906,"d":"30,562,906"}]
["N02AX02","анальгезирующее средство со смешанным механизмом действия","Трамадол","Трамадол капсулы 50mg","ПЛАТ","Да","капс",5,{"v":4021435,"d":"4,021,435"},{"v":20107175,"d":"20,107,175"}]
["N02AX02","анальгезирующее средство со смешанным механизмом действия","Трамадол","Трамадол раствор для инъекций 50mg/ml 2ml","ОМС","Да","амп",1897,{"v":162426,"d":"162,426"},{"v":308122122,"d":"308,122,122"}]
["N02AX02","анальгезирующее средство со смешанным механизмом действия","Трамадол","Трамадол раствор для инъекций 50mg/ml 2ml","ПЛАТ","Да","амп",5,{"v":162426,"d":"162,426"},{"v":81213,"d":"81,213"}]
["N02AX02","анальгезирующее средство со смешанным механизмом действия","Трамадол","Трамадол раствор для инъекций 50mg/ml 2ml №5","ОМС","Да","уп",420,"80,58","33843,6"]
["N02AX02","анальгезирующее средство со смешанным механизмом действия","Трамадол","Трамадол раствор для инъекций 50mg/ml 2ml №5","ПЛАТ","Да","уп",2,"80,58","161,16"]
["N02AX06","анальгезирующее наркотическое средство","Тапентадол","Палексия табл пролонг п/п/о 50mg №20","ОМС","Да","уп",11,"814,62","8960,82"]
["N02AX06","анальгезирующее наркотическое средство","Тапентадол","Палексия табл пролонг п/п/о 50mg №20","ПЛАТ","Да","уп",4,"814,62","3258,48"]
["N02BA01","НПВП","Ацетилсалициловая кислота","Ацетилсалициловая кислота табл 500mg №10","ОМС","Да","уп",3152,"5,2","16390,4"]
["N02BA01","НПВП","Ацетилсалициловая кислота","Ацетилсалициловая кислота табл 500mg №10","ПЛАТ","Да","уп",25,"5,2",130]
["N02BA51","анальгезирующее средство комбинированное","~","Каффетин Лайт табл №12","ОМС","Нет","уп",27,"231,14","6240,78"]
["N02BA51","анальгезирующее средство комбинированное","~","Каффетин Лайт табл №12","ПЛАТ","Нет","уп",20,"231,14","4622,8"]
["N02BB02","анальгезирующее ненаркотическое средство","Метамизол натрия","Анальгин раствор для в/в и в/м вв 500mg/ml 2ml №10","Бюджет","Нет","уп",30,"39,17","1175,1"]
["N02BB02","анальгезирующее ненаркотическое средство","Метамизол натрия","Анальгин раствор для в/в и в/м вв 500mg/ml 2ml №10","ОМС","Нет","уп",5109,"39,17","200119,53"]
["N02BB02","анальгезирующее ненаркотическое средство","Метамизол натрия","Анальгин раствор для в/в и в/м вв 500mg/ml 2ml №10","ПЛАТ","Нет","уп",121,"39,17","4739,57"]
["N02BB02","анальгезирующее ненаркотическое средство","Метамизол натрия","Анальгин табл 500mg №10","ПЛАТ","Нет","уп",20,"14,88","297,6"]
["N02BB02","анальгезирующее ненаркотическое средство","Метамизол натрия ","Баралгин М раствор для в/в и в/м вв 500mg/ml 5ml №5","Бюджет","Нет","уп.",25,"380,06","9501,5"]
["N02BB02","анальгезирующее ненаркотическое средство","Метамизол натрия ","Баралгин М раствор для в/в и в/м вв 500mg/ml 5ml №5","ОМС","Нет","уп.",482,"380,06","183188,92"]
["N02BB02","анальгезирующее ненаркотическое средство","Метамизол натрия ","Баралгин М раствор для в/в и в/м вв 500mg/ml 5ml №5","ПЛАТ","Нет","уп.",31,"380,06","11781,86"]
["N02BB52","анальгезирующее средство комбинированное (анальгезирующее ненаркотическое средство+спазмолитическое средство)","Метамизол натрия+питофенон+фенпивериния бромид","Спазмалин раствор для в/в и в/м вв 5ml №5","Бюджет","Нет","уп",20,"109,74","2194,8"]
["N02BB52","анальгезирующее средство комбинированное (анальгезирующее ненаркотическое средство+спазмолитическое средство)","Метамизол натрия+питофенон+фенпивериния бромид","Спазмалин раствор для в/в и в/м вв 5ml №5","ОМС","Нет","уп",517,"109,74","56735,58"]
["N02BB52","анальгезирующее средство комбинированное (анальгезирующее ненаркотическое средство+спазмолитическое средство)","Метамизол натрия+питофенон+фенпивериния бромид","Спазмалин раствор для в/в и в/м вв 5ml №5","ПЛАТ","Нет","уп",62,"109,74","6803,88"]
["N02BE01","анальгезирующее ненаркотическое средство","Парацетамол","Парацетамол раствор для инфузий 10mg/ml 100ml","Бюджет","Да","уп",830,"66,79","55435,7"]
["N02BE01","анальгезирующее ненаркотическое средство","Парацетамол","Парацетамол раствор для инфузий 10mg/ml 100ml","ОМС","Да","уп",3926,"66,79","262217,54"]
["N02BE01","анальгезирующее ненаркотическое средство","Парацетамол","Парацетамол раствор для инфузий 10mg/ml 100ml","ПЛАТ","Да","уп",210,"66,79","14025,9"]
["N02BE01","анальгезирующее ненаркотическое средство","Парацетамол","Парацетамол табл 500mg №10","Бюджет","Да","уп",31,"4,75","147,25"]
["N02BE01","анальгезирующее ненаркотическое средство","Парацетамол","Парацетамол табл 500mg №10","ОМС","Да","уп",278,"4,75","1320,5"]
["N02BE01","анальгезирующее ненаркотическое средство","Парацетамол","Парацетамол табл 500mg №10","ПЛАТ","Да","уп",61,"4,75","289,75"]
["N02BE51","ОРЗ и \"простуды\" симптомов средство устранения (анальгезирующее ненаркотическое средство+психостимулирующее средство+альфа-адреномиметик+отхаркивающее средство+витамин)","Кофеин + Парацетамол + Фенилэфрин + Терпингидрат + Аскорбиновая кислота ","Колдрекс табл №12","ОМС","Нет","уп.",5,"196,98","984,9"]
["N02BE51","ОРЗ и \"простуды\" симптомов средство устранения (анальгезирующее ненаркотическое средство+психостимулирующее средство+альфа-адреномиметик+отхаркивающее средство+витамин)","Кофеин + Парацетамол + Фенилэфрин + Терпингидрат + Аскорбиновая кислота ","Колдрекс табл №12","ПЛАТ","Нет","уп.",5,"196,98","984,9"]
["N02BE71","анальгезирующее средство комбинированное (НПВП+анальгезирующее ненаркотическое средство+психостимулирующее средство)","Дротаверин+Кофеин+Напроксен+Парацетамол+Фенирамин","Пенталгин табл п/п/о №12","ОМС","Нет","уп",144,"110,66","15935,04"]
["N02BE71","анальгезирующее средство комбинированное (НПВП+анальгезирующее ненаркотическое средство+психостимулирующее средство)","Дротаверин+Кофеин+Напроксен+Парацетамол+Фенирамин","Пенталгин табл п/п/о №12","ПЛАТ","Нет","уп",25,"110,66","2766,5"]
["N02BG06","анальгезирующее средство центрального действия","Нефопам","Акупан-Биокодекс раствор для инфузий и в/м вв 10mg/ml 2ml №5","Бюджет","Нет","уп",31,1250,38750]
["N02BG06","анальгезирующее средство центрального действия","Нефопам","Акупан-Биокодекс раствор для инфузий и в/м вв 10mg/ml 2ml №5","ОМС","Нет","уп",59,1250,73750]
["N02BG06","анальгезирующее средство центрального действия","Нефопам","Акупан-Биокодекс раствор для инфузий и в/м вв 10mg/ml 2ml №5","ПЛАТ","Нет","уп",10,1250,12500]
["N03AF01","противоэпилептическое средство","Карбамазепин","Карбамазепин табл 200mg № 50","ОМС","Да","уп.",378,"61,47","23235,66"]
["N03AF01","противоэпилептическое средство","Карбамазепин","Карбамазепин табл 200mg № 50","ПЛАТ","Да","уп.",26,"61,47","1598,22"]
["N03AG01","противоэпилептическое средство","Вальпроевая кислота","Конвулекс раствор для в/в  вв 100mg/ml 5ml №5","ОМС","Да","уп",6,"1471,94","8831,64"]
["N03AG01","противоэпилептическое средство","Вальпроевая кислота","Энкорат хроно табл с контрол.высвобождением п/о 500mg №30","ОМС","Да","уп",53,"358,62","19006,86"]
["N03AG01","противоэпилептическое средство","Вальпроевая кислота","Энкорат хроно табл с контрол.высвобождением п/о 500mg №30","ПЛАТ","Да","уп",5,"358,62","1793,1"]
["N03AG01","противоэпилептическое средство","Вальпроевая кислота ","Вальпарин ХР табл пролог п/п/о 300mg №100","ОМС","Да","уп.",22,"668,18","14699,96"]
["N03AG01","противоэпилептическое средство","Вальпроевая кислота ","Вальпарин ХР табл пролог п/п/о 300mg №100","ПЛАТ","Да","уп.",2,"668,18","1336,36"]
["N03AX12","противоэпилептическое средство","Габапентин","Габапентин Канон капсулы 300mg №50","ОМС","Нет","уп",58,"495,06","28713,48"]
["N03AX12","противоэпилептическое средство","Габапентин","Габапентин Канон капсулы 300mg №50","ПЛАТ","Нет","уп",25,"495,06","12376,5"]
["N03AX12","противоэпилептическое средство","Габапентин","Тебантин капс 300mg №50","ОМС","Нет","уп",22,"1015,9","22349,8"]
["N03AX12","противоэпилептическое средство","Габапентин","Тебантин капс 300mg №50","ПЛАТ","Нет","уп",20,"1015,9",20318]
["N03AX16","противоэпилептическое средство","Прегабалин","Прегабалин Канон капс 75mg №14","ПЛАТ","Да","уп",20,"441,41","8828,2"]
["N03AX16","противоэпилептическое средство","Прегабалин","Прегабалин-Рихтер капсулы 75mg","ОМС","Да","капс",30,"33,83","1014,9"]
["N03AX16","противоэпилептическое средство","Прегабалин","Прегабалин-Рихтер капсулы 75mg","ПЛАТ","Да","капс",10,"33,83","338,3"]
["N04BA","противопаркинсоническое средство (дофамина предшественник+декарбоксилазы периферический ингибитор)","Леводопа+Бенсеразид","Мадопар \"250\" табл 200mg+50mg №100","ОМС","Да","уп",5,"1365,94","6829,7"]
["N04BA","противоэпилептическое средство","Леводопа+Бенсеразид","Мадопар \"125\" капс 100mg+25mg №100","ОМС","Да","уп",13,"747,91","9722,83"]
["N04BA","противоэпилептическое средство","Леводопа+Бенсеразид","Мадопар \"125\" капс 100mg+25mg №100","ПЛАТ","Да","уп",3,"747,91","2243,73"]
["N04BB01","Противопаркинсонические средства","Амантадин","ПК-Мерц  табл п/п/о 100mg №30","ОМС","Да","уп",35,"258,89","9061,15"]
["N04BB01","Противопаркинсонические средства","Амантадин","ПК-Мерц  табл п/п/о 100mg №30","ПЛАТ","Да","уп",2,"258,89","517,78"]
["N04BB01","противопаркинсоническое средство","Амантадин","ПК-Мерц фл 0,4mg/ml 500ml №2","ОМС","Да","уп",3,"1440,16","4320,48"]
["N04BB01","противопаркинсоническое средство","Амантадин","ПК-Мерц фл 0,4mg/ml 500ml №2","ПЛАТ","Да","уп",3,"1440,16","4320,48"]
["N04BC05","противопаркинсоническое средство, дофаминовых рецепторов агонист","Прамипексол","Прамипексол табл 1mg №30","ОМС","Да","уп",1,"796,89","796,89"]
["N04BC08","противопаркинсоническое средство, дофаминовых рецепторов агонист","Пирибедил","Проноран табл п/о 50mg №30","ОМС","Да","уп",15,"530,03","7950,45"]
["N04BC08","противопаркинсоническое средство, дофаминовых рецепторов агонист","Пирибедил","Проноран табл п/о 50mg №30","ПЛАТ","Да","уп",4,"530,03","2120,12"]
["N05AA01","антипсихотическое средство (нейролептик)","Хлорпромазин","Аминазин раствор для в/в и в/м вв 25mg/ml 2ml №10","ОМС","Да","уп",104,"181,72","18898,88"]
["N05AA01","антипсихотическое средство (нейролептик)","Хлорпромазин","Аминазин раствор для в/в и в/м вв 25mg/ml 2ml №10","ПЛАТ","Да","уп",3,"181,72","545,16"]
["N05AA01","антипсихотическое средство (нейролептик)","Хлорпромазин","Аминазин табл п/п/о 50mg №10","ОМС","Да","уп",10,"209,95","2099,5"]
["N05AC02","антипсихотическое средство (нейролептик)","Тиоридазин","Сонапакс табл п/о 10mg №60","Бюджет","Да","уп",62,"286,57","17767,34"]
["N05AC02","антипсихотическое средство (нейролептик)","Тиоридазин","Сонапакс табл п/о 10mg №60","ОМС","Да","уп",219,"286,57","62758,83"]
["N05AC02","антипсихотическое средство (нейролептик)","Тиоридазин","Сонапакс табл п/о 10mg №60","ПЛАТ","Да","уп",5,"286,57","1432,85"]
["N05AC02","антипсихотическое средство (нейролептик)","Тиоридазин","Тиорил табл 25mg №100","Бюджет","Да","уп",5,"118,37","591,85"]
["N05AC02","антипсихотическое средство (нейролептик)","Тиоридазин","Тиорил табл 25mg №100","ОМС","Да","уп",62,"118,37","7338,94"]
["N05AC02","антипсихотическое средство (нейролептик)","Тиоридазин","Тиорил табл 25mg №100","ПЛАТ","Да","уп",5,"118,37","591,85"]
["N05AD01","антипсихотическое средство (нейролептик)","Галоперидол","Галоперидол раствор для в/в и в/м вв 5mg/ml 1ml №10","Бюджет","Да","уп",1,"157,11","157,11"]
["N05AD01","антипсихотическое средство (нейролептик)","Галоперидол","Галоперидол раствор для в/в и в/м вв 5mg/ml 1ml №10","ОМС","Да","уп",461,"157,11","72427,71"]
["N05AD01","антипсихотическое средство (нейролептик)","Галоперидол","Галоперидол раствор для в/в и в/м вв 5mg/ml 1ml №10","ПЛАТ","Да","уп",3,"157,11","471,33"]
["N05AD01","антипсихотическое средство (нейролептик)","Галоперидол","Галоперидол табл 5mg №50","ОМС","Да","уп",28,"76,5",2142]
["N05AD01","антипсихотическое средство (нейролептик)","Галоперидол","Галоперидол табл 5mg №50","ПЛАТ","Да","уп",2,"76,5",153]
["N05AF03","антипсихотическое средство (нейролептик)","Хлорпротиксен","Хлорпротиксен Зентива табл п/п/о 15mg №30","Бюджет","Нет","уп",10,"225,16","2251,6"]
["N05AF03","антипсихотическое средство (нейролептик)","Хлорпротиксен","Хлорпротиксен Зентива табл п/п/о 15mg №30","ОМС","Нет","уп",132,"225,16","29721,12"]
["N05AF03","антипсихотическое средство (нейролептик)","Хлорпротиксен","Хлорпротиксен Зентива табл п/п/о 15mg №30","ПЛАТ","Нет","уп",2,"225,16","450,32"]
["N05AL01","антипсихотическое средство (нейролептик)","Сульпирид","Бетамакс табл 100mg №30","ОМС","Да","уп",86,"279,97","24077,42"]
["N05AL01","антипсихотическое средство (нейролептик)","Сульпирид","Бетамакс табл 100mg №30","ПЛАТ","Да","уп",21,"279,97","5879,37"]
["N05AL01","антипсихотическое средство (нейролептик)","Сульпирид","Сульпирид раствор для в/м вв 50mg/ml 2ml №10","ОМС","Да","уп",62,"142,14","8812,68"]
["N05AL01","антипсихотическое средство (нейролептик)","Сульпирид","Сульпирид табл 50mg № 30","ОМС","Да","уп",257,"70,67","18162,19"]
["N05AL01","антипсихотическое средство (нейролептик)","Сульпирид","Сульпирид табл 50mg № 30","ПЛАТ","Да","уп",47,"70,67","3321,49"]
["N05BA01","транквилизатор","Диазепам","Реланиум раствор для в/в и в/м вв 5mg/ml 2ml","ОМС","Да","амп",3420,"21,85",74727]
["N05BA23","анксиолитическое средство (транквилизатор)","Тофизопам","Грандаксин табл 50mg №20","ОМС","Нет","уп",56,"447,38","25053,28"]
["N05BA23","анксиолитическое средство (транквилизатор)","Тофизопам","Грандаксин табл 50mg №20","ПЛАТ","Нет","уп",13,"447,38","5815,94"]
["N05BB01","анксиолитическое средство (транквилизатор)","Гидроксизин","Гидроксизин Канон  табл п/п/о 25mg №25","ОМС","Да","уп.",499,"285,28","142354,72"]
["N05BB01","анксиолитическое средство (транквилизатор)","Гидроксизин","Гидроксизин Канон  табл п/п/о 25mg №25","ПЛАТ","Да","уп.",35,"285,28","9984,8"]
["N05BX","анксиолитическое средство (транквилизатор)","Бромдигидрохлорфенилбензодиазепин","Феназепам раствор для в/в и в/м вв 1mg/ml 1ml №10","Бюджет","Да","уп",53,"164,31","8708,43"]
["N05BX","анксиолитическое средство (транквилизатор)","Бромдигидрохлорфенилбензодиазепин","Феназепам раствор для в/в и в/м вв 1mg/ml 1ml №10","ОМС","Да","уп",987,"164,31","162173,97"]
["N05BX","анксиолитическое средство (транквилизатор)","Бромдигидрохлорфенилбензодиазепин","Феназепам раствор для в/в и в/м вв 1mg/ml 1ml №10","ПЛАТ","Да","уп",22,"164,31","3614,82"]
["N05BX","анксиолитическое средство (транквилизатор)","Бромдигидрохлорфенилбензодиазепин","Феназепам табл 0,5mg №50","Бюджет","Да","уп",5,"94,04","470,2"]
["N05BX","анксиолитическое средство (транквилизатор)","Бромдигидрохлорфенилбензодиазепин","Феназепам табл 0,5mg №50","ОМС","Да","уп",137,"94,04","12883,48"]
["N05BX","анксиолитическое средство (транквилизатор)","Бромдигидрохлорфенилбензодиазепин","Феназепам табл 0,5mg №50","ПЛАТ","Да","уп",6,"94,04","564,24"]
["N05BX","анксиолитическое средство (транквилизатор)","Бромдигидрохлорфенилбензодиазепин","Феназепам табл 1mg №50","Бюджет","Да","уп",5,"112,21","561,05"]
["N05BX","анксиолитическое средство (транквилизатор)","Бромдигидрохлорфенилбензодиазепин","Феназепам табл 1mg №50","ОМС","Да","уп",152,"112,21","17055,92"]
["N05BX","анксиолитическое средство (транквилизатор)","Бромдигидрохлорфенилбензодиазепин","Феназепам табл 1mg №50","ПЛАТ","Да","уп",7,"112,21","785,47"]
["N05BX","анксиолитическое средство (транквилизатор)","Фабомотизол","Афобазол табл 10mg №60","ОМС","Нет","уп",28,"580,8","16262,4"]
["N05BX","анксиолитическое средство (транквилизатор)","Фабомотизол","Афобазол табл 10mg №60","ПЛАТ","Нет","уп",15,"580,8",8712]
["N05BX","ноотропное средство","Аминофенилмасляная кислота","Фенибут табл 250mg №20","Бюджет","Нет","уп",30,"90,16","2704,8"]
["N05BX","ноотропное средство","Аминофенилмасляная кислота","Фенибут табл 250mg №20","ОМС","Нет","уп",63,"90,16","5680,08"]
["N05BX","ноотропное средство","Аминофенилмасляная кислота","Фенибут табл 250mg №20","ПЛАТ","Нет","уп",10,"90,16","901,6"]
["N05CB02","седативное средство","Мяты перечной листьев масло+Фенобарбитал+Этилбромизовалерианат","Корвалол капл д/пр внутрь 25ml","ОМС","Нет","уп",530,"22,2",11766]
["N05CD08","снотворное и седативное средство","Мидазолам","Дормикум раствор для в/в и в/м вв 5mg/ml 1ml","ОМС","Да","амп",3000,{"v":37099,"d":"37,099"},111297]
["N05CF01","снотворное средство","Зопиклон","Сомнол табл п/п/о 7,5mg №1","ОМС","Да","табл",810,{"v":8917617,"d":"8,917,617"},{"v":722326977,"d":"722,326,977"}]
["N05CF01","снотворное средство","Зопиклон","Сомнол табл п/п/о 7,5mg №1","ПЛАТ","Да","табл",15,{"v":8917617,"d":"8,917,617"},{"v":133764255,"d":"133,764,255"}]
["N05CM","седативное средство растительного происхождения","Пустырника трава","Пустырника настойка капл д/пр внутрь 25ml","ОМС","Нет","уп",136,"12,34","1678,24"]
["N05CM","седативное средство растительного происхождения","Пустырника трава","Пустырника настойка капл д/пр внутрь 25ml","ПЛАТ","Нет","уп",20,"12,34","246,8"]
["N05CM09","седативное средство растительного происхождения","Валерианы корневища с корнями","Валерианы настойка настойка 25ml","ОМС","Нет","уп",220,"13,59","2989,8"]
["N05CM09","седативное средство растительного происхождения","Валерианы корневища с корнями","Валерианы настойка настойка 25ml","ПЛАТ","Нет","уп",12,"13,59","163,08"]
["N05CM18","седативное средство","Дексмедетомидин","Дексдор конц-т д/приг раствора для инфузий 100mkg/ml 2ml №5","Бюджет","Нет","уп",17,"10821,66","183968,22"]
["N05CM18","седативное средство","Дексмедетомидин","Дексдор конц-т д/приг раствора для инфузий 100mkg/ml 2ml №5","ОМС","Нет","уп",22,"10821,66","238076,52"]
["N05CM18","седативное средство","Дексмедетомидин","Дексдор конц-т д/приг раствора для инфузий 100mkg/ml 2ml №5","ПЛАТ","Нет","уп",8,"10821,66","86573,28"]
["N06Психоаналептики"]
["N06AA09","антидепрессант","Амитриптилин","Амитриптилин раствор для в/в и в/м вв 10mg/ml 2ml №10","ПЛАТ","Да","уп",2,"54,62","109,24"]
["N06AA09","антидепрессант","Амитриптилин","Амитриптилин табл 25mg №50","Бюджет","Да","уп.",2,"56,77","113,54"]
["N06AA09","антидепрессант","Амитриптилин","Амитриптилин табл 25mg №50","ОМС","Да","уп.",238,"56,77","13511,26"]
["N06AA09","антидепрессант","Амитриптилин","Амитриптилин табл 25mg №50","ПЛАТ","Да","уп.",30,"56,77","1703,1"]
["N06AB03","антидепрессант","Флуоксетин","Флуоксетин капс 20mg №30","ПЛАТ","Да","уп",3,"118,52","355,56"]
["N06AB05","антидепрессант","Пароксетин","Пароксетин табл п/п/о 20mg №30","ОМС","Да","уп",20,"536,61","10732,2"]
["N06AB05","антидепрессант","Пароксетин","Пароксетин табл п/п/о 20mg №30","ПЛАТ","Да","уп",8,"536,61","4292,88"]
["N06AB08","антидепрессант","Флувоксамин","Феварин табл п/о 50mg №15","ПЛАТ","Нет","уп",5,"1087,8",5439]
["N06AX21","антидепрессант","Дулоксетин","Дулоксетин Канон капс к/раст 30mg №14","ОМС","Нет","уп",20,"1243,2",24864]
["N06AX21","антидепрессант","Дулоксетин","Дулоксетин Канон капс к/раст 30mg №14","ПЛАТ","Нет","уп",1,"1243,2","1243,2"]
["N06AX22","снотворное средство","Агомелатин","Вальдоксан табл п/о 25mg №14","ПЛАТ","Да","уп",2,"937,85","1473,4"]
["N06BC01","психостимулирующее средство","Кофеин","Кофеин-бензоат натрия раствор для инъекций 200mg/ml 1ml № 10","Б.Опк","Да","уп",2,"34,53",{"$f":"H1127*I1127","v":69.06}]
["N06BC01","психостимулирующее средство","Кофеин","Кофеин-бензоат натрия раствор для инъекций 200mg/ml 1ml № 10","Бюджет","Да","уп",7,"34,53","241,71"]
["N06BC01","психостимулирующее средство","Кофеин","Кофеин-бензоат натрия раствор для инъекций 200mg/ml 1ml № 10","ОМС","Да","уп",154,"34,53","5317,62"]
["N06BC01","психостимулирующее средство","Кофеин","Кофеин-бензоат натрия раствор для инъекций 200mg/ml 1ml № 10","ПЛАТ","Да","уп",1,"34,53","34,53"]
["N06BX","Ноотропы","Глицин","Глицин  табл п/язычн 100mg №50","ОМС","Да","уп",1,"29,9","29,9"]
["N06BX","метаболическое средство","Глицин","Глицин-БИО Фармаплант табл п/язычн 100mg №50","ПЛАТ","Да","уп",5,"46,13","230,65"]
["N06BX","ноотропное средство","Фонтурацетам","Фенотропил табл 100mg №30","ПЛАТ","Да","уп",3,"1091,14","3273,42"]
["N06BX03","ноотропное средство","Пирацетам","Пирацетам  раствор для в/в и в/м вв 200mg/ml 5ml №10","Бюджет","Да","уп",65,"65,56","4261,4"]
["N06BX03","ноотропное средство","Пирацетам","Пирацетам  раствор для в/в и в/м вв 200mg/ml 5ml №10","ОМС","Да","уп",1058,"65,56","69362,48"]
["N06BX03","ноотропное средство","Пирацетам","Пирацетам  раствор для в/в и в/м вв 200mg/ml 5ml №10","ПЛАТ","Да","уп",111,"65,56","7277,16"]
["N06BX03","ноотропное средство","Пирацетам","Пирацетам  табл 800mg №30","ОМС","Да","уп",63,"71,19","4484,97"]
["N06BX06","ноотропное средство","Цитиколин","Нейпилепт раствор для в/в и в/м вв 250mg/ml 4ml №5","ПЛАТ","Да","уп",35,"1170,35","40962,25"]
["N06BX06","ноотропное средство","Цитиколин","Цераксон раствор для в/в и в/м вв 1000mg/4ml  №5","ОМС","Да","уп",245,"1173,55","287519,75"]
["N06BX06","ноотропное средство","Цитиколин","Цераксон раствор для в/в и в/м вв 1000mg/4ml  №5","ПЛАТ","Да","уп",67,"1173,55","78627,85"]
["N06BX18","психостимулирующее и ноотропное средство","Винпоцетин","Винпоцетин конц-т д/приг раствора для инфузий 5mg/ml 5ml №10","ОМС","Да","уп.",374,"122,76","45912,24"]
["N06BX18","психостимулирующее и ноотропное средство","Винпоцетин","Винпоцетин конц-т д/приг раствора для инфузий 5mg/ml 5ml №10","ПЛАТ","Да","уп.",51,"122,76","6260,76"]
["N06BX18","психостимулирующее и ноотропное средство","Винпоцетин","Винпоцетин табл 5mg №50","ОМС","Да","уп",5,"213,98","1069,9"]
["N06BX18","психостимулирующее и ноотропное средство","Винпоцетин","Винпоцетин форте табл 10mg №30","ОМС","Да","уп",3,"268,16","804,48"]
["N06BX18","психостимулирующее и ноотропное средство","Винпоцетин","Винпоцетин форте табл 10mg №30","ПЛАТ","Да","уп",17,"268,16","4558,72"]
["N06DA04","деменции средство лечения","Галантамин","Галантамин Канон табл п/п/о 8mg №56","ОМС","Да","уп",25,"3572,53","89313,25"]
["N06DA04","деменции средство лечения","Галантамин","Галантамин Канон табл п/п/о 8mg №56","ПЛАТ","Да","уп",4,"3572,53","14290,12"]
["N06DX01","деменции средство лечения","Мемантин","Мемантин табл п/п/о 10mg  №30","ОМС","Да","уп",10,"1389,31",{"v":13893066,"d":"13,893,066"}]
["N06DX01","деменции средство лечения","Мемантин","Мемантин табл п/п/о 10mg  №30","ПЛАТ","Да","уп",5,"1389,31",{"v":6946533,"d":"6,946,533"}]
["N07AA01","холинэстеразы ингибитор","Неостигмина метилсульфат","Прозерин раствор для инъекций 0,5mg/ml 1ml №10","ОМС","Да","уп",783,"73,29","57386,07"]
["N07AA01","холинэстеразы ингибитор","Неостигмина метилсульфат","Прозерин раствор для инъекций 0,5mg/ml 1ml №10","ПЛАТ","Да","уп",26,"73,29","1905,54"]
["N07AA01","холинэстеразы ингибитор","Неостигмина метилсульфат","Прозерин табл 15mg №20","ОМС","Да","уп",60,"55,54","3332,4"]
["N07AA01","холинэстеразы ингибитор","Неостигмина метилсульфат","Прозерин табл 15mg №20","ПЛАТ","Да","уп",1,"55,54","55,54"]
["N07AA02","холинэстеразы ингибитор","Пиридостигмина бромид","Пиридостигмна бромид табл 60mg №100","ОМС","Да","уп",70,"676,87","47380,9"]
["N07AA02","холинэстеразы ингибитор","Пиридостигмина бромид","Пиридостигмна бромид табл 60mg №100","ПЛАТ","Да","уп",11,"676,87","7445,57"]
["N07AX02","ноотропное средство","Холина альфосцерат","Церетон капсулы 400mg №28","ОМС","Да","уп",50,"1073,91","53695,5"]
["N07AX02","ноотропное средство","Холина альфосцерат","Церетон капсулы 400mg №28","ПЛАТ","Да","уп",6,"1073,91","6443,46"]
["N07AX02","ноотропное средство","Холина альфосцерат","Церетон раствор для в/в и в/м вв 250mg/ml 4ml №5","ОМС","Да","уп",10,"627,74","6277,4"]
["N07AX02","ноотропное средство","Холина альфосцерат","Церетон раствор для в/в и в/м вв 250mg/ml 4ml №5","ПЛАТ","Да","уп",5,"627,74","3138,7"]
["N07CA01","гистамина препарат","Бетагистин","Бетагистин табл 24mg №20","ОМС","Да","уп",311,"273,29","84993,19"]
["N07CA01","гистамина препарат","Бетагистин","Бетагистин табл 24mg №20","ПЛАТ","Да","уп",61,"273,29","16670,69"]
["N07XX","антиоксидантное средство","Этилметилгидроксипиридина сукцинат","Нейрокс раствор для в/в и в/м вв 50mg/ml 5ml №5","ОМС","Да","уп",110,"332,91","36620,1"]
["N07XX","антиоксидантное средство","Этилметилгидроксипиридина сукцинат","Нейрокс раствор для в/в и в/м вв 50mg/ml 5ml №5","ПЛАТ","Да","уп",153,"332,91","50935,23"]
["N07XX","витамины группы B+прочие препараты","~","КомплигамВ раствор для в/м вв 2ml №5","ОМС","Нет","уп",128,"203,13","26000,64"]
["N07XX","витамины группы B+прочие препараты","~","КомплигамВ раствор для в/м вв 2ml №5","ПЛАТ","Нет","уп",66,"203,13","15517,8"]
["N07XX","метаболическое средство","Инозин+Никотинамид+Рибофлавин+Янтарная кислота","Цитофлавин раствор для в/в  вв 10ml №10","Бюджет","Да","уп",10,"1214,13","12141,3"]
["N07XX","метаболическое средство","Инозин+Никотинамид+Рибофлавин+Янтарная кислота","Цитофлавин раствор для в/в  вв 10ml №10","ОМС","Да","уп",404,"1214,13","490508,52"]
["N07XX","метаболическое средство","Инозин+Никотинамид+Рибофлавин+Янтарная кислота","Цитофлавин раствор для в/в  вв 10ml №10","ПЛАТ","Да","уп",122,"1214,13","148041,52"]
["N07XX","ноотропное средство","Полипептиды коры головного мозга эмбрионов свиней","Целлекс раствор для п/к вв 0,1mg/ml 1ml №5","ОМС","Нет","уп",40,"10799,19","431967,6"]
["N07XX","ноотропное средство","Полипептиды коры головного мозга эмбрионов свиней","Целлекс раствор для п/к вв 0,1mg/ml 1ml №5","ПЛАТ","Нет","уп",2,"10799,19","21598,38"]
["P03AX01","противочесоточное средство","Бензилбензоат","Бензилбензоат мазь д/наружн прим 20% 25g","ОМС","Да","уп",10,"29,47","294,7"]
[{"$nulls":9},{"$f":"SUBTOTAL(9,J1127)","v":69.06}]
["R Дыхательная система "]
["R01AA07","противоконгестивное средство - альфа-адреномиметик","Ксилометазолин","Ксилен капли назал 0,1% 10ml №1","ОМС","Да","уп",60,"25,88","1552,8"]
["R01AA07","противоконгестивное средство - альфа-адреномиметик","Ксилометазолин","Ксилометазолин спрей назал 0,1% 10ml №1","ПЛАТ","Да","уп",5,"126,75","633,75"]
["R01AA08","носа заболеваний средство лечения","Нафазолин","Нафтизин капли назал 0,1% 10ml №1","ОМС","Нет","уп",6,"17,97","107,82"]
["R01AA08","носа заболеваний средство лечения","Нафазолин","Нафтизин капли назал 0,1% 10ml №1","ПЛАТ","Нет","уп",3,"17,97","53,91"]
["R02AA01","антисептическое средство","Амбазон","Фарингосепт табл. д/рассас 10mg №20","ОМС","Нет","уп",3,"195,36","586,08"]
["R02AA01","антисептическое средство","Амбазон","Фарингосепт табл. д/рассас 10mg №20","ПЛАТ","Нет","уп",5,"195,36","976,8"]
["R02AA01","миорелаксант центрального действия","Баклофен","Баклосан табл 10mg №50","ОМС","Да","уп",95,"253,4",24073]
["R02AA01","миорелаксант центрального действия","Баклофен","Баклосан табл 10mg №50","ПЛАТ","Да","уп",20,"253,4",5068]
["R03Препараты для лечения бронхиальной астмы"]
["R03AC02","бронходилатирующее средство - бета2-адреномиметик селективный","Сальбутамол","Вентолин Небулы раствор для ингаляций 1mg/ml 2,5 ml №20","Бюджет","Да","уп",6,"262,83","1576,98"]
["R03AC02","бронходилатирующее средство - бета2-адреномиметик селективный","Сальбутамол","Вентолин Небулы раствор для ингаляций 1mg/ml 2,5 ml №20","ОМС","Да","уп",113,"262,83","29699,79"]
["R03AC02","бронходилатирующее средство - бета2-адреномиметик селективный","Сальбутамол","Вентолин Небулы раствор для ингаляций 1mg/ml 2,5 ml №20","ПЛАТ","Да","уп",30,"262,83","7884,9"]
["R03AC02","бронходилатирующее средство - бета2-адреномиметик селективный","Сальбутамол","Сальбутамол аэрозоль д/инг дозир 100mkg/dosis 200dosis 12ml №1","ОМС","Да","уп",38,"174,82","6643,16"]
["R03AC02","бронходилатирующее средство - бета2-адреномиметик селективный","Сальбутамол","Сальбутамол-СОЛОфарм раствор для ингаляций 1mg/ml 2,5 ml №20","ОМС","Да","уп",2,"419,98","839,96"]
["R03AC02","бронходилатирующее средство - бета2-адреномиметик селективный","Сальбутамол","Сальбутамол-СОЛОфарм раствор для ингаляций 1mg/ml 2,5 ml №20","ПЛАТ","Да","уп",15,"419,98","6299,7"]
["R03AC02","бронходилатирующее средство - бета2-адреномиметик селективный","Сальбутамол","Сальбутамол-Фармстандарт аэрозоль д/инг дозир 100mkg/dosis 200dosis №1","ОМС","Да","уп",15,"113,04","1695,6"]
["R03AC04","бронходилатирующее средство - бета2-адреномиметик селективный","Фенотерол","Фенотерол-аэронатив аэрозоль д/инг дозир 100mkg/dosis 200dosis","ОМС","Нет","уп",17,"422,82","7187,94"]
["R03AC04","бронходилатирующее средство - бета2-адреномиметик селективный","Фенотерол","Фенотерол-натив раствор для ингаляций 1mg/ml 20ml №1","ОМС","Да","уп",8,"386,91","3095,28"]
["R03AK03","бронходилатирующее средство комбинированное (бета2-адреномиметик селективный+м-холиноблокатор)","Ипратропия бромид+Фенотерол","Ипратерол-аэронатив аэрозоль д/инг дозир 20mkg/dosis+50mkg/dosis 200dosis №1","ОМС","Да","уп",4,"394,23","1576,92"]
["R03AK03","бронходилатирующее средство комбинированное (бета2-адреномиметик селективный+м-холиноблокатор)","Ипратропия бромид+Фенотерол","Ипратерол-аэронатив аэрозоль д/инг дозир 20mkg/dosis+50mkg/dosis 200dosis №1","ПЛАТ","Да","уп",3,"394,23","1182,69"]
["R03AK03","бронходилатирующее средство комбинированное (бета2-адреномиметик селективный+м-холиноблокатор)","Ипратропия бромид+Фенотерол","Ипратерол-натив раствор для ингаляций 0,25mg/ml+0,5mg/ml 20ml №1","Бюджет","Да","уп",12,"230,23","2762,76"]
["R03AK03","бронходилатирующее средство комбинированное (бета2-адреномиметик селективный+м-холиноблокатор)","Ипратропия бромид+Фенотерол","Ипратерол-натив раствор для ингаляций 0,25mg/ml+0,5mg/ml 20ml №1","ОМС","Да","уп",532,"230,23","122482,36"]
["R03AK03","бронходилатирующее средство комбинированное (бета2-адреномиметик селективный+м-холиноблокатор)","Ипратропия бромид+Фенотерол","Ипратерол-натив раствор для ингаляций 0,25mg/ml+0,5mg/ml 20ml №1","ПЛАТ","Да","уп",30,"230,23","6906,9"]
["R03AL06","бронхолитическое средство комбинированное (бета2-адреномиметик длительного действия+м-холиноблокатор)","Олодатерол+Тиотропия бромид","Спиолто Респимат раствор для ингаляций 2.5mkg+2,5mkg/dosis 4ml","ПЛАТ","Да","уп",2,"2983,52","5967,04"]
["R03BA02","глюкокортикостероид для местного применения","Будесонид","Буденит Стери-Неб  сусп д/инг дозир 0,5mg/ml-2ml №60","Бюджет","Да","уп.",10,"2299,54","22995,4"]
["R03BA02","глюкокортикостероид для местного применения","Будесонид","Буденит Стери-Неб  сусп д/инг дозир 0,5mg/ml-2ml №60","ОМС","Да","уп.",80,"2299,54","183963,2"]
["R03BA02","глюкокортикостероид для местного применения","Будесонид","Буденит Стери-Неб  сусп д/инг дозир 0,5mg/ml-2ml №60","ПЛАТ","Да","уп.",7,"2299,54","16096,78"]
["R03BA02","глюкокортикостероид для местного применения","Будесонид","Будесонид-натив раствор для ингаляций 0,25mg/ml 2ml №10","ОМС","Да","уп",3,"312,58","937,74"]
["R03BA02","глюкокортикостероид для местного применения","Будесонид","Будесонид-натив раствор для ингаляций 0,25mg/ml 2ml №10","ПЛАТ","Да","уп",25,"312,58","7814,5"]
["R03BB01","м-холиноблокатор","Ипратропия бромид","Ипратропиум-натив  раствор для ингаляций 0,25mg/ml 20ml №1","Бюджет","Да","уп",12,"208,73","2504,76"]
["R03BB01","м-холиноблокатор","Ипратропия бромид","Ипратропиум-натив  раствор для ингаляций 0,25mg/ml 20ml №1","ОМС","Да","уп",232,"208,73","48425,36"]
["R03BB01","м-холиноблокатор","Ипратропия бромид","Ипратропиум-натив  раствор для ингаляций 0,25mg/ml 20ml №1","ПЛАТ","Да","уп",20,"208,73","4174,6"]
["R03DA05","бронходилатирующее средство","Аминофиллин","Эуфиллин  раствор для в/в  вв 24mg/ml 10ml №10","Б.Опк","Да","уп",2,"41,67",{"$f":"H1206*I1206","v":83.34}]
["R03DA05","бронходилатирующее средство","Аминофиллин","Эуфиллин  раствор для в/в  вв 24mg/ml 10ml №10","Бюджет","Да","уп",40,"41,67","1666,8"]
["R03DA05","бронходилатирующее средство","Аминофиллин","Эуфиллин  раствор для в/в  вв 24mg/ml 10ml №10","ОМС","Да","уп",1751,"41,67","73166,47"]
["R03DA05","бронходилатирующее средство","Аминофиллин","Эуфиллин  раствор для в/в  вв 24mg/ml 10ml №10","ПЛАТ","Да","уп",40,"41,67","1982,25"]
["R05CB01","отхаркивающее муколитическое средство","Ацетилцистеин","Ацетилцистеин Канон гранулы д/приг р-ра д/вн прим 200mg №20","ОМС","Да","уп",385,"152,19","58261,95"]
["R05CB01","отхаркивающее муколитическое средство","Ацетилцистеин","Ацетилцистеин Канон гранулы д/приг р-ра д/вн прим 200mg №20","ПЛАТ","Да","уп",27,"152,19","4090,73"]
["R05CB01","отхаркивающее муколитическое средство","Ацетилцистеин","Флуимуцил раствор для инъекций и ингаляций амп 100mg/ml 3ml №5","Бюджет","Да","уп",5,"214,56","1072,8"]
["R05CB01","отхаркивающее муколитическое средство","Ацетилцистеин","Флуимуцил раствор для инъекций и ингаляций амп 100mg/ml 3ml №5","ОМС","Да","уп",72,"214,56","15448,32"]
["R05CB03","отхаркивающее муколитическое средство","Карбоцистеин","Флуифорт гранулы для пригот суспензии внутрь 2,7g №10","Бюджет","Нет","уп",12,553,6636]
["R05CB03","отхаркивающее муколитическое средство","Карбоцистеин","Флуифорт гранулы для пригот суспензии внутрь 2,7g №10","ОМС","Нет","уп",62,553,34286]
["R05CB03","отхаркивающее муколитическое средство","Карбоцистеин","Флуифорт гранулы для пригот суспензии внутрь 2,7g №10","ПЛАТ","Нет","уп",2,553,1106]
["R05CB06","отхаркивающее муколитическое средство","Амброксол","Амбробене капс 75mg №10","ПЛАТ","Да","уп",20,"176,94","3538,8"]
["R05CB06","отхаркивающее муколитическое средство","Амброксол","Амброксол  р-р для приема внутрь и инг 7,5mg/ml 100ml №1","ПЛАТ","Да","фл",20,"299,69","5993,8"]
["R05CB06","отхаркивающее муколитическое средство","Амброксол","Амброксол  р-р для приема внутрь и инг 7,5mg/ml 40ml №1","ОМС","Да","уп",27,"119,87","3236,49"]
["R05CB06","отхаркивающее муколитическое средство","Амброксол","Амброксол табл 30 mg №20","Бюджет","Да","уп",10,"31,04","310,4"]
["R05CB06","отхаркивающее муколитическое средство","Амброксол","Амброксол табл 30 mg №20","ОМС","Да","уп",1076,"31,04","33399,04"]
["R05CB06","отхаркивающее муколитическое средство","Амброксол","Амброксол табл 30 mg №20","ПЛАТ","Да","уп",39,"31,04","1210,56"]
["R05DB13","противокашлевое средство центрального действия","Бутамират","Синекод сироп 1,5mg/ml 200ml","ОМС","Нет","уп",2,"425,69","851,38"]
["R05DB13","противокашлевое средство центрального действия","Бутамират","Синекод сироп 1,5mg/ml 200ml","ПЛАТ","Нет","уп",5,"425,69","2128,45"]
[{"$nulls":9},{"$f":"SUBTOTAL(9,J1206)","v":83.34}]
["R06Антигистаминные препараты для системного применения"]
["R06AA","противоаллергическое средство - H1-гистаминовых рецепторов блокатор","Клемастин","Тавегил раствор для в/в и в/м вв 1mg/ml 2ml №5","Б.Опк","Нет","уп",1,"225,55",{"$f":"H1227*I1227","v":225.55}]
["R06AA","противоаллергическое средство - H1-гистаминовых рецепторов блокатор","Клемастин","Тавегил раствор для в/в и в/м вв 1mg/ml 2ml №5","ОМС","Нет","уп",144,"225,55","32479,2"]
["R06AA","противоаллергическое средство - H1-гистаминовых рецепторов блокатор","Клемастин","Тавегил раствор для в/в и в/м вв 1mg/ml 2ml №5","ПЛАТ","Нет","уп",17,"225,55","3834,35"]
["R06AA","противоаллергическое средство - H1-гистаминовых рецепторов блокатор","Клемастин","Тавегил табл 1mg №20","Бюджет","Нет","уп",5,"195,73","978,65"]
["R06AA","противоаллергическое средство - H1-гистаминовых рецепторов блокатор","Клемастин","Тавегил табл 1mg №20","ОМС","Нет","уп",61,"195,73","11939,53"]
["R06AA","противоаллергическое средство - H1-гистаминовых рецепторов блокатор","Клемастин","Тавегил табл 1mg №20","ПЛАТ","Нет","уп",6,"195,73","1174,38"]
["R06AA02","противоаллергическое средство - H1-гистаминовых рецепторов блокатор","Дифенгидрамин","Димедрол раствор для в/в и в/м вв 10mg/ml 1ml №10","Бюджет","Да","уп",40,"24,96","998,4"]
["R06AA02","противоаллергическое средство - H1-гистаминовых рецепторов блокатор","Дифенгидрамин","Димедрол раствор для в/в и в/м вв 10mg/ml 1ml №10","ОМС","Да","уп",833,"24,96","20791,68"]
["R06AA02","противоаллергическое средство - H1-гистаминовых рецепторов блокатор","Дифенгидрамин","Димедрол раствор для в/в и в/м вв 10mg/ml 1ml №10","ПЛАТ","Да","уп",20,"24,96","499,2"]
["R06AA02","противоаллергическое средство - H1-гистаминовых рецепторов блокатор","Дифенгидрамин","Димедрол табл 50mg №20","ОМС","Да","уп",46,"8,63","396,98"]
["R06AA02","противоаллергическое средство - H1-гистаминовых рецепторов блокатор","Дифенгидрамин","Димедрол табл 50mg №20","ПЛАТ","Да","уп",5,"8,63","43,15"]
["R06AC03","противоаллергическое средство - H1-гистаминовых рецепторов блокатор","Хлоропирамин","Хлоропирамин раствор для в/в и в/м вв 20mg/ml 1ml №5","Бюджет","Да","уп",20,"101,17","2023,4"]
["R06AC03","противоаллергическое средство - H1-гистаминовых рецепторов блокатор","Хлоропирамин","Хлоропирамин раствор для в/в и в/м вв 20mg/ml 1ml №5","ОМС","Да","уп",511,"101,17","51697,87"]
["R06AC03","противоаллергическое средство - H1-гистаминовых рецепторов блокатор","Хлоропирамин","Хлоропирамин раствор для в/в и в/м вв 20mg/ml 1ml №5","ПЛАТ","Да","уп",43,"101,17","4350,31"]
["R06AC03","противоаллергическое средство - H1-гистаминовых рецепторов блокатор","Хлоропирамин","Хлоропирамин табл 25mg №20","Бюджет","Да","уп",3,"73,23","219,69"]
["R06AC03","противоаллергическое средство - H1-гистаминовых рецепторов блокатор","Хлоропирамин","Хлоропирамин табл 25mg №20","ОМС","Да","уп",243,"73,23","17794,89"]
["R06AC03","противоаллергическое средство - H1-гистаминовых рецепторов блокатор","Хлоропирамин","Хлоропирамин табл 25mg №20","ПЛАТ","Да","уп",10,"73,23","732,3"]
["R06AX13","противоаллергическое средство - H1-гистаминовых рецепторов блокатор","Лоратадин","Лоратадин табл 10mg  №10","ОМС","Да","уп",69,"58,5","4036,5"]
["R06AX13","противоаллергическое средство - H1-гистаминовых рецепторов блокатор","Лоратадин","Лоратадин табл 10mg  №10","ПЛАТ","Да","уп",15,"58,5","877,5"]
["R06AX27","противоаллергическое средство - H1-гистаминовых рецепторов блокатор","Дезлоратадин","Дезлоратадин  табл 5mg №10","ОМС","Нет","уп",10,"131,42","1314,2"]
["R06AX27","противоаллергическое средство - H1-гистаминовых рецепторов блокатор","Дезлоратадин","Лордестин табл п/п/о 5mg №10","ОМС","Нет","уп",8,"315,98","2527,84"]
["R06AX27","противоаллергическое средство - H1-гистаминовых рецепторов блокатор","Дезлоратадин","Лордестин табл п/п/о 5mg №10","ПЛАТ","Нет","уп",2,"315,98","631,96"]
["R07AB","аналептическое средство","Сульфокамфорная кислота+Прокаин","Сульфокамфокаин раствор для инъекций 100mg/ml 2ml №10","ОМС","Нет","уп",15,"192,36","2885,4"]
["R07AB","аналептическое средство","Сульфокамфорная кислота+Прокаин","Сульфокамфокаин раствор для инъекций 100mg/ml 2ml №10","ПЛАТ","Нет","уп",2,"192,36","384,72"]
["R07AB","антисептическое средство+местноанестезирующее средство","Аммиак","Аммиак р-р д/нар прим и инг 10% 40ml №1","ОМС","Нет","уп",298,"16,65","5023,08"]
["R07AB","антисептическое средство+местноанестезирующее средство","Аммиак","Аммиак р-р д/нар прим и инг 10% 40ml №1","ПЛАТ","Нет","уп",8,"16,65","150,25"]
["R07AB02","аналептическое средство","Никетамид","Кордиамин раствор для инъекций 250mg/ml 2ml №10","Бюджет","Нет","уп",1,"568,74","568,74"]
["R07AB02","аналептическое средство","Никетамид","Кордиамин раствор для инъекций 250mg/ml 2ml №10","ОМС","Нет","уп",5,"568,74","2843,7"]
["R07AB02","аналептическое средство","Никетамид","Кордиамин раствор для инъекций 250mg/ml 2ml №10","ПЛАТ","Нет","уп",2,"568,74","1137,48"]
["S01AA09","антибиотик-тетрациклин","Тетрациклин","Тетрациклин мазь глазная 1% 3g","ОМС","Да","уп",185,"40,78","7544,3"]
["S01AA09","антибиотик-тетрациклин","Тетрациклин","Тетрациклин мазь глазная 1% 3g","ПЛАТ","Да","уп",25,"40,78","1019,5"]
["S01AA13","антибиотик полициклической структуры","Фузидовая кислота","Фуциталмик капли глазные 1% 5g ","ОМС","Нет","уп",5,555,2775]
["S01AB04","противомикробное средство - сульфаниламид","Сульфацетамид","Сульфацил-натрий капли глазные 20% 1,5ml №2 тюбик-капельницы","ОМС","Нет","уп",151,"20,05","3027,55"]
["S01AB04","противомикробное средство - сульфаниламид","Сульфацетамид","Сульфацил-натрий капли глазные 20% 1,5ml №2 тюбик-капельницы","ПЛАТ","Нет","уп",52,"20,05","1042,6"]
["S01AD","иммуностимулирующее средство","Полиадениловая кислота+Полиуридиловая кислота","Полудан лиоф д/приг гл кап 100ЕД 5ml №1","ОМС","Нет","уп",5,"165,95","829,75"]
["S01AD03","противовирусное средство для местного применения","Ацикловир","Ацикловир мазь глазная 3% 5,0","ОМС","Да","уп",30,"139,15","4174,5"]
["S01AD03","противовирусное средство для местного применения","Ацикловир","Ацикловир мазь глазная 3% 5,0","ПЛАТ","Да","уп",4,"139,15","556,6"]
["S01AD03","противовирусное средство для местного применения","Ацикловир","Ацикловир мазь д/наружн прим 5% 10g","ОМС","Да","уп",5,"43,42","217,1"]
["S01AD03","противовирусное средство для местного применения","Ацикловир","Ацикловир мазь д/наружн прим 5% 10g","ПЛАТ","Да","уп",5,"43,42","217,1"]
["S01AD05","противовирусное средство комбинированное (цитокин + H1-гистаминовых рецепторов блокатор)","Интерферон альфа-2b + дифенгидрамин","Офтальмоферон капли глазные 10000МЕ/ml + 1mg/g 10ml №1","ОМС","Нет","уп",45,"381,19","17153,55"]
["S01AD05","противовирусное средство комбинированное (цитокин + H1-гистаминовых рецепторов блокатор)","Интерферон альфа-2b + дифенгидрамин","Офтальмоферон капли глазные 10000МЕ/ml + 1mg/g 10ml №1","ПЛАТ","Нет","уп",2,"381,19","762,38"]
["S01AE07","противомикробное средство - фторхинолон","Моксифлоксацин","Максифлокс  капли глазные 5mg/ml 5ml ","ОМС","Да","уп",80,"160,46","12836,8"]
["S01AE07","противомикробное средство - фторхинолон","Моксифлоксацин","Максифлокс  капли глазные 5mg/ml 5ml ","ПЛАТ","Да","уп",10,"160,46","1604,6"]
["S01AX","антисептическое средство","Бензилдиметил-миристоиламино-пропиламмоний","Окомистин капли глазные 0,01% 10ml","Бюджет","Нет","уп",9,"202,07","1818,63"]
["S01AX","антисептическое средство","Бензилдиметил-миристоиламино-пропиламмоний","Окомистин капли глазные 0,01% 10ml","ОМС","Нет","уп",1100,"202,07",222277]
["S01AX","антисептическое средство","Бензилдиметил-миристоиламино-пропиламмоний","Окомистин капли глазные 0,01% 10ml","ПЛАТ","Нет","уп",285,"202,07","57589,95"]
["S01AX11","противомикробное средство - фторхинолон","Офлоксацин","Флоксал мазь глазная 3mg/g 3,0","ОМС","Да","уп",5,"156,59","782,95"]
["S01AX19","противомикробное средство - фторхинолон","Левофлоксацин","Л-Оптик Ромфарм капли глазные 0,5% 5ml","Бюджет","Да","уп",100,"166,98",16698]
["S01AX19","противомикробное средство - фторхинолон","Левофлоксацин","Л-Оптик Ромфарм капли глазные 0,5% 5ml","ОМС","Да","уп",1950,"166,98",325611]
["S01AX19","противомикробное средство - фторхинолон","Левофлоксацин","Л-Оптик Ромфарм капли глазные 0,5% 5ml","ПЛАТ","Да","уп",102,"166,98","17031,96"]
["S01BA01","глюкокортикостероид для местного применения","Дексаметазон","Озурдекс имплантат д/интравитреального введ 0,7mg","ПЛАТ","Да","уп",15,56430,846450]
["S01BA01, H02AB02","глюкокортикостероид","Дексаметазон","Дексаметазон глазные капли 0,1% 10ml №1","Бюджет","Нет","уп",100,"100,23",10023]
["S01BA01, H02AB02","глюкокортикостероид","Дексаметазон","Дексаметазон глазные капли 0,1% 10ml №1","ОМС","Нет","уп",1600,"100,23",160368]
["S01BA01, H02AB02","глюкокортикостероид","Дексаметазон","Дексаметазон глазные капли 0,1% 10ml №1","ПЛАТ","Нет","уп",505,"100,23","50616,15"]
["S01BA01, H02AB02","глюкокортикостероид","Дексаметазон","Дексаметазон раствор для инъекций 4mg/ml 1ml №25","Бюджет","Да","уп",87,"272,63","23718,81"]
["S01BA01, H02AB02","глюкокортикостероид","Дексаметазон","Дексаметазон раствор для инъекций 4mg/ml 1ml №25","ОМС","Да","уп",2370,"272,63","646133,1"]
["S01BA01, H02AB02","глюкокортикостероид","Дексаметазон","Дексаметазон раствор для инъекций 4mg/ml 1ml №25","ПЛАТ","Да","уп",108,"272,63","29444,04"]
["S01BA01, H02AB02","глюкокортикостероид","Дексаметазон","Дексаметазон раствор для инъекций 4mg/ml 2ml №25","Бюджет","Да","уп",71,"273,63","19427,73"]
["S01BA01, H02AB02","глюкокортикостероид","Дексаметазон","Дексаметазон раствор для инъекций 4mg/ml 2ml №25","ОМС","Да","уп",2056,"273,63","562583,28"]
["S01BA01, H02AB02","глюкокортикостероид","Дексаметазон","Дексаметазон раствор для инъекций 4mg/ml 2ml №25","ПЛАТ","Да","уп",80,"273,63","21890,4"]
["S01BA01, H02AB02","глюкокортикостероид","Дексаметазон","Дексаметазон табл 0,5mg №10","ОМС","Да","уп",7,"36,12","252,84"]
["S01BA01, H02AB02","глюкокортикостероид","Дексаметазон","Дексаметазон табл 0,5mg №10","ПЛАТ","Да","уп",2,"36,12","72,24"]
["S01BA02","глюкокортикостероид для местного применения","Гидрокортизон","Гидрокортизон мазь глазная 0,5% 3g","ОМС","Да","уп",34,"35,97","1222,98"]
["S01BA02","глюкокортикостероид для местного применения","Гидрокортизон","Гидрокортизон мазь глазная 0,5% 3g","ПЛАТ","Да","уп",2,"35,97","71,94"]
["S01BC01","НПВП","Индометацин","Индоколлир  капли глазные 0,1% 5ml","ОМС","Нет","уп",260,"480,43","124911,8"]
["S01BC01","НПВП","Индометацин","Индоколлир  капли глазные 0,1% 5ml","ПЛАТ","Нет","уп",70,"480,43","33630,1"]
["S01CA01","глюкокортикостероид для местного применения+антибиотик-аминогликозид+противогрибковое средство","Дексаметазон+Тобрамицин","ДексаТобропт капли глазные 5ml","ОМС","Нет","уп",50,"251,47","12573,5"]
["S01CA01","глюкокортикостероид для местного применения+антибиотик-аминогликозид+противогрибковое средство","Дексаметазон+Тобрамицин","ДексаТобропт капли глазные 5ml","ПЛАТ","Нет","уп",20,"251,47","3204,2"]
["S01EB01","противоглаукомное средство - м-холиномиметик","Пилокарпин","Пилокарпин капли глазные 10mg/ml 5ml","ОМС","Да","уп",{"v":32005,"d":"32,005"},"30,69",{"v":98223345,"d":"98,223,345"}]
["S01EB51","противоглаукомное средство комбинированное (м-холиномиметик+бета-адреноблокатор)","Пилокарпин+ тимолол","Фотил форте капли глазные 40mg/ml+5mg/ml 5ml","ОМС","Нет","уп",190,"299,62","56927,8"]
["S01EC01","диуретическое средство","Ацетазоламид","Диакарб табл 250mg №30","Бюджет","Да","уп",2,"254,02","508,04"]
["S01EC01","диуретическое средство","Ацетазоламид","Диакарб табл 250mg №30","ОМС","Да","уп",374,"254,02","94407,51"]
["S01EC01","диуретическое средство","Ацетазоламид","Диакарб табл 250mg №30","ПЛАТ","Да","уп",13,"254,02","3282,72"]
["S01EC03","противоглаукомное средство - карбоангидразы ингибитор","Дорзоламид","Дорзопт  капли глазные 2% 5ml №3","ОМС","Да","уп",152,"1334,75",202882]
["S01EC03","противоглаукомное средство - карбоангидразы ингибитор","Дорзоламид","Дорзопт  капли глазные 2% 5ml №3","ПЛАТ","Да","уп",20,"1334,75",26695]
["S01ED01","противоглаукомное средство - бета-адреноблокатор","Тимолол","Тимолол-СОЛОфарм  капли глазные 0,5% 5ml","ОМС","Да","уп",130,"40,82","5306,6"]
["S01ED01","противоглаукомное средство - бета-адреноблокатор","Тимолол","Тимолол-СОЛОфарм  капли глазные 0,5% 5ml","ПЛАТ","Да","уп",10,"40,82","408,2"]
["S01ED51","бета-адреноблокатор","Дорзоламид+Тимолол","Дорзопт Плюс  капли глазные 20mg+5mg/ml 5ml","ОМС","Нет","уп",56,"864,33","48402,48"]
["S01ED51","бета-адреноблокатор","Дорзоламид+Тимолол","Дорзопт Плюс  капли глазные 20mg+5mg/ml 5ml","ПЛАТ","Нет","уп",2,"864,33","1728,66"]
["S01EE01","противоглаукомное средство - простагландина F2-альфа аналог синтетический","Латанопрост","Трилактан глазные капли 0,005% 2.5 ml","ОМС","Нет","уп",33,"703,29","23208,57"]
["S01FA56","офтальмологических заболеваний средство диагностики (м-холиноблокатор+альфа-адреномиметик)","Тропикамид+Фенилэфрин","Аппамид плюс капли глазные 5ml","Бюджет","Нет","уп",100,"172,66",17266]
["S01FA56","офтальмологических заболеваний средство диагностики (м-холиноблокатор+альфа-адреномиметик)","Тропикамид+Фенилэфрин","Аппамид плюс капли глазные 5ml","ОМС","Нет","уп",1713,"172,66","295766,58"]
["S01FA56","офтальмологических заболеваний средство диагностики (м-холиноблокатор+альфа-адреномиметик)","Тропикамид+Фенилэфрин","Аппамид плюс капли глазные 5ml","ПЛАТ","Нет","уп",420,"172,66","72517,2"]
["S01HA02","местноанестезирующее средство","Оксибупрокаин","Инокаин капли глазные 0,4% 5ml","Бюджет","Да","уп",50,"114,06",5703]
["S01HA02","местноанестезирующее средство","Оксибупрокаин","Инокаин капли глазные 0,4% 5ml","ОМС","Да","уп",3553,"114,06","405255,18"]
["S01HA02","местноанестезирующее средство","Оксибупрокаин","Инокаин капли глазные 0,4% 5ml","ПЛАТ","Да","уп",435,"114,06","49616,1"]
["S01JA01","диагностическое средство","Флуоресцеин натрия","Флуоресцеин Новартис раствор для в/в  вв 100mg/ml 5ml №10","ОМС","Да","уп",30,"2399,38","71981,4"]
["S01JA01","диагностическое средство","Флуоресцеин натрия","Флуоресцеин натрия раствор для в/в  вв 100mg/ml 5ml №1","ОМС","Да","уп",500,"188,49",94245]
["S01LA05","средства, препятствующие новообразованию сосудов","Афлиберцепт ","Эйлеа р-р д/внутригл введ 40mg/ml 0,1ml №1","ПЛАТ","Да","уп",90,"53420,4",4807836]
["S01XA12","репарации тканей стимулятор","Декспантенол","Корнерегель гель глазной 5% 10g №1","Бюджет","Нет","уп",5,"968,25","4841,25"]
["S01XA12","репарации тканей стимулятор","Декспантенол","Корнерегель гель глазной 5% 10g №1","ОМС","Нет","уп",610,"968,25","590632,5"]
["S01XA12","репарации тканей стимулятор","Декспантенол","Корнерегель гель глазной 5% 10g №1","ПЛАТ","Нет","уп",63,"968,25","60999,75"]
["V03AB","комплексообразующее средство","Димеркаптопропансульфонат натрия ","Унитиол р-р для в/м и п/к введ 50 mg/ml 5ml №10","ОМС","Да","уп",3,"517,42","1552,26"]
["V03AB","комплексообразующее средство","Димеркаптопропансульфонат натрия ","Унитиол р-р для в/м и п/к введ 50 mg/ml 5ml №10","ПЛАТ","Да","уп",2,"517,42","1034,84"]
["V03AB06","комплексообразующее средство","Натрия тиосульфат","Натрия тиосульфат раствор для в/в  вв 300mg/ml 10ml №10","ОМС","Да","уп",87,"84,61","7361,07"]
["V03AB06","комплексообразующее средство","Натрия тиосульфат","Натрия тиосульфат раствор для в/в  вв 300mg/ml 10ml №10","ПЛАТ","Да","уп",2,"84,61","169,22"]
["V03AB14","гемостатическое средство","Протамина сульфат","Протамина сульфат раствор для в/в  вв 10mg/ml 5ml №10","Бюджет","Да","уп",70,"1543,42","108039,4"]
["V03AB14","гемостатическое средство","Протамина сульфат","Протамина сульфат раствор для в/в  вв 10mg/ml 5ml №10","ОМС","Да","уп",130,"1543,42","200644,6"]
["V03AB15","опиоидных рецепторов антагонист","Налоксон","Налоксон раствор для инъекций 0,4mg/ml 1ml №10","ОМС","Да","уп",1,"202,27","202,27"]
["V03AB35","антидот","Сугаммадекс","Брайдан раствор для в/в  вв 100mg/ml 2ml №10","Бюджет","Да","уп",10,"74274,28","742742,8"]
["V03AB35","антидот","Сугаммадекс","Брайдан раствор для в/в  вв 100mg/ml 2ml №10","ОМС","Да","уп",13,"74274,28","965565,64"]
["V03AB35","антидот","Сугаммадекс","Брайдан раствор для в/в  вв 100mg/ml 2ml №10","ПЛАТ","Да","уп",9,"74274,28","668468,52"]
["V03AX","ферментное средство","Гиалуронидаза","Лидаза лиоф д/пр р-ра д/и и мест/пр 64УЕ №10","ОМС","Нет","уп.",10,"362,68","3626,8"]
["V04CX","диагностическое средство","Индоцианин зеленый","Индоцианин зеленый-ПУЛЬСИОН лиоф д/пр р-ра д/в/в вв 25mg №5","ПЛАТ","Нет","уп",1,48300,48300]
["V07AB","растворитель","Вода","Вода для инъекций растворитель для приг.лек.форм для инъекций 500ml №24","Бюджет","Да","уп",15,"1093,92","16408,8"]
["V07AB","растворитель","Вода","Вода для инъекций растворитель для приг.лек.форм для инъекций 500ml №24","ОМС","Да","уп",527,"1093,92","576495,84"]
["V07AB","растворитель","Декстроза","Глюкоза Браун раствор для инфузий 5% 250ml №10","ОМС","Да","уп",52,"226,46","11775,92"]
["V07AB","растворитель","Декстроза","Глюкоза Браун раствор для инфузий 5% 250ml №10","ПЛАТ","Да","уп",10,"226,46","2264,6"]
["V07AB","растворитель","Натрия хлорид ","Натрия хлорид  растворитель для приг.лек.форм для инъекций 0,9%-10ml №10","ОМС","Да","уп.",275,"49,53","13620,75"]
["V08AB02","рентгеноконтрастное средство","Йогексол","Омнипак раствор для инъекций 350mg/ml 100ml №10","ОМС","Да","уп",200,"19516,25",3903250]
["V08AB02","рентгеноконтрастное средство","Йогексол","Омнипак раствор для инъекций 350mg/ml 50ml №10","ОМС","Да","уп",330,"10343,62","3413394,6"]
["V08AB02","рентгеноконтрастное средство","Йогексол","Омнипак раствор для инъекций 350mg/ml 50ml №10","ПЛАТ","Да","уп",8,"10343,62","82748,96"]
["V08AB05","рентгеноконтрастное средство","Йопромид","Ультравист раствор для инъекций 300mg/ml 500ml №8","Бюджет","Да","уп",10,"80916,5",809165]
["V08AB05","рентгеноконтрастное средство","Йопромид","Ультравист раствор для инъекций 300mg/ml 500ml №8","ОМС","Да","уп",118,"80916,5",9548147]
["V08AB05","рентгеноконтрастное средство","Йопромид","Ультравист раствор для инъекций 300mg/ml 500ml №8","ПЛАТ","Да","уп",12,"80916,5",970998]
["V08BA02","рентгеноконтрастное средство","Бария сульфат","Бар-ВИПС порошок д/приг суспензии д/вн прим 240g №40","ОМС","Да","уп",8,"4015,5",32124]
["V08CA03","контрастное средство для МРТ","Гадодиамид","Омнискан раствор для в/в  вв 0,5mmol/ml 20ml №10","ОМС","Да","уп",231,"29453,02","6803647,62"]
["V08CA03","контрастное средство для МРТ","Гадодиамид","Омнискан раствор для в/в  вв 0,5mmol/ml 20ml №10","ПЛАТ","Да","уп",14,"29453,02","412342,28"]
[{"$nulls":9},{"$f":"SUBTOTAL(9,J1227)","v":225.55}]
["Прочие"]
["~","диуретическое средство растительного происхождения","~","Канефрон Н драже №60","ОМС","Нет","уп",6,"704,85","4229,1"]
["~","диуретическое средство растительного происхождения","~","Канефрон Н драже №60","ПЛАТ","Нет","уп",9,"704,85","6343,65"]
["Экстемпоральная рецептура"]
["С1",null,"Натрия хлорид","Натрия хлорид субстанция-порошок кг","ОМС","Нет","кг",62,"166,5",10323]
["Э",null,"~","Антигриппин порошок для внутр. применения 1,04 г","Бюджет","Нет","пор.",50,"2,9",145]
["Э",null,"~","Антигриппин порошок для внутр. применения 1,04 г","ОМС","Нет","пор.",8052,"2,9","23350,8"]
["Э",null,"~","Антигриппин порошок для внутр. применения 1,04 г","ПЛАТ","Нет","пор.",340,"2,9",986]
["Э",null,"~","Капли Морозова(сердечное)  капл д/пр внутрь 45 ml","Бюджет","Нет","фл",40,"32,18","1287,2"]
["Э",null,"~","Капли Морозова(сердечное)  капл д/пр внутрь 45 ml","ОМС","Нет","фл",1213,"32,18","39034,34"]
["Э",null,"~","Капли Морозова(сердечное)  капл д/пр внутрь 45 ml","ПЛАТ","Нет","фл",37,"32,18","1190,66"]
["Э",null,"~","Краска ВГД  для измерения внутриглазного давл. 5,04g","ОМС","Нет","фл",608,"374,64","227781,12"]
["Э",null,"~","Мазь Анестезиновая 5% мазь д/наружн прим 100g","ОМС","Нет","банка",5,"39,56","197,8"]
["Э",null,"~","Мазь Ксероформная 10%  мазь д/наружн прим 100g","ОМС","Нет","банка",10,"96,91","969,1"]
["Э",null,"~","Мазь Ланолиновая  мазь д/наружн прим 50g","ПЛАТ","Нет","банка",2,"49,37","98,74"]
["Э",null,"~","Мазь Стрептоцидовая 10% мазь д/мест и наруж/пр 100g","ОМС","Нет","банка",5,"241,88","1209,4"]
["Э",null,"~","Мазь в нос  мазь д/мест и наруж/пр 10g","Бюджет","Нет","банка",5,"10,38","51,9"]
["Э",null,"~","Мазь в нос  мазь д/мест и наруж/пр 10g","ОМС","Нет","банка",60,"10,38","622,8"]
["Э",null,"~","Мазь в нос  мазь д/мест и наруж/пр 10g","ПЛАТ","Нет","банка",5,"10,38","51,9"]
["Э",null,"~","Масло вазелиновое масло для наружн. примненения 100g","ОМС","Нет","фл",66,"44,07","2908,62"]
["Э",null,"~","Масло вазелиновое масло для наружн. примненения 100g","ПЛАТ","Нет","фл",20,"44,07","881,4"]
["Э",null,"~","Микстура Кватера  микстура 400mll","Бюджет","Нет","фл",30,28,840]
["Э",null,"~","Микстура Кватера  микстура 400mll","ОМС","Нет","фл",2300,28,64400]
["Э",null,"~","Микстура Кватера  микстура 400mll","ПЛАТ","Нет","фл",120,28,3360]
["Э",null,"~","Настойка Боярышника (капли) капл д/пр внутрь 25g","ОМС","Нет","фл",30,"6,05","181,5"]
["Э",null,"~","Настойка Боярышника (капли) капл д/пр внутрь 25g","ПЛАТ","Нет","фл",20,"6,05",121]
["Э",null,"~","Настойка Валерианы (капли) капл д/пр внутрь 25g","ОМС","Нет","фл",107,"11,38","1217,66"]
["Э",null,"~","Настойка Валерианы (капли) капл д/пр внутрь 25g","ПЛАТ","Нет","фл",20,"11,38","227,6"]
["Э",null,"~","Настойка Пустырника (капли) капл д/пр внутрь 25g","ОМС","Нет","фл",102,"7,38","752,76"]
["Э",null,"~","Настойка Пустырника (капли) капл д/пр внутрь 25g","ПЛАТ","Нет","фл",20,"7,38","147,6"]
["Э",null,"~","Порошок Глюкозы  порошок для внутр. применения 100g","ОМС","Нет","уп.",329,13,4277]
["Э",null,"~","Р-Р Магния сульфата 3%  раствор для ФТО 200ml","ОМС","Нет","фл",20,"1,51","30,2"]
["Э",null,"~","Р-р Анальгина 2%  раствор для ФТО 200ml","ОМС","Нет","фл",20,"11,68","233,6"]
["Э",null,"~","Р-р Борной кислоты 2%  р-р для наружного применения 400ml","ОМС","Нет","фл",1,"3,95","3,95"]
["Э",null,"~","Р-р Йода спиртовый 5%  р-р для наружного применения 30ml","Б.Опк","Нет","фл",8,"29,3",{"$f":"H1380*I1380","v":{"v":234.4,"d":"234.40"}}]
["Э",null,"~","Р-р Йода спиртовый 5%  р-р для наружного применения 30ml","Бюджет","Нет","фл",2,"29,3","58,6"]
["Э",null,"~","Р-р Йода спиртовый 5%  р-р для наружного применения 30ml","ОМС","Нет","фл",323,"29,3","9463,9"]
["Э",null,"~","Р-р Йода спиртовый 5%  р-р для наружного применения 30ml","ПЛАТ","Нет","фл",20,"29,3",586]
["Э",null,"~","Р-р Калия йодида 3%  раствор для ФТО 100ml","ОМС","Нет","фл",200,"24,98",4996]
["Э",null,"~","Р-р Калия йодида 3%  раствор для ФТО 200ml","ОМС","Нет","фл",30,"49,95","1498,5"]
["Э",null,"~","Р-р Калия перманганата 0,05% р-р для наружного применения 20ml","ОМС","Нет","фл",110,"0,12","13,2"]
["Э",null,"~","Р-р Калия перманганата 5%  р-р для наружного применения 50ml","Бюджет","Нет","фл",5,"35,52","177,6"]
["Э",null,"~","Р-р Калия перманганата 5%  р-р для наружного применения 50ml","ОМС","Нет","фл",180,"35,52","6393,6"]
["Э",null,"~","Р-р Калия перманганата 5%  р-р для наружного применения 50ml","ПЛАТ","Нет","фл",5,"35,52","177,6"]
["Э",null,"~","Р-р Кальция хлорида 2%  раствор для ФТО 200ml","ОМС","Нет","фл",130,"2,22","288,6"]
["Э",null,"~","Р-р Колларгола 2%  р-р для наружного применения 200ml","ОМС","Нет","фл",20,"745,92","14918,4"]
["Э",null,"~","Р-р Колларгола 2%  р-р для наружного применения 200ml","ПЛАТ","Нет","фл",12,"745,92","8951,04"]
["Э",null,"~","Р-р Левомицетина 0,25%  раствор для ФТО 200ml","ОМС","Нет","фл",50,"3,66",183]
["Э",null,"~","Р-р Натрия тиосульфата 2%  раствор для ФТО 200ml","ОМС","Нет","фл",20,"0,93","18,6"]
["Э",null,"~","Р-р Натрия хлорида 0,9%  р-р для наружного применения 3 l","Б.Опк","Нет","фл",48,"3,6",{"$f":"H1395*I1395","v":{"v":172.8,"d":"172.80"}}]
["Э",null,"~","Р-р Натрия хлорида 0,9%  р-р для наружного применения 3 l","ОМС","Нет","фл",48,"3,6",172.8]
["Э",null,"~","Р-р Натрия хлорида 10%  р-р для наружного применения 3 l","ОМС","Нет","фл",30,"39,96",1198.8]
["Э",null,"~","Р-р Новокаина 2%  раствор для ФТО 200ml","ОМС","Нет","фл",80,"23,09",1847.2]
["Э",null,"~","Р-р Перекиси водорода 3%  р-р для наружного применения 200ml","ОМС","Нет","фл",1575,"4,8",7560]
["Э",null,"~","Р-р Перекиси водорода 3%  р-р для наружного применения 200ml","ПЛАТ","Нет","фл",5,"4,8",24]
["Э",null,"~","Р-р Перекиси водорода 3%  р-р для наружного применения 20ml","ОМС","Нет","фл",1321,"0,48",634.0799999999999]
["Э",null,"~","Р-р Перекиси водорода 3%  р-р для наружного применения 400ml","Б.Опк","Нет","фл",48,"9,54",{"v":457.91999999999996,"d":"457.92"}]
["Э",null,"~","Р-р Перекиси водорода 3%  р-р для наружного применения 400ml","ОМС","Нет","фл",2687,"9,54",25633.979999999996]
["Э",null,"~","Р-р Перекиси водорода 4%  р-р для дезинф 400ml","Б.Опк","Нет","фл",500,"12,69",{"v":6345,"d":"6,345.00"}]
["Э",null,"~","Р-р Перекиси водорода 4%  р-р для дезинф 400ml","ОМС","Нет","фл",2396,"12,69",30405.239999999998]
["Э",null,"~","Р-р Перекиси водорода 4%  р-р для дезинф 5 l","ОМС","Нет","канистра",20,"158,56",3171.2]
["Э",null,"~","Р-р Перекиси водорода 6%  р-р для дезинф 200ml","Б.Опк","Нет","фл",800,"9,55",{"v":7640.000000000001,"d":"7,640.00"}]
["Э",null,"~","Р-р Перекиси водорода 6%  р-р для дезинф 200ml","ОМС","Нет","фл",1480,"9,55",14134.000000000002]
["Э",null,"~","Р-р Перекиси водорода 6%  р-р для дезинф 400ml","Бюджет","Нет","фл",30,"19,09",572.7]
["Э",null,"~","Р-р Перекиси водорода 6%  р-р для дезинф 400ml","ОМС","Нет","фл",466,"19,09",8895.94]
["Э",null,"Формальдегид","Р-р Формалина 10%  р-р для наружного применения 200ml","ОМС","Нет","фл",240,"8,44",2025.6]
["Э",null,"~","Р-р Фурацилина 0,02%  р-р для наружного применения 400ml","ОМС","Нет","фл",9183,"0,81",7438.2300000000005]
["Э",null,"~","Р-р Фурацилина 0,02%  р-р для наружного применения 400ml","ПЛАТ","Нет","фл",6,"0,81",4.86]
["Э",null,"~","Р-р Хлоргексидина 0,02% асепт. р-р д/нар и местн прим 200ml","ОМС","Нет","фл",11340,"0,52",5896.8]
["Э",null,"~","Р-р Хлоргексидина 0,25%  р-р для наружного применения 200ml","Бюджет","Нет","фл",21,"6,52",136.92]
["Э",null,"~","Р-р Хлоргексидина 0,25%  р-р для наружного применения 200ml","ОМС","Нет","фл",1995,"6,52",13007.4]
["Э",null,"~","Р-р Хлоргексидина 0,25%  р-р для наружного применения 400ml","ОМС","Нет","фл",1764,"13,04",23002.559999999998]
["Э",null,"Борная кислота","Кислота борная порошок для наруж примен(присыпка) 100g","ОМС","Нет","уп",34,"79,92",2717.28]
["Э",null,"Вазелин","Вазелин (мазь) мазь д/наружн прим 30g","ОМС","Нет","банка",188,"6,62",1244.56]
["Э",null,"Вазелин","Вазелин (мазь) мазь д/наружн прим 30g","ПЛАТ","Нет","банка",3,"6,62",19.86]
["Э",null,"Глицерол","Глицерин  р-р для наружного применения 50g","ОМС","Нет","фл",88,"27,53",2422.6400000000003]
["Э",null,"Калия хлорид","Р-р Калия хлорида 10%   стер. раствор для в/в  вв 200ml","Бюджет","Нет","фл",370,"7,9",2923]
["Э",null,"Калия хлорид","Р-р Калия хлорида 10%   стер. раствор для в/в  вв 200ml","ОМС","Нет","фл",2260,"7,9",17854]
["Э",null,"Кальция хлорид","Р-р Кальция хлорида 1%  стер. раствор для инъекций 200ml","ОМС","Нет","фл",310,"1,12",347.20000000000005]
["Э",null,"Ксероформ ","Ксероформ (присыпка) порошок для наруж примен(присыпка) 10g","ОМС","Нет","уп.",75,"77,03",5777.25]
["Э",null,"Мяты перечной листьев масло+Фенобарбитал+Этилбромизовалерианат","Корвалол (капли) капл д/пр внутрь 25g","Б.Опк","Нет","фл",2,"33,85",{"v":67.7,"d":"67.70"}]
["Э",null,"Мяты перечной листьев масло+Фенобарбитал+Этилбромизовалерианат","Корвалол (капли) капл д/пр внутрь 25g","Бюджет","Нет","фл",8,"33,85","270,8"]
["Э",null,"Мяты перечной листьев масло+Фенобарбитал+Этилбромизовалерианат","Корвалол (капли) капл д/пр внутрь 25g","ОМС","Нет","фл",132,"33,85","4468,2"]
["Э",null,"Мяты перечной листьев масло+Фенобарбитал+Этилбромизовалерианат","Корвалол (капли) капл д/пр внутрь 25g","ПЛАТ","Нет","фл",20,"33,85",677]
["Э",null,"Натрия гидрокарбонат","Р-р Натрия гидрокарбоната 3% стер. раствор для в/в  вв 150ml","ОМС","Нет","фл",1100,"0,94",1034]
["Э",null,"Натрия хлорид","Р-р Натрия хлорида 0,9%  стер. раствор для инфузий 150ml","ОМС","Нет","фл",400,"0,22",88]
["Э",null,"Натрия хлорид","Р-р Натрия хлорида 10%  стер. раствор для инъекций 150ml","ОМС","Нет","фл",967,2,1934]
["Э",null,"Нитрофурал","Р-р Фурацилина 0,02%  изот. стер. р-р для наружного применения 350ml","Бюджет","Нет","фл",50,"1,13","56,5"]
["Э",null,"Нитрофурал","Р-р Фурацилина 0,02%  изот. стер. р-р для наружного применения 350ml","ОМС","Нет","фл",1830,"1,13","2067,9"]
["Э",null,"Парафин жидкий","Масло вазелиновое  стер. масло для наружн. примненения 5g","ОМС","Нет","фл",8462,"2,43","19493,46"]
["Э",null,"Парафин жидкий","Масло вазелиновое  стер. масло для наружн. примненения 5g","ПЛАТ","Нет","фл",20,"2,43","48,6"]
["Э",null,"Тальк","Тальк (присыпка) порошок для наруж примен(присыпка) 100g","ОМС","Нет","уп",6,"14,43","86,58"]
["Э",null,"Формальдегид","Р-р Формалина 10% р-р для наружного применения 5 l","ОМС","Нет","канистра",125,"231,99","28998,75"]
[{"$nulls":9},{"$f":"SUBTOTAL(9,J1380:J1426)","v":{"v":14917.820000000002,"d":"14,917.82"}}]
[]
["Итого",{"$nulls":8},{"$f":"J1439+J1345+J1225+J1172+J947+J736+J495+J411+J217","v":{"v":87241.67,"d":"87,241.67"}}]
[]
["Всего запланировано к закупке 16 наименований лекарственных препаратов на общую сумму 87 241,67 руб."]
[]
["Согласовано:",null,null,"."]
["Заместитель главного врача по экономическим вопросам",{"$nulls":6},"Заикина Е.В."]
[{"$nulls":3},"."]
["Главный бухгалтер",null,null,".",{"$nulls":3},"Титова З.А."]
[{"$nulls":3},"."]
["Заместитель главного врача",null,null,".",{"$nulls":3},"Мотущук Е.А."]
[{"$nulls":3},"."]
["Председатель ФТК: заместитель главного врача по терапии",{"$nulls":6},"Нестерко А.О."]
[{"$nulls":3},"."]
["Секретарь: заведующая аптекой",null,null,".",{"$nulls":3},"Козлова Н.В."]
[{"$nulls":3},"."]
["Члены ФТК:","заместитель главного врача по ЭВН",{"$nulls":5},"Руденко Д.И."]
[{"$nulls":3},"."]
[null,"заместитель главного врача по офтальмологии",{"$nulls":5},"Николаенко В.П."]
[{"$nulls":3},"."]
[null,"заведующий терапевтическим отделением",{"$nulls":5},"Петров А.Л."]
[{"$nulls":3},"."]
[null,"клинический фармаколог",{"$nulls":5},"Гомон Ю.М."]
[]
[null,"заведующий отделением кардиологии № 2",{"$nulls":5},"Иконников П.П."]
[{"$nulls":3},"."]
[null,"заведующая отделением эндокринологии",{"$nulls":5},"Орлова В.Л."]
[{"$nulls":3},"."]
[null,"заведующая отделением переливания крови",{"$nulls":5},"Никитова И.С"]
[{"$nulls":3},"."]
[null,"заведующая отделением гастроэнтерологии",{"$nulls":5},"Кашерининова И.И."]
[{"$nulls":3},"."]
[null,"заведующий КОИТ",null,".",{"$nulls":3},"Шорохов К.Н."]
[{"$nulls":3},"."]
[null,"заведующий отделением общей хирургии",{"$nulls":5},"Олейник В.В."]
[{"$nulls":3},"."]
[null,"заведующий отделением анестезиологии",{"$nulls":5},"Бояркин А.А."]
[{"$nulls":3},"."]
[null,"заведующий отделением неврологии №1",{"$nulls":5},"Голиков К.В."]
[]
[null,"заведующая отделением неврологии №3",{"$nulls":5},"Стучевская Т.Р."]
[]
[null,"заведующая офтальмологическим КДО",{"$nulls":5},"Терехова И.В."]
[]
[null,"заведующий ОРИТ № 1",{"$nulls":5},"Сорокин М.Ф."]
[]
[null,"заведующий ОРИТ № 2",{"$nulls":5},"Нефедов А.В."]

{"sheet":"Ф.кв.ОРТО","index":5,"n_rows":1463,"n_cols":10,"rows_kept":1463,"merged":[[9,0,9,8],[214,0,214,9],[1422,0,1422,5],[1428,0,1428,5],[1432,1,1432,5],[1436,1,1436,5],[1440,1,1440,5],[1442,1,1442,5],[1450,1,1450,5],[1452,1,1452,5],[1460,1,1460,5],[1462,1,1462,5]]}
[{"$nulls":7},"\"Утверждаю\""]
[{"$nulls":7},"Главный врач СПб ГБУЗ ГМПБ №2"]
[{"$nulls":7},"Волчков В.А."]
[]
[{"$nulls":7},"______________________________"]
[{"$nulls":7},"\"30 мая 2019 года"]
[]
[]
[]
["ФОРМУЛЯРНЫЙ ПЕРЕЧЕНЬ ЛЕКАРСТВЕННЫХ ПРЕПАРАТОВ НА 2020 ГОД"]
[{"$nulls":3},"Ф.кв.ОРТО"]
["АТХ","Группа","МНН","Название","ИФ","ЖНиВЛП","Ед.изм","Кол-во","Цена","Сумма"]
["A01AB11","противомикробное средство","Метронидазол + Хлоргексидин","Метрогил Дента гель стоматологический 20g №1","ПЛАТ","Нет","уп",20,"281,59","5631,8"]
["A01AD11","НПВП","Холина салицилат + Цеталкония хлорид","Холисал гель стоматологический 10g","ПЛАТ","Нет","уп",25,"417,43","10435,75"]
["A01AВ11","противовоспалительное средство растительного происхождения","~","Стоматофит экстракт для местного применения, [жидкий] 100ml","ПЛАТ","Нет","уп",20,"319,28","6385,6"]
["A02BA03","желез желудка секрецию понижающее средство - H2-гистаминовых рецепторов блокатор","Фамотидин","Фамотидин лиоф д/пр р-ра д/в/в вв 20mg+5ml №5","Бюджет","Да","уп",271,"310,43","84126,53"]
["A02BA03","желез желудка секрецию понижающее средство - H2-гистаминовых рецепторов блокатор","Фамотидин","Фамотидин лиоф д/пр р-ра д/в/в вв 20mg+5ml №5","ОМС","Да","уп",2453,"310,43","761484,79"]
["A02BA03","желез желудка секрецию понижающее средство - H2-гистаминовых рецепторов блокатор","Фамотидин","Фамотидин лиоф д/пр р-ра д/в/в вв 20mg+5ml №5","ПЛАТ","Да","уп",128,"310,43","39735,04"]
["A02BA03","желез желудка секрецию понижающее средство - H2-гистаминовых рецепторов блокатор","Фамотидин","Фамотидин табл п/п/о 20mg №20","Бюджет","Да","уп",20,"23,33","466,6"]
["A02BA03","желез желудка секрецию понижающее средство - H2-гистаминовых рецепторов блокатор","Фамотидин","Фамотидин табл п/п/о 20mg №20","ОМС","Да","уп",395,"23,33","9215,35"]
["A02BA03","желез желудка секрецию понижающее средство - H2-гистаминовых рецепторов блокатор","Фамотидин","Фамотидин табл п/п/о 20mg №20","ПЛАТ","Да","уп",8,"23,33","186,64"]
["A02BA03","желез желудка секрецию понижающее средство - H2-гистаминовых рецепторов блокатор","Фамотидин","Фамотидин табл п/п/о 20mg №30","Бюджет","Да","уп",100,"34,43",3443]
["A02BA03","желез желудка секрецию понижающее средство - H2-гистаминовых рецепторов блокатор","Фамотидин","Фамотидин табл п/п/о 20mg №30","ОМС","Да","уп",2218,"34,43","76365,74"]
["A02BA03","желез желудка секрецию понижающее средство - H2-гистаминовых рецепторов блокатор","Фамотидин","Фамотидин табл п/п/о 20mg №30","ПЛАТ","Да","уп",25,"34,43","860,75"]
["A02BC01","желез желудка секрецию понижающее средство - протонного насоса ингибитор","Омепразол","Омез лиоф-т д/пригот р-ра д/инф 40mg №1","Бюджет","Да","уп",50,"150,3",7515]
["A02BC01","желез желудка секрецию понижающее средство - протонного насоса ингибитор","Омепразол","Омез лиоф-т д/пригот р-ра д/инф 40mg №1","ОМС","Да","уп",1225,"150,3","184117,5"]
["A02BC01","желез желудка секрецию понижающее средство - протонного насоса ингибитор","Омепразол","Омез лиоф-т д/пригот р-ра д/инф 40mg №1","ПЛАТ","Да","уп",108,"150,3","16232,4"]
["A02BC01","желез желудка секрецию понижающее средство - протонного насоса ингибитор","Омепразол","Омепразол капс к/раст 20mg №30","Бюджет","Да","уп",115,"32,94","3788,1"]
["A02BC01","желез желудка секрецию понижающее средство - протонного насоса ингибитор","Омепразол","Омепразол капс к/раст 20mg №30","ОМС","Да","уп",4968,"32,94","163645,92"]
["A02BC01","желез желудка секрецию понижающее средство - протонного насоса ингибитор","Омепразол","Омепразол капс к/раст 20mg №30","ПЛАТ","Да","уп",210,"32,94","6917,4"]
["A02BC01","желез желудка секрецию понижающее средство - протонного насоса ингибитор","Омепразол","Омепразол лиоф-т д/пригот р-ра д/инф 40mg №1","ОМС","Да","уп",101,"272,26","27498,26"]
["A02BC01","желез желудка секрецию понижающее средство - протонного насоса ингибитор","Омепразол","Ультоп капсулы 40mg №28","ОМС","Да","уп",19,"525,44","9983,36"]
["A02BC01","желез желудка секрецию понижающее средство - протонного насоса ингибитор","Омепразол","Ультоп капсулы 40mg №28","ПЛАТ","Да","уп",21,"525,44","11034,24"]
["А02BC02","желез желудка секрецию понижающее средство - протонного насоса ингибитор","Пантопразол","Нольпаза лиоф д/пр р-ра д/в/в вв 40mg №1","ОМС","Нет","уп",50,"301,45","15072,5"]
["А02BC02","желез желудка секрецию понижающее средство - протонного насоса ингибитор","Пантопразол","Нольпаза лиоф д/пр р-ра д/в/в вв 40mg №1","ПЛАТ","Нет","уп",61,"301,45","18388,45"]
["А02BC02","желез желудка секрецию понижающее средство - протонного насоса ингибитор","Пантопразол","Нольпаза табл п/к/р/о 40mg №14","ОМС","Нет","уп",298,"184,04","54843,92"]
["А02BC02","желез желудка секрецию понижающее средство - протонного насоса ингибитор","Пантопразол","Нольпаза табл п/к/р/о 40mg №14","ПЛАТ","Нет","уп",20,"184,04","3680,8"]
["A02BC04","желез желудка секрецию понижающее средство - протонного насоса ингибитор","Рабепразол","Зульбекс табл к/р п/п/о 20mg №28","ОМС","Нет","уп",20,1680,33600]
["A02BC04","желез желудка секрецию понижающее средство - протонного насоса ингибитор","Рабепразол","Зульбекс табл к/р п/п/о 20mg №28","ПЛАТ","Нет","уп",8,1680,13440]
["A02BC04","желез желудка секрецию понижающее средство - протонного насоса ингибитор","Рабепразол","Рабепразол-СЗ капсулы 20mg №28","ОМС","Нет","уп",20,"427,53","8550,6"]
["A02BC05","желез желудка секрецию понижающее средство - протонного насоса ингибитор","Эзомепразол","Эманера капс к/раст 20mg №14","ОМС","Да","уп",55,"242,17","13319,35"]
["A02BC05","желез желудка секрецию понижающее средство - протонного насоса ингибитор","Эзомепразол","Эманера капс к/раст 20mg №14","ПЛАТ","Да","уп",25,"242,17","6054,25"]
["A02BC05","желез желудка секрецию понижающее средство - протонного насоса ингибитор","Эзомепразол","Эманера капс к/раст 40mg №28","ОМС","Да","уп",29,"727,99","21111,71"]
["A02BC05","желез желудка секрецию понижающее средство - протонного насоса ингибитор","Эзомепразол","Эманера капс к/раст 40mg №28","ПЛАТ","Да","уп",15,"727,99","10919,85"]
["A02BX","рефлюкс-эзофагита средство лечения","~","Гевискон Форте суспензия д/ приема внутрь (в компл.мерн.лож) 150ml №1","ОМС","Нет","уп",10,"346,8",3468]
["A02BX","рефлюкс-эзофагита средство лечения","~","Гевискон Форте суспензия д/ приема внутрь (в компл.мерн.лож) 150ml №1","ПЛАТ","Нет","уп",5,"346,8",1734]
["A02BX05","антисептическое кишечное и вяжущее средство","Висмута трикалия дицитрат","Висмута трикалия дицитрат табл п/п/о 120mg № 56","ОМС","Да","уп",73,"440,62","32165,26"]
["A02BX05","антисептическое кишечное и вяжущее средство","Висмута трикалия дицитрат","Висмута трикалия дицитрат табл п/п/о 120mg № 56","ПЛАТ","Да","уп",15,"440,62","6609,3"]
["A02BX05","антисептическое кишечное и вяжущее средство","Висмута трикалия дицитрат","Улькавис табл п/п/о 120mg № 56","ПЛАТ","Да","уп",5,"413,7","2068,5"]
["A02АХ","антацидное средство","Алгелдрат+Магния гидроксид","Алмагель суспензия д/ приема внутрь (в компл.мерн.лож) 170ml","ОМС","Нет","уп",53,"266,66","14132,98"]
["A02АХ","антацидное средство","Алгелдрат+Магния гидроксид","Алмагель суспензия д/ приема внутрь (в компл.мерн.лож) 170ml","ПЛАТ","Нет","уп",2,"266,66","533,32"]
["A03AA","м-холиноблокатор","Платифиллин","Платифиллина гидротартрат раствор для п/к вв 2mg/ml 1ml №10","ОМС","Да","уп",241,"69,75","16809,75"]
["A03AA","м-холиноблокатор","Платифиллин","Платифиллина гидротартрат раствор для п/к вв 2mg/ml 1ml №10","ПЛАТ","Да","уп",26,"69,75","1813,5"]
["A03AA04","спазмолитическое средство","Мебеверин","Спарекс капс пролонг/д-я 200mg №30","ОМС","Да","уп",165,"514,84","84948,6"]
["A03AA04","спазмолитическое средство","Мебеверин","Спарекс капс пролонг/д-я 200mg №30","ПЛАТ","Да","уп",45,"514,84","23167,8"]
["A03AD01","спазмолитическое средство","Папаверин","Папаверина гидрохлорид раствор для инъекций 20mg/ml 2ml №10","Б.Опк","Нет","уп",2,"273,06","546,12"]
["A03AD01","спазмолитическое средство","Папаверин","Папаверина гидрохлорид раствор для инъекций 20mg/ml 2ml №10","Бюджет","Нет","уп",30,"273,06","8191,8"]
["A03AD01","спазмолитическое средство","Папаверин","Папаверина гидрохлорид раствор для инъекций 20mg/ml 2ml №10","ОМС","Нет","уп",315,"273,06","86013,9"]
["A03AD01","спазмолитическое средство","Папаверин","Папаверина гидрохлорид раствор для инъекций 20mg/ml 2ml №10","ПЛАТ","Нет","уп",10,"273,06","2730,6"]
["A03AD02","спазмолитическое средство","Дротаверин","Дротаверин раствор для инъекций 20mg/ml 2ml №10","Бюджет","Да","уп",105,"59,01","6196,05"]
["A03AD02","спазмолитическое средство","Дротаверин","Дротаверин раствор для инъекций 20mg/ml 2ml №10","ОМС","Да","уп",3134,"59,01","184937,34"]
["A03AD02","спазмолитическое средство","Дротаверин","Дротаверин раствор для инъекций 20mg/ml 2ml №10","ПЛАТ","Да","уп",58,"59,01","3422,58"]
["A03AD02","спазмолитическое средство","Дротаверин","Дротаверин табл 40mg №100","Бюджет","Да","уп",2,"58,25","116,5"]
["A03AD02","спазмолитическое средство","Дротаверин","Дротаверин табл 40mg №100","ОМС","Да","уп",430,"58,25","25047,5"]
["A03AD02","спазмолитическое средство","Дротаверин","Дротаверин табл 40mg №100","ПЛАТ","Да","уп",23,"58,25","1339,75"]
["A03AD02","спазмолитическое средство","Дротаверин","Дротаверин табл 40mg №20","ОМС","Да","уп",57,"30,12","1716,84"]
["A03AD02","спазмолитическое средство","Дротаверин","Дротаверин табл 40mg №20","ПЛАТ","Да","уп",5,"30,12","150,6"]
["A03BA01","м-холиноблокатор","Атропин","Атропин капли глазные 1% 5ml","ОМС","Да","уп",63,"52,27","3241,41"]
["A03BA01","м-холиноблокатор","Атропин","Атропин капли глазные 1% 5ml","ПЛАТ","Да","уп",4,"52,27","209,08"]
["A03BA01","м-холиноблокатор","Атропин","Атропин раствор для инъекций 1mg/ml 1ml №5","ОМС","Да","уп",897,"12,01","10772,97"]
["A03BA01","м-холиноблокатор","Атропин","Атропин раствор для инъекций 1mg/ml 1ml №5","ПЛАТ","Да","уп",2,"12,01","24,02"]
["A03BA01","м-холиноблокатор","Атропин","Атропина сульфат раствор для инъекций 1mg/ml 1ml №10","ОМС","Да","уп",1544,"28,39","43834,16"]
["A03FA01","противорвотное средство - дофаминовых рецепторов блокатор центральный","Метоклопрамид","Метоклопрамид раствор для в/в и в/м вв 5mg/ml 2ml №10","Бюджет","Да","уп",49,"123,89","6070,61"]
["A03FA01","противорвотное средство - дофаминовых рецепторов блокатор центральный","Метоклопрамид","Метоклопрамид раствор для в/в и в/м вв 5mg/ml 2ml №10","ОМС","Да","уп",1543,"123,89","191162,27"]
["A03FA01","противорвотное средство - дофаминовых рецепторов блокатор центральный","Метоклопрамид","Метоклопрамид раствор для в/в и в/м вв 5mg/ml 2ml №10","ПЛАТ","Да","уп",72,"123,89","8920,08"]
["A03FA01","противорвотное средство - дофаминовых рецепторов блокатор центральный","Метоклопрамид","Метоклопрамид табл 10mg №50","ОМС","Да","уп",69,"26,79","1848,51"]
["A03FA01","противорвотное средство - дофаминовых рецепторов блокатор центральный","Метоклопрамид","Метоклопрамид табл 10mg №50","ПЛАТ","Да","уп",3,"26,79","80,37"]
["А04АА01","противорвотное средство - серотониновых рецепторов антагонист","Ондансетрон","Латран раствор для в/в и в/м вв 2mg/ml 2ml №5","Бюджет","Да","уп",10,"456,12","4561,2"]
["А04АА01","противорвотное средство - серотониновых рецепторов антагонист","Ондансетрон","Латран раствор для в/в и в/м вв 2mg/ml 2ml №5","ОМС","Да","уп",90,"456,12","41050,8"]
["А04АА01","противорвотное средство - серотониновых рецепторов антагонист","Ондансетрон","Латран раствор для в/в и в/м вв 2mg/ml 2ml №5","ПЛАТ","Да","уп",21,"456,12","9578,52"]
["А05АА02","гепатопротекторное средство","Урсодезоксихолевая кислота","Урсодезоксихолевая кислота капсулы 250mg №50","ОМС","Да","уп",32,"571,14","18276,48"]
["А05АА02","гепатопротекторное средство","Урсодезоксихолевая кислота","Урсодезоксихолевая кислота капсулы 250mg №50","ПЛАТ","Да","уп",8,"571,14","4569,12"]
["A05BA","гипоазотемическое средство","Орнитин","Гепа-Мерц гран д/р-ра перор 5g №30","Бюджет","Нет","уп",2,"2095,42","4190,84"]
["A05BA","гипоазотемическое средство","Орнитин","Гепа-Мерц гран д/р-ра перор 5g №30","ОМС","Нет","уп",15,"2095,42","31431,3"]
["A05BA","гипоазотемическое средство","Орнитин","Гепа-Мерц гран д/р-ра перор 5g №30","ПЛАТ","Нет","уп",10,"2095,42","20954,2"]
["A05BA","метаболическое средство","Инозин+Меглюмин+Метионин+Никотинамид+Янтарная кислота","Ремаксол раствор для инфузий 400ml №1","Бюджет","Да","уп",90,"398,47","35862,3"]
["A05BA","метаболическое средство","Инозин+Меглюмин+Метионин+Никотинамид+Янтарная кислота","Ремаксол раствор для инфузий 400ml №1","ОМС","Да","уп",160,"398,47","63755,2"]
["A05BA","метаболическое средство","Инозин+Меглюмин+Метионин+Никотинамид+Янтарная кислота","Ремаксол раствор для инфузий 400ml №1","ПЛАТ","Да","уп",100,"398,47",39847]
["A06AA01","слабительное средство","Парафин жидкий","Вазелиновое масло масло д/приема внутрь 25ml","ОМС","Нет","уп",273,"36,63","9999,99"]
["A06AA01","слабительное средство","Парафин жидкий","Вазелиновое масло масло д/приема внутрь 25ml","ПЛАТ","Нет","уп",30,"36,63","1098,9"]
["A06AB02","слабительное средство","Бисакодил","Бисакодил табл п/к/р/о 5mg №30","ОМС","Да","уп",135,"20,96","2829,6"]
["A06AB02","слабительное средство","Бисакодил","Бисакодил табл п/к/р/о 5mg №30","ПЛАТ","Да","уп",2,"20,96","41,92"]
["A06AB02","слабительное средство","Бисакодил","Бисакодил-Нижфарм  супп рект 10mg №10","ОМС","Да","уп",65,"42,62","2770,3"]
["A06AB02","слабительное средство","Бисакодил","Бисакодил-Нижфарм  супп рект 10mg №10","ПЛАТ","Да","уп",8,"42,62","340,96"]
["А06АВ06","слабительное средство растительного происхождения","Сеннозиды А и В","Сенадексин  табл №20","ОМС","Да","уп",354,"15,84","5607,36"]
["А06АВ06","слабительное средство растительного происхождения","Сеннозиды А и В","Сенадексин  табл №20","ПЛАТ","Да","уп",3,"15,84","47,52"]
["A06AD11","слабительное средство","Лактулоза","Нормазе сироп 667mg/ml 200ml","ОМС","Да","уп",107,"278,3","29778,1"]
["A06AD11","слабительное средство","Лактулоза","Порталак сироп 667mg/ml 500ml","ОМС","Да","уп",7,"398,47","2789,29"]
["A06AD11","слабительное средство","Лактулоза","Порталак сироп 667mg/ml 500ml","ПЛАТ","Да","уп",11,"398,47","4383,17"]
["A06AD15","слабительное средство","Макрогол","Фортранс порошок д/приг суспензии д/вн прим 64g №4","ПЛАТ","Да","уп",83,"517,38","42942,54"]
["A06АВ05","слабительное средство растительного происхождения","~","Касторовое масло масло д/приема внутрь 30ml","ОМС","Нет","уп",125,"36,63","4578,75"]
["A07AA11","антибиотик-рифамицин","Рифаксимин","Альфа Нормикс табл п/п/о 200mg №12","ОМС","Нет","уп",70,"1069,34","74853,8"]
["A07AA11","антибиотик-рифамицин","Рифаксимин","Альфа Нормикс табл п/п/о 200mg №12","ПЛАТ","Нет","уп",20,"1069,34","21386,8"]
["A07AX03","противомикробное средство - нитрофуран","Нифуроксазид","Экофурил капсулы 200mg №16","ОМС","Нет","уп",20,"459,56","9191,2"]
["A07AX03","противомикробное средство - нитрофуран","Нифуроксазид","Экофурил капсулы 200mg №16","ПЛАТ","Нет","уп",15,"459,56","6893,4"]
["A07BA01","энтеросорбирующее средство","Уголь активированный","Уголь активированный табл 250mg №10","ОМС","Нет","уп",408,"4,33","1766,64"]
["A07BA01","энтеросорбирующее средство","Уголь активированный","Уголь активированный табл 250mg №10","ПЛАТ","Нет","уп",20,"4,33","86,6"]
["A07BC05","противодиарейное средство","Диосмектит","Неосмектин порошок д/приг суспензии д/вн прим 3g №30","ОМС","Да","уп",33,"341,55","11271,15"]
["A07BC05","противодиарейное средство","Диосмектит","Неосмектин порошок д/приг суспензии д/вн прим 3g №30","ПЛАТ","Да","уп",20,"341,55",6831]
["A07DA03","противодиарейное средство","Лоперамид","Лоперамид табл 2mg №10","ОМС","Да","уп",35,"25,06","877,1"]
["A07DA03","противодиарейное средство","Лоперамид","Лоперамид табл 2mg №20","ОМС","Да","уп",251,"27,21","6829,71"]
["A07DA03","противодиарейное средство","Лоперамид","Лоперамид табл 2mg №20","ПЛАТ","Да","уп",14,"27,21","380,94"]
["A07EC02","противомикробное и противовоспалительное кишечное средство","Сульфасалазин","Сульфасалазин-ЕН  табл п/к/р/о 500mg №50","ОМС","Да","уп",20,"359,34","7186,8"]
["A07EC02","противомикробное и противовоспалительное кишечное средство","Сульфасалазин","Сульфасалазин-ЕН  табл п/к/р/о 500mg №50","ПЛАТ","Да","уп",3,"359,34","1078,02"]
["A07FA","средство, нормализующее микрофлору кишечника","~","Хилак Форте капл д/пр внутрь 100ml №1","ПЛАТ","Нет","уп",15,"565,48","8482,2"]
["A07FA","эубиотик","Бифидобактерии бифидум","Бифидумбактерин  лиоф д/приг р-ра д/приема внутрь и мест прим 5dosis №10","ОМС","Да","уп",12,"86,51","1038,12"]
["A07FA","эубиотик","Бифидобактерии лонгум+Энтерококкус фециум","Бифиформ капс к/раст №30","ОМС","Нет","уп",42,"615,87","25866,54"]
["A07FA","эубиотик","Бифидобактерии лонгум+Энтерококкус фециум","Бифиформ капс к/раст №30","ПЛАТ","Нет","уп",49,"615,87","30177,63"]
["A07FA02","противодиарейное средство","Сахаромицеты Boulardii","Энтерол капсулы 250mg №30","ОМС","Нет","уп",60,"570,54","34232,4"]
["A07FA02","противодиарейное средство","Сахаромицеты Boulardii","Энтерол капсулы 250mg №30","ПЛАТ","Нет","уп",20,"570,54","11410,8"]
["A07FA51","эубиотик","~","Линекс капс №16","ОМС","Нет","уп",10,"394,94","3949,4"]
["A07FA51","эубиотик","~","Линекс капс №16","ПЛАТ","Нет","уп",2,"394,94","789,88"]
["А09АА02","пищеварительное ферментное средство","Панкреатин","Креон 25000 капс к/раст 300mg №20","ОМС","Да","уп",55,"562,03","30911,65"]
["А09АА02","пищеварительное ферментное средство","Панкреатин","Креон 25000 капс к/раст 300mg №20","ПЛАТ","Да","уп",45,"562,03","25291,35"]
["А09АА02","пищеварительное ферментное средство","Панкреатин","Мезим форте 10000 табл п/к/р/о  №20","ОМС","Да","уп",758,"180,66","136940,28"]
["А09АА02","пищеварительное ферментное средство","Панкреатин","Мезим форте 10000 табл п/к/р/о  №20","ПЛАТ","Да","уп",142,"180,66","25653,72"]
["А09АА02","пищеварительное ферментное средство","Панкреатин","Микразим капсулы 25000 ЕД №50","ОМС","Да","уп",326,"792,55","258371,3"]
["А09АА02","пищеварительное ферментное средство","Панкреатин","Микразим капсулы 25000 ЕД №50","ПЛАТ","Да","уп",54,"792,55","42797,7"]
["А09АА02","пищеварительное ферментное средство","Панкреатин","Микразим капсулы 40000 EД №50","ОМС","Да","уп",4,"1516,61","6066,44"]
["А09АА02","пищеварительное ферментное средство","Панкреатин","Микразим капсулы 40000 EД №50","ПЛАТ","Да","уп",4,"1516,61","6066,44"]
["A10AB01","гипогликемическое средство - инсулин короткого действия","Инсулин растворимый [человеческий генно-инженерный]","Инсуман Рапид ГТ раствор для инъекций 100МЕ/ml 3ml №5","Бюджет","Да","уп",5,"1120,14","5600,7"]
["A10AB01","гипогликемическое средство - инсулин короткого действия","Инсулин растворимый [человеческий генно-инженерный]","Инсуман Рапид ГТ раствор для инъекций 100МЕ/ml 3ml №5","ОМС","Да","уп",43,"1120,14","48166,02"]
["A10AB01","гипогликемическое средство - инсулин короткого действия","Инсулин растворимый [человеческий генно-инженерный]","Инсуман Рапид ГТ раствор для инъекций 100МЕ/ml 3ml №5","ПЛАТ","Да","уп",3,"1120,14","3360,42"]
["A10AB01","гипогликемическое средство - инсулин короткого действия","Инсулин растворимый [человеческий генно-инженерный]","Росинсулин Р раствор для инъекций 100МЕ/ml 3ml №5","Бюджет","Да","уп",5,"1516,57","7582,85"]
["A10AB01","гипогликемическое средство - инсулин короткого действия","Инсулин растворимый [человеческий генно-инженерный]","Росинсулин Р раствор для инъекций 100МЕ/ml 3ml №5","ОМС","Да","уп",47,"1516,57","71278,79"]
["A10AB01","гипогликемическое средство - инсулин короткого действия","Инсулин растворимый [человеческий генно-инженерный]","Росинсулин Р раствор для инъекций 100МЕ/ml 5ml №5","Бюджет","Да","уп",14,"1085,06","15190,84"]
["A10AB01","гипогликемическое средство - инсулин короткого действия","Инсулин растворимый [человеческий генно-инженерный]","Росинсулин Р раствор для инъекций 100МЕ/ml 5ml №5","ОМС","Да","уп",116,"1085,06","125866,96"]
["A10AB01","гипогликемическое средство - инсулин короткого действия","Инсулин растворимый [человеческий генно-инженерный]","Росинсулин Р раствор для инъекций 100МЕ/ml 5ml №5","ПЛАТ","Да","уп",2,"1085,06","2170,12"]
["A10AB01","гипогликемическое средство - инсулин короткого действия","Инсулин растворимый [человеческий генно-инженерный]","Росинсулин Р раствор для п/к вв 100ME/ml 5ml №5","ОМС","Да","уп",47,"1043,32","49036,04"]
["A10AC01","гипогликемическое средство - инсулин средней продолжительности действия","Инсулин-изофан","Росинсулин С суспензия для п/к вв 100ME/ml 5ml №5","Бюджет","Да","уп",8,"1046,36","8370,88"]
["A10AC01","гипогликемическое средство - инсулин средней продолжительности действия","Инсулин-изофан","Росинсулин С суспензия для п/к вв 100ME/ml 5ml №5","ОМС","Да","уп",134,"1046,36","140212,24"]
["A10AC01","гипогликемическое средство - инсулин средней продолжительности действия","Инсулин-изофан","Росинсулин С суспензия для п/к вв 100ME/ml 5ml №5","ПЛАТ","Да","уп",2,"1046,36","2092,72"]
["A10AЕ04","гипогликемическое средство - инсулина длительного действия аналог","Инсулин гларгин","Туджео СолоСтар р-р для п/к введ, картриджи в шприц-ручках СолоСтар 300ME/ml 1,5ml №3","Бюджет","Да","уп",12,"3208,15","38497,8"]
["A10AЕ04","гипогликемическое средство - инсулина длительного действия аналог","Инсулин гларгин","Туджео СолоСтар р-р для п/к введ, картриджи в шприц-ручках СолоСтар 300ME/ml 1,5ml №3","ОМС","Да","уп",145,"3208,15","465181,75"]
["A10AЕ04","гипогликемическое средство - инсулина длительного действия аналог","Инсулин гларгин","Туджео СолоСтар р-р для п/к введ, картриджи в шприц-ручках СолоСтар 300ME/ml 1,5ml №3","ПЛАТ","Да","уп",9,"3208,15","28873,35"]
["A10BA02","гипогликемическое средство для перорального применения группы бигуанидов","Метформин","Форметин табл 0,5g №60","Бюджет","Да","уп",3,"93,43","280,29"]
["A10BA02","гипогликемическое средство для перорального применения группы бигуанидов","Метформин","Форметин табл 0,5g №60","ОМС","Да","уп",93,"93,43","8688,99"]
["A10BA02","гипогликемическое средство для перорального применения группы бигуанидов","Метформин","Форметин табл 0,5g №60","ПЛАТ","Да","уп",7,"93,43","654,01"]
["A10BA02","гипогликемическое средство для перорального применения группы бигуанидов","Метформин","Форметин табл 0,85g №60","Бюджет","Да","уп",5,"180,33","901,65"]
["A10BA02","гипогликемическое средство для перорального применения группы бигуанидов","Метформин","Форметин табл 0,85g №60","ОМС","Да","уп",252,"180,33","45443,16"]
["A10BA02","гипогликемическое средство для перорального применения группы бигуанидов","Метформин","Форметин табл 0,85g №60","ПЛАТ","Да","уп",3,"180,33","540,99"]
["A10BA02","гипогликемическое средство для перорального применения группы бигуанидов","Метформин","Форметин табл 1g №30","Бюджет","Да","уп",5,"153,01","765,05"]
["A10BA02","гипогликемическое средство для перорального применения группы бигуанидов","Метформин","Форметин табл 1g №30","ОМС","Да","уп",115,"153,01","17596,15"]
["A10BA02","гипогликемическое средство для перорального применения группы бигуанидов","Метформин","Форметин табл 1g №30","ПЛАТ","Да","уп",3,"153,01","459,03"]
["A10BB01","гипогликемическое средство для перорального применения группы сульфонилмочевины II поколения","Глибенкламид","Глибенкламид табл 5mg №120","ОМС","Да","уп",15,"97,94","1469,1"]
["A10BB01","гипогликемическое средство для перорального применения группы сульфонилмочевины II поколения","Глибенкламид","Глибенкламид табл 5mg №120","ПЛАТ","Да","уп",1,"97,94","97,94"]
["A10BB09","гипогликемическое средство для перорального применения группы сульфонилмочевины II поколения","Гликлазид","Гликлазид МВ  табл с модифиц. высвобождением 30 mg №60 ","ПЛАТ","Да","уп",3,"138,13","414,39"]
["A10BB09","гипогликемическое средство для перорального применения группы сульфонилмочевины II поколения","Гликлазид","Гликлазид МВ  табл с модифиц. высвобождением 60mg №60","ОМС","Да","уп",15,"138,13","2071,95"]
["A11CC03","витамин - кальциево-фосфорного обмена регулятор","Альфакальцидол","Альфа Д3-Тева капсулы 0,25mkg №30","ПЛАТ","Да","уп",2,"299,85","599,7"]
["A11DA01","витамин","Тиамин","Тиамин раствор для в/м вв 50mg/ml 1ml №10","Бюджет","Да","уп",7,"27,49","192,43"]
["A11DA01","витамин","Тиамин","Тиамин раствор для в/м вв 50mg/ml 1ml №10","ОМС","Да","уп",813,"27,49","22349,37"]
["A11DA01","витамин","Тиамин","Тиамин раствор для в/м вв 50mg/ml 1ml №10","ПЛАТ","Да","уп",18,"27,49","494,82"]
["A11EA","витамины группы B","Поливитамины","Нейромультивит табл п/п/о №20","ПЛАТ","Нет","уп",3,"796,09","2388,27"]
["A11GA01","витамин","Аскорбиновая кислота","Аскорбиновая кислота раствор для в/в и в/м вв 50mg/ml 2ml №10","Бюджет","Да","уп",25,"37,69","942,25"]
["A11GA01","витамин","Аскорбиновая кислота","Аскорбиновая кислота раствор для в/в и в/м вв 50mg/ml 2ml №10","ОМС","Да","уп",920,"37,69","34539,3"]
["A11GA01","витамин","Аскорбиновая кислота","Аскорбиновая кислота раствор для в/в и в/м вв 50mg/ml 2ml №10","ПЛАТ","Да","уп",170,"37,69","6298,9"]
["A11HA02","витамин","Пиридоксин","Пиридоксин раствор для инъекций 50mg/ml 1ml №10","Бюджет","Да","уп",9,"27,44","246,96"]
["A11HA02","витамин","Пиридоксин","Пиридоксин раствор для инъекций 50mg/ml 1ml №10","ОМС","Да","уп",779,"27,44","21375,76"]
["A11HA02","витамин","Пиридоксин","Пиридоксин раствор для инъекций 50mg/ml 1ml №10","ПЛАТ","Да","уп",18,"27,44","493,92"]
["А11НА03","витамин","Витамин Е","Лайфевит капсулы 100mg №30","ОМС","Нет","уп",20,"188,7",3774]
["А11НА03","витамин","Витамин Е","альфа-Токоферола ацетат (Витамин E)  капсулы 100mg №10","ОМС","Нет","уп",50,"85,35","4267,5"]
["A11HA04","витамин","Рибофлавин","Рибофлавин - мононуклеотид раствор для в/м вв 10mg/ml 1ml №10","ОМС","Нет","уп",60,"115,43","6925,8"]
["A11HA04","витамин","Рибофлавин","Рибофлавин - мононуклеотид раствор для в/м вв 10mg/ml 1ml №10","ПЛАТ","Нет","уп",2,"115,43","230,86"]
["A11JA","поливитаминное средство","Витамин Е+ Ретинол","Аевит капсулы №10","ПЛАТ","Нет","уп",20,"39,18","976,8"]
["A12AA03","кальциево-фосфорного обмена регулятор","Кальция глюконат","Кальция глюконат Б.Браун раствор для инъекций 10% 10ml №20","ОМС","Да","уп",143,"379,5","54268,5"]
["A12AA03","кальциево-фосфорного обмена регулятор","Кальция глюконат","Кальция глюконат Б.Браун раствор для инъекций 10% 10ml №20","ПЛАТ","Да","уп",3,"379,5","1138,5"]
["A12AX","кальциево-фосфорного обмена регулятор","Кальция карбонат + Колекальциферол","Кальций-Д3 Никомед Форте  табл жеват 500mg+400ME №30","ОМС","Нет","уп",4,"578,2","2312,8"]
["A12AX","кальциево-фосфорного обмена регулятор","Кальция карбонат + Колекальциферол","Кальций-Д3 Никомед Форте  табл жеват 500mg+400ME №30","ПЛАТ","Нет","уп",2,"578,2","1156,4"]
["A12BA01","калия препарат","Калия хлорид","Калия хлорид Б. Браун конц-т д/приг раствора для инфузий 40mg/ml 10ml №20","Бюджет","Да","уп",28,"245,41","6871,48"]
["A12BA01","калия препарат","Калия хлорид","Калия хлорид Б. Браун конц-т д/приг раствора для инфузий 40mg/ml 10ml №20","ОМС","Да","уп",877,"245,41","215224,57"]
["A12BA01","калия препарат","Калия хлорид","Калия хлорид Б. Браун конц-т д/приг раствора для инфузий 40mg/ml 10ml №20","ПЛАТ","Да","уп",115,"245,41","28222,15"]
["A12BA01","калия препарат","Калия хлорид","Калия хлорид конц-т д/приг раствора для инфузий 40mg/ml 100ml №1","ОМС","Да","уп",1780,"63,59","113190,2"]
["A12BA01","калия препарат","Калия хлорид","Калия хлорид конц-т д/приг раствора для инфузий 40mg/ml 100ml №1","ПЛАТ","Да","уп",35,"63,59","2225,65"]
["A12BA01","калия препарат","Калия хлорид","Калия хлорид конц-т д/приг раствора для инфузий 40mg/ml 100ml №35","Бюджет","Да","уп",5,"2894,38","14471,9"]
["A12BA01","калия препарат","Калия хлорид","Калия хлорид конц-т д/приг раствора для инфузий 40mg/ml 100ml №35","ОМС","Да","уп",72,"2894,38","208395,36"]
["A12BA01","калия препарат","Калия хлорид","Калия хлорид конц-т д/приг раствора для инфузий 40mg/ml 100ml №35","ПЛАТ","Да","уп",9,"2894,38","26049,42"]
["A12BA01","калия препарат","Калия хлорид","Калия хлорид концентрат для приготовления р-ра для инфузий 75mg/ml 200ml №28","ОМС","Да","уп",194,"2868,16","556423,04"]
["A12CX","калия и магния препарат","Калия и магния аспарагинат","Аспаркам табл №20","ОМС","Да","уп",250,"41,14",10285]
["A12CX","калия и магния препарат","Калия и магния аспарагинат","Аспаркам табл №60","Бюджет","Да","уп",100,"103,73",10373]
["A12CX","калия и магния препарат","Калия и магния аспарагинат","Аспаркам табл №60","ОМС","Да","уп",710,"103,73","73648,3"]
["A12CX","калия и магния препарат","Калия и магния аспарагинат","Аспаркам табл №60","ПЛАТ","Да","уп",9,"103,73","933,57"]
["A12CX","калия и магния препарат","Калия и магния аспарагинат","Аспаркам- L раствор для в/в  вв 10ml №10","ОМС","Да","уп",51,"94,48","4818,48"]
["A12CX","калия и магния препарат","Калия и магния аспарагинат","Аспаркам- L раствор для в/в  вв 10ml №10","ПЛАТ","Да","уп",30,"94,48","2834,4"]
["A12CX","калия и магния препарат","Калия и магния аспарагинат","Калия и магния аспарагинат  конц-т д/приг раствора для инфузий 10ml №10","ОМС","Да","уп",30,"227,7",6831]
["A12CX","калия и магния препарат","Калия и магния аспарагинат","Калия и магния аспарагинат  раствор для инфузий 250ml №1","Бюджет","Да","уп",350,"79,59","27856,5"]
["A12CX","калия и магния препарат","Калия и магния аспарагинат","Калия и магния аспарагинат  раствор для инфузий 250ml №1","ОМС","Да","уп",3410,"79,59","271401,9"]
["A12CX","калия и магния препарат","Калия и магния аспарагинат","Калия и магния аспарагинат  раствор для инфузий 250ml №1","ПЛАТ","Да","уп",54,"79,59","4297,86"]
["A12CX","калия и магния препарат","Калия и магния аспарагинат","Калия и магния аспарагинат  раствор для инфузий 500ml №1","Бюджет","Да","уп",240,"148,19","35565,6"]
["A12CX","калия и магния препарат","Калия и магния аспарагинат","Калия и магния аспарагинат  раствор для инфузий 500ml №1","ОМС","Да","уп",365,"148,19","54089,35"]
["A14AB01","анаболическое стероидное средство","Нандролон","Ретаболил раствор для в/м вв 50mg/ml 1ml","ОМС","Да","амп",20,"239,83","4796,6"]
["A14AB01","анаболическое стероидное средство","Нандролон","Ретаболил раствор для в/м вв 50mg/ml 1ml","ПЛАТ","Да","амп",5,"239,83","1199,15"]
["A16AA02","гепатопротекторное средство","Адеметионин","Гептор лиоф-т д/приг р-ра для в/в и в/м вв 400mg+р-ль 5ml №5","Бюджет","Да","уп",22,"1475,53","32461,66"]
["A16AA02","гепатопротекторное средство","Адеметионин","Гептор лиоф-т д/приг р-ра для в/в и в/м вв 400mg+р-ль 5ml №5","ОМС","Да","уп",80,"1475,53","118042,4"]
["A16AA02","гепатопротекторное средство","Адеметионин","Гептор лиоф-т д/приг р-ра для в/в и в/м вв 400mg+р-ль 5ml №5","ПЛАТ","Да","уп",82,"1475,53","118650,26"]
["A16AA02","гепатопротекторное средство","Адеметионин","Гептор табл п/к/р/о  400mg №40","ОМС","Да","уп",56,"2246,91","125826,96"]
["A16AA02","гепатопротекторное средство","Адеметионин","Гептор табл п/к/р/о  400mg №40","ПЛАТ","Да","уп",17,"2246,91","38197,47"]
["A16AA02","гепатопротекторное средство","Адеметионин","Гептор табл п/к/р/о 400mg №20","ПЛАТ","Да","уп",1,"1123,45","1123,45"]
["A16AX01","метаболическое средство","Тиоктовая кислота","Октолипен табл п/п/о 600mg №30","ОМС","Да","уп",25,"708,51","17712,75"]
["A16AX01","метаболическое средство","Тиоктовая кислота","Октолипен табл п/п/о 600mg №30","ПЛАТ","Да","уп",7,"708,51","4959,57"]
["A16AX01","метаболическое средство","Тиоктовая кислота","Тиолепта раствор для инфузий 12mg/ml 50ml №10","ОМС","Да","уп",65,"2110,73","137197,45"]
["A16AX01","метаболическое средство","Тиоктовая кислота","Тиолипон конц-т д/приг раствора для в/в вв 30mg/ml 10ml №10","ОМС","Да","уп",135,"420,18","56724,3"]
["A16AX01","метаболическое средство","Тиоктовая кислота","Тиолипон конц-т д/приг раствора для в/в вв 30mg/ml 10ml №10","ПЛАТ","Да","уп",108,"420,18","45379,44"]
["А16АХ01","метаболическое средство","Тиоктовая кислота","Тиоктовая кислота концентрат для приготовления р-ра для инфузий 30mg/ml 10ml №10","ОМС","Да","уп",55,"1073,42","59038,1"]
["А16АХ01","метаболическое средство","Тиоктовая кислота","Тиоктовая кислота концентрат для приготовления р-ра для инфузий 30mg/ml 10ml №10","ПЛАТ","Да","уп",5,"1073,42","5367,1"]
["B Кроветворение и кровь "]
["B01AA03","антикоагулянтное средство непрямого действия","Варфарин","Варфарин Канон табл 2,5mg №50","ОМС","Да","уп",41,"139,36","5713,76"]
["B01AA03","антикоагулянтное средство непрямого действия","Варфарин","Варфарин-OBL табл 2,5mg №50","Бюджет","Да","уп",5,"100,1","500,5"]
["B01AA03","антикоагулянтное средство непрямого действия","Варфарин","Варфарин-OBL табл 2,5mg №50","ОМС","Да","уп",88,"100,1","8808,8"]
["B01AA03","антикоагулянтное средство непрямого действия","Варфарин","Варфарин-OBL табл 2,5mg №50","ПЛАТ","Да","уп",2,"100,1","200,2"]
["В01АВ01","антикоагулянтное средство прямого действия","Гепарин натрия","Гепарин-натрий Браун раствор для в/в и п/к  вв 5000МЕ/ml 5ml №10","Бюджет","Да","уп",169,"1380,45","233296,05"]
["В01АВ01","антикоагулянтное средство прямого действия","Гепарин натрия","Гепарин-натрий Браун раствор для в/в и п/к  вв 5000МЕ/ml 5ml №10","ОМС","Да","уп",3257,"1380,45","4496125,65"]
["В01АВ01","антикоагулянтное средство прямого действия","Гепарин натрия","Гепарин-натрий Браун раствор для в/в и п/к  вв 5000МЕ/ml 5ml №10","ПЛАТ","Да","уп",138,"1380,45","190502,1"]
["В01АВ05","антикоагулянтное средство прямого действия","Эноксапарин натрия","Эниксум раствор для инъекций 10000анти-Ха МЕ/1ml 0,6ml №10","ОМС","Да","уп",24,"3056,8","73363,2"]
["B01AB05","антикоагулянтное средство прямого действия","Эноксапарин натрия","Анфибра раствор для инъекций 2000анти-Ха МЕ/0,2ml №10","ОМС","Да","уп",10,"1799,16","17991,6"]
["B01AB05","антикоагулянтное средство прямого действия","Эноксапарин натрия","Анфибра раствор для инъекций 4000анти-Ха МЕ/0,4ml №10","Бюджет","Да","уп",110,"2621,11","288322,1"]
["B01AB05","антикоагулянтное средство прямого действия","Эноксапарин натрия","Анфибра раствор для инъекций 4000анти-Ха МЕ/0,4ml №10","ОМС","Да","уп",1237,"2621,11","3242313,07"]
["B01AB05","антикоагулянтное средство прямого действия","Эноксапарин натрия","Анфибра раствор для инъекций 4000анти-Ха МЕ/0,4ml №10","ПЛАТ","Да","уп",46,"2621,11","120571,06"]
["B01AB05","антикоагулянтное средство прямого действия","Эноксапарин натрия","Анфибра раствор для инъекций 6000анти-Ха МЕ/0,6ml №10","ОМС","Да","уп",75,"3387,43","254057,25"]
["B01AB05","антикоагулянтное средство прямого действия","Эноксапарин натрия","Анфибра раствор для инъекций 6000анти-Ха МЕ/0,6ml №10","ПЛАТ","Да","уп",6,"3387,43","20324,58"]
["B01AB05","антикоагулянтное средство прямого действия","Эноксапарин натрия","Анфибра раствор для инъекций 8000анти-Ха МЕ/0,8ml №10","Бюджет","Да","уп",20,"5337,65",106753]
["B01AB05","антикоагулянтное средство прямого действия","Эноксапарин натрия","Анфибра раствор для инъекций 8000анти-Ха МЕ/0,8ml №10","ОМС","Да","уп",64,"5337,65","341609,6"]
["B01AB05","антикоагулянтное средство прямого действия","Эноксапарин натрия","Анфибра раствор для инъекций 8000анти-Ха МЕ/0,8ml №10","ПЛАТ","Да","уп",8,"5337,65","42701,2"]
["B01AB06","антикоагулянтное средство прямого действия","Надропарин кальция","Фраксипарин р-р д/подкож введ (шприц) 9500 МЕ/ml 0.3ml №10","Бюджет","Нет","уп",20,"2655,67","53113,4"]
["B01AB06","антикоагулянтное средство прямого действия","Надропарин кальция","Фраксипарин р-р д/подкож введ (шприц) 9500 МЕ/ml 0.3ml №10","ПЛАТ","Нет","уп",5,"2655,67","13278,35"]
["B01AC04","антиагрегантное средство","Клопидогрел ","Плавикс табл п/п/о 300mg №10","Бюджет","Да","уп.",8,"2288,55","18308,4"]
["B01AC04","антиагрегантное средство","Клопидогрел ","Плавикс табл п/п/о 300mg №10","ОМС","Да","уп.",149,"2288,55","340993,95"]
["B01AC04","антиагрегантное средство","Клопидогрел ","Плавикс табл п/п/о 75mg №100","Бюджет","Да","уп",6,"3418,4","20510,4"]
["B01AC04","антиагрегантное средство","Клопидогрел ","Плавикс табл п/п/о 75mg №100","ОМС","Да","уп",274,"3418,4","936641,6"]
["B01AC04","антиагрегантное средство","Клопидогрел ","Плавикс табл п/п/о 75mg №100","ПЛАТ","Да","уп",10,"3418,4",34184]
["B01AC06","антиагрегантное средство","Ацетилсалициловая кислота","Ацекардол табл п/к/р/о  300mg №30","ОМС","Да","уп",40,"42,7",1708]
["B01AC06","антиагрегантное средство","Ацетилсалициловая кислота","Ацекардол табл п/к/р/о 100mg №30","Бюджет","Да","уп",10,"22,47","224,7"]
["B01AC06","антиагрегантное средство","Ацетилсалициловая кислота","Ацекардол табл п/к/р/о 100mg №30","ОМС","Да","уп",623,"22,47","13998,81"]
["B01AC06","антиагрегантное средство","Ацетилсалициловая кислота","Ацекардол табл п/к/р/о 100mg №30","ПЛАТ","Да","уп",35,"22,47","786,45"]
["B01AC07","вазодилатирующее средство","Дипиридамол","Дипиридамол-ФПО табл п/п/о 75mg №40","ОМС","Нет","уп",1,"599,17","599,17"]
["B01AC24","антиагрегантное средство","Тикагрелор","Брилинта табл п/п/о 90mg №168","Бюджет","Да","уп",1,"14934,38","14934,38"]
["B01AC24","антиагрегантное средство","Тикагрелор","Брилинта табл п/п/о 90mg №168","ОМС","Да","уп",29,"14934,38","433097,02"]
["B01AC24","антиагрегантное средство","Тикагрелор","Брилинта табл п/п/о 90mg №168","ПЛАТ","Да","уп",1,"14934,38","14934,38"]
["B01AC30","антиагрегантное средство","Ацетилсалициловая кислота+Клопидогрел","Коплавикс табл п/п/о 100mg+75mg №28","ОМС","Нет","уп",11,3663,40293]
["B01AC30","ингибиторы агрегации тромбоцитов в комбинации","Ацетилсалициловая кислота+ Магния гидроксид","Кардиомагнил табл п/п/о 75+15,2mg №100","Бюджет","Нет","уп",50,"309,91","15495,5"]
["B01AC30","ингибиторы агрегации тромбоцитов в комбинации","Ацетилсалициловая кислота+ Магния гидроксид","Кардиомагнил табл п/п/о 75+15,2mg №100","ОМС","Нет","уп",79,"309,91","24482,89"]
["B01AC30","ингибиторы агрегации тромбоцитов в комбинации","Ацетилсалициловая кислота+ Магния гидроксид","Кардиомагнил табл п/п/о 75+15,2mg №100","ПЛАТ","Нет","уп",31,"309,91","9607,21"]
["B01AD","фибринолитическое средство","Проурокиназа","Гемаза лиоф-т д/пригот р-ра д/инъек. 5000МЕ №5, амп","ОМС","Да","уп",132,"922,29","121742,28"]
["B01AD","фибринолитическое средство","Проурокиназа","Гемаза лиоф-т д/пригот р-ра д/инъек. 5000МЕ №5, амп","ПЛАТ","Да","уп",27,"922,29","24901,83"]
["B01AD02","фибринолитическое средство - активатор плазминогена","Алтеплаза ","Актилизе лиоф-т д/приг р-ра д/инф +раств в комп 50mg","ОМС","Да","уп.",88,"28755,75",2530506]
["B01AE07","тромбина ингибитор прямой","Дабигатрана этексилат","Прадакса капс 110mg №180","Бюджет","Да","уп",1,"11894,54","11894,54"]
["B01AE07","тромбина ингибитор прямой","Дабигатрана этексилат","Прадакса капс 110mg №180","ОМС","Да","уп",14,"11894,54","166523,56"]
["B01AE07","тромбина ингибитор прямой","Дабигатрана этексилат","Прадакса капс 110mg №180","ПЛАТ","Да","уп",5,"11894,54","59472,7"]
["B01AE07","тромбина ингибитор прямой","Дабигатрана этексилат","Прадакса капс 150mg №180","Бюджет","Да","уп",1,"11837,5","11837,5"]
["B01AE07","тромбина ингибитор прямой","Дабигатрана этексилат","Прадакса капс 150mg №180","ОМС","Да","уп",21,"11837,5","248587,5"]
["B01AE07","тромбина ингибитор прямой","Дабигатрана этексилат","Прадакса капс 150mg №180","ПЛАТ","Да","уп",1,"11837,5","11837,5"]
["B01AF01","прямые ингибиторы фактора Ха","Ривароксабан","Ксарелто табл п/п/о 10mg №100","Бюджет","Да","уп",18,"10161,4","182905,2"]
["B01AF01","прямые ингибиторы фактора Ха","Ривароксабан","Ксарелто табл п/п/о 10mg №100","ОМС","Да","уп",30,"10161,4",304842]
["B01AF01","прямые ингибиторы фактора Ха","Ривароксабан","Ксарелто табл п/п/о 15mg №100","Бюджет","Да","уп",1,12540,12540]
["B01AF01","прямые ингибиторы фактора Ха","Ривароксабан","Ксарелто табл п/п/о 15mg №100","ОМС","Да","уп",32,12540,401280]
["B01AF01","прямые ингибиторы фактора Ха","Ривароксабан","Ксарелто табл п/п/о 15mg №100","ПЛАТ","Да","уп",7,12540,87780]
["B01AF01","прямые ингибиторы фактора Ха","Ривароксабан","Ксарелто табл п/п/о 20mg №100","Бюджет","Да","уп",1,12540,12540]
["B01AF01","прямые ингибиторы фактора Ха","Ривароксабан","Ксарелто табл п/п/о 20mg №100","ОМС","Да","уп",42,12540,526680]
["B01AF01","прямые ингибиторы фактора Ха","Ривароксабан","Ксарелто табл п/п/о 20mg №100","ПЛАТ","Да","уп",2,12540,25080]
["B01AF02","антикоагулянтное средство прямого действия","Апиксабан","Эликвис табл 5mg №20","Бюджет","Да","уп",20,"846,7",16934]
["B01AF02","антикоагулянтное средство прямого действия","Апиксабан","Эликвис табл 5mg №20","ОМС","Да","уп",344,"846,7","291264,8"]
["B01AF02","антикоагулянтное средство прямого действия","Апиксабан","Эликвис табл 5mg №20","ПЛАТ","Да","уп",26,"846,7","22014,2"]
["B01AF02","антикоагулянтное средство прямого действия","Апиксабан","Эликвис табл п/п/о 2,5mg №20","ОМС","Да","уп",215,"848,65","182459,75"]
["B01AF02","антикоагулянтное средство прямого действия","Апиксабан","Эликвис табл п/п/о 2,5mg №20","ПЛАТ","Да","уп",30,"848,65","25459,5"]
["B01AF02","антикоагулянтное средство прямого действия","Апиксабан","Эликвис табл п/п/о 5mg №60","ПЛАТ","Да","уп",7,"2540,6","17784,2"]
["B01AX05","антитромботическое средство","Фондапаринукс натрия","Арикстра раствор для в/в и п/к  вв 2,5mg/0,5ml 0,5ml №10","ОМС","Нет","уп",105,"7677,25","806111,25"]
["B01AX05","антитромботическое средство","Фондапаринукс натрия","Арикстра раствор для в/в и п/к  вв 2,5mg/0,5ml 0,5ml №10","ПЛАТ","Нет","уп",6,"7677,25","46063,5"]
["B02Гемостатические препараты"]
["B02AA01","гемостатическое средство - ингибитор фибринолиза","Аминокапроновая кислота","Аминокапроновая кислота  раствор для инфузий 50mg/ml 100ml №1","Бюджет","Да","уп.",50,{"v":49896,"d":"49,896"},"2494,8"]
["B02AA01","гемостатическое средство - ингибитор фибринолиза","Аминокапроновая кислота","Аминокапроновая кислота  раствор для инфузий 50mg/ml 100ml №1","ОМС","Да","уп.",800,{"v":49896,"d":"49,896"},"39916,8"]
["B02AA01","гемостатическое средство - ингибитор фибринолиза","Аминокапроновая кислота","Аминокапроновая кислота  раствор для инфузий 50mg/ml 100ml №1","ПЛАТ","Да","уп.",15,{"v":49896,"d":"49,896"},"748,44"]
["B02AA02","гемостатическое средство - ингибитор фибринолиза","Транексамовая кислота","Транексамовая кислота  раствор для в/в  вв 50mg/ml 5ml №10","Бюджет","Да","уп",30,1254,37620]
["B02AA02","гемостатическое средство - ингибитор фибринолиза","Транексамовая кислота","Транексамовая кислота  раствор для в/в  вв 50mg/ml 5ml №10","ОМС","Да","уп",122,1254,152988]
["B02AA02","гемостатическое средство - ингибитор фибринолиза","Транексамовая кислота","Транексамовая кислота  раствор для в/в  вв 50mg/ml 5ml №10","ПЛАТ","Да","уп",15,1254,18810]
["B02AA02","гемостатическое средство - ингибитор фибринолиза","Транексамовая кислота ","Траксара раствор для в/в  вв 50 mg/ml 5ml №10","Бюджет","Да","уп",24,"1462,41","35097,84"]
["B02AA02","гемостатическое средство - ингибитор фибринолиза","Транексамовая кислота ","Траксара раствор для в/в  вв 50 mg/ml 5ml №10","ОМС","Да","уп",136,"1462,41","198887,76"]
["B02AA02","гемостатическое средство - ингибитор фибринолиза","Транексамовая кислота ","Траксара раствор для в/в  вв 50 mg/ml 5ml №10","ПЛАТ","Да","уп",8,"1462,41","11699,28"]
["B02AA02","гемостатическое средство - ингибитор фибринолиза","Транексамовая кислота ","Транексам табл п/п/о 250mg №30","ОМС","Да","уп",7,"566,3","3964,1"]
["B02AA02","гемостатическое средство - ингибитор фибринолиза","Транексамовая кислота ","Транексам табл п/п/о 250mg №30","ПЛАТ","Да","уп",1,"566,3","566,3"]
["B02AB01","протеолиза ингибитор","Апротинин","Гордокс раствор для в/в  вв 10000 КИЕ/ml 10ml №25","Бюджет","Да","уп",11,"5378,31","59161,41"]
["B02AB01","протеолиза ингибитор","Апротинин","Гордокс раствор для в/в  вв 10000 КИЕ/ml 10ml №25","ОМС","Да","уп",22,"5378,31","118322,82"]
["B02AB01","протеолиза ингибитор","Апротинин","Гордокс раствор для в/в  вв 10000 КИЕ/ml 10ml №25","ПЛАТ","Да","уп",1,"5378,31","5378,31"]
["B02BA02","витамина K аналог синтетический","Менадиона натрия бисульфит","Викасол амп 10mg/ml 1ml №10","ОМС","Да","уп",166,"74,87","12428,42"]
["B02BA02","витамина K аналог синтетический","Менадиона натрия бисульфит","Викасол амп 10mg/ml 1ml №10","ПЛАТ","Да","уп",4,"74,87","299,48"]
["B02BC09","альфа- и бета-адреномиметик","Эпинефрин","Адреналин  раствор для инъекций 1mg/ml 1ml №5","Бюджет","Да","уп",26,"79,44","2065,44"]
["B02BC09","альфа- и бета-адреномиметик","Эпинефрин","Адреналин  раствор для инъекций 1mg/ml 1ml №5","ОМС","Да","уп",2066,"79,44","164123,04"]
["B02BC09","альфа- и бета-адреномиметик","Эпинефрин","Адреналин  раствор для инъекций 1mg/ml 1ml №5","ПЛАТ","Да","уп",13,"79,44","1032,72"]
["B02BC09","альфа- и бета-адреномиметик","Эпинефрин","Адреналин  раствор для инъекций 1mg/ml 1ml №5","Ф.кв. ОРТО","Да","уп",1,"79,44","79,44"]
["B02BX01","гемостатическое средство","Этамзилат","Этамзилат-Ферейн раствор для инъекций 125mg/ml 2ml №10","Бюджет","Да","уп",100,"63,47",6347]
["B02BX01","гемостатическое средство","Этамзилат","Этамзилат-Ферейн раствор для инъекций 125mg/ml 2ml №10","ОМС","Да","уп",1456,"63,47","92412,32"]
["B02BX01","гемостатическое средство","Этамзилат","Этамзилат-Ферейн раствор для инъекций 125mg/ml 2ml №10","ПЛАТ","Да","уп",1,"63,47","63,47"]
["B02BX01","гемостатическое средство","Этамзилат","Этамзилат-Эском раствор д/инъекций и наруж прим 125mg/ml 2ml №10","Бюджет","Да","уп",50,"25,67","1283,5"]
["B02BX01","гемостатическое средство","Этамзилат","Этамзилат-Эском раствор д/инъекций и наруж прим 125mg/ml 2ml №10","ОМС","Да","уп",570,"25,67","14631,9"]
["B02BX01","гемостатическое средство","Этамзилат","Этамзилат-Эском раствор д/инъекций и наруж прим 125mg/ml 2ml №10","ПЛАТ","Да","уп",5,"25,67","128,35"]
["B03A","железа препарат","Железа [III] гидроксид декстран","Феррум Лек раствор для в/м вв 50mg/ml 2ml №50","ОМС","Нет","уп",5,"10939,54","54697,7"]
["B03A","железа препарат","Железа [III] гидроксид декстран","Феррум Лек раствор для в/м вв 50mg/ml 2ml №50","ПЛАТ","Нет","уп","1,4","10939,54",{"v":15315356,"d":"15,315,356"}]
["B03A","железа препарат","Железа [III] гидроксид декстран","Феррум Лек табл жеват 100mg №30","Бюджет","Да","уп",3,"291,08","873,24"]
["B03A","железа препарат","Железа [III] гидроксид декстран","Феррум Лек табл жеват 100mg №30","ОМС","Да","уп",105,"291,08","30563,4"]
["B03A","железа препарат","Железа [III] гидроксид декстран","Феррум Лек табл жеват 100mg №30","ПЛАТ","Да","уп",13,"291,08","3784,04"]
["B03AC","железа препарат","Железа [III] гидроксид сахарозный комплекс","Венофер раствор для в/в  вв 20mg/ml 5ml №5","Бюджет","Да","уп",2,"4293,43","8586,86"]
["B03AC","железа препарат","Железа [III] гидроксид сахарозный комплекс","Венофер раствор для в/в  вв 20mg/ml 5ml №5","ОМС","Да","уп",39,"4293,43","167443,77"]
["B03AC","железа препарат","Железа [III] гидроксид сахарозный комплекс","Венофер раствор для в/в  вв 20mg/ml 5ml №5","ПЛАТ","Да","уп",57,"4293,43","244725,51"]
["B03AC","железа препарат","Железа [III] гидроксид сахарозный комплекс","Железа [III] гидроксид сахарозный комплекс раствор для в/в  вв 20mg/ml 5ml №5","Бюджет","Да","уп",8,"3572,13","28577,04"]
["B03AC","железа препарат","Железа [III] гидроксид сахарозный комплекс","Железа [III] гидроксид сахарозный комплекс раствор для в/в  вв 20mg/ml 5ml №5","ОМС","Да","уп",213,"3572,13","760863,69"]
["B03AC","железа препарат","Железа [III] гидроксид сахарозный комплекс","Железа [III] гидроксид сахарозный комплекс раствор для в/в  вв 20mg/ml 5ml №5","ПЛАТ","Да","уп",33,"3572,13","117880,29"]
["B03AE03","железа препарат+витамин","Железа сульфат+Аскорбиновая кислота","Сорбифер Дурулес табл п/о №50","ОМС","Нет","уп",262,"532,84","140300,58"]
["B03AE03","железа препарат+витамин","Железа сульфат+Аскорбиновая кислота","Сорбифер Дурулес табл п/о №50","ПЛАТ","Нет","уп",34,"532,84","18144,42"]
["B03BA01","витамин","Цианокобаламин","Цианокобаламин раствор для инъекций 0,5mg/ml 1ml №10","Бюджет","Да","уп",5,"27,93","139,65"]
["B03BA01","витамин","Цианокобаламин","Цианокобаламин раствор для инъекций 0,5mg/ml 1ml №10","ОМС","Да","уп",1224,"27,93","34186,32"]
["B03BA01","витамин","Цианокобаламин","Цианокобаламин раствор для инъекций 0,5mg/ml 1ml №10","ПЛАТ","Да","уп",35,"27,93","977,55"]
["B03BB01","витамин","Фолиевая кислота","9 месяцев Фолиевая кислота табл п/п/о 400mkg №30","ОМС","Да","уп",5,"115,29","576,45"]
["B03BB01","витамин","Фолиевая кислота","Фолиевая кислота табл 1mg №50","ОМС","Да","уп",114,"31,65","3608,1"]
["B03BB01","витамин","Фолиевая кислота","Фолиевая кислота табл 1mg №50","ПЛАТ","Да","уп",10,"31,65","316,5"]
["B05AA01","плазмозамещающее средство","Альбумин человека","Альбумин раствор для инфузий 20% 50ml №1","Бюджет","Да","уп",10,1881,18810]
["B05AA01","плазмозамещающее средство","Альбумин человека","Альбумин раствор для инфузий 20% 50ml №1","ОМС","Да","уп",607,1881,1141767]
["B05AA01","плазмозамещающее средство","Альбумин человека","Альбумин раствор для инфузий 20% 50ml №1","ПЛАТ","Да","уп",31,1881,58311]
["В05АА06","плазмозамещающее средство","Желатин","Гелофузин раствор для инфузий 4% 500мл №10","Бюджет","Да","уп",37,"2337,19","86476,03"]
["В05АА06","плазмозамещающее средство","Желатин","Гелофузин раствор для инфузий 4% 500мл №10","ОМС","Да","уп",134,"2337,19","313183,46"]
["В05АА06","плазмозамещающее средство","Желатин","Гелофузин раствор для инфузий 4% 500мл №10","ПЛАТ","Да","уп",1,"2337,19","2337,19"]
["B05AA07","плазмозамещающее средство","~","Волюлайт раствор для инфузий 500ml №20","Бюджет","Да",null,1,"12489,84","12489,84"]
["B05AA07","плазмозамещающее средство","~","Волюлайт раствор для инфузий 500ml №20","ОМС","Да",null,7,"12489,84","87428,88"]
["B05AA07","плазмозамещающее средство","Гидроксиэтилкрахмал","Венофундин раствор для инфузий 6% 500ml №10","Бюджет","Да","уп",14,"4078,34","57096,76"]
["B05AA07","плазмозамещающее средство","Гидроксиэтилкрахмал","Венофундин раствор для инфузий 6% 500ml №10","ОМС","Да","уп",13,"4078,34","53018,42"]
["B05AA07","плазмозамещающее средство","Гидроксиэтилкрахмал","Венофундин раствор для инфузий 6% 500ml №10","ПЛАТ","Да","уп",1,"4078,34","4078,34"]
["B05AA07","плазмозамещающее средство","Гидроксиэтилкрахмал","Волювен раствор для инфузий 6% 500ml №10","Бюджет","Да","уп",38,"4378,91","166398,58"]
["B05AA07","плазмозамещающее средство","Гидроксиэтилкрахмал","Волювен раствор для инфузий 6% 500ml №10","ОМС","Да","уп",60,"4378,91","262734,6"]
["B05AA07","плазмозамещающее средство","Гидроксиэтилкрахмал","Тетраспан 6 раствор для инфузий 500ml №10","Бюджет","Да","уп",14,"4715,11","66011,54"]
["B05AA07","плазмозамещающее средство","Гидроксиэтилкрахмал","Тетраспан 6 раствор для инфузий 500ml №10","ОМС","Да","уп",15,"4715,11","70726,65"]
["B05BA01","питания парентерального средство - аминокислоты","Аминокислоты для парентерального питания + Прочие препараты ","Аминосол-Нео Е  раствор для инфузий 10% 500ml","ОМС","Да","уп",5,"330,91","1654,55"]
["B05BA01","питания парентерального средство - аминокислоты","Аминокислоты для парентерального питания + Прочие препараты ","Аминосол-Нео Е  раствор для инфузий 10% 500ml","ПЛАТ","Да","уп",20,"330,91","6618,2"]
["B05BA01","питания парентерального средство - аминокислоты","Аминокислоты для парентерального питания + Прочие препараты [Минералы] ","Аминоплазмаль Б. Браун Е 10  раствор для инфузий 500ml №10","ОМС","Да","уп",70,"4691,81","328426,7"]
["B05BA01","питания парентерального средство - аминокислоты","Аминокислоты для парентерального питания + Прочие препараты [Минералы] ","Аминоплазмаль Б. Браун Е 10  раствор для инфузий 500ml №10","ПЛАТ","Да","уп",1,"4691,81","4691,81"]
["B05BA02","питания парентерального средство","Аминокислоты для парентерального питания + Прочие препараты [Жировые эмульсии для парентерального питания + Декстроза + Минералы","Кабивен центральный эмульсия для инфузий 1540ml №4","Бюджет","Да","уп",1,"5702,82","5702,82"]
["B05BA02","питания парентерального средство","Аминокислоты для парентерального питания + Прочие препараты [Жировые эмульсии для парентерального питания + Декстроза + Минералы","Кабивен центральный эмульсия для инфузий 1540ml №4","ОМС","Да","уп",1,"5702,82","5702,82"]
["B05BA02","питания парентерального средство","Аминокислоты для парентерального питания + Прочие препараты [Жировые эмульсии для парентерального питания + Декстроза + Минералы]","Кабивен периферический эмульсия для инфузий 1920ml №4","ОМС","Да","уп",1,"6353,26","6353,26"]
["В05ВА03","питания углеводного средство","Декстроза","Глюкоза-СОЛОфарм раствор для инфузий 10% 500ml №1","ОМС","Да","уп",120,"55,99","6718,8"]
["B05BA03","питания углеводного средство","Декстроза","Глюкоза раствор для в/в  вв 400mg/ml 10ml №10","Бюджет","Да","уп",3,"44,71","134,13"]
["B05BA03","питания углеводного средство","Декстроза","Глюкоза раствор для в/в  вв 400mg/ml 10ml №10","ОМС","Да","уп",280,"44,71","12518,8"]
["B05BA03","питания углеводного средство","Декстроза","Глюкоза раствор для инфузий 20% 500ml №12","ОМС","Да","уп",3,"699,54","2098,62"]
["B05BA03","питания углеводного средство","Декстроза","Глюкоза раствор для инфузий 5% 250ml №10","Бюджет","Да","уп",30,"521,15","15634,5"]
["B05BA03","питания углеводного средство","Декстроза","Глюкоза раствор для инфузий 5% 250ml №10","ОМС","Да","уп",1725,"521,15","898983,75"]
["B05BA03","питания углеводного средство","Декстроза","Глюкоза раствор для инфузий 5% 250ml №10","ПЛАТ","Да","уп",3,"521,15","1563,45"]
["B05BA03","питания углеводного средство","Декстроза","Глюкоза раствор для инфузий 5% 500ml №10","Бюджет","Да","уп",1,"344,88","344,88"]
["B05BA03","питания углеводного средство","Декстроза","Глюкоза раствор для инфузий 5% 500ml №10","ОМС","Да","уп",997,"344,88","343845,36"]
["B05BA03","питания углеводного средство","Декстроза","Глюкоза раствор для инфузий 5% 500ml №10","ПЛАТ","Да","уп",7,"344,88","2414,16"]
["B05BA04","питания парентерального средство - аминокислоты","Аминокислоты для парентерального питания ","Гепасол-Нео  раствор для инфузий  8% 500ml №1","ОМС","Да","уп",10,"331,98","3319,8"]
["B05BA04","питания парентерального средство - аминокислоты","Аминокислоты для парентерального питания ","Гепасол-Нео  раствор для инфузий  8% 500ml №1","ПЛАТ","Да","уп",10,"331,98","3319,8"]
["B05BA10","питания парентерального средство","Аминокислоты для парентерального питания + Прочие препараты [Декстроза + Минералы","Нутрифлекс липид эмульсия для инфузий 48/150 1250ml №5","ОМС","Да","уп.",10,"8222,6",82226]
["B05BA10","питания парентерального средство","Аминокислоты для парентерального питания + Прочие препараты [Жировые эмульсии для парентерального питания + Декстроза + Минералы","Оликлиномель N4-550 Е  эмульсия для инфузий 1500ml №4","ОМС","Да","уп.",6,"6352,06","38112,36"]
["B05BB","Растворы влияющие на водно-электролитный баланс","Меглюмина натрия сукцинат","Реамберин раствор для инфузий 1,5% 400ml №1","ПЛАТ","Да","уп",20,"221,07","4421,4"]
["B05BB","Растворы влияющие на водно-электролитный баланс","Меглюмина натрия сукцинат","Реамберин раствор для инфузий 1,5% 500ml №20","Бюджет","Да","уп",210,"3469,06","728502,6"]
["B05BB","Растворы влияющие на водно-электролитный баланс","Меглюмина натрия сукцинат","Реамберин раствор для инфузий 1,5% 500ml №20","ОМС","Да","уп",151,"3469,06","523828,06"]
["B05BB","Растворы влияющие на водно-электролитный баланс","Меглюмина натрия сукцинат","Реамберин раствор для инфузий 1,5% 500ml №20","ПЛАТ","Да","уп",20,"3469,06","69381,2"]
["B05BB01","регидратирующее средство","Калия хлорид+Кальция хлорид+Натрия хлорид","Рингер раствор для инфузий 500ml №10","Бюджет","Да","уп",45,"399,71","17986,95"]
["B05BB01","регидратирующее средство","Калия хлорид+Кальция хлорид+Натрия хлорид","Рингер раствор для инфузий 500ml №10","ОМС","Да","уп",225,"399,71","89934,75"]
["B05BB01","регидратирующее средство","Калия хлорид+Кальция хлорид+Натрия хлорид","Рингер раствор для инфузий 500ml №10","ПЛАТ","Да","уп",11,"399,71","4396,81"]
["B05BB01","регидратирующее средство","Калия хлорид+Магния хлорид+Натрия хлорид+Натрия фумарат","Мафусол раствор для инфузий 500ml","ОМС","Нет","уп",530,"208,8",110664]
["B05BB01","регидратирующее средство","Калия хлорид+Магния хлорид+Натрия хлорид+Натрия фумарат","Мафусол раствор для инфузий 500ml","ПЛАТ","Нет","уп",10,"208,8",2088]
["B05BB01","регидратирующее средство","Натрия ацетат+Натрия хлорид+Калия хлорид","Ацесоль раствор для инфузий 400ml №12","ОМС","Да","уп",413,"418,81","172968,53"]
["B05BB01","регидратирующее средство","Натрия ацетат+Натрия хлорид+Калия хлорид","Ацесоль раствор для инфузий 400ml №12","ПЛАТ","Да","уп",5,"418,81","2094,05"]
["B05BB01","регидратирующее средство","Стерофундин изотонический","Стерофундин изотонический раствор для инфузий 1000ml №10","Бюджет","Да","уп",26,"1379,4","35864,4"]
["B05BB01","регидратирующее средство","Стерофундин изотонический","Стерофундин изотонический раствор для инфузий 1000ml №10","ОМС","Да","уп",300,"1379,4",413820]
["B05BB01","регидратирующее средство","Стерофундин изотонический","Стерофундин изотонический раствор для инфузий 500ml №10","Бюджет","Да","уп",22,"971,22","21366,84"]
["B05BB01","регидратирующее средство","Стерофундин изотонический","Стерофундин изотонический раствор для инфузий 500ml №10","ОМС","Да","уп",400,"971,22",388488]
["B05BB01","регидратирующее средство","Стерофундин изотонический","Стерофундин изотонический раствор для инфузий 500ml №10","ПЛАТ","Да","уп",91,"971,22","88381,02"]
["B05BB01","электролитов баланс восстанавливающее средство","Калия хлорид + Магния хлорид + Натрия ацетат + Натрия глюконат + Натрия хлорид","Плазма-Лит 148 Водный Раствор раствор для инфузий 1000ml №10","Бюджет","Нет","уп",10,"2694,61","26946,1"]
["B05BB01","электролитов баланс восстанавливающее средство","Калия хлорид + Магния хлорид + Натрия ацетат + Натрия глюконат + Натрия хлорид","Плазма-Лит 148 Водный Раствор раствор для инфузий 1000ml №10","ОМС","Нет","уп",40,"2694,61","107784,4"]
["B05BC01","регидратирующее средство","Маннитол","Маннит раствор для инфузий 150mg/ml 400ml №1","Бюджет","Да","уп",50,"150,96",7548]
["B05BC01","регидратирующее средство","Маннитол","Маннит раствор для инфузий 150mg/ml 400ml №1","ОМС","Да","уп",90,"150,96","13586,4"]
["B05CB01","регидратирующее средство","Натрия хлорид","Натрия хлорид раствор для инфузий 0,9% 250ml","Бюджет","Да","уп",350,"52,8",18480]
["B05CB01","регидратирующее средство","Натрия хлорид","Натрия хлорид раствор для инфузий 0,9% 250ml","ОМС","Да","уп",29487,"52,8","1556913,6"]
["B05CB01","регидратирующее средство","Натрия хлорид","Натрия хлорид раствор для инфузий 0,9% 250ml №10","Б.Опк","Да","уп",20,"430,1",8602]
["B05CB01","регидратирующее средство","Натрия хлорид","Натрия хлорид раствор для инфузий 0,9% 250ml №10","Бюджет","Да","уп",326,"430,1","140212,6"]
["B05CB01","регидратирующее средство","Натрия хлорид","Натрия хлорид раствор для инфузий 0,9% 250ml №10","ОМС","Да","уп",14103,"430,1","6065700,3"]
["B05CB01","регидратирующее средство","Натрия хлорид","Натрия хлорид раствор для инфузий 0,9% 250ml №10","ПЛАТ","Да","уп",640,"430,1",275264]
["B05CB01","регидратирующее средство","Натрия хлорид","Натрия хлорид раствор для инфузий 0,9% 500ml","Б.Опк","Да","уп",1000,{"v":62491,"d":"62,491"},62491]
["B05CB01","регидратирующее средство","Натрия хлорид","Натрия хлорид раствор для инфузий 0,9% 500ml","Бюджет","Да","уп",300,{"v":62491,"d":"62,491"},"18747,3"]
["B05CB01","регидратирующее средство","Натрия хлорид","Натрия хлорид раствор для инфузий 0,9% 500ml","ОМС","Да","уп",29752,{"v":62491,"d":"62,491"},{"v":1859232232,"d":"1,859,232,232"}]
["B05CB01","регидратирующее средство","Натрия хлорид","Натрия хлорид раствор для инфузий 0,9% 500ml №10","Бюджет","Да","уп",346,"342,28","118428,88"]
["B05CB01","регидратирующее средство","Натрия хлорид","Натрия хлорид раствор для инфузий 0,9% 500ml №10","ОМС","Да","уп",5746,"342,28","1966740,88"]
["B05CB01","регидратирующее средство","Натрия хлорид","Натрия хлорид раствор для инфузий 0,9% 500ml №10","ПЛАТ","Да","уп",255,"342,28","87281,4"]
["В05СВ01","регидратирующее средство","Натрия хлорид","Натрия хлорид-СОЛОфарм  раствор для инфузий 0,9% 100ml №36","ОМС","Да","уп",6,"1130,4","6782,4"]
["В05СВ01","регидратирующее средство","Натрия хлорид","Натрия хлорид-СОЛОфарм  раствор для инфузий 0,9% 250ml №1","ОМС","Да","уп",2500,"53,76",134400]
["В05СВ01","регидратирующее средство","Натрия хлорид","Натрия хлорид-СОЛОфарм  раствор для инфузий 0,9% 500ml №1","ОМС","Да","уп",1000,"68,74",68740]
["B05CB04","антиацидемическое средство","Натрия гидрокарбонат","Натрия гидрокарбонат раствор для инфузий 5% 200ml №1","Бюджет","Да","бутылка",122,"33,19","4049,18"]
["B05CB04","антиацидемическое средство","Натрия гидрокарбонат","Натрия гидрокарбонат раствор для инфузий 5% 200ml №1","ОМС","Да","бутылка",1847,"33,19","61301,93"]
["B05CB04","антиацидемическое средство","Натрия гидрокарбонат","Натрия гидрокарбонат раствор для инфузий 5% 200ml №1","ПЛАТ","Да","бутылка",50,"33,19","1659,5"]
["B05CB04","антиацидемическое средство","Натрия гидрокарбонат","Натрия гидрокарбонат-Эском раствор для инфузий 5% 200ml №1","ПЛАТ","Да","фл",50,"31,5",1575]
["B05XA05","вазодилатирующее средство","Магния сульфат","Магния сульфат раствор для в/в  вв 250mg/ml 10ml №10","Бюджет","Да","уп",108,"46,31","5001,48"]
["B05XA05","вазодилатирующее средство","Магния сульфат","Магния сульфат раствор для в/в  вв 250mg/ml 10ml №10","ОМС","Да","уп",4888,"46,31","226363,28"]
["B05XA05","вазодилатирующее средство","Магния сульфат","Магния сульфат раствор для в/в  вв 250mg/ml 10ml №10","ПЛАТ","Да","уп",275,"46,31","12735,25"]
["B05XA07","кальциево-фосфорного обмена регулятор","Кальция хлорид","Кальция хлорид раствор для в/в  вв 100mg/ml 10ml №10","Б.Опк","Нет","уп",2,"55,5",111]
["B05XA07","кальциево-фосфорного обмена регулятор","Кальция хлорид","Кальция хлорид раствор для в/в  вв 100mg/ml 10ml №10","ОМС","Нет","уп",435,"55,5","24142,5"]
["B05XA07","кальциево-фосфорного обмена регулятор","Кальция хлорид","Кальция хлорид раствор для в/в  вв 100mg/ml 10ml №10","ПЛАТ","Нет","уп",3,"55,5","166,5"]
["B05XA16","кардиоплегическое средство","~","Кустодиол раствор для внутрикоронарных перфузий  1000ml","Бюджет","Нет","уп",100,15207,1520700]
["B05XA16","кардиоплегическое средство","~","Кустодиол раствор для внутрикоронарных перфузий  1000ml","ОМС","Нет","уп",100,15207,1520700]
["В06АВ","репарации тканей стимулятор","Депротеинизированный гемодериват крови телят","Актовегин раствор для инъекций 40mg/ml 5ml №5","ОМС","Нет","уп",380,"623,73","236868,2"]
["В06АВ","репарации тканей стимулятор","Депротеинизированный гемодериват крови телят","Актовегин раствор для инъекций 40mg/ml 5ml №5","ПЛАТ","Нет","уп",253,"623,73","157717,9"]
["C01AA05","кардиотоническое средство - сердечный гликозид","Дигоксин","Дигоксин раствор для в/в  вв 0,025% 1 ml №10","Бюджет","Да","уп",2,"41,51","83,02"]
["C01AA05","кардиотоническое средство - сердечный гликозид","Дигоксин","Дигоксин раствор для в/в  вв 0,025% 1 ml №10","ОМС","Да","уп",212,"41,51","8800,12"]
["C01AA05","кардиотоническое средство - сердечный гликозид","Дигоксин","Дигоксин раствор для в/в  вв 0,025% 1 ml №10","ПЛАТ","Да","уп",10,"41,51","415,1"]
["C01AA05","кардиотоническое средство - сердечный гликозид","Дигоксин","Дигоксин табл 250mkg №30","Бюджет","Да","уп",5,"34,66","173,3"]
["C01AA05","кардиотоническое средство - сердечный гликозид","Дигоксин","Дигоксин табл 250mkg №30","ОМС","Да","уп",186,"34,66","6446,76"]
["C01AA05","кардиотоническое средство - сердечный гликозид","Дигоксин","Дигоксин табл 250mkg №30","ПЛАТ","Да","уп",10,"34,66","346,6"]
["C01BA02","антиаритмическое средство","Прокаинамид","Новокаинамид раствор для в/в и в/м вв 100mg/ml 5ml №10","ОМС","Да","уп",20,"185,51","3710,2"]
["С01ВС03","антиаритмическое средство","Пропафенон","Пропафенон  табл п/п/о 150mg №50","ОМС","Да","уп",22,"390,88","8599,36"]
["C01BD01","антиаритмическое средство","Амиодарон","Веро-Амиодарон раствор для в/в  вв 50mg/ml 3ml №5","ОМС","Да","уп.",90,"218,59","19673,1"]
["C01BD01","антиаритмическое средство","Амиодарон","Веро-Амиодарон раствор для в/в  вв 50mg/ml 3ml №5","ПЛАТ","Да","уп.",10,"218,59","2185,9"]
["С01BD01","антиаритмическое средство","Амиодарон","Амиодарон конц-т д/приг раствора для в/в вв 50mg/ml 3ml №10","Бюджет","Да","уп",40,"240,47","9618,8"]
["С01BD01","антиаритмическое средство","Амиодарон","Амиодарон конц-т д/приг раствора для в/в вв 50mg/ml 3ml №10","ОМС","Да","уп",1243,"240,47","298904,21"]
["С01BD01","антиаритмическое средство","Амиодарон","Амиодарон табл 200mg №30","Бюджет","Да","уп",30,"183,56","5506,8"]
["С01BD01","антиаритмическое средство","Амиодарон","Амиодарон табл 200mg №30","ОМС","Да","уп",440,"183,56","80766,4"]
["С01BD01","антиаритмическое средство","Амиодарон","Амиодарон табл 200mg №30","ПЛАТ","Да","уп",20,"183,56",3170]
["C01CA03","альфа- и бета-адреномиметик","Норэпинефрин","Норэпинефрин конц-т д/приг раствора для в/в вв 2mg/ml 4ml №10","Бюджет","Да","уп",12,{"v":11615802,"d":"11,615,802"},{"v":139389624,"d":"139,389,624"}]
["C01CA03","альфа- и бета-адреномиметик","Норэпинефрин","Норэпинефрин конц-т д/приг раствора для в/в вв 2mg/ml 4ml №10","ОМС","Да","уп",128,{"v":11615802,"d":"11,615,802"},{"v":1486822656,"d":"1,486,822,656"}]
["C01CA04","кардиотоническое средство негликозидной структуры","Допамин","Дофамин конц-т д/приг раствора для инфузий 40mg/ml 5ml №10","Бюджет","Да","уп",30,"278,3",8349]
["C01CA04","кардиотоническое средство негликозидной структуры","Допамин","Дофамин конц-т д/приг раствора для инфузий 40mg/ml 5ml №10","ОМС","Да","уп",465,"278,3","129409,5"]
["C01CA04","кардиотоническое средство негликозидной структуры","Допамин","Дофамин конц-т д/приг раствора для инфузий 5mg/ml 5ml №5","ОМС","Да","уп",150,"67,85","10177,5"]
["C01CA06","альфа-адреномиметик","Фенилэфрин","Мезатон раствор для инъекций 10mg/ml 1ml №10","Бюджет","Да","уп",76,"93,68","7119,68"]
["C01CA06","альфа-адреномиметик","Фенилэфрин","Мезатон раствор для инъекций 10mg/ml 1ml №10","ОМС","Да","уп",965,"93,68","90401,2"]
["C01CA06","альфа-адреномиметик","Фенилэфрин","Мезатон раствор для инъекций 10mg/ml 1ml №10","ПЛАТ","Да","уп",30,"93,68","2810,4"]
["C01CA06","альфа-адреномиметик","Фенилэфрин","Релиф супп рект 5mg №12","ПЛАТ","Нет","уп",15,"466,19","6992,85"]
["C01CA07","кардиотоническое средство негликозидной структуры","Добутамин","Добутамин Гексал лиоф-т д/пригот р-ра д/инф 250mg №1","Бюджет","Да","уп",40,"399,74","15989,6"]
["C01CA07","кардиотоническое средство негликозидной структуры","Добутамин","Добутамин Гексал лиоф-т д/пригот р-ра д/инф 250mg №1","ОМС","Да","уп",80,"399,74","31979,2"]
["C01CX08","кардиотоническое средство негликозидной структуры","Левосимендан","Симдакс концентрат для приготовления р-ра для инфузий 2,5mg/ml 5ml","Бюджет","Да","уп",5,"30983,61","154918,05"]
["C01CX08","кардиотоническое средство негликозидной структуры","Левосимендан","Симдакс концентрат для приготовления р-ра для инфузий 2,5mg/ml 5ml","ОМС","Да","уп",2,"30983,61","61967,22"]
["C01DA02","вазодилатирующее средство - нитрат","Нитроглицерин","Нитроглицерин конц-т д/приг раствора для инфузий 1mg/ml 10ml №10","Бюджет","Да","уп",30,"590,95","17728,5"]
["C01DA02","вазодилатирующее средство - нитрат","Нитроглицерин","Нитроглицерин конц-т д/приг раствора для инфузий 1mg/ml 10ml №10","ОМС","Да","уп",904,"590,95","534218,8"]
["C01DA02","вазодилатирующее средство - нитрат","Нитроглицерин","Нитроглицерин конц-т д/приг раствора для инфузий 1mg/ml 10ml №10","ПЛАТ","Да","уп",1,"590,95","590,95"]
["C01DA02","вазодилатирующее средство - нитрат","Нитроглицерин","Нитроспрей спрей сублинг доз 0,4mg/dosis 10ml 200dosis","Бюджет","Да","уп",12,"100,75",1209]
["C01DA02","вазодилатирующее средство - нитрат","Нитроглицерин","Нитроспрей спрей сублинг доз 0,4mg/dosis 10ml 200dosis","ОМС","Да","уп",200,"100,75",20150]
["C01DA02","вазодилатирующее средство - нитрат","Нитроглицерин","Нитроспрей спрей сублинг доз 0,4mg/dosis 10ml 200dosis","ПЛАТ","Да","уп",7,"100,75","705,25"]
["С01DА02","вазодилатирующее средство - нитрат","Нитроглицерин","Нитроглицерин табл сублинг 0,5mg №40","Б.Опк","Да","уп",2,"44,98","89,96"]
["С01DА02","вазодилатирующее средство - нитрат","Нитроглицерин","Нитроглицерин табл сублинг 0,5mg №40","ОМС","Да","уп",28,"44,98","1259,44"]
["C01DA08","вазодилатирующее средство - нитрат","Изосорбида динитрат","Изакардин конц-т д/приг раствора для инфузий 1mg/ml 10ml №10","ПЛАТ","Да","уп",1,"730,95","730,95"]
["С01DA08","вазодилатирующее средство - нитрат","Изосорбида динитрат","Кардикет  табл пролог п/п/о 20mg №20","ОМС","Да","уп",40,"58,89","2355,6"]
["С01DA08","вазодилатирующее средство - нитрат","Изосорбида динитрат","Кардикет  табл пролог п/п/о 20mg №20","ПЛАТ","Да","уп",2,"58,89","117,78"]
["С01DA08","вазодилатирующее средство - нитрат","Изосорбида динитрат","Кардикет  табл. пролонг. 60mg №20","ОМС","Да","уп",66,"131,3","8665,8"]
["С01DA08","вазодилатирующее средство - нитрат","Изосорбида динитрат","Кардикет  табл. пролонг. 60mg №20","ПЛАТ","Да","уп",2,"131,3","262,6"]
["C01DA08","вазодилатирующее средство - нитрат","Изосорбида динитрат","Нитросорбид табл 10mg №60","Бюджет","Да","уп",1,"27,72","27,72"]
["C01DA08","вазодилатирующее средство - нитрат","Изосорбида динитрат","Нитросорбид табл 10mg №60","ОМС","Да","уп",78,"27,72","2162,16"]
["C01DA14","вазодилатирующее средство - нитрат","Изосорбида мононитрат","Изосорбида мононитрат табл 20mg №30","ОМС","Да","уп",216,"70,46","15219,36"]
["C01DA14","вазодилатирующее средство - нитрат","Изосорбида мононитрат","Изосорбида мононитрат табл 20mg №30","ПЛАТ","Да","уп",2,"70,46","140,92"]
["С01DA14","вазодилатирующее средство - нитрат","Изосорбида мононитрат","Моночинкве ретард капс ретард 50mg №30","ОМС","Да","уп",17,"341,56","5806,52"]
["С01DA14","вазодилатирующее средство - нитрат","Изосорбида мононитрат","Моночинкве ретард капс ретард 50mg №30","ПЛАТ","Да","уп",5,"341,56","1707,8"]
["C01DA14","вазодилатирующее средство - нитрат","Изосорбида мононитрат","Эфокс 20 табл 20mg №50","Бюджет","Да","уп",5,124,620]
["C01DA14","вазодилатирующее средство - нитрат","Изосорбида мононитрат","Эфокс 20 табл 20mg №50","ОМС","Да","уп",48,124,5952]
["C01DA14","вазодилатирующее средство - нитрат","Изосорбида мононитрат","Эфокс 20 табл 20mg №50","ПЛАТ","Да","уп",3,124,372]
["C01EB","метаболическое средство","Инозин","Рибоксин раствор для в/в  вв 20mg/ml 10ml №10","ОМС","Нет","уп",613,"43,95","30576,05"]
["C01EB","метаболическое средство","Инозин","Рибоксин раствор для в/в  вв 20mg/ml 10ml №10","ПЛАТ","Нет","уп",18,"43,95","791,1"]
["C01EB","метаболическое средство","Трифосаденин","Натрия аденозинтрифосфат-Дарница раствор для в/в  вв 10mg/ml 1ml №10","ОМС","Нет","уп",42,"285,93","12009,06"]
["C01EB","метаболическое средство","Трифосаденин","Натрия аденозинтрифосфат-Дарница раствор для в/в  вв 10mg/ml 1ml №10","ПЛАТ","Нет","уп",11,"285,93","3145,23"]
["C01EB05","метаболическое средство","Фосфокреатин","Неотон лиоф.пор. д/приг р-ра д/инф 1g (+ agua pro inject 50ml) №4","ПЛАТ","Нет","уп",22,"5714,28","125714,16"]
["C01EB15","антигипоксантное средство","Триметазидин","Депренорм МВ табл пролонг п/п/о 35mg №60","ПЛАТ","Нет","уп",7,"368,34","2578,38"]
["C01EB17","антиангинальное средство","Ивабрадин","Ивабрадин Канон  табл п/п/о 5mg №56","ОМС","Да","уп",42,"978,92",{"v":4111467072,"d":"4,111,467,072"}]
["C01EB17","антиангинальное средство","Ивабрадин","Ивабрадин Канон  табл п/п/о 5mg №56","ПЛАТ","Да","уп",3,"978,92","2936,76"]
["C01EB17","антиангинальное средство","Ивабрадин","Ивабрадин Канон  табл п/п/о 7,5mg №56","ОМС","Да","уп",21,"1011,92","21250,32"]
["C01EB17","антиангинальное средство","Ивабрадин","Кораксан табл п/п/о 5mg №28","ОМС","Да","уп",45,"610,17","27457,65"]
["C01EB17","антиангинальное средство","Ивабрадин","Кораксан табл п/п/о 5mg №28","ПЛАТ","Да","уп",2,"610,17","1220,34"]
["C01EB17","антиангинальное средство","Ивабрадин","Кораксан табл п/п/о 7,5mg №28","ОМС","Да","уп",11,"605,63","6661,93"]
["C01EB17","антиангинальное средство","Ивабрадин","Кораксан табл п/п/о 7,5mg №28","ПЛАТ","Да","уп",5,"605,63","3028,15"]
["C01EB22","метаболическое средство","Мельдоний","Мельдоний раствор для парабульбарного и в/в вв 100mg/ml 5ml №10","ОМС","Да","уп",477,"291,32","138959,64"]
["C01EB22","метаболическое средство","Мельдоний","Мельдоний раствор для парабульбарного и в/в вв 100mg/ml 5ml №10","ПЛАТ","Да","уп",235,"291,32","68460,2"]
["C02AC01","гипотензивное средство центрального действия","Клонидин","Клофелин раствор для инъекций 0,1 mg/ml 1ml","ОМС","Да","амп",305,{"v":304524,"d":"304,524"},{"v":9287982,"d":"9,287,982"}]
["C02AC05","гипотензивное средство центрального действия","Моксонидин","Моксонидин Канон  табл п/п/о 0,2 mg №14","ОМС","Да","уп",120,"139,35",16722]
["C02AC05","гипотензивное средство центрального действия","Моксонидин","Моксонидин Канон  табл п/п/о 0,4 mg №14","ОМС","Да","уп",360,"255,47","91969,2"]
["C02AC05","гипотензивное средство центрального действия","Моксонидин","Моксонидин Канон  табл п/п/о 0,4 mg №14","ПЛАТ","Да","уп",3,"255,47","766,41"]
["C02AC05","гипотензивное средство центрального действия","Моксонидин","Моксонидин табл п/п/о 0,2 mg №14","Бюджет","Да","уп",10,"143,95","1439,5"]
["C02AC05","гипотензивное средство центрального действия","Моксонидин","Моксонидин табл п/п/о 0,2 mg №14","ОМС","Да","уп",170,"143,95","24471,5"]
["C02AC05","гипотензивное средство центрального действия","Моксонидин","Моксонидин табл п/п/о 0,2 mg №14","ПЛАТ","Да","уп",41,"143,95","5901,95"]
["C02AC05","гипотензивное средство центрального действия","Моксонидин","Моксонидин табл п/п/о 0,4 mg №14","Бюджет","Да","уп",10,"240,22","2402,2"]
["C02AC05","гипотензивное средство центрального действия","Моксонидин","Моксонидин табл п/п/о 0,4 mg №14","ОМС","Да","уп",345,"240,22","82875,9"]
["C02AC05","гипотензивное средство центрального действия","Моксонидин","Моксонидин табл п/п/о 0,4 mg №14","ПЛАТ","Да","уп",32,"240,22","7687,04"]
["C02BC","ганглиоблокатор","Азаметония бромид","Пентамин раствор для в/в и в/м вв 50mg/ml 1ml №10","ОМС","Нет","уп",517,"1800,91","931070,47"]
["C02CA04","альфа1-адреноблокатор","Доксазозин","Доксазозин табл 4mg №30","ОМС","Да","уп",16,"573,42","9174,72"]
["C02CA04","альфа1-адреноблокатор","Доксазозин","Доксазозин-ФПО табл 400mg №30","ПЛАТ","Да","уп",2,"269,58","539,16"]
["C02CA06","альфа-адреноблокатор","Урапидил","Эбрантил капс 30mg №30","ОМС","Да","уп",29,"249,92","7247,68"]
["C02CA06","альфа-адреноблокатор","Урапидил","Эбрантил раствор для в/в  вв 5mg/ml 10ml №5","Бюджет","Да","уп",5,"1019,59","5097,95"]
["C02CA06","альфа-адреноблокатор","Урапидил","Эбрантил раствор для в/в  вв 5mg/ml 10ml №5","ОМС","Да","уп",58,"1019,59","59136,22"]
["C03AA03","диуретическое средство","Гидрохлоротиазид","Гидрохлоротиазид табл 100mg №20","ОМС","Да","уп",15,"63,7","955,5"]
["C03AA03","диуретическое средство","Гидрохлоротиазид","Гидрохлоротиазид табл 25mg №20","Бюджет","Да","уп",10,"47,32","473,2"]
["C03AA03","диуретическое средство","Гидрохлоротиазид","Гидрохлоротиазид табл 25mg №20","ОМС","Да","уп",335,"47,32","15852,2"]
["C03AA03","диуретическое средство","Гидрохлоротиазид","Гидрохлоротиазид табл 25mg №20","ПЛАТ","Да","уп",5,"47,32","236,6"]
["C03BA11","диуретическое средство","Индапамид","Индапамид ретард табл пролонг п/п/о 1,5 mg №30","ОМС","Да","уп",719,"95,89","68944,91"]
["C03BA11","диуретическое средство","Индапамид","Индапамид ретард табл пролонг п/п/о 1,5 mg №30","ПЛАТ","Да","уп",19,"95,89","1821,91"]
["C03CA01","диуретическое средство","Фуросемид","Фуросемид раствор для инъекций 20mg/2ml 2ml №10","Б.Опк","Да","уп",2,"25,34","50,68"]
["C03CA01","диуретическое средство","Фуросемид","Фуросемид раствор для инъекций 20mg/2ml 2ml №10","Бюджет","Да","уп",30,"25,34","760,2"]
["C03CA01","диуретическое средство","Фуросемид","Фуросемид раствор для инъекций 20mg/2ml 2ml №10","ОМС","Да","уп",5632,"25,34","142714,88"]
["C03CA01","диуретическое средство","Фуросемид","Фуросемид раствор для инъекций 20mg/2ml 2ml №10","ПЛАТ","Да","уп",103,"25,34","2610,02"]
["C03CA01","диуретическое средство","Фуросемид","Фуросемид табл 40mg №50","Бюджет","Да","уп",5,"27,07","135,35"]
["C03CA01","диуретическое средство","Фуросемид","Фуросемид табл 40mg №50","ОМС","Да","уп",404,"27,07","10936,28"]
["C03CA01","диуретическое средство","Фуросемид","Фуросемид табл 40mg №50","ПЛАТ","Да","уп",5,"27,07","135,35"]
["C03CA04","диуретическое средство","Торасемид","Торасемид Канон табл 10mg №60","ОМС","Нет","уп",112,"543,9","60916,8"]
["C03CA04","диуретическое средство","Торасемид","Торасемид Канон табл 5mg №20","ОМС","Нет","уп",38,"148,74","5652,12"]
["C03CA04","диуретическое средство","Торасемид","Торасемид Канон табл 5mg №20","ПЛАТ","Нет","уп",10,"148,74","1487,4"]
["C03CA04","диуретическое средство","Торасемид","Торасемид-СЗ табл 10mg №60","ОМС","Нет","уп",182,"543,9","98989,8"]
["C03CA04","диуретическое средство","Торасемид","Торасемид-СЗ табл 10mg №60","ПЛАТ","Нет","уп",10,"543,9",5439]
["C03DA01","диуретическое калийсберегающее средство","Спиронолактон","Верошпирон капс 50mg № 30","Бюджет","Да","уп",100,"184,19",18419]
["C03DA01","диуретическое калийсберегающее средство","Спиронолактон","Верошпирон капс 50mg № 30","ОМС","Да","уп",387,"184,19","71281,53"]
["C03DA01","диуретическое калийсберегающее средство","Спиронолактон","Верошпирон капс 50mg № 30","ПЛАТ","Да","уп",20,"184,19","3683,8"]
["C03DA01","диуретическое калийсберегающее средство","Спиронолактон","Верошпирон табл 25mg №20","Бюджет","Да","уп",119,"77,86","9265,34"]
["C03DA01","диуретическое калийсберегающее средство","Спиронолактон","Верошпирон табл 25mg №20","ОМС","Да","уп",2204,"77,86","171603,44"]
["C03DA01","диуретическое калийсберегающее средство","Спиронолактон","Верошпирон табл 25mg №20","ПЛАТ","Да","уп",55,"77,86","4282,3"]
["С04АС01","витамин","Никотиновая кислота","Никотиновая кислота - СОЛОфарм раствор для инъекций 10mg/ml 1ml №10","Бюджет","Нет","уп",200,"44,4",8880]
["С04АС01","витамин","Никотиновая кислота","Никотиновая кислота - СОЛОфарм раствор для инъекций 10mg/ml 1ml №10","ОМС","Нет","уп",364,"44,4","16161,6"]
["С04АС01","витамин","Никотиновая кислота","Никотиновая кислота - СОЛОфарм раствор для инъекций 10mg/ml 1ml №10","ПЛАТ","Нет","уп",35,"44,4",1554]
["C04AC01","витамин","Никотиновая кислота","Никотиновая кислота раствор для инъекций 10mg/ml 1ml №10","ОМС","Нет","уп",56,"53,18","2978,08"]
["C04AD03","вазодилатирующее средство","Пентоксифиллин","Пентоксифиллин конц-т д/приг раствора для в/в и в/арт вв 20mg/ml 5ml №10","Бюджет","Да","уп",100,"40,82",4082]
["C04AD03","вазодилатирующее средство","Пентоксифиллин","Пентоксифиллин конц-т д/приг раствора для в/в и в/арт вв 20mg/ml 5ml №10","ОМС","Да","уп",874,"40,82","35676,68"]
["C04AD03","вазодилатирующее средство","Пентоксифиллин","Пентоксифиллин конц-т д/приг раствора для в/в и в/арт вв 20mg/ml 5ml №10","ПЛАТ","Да","уп",145,"40,82","5918,9"]
["C04AD03","вазодилатирующее средство","Пентоксифиллин","Пентоксифиллин табл п/к/р/о 100mg №60","ОМС","Нет","уп",170,"134,13","22802,1"]
["C04AX","вазодилатирующее средство","Бендазол","Дибазол раствор для в/в и в/м вв 10mg/ml 1ml №10","ОМС","Нет","уп",183,"33,33","6126,69"]
["C04AX","вазодилатирующее средство","Бендазол","Дибазол раствор для в/в и в/м вв 10mg/ml 1ml №10","ПЛАТ","Нет","уп",5,"33,33","176,4"]
["C05BA53","антикоагулянтное средство прямого действия для местного применения+прочие препараты","Гепарин натрия+Бензокаин+Бензилникотинат","Гепариновая мазь мазь д/наружн прим 25g №1","Бюджет","Нет","уп",5,"36,05","172,7"]
["C05BA53","антикоагулянтное средство прямого действия для местного применения+прочие препараты","Гепарин натрия+Бензокаин+Бензилникотинат","Гепариновая мазь мазь д/наружн прим 25g №1","ОМС","Нет","уп",190,"36,05","6792,12"]
["C05BA53","антикоагулянтное средство прямого действия для местного применения+прочие препараты","Гепарин натрия+Бензокаин+Бензилникотинат","Гепариновая мазь мазь д/наружн прим 25g №1","ПЛАТ","Нет","уп",34,"36,05","1195,5"]
["C05CA53","венотонизирующее и венопротекторное средство","Гесперидин+Диосмин","Венарус табл п/п/о 500mg №30","ОМС","Нет","уп",30,"409,03","12270,9"]
["C05CA53","венотонизирующее и венопротекторное средство","Гесперидин+Диосмин","Венарус табл п/п/о 500mg №30","ПЛАТ","Нет","уп",30,"409,03","12270,9"]
["С05СА53","венотонизирующее и венопротекторное средство","Очищенная микронизированная флавоноидная фракция (диосмин + флавоноиды в пересчете на гесперидин)","Детравенол табл п/п/о 500mg №30","ОМС","Нет","уп",7,"386,51","2705,57"]
["С05СА53","венотонизирующее и венопротекторное средство","Очищенная микронизированная флавоноидная фракция (диосмин + флавоноиды в пересчете на гесперидин)","Детравенол табл п/п/о 500mg №30","ПЛАТ","Нет","уп",4,"386,51","1546,04"]
["C05CX","антиоксидантное средство","Метилэтилпиридинол","Метилэтилпиридинол раствор для инъекций 10mg/ml 1ml №10","ОМС","Нет","уп",280,"45,02","12605,6"]
["C07AA05","бета-адреноблокатор","Пропранолол","Анаприлин табл 10mg №50","ОМС","Да","уп",56,"15,06","843,36"]
["C07AA05","бета-адреноблокатор","Пропранолол","Анаприлин табл 10mg №50","ПЛАТ","Да","уп",7,"15,06","105,42"]
["С07АА07","бета-адреноблокатор","Соталол","Соталол табл 160mg №20","Бюджет","Да","уп",30,"107,77","3233,1"]
["С07АА07","бета-адреноблокатор","Соталол","Соталол табл 160mg №20","ОМС","Да","уп",117,"107,77","12609,09"]
["С07АА07","бета-адреноблокатор","Соталол","Соталол табл 80mg №20","Бюджет","Да","уп",10,"65,52","655,2"]
["С07АА07","бета-адреноблокатор","Соталол","Соталол табл 80mg №20","ОМС","Да","уп",125,"65,52",8190]
["С07АА07","бета-адреноблокатор","Соталол","Соталол табл 80mg №20","ПЛАТ","Да","уп",5,"65,52","327,6"]
["С07АВ","бета1-адреноблокатор селективный","Атенолол","Атенолол табл п/п/о 50mg №30","Бюджет","Да","уп",5,"31,16","155,8"]
["С07АВ","бета1-адреноблокатор селективный","Атенолол","Атенолол табл п/п/о 50mg №30","ОМС","Да","уп",43,"31,16","1339,88"]
["С07АВ","бета1-адреноблокатор селективный","Атенолол","Атенолол табл п/п/о 50mg №30","ПЛАТ","Да","уп",5,"31,16","125,47"]
["C07AB02","бета1-адреноблокатор селективный","Метопролол","Беталок раствор для в/в  вв 1mg/ml 5ml №5","Бюджет","Да","уп",21,"834,28","17519,88"]
["C07AB02","бета1-адреноблокатор селективный","Метопролол","Беталок раствор для в/в  вв 1mg/ml 5ml №5","ОМС","Да","уп",83,"834,28","69245,24"]
["C07AB02","бета1-адреноблокатор селективный","Метопролол","Беталок раствор для в/в  вв 1mg/ml 5ml №5","ПЛАТ","Да","уп",1,"834,28","834,28"]
["С07АB02","бета1-адреноблокатор селективный","Метопролол","Метопролол раствор для в/в  вв 1mg/ml 5ml №5","ОМС","Да","уп",30,"123,93","3717,9"]
["С07АB02","бета1-адреноблокатор селективный","Метопролол","Метопролол табл 25mg №60","Бюджет","Да","уп",10,"91,08","910,8"]
["С07АB02","бета1-адреноблокатор селективный","Метопролол","Метопролол табл 25mg №60","ОМС","Да","уп",339,"91,08","30876,12"]
["С07АB02","бета1-адреноблокатор селективный","Метопролол","Метопролол табл 25mg №60","ПЛАТ","Да","уп",2,"91,08","182,16"]
["С07АB02","бета1-адреноблокатор селективный","Метопролол","Метопролол табл 50mg №30","Бюджет","Да","уп",20,"29,66","593,2"]
["С07АB02","бета1-адреноблокатор селективный","Метопролол","Метопролол табл 50mg №30","ОМС","Да","уп",961,"29,66","28503,26"]
["C07AB07","бета1-адреноблокатор селективный","Бисопролол","Бисопролол табл п/п/о 10mg  №30","Бюджет","Да","уп",10,"172,16","1721,6"]
["C07AB07","бета1-адреноблокатор селективный","Бисопролол","Бисопролол табл п/п/о 10mg  №30","ОМС","Да","уп",65,"172,16","11190,4"]
["C07AB07","бета1-адреноблокатор селективный","Бисопролол","Бисопролол табл п/п/о 10mg  №30","ПЛАТ","Да","уп",3,"172,16","516,48"]
["C07AB07","бета1-адреноблокатор селективный","Бисопролол","Бисопролол табл п/п/о 5mg №50","Бюджет","Да","уп",10,"135,25","1352,5"]
["C07AB07","бета1-адреноблокатор селективный","Бисопролол","Бисопролол табл п/п/о 5mg №50","ОМС","Да","уп",640,"135,25",86560]
["C07AB07","бета1-адреноблокатор селективный","Бисопролол","Бисопролол табл п/п/о 5mg №50","ПЛАТ","Да","уп",12,"135,25",1623]
["С07АВ07","бета1-адреноблокатор селективный","Бисопролол","Бисопролол-Прана табл п/п/о 10mg №30","ОМС","Да","уп",180,"163,94","29509,2"]
["С07АВ07","бета1-адреноблокатор селективный","Бисопролол","Бисопролол-Прана табл п/п/о 5mg №30","Бюджет","Да","уп",20,"95,63","1912,6"]
["С07АВ07","бета1-адреноблокатор селективный","Бисопролол","Бисопролол-Прана табл п/п/о 5mg №30","ОМС","Да","уп",580,"95,63","55465,4"]
["C07AB09","бета1-адреноблокатор селективный","Эсмолол","Бревиблок раствор для в/в  вв 10mg/ml 10ml №5","Бюджет","Нет","уп",4,"5026,84","20107,36"]
["C07AB09","бета1-адреноблокатор селективный","Эсмолол","Бревиблок раствор для в/в  вв 10mg/ml 10ml №5","ОМС","Нет","уп",6,"5026,84","30161,04"]
["C07AB12","бета1-адреноблокатор селективный","Небиволол","Небиволол табл 5mg №14","ОМС","Нет","уп",91,"186,71","16990,61"]
["C07AB12","бета1-адреноблокатор селективный","Небиволол","Небиволол табл 5mg №14","ПЛАТ","Нет","уп",55,"186,71","10269,05"]
["C07AG02","альфа- и бета-адреноблокатор","Карведилол","Карведилол табл 12,5mg №30","ОМС","Да","уп",33,"273,24","9016,92"]
["C07AG02","альфа- и бета-адреноблокатор","Карведилол","Карведилол табл 12,5mg №30","ПЛАТ","Да","уп",1,"273,24","273,24"]
["C07AG02","альфа- и бета-адреноблокатор","Карведилол","Карведилол табл 25mg №30","ОМС","Да","уп",30,"341,55","10246,5"]
["C08CA01","блокатор \"медленных\" кальциевых каналов","Амлодипин","Амлодипин-Прана  табл 10mg №90","Бюджет","Да","уп.",5,"390,39","1951,95"]
["C08CA01","блокатор \"медленных\" кальциевых каналов","Амлодипин","Амлодипин-Прана  табл 10mg №90","ОМС","Да","уп.",675,"390,39","263513,25"]
["C08CA01","блокатор \"медленных\" кальциевых каналов","Амлодипин","Амлодипин-Прана  табл 10mg №90","ПЛАТ","Да","уп.",24,"390,39","9369,36"]
["C08CA01","блокатор \"медленных\" кальциевых каналов","Амлодипин","Амлодипин-Прана  табл 5mg №90","Бюджет","Да","уп",12,"316,27","3795,24"]
["C08CA01","блокатор \"медленных\" кальциевых каналов","Амлодипин","Амлодипин-Прана  табл 5mg №90","ОМС","Да","уп",625,"316,27","197668,75"]
["C08CA01","блокатор \"медленных\" кальциевых каналов","Амлодипин","Амлодипин-Прана  табл 5mg №90","ПЛАТ","Да","уп",45,"316,27","14232,15"]
["C08CA05","блокатор \"медленных\" кальциевых каналов","Нифедипин","Кордафлекс табл пролонг п/п/о 20mg №60","Бюджет","Да","уп",6,"122,26","733,56"]
["C08CA05","блокатор \"медленных\" кальциевых каналов","Нифедипин","Кордафлекс табл пролонг п/п/о 20mg №60","ОМС","Да","уп",247,"122,26","30198,22"]
["C08CA05","блокатор \"медленных\" кальциевых каналов","Нифедипин","Кордафлекс табл пролонг п/п/о 20mg №60","ПЛАТ","Да","уп",8,"122,26","978,08"]
["С08CА05","блокатор \"медленных\" кальциевых каналов","Нифедипин","Нифедипин табл п/п/о 10mg №50","ОМС","Да","уп",400,"39,25",15700]
["C08CA05","блокатор \"медленных\" кальциевых каналов","Нифедипин","Нифекард ХЛ табл с модифиц. высвобождением п/п/о 30mg №30","ОМС","Да","уп",68,"187,82","12771,76"]
["C08CA05","блокатор \"медленных\" кальциевых каналов","Нифедипин","Нифекард ХЛ табл с модифиц. высвобождением п/п/о 30mg №30","ПЛАТ","Да","уп",5,"187,82","939,1"]
["C08CA06","блокатор \"медленных\" кальциевых каналов","Нимодипин","Нимопин раствор для инфузий 0,2mg/ml 50ml №1","Бюджет","Да","уп",20,"767,38","15347,6"]
["C08CA06","блокатор \"медленных\" кальциевых каналов","Нимодипин","Нимопин раствор для инфузий 0,2mg/ml 50ml №1","ОМС","Да","уп",420,"767,38","322299,6"]
["C08CA06","блокатор \"медленных\" кальциевых каналов","Нимодипин","Нимопин раствор для инфузий 0,2mg/ml 50ml №1","ПЛАТ","Да","уп",20,"767,38","15347,6"]
["C08CA06","блокатор \"медленных\" кальциевых каналов","Нимодипин","Нимопин табл п/п/о 30mg №30","ОМС","Да","уп",20,"727,93","14558,6"]
["C08CA13","блокатор \"медленных\" кальциевых каналов","Лерканидипин","Лерканидипин-СЗ табл п/п/о 20mg №30","ОМС","Нет","уп",30,"252,33","7569,9"]
["C08CA13","блокатор \"медленных\" кальциевых каналов","Лерканидипин","Лерканидипин-СЗ табл п/п/о 20mg №30","ПЛАТ","Нет","уп",10,"252,33","2523,3"]
["C08DA01","блокатор \"медленных\" кальциевых каналов","Верапамил","Верапамил раствор для в/в  вв 2,5mg/ml 2ml №10","ОМС","Да","уп",71,"55,04","3907,84"]
["C08DA01","блокатор \"медленных\" кальциевых каналов","Верапамил","Верапамил табл п/о 80mg №30","Бюджет","Да","уп",5,"56,4",282]
["C08DA01","блокатор \"медленных\" кальциевых каналов","Верапамил","Верапамил табл п/о 80mg №30","ОМС","Да","уп",294,"56,4","16581,6"]
["C08DA01","блокатор \"медленных\" кальциевых каналов","Верапамил","Верапамил табл п/о 80mg №30","ПЛАТ","Да","уп",3,"56,4","169,2"]
["C08DA01","блокатор \"медленных\" кальциевых каналов","Верапамил","Верапамил табл п/п/о 40mg №50","ОМС","Да","уп",17,"37,34","634,78"]
["C08DA01","блокатор \"медленных\" кальциевых каналов","Верапамил","Верапамил табл п/п/о 40mg №50","ПЛАТ","Да","уп",2,"37,34","74,68"]
["C08DA01","блокатор \"медленных\" кальциевых каналов","Верапамил","Верапамил табл. пролог. п/о 240 mg №20","ОМС","Да","уп",3,"179,98","539,94"]
["C08DA01","блокатор \"медленных\" кальциевых каналов","Верапамил","Верапамил табл. пролог. п/о 240 mg №20","ПЛАТ","Да","уп",1,"179,98","179,98"]
["C08DB01","блокатор \"медленных\" кальциевых каналов","Дилтиазем","Дилтиазем Ланнахер табл пролонг п/п/о 180mg №30","ОМС","Нет","уп",16,"335,78","5372,48"]
["C08DB01","блокатор \"медленных\" кальциевых каналов","Дилтиазем","Дилтиазем Ланнахер табл пролонг п/п/о 180mg №30","ПЛАТ","Нет","уп",1,"335,78","335,78"]
["C09AA01","АПФ ингибитор","Каптоприл","Каптоприл табл 25mg №40","Бюджет","Да","уп.",30,"16,03","480,9"]
["C09AA01","АПФ ингибитор","Каптоприл","Каптоприл табл 25mg №40","ОМС","Да","уп.",915,"16,03","14667,45"]
["C09AA01","АПФ ингибитор","Каптоприл","Каптоприл табл 25mg №40","ПЛАТ","Да","уп.",29,"16,03","464,87"]
["C09AA02","АПФ ингибитор","Эналаприл","Эналаприл табл 10mg №20","Бюджет","Да","уп",40,"13,68","547,2"]
["C09AA02","АПФ ингибитор","Эналаприл","Эналаприл табл 10mg №20","ОМС","Да","уп",4490,"13,68","61423,2"]
["C09AA02","АПФ ингибитор","Эналаприл","Эналаприл табл 10mg №20","ПЛАТ","Да","уп",30,"13,68","410,4"]
["C09AA02","АПФ ингибитор","Эналаприл","Эналаприл табл 20mg №20","ОМС","Да","уп",2208,"17,04","37624,32"]
["C09AA02","АПФ ингибитор","Эналаприл","Эналаприл табл 20mg №20","ПЛАТ","Да","уп",22,"17,04","374,88"]
["C09AA03","АПФ ингибитор","Лизиноприл","Лизиноприл табл п/п/о 10mg №30","ОМС","Да","уп",245,"114,6",28077]
["C09AA03","АПФ ингибитор","Лизиноприл","Лизиноприл табл п/п/о 10mg №30","ПЛАТ","Да","уп",22,"114,6","2521,2"]
["C09AA04","АПФ ингибитор","Периндоприл","Периндоприл-Тева табл п/п/о 10mg  №30","ОМС","Да","уп",247,"400,18","98844,46"]
["C09AA04","АПФ ингибитор","Периндоприл","Периндоприл-Тева табл п/п/о 10mg  №30","ПЛАТ","Да","уп",4,"400,18","1600,72"]
["C09AA04","АПФ ингибитор","Периндоприл","Периндоприл-Тева табл п/п/о 5mg №30","ОМС","Да","уп",223,"307,07","68476,61"]
["C09AA04","АПФ ингибитор","Периндоприл","Периндоприл-Тева табл п/п/о 5mg №30","ПЛАТ","Да","уп",3,"307,07","921,21"]
["C09AA04","АПФ ингибитор","Периндоприл","Престариум А табл п/п/о 10mg №29","Бюджет","Да","уп",1,"615,57","615,57"]
["C09AA04","АПФ ингибитор","Периндоприл","Престариум А табл п/п/о 10mg №29","ОМС","Да","уп",121,"615,57","74483,97"]
["C09AA04","АПФ ингибитор","Периндоприл","Престариум А табл п/п/о 10mg №29","ПЛАТ","Да","уп",24,"615,57","14773,68"]
["C09AA04","АПФ ингибитор","Периндоприл","Престариум А табл п/п/о 5mg №14","Бюджет","Да","уп",15,"194,3","2914,5"]
["C09AA04","АПФ ингибитор","Периндоприл","Престариум А табл п/п/о 5mg №14","ОМС","Да","уп",256,"194,3","49740,8"]
["C09AA04","АПФ ингибитор","Периндоприл","Престариум А табл п/п/о 5mg №14","ПЛАТ","Да","уп",37,"194,3","7189,1"]
["С09АА09","АПФ ингибитор","Фозиноприл","Фозиноприл табл 10mg №28","ОМС","Нет","уп",15,"245,08","3676,2"]
["С09ВА","гипотензивное средство комбинированное (диуретик+АПФ ингибитор)","Индапамид+Периндоприл","Индапамид/Периндоприл-Тева  табл п/п/о 1,25mg+5mg №30","ОМС","Нет","уп",90,"339,68","30571,2"]
["С09ВА","гипотензивное средство комбинированное (диуретик+АПФ ингибитор)","Индапамид+Периндоприл","Индапамид/Периндоприл-Тева  табл п/п/о 1,25mg+5mg №30","ПЛАТ","Нет","уп",15,"339,68","5095,2"]
["C09BA","гипотензивное средство комбинированное (диуретик+АПФ ингибитор)","Гидрохлоротиазид+Эналаприл","Эналаприл НЛ 20 табл 12,5mg+ 20mg №20","Бюджет","Нет","уп",5,"66,6","429,4"]
["C09BA","гипотензивное средство комбинированное (диуретик+АПФ ингибитор)","Гидрохлоротиазид+Эналаприл","Эналаприл НЛ 20 табл 12,5mg+ 20mg №20","ОМС","Нет","уп",65,"66,6","5389,4"]
["C09BA","гипотензивное средство комбинированное (диуретик+АПФ ингибитор)","Гидрохлоротиазид+Эналаприл","Эналаприл НЛ 20 табл 12,5mg+ 20mg №20","ПЛАТ","Нет","уп",1,"66,6","66,6"]
["C09BA","гипотензивное средство комбинированное (диуретик+АПФ ингибитор)","Индапамид+Периндоприл","Нолипрел А форте табл п/п/о 1,25mg+5mg №30","ПЛАТ","Нет","уп",2,"821,73","1643,46"]
["C09BB03","гипотензивное средство комбинированное (АПФ ингибитор+БМКК)","Амлодипин + Лизиноприл","Экламиз табл 5mg+10mg №30","ПЛАТ","Нет","уп",3,"696,95","2090,85"]
["C09BB04","гипотензивное средство комбинированное (АПФ ингибитор+БМКК)","Периндоприла аргинин+Амлодипин","Престанс табл 10mg+5mg №30","Бюджет","Нет","уп",10,"1042,9",10429]
["C09BB04","гипотензивное средство комбинированное (АПФ ингибитор+БМКК)","Периндоприла аргинин+Амлодипин","Престанс табл 10mg+5mg №30","ОМС","Нет","уп",90,"1042,9",93861]
["C09BB04","гипотензивное средство комбинированное (АПФ ингибитор+БМКК)","Периндоприла аргинин+Амлодипин","Престанс табл 10mg+5mg №30","ПЛАТ","Нет","уп",23,"1042,9","23986,7"]
["C09BА03","гипотензивное средство комбинированное (диуретик+АПФ ингибитор)","Лизиноприл+ гидрохлортиазид","Ко-Диротон табл 10mg+12,5mg №30","ПЛАТ","Нет","уп",7,"609,12","4263,84"]
["C09CA06","ангиотензина II рецепторов антагонист","Кандесартан","Ангиаканд табл 8mg №28","ОМС","Нет","уп",45,"205,4",9243]
["C09CA06","ангиотензина II рецепторов антагонист","Кандесартан","Кандесартан табл 16mg №20","ОМС","Нет","уп",10,"267,15","2671,5"]
["C09CA06","ангиотензина II рецепторов антагонист","Кандесартан","Кандесартан табл 16mg №20","ПЛАТ","Нет","уп",3,"267,15","801,45"]
["С09СА01","ангиотензина II рецепторов антагонист","Лозартан","Лозартан табл п/п/о 50mg №30","Бюджет","Да","уп",10,"275,61","2756,1"]
["С09СА01","ангиотензина II рецепторов антагонист","Лозартан","Лозартан табл п/п/о 50mg №30","ОМС","Да","уп",492,"275,61","135600,12"]
["С09СА01","ангиотензина II рецепторов антагонист","Лозартан","Лозартан табл п/п/о 50mg №30","ПЛАТ","Да","уп",30,"275,61","8268,3"]
["С09СА03","ангиотензина II рецепторов антагонист","Валсартан","Вальсакор табл п/п/о 80mg №30","ОМС","Нет","уп",23,"490,17","11273,91"]
["С09СА03","ангиотензина II рецепторов антагонист","Валсартан","Вальсакор табл п/п/о 80mg №30","ПЛАТ","Нет","уп",14,"490,17","6862,38"]
["C09CA07","ангиотензина II рецепторов антагонист","Телмисартан","Микардис табл 80mg №28","ПЛАТ","Нет","уп",6,"1244,4","7466,4"]
["С09СА07","ангиотензина II рецепторов антагонист","Телмисартан","Телмиста табл 80mg №28","ПЛАТ","Нет","уп",2,"600,98","1201,96"]
["C09DA01","гипотензивное средство комбинированное (ангиотензина II рецепторов антагонист+диуретик)","Гидрохлоротиазид+Лозартан","Лозартан Н табл п/п/о 12,5mg+50mg №30","Бюджет","Нет","уп",10,"155,05","1550,5"]
["C09DA01","гипотензивное средство комбинированное (ангиотензина II рецепторов антагонист+диуретик)","Гидрохлоротиазид+Лозартан","Лозартан Н табл п/п/о 12,5mg+50mg №30","ОМС","Нет","уп",105,"155,05","16280,25"]
["C09DA01","гипотензивное средство комбинированное (ангиотензина II рецепторов антагонист+диуретик)","Гидрохлоротиазид+Лозартан","Лозартан Н табл п/п/о 12,5mg+50mg №30","ПЛАТ","Нет","уп",1,"155,05","155,05"]
["C09DB01","гипотензивное средство комбинированное (БМКК+ангиотензина II рецепторов антагонист)","Амлодипин+ Валсартан","Вамлосет табл п/п/о 5mg+ 80mg  №30","ОМС","Нет","уп",5,"626,12","3130,6"]
["C09DB01","гипотензивное средство комбинированное (БМКК+ангиотензина II рецепторов антагонист)","Амлодипин+ Валсартан","Вамлосет табл п/п/о 5mg+ 80mg  №30","ПЛАТ","Нет","уп",6,"626,12","3756,72"]
["C10AA01","гиполипидемическое средство - ГМГ-КоА-редуктазы ингибитор","Симвастатин","Симвастатин табл п/п/о 20mg №30","ОМС","Да","уп",20,"227,87","4557,4"]
["C10AA01","гиполипидемическое средство - ГМГ-КоА-редуктазы ингибитор","Симвастатин","Симвастатин табл п/п/о 20mg №30","ПЛАТ","Да","уп",20,"227,87","4557,4"]
["C10AA01","гиполипидемическое средство - ГМГ-КоА-редуктазы ингибитор","Симвастатин","Симвастатин табл п/п/о 40mg №30","ОМС","Да","уп",3,"751,64","2254,92"]
["C10AA05","гиполипидемическое средство - ГМГ-КоА-редуктазы ингибитор","Аторвастатин","Аторвастатин табл п/п/о 20mg №30","ОМС","Да","уп",415,"393,1","163136,5"]
["C10AA05","гиполипидемическое средство - ГМГ-КоА-редуктазы ингибитор","Аторвастатин","Аторвастатин табл п/п/о 20mg №30","ПЛАТ","Да","уп",28,"393,1","11006,8"]
["C10AA05","гиполипидемическое средство - ГМГ-КоА-редуктазы ингибитор","Аторвастатин","Аторвастатин табл п/п/о 40mg №30","ОМС","Да","уп",341,"627,99","242320,59"]
["С10АА05","гиполипидемическое средство - ГМГ-КоА-редуктазы ингибитор","Аторвастатин","Аторвастатин-К  табл п/п/о 20mg №30","Бюджет","Да","уп",30,"442,75","13282,5"]
["С10АА05","гиполипидемическое средство - ГМГ-КоА-редуктазы ингибитор","Аторвастатин","Аторвастатин-К  табл п/п/о 20mg №30","ОМС","Да","уп",205,"442,75","90763,75"]
["С10АА05","гиполипидемическое средство - ГМГ-КоА-редуктазы ингибитор","Аторвастатин","Аторвастатин-К  табл п/п/о 20mg №30","ПЛАТ","Да","уп",30,"442,75","13282,5"]
["С10АА07","гиполипидемическое средство - ГМГ-КоА-редуктазы ингибитор","Розувастатин","Розувастатин табл п/п/о 20mg №30","ОМС","Нет","уп",25,"285,71","7142,75"]
["С10АА07","гиполипидемическое средство - ГМГ-КоА-редуктазы ингибитор","Розувастатин","Розувастатин табл п/п/о 20mg №30","ПЛАТ","Нет","уп",15,"285,71","4285,65"]
["D02AC","дерматопротекторное средство","Вазелин","Вазелин мазь д/наружн прим 25g","Бюджет","Нет","уп",10,"10,34","415,1"]
["D02AC","дерматопротекторное средство","Вазелин","Вазелин мазь д/наружн прим 25g","ОМС","Нет","уп",409,"10,34","5631,71"]
["D02AC","дерматопротекторное средство","Вазелин","Вазелин мазь д/наружн прим 25g","ПЛАТ","Нет","уп",5,"10,34","51,7"]
["D04AB01","местноанестезирующее средство","Лидокаин","Лидокаин-Виал спрей для местного и наружного прим 10% 38g","Бюджет","Да","уп",24,"337,7","8104,8"]
["D04AB01","местноанестезирующее средство","Лидокаин","Лидокаин-Виал спрей для местного и наружного прим 10% 38g","ОМС","Да","уп",222,"337,7","74969,4"]
["D04AB01","местноанестезирующее средство","Лидокаин","Лидокаин-Виал спрей для местного и наружного прим 10% 38g","ПЛАТ","Да","уп",30,"337,7",10131]
["D06AX","антибиотик комбинированный (антибиотик полипептидный+антибиотик-аминогликозид)","Неомицин","Банеоцин мазь д/наружн прим 250ME/g+5000ME/g 20g","ОМС","Нет","уп",15,"425,13","6134,1"]
["D06AX","антибиотик комбинированный (антибиотик полипептидный+антибиотик-аминогликозид)","Неомицин","Банеоцин мазь д/наружн прим 250ME/g+5000ME/g 20g","ПЛАТ","Нет","уп",3,"425,13","1129,68"]
["D06AX","антибиотик комбинированный (антибиотик полипептидный+антибиотик-аминогликозид)","Неомицин","Банеоцин порошок для наруж примен(присыпка) 250ME/g+5000ME/g 10g","Бюджет","Нет","уп",1,"461,76","461,76"]
["D06AX","антибиотик комбинированный (антибиотик полипептидный+антибиотик-аминогликозид)","Неомицин","Банеоцин порошок для наруж примен(присыпка) 250ME/g+5000ME/g 10g","ОМС","Нет","уп",42,"461,76","18340,4"]
["D06AX","антибиотик комбинированный (антибиотик полипептидный+антибиотик-аминогликозид)","Неомицин","Банеоцин порошок для наруж примен(присыпка) 250ME/g+5000ME/g 10g","ПЛАТ","Нет","уп",15,"461,76","6359,12"]
["D06C","противомикробное средство комбинированное","Диоксометилтетрагидропиримидин+сульфадиметоксин+тримекаин+хлормфеникол","Левосин мазь д/наружн прим 40g №1","Бюджет","Да","уп",5,"79,5","397,5"]
["D06C","противомикробное средство комбинированное","Диоксометилтетрагидропиримидин+сульфадиметоксин+тримекаин+хлормфеникол","Левосин мазь д/наружн прим 40g №1","ОМС","Да","уп",439,"79,5","34900,5"]
["D06C","противомикробное средство комбинированное","Диоксометилтетрагидропиримидин+сульфадиметоксин+тримекаин+хлормфеникол","Левосин мазь д/наружн прим 40g №1","ПЛАТ","Да","уп",68,"79,5",5406]
["D07AA02","глюкокортикостероид для местного применения","Гидрокортизон","Гидрокортизон мазь д/наружн прим 1% 15g ","ОМС","Да","уп",120,"46,2",5544]
["D07AA02","глюкокортикостероид для местного применения","Гидрокортизон","Гидрокортизон мазь д/наружн прим 1% 15g ","ПЛАТ","Да","уп",3,"46,2","138,6"]
["D07AC14","глюкокортикостероид для местного применения","Метилпреднизолона ацепонат ","Комфодерм мазь д/наружн прим 0,1% 15g","ПЛАТ","Нет","уп",5,"280,96","1404,8"]
["D07XB01","глюкокортикостероид для местного применения+кератолитическое средство","Салициловая кислота+Флуметазон","Лоринден  А мазь д/наружн прим 15g №1","Бюджет","Нет","уп",17,"489,74","8325,58"]
["D07XB01","глюкокортикостероид для местного применения+кератолитическое средство","Салициловая кислота+Флуметазон","Лоринден  А мазь д/наружн прим 15g №1","ОМС","Нет","уп",90,"489,74","44076,6"]
["D07XB01","глюкокортикостероид для местного применения+кератолитическое средство","Салициловая кислота+Флуметазон","Лоринден  А мазь д/наружн прим 15g №1","ПЛАТ","Нет","уп",55,"489,74","26935,7"]
["D07XC01","глюкокортикостероид для местного применения+антибиотик-аминогликозид+противогрибковое средство","Бетаметазон+Гентамицин+Клотримазол","Акридерм ГК крем д/ наружн /пр 15g №1","ОМС","Нет","уп",2,"483,51","967,02"]
["D07XC01","глюкокортикостероид для местного применения+антибиотик-аминогликозид+противогрибковое средство","Бетаметазон+Гентамицин+Клотримазол","Акридерм ГК крем д/ наружн /пр 15g №1","ПЛАТ","Нет","уп",10,"483,51",3700]
["D08AC02","антисептическое средство","Хлоргексидин","Хлоргексидин-Ферейн р-р д/наруж/прим спирт 0,5% 1L","Бюджет","Да","бутылка",11,"158,5","1743,5"]
["D08AC02","антисептическое средство","Хлоргексидин","Хлоргексидин-Ферейн р-р д/наруж/прим спирт 0,5% 1L","ОМС","Да","бутылка",3597,"158,5","570124,5"]
["D08AC02","антисептическое средство","Хлоргексидин","Хлоргексидин-Ферейн р-р д/наруж/прим спирт 0,5% 1L","ПЛАТ","Да","бутылка",80,"158,5",12680]
["D08AC02","антисептическое средство","Хлоргексидин","Хлоргексидина биглюконат р-р для наружного применения 0,05% 100ml №1","ОМС","Да","уп",286,"12,26","3506,36"]
["D08AC02","антисептическое средство","Хлоргексидин","Хлоргексидина биглюконат р-р для наружного применения 0,05% 100ml №1","ПЛАТ","Да","уп",27,"12,26","331,02"]
["D08AD","антисептическое средство","Борная кислота","Борная кислота р-р для наружного применения (спиртовой) 3% 25ml №1","ОМС","Нет","уп",14,"8,88","124,32"]
["D08AD","антисептическое средство","Борная кислота","Борная кислота р-р для наружного применения (спиртовой) 3% 25ml №1","ПЛАТ","Нет","уп",5,"8,88","44,4"]
["D08AF01","противомикробное средство - нитрофуран","Нитрофурал","Фурацилин  р-р д/нар и местн прим 0,02% 200ml №28","ОМС","Нет","уп",30,"2320,03","69600,9"]
["D08AF01","противомикробное средство - нитрофуран","Нитрофурал","Фурацилин  р-р д/нар и местн прим 0,02% 200ml №28","ПЛАТ","Нет","уп",2,"2320,03","4640,06"]
["D08AF01","противомикробное средство - нитрофуран","Нитрофурал","Фурацилин  раствор для местного и наружного применения 0,02% 400ml №1","ОМС","Нет","уп",8125,"166,5","1352812,5"]
["D08AF01","противомикробное средство - нитрофуран","Нитрофурал","Фурацилин  раствор для местного и наружного применения 0,02% 400ml №1","ПЛАТ","Нет","уп",5,"166,5","832,5"]
["D08AF01","противомикробное средство - нитрофуран","Нитрофурал","Фурацилин  раствор для местного и наружного применения 0,02% 400ml №15","ОМС","Нет","уп",49,"1999,33","97967,17"]
["D08AG","антисептическое средство","Йод+Каля йодид+Глицерол","Люголя раствор с глицерином р-р д/нар и местн прим 50g №1","ОМС","Да","уп",21,"91,89","1929,69"]
["D08AG","антисептическое средство","Йод+Каля йодид+Глицерол","Люголя раствор с глицерином раствор для местного применения 25g","ПЛАТ","Да","уп",3,"12,72","38,16"]
["D08AG02","антисептическое средство","Повидон-йод","Бетадин мазь д/мест и наруж/пр 10% 20g","ОМС","Нет","уп",24,"314,15","7539,6"]
["D08AG02","антисептическое средство","Повидон-йод","Бетадин мазь д/мест и наруж/пр 10% 20g","ПЛАТ","Нет","уп",3,"314,15","942,45"]
["D08AG02","антисептическое средство","Повидон-йод","Браунодин Б.Браун мазь д/наружн прим 10% 20g","ОМС","Нет","уп",10,"188,52","1885,2"]
["D08AG02","антисептическое средство","Повидон-йод","Браунодин Б.Браун мазь д/наружн прим 10% 20g","ПЛАТ","Нет","уп",3,"188,52","565,56"]
["D08AG02","антисептическое средство","Повидон-йод","Браунодин Б.Браун р-р д/нар и местн прим 7,5% 1000ml №10","Бюджет","Да","уп",2,"8307,75","16615,5"]
["D08AG02","антисептическое средство","Повидон-йод","Браунодин Б.Браун р-р д/нар и местн прим 7,5% 1000ml №10","ОМС","Да","уп",114,"8307,75","947083,5"]
["D08AG02","антисептическое средство","Повидон-йод","Браунодин Б.Браун р-р д/нар и местн прим 7,5% 1000ml №10","ПЛАТ","Да","уп",2,"8307,75","16615,5"]
["D08AG02","антисептическое средство","Повидон-йод","Браунодин Б.Браун р-р д/нар и местн прим 7,5% 100ml","Бюджет","Да","уп",10,"233,26","2332,6"]
["D08AG02","антисептическое средство","Повидон-йод","Браунодин Б.Браун р-р д/нар и местн прим 7,5% 100ml","ОМС","Да","уп",170,"233,26","39654,2"]
["D08AG02","антисептическое средство","Повидон-йод","Браунодин Б.Браун р-р д/нар и местн прим 7,5% 100ml","ПЛАТ","Да","уп",23,"233,26","5364,98"]
["D08AG02","антисептическое средство","Повидон-йод","Браунодин Б.Браун р-р д/нар и местн прим 7,5% 500ml №20","Бюджет","Да","уп",1,"14383,38","14383,38"]
["D08AG02","антисептическое средство","Повидон-йод","Браунодин Б.Браун р-р д/нар и местн прим 7,5% 500ml №20","ОМС","Да","уп",6,"14383,38","86300,28"]
["D08AG03","антисептическое средство","Йод + [Калия йодид + Этанол","Йод р-р для наружного применения (спиртовой) 5% 10ml №1","ОМС","Нет","фл",1231,"8,88","10931,28"]
["D08AG03","антисептическое средство","Йод + [Калия йодид + Этанол","Йод р-р для наружного применения (спиртовой) 5% 10ml №1","ПЛАТ","Нет","фл",5,"8,88","44,4"]
["D08AX","антисептическое средство","Бриллиантовый зеленый","Бриллиантовый зеленый р-р д/наруж/прим спирт 1% 10ml №1","ОМС","Нет","фл",1021,"7,77","7933,17"]
["D08AX","антисептическое средство","Бриллиантовый зеленый","Бриллиантовый зеленый р-р д/наруж/прим спирт 1% 10ml №1","ПЛАТ","Нет","фл",16,"7,77","124,32"]
["D08AX","антисептическое средство","Деготь + Трибромфенолята висмута и висмута оксида комплекс","Линимент бальзамический (по Вишневскому)  линимент 30g №1","ОМС","Нет","уп",45,"29,97","1348,65"]
["D08AX","противомикробное средство комбинированное","Бензокаин + Борная кислота + Облепихи масло + Хлорамфеникол","Олазоль аэрозоль д/нар прим 80g №1","ОМС","Нет","уп",28,"349,65","9790,2"]
["D08AX","противомикробное средство комбинированное","Бензокаин + Борная кислота + Облепихи масло + Хлорамфеникол","Олазоль аэрозоль д/нар прим 80g №1","ПЛАТ","Нет","уп",1,"349,65","349,65"]
["D08AX01","антисептическое средство","Водорода пероксид","Перекись водорода р-р д/нар и местн прим 3% 100ml №1","Бюджет","Да","фл",10,"11,31","113,1"]
["D08AX01","антисептическое средство","Водорода пероксид","Перекись водорода р-р д/нар и местн прим 3% 100ml №1","ОМС","Да","фл",3350,"11,31","37888,5"]
["D08AX01","антисептическое средство","Водорода пероксид","Перекись водорода р-р д/нар и местн прим 3% 100ml №1","ПЛАТ","Да","фл",80,"11,31","904,8"]
["D08AX08","антисептическое средство","Этанол","Этиловый спирт 70% р-р д/нар прим и пригот лек форм 100ml","Бюджет","Да","фл",2,"15,12","29,46"]
["D08AX08","антисептическое средство","Этанол","Этиловый спирт 70% р-р д/нар прим и пригот лек форм 100ml","ОМС","Да","фл",10404,"15,12","157139,61"]
["D08AX08","антисептическое средство","Этанол","Этиловый спирт 70% р-р д/нар прим и пригот лек форм 100ml","ПЛАТ","Да","фл",20,"15,12","294,6"]
["D08AX08","антисептическое средство","Этанол","Этиловый спирт 95% конц д/пр р-ра д/наруж/пр 100ml","ОМС","Да","фл",1818,"19,76",48333]
["D11A","репарации тканей стимулятор растительного происхождения","Облепихи масло","Облепиховое масло масло для приема внутрь, местного и наружного применения 100ml","ПЛАТ","Нет","уп",20,"116,82","2336,4"]
["D11AX","репарации тканей стимулятор","~","Солкосерил гель д/наруж/пр 20g №1","ОМС","Нет","уп",13,"338,27","4397,51"]
["D11AX","репарации тканей стимулятор","~","Солкосерил гель д/наруж/пр 20g №1","ПЛАТ","Нет","уп",3,"338,27","1014,81"]
["D11AX","репарации тканей стимулятор","Диоксометилтетрагидропиримидин ","Метилурацил мазь д/мест и наруж/пр 10%-25g","ОМС","Нет","уп",58,"32,75","1899,5"]
["G02AD06","родовой деятельности стимулятор - простагландина E1 аналог синтетический","Мизопростол","Миролют табл 200mkg №4","ПЛАТ","Да","уп",5,"353,44","1767,2"]
["G03DA04","гестаген","Прогестерон","Прогестерон раствор для в/м вв 10mg/ml 1ml №10","ОМС","Нет","уп",100,"421,8",42180]
["G03DA04","гестаген","Прогестерон","Прогестерон раствор для в/м вв 25mg/ml 1ml №10","ОМС","Нет","уп",250,"774,78",193695]
["G03DB01","гестаген","Дидрогестерон","Дюфастон табл п/о 10mg №20","ПЛАТ","Да","уп",10,"544,45","5444,5"]
["G03XB01","ангиопротекторное средство","Троксерутин ","Троксерутин  гель д/наруж/пр 2% 40g","ОМС","Нет","уп",10,"72,97","729,7"]
["G03XB01","антигестаген","Мифепристон","Миропристон табл 200mg №3","ПЛАТ","Нет","уп",5,"2664,08","13320,4"]
["G04AB","противомикробное средство - хиноксалин","Гидроксиметилхиноксалиндиоксид","Диоксидин раствор для в/полост.и наруж.применения 10mg/ml 10ml №10","ОМС","Нет","уп",75,"719,77","53982,75"]
["G04AB","противомикробное средство - хиноксалин","Гидроксиметилхиноксалиндиоксид","Диоксидин раствор для в/полост.и наруж.применения 10mg/ml 10ml №10","ПЛАТ","Нет","уп",7,"719,77","4558,93"]
["G04CA02","альфа1-адреноблокатор","Тамсулозин","Тамсулозин-OBL капс с модиф/ высв 0,4 мг №30","ОМС","Да","уп",10,"603,49","6034,9"]
["G04CA02","альфа1-адреноблокатор","Тамсулозин","Тамсулозин-OBL капс с модиф/ высв 0,4 мг №30","ПЛАТ","Да","уп",10,"603,49","6034,9"]
["H01BB02","родовой деятельности стимулятор - препарат окситоцина","Окситоцин","Окситоцин р-р для в/м и в/в введ 5МЕ/ml 1ml №10","ОМС","Да","уп",200,"42,97",8594]
["Н01СВ02","соматостатина аналог синтетический","Октреотид","Октреотид Сан раствор для в/в и п/к  вв 100mkg/ml 1ml №1","Бюджет","Да","уп",20,"181,23","3624,6"]
["Н01СВ02","соматостатина аналог синтетический","Октреотид","Октреотид Сан раствор для в/в и п/к  вв 100mkg/ml 1ml №1","ОМС","Да","уп",337,"181,23","61074,51"]
["Н01СВ02","соматостатина аналог синтетический","Октреотид","Октреотид Сан раствор для в/в и п/к  вв 100mkg/ml 1ml №1","ПЛАТ","Да","уп",20,"181,23","3624,6"]
["H02AB01","глюкокортикостероид","Бетаметазон","Дипроспан суспензия для инъекций 2mg+5mg/ml 1ml №1","Бюджет","Да","уп",8,"319,66","2557,28"]
["H02AB01","глюкокортикостероид","Бетаметазон","Дипроспан суспензия для инъекций 2mg+5mg/ml 1ml №1","ОМС","Да","уп",341,"319,66","96019,06"]
["H02AB01","глюкокортикостероид","Бетаметазон","Дипроспан суспензия для инъекций 2mg+5mg/ml 1ml №1","ПЛАТ","Да","уп",85,"319,66","27171,1"]
["Н02AB02","глюкокортикостероид","Дексаметазон","Дексаметазон-Ферейн раствор для инъекций 4mg/ml 2ml №25","ОМС","Да","уп",600,"350,25",210150]
["H02AB04","глюкокортикостероид","Метилпреднизолон","Метипред табл 4mg №30","ОМС","Да","уп.",23,"187,18","4305,14"]
["H02AB04","глюкокортикостероид","Метилпреднизолон","Метипред табл 4mg №30","ПЛАТ","Да","уп.",10,"187,18","1871,8"]
["H02AB04","глюкокортикостероид","Метилпреднизолон","Солу-Медрол лиоф-т д/приг р-ра для в/в и в/м вв 250mg №1","ОМС","Да","уп",85,"339,02","28816,7"]
["H02AB04","глюкокортикостероид","Метилпреднизолон","Солу-Медрол лиоф-т д/приг р-ра для в/в и в/м вв 250mg №1","ПЛАТ","Да","уп",20,"339,02","6780,4"]
["H02AB06","глюкокортикостероид","Преднизолон","Преднизолон Эльфа  р-р для в/м и в/в введ 30mg/ml 1ml №3","Б.Опк","Да","уп",2,"27,57","55,14"]
["H02AB06","глюкокортикостероид","Преднизолон","Преднизолон Эльфа  р-р для в/м и в/в введ 30mg/ml 1ml №3","ОМС","Да","уп",1271,"27,57","35041,47"]
["H02AB06","глюкокортикостероид","Преднизолон","Преднизолон Эльфа  р-р для в/м и в/в введ 30mg/ml 1ml №3","ПЛАТ","Да","уп",13,"27,57","358,41"]
["H02AB06","глюкокортикостероид","Преднизолон","Преднизолон раствор для в/в и в/м вв 30mg/ml 1ml №3","ПЛАТ","Да","уп.",10,"38,28","382,8"]
["H02AB06","глюкокортикостероид","Преднизолон","Преднизолон табл 5mg №100","ОМС","Да","уп",467,"93,1","43477,7"]
["H02AB06","глюкокортикостероид","Преднизолон","Преднизолон табл 5mg №100","ПЛАТ","Да","уп",18,"93,1","1675,8"]
["H02AB08","глюкокортикостероид","Триамцинолон","Кеналог 40 суспензия для инъекций 40mg/ml 1ml №5","Бюджет","Нет","уп",20,"674,22","13484,4"]
["H02AB08","глюкокортикостероид","Триамцинолон","Кеналог 40 суспензия для инъекций 40mg/ml 1ml №5","ОМС","Нет","уп",126,"674,22","84951,72"]
["H02AB08","глюкокортикостероид","Триамцинолон","Кеналог 40 суспензия для инъекций 40mg/ml 1ml №5","ПЛАТ","Нет","уп",47,"674,22","31688,34"]
["H02AB09","глюкокортикостероид","Гидрокортизон+Лидокаин","Гидрокортизон-Рихтер суспензия для в/суст и околосуст вв 25mg+5mg/ml 5ml","ОМС","Да","уп",30,"246,77","7403,1"]
["H03AA01","тиреоидное средство","Левотироксин натрия","L-Тироксин  табл 100mkg №100","ПЛАТ","Да","уп",1,"136,3","119,67"]
["Н03АА01","тиреоидное средство","Левотироксин натрия","L-Тироксин 100 Берлин-Хеми табл 100mkg №100","ОМС","Да","уп",11,"136,3","1499,3"]
["H03BB02","антитиреоидное средство","Тиамазол ","Тирозол табл п/п/о 5mg №50","ОМС","Да","уп",10,"159,23","1592,3"]
["H03BB02","антитиреоидное средство","Тиамазол ","Тирозол табл п/п/о 5mg №50","ПЛАТ","Да","уп",2,"159,23","318,46"]
["J01AA02","антибиотик-тетрациклин","Доксициклин","Доксициклин капс 100mg №10","ОМС","Да","уп",100,"25,91",2591]
["J01AA02","антибиотик-тетрациклин","Доксициклин","Доксициклин-Ферейн лиоф-т д/пригот р-ра д/инф 100mg №50","ОМС","Да","уп",2,"4062,96","8125,92"]
["J01CA04","антибиотик-пенициллин полусинтетический","Амоксициллин","Флемоксин Солютаб табл дисперг 500mg №20","ОМС","Да","уп",48,"341,67","16400,16"]
["J01CA04","антибиотик-пенициллин полусинтетический","Амоксициллин","Флемоксин Солютаб табл дисперг 500mg №20","ПЛАТ","Да","уп",14,"341,67","4783,38"]
["J01CR02","антибиотик-пенициллин полусинтетический+бета-лактамаз ингибитор","Амоксициллин+ клавулановая кислота","Кламосар порошок д/приг-я р-ра для в/в введ 1000mg+200mg №5","Бюджет","Да","уп",471,"392,42","184829,82"]
["J01CR02","антибиотик-пенициллин полусинтетический+бета-лактамаз ингибитор","Амоксициллин+ клавулановая кислота","Кламосар порошок д/приг-я р-ра для в/в введ 1000mg+200mg №5","ОМС","Да","уп",4238,"392,42","1659305,96"]
["J01CR02","антибиотик-пенициллин полусинтетический+бета-лактамаз ингибитор","Амоксициллин+ клавулановая кислота","Кламосар порошок д/приг-я р-ра для в/в введ 1000mg+200mg №5","ПЛАТ","Да","уп",385,"392,42","151081,7"]
["J01CR02","антибиотик-пенициллин полусинтетический+бета-лактамаз ингибитор","Амоксициллин+Клавулановая кислота","Экоклав табл п/п/о 875mg +125mg №14","Бюджет","Да","уп",3,"484,2","1452,6"]
["J01CR02","антибиотик-пенициллин полусинтетический+бета-лактамаз ингибитор","Амоксициллин+Клавулановая кислота","Экоклав табл п/п/о 875mg +125mg №14","ОМС","Да","уп",547,"484,2","264857,4"]
["J01CR02","антибиотик-пенициллин полусинтетический+бета-лактамаз ингибитор","Амоксициллин+Клавулановая кислота","Экоклав табл п/п/о 875mg +125mg №14","ПЛАТ","Да","уп",37,"484,2","17915,4"]
["J01CR50","антибиотик комбинированный (пенициллины полусинтетические)","Ампициллин+Оксациллин","Оксамп-натрий порошок д/приг-я р-ра для в/в , в/м введ 333,5mg + 166,5mg №50","ОМС","Нет","уп",11,914,10054]
["J01DB04","антибиотик-цефалоспорин","Цефазолин","Цефазолин-АКОС порошок д/приг-я р-ра для в/в , в/м введ №50 1.0g","Бюджет","Да","уп",79,"824,66","65148,14"]
["J01DB04","антибиотик-цефалоспорин","Цефазолин","Цефазолин-АКОС порошок д/приг-я р-ра для в/в , в/м введ №50 1.0g","ОМС","Да","уп",1138,"824,66","938463,08"]
["J01DB04","антибиотик-цефалоспорин","Цефазолин","Цефазолин-АКОС порошок д/приг-я р-ра для в/в , в/м введ №50 1.0g","ПЛАТ","Да","уп",78,"824,66","64323,48"]
["J01DC02","антибиотик-цефалоспорин","Цефтазидим","Цефтазидим-АКОС порошок д/приг-я р-ра для в/в , в/м введ 1,0g","ОМС","Да","уп",2000,"83,38",166760]
["J01DC02","антибиотик-цефалоспорин","Цефтазидим","Цефтазидим-АКОС порошок д/приг-я р-ра для в/в , в/м введ 1,0g","ПЛАТ","Да","уп",130,"83,38","10839,4"]
["J01DC02","антибиотик-цефалоспорин","Цефтазидим","Цефтазидим-АКОС порошок д/приг-я р-ра для в/в , в/м введ 2 g","ОМС","Да","уп",1700,"155,33",264061]
["J01DD","антибиотик-цефалоспорин","Цефоперазон","Операз  порошок д/приг-я р-ра для в/в , в/м введ 1,0g","ОМС","Нет","уп",960,"36,63","35164,8"]
["J01DD01","антибиотик-цефалоспорин","Цефотаксим","Цефотаксим порошок д/приг-я р-ра для в/в , в/м введ 1g №50","Бюджет","Да",null,50,"1173,41","58670,5"]
["J01DD01","антибиотик-цефалоспорин","Цефотаксим","Цефотаксим порошок д/приг-я р-ра для в/в , в/м введ 1g №50","ОМС","Да",null,261,"1173,41","306260,01"]
["J01DD01","антибиотик-цефалоспорин","Цефотаксим","Цефотаксим порошок д/приг-я р-ра для в/в , в/м введ 1g №50","ПЛАТ","Да",null,14,"1173,41","16427,74"]
["J01DD04","антибиотик-цефалоспорин","Цефтриаксон","Цефтриаксон порошок д/приг-я р-ра для в/в , в/м введ 1g №50","Бюджет","Да","уп",148,"1024,25","156485,5"]
["J01DD04","антибиотик-цефалоспорин","Цефтриаксон","Цефтриаксон порошок д/приг-я р-ра для в/в , в/м введ 1g №50","ОМС","Да","уп",882,"1024,25","930906,83"]
["J01DD04","антибиотик-цефалоспорин","Цефтриаксон","Цефтриаксон порошок д/приг-я р-ра для в/в , в/м введ 1g №50","ПЛАТ","Да","уп",24,"1024,25","25365,44"]
["J01DD51","антибиотик-цефалоспорин+бета-лактамаз ингибитор","Цефотаксим+[Сульбактам]","Кларуктам порошок д/приг-я р-ра для в/в , в/м введ 1000mg+500mg №1","ОМС","Нет","уп",300,"329,67",98901]
["J01DD62","антибиотик-цефалоспорин+бета-лактамаз ингибитор","Цефоперазон+[Сульбактам]","Цефоперазон и Сульбактам Джодас  1g+1g №1","ОМС","Да","уп",650,"228,29","148388,5"]
["J01DE","антибиотик-цефалоспорин+бета-лактамаз ингибитор","Цефепим + [Сульбактам]","Максиктам-АФ порошок д/приг-я р-ра для в/в , в/м введ 1g+1g №1","ОМС","Нет",null,300,"987,9",296370]
["J01DE01","антибиотик-цефалоспорин","Цефепим","Цефепим порошок д/приг р-ра для в/м введ 1,0g","ОМС","Да","уп",663,"249,74","165577,62"]
["J01DE01","антибиотик-цефалоспорин","Цефепим","Цефепим порошок д/приг р-ра для в/м введ 1,0g","ПЛАТ","Да","уп",30,"249,74","7492,2"]
["J01DH02","антибиотик-карбапенем","Меропенем","Мепенем порошок д/приг-я р-ра для в/в введ 1,0g","Бюджет","Да","фл",20,"1630,2",32604]
["J01DH02","антибиотик-карбапенем","Меропенем","Мепенем порошок д/приг-я р-ра для в/в введ 1,0g","ОМС","Да","фл",871,"1630,2","1419904,2"]
["J01DH02","антибиотик-карбапенем","Меропенем","Мепенем порошок д/приг-я р-ра для в/в введ 1,0g","ПЛАТ","Да","фл",165,"1630,2",268983]
["J01DH02","антибиотик-карбапенем","Меропенем","Меропенем порошок д/приг-я р-ра для в/в введ 1g №1","Бюджет","Да","уп",74,"1780,68","131770,32"]
["J01DH02","антибиотик-карбапенем","Меропенем","Меропенем порошок д/приг-я р-ра для в/в введ 1g №1","ОМС","Да","уп",1280,"1780,68","2279270,4"]
["J01DH02","антибиотик-карбапенем","Меропенем","Меропенем порошок д/приг-я р-ра для в/в введ 1g №1","ПЛАТ","Да","уп",100,"1780,68",178068]
["J01DH51","антибиотик-карбапенем+почечной дегидропептидазы блокатор","Имипенем + Циластатин","Имипенем и Циластатин Джодас порошок д/приг р-ра д/инфузий 500mg+500mg №1","ОМС","Да","уп",705,"618,8",436254]
["J01DH51","антибиотик-карбапенем+почечной дегидропептидазы блокатор","Имипенем + Циластатин","Имипенем и Циластатин Джодас порошок д/приг р-ра д/инфузий 500mg+500mg №1","ПЛАТ","Да","уп",116,"618,8","71780,8"]
["J01EE01","противомикробное средство комбинированное","Ко-тримоксазол","Бисептол 480 конц-т д/приг раствора для инфузий 96mg/ml 5ml №10","ОМС","Да","уп",96,"410,92","39448,32"]
["J01EE01","противомикробное средство комбинированное","Ко-тримоксазол","Бисептол 480 конц-т д/приг раствора для инфузий 96mg/ml 5ml №10","ПЛАТ","Да","уп",3,"410,92","1232,76"]
["J01EE01","противомикробное средство комбинированное","Ко-тримоксазол","Ко-тримоксазол табл 480mg №10","ПЛАТ","Да","уп",2,"20,21","40,42"]
["J01FA09","антибиотик-аминогликозид","Кларитромицин","Клабакс ОД табл пролонг п/п/о 500mg №14","ОМС","Да","уп",15,"516,91","7753,65"]
["J01FA09","антибиотик-аминогликозид","Кларитромицин","Клабакс ОД табл пролонг п/п/о 500mg №14","ПЛАТ","Да","уп",1,"516,91","516,91"]
["J01FA09","антибиотик-аминогликозид","Кларитромицин","Кларитромицин табл пролонг п/п/о 500mg №7","Бюджет","Да","уп",2,"361,71","723,42"]
["J01FA09","антибиотик-аминогликозид","Кларитромицин","Кларитромицин табл пролонг п/п/о 500mg №7","ОМС","Да","уп",17,"361,71","6149,07"]
["J01FA10","антибиотик-азалид","Азитромицин","Азитромицин  Экомед табл п/п/о 500mg №3","ОМС","Да","уп",82,"258,8","21221,6"]
["J01FA10","антибиотик-азалид","Азитромицин","Азитромицин  Экомед табл п/п/о 500mg №3","ПЛАТ","Да","уп",17,"258,8","4399,6"]
["J01FF02","антибиотик-линкозамид","Линкомицин","Линкомицин раствор для в/в и в/м вв 300mg/ml 1ml №10","ОМС","Нет","уп",270,"156,67","42300,9"]
["J01FF02","антибиотик-линкозамид","Линкомицин","Линкомицин раствор для в/в и в/м вв 300mg/ml 1ml №10","ПЛАТ","Нет","уп",85,"156,67","13316,95"]
["J01GB01","антибиотик-аминогликозид","Тобрамицин","Тобропт капли глазные 0,3% 5ml","ОМС","Да","уп",500,"120,12",60060]
["J01GB01","антибиотик-аминогликозид","Тобрамицин","Тобропт капли глазные 0,3% 5ml","ПЛАТ","Да","уп",10,"120,12","1201,2"]
["J01GB03","антибиотик-аминогликозид","Гентамицин","Гентамицин раствор для в/в и в/м вв 40mg/ml 2ml №10","Бюджет","Да","уп",50,"32,19","1609,5"]
["J01GB03","антибиотик-аминогликозид","Гентамицин","Гентамицин раствор для в/в и в/м вв 40mg/ml 2ml №10","ОМС","Да","уп",2190,"32,19","70496,1"]
["J01GB03","антибиотик-аминогликозид","Гентамицин","Гентамицин раствор для в/в и в/м вв 40mg/ml 2ml №10","ПЛАТ","Да","уп",35,"32,19","1126,65"]
["J01GB06","антибиотик-аминогликозид","Амикацин","Амикацин порошок д/приг-я р-ра для в/в , в/м введ 500mg №50","Бюджет","Да","уп",6,"1975,41","11852,46"]
["J01GB06","антибиотик-аминогликозид","Амикацин","Амикацин порошок д/приг-я р-ра для в/в , в/м введ 500mg №50","ОМС","Да","уп","239,2","1975,41",{"v":472518072,"d":"472,518,072"}]
["J01GB06","антибиотик-аминогликозид","Амикацин","Амикацин порошок д/приг-я р-ра для в/в , в/м введ 500mg №50","ПЛАТ","Да","уп",3,"1975,41","5926,23"]
["J01MA01","противомикробное средство - фторхинолон","Офлоксацин","Офлоксацин раствор для инфузий 2mg/ml 100ml №1","ОМС","Да","уп",100,"52,39",5239]
["J01MA02","противомикробное средство - фторхинолон","Ципрофлоксацин","Ципрофлоксацин раствор для инфузий 2mg/ml 100ml №1","Бюджет","Да","уп",1130,"32,42","36634,6"]
["J01MA02","противомикробное средство - фторхинолон","Ципрофлоксацин","Ципрофлоксацин раствор для инфузий 2mg/ml 100ml №1","ОМС","Да","уп",16038,"32,42","519951,96"]
["J01MA02","противомикробное средство - фторхинолон","Ципрофлоксацин","Ципрофлоксацин раствор для инфузий 2mg/ml 100ml №1","ПЛАТ","Да","уп",435,"32,42","14102,7"]
["J01MA02","противомикробное средство - фторхинолон","Ципрофлоксацин","Ципрофлоксацин табл 500mg №10","Бюджет","Да","уп",17,"37,86","643,62"]
["J01MA02","противомикробное средство - фторхинолон","Ципрофлоксацин","Ципрофлоксацин табл 500mg №10","ОМС","Да","уп",892,"37,86","33771,12"]
["J01MA02","противомикробное средство - фторхинолон","Ципрофлоксацин","Ципрофлоксацин табл 500mg №10","ПЛАТ","Да","уп",35,"37,86","1325,1"]
["J01MA03","противомикробное средство - фторхинолон","Пефлоксацин","Пефлоксацин-АКОС конц-т д/приг раствора для инфузий 400mg/5ml 5ml №10","ОМС","Нет","уп",230,"124,37","28605,1"]
["J01MA03","противомикробное средство - фторхинолон","Пефлоксацин","Пефлоксацин-АКОС конц-т д/приг раствора для инфузий 400mg/5ml 5ml №10","ПЛАТ","Нет","уп",55,"124,37","6840,35"]
["J01MA03","противомикробное средство - фторхинолон","Пефлоксацин","Пефлоксацин-АКОС табл п/п/о 400mg №10","ОМС","Нет","уп",5,"88,83","444,15"]
["J01MA03","противомикробное средство - фторхинолон","Пефлоксацин","Пефлоксацин-АКОС табл п/п/о 400mg №10","ПЛАТ","Нет","уп",5,"88,83","444,15"]
["J01MA06","противомикробное средство - фторхинолон","Норфлоксацин","Нолицин табл 400mg №10","ОМС","Нет","уп",42,"157,28","6605,76"]
["J01MA06","противомикробное средство - фторхинолон","Норфлоксацин","Нолицин табл 400mg №10","ПЛАТ","Нет","уп",43,"157,28","6763,04"]
["J01MA12","противомикробное средство - фторхинолон","Левофлоксацин","Лефлобакт раствор для инфузий 5mg/ml 100ml","Бюджет","Да","уп",12,"442,75",5313]
["J01MA12","противомикробное средство - фторхинолон","Левофлоксацин","Лефлобакт раствор для инфузий 5mg/ml 100ml","ОМС","Да","уп",837,"442,75","370581,75"]
["J01MA12","противомикробное средство - фторхинолон","Левофлоксацин","Лефлобакт раствор для инфузий 5mg/ml 100ml","ПЛАТ","Да","уп",255,"442,75","112901,25"]
["J01MA12","противомикробное средство - фторхинолон","Левофлоксацин","Лефлобакт табл п/п/о 500mg №10","Бюджет","Да","уп",5,"409,86","2049,3"]
["J01MA12","противомикробное средство - фторхинолон","Левофлоксацин","Лефлобакт табл п/п/о 500mg №10","ОМС","Да","уп",258,"409,86","105743,88"]
["J01MA12","противомикробное средство - фторхинолон","Левофлоксацин","Лефлобакт табл п/п/о 500mg №10","ПЛАТ","Да","уп",22,"409,86","9016,92"]
["J01MB04","противомикробное средство - хинолон","Пипеминовая кислота","Палин капс 200mg №20","ОМС","Нет","уп",17,"278,27","4730,59"]
["J01MB04","противомикробное средство - хинолон","Пипеминовая кислота","Палин капс 200mg №20","ПЛАТ","Нет","уп",23,"278,27","6400,21"]
["J01XA01","антибиотик-гликопептид","Ванкомицин","Ванкомицин Эльфа порошок д/приг р-ра д/инфузий 1000mg №1","ОМС","Да","уп",1150,"324,47","373140,5"]
["J01XA01","антибиотик-гликопептид","Ванкомицин","Ванкомицин Эльфа порошок д/приг р-ра д/инфузий 1000mg №1","ПЛАТ","Да","уп",70,"324,47","22712,9"]
["J01XA01","антибиотик-гликопептид","Ванкомицин","Ванкорус лиоф-т д/пригот р-ра д/инф 1,0g","ОМС","Да","уп",310,"431,92","133895,2"]
["J01XA01","антибиотик-гликопептид","Ванкомицин","Ванкорус лиоф-т д/пригот р-ра д/инф 1,0g","ПЛАТ","Да","уп",14,"431,92","6046,88"]
["J01XD01","противомикробное и противопротозойное средство","Метронидазол","Метронидазол раствор для инфузий 5mg/ml  100ml","Бюджет","Да","уп",820,"35,23","28888,6"]
["J01XD01","противомикробное и противопротозойное средство","Метронидазол","Метронидазол раствор для инфузий 5mg/ml  100ml","ОМС","Да","уп",11693,"35,23","411944,39"]
["J01XD01","противомикробное и противопротозойное средство","Метронидазол","Метронидазол раствор для инфузий 5mg/ml  100ml","ПЛАТ","Да","уп",350,"35,23","12330,5"]
["J01XD01","противомикробное и противопротозойное средство","Метронидазол","Метронидазол табл 250mg №20","Бюджет","Да","уп",2,"15,09","30,18"]
["J01XD01","противомикробное и противопротозойное средство","Метронидазол","Метронидазол табл 250mg №20","ОМС","Да","уп",388,"15,09","5854,92"]
["J01XD01","противомикробное и противопротозойное средство","Метронидазол","Метронидазол табл 250mg №20","ПЛАТ","Да","уп",88,"15,09","1327,92"]
["J01XE01","противомикробное средство - нитрофуран","Нитрофурантоин","Фурадонин Авексима табл 50mg №20","ОМС","Нет","уп",15,100,1500]
["J01XX01","антибиотик","Фосфомицин","Экофомурал гранулы д/приг р-ра д/вн прим 3g","ПЛАТ","Нет","уп",3,"319,41","958,23"]
["J01XX08","антиагрегантное средство","Эптифибатид","Коромакс раствор для в/в  вв 0,75mg/ml 100ml №1","ОМС","Нет","уп",35,"10875,78","380652,3"]
["J01XX08","антиагрегантное средство","Эптифибатид","Коромакс раствор для в/в  вв 2mg/ml 10ml №1","ОМС","Нет","уп",35,"2794,98","97824,3"]
["J01XX08","антибиотик-оксазолидинон","Линезолид","Зивокс раствор для инфузий 2mg/ml 300ml №10","ОМС","Да","уп",8,"8364,18","66913,44"]
["J02AC01","противогрибковое средство","Флуконазол","Микосист капсулы 100mg №28","Бюджет","Да","уп",2,"2240,1","4480,2"]
["J02AC01","противогрибковое средство","Флуконазол","Микосист капсулы 100mg №28","ОМС","Да","уп",19,"2240,1","42561,9"]
["J02AC01","противогрибковое средство","Флуконазол","Микосист капсулы 100mg №28","ПЛАТ","Да","уп",4,"2240,1","8960,4"]
["J02AC01","противогрибковое средство","Флуконазол","Флуконазол капс 150mg №2","ОМС","Да","уп",522,"44,74","23354,28"]
["J02AC01","противогрибковое средство","Флуконазол","Флуконазол капс 150mg №2","ПЛАТ","Да","уп",25,"44,74","1118,5"]
["J02AC01","противогрибковое средство","Флуконазол","Флуконазол капсулы 50mg №7","ОМС","Да","уп",36,"92,58","3332,88"]
["J02AC01","противогрибковое средство","Флуконазол","Флукорус раствор для инфузий 2mg/ml 100ml","ОМС","Да","уп",116,"316,25",36685]
["J05AB01","противовирусное средство","Ацикловир","Ацикловир  лиоф-т д/пригот р-ра д/инф 0,5g №1","ОМС","Да","уп",12,"323,03","3876,36"]
["J05AB01","противовирусное средство","Ацикловир","Ацикловир  табл 200mg №20","ОМС","Да","уп",26,"30,41","790,66"]
["J05AB01","противовирусное средство","Ацикловир","Ацикловир  табл 200mg №20","ПЛАТ","Да","уп",58,"30,41","1792,53"]
["J05AH02","противовирусное средство","Осельтамивир","Тамифлю капс 75mg №10","Бюджет","Да","уп",4,"1248,24","4992,96"]
["J05AH02","противовирусное средство","Осельтамивир","Тамифлю капс 75mg №10","ОМС","Да","уп",56,"1248,24","69901,44"]
["J05AH02","противовирусное средство","Осельтамивир","Тамифлю капс 75mg №10","ПЛАТ","Да","уп",25,"1248,24",31206]
["J05AX","противовирусное иммуностимулирующее средство - индуктор образования интерферонов","Тилорон","Лавомакс табл п/о 125mg №6","ПЛАТ","Да","уп",3,"548,92","1646,76"]
["J05AX","противовирусное средство","Имидазолилэтанамид пентандиовой кислоты","Ингавирин капс 90mg №7","Бюджет","Да","уп",2,"540,82","1055,06"]
["J05AX","противовирусное средство","Имидазолилэтанамид пентандиовой кислоты","Ингавирин капс 90mg №7","ОМС","Да","уп",35,"540,82","18636,32"]
["J05AX","противовирусное средство","Имидазолилэтанамид пентандиовой кислоты","Ингавирин капс 90mg №7","ПЛАТ","Да","уп",5,"540,82","2637,65"]
["J05AX","противовирусное средство","Кагоцел","Кагоцел табл 12mg №10","ОМС","Да","уп",120,"269,31","32317,2"]
["J05AX","противовирусное средство","Кагоцел","Кагоцел табл 12mg №10","ПЛАТ","Да","уп",16,"269,31","4297,11"]
["J05AX","противовирусное средство","Умифеновир","Арбидол капсулы 100mg №10","Бюджет","Да","уп",3,"242,73","728,19"]
["J05AX","противовирусное средство","Умифеновир","Арбидол капсулы 100mg №10","ОМС","Да","уп",61,"242,73","14806,53"]
["J05AX","противовирусное средство","Умифеновир","Арбидол капсулы 100mg №10","ПЛАТ","Да","уп",5,"242,73","1213,65"]
["J06AA03","МИБП - сыворотка","Антитоксин яда гадюки обыкновенной","Сыворотка против яда гадюки обыкновенной лошадиная очищенная концентрированная жидкая раствор для инъекций 150 АЕ/доза 1 доз №1","ОМС","Да","уп",3,"478,8","1381,14"]
["J07AM01","МИБП - анатоксин","Анатоксин столбнячный","Анатоксин столбнячный очищенный адсорбированный жидкий  (АС-анатоксин) суспензия для п/к вв 0,5ml/dosis 1ml (2dosis) №10","ОМС","Да","уп",20,"106,55",2131]
["L04AX01","иммунодепрессивное средство","Азатиоприн","Азатиоприн табл 50mg №50","ОМС","Да","уп",53,"236,77","12548,81"]
["L04AX01","иммунодепрессивное средство","Азатиоприн","Азатиоприн табл 50mg №50","ПЛАТ","Да","уп",12,"236,77","2841,24"]
["M01AB05","НПВП","Диклофенак","Диклофенак ретард табл. пролог п/к/р/о 100mg №20","ОМС","Да","уп",313,"32,57","10194,41"]
["M01AB05","НПВП","Диклофенак","Диклофенак ретард табл. пролог п/к/р/о 100mg №20","ПЛАТ","Да","уп",14,"32,57","455,98"]
["M01AB05","НПВП","Диклофенак","Диклофенак табл п/к/р/о 50mg №20","ОМС","Да","уп",50,"13,63","681,5"]
["M01AB05","НПВП","Диклофенак","Диклофенак-АКОС раствор для в/м вв 25mg/ml 3 ml №5","Бюджет","Да","уп",690,"20,82","14365,8"]
["M01AB05","НПВП","Диклофенак","Диклофенак-АКОС раствор для в/м вв 25mg/ml 3 ml №5","ОМС","Да","уп",4913,"20,82","102288,66"]
["M01AB05","НПВП","Диклофенак","Диклофенак-АКОС раствор для в/м вв 25mg/ml 3 ml №5","ПЛАТ","Да","уп",201,"20,82","4184,82"]
["M01AB05","НПВП","Диклофенак","Диклофенак-ФПО  табл п/к/р/о 50mg №20","ОМС","Да","уп",65,"72,06","4683,9"]
["M01AB15","НПВП","Кеторолак","Кеторолак раствор для в/в и в/м вв 30mg/ml 1ml №10","ОМС","Да","уп.",1065,"83,68","89119,2"]
["M01AB15","НПВП","Кеторолак","Кеторолак раствор для в/в и в/м вв 30mg/ml 1ml №10","ПЛАТ","Да","уп.",161,"83,68","13472,48"]
["M01AB15","НПВП","Кеторолак","Кеторолак табл п/о 10mg №20","Бюджет","Да","уп.",7,"49,63","347,41"]
["M01AB15","НПВП","Кеторолак","Кеторолак табл п/о 10mg №20","ОМС","Да","уп.",283,"49,63","14045,29"]
["M01AB15","НПВП","Кеторолак","Кеторолак табл п/о 10mg №20","ПЛАТ","Да","уп.",26,"49,63","1290,38"]
["M01AC05","НПВП","Лорноксикам","Ксефокам лиоф-т д/приг р-ра для в/в и в/м вв 8mg №5","ОМС","Да","уп",3,"699,1","2097,3"]
["M01AC05","НПВП","Лорноксикам","Ксефокам лиоф-т д/приг р-ра для в/в и в/м вв 8mg №5","ПЛАТ","Да","уп",2,"699,1","1398,2"]
["M01AC05","НПВП","Лорноксикам","Ксефокам табл п/п/о 4mg №10","ОМС","Да","уп",5,"114,98","574,9"]
["M01AC06","НПВП","Мелоксикам","Мовалис раствор для в/м вв 15mg/1,5ml 1,5ml №3","ОМС","Нет","уп",38,"1456,65","55352,7"]
["M01AC06","НПВП","Мелоксикам","Мовалис раствор для в/м вв 15mg/1,5ml 1,5ml №3","ПЛАТ","Нет","уп",57,"1456,65","83029,05"]
["M01AC06","НПВП","Мелоксикам","Мовасин табл 15mg №20","ОМС","Нет","уп",61,"95,24","5809,64"]
["M01AC06","НПВП","Мелоксикам","Мовасин табл 15mg №20","ПЛАТ","Нет","уп",14,"95,24","1333,36"]
["M01AE01","НПВП","Ибупрофен","Ибупрофен гель д/наруж/пр 5% 50g №1","ПЛАТ","Да","уп",3,"80,18","247,68"]
["M01AE01","НПВП","Ибупрофен","Ибупрофен табл п/п/о 200mg № 50","Бюджет","Да","уп",30,"38,46","1153,8"]
["M01AE01","НПВП","Ибупрофен","Ибупрофен табл п/п/о 200mg № 50","ОМС","Да","уп",161,"38,46","6192,06"]
["M01AE01","НПВП","Ибупрофен","Ибупрофен табл п/п/о 200mg № 50","ПЛАТ","Да","уп",5,"38,46","192,3"]
["M01AE01","НПВП","Ибупрофен","Ибупрофен табл п/п/о 200mg №20","ОМС","Да","уп",505,"16,1","8130,5"]
["M01AE01","НПВП","Ибупрофен","Ибупрофен табл п/п/о 200mg №20","ПЛАТ","Да","уп",15,"16,1","241,5"]
["M01AE03","НПВП","Кетопрофен","Кетопрофен раствор для в/в и в/м вв 50mg/ml 2ml №10","Бюджет","Да","уп",481,"185,09","91624,79"]
["M01AE03","НПВП","Кетопрофен","Кетопрофен раствор для в/в и в/м вв 50mg/ml 2ml №10","ОМС","Да","уп",3920,"185,09","737219,74"]
["M01AE03","НПВП","Кетопрофен","Кетопрофен раствор для в/в и в/м вв 50mg/ml 2ml №10","ПЛАТ","Да","уп",191,"185,09","35698,39"]
["M01AE03","НПВП","Кетопрофен","Кетопрофен супп рект 100mg №10","ОМС","Да","уп",10,"318,78","3187,8"]
["M01AE03","НПВП","Кетопрофен","Кетопрофен супп рект 100mg №10","ПЛАТ","Да","уп",3,"318,78","956,34"]
["M01AE03","НПВП","Кетопрофен","Фламакс капс 50mg №25","Бюджет","Да","уп",20,"109,08","2181,6"]
["M01AE03","НПВП","Кетопрофен","Фламакс капс 50mg №25","ОМС","Да","уп",182,"109,08","19852,56"]
["M01AE03","НПВП","Кетопрофен","Фламакс капс 50mg №25","ПЛАТ","Да","уп",14,"109,08","1527,12"]
["M01AE17","НПВП","Декскетопрофен","Фламадекс раствор для в/в и в/м вв 25mg/ml 2ml №5","ОМС","Да","уп",85,207,17595]
["M01AE17","НПВП","Декскетопрофен","Фламадекс раствор для в/в и в/м вв 25mg/ml 2ml №5","ПЛАТ","Да","уп",60,207,12420]
["M01AH01","НПВП","Целекоксиб","Дилакса капс 200mg №10","ОМС","Нет","уп",3,"577,53","1732,59"]
["M01AX17","НПВП","Нимесулид","Нимесулид табл 100mg №20","ОМС","Нет","уп",261,"79,36","20712,96"]
["M01AX17","НПВП","Нимесулид","Нимесулид табл 100mg №20","ПЛАТ","Нет","уп",17,"79,36","1349,12"]
["M02AA10","НПВП","Кетопрофен","Фастум гель д/наруж/пр 2,5%-50g ","ОМС","Нет","уп",3,"467,03","1401,09"]
["M02AA10","НПВП","Кетопрофен","Фастум гель д/наруж/пр 2,5%-50g ","ПЛАТ","Нет","уп",2,"467,03","934,06"]
["M02AA15","НПВП","Диклофенак","Вольтарен эмульгель гель д/наруж/пр 1% 20g №1","ОМС","Нет","уп",27,"305,3","8243,1"]
["M02AA15","НПВП","Диклофенак","Вольтарен эмульгель гель д/наруж/пр 1% 20g №1","ПЛАТ","Нет","уп",3,"305,3","915,9"]
["M02AX03","противовоспалительное средство для местного применения","Диметилсульфоксид","Димексид конц д/пр р-ра д/наруж/пр 990mg/ml 100ml №1","ОМС","Нет","уп",25,"56,42","1410,5"]
["M02AX03","противовоспалительное средство для местного применения","Диметилсульфоксид","Димексид конц д/пр р-ра д/наруж/пр 990mg/ml 100ml №1","ПЛАТ","Нет","уп",5,"56,42","282,1"]
["M03AB01","миорелаксант деполяризующий периферического действия","Суксаметония хлорид","Листенон раствор для в/в и в/м вв 20mg/ml 5ml №5","ОМС","Да","уп",185,"123,84","22910,4"]
["M03AC06","миорелаксант недеполяризующий периферического действия","Пипекурония бромид","Ардуан лиоф д/пр р-ра д/в/в вв 4mg №25 (с раст-лем: натрия хлорида раствор 0.9% (ампулы) 2 мл №25)","ОМС","Да","уп",140,"1785,53","249974,2"]
["M03AC09","миорелаксант деполяризующий периферического действия","Рокурония бромид ","Круарон  раствор для в/в  вв 10mg/ml 5ml №12","Бюджет","Да","уп",56,"5230,98","292934,88"]
["M03AC09","миорелаксант деполяризующий периферического действия","Рокурония бромид ","Круарон  раствор для в/в  вв 10mg/ml 5ml №12","ОМС","Да","уп",495,"5230,98","2589335,1"]
["M03AC09","миорелаксант деполяризующий периферического действия","Рокурония бромид ","Круарон  раствор для в/в  вв 10mg/ml 5ml №12","ПЛАТ","Да","уп",50,"5230,98",261549]
["M03AC11","миорелаксант недеполяризующий периферического действия","Цисатракурия безилат","Нимбекс раствор для в/в  вв 2mg/ml 5ml №5","Бюджет","Нет","уп",5,"1692,07","8460,35"]
["M03AC11","миорелаксант недеполяризующий периферического действия","Цисатракурия безилат","Нимбекс раствор для в/в  вв 2mg/ml 5ml №5","ОМС","Нет","уп",19,"1692,07","32149,33"]
["M03AC11","миорелаксант недеполяризующий периферического действия","Цисатракурия безилат","Нимбекс раствор для в/в  вв 2mg/ml 5ml №5","ПЛАТ","Нет","уп",9,"1692,07","15228,63"]
["M03BX02","миорелаксант центрального действия","Тизанидин","Сирдалуд табл 2mg №30","ОМС","Да","уп",80,"207,2",16576]
["M03BX02","миорелаксант центрального действия","Тизанидин","Сирдалуд табл 2mg №30","ПЛАТ","Да","уп",22,"207,2","4558,4"]
["M03BX04","миорелаксант центрального действия","Толперизон","Толперизон табл п/п/о 150mg №30","ОМС","Нет","уп",180,"144,3",25974]
["M03BX04","миорелаксант центрального действия","Толперизон","Толперизон табл п/п/о 150mg №30","ПЛАТ","Нет","уп",15,"144,3","2164,5"]
["M03BX04","миорелаксант центрального действия","Толперизон","Толперизон табл п/п/о 50mg №30","ОМС","Нет","уп",50,"122,64",6132]
["M03BX04","миорелаксант центрального действия","Толперизон","Толперизон табл п/п/о 50mg №30","ПЛАТ","Нет","уп",17,"122,64","2084,88"]
["M03BX04","миорелаксант центрального действия","Толперизон+лидокаин","Мидокалм- Рихтер раствор для в/в и в/м вв 100mg +2,5mg/ml 1ml № 5","ОМС","Нет","уп",61,"680,45","41507,45"]
["M03BX04","миорелаксант центрального действия","Толперизон+лидокаин","Мидокалм- Рихтер раствор для в/в и в/м вв 100mg +2,5mg/ml 1ml № 5","ПЛАТ","Нет","уп",16,"680,45","10887,2"]
["M04AA01","противоподагрическое средство - ксантиноксидазы ингибитор","Аллопуринол","Аллопуринол табл 100mg №50","ОМС","Да","уп",50,"95,76",4788]
["M04AA01","противоподагрическое средство - ксантиноксидазы ингибитор","Аллопуринол","Аллопуринол табл 100mg №50","ПЛАТ","Да","уп",3,"95,76","287,28"]
["M09AX","репарации тканей стимулятор природного происхождения","~","Алфлутоп  раствор для инъекций 10mg/ml 2ml №5","ОМС","Нет","уп",5,"2014,65","10073,25"]
["M09AX","репарации тканей стимулятор природного происхождения","~","Алфлутоп  раствор для инъекций 10mg/ml 2ml №5","ПЛАТ","Нет","уп",1,"2014,65","2014,65"]
["N01AB01","средство для ингаляционной анестезии","Галотан","Фторотан жидкость д/ингаляций 50ml","ОМС","Да","фл",100,"445,78",44578]
["N01AB06","средство для ингаляционной анестезии","Изофлуран","Форан жидкость д/ингаляций 100ml №6","ОМС","Нет","уп",5,"16176,59","80882,95"]
["N01AB07","средство для ингаляционной анестезии","Десфлуран","Супран жидкость д/инг.наркоза 240ml №6","Бюджет","Нет","уп",3,"70812,5","212437,5"]
["N01AB07","средство для ингаляционной анестезии","Десфлуран","Супран жидкость д/инг.наркоза 240ml №6","ОМС","Нет","уп",3,"70812,5","212437,5"]
["N01AB07","средство для ингаляционной анестезии","Десфлуран","Супран жидкость д/инг.наркоза 240ml №6","ПЛАТ","Нет","уп",1,"70812,5","70812,5"]
["N01AB08","средство для ингаляционной анестезии","Севофлуран","Севоран жидкость д/ингаляций 250ml","Бюджет","Да","фл",74,"10218,37","756159,38"]
["N01AB08","средство для ингаляционной анестезии","Севофлуран","Севоран жидкость д/ингаляций 250ml","ОМС","Да","фл",56,"10218,37","572228,72"]
["N01AB08","средство для ингаляционной анестезии","Севофлуран","Севоран жидкость д/ингаляций 250ml","ПЛАТ","Да","фл",40,"10218,37","408734,8"]
["N01AF03","средство для неингаляционной общей анестезии","Тиопентал натрия","Тиопентал натрия порошок д/приг-я р-ра для в/в , в/м введ №50 0,5","ОМС","Да","фл",44,"1117,17","49155,48"]
["N01AH","анальгезирующее наркотическое средство","Тримеперидин","Промедол раствор для инъекций 20mg/ml 1ml","ОМС","Да","амп",915,{"v":57222,"d":"57,222"},"52358,13"]
["N01AH01","анальгезирующее наркотическое средство","Фентанил","Фентанил раствор для в/в и в/м вв 50mkg/ml 2ml","ОМС","Да","амп",35020,{"v":25146,"d":"25,146"},"880612,92"]
["N01AX","средство для неингаляционной общей анестезии","Натрии оксибутират","Натрия оксибат раствор для в/в и в/м вв 200mg/ml 5ml","ОМС","Да","амп",500,{"v":33957,"d":"33,957"},"16978,5"]
["N01AX01","антипсихотическое средство (нейролептик)","Дроперидол","Дроперидол раствор для инъекций 2,5mg/ml 2ml №5","ОМС","Да","уп",381,"65,78","25062,18"]
["N01AX01","антипсихотическое средство (нейролептик)","Дроперидол","Дроперидол раствор для инъекций 2,5mg/ml 2ml №5","ПЛАТ","Да","уп",3,"65,78","197,34"]
["N01AX03","средство для неингаляционной общей анестезии","Кетамин","Кетамин раствор для в/в и в/м вв 50mg/ml 2ml","ОМС","Да","амп",380,"45,02","17107,6"]
["N01AX10","Наркозные средства","Пропофол","Пропофол-Бинергия эмульсия для в/в вв 10mg/ml 20ml №5","ОМС","Да","уп",190,"673,27","127921,3"]
["N01AX10","средство для неингаляционной общей анестезии","Пропофол","Пропофол Липуро эмульсия для в/в вв 10mg/ml 20ml №5","Бюджет","Да","уп",250,"822,96",205740]
["N01AX10","средство для неингаляционной общей анестезии","Пропофол","Пропофол Липуро эмульсия для в/в вв 10mg/ml 20ml №5","ОМС","Да","уп",5015,"822,96","4127144,4"]
["N01AX10","средство для неингаляционной общей анестезии","Пропофол","Пропофол Липуро эмульсия для в/в вв 10mg/ml 20ml №5","ПЛАТ","Да","уп",495,"822,96","407365,2"]
["N01AX10","средство для неингаляционной общей анестезии","Пропофол","Пропофол Липуро эмульсия для в/в вв 10mg/ml 50ml №10","Бюджет","Да","уп",21,"5199,74","109194,54"]
["N01AX10","средство для неингаляционной общей анестезии","Пропофол","Пропофол Липуро эмульсия для в/в вв 10mg/ml 50ml №10","ОМС","Да","уп",90,"5199,74","467976,6"]
["N01AX10","средство для неингаляционной общей анестезии","Пропофол","Пропофол Липуро эмульсия для в/в вв 10mg/ml 50ml №10","ПЛАТ","Да","уп",20,"5199,74","103994,8"]
["N01BA02","местноанестезирующее средство","Прокаин","Новокаин раствор для инъекций 0,5% 5ml №10","Бюджет","Да","уп",15,"93,61","1404,15"]
["N01BA02","местноанестезирующее средство","Прокаин","Новокаин раствор для инъекций 0,5% 5ml №10","ОМС","Да","уп",728,"93,61","68148,08"]
["N01BA02","местноанестезирующее средство","Прокаин","Новокаин раствор для инъекций 0,5% 5ml №10","ПЛАТ","Да","уп",3,"93,61","280,83"]
["N01BA02","местноанестезирующее средство","Прокаин","Новокаин раствор для инъекций 2,5mg/ml 200ml №28","ОМС","Да","уп",7,"808,72","5661,04"]
["N01BA02","местноанестезирующее средство","Прокаин","Новокаин раствор для инъекций 5mg/ml 200ml №28","ОМС","Да","уп",53,"895,4","47456,2"]
["N01BB01","местноанестезирующее средство","Бупивакаин","Бупивакаин раствор для инъекций 5mg/ml 4ml №5","Бюджет","Да","уп",17,"850,51","14458,67"]
["N01BB01","местноанестезирующее средство","Бупивакаин","Бупивакаин раствор для инъекций 5mg/ml 4ml №5","ОМС","Да","уп",450,"850,51","382729,5"]
["N01BB01","местноанестезирующее средство","Бупивакаин","Бупивакаин раствор для инъекций 5mg/ml 4ml №5","ПЛАТ","Да","уп",2,"850,51","1701,02"]
["N01BB02","местноанестезирующее средство","Лидокаин","Лидокаин раствор для инъекций 100mg/ml 2ml №10","Бюджет","Да","уп",754,"41,47","31268,38"]
["N01BB02","местноанестезирующее средство","Лидокаин","Лидокаин раствор для инъекций 100mg/ml 2ml №10","ОМС","Да","уп",1895,"41,47","78585,65"]
["N01BB02","местноанестезирующее средство","Лидокаин","Лидокаин раствор для инъекций 100mg/ml 2ml №10","ПЛАТ","Да","уп",130,"41,47","5391,1"]
["N01BB02","местноанестезирующее средство","Лидокаин","Лидокаин раствор для инъекций 20mg/ml 2ml №10","Бюджет","Да","уп",90,"93,61","8424,9"]
["N01BB02","местноанестезирующее средство","Лидокаин","Лидокаин раствор для инъекций 20mg/ml 2ml №10","ОМС","Да","уп",6921,"93,61","647874,81"]
["N01BB02","местноанестезирующее средство","Лидокаин","Лидокаин раствор для инъекций 20mg/ml 2ml №10","ПЛАТ","Да","уп",129,"93,61","12075,69"]
["N01BB08","местноанестезирующее средство","Артикаин","Артикаин-Бинергия раствор для инъекций 20mg/ml 1,7ml №10","ПЛАТ","Нет","уп",13,495,6435]
["N01BB09","местноанестезирующее средство","Ропивакаин","Наропин раствор для инъекций 2mg/ml 100ml №5","Бюджет","Да","уп",12,"2829,65","33955,8"]
["N01BB09","местноанестезирующее средство","Ропивакаин","Наропин раствор для инъекций 2mg/ml 100ml №5","ОМС","Да","уп",111,"2829,65","314091,15"]
["N01BB09","местноанестезирующее средство","Ропивакаин","Наропин раствор для инъекций 2mg/ml 100ml №5","ПЛАТ","Да","уп",5,"2829,65","14148,25"]
["N01BB09","местноанестезирующее средство","Ропивакаин","Наропин раствор для инъекций 5mg/ml 10ml №5","ОМС","Да","уп",61,"1612,77","98378,97"]
["N01BB09","местноанестезирующее средство","Ропивакаин","Наропин раствор для инъекций 5mg/ml 10ml №5","ПЛАТ","Да","уп",9,"1612,77","14514,93"]
["N01BB09","местноанестезирующее средство","Ропивакаин","Наропин раствор для инъекций 7,5mg/ml 10ml №5","Бюджет","Да","уп",23,"1056,49","24299,27"]
["N01BB09","местноанестезирующее средство","Ропивакаин","Наропин раствор для инъекций 7,5mg/ml 10ml №5","ОМС","Да","уп",305,"1056,49","322229,45"]
["N01BB09","местноанестезирующее средство","Ропивакаин","Наропин раствор для инъекций 7,5mg/ml 10ml №5","ПЛАТ","Да","уп",9,"1056,49","9508,41"]
["N01BB09","местноанестезирующее средство","Ропивакаин","Ропивакаин Каби раствор для инъекций 2mg/ml 100ml №5","ОМС","Да","уп",100,"2821,5",282150]
["N01BB10","местноанестезирующее средство","Левобупивакаин","Хирокаин раствор для инъекций 5mg/ml 5ml №10","Бюджет","Да","уп",9,"1178,81","10609,29"]
["N01BB10","местноанестезирующее средство","Левобупивакаин","Хирокаин раствор для инъекций 5mg/ml 5ml №10","ОМС","Да","уп",17,"1178,81","20039,77"]
["N01BB10","местноанестезирующее средство","Левобупивакаин","Хирокаин раствор для инъекций 5mg/ml 5ml №10","ПЛАТ","Да","уп",10,"1178,81","11788,1"]
["N01BB58","местноанестезирующее средство+альфа- и бета-адреномиметик","Артикаин + Эпинефрин","Септанест с адреналином раствор для инъекций 40mg+10mkg/ml №50","ОМС","Нет","уп",1,"2156,17","2156,17"]
["N01BB58","местноанестезирующее средство+альфа- и бета-адреномиметик","Артикаин + Эпинефрин","Септанест с адреналином раствор для инъекций 40mg+10mkg/ml №50","ПЛАТ","Нет","уп",3,"2156,17","6468,51"]
["N01BB58","местноанестезирующее средство+альфа- и бета-адреномиметик","Артикаин+[Эпинефрин]","Артикаин с адреналином форте раствор для инъекций 40mg+0,01mg/ml 1,7ml №50","ОМС","Нет","уп",3,"2253,3","6759,9"]
["N01BB58","местноанестезирующее средство+альфа- и бета-адреномиметик","Артикаин+[Эпинефрин]","Артикаин с адреналином форте раствор для инъекций 40mg+0,01mg/ml 1,7ml №50","ПЛАТ","Нет","уп",5,"2253,3","11266,5"]
["N01BB58","местноанестезирующее средство+альфа- и бета-адреномиметик","Артикаин+Эпинефрин","Ультракаин ДС Форте раствор для инъекций 40mg+0,01mg/ml 1,7ml №100","ПЛАТ","Нет","уп",16,"6700,27","107204,32"]
["N02AA01","анальгезирующее наркотическое средство","Морфин","Морфин раствор для инъекций 10mg/ml 1ml","ОМС","Да","амп",3200,{"v":34782,"d":"34,782"},"111302,4"]
["N02AX02","анальгезирующее средство со смешанным механизмом действия","Трамадол","Трамадол капсулы 50mg","ОМС","Да","капс",76,{"v":4021435,"d":"4,021,435"},{"v":30562906,"d":"30,562,906"}]
["N02AX02","анальгезирующее средство со смешанным механизмом действия","Трамадол","Трамадол капсулы 50mg","ПЛАТ","Да","капс",5,{"v":4021435,"d":"4,021,435"},{"v":20107175,"d":"20,107,175"}]
["N02AX02","анальгезирующее средство со смешанным механизмом действия","Трамадол","Трамадол раствор для инъекций 50mg/ml 2ml","ОМС","Да","амп",1897,{"v":162426,"d":"162,426"},{"v":308122122,"d":"308,122,122"}]
["N02AX02","анальгезирующее средство со смешанным механизмом действия","Трамадол","Трамадол раствор для инъекций 50mg/ml 2ml","ПЛАТ","Да","амп",5,{"v":162426,"d":"162,426"},{"v":81213,"d":"81,213"}]
["N02AX02","анальгезирующее средство со смешанным механизмом действия","Трамадол","Трамадол раствор для инъекций 50mg/ml 2ml №5","ОМС","Да","уп",420,"80,58","33843,6"]
["N02AX02","анальгезирующее средство со смешанным механизмом действия","Трамадол","Трамадол раствор для инъекций 50mg/ml 2ml №5","ПЛАТ","Да","уп",2,"80,58","161,16"]
["N02AX06","анальгезирующее наркотическое средство","Тапентадол","Палексия табл пролонг п/п/о 50mg №20","ОМС","Да","уп",11,"814,62","8960,82"]
["N02AX06","анальгезирующее наркотическое средство","Тапентадол","Палексия табл пролонг п/п/о 50mg №20","ПЛАТ","Да","уп",4,"814,62","3258,48"]
["N02BA01","НПВП","Ацетилсалициловая кислота","Ацетилсалициловая кислота табл 500mg №10","ОМС","Да","уп",3152,"5,2","16390,4"]
["N02BA01","НПВП","Ацетилсалициловая кислота","Ацетилсалициловая кислота табл 500mg №10","ПЛАТ","Да","уп",25,"5,2",130]
["N02BA51","анальгезирующее средство комбинированное","~","Каффетин Лайт табл №12","ОМС","Нет","уп",27,"231,14","6240,78"]
["N02BA51","анальгезирующее средство комбинированное","~","Каффетин Лайт табл №12","ПЛАТ","Нет","уп",20,"231,14","4622,8"]
["N02BB02","анальгезирующее ненаркотическое средство","Метамизол натрия","Анальгин раствор для в/в и в/м вв 500mg/ml 2ml №10","Бюджет","Нет","уп",30,"39,17","1175,1"]
["N02BB02","анальгезирующее ненаркотическое средство","Метамизол натрия","Анальгин раствор для в/в и в/м вв 500mg/ml 2ml №10","ОМС","Нет","уп",5109,"39,17","200119,53"]
["N02BB02","анальгезирующее ненаркотическое средство","Метамизол натрия","Анальгин раствор для в/в и в/м вв 500mg/ml 2ml №10","ПЛАТ","Нет","уп",121,"39,17","4739,57"]
["N02BB02","анальгезирующее ненаркотическое средство","Метамизол натрия","Анальгин табл 500mg №10","ПЛАТ","Нет","уп",20,"14,88","297,6"]
["N02BB02","анальгезирующее ненаркотическое средство","Метамизол натрия ","Баралгин М раствор для в/в и в/м вв 500mg/ml 5ml №5","Бюджет","Нет","уп.",25,"380,06","9501,5"]
["N02BB02","анальгезирующее ненаркотическое средство","Метамизол натрия ","Баралгин М раствор для в/в и в/м вв 500mg/ml 5ml №5","ОМС","Нет","уп.",482,"380,06","183188,92"]
["N02BB02","анальгезирующее ненаркотическое средство","Метамизол натрия ","Баралгин М раствор для в/в и в/м вв 500mg/ml 5ml №5","ПЛАТ","Нет","уп.",31,"380,06","11781,86"]
["N02BB52","анальгезирующее средство комбинированное (анальгезирующее ненаркотическое средство+спазмолитическое средство)","Метамизол натрия+питофенон+фенпивериния бромид","Спазмалин раствор для в/в и в/м вв 5ml №5","Бюджет","Нет","уп",20,"109,74","2194,8"]
["N02BB52","анальгезирующее средство комбинированное (анальгезирующее ненаркотическое средство+спазмолитическое средство)","Метамизол натрия+питофенон+фенпивериния бромид","Спазмалин раствор для в/в и в/м вв 5ml №5","ОМС","Нет","уп",517,"109,74","56735,58"]
["N02BB52","анальгезирующее средство комбинированное (анальгезирующее ненаркотическое средство+спазмолитическое средство)","Метамизол натрия+питофенон+фенпивериния бромид","Спазмалин раствор для в/в и в/м вв 5ml №5","ПЛАТ","Нет","уп",62,"109,74","6803,88"]
["N02BE01","анальгезирующее ненаркотическое средство","Парацетамол","Парацетамол раствор для инфузий 10mg/ml 100ml","Бюджет","Да","уп",830,"66,79","55435,7"]
["N02BE01","анальгезирующее ненаркотическое средство","Парацетамол","Парацетамол раствор для инфузий 10mg/ml 100ml","ОМС","Да","уп",3926,"66,79","262217,54"]
["N02BE01","анальгезирующее ненаркотическое средство","Парацетамол","Парацетамол раствор для инфузий 10mg/ml 100ml","ПЛАТ","Да","уп",210,"66,79","14025,9"]
["N02BE01","анальгезирующее ненаркотическое средство","Парацетамол","Парацетамол табл 500mg №10","Бюджет","Да","уп",31,"4,75","147,25"]
["N02BE01","анальгезирующее ненаркотическое средство","Парацетамол","Парацетамол табл 500mg №10","ОМС","Да","уп",278,"4,75","1320,5"]
["N02BE01","анальгезирующее ненаркотическое средство","Парацетамол","Парацетамол табл 500mg №10","ПЛАТ","Да","уп",61,"4,75","289,75"]
["N02BE51","ОРЗ и \"простуды\" симптомов средство устранения (анальгезирующее ненаркотическое средство+психостимулирующее средство+альфа-адреномиметик+отхаркивающее средство+витамин)","Кофеин + Парацетамол + Фенилэфрин + Терпингидрат + Аскорбиновая кислота ","Колдрекс табл №12","ОМС","Нет","уп.",5,"196,98","984,9"]
["N02BE51","ОРЗ и \"простуды\" симптомов средство устранения (анальгезирующее ненаркотическое средство+психостимулирующее средство+альфа-адреномиметик+отхаркивающее средство+витамин)","Кофеин + Парацетамол + Фенилэфрин + Терпингидрат + Аскорбиновая кислота ","Колдрекс табл №12","ПЛАТ","Нет","уп.",5,"196,98","984,9"]
["N02BE71","анальгезирующее средство комбинированное (НПВП+анальгезирующее ненаркотическое средство+психостимулирующее средство)","Дротаверин+Кофеин+Напроксен+Парацетамол+Фенирамин","Пенталгин табл п/п/о №12","ОМС","Нет","уп",144,"110,66","15935,04"]
["N02BE71","анальгезирующее средство комбинированное (НПВП+анальгезирующее ненаркотическое средство+психостимулирующее средство)","Дротаверин+Кофеин+Напроксен+Парацетамол+Фенирамин","Пенталгин табл п/п/о №12","ПЛАТ","Нет","уп",25,"110,66","2766,5"]
["N02BG06","анальгезирующее средство центрального действия","Нефопам","Акупан-Биокодекс раствор для инфузий и в/м вв 10mg/ml 2ml №5","Бюджет","Нет","уп",31,1250,38750]
["N02BG06","анальгезирующее средство центрального действия","Нефопам","Акупан-Биокодекс раствор для инфузий и в/м вв 10mg/ml 2ml №5","ОМС","Нет","уп",59,1250,73750]
["N02BG06","анальгезирующее средство центрального действия","Нефопам","Акупан-Биокодекс раствор для инфузий и в/м вв 10mg/ml 2ml №5","ПЛАТ","Нет","уп",10,1250,12500]
["N03AF01","противоэпилептическое средство","Карбамазепин","Карбамазепин табл 200mg № 50","ОМС","Да","уп.",378,"61,47","23235,66"]
["N03AF01","противоэпилептическое средство","Карбамазепин","Карбамазепин табл 200mg № 50","ПЛАТ","Да","уп.",26,"61,47","1598,22"]
["N03AG01","противоэпилептическое средство","Вальпроевая кислота","Конвулекс раствор для в/в  вв 100mg/ml 5ml №5","ОМС","Да","уп",6,"1471,94","8831,64"]
["N03AG01","противоэпилептическое средство","Вальпроевая кислота","Энкорат хроно табл с контрол.высвобождением п/о 500mg №30","ОМС","Да","уп",53,"358,62","19006,86"]
["N03AG01","противоэпилептическое средство","Вальпроевая кислота","Энкорат хроно табл с контрол.высвобождением п/о 500mg №30","ПЛАТ","Да","уп",5,"358,62","1793,1"]
["N03AG01","противоэпилептическое средство","Вальпроевая кислота ","Вальпарин ХР табл пролог п/п/о 300mg №100","ОМС","Да","уп.",22,"668,18","14699,96"]
["N03AG01","противоэпилептическое средство","Вальпроевая кислота ","Вальпарин ХР табл пролог п/п/о 300mg №100","ПЛАТ","Да","уп.",2,"668,18","1336,36"]
["N03AX12","противоэпилептическое средство","Габапентин","Габапентин Канон капсулы 300mg №50","ОМС","Нет","уп",58,"495,06","28713,48"]
["N03AX12","противоэпилептическое средство","Габапентин","Габапентин Канон капсулы 300mg №50","ПЛАТ","Нет","уп",25,"495,06","12376,5"]
["N03AX12","противоэпилептическое средство","Габапентин","Тебантин капс 300mg №50","ОМС","Нет","уп",22,"1015,9","22349,8"]
["N03AX12","противоэпилептическое средство","Габапентин","Тебантин капс 300mg №50","ПЛАТ","Нет","уп",20,"1015,9",20318]
["N03AX16","противоэпилептическое средство","Прегабалин","Прегабалин Канон капс 75mg №14","ПЛАТ","Да","уп",20,"441,41","8828,2"]
["N03AX16","противоэпилептическое средство","Прегабалин","Прегабалин-Рихтер капсулы 75mg","ОМС","Да","капс",30,"33,83","1014,9"]
["N03AX16","противоэпилептическое средство","Прегабалин","Прегабалин-Рихтер капсулы 75mg","ПЛАТ","Да","капс",10,"33,83","338,3"]
["N04BA","противопаркинсоническое средство (дофамина предшественник+декарбоксилазы периферический ингибитор)","Леводопа+Бенсеразид","Мадопар \"250\" табл 200mg+50mg №100","ОМС","Да","уп",5,"1365,94","6829,7"]
["N04BA","противоэпилептическое средство","Леводопа+Бенсеразид","Мадопар \"125\" капс 100mg+25mg №100","ОМС","Да","уп",13,"747,91","9722,83"]
["N04BA","противоэпилептическое средство","Леводопа+Бенсеразид","Мадопар \"125\" капс 100mg+25mg №100","ПЛАТ","Да","уп",3,"747,91","2243,73"]
["N04BB01","Противопаркинсонические средства","Амантадин","ПК-Мерц  табл п/п/о 100mg №30","ОМС","Да","уп",35,"258,89","9061,15"]
["N04BB01","Противопаркинсонические средства","Амантадин","ПК-Мерц  табл п/п/о 100mg №30","ПЛАТ","Да","уп",2,"258,89","517,78"]
["N04BB01","противопаркинсоническое средство","Амантадин","ПК-Мерц фл 0,4mg/ml 500ml №2","ОМС","Да","уп",3,"1440,16","4320,48"]
["N04BB01","противопаркинсоническое средство","Амантадин","ПК-Мерц фл 0,4mg/ml 500ml №2","ПЛАТ","Да","уп",3,"1440,16","4320,48"]
["N04BC05","противопаркинсоническое средство, дофаминовых рецепторов агонист","Прамипексол","Прамипексол табл 1mg №30","ОМС","Да","уп",1,"796,89","796,89"]
["N04BC08","противопаркинсоническое средство, дофаминовых рецепторов агонист","Пирибедил","Проноран табл п/о 50mg №30","ОМС","Да","уп",15,"530,03","7950,45"]
["N04BC08","противопаркинсоническое средство, дофаминовых рецепторов агонист","Пирибедил","Проноран табл п/о 50mg №30","ПЛАТ","Да","уп",4,"530,03","2120,12"]
["N05AA01","антипсихотическое средство (нейролептик)","Хлорпромазин","Аминазин раствор для в/в и в/м вв 25mg/ml 2ml №10","ОМС","Да","уп",104,"181,72","18898,88"]
["N05AA01","антипсихотическое средство (нейролептик)","Хлорпромазин","Аминазин раствор для в/в и в/м вв 25mg/ml 2ml №10","ПЛАТ","Да","уп",3,"181,72","545,16"]
["N05AA01","антипсихотическое средство (нейролептик)","Хлорпромазин","Аминазин табл п/п/о 50mg №10","ОМС","Да","уп",10,"209,95","2099,5"]
["N05AC02","антипсихотическое средство (нейролептик)","Тиоридазин","Сонапакс табл п/о 10mg №60","Бюджет","Да","уп",62,"286,57","17767,34"]
["N05AC02","антипсихотическое средство (нейролептик)","Тиоридазин","Сонапакс табл п/о 10mg №60","ОМС","Да","уп",219,"286,57","62758,83"]
["N05AC02","антипсихотическое средство (нейролептик)","Тиоридазин","Сонапакс табл п/о 10mg №60","ПЛАТ","Да","уп",5,"286,57","1432,85"]
["N05AC02","антипсихотическое средство (нейролептик)","Тиоридазин","Тиорил табл 25mg №100","Бюджет","Да","уп",5,"118,37","591,85"]
["N05AC02","антипсихотическое средство (нейролептик)","Тиоридазин","Тиорил табл 25mg №100","ОМС","Да","уп",62,"118,37","7338,94"]
["N05AC02","антипсихотическое средство (нейролептик)","Тиоридазин","Тиорил табл 25mg №100","ПЛАТ","Да","уп",5,"118,37","591,85"]
["N05AD01","антипсихотическое средство (нейролептик)","Галоперидол","Галоперидол раствор для в/в и в/м вв 5mg/ml 1ml №10","Бюджет","Да","уп",1,"157,11","157,11"]
["N05AD01","антипсихотическое средство (нейролептик)","Галоперидол","Галоперидол раствор для в/в и в/м вв 5mg/ml 1ml №10","ОМС","Да","уп",461,"157,11","72427,71"]
["N05AD01","антипсихотическое средство (нейролептик)","Галоперидол","Галоперидол раствор для в/в и в/м вв 5mg/ml 1ml №10","ПЛАТ","Да","уп",3,"157,11","471,33"]
["N05AD01","антипсихотическое средство (нейролептик)","Галоперидол","Галоперидол табл 5mg №50","ОМС","Да","уп",28,"76,5",2142]
["N05AD01","антипсихотическое средство (нейролептик)","Галоперидол","Галоперидол табл 5mg №50","ПЛАТ","Да","уп",2,"76,5",153]
["N05AF03","антипсихотическое средство (нейролептик)","Хлорпротиксен","Хлорпротиксен Зентива табл п/п/о 15mg №30","Бюджет","Нет","уп",10,"225,16","2251,6"]
["N05AF03","антипсихотическое средство (нейролептик)","Хлорпротиксен","Хлорпротиксен Зентива табл п/п/о 15mg №30","ОМС","Нет","уп",132,"225,16","29721,12"]
["N05AF03","антипсихотическое средство (нейролептик)","Хлорпротиксен","Хлорпротиксен Зентива табл п/п/о 15mg №30","ПЛАТ","Нет","уп",2,"225,16","450,32"]
["N05AL01","антипсихотическое средство (нейролептик)","Сульпирид","Бетамакс табл 100mg №30","ОМС","Да","уп",86,"279,97","24077,42"]
["N05AL01","антипсихотическое средство (нейролептик)","Сульпирид","Бетамакс табл 100mg №30","ПЛАТ","Да","уп",21,"279,97","5879,37"]
["N05AL01","антипсихотическое средство (нейролептик)","Сульпирид","Сульпирид раствор для в/м вв 50mg/ml 2ml №10","ОМС","Да","уп",62,"142,14","8812,68"]
["N05AL01","антипсихотическое средство (нейролептик)","Сульпирид","Сульпирид табл 50mg № 30","ОМС","Да","уп",257,"70,67","18162,19"]
["N05AL01","антипсихотическое средство (нейролептик)","Сульпирид","Сульпирид табл 50mg № 30","ПЛАТ","Да","уп",47,"70,67","3321,49"]
["N05BA01","транквилизатор","Диазепам","Реланиум раствор для в/в и в/м вв 5mg/ml 2ml","ОМС","Да","амп",3420,"21,85",74727]
["N05BA23","анксиолитическое средство (транквилизатор)","Тофизопам","Грандаксин табл 50mg №20","ОМС","Нет","уп",56,"447,38","25053,28"]
["N05BA23","анксиолитическое средство (транквилизатор)","Тофизопам","Грандаксин табл 50mg №20","ПЛАТ","Нет","уп",13,"447,38","5815,94"]
["N05BB01","анксиолитическое средство (транквилизатор)","Гидроксизин","Гидроксизин Канон  табл п/п/о 25mg №25","ОМС","Да","уп.",499,"285,28","142354,72"]
["N05BB01","анксиолитическое средство (транквилизатор)","Гидроксизин","Гидроксизин Канон  табл п/п/о 25mg №25","ПЛАТ","Да","уп.",35,"285,28","9984,8"]
["N05BX","анксиолитическое средство (транквилизатор)","Бромдигидрохлорфенилбензодиазепин","Феназепам раствор для в/в и в/м вв 1mg/ml 1ml №10","Бюджет","Да","уп",53,"164,31","8708,43"]
["N05BX","анксиолитическое средство (транквилизатор)","Бромдигидрохлорфенилбензодиазепин","Феназепам раствор для в/в и в/м вв 1mg/ml 1ml №10","ОМС","Да","уп",987,"164,31","162173,97"]
["N05BX","анксиолитическое средство (транквилизатор)","Бромдигидрохлорфенилбензодиазепин","Феназепам раствор для в/в и в/м вв 1mg/ml 1ml №10","ПЛАТ","Да","уп",22,"164,31","3614,82"]
["N05BX","анксиолитическое средство (транквилизатор)","Бромдигидрохлорфенилбензодиазепин","Феназепам табл 0,5mg №50","Бюджет","Да","уп",5,"94,04","470,2"]
["N05BX","анксиолитическое средство (транквилизатор)","Бромдигидрохлорфенилбензодиазепин","Феназепам табл 0,5mg №50","ОМС","Да","уп",137,"94,04","12883,48"]
["N05BX","анксиолитическое средство (транквилизатор)","Бромдигидрохлорфенилбензодиазепин","Феназепам табл 0,5mg №50","ПЛАТ","Да","уп",6,"94,04","564,24"]
["N05BX","анксиолитическое средство (транквилизатор)","Бромдигидрохлорфенилбензодиазепин","Феназепам табл 1mg №50","Бюджет","Да","уп",5,"112,21","561,05"]
["N05BX","анксиолитическое средство (транквилизатор)","Бромдигидрохлорфенилбензодиазепин","Феназепам табл 1mg №50","ОМС","Да","уп",152,"112,21","17055,92"]
["N05BX","анксиолитическое средство (транквилизатор)","Бромдигидрохлорфенилбензодиазепин","Феназепам табл 1mg №50","ПЛАТ","Да","уп",7,"112,21","785,47"]
["N05BX","анксиолитическое средство (транквилизатор)","Фабомотизол","Афобазол табл 10mg №60","ОМС","Нет","уп",28,"580,8","16262,4"]
["N05BX","анксиолитическое средство (транквилизатор)","Фабомотизол","Афобазол табл 10mg №60","ПЛАТ","Нет","уп",15,"580,8",8712]
["N05BX","ноотропное средство","Аминофенилмасляная кислота","Фенибут табл 250mg №20","Бюджет","Нет","уп",30,"90,16","2704,8"]
["N05BX","ноотропное средство","Аминофенилмасляная кислота","Фенибут табл 250mg №20","ОМС","Нет","уп",63,"90,16","5680,08"]
["N05BX","ноотропное средство","Аминофенилмасляная кислота","Фенибут табл 250mg №20","ПЛАТ","Нет","уп",10,"90,16","901,6"]
["N05CB02","седативное средство","Мяты перечной листьев масло+Фенобарбитал+Этилбромизовалерианат","Корвалол капл д/пр внутрь 25ml","ОМС","Нет","уп",530,"22,2",11766]
["N05CD08","снотворное и седативное средство","Мидазолам","Дормикум раствор для в/в и в/м вв 5mg/ml 1ml","ОМС","Да","амп",3000,{"v":37099,"d":"37,099"},111297]
["N05CF01","снотворное средство","Зопиклон","Сомнол табл п/п/о 7,5mg №1","ОМС","Да","табл",810,{"v":8917617,"d":"8,917,617"},{"v":722326977,"d":"722,326,977"}]
["N05CF01","снотворное средство","Зопиклон","Сомнол табл п/п/о 7,5mg №1","ПЛАТ","Да","табл",15,{"v":8917617,"d":"8,917,617"},{"v":133764255,"d":"133,764,255"}]
["N05CM","седативное средство растительного происхождения","Пустырника трава","Пустырника настойка капл д/пр внутрь 25ml","ОМС","Нет","уп",136,"12,34","1678,24"]
["N05CM","седативное средство растительного происхождения","Пустырника трава","Пустырника настойка капл д/пр внутрь 25ml","ПЛАТ","Нет","уп",20,"12,34","246,8"]
["N05CM09","седативное средство растительного происхождения","Валерианы корневища с корнями","Валерианы настойка настойка 25ml","ОМС","Нет","уп",220,"13,59","2989,8"]
["N05CM09","седативное средство растительного происхождения","Валерианы корневища с корнями","Валерианы настойка настойка 25ml","ПЛАТ","Нет","уп",12,"13,59","163,08"]
["N05CM18","седативное средство","Дексмедетомидин","Дексдор конц-т д/приг раствора для инфузий 100mkg/ml 2ml №5","Бюджет","Нет","уп",17,"10821,66","183968,22"]
["N05CM18","седативное средство","Дексмедетомидин","Дексдор конц-т д/приг раствора для инфузий 100mkg/ml 2ml №5","ОМС","Нет","уп",22,"10821,66","238076,52"]
["N05CM18","седативное средство","Дексмедетомидин","Дексдор конц-т д/приг раствора для инфузий 100mkg/ml 2ml №5","ПЛАТ","Нет","уп",8,"10821,66","86573,28"]
["N06AA09","антидепрессант","Амитриптилин","Амитриптилин раствор для в/в и в/м вв 10mg/ml 2ml №10","ПЛАТ","Да","уп",2,"54,62","109,24"]
["N06AA09","антидепрессант","Амитриптилин","Амитриптилин табл 25mg №50","Бюджет","Да","уп.",2,"56,77","113,54"]
["N06AA09","антидепрессант","Амитриптилин","Амитриптилин табл 25mg №50","ОМС","Да","уп.",238,"56,77","13511,26"]
["N06AA09","антидепрессант","Амитриптилин","Амитриптилин табл 25mg №50","ПЛАТ","Да","уп.",30,"56,77","1703,1"]
["N06AB03","антидепрессант","Флуоксетин","Флуоксетин капс 20mg №30","ПЛАТ","Да","уп",3,"118,52","355,56"]
["N06AB05","антидепрессант","Пароксетин","Пароксетин табл п/п/о 20mg №30","ОМС","Да","уп",20,"536,61","10732,2"]
["N06AB05","антидепрессант","Пароксетин","Пароксетин табл п/п/о 20mg №30","ПЛАТ","Да","уп",8,"536,61","4292,88"]
["N06AB08","антидепрессант","Флувоксамин","Феварин табл п/о 50mg №15","ПЛАТ","Нет","уп",5,"1087,8",5439]
["N06AX21","антидепрессант","Дулоксетин","Дулоксетин Канон капс к/раст 30mg №14","ОМС","Нет","уп",20,"1243,2",24864]
["N06AX21","антидепрессант","Дулоксетин","Дулоксетин Канон капс к/раст 30mg №14","ПЛАТ","Нет","уп",1,"1243,2","1243,2"]
["N06AX22","снотворное средство","Агомелатин","Вальдоксан табл п/о 25mg №14","ПЛАТ","Да","уп",2,"937,85","1473,4"]
["N06BC01","психостимулирующее средство","Кофеин","Кофеин-бензоат натрия раствор для инъекций 200mg/ml 1ml № 10","Б.Опк","Да","уп",2,"34,53","69,06"]
["N06BC01","психостимулирующее средство","Кофеин","Кофеин-бензоат натрия раствор для инъекций 200mg/ml 1ml № 10","Бюджет","Да","уп",7,"34,53","241,71"]
["N06BC01","психостимулирующее средство","Кофеин","Кофеин-бензоат натрия раствор для инъекций 200mg/ml 1ml № 10","ОМС","Да","уп",154,"34,53","5317,62"]
["N06BC01","психостимулирующее средство","Кофеин","Кофеин-бензоат натрия раствор для инъекций 200mg/ml 1ml № 10","ПЛАТ","Да","уп",1,"34,53","34,53"]
["N06BX","Ноотропы","Глицин","Глицин  табл п/язычн 100mg №50","ОМС","Да","уп",1,"29,9","29,9"]
["N06BX","метаболическое средство","Глицин","Глицин-БИО Фармаплант табл п/язычн 100mg №50","ПЛАТ","Да","уп",5,"46,13","230,65"]
["N06BX","ноотропное средство","Фонтурацетам","Фенотропил табл 100mg №30","ПЛАТ","Да","уп",3,"1091,14","3273,42"]
["N06BX03","ноотропное средство","Пирацетам","Пирацетам  раствор для в/в и в/м вв 200mg/ml 5ml №10","Бюджет","Да","уп",65,"65,56","4261,4"]
["N06BX03","ноотропное средство","Пирацетам","Пирацетам  раствор для в/в и в/м вв 200mg/ml 5ml №10","ОМС","Да","уп",1058,"65,56","69362,48"]
["N06BX03","ноотропное средство","Пирацетам","Пирацетам  раствор для в/в и в/м вв 200mg/ml 5ml №10","ПЛАТ","Да","уп",111,"65,56","7277,16"]
["N06BX03","ноотропное средство","Пирацетам","Пирацетам  табл 800mg №30","ОМС","Да","уп",63,"71,19","4484,97"]
["N06BX06","ноотропное средство","Цитиколин","Нейпилепт раствор для в/в и в/м вв 250mg/ml 4ml №5","ПЛАТ","Да","уп",35,"1170,35","40962,25"]
["N06BX06","ноотропное средство","Цитиколин","Цераксон раствор для в/в и в/м вв 1000mg/4ml  №5","ОМС","Да","уп",245,"1173,55","287519,75"]
["N06BX06","ноотропное средство","Цитиколин","Цераксон раствор для в/в и в/м вв 1000mg/4ml  №5","ПЛАТ","Да","уп",67,"1173,55","78627,85"]
["N06BX18","психостимулирующее и ноотропное средство","Винпоцетин","Винпоцетин конц-т д/приг раствора для инфузий 5mg/ml 5ml №10","ОМС","Да","уп.",374,"122,76","45912,24"]
["N06BX18","психостимулирующее и ноотропное средство","Винпоцетин","Винпоцетин конц-т д/приг раствора для инфузий 5mg/ml 5ml №10","ПЛАТ","Да","уп.",51,"122,76","6260,76"]
["N06BX18","психостимулирующее и ноотропное средство","Винпоцетин","Винпоцетин табл 5mg №50","ОМС","Да","уп",5,"213,98","1069,9"]
["N06BX18","психостимулирующее и ноотропное средство","Винпоцетин","Винпоцетин форте табл 10mg №30","ОМС","Да","уп",3,"268,16","804,48"]
["N06BX18","психостимулирующее и ноотропное средство","Винпоцетин","Винпоцетин форте табл 10mg №30","ПЛАТ","Да","уп",17,"268,16","4558,72"]
["N06DA04","деменции средство лечения","Галантамин","Галантамин Канон табл п/п/о 8mg №56","ОМС","Да","уп",25,"3572,53","89313,25"]
["N06DA04","деменции средство лечения","Галантамин","Галантамин Канон табл п/п/о 8mg №56","ПЛАТ","Да","уп",4,"3572,53","14290,12"]
["N06DX01","деменции средство лечения","Мемантин","Мемантин табл п/п/о 10mg  №30","ОМС","Да","уп",10,"1389,31",{"v":13893066,"d":"13,893,066"}]
["N06DX01","деменции средство лечения","Мемантин","Мемантин табл п/п/о 10mg  №30","ПЛАТ","Да","уп",5,"1389,31",{"v":6946533,"d":"6,946,533"}]
["N07AA01","холинэстеразы ингибитор","Неостигмина метилсульфат","Прозерин раствор для инъекций 0,5mg/ml 1ml №10","ОМС","Да","уп",783,"73,29","57386,07"]
["N07AA01","холинэстеразы ингибитор","Неостигмина метилсульфат","Прозерин раствор для инъекций 0,5mg/ml 1ml №10","ПЛАТ","Да","уп",26,"73,29","1905,54"]
["N07AA01","холинэстеразы ингибитор","Неостигмина метилсульфат","Прозерин табл 15mg №20","ОМС","Да","уп",60,"55,54","3332,4"]
["N07AA01","холинэстеразы ингибитор","Неостигмина метилсульфат","Прозерин табл 15mg №20","ПЛАТ","Да","уп",1,"55,54","55,54"]
["N07AA02","холинэстеразы ингибитор","Пиридостигмина бромид","Пиридостигмна бромид табл 60mg №100","ОМС","Да","уп",70,"676,87","47380,9"]
["N07AA02","холинэстеразы ингибитор","Пиридостигмина бромид","Пиридостигмна бромид табл 60mg №100","ПЛАТ","Да","уп",11,"676,87","7445,57"]
["N07AX02","ноотропное средство","Холина альфосцерат","Церетон капсулы 400mg №28","ОМС","Да","уп",50,"1073,91","53695,5"]
["N07AX02","ноотропное средство","Холина альфосцерат","Церетон капсулы 400mg №28","ПЛАТ","Да","уп",6,"1073,91","6443,46"]
["N07AX02","ноотропное средство","Холина альфосцерат","Церетон раствор для в/в и в/м вв 250mg/ml 4ml №5","ОМС","Да","уп",10,"627,74","6277,4"]
["N07AX02","ноотропное средство","Холина альфосцерат","Церетон раствор для в/в и в/м вв 250mg/ml 4ml №5","ПЛАТ","Да","уп",5,"627,74","3138,7"]
["N07CA01","гистамина препарат","Бетагистин","Бетагистин табл 24mg №20","ОМС","Да","уп",311,"273,29","84993,19"]
["N07CA01","гистамина препарат","Бетагистин","Бетагистин табл 24mg №20","ПЛАТ","Да","уп",61,"273,29","16670,69"]
["N07XX","антиоксидантное средство","Этилметилгидроксипиридина сукцинат","Нейрокс раствор для в/в и в/м вв 50mg/ml 5ml №5","ОМС","Да","уп",110,"332,91","36620,1"]
["N07XX","антиоксидантное средство","Этилметилгидроксипиридина сукцинат","Нейрокс раствор для в/в и в/м вв 50mg/ml 5ml №5","ПЛАТ","Да","уп",153,"332,91","50935,23"]
["N07XX","витамины группы B+прочие препараты","~","КомплигамВ раствор для в/м вв 2ml №5","ОМС","Нет","уп",128,"203,13","26000,64"]
["N07XX","витамины группы B+прочие препараты","~","КомплигамВ раствор для в/м вв 2ml №5","ПЛАТ","Нет","уп",66,"203,13","15517,8"]
["N07XX","метаболическое средство","Инозин+Никотинамид+Рибофлавин+Янтарная кислота","Цитофлавин раствор для в/в  вв 10ml №10","Бюджет","Да","уп",10,"1214,13","12141,3"]
["N07XX","метаболическое средство","Инозин+Никотинамид+Рибофлавин+Янтарная кислота","Цитофлавин раствор для в/в  вв 10ml №10","ОМС","Да","уп",404,"1214,13","490508,52"]
["N07XX","метаболическое средство","Инозин+Никотинамид+Рибофлавин+Янтарная кислота","Цитофлавин раствор для в/в  вв 10ml №10","ПЛАТ","Да","уп",122,"1214,13","148041,52"]
["N07XX","ноотропное средство","Полипептиды коры головного мозга эмбрионов свиней","Целлекс раствор для п/к вв 0,1mg/ml 1ml №5","ОМС","Нет","уп",40,"10799,19","431967,6"]
["N07XX","ноотропное средство","Полипептиды коры головного мозга эмбрионов свиней","Целлекс раствор для п/к вв 0,1mg/ml 1ml №5","ПЛАТ","Нет","уп",2,"10799,19","21598,38"]
["P03AX01","противочесоточное средство","Бензилбензоат","Бензилбензоат мазь д/наружн прим 20% 25g","ОМС","Да","уп",10,"29,47","294,7"]
["R01AA07","противоконгестивное средство - альфа-адреномиметик","Ксилометазолин","Ксилен капли назал 0,1% 10ml №1","ОМС","Да","уп",60,"25,88","1552,8"]
["R01AA07","противоконгестивное средство - альфа-адреномиметик","Ксилометазолин","Ксилометазолин спрей назал 0,1% 10ml №1","ПЛАТ","Да","уп",5,"126,75","633,75"]
["R01AA08","носа заболеваний средство лечения","Нафазолин","Нафтизин капли назал 0,1% 10ml №1","ОМС","Нет","уп",6,"17,97","107,82"]
["R01AA08","носа заболеваний средство лечения","Нафазолин","Нафтизин капли назал 0,1% 10ml №1","ПЛАТ","Нет","уп",3,"17,97","53,91"]
["R02AA01","антисептическое средство","Амбазон","Фарингосепт табл. д/рассас 10mg №20","ОМС","Нет","уп",3,"195,36","586,08"]
["R02AA01","антисептическое средство","Амбазон","Фарингосепт табл. д/рассас 10mg №20","ПЛАТ","Нет","уп",5,"195,36","976,8"]
["R02AA01","миорелаксант центрального действия","Баклофен","Баклосан табл 10mg №50","ОМС","Да","уп",95,"253,4",24073]
["R02AA01","миорелаксант центрального действия","Баклофен","Баклосан табл 10mg №50","ПЛАТ","Да","уп",20,"253,4",5068]
["R03AC02","бронходилатирующее средство - бета2-адреномиметик селективный","Сальбутамол","Вентолин Небулы раствор для ингаляций 1mg/ml 2,5 ml №20","Бюджет","Да","уп",6,"262,83","1576,98"]
["R03AC02","бронходилатирующее средство - бета2-адреномиметик селективный","Сальбутамол","Вентолин Небулы раствор для ингаляций 1mg/ml 2,5 ml №20","ОМС","Да","уп",113,"262,83","29699,79"]
["R03AC02","бронходилатирующее средство - бета2-адреномиметик селективный","Сальбутамол","Вентолин Небулы раствор для ингаляций 1mg/ml 2,5 ml №20","ПЛАТ","Да","уп",30,"262,83","7884,9"]
["R03AC02","бронходилатирующее средство - бета2-адреномиметик селективный","Сальбутамол","Сальбутамол аэрозоль д/инг дозир 100mkg/dosis 200dosis 12ml №1","ОМС","Да","уп",38,"174,82","6643,16"]
["R03AC02","бронходилатирующее средство - бета2-адреномиметик селективный","Сальбутамол","Сальбутамол-СОЛОфарм раствор для ингаляций 1mg/ml 2,5 ml №20","ОМС","Да","уп",2,"419,98","839,96"]
["R03AC02","бронходилатирующее средство - бета2-адреномиметик селективный","Сальбутамол","Сальбутамол-СОЛОфарм раствор для ингаляций 1mg/ml 2,5 ml №20","ПЛАТ","Да","уп",15,"419,98","6299,7"]
["R03AC02","бронходилатирующее средство - бета2-адреномиметик селективный","Сальбутамол","Сальбутамол-Фармстандарт аэрозоль д/инг дозир 100mkg/dosis 200dosis №1","ОМС","Да","уп",15,"113,04","1695,6"]
["R03AC04","бронходилатирующее средство - бета2-адреномиметик селективный","Фенотерол","Фенотерол-аэронатив аэрозоль д/инг дозир 100mkg/dosis 200dosis","ОМС","Нет","уп",17,"422,82","7187,94"]
["R03AC04","бронходилатирующее средство - бета2-адреномиметик селективный","Фенотерол","Фенотерол-натив раствор для ингаляций 1mg/ml 20ml №1","ОМС","Да","уп",8,"386,91","3095,28"]
["R03AK03","бронходилатирующее средство комбинированное (бета2-адреномиметик селективный+м-холиноблокатор)","Ипратропия бромид+Фенотерол","Ипратерол-аэронатив аэрозоль д/инг дозир 20mkg/dosis+50mkg/dosis 200dosis №1","ОМС","Да","уп",4,"394,23","1576,92"]
["R03AK03","бронходилатирующее средство комбинированное (бета2-адреномиметик селективный+м-холиноблокатор)","Ипратропия бромид+Фенотерол","Ипратерол-аэронатив аэрозоль д/инг дозир 20mkg/dosis+50mkg/dosis 200dosis №1","ПЛАТ","Да","уп",3,"394,23","1182,69"]
["R03AK03","бронходилатирующее средство комбинированное (бета2-адреномиметик селективный+м-холиноблокатор)","Ипратропия бромид+Фенотерол","Ипратерол-натив раствор для ингаляций 0,25mg/ml+0,5mg/ml 20ml №1","Бюджет","Да","уп",12,"230,23","2762,76"]
["R03AK03","бронходилатирующее средство комбинированное (бета2-адреномиметик селективный+м-холиноблокатор)","Ипратропия бромид+Фенотерол","Ипратерол-натив раствор для ингаляций 0,25mg/ml+0,5mg/ml 20ml №1","ОМС","Да","уп",532,"230,23","122482,36"]
["R03AK03","бронходилатирующее средство комбинированное (бета2-адреномиметик селективный+м-холиноблокатор)","Ипратропия бромид+Фенотерол","Ипратерол-натив раствор для ингаляций 0,25mg/ml+0,5mg/ml 20ml №1","ПЛАТ","Да","уп",30,"230,23","6906,9"]
["R03AL06","бронхолитическое средство комбинированное (бета2-адреномиметик длительного действия+м-холиноблокатор)","Олодатерол+Тиотропия бромид","Спиолто Респимат раствор для ингаляций 2.5mkg+2,5mkg/dosis 4ml","ПЛАТ","Да","уп",2,"2983,52","5967,04"]
["R03BA02","глюкокортикостероид для местного применения","Будесонид","Буденит Стери-Неб  сусп д/инг дозир 0,5mg/ml-2ml №60","Бюджет","Да","уп.",10,"2299,54","22995,4"]
["R03BA02","глюкокортикостероид для местного применения","Будесонид","Буденит Стери-Неб  сусп д/инг дозир 0,5mg/ml-2ml №60","ОМС","Да","уп.",80,"2299,54","183963,2"]
["R03BA02","глюкокортикостероид для местного применения","Будесонид","Буденит Стери-Неб  сусп д/инг дозир 0,5mg/ml-2ml №60","ПЛАТ","Да","уп.",7,"2299,54","16096,78"]
["R03BA02","глюкокортикостероид для местного применения","Будесонид","Будесонид-натив раствор для ингаляций 0,25mg/ml 2ml №10","ОМС","Да","уп",3,"312,58","937,74"]
["R03BA02","глюкокортикостероид для местного применения","Будесонид","Будесонид-натив раствор для ингаляций 0,25mg/ml 2ml №10","ПЛАТ","Да","уп",25,"312,58","7814,5"]
["R03BB01","м-холиноблокатор","Ипратропия бромид","Ипратропиум-натив  раствор для ингаляций 0,25mg/ml 20ml №1","Бюджет","Да","уп",12,"208,73","2504,76"]
["R03BB01","м-холиноблокатор","Ипратропия бромид","Ипратропиум-натив  раствор для ингаляций 0,25mg/ml 20ml №1","ОМС","Да","уп",232,"208,73","48425,36"]
["R03BB01","м-холиноблокатор","Ипратропия бромид","Ипратропиум-натив  раствор для ингаляций 0,25mg/ml 20ml №1","ПЛАТ","Да","уп",20,"208,73","4174,6"]
["R03DA05","бронходилатирующее средство","Аминофиллин","Эуфиллин  раствор для в/в  вв 24mg/ml 10ml №10","Б.Опк","Да","уп",2,"41,67","83,34"]
["R03DA05","бронходилатирующее средство","Аминофиллин","Эуфиллин  раствор для в/в  вв 24mg/ml 10ml №10","Бюджет","Да","уп",40,"41,67","1666,8"]
["R03DA05","бронходилатирующее средство","Аминофиллин","Эуфиллин  раствор для в/в  вв 24mg/ml 10ml №10","ОМС","Да","уп",1751,"41,67","73166,47"]
["R03DA05","бронходилатирующее средство","Аминофиллин","Эуфиллин  раствор для в/в  вв 24mg/ml 10ml №10","ПЛАТ","Да","уп",40,"41,67","1982,25"]
["R05CB01","отхаркивающее муколитическое средство","Ацетилцистеин","Ацетилцистеин Канон гранулы д/приг р-ра д/вн прим 200mg №20","ОМС","Да","уп",385,"152,19","58261,95"]
["R05CB01","отхаркивающее муколитическое средство","Ацетилцистеин","Ацетилцистеин Канон гранулы д/приг р-ра д/вн прим 200mg №20","ПЛАТ","Да","уп",27,"152,19","4090,73"]
["R05CB01","отхаркивающее муколитическое средство","Ацетилцистеин","Флуимуцил раствор для инъекций и ингаляций амп 100mg/ml 3ml №5","Бюджет","Да","уп",5,"214,56","1072,8"]
["R05CB01","отхаркивающее муколитическое средство","Ацетилцистеин","Флуимуцил раствор для инъекций и ингаляций амп 100mg/ml 3ml №5","ОМС","Да","уп",72,"214,56","15448,32"]
["R05CB03","отхаркивающее муколитическое средство","Карбоцистеин","Флуифорт гранулы для пригот суспензии внутрь 2,7g №10","Бюджет","Нет","уп",12,553,6636]
["R05CB03","отхаркивающее муколитическое средство","Карбоцистеин","Флуифорт гранулы для пригот суспензии внутрь 2,7g №10","ОМС","Нет","уп",62,553,34286]
["R05CB03","отхаркивающее муколитическое средство","Карбоцистеин","Флуифорт гранулы для пригот суспензии внутрь 2,7g №10","ПЛАТ","Нет","уп",2,553,1106]
["R05CB06","отхаркивающее муколитическое средство","Амброксол","Амбробене капс 75mg №10","ПЛАТ","Да","уп",20,"176,94","3538,8"]
["R05CB06","отхаркивающее муколитическое средство","Амброксол","Амброксол  р-р для приема внутрь и инг 7,5mg/ml 100ml №1","ПЛАТ","Да","фл",20,"299,69","5993,8"]
["R05CB06","отхаркивающее муколитическое средство","Амброксол","Амброксол  р-р для приема внутрь и инг 7,5mg/ml 40ml №1","ОМС","Да","уп",27,"119,87","3236,49"]
["R05CB06","отхаркивающее муколитическое средство","Амброксол","Амброксол табл 30 mg №20","Бюджет","Да","уп",10,"31,04","310,4"]
["R05CB06","отхаркивающее муколитическое средство","Амброксол","Амброксол табл 30 mg №20","ОМС","Да","уп",1076,"31,04","33399,04"]
["R05CB06","отхаркивающее муколитическое средство","Амброксол","Амброксол табл 30 mg №20","ПЛАТ","Да","уп",39,"31,04","1210,56"]
["R05DB13","противокашлевое средство центрального действия","Бутамират","Синекод сироп 1,5mg/ml 200ml","ОМС","Нет","уп",2,"425,69","851,38"]
["R05DB13","противокашлевое средство центрального действия","Бутамират","Синекод сироп 1,5mg/ml 200ml","ПЛАТ","Нет","уп",5,"425,69","2128,45"]
["R06AA","противоаллергическое средство - H1-гистаминовых рецепторов блокатор","Клемастин","Тавегил раствор для в/в и в/м вв 1mg/ml 2ml №5","Б.Опк","Нет","уп",1,"225,55","225,55"]
["R06AA","противоаллергическое средство - H1-гистаминовых рецепторов блокатор","Клемастин","Тавегил раствор для в/в и в/м вв 1mg/ml 2ml №5","ОМС","Нет","уп",144,"225,55","32479,2"]
["R06AA","противоаллергическое средство - H1-гистаминовых рецепторов блокатор","Клемастин","Тавегил раствор для в/в и в/м вв 1mg/ml 2ml №5","ПЛАТ","Нет","уп",17,"225,55","3834,35"]
["R06AA","противоаллергическое средство - H1-гистаминовых рецепторов блокатор","Клемастин","Тавегил табл 1mg №20","Бюджет","Нет","уп",5,"195,73","978,65"]
["R06AA","противоаллергическое средство - H1-гистаминовых рецепторов блокатор","Клемастин","Тавегил табл 1mg №20","ОМС","Нет","уп",61,"195,73","11939,53"]
["R06AA","противоаллергическое средство - H1-гистаминовых рецепторов блокатор","Клемастин","Тавегил табл 1mg №20","ПЛАТ","Нет","уп",6,"195,73","1174,38"]
["R06AA02","противоаллергическое средство - H1-гистаминовых рецепторов блокатор","Дифенгидрамин","Димедрол раствор для в/в и в/м вв 10mg/ml 1ml №10","Бюджет","Да","уп",40,"24,96","998,4"]
["R06AA02","противоаллергическое средство - H1-гистаминовых рецепторов блокатор","Дифенгидрамин","Димедрол раствор для в/в и в/м вв 10mg/ml 1ml №10","ОМС","Да","уп",833,"24,96","20791,68"]
["R06AA02","противоаллергическое средство - H1-гистаминовых рецепторов блокатор","Дифенгидрамин","Димедрол раствор для в/в и в/м вв 10mg/ml 1ml №10","ПЛАТ","Да","уп",20,"24,96","499,2"]
["R06AA02","противоаллергическое средство - H1-гистаминовых рецепторов блокатор","Дифенгидрамин","Димедрол табл 50mg №20","ОМС","Да","уп",46,"8,63","396,98"]
["R06AA02","противоаллергическое средство - H1-гистаминовых рецепторов блокатор","Дифенгидрамин","Димедрол табл 50mg №20","ПЛАТ","Да","уп",5,"8,63","43,15"]
["R06AC03","противоаллергическое средство - H1-гистаминовых рецепторов блокатор","Хлоропирамин","Хлоропирамин раствор для в/в и в/м вв 20mg/ml 1ml №5","Бюджет","Да","уп",20,"101,17","2023,4"]
["R06AC03","противоаллергическое средство - H1-гистаминовых рецепторов блокатор","Хлоропирамин","Хлоропирамин раствор для в/в и в/м вв 20mg/ml 1ml №5","ОМС","Да","уп",511,"101,17","51697,87"]
["R06AC03","противоаллергическое средство - H1-гистаминовых рецепторов блокатор","Хлоропирамин","Хлоропирамин раствор для в/в и в/м вв 20mg/ml 1ml №5","ПЛАТ","Да","уп",43,"101,17","4350,31"]
["R06AC03","противоаллергическое средство - H1-гистаминовых рецепторов блокатор","Хлоропирамин","Хлоропирамин табл 25mg №20","Бюджет","Да","уп",3,"73,23","219,69"]
["R06AC03","противоаллергическое средство - H1-гистаминовых рецепторов блокатор","Хлоропирамин","Хлоропирамин табл 25mg №20","ОМС","Да","уп",243,"73,23","17794,89"]
["R06AC03","противоаллергическое средство - H1-гистаминовых рецепторов блокатор","Хлоропирамин","Хлоропирамин табл 25mg №20","ПЛАТ","Да","уп",10,"73,23","732,3"]
["R06AX13","противоаллергическое средство - H1-гистаминовых рецепторов блокатор","Лоратадин","Лоратадин табл 10mg  №10","ОМС","Да","уп",69,"58,5","4036,5"]
["R06AX13","противоаллергическое средство - H1-гистаминовых рецепторов блокатор","Лоратадин","Лоратадин табл 10mg  №10","ПЛАТ","Да","уп",15,"58,5","877,5"]
["R06AX27","противоаллергическое средство - H1-гистаминовых рецепторов блокатор","Дезлоратадин","Дезлоратадин  табл 5mg №10","ОМС","Нет","уп",10,"131,42","1314,2"]
["R06AX27","противоаллергическое средство - H1-гистаминовых рецепторов блокатор","Дезлоратадин","Лордестин табл п/п/о 5mg №10","ОМС","Нет","уп",8,"315,98","2527,84"]
["R06AX27","противоаллергическое средство - H1-гистаминовых рецепторов блокатор","Дезлоратадин","Лордестин табл п/п/о 5mg №10","ПЛАТ","Нет","уп",2,"315,98","631,96"]
["R07AB","аналептическое средство","Сульфокамфорная кислота+Прокаин","Сульфокамфокаин раствор для инъекций 100mg/ml 2ml №10","ОМС","Нет","уп",15,"192,36","2885,4"]
["R07AB","аналептическое средство","Сульфокамфорная кислота+Прокаин","Сульфокамфокаин раствор для инъекций 100mg/ml 2ml №10","ПЛАТ","Нет","уп",2,"192,36","384,72"]
["R07AB","антисептическое средство+местноанестезирующее средство","Аммиак","Аммиак р-р д/нар прим и инг 10% 40ml №1","ОМС","Нет","уп",298,"16,65","5023,08"]
["R07AB","антисептическое средство+местноанестезирующее средство","Аммиак","Аммиак р-р д/нар прим и инг 10% 40ml №1","ПЛАТ","Нет","уп",8,"16,65","150,25"]
["R07AB02","аналептическое средство","Никетамид","Кордиамин раствор для инъекций 250mg/ml 2ml №10","Бюджет","Нет","уп",1,"568,74","568,74"]
["R07AB02","аналептическое средство","Никетамид","Кордиамин раствор для инъекций 250mg/ml 2ml №10","ОМС","Нет","уп",5,"568,74","2843,7"]
["R07AB02","аналептическое средство","Никетамид","Кордиамин раствор для инъекций 250mg/ml 2ml №10","ПЛАТ","Нет","уп",2,"568,74","1137,48"]
["S01AA09","антибиотик-тетрациклин","Тетрациклин","Тетрациклин мазь глазная 1% 3g","ОМС","Да","уп",185,"40,78","7544,3"]
["S01AA09","антибиотик-тетрациклин","Тетрациклин","Тетрациклин мазь глазная 1% 3g","ПЛАТ","Да","уп",25,"40,78","1019,5"]
["S01AA13","антибиотик полициклической структуры","Фузидовая кислота","Фуциталмик капли глазные 1% 5g ","ОМС","Нет","уп",5,555,2775]
["S01AB04","противомикробное средство - сульфаниламид","Сульфацетамид","Сульфацил-натрий капли глазные 20% 1,5ml №2 тюбик-капельницы","ОМС","Нет","уп",151,"20,05","3027,55"]
["S01AB04","противомикробное средство - сульфаниламид","Сульфацетамид","Сульфацил-натрий капли глазные 20% 1,5ml №2 тюбик-капельницы","ПЛАТ","Нет","уп",52,"20,05","1042,6"]
["S01AD","иммуностимулирующее средство","Полиадениловая кислота+Полиуридиловая кислота","Полудан лиоф д/приг гл кап 100ЕД 5ml №1","ОМС","Нет","уп",5,"165,95","829,75"]
["S01AD03","противовирусное средство для местного применения","Ацикловир","Ацикловир мазь глазная 3% 5,0","ОМС","Да","уп",30,"139,15","4174,5"]
["S01AD03","противовирусное средство для местного применения","Ацикловир","Ацикловир мазь глазная 3% 5,0","ПЛАТ","Да","уп",4,"139,15","556,6"]
["S01AD03","противовирусное средство для местного применения","Ацикловир","Ацикловир мазь д/наружн прим 5% 10g","ОМС","Да","уп",5,"43,42","217,1"]
["S01AD03","противовирусное средство для местного применения","Ацикловир","Ацикловир мазь д/наружн прим 5% 10g","ПЛАТ","Да","уп",5,"43,42","217,1"]
["S01AD05","противовирусное средство комбинированное (цитокин + H1-гистаминовых рецепторов блокатор)","Интерферон альфа-2b + дифенгидрамин","Офтальмоферон капли глазные 10000МЕ/ml + 1mg/g 10ml №1","ОМС","Нет","уп",45,"381,19","17153,55"]
["S01AD05","противовирусное средство комбинированное (цитокин + H1-гистаминовых рецепторов блокатор)","Интерферон альфа-2b + дифенгидрамин","Офтальмоферон капли глазные 10000МЕ/ml + 1mg/g 10ml №1","ПЛАТ","Нет","уп",2,"381,19","762,38"]
["S01AE07","противомикробное средство - фторхинолон","Моксифлоксацин","Максифлокс  капли глазные 5mg/ml 5ml ","ОМС","Да","уп",80,"160,46","12836,8"]
["S01AE07","противомикробное средство - фторхинолон","Моксифлоксацин","Максифлокс  капли глазные 5mg/ml 5ml ","ПЛАТ","Да","уп",10,"160,46","1604,6"]
["S01AX","антисептическое средство","Бензилдиметил-миристоиламино-пропиламмоний","Окомистин капли глазные 0,01% 10ml","Бюджет","Нет","уп",9,"202,07","1818,63"]
["S01AX","антисептическое средство","Бензилдиметил-миристоиламино-пропиламмоний","Окомистин капли глазные 0,01% 10ml","ОМС","Нет","уп",1100,"202,07",222277]
["S01AX","антисептическое средство","Бензилдиметил-миристоиламино-пропиламмоний","Окомистин капли глазные 0,01% 10ml","ПЛАТ","Нет","уп",285,"202,07","57589,95"]
["S01AX11","противомикробное средство - фторхинолон","Офлоксацин","Флоксал мазь глазная 3mg/g 3,0","ОМС","Да","уп",5,"156,59","782,95"]
["S01AX19","противомикробное средство - фторхинолон","Левофлоксацин","Л-Оптик Ромфарм капли глазные 0,5% 5ml","Бюджет","Да","уп",100,"166,98",16698]
["S01AX19","противомикробное средство - фторхинолон","Левофлоксацин","Л-Оптик Ромфарм капли глазные 0,5% 5ml","ОМС","Да","уп",1950,"166,98",325611]
["S01AX19","противомикробное средство - фторхинолон","Левофлоксацин","Л-Оптик Ромфарм капли глазные 0,5% 5ml","ПЛАТ","Да","уп",102,"166,98","17031,96"]
["S01BA01","глюкокортикостероид для местного применения","Дексаметазон","Озурдекс имплантат д/интравитреального введ 0,7mg","ПЛАТ","Да","уп",15,56430,846450]
["S01BA01, H02AB02","глюкокортикостероид","Дексаметазон","Дексаметазон глазные капли 0,1% 10ml №1","Бюджет","Нет","уп",100,"100,23",10023]
["S01BA01, H02AB02","глюкокортикостероид","Дексаметазон","Дексаметазон глазные капли 0,1% 10ml №1","ОМС","Нет","уп",1600,"100,23",160368]
["S01BA01, H02AB02","глюкокортикостероид","Дексаметазон","Дексаметазон глазные капли 0,1% 10ml №1","ПЛАТ","Нет","уп",505,"100,23","50616,15"]
["S01BA01, H02AB02","глюкокортикостероид","Дексаметазон","Дексаметазон раствор для инъекций 4mg/ml 1ml №25","Бюджет","Да","уп",87,"272,63","23718,81"]
["S01BA01, H02AB02","глюкокортикостероид","Дексаметазон","Дексаметазон раствор для инъекций 4mg/ml 1ml №25","ОМС","Да","уп",2370,"272,63","646133,1"]
["S01BA01, H02AB02","глюкокортикостероид","Дексаметазон","Дексаметазон раствор для инъекций 4mg/ml 1ml №25","ПЛАТ","Да","уп",108,"272,63","29444,04"]
["S01BA01, H02AB02","глюкокортикостероид","Дексаметазон","Дексаметазон раствор для инъекций 4mg/ml 2ml №25","Бюджет","Да","уп",71,"273,63","19427,73"]
["S01BA01, H02AB02","глюкокортикостероид","Дексаметазон","Дексаметазон раствор для инъекций 4mg/ml 2ml №25","ОМС","Да","уп",2056,"273,63","562583,28"]
["S01BA01, H02AB02","глюкокортикостероид","Дексаметазон","Дексаметазон раствор для инъекций 4mg/ml 2ml №25","ПЛАТ","Да","уп",80,"273,63","21890,4"]
["S01BA01, H02AB02","глюкокортикостероид","Дексаметазон","Дексаметазон табл 0,5mg №10","ОМС","Да","уп",7,"36,12","252,84"]
["S01BA01, H02AB02","глюкокортикостероид","Дексаметазон","Дексаметазон табл 0,5mg №10","ПЛАТ","Да","уп",2,"36,12","72,24"]
["S01BA02","глюкокортикостероид для местного применения","Гидрокортизон","Гидрокортизон мазь глазная 0,5% 3g","ОМС","Да","уп",34,"35,97","1222,98"]
["S01BA02","глюкокортикостероид для местного применения","Гидрокортизон","Гидрокортизон мазь глазная 0,5% 3g","ПЛАТ","Да","уп",2,"35,97","71,94"]
["S01BC01","НПВП","Индометацин","Индоколлир  капли глазные 0,1% 5ml","ОМС","Нет","уп",260,"480,43","124911,8"]
["S01BC01","НПВП","Индометацин","Индоколлир  капли глазные 0,1% 5ml","ПЛАТ","Нет","уп",70,"480,43","33630,1"]
["S01CA01","глюкокортикостероид для местного применения+антибиотик-аминогликозид+противогрибковое средство","Дексаметазон+Тобрамицин","ДексаТобропт капли глазные 5ml","ОМС","Нет","уп",50,"251,47","12573,5"]
["S01CA01","глюкокортикостероид для местного применения+антибиотик-аминогликозид+противогрибковое средство","Дексаметазон+Тобрамицин","ДексаТобропт капли глазные 5ml","ПЛАТ","Нет","уп",20,"251,47","3204,2"]
["S01EB01","противоглаукомное средство - м-холиномиметик","Пилокарпин","Пилокарпин капли глазные 10mg/ml 5ml","ОМС","Да","уп",{"v":32005,"d":"32,005"},"30,69",{"v":98223345,"d":"98,223,345"}]
["S01EB51","противоглаукомное средство комбинированное (м-холиномиметик+бета-адреноблокатор)","Пилокарпин+ тимолол","Фотил форте капли глазные 40mg/ml+5mg/ml 5ml","ОМС","Нет","уп",190,"299,62","56927,8"]
["S01EC01","диуретическое средство","Ацетазоламид","Диакарб табл 250mg №30","Бюджет","Да","уп",2,"254,02","508,04"]
["S01EC01","диуретическое средство","Ацетазоламид","Диакарб табл 250mg №30","ОМС","Да","уп",374,"254,02","94407,51"]
["S01EC01","диуретическое средство","Ацетазоламид","Диакарб табл 250mg №30","ПЛАТ","Да","уп",13,"254,02","3282,72"]
["S01EC03","противоглаукомное средство - карбоангидразы ингибитор","Дорзоламид","Дорзопт  капли глазные 2% 5ml №3","ОМС","Да","уп",152,"1334,75",202882]
["S01EC03","противоглаукомное средство - карбоангидразы ингибитор","Дорзоламид","Дорзопт  капли глазные 2% 5ml №3","ПЛАТ","Да","уп",20,"1334,75",26695]
["S01ED01","противоглаукомное средство - бета-адреноблокатор","Тимолол","Тимолол-СОЛОфарм  капли глазные 0,5% 5ml","ОМС","Да","уп",130,"40,82","5306,6"]
["S01ED01","противоглаукомное средство - бета-адреноблокатор","Тимолол","Тимолол-СОЛОфарм  капли глазные 0,5% 5ml","ПЛАТ","Да","уп",10,"40,82","408,2"]
["S01ED51","бета-адреноблокатор","Дорзоламид+Тимолол","Дорзопт Плюс  капли глазные 20mg+5mg/ml 5ml","ОМС","Нет","уп",56,"864,33","48402,48"]
["S01ED51","бета-адреноблокатор","Дорзоламид+Тимолол","Дорзопт Плюс  капли глазные 20mg+5mg/ml 5ml","ПЛАТ","Нет","уп",2,"864,33","1728,66"]
["S01EE01","противоглаукомное средство - простагландина F2-альфа аналог синтетический","Латанопрост","Трилактан глазные капли 0,005% 2.5 ml","ОМС","Нет","уп",33,"703,29","23208,57"]
["S01FA56","офтальмологических заболеваний средство диагностики (м-холиноблокатор+альфа-адреномиметик)","Тропикамид+Фенилэфрин","Аппамид плюс капли глазные 5ml","Бюджет","Нет","уп",100,"172,66",17266]
["S01FA56","офтальмологических заболеваний средство диагностики (м-холиноблокатор+альфа-адреномиметик)","Тропикамид+Фенилэфрин","Аппамид плюс капли глазные 5ml","ОМС","Нет","уп",1713,"172,66","295766,58"]
["S01FA56","офтальмологических заболеваний средство диагностики (м-холиноблокатор+альфа-адреномиметик)","Тропикамид+Фенилэфрин","Аппамид плюс капли глазные 5ml","ПЛАТ","Нет","уп",420,"172,66","72517,2"]
["S01HA02","местноанестезирующее средство","Оксибупрокаин","Инокаин капли глазные 0,4% 5ml","Бюджет","Да","уп",50,"114,06",5703]
["S01HA02","местноанестезирующее средство","Оксибупрокаин","Инокаин капли глазные 0,4% 5ml","ОМС","Да","уп",3553,"114,06","405255,18"]
["S01HA02","местноанестезирующее средство","Оксибупрокаин","Инокаин капли глазные 0,4% 5ml","ПЛАТ","Да","уп",435,"114,06","49616,1"]
["S01JA01","диагностическое средство","Флуоресцеин натрия","Флуоресцеин Новартис раствор для в/в  вв 100mg/ml 5ml №10","ОМС","Да","уп",30,"2399,38","71981,4"]
["S01JA01","диагностическое средство","Флуоресцеин натрия","Флуоресцеин натрия раствор для в/в  вв 100mg/ml 5ml №1","ОМС","Да","уп",500,"188,49",94245]
["S01LA05","средства, препятствующие новообразованию сосудов","Афлиберцепт ","Эйлеа р-р д/внутригл введ 40mg/ml 0,1ml №1","ПЛАТ","Да","уп",90,"53420,4",4807836]
["S01XA12","репарации тканей стимулятор","Декспантенол","Корнерегель гель глазной 5% 10g №1","Бюджет","Нет","уп",5,"968,25","4841,25"]
["S01XA12","репарации тканей стимулятор","Декспантенол","Корнерегель гель глазной 5% 10g №1","ОМС","Нет","уп",610,"968,25","590632,5"]
["S01XA12","репарации тканей стимулятор","Декспантенол","Корнерегель гель глазной 5% 10g №1","ПЛАТ","Нет","уп",63,"968,25","60999,75"]
["V03AB","комплексообразующее средство","Димеркаптопропансульфонат натрия ","Унитиол р-р для в/м и п/к введ 50 mg/ml 5ml №10","ОМС","Да","уп",3,"517,42","1552,26"]
["V03AB","комплексообразующее средство","Димеркаптопропансульфонат натрия ","Унитиол р-р для в/м и п/к введ 50 mg/ml 5ml №10","ПЛАТ","Да","уп",2,"517,42","1034,84"]
["V03AB06","комплексообразующее средство","Натрия тиосульфат","Натрия тиосульфат раствор для в/в  вв 300mg/ml 10ml №10","ОМС","Да","уп",87,"84,61","7361,07"]
["V03AB06","комплексообразующее средство","Натрия тиосульфат","Натрия тиосульфат раствор для в/в  вв 300mg/ml 10ml №10","ПЛАТ","Да","уп",2,"84,61","169,22"]
["V03AB14","гемостатическое средство","Протамина сульфат","Протамина сульфат раствор для в/в  вв 10mg/ml 5ml №10","Бюджет","Да","уп",70,"1543,42","108039,4"]
["V03AB14","гемостатическое средство","Протамина сульфат","Протамина сульфат раствор для в/в  вв 10mg/ml 5ml №10","ОМС","Да","уп",130,"1543,42","200644,6"]
["V03AB15","опиоидных рецепторов антагонист","Налоксон","Налоксон раствор для инъекций 0,4mg/ml 1ml №10","ОМС","Да","уп",1,"202,27","202,27"]
["V03AB35","антидот","Сугаммадекс","Брайдан раствор для в/в  вв 100mg/ml 2ml №10","Бюджет","Да","уп",10,"74274,28","742742,8"]
["V03AB35","антидот","Сугаммадекс","Брайдан раствор для в/в  вв 100mg/ml 2ml №10","ОМС","Да","уп",13,"74274,28","965565,64"]
["V03AB35","антидот","Сугаммадекс","Брайдан раствор для в/в  вв 100mg/ml 2ml №10","ПЛАТ","Да","уп",9,"74274,28","668468,52"]
["V03AX","ферментное средство","Гиалуронидаза","Лидаза лиоф д/пр р-ра д/и и мест/пр 64УЕ №10","ОМС","Нет","уп.",10,"362,68","3626,8"]
["V04CX","диагностическое средство","Индоцианин зеленый","Индоцианин зеленый-ПУЛЬСИОН лиоф д/пр р-ра д/в/в вв 25mg №5","ПЛАТ","Нет","уп",1,48300,48300]
["V07AB","растворитель","Вода","Вода для инъекций растворитель для приг.лек.форм для инъекций 500ml №24","Бюджет","Да","уп",15,"1093,92","16408,8"]
["V07AB","растворитель","Вода","Вода для инъекций растворитель для приг.лек.форм для инъекций 500ml №24","ОМС","Да","уп",527,"1093,92","576495,84"]
["V07AB","растворитель","Декстроза","Глюкоза Браун раствор для инфузий 5% 250ml №10","ОМС","Да","уп",52,"226,46","11775,92"]
["V07AB","растворитель","Декстроза","Глюкоза Браун раствор для инфузий 5% 250ml №10","ПЛАТ","Да","уп",10,"226,46","2264,6"]
["V07AB","растворитель","Натрия хлорид ","Натрия хлорид  растворитель для приг.лек.форм для инъекций 0,9%-10ml №10","ОМС","Да","уп.",275,"49,53","13620,75"]
["V08AB02","рентгеноконтрастное средство","Йогексол","Омнипак раствор для инъекций 350mg/ml 100ml №10","ОМС","Да","уп",200,"19516,25",3903250]
["V08AB02","рентгеноконтрастное средство","Йогексол","Омнипак раствор для инъекций 350mg/ml 50ml №10","ОМС","Да","уп",330,"10343,62","3413394,6"]
["V08AB02","рентгеноконтрастное средство","Йогексол","Омнипак раствор для инъекций 350mg/ml 50ml №10","ПЛАТ","Да","уп",8,"10343,62","82748,96"]
["V08AB05","рентгеноконтрастное средство","Йопромид","Ультравист раствор для инъекций 300mg/ml 500ml №8","Бюджет","Да","уп",10,"80916,5",809165]
["V08AB05","рентгеноконтрастное средство","Йопромид","Ультравист раствор для инъекций 300mg/ml 500ml №8","ОМС","Да","уп",118,"80916,5",9548147]
["V08AB05","рентгеноконтрастное средство","Йопромид","Ультравист раствор для инъекций 300mg/ml 500ml №8","ПЛАТ","Да","уп",12,"80916,5",970998]
["V08BA02","рентгеноконтрастное средство","Бария сульфат","Бар-ВИПС порошок д/приг суспензии д/вн прим 240g №40","ОМС","Да","уп",8,"4015,5",32124]
["V08CA03","контрастное средство для МРТ","Гадодиамид","Омнискан раствор для в/в  вв 0,5mmol/ml 20ml №10","ОМС","Да","уп",231,"29453,02","6803647,62"]
["V08CA03","контрастное средство для МРТ","Гадодиамид","Омнискан раствор для в/в  вв 0,5mmol/ml 20ml №10","ПЛАТ","Да","уп",14,"29453,02","412342,28"]
["~","диуретическое средство растительного происхождения","~","Канефрон Н драже №60","ОМС","Нет","уп",6,"704,85","4229,1"]
["~","диуретическое средство растительного происхождения","~","Канефрон Н драже №60","ПЛАТ","Нет","уп",9,"704,85","6343,65"]
["С1",null,"Натрия хлорид","Натрия хлорид субстанция-порошок кг","ОМС","Нет","кг",62,"166,5",10323]
["Э",null,"~","Антигриппин порошок для внутр. применения 1,04 г","Бюджет","Нет","пор.",50,"2,9",145]
["Э",null,"~","Антигриппин порошок для внутр. применения 1,04 г","ОМС","Нет","пор.",8052,"2,9","23350,8"]
["Э",null,"~","Антигриппин порошок для внутр. применения 1,04 г","ПЛАТ","Нет","пор.",340,"2,9",986]
["Э",null,"~","Капли Морозова(сердечное)  капл д/пр внутрь 45 ml","Бюджет","Нет","фл",40,"32,18","1287,2"]
["Э",null,"~","Капли Морозова(сердечное)  капл д/пр внутрь 45 ml","ОМС","Нет","фл",1213,"32,18","39034,34"]
["Э",null,"~","Капли Морозова(сердечное)  капл д/пр внутрь 45 ml","ПЛАТ","Нет","фл",37,"32,18","1190,66"]
["Э",null,"~","Краска ВГД  для измерения внутриглазного давл. 5,04g","ОМС","Нет","фл",608,"374,64","227781,12"]
["Э",null,"~","Мазь Анестезиновая 5% мазь д/наружн прим 100g","ОМС","Нет","банка",5,"39,56","197,8"]
["Э",null,"~","Мазь Ксероформная 10%  мазь д/наружн прим 100g","ОМС","Нет","банка",10,"96,91","969,1"]
["Э",null,"~","Мазь Ланолиновая  мазь д/наружн прим 50g","ПЛАТ","Нет","банка",2,"49,37","98,74"]
["Э",null,"~","Мазь Стрептоцидовая 10% мазь д/мест и наруж/пр 100g","ОМС","Нет","банка",5,"241,88","1209,4"]
["Э",null,"~","Мазь в нос  мазь д/мест и наруж/пр 10g","Бюджет","Нет","банка",5,"10,38","51,9"]
["Э",null,"~","Мазь в нос  мазь д/мест и наруж/пр 10g","ОМС","Нет","банка",60,"10,38","622,8"]
["Э",null,"~","Мазь в нос  мазь д/мест и наруж/пр 10g","ПЛАТ","Нет","банка",5,"10,38","51,9"]
["Э",null,"~","Масло вазелиновое масло для наружн. примненения 100g","ОМС","Нет","фл",66,"44,07","2908,62"]
["Э",null,"~","Масло вазелиновое масло для наружн. примненения 100g","ПЛАТ","Нет","фл",20,"44,07","881,4"]
["Э",null,"~","Микстура Кватера  микстура 400mll","Бюджет","Нет","фл",30,28,840]
["Э",null,"~","Микстура Кватера  микстура 400mll","ОМС","Нет","фл",2300,28,64400]
["Э",null,"~","Микстура Кватера  микстура 400mll","ПЛАТ","Нет","фл",120,28,3360]
["Э",null,"~","Настойка Боярышника (капли) капл д/пр внутрь 25g","ОМС","Нет","фл",30,"6,05","181,5"]
["Э",null,"~","Настойка Боярышника (капли) капл д/пр внутрь 25g","ПЛАТ","Нет","фл",20,"6,05",121]
["Э",null,"~","Настойка Валерианы (капли) капл д/пр внутрь 25g","ОМС","Нет","фл",107,"11,38","1217,66"]
["Э",null,"~","Настойка Валерианы (капли) капл д/пр внутрь 25g","ПЛАТ","Нет","фл",20,"11,38","227,6"]
["Э",null,"~","Настойка Пустырника (капли) капл д/пр внутрь 25g","ОМС","Нет","фл",102,"7,38","752,76"]
["Э",null,"~","Настойка Пустырника (капли) капл д/пр внутрь 25g","ПЛАТ","Нет","фл",20,"7,38","147,6"]
["Э",null,"~","Порошок Глюкозы  порошок для внутр. применения 100g","ОМС","Нет","уп.",329,13,4277]
["Э",null,"~","Р-Р Магния сульфата 3%  раствор для ФТО 200ml","ОМС","Нет","фл",20,"1,51","30,2"]
["Э",null,"~","Р-р Анальгина 2%  раствор для ФТО 200ml","ОМС","Нет","фл",20,"11,68","233,6"]
["Э",null,"~","Р-р Борной кислоты 2%  р-р для наружного применения 400ml","ОМС","Нет","фл",1,"3,95","3,95"]
["Э",null,"~","Р-р Йода спиртовый 5%  р-р для наружного применения 30ml","Б.Опк","Нет","фл",8,"29,3","234,4"]
["Э",null,"~","Р-р Йода спиртовый 5%  р-р для наружного применения 30ml","Бюджет","Нет","фл",2,"29,3","58,6"]
["Э",null,"~","Р-р Йода спиртовый 5%  р-р для наружного применения 30ml","ОМС","Нет","фл",323,"29,3","9463,9"]
["Э",null,"~","Р-р Йода спиртовый 5%  р-р для наружного применения 30ml","ПЛАТ","Нет","фл",20,"29,3",586]
["Э",null,"~","Р-р Калия йодида 3%  раствор для ФТО 100ml","ОМС","Нет","фл",200,"24,98",4996]
["Э",null,"~","Р-р Калия йодида 3%  раствор для ФТО 200ml","ОМС","Нет","фл",30,"49,95","1498,5"]
["Э",null,"~","Р-р Калия перманганата 0,05% р-р для наружного применения 20ml","ОМС","Нет","фл",110,"0,12","13,2"]
["Э",null,"~","Р-р Калия перманганата 5%  р-р для наружного применения 50ml","Бюджет","Нет","фл",5,"35,52","177,6"]
["Э",null,"~","Р-р Калия перманганата 5%  р-р для наружного применения 50ml","ОМС","Нет","фл",180,"35,52","6393,6"]
["Э",null,"~","Р-р Калия перманганата 5%  р-р для наружного применения 50ml","ПЛАТ","Нет","фл",5,"35,52","177,6"]
["Э",null,"~","Р-р Кальция хлорида 2%  раствор для ФТО 200ml","ОМС","Нет","фл",130,"2,22","288,6"]
["Э",null,"~","Р-р Колларгола 2%  р-р для наружного применения 200ml","ОМС","Нет","фл",20,"745,92","14918,4"]
["Э",null,"~","Р-р Колларгола 2%  р-р для наружного применения 200ml","ПЛАТ","Нет","фл",12,"745,92","8951,04"]
["Э",null,"~","Р-р Левомицетина 0,25%  раствор для ФТО 200ml","ОМС","Нет","фл",50,"3,66",183]
["Э",null,"~","Р-р Натрия тиосульфата 2%  раствор для ФТО 200ml","ОМС","Нет","фл",20,"0,93","18,6"]
["Э",null,"~","Р-р Натрия хлорида 0,9%  р-р для наружного применения 3 l","Б.Опк","Нет","фл",48,"3,6","172,8"]
["Э",null,"~","Р-р Натрия хлорида 0,9%  р-р для наружного применения 3 l","ОМС","Нет","фл",48,"3,6","172,8"]
["Э",null,"~","Р-р Натрия хлорида 10%  р-р для наружного применения 3 l","ОМС","Нет","фл",30,"39,96","1198,8"]
["Э",null,"~","Р-р Новокаина 2%  раствор для ФТО 200ml","ОМС","Нет","фл",80,"23,09","1847,2"]
["Э",null,"~","Р-р Перекиси водорода 3%  р-р для наружного применения 200ml","ОМС","Нет","фл",1575,"4,8",7560]
["Э",null,"~","Р-р Перекиси водорода 3%  р-р для наружного применения 200ml","ПЛАТ","Нет","фл",5,"4,8",24]
["Э",null,"~","Р-р Перекиси водорода 3%  р-р для наружного применения 20ml","ОМС","Нет","фл",1321,"0,48","634,08"]
["Э",null,"~","Р-р Перекиси водорода 3%  р-р для наружного применения 400ml","Б.Опк","Нет","фл",48,"9,54","457,92"]
["Э",null,"~","Р-р Перекиси водорода 3%  р-р для наружного применения 400ml","ОМС","Нет","фл",2687,"9,54","25633,98"]
["Э",null,"~","Р-р Перекиси водорода 4%  р-р для дезинф 400ml","Б.Опк","Нет","фл",500,"12,69",6345]
["Э",null,"~","Р-р Перекиси водорода 4%  р-р для дезинф 400ml","ОМС","Нет","фл",2396,"12,69","30405,24"]
["Э",null,"~","Р-р Перекиси водорода 4%  р-р для дезинф 5 l","ОМС","Нет","канистра",20,"158,56","3171,2"]
["Э",null,"~","Р-р Перекиси водорода 6%  р-р для дезинф 200ml","Б.Опк","Нет","фл",800,"9,55",7640]
["Э",null,"~","Р-р Перекиси водорода 6%  р-р для дезинф 200ml","ОМС","Нет","фл",1480,"9,55",14134]
["Э",null,"~","Р-р Перекиси водорода 6%  р-р для дезинф 400ml","Бюджет","Нет","фл",30,"19,09","572,7"]
["Э",null,"~","Р-р Перекиси водорода 6%  р-р для дезинф 400ml","ОМС","Нет","фл",466,"19,09","8895,94"]
["Э",null,"Формальдегид","Р-р Формалина 10%  р-р для наружного применения 200ml","ОМС","Нет","фл",240,"8,44","2025,6"]
["Э",null,"~","Р-р Фурацилина 0,02%  р-р для наружного применения 400ml","ОМС","Нет","фл",9183,"0,81","7438,23"]
["Э",null,"~","Р-р Фурацилина 0,02%  р-р для наружного применения 400ml","ПЛАТ","Нет","фл",6,"0,81","4,86"]
["Э",null,"~","Р-р Хлоргексидина 0,02% асепт. р-р д/нар и местн прим 200ml","ОМС","Нет","фл",11340,"0,52","5896,8"]
["Э",null,"~","Р-р Хлоргексидина 0,25%  р-р для наружного применения 200ml","Бюджет","Нет","фл",21,"6,52","136,92"]
["Э",null,"~","Р-р Хлоргексидина 0,25%  р-р для наружного применения 200ml","ОМС","Нет","фл",1995,"6,52","13007,4"]
["Э",null,"~","Р-р Хлоргексидина 0,25%  р-р для наружного применения 400ml","ОМС","Нет","фл",1764,"13,04","23002,56"]
["Э",null,"Борная кислота","Кислота борная порошок для наруж примен(присыпка) 100g","ОМС","Нет","уп",34,"79,92","2717,28"]
["Э",null,"Вазелин","Вазелин (мазь) мазь д/наружн прим 30g","ОМС","Нет","банка",188,"6,62","1244,56"]
["Э",null,"Вазелин","Вазелин (мазь) мазь д/наружн прим 30g","ПЛАТ","Нет","банка",3,"6,62","19,86"]
["Э",null,"Глицерол","Глицерин  р-р для наружного применения 50g","ОМС","Нет","фл",88,"27,53","2422,64"]
["Э",null,"Калия хлорид","Р-р Калия хлорида 10%   стер. раствор для в/в  вв 200ml","Бюджет","Нет","фл",370,"7,9",2923]
["Э",null,"Калия хлорид","Р-р Калия хлорида 10%   стер. раствор для в/в  вв 200ml","ОМС","Нет","фл",2260,"7,9",17854]
["Э",null,"Кальция хлорид","Р-р Кальция хлорида 1%  стер. раствор для инъекций 200ml","ОМС","Нет","фл",310,"1,12","347,2"]
["Э",null,"Ксероформ ","Ксероформ (присыпка) порошок для наруж примен(присыпка) 10g","ОМС","Нет","уп.",75,"77,03","5777,25"]
["Э",null,"Мяты перечной листьев масло+Фенобарбитал+Этилбромизовалерианат","Корвалол (капли) капл д/пр внутрь 25g","Б.Опк","Нет","фл",2,"33,85","67,7"]
["Э",null,"Мяты перечной листьев масло+Фенобарбитал+Этилбромизовалерианат","Корвалол (капли) капл д/пр внутрь 25g","Бюджет","Нет","фл",8,"33,85","270,8"]
["Э",null,"Мяты перечной листьев масло+Фенобарбитал+Этилбромизовалерианат","Корвалол (капли) капл д/пр внутрь 25g","ОМС","Нет","фл",132,"33,85","4468,2"]
["Э",null,"Мяты перечной листьев масло+Фенобарбитал+Этилбромизовалерианат","Корвалол (капли) капл д/пр внутрь 25g","ПЛАТ","Нет","фл",20,"33,85",677]
["Э",null,"Натрия гидрокарбонат","Р-р Натрия гидрокарбоната 3% стер. раствор для в/в  вв 150ml","ОМС","Нет","фл",1100,"0,94",1034]
["Э",null,"Натрия хлорид","Р-р Натрия хлорида 0,9%  стер. раствор для инфузий 150ml","ОМС","Нет","фл",400,"0,22",88]
["Э",null,"Натрия хлорид","Р-р Натрия хлорида 10%  стер. раствор для инъекций 150ml","ОМС","Нет","фл",967,2,1934]
["Э",null,"Нитрофурал","Р-р Фурацилина 0,02%  изот. стер. р-р для наружного применения 350ml","Бюджет","Нет","фл",50,"1,13","56,5"]
["Э",null,"Нитрофурал","Р-р Фурацилина 0,02%  изот. стер. р-р для наружного применения 350ml","ОМС","Нет","фл",1830,"1,13","2067,9"]
["Э",null,"Парафин жидкий","Масло вазелиновое  стер. масло для наружн. примненения 5g","ОМС","Нет","фл",8462,"2,43","19493,46"]
["Э",null,"Парафин жидкий","Масло вазелиновое  стер. масло для наружн. примненения 5g","ПЛАТ","Нет","фл",20,"2,43","48,6"]
["Э",null,"Тальк","Тальк (присыпка) порошок для наруж примен(присыпка) 100g","ОМС","Нет","уп",6,"14,43","86,58"]
["Э",null,"Формальдегид","Р-р Формалина 10% р-р для наружного применения 5 l","ОМС","Нет","канистра",125,"231,99","28998,75"]
[]
["Итого",{"$nulls":8},{"$f":"J297","v":"79,44"}]
[]
["Всего запланировано к закупке 1 наименований лекарственных препаратов на общую сумму 79,44 руб."]
[]
["Согласовано:",null,null,"."]
["Заместитель главного врача по экономическим вопросам",{"$nulls":6},"Заикина Е.В."]
[{"$nulls":3},"."]
["Главный бухгалтер",null,null,".",{"$nulls":3},"Титова З.А."]
[{"$nulls":3},"."]
["Заместитель главного врача",null,null,".",{"$nulls":3},"Мотущук Е.А."]
[{"$nulls":3},"."]
["Председатель ФТК: заместитель главного врача по терапии",{"$nulls":6},"Нестерко А.О."]
[{"$nulls":3},"."]
["Секретарь: заведующая аптекой",null,null,".",{"$nulls":3},"Козлова Н.В."]
[{"$nulls":3},"."]
["Члены ФТК:","заместитель главного врача по ЭВН",{"$nulls":5},"Руденко Д.И."]
[{"$nulls":3},"."]
[null,"заместитель главного врача по офтальмологии",{"$nulls":5},"Николаенко В.П."]
[{"$nulls":3},"."]
[null,"заведующий терапевтическим отделением",{"$nulls":5},"Петров А.Л."]
[{"$nulls":3},"."]
[null,"клинический фармаколог",{"$nulls":5},"Гомон Ю.М."]
[]
[null,"заведующий отделением кардиологии № 2",{"$nulls":5},"Иконников П.П."]
[{"$nulls":3},"."]
[null,"заведующая отделением эндокринологии",{"$nulls":5},"Орлова В.Л."]
[{"$nulls":3},"."]
[null,"заведующая отделением переливания крови",{"$nulls":5},"Никитова И.С"]
[{"$nulls":3},"."]
[null,"заведующая отделением гастроэнтерологии",{"$nulls":5},"Кашерининова И.И."]
[{"$nulls":3},"."]
[null,"заведующий КОИТ",null,".",{"$nulls":3},"Шорохов К.Н."]
[{"$nulls":3},"."]
[null,"заведующий отделением общей хирургии",{"$nulls":5},"Олейник В.В."]
[{"$nulls":3},"."]
[null,"заведующий отделением анестезиологии",{"$nulls":5},"Бояркин А.А."]
[{"$nulls":3},"."]
[null,"заведующий отделением неврологии №1",{"$nulls":5},"Голиков К.В."]
[]
[null,"заведующая отделением неврологии №3",{"$nulls":5},"Стучевская Т.Р."]
[]
[null,"заведующая офтальмологическим КДО",{"$nulls":5},"Терехова И.В."]
[]
[null,"заведующий ОРИТ № 1",{"$nulls":5},"Сорокин М.Ф."]
[]
[null,"заведующий ОРИТ № 2",{"$nulls":5},"Нефедов А.В."]

{"sheet":"Лист2","index":6,"n_rows":1406,"n_cols":11,"rows_kept":1406}
["АТХ","Группа","МНН","Название","ИФ","ЖНиВЛП","Ед.изм","Кол-во","Цена","Сумма"]
["A01AB11","противомикробное средство","Метронидазол + Хлоргексидин","Метрогил Дента гель стоматологический 20g №1","ПЛАТ","Нет","уп",20,281.59,{"$f":"H2*I2","v":{"v":5631.799999999999,"d":"5,631.80"}}]
["A01AD11","НПВП","Холина салицилат + Цеталкония хлорид","Холисал гель стоматологический 10g","ПЛАТ","Нет","уп",25,417.43,{"$f":"H3*I3","v":{"v":10435.75,"d":"10,435.75"}}]
["A02BA03","желез желудка секрецию понижающее средство - H2-гистаминовых рецепторов блокатор","Фамотидин","Фамотидин лиоф д/пр р-ра д/в/в вв 20mg+5ml №5","Бюджет","Да","уп",271,310.43,{"v":84126.53,"d":"84,126.53"}]
["A02BA03","желез желудка секрецию понижающее средство - H2-гистаминовых рецепторов блокатор","Фамотидин","Фамотидин лиоф д/пр р-ра д/в/в вв 20mg+5ml №5","ОМС","Да","уп",2453,310.43,{"v":761484.79,"d":"761,484.79"}]
["A02BA03","желез желудка секрецию понижающее средство - H2-гистаминовых рецепторов блокатор","Фамотидин","Фамотидин лиоф д/пр р-ра д/в/в вв 20mg+5ml №5","ПЛАТ","Да","уп",128,310.43,{"v":39735.04,"d":"39,735.04"}]
["A02BA03","желез желудка секрецию понижающее средство - H2-гистаминовых рецепторов блокатор","Фамотидин","Фамотидин табл п/п/о 20mg №20","Бюджет","Да","уп",20,23.33,{"v":466.59999999999997,"d":"466.60"}]
["A02BA03","желез желудка секрецию понижающее средство - H2-гистаминовых рецепторов блокатор","Фамотидин","Фамотидин табл п/п/о 20mg №20","ОМС","Да","уп",395,23.33,{"v":9215.349999999999,"d":"9,215.35"}]
["A02BA03","желез желудка секрецию понижающее средство - H2-гистаминовых рецепторов блокатор","Фамотидин","Фамотидин табл п/п/о 20mg №20","ПЛАТ","Да","уп",8,23.33,186.64]
["A02BA03","желез желудка секрецию понижающее средство - H2-гистаминовых рецепторов блокатор","Фамотидин","Фамотидин табл п/п/о 20mg №30","Бюджет","Да","уп",100,34.43,{"v":3443,"d":"3,443.00"}]
["A02BA03","желез желудка секрецию понижающее средство - H2-гистаминовых рецепторов блокатор","Фамотидин","Фамотидин табл п/п/о 20mg №30","ОМС","Да","уп",2218,34.43,{"v":76365.74,"d":"76,365.74"}]
["A02BA03","желез желудка секрецию понижающее средство - H2-гистаминовых рецепторов блокатор","Фамотидин","Фамотидин табл п/п/о 20mg №30","ПЛАТ","Да","уп",25,34.43,860.75]
["A02BC01","желез желудка секрецию понижающее средство - протонного насоса ингибитор","Омепразол","Омез лиоф-т д/пригот р-ра д/инф 40mg №1","Бюджет","Да","уп",50,150.3,{"v":7515.000000000001,"d":"7,515.00"}]
["A02BC01","желез желудка секрецию понижающее средство - протонного насоса ингибитор","Омепразол","Омез лиоф-т д/пригот р-ра д/инф 40mg №1","ОМС","Да","уп",1225,150.3,{"v":184117.5,"d":"184,117.50"}]
["A02BC01","желез желудка секрецию понижающее средство - протонного насоса ингибитор","Омепразол","Омез лиоф-т д/пригот р-ра д/инф 40mg №1","ПЛАТ","Да","уп",108,150.3,{"v":16232.400000000001,"d":"16,232.40"}]
["A02BC01","желез желудка секрецию понижающее средство - протонного насоса ингибитор","Омепразол","Омепразол капс к/раст 20mg №30","Бюджет","Да","уп",115,32.94,{"v":3788.1,"d":"3,788.10"}]
["A02BC01","желез желудка секрецию понижающее средство - протонного насоса ингибитор","Омепразол","Омепразол капс к/раст 20mg №30","ОМС","Да","уп",4968,32.94,{"v":163645.91999999998,"d":"163,645.92"}]
["A02BC01","желез желудка секрецию понижающее средство - протонного насоса ингибитор","Омепразол","Омепразол капс к/раст 20mg №30","ПЛАТ","Да","уп",210,32.94,{"v":6917.4,"d":"6,917.40"}]
["A02BC01","желез желудка секрецию понижающее средство - протонного насоса ингибитор","Омепразол","Омепразол лиоф-т д/пригот р-ра д/инф 40mg №1","ОМС","Да","уп",101,272.26,{"v":27498.26,"d":"27,498.26"}]
["A02BC01","желез желудка секрецию понижающее средство - протонного насоса ингибитор","Омепразол","Ультоп капсулы 40mg №28","ОМС","Да","уп",19,525.44,{"v":9983.36,"d":"9,983.36"}]
["A02BC01","желез желудка секрецию понижающее средство - протонного насоса ингибитор","Омепразол","Ультоп капсулы 40mg №28","ПЛАТ","Да","уп",21,525.44,{"v":11034.240000000002,"d":"11,034.24"}]
["A02BC04","желез желудка секрецию понижающее средство - протонного насоса ингибитор","Рабепразол","Зульбекс табл к/р п/п/о 20mg №28","ОМС","Нет","уп",20,1680,{"v":33600,"d":"33,600.00"}]
["A02BC04","желез желудка секрецию понижающее средство - протонного насоса ингибитор","Рабепразол","Зульбекс табл к/р п/п/о 20mg №28","ПЛАТ","Нет","уп",8,1680,{"v":13440,"d":"13,440.00"}]
["A02BC04","желез желудка секрецию понижающее средство - протонного насоса ингибитор","Рабепразол","Рабепразол-СЗ капсулы 20mg №28","ОМС","Нет","уп",20,427.53,{"v":8550.599999999999,"d":"8,550.60"}]
["A02BC05","желез желудка секрецию понижающее средство - протонного насоса ингибитор","Эзомепразол","Эманера капс к/раст 20mg №14","ОМС","Да","уп",55,242.17,{"v":13319.349999999999,"d":"13,319.35"}]
["A02BC05","желез желудка секрецию понижающее средство - протонного насоса ингибитор","Эзомепразол","Эманера капс к/раст 20mg №14","ПЛАТ","Да","уп",25,242.17,{"v":6054.25,"d":"6,054.25"}]
["A02BC05","желез желудка секрецию понижающее средство - протонного насоса ингибитор","Эзомепразол","Эманера капс к/раст 40mg №28","ОМС","Да","уп",29,727.99,{"v":21111.71,"d":"21,111.71"}]
["A02BC05","желез желудка секрецию понижающее средство - протонного насоса ингибитор","Эзомепразол","Эманера капс к/раст 40mg №28","ПЛАТ","Да","уп",15,727.99,{"v":10919.85,"d":"10,919.85"}]
["A02BX","рефлюкс-эзофагита средство лечения","~","Гевискон Форте суспензия д/ приема внутрь (в компл.мерн.лож) 150ml №1","ОМС","Нет","уп",10,346.8,{"v":3468,"d":"3,468.00"}]
["A02BX","рефлюкс-эзофагита средство лечения","~","Гевискон Форте суспензия д/ приема внутрь (в компл.мерн.лож) 150ml №1","ПЛАТ","Нет","уп",5,346.8,{"v":1734,"d":"1,734.00"}]
["A02BX05","антисептическое кишечное и вяжущее средство","Висмута трикалия дицитрат","Висмута трикалия дицитрат табл п/п/о 120mg № 56","ОМС","Да","уп",73,440.62,{"v":32165.260000000002,"d":"32,165.26"}]
["A02BX05","антисептическое кишечное и вяжущее средство","Висмута трикалия дицитрат","Висмута трикалия дицитрат табл п/п/о 120mg № 56","ПЛАТ","Да","уп",15,440.62,{"v":6609.3,"d":"6,609.30"}]
["A02BX05","антисептическое кишечное и вяжущее средство","Висмута трикалия дицитрат","Улькавис табл п/п/о 120mg № 56","ПЛАТ","Да","уп",5,413.7,{"v":2068.5,"d":"2,068.50"}]
["A02АХ","антацидное средство","Алгелдрат+Магния гидроксид","Алмагель суспензия д/ приема внутрь (в компл.мерн.лож) 170ml","ОМС","Нет","уп",53,266.66,{"v":14132.980000000001,"d":"14,132.98"}]
["A02АХ","антацидное средство","Алгелдрат+Магния гидроксид","Алмагель суспензия д/ приема внутрь (в компл.мерн.лож) 170ml","ПЛАТ","Нет","уп",2,266.66,533.32]
["A03AA","м-холиноблокатор","Платифиллин","Платифиллина гидротартрат раствор для п/к вв 2mg/ml 1ml №10","ОМС","Да","уп",241,69.75,{"v":16809.75,"d":"16,809.75"}]
["A03AA","м-холиноблокатор","Платифиллин","Платифиллина гидротартрат раствор для п/к вв 2mg/ml 1ml №10","ПЛАТ","Да","уп",26,69.75,{"v":1813.5,"d":"1,813.50"}]
["A03AA04","спазмолитическое средство","Мебеверин","Спарекс капс пролонг/д-я 200mg №30","ОМС","Да","уп",165,514.84,{"v":84948.6,"d":"84,948.60"}]
["A03AA04","спазмолитическое средство","Мебеверин","Спарекс капс пролонг/д-я 200mg №30","ПЛАТ","Да","уп",45,514.84,{"v":23167.800000000003,"d":"23,167.80"}]
["A03AD01","спазмолитическое средство","Папаверин","Папаверина гидрохлорид раствор для инъекций 20mg/ml 2ml №10","Б.Опк","Нет","уп",2,273.06,546.12]
["A03AD01","спазмолитическое средство","Папаверин","Папаверина гидрохлорид раствор для инъекций 20mg/ml 2ml №10","Бюджет","Нет","уп",30,273.06,{"v":8191.8,"d":"8,191.80"}]
["A03AD01","спазмолитическое средство","Папаверин","Папаверина гидрохлорид раствор для инъекций 20mg/ml 2ml №10","ОМС","Нет","уп",315,273.06,{"v":86013.9,"d":"86,013.90"}]
["A03AD01","спазмолитическое средство","Папаверин","Папаверина гидрохлорид раствор для инъекций 20mg/ml 2ml №10","ПЛАТ","Нет","уп",10,273.06,{"v":2730.6,"d":"2,730.60"}]
["A03AD02","спазмолитическое средство","Дротаверин","Дротаверин раствор для инъекций 20mg/ml 2ml №10","Бюджет","Да","уп",105,59.01,{"v":6196.05,"d":"6,196.05"}]
["A03AD02","спазмолитическое средство","Дротаверин","Дротаверин раствор для инъекций 20mg/ml 2ml №10","ОМС","Да","уп",3134,59.01,{"v":184937.34,"d":"184,937.34"}]
["A03AD02","спазмолитическое средство","Дротаверин","Дротаверин раствор для инъекций 20mg/ml 2ml №10","ПЛАТ","Да","уп",58,59.01,{"v":3422.58,"d":"3,422.58"}]
["A03AD02","спазмолитическое средство","Дротаверин","Дротаверин табл 40mg №100","Бюджет","Да","уп",2,58.25,{"v":116.5,"d":"116.50"}]
["A03AD02","спазмолитическое средство","Дротаверин","Дротаверин табл 40mg №100","ОМС","Да","уп",430,58.25,{"v":25047.5,"d":"25,047.50"}]
["A03AD02","спазмолитическое средство","Дротаверин","Дротаверин табл 40mg №100","ПЛАТ","Да","уп",23,58.25,{"v":1339.75,"d":"1,339.75"}]
["A03AD02","спазмолитическое средство","Дротаверин","Дротаверин табл 40mg №20","ОМС","Да","уп",57,30.12,{"v":1716.8400000000001,"d":"1,716.84"}]
["A03AD02","спазмолитическое средство","Дротаверин","Дротаверин табл 40mg №20","ПЛАТ","Да","уп",5,30.12,{"v":150.6,"d":"150.60"}]
["A03BA01","м-холиноблокатор","Атропин","Атропин капли глазные 1% 5ml","ОМС","Да","уп",63,52.27,{"v":3293.01,"d":"3,293.01"}]
["A03BA01","м-холиноблокатор","Атропин","Атропин капли глазные 1% 5ml","ПЛАТ","Да","уп",4,52.27,209.08]
["A03BA01","м-холиноблокатор","Атропин","Атропин раствор для инъекций 1mg/ml 1ml №5","ОМС","Да","уп",897,12.01,{"v":10772.97,"d":"10,772.97"}]
["A03BA01","м-холиноблокатор","Атропин","Атропин раствор для инъекций 1mg/ml 1ml №5","ПЛАТ","Да","уп",2,12.01,24.02]
["A03BA01","м-холиноблокатор","Атропин","Атропина сульфат раствор для инъекций 1mg/ml 1ml №10","ОМС","Да","уп",1544,28.39,{"v":43834.16,"d":"43,834.16"}]
["A03FA01","противорвотное средство - дофаминовых рецепторов блокатор центральный","Метоклопрамид","Метоклопрамид раствор для в/в и в/м вв 5mg/ml 2ml №10","Бюджет","Да","уп",49,123.89,{"v":6070.61,"d":"6,070.61"}]
["A03FA01","противорвотное средство - дофаминовых рецепторов блокатор центральный","Метоклопрамид","Метоклопрамид раствор для в/в и в/м вв 5mg/ml 2ml №10","ОМС","Да","уп",1543,123.89,{"v":191162.27,"d":"191,162.27"}]
["A03FA01","противорвотное средство - дофаминовых рецепторов блокатор центральный","Метоклопрамид","Метоклопрамид раствор для в/в и в/м вв 5mg/ml 2ml №10","ПЛАТ","Да","уп",72,123.89,{"v":8920.08,"d":"8,920.08"}]
["A03FA01","противорвотное средство - дофаминовых рецепторов блокатор центральный","Метоклопрамид","Метоклопрамид табл 10mg №50","ОМС","Да","уп",69,26.79,{"v":1848.51,"d":"1,848.51"}]
["A03FA01","противорвотное средство - дофаминовых рецепторов блокатор центральный","Метоклопрамид","Метоклопрамид табл 10mg №50","ПЛАТ","Да","уп",3,26.79,80.37]
["A05BA","гипоазотемическое средство","Орнитин","Гепа-Мерц гран д/р-ра перор 5g №30","Бюджет","Нет","уп",2,2095.42,{"v":4190.84,"d":"4,190.84"}]
["A05BA","гипоазотемическое средство","Орнитин","Гепа-Мерц гран д/р-ра перор 5g №30","ОМС","Нет","уп",15,2095.42,{"v":31431.300000000003,"d":"31,431.30"}]
["A05BA","гипоазотемическое средство","Орнитин","Гепа-Мерц гран д/р-ра перор 5g №30","ПЛАТ","Нет","уп",10,2095.42,{"v":20954.2,"d":"20,954.20"}]
["A05BA","метаболическое средство","Инозин+Меглюмин+Метионин+Никотинамид+Янтарная кислота","Ремаксол раствор для инфузий 400ml №1","Бюджет","Да","уп",90,398.47,{"v":35862.3,"d":"35,862.30"}]
["A05BA","метаболическое средство","Инозин+Меглюмин+Метионин+Никотинамид+Янтарная кислота","Ремаксол раствор для инфузий 400ml №1","ОМС","Да","уп",160,398.47,{"v":63755.200000000004,"d":"63,755.20"}]
["A05BA","метаболическое средство","Инозин+Меглюмин+Метионин+Никотинамид+Янтарная кислота","Ремаксол раствор для инфузий 400ml №1","ПЛАТ","Да","уп",100,398.47,{"$f":"H67*I67","v":{"v":39847,"d":"39,847.00"}}]
["A06AA01","слабительное средство","Парафин жидкий","Вазелиновое масло масло д/приема внутрь 25ml","ОМС","Нет","уп",273,36.63,{"v":9999.990000000002,"d":"9,999.99"}]
["A06AA01","слабительное средство","Парафин жидкий","Вазелиновое масло масло д/приема внутрь 25ml","ПЛАТ","Нет","уп",30,36.63,{"v":1098.9,"d":"1,098.90"}]
["A06AB02","слабительное средство","Бисакодил","Бисакодил табл п/к/р/о 5mg №30","ОМС","Да","уп",135,20.96,{"v":2829.6,"d":"2,829.60"}]
["A06AB02","слабительное средство","Бисакодил","Бисакодил табл п/к/р/о 5mg №30","ПЛАТ","Да","уп",2,20.96,41.92]
["A06AB02","слабительное средство","Бисакодил","Бисакодил-Нижфарм  супп рект 10mg №10","ОМС","Да","уп",65,42.62,{"v":2770.2999999999997,"d":"2,770.30"}]
["A06AB02","слабительное средство","Бисакодил","Бисакодил-Нижфарм  супп рект 10mg №10","ПЛАТ","Да","уп",8,42.62,340.96]
["A06AD11","слабительное средство","Лактулоза","Нормазе сироп 667mg/ml 200ml","ОМС","Да","уп",107,278.3,{"v":29778.100000000002,"d":"29,778.10"}]
["A06AD11","слабительное средство","Лактулоза","Порталак сироп 667mg/ml 500ml","ОМС","Да","уп",7,398.47,{"v":2789.29,"d":"2,789.29"}]
["A06AD11","слабительное средство","Лактулоза","Порталак сироп 667mg/ml 500ml","ПЛАТ","Да","уп",11,398.47,{"v":4383.17,"d":"4,383.17"}]
["A06AD15","слабительное средство","Макрогол","Фортранс порошок д/приг суспензии д/вн прим 64g №4","ПЛАТ","Да","уп",83,517.38,{"v":42942.54,"d":"42,942.54"}]
["A06АВ05","слабительное средство растительного происхождения","~","Касторовое масло масло д/приема внутрь 30ml","ОМС","Нет","уп",125,36.63,{"v":4578.75,"d":"4,578.75"}]
["A07AA11","антибиотик-рифамицин","Рифаксимин","Альфа Нормикс табл п/п/о 200mg №12","ОМС","Нет","уп",70,1069.34,{"v":74853.79999999999,"d":"74,853.80"}]
["A07AA11","антибиотик-рифамицин","Рифаксимин","Альфа Нормикс табл п/п/о 200mg №12","ПЛАТ","Нет","уп",20,1069.34,{"v":21386.8,"d":"21,386.80"}]
["A07AX03","противомикробное средство - нитрофуран","Нифуроксазид","Экофурил капсулы 200mg №16","ОМС","Нет","уп",20,459.56,{"v":9191.2,"d":"9,191.20"}]
["A07AX03","противомикробное средство - нитрофуран","Нифуроксазид","Экофурил капсулы 200mg №16","ПЛАТ","Нет","уп",15,459.56,{"v":6893.4,"d":"6,893.40"}]
["A07BA01","энтеросорбирующее средство","Уголь активированный","Уголь активированный табл 250mg №10","ОМС","Нет","уп",408,4.33,{"v":1766.64,"d":"1,766.64"}]
["A07BA01","энтеросорбирующее средство","Уголь активированный","Уголь активированный табл 250mg №10","ПЛАТ","Нет","уп",20,4.33,{"v":86.6,"d":"86.60"}]
["A07BC05","противодиарейное средство","Диосмектит","Неосмектин порошок д/приг суспензии д/вн прим 3g №30","ОМС","Да","уп",33,341.55,{"v":11271.15,"d":"11,271.15"}]
["A07BC05","противодиарейное средство","Диосмектит","Неосмектин порошок д/приг суспензии д/вн прим 3g №30","ПЛАТ","Да","уп",20,341.55,{"v":6831,"d":"6,831.00"}]
["A07DA03","противодиарейное средство","Лоперамид","Лоперамид табл 2mg №10","ОМС","Да","уп",35,25.06,{"v":877.0999999999999,"d":"877.10"}]
["A07DA03","противодиарейное средство","Лоперамид","Лоперамид табл 2mg №20","ОМС","Да","уп",251,27.21,{"v":6829.71,"d":"6,829.71"}]
["A07DA03","противодиарейное средство","Лоперамид","Лоперамид табл 2mg №20","ПЛАТ","Да","уп",14,27.21,380.94]
["A07EC02","противомикробное и противовоспалительное кишечное средство","Сульфасалазин","Сульфасалазин-ЕН  табл п/к/р/о 500mg №50","ОМС","Да","уп",20,359.34,{"v":7186.799999999999,"d":"7,186.80"}]
["A07EC02","противомикробное и противовоспалительное кишечное средство","Сульфасалазин","Сульфасалазин-ЕН  табл п/к/р/о 500mg №50","ПЛАТ","Да","уп",3,359.34,{"v":1078.02,"d":"1,078.02"}]
["A07FA","средство, нормализующее микрофлору кишечника","~","Хилак Форте капл д/пр внутрь 100ml №1","ПЛАТ","Нет","уп",15,565.48,{"v":8482.2,"d":"8,482.20"}]
["A07FA","эубиотик","Бифидобактерии бифидум","Бифидумбактерин  лиоф д/приг р-ра д/приема внутрь и мест прим 5dosis №10","ОМС","Да","уп",12,86.51,{"v":1038.1200000000001,"d":"1,038.12"}]
["A07FA","эубиотик","Бифидобактерии лонгум+Энтерококкус фециум","Бифиформ капс к/раст №30","ОМС","Нет","уп",42,615.87,{"v":25866.54,"d":"25,866.54"}]
["A07FA","эубиотик","Бифидобактерии лонгум+Энтерококкус фециум","Бифиформ капс к/раст №30","ПЛАТ","Нет","уп",49,615.87,{"v":30177.63,"d":"30,177.63"}]
["A07FA02","противодиарейное средство","Сахаромицеты Boulardii","Энтерол капсулы 250mg №30","ОМС","Нет","уп",60,570.54,{"v":34232.399999999994,"d":"34,232.40"}]
["A07FA02","противодиарейное средство","Сахаромицеты Boulardii","Энтерол капсулы 250mg №30","ПЛАТ","Нет","уп",20,570.54,{"v":11410.8,"d":"11,410.80"}]
["A07FA51","эубиотик","~","Линекс капс №16","ОМС","Нет","уп",10,394.94,{"v":3949.4,"d":"3,949.40"}]
["A07FA51","эубиотик","~","Линекс капс №16","ПЛАТ","Нет","уп",2,394.94,789.88]
["A10AB01","гипогликемическое средство - инсулин короткого действия","Инсулин растворимый [человеческий генно-инженерный]","Инсуман Рапид ГТ раствор для инъекций 100МЕ/ml 3ml №5","Бюджет","Да","уп",5,1120.14,{"v":5600.700000000001,"d":"5,600.70"}]
["A10AB01","гипогликемическое средство - инсулин короткого действия","Инсулин растворимый [человеческий генно-инженерный]","Инсуман Рапид ГТ раствор для инъекций 100МЕ/ml 3ml №5","ОМС","Да","уп",43,1120.14,{"v":48166.020000000004,"d":"48,166.02"}]
["A10AB01","гипогликемическое средство - инсулин короткого действия","Инсулин растворимый [человеческий генно-инженерный]","Инсуман Рапид ГТ раствор для инъекций 100МЕ/ml 3ml №5","ПЛАТ","Да","уп",3,1120.14,{"v":3360.42,"d":"3,360.42"}]
["A10AB01","гипогликемическое средство - инсулин короткого действия","Инсулин растворимый [человеческий генно-инженерный]","Росинсулин Р раствор для инъекций 100МЕ/ml 3ml №5","Бюджет","Да","уп",5,1516.57,{"v":7582.849999999999,"d":"7,582.85"}]
["A10AB01","гипогликемическое средство - инсулин короткого действия","Инсулин растворимый [человеческий генно-инженерный]","Росинсулин Р раствор для инъекций 100МЕ/ml 3ml №5","ОМС","Да","уп",47,1516.57,{"v":71278.79,"d":"71,278.79"}]
["A10AB01","гипогликемическое средство - инсулин короткого действия","Инсулин растворимый [человеческий генно-инженерный]","Росинсулин Р раствор для инъекций 100МЕ/ml 5ml №5","Бюджет","Да","уп",14,1085.06,{"v":15190.84,"d":"15,190.84"}]
["A10AB01","гипогликемическое средство - инсулин короткого действия","Инсулин растворимый [человеческий генно-инженерный]","Росинсулин Р раствор для инъекций 100МЕ/ml 5ml №5","ОМС","Да","уп",116,1085.06,{"v":125866.95999999999,"d":"125,866.96"}]
["A10AB01","гипогликемическое средство - инсулин короткого действия","Инсулин растворимый [человеческий генно-инженерный]","Росинсулин Р раствор для инъекций 100МЕ/ml 5ml №5","ПЛАТ","Да","уп",2,1085.06,{"v":2170.12,"d":"2,170.12"}]
["A10AB01","гипогликемическое средство - инсулин короткого действия","Инсулин растворимый [человеческий генно-инженерный]","Росинсулин Р раствор для п/к вв 100ME/ml 5ml №5","ОМС","Да","уп",47,1043.32,{"v":49036.03999999999,"d":"49,036.04"}]
["A10AC01","гипогликемическое средство - инсулин средней продолжительности действия","Инсулин-изофан","Росинсулин С суспензия для п/к вв 100ME/ml 5ml №5","Бюджет","Да","уп",8,1046.36,{"v":8370.88,"d":"8,370.88"}]
["A10AC01","гипогликемическое средство - инсулин средней продолжительности действия","Инсулин-изофан","Росинсулин С суспензия для п/к вв 100ME/ml 5ml №5","ОМС","Да","уп",134,1046.36,{"v":140212.24,"d":"140,212.24"}]
["A10AC01","гипогликемическое средство - инсулин средней продолжительности действия","Инсулин-изофан","Росинсулин С суспензия для п/к вв 100ME/ml 5ml №5","ПЛАТ","Да","уп",2,1046.36,{"v":2092.72,"d":"2,092.72"}]
["A10AЕ04","гипогликемическое средство - инсулина длительного действия аналог","Инсулин гларгин","Туджео СолоСтар р-р для п/к введ, картриджи в шприц-ручках СолоСтар 300ME/ml 1,5ml №3","Бюджет","Да","уп",12,3208.15,{"v":38497.8,"d":"38,497.80"}]
["A10AЕ04","гипогликемическое средство - инсулина длительного действия аналог","Инсулин гларгин","Туджео СолоСтар р-р для п/к введ, картриджи в шприц-ручках СолоСтар 300ME/ml 1,5ml №3","ОМС","Да","уп",145,3208.15,{"v":465181.75,"d":"465,181.75"}]
["A10AЕ04","гипогликемическое средство - инсулина длительного действия аналог","Инсулин гларгин","Туджео СолоСтар р-р для п/к введ, картриджи в шприц-ручках СолоСтар 300ME/ml 1,5ml №3","ПЛАТ","Да","уп",9,3208.15,{"v":28873.350000000002,"d":"28,873.35"}]
["A10BA02","гипогликемическое средство для перорального применения группы бигуанидов","Метформин","Форметин табл 0,5g №60","Бюджет","Да","уп",3,93.43,280.29]
["A10BA02","гипогликемическое средство для перорального применения группы бигуанидов","Метформин","Форметин табл 0,5g №60","ОМС","Да","уп",93,93.43,{"v":8688.99,"d":"8,688.99"}]
["A10BA02","гипогликемическое средство для перорального применения группы бигуанидов","Метформин","Форметин табл 0,5g №60","ПЛАТ","Да","уп",7,93.43,654.01]
["A10BA02","гипогликемическое средство для перорального применения группы бигуанидов","Метформин","Форметин табл 0,85g №60","Бюджет","Да","уп",5,180.33,{"v":901.6500000000001,"d":"901.65"}]
["A10BA02","гипогликемическое средство для перорального применения группы бигуанидов","Метформин","Форметин табл 0,85g №60","ОМС","Да","уп",252,180.33,{"v":45443.16,"d":"45,443.16"}]
["A10BA02","гипогликемическое средство для перорального применения группы бигуанидов","Метформин","Форметин табл 0,85g №60","ПЛАТ","Да","уп",3,180.33,540.99]
["A10BA02","гипогликемическое средство для перорального применения группы бигуанидов","Метформин","Форметин табл 1g №30","Бюджет","Да","уп",5,153.01,765.05]
["A10BA02","гипогликемическое средство для перорального применения группы бигуанидов","Метформин","Форметин табл 1g №30","ОМС","Да","уп",115,153.01,{"v":17596.149999999998,"d":"17,596.15"}]
["A10BA02","гипогликемическое средство для перорального применения группы бигуанидов","Метформин","Форметин табл 1g №30","ПЛАТ","Да","уп",3,153.01,459.03]
["A10BB01","гипогликемическое средство для перорального применения группы сульфонилмочевины II поколения","Глибенкламид","Глибенкламид табл 5mg №120","ОМС","Да","уп",15,97.94,{"v":1469.1,"d":"1,469.10"}]
["A10BB01","гипогликемическое средство для перорального применения группы сульфонилмочевины II поколения","Глибенкламид","Глибенкламид табл 5mg №120","ПЛАТ","Да","уп",1,97.94,97.94]
["A10BB09","гипогликемическое средство для перорального применения группы сульфонилмочевины II поколения","Гликлазид","Гликлазид МВ  табл с модифиц. высвобождением 30 mg №60 ","ПЛАТ","Да","уп",3,138.13,414.39]
["A10BB09","гипогликемическое средство для перорального применения группы сульфонилмочевины II поколения","Гликлазид","Гликлазид МВ  табл с модифиц. высвобождением 60mg №60","ОМС","Да","уп",15,138.13,{"v":2071.95,"d":"2,071.95"}]
["A11CC03","витамин - кальциево-фосфорного обмена регулятор","Альфакальцидол","Альфа Д3-Тева капсулы 0,25mkg №30","ПЛАТ","Да","уп",2,299.85,{"v":599.7,"d":"599.70"}]
["A11DA01","витамин","Тиамин","Тиамин раствор для в/м вв 50mg/ml 1ml №10","Бюджет","Да","уп",7,27.49,{"v":192.42999999999998,"d":"192.43"}]
["A11DA01","витамин","Тиамин","Тиамин раствор для в/м вв 50mg/ml 1ml №10","ОМС","Да","уп",813,27.49,{"v":22349.37,"d":"22,349.37"}]
["A11DA01","витамин","Тиамин","Тиамин раствор для в/м вв 50mg/ml 1ml №10","ПЛАТ","Да","уп",18,27.49,{"$f":"H131*I131","v":494.82}]
["A11EA","витамины группы B","Поливитамины","Нейромультивит табл п/п/о №20","ПЛАТ","Нет","уп",3,796.09,{"v":2388.27,"d":"2,388.27"}]
["A11GA01","витамин","Аскорбиновая кислота","Аскорбиновая кислота раствор для в/в и в/м вв 50mg/ml 2ml №10","Бюджет","Да","уп",25,37.69,942.25]
["A11GA01","витамин","Аскорбиновая кислота","Аскорбиновая кислота раствор для в/в и в/м вв 50mg/ml 2ml №10","ОМС","Да","уп",920,37.69,{"v":34674.799999999996,"d":"34,674.80"}]
["A11GA01","витамин","Аскорбиновая кислота","Аскорбиновая кислота раствор для в/в и в/м вв 50mg/ml 2ml №10","ПЛАТ","Да","уп",170,37.69,{"v":6407.299999999999,"d":"6,407.30"}]
["A11HA02","витамин","Пиридоксин","Пиридоксин раствор для инъекций 50mg/ml 1ml №10","Бюджет","Да","уп",9,27.44,246.96]
["A11HA02","витамин","Пиридоксин","Пиридоксин раствор для инъекций 50mg/ml 1ml №10","ОМС","Да","уп",779,27.44,{"v":21375.760000000002,"d":"21,375.76"}]
["A11HA02","витамин","Пиридоксин","Пиридоксин раствор для инъекций 50mg/ml 1ml №10","ПЛАТ","Да","уп",18,27.44,493.92]
["A11HA04","витамин","Рибофлавин","Рибофлавин - мононуклеотид раствор для в/м вв 10mg/ml 1ml №10","ОМС","Нет","уп",60,115.43,{"v":6925.8,"d":"6,925.80"}]
["A11HA04","витамин","Рибофлавин","Рибофлавин - мононуклеотид раствор для в/м вв 10mg/ml 1ml №10","ПЛАТ","Нет","уп",2,115.43,230.86]
["A11JA","поливитаминное средство","Витамин Е+ Ретинол","Аевит капсулы №10","ПЛАТ","Нет","уп",20,39.18,{"v":783.6,"d":"783.60"}]
["A12AA03","кальциево-фосфорного обмена регулятор","Кальция глюконат","Кальция глюконат Б.Браун раствор для инъекций 10% 10ml №20","ОМС","Да","уп",143,379.5,{"v":54268.5,"d":"54,268.50"}]
["A12AA03","кальциево-фосфорного обмена регулятор","Кальция глюконат","Кальция глюконат Б.Браун раствор для инъекций 10% 10ml №20","ПЛАТ","Да","уп",3,379.5,{"v":1138.5,"d":"1,138.50"}]
["A12AX","кальциево-фосфорного обмена регулятор","Кальция карбонат + Колекальциферол","Кальций-Д3 Никомед Форте  табл жеват 500mg+400ME №30","ОМС","Нет","уп",4,578.2,{"v":2312.8,"d":"2,312.80"}]
["A12AX","кальциево-фосфорного обмена регулятор","Кальция карбонат + Колекальциферол","Кальций-Д3 Никомед Форте  табл жеват 500mg+400ME №30","ПЛАТ","Нет","уп",2,578.2,{"v":1156.4,"d":"1,156.40"}]
["A12BA01","калия препарат","Калия хлорид","Калия хлорид Б. Браун конц-т д/приг раствора для инфузий 40mg/ml 10ml №20","Бюджет","Да","уп",28,245.41,{"v":6871.48,"d":"6,871.48"}]
["A12BA01","калия препарат","Калия хлорид","Калия хлорид Б. Браун конц-т д/приг раствора для инфузий 40mg/ml 10ml №20","ОМС","Да","уп",877,245.41,{"v":215224.57,"d":"215,224.57"}]
["A12BA01","калия препарат","Калия хлорид","Калия хлорид Б. Браун конц-т д/приг раствора для инфузий 40mg/ml 10ml №20","ПЛАТ","Да","уп",115,245.41,{"v":28222.149999999998,"d":"28,222.15"}]
["A12BA01","калия препарат","Калия хлорид","Калия хлорид конц-т д/приг раствора для инфузий 40mg/ml 100ml №1","ОМС","Да","уп",1780,63.59,{"v":113190.20000000001,"d":"113,190.20"}]
["A12BA01","калия препарат","Калия хлорид","Калия хлорид конц-т д/приг раствора для инфузий 40mg/ml 100ml №1","ПЛАТ","Да","уп",35,63.59,{"v":2225.65,"d":"2,225.65"}]
["A12BA01","калия препарат","Калия хлорид","Калия хлорид конц-т д/приг раствора для инфузий 40mg/ml 100ml №35","Бюджет","Да","уп",5,2894.38,{"v":14471.900000000001,"d":"14,471.90"}]
["A12BA01","калия препарат","Калия хлорид","Калия хлорид конц-т д/приг раствора для инфузий 40mg/ml 100ml №35","ОМС","Да","уп",72,2894.38,{"v":208395.36000000002,"d":"208,395.36"}]
["A12BA01","калия препарат","Калия хлорид","Калия хлорид конц-т д/приг раствора для инфузий 40mg/ml 100ml №35","ПЛАТ","Да","уп",9,2894.38,{"v":26049.420000000002,"d":"26,049.42"}]
["A12BA01","калия препарат","Калия хлорид","Калия хлорид концентрат для приготовления р-ра для инфузий 75mg/ml 200ml №28","ОМС","Да","уп",194,2868.16,{"v":556423.0399999999,"d":"556,423.04"}]
["A12CX","калия и магния препарат","Калия и магния аспарагинат","Аспаркам табл №20","ОМС","Да","уп",250,41.14,{"v":10285,"d":"10,285.00"}]
["A12CX","калия и магния препарат","Калия и магния аспарагинат","Аспаркам табл №60","Бюджет","Да","уп",100,103.73,{"v":10373,"d":"10,373.00"}]
["A12CX","калия и магния препарат","Калия и магния аспарагинат","Аспаркам табл №60","ОМС","Да","уп",710,103.73,{"v":73648.3,"d":"73,648.30"}]
["A12CX","калия и магния препарат","Калия и магния аспарагинат","Аспаркам табл №60","ПЛАТ","Да","уп",9,103.73,933.57]
["A12CX","калия и магния препарат","Калия и магния аспарагинат","Аспаркам- L раствор для в/в  вв 10ml №10","ОМС","Да","уп",51,94.48,{"v":4818.4800000000005,"d":"4,818.48"}]
["A12CX","калия и магния препарат","Калия и магния аспарагинат","Аспаркам- L раствор для в/в  вв 10ml №10","ПЛАТ","Да","уп",30,94.48,{"v":2834.4,"d":"2,834.40"}]
["A12CX","калия и магния препарат","Калия и магния аспарагинат","Калия и магния аспарагинат  конц-т д/приг раствора для инфузий 10ml №10","ОМС","Да","уп",30,227.7,{"v":6831,"d":"6,831.00"}]
["A12CX","калия и магния препарат","Калия и магния аспарагинат","Калия и магния аспарагинат  раствор для инфузий 250ml №1","Бюджет","Да","уп",350,79.59,{"v":27856.5,"d":"27,856.50"}]
["A12CX","калия и магния препарат","Калия и магния аспарагинат","Калия и магния аспарагинат  раствор для инфузий 250ml №1","ОМС","Да","уп",3410,79.59,{"v":271401.9,"d":"271,401.90"}]
["A12CX","калия и магния препарат","Калия и магния аспарагинат","Калия и магния аспарагинат  раствор для инфузий 250ml №1","ПЛАТ","Да","уп",54,79.59,{"v":4297.860000000001,"d":"4,297.86"}]
["A12CX","калия и магния препарат","Калия и магния аспарагинат","Калия и магния аспарагинат  раствор для инфузий 500ml №1","Бюджет","Да","уп",240,148.19,{"v":35565.6,"d":"35,565.60"}]
["A12CX","калия и магния препарат","Калия и магния аспарагинат","Калия и магния аспарагинат  раствор для инфузий 500ml №1","ОМС","Да","уп",365,148.19,{"v":54089.35,"d":"54,089.35"}]
["A14AB01","анаболическое стероидное средство","Нандролон","Ретаболил раствор для в/м вв 50mg/ml 1ml","ОМС","Да","амп",20,239.83,{"v":4796.6,"d":"4,796.60"}]
["A14AB01","анаболическое стероидное средство","Нандролон","Ретаболил раствор для в/м вв 50mg/ml 1ml","ПЛАТ","Да","амп",5,239.83,{"v":1199.15,"d":"1,199.15"}]
["A16AA02","гепатопротекторное средство","Адеметионин","Гептор лиоф-т д/приг р-ра для в/в и в/м вв 400mg+р-ль 5ml №5","Бюджет","Да","уп",22,1475.53,{"v":32461.66,"d":"32,461.66"}]
["A16AA02","гепатопротекторное средство","Адеметионин","Гептор лиоф-т д/приг р-ра для в/в и в/м вв 400mg+р-ль 5ml №5","ОМС","Да","уп",80,1475.53,{"v":118042.4,"d":"118,042.40"}]
["A16AA02","гепатопротекторное средство","Адеметионин","Гептор лиоф-т д/приг р-ра для в/в и в/м вв 400mg+р-ль 5ml №5","ПЛАТ","Да","уп",82,1475.53,{"v":120993.45999999999,"d":"120,993.46"}]
["A16AA02","гепатопротекторное средство","Адеметионин","Гептор табл п/к/р/о  400mg №40","ОМС","Да","уп",56,2246.91,{"v":125826.95999999999,"d":"125,826.96"}]
["A16AA02","гепатопротекторное средство","Адеметионин","Гептор табл п/к/р/о  400mg №40","ПЛАТ","Да","уп",17,2246.91,{"v":38197.47,"d":"38,197.47"}]
["A16AA02","гепатопротекторное средство","Адеметионин","Гептор табл п/к/р/о 400mg №20","ПЛАТ","Да","уп",1,1123.45,{"v":1123.45,"d":"1,123.45"}]
["A16AX01","метаболическое средство","Тиоктовая кислота","Октолипен табл п/п/о 600mg №30","ОМС","Да","уп",25,708.51,{"v":17712.75,"d":"17,712.75"}]
["A16AX01","метаболическое средство","Тиоктовая кислота","Октолипен табл п/п/о 600mg №30","ПЛАТ","Да","уп",7,708.51,{"v":4959.57,"d":"4,959.57"}]
["A16AX01","метаболическое средство","Тиоктовая кислота","Тиолепта раствор для инфузий 12mg/ml 50ml №10","ОМС","Да","уп",65,2110.73,{"v":137197.45,"d":"137,197.45"}]
["A16AX01","метаболическое средство","Тиоктовая кислота","Тиолипон конц-т д/приг раствора для в/в вв 30mg/ml 10ml №10","ОМС","Да","уп",135,420.18,{"v":56724.3,"d":"56,724.30"}]
["A16AX01","метаболическое средство","Тиоктовая кислота","Тиолипон конц-т д/приг раствора для в/в вв 30mg/ml 10ml №10","ПЛАТ","Да","уп",108,420.18,{"v":45379.44,"d":"45,379.44"}]
["B01AA03","антикоагулянтное средство непрямого действия","Варфарин","Варфарин Канон табл 2,5mg №50","ОМС","Да","уп",41,139.36,{"v":5713.76,"d":"5,713.76"}]
["B01AA03","антикоагулянтное средство непрямого действия","Варфарин","Варфарин-OBL табл 2,5mg №50","Бюджет","Да","уп",5,100.1,{"v":500.5,"d":"500.50"}]
["B01AA03","антикоагулянтное средство непрямого действия","Варфарин","Варфарин-OBL табл 2,5mg №50","ОМС","Да","уп",88,100.1,{"v":8808.8,"d":"8,808.80"}]
["B01AA03","антикоагулянтное средство непрямого действия","Варфарин","Варфарин-OBL табл 2,5mg №50","ПЛАТ","Да","уп",2,100.1,{"v":200.2,"d":"200.20"}]
["B01AB05","антикоагулянтное средство прямого действия","Эноксапарин натрия","Анфибра раствор для инъекций 2000анти-Ха МЕ/0,2ml №10","ОМС","Да","уп",10,1799.16,{"v":17991.600000000002,"d":"17,991.60"}]
["B01AB05","антикоагулянтное средство прямого действия","Эноксапарин натрия","Анфибра раствор для инъекций 4000анти-Ха МЕ/0,4ml №10","Бюджет","Да","уп",110,2621.11,{"v":288322.10000000003,"d":"288,322.10"}]
["B01AB05","антикоагулянтное средство прямого действия","Эноксапарин натрия","Анфибра раствор для инъекций 4000анти-Ха МЕ/0,4ml №10","ОМС","Да","уп",1237,2621.11,{"v":3242313.0700000003,"d":"3,242,313.07"}]
["B01AB05","антикоагулянтное средство прямого действия","Эноксапарин натрия","Анфибра раствор для инъекций 4000анти-Ха МЕ/0,4ml №10","ПЛАТ","Да","уп",46,2621.11,{"v":120571.06000000001,"d":"120,571.06"}]
["B01AB05","антикоагулянтное средство прямого действия","Эноксапарин натрия","Анфибра раствор для инъекций 6000анти-Ха МЕ/0,6ml №10","ОМС","Да","уп",75,3387.43,{"v":254057.25,"d":"254,057.25"}]
["B01AB05","антикоагулянтное средство прямого действия","Эноксапарин натрия","Анфибра раствор для инъекций 6000анти-Ха МЕ/0,6ml №10","ПЛАТ","Да","уп",6,3387.43,{"v":20324.579999999998,"d":"20,324.58"}]
["B01AB05","антикоагулянтное средство прямого действия","Эноксапарин натрия","Анфибра раствор для инъекций 8000анти-Ха МЕ/0,8ml №10","Бюджет","Да","уп",20,5337.65,{"v":106753,"d":"106,753.00"}]
["B01AB05","антикоагулянтное средство прямого действия","Эноксапарин натрия","Анфибра раствор для инъекций 8000анти-Ха МЕ/0,8ml №10","ОМС","Да","уп",64,5337.65,{"v":341609.6,"d":"341,609.60"}]
["B01AB05","антикоагулянтное средство прямого действия","Эноксапарин натрия","Анфибра раствор для инъекций 8000анти-Ха МЕ/0,8ml №10","ПЛАТ","Да","уп",8,5337.65,{"v":42701.2,"d":"42,701.20"}]
["B01AB06","антикоагулянтное средство прямого действия","Надропарин кальция","Фраксипарин р-р д/подкож введ (шприц) 9500 МЕ/ml 0.3ml №10","Бюджет","Нет","уп",20,2655.67,{"v":53113.4,"d":"53,113.40"}]
["B01AB06","антикоагулянтное средство прямого действия","Надропарин кальция","Фраксипарин р-р д/подкож введ (шприц) 9500 МЕ/ml 0.3ml №10","ПЛАТ","Нет","уп",5,2655.67,{"v":13278.35,"d":"13,278.35"}]
["B01AC04","антиагрегантное средство","Клопидогрел ","Плавикс табл п/п/о 300mg №10","Бюджет","Да","уп.",8,2288.55,{"$f":"H195*I195","v":{"v":18308.4,"d":"18,308.40"}}]
["B01AC04","антиагрегантное средство","Клопидогрел ","Плавикс табл п/п/о 300mg №10","ОМС","Да","уп.",149,2288.55,{"v":340993.95,"d":"340,993.95"}]
["B01AC04","антиагрегантное средство","Клопидогрел ","Плавикс табл п/п/о 75mg №100","Бюджет","Да","уп",6,3418.4,{"v":20510.4,"d":"20,510.40"}]
["B01AC04","антиагрегантное средство","Клопидогрел ","Плавикс табл п/п/о 75mg №100","ОМС","Да","уп",274,3418.4,{"v":936641.6,"d":"936,641.60"}]
["B01AC04","антиагрегантное средство","Клопидогрел ","Плавикс табл п/п/о 75mg №100","ПЛАТ","Да","уп",10,3418.4,{"v":34184,"d":"34,184.00"}]
["B01AC06","антиагрегантное средство","Ацетилсалициловая кислота","Ацекардол табл п/к/р/о  300mg №30","ОМС","Да","уп",40,42.7,{"v":1708,"d":"1,708.00"}]
["B01AC06","антиагрегантное средство","Ацетилсалициловая кислота","Ацекардол табл п/к/р/о 100mg №30","Бюджет","Да","уп",10,22.47,{"v":224.7,"d":"224.70"}]
["B01AC06","антиагрегантное средство","Ацетилсалициловая кислота","Ацекардол табл п/к/р/о 100mg №30","ОМС","Да","уп",623,22.47,{"v":13998.81,"d":"13,998.81"}]
["B01AC06","антиагрегантное средство","Ацетилсалициловая кислота","Ацекардол табл п/к/р/о 100mg №30","ПЛАТ","Да","уп",35,22.47,{"v":786.4499999999999,"d":"786.45"}]
["B01AC07","вазодилатирующее средство","Дипиридамол","Дипиридамол-ФПО табл п/п/о 75mg №40","ОМС","Нет","уп",1,599.17,599.17]
["B01AC24","антиагрегантное средство","Тикагрелор","Брилинта табл п/п/о 90mg №168","Бюджет","Да","уп",1,14934.38,{"v":14934.38,"d":"14,934.38"}]
["B01AC24","антиагрегантное средство","Тикагрелор","Брилинта табл п/п/о 90mg №168","ОМС","Да","уп",29,14934.38,{"v":433097.01999999996,"d":"433,097.02"}]
["B01AC24","антиагрегантное средство","Тикагрелор","Брилинта табл п/п/о 90mg №168","ПЛАТ","Да","уп",1,14934.38,{"v":14934.38,"d":"14,934.38"}]
["B01AC30","антиагрегантное средство","Ацетилсалициловая кислота+Клопидогрел","Коплавикс табл п/п/о 100mg+75mg №28","ОМС","Нет","уп",11,3663,{"v":40293,"d":"40,293.00"}]
["B01AC30","ингибиторы агрегации тромбоцитов в комбинации","Ацетилсалициловая кислота+ Магния гидроксид","Кардиомагнил табл п/п/о 75+15,2mg №100","Бюджет","Нет","уп",50,309.91,{"v":15495.500000000002,"d":"15,495.50"}]
["B01AC30","ингибиторы агрегации тромбоцитов в комбинации","Ацетилсалициловая кислота+ Магния гидроксид","Кардиомагнил табл п/п/о 75+15,2mg №100","ОМС","Нет","уп",79,309.91,{"v":24482.890000000003,"d":"24,482.89"}]
["B01AC30","ингибиторы агрегации тромбоцитов в комбинации","Ацетилсалициловая кислота+ Магния гидроксид","Кардиомагнил табл п/п/о 75+15,2mg №100","ПЛАТ","Нет","уп",31,309.91,{"v":9607.210000000001,"d":"9,607.21"}]
["B01AD","фибринолитическое средство","Проурокиназа","Гемаза лиоф-т д/пригот р-ра д/инъек. 5000МЕ №5, амп","ОМС","Да","уп",132,922.29,{"v":121742.28,"d":"121,742.28"}]
["B01AD","фибринолитическое средство","Проурокиназа","Гемаза лиоф-т д/пригот р-ра д/инъек. 5000МЕ №5, амп","ПЛАТ","Да","уп",27,922.29,{"v":24901.829999999998,"d":"24,901.83"}]
["B01AD02","фибринолитическое средство - активатор плазминогена","Алтеплаза ","Актилизе лиоф-т д/приг р-ра д/инф +раств в комп 50mg","ОМС","Да","уп.",88,28755.75,{"v":2530506,"d":"2,530,506.00"}]
["B01AE07","тромбина ингибитор прямой","Дабигатрана этексилат","Прадакса капс 110mg №180","Бюджет","Да","уп",1,11894.54,{"v":11894.54,"d":"11,894.54"}]
["B01AE07","тромбина ингибитор прямой","Дабигатрана этексилат","Прадакса капс 110mg №180","ОМС","Да","уп",14,11894.54,{"v":166523.56,"d":"166,523.56"}]
["B01AE07","тромбина ингибитор прямой","Дабигатрана этексилат","Прадакса капс 110mg №180","ПЛАТ","Да","уп",5,11894.54,{"v":59472.700000000004,"d":"59,472.70"}]
["B01AE07","тромбина ингибитор прямой","Дабигатрана этексилат","Прадакса капс 150mg №180","Бюджет","Да","уп",1,11837.5,{"v":11837.5,"d":"11,837.50"}]
["B01AE07","тромбина ингибитор прямой","Дабигатрана этексилат","Прадакса капс 150mg №180","ОМС","Да","уп",21,11837.5,{"v":248587.5,"d":"248,587.50"}]
["B01AE07","тромбина ингибитор прямой","Дабигатрана этексилат","Прадакса капс 150mg №180","ПЛАТ","Да","уп",1,11837.5,{"v":11837.5,"d":"11,837.50"}]
["B01AF01","прямые ингибиторы фактора Ха","Ривароксабан","Ксарелто табл п/п/о 10mg №100","Бюджет","Да","уп",18,10161.4,{"v":182905.19999999998,"d":"182,905.20"}]
["B01AF01","прямые ингибиторы фактора Ха","Ривароксабан","Ксарелто табл п/п/о 10mg №100","ОМС","Да","уп",30,10161.4,{"v":304842,"d":"304,842.00"}]
["B01AF01","прямые ингибиторы фактора Ха","Ривароксабан","Ксарелто табл п/п/о 15mg №100","Бюджет","Да","уп",1,12540,{"v":12540,"d":"12,540.00"}]
["B01AF01","прямые ингибиторы фактора Ха","Ривароксабан","Ксарелто табл п/п/о 15mg №100","ОМС","Да","уп",32,12540,{"v":401280,"d":"401,280.00"}]
["B01AF01","прямые ингибиторы фактора Ха","Ривароксабан","Ксарелто табл п/п/о 15mg №100","ПЛАТ","Да","уп",7,12540,{"v":87780,"d":"87,780.00"}]
["B01AF01","прямые ингибиторы фактора Ха","Ривароксабан","Ксарелто табл п/п/о 20mg №100","Бюджет","Да","уп",1,12540,{"v":12540,"d":"12,540.00"}]
["B01AF01","прямые ингибиторы фактора Ха","Ривароксабан","Ксарелто табл п/п/о 20mg №100","ОМС","Да","уп",42,12540,{"v":526680,"d":"526,680.00"}]
["B01AF01","прямые ингибиторы фактора Ха","Ривароксабан","Ксарелто табл п/п/о 20mg №100","ПЛАТ","Да","уп",2,12540,{"v":25080,"d":"25,080.00"}]
["B01AF02","антикоагулянтное средство прямого действия","Апиксабан","Эликвис табл 5mg №20","Бюджет","Да","уп",20,846.7,{"v":16934,"d":"16,934.00"}]
["B01AF02","антикоагулянтное средство прямого действия","Апиксабан","Эликвис табл 5mg №20","ОМС","Да","уп",344,846.7,{"v":291264.8,"d":"291,264.80"}]
["B01AF02","антикоагулянтное средство прямого действия","Апиксабан","Эликвис табл 5mg №20","ПЛАТ","Да","уп",26,846.7,{"v":22014.2,"d":"22,014.20"}]
["B01AF02","антикоагулянтное средство прямого действия","Апиксабан","Эликвис табл п/п/о 2,5mg №20","ОМС","Да","уп",215,848.65,{"v":182459.75,"d":"182,459.75"}]
["B01AF02","антикоагулянтное средство прямого действия","Апиксабан","Эликвис табл п/п/о 2,5mg №20","ПЛАТ","Да","уп",30,848.65,{"v":25459.5,"d":"25,459.50"}]
["B01AF02","антикоагулянтное средство прямого действия","Апиксабан","Эликвис табл п/п/о 5mg №60","ПЛАТ","Да","уп",7,2540.6,{"v":17784.2,"d":"17,784.20"}]
["B01AX05","антитромботическое средство","Фондапаринукс натрия","Арикстра раствор для в/в и п/к  вв 2,5mg/0,5ml 0,5ml №10","ОМС","Нет","уп",105,7677.25,{"v":806111.25,"d":"806,111.25"}]
["B01AX05","антитромботическое средство","Фондапаринукс натрия","Арикстра раствор для в/в и п/к  вв 2,5mg/0,5ml 0,5ml №10","ПЛАТ","Нет","уп",6,7677.25,{"v":46063.5,"d":"46,063.50"}]
["B02AA01","гемостатическое средство - ингибитор фибринолиза","Аминокапроновая кислота","Аминокапроновая кислота  раствор для инфузий 50mg/ml 100ml №1","Бюджет","Да","уп.",50,49.896,{"v":2494.8,"d":"2,494.80"}]
["B02AA01","гемостатическое средство - ингибитор фибринолиза","Аминокапроновая кислота","Аминокапроновая кислота  раствор для инфузий 50mg/ml 100ml №1","ОМС","Да","уп.",800,49.896,{"v":39916.8,"d":"39,916.80"}]
["B02AA01","гемостатическое средство - ингибитор фибринолиза","Аминокапроновая кислота","Аминокапроновая кислота  раствор для инфузий 50mg/ml 100ml №1","ПЛАТ","Да","уп.",15,49.896,748.44]
["B02AA02","гемостатическое средство - ингибитор фибринолиза","Транексамовая кислота","Транексамовая кислота  раствор для в/в  вв 50mg/ml 5ml №10","Бюджет","Да","уп",30,1254,{"v":37620,"d":"37,620.00"}]
["B02AA02","гемостатическое средство - ингибитор фибринолиза","Транексамовая кислота","Транексамовая кислота  раствор для в/в  вв 50mg/ml 5ml №10","ОМС","Да","уп",122,1254,{"v":152988,"d":"152,988.00"}]
["B02AA02","гемостатическое средство - ингибитор фибринолиза","Транексамовая кислота","Транексамовая кислота  раствор для в/в  вв 50mg/ml 5ml №10","ПЛАТ","Да","уп",15,1254,{"v":18810,"d":"18,810.00"}]
["B02AA02","гемостатическое средство - ингибитор фибринолиза","Транексамовая кислота ","Траксара раствор для в/в  вв 50 mg/ml 5ml №10","Бюджет","Да","уп",24,1462.41,{"v":35097.840000000004,"d":"35,097.84"}]
["B02AA02","гемостатическое средство - ингибитор фибринолиза","Транексамовая кислота ","Траксара раствор для в/в  вв 50 mg/ml 5ml №10","ОМС","Да","уп",136,1462.41,{"v":198887.76,"d":"198,887.76"}]
["B02AA02","гемостатическое средство - ингибитор фибринолиза","Транексамовая кислота ","Траксара раствор для в/в  вв 50 mg/ml 5ml №10","ПЛАТ","Да","уп",8,1462.41,{"v":11699.28,"d":"11,699.28"}]
["B02AA02","гемостатическое средство - ингибитор фибринолиза","Транексамовая кислота ","Транексам табл п/п/о 250mg №30","ОМС","Да","уп",7,566.3,{"v":3964.0999999999995,"d":"3,964.10"}]
["B02AA02","гемостатическое средство - ингибитор фибринолиза","Транексамовая кислота ","Транексам табл п/п/о 250mg №30","ПЛАТ","Да","уп",1,566.3,{"v":566.3,"d":"566.30"}]
["B02AB01","протеолиза ингибитор","Апротинин","Гордокс раствор для в/в  вв 10000 КИЕ/ml 10ml №25","Бюджет","Да","уп",11,5378.31,{"v":59161.41,"d":"59,161.41"}]
["B02AB01","протеолиза ингибитор","Апротинин","Гордокс раствор для в/в  вв 10000 КИЕ/ml 10ml №25","ОМС","Да","уп",22,5378.31,{"v":118322.82,"d":"118,322.82"}]
["B02AB01","протеолиза ингибитор","Апротинин","Гордокс раствор для в/в  вв 10000 КИЕ/ml 10ml №25","ПЛАТ","Да","уп",1,5378.31,{"v":5378.31,"d":"5,378.31"}]
["B02BA02","витамина K аналог синтетический","Менадиона натрия бисульфит","Викасол амп 10mg/ml 1ml №10","ОМС","Да","уп",166,74.87,{"v":12428.42,"d":"12,428.42"}]
["B02BA02","витамина K аналог синтетический","Менадиона натрия бисульфит","Викасол амп 10mg/ml 1ml №10","ПЛАТ","Да","уп",4,74.87,299.48]
["B02BC09","альфа- и бета-адреномиметик","Эпинефрин","Адреналин  раствор для инъекций 1mg/ml 1ml №5","Бюджет","Да","уп",26,79.44,{"v":2065.44,"d":"2,065.44"}]
["B02BC09","альфа- и бета-адреномиметик","Эпинефрин","Адреналин  раствор для инъекций 1mg/ml 1ml №5","ОМС","Да","уп",2066,79.44,{"v":164123.04,"d":"164,123.04"}]
["B02BC09","альфа- и бета-адреномиметик","Эпинефрин","Адреналин  раствор для инъекций 1mg/ml 1ml №5","ПЛАТ","Да","уп",13,79.44,{"v":1032.72,"d":"1,032.72"}]
["B02BC09","альфа- и бета-адреномиметик","Эпинефрин","Адреналин  раствор для инъекций 1mg/ml 1ml №5","Ф.кв. ОРТО","Да","уп",1,79.44,79.44]
["B02BX01","гемостатическое средство","Этамзилат","Этамзилат-Ферейн раствор для инъекций 125mg/ml 2ml №10","Бюджет","Да","уп",100,63.47,{"v":6347,"d":"6,347.00"}]
["B02BX01","гемостатическое средство","Этамзилат","Этамзилат-Ферейн раствор для инъекций 125mg/ml 2ml №10","ОМС","Да","уп",1456,63.47,{"v":92412.31999999999,"d":"92,412.32"}]
["B02BX01","гемостатическое средство","Этамзилат","Этамзилат-Ферейн раствор для инъекций 125mg/ml 2ml №10","ПЛАТ","Да","уп",1,63.47,{"$f":"H259*I259","v":63.47}]
["B02BX01","гемостатическое средство","Этамзилат","Этамзилат-Эском раствор д/инъекций и наруж прим 125mg/ml 2ml №10","Бюджет","Да","уп",50,25.67,{"v":1283.5,"d":"1,283.50"}]
["B02BX01","гемостатическое средство","Этамзилат","Этамзилат-Эском раствор д/инъекций и наруж прим 125mg/ml 2ml №10","ОМС","Да","уп",570,25.67,{"v":14631.900000000001,"d":"14,631.90"}]
["B02BX01","гемостатическое средство","Этамзилат","Этамзилат-Эском раствор д/инъекций и наруж прим 125mg/ml 2ml №10","ПЛАТ","Да","уп",5,25.67,{"v":128.35000000000002,"d":"128.35"}]
["B03A","железа препарат","Железа [III] гидроксид декстран","Феррум Лек раствор для в/м вв 50mg/ml 2ml №50","ОМС","Нет","уп",5,10939.54,{"v":54697.700000000004,"d":"54,697.70"}]
["B03A","железа препарат","Железа [III] гидроксид декстран","Феррум Лек раствор для в/м вв 50mg/ml 2ml №50","ПЛАТ","Нет","уп",1.4,10939.54,{"v":15315.356,"d":"15,315.36"}]
["B03A","железа препарат","Железа [III] гидроксид декстран","Феррум Лек табл жеват 100mg №30","Бюджет","Да","уп",3,291.08,873.24]
["B03A","железа препарат","Железа [III] гидроксид декстран","Феррум Лек табл жеват 100mg №30","ОМС","Да","уп",105,291.08,{"v":30563.399999999998,"d":"30,563.40"}]
["B03A","железа препарат","Железа [III] гидроксид декстран","Феррум Лек табл жеват 100mg №30","ПЛАТ","Да","уп",13,291.08,{"v":3784.04,"d":"3,784.04"}]
["B03AC","железа препарат","Железа [III] гидроксид сахарозный комплекс","Венофер раствор для в/в  вв 20mg/ml 5ml №5","Бюджет","Да","уп",2,4293.43,{"v":8586.86,"d":"8,586.86"}]
["B03AC","железа препарат","Железа [III] гидроксид сахарозный комплекс","Венофер раствор для в/в  вв 20mg/ml 5ml №5","ОМС","Да","уп",39,4293.43,{"v":167443.77000000002,"d":"167,443.77"}]
["B03AC","железа препарат","Железа [III] гидроксид сахарозный комплекс","Венофер раствор для в/в  вв 20mg/ml 5ml №5","ПЛАТ","Да","уп",57,4293.43,{"v":244725.51,"d":"244,725.51"}]
["B03AC","железа препарат","Железа [III] гидроксид сахарозный комплекс","Железа [III] гидроксид сахарозный комплекс раствор для в/в  вв 20mg/ml 5ml №5","Бюджет","Да","уп",8,3572.13,{"v":28577.04,"d":"28,577.04"}]
["B03AC","железа препарат","Железа [III] гидроксид сахарозный комплекс","Железа [III] гидроксид сахарозный комплекс раствор для в/в  вв 20mg/ml 5ml №5","ОМС","Да","уп",213,3572.13,{"v":760863.6900000001,"d":"760,863.69"}]
["B03AC","железа препарат","Железа [III] гидроксид сахарозный комплекс","Железа [III] гидроксид сахарозный комплекс раствор для в/в  вв 20mg/ml 5ml №5","ПЛАТ","Да","уп",33,3572.13,{"v":117880.29000000001,"d":"117,880.29"}]
["B03AE03","железа препарат+витамин","Железа сульфат+Аскорбиновая кислота","Сорбифер Дурулес табл п/о №50","ОМС","Нет","уп",262,532.84,{"v":139604.08000000002,"d":"139,604.08"}]
["B03AE03","железа препарат+витамин","Железа сульфат+Аскорбиновая кислота","Сорбифер Дурулес табл п/о №50","ПЛАТ","Нет","уп",34,532.84,{"v":18116.56,"d":"18,116.56"}]
["B03BA01","витамин","Цианокобаламин","Цианокобаламин раствор для инъекций 0,5mg/ml 1ml №10","Бюджет","Да","уп",5,27.93,139.65]
["B03BA01","витамин","Цианокобаламин","Цианокобаламин раствор для инъекций 0,5mg/ml 1ml №10","ОМС","Да","уп",1224,27.93,{"v":34186.32,"d":"34,186.32"}]
["B03BA01","витамин","Цианокобаламин","Цианокобаламин раствор для инъекций 0,5mg/ml 1ml №10","ПЛАТ","Да","уп",35,27.93,977.55]
["B03BB01","витамин","Фолиевая кислота","9 месяцев Фолиевая кислота табл п/п/о 400mkg №30","ОМС","Да","уп",5,115.29,576.45]
["B03BB01","витамин","Фолиевая кислота","Фолиевая кислота табл 1mg №50","ОМС","Да","уп",114,31.65,{"v":3608.1,"d":"3,608.10"}]
["B03BB01","витамин","Фолиевая кислота","Фолиевая кислота табл 1mg №50","ПЛАТ","Да","уп",10,31.65,{"v":316.5,"d":"316.50"}]
["B05AA01","плазмозамещающее средство","Альбумин человека","Альбумин раствор для инфузий 20% 50ml №1","Бюджет","Да","уп",10,1881,{"v":18810,"d":"18,810.00"}]
["B05AA01","плазмозамещающее средство","Альбумин человека","Альбумин раствор для инфузий 20% 50ml №1","ОМС","Да","уп",607,1881,{"v":1141767,"d":"1,141,767.00"}]
["B05AA01","плазмозамещающее средство","Альбумин человека","Альбумин раствор для инфузий 20% 50ml №1","ПЛАТ","Да","уп",31,1881,{"v":58311,"d":"58,311.00"}]
["B05AA07","плазмозамещающее средство","~","Волюлайт раствор для инфузий 500ml №20","Бюджет","Да",null,1,12489.84,{"v":12489.84,"d":"12,489.84"}]
["B05AA07","плазмозамещающее средство","~","Волюлайт раствор для инфузий 500ml №20","ОМС","Да",null,7,12489.84,{"v":87428.88,"d":"87,428.88"}]
["B05AA07","плазмозамещающее средство","Гидроксиэтилкрахмал","Венофундин раствор для инфузий 6% 500ml №10","Бюджет","Да","уп",14,4078.34,{"v":57096.76,"d":"57,096.76"}]
["B05AA07","плазмозамещающее средство","Гидроксиэтилкрахмал","Венофундин раствор для инфузий 6% 500ml №10","ОМС","Да","уп",13,4078.34,{"v":53018.42,"d":"53,018.42"}]
["B05AA07","плазмозамещающее средство","Гидроксиэтилкрахмал","Венофундин раствор для инфузий 6% 500ml №10","ПЛАТ","Да","уп",1,4078.34,{"v":4078.34,"d":"4,078.34"}]
["B05AA07","плазмозамещающее средство","Гидроксиэтилкрахмал","Волювен раствор для инфузий 6% 500ml №10","Бюджет","Да","уп",38,4378.91,{"v":166398.58,"d":"166,398.58"}]
["B05AA07","плазмозамещающее средство","Гидроксиэтилкрахмал","Волювен раствор для инфузий 6% 500ml №10","ОМС","Да","уп",60,4378.91,{"v":262734.6,"d":"262,734.60"}]
["B05AA07","плазмозамещающее средство","Гидроксиэтилкрахмал","Тетраспан 6 раствор для инфузий 500ml №10","Бюджет","Да","уп",14,4715.11,{"v":66011.54,"d":"66,011.54"}]
["B05AA07","плазмозамещающее средство","Гидроксиэтилкрахмал","Тетраспан 6 раствор для инфузий 500ml №10","ОМС","Да","уп",15,4715.11,{"v":70726.65,"d":"70,726.65"}]
["B05BA01","питания парентерального средство - аминокислоты","Аминокислоты для парентерального питания + Прочие препараты ","Аминосол-Нео Е  раствор для инфузий 10% 500ml","ОМС","Да","уп",5,330.91,{"v":1654.5500000000002,"d":"1,654.55"}]
["B05BA01","питания парентерального средство - аминокислоты","Аминокислоты для парентерального питания + Прочие препараты ","Аминосол-Нео Е  раствор для инфузий 10% 500ml","ПЛАТ","Да","уп",20,330.91,{"v":6618.200000000001,"d":"6,618.20"}]
["B05BA01","питания парентерального средство - аминокислоты","Аминокислоты для парентерального питания + Прочие препараты [Минералы] ","Аминоплазмаль Б. Браун Е 10  раствор для инфузий 500ml №10","ОМС","Да","уп",70,4691.81,{"v":328426.7,"d":"328,426.70"}]
["B05BA01","питания парентерального средство - аминокислоты","Аминокислоты для парентерального питания + Прочие препараты [Минералы] ","Аминоплазмаль Б. Браун Е 10  раствор для инфузий 500ml №10","ПЛАТ","Да","уп",1,4691.81,{"v":4691.81,"d":"4,691.81"}]
["B05BA02","питания парентерального средство","Аминокислоты для парентерального питания + Прочие препараты [Жировые эмульсии для парентерального питания + Декстроза + Минералы","Кабивен центральный эмульсия для инфузий 1540ml №4","Бюджет","Да","уп",1,5702.82,{"v":5702.82,"d":"5,702.82"}]
["B05BA02","питания парентерального средство","Аминокислоты для парентерального питания + Прочие препараты [Жировые эмульсии для парентерального питания + Декстроза + Минералы","Кабивен центральный эмульсия для инфузий 1540ml №4","ОМС","Да","уп",1,5702.82,{"v":5702.82,"d":"5,702.82"}]
["B05BA02","питания парентерального средство","Аминокислоты для парентерального питания + Прочие препараты [Жировые эмульсии для парентерального питания + Декстроза + Минералы]","Кабивен периферический эмульсия для инфузий 1920ml №4","ОМС","Да","уп",1,6353.26,{"v":6353.26,"d":"6,353.26"}]
["B05BA03","питания углеводного средство","Декстроза","Глюкоза раствор для в/в  вв 400mg/ml 10ml №10","Бюджет","Да","уп",3,44.71,134.13]
["B05BA03","питания углеводного средство","Декстроза","Глюкоза раствор для в/в  вв 400mg/ml 10ml №10","ОМС","Да","уп",280,44.71,{"v":12518.800000000001,"d":"12,518.80"}]
["B05BA03","питания углеводного средство","Декстроза","Глюкоза раствор для инфузий 20% 500ml №12","ОМС","Да","уп",3,699.54,{"v":2098.62,"d":"2,098.62"}]
["B05BA03","питания углеводного средство","Декстроза","Глюкоза раствор для инфузий 5% 250ml №10","Бюджет","Да","уп",30,521.15,{"v":15634.5,"d":"15,634.50"}]
["B05BA03","питания углеводного средство","Декстроза","Глюкоза раствор для инфузий 5% 250ml №10","ОМС","Да","уп",1725,521.15,{"v":898983.75,"d":"898,983.75"}]
["B05BA03","питания углеводного средство","Декстроза","Глюкоза раствор для инфузий 5% 250ml №10","ПЛАТ","Да","уп",3,521.15,{"v":1563.4499999999998,"d":"1,563.45"}]
["B05BA03","питания углеводного средство","Декстроза","Глюкоза раствор для инфузий 5% 500ml №10","Бюджет","Да","уп",1,344.88,344.88]
["B05BA03","питания углеводного средство","Декстроза","Глюкоза раствор для инфузий 5% 500ml №10","ОМС","Да","уп",997,344.88,{"v":343845.36,"d":"343,845.36"}]
["B05BA03","питания углеводного средство","Декстроза","Глюкоза раствор для инфузий 5% 500ml №10","ПЛАТ","Да","уп",7,344.88,{"v":2414.16,"d":"2,414.16"}]
["B05BA04","питания парентерального средство - аминокислоты","Аминокислоты для парентерального питания ","Гепасол-Нео  раствор для инфузий  8% 500ml №1","ОМС","Да","уп",10,331.98,{"v":3319.8,"d":"3,319.80"}]
["B05BA04","питания парентерального средство - аминокислоты","Аминокислоты для парентерального питания ","Гепасол-Нео  раствор для инфузий  8% 500ml №1","ПЛАТ","Да","уп",10,331.98,{"v":3319.8,"d":"3,319.80"}]
["B05BA10","питания парентерального средство","Аминокислоты для парентерального питания + Прочие препараты [Декстроза + Минералы","Нутрифлекс липид эмульсия для инфузий 48/150 1250ml №5","ОМС","Да","уп.",10,8222.6,{"v":82226,"d":"82,226.00"}]
["B05BA10","питания парентерального средство","Аминокислоты для парентерального питания + Прочие препараты [Жировые эмульсии для парентерального питания + Декстроза + Минералы","Оликлиномель N4-550 Е  эмульсия для инфузий 1500ml №4","ОМС","Да","уп.",6,6352.06,{"v":38112.36,"d":"38,112.36"}]
["B05BB","Растворы влияющие на водно-электролитный баланс","Меглюмина натрия сукцинат","Реамберин раствор для инфузий 1,5% 400ml №1","ПЛАТ","Да","уп",20,221.07,{"v":4421.4,"d":"4,421.40"}]
["B05BB","Растворы влияющие на водно-электролитный баланс","Меглюмина натрия сукцинат","Реамберин раствор для инфузий 1,5% 500ml №20","Бюджет","Да","уп",210,3469.06,{"v":728502.6,"d":"728,502.60"}]
["B05BB","Растворы влияющие на водно-электролитный баланс","Меглюмина натрия сукцинат","Реамберин раствор для инфузий 1,5% 500ml №20","ОМС","Да","уп",151,3469.06,{"v":523828.06,"d":"523,828.06"}]
["B05BB","Растворы влияющие на водно-электролитный баланс","Меглюмина натрия сукцинат","Реамберин раствор для инфузий 1,5% 500ml №20","ПЛАТ","Да","уп",20,3469.06,{"v":69381.2,"d":"69,381.20"}]
["B05BB01","регидратирующее средство","Калия хлорид+Кальция хлорид+Натрия хлорид","Рингер раствор для инфузий 500ml №10","Бюджет","Да","уп",45,399.71,{"v":17986.95,"d":"17,986.95"}]
["B05BB01","регидратирующее средство","Калия хлорид+Кальция хлорид+Натрия хлорид","Рингер раствор для инфузий 500ml №10","ОМС","Да","уп",225,399.71,{"v":89934.75,"d":"89,934.75"}]
["B05BB01","регидратирующее средство","Калия хлорид+Кальция хлорид+Натрия хлорид","Рингер раствор для инфузий 500ml №10","ПЛАТ","Да","уп",11,399.71,{"v":4396.8099999999995,"d":"4,396.81"}]
["B05BB01","регидратирующее средство","Калия хлорид+Магния хлорид+Натрия хлорид+Натрия фумарат","Мафусол раствор для инфузий 500ml","ОМС","Нет","уп",530,208.8,{"v":110664,"d":"110,664.00"}]
["B05BB01","регидратирующее средство","Калия хлорид+Магния хлорид+Натрия хлорид+Натрия фумарат","Мафусол раствор для инфузий 500ml","ПЛАТ","Нет","уп",10,208.8,{"v":2088,"d":"2,088.00"}]
["B05BB01","регидратирующее средство","Натрия ацетат+Натрия хлорид+Калия хлорид","Ацесоль раствор для инфузий 400ml №12","ОМС","Да","уп",413,418.81,{"$f":"H323*I323","v":{"v":172968.53,"d":"172,968.53"}}]
["B05BB01","регидратирующее средство","Натрия ацетат+Натрия хлорид+Калия хлорид","Ацесоль раствор для инфузий 400ml №12","ПЛАТ","Да","уп",5,418.81,{"v":2094.05,"d":"2,094.05"}]
["B05BB01","регидратирующее средство","Стерофундин изотонический","Стерофундин изотонический раствор для инфузий 1000ml №10","Бюджет","Да","уп",26,1379.4,{"v":35864.4,"d":"35,864.40"}]
["B05BB01","регидратирующее средство","Стерофундин изотонический","Стерофундин изотонический раствор для инфузий 1000ml №10","ОМС","Да","уп",300,1379.4,{"v":413820,"d":"413,820.00"}]
["B05BB01","регидратирующее средство","Стерофундин изотонический","Стерофундин изотонический раствор для инфузий 500ml №10","Бюджет","Да","уп",22,971.22,{"v":21366.84,"d":"21,366.84"}]
["B05BB01","регидратирующее средство","Стерофундин изотонический","Стерофундин изотонический раствор для инфузий 500ml №10","ОМС","Да","уп",400,971.22,{"v":388488,"d":"388,488.00"}]
["B05BB01","регидратирующее средство","Стерофундин изотонический","Стерофундин изотонический раствор для инфузий 500ml №10","ПЛАТ","Да","уп",91,971.22,{"v":88381.02,"d":"88,381.02"}]
["B05BB01","электролитов баланс восстанавливающее средство","Калия хлорид + Магния хлорид + Натрия ацетат + Натрия глюконат + Натрия хлорид","Плазма-Лит 148 Водный Раствор раствор для инфузий 1000ml №10","Бюджет","Нет","уп",10,2694.61,{"v":26946.100000000002,"d":"26,946.10"}]
["B05BB01","электролитов баланс восстанавливающее средство","Калия хлорид + Магния хлорид + Натрия ацетат + Натрия глюконат + Натрия хлорид","Плазма-Лит 148 Водный Раствор раствор для инфузий 1000ml №10","ОМС","Нет","уп",40,2694.61,{"v":107784.40000000001,"d":"107,784.40"}]
["B05BC01","регидратирующее средство","Маннитол","Маннит раствор для инфузий 150mg/ml 400ml №1","Бюджет","Да","уп",50,150.96,{"v":7548,"d":"7,548.00"}]
["B05BC01","регидратирующее средство","Маннитол","Маннит раствор для инфузий 150mg/ml 400ml №1","ОМС","Да","уп",90,150.96,{"v":13586.400000000001,"d":"13,586.40"}]
["B05CB01","регидратирующее средство","Натрия хлорид","Натрия хлорид раствор для инфузий 0,9% 250ml","Бюджет","Да","уп",350,52.8,{"v":18480,"d":"18,480.00"}]
["B05CB01","регидратирующее средство","Натрия хлорид","Натрия хлорид раствор для инфузий 0,9% 250ml","ОМС","Да","уп",29487,52.8,{"v":1556913.5999999999,"d":"1,556,913.60"}]
["B05CB01","регидратирующее средство","Натрия хлорид","Натрия хлорид раствор для инфузий 0,9% 250ml №10","Б.Опк","Да","уп",20,430.1,{"v":8602,"d":"8,602.00"}]
["B05CB01","регидратирующее средство","Натрия хлорид","Натрия хлорид раствор для инфузий 0,9% 250ml №10","Бюджет","Да","уп",326,430.1,{"v":140212.6,"d":"140,212.60"}]
["B05CB01","регидратирующее средство","Натрия хлорид","Натрия хлорид раствор для инфузий 0,9% 250ml №10","ОМС","Да","уп",14103,430.1,{"v":6065700.300000001,"d":"6,065,700.30"}]
["B05CB01","регидратирующее средство","Натрия хлорид","Натрия хлорид раствор для инфузий 0,9% 250ml №10","ПЛАТ","Да","уп",640,430.1,{"v":275264,"d":"275,264.00"}]
["B05CB01","регидратирующее средство","Натрия хлорид","Натрия хлорид раствор для инфузий 0,9% 500ml","Б.Опк","Да","уп",1000,62.491,{"v":62491,"d":"62,491.00"}]
["B05CB01","регидратирующее средство","Натрия хлорид","Натрия хлорид раствор для инфузий 0,9% 500ml","Бюджет","Да","уп",300,62.491,{"v":18747.3,"d":"18,747.30"}]
["B05CB01","регидратирующее средство","Натрия хлорид","Натрия хлорид раствор для инфузий 0,9% 500ml","ОМС","Да","уп",29752,62.491,{"v":1859232.232,"d":"1,859,232.23"}]
["B05CB01","регидратирующее средство","Натрия хлорид","Натрия хлорид раствор для инфузий 0,9% 500ml №10","Бюджет","Да","уп",346,342.28,{"v":118428.87999999999,"d":"118,428.88"}]
["B05CB01","регидратирующее средство","Натрия хлорид","Натрия хлорид раствор для инфузий 0,9% 500ml №10","ОМС","Да","уп",5746,342.28,{"v":1966740.88,"d":"1,966,740.88"}]
["B05CB01","регидратирующее средство","Натрия хлорид","Натрия хлорид раствор для инфузий 0,9% 500ml №10","ПЛАТ","Да","уп",255,342.28,{"v":87281.4,"d":"87,281.40"}]
["B05CB04","антиацидемическое средство","Натрия гидрокарбонат","Натрия гидрокарбонат раствор для инфузий 5% 200ml №1","Бюджет","Да","бутылка",122,33.19,{"v":4049.18,"d":"4,049.18"}]
["B05CB04","антиацидемическое средство","Натрия гидрокарбонат","Натрия гидрокарбонат раствор для инфузий 5% 200ml №1","ОМС","Да","бутылка",1847,33.19,{"v":61301.92999999999,"d":"61,301.93"}]
["B05CB04","антиацидемическое средство","Натрия гидрокарбонат","Натрия гидрокарбонат раствор для инфузий 5% 200ml №1","ПЛАТ","Да","бутылка",50,33.19,{"v":1659.5,"d":"1,659.50"}]
["B05CB04","антиацидемическое средство","Натрия гидрокарбонат","Натрия гидрокарбонат-Эском раствор для инфузий 5% 200ml №1","ПЛАТ","Да","фл",50,31.5,{"v":1575,"d":"1,575.00"}]
["B05XA05","вазодилатирующее средство","Магния сульфат","Магния сульфат раствор для в/в  вв 250mg/ml 10ml №10","Бюджет","Да","уп",108,46.31,{"v":5001.4800000000005,"d":"5,001.48"}]
["B05XA05","вазодилатирующее средство","Магния сульфат","Магния сульфат раствор для в/в  вв 250mg/ml 10ml №10","ОМС","Да","уп",4888,46.31,{"v":226363.28,"d":"226,363.28"}]
["B05XA05","вазодилатирующее средство","Магния сульфат","Магния сульфат раствор для в/в  вв 250mg/ml 10ml №10","ПЛАТ","Да","уп",275,46.31,{"v":12735.25,"d":"12,735.25"}]
["B05XA07","кальциево-фосфорного обмена регулятор","Кальция хлорид","Кальция хлорид раствор для в/в  вв 100mg/ml 10ml №10","Б.Опк","Нет","уп",2,55.5,{"v":111,"d":"111.00"}]
["B05XA07","кальциево-фосфорного обмена регулятор","Кальция хлорид","Кальция хлорид раствор для в/в  вв 100mg/ml 10ml №10","ОМС","Нет","уп",435,55.5,{"v":24142.5,"d":"24,142.50"}]
["B05XA07","кальциево-фосфорного обмена регулятор","Кальция хлорид","Кальция хлорид раствор для в/в  вв 100mg/ml 10ml №10","ПЛАТ","Нет","уп",3,55.5,{"v":166.5,"d":"166.50"}]
["B05XA16","кардиоплегическое средство","~","Кустодиол раствор для внутрикоронарных перфузий  1000ml","Бюджет","Нет","уп",100,15207,{"v":1520700,"d":"1,520,700.00"}]
["B05XA16","кардиоплегическое средство","~","Кустодиол раствор для внутрикоронарных перфузий  1000ml","ОМС","Нет","уп",100,15207,{"v":1520700,"d":"1,520,700.00"}]
["C01AA05","кардиотоническое средство - сердечный гликозид","Дигоксин","Дигоксин раствор для в/в  вв 0,025% 1 ml №10","Бюджет","Да","уп",2,41.51,83.02]
["C01AA05","кардиотоническое средство - сердечный гликозид","Дигоксин","Дигоксин раствор для в/в  вв 0,025% 1 ml №10","ОМС","Да","уп",212,41.51,{"v":8800.119999999999,"d":"8,800.12"}]
["C01AA05","кардиотоническое средство - сердечный гликозид","Дигоксин","Дигоксин раствор для в/в  вв 0,025% 1 ml №10","ПЛАТ","Да","уп",10,41.51,{"v":415.09999999999997,"d":"415.10"}]
["C01AA05","кардиотоническое средство - сердечный гликозид","Дигоксин","Дигоксин табл 250mkg №30","Бюджет","Да","уп",5,34.66,{"v":173.29999999999998,"d":"173.30"}]
["C01AA05","кардиотоническое средство - сердечный гликозид","Дигоксин","Дигоксин табл 250mkg №30","ОМС","Да","уп",186,34.66,{"v":6446.759999999999,"d":"6,446.76"}]
["C01AA05","кардиотоническое средство - сердечный гликозид","Дигоксин","Дигоксин табл 250mkg №30","ПЛАТ","Да","уп",10,34.66,{"v":346.59999999999997,"d":"346.60"}]
["C01BA02","антиаритмическое средство","Прокаинамид","Новокаинамид раствор для в/в и в/м вв 100mg/ml 5ml №10","ОМС","Да","уп",20,185.51,{"v":3710.2,"d":"3,710.20"}]
["C01BD01","антиаритмическое средство","Амиодарон","Веро-Амиодарон раствор для в/в  вв 50mg/ml 3ml №5","ОМС","Да","уп.",90,218.59,{"v":19673.1,"d":"19,673.10"}]
["C01BD01","антиаритмическое средство","Амиодарон","Веро-Амиодарон раствор для в/в  вв 50mg/ml 3ml №5","ПЛАТ","Да","уп.",10,218.59,{"v":2185.9,"d":"2,185.90"}]
["C01CA03","альфа- и бета-адреномиметик","Норэпинефрин","Норэпинефрин конц-т д/приг раствора для в/в вв 2mg/ml 4ml №10","Бюджет","Да","уп",12,1161.5802,{"v":13938.9624,"d":"13,938.96"}]
["C01CA03","альфа- и бета-адреномиметик","Норэпинефрин","Норэпинефрин конц-т д/приг раствора для в/в вв 2mg/ml 4ml №10","ОМС","Да","уп",128,1161.5802,{"v":148682.2656,"d":"148,682.27"}]
["C01CA04","кардиотоническое средство негликозидной структуры","Допамин","Дофамин конц-т д/приг раствора для инфузий 40mg/ml 5ml №10","Бюджет","Да","уп",30,278.3,{"v":8349,"d":"8,349.00"}]
["C01CA04","кардиотоническое средство негликозидной структуры","Допамин","Дофамин конц-т д/приг раствора для инфузий 40mg/ml 5ml №10","ОМС","Да","уп",465,278.3,{"v":129409.5,"d":"129,409.50"}]
["C01CA04","кардиотоническое средство негликозидной структуры","Допамин","Дофамин конц-т д/приг раствора для инфузий 5mg/ml 5ml №5","ОМС","Да","уп",150,67.85,{"v":10177.5,"d":"10,177.50"}]
["C01CA06","альфа-адреномиметик","Фенилэфрин","Мезатон раствор для инъекций 10mg/ml 1ml №10","Бюджет","Да","уп",76,93.68,{"v":7119.68,"d":"7,119.68"}]
["C01CA06","альфа-адреномиметик","Фенилэфрин","Мезатон раствор для инъекций 10mg/ml 1ml №10","ОМС","Да","уп",965,93.68,{"v":90401.20000000001,"d":"90,401.20"}]
["C01CA06","альфа-адреномиметик","Фенилэфрин","Мезатон раствор для инъекций 10mg/ml 1ml №10","ПЛАТ","Да","уп",30,93.68,{"v":2810.4,"d":"2,810.40"}]
["C01CA06","альфа-адреномиметик","Фенилэфрин","Релиф супп рект 5mg №12","ПЛАТ","Нет","уп",15,466.19,{"v":6992.85,"d":"6,992.85"}]
["C01CA07","кардиотоническое средство негликозидной структуры","Добутамин","Добутамин Гексал лиоф-т д/пригот р-ра д/инф 250mg №1","Бюджет","Да","уп",40,399.74,{"v":15989.6,"d":"15,989.60"}]
["C01CA07","кардиотоническое средство негликозидной структуры","Добутамин","Добутамин Гексал лиоф-т д/пригот р-ра д/инф 250mg №1","ОМС","Да","уп",80,399.74,{"v":31979.2,"d":"31,979.20"}]
["C01CX08","кардиотоническое средство негликозидной структуры","Левосимендан","Симдакс концентрат для приготовления р-ра для инфузий 2,5mg/ml 5ml","Бюджет","Да","уп",5,30983.61,{"v":154918.05,"d":"154,918.05"}]
["C01CX08","кардиотоническое средство негликозидной структуры","Левосимендан","Симдакс концентрат для приготовления р-ра для инфузий 2,5mg/ml 5ml","ОМС","Да","уп",2,30983.61,{"v":61967.22,"d":"61,967.22"}]
["C01DA02","вазодилатирующее средство - нитрат","Нитроглицерин","Нитроглицерин конц-т д/приг раствора для инфузий 1mg/ml 10ml №10","Бюджет","Да","уп",30,590.95,{"v":17728.5,"d":"17,728.50"}]
["C01DA02","вазодилатирующее средство - нитрат","Нитроглицерин","Нитроглицерин конц-т д/приг раствора для инфузий 1mg/ml 10ml №10","ОМС","Да","уп",904,590.95,{"v":534218.8,"d":"534,218.80"}]
["C01DA02","вазодилатирующее средство - нитрат","Нитроглицерин","Нитроглицерин конц-т д/приг раствора для инфузий 1mg/ml 10ml №10","ПЛАТ","Да","уп",1,590.95,590.95]
["C01DA02","вазодилатирующее средство - нитрат","Нитроглицерин","Нитроспрей спрей сублинг доз 0,4mg/dosis 10ml 200dosis","Бюджет","Да","уп",12,100.75,{"v":1209,"d":"1,209.00"}]
["C01DA02","вазодилатирующее средство - нитрат","Нитроглицерин","Нитроспрей спрей сублинг доз 0,4mg/dosis 10ml 200dosis","ОМС","Да","уп",200,100.75,{"v":20150,"d":"20,150.00"}]
["C01DA02","вазодилатирующее средство - нитрат","Нитроглицерин","Нитроспрей спрей сублинг доз 0,4mg/dosis 10ml 200dosis","ПЛАТ","Да","уп",7,100.75,705.25]
["C01DA08","вазодилатирующее средство - нитрат","Изосорбида динитрат","Изакардин конц-т д/приг раствора для инфузий 1mg/ml 10ml №10","ПЛАТ","Да","уп",1,730.95,730.95]
["C01DA08","вазодилатирующее средство - нитрат","Изосорбида динитрат","Нитросорбид табл 10mg №60","Бюджет","Да","уп",1,27.72,{"$f":"H387*I387","v":27.72}]
["C01DA08","вазодилатирующее средство - нитрат","Изосорбида динитрат","Нитросорбид табл 10mg №60","ОМС","Да","уп",78,27.72,{"v":2162.16,"d":"2,162.16"}]
["C01DA14","вазодилатирующее средство - нитрат","Изосорбида мононитрат","Изосорбида мононитрат табл 20mg №30","ОМС","Да","уп",216,70.46,{"v":15219.359999999999,"d":"15,219.36"}]
["C01DA14","вазодилатирующее средство - нитрат","Изосорбида мононитрат","Изосорбида мононитрат табл 20mg №30","ПЛАТ","Да","уп",2,70.46,140.92]
["C01DA14","вазодилатирующее средство - нитрат","Изосорбида мононитрат","Эфокс 20 табл 20mg №50","Бюджет","Да","уп",5,124,{"v":620,"d":"620.00"}]
["C01DA14","вазодилатирующее средство - нитрат","Изосорбида мононитрат","Эфокс 20 табл 20mg №50","ОМС","Да","уп",48,124,{"v":5952,"d":"5,952.00"}]
["C01DA14","вазодилатирующее средство - нитрат","Изосорбида мононитрат","Эфокс 20 табл 20mg №50","ПЛАТ","Да","уп",3,124,{"v":372,"d":"372.00"}]
["C01EB","метаболическое средство","Инозин","Рибоксин раствор для в/в  вв 20mg/ml 10ml №10","ОМС","Нет","уп",613,43.95,{"v":26941.350000000002,"d":"26,941.35"}]
["C01EB","метаболическое средство","Инозин","Рибоксин раствор для в/в  вв 20mg/ml 10ml №10","ПЛАТ","Нет","уп",18,43.95,{"v":791.1,"d":"791.10"}]
["C01EB","метаболическое средство","Трифосаденин","Натрия аденозинтрифосфат-Дарница раствор для в/в  вв 10mg/ml 1ml №10","ОМС","Нет","уп",42,285.93,{"v":12009.06,"d":"12,009.06"}]
["C01EB","метаболическое средство","Трифосаденин","Натрия аденозинтрифосфат-Дарница раствор для в/в  вв 10mg/ml 1ml №10","ПЛАТ","Нет","уп",11,285.93,{"v":3145.23,"d":"3,145.23"}]
["C01EB05","метаболическое средство","Фосфокреатин","Неотон лиоф.пор. д/приг р-ра д/инф 1g (+ agua pro inject 50ml) №4","ПЛАТ","Нет","уп",22,5714.28,{"v":125714.15999999999,"d":"125,714.16"}]
["C01EB15","антигипоксантное средство","Триметазидин","Депренорм МВ табл пролонг п/п/о 35mg №60","ПЛАТ","Нет","уп",7,368.34,{"v":2578.3799999999997,"d":"2,578.38"}]
["C01EB17","антиангинальное средство","Ивабрадин","Ивабрадин Канон  табл п/п/о 5mg №56","ОМС","Да","уп",42,978.92,{"v":41114.64,"d":"41,114.64"}]
["C01EB17","антиангинальное средство","Ивабрадин","Ивабрадин Канон  табл п/п/о 5mg №56","ПЛАТ","Да","уп",3,978.92,{"v":2936.7599999999998,"d":"2,936.76"}]
["C01EB17","антиангинальное средство","Ивабрадин","Ивабрадин Канон  табл п/п/о 7,5mg №56","ОМС","Да","уп",21,1011.92,{"v":21250.32,"d":"21,250.32"}]
["C01EB17","антиангинальное средство","Ивабрадин","Кораксан табл п/п/о 5mg №28","ОМС","Да","уп",45,610.17,{"v":27457.649999999998,"d":"27,457.65"}]
["C01EB17","антиангинальное средство","Ивабрадин","Кораксан табл п/п/о 5mg №28","ПЛАТ","Да","уп",2,610.17,{"v":1220.34,"d":"1,220.34"}]
["C01EB17","антиангинальное средство","Ивабрадин","Кораксан табл п/п/о 7,5mg №28","ОМС","Да","уп",11,605.63,{"v":6661.93,"d":"6,661.93"}]
["C01EB17","антиангинальное средство","Ивабрадин","Кораксан табл п/п/о 7,5mg №28","ПЛАТ","Да","уп",5,605.63,{"v":3028.15,"d":"3,028.15"}]
["C01EB22","метаболическое средство","Мельдоний","Мельдоний раствор для парабульбарного и в/в вв 100mg/ml 5ml №10","ОМС","Да","уп",477,291.32,{"v":138959.63999999998,"d":"138,959.64"}]
["C01EB22","метаболическое средство","Мельдоний","Мельдоний раствор для парабульбарного и в/в вв 100mg/ml 5ml №10","ПЛАТ","Да","уп",235,291.32,{"v":68460.2,"d":"68,460.20"}]
["C02AC01","гипотензивное средство центрального действия","Клонидин","Клофелин раствор для инъекций 0,1 mg/ml 1ml","ОМС","Да","амп",305,3.04524,{"v":928.7982000000001,"d":"928.80"}]
["C02AC05","гипотензивное средство центрального действия","Моксонидин","Моксонидин Канон  табл п/п/о 0,2 mg №14","ОМС","Да","уп",120,139.35,{"v":16722,"d":"16,722.00"}]
["C02AC05","гипотензивное средство центрального действия","Моксонидин","Моксонидин Канон  табл п/п/о 0,4 mg №14","ОМС","Да","уп",360,255.47,{"v":91969.2,"d":"91,969.20"}]
["C02AC05","гипотензивное средство центрального действия","Моксонидин","Моксонидин Канон  табл п/п/о 0,4 mg №14","ПЛАТ","Да","уп",3,255.47,766.41]
["C02AC05","гипотензивное средство центрального действия","Моксонидин","Моксонидин табл п/п/о 0,2 mg №14","Бюджет","Да","уп",10,143.95,{"v":1439.5,"d":"1,439.50"}]
["C02AC05","гипотензивное средство центрального действия","Моксонидин","Моксонидин табл п/п/о 0,2 mg №14","ОМС","Да","уп",170,143.95,{"v":24471.499999999996,"d":"24,471.50"}]
["C02AC05","гипотензивное средство центрального действия","Моксонидин","Моксонидин табл п/п/о 0,2 mg №14","ПЛАТ","Да","уп",41,143.95,{"v":5901.95,"d":"5,901.95"}]
["C02AC05","гипотензивное средство центрального действия","Моксонидин","Моксонидин табл п/п/о 0,4 mg №14","Бюджет","Да","уп",10,240.22,{"v":2402.2,"d":"2,402.20"}]
["C02AC05","гипотензивное средство центрального действия","Моксонидин","Моксонидин табл п/п/о 0,4 mg №14","ОМС","Да","уп",345,240.22,{"v":82875.9,"d":"82,875.90"}]
["C02AC05","гипотензивное средство центрального действия","Моксонидин","Моксонидин табл п/п/о 0,4 mg №14","ПЛАТ","Да","уп",32,240.22,{"v":7687.04,"d":"7,687.04"}]
["C02BC","ганглиоблокатор","Азаметония бромид","Пентамин раствор для в/в и в/м вв 50mg/ml 1ml №10","ОМС","Нет","уп",517,1800.91,{"v":931070.4700000001,"d":"931,070.47"}]
["C02CA04","альфа1-адреноблокатор","Доксазозин","Доксазозин табл 4mg №30","ОМС","Да","уп",16,573.42,{"v":9174.72,"d":"9,174.72"}]
["C02CA04","альфа1-адреноблокатор","Доксазозин","Доксазозин-ФПО табл 400mg №30","ПЛАТ","Да","уп",2,269.58,539.16]
["C02CA06","альфа-адреноблокатор","Урапидил","Эбрантил капс 30mg №30","ОМС","Да","уп",29,249.92,{"v":7247.679999999999,"d":"7,247.68"}]
["C02CA06","альфа-адреноблокатор","Урапидил","Эбрантил раствор для в/в  вв 5mg/ml 10ml №5","Бюджет","Да","уп",5,1019.59,{"v":5097.95,"d":"5,097.95"}]
["C02CA06","альфа-адреноблокатор","Урапидил","Эбрантил раствор для в/в  вв 5mg/ml 10ml №5","ОМС","Да","уп",58,1019.59,{"v":59136.22,"d":"59,136.22"}]
["C03AA03","диуретическое средство","Гидрохлоротиазид","Гидрохлоротиазид табл 100mg №20","ОМС","Да","уп",15,63.7,{"v":955.5,"d":"955.50"}]
["C03AA03","диуретическое средство","Гидрохлоротиазид","Гидрохлоротиазид табл 25mg №20","Бюджет","Да","уп",10,47.32,{"v":473.2,"d":"473.20"}]
["C03AA03","диуретическое средство","Гидрохлоротиазид","Гидрохлоротиазид табл 25mg №20","ОМС","Да","уп",335,47.32,{"v":15852.2,"d":"15,852.20"}]
["C03AA03","диуретическое средство","Гидрохлоротиазид","Гидрохлоротиазид табл 25mg №20","ПЛАТ","Да","уп",5,47.32,{"v":236.6,"d":"236.60"}]
["C03BA11","диуретическое средство","Индапамид","Индапамид ретард табл пролонг п/п/о 1,5 mg №30","ОМС","Да","уп",719,95.89,{"v":68944.91,"d":"68,944.91"}]
["C03BA11","диуретическое средство","Индапамид","Индапамид ретард табл пролонг п/п/о 1,5 mg №30","ПЛАТ","Да","уп",19,95.89,{"v":1821.91,"d":"1,821.91"}]
["C03CA01","диуретическое средство","Фуросемид","Фуросемид раствор для инъекций 20mg/2ml 2ml №10","Б.Опк","Да","уп",2,25.34,50.68]
["C03CA01","диуретическое средство","Фуросемид","Фуросемид раствор для инъекций 20mg/2ml 2ml №10","Бюджет","Да","уп",30,25.34,{"v":760.2,"d":"760.20"}]
["C03CA01","диуретическое средство","Фуросемид","Фуросемид раствор для инъекций 20mg/2ml 2ml №10","ОМС","Да","уп",5632,25.34,{"v":142714.88,"d":"142,714.88"}]
["C03CA01","диуретическое средство","Фуросемид","Фуросемид раствор для инъекций 20mg/2ml 2ml №10","ПЛАТ","Да","уп",103,25.34,{"v":2610.02,"d":"2,610.02"}]
["C03CA01","диуретическое средство","Фуросемид","Фуросемид табл 40mg №50","Бюджет","Да","уп",5,27.07,135.35]
["C03CA01","диуретическое средство","Фуросемид","Фуросемид табл 40mg №50","ОМС","Да","уп",404,27.07,{"v":10936.28,"d":"10,936.28"}]
["C03CA01","диуретическое средство","Фуросемид","Фуросемид табл 40mg №50","ПЛАТ","Да","уп",5,27.07,135.35]
["C03CA04","диуретическое средство","Торасемид","Торасемид Канон табл 10mg №60","ОМС","Нет","уп",112,543.9,{"v":60916.799999999996,"d":"60,916.80"}]
["C03CA04","диуретическое средство","Торасемид","Торасемид Канон табл 5mg №20","ОМС","Нет","уп",38,148.74,{"v":5652.120000000001,"d":"5,652.12"}]
["C03CA04","диуретическое средство","Торасемид","Торасемид Канон табл 5mg №20","ПЛАТ","Нет","уп",10,148.74,{"v":1487.4,"d":"1,487.40"}]
["C03CA04","диуретическое средство","Торасемид","Торасемид-СЗ табл 10mg №60","ОМС","Нет","уп",182,543.9,{"v":98989.8,"d":"98,989.80"}]
["C03CA04","диуретическое средство","Торасемид","Торасемид-СЗ табл 10mg №60","ПЛАТ","Нет","уп",10,543.9,{"v":5439,"d":"5,439.00"}]
["C03DA01","диуретическое калийсберегающее средство","Спиронолактон","Верошпирон капс 50mg № 30","Бюджет","Да","уп",100,184.19,{"v":18419,"d":"18,419.00"}]
["C03DA01","диуретическое калийсберегающее средство","Спиронолактон","Верошпирон капс 50mg № 30","ОМС","Да","уп",387,184.19,{"v":71281.53,"d":"71,281.53"}]
["C03DA01","диуретическое калийсберегающее средство","Спиронолактон","Верошпирон капс 50mg № 30","ПЛАТ","Да","уп",20,184.19,{"v":3683.8,"d":"3,683.80"}]
["C03DA01","диуретическое калийсберегающее средство","Спиронолактон","Верошпирон табл 25mg №20","Бюджет","Да","уп",119,77.86,{"v":9265.34,"d":"9,265.34"}]
["C03DA01","диуретическое калийсберегающее средство","Спиронолактон","Верошпирон табл 25mg №20","ОМС","Да","уп",2204,77.86,{"v":171603.44,"d":"171,603.44"}]
["C03DA01","диуретическое калийсберегающее средство","Спиронолактон","Верошпирон табл 25mg №20","ПЛАТ","Да","уп",55,77.86,{"v":4282.3,"d":"4,282.30"}]
["C04AC01","витамин","Никотиновая кислота","Никотиновая кислота раствор для инъекций 10mg/ml 1ml №10","ОМС","Нет","уп",56,53.18,{"v":2978.08,"d":"2,978.08"}]
["C04AD03","вазодилатирующее средство","Пентоксифиллин","Пентоксифиллин конц-т д/приг раствора для в/в и в/арт вв 20mg/ml 5ml №10","Бюджет","Да","уп",100,40.82,{"v":4082,"d":"4,082.00"}]
["C04AD03","вазодилатирующее средство","Пентоксифиллин","Пентоксифиллин конц-т д/приг раствора для в/в и в/арт вв 20mg/ml 5ml №10","ОМС","Да","уп",874,40.82,{"$f":"H451*I451","v":{"v":35676.68,"d":"35,676.68"}}]
["C04AD03","вазодилатирующее средство","Пентоксифиллин","Пентоксифиллин конц-т д/приг раствора для в/в и в/арт вв 20mg/ml 5ml №10","ПЛАТ","Да","уп",145,40.82,{"v":5918.9,"d":"5,918.90"}]
["C04AD03","вазодилатирующее средство","Пентоксифиллин","Пентоксифиллин табл п/к/р/о 100mg №60","ОМС","Нет","уп",170,134.13,{"v":22802.1,"d":"22,802.10"}]
["C04AX","вазодилатирующее средство","Бендазол","Дибазол раствор для в/в и в/м вв 10mg/ml 1ml №10","ОМС","Нет","уп",183,33.33,{"v":6099.389999999999,"d":"6,099.39"}]
["C04AX","вазодилатирующее средство","Бендазол","Дибазол раствор для в/в и в/м вв 10mg/ml 1ml №10","ПЛАТ","Нет","уп",5,33.33,{"v":166.64999999999998,"d":"166.65"}]
["C05BA53","антикоагулянтное средство прямого действия для местного применения+прочие препараты","Гепарин натрия+Бензокаин+Бензилникотинат","Гепариновая мазь мазь д/наружн прим 25g №1","Бюджет","Нет","уп",5,36.05,180.25]
["C05BA53","антикоагулянтное средство прямого действия для местного применения+прочие препараты","Гепарин натрия+Бензокаин+Бензилникотинат","Гепариновая мазь мазь д/наружн прим 25g №1","ОМС","Нет","уп",190,36.05,{"v":6849.499999999999,"d":"6,849.50"}]
["C05BA53","антикоагулянтное средство прямого действия для местного применения+прочие препараты","Гепарин натрия+Бензокаин+Бензилникотинат","Гепариновая мазь мазь д/наружн прим 25g №1","ПЛАТ","Нет","уп",34,36.05,{"v":1225.6999999999998,"d":"1,225.70"}]
["C05CA53","венотонизирующее и венопротекторное средство","Гесперидин+Диосмин","Венарус табл п/п/о 500mg №30","ОМС","Нет","уп",30,409.03,{"v":12270.9,"d":"12,270.90"}]
["C05CA53","венотонизирующее и венопротекторное средство","Гесперидин+Диосмин","Венарус табл п/п/о 500mg №30","ПЛАТ","Нет","уп",30,409.03,{"v":12270.9,"d":"12,270.90"}]
["C05CX","антиоксидантное средство","Метилэтилпиридинол","Метилэтилпиридинол раствор для инъекций 10mg/ml 1ml №10","ОМС","Нет","уп",280,45.02,{"v":12605.6,"d":"12,605.60"}]
["C07AA05","бета-адреноблокатор","Пропранолол","Анаприлин табл 10mg №50","ОМС","Да","уп",56,15.06,843.36]
["C07AA05","бета-адреноблокатор","Пропранолол","Анаприлин табл 10mg №50","ПЛАТ","Да","уп",7,15.06,105.42]
["C07AB02","бета1-адреноблокатор селективный","Метопролол","Беталок раствор для в/в  вв 1mg/ml 5ml №5","Бюджет","Да","уп",21,834.28,{"v":17519.88,"d":"17,519.88"}]
["C07AB02","бета1-адреноблокатор селективный","Метопролол","Беталок раствор для в/в  вв 1mg/ml 5ml №5","ОМС","Да","уп",83,834.28,{"v":69245.23999999999,"d":"69,245.24"}]
["C07AB02","бета1-адреноблокатор селективный","Метопролол","Беталок раствор для в/в  вв 1mg/ml 5ml №5","ПЛАТ","Да","уп",1,834.28,834.28]
["C07AB07","бета1-адреноблокатор селективный","Бисопролол","Бисопролол табл п/п/о 10mg  №30","Бюджет","Да","уп",10,172.16,{"v":1721.6,"d":"1,721.60"}]
["C07AB07","бета1-адреноблокатор селективный","Бисопролол","Бисопролол табл п/п/о 10mg  №30","ОМС","Да","уп",65,172.16,{"v":11190.4,"d":"11,190.40"}]
["C07AB07","бета1-адреноблокатор селективный","Бисопролол","Бисопролол табл п/п/о 10mg  №30","ПЛАТ","Да","уп",3,172.16,516.48]
["C07AB07","бета1-адреноблокатор селективный","Бисопролол","Бисопролол табл п/п/о 5mg №50","Бюджет","Да","уп",10,135.25,{"v":1352.5,"d":"1,352.50"}]
["C07AB07","бета1-адреноблокатор селективный","Бисопролол","Бисопролол табл п/п/о 5mg №50","ОМС","Да","уп",640,135.25,{"v":86560,"d":"86,560.00"}]
["C07AB07","бета1-адреноблокатор селективный","Бисопролол","Бисопролол табл п/п/о 5mg №50","ПЛАТ","Да","уп",12,135.25,{"v":1623,"d":"1,623.00"}]
["C07AB09","бета1-адреноблокатор селективный","Эсмолол","Бревиблок раствор для в/в  вв 10mg/ml 10ml №5","Бюджет","Нет","уп",4,5026.84,{"v":20107.36,"d":"20,107.36"}]
["C07AB09","бета1-адреноблокатор селективный","Эсмолол","Бревиблок раствор для в/в  вв 10mg/ml 10ml №5","ОМС","Нет","уп",6,5026.84,{"v":30161.04,"d":"30,161.04"}]
["C07AB12","бета1-адреноблокатор селективный","Небиволол","Небиволол табл 5mg №14","ОМС","Нет","уп",91,186.71,{"v":16990.61,"d":"16,990.61"}]
["C07AB12","бета1-адреноблокатор селективный","Небиволол","Небиволол табл 5mg №14","ПЛАТ","Нет","уп",55,186.71,{"v":10269.050000000001,"d":"10,269.05"}]
["C07AG02","альфа- и бета-адреноблокатор","Карведилол","Карведилол табл 12,5mg №30","ОМС","Да","уп",33,273.24,{"v":9016.92,"d":"9,016.92"}]
["C07AG02","альфа- и бета-адреноблокатор","Карведилол","Карведилол табл 12,5mg №30","ПЛАТ","Да","уп",1,273.24,273.24]
["C07AG02","альфа- и бета-адреноблокатор","Карведилол","Карведилол табл 25mg №30","ОМС","Да","уп",30,341.55,{"v":10246.5,"d":"10,246.50"}]
["C08CA01","блокатор \"медленных\" кальциевых каналов","Амлодипин","Амлодипин-Прана  табл 10mg №90","Бюджет","Да","уп.",5,390.39,{"v":1951.9499999999998,"d":"1,951.95"}]
["C08CA01","блокатор \"медленных\" кальциевых каналов","Амлодипин","Амлодипин-Прана  табл 10mg №90","ОМС","Да","уп.",675,390.39,{"v":263513.25,"d":"263,513.25"}]
["C08CA01","блокатор \"медленных\" кальциевых каналов","Амлодипин","Амлодипин-Прана  табл 10mg №90","ПЛАТ","Да","уп.",24,390.39,{"v":9369.36,"d":"9,369.36"}]
["C08CA01","блокатор \"медленных\" кальциевых каналов","Амлодипин","Амлодипин-Прана  табл 5mg №90","Бюджет","Да","уп",12,316.27,{"v":3795.24,"d":"3,795.24"}]
["C08CA01","блокатор \"медленных\" кальциевых каналов","Амлодипин","Амлодипин-Прана  табл 5mg №90","ОМС","Да","уп",625,316.27,{"v":197668.75,"d":"197,668.75"}]
["C08CA01","блокатор \"медленных\" кальциевых каналов","Амлодипин","Амлодипин-Прана  табл 5mg №90","ПЛАТ","Да","уп",45,316.27,{"v":14232.15,"d":"14,232.15"}]
["C08CA05","блокатор \"медленных\" кальциевых каналов","Нифедипин","Кордафлекс табл пролонг п/п/о 20mg №60","Бюджет","Да","уп",6,122.26,{"v":733.5600000000001,"d":"733.56"}]
["C08CA05","блокатор \"медленных\" кальциевых каналов","Нифедипин","Кордафлекс табл пролонг п/п/о 20mg №60","ОМС","Да","уп",247,122.26,{"v":30198.22,"d":"30,198.22"}]
["C08CA05","блокатор \"медленных\" кальциевых каналов","Нифедипин","Кордафлекс табл пролонг п/п/о 20mg №60","ПЛАТ","Да","уп",8,122.26,978.08]
["C08CA05","блокатор \"медленных\" кальциевых каналов","Нифедипин","Нифекард ХЛ табл с модифиц. высвобождением п/п/о 30mg №30","ОМС","Да","уп",68,187.82,{"v":12771.76,"d":"12,771.76"}]
["C08CA05","блокатор \"медленных\" кальциевых каналов","Нифедипин","Нифекард ХЛ табл с модифиц. высвобождением п/п/о 30mg №30","ПЛАТ","Да","уп",5,187.82,{"v":939.0999999999999,"d":"939.10"}]
["C08CA06","блокатор \"медленных\" кальциевых каналов","Нимодипин","Нимопин раствор для инфузий 0,2mg/ml 50ml №1","Бюджет","Да","уп",20,767.38,{"v":15347.6,"d":"15,347.60"}]
["C08CA06","блокатор \"медленных\" кальциевых каналов","Нимодипин","Нимопин раствор для инфузий 0,2mg/ml 50ml №1","ОМС","Да","уп",420,767.38,{"v":322299.6,"d":"322,299.60"}]
["C08CA06","блокатор \"медленных\" кальциевых каналов","Нимодипин","Нимопин раствор для инфузий 0,2mg/ml 50ml №1","ПЛАТ","Да","уп",20,767.38,{"v":15347.6,"d":"15,347.60"}]
["C08CA06","блокатор \"медленных\" кальциевых каналов","Нимодипин","Нимопин табл п/п/о 30mg №30","ОМС","Да","уп",20,727.93,{"v":14558.599999999999,"d":"14,558.60"}]
["C08CA13","блокатор \"медленных\" кальциевых каналов","Лерканидипин","Лерканидипин-СЗ табл п/п/о 20mg №30","ОМС","Нет","уп",30,252.33,{"v":7569.900000000001,"d":"7,569.90"}]
["C08CA13","блокатор \"медленных\" кальциевых каналов","Лерканидипин","Лерканидипин-СЗ табл п/п/о 20mg №30","ПЛАТ","Нет","уп",10,252.33,{"v":2523.3,"d":"2,523.30"}]
["C08DA01","блокатор \"медленных\" кальциевых каналов","Верапамил","Верапамил раствор для в/в  вв 2,5mg/ml 2ml №10","ОМС","Да","уп",71,55.04,{"v":3907.84,"d":"3,907.84"}]
["C08DA01","блокатор \"медленных\" кальциевых каналов","Верапамил","Верапамил табл п/о 80mg №30","Бюджет","Да","уп",5,56.4,{"v":282,"d":"282.00"}]
["C08DA01","блокатор \"медленных\" кальциевых каналов","Верапамил","Верапамил табл п/о 80mg №30","ОМС","Да","уп",294,56.4,{"v":16581.6,"d":"16,581.60"}]
["C08DA01","блокатор \"медленных\" кальциевых каналов","Верапамил","Верапамил табл п/о 80mg №30","ПЛАТ","Да","уп",3,56.4,{"v":169.2,"d":"169.20"}]
["C08DA01","блокатор \"медленных\" кальциевых каналов","Верапамил","Верапамил табл п/п/о 40mg №50","ОМС","Да","уп",17,37.34,{"v":634.7800000000001,"d":"634.78"}]
["C08DA01","блокатор \"медленных\" кальциевых каналов","Верапамил","Верапамил табл п/п/о 40mg №50","ПЛАТ","Да","уп",2,37.34,74.68]
["C08DA01","блокатор \"медленных\" кальциевых каналов","Верапамил","Верапамил табл. пролог. п/о 240 mg №20","ОМС","Да","уп",3,179.98,{"v":539.9399999999999,"d":"539.94"}]
["C08DA01","блокатор \"медленных\" кальциевых каналов","Верапамил","Верапамил табл. пролог. п/о 240 mg №20","ПЛАТ","Да","уп",1,179.98,179.98]
["C08DB01","блокатор \"медленных\" кальциевых каналов","Дилтиазем","Дилтиазем Ланнахер табл пролонг п/п/о 180mg №30","ОМС","Нет","уп",16,335.78,{"v":5372.48,"d":"5,372.48"}]
["C08DB01","блокатор \"медленных\" кальциевых каналов","Дилтиазем","Дилтиазем Ланнахер табл пролонг п/п/о 180mg №30","ПЛАТ","Нет","уп",1,335.78,335.78]
["C09AA01","АПФ ингибитор","Каптоприл","Каптоприл табл 25mg №40","Бюджет","Да","уп.",30,16.03,{"v":480.90000000000003,"d":"480.90"}]
["C09AA01","АПФ ингибитор","Каптоприл","Каптоприл табл 25mg №40","ОМС","Да","уп.",915,16.03,{"v":14667.45,"d":"14,667.45"}]
["C09AA01","АПФ ингибитор","Каптоприл","Каптоприл табл 25mg №40","ПЛАТ","Да","уп.",29,16.03,464.87]
["C09AA02","АПФ ингибитор","Эналаприл","Эналаприл табл 10mg №20","Бюджет","Да","уп",40,13.68,{"v":547.2,"d":"547.20"}]
["C09AA02","АПФ ингибитор","Эналаприл","Эналаприл табл 10mg №20","ОМС","Да","уп",4490,13.68,{"v":61423.2,"d":"61,423.20"}]
["C09AA02","АПФ ингибитор","Эналаприл","Эналаприл табл 10mg №20","ПЛАТ","Да","уп",30,13.68,{"v":410.4,"d":"410.40"}]
["C09AA02","АПФ ингибитор","Эналаприл","Эналаприл табл 20mg №20","ОМС","Да","уп",2208,17.04,{"v":37624.32,"d":"37,624.32"}]
["C09AA02","АПФ ингибитор","Эналаприл","Эналаприл табл 20mg №20","ПЛАТ","Да","уп",22,17.04,374.88]
["C09AA03","АПФ ингибитор","Лизиноприл","Лизиноприл табл п/п/о 10mg №30","ОМС","Да","уп",245,114.6,{"$f":"H515*I515","v":{"v":28077,"d":"28,077.00"}}]
["C09AA03","АПФ ингибитор","Лизиноприл","Лизиноприл табл п/п/о 10mg №30","ПЛАТ","Да","уп",22,114.6,{"v":2521.2,"d":"2,521.20"}]
["C09AA04","АПФ ингибитор","Периндоприл","Периндоприл-Тева табл п/п/о 10mg  №30","ОМС","Да","уп",247,400.18,{"v":98844.46,"d":"98,844.46"}]
["C09AA04","АПФ ингибитор","Периндоприл","Периндоприл-Тева табл п/п/о 10mg  №30","ПЛАТ","Да","уп",4,400.18,{"v":1600.72,"d":"1,600.72"}]
["C09AA04","АПФ ингибитор","Периндоприл","Периндоприл-Тева табл п/п/о 5mg №30","ОМС","Да","уп",223,307.07,{"v":68476.61,"d":"68,476.61"}]
["C09AA04","АПФ ингибитор","Периндоприл","Периндоприл-Тева табл п/п/о 5mg №30","ПЛАТ","Да","уп",3,307.07,921.21]
["C09AA04","АПФ ингибитор","Периндоприл","Престариум А табл п/п/о 10mg №29","Бюджет","Да","уп",1,615.57,615.57]
["C09AA04","АПФ ингибитор","Периндоприл","Престариум А табл п/п/о 10mg №29","ОМС","Да","уп",121,615.57,{"v":74483.97,"d":"74,483.97"}]
["C09AA04","АПФ ингибитор","Периндоприл","Престариум А табл п/п/о 10mg №29","ПЛАТ","Да","уп",24,615.57,{"v":14773.68,"d":"14,773.68"}]
["C09AA04","АПФ ингибитор","Периндоприл","Престариум А табл п/п/о 5mg №14","Бюджет","Да","уп",15,194.3,{"v":2914.5,"d":"2,914.50"}]
["C09AA04","АПФ ингибитор","Периндоприл","Престариум А табл п/п/о 5mg №14","ОМС","Да","уп",256,194.3,{"v":49740.8,"d":"49,740.80"}]
["C09AA04","АПФ ингибитор","Периндоприл","Престариум А табл п/п/о 5mg №14","ПЛАТ","Да","уп",37,194.3,{"v":7189.1,"d":"7,189.10"}]
["C09BA","гипотензивное средство комбинированное (диуретик+АПФ ингибитор)","Гидрохлоротиазид+Эналаприл","Эналаприл НЛ 20 табл 12,5mg+ 20mg №20","Бюджет","Нет","уп",5,66.6,{"v":333,"d":"333.00"}]
["C09BA","гипотензивное средство комбинированное (диуретик+АПФ ингибитор)","Гидрохлоротиазид+Эналаприл","Эналаприл НЛ 20 табл 12,5mg+ 20mg №20","ОМС","Нет","уп",65,66.6,{"v":4329,"d":"4,329.00"}]
["C09BA","гипотензивное средство комбинированное (диуретик+АПФ ингибитор)","Гидрохлоротиазид+Эналаприл","Эналаприл НЛ 20 табл 12,5mg+ 20mg №20","ПЛАТ","Нет","уп",1,66.6,{"v":66.6,"d":"66.60"}]
["C09BA","гипотензивное средство комбинированное (диуретик+АПФ ингибитор)","Индапамид+Периндоприл","Нолипрел А форте табл п/п/о 1,25mg+5mg №30","ПЛАТ","Нет","уп",2,821.73,{"v":1643.46,"d":"1,643.46"}]
["C09BB03","гипотензивное средство комбинированное (АПФ ингибитор+БМКК)","Амлодипин + Лизиноприл","Экламиз табл 5mg+10mg №30","ПЛАТ","Нет","уп",3,696.95,{"v":2090.8500000000004,"d":"2,090.85"}]
["C09BB04","гипотензивное средство комбинированное (АПФ ингибитор+БМКК)","Периндоприла аргинин+Амлодипин","Престанс табл 10mg+5mg №30","Бюджет","Нет","уп",10,1042.9,{"v":10429,"d":"10,429.00"}]
["C09BB04","гипотензивное средство комбинированное (АПФ ингибитор+БМКК)","Периндоприла аргинин+Амлодипин","Престанс табл 10mg+5mg №30","ОМС","Нет","уп",90,1042.9,{"v":93861.00000000001,"d":"93,861.00"}]
["C09BB04","гипотензивное средство комбинированное (АПФ ингибитор+БМКК)","Периндоприла аргинин+Амлодипин","Престанс табл 10mg+5mg №30","ПЛАТ","Нет","уп",23,1042.9,{"v":23986.7,"d":"23,986.70"}]
["C09BА03","гипотензивное средство комбинированное (диуретик+АПФ ингибитор)","Лизиноприл+ гидрохлортиазид","Ко-Диротон табл 10mg+12,5mg №30","ПЛАТ","Нет","уп",7,609.12,{"v":4263.84,"d":"4,263.84"}]
["C09CA06","ангиотензина II рецепторов антагонист","Кандесартан","Ангиаканд табл 8mg №28","ОМС","Нет","уп",45,205.4,{"v":9243,"d":"9,243.00"}]
["C09CA06","ангиотензина II рецепторов антагонист","Кандесартан","Кандесартан табл 16mg №20","ОМС","Нет","уп",10,267.15,{"v":2671.5,"d":"2,671.50"}]
["C09CA06","ангиотензина II рецепторов антагонист","Кандесартан","Кандесартан табл 16mg №20","ПЛАТ","Нет","уп",3,267.15,{"v":801.4499999999999,"d":"801.45"}]
["C09CA07","ангиотензина II рецепторов антагонист","Телмисартан","Микардис табл 80mg №28","ПЛАТ","Нет","уп",6,1244.4,{"v":7466.400000000001,"d":"7,466.40"}]
["C09DA01","гипотензивное средство комбинированное (ангиотензина II рецепторов антагонист+диуретик)","Гидрохлоротиазид+Лозартан","Лозартан Н табл п/п/о 12,5mg+50mg №30","Бюджет","Нет","уп",10,155.05,{"v":1550.5,"d":"1,550.50"}]
["C09DA01","гипотензивное средство комбинированное (ангиотензина II рецепторов антагонист+диуретик)","Гидрохлоротиазид+Лозартан","Лозартан Н табл п/п/о 12,5mg+50mg №30","ОМС","Нет","уп",105,155.05,{"v":16280.250000000002,"d":"16,280.25"}]
["C09DA01","гипотензивное средство комбинированное (ангиотензина II рецепторов антагонист+диуретик)","Гидрохлоротиазид+Лозартан","Лозартан Н табл п/п/о 12,5mg+50mg №30","ПЛАТ","Нет","уп",1,155.05,155.05]
["C09DB01","гипотензивное средство комбинированное (БМКК+ангиотензина II рецепторов антагонист)","Амлодипин+ Валсартан","Вамлосет табл п/п/о 5mg+ 80mg  №30","ОМС","Нет","уп",5,626.12,{"v":3130.6,"d":"3,130.60"}]
["C09DB01","гипотензивное средство комбинированное (БМКК+ангиотензина II рецепторов антагонист)","Амлодипин+ Валсартан","Вамлосет табл п/п/о 5mg+ 80mg  №30","ПЛАТ","Нет","уп",6,626.12,{"v":3756.7200000000003,"d":"3,756.72"}]
["C10AA01","гиполипидемическое средство - ГМГ-КоА-редуктазы ингибитор","Симвастатин","Симвастатин табл п/п/о 20mg №30","ОМС","Да","уп",20,227.87,{"v":4557.4,"d":"4,557.40"}]
["C10AA01","гиполипидемическое средство - ГМГ-КоА-редуктазы ингибитор","Симвастатин","Симвастатин табл п/п/о 20mg №30","ПЛАТ","Да","уп",20,227.87,{"v":4557.4,"d":"4,557.40"}]
["C10AA01","гиполипидемическое средство - ГМГ-КоА-редуктазы ингибитор","Симвастатин","Симвастатин табл п/п/о 40mg №30","ОМС","Да","уп",3,751.64,{"v":2254.92,"d":"2,254.92"}]
["C10AA05","гиполипидемическое средство - ГМГ-КоА-редуктазы ингибитор","Аторвастатин","Аторвастатин табл п/п/о 20mg №30","ОМС","Да","уп",415,393.1,{"v":163136.5,"d":"163,136.50"}]
["C10AA05","гиполипидемическое средство - ГМГ-КоА-редуктазы ингибитор","Аторвастатин","Аторвастатин табл п/п/о 20mg №30","ПЛАТ","Да","уп",28,393.1,{"v":11006.800000000001,"d":"11,006.80"}]
["C10AA05","гиполипидемическое средство - ГМГ-КоА-редуктазы ингибитор","Аторвастатин","Аторвастатин табл п/п/о 40mg №30","ОМС","Да","уп",341,627.99,{"v":214144.59,"d":"214,144.59"}]
["D02AC","дерматопротекторное средство","Вазелин","Вазелин мазь д/наружн прим 25g","Бюджет","Нет","уп",10,10.34,{"v":103.4,"d":"103.40"}]
["D02AC","дерматопротекторное средство","Вазелин","Вазелин мазь д/наружн прим 25g","ОМС","Нет","уп",409,10.34,{"v":4229.0599999999995,"d":"4,229.06"}]
["D02AC","дерматопротекторное средство","Вазелин","Вазелин мазь д/наружн прим 25g","ПЛАТ","Нет","уп",5,10.34,{"v":51.7,"d":"51.70"}]
["D04AB01","местноанестезирующее средство","Лидокаин","Лидокаин-Виал спрей для местного и наружного прим 10% 38g","Бюджет","Да","уп",24,337.7,{"v":8104.799999999999,"d":"8,104.80"}]
["D04AB01","местноанестезирующее средство","Лидокаин","Лидокаин-Виал спрей для местного и наружного прим 10% 38g","ОМС","Да","уп",222,337.7,{"v":74969.4,"d":"74,969.40"}]
["D04AB01","местноанестезирующее средство","Лидокаин","Лидокаин-Виал спрей для местного и наружного прим 10% 38g","ПЛАТ","Да","уп",30,337.7,{"v":10131,"d":"10,131.00"}]
["D06AX","антибиотик комбинированный (антибиотик полипептидный+антибиотик-аминогликозид)","Неомицин","Банеоцин мазь д/наружн прим 250ME/g+5000ME/g 20g","ОМС","Нет","уп",15,425.13,{"v":6376.95,"d":"6,376.95"}]
["D06AX","антибиотик комбинированный (антибиотик полипептидный+антибиотик-аминогликозид)","Неомицин","Банеоцин мазь д/наружн прим 250ME/g+5000ME/g 20g","ПЛАТ","Нет","уп",3,425.13,{"v":1275.3899999999999,"d":"1,275.39"}]
["D06AX","антибиотик комбинированный (антибиотик полипептидный+антибиотик-аминогликозид)","Неомицин","Банеоцин порошок для наруж примен(присыпка) 250ME/g+5000ME/g 10g","Бюджет","Нет","уп",1,461.76,461.76]
["D06AX","антибиотик комбинированный (антибиотик полипептидный+антибиотик-аминогликозид)","Неомицин","Банеоцин порошок для наруж примен(присыпка) 250ME/g+5000ME/g 10g","ОМС","Нет","уп",42,461.76,{"v":19393.92,"d":"19,393.92"}]
["D06AX","антибиотик комбинированный (антибиотик полипептидный+антибиотик-аминогликозид)","Неомицин","Банеоцин порошок для наруж примен(присыпка) 250ME/g+5000ME/g 10g","ПЛАТ","Нет","уп",15,461.76,{"v":6926.4,"d":"6,926.40"}]
["D06C","противомикробное средство комбинированное","Диоксометилтетрагидропиримидин+сульфадиметоксин+тримекаин+хлормфеникол","Левосин мазь д/наружн прим 40g №1","Бюджет","Да","уп",5,79.5,{"v":397.5,"d":"397.50"}]
["D06C","противомикробное средство комбинированное","Диоксометилтетрагидропиримидин+сульфадиметоксин+тримекаин+хлормфеникол","Левосин мазь д/наружн прим 40g №1","ОМС","Да","уп",439,79.5,{"v":34900.5,"d":"34,900.50"}]
["D06C","противомикробное средство комбинированное","Диоксометилтетрагидропиримидин+сульфадиметоксин+тримекаин+хлормфеникол","Левосин мазь д/наружн прим 40g №1","ПЛАТ","Да","уп",68,79.5,{"v":5406,"d":"5,406.00"}]
["D07AA02","глюкокортикостероид для местного применения","Гидрокортизон","Гидрокортизон мазь д/наружн прим 1% 15g ","ОМС","Да","уп",120,46.2,{"v":5544,"d":"5,544.00"}]
["D07AA02","глюкокортикостероид для местного применения","Гидрокортизон","Гидрокортизон мазь д/наружн прим 1% 15g ","ПЛАТ","Да","уп",3,46.2,{"v":138.60000000000002,"d":"138.60"}]
["D07AC14","глюкокортикостероид для местного применения","Метилпреднизолона ацепонат ","Комфодерм мазь д/наружн прим 0,1% 15g","ПЛАТ","Нет","уп",5,280.96,{"v":1404.8,"d":"1,404.80"}]
["D07XB01","глюкокортикостероид для местного применения+кератолитическое средство","Салициловая кислота+Флуметазон","Лоринден  А мазь д/наружн прим 15g №1","Бюджет","Нет","уп",17,489.74,{"v":8325.58,"d":"8,325.58"}]
["D07XB01","глюкокортикостероид для местного применения+кератолитическое средство","Салициловая кислота+Флуметазон","Лоринден  А мазь д/наружн прим 15g №1","ОМС","Нет","уп",90,489.74,{"v":44076.6,"d":"44,076.60"}]
["D07XB01","глюкокортикостероид для местного применения+кератолитическое средство","Салициловая кислота+Флуметазон","Лоринден  А мазь д/наружн прим 15g №1","ПЛАТ","Нет","уп",55,489.74,{"v":26935.7,"d":"26,935.70"}]
["D07XC01","глюкокортикостероид для местного применения+антибиотик-аминогликозид+противогрибковое средство","Бетаметазон+Гентамицин+Клотримазол","Акридерм ГК крем д/ наружн /пр 15g №1","ОМС","Нет","уп",2,483.51,967.02]
["D07XC01","глюкокортикостероид для местного применения+антибиотик-аминогликозид+противогрибковое средство","Бетаметазон+Гентамицин+Клотримазол","Акридерм ГК крем д/ наружн /пр 15g №1","ПЛАТ","Нет","уп",10,483.51,{"v":4835.1,"d":"4,835.10"}]
["D08AC02","антисептическое средство","Хлоргексидин","Хлоргексидин-Ферейн р-р д/наруж/прим спирт 0,5% 1L","Бюджет","Да","бутылка",11,158.5,{"v":1743.5,"d":"1,743.50"}]
["D08AC02","антисептическое средство","Хлоргексидин","Хлоргексидин-Ферейн р-р д/наруж/прим спирт 0,5% 1L","ОМС","Да","бутылка",3597,158.5,{"v":570124.5,"d":"570,124.50"}]
["D08AC02","антисептическое средство","Хлоргексидин","Хлоргексидин-Ферейн р-р д/наруж/прим спирт 0,5% 1L","ПЛАТ","Да","бутылка",80,158.5,{"v":12680,"d":"12,680.00"}]
["D08AC02","антисептическое средство","Хлоргексидин","Хлоргексидина биглюконат р-р для наружного применения 0,05% 100ml №1","ОМС","Да","уп",286,12.26,{"v":3506.36,"d":"3,506.36"}]
["D08AC02","антисептическое средство","Хлоргексидин","Хлоргексидина биглюконат р-р для наружного применения 0,05% 100ml №1","ПЛАТ","Да","уп",27,12.26,331.02]
["D08AD","антисептическое средство","Борная кислота","Борная кислота р-р для наружного применения (спиртовой) 3% 25ml №1","ОМС","Нет","уп",14,8.88,{"v":124.32000000000001,"d":"124.32"}]
["D08AD","антисептическое средство","Борная кислота","Борная кислота р-р для наружного применения (спиртовой) 3% 25ml №1","ПЛАТ","Нет","уп",5,8.88,{"$f":"H579*I579","v":{"v":44.400000000000006,"d":"44.40"}}]
["D08AF01","противомикробное средство - нитрофуран","Нитрофурал","Фурацилин  р-р д/нар и местн прим 0,02% 200ml №28","ОМС","Нет","уп",30,2320.03,{"v":69600.90000000001,"d":"69,600.90"}]
["D08AF01","противомикробное средство - нитрофуран","Нитрофурал","Фурацилин  р-р д/нар и местн прим 0,02% 200ml №28","ПЛАТ","Нет","уп",2,2320.03,{"v":4640.06,"d":"4,640.06"}]
["D08AF01","противомикробное средство - нитрофуран","Нитрофурал","Фурацилин  раствор для местного и наружного применения 0,02% 400ml №1","ОМС","Нет","уп",8125,166.5,{"v":1352812.5,"d":"1,352,812.50"}]
["D08AF01","противомикробное средство - нитрофуран","Нитрофурал","Фурацилин  раствор для местного и наружного применения 0,02% 400ml №1","ПЛАТ","Нет","уп",5,166.5,{"v":832.5,"d":"832.50"}]
["D08AF01","противомикробное средство - нитрофуран","Нитрофурал","Фурацилин  раствор для местного и наружного применения 0,02% 400ml №15","ОМС","Нет","уп",49,1999.33,{"v":97967.17,"d":"97,967.17"}]
["D08AG","антисептическое средство","Йод+Каля йодид+Глицерол","Люголя раствор с глицерином р-р д/нар и местн прим 50g №1","ОМС","Да","уп",21,91.89,{"v":1929.69,"d":"1,929.69"}]
["D08AG","антисептическое средство","Йод+Каля йодид+Глицерол","Люголя раствор с глицерином раствор для местного применения 25g","ПЛАТ","Да","уп",3,12.72,{"v":38.160000000000004,"d":"38.16"}]
["D08AG02","антисептическое средство","Повидон-йод","Бетадин мазь д/мест и наруж/пр 10% 20g","ОМС","Нет","уп",24,314.15,{"v":7539.599999999999,"d":"7,539.60"}]
["D08AG02","антисептическое средство","Повидон-йод","Бетадин мазь д/мест и наруж/пр 10% 20g","ПЛАТ","Нет","уп",3,314.15,{"v":942.4499999999999,"d":"942.45"}]
["D08AG02","антисептическое средство","Повидон-йод","Браунодин Б.Браун мазь д/наружн прим 10% 20g","ОМС","Нет","уп",10,188.52,{"v":1885.2,"d":"1,885.20"}]
["D08AG02","антисептическое средство","Повидон-йод","Браунодин Б.Браун мазь д/наружн прим 10% 20g","ПЛАТ","Нет","уп",3,188.52,{"v":565.5600000000001,"d":"565.56"}]
["D08AG02","антисептическое средство","Повидон-йод","Браунодин Б.Браун р-р д/нар и местн прим 7,5% 1000ml №10","Бюджет","Да","уп",2,8307.75,{"v":16615.5,"d":"16,615.50"}]
["D08AG02","антисептическое средство","Повидон-йод","Браунодин Б.Браун р-р д/нар и местн прим 7,5% 1000ml №10","ОМС","Да","уп",114,8307.75,{"v":947083.5,"d":"947,083.50"}]
["D08AG02","антисептическое средство","Повидон-йод","Браунодин Б.Браун р-р д/нар и местн прим 7,5% 1000ml №10","ПЛАТ","Да","уп",2,8307.75,{"v":16615.5,"d":"16,615.50"}]
["D08AG02","антисептическое средство","Повидон-йод","Браунодин Б.Браун р-р д/нар и местн прим 7,5% 100ml","Бюджет","Да","уп",10,233.26,{"v":2332.6,"d":"2,332.60"}]
["D08AG02","антисептическое средство","Повидон-йод","Браунодин Б.Браун р-р д/нар и местн прим 7,5% 100ml","ОМС","Да","уп",170,233.26,{"v":39654.2,"d":"39,654.20"}]
["D08AG02","антисептическое средство","Повидон-йод","Браунодин Б.Браун р-р д/нар и местн прим 7,5% 100ml","ПЛАТ","Да","уп",23,233.26,{"v":5364.98,"d":"5,364.98"}]
["D08AG02","антисептическое средство","Повидон-йод","Браунодин Б.Браун р-р д/нар и местн прим 7,5% 500ml №20","Бюджет","Да","уп",1,14383.38,{"v":14383.38,"d":"14,383.38"}]
["D08AG02","антисептическое средство","Повидон-йод","Браунодин Б.Браун р-р д/нар и местн прим 7,5% 500ml №20","ОМС","Да","уп",6,14383.38,{"v":86300.28,"d":"86,300.28"}]
["D08AG03","антисептическое средство","Йод + [Калия йодид + Этанол","Йод р-р для наружного применения (спиртовой) 5% 10ml №1","ОМС","Нет","фл",1231,8.88,{"v":10931.28,"d":"10,931.28"}]
["D08AG03","антисептическое средство","Йод + [Калия йодид + Этанол","Йод р-р для наружного применения (спиртовой) 5% 10ml №1","ПЛАТ","Нет","фл",5,8.88,{"v":44.400000000000006,"d":"44.40"}]
["D08AX","антисептическое средство","Бриллиантовый зеленый","Бриллиантовый зеленый р-р д/наруж/прим спирт 1% 10ml №1","ОМС","Нет","фл",1021,7.77,{"v":7933.169999999999,"d":"7,933.17"}]
["D08AX","антисептическое средство","Бриллиантовый зеленый","Бриллиантовый зеленый р-р д/наруж/прим спирт 1% 10ml №1","ПЛАТ","Нет","фл",16,7.77,124.32]
["D08AX","антисептическое средство","Деготь + Трибромфенолята висмута и висмута оксида комплекс","Линимент бальзамический (по Вишневскому)  линимент 30g №1","ОМС","Нет","уп",45,29.97,{"v":1348.6499999999999,"d":"1,348.65"}]
["D08AX","противомикробное средство комбинированное","Бензокаин + Борная кислота + Облепихи масло + Хлорамфеникол","Олазоль аэрозоль д/нар прим 80g №1","ОМС","Нет","уп",28,349.65,{"v":9790.199999999999,"d":"9,790.20"}]
["D08AX","противомикробное средство комбинированное","Бензокаин + Борная кислота + Облепихи масло + Хлорамфеникол","Олазоль аэрозоль д/нар прим 80g №1","ПЛАТ","Нет","уп",1,349.65,349.65]
["D08AX01","антисептическое средство","Водорода пероксид","Перекись водорода р-р д/нар и местн прим 3% 100ml №1","Бюджет","Да","фл",10,11.31,{"v":113.10000000000001,"d":"113.10"}]
["D08AX01","антисептическое средство","Водорода пероксид","Перекись водорода р-р д/нар и местн прим 3% 100ml №1","ОМС","Да","фл",3350,11.31,{"v":37888.5,"d":"37,888.50"}]
["D08AX01","антисептическое средство","Водорода пероксид","Перекись водорода р-р д/нар и местн прим 3% 100ml №1","ПЛАТ","Да","фл",80,11.31,{"v":904.8000000000001,"d":"904.80"}]
["D08AX08","антисептическое средство","Этанол","Этиловый спирт 70% р-р д/нар прим и пригот лек форм 100ml","Бюджет","Да","фл",2,15.12,30.24]
["D08AX08","антисептическое средство","Этанол","Этиловый спирт 70% р-р д/нар прим и пригот лек форм 100ml","ОМС","Да","фл",10404,15.12,{"v":157308.47999999998,"d":"157,308.48"}]
["D08AX08","антисептическое средство","Этанол","Этиловый спирт 70% р-р д/нар прим и пригот лек форм 100ml","ПЛАТ","Да","фл",20,15.12,{"v":302.4,"d":"302.40"}]
["D08AX08","антисептическое средство","Этанол","Этиловый спирт 95% конц д/пр р-ра д/наруж/пр 100ml","ОМС","Да","фл",1818,19.76,{"v":35923.68,"d":"35,923.68"}]
["D11A","репарации тканей стимулятор растительного происхождения","Облепихи масло","Облепиховое масло масло для приема внутрь, местного и наружного применения 100ml","ПЛАТ","Нет","уп",20,116.82,{"v":2336.3999999999996,"d":"2,336.40"}]
["D11AX","репарации тканей стимулятор","~","Солкосерил гель д/наруж/пр 20g №1","ОМС","Нет","уп",13,338.27,{"v":4397.51,"d":"4,397.51"}]
["D11AX","репарации тканей стимулятор","~","Солкосерил гель д/наруж/пр 20g №1","ПЛАТ","Нет","уп",3,338.27,{"v":1014.81,"d":"1,014.81"}]
["D11AX","репарации тканей стимулятор","Диоксометилтетрагидропиримидин ","Метилурацил мазь д/мест и наруж/пр 10%-25g","ОМС","Нет","уп",58,32.75,{"v":1899.5,"d":"1,899.50"}]
["G02AD06","родовой деятельности стимулятор - простагландина E1 аналог синтетический","Мизопростол","Миролют табл 200mkg №4","ПЛАТ","Да","уп",5,353.44,{"v":1767.2,"d":"1,767.20"}]
["G03DA04","гестаген","Прогестерон","Прогестерон раствор для в/м вв 10mg/ml 1ml №10","ОМС","Нет","уп",100,421.8,{"v":42180,"d":"42,180.00"}]
["G03DA04","гестаген","Прогестерон","Прогестерон раствор для в/м вв 25mg/ml 1ml №10","ОМС","Нет","уп",250,774.78,{"v":193695,"d":"193,695.00"}]
["G03DB01","гестаген","Дидрогестерон","Дюфастон табл п/о 10mg №20","ПЛАТ","Да","уп",10,544.45,{"v":5444.5,"d":"5,444.50"}]
["G03XB01","ангиопротекторное средство","Троксерутин ","Троксерутин  гель д/наруж/пр 2% 40g","ОМС","Нет","уп",10,72.97,{"v":729.7,"d":"729.70"}]
["G03XB01","антигестаген","Мифепристон","Миропристон табл 200mg №3","ПЛАТ","Нет","уп",5,2664.08,{"v":13320.4,"d":"13,320.40"}]
["G04AB","противомикробное средство - хиноксалин","Гидроксиметилхиноксалиндиоксид","Диоксидин раствор для в/полост.и наруж.применения 10mg/ml 10ml №10","ОМС","Нет","уп",75,719.77,{"v":53982.75,"d":"53,982.75"}]
["G04AB","противомикробное средство - хиноксалин","Гидроксиметилхиноксалиндиоксид","Диоксидин раствор для в/полост.и наруж.применения 10mg/ml 10ml №10","ПЛАТ","Нет","уп",7,719.77,{"v":5038.389999999999,"d":"5,038.39"}]
["G04CA02","альфа1-адреноблокатор","Тамсулозин","Тамсулозин-OBL капс с модиф/ высв 0,4 мг №30","ОМС","Да","уп",10,603.49,{"v":6034.9,"d":"6,034.90"}]
["G04CA02","альфа1-адреноблокатор","Тамсулозин","Тамсулозин-OBL капс с модиф/ высв 0,4 мг №30","ПЛАТ","Да","уп",10,603.49,{"v":6034.9,"d":"6,034.90"}]
["H01BB02","родовой деятельности стимулятор - препарат окситоцина","Окситоцин","Окситоцин р-р для в/м и в/в введ 5МЕ/ml 1ml №10","ОМС","Да","уп",200,42.97,{"v":8594,"d":"8,594.00"}]
["H02AB01","глюкокортикостероид","Бетаметазон","Дипроспан суспензия для инъекций 2mg+5mg/ml 1ml №1","Бюджет","Да","уп",8,319.66,{"v":2557.28,"d":"2,557.28"}]
["H02AB01","глюкокортикостероид","Бетаметазон","Дипроспан суспензия для инъекций 2mg+5mg/ml 1ml №1","ОМС","Да","уп",341,319.66,{"v":109004.06000000001,"d":"109,004.06"}]
["H02AB01","глюкокортикостероид","Бетаметазон","Дипроспан суспензия для инъекций 2mg+5mg/ml 1ml №1","ПЛАТ","Да","уп",85,319.66,{"v":27171.100000000002,"d":"27,171.10"}]
["H02AB04","глюкокортикостероид","Метилпреднизолон","Метипред табл 4mg №30","ОМС","Да","уп.",23,187.18,{"v":4305.14,"d":"4,305.14"}]
["H02AB04","глюкокортикостероид","Метилпреднизолон","Метипред табл 4mg №30","ПЛАТ","Да","уп.",10,187.18,{"v":1871.8000000000002,"d":"1,871.80"}]
["H02AB04","глюкокортикостероид","Метилпреднизолон","Солу-Медрол лиоф-т д/приг р-ра для в/в и в/м вв 250mg №1","ОМС","Да","уп",85,339.02,{"v":28816.699999999997,"d":"28,816.70"}]
["H02AB04","глюкокортикостероид","Метилпреднизолон","Солу-Медрол лиоф-т д/приг р-ра для в/в и в/м вв 250mg №1","ПЛАТ","Да","уп",20,339.02,{"v":6780.4,"d":"6,780.40"}]
["H02AB06","глюкокортикостероид","Преднизолон","Преднизолон Эльфа  р-р для в/м и в/в введ 30mg/ml 1ml №3","Б.Опк","Да","уп",2,27.57,55.14]
["H02AB06","глюкокортикостероид","Преднизолон","Преднизолон Эльфа  р-р для в/м и в/в введ 30mg/ml 1ml №3","ОМС","Да","уп",1271,27.57,{"v":35041.47,"d":"35,041.47"}]
["H02AB06","глюкокортикостероид","Преднизолон","Преднизолон Эльфа  р-р для в/м и в/в введ 30mg/ml 1ml №3","ПЛАТ","Да","уп",13,27.57,358.41]
["H02AB06","глюкокортикостероид","Преднизолон","Преднизолон раствор для в/в и в/м вв 30mg/ml 1ml №3","ПЛАТ","Да","уп.",10,38.28,{"v":382.8,"d":"382.80"}]
["H02AB06","глюкокортикостероид","Преднизолон","Преднизолон табл 5mg №100","ОМС","Да","уп",467,93.1,{"v":43477.7,"d":"43,477.70"}]
["H02AB06","глюкокортикостероид","Преднизолон","Преднизолон табл 5mg №100","ПЛАТ","Да","уп",18,93.1,{"v":1675.8,"d":"1,675.80"}]
["H02AB08","глюкокортикостероид","Триамцинолон","Кеналог 40 суспензия для инъекций 40mg/ml 1ml №5","Бюджет","Нет","уп",20,674.22,{"v":13484.400000000001,"d":"13,484.40"}]
["H02AB08","глюкокортикостероид","Триамцинолон","Кеналог 40 суспензия для инъекций 40mg/ml 1ml №5","ОМС","Нет","уп",126,674.22,{"v":84951.72,"d":"84,951.72"}]
["H02AB08","глюкокортикостероид","Триамцинолон","Кеналог 40 суспензия для инъекций 40mg/ml 1ml №5","ПЛАТ","Нет","уп",47,674.22,{"$f":"H643*I643","v":{"v":31688.34,"d":"31,688.34"}}]
["H02AB09","глюкокортикостероид","Гидрокортизон+Лидокаин","Гидрокортизон-Рихтер суспензия для в/суст и околосуст вв 25mg+5mg/ml 5ml","ОМС","Да","уп",30,246.77,{"v":7403.1,"d":"7,403.10"}]
["H03AA01","тиреоидное средство","Левотироксин натрия","L-Тироксин  табл 100mkg №100","ПЛАТ","Да","уп",1,136.3,{"v":136.3,"d":"136.30"}]
["H03BB02","антитиреоидное средство","Тиамазол ","Тирозол табл п/п/о 5mg №50","ОМС","Да","уп",10,159.23,{"v":1592.3,"d":"1,592.30"}]
["H03BB02","антитиреоидное средство","Тиамазол ","Тирозол табл п/п/о 5mg №50","ПЛАТ","Да","уп",2,159.23,318.46]
["J01AA02","антибиотик-тетрациклин","Доксициклин","Доксициклин капс 100mg №10","ОМС","Да","уп",100,25.91,{"v":2591,"d":"2,591.00"}]
["J01AA02","антибиотик-тетрациклин","Доксициклин","Доксициклин-Ферейн лиоф-т д/пригот р-ра д/инф 100mg №50","ОМС","Да","уп",2,4062.96,{"v":8125.92,"d":"8,125.92"}]
["J01CA04","антибиотик-пенициллин полусинтетический","Амоксициллин","Флемоксин Солютаб табл дисперг 500mg №20","ОМС","Да","уп",48,341.67,{"v":16400.16,"d":"16,400.16"}]
["J01CA04","антибиотик-пенициллин полусинтетический","Амоксициллин","Флемоксин Солютаб табл дисперг 500mg №20","ПЛАТ","Да","уп",14,341.67,{"v":4783.38,"d":"4,783.38"}]
["J01CR02","антибиотик-пенициллин полусинтетический+бета-лактамаз ингибитор","Амоксициллин+ клавулановая кислота","Кламосар порошок д/приг-я р-ра для в/в введ 1000mg+200mg №5","Бюджет","Да","уп",471,392.42,{"v":184829.82,"d":"184,829.82"}]
["J01CR02","антибиотик-пенициллин полусинтетический+бета-лактамаз ингибитор","Амоксициллин+ клавулановая кислота","Кламосар порошок д/приг-я р-ра для в/в введ 1000mg+200mg №5","ОМС","Да","уп",4238,392.42,{"v":1663075.96,"d":"1,663,075.96"}]
["J01CR02","антибиотик-пенициллин полусинтетический+бета-лактамаз ингибитор","Амоксициллин+ клавулановая кислота","Кламосар порошок д/приг-я р-ра для в/в введ 1000mg+200mg №5","ПЛАТ","Да","уп",385,392.42,{"v":151081.7,"d":"151,081.70"}]
["J01CR02","антибиотик-пенициллин полусинтетический+бета-лактамаз ингибитор","Амоксициллин+Клавулановая кислота","Экоклав табл п/п/о 875mg +125mg №14","Бюджет","Да","уп",3,484.2,{"v":1452.6,"d":"1,452.60"}]
["J01CR02","антибиотик-пенициллин полусинтетический+бета-лактамаз ингибитор","Амоксициллин+Клавулановая кислота","Экоклав табл п/п/о 875mg +125mg №14","ОМС","Да","уп",547,484.2,{"v":264857.39999999997,"d":"264,857.40"}]
["J01CR02","антибиотик-пенициллин полусинтетический+бета-лактамаз ингибитор","Амоксициллин+Клавулановая кислота","Экоклав табл п/п/о 875mg +125mg №14","ПЛАТ","Да","уп",37,484.2,{"v":17915.399999999998,"d":"17,915.40"}]
["J01CR50","антибиотик комбинированный (пенициллины полусинтетические)","Ампициллин+Оксациллин","Оксамп-натрий порошок д/приг-я р-ра для в/в , в/м введ 333,5mg + 166,5mg №50","ОМС","Нет","уп",11,914,{"v":10054,"d":"10,054.00"}]
["J01DB04","антибиотик-цефалоспорин","Цефазолин","Цефазолин-АКОС порошок д/приг-я р-ра для в/в , в/м введ №50 1.0g","Бюджет","Да","уп",79,824.66,{"v":65148.14,"d":"65,148.14"}]
["J01DB04","антибиотик-цефалоспорин","Цефазолин","Цефазолин-АКОС порошок д/приг-я р-ра для в/в , в/м введ №50 1.0g","ОМС","Да","уп",1138,824.66,{"v":938463.08,"d":"938,463.08"}]
["J01DB04","антибиотик-цефалоспорин","Цефазолин","Цефазолин-АКОС порошок д/приг-я р-ра для в/в , в/м введ №50 1.0g","ПЛАТ","Да","уп",78,824.66,{"v":64323.479999999996,"d":"64,323.48"}]
["J01DC02","антибиотик-цефалоспорин","Цефтазидим","Цефтазидим-АКОС порошок д/приг-я р-ра для в/в , в/м введ 1,0g","ОМС","Да","уп",2000,83.38,{"v":166760,"d":"166,760.00"}]
["J01DC02","антибиотик-цефалоспорин","Цефтазидим","Цефтазидим-АКОС порошок д/приг-я р-ра для в/в , в/м введ 1,0g","ПЛАТ","Да","уп",130,83.38,{"v":10839.4,"d":"10,839.40"}]
["J01DC02","антибиотик-цефалоспорин","Цефтазидим","Цефтазидим-АКОС порошок д/приг-я р-ра для в/в , в/м введ 2 g","ОМС","Да","уп",1700,155.33,{"v":264061,"d":"264,061.00"}]
["J01DD","антибиотик-цефалоспорин","Цефоперазон","Операз  порошок д/приг-я р-ра для в/в , в/м введ 1,0g","ОМС","Нет","уп",960,36.63,{"v":35164.8,"d":"35,164.80"}]
["J01DD01","антибиотик-цефалоспорин","Цефотаксим","Цефотаксим порошок д/приг-я р-ра для в/в , в/м введ 1g №50","Бюджет","Да",null,50,1173.41,{"v":58670.50000000001,"d":"58,670.50"}]
["J01DD01","антибиотик-цефалоспорин","Цефотаксим","Цефотаксим порошок д/приг-я р-ра для в/в , в/м введ 1g №50","ОМС","Да",null,261,1173.41,{"v":306260.01,"d":"306,260.01"}]
["J01DD01","антибиотик-цефалоспорин","Цефотаксим","Цефотаксим порошок д/приг-я р-ра для в/в , в/м введ 1g №50","ПЛАТ","Да",null,14,1173.41,{"v":16427.74,"d":"16,427.74"}]
["J01DD04","антибиотик-цефалоспорин","Цефтриаксон","Цефтриаксон порошок д/приг-я р-ра для в/в , в/м введ 1g №50","Бюджет","Да","уп",148,1024.25,{"v":151589,"d":"151,589.00"}]
["J01DD04","антибиотик-цефалоспорин","Цефтриаксон","Цефтриаксон порошок д/приг-я р-ра для в/в , в/м введ 1g №50","ОМС","Да","уп",882,1024.25,{"v":903388.5,"d":"903,388.50"}]
["J01DD04","антибиотик-цефалоспорин","Цефтриаксон","Цефтриаксон порошок д/приг-я р-ра для в/в , в/м введ 1g №50","ПЛАТ","Да","уп",24,1024.25,{"v":24582,"d":"24,582.00"}]
["J01DD51","антибиотик-цефалоспорин+бета-лактамаз ингибитор","Цефотаксим+[Сульбактам]","Кларуктам порошок д/приг-я р-ра для в/в , в/м введ 1000mg+500mg №1","ОМС","Нет","уп",300,329.67,{"v":98901,"d":"98,901.00"}]
["J01DD62","антибиотик-цефалоспорин+бета-лактамаз ингибитор","Цефоперазон+[Сульбактам]","Цефоперазон и Сульбактам Джодас  1g+1g №1","ОМС","Да","уп",650,228.29,{"v":148388.5,"d":"148,388.50"}]
["J01DE","антибиотик-цефалоспорин+бета-лактамаз ингибитор","Цефепим + [Сульбактам]","Максиктам-АФ порошок д/приг-я р-ра для в/в , в/м введ 1g+1g №1","ОМС","Нет",null,300,987.9,{"v":296370,"d":"296,370.00"}]
["J01DE01","антибиотик-цефалоспорин","Цефепим","Цефепим порошок д/приг р-ра для в/м введ 1,0g","ОМС","Да","уп",663,249.74,{"v":165577.62,"d":"165,577.62"}]
["J01DE01","антибиотик-цефалоспорин","Цефепим","Цефепим порошок д/приг р-ра для в/м введ 1,0g","ПЛАТ","Да","уп",30,249.74,{"v":7492.200000000001,"d":"7,492.20"}]
["J01DH02","антибиотик-карбапенем","Меропенем","Мепенем порошок д/приг-я р-ра для в/в введ 1,0g","Бюджет","Да","фл",20,1630.2,{"v":32604,"d":"32,604.00"}]
["J01DH02","антибиотик-карбапенем","Меропенем","Мепенем порошок д/приг-я р-ра для в/в введ 1,0g","ОМС","Да","фл",871,1630.2,{"v":1419904.2,"d":"1,419,904.20"}]
["J01DH02","антибиотик-карбапенем","Меропенем","Мепенем порошок д/приг-я р-ра для в/в введ 1,0g","ПЛАТ","Да","фл",165,1630.2,{"v":268983,"d":"268,983.00"}]
["J01DH02","антибиотик-карбапенем","Меропенем","Меропенем порошок д/приг-я р-ра для в/в введ 1g №1","Бюджет","Да","уп",74,1780.68,{"v":131770.32,"d":"131,770.32"}]
["J01DH02","антибиотик-карбапенем","Меропенем","Меропенем порошок д/приг-я р-ра для в/в введ 1g №1","ОМС","Да","уп",1280,1780.68,{"v":2279270.4,"d":"2,279,270.40"}]
["J01DH02","антибиотик-карбапенем","Меропенем","Меропенем порошок д/приг-я р-ра для в/в введ 1g №1","ПЛАТ","Да","уп",100,1780.68,{"v":178068,"d":"178,068.00"}]
["J01DH51","антибиотик-карбапенем+почечной дегидропептидазы блокатор","Имипенем + Циластатин","Имипенем и Циластатин Джодас порошок д/приг р-ра д/инфузий 500mg+500mg №1","ОМС","Да","уп",705,618.8,{"v":436253.99999999994,"d":"436,254.00"}]
["J01DH51","антибиотик-карбапенем+почечной дегидропептидазы блокатор","Имипенем + Циластатин","Имипенем и Циластатин Джодас порошок д/приг р-ра д/инфузий 500mg+500mg №1","ПЛАТ","Да","уп",116,618.8,{"v":71780.79999999999,"d":"71,780.80"}]
["J01EE01","противомикробное средство комбинированное","Ко-тримоксазол","Бисептол 480 конц-т д/приг раствора для инфузий 96mg/ml 5ml №10","ОМС","Да","уп",96,410.92,{"v":39448.32,"d":"39,448.32"}]
["J01EE01","противомикробное средство комбинированное","Ко-тримоксазол","Бисептол 480 конц-т д/приг раствора для инфузий 96mg/ml 5ml №10","ПЛАТ","Да","уп",3,410.92,{"v":1232.76,"d":"1,232.76"}]
["J01EE01","противомикробное средство комбинированное","Ко-тримоксазол","Ко-тримоксазол табл 480mg №10","ПЛАТ","Да","уп",2,20.21,40.42]
["J01FA09","антибиотик-аминогликозид","Кларитромицин","Клабакс ОД табл пролонг п/п/о 500mg №14","ОМС","Да","уп",15,516.91,{"v":7753.65,"d":"7,753.65"}]
["J01FA09","антибиотик-аминогликозид","Кларитромицин","Клабакс ОД табл пролонг п/п/о 500mg №14","ПЛАТ","Да","уп",1,516.91,516.91]
["J01FA09","антибиотик-аминогликозид","Кларитромицин","Кларитромицин табл пролонг п/п/о 500mg №7","Бюджет","Да","уп",2,361.71,723.42]
["J01FA09","антибиотик-аминогликозид","Кларитромицин","Кларитромицин табл пролонг п/п/о 500mg №7","ОМС","Да","уп",17,361.71,{"v":6149.07,"d":"6,149.07"}]
["J01FA10","антибиотик-азалид","Азитромицин","Азитромицин  Экомед табл п/п/о 500mg №3","ОМС","Да","уп",82,258.8,{"v":21221.600000000002,"d":"21,221.60"}]
["J01FA10","антибиотик-азалид","Азитромицин","Азитромицин  Экомед табл п/п/о 500mg №3","ПЛАТ","Да","уп",17,258.8,{"v":4399.6,"d":"4,399.60"}]
["J01FF02","антибиотик-линкозамид","Линкомицин","Линкомицин раствор для в/в и в/м вв 300mg/ml 1ml №10","ОМС","Нет","уп",270,156.67,{"v":42300.899999999994,"d":"42,300.90"}]
["J01FF02","антибиотик-линкозамид","Линкомицин","Линкомицин раствор для в/в и в/м вв 300mg/ml 1ml №10","ПЛАТ","Нет","уп",85,156.67,{"v":13316.949999999999,"d":"13,316.95"}]
["J01GB01","антибиотик-аминогликозид","Тобрамицин","Тобропт капли глазные 0,3% 5ml","ОМС","Да","уп",500,120.12,{"v":60060,"d":"60,060.00"}]
["J01GB01","антибиотик-аминогликозид","Тобрамицин","Тобропт капли глазные 0,3% 5ml","ПЛАТ","Да","уп",10,120.12,{"v":1201.2,"d":"1,201.20"}]
["J01GB03","антибиотик-аминогликозид","Гентамицин","Гентамицин раствор для в/в и в/м вв 40mg/ml 2ml №10","Бюджет","Да","уп",50,32.19,{"v":1609.5,"d":"1,609.50"}]
["J01GB03","антибиотик-аминогликозид","Гентамицин","Гентамицин раствор для в/в и в/м вв 40mg/ml 2ml №10","ОМС","Да","уп",2190,32.19,{"v":70496.09999999999,"d":"70,496.10"}]
["J01GB03","антибиотик-аминогликозид","Гентамицин","Гентамицин раствор для в/в и в/м вв 40mg/ml 2ml №10","ПЛАТ","Да","уп",35,32.19,{"v":1126.6499999999999,"d":"1,126.65"}]
["J01GB06","антибиотик-аминогликозид","Амикацин","Амикацин порошок д/приг-я р-ра для в/в , в/м введ 500mg №50","Бюджет","Да","уп",6,1975.41,{"v":11852.460000000001,"d":"11,852.46"}]
["J01GB06","антибиотик-аминогликозид","Амикацин","Амикацин порошок д/приг-я р-ра для в/в , в/м введ 500mg №50","ОМС","Да","уп",239.2,1975.41,{"v":472518.072,"d":"472,518.07"}]
["J01GB06","антибиотик-аминогликозид","Амикацин","Амикацин порошок д/приг-я р-ра для в/в , в/м введ 500mg №50","ПЛАТ","Да","уп",3,1975.41,{"v":5926.2300000000005,"d":"5,926.23"}]
["J01MA01","противомикробное средство - фторхинолон","Офлоксацин","Офлоксацин раствор для инфузий 2mg/ml 100ml №1","ОМС","Да","уп",100,52.39,{"v":5239,"d":"5,239.00"}]
["J01MA02","противомикробное средство - фторхинолон","Ципрофлоксацин","Ципрофлоксацин раствор для инфузий 2mg/ml 100ml №1","Бюджет","Да","уп",1130,32.42,{"v":36634.6,"d":"36,634.60"}]
["J01MA02","противомикробное средство - фторхинолон","Ципрофлоксацин","Ципрофлоксацин раствор для инфузий 2mg/ml 100ml №1","ОМС","Да","уп",16038,32.42,{"v":519951.96,"d":"519,951.96"}]
["J01MA02","противомикробное средство - фторхинолон","Ципрофлоксацин","Ципрофлоксацин раствор для инфузий 2mg/ml 100ml №1","ПЛАТ","Да","уп",435,32.42,{"$f":"H707*I707","v":{"v":14102.7,"d":"14,102.70"}}]
["J01MA02","противомикробное средство - фторхинолон","Ципрофлоксацин","Ципрофлоксацин табл 500mg №10","Бюджет","Да","уп",17,37.86,643.62]
["J01MA02","противомикробное средство - фторхинолон","Ципрофлоксацин","Ципрофлоксацин табл 500mg №10","ОМС","Да","уп",892,37.86,{"v":33771.12,"d":"33,771.12"}]
["J01MA02","противомикробное средство - фторхинолон","Ципрофлоксацин","Ципрофлоксацин табл 500mg №10","ПЛАТ","Да","уп",35,37.86,{"v":1325.1,"d":"1,325.10"}]
["J01MA03","противомикробное средство - фторхинолон","Пефлоксацин","Пефлоксацин-АКОС конц-т д/приг раствора для инфузий 400mg/5ml 5ml №10","ОМС","Нет","уп",230,124.37,{"v":28605.100000000002,"d":"28,605.10"}]
["J01MA03","противомикробное средство - фторхинолон","Пефлоксацин","Пефлоксацин-АКОС конц-т д/приг раствора для инфузий 400mg/5ml 5ml №10","ПЛАТ","Нет","уп",55,124.37,{"v":6840.35,"d":"6,840.35"}]
["J01MA03","противомикробное средство - фторхинолон","Пефлоксацин","Пефлоксацин-АКОС табл п/п/о 400mg №10","ОМС","Нет","уп",5,88.83,444.15]
["J01MA03","противомикробное средство - фторхинолон","Пефлоксацин","Пефлоксацин-АКОС табл п/п/о 400mg №10","ПЛАТ","Нет","уп",5,88.83,444.15]
["J01MA06","противомикробное средство - фторхинолон","Норфлоксацин","Нолицин табл 400mg №10","ОМС","Нет","уп",42,157.28,{"v":6605.76,"d":"6,605.76"}]
["J01MA06","противомикробное средство - фторхинолон","Норфлоксацин","Нолицин табл 400mg №10","ПЛАТ","Нет","уп",43,157.28,{"v":6763.04,"d":"6,763.04"}]
["J01MA12","противомикробное средство - фторхинолон","Левофлоксацин","Лефлобакт раствор для инфузий 5mg/ml 100ml","Бюджет","Да","уп",12,442.75,{"v":5313,"d":"5,313.00"}]
["J01MA12","противомикробное средство - фторхинолон","Левофлоксацин","Лефлобакт раствор для инфузий 5mg/ml 100ml","ОМС","Да","уп",837,442.75,{"v":370581.75,"d":"370,581.75"}]
["J01MA12","противомикробное средство - фторхинолон","Левофлоксацин","Лефлобакт раствор для инфузий 5mg/ml 100ml","ПЛАТ","Да","уп",255,442.75,{"v":112901.25,"d":"112,901.25"}]
["J01MA12","противомикробное средство - фторхинолон","Левофлоксацин","Лефлобакт табл п/п/о 500mg №10","Бюджет","Да","уп",5,409.86,{"v":2049.3,"d":"2,049.30"}]
["J01MA12","противомикробное средство - фторхинолон","Левофлоксацин","Лефлобакт табл п/п/о 500mg №10","ОМС","Да","уп",258,409.86,{"v":105743.88,"d":"105,743.88"}]
["J01MA12","противомикробное средство - фторхинолон","Левофлоксацин","Лефлобакт табл п/п/о 500mg №10","ПЛАТ","Да","уп",22,409.86,{"v":9016.92,"d":"9,016.92"}]
["J01MB04","противомикробное средство - хинолон","Пипеминовая кислота","Палин капс 200mg №20","ОМС","Нет","уп",17,278.27,{"v":4730.59,"d":"4,730.59"}]
["J01MB04","противомикробное средство - хинолон","Пипеминовая кислота","Палин капс 200mg №20","ПЛАТ","Нет","уп",23,278.27,{"v":6400.209999999999,"d":"6,400.21"}]
["J01XA01","антибиотик-гликопептид","Ванкомицин","Ванкомицин Эльфа порошок д/приг р-ра д/инфузий 1000mg №1","ОМС","Да","уп",1150,324.47,{"v":373140.50000000006,"d":"373,140.50"}]
["J01XA01","антибиотик-гликопептид","Ванкомицин","Ванкомицин Эльфа порошок д/приг р-ра д/инфузий 1000mg №1","ПЛАТ","Да","уп",70,324.47,{"v":22712.9,"d":"22,712.90"}]
["J01XA01","антибиотик-гликопептид","Ванкомицин","Ванкорус лиоф-т д/пригот р-ра д/инф 1,0g","ОМС","Да","уп",310,431.92,{"v":133895.2,"d":"133,895.20"}]
["J01XA01","антибиотик-гликопептид","Ванкомицин","Ванкорус лиоф-т д/пригот р-ра д/инф 1,0g","ПЛАТ","Да","уп",14,431.92,{"v":6046.88,"d":"6,046.88"}]
["J01XD01","противомикробное и противопротозойное средство","Метронидазол","Метронидазол раствор для инфузий 5mg/ml  100ml","Бюджет","Да","уп",820,35.23,{"v":28888.6,"d":"28,888.60"}]
["J01XD01","противомикробное и противопротозойное средство","Метронидазол","Метронидазол раствор для инфузий 5mg/ml  100ml","ОМС","Да","уп",11693,35.23,{"v":411944.38999999996,"d":"411,944.39"}]
["J01XD01","противомикробное и противопротозойное средство","Метронидазол","Метронидазол раствор для инфузий 5mg/ml  100ml","ПЛАТ","Да","уп",350,35.23,{"v":12330.499999999998,"d":"12,330.50"}]
["J01XD01","противомикробное и противопротозойное средство","Метронидазол","Метронидазол табл 250mg №20","Бюджет","Да","уп",2,15.09,30.18]
["J01XD01","противомикробное и противопротозойное средство","Метронидазол","Метронидазол табл 250mg №20","ОМС","Да","уп",388,15.09,{"v":5854.92,"d":"5,854.92"}]
["J01XD01","противомикробное и противопротозойное средство","Метронидазол","Метронидазол табл 250mg №20","ПЛАТ","Да","уп",88,15.09,{"v":1327.92,"d":"1,327.92"}]
["J01XE01","противомикробное средство - нитрофуран","Нитрофурантоин","Фурадонин Авексима табл 50mg №20","ОМС","Нет","уп",15,100,{"v":1500,"d":"1,500.00"}]
["J01XX01","антибиотик","Фосфомицин","Экофомурал гранулы д/приг р-ра д/вн прим 3g","ПЛАТ","Нет","уп",3,319.41,958.23]
["J01XX08","антиагрегантное средство","Эптифибатид","Коромакс раствор для в/в  вв 0,75mg/ml 100ml №1","ОМС","Нет","уп",35,10875.78,{"v":380652.30000000005,"d":"380,652.30"}]
["J01XX08","антиагрегантное средство","Эптифибатид","Коромакс раствор для в/в  вв 2mg/ml 10ml №1","ОМС","Нет","уп",35,2794.98,{"v":97824.3,"d":"97,824.30"}]
["J01XX08","антибиотик-оксазолидинон","Линезолид","Зивокс раствор для инфузий 2mg/ml 300ml №10","ОМС","Да","уп",8,8364.18,{"v":66913.44,"d":"66,913.44"}]
["J02AC01","противогрибковое средство","Флуконазол","Микосист капсулы 100mg №28","Бюджет","Да","уп",2,2240.1,{"v":4480.2,"d":"4,480.20"}]
["J02AC01","противогрибковое средство","Флуконазол","Микосист капсулы 100mg №28","ОМС","Да","уп",19,2240.1,{"v":42561.9,"d":"42,561.90"}]
["J02AC01","противогрибковое средство","Флуконазол","Микосист капсулы 100mg №28","ПЛАТ","Да","уп",4,2240.1,{"v":8960.4,"d":"8,960.40"}]
["J02AC01","противогрибковое средство","Флуконазол","Флуконазол капс 150mg №2","ОМС","Да","уп",522,44.74,{"v":23354.280000000002,"d":"23,354.28"}]
["J02AC01","противогрибковое средство","Флуконазол","Флуконазол капс 150mg №2","ПЛАТ","Да","уп",25,44.74,{"v":1118.5,"d":"1,118.50"}]
["J02AC01","противогрибковое средство","Флуконазол","Флуконазол капсулы 50mg №7","ОМС","Да","уп",36,92.58,{"v":3332.88,"d":"3,332.88"}]
["J02AC01","противогрибковое средство","Флуконазол","Флукорус раствор для инфузий 2mg/ml 100ml","ОМС","Да","уп",116,316.25,{"v":36685,"d":"36,685.00"}]
["J05AB01","противовирусное средство","Ацикловир","Ацикловир  лиоф-т д/пригот р-ра д/инф 0,5g №1","ОМС","Да","уп",12,323.03,{"v":3876.3599999999997,"d":"3,876.36"}]
["J05AB01","противовирусное средство","Ацикловир","Ацикловир  табл 200mg №20","ОМС","Да","уп",26,30.41,790.66]
["J05AB01","противовирусное средство","Ацикловир","Ацикловир  табл 200mg №20","ПЛАТ","Да","уп",58,30.41,{"v":1763.78,"d":"1,763.78"}]
["J05AH02","противовирусное средство","Осельтамивир","Тамифлю капс 75mg №10","Бюджет","Да","уп",4,1248.24,{"v":4992.96,"d":"4,992.96"}]
["J05AH02","противовирусное средство","Осельтамивир","Тамифлю капс 75mg №10","ОМС","Да","уп",56,1248.24,{"v":69901.44,"d":"69,901.44"}]
["J05AH02","противовирусное средство","Осельтамивир","Тамифлю капс 75mg №10","ПЛАТ","Да","уп",25,1248.24,{"v":31206,"d":"31,206.00"}]
["J05AX","противовирусное иммуностимулирующее средство - индуктор образования интерферонов","Тилорон","Лавомакс табл п/о 125mg №6","ПЛАТ","Да","уп",3,548.92,{"v":1646.7599999999998,"d":"1,646.76"}]
["J05AX","противовирусное средство","Имидазолилэтанамид пентандиовой кислоты","Ингавирин капс 90mg №7","Бюджет","Да","уп",2,540.82,{"v":1081.64,"d":"1,081.64"}]
["J05AX","противовирусное средство","Имидазолилэтанамид пентандиовой кислоты","Ингавирин капс 90mg №7","ОМС","Да","уп",35,540.82,{"v":18928.7,"d":"18,928.70"}]
["J05AX","противовирусное средство","Имидазолилэтанамид пентандиовой кислоты","Ингавирин капс 90mg №7","ПЛАТ","Да","уп",5,540.82,{"v":2704.1000000000004,"d":"2,704.10"}]
["J05AX","противовирусное средство","Кагоцел","Кагоцел табл 12mg №10","ОМС","Да","уп",120,269.31,{"v":32317.2,"d":"32,317.20"}]
["J05AX","противовирусное средство","Кагоцел","Кагоцел табл 12mg №10","ПЛАТ","Да","уп",16,269.31,{"v":4308.96,"d":"4,308.96"}]
["J05AX","противовирусное средство","Умифеновир","Арбидол капсулы 100mg №10","Бюджет","Да","уп",3,242.73,{"v":728.1899999999999,"d":"728.19"}]
["J05AX","противовирусное средство","Умифеновир","Арбидол капсулы 100mg №10","ОМС","Да","уп",61,242.73,{"v":14806.529999999999,"d":"14,806.53"}]
["J05AX","противовирусное средство","Умифеновир","Арбидол капсулы 100mg №10","ПЛАТ","Да","уп",5,242.73,{"v":1213.6499999999999,"d":"1,213.65"}]
["J06AA03","МИБП - сыворотка","Антитоксин яда гадюки обыкновенной","Сыворотка против яда гадюки обыкновенной лошадиная очищенная концентрированная жидкая раствор для инъекций 150 АЕ/доза 1 доз №1","ОМС","Да","уп",3,478.8,{"v":1436.4,"d":"1,436.40"}]
["J07AM01","МИБП - анатоксин","Анатоксин столбнячный","Анатоксин столбнячный очищенный адсорбированный жидкий  (АС-анатоксин) суспензия для п/к вв 0,5ml/dosis 1ml (2dosis) №10","ОМС","Да","уп",20,106.55,{"v":2131,"d":"2,131.00"}]
["L04AX01","иммунодепрессивное средство","Азатиоприн","Азатиоприн табл 50mg №50","ОМС","Да","уп",53,236.77,{"v":12548.810000000001,"d":"12,548.81"}]
["L04AX01","иммунодепрессивное средство","Азатиоприн","Азатиоприн табл 50mg №50","ПЛАТ","Да","уп",12,236.77,{"v":2841.2400000000002,"d":"2,841.24"}]
["M01AB05","НПВП","Диклофенак","Диклофенак ретард табл. пролог п/к/р/о 100mg №20","ОМС","Да","уп",313,32.57,{"v":10194.41,"d":"10,194.41"}]
["M01AB05","НПВП","Диклофенак","Диклофенак ретард табл. пролог п/к/р/о 100mg №20","ПЛАТ","Да","уп",14,32.57,455.98]
["M01AB05","НПВП","Диклофенак","Диклофенак табл п/к/р/о 50mg №20","ОМС","Да","уп",50,13.63,{"v":681.5,"d":"681.50"}]
["M01AB05","НПВП","Диклофенак","Диклофенак-АКОС раствор для в/м вв 25mg/ml 3 ml №5","Бюджет","Да","уп",690,20.82,{"v":14365.800000000001,"d":"14,365.80"}]
["M01AB05","НПВП","Диклофенак","Диклофенак-АКОС раствор для в/м вв 25mg/ml 3 ml №5","ОМС","Да","уп",4913,20.82,{"v":102288.66,"d":"102,288.66"}]
["M01AB05","НПВП","Диклофенак","Диклофенак-АКОС раствор для в/м вв 25mg/ml 3 ml №5","ПЛАТ","Да","уп",201,20.82,{"$f":"H771*I771","v":{"v":4184.82,"d":"4,184.82"}}]
["M01AB05","НПВП","Диклофенак","Диклофенак-ФПО  табл п/к/р/о 50mg №20","ОМС","Да","уп",65,72.06,{"v":4683.900000000001,"d":"4,683.90"}]
["M01AB15","НПВП","Кеторолак","Кеторолак раствор для в/в и в/м вв 30mg/ml 1ml №10","ОМС","Да","уп.",1065,83.68,{"v":89119.20000000001,"d":"89,119.20"}]
["M01AB15","НПВП","Кеторолак","Кеторолак раствор для в/в и в/м вв 30mg/ml 1ml №10","ПЛАТ","Да","уп.",161,83.68,{"v":13472.480000000001,"d":"13,472.48"}]
["M01AB15","НПВП","Кеторолак","Кеторолак табл п/о 10mg №20","Бюджет","Да","уп.",7,49.63,347.41]
["M01AB15","НПВП","Кеторолак","Кеторолак табл п/о 10mg №20","ОМС","Да","уп.",283,49.63,{"v":14045.29,"d":"14,045.29"}]
["M01AB15","НПВП","Кеторолак","Кеторолак табл п/о 10mg №20","ПЛАТ","Да","уп.",26,49.63,{"v":1290.38,"d":"1,290.38"}]
["M01AC05","НПВП","Лорноксикам","Ксефокам лиоф-т д/приг р-ра для в/в и в/м вв 8mg №5","ОМС","Да","уп",3,699.1,{"v":2097.3,"d":"2,097.30"}]
["M01AC05","НПВП","Лорноксикам","Ксефокам лиоф-т д/приг р-ра для в/в и в/м вв 8mg №5","ПЛАТ","Да","уп",2,699.1,{"v":1398.2,"d":"1,398.20"}]
["M01AC05","НПВП","Лорноксикам","Ксефокам табл п/п/о 4mg №10","ОМС","Да","уп",5,114.98,{"v":574.9,"d":"574.90"}]
["M01AC06","НПВП","Мелоксикам","Мовалис раствор для в/м вв 15mg/1,5ml 1,5ml №3","ОМС","Нет","уп",38,1456.65,{"v":55352.700000000004,"d":"55,352.70"}]
["M01AC06","НПВП","Мелоксикам","Мовалис раствор для в/м вв 15mg/1,5ml 1,5ml №3","ПЛАТ","Нет","уп",57,1456.65,{"v":83029.05,"d":"83,029.05"}]
["M01AC06","НПВП","Мелоксикам","Мовасин табл 15mg №20","ОМС","Нет","уп",61,95.24,{"v":5809.639999999999,"d":"5,809.64"}]
["M01AC06","НПВП","Мелоксикам","Мовасин табл 15mg №20","ПЛАТ","Нет","уп",14,95.24,{"v":1333.36,"d":"1,333.36"}]
["M01AE01","НПВП","Ибупрофен","Ибупрофен гель д/наруж/пр 5% 50g №1","ПЛАТ","Да","уп",3,80.18,{"v":240.54000000000002,"d":"240.54"}]
["M01AE01","НПВП","Ибупрофен","Ибупрофен табл п/п/о 200mg № 50","Бюджет","Да","уп",30,38.46,{"v":1153.8,"d":"1,153.80"}]
["M01AE01","НПВП","Ибупрофен","Ибупрофен табл п/п/о 200mg № 50","ОМС","Да","уп",161,38.46,{"v":6192.06,"d":"6,192.06"}]
["M01AE01","НПВП","Ибупрофен","Ибупрофен табл п/п/о 200mg № 50","ПЛАТ","Да","уп",5,38.46,{"v":192.3,"d":"192.30"}]
["M01AE01","НПВП","Ибупрофен","Ибупрофен табл п/п/о 200mg №20","ОМС","Да","уп",505,16.1,{"v":8130.500000000001,"d":"8,130.50"}]
["M01AE01","НПВП","Ибупрофен","Ибупрофен табл п/п/о 200mg №20","ПЛАТ","Да","уп",15,16.1,{"v":241.50000000000003,"d":"241.50"}]
["M01AE03","НПВП","Кетопрофен","Кетопрофен раствор для в/в и в/м вв 50mg/ml 2ml №10","Бюджет","Да","уп",481,185.09,{"v":89028.29000000001,"d":"89,028.29"}]
["M01AE03","НПВП","Кетопрофен","Кетопрофен раствор для в/в и в/м вв 50mg/ml 2ml №10","ОМС","Да","уп",3920,185.09,{"v":725552.8,"d":"725,552.80"}]
["M01AE03","НПВП","Кетопрофен","Кетопрофен раствор для в/в и в/м вв 50mg/ml 2ml №10","ПЛАТ","Да","уп",191,185.09,{"v":35352.19,"d":"35,352.19"}]
["M01AE03","НПВП","Кетопрофен","Кетопрофен супп рект 100mg №10","ОМС","Да","уп",10,318.78,{"v":3187.7999999999997,"d":"3,187.80"}]
["M01AE03","НПВП","Кетопрофен","Кетопрофен супп рект 100mg №10","ПЛАТ","Да","уп",3,318.78,{"v":956.3399999999999,"d":"956.34"}]
["M01AE03","НПВП","Кетопрофен","Фламакс капс 50mg №25","Бюджет","Да","уп",20,109.08,{"v":2181.6,"d":"2,181.60"}]
["M01AE03","НПВП","Кетопрофен","Фламакс капс 50mg №25","ОМС","Да","уп",182,109.08,{"v":19852.56,"d":"19,852.56"}]
["M01AE03","НПВП","Кетопрофен","Фламакс капс 50mg №25","ПЛАТ","Да","уп",14,109.08,{"v":1527.12,"d":"1,527.12"}]
["M01AE17","НПВП","Декскетопрофен","Фламадекс раствор для в/в и в/м вв 25mg/ml 2ml №5","ОМС","Да","уп",85,207,{"v":17595,"d":"17,595.00"}]
["M01AE17","НПВП","Декскетопрофен","Фламадекс раствор для в/в и в/м вв 25mg/ml 2ml №5","ПЛАТ","Да","уп",60,207,{"v":12420,"d":"12,420.00"}]
["M01AH01","НПВП","Целекоксиб","Дилакса капс 200mg №10","ОМС","Нет","уп",3,577.53,{"v":1732.59,"d":"1,732.59"}]
["M01AX17","НПВП","Нимесулид","Нимесулид табл 100mg №20","ОМС","Нет","уп",261,79.36,{"v":20712.96,"d":"20,712.96"}]
["M01AX17","НПВП","Нимесулид","Нимесулид табл 100mg №20","ПЛАТ","Нет","уп",17,79.36,{"v":1349.12,"d":"1,349.12"}]
["M02AA10","НПВП","Кетопрофен","Фастум гель д/наруж/пр 2,5%-50g ","ОМС","Нет","уп",3,467.03,{"v":1401.09,"d":"1,401.09"}]
["M02AA10","НПВП","Кетопрофен","Фастум гель д/наруж/пр 2,5%-50g ","ПЛАТ","Нет","уп",2,467.03,934.06]
["M02AA15","НПВП","Диклофенак","Вольтарен эмульгель гель д/наруж/пр 1% 20g №1","ОМС","Нет","уп",27,305.3,{"v":8243.1,"d":"8,243.10"}]
["M02AA15","НПВП","Диклофенак","Вольтарен эмульгель гель д/наруж/пр 1% 20g №1","ПЛАТ","Нет","уп",3,305.3,{"v":915.9000000000001,"d":"915.90"}]
["M02AX03","противовоспалительное средство для местного применения","Диметилсульфоксид","Димексид конц д/пр р-ра д/наруж/пр 990mg/ml 100ml №1","ОМС","Нет","уп",25,56.42,{"v":1410.5,"d":"1,410.50"}]
["M02AX03","противовоспалительное средство для местного применения","Диметилсульфоксид","Димексид конц д/пр р-ра д/наруж/пр 990mg/ml 100ml №1","ПЛАТ","Нет","уп",5,56.42,{"v":282.1,"d":"282.10"}]
["M03AB01","миорелаксант деполяризующий периферического действия","Суксаметония хлорид","Листенон раствор для в/в и в/м вв 20mg/ml 5ml №5","ОМС","Да","уп",185,123.84,{"v":22910.4,"d":"22,910.40"}]
["M03AC06","миорелаксант недеполяризующий периферического действия","Пипекурония бромид","Ардуан лиоф д/пр р-ра д/в/в вв 4mg №25 (с раст-лем: натрия хлорида раствор 0.9% (ампулы) 2 мл №25)","ОМС","Да","уп",140,1785.53,{"v":249974.19999999998,"d":"249,974.20"}]
["M03AC09","миорелаксант деполяризующий периферического действия","Рокурония бромид ","Круарон  раствор для в/в  вв 10mg/ml 5ml №12","Бюджет","Да","уп",56,5230.98,{"v":292934.88,"d":"292,934.88"}]
["M03AC09","миорелаксант деполяризующий периферического действия","Рокурония бромид ","Круарон  раствор для в/в  вв 10mg/ml 5ml №12","ОМС","Да","уп",495,5230.98,{"v":2589335.0999999996,"d":"2,589,335.10"}]
["M03AC09","миорелаксант деполяризующий периферического действия","Рокурония бромид ","Круарон  раствор для в/в  вв 10mg/ml 5ml №12","ПЛАТ","Да","уп",50,5230.98,{"v":261548.99999999997,"d":"261,549.00"}]
["M03AC11","миорелаксант недеполяризующий периферического действия","Цисатракурия безилат","Нимбекс раствор для в/в  вв 2mg/ml 5ml №5","Бюджет","Нет","уп",5,1692.07,{"v":8460.35,"d":"8,460.35"}]
["M03AC11","миорелаксант недеполяризующий периферического действия","Цисатракурия безилат","Нимбекс раствор для в/в  вв 2mg/ml 5ml №5","ОМС","Нет","уп",19,1692.07,{"v":32149.329999999998,"d":"32,149.33"}]
["M03AC11","миорелаксант недеполяризующий периферического действия","Цисатракурия безилат","Нимбекс раствор для в/в  вв 2mg/ml 5ml №5","ПЛАТ","Нет","уп",9,1692.07,{"v":15228.63,"d":"15,228.63"}]
["M03BX02","миорелаксант центрального действия","Тизанидин","Сирдалуд табл 2mg №30","ОМС","Да","уп",80,207.2,{"v":16576,"d":"16,576.00"}]
["M03BX02","миорелаксант центрального действия","Тизанидин","Сирдалуд табл 2mg №30","ПЛАТ","Да","уп",22,207.2,{"v":4558.4,"d":"4,558.40"}]
["M03BX04","миорелаксант центрального действия","Толперизон","Толперизон табл п/п/о 150mg №30","ОМС","Нет","уп",180,144.3,{"v":25974.000000000004,"d":"25,974.00"}]
["M03BX04","миорелаксант центрального действия","Толперизон","Толперизон табл п/п/о 150mg №30","ПЛАТ","Нет","уп",15,144.3,{"v":2164.5,"d":"2,164.50"}]
["M03BX04","миорелаксант центрального действия","Толперизон","Толперизон табл п/п/о 50mg №30","ОМС","Нет","уп",50,122.64,{"v":6132,"d":"6,132.00"}]
["M03BX04","миорелаксант центрального действия","Толперизон","Толперизон табл п/п/о 50mg №30","ПЛАТ","Нет","уп",17,122.64,{"v":2084.88,"d":"2,084.88"}]
["M03BX04","миорелаксант центрального действия","Толперизон+лидокаин","Мидокалм- Рихтер раствор для в/в и в/м вв 100mg +2,5mg/ml 1ml № 5","ОМС","Нет","уп",61,680.45,{"v":41507.450000000004,"d":"41,507.45"}]
["M03BX04","миорелаксант центрального действия","Толперизон+лидокаин","Мидокалм- Рихтер раствор для в/в и в/м вв 100mg +2,5mg/ml 1ml № 5","ПЛАТ","Нет","уп",16,680.45,{"v":10887.2,"d":"10,887.20"}]
["M04AA01","противоподагрическое средство - ксантиноксидазы ингибитор","Аллопуринол","Аллопуринол табл 100mg №50","ОМС","Да","уп",50,95.76,{"v":4788,"d":"4,788.00"}]
["M04AA01","противоподагрическое средство - ксантиноксидазы ингибитор","Аллопуринол","Аллопуринол табл 100mg №50","ПЛАТ","Да","уп",3,95.76,{"v":287.28000000000003,"d":"287.28"}]
["M09AX","репарации тканей стимулятор природного происхождения","~","Алфлутоп  раствор для инъекций 10mg/ml 2ml №5","ОМС","Нет","уп",5,2014.65,{"v":10073.25,"d":"10,073.25"}]
["M09AX","репарации тканей стимулятор природного происхождения","~","Алфлутоп  раствор для инъекций 10mg/ml 2ml №5","ПЛАТ","Нет","уп",1,2014.65,{"v":2014.65,"d":"2,014.65"}]
["N01AB01","средство для ингаляционной анестезии","Галотан","Фторотан жидкость д/ингаляций 50ml","ОМС","Да","фл",100,445.78,{"v":44578,"d":"44,578.00"}]
["N01AB06","средство для ингаляционной анестезии","Изофлуран","Форан жидкость д/ингаляций 100ml №6","ОМС","Нет","уп",5,16176.59,{"v":80882.95,"d":"80,882.95"}]
["N01AB07","средство для ингаляционной анестезии","Десфлуран","Супран жидкость д/инг.наркоза 240ml №6","Бюджет","Нет","уп",3,70812.5,{"v":212437.5,"d":"212,437.50"}]
["N01AB07","средство для ингаляционной анестезии","Десфлуран","Супран жидкость д/инг.наркоза 240ml №6","ОМС","Нет","уп",3,70812.5,{"v":212437.5,"d":"212,437.50"}]
["N01AB07","средство для ингаляционной анестезии","Десфлуран","Супран жидкость д/инг.наркоза 240ml №6","ПЛАТ","Нет","уп",1,70812.5,{"v":70812.5,"d":"70,812.50"}]
["N01AB08","средство для ингаляционной анестезии","Севофлуран","Севоран жидкость д/ингаляций 250ml","Бюджет","Да","фл",74,10218.37,{"$f":"H835*I835","v":{"v":756159.38,"d":"756,159.38"}}]
["N01AB08","средство для ингаляционной анестезии","Севофлуран","Севоран жидкость д/ингаляций 250ml","ОМС","Да","фл",56,10218.37,{"v":572228.7200000001,"d":"572,228.72"}]
["N01AB08","средство для ингаляционной анестезии","Севофлуран","Севоран жидкость д/ингаляций 250ml","ПЛАТ","Да","фл",40,10218.37,{"v":408734.80000000005,"d":"408,734.80"}]
["N01AF03","средство для неингаляционной общей анестезии","Тиопентал натрия","Тиопентал натрия порошок д/приг-я р-ра для в/в , в/м введ №50 0,5","ОМС","Да","фл",44,1117.17,{"v":49155.48,"d":"49,155.48"}]
["N01AH","анальгезирующее наркотическое средство","Тримеперидин","Промедол раствор для инъекций 20mg/ml 1ml","ОМС","Да","амп",915,57.222,{"v":52358.130000000005,"d":"52,358.13"}]
["N01AH01","анальгезирующее наркотическое средство","Фентанил","Фентанил раствор для в/в и в/м вв 50mkg/ml 2ml","ОМС","Да","амп",35020,25.146,{"v":880612.92,"d":"880,612.92"}]
["N01AX","средство для неингаляционной общей анестезии","Натрии оксибутират","Натрия оксибат раствор для в/в и в/м вв 200mg/ml 5ml","ОМС","Да","амп",500,33.957,{"v":16978.5,"d":"16,978.50"}]
["N01AX01","антипсихотическое средство (нейролептик)","Дроперидол","Дроперидол раствор для инъекций 2,5mg/ml 2ml №5","ОМС","Да","уп",381,65.78,{"v":25062.18,"d":"25,062.18"}]
["N01AX01","антипсихотическое средство (нейролептик)","Дроперидол","Дроперидол раствор для инъекций 2,5mg/ml 2ml №5","ПЛАТ","Да","уп",3,65.78,197.34]
["N01AX03","средство для неингаляционной общей анестезии","Кетамин","Кетамин раствор для в/в и в/м вв 50mg/ml 2ml","ОМС","Да","амп",380,45.02,{"v":17107.600000000002,"d":"17,107.60"}]
["N01AX10","Наркозные средства","Пропофол","Пропофол-Бинергия эмульсия для в/в вв 10mg/ml 20ml №5","ОМС","Да","уп",190,673.27,{"v":127921.3,"d":"127,921.30"}]
["N01AX10","средство для неингаляционной общей анестезии","Пропофол","Пропофол Липуро эмульсия для в/в вв 10mg/ml 20ml №5","Бюджет","Да","уп",250,822.96,{"v":205740,"d":"205,740.00"}]
["N01AX10","средство для неингаляционной общей анестезии","Пропофол","Пропофол Липуро эмульсия для в/в вв 10mg/ml 20ml №5","ОМС","Да","уп",5015,822.96,{"v":4127144.4000000004,"d":"4,127,144.40"}]
["N01AX10","средство для неингаляционной общей анестезии","Пропофол","Пропофол Липуро эмульсия для в/в вв 10mg/ml 20ml №5","ПЛАТ","Да","уп",495,822.96,{"v":407365.2,"d":"407,365.20"}]
["N01AX10","средство для неингаляционной общей анестезии","Пропофол","Пропофол Липуро эмульсия для в/в вв 10mg/ml 50ml №10","Бюджет","Да","уп",21,5199.74,{"v":109194.54,"d":"109,194.54"}]
["N01AX10","средство для неингаляционной общей анестезии","Пропофол","Пропофол Липуро эмульсия для в/в вв 10mg/ml 50ml №10","ОМС","Да","уп",90,5199.74,{"v":467976.6,"d":"467,976.60"}]
["N01AX10","средство для неингаляционной общей анестезии","Пропофол","Пропофол Липуро эмульсия для в/в вв 10mg/ml 50ml №10","ПЛАТ","Да","уп",20,5199.74,{"v":103994.79999999999,"d":"103,994.80"}]
["N01BA02","местноанестезирующее средство","Прокаин","Новокаин раствор для инъекций 0,5% 5ml №10","Бюджет","Да","уп",15,93.61,{"v":1404.15,"d":"1,404.15"}]
["N01BA02","местноанестезирующее средство","Прокаин","Новокаин раствор для инъекций 0,5% 5ml №10","ОМС","Да","уп",728,93.61,{"v":68148.08,"d":"68,148.08"}]
["N01BA02","местноанестезирующее средство","Прокаин","Новокаин раствор для инъекций 0,5% 5ml №10","ПЛАТ","Да","уп",3,93.61,280.83]
["N01BA02","местноанестезирующее средство","Прокаин","Новокаин раствор для инъекций 2,5mg/ml 200ml №28","ОМС","Да","уп",7,808.72,{"v":5661.04,"d":"5,661.04"}]
["N01BA02","местноанестезирующее средство","Прокаин","Новокаин раствор для инъекций 5mg/ml 200ml №28","ОМС","Да","уп",53,895.4,{"v":47456.2,"d":"47,456.20"}]
["N01BB01","местноанестезирующее средство","Бупивакаин","Бупивакаин раствор для инъекций 5mg/ml 4ml №5","Бюджет","Да","уп",17,850.51,{"v":14458.67,"d":"14,458.67"}]
["N01BB01","местноанестезирующее средство","Бупивакаин","Бупивакаин раствор для инъекций 5mg/ml 4ml №5","ОМС","Да","уп",450,850.51,{"v":382729.5,"d":"382,729.50"}]
["N01BB01","местноанестезирующее средство","Бупивакаин","Бупивакаин раствор для инъекций 5mg/ml 4ml №5","ПЛАТ","Да","уп",2,850.51,{"v":1701.02,"d":"1,701.02"}]
["N01BB02","местноанестезирующее средство","Лидокаин","Лидокаин раствор для инъекций 100mg/ml 2ml №10","Бюджет","Да","уп",754,41.47,{"v":31268.379999999997,"d":"31,268.38"}]
["N01BB02","местноанестезирующее средство","Лидокаин","Лидокаин раствор для инъекций 100mg/ml 2ml №10","ОМС","Да","уп",1895,41.47,{"v":78585.65,"d":"78,585.65"}]
["N01BB02","местноанестезирующее средство","Лидокаин","Лидокаин раствор для инъекций 100mg/ml 2ml №10","ПЛАТ","Да","уп",130,41.47,{"v":5391.099999999999,"d":"5,391.10"}]
["N01BB02","местноанестезирующее средство","Лидокаин","Лидокаин раствор для инъекций 20mg/ml 2ml №10","Бюджет","Да","уп",90,93.61,{"v":8424.9,"d":"8,424.90"}]
["N01BB02","местноанестезирующее средство","Лидокаин","Лидокаин раствор для инъекций 20mg/ml 2ml №10","ОМС","Да","уп",6921,93.61,{"v":647874.8099999999,"d":"647,874.81"}]
["N01BB02","местноанестезирующее средство","Лидокаин","Лидокаин раствор для инъекций 20mg/ml 2ml №10","ПЛАТ","Да","уп",129,93.61,{"v":12075.69,"d":"12,075.69"}]
["N01BB08","местноанестезирующее средство","Артикаин","Артикаин-Бинергия раствор для инъекций 20mg/ml 1,7ml №10","ПЛАТ","Нет","уп",13,495,{"v":6435,"d":"6,435.00"}]
["N01BB09","местноанестезирующее средство","Ропивакаин","Наропин раствор для инъекций 2mg/ml 100ml №5","Бюджет","Да","уп",12,2829.65,{"v":33955.8,"d":"33,955.80"}]
["N01BB09","местноанестезирующее средство","Ропивакаин","Наропин раствор для инъекций 2mg/ml 100ml №5","ОМС","Да","уп",111,2829.65,{"v":314091.15,"d":"314,091.15"}]
["N01BB09","местноанестезирующее средство","Ропивакаин","Наропин раствор для инъекций 2mg/ml 100ml №5","ПЛАТ","Да","уп",5,2829.65,{"v":14148.25,"d":"14,148.25"}]
["N01BB09","местноанестезирующее средство","Ропивакаин","Наропин раствор для инъекций 5mg/ml 10ml №5","ОМС","Да","уп",61,1612.77,{"v":98378.97,"d":"98,378.97"}]
["N01BB09","местноанестезирующее средство","Ропивакаин","Наропин раствор для инъекций 5mg/ml 10ml №5","ПЛАТ","Да","уп",9,1612.77,{"v":14514.93,"d":"14,514.93"}]
["N01BB09","местноанестезирующее средство","Ропивакаин","Наропин раствор для инъекций 7,5mg/ml 10ml №5","Бюджет","Да","уп",23,1056.49,{"v":24299.27,"d":"24,299.27"}]
["N01BB09","местноанестезирующее средство","Ропивакаин","Наропин раствор для инъекций 7,5mg/ml 10ml №5","ОМС","Да","уп",305,1056.49,{"v":322229.45,"d":"322,229.45"}]
["N01BB09","местноанестезирующее средство","Ропивакаин","Наропин раствор для инъекций 7,5mg/ml 10ml №5","ПЛАТ","Да","уп",9,1056.49,{"v":9508.41,"d":"9,508.41"}]
["N01BB09","местноанестезирующее средство","Ропивакаин","Ропивакаин Каби раствор для инъекций 2mg/ml 100ml №5","ОМС","Да","уп",100,2821.5,{"v":282150,"d":"282,150.00"}]
["N01BB10","местноанестезирующее средство","Левобупивакаин","Хирокаин раствор для инъекций 5mg/ml 5ml №10","Бюджет","Да","уп",9,1178.81,{"v":10609.289999999999,"d":"10,609.29"}]
["N01BB10","местноанестезирующее средство","Левобупивакаин","Хирокаин раствор для инъекций 5mg/ml 5ml №10","ОМС","Да","уп",17,1178.81,{"v":20039.77,"d":"20,039.77"}]
["N01BB10","местноанестезирующее средство","Левобупивакаин","Хирокаин раствор для инъекций 5mg/ml 5ml №10","ПЛАТ","Да","уп",10,1178.81,{"v":11788.099999999999,"d":"11,788.10"}]
["N01BB58","местноанестезирующее средство+альфа- и бета-адреномиметик","Артикаин + Эпинефрин","Септанест с адреналином раствор для инъекций 40mg+10mkg/ml №50","ОМС","Нет","уп",1,2156.17,{"v":2156.17,"d":"2,156.17"}]
["N01BB58","местноанестезирующее средство+альфа- и бета-адреномиметик","Артикаин + Эпинефрин","Септанест с адреналином раствор для инъекций 40mg+10mkg/ml №50","ПЛАТ","Нет","уп",3,2156.17,{"v":6468.51,"d":"6,468.51"}]
["N01BB58","местноанестезирующее средство+альфа- и бета-адреномиметик","Артикаин+[Эпинефрин]","Артикаин с адреналином форте раствор для инъекций 40mg+0,01mg/ml 1,7ml №50","ОМС","Нет","уп",3,2253.3,{"v":6759.900000000001,"d":"6,759.90"}]
["N01BB58","местноанестезирующее средство+альфа- и бета-адреномиметик","Артикаин+[Эпинефрин]","Артикаин с адреналином форте раствор для инъекций 40mg+0,01mg/ml 1,7ml №50","ПЛАТ","Нет","уп",5,2253.3,{"v":11266.5,"d":"11,266.50"}]
["N01BB58","местноанестезирующее средство+альфа- и бета-адреномиметик","Артикаин+Эпинефрин","Ультракаин ДС Форте раствор для инъекций 40mg+0,01mg/ml 1,7ml №100","ПЛАТ","Нет","уп",16,6700.27,{"v":107204.32,"d":"107,204.32"}]
["N02AA01","анальгезирующее наркотическое средство","Морфин","Морфин раствор для инъекций 10mg/ml 1ml","ОМС","Да","амп",3200,34.782,{"v":111302.4,"d":"111,302.40"}]
["N02AX02","анальгезирующее средство со смешанным механизмом действия","Трамадол","Трамадол капсулы 50mg","ОМС","Да","капс",76,4.021435,{"v":305.62906000000004,"d":"305.63"}]
["N02AX02","анальгезирующее средство со смешанным механизмом действия","Трамадол","Трамадол капсулы 50mg","ПЛАТ","Да","капс",5,4.021435,{"v":20.107175,"d":"20.11"}]
["N02AX02","анальгезирующее средство со смешанным механизмом действия","Трамадол","Трамадол раствор для инъекций 50mg/ml 2ml","ОМС","Да","амп",1897,16.2426,{"v":30812.212199999998,"d":"30,812.21"}]
["N02AX02","анальгезирующее средство со смешанным механизмом действия","Трамадол","Трамадол раствор для инъекций 50mg/ml 2ml","ПЛАТ","Да","амп",5,16.2426,{"v":81.213,"d":"81.21"}]
["N02AX02","анальгезирующее средство со смешанным механизмом действия","Трамадол","Трамадол раствор для инъекций 50mg/ml 2ml №5","ОМС","Да","уп",420,80.58,{"v":33843.6,"d":"33,843.60"}]
["N02AX02","анальгезирующее средство со смешанным механизмом действия","Трамадол","Трамадол раствор для инъекций 50mg/ml 2ml №5","ПЛАТ","Да","уп",2,80.58,161.16]
["N02AX06","анальгезирующее наркотическое средство","Тапентадол","Палексия табл пролонг п/п/о 50mg №20","ОМС","Да","уп",11,814.62,{"v":8960.82,"d":"8,960.82"}]
["N02AX06","анальгезирующее наркотическое средство","Тапентадол","Палексия табл пролонг п/п/о 50mg №20","ПЛАТ","Да","уп",4,814.62,{"v":3258.48,"d":"3,258.48"}]
["N02BA01","НПВП","Ацетилсалициловая кислота","Ацетилсалициловая кислота табл 500mg №10","ОМС","Да","уп",3152,5.2,{"v":16390.4,"d":"16,390.40"}]
["N02BA01","НПВП","Ацетилсалициловая кислота","Ацетилсалициловая кислота табл 500mg №10","ПЛАТ","Да","уп",25,5.2,{"v":130,"d":"130.00"}]
["N02BA51","анальгезирующее средство комбинированное","~","Каффетин Лайт табл №12","ОМС","Нет","уп",27,231.14,{"v":6240.78,"d":"6,240.78"}]
["N02BA51","анальгезирующее средство комбинированное","~","Каффетин Лайт табл №12","ПЛАТ","Нет","уп",20,231.14,{"v":4622.799999999999,"d":"4,622.80"}]
["N02BB02","анальгезирующее ненаркотическое средство","Метамизол натрия","Анальгин раствор для в/в и в/м вв 500mg/ml 2ml №10","Бюджет","Нет","уп",30,39.17,{"v":1175.1000000000001,"d":"1,175.10"}]
["N02BB02","анальгезирующее ненаркотическое средство","Метамизол натрия","Анальгин раствор для в/в и в/м вв 500mg/ml 2ml №10","ОМС","Нет","уп",5109,39.17,{"v":200119.53,"d":"200,119.53"}]
["N02BB02","анальгезирующее ненаркотическое средство","Метамизол натрия","Анальгин раствор для в/в и в/м вв 500mg/ml 2ml №10","ПЛАТ","Нет","уп",121,39.17,{"$f":"H899*I899","v":{"v":4739.570000000001,"d":"4,739.57"}}]
["N02BB02","анальгезирующее ненаркотическое средство","Метамизол натрия","Анальгин табл 500mg №10","ПЛАТ","Нет","уп",20,14.88,{"v":297.6,"d":"297.60"}]
["N02BB02","анальгезирующее ненаркотическое средство","Метамизол натрия ","Баралгин М раствор для в/в и в/м вв 500mg/ml 5ml №5","Бюджет","Нет","уп.",25,380.06,{"v":9501.5,"d":"9,501.50"}]
["N02BB02","анальгезирующее ненаркотическое средство","Метамизол натрия ","Баралгин М раствор для в/в и в/м вв 500mg/ml 5ml №5","ОМС","Нет","уп.",482,380.06,{"v":183188.92,"d":"183,188.92"}]
["N02BB02","анальгезирующее ненаркотическое средство","Метамизол натрия ","Баралгин М раствор для в/в и в/м вв 500mg/ml 5ml №5","ПЛАТ","Нет","уп.",31,380.06,{"v":11781.86,"d":"11,781.86"}]
["N02BB52","анальгезирующее средство комбинированное (анальгезирующее ненаркотическое средство+спазмолитическое средство)","Метамизол натрия+питофенон+фенпивериния бромид","Спазмалин раствор для в/в и в/м вв 5ml №5","Бюджет","Нет","уп",20,109.74,{"v":2194.7999999999997,"d":"2,194.80"}]
["N02BB52","анальгезирующее средство комбинированное (анальгезирующее ненаркотическое средство+спазмолитическое средство)","Метамизол натрия+питофенон+фенпивериния бромид","Спазмалин раствор для в/в и в/м вв 5ml №5","ОМС","Нет","уп",517,109.74,{"v":56735.579999999994,"d":"56,735.58"}]
["N02BB52","анальгезирующее средство комбинированное (анальгезирующее ненаркотическое средство+спазмолитическое средство)","Метамизол натрия+питофенон+фенпивериния бромид","Спазмалин раствор для в/в и в/м вв 5ml №5","ПЛАТ","Нет","уп",62,109.74,{"v":6803.88,"d":"6,803.88"}]
["N02BE01","анальгезирующее ненаркотическое средство","Парацетамол","Парацетамол раствор для инфузий 10mg/ml 100ml","Бюджет","Да","уп",830,66.79,{"v":55435.700000000004,"d":"55,435.70"}]
["N02BE01","анальгезирующее ненаркотическое средство","Парацетамол","Парацетамол раствор для инфузий 10mg/ml 100ml","ОМС","Да","уп",3926,66.79,{"v":262217.54000000004,"d":"262,217.54"}]
["N02BE01","анальгезирующее ненаркотическое средство","Парацетамол","Парацетамол раствор для инфузий 10mg/ml 100ml","ПЛАТ","Да","уп",210,66.79,{"v":14025.900000000001,"d":"14,025.90"}]
["N02BE01","анальгезирующее ненаркотическое средство","Парацетамол","Парацетамол табл 500mg №10","Бюджет","Да","уп",31,4.75,147.25]
["N02BE01","анальгезирующее ненаркотическое средство","Парацетамол","Парацетамол табл 500mg №10","ОМС","Да","уп",278,4.75,{"v":1320.5,"d":"1,320.50"}]
["N02BE01","анальгезирующее ненаркотическое средство","Парацетамол","Парацетамол табл 500mg №10","ПЛАТ","Да","уп",61,4.75,289.75]
["N02BE51","ОРЗ и \"простуды\" симптомов средство устранения (анальгезирующее ненаркотическое средство+психостимулирующее средство+альфа-адреномиметик+отхаркивающее средство+витамин)","Кофеин + Парацетамол + Фенилэфрин + Терпингидрат + Аскорбиновая кислота ","Колдрекс табл №12","ОМС","Нет","уп.",5,196.98,{"v":984.9,"d":"984.90"}]
["N02BE51","ОРЗ и \"простуды\" симптомов средство устранения (анальгезирующее ненаркотическое средство+психостимулирующее средство+альфа-адреномиметик+отхаркивающее средство+витамин)","Кофеин + Парацетамол + Фенилэфрин + Терпингидрат + Аскорбиновая кислота ","Колдрекс табл №12","ПЛАТ","Нет","уп.",5,196.98,{"v":984.9,"d":"984.90"}]
["N02BE71","анальгезирующее средство комбинированное (НПВП+анальгезирующее ненаркотическое средство+психостимулирующее средство)","Дротаверин+Кофеин+Напроксен+Парацетамол+Фенирамин","Пенталгин табл п/п/о №12","ОМС","Нет","уп",144,110.66,{"v":15935.039999999999,"d":"15,935.04"}]
["N02BE71","анальгезирующее средство комбинированное (НПВП+анальгезирующее ненаркотическое средство+психостимулирующее средство)","Дротаверин+Кофеин+Напроксен+Парацетамол+Фенирамин","Пенталгин табл п/п/о №12","ПЛАТ","Нет","уп",25,110.66,{"v":2766.5,"d":"2,766.50"}]
["N02BG06","анальгезирующее средство центрального действия","Нефопам","Акупан-Биокодекс раствор для инфузий и в/м вв 10mg/ml 2ml №5","Бюджет","Нет","уп",31,1250,{"v":38750,"d":"38,750.00"}]
["N02BG06","анальгезирующее средство центрального действия","Нефопам","Акупан-Биокодекс раствор для инфузий и в/м вв 10mg/ml 2ml №5","ОМС","Нет","уп",59,1250,{"v":73750,"d":"73,750.00"}]
["N02BG06","анальгезирующее средство центрального действия","Нефопам","Акупан-Биокодекс раствор для инфузий и в/м вв 10mg/ml 2ml №5","ПЛАТ","Нет","уп",10,1250,{"v":12500,"d":"12,500.00"}]
["N03AF01","противоэпилептическое средство","Карбамазепин","Карбамазепин табл 200mg № 50","ОМС","Да","уп.",378,61.47,{"v":23235.66,"d":"23,235.66"}]
["N03AF01","противоэпилептическое средство","Карбамазепин","Карбамазепин табл 200mg № 50","ПЛАТ","Да","уп.",26,61.47,{"v":1598.22,"d":"1,598.22"}]
["N03AG01","противоэпилептическое средство","Вальпроевая кислота","Конвулекс раствор для в/в  вв 100mg/ml 5ml №5","ОМС","Да","уп",6,1471.94,{"v":8831.64,"d":"8,831.64"}]
["N03AG01","противоэпилептическое средство","Вальпроевая кислота","Энкорат хроно табл с контрол.высвобождением п/о 500mg №30","ОМС","Да","уп",53,358.62,{"v":19006.86,"d":"19,006.86"}]
["N03AG01","противоэпилептическое средство","Вальпроевая кислота","Энкорат хроно табл с контрол.высвобождением п/о 500mg №30","ПЛАТ","Да","уп",5,358.62,{"v":1793.1,"d":"1,793.10"}]
["N03AG01","противоэпилептическое средство","Вальпроевая кислота ","Вальпарин ХР табл пролог п/п/о 300mg №100","ОМС","Да","уп.",22,668.18,{"v":14699.96,"d":"14,699.96"}]
["N03AG01","противоэпилептическое средство","Вальпроевая кислота ","Вальпарин ХР табл пролог п/п/о 300mg №100","ПЛАТ","Да","уп.",2,668.18,{"v":1336.36,"d":"1,336.36"}]
["N03AX12","противоэпилептическое средство","Габапентин","Габапентин Канон капсулы 300mg №50","ОМС","Нет","уп",58,495.06,{"v":28713.48,"d":"28,713.48"}]
["N03AX12","противоэпилептическое средство","Габапентин","Габапентин Канон капсулы 300mg №50","ПЛАТ","Нет","уп",25,495.06,{"v":12376.5,"d":"12,376.50"}]
["N03AX12","противоэпилептическое средство","Габапентин","Тебантин капс 300mg №50","ОМС","Нет","уп",22,1015.9,{"v":22349.8,"d":"22,349.80"}]
["N03AX12","противоэпилептическое средство","Габапентин","Тебантин капс 300mg №50","ПЛАТ","Нет","уп",20,1015.9,{"v":20318,"d":"20,318.00"}]
["N03AX16","противоэпилептическое средство","Прегабалин","Прегабалин Канон капс 75mg №14","ПЛАТ","Да","уп",20,441.41,{"v":8828.2,"d":"8,828.20"}]
["N03AX16","противоэпилептическое средство","Прегабалин","Прегабалин-Рихтер капсулы 75mg","ОМС","Да","капс",30,33.83,{"v":1014.9,"d":"1,014.90"}]
["N03AX16","противоэпилептическое средство","Прегабалин","Прегабалин-Рихтер капсулы 75mg","ПЛАТ","Да","капс",10,33.83,{"v":338.29999999999995,"d":"338.30"}]
["N04BA","противопаркинсоническое средство (дофамина предшественник+декарбоксилазы периферический ингибитор)","Леводопа+Бенсеразид","Мадопар \"250\" табл 200mg+50mg №100","ОМС","Да","уп",5,1365.94,{"v":6829.700000000001,"d":"6,829.70"}]
["N04BA","противоэпилептическое средство","Леводопа+Бенсеразид","Мадопар \"125\" капс 100mg+25mg №100","ОМС","Да","уп",13,747.91,{"v":9722.83,"d":"9,722.83"}]
["N04BA","противоэпилептическое средство","Леводопа+Бенсеразид","Мадопар \"125\" капс 100mg+25mg №100","ПЛАТ","Да","уп",3,747.91,{"v":2243.73,"d":"2,243.73"}]
["N04BB01","Противопаркинсонические средства","Амантадин","ПК-Мерц  табл п/п/о 100mg №30","ОМС","Да","уп",35,258.89,{"v":9061.15,"d":"9,061.15"}]
["N04BB01","Противопаркинсонические средства","Амантадин","ПК-Мерц  табл п/п/о 100mg №30","ПЛАТ","Да","уп",2,258.89,517.78]
["N04BB01","противопаркинсоническое средство","Амантадин","ПК-Мерц фл 0,4mg/ml 500ml №2","ОМС","Да","уп",3,1440.16,{"v":4320.4800000000005,"d":"4,320.48"}]
["N04BB01","противопаркинсоническое средство","Амантадин","ПК-Мерц фл 0,4mg/ml 500ml №2","ПЛАТ","Да","уп",3,1440.16,{"v":4320.4800000000005,"d":"4,320.48"}]
["N04BC05","противопаркинсоническое средство, дофаминовых рецепторов агонист","Прамипексол","Прамипексол табл 1mg №30","ОМС","Да","уп",1,796.89,796.89]
["N04BC08","противопаркинсоническое средство, дофаминовых рецепторов агонист","Пирибедил","Проноран табл п/о 50mg №30","ОМС","Да","уп",15,530.03,{"v":7950.45,"d":"7,950.45"}]
["N04BC08","противопаркинсоническое средство, дофаминовых рецепторов агонист","Пирибедил","Проноран табл п/о 50mg №30","ПЛАТ","Да","уп",4,530.03,{"v":2120.12,"d":"2,120.12"}]
["N05AA01","антипсихотическое средство (нейролептик)","Хлорпромазин","Аминазин раствор для в/в и в/м вв 25mg/ml 2ml №10","ОМС","Да","уп",104,181.72,{"v":18898.88,"d":"18,898.88"}]
["N05AA01","антипсихотическое средство (нейролептик)","Хлорпромазин","Аминазин раствор для в/в и в/м вв 25mg/ml 2ml №10","ПЛАТ","Да","уп",3,181.72,545.16]
["N05AA01","антипсихотическое средство (нейролептик)","Хлорпромазин","Аминазин табл п/п/о 50mg №10","ОМС","Да","уп",10,209.95,{"v":2099.5,"d":"2,099.50"}]
["N05AC02","антипсихотическое средство (нейролептик)","Тиоридазин","Сонапакс табл п/о 10mg №60","Бюджет","Да","уп",62,286.57,{"v":17767.34,"d":"17,767.34"}]
["N05AC02","антипсихотическое средство (нейролептик)","Тиоридазин","Сонапакс табл п/о 10mg №60","ОМС","Да","уп",219,286.57,{"v":62758.83,"d":"62,758.83"}]
["N05AC02","антипсихотическое средство (нейролептик)","Тиоридазин","Сонапакс табл п/о 10mg №60","ПЛАТ","Да","уп",5,286.57,{"v":1432.85,"d":"1,432.85"}]
["N05AC02","антипсихотическое средство (нейролептик)","Тиоридазин","Тиорил табл 25mg №100","Бюджет","Да","уп",5,118.37,591.85]
["N05AC02","антипсихотическое средство (нейролептик)","Тиоридазин","Тиорил табл 25mg №100","ОМС","Да","уп",62,118.37,{"v":7338.9400000000005,"d":"7,338.94"}]
["N05AC02","антипсихотическое средство (нейролептик)","Тиоридазин","Тиорил табл 25mg №100","ПЛАТ","Да","уп",5,118.37,591.85]
["N05AD01","антипсихотическое средство (нейролептик)","Галоперидол","Галоперидол раствор для в/в и в/м вв 5mg/ml 1ml №10","Бюджет","Да","уп",1,157.11,157.11]
["N05AD01","антипсихотическое средство (нейролептик)","Галоперидол","Галоперидол раствор для в/в и в/м вв 5mg/ml 1ml №10","ОМС","Да","уп",461,157.11,{"v":72427.71,"d":"72,427.71"}]
["N05AD01","антипсихотическое средство (нейролептик)","Галоперидол","Галоперидол раствор для в/в и в/м вв 5mg/ml 1ml №10","ПЛАТ","Да","уп",3,157.11,{"v":471.33000000000004,"d":"471.33"}]
["N05AD01","антипсихотическое средство (нейролептик)","Галоперидол","Галоперидол табл 5mg №50","ОМС","Да","уп",28,76.5,{"v":2142,"d":"2,142.00"}]
["N05AD01","антипсихотическое средство (нейролептик)","Галоперидол","Галоперидол табл 5mg №50","ПЛАТ","Да","уп",2,76.5,{"v":153,"d":"153.00"}]
["N05AF03","антипсихотическое средство (нейролептик)","Хлорпротиксен","Хлорпротиксен Зентива табл п/п/о 15mg №30","Бюджет","Нет","уп",10,225.16,{"v":2251.6,"d":"2,251.60"}]
["N05AF03","антипсихотическое средство (нейролептик)","Хлорпротиксен","Хлорпротиксен Зентива табл п/п/о 15mg №30","ОМС","Нет","уп",132,225.16,{"v":29721.12,"d":"29,721.12"}]
["N05AF03","антипсихотическое средство (нейролептик)","Хлорпротиксен","Хлорпротиксен Зентива табл п/п/о 15mg №30","ПЛАТ","Нет","уп",2,225.16,450.32]
["N05AL01","антипсихотическое средство (нейролептик)","Сульпирид","Бетамакс табл 100mg №30","ОМС","Да","уп",86,279.97,{"v":24077.420000000002,"d":"24,077.42"}]
["N05AL01","антипсихотическое средство (нейролептик)","Сульпирид","Бетамакс табл 100mg №30","ПЛАТ","Да","уп",21,279.97,{"v":5879.370000000001,"d":"5,879.37"}]
["N05AL01","антипсихотическое средство (нейролептик)","Сульпирид","Сульпирид раствор для в/м вв 50mg/ml 2ml №10","ОМС","Да","уп",62,142.14,{"$f":"H963*I963","v":{"v":8812.679999999998,"d":"8,812.68"}}]
["N05AL01","антипсихотическое средство (нейролептик)","Сульпирид","Сульпирид табл 50mg № 30","ОМС","Да","уп",257,70.67,{"v":18162.19,"d":"18,162.19"}]
["N05AL01","антипсихотическое средство (нейролептик)","Сульпирид","Сульпирид табл 50mg № 30","ПЛАТ","Да","уп",47,70.67,{"v":3321.4900000000002,"d":"3,321.49"}]
["N05BA01","транквилизатор","Диазепам","Реланиум раствор для в/в и в/м вв 5mg/ml 2ml","ОМС","Да","амп",3420,21.85,{"v":74727,"d":"74,727.00"}]
["N05BA23","анксиолитическое средство (транквилизатор)","Тофизопам","Грандаксин табл 50mg №20","ОМС","Нет","уп",56,447.38,{"v":25053.28,"d":"25,053.28"}]
["N05BA23","анксиолитическое средство (транквилизатор)","Тофизопам","Грандаксин табл 50mg №20","ПЛАТ","Нет","уп",13,447.38,{"v":5815.94,"d":"5,815.94"}]
["N05BB01","анксиолитическое средство (транквилизатор)","Гидроксизин","Гидроксизин Канон  табл п/п/о 25mg №25","ОМС","Да","уп.",499,285.28,{"v":142354.71999999997,"d":"142,354.72"}]
["N05BB01","анксиолитическое средство (транквилизатор)","Гидроксизин","Гидроксизин Канон  табл п/п/о 25mg №25","ПЛАТ","Да","уп.",35,285.28,{"v":9984.8,"d":"9,984.80"}]
["N05BX","анксиолитическое средство (транквилизатор)","Бромдигидрохлорфенилбензодиазепин","Феназепам раствор для в/в и в/м вв 1mg/ml 1ml №10","Бюджет","Да","уп",53,164.31,{"v":8708.43,"d":"8,708.43"}]
["N05BX","анксиолитическое средство (транквилизатор)","Бромдигидрохлорфенилбензодиазепин","Феназепам раствор для в/в и в/м вв 1mg/ml 1ml №10","ОМС","Да","уп",987,164.31,{"v":162173.97,"d":"162,173.97"}]
["N05BX","анксиолитическое средство (транквилизатор)","Бромдигидрохлорфенилбензодиазепин","Феназепам раствор для в/в и в/м вв 1mg/ml 1ml №10","ПЛАТ","Да","уп",22,164.31,{"v":3614.82,"d":"3,614.82"}]
["N05BX","анксиолитическое средство (транквилизатор)","Бромдигидрохлорфенилбензодиазепин","Феназепам табл 0,5mg №50","Бюджет","Да","уп",5,94.04,{"v":470.20000000000005,"d":"470.20"}]
["N05BX","анксиолитическое средство (транквилизатор)","Бромдигидрохлорфенилбензодиазепин","Феназепам табл 0,5mg №50","ОМС","Да","уп",137,94.04,{"v":12883.480000000001,"d":"12,883.48"}]
["N05BX","анксиолитическое средство (транквилизатор)","Бромдигидрохлорфенилбензодиазепин","Феназепам табл 0,5mg №50","ПЛАТ","Да","уп",6,94.04,564.24]
["N05BX","анксиолитическое средство (транквилизатор)","Бромдигидрохлорфенилбензодиазепин","Феназепам табл 1mg №50","Бюджет","Да","уп",5,112.21,561.05]
["N05BX","анксиолитическое средство (транквилизатор)","Бромдигидрохлорфенилбензодиазепин","Феназепам табл 1mg №50","ОМС","Да","уп",152,112.21,{"v":17055.92,"d":"17,055.92"}]
["N05BX","анксиолитическое средство (транквилизатор)","Бромдигидрохлорфенилбензодиазепин","Феназепам табл 1mg №50","ПЛАТ","Да","уп",7,112.21,{"v":785.4699999999999,"d":"785.47"}]
["N05BX","анксиолитическое средство (транквилизатор)","Фабомотизол","Афобазол табл 10mg №60","ОМС","Нет","уп",28,580.8,{"v":16262.399999999998,"d":"16,262.40"}]
["N05BX","анксиолитическое средство (транквилизатор)","Фабомотизол","Афобазол табл 10mg №60","ПЛАТ","Нет","уп",15,580.8,{"v":8712,"d":"8,712.00"}]
["N05BX","ноотропное средство","Аминофенилмасляная кислота","Фенибут табл 250mg №20","Бюджет","Нет","уп",30,90.16,{"v":2704.7999999999997,"d":"2,704.80"}]
["N05BX","ноотропное средство","Аминофенилмасляная кислота","Фенибут табл 250mg №20","ОМС","Нет","уп",63,90.16,{"v":5680.08,"d":"5,680.08"}]
["N05BX","ноотропное средство","Аминофенилмасляная кислота","Фенибут табл 250mg №20","ПЛАТ","Нет","уп",10,90.16,{"v":901.5999999999999,"d":"901.60"}]
["N05CB02","седативное средство","Мяты перечной листьев масло+Фенобарбитал+Этилбромизовалерианат","Корвалол капл д/пр внутрь 25ml","ОМС","Нет","уп",530,22.2,{"v":11766,"d":"11,766.00"}]
["N05CD08","снотворное и седативное средство","Мидазолам","Дормикум раствор для в/в и в/м вв 5mg/ml 1ml","ОМС","Да","амп",3000,37.099,{"v":111296.99999999999,"d":"111,297.00"}]
["N05CF01","снотворное средство","Зопиклон","Сомнол табл п/п/о 7,5mg №1","ОМС","Да","табл",810,8.917617,{"v":7223.26977,"d":"7,223.27"}]
["N05CF01","снотворное средство","Зопиклон","Сомнол табл п/п/о 7,5mg №1","ПЛАТ","Да","табл",15,8.917617,{"v":133.764255,"d":"133.76"}]
["N05CM","седативное средство растительного происхождения","Пустырника трава","Пустырника настойка капл д/пр внутрь 25ml","ОМС","Нет","уп",136,12.34,{"v":1678.24,"d":"1,678.24"}]
["N05CM","седативное средство растительного происхождения","Пустырника трава","Пустырника настойка капл д/пр внутрь 25ml","ПЛАТ","Нет","уп",20,12.34,{"v":246.8,"d":"246.80"}]
["N05CM09","седативное средство растительного происхождения","Валерианы корневища с корнями","Валерианы настойка настойка 25ml","ОМС","Нет","уп",220,13.59,{"v":2989.8,"d":"2,989.80"}]
["N05CM09","седативное средство растительного происхождения","Валерианы корневища с корнями","Валерианы настойка настойка 25ml","ПЛАТ","Нет","уп",12,13.59,{"v":163.07999999999998,"d":"163.08"}]
["N05CM18","седативное средство","Дексмедетомидин","Дексдор конц-т д/приг раствора для инфузий 100mkg/ml 2ml №5","Бюджет","Нет","уп",17,10821.66,{"v":183968.22,"d":"183,968.22"}]
["N05CM18","седативное средство","Дексмедетомидин","Дексдор конц-т д/приг раствора для инфузий 100mkg/ml 2ml №5","ОМС","Нет","уп",22,10821.66,{"v":238076.52,"d":"238,076.52"}]
["N05CM18","седативное средство","Дексмедетомидин","Дексдор конц-т д/приг раствора для инфузий 100mkg/ml 2ml №5","ПЛАТ","Нет","уп",8,10821.66,{"v":86573.28,"d":"86,573.28"}]
["N06AA09","антидепрессант","Амитриптилин","Амитриптилин раствор для в/в и в/м вв 10mg/ml 2ml №10","ПЛАТ","Да","уп",2,54.62,109.24]
["N06AA09","антидепрессант","Амитриптилин","Амитриптилин табл 25mg №50","Бюджет","Да","уп.",2,56.77,113.54]
["N06AA09","антидепрессант","Амитриптилин","Амитриптилин табл 25mg №50","ОМС","Да","уп.",238,56.77,{"v":13511.26,"d":"13,511.26"}]
["N06AA09","антидепрессант","Амитриптилин","Амитриптилин табл 25mg №50","ПЛАТ","Да","уп.",30,56.77,{"v":1703.1000000000001,"d":"1,703.10"}]
["N06AB03","антидепрессант","Флуоксетин","Флуоксетин капс 20mg №30","ПЛАТ","Да","уп",3,118.52,355.56]
["N06AB05","антидепрессант","Пароксетин","Пароксетин табл п/п/о 20mg №30","ОМС","Да","уп",20,536.61,{"v":10732.2,"d":"10,732.20"}]
["N06AB05","антидепрессант","Пароксетин","Пароксетин табл п/п/о 20mg №30","ПЛАТ","Да","уп",8,536.61,{"v":4292.88,"d":"4,292.88"}]
["N06AB08","антидепрессант","Флувоксамин","Феварин табл п/о 50mg №15","ПЛАТ","Нет","уп",5,1087.8,{"v":5439,"d":"5,439.00"}]
["N06AX21","антидепрессант","Дулоксетин","Дулоксетин Канон капс к/раст 30mg №14","ОМС","Нет","уп",20,1243.2,{"v":24864,"d":"24,864.00"}]
["N06AX21","антидепрессант","Дулоксетин","Дулоксетин Канон капс к/раст 30mg №14","ПЛАТ","Нет","уп",1,1243.2,{"v":1243.2,"d":"1,243.20"}]
["N06AX22","снотворное средство","Агомелатин","Вальдоксан табл п/о 25mg №14","ПЛАТ","Да","уп",2,937.85,{"v":1875.7,"d":"1,875.70"}]
["N06BC01","психостимулирующее средство","Кофеин","Кофеин-бензоат натрия раствор для инъекций 200mg/ml 1ml № 10","Б.Опк","Да","уп",2,34.53,69.06]
["N06BC01","психостимулирующее средство","Кофеин","Кофеин-бензоат натрия раствор для инъекций 200mg/ml 1ml № 10","Бюджет","Да","уп",7,34.53,241.71]
["N06BC01","психостимулирующее средство","Кофеин","Кофеин-бензоат натрия раствор для инъекций 200mg/ml 1ml № 10","ОМС","Да","уп",154,34.53,{"v":5317.62,"d":"5,317.62"}]
["N06BC01","психостимулирующее средство","Кофеин","Кофеин-бензоат натрия раствор для инъекций 200mg/ml 1ml № 10","ПЛАТ","Да","уп",1,34.53,34.53]
["N06BX","Ноотропы","Глицин","Глицин  табл п/язычн 100mg №50","ОМС","Да","уп",1,29.9,{"v":29.9,"d":"29.90"}]
["N06BX","метаболическое средство","Глицин","Глицин-БИО Фармаплант табл п/язычн 100mg №50","ПЛАТ","Да","уп",5,46.13,230.65]
["N06BX","ноотропное средство","Фонтурацетам","Фенотропил табл 100mg №30","ПЛАТ","Да","уп",3,1091.14,{"v":3273.42,"d":"3,273.42"}]
["N06BX03","ноотропное средство","Пирацетам","Пирацетам  раствор для в/в и в/м вв 200mg/ml 5ml №10","Бюджет","Да","уп",65,65.56,{"v":4261.400000000001,"d":"4,261.40"}]
["N06BX03","ноотропное средство","Пирацетам","Пирацетам  раствор для в/в и в/м вв 200mg/ml 5ml №10","ОМС","Да","уп",1058,65.56,{"v":69362.48,"d":"69,362.48"}]
["N06BX03","ноотропное средство","Пирацетам","Пирацетам  раствор для в/в и в/м вв 200mg/ml 5ml №10","ПЛАТ","Да","уп",111,65.56,{"v":7277.16,"d":"7,277.16"}]
["N06BX03","ноотропное средство","Пирацетам","Пирацетам  табл 800mg №30","ОМС","Да","уп",63,71.19,{"v":4484.97,"d":"4,484.97"}]
["N06BX06","ноотропное средство","Цитиколин","Нейпилепт раствор для в/в и в/м вв 250mg/ml 4ml №5","ПЛАТ","Да","уп",35,1170.35,{"v":40962.25,"d":"40,962.25"}]
["N06BX06","ноотропное средство","Цитиколин","Цераксон раствор для в/в и в/м вв 1000mg/4ml  №5","ОМС","Да","уп",245,1173.55,{"v":287519.75,"d":"287,519.75"}]
["N06BX06","ноотропное средство","Цитиколин","Цераксон раствор для в/в и в/м вв 1000mg/4ml  №5","ПЛАТ","Да","уп",67,1173.55,{"v":78627.84999999999,"d":"78,627.85"}]
["N06BX18","психостимулирующее и ноотропное средство","Винпоцетин","Винпоцетин конц-т д/приг раствора для инфузий 5mg/ml 5ml №10","ОМС","Да","уп.",374,122.76,{"v":45912.240000000005,"d":"45,912.24"}]
["N06BX18","психостимулирующее и ноотропное средство","Винпоцетин","Винпоцетин конц-т д/приг раствора для инфузий 5mg/ml 5ml №10","ПЛАТ","Да","уп.",51,122.76,{"v":6260.76,"d":"6,260.76"}]
["N06BX18","психостимулирующее и ноотропное средство","Винпоцетин","Винпоцетин табл 5mg №50","ОМС","Да","уп",5,213.98,{"v":1069.8999999999999,"d":"1,069.90"}]
["N06BX18","психостимулирующее и ноотропное средство","Винпоцетин","Винпоцетин форте табл 10mg №30","ОМС","Да","уп",3,268.16,804.48]
["N06BX18","психостимулирующее и ноотропное средство","Винпоцетин","Винпоцетин форте табл 10mg №30","ПЛАТ","Да","уп",17,268.16,{"v":4558.72,"d":"4,558.72"}]
["N06DA04","деменции средство лечения","Галантамин","Галантамин Канон табл п/п/о 8mg №56","ОМС","Да","уп",25,3572.53,{"v":89313.25,"d":"89,313.25"}]
["N06DA04","деменции средство лечения","Галантамин","Галантамин Канон табл п/п/о 8mg №56","ПЛАТ","Да","уп",4,3572.53,{"$f":"H1027*I1027","v":{"v":14290.12,"d":"14,290.12"}}]
["N06DX01","деменции средство лечения","Мемантин","Мемантин табл п/п/о 10mg  №30","ОМС","Да","уп",10,1389.31,{"v":13893.099999999999,"d":"13,893.10"}]
["N06DX01","деменции средство лечения","Мемантин","Мемантин табл п/п/о 10mg  №30","ПЛАТ","Да","уп",5,1389.31,{"v":6946.549999999999,"d":"6,946.55"}]
["N07AA01","холинэстеразы ингибитор","Неостигмина метилсульфат","Прозерин раствор для инъекций 0,5mg/ml 1ml №10","ОМС","Да","уп",783,73.29,{"v":57386.07000000001,"d":"57,386.07"}]
["N07AA01","холинэстеразы ингибитор","Неостигмина метилсульфат","Прозерин раствор для инъекций 0,5mg/ml 1ml №10","ПЛАТ","Да","уп",26,73.29,{"v":1905.5400000000002,"d":"1,905.54"}]
["N07AA01","холинэстеразы ингибитор","Неостигмина метилсульфат","Прозерин табл 15mg №20","ОМС","Да","уп",60,55.54,{"v":3332.4,"d":"3,332.40"}]
["N07AA01","холинэстеразы ингибитор","Неостигмина метилсульфат","Прозерин табл 15mg №20","ПЛАТ","Да","уп",1,55.54,55.54]
["N07AA02","холинэстеразы ингибитор","Пиридостигмина бромид","Пиридостигмна бромид табл 60mg №100","ОМС","Да","уп",70,676.87,{"v":47380.9,"d":"47,380.90"}]
["N07AA02","холинэстеразы ингибитор","Пиридостигмина бромид","Пиридостигмна бромид табл 60mg №100","ПЛАТ","Да","уп",11,676.87,{"v":7445.57,"d":"7,445.57"}]
["N07AX02","ноотропное средство","Холина альфосцерат","Церетон капсулы 400mg №28","ОМС","Да","уп",50,1073.91,{"v":53695.50000000001,"d":"53,695.50"}]
["N07AX02","ноотропное средство","Холина альфосцерат","Церетон капсулы 400mg №28","ПЛАТ","Да","уп",6,1073.91,{"v":6443.460000000001,"d":"6,443.46"}]
["N07AX02","ноотропное средство","Холина альфосцерат","Церетон раствор для в/в и в/м вв 250mg/ml 4ml №5","ОМС","Да","уп",10,627.74,{"v":6277.4,"d":"6,277.40"}]
["N07AX02","ноотропное средство","Холина альфосцерат","Церетон раствор для в/в и в/м вв 250mg/ml 4ml №5","ПЛАТ","Да","уп",5,627.74,{"v":3138.7,"d":"3,138.70"}]
["N07CA01","гистамина препарат","Бетагистин","Бетагистин табл 24mg №20","ОМС","Да","уп",311,273.29,{"v":84993.19,"d":"84,993.19"}]
["N07CA01","гистамина препарат","Бетагистин","Бетагистин табл 24mg №20","ПЛАТ","Да","уп",61,273.29,{"v":16670.690000000002,"d":"16,670.69"}]
["N07XX","антиоксидантное средство","Этилметилгидроксипиридина сукцинат","Нейрокс раствор для в/в и в/м вв 50mg/ml 5ml №5","ОМС","Да","уп",110,332.91,{"v":36620.100000000006,"d":"36,620.10"}]
["N07XX","антиоксидантное средство","Этилметилгидроксипиридина сукцинат","Нейрокс раствор для в/в и в/м вв 50mg/ml 5ml №5","ПЛАТ","Да","уп",153,332.91,{"v":50935.23,"d":"50,935.23"}]
["N07XX","витамины группы B+прочие препараты","~","КомплигамВ раствор для в/м вв 2ml №5","ОМС","Нет","уп",128,203.13,{"v":26000.64,"d":"26,000.64"}]
["N07XX","витамины группы B+прочие препараты","~","КомплигамВ раствор для в/м вв 2ml №5","ПЛАТ","Нет","уп",66,203.13,{"v":13406.58,"d":"13,406.58"}]
["N07XX","метаболическое средство","Инозин+Никотинамид+Рибофлавин+Янтарная кислота","Цитофлавин раствор для в/в  вв 10ml №10","Бюджет","Да","уп",10,1214.13,{"v":12141.300000000001,"d":"12,141.30"}]
["N07XX","метаболическое средство","Инозин+Никотинамид+Рибофлавин+Янтарная кислота","Цитофлавин раствор для в/в  вв 10ml №10","ОМС","Да","уп",404,1214.13,{"v":490508.52,"d":"490,508.52"}]
["N07XX","метаболическое средство","Инозин+Никотинамид+Рибофлавин+Янтарная кислота","Цитофлавин раствор для в/в  вв 10ml №10","ПЛАТ","Да","уп",122,1214.13,{"v":148123.86000000002,"d":"148,123.86"}]
["N07XX","ноотропное средство","Полипептиды коры головного мозга эмбрионов свиней","Целлекс раствор для п/к вв 0,1mg/ml 1ml №5","ОМС","Нет","уп",40,10799.19,{"v":431967.60000000003,"d":"431,967.60"}]
["N07XX","ноотропное средство","Полипептиды коры головного мозга эмбрионов свиней","Целлекс раствор для п/к вв 0,1mg/ml 1ml №5","ПЛАТ","Нет","уп",2,10799.19,{"v":21598.38,"d":"21,598.38"}]
["P03AX01","противочесоточное средство","Бензилбензоат","Бензилбензоат мазь д/наружн прим 20% 25g","ОМС","Да","уп",10,29.47,{"v":294.7,"d":"294.70"}]
["R01AA07","противоконгестивное средство - альфа-адреномиметик","Ксилометазолин","Ксилен капли назал 0,1% 10ml №1","ОМС","Да","уп",60,25.88,{"v":1552.8,"d":"1,552.80"}]
["R01AA07","противоконгестивное средство - альфа-адреномиметик","Ксилометазолин","Ксилометазолин спрей назал 0,1% 10ml №1","ПЛАТ","Да","уп",5,126.75,633.75]
["R01AA08","носа заболеваний средство лечения","Нафазолин","Нафтизин капли назал 0,1% 10ml №1","ОМС","Нет","уп",6,17.97,107.82]
["R01AA08","носа заболеваний средство лечения","Нафазолин","Нафтизин капли назал 0,1% 10ml №1","ПЛАТ","Нет","уп",3,17.97,53.91]
["R02AA01","антисептическое средство","Амбазон","Фарингосепт табл. д/рассас 10mg №20","ОМС","Нет","уп",3,195.36,586.08]
["R02AA01","антисептическое средство","Амбазон","Фарингосепт табл. д/рассас 10mg №20","ПЛАТ","Нет","уп",5,195.36,{"v":976.8000000000001,"d":"976.80"}]
["R02AA01","миорелаксант центрального действия","Баклофен","Баклосан табл 10mg №50","ОМС","Да","уп",95,253.4,{"v":24073,"d":"24,073.00"}]
["R02AA01","миорелаксант центрального действия","Баклофен","Баклосан табл 10mg №50","ПЛАТ","Да","уп",20,253.4,{"v":5068,"d":"5,068.00"}]
["R03AC02","бронходилатирующее средство - бета2-адреномиметик селективный","Сальбутамол","Вентолин Небулы раствор для ингаляций 1mg/ml 2,5 ml №20","Бюджет","Да","уп",6,262.83,{"v":1576.98,"d":"1,576.98"}]
["R03AC02","бронходилатирующее средство - бета2-адреномиметик селективный","Сальбутамол","Вентолин Небулы раствор для ингаляций 1mg/ml 2,5 ml №20","ОМС","Да","уп",113,262.83,{"v":29699.789999999997,"d":"29,699.79"}]
["R03AC02","бронходилатирующее средство - бета2-адреномиметик селективный","Сальбутамол","Вентолин Небулы раствор для ингаляций 1mg/ml 2,5 ml №20","ПЛАТ","Да","уп",30,262.83,{"v":7884.9,"d":"7,884.90"}]
["R03AC02","бронходилатирующее средство - бета2-адреномиметик селективный","Сальбутамол","Сальбутамол аэрозоль д/инг дозир 100mkg/dosis 200dosis 12ml №1","ОМС","Да","уп",38,174.82,{"v":6643.16,"d":"6,643.16"}]
["R03AC02","бронходилатирующее средство - бета2-адреномиметик селективный","Сальбутамол","Сальбутамол-СОЛОфарм раствор для ингаляций 1mg/ml 2,5 ml №20","ОМС","Да","уп",2,419.98,839.96]
["R03AC02","бронходилатирующее средство - бета2-адреномиметик селективный","Сальбутамол","Сальбутамол-СОЛОфарм раствор для ингаляций 1mg/ml 2,5 ml №20","ПЛАТ","Да","уп",15,419.98,{"v":6299.700000000001,"d":"6,299.70"}]
["R03AC02","бронходилатирующее средство - бета2-адреномиметик селективный","Сальбутамол","Сальбутамол-Фармстандарт аэрозоль д/инг дозир 100mkg/dosis 200dosis №1","ОМС","Да","уп",15,113.04,{"v":1695.6000000000001,"d":"1,695.60"}]
["R03AC04","бронходилатирующее средство - бета2-адреномиметик селективный","Фенотерол","Фенотерол-аэронатив аэрозоль д/инг дозир 100mkg/dosis 200dosis","ОМС","Нет","уп",17,422.82,{"v":7187.94,"d":"7,187.94"}]
["R03AC04","бронходилатирующее средство - бета2-адреномиметик селективный","Фенотерол","Фенотерол-натив раствор для ингаляций 1mg/ml 20ml №1","ОМС","Да","уп",8,386.91,{"v":3095.28,"d":"3,095.28"}]
["R03AK03","бронходилатирующее средство комбинированное (бета2-адреномиметик селективный+м-холиноблокатор)","Ипратропия бромид+Фенотерол","Ипратерол-аэронатив аэрозоль д/инг дозир 20mkg/dosis+50mkg/dosis 200dosis №1","ОМС","Да","уп",4,394.23,{"v":1576.92,"d":"1,576.92"}]
["R03AK03","бронходилатирующее средство комбинированное (бета2-адреномиметик селективный+м-холиноблокатор)","Ипратропия бромид+Фенотерол","Ипратерол-аэронатив аэрозоль д/инг дозир 20mkg/dosis+50mkg/dosis 200dosis №1","ПЛАТ","Да","уп",3,394.23,{"v":1182.69,"d":"1,182.69"}]
["R03AK03","бронходилатирующее средство комбинированное (бета2-адреномиметик селективный+м-холиноблокатор)","Ипратропия бромид+Фенотерол","Ипратерол-натив раствор для ингаляций 0,25mg/ml+0,5mg/ml 20ml №1","Бюджет","Да","уп",12,230.23,{"v":2762.7599999999998,"d":"2,762.76"}]
["R03AK03","бронходилатирующее средство комбинированное (бета2-адреномиметик селективный+м-холиноблокатор)","Ипратропия бромид+Фенотерол","Ипратерол-натив раствор для ингаляций 0,25mg/ml+0,5mg/ml 20ml №1","ОМС","Да","уп",532,230.23,{"v":122482.36,"d":"122,482.36"}]
["R03AK03","бронходилатирующее средство комбинированное (бета2-адреномиметик селективный+м-холиноблокатор)","Ипратропия бромид+Фенотерол","Ипратерол-натив раствор для ингаляций 0,25mg/ml+0,5mg/ml 20ml №1","ПЛАТ","Да","уп",30,230.23,{"v":6906.9,"d":"6,906.90"}]
["R03AL06","бронхолитическое средство комбинированное (бета2-адреномиметик длительного действия+м-холиноблокатор)","Олодатерол+Тиотропия бромид","Спиолто Респимат раствор для ингаляций 2.5mkg+2,5mkg/dosis 4ml","ПЛАТ","Да","уп",2,2983.52,{"v":5967.04,"d":"5,967.04"}]
["R03BA02","глюкокортикостероид для местного применения","Будесонид","Буденит Стери-Неб  сусп д/инг дозир 0,5mg/ml-2ml №60","Бюджет","Да","уп.",10,2299.54,{"v":22995.4,"d":"22,995.40"}]
["R03BA02","глюкокортикостероид для местного применения","Будесонид","Буденит Стери-Неб  сусп д/инг дозир 0,5mg/ml-2ml №60","ОМС","Да","уп.",80,2299.54,{"v":183963.2,"d":"183,963.20"}]
["R03BA02","глюкокортикостероид для местного применения","Будесонид","Буденит Стери-Неб  сусп д/инг дозир 0,5mg/ml-2ml №60","ПЛАТ","Да","уп.",7,2299.54,{"v":16096.779999999999,"d":"16,096.78"}]
["R03BA02","глюкокортикостероид для местного применения","Будесонид","Будесонид-натив раствор для ингаляций 0,25mg/ml 2ml №10","ОМС","Да","уп",3,312.58,937.74]
["R03BA02","глюкокортикостероид для местного применения","Будесонид","Будесонид-натив раствор для ингаляций 0,25mg/ml 2ml №10","ПЛАТ","Да","уп",25,312.58,{"v":7814.5,"d":"7,814.50"}]
["R03BB01","м-холиноблокатор","Ипратропия бромид","Ипратропиум-натив  раствор для ингаляций 0,25mg/ml 20ml №1","Бюджет","Да","уп",12,208.73,{"v":2504.7599999999998,"d":"2,504.76"}]
["R03BB01","м-холиноблокатор","Ипратропия бромид","Ипратропиум-натив  раствор для ингаляций 0,25mg/ml 20ml №1","ОМС","Да","уп",232,208.73,{"v":48425.36,"d":"48,425.36"}]
["R03BB01","м-холиноблокатор","Ипратропия бромид","Ипратропиум-натив  раствор для ингаляций 0,25mg/ml 20ml №1","ПЛАТ","Да","уп",20,208.73,{"v":4174.599999999999,"d":"4,174.60"}]
["R03DA05","бронходилатирующее средство","Аминофиллин","Эуфиллин  раствор для в/в  вв 24mg/ml 10ml №10","Б.Опк","Да","уп",2,41.67,83.34]
["R03DA05","бронходилатирующее средство","Аминофиллин","Эуфиллин  раствор для в/в  вв 24mg/ml 10ml №10","Бюджет","Да","уп",40,41.67,{"v":1666.8000000000002,"d":"1,666.80"}]
["R03DA05","бронходилатирующее средство","Аминофиллин","Эуфиллин  раствор для в/в  вв 24mg/ml 10ml №10","ОМС","Да","уп",1751,41.67,{"v":72964.17,"d":"72,964.17"}]
["R03DA05","бронходилатирующее средство","Аминофиллин","Эуфиллин  раствор для в/в  вв 24mg/ml 10ml №10","ПЛАТ","Да","уп",40,41.67,{"v":1666.8000000000002,"d":"1,666.80"}]
["R05CB01","отхаркивающее муколитическое средство","Ацетилцистеин","Ацетилцистеин Канон гранулы д/приг р-ра д/вн прим 200mg №20","ОМС","Да","уп",385,152.19,{"v":58593.15,"d":"58,593.15"}]
["R05CB01","отхаркивающее муколитическое средство","Ацетилцистеин","Ацетилцистеин Канон гранулы д/приг р-ра д/вн прим 200mg №20","ПЛАТ","Да","уп",27,152.19,{"v":4109.13,"d":"4,109.13"}]
["R05CB01","отхаркивающее муколитическое средство","Ацетилцистеин","Флуимуцил раствор для инъекций и ингаляций амп 100mg/ml 3ml №5","Бюджет","Да","уп",5,214.56,{"v":1072.8,"d":"1,072.80"}]
["R05CB01","отхаркивающее муколитическое средство","Ацетилцистеин","Флуимуцил раствор для инъекций и ингаляций амп 100mg/ml 3ml №5","ОМС","Да","уп",72,214.56,{"v":15448.32,"d":"15,448.32"}]
["R05CB03","отхаркивающее муколитическое средство","Карбоцистеин","Флуифорт гранулы для пригот суспензии внутрь 2,7g №10","Бюджет","Нет","уп",12,553,{"$f":"H1091*I1091","v":{"v":6636,"d":"6,636.00"}}]
["R05CB03","отхаркивающее муколитическое средство","Карбоцистеин","Флуифорт гранулы для пригот суспензии внутрь 2,7g №10","ОМС","Нет","уп",62,553,{"v":34286,"d":"34,286.00"}]
["R05CB03","отхаркивающее муколитическое средство","Карбоцистеин","Флуифорт гранулы для пригот суспензии внутрь 2,7g №10","ПЛАТ","Нет","уп",2,553,{"v":1106,"d":"1,106.00"}]
["R05CB06","отхаркивающее муколитическое средство","Амброксол","Амбробене капс 75mg №10","ПЛАТ","Да","уп",20,176.94,{"v":3538.8,"d":"3,538.80"}]
["R05CB06","отхаркивающее муколитическое средство","Амброксол","Амброксол  р-р для приема внутрь и инг 7,5mg/ml 100ml №1","ПЛАТ","Да","фл",20,299.69,{"v":5993.8,"d":"5,993.80"}]
["R05CB06","отхаркивающее муколитическое средство","Амброксол","Амброксол  р-р для приема внутрь и инг 7,5mg/ml 40ml №1","ОМС","Да","уп",27,119.87,{"v":3236.4900000000002,"d":"3,236.49"}]
["R05CB06","отхаркивающее муколитическое средство","Амброксол","Амброксол табл 30 mg №20","Бюджет","Да","уп",10,31.04,{"v":310.4,"d":"310.40"}]
["R05CB06","отхаркивающее муколитическое средство","Амброксол","Амброксол табл 30 mg №20","ОМС","Да","уп",1076,31.04,{"v":33399.04,"d":"33,399.04"}]
["R05CB06","отхаркивающее муколитическое средство","Амброксол","Амброксол табл 30 mg №20","ПЛАТ","Да","уп",39,31.04,{"v":1210.56,"d":"1,210.56"}]
["R05DB13","противокашлевое средство центрального действия","Бутамират","Синекод сироп 1,5mg/ml 200ml","ОМС","Нет","уп",2,425.69,851.38]
["R05DB13","противокашлевое средство центрального действия","Бутамират","Синекод сироп 1,5mg/ml 200ml","ПЛАТ","Нет","уп",5,425.69,{"v":2128.45,"d":"2,128.45"}]
["R06AA","противоаллергическое средство - H1-гистаминовых рецепторов блокатор","Клемастин","Тавегил раствор для в/в и в/м вв 1mg/ml 2ml №5","Б.Опк","Нет","уп",1,225.55,225.55]
["R06AA","противоаллергическое средство - H1-гистаминовых рецепторов блокатор","Клемастин","Тавегил раствор для в/в и в/м вв 1mg/ml 2ml №5","ОМС","Нет","уп",144,225.55,{"v":32479.2,"d":"32,479.20"}]
["R06AA","противоаллергическое средство - H1-гистаминовых рецепторов блокатор","Клемастин","Тавегил раствор для в/в и в/м вв 1mg/ml 2ml №5","ПЛАТ","Нет","уп",17,225.55,{"v":3834.3500000000004,"d":"3,834.35"}]
["R06AA","противоаллергическое средство - H1-гистаминовых рецепторов блокатор","Клемастин","Тавегил табл 1mg №20","Бюджет","Нет","уп",5,195.73,978.65]
["R06AA","противоаллергическое средство - H1-гистаминовых рецепторов блокатор","Клемастин","Тавегил табл 1mg №20","ОМС","Нет","уп",61,195.73,{"v":11939.529999999999,"d":"11,939.53"}]
["R06AA","противоаллергическое средство - H1-гистаминовых рецепторов блокатор","Клемастин","Тавегил табл 1mg №20","ПЛАТ","Нет","уп",6,195.73,{"v":1174.3799999999999,"d":"1,174.38"}]
["R06AA02","противоаллергическое средство - H1-гистаминовых рецепторов блокатор","Дифенгидрамин","Димедрол раствор для в/в и в/м вв 10mg/ml 1ml №10","Бюджет","Да","уп",40,24.96,{"v":998.4000000000001,"d":"998.40"}]
["R06AA02","противоаллергическое средство - H1-гистаминовых рецепторов блокатор","Дифенгидрамин","Димедрол раствор для в/в и в/м вв 10mg/ml 1ml №10","ОМС","Да","уп",833,24.96,{"v":20791.68,"d":"20,791.68"}]
["R06AA02","противоаллергическое средство - H1-гистаминовых рецепторов блокатор","Дифенгидрамин","Димедрол раствор для в/в и в/м вв 10mg/ml 1ml №10","ПЛАТ","Да","уп",20,24.96,{"v":499.20000000000005,"d":"499.20"}]
["R06AA02","противоаллергическое средство - H1-гистаминовых рецепторов блокатор","Дифенгидрамин","Димедрол табл 50mg №20","ОМС","Да","уп",46,8.63,396.98]
["R06AA02","противоаллергическое средство - H1-гистаминовых рецепторов блокатор","Дифенгидрамин","Димедрол табл 50mg №20","ПЛАТ","Да","уп",5,8.63,{"v":43.150000000000006,"d":"43.15"}]
["R06AC03","противоаллергическое средство - H1-гистаминовых рецепторов блокатор","Хлоропирамин","Хлоропирамин раствор для в/в и в/м вв 20mg/ml 1ml №5","Бюджет","Да","уп",20,101.17,{"v":2023.4,"d":"2,023.40"}]
["R06AC03","противоаллергическое средство - H1-гистаминовых рецепторов блокатор","Хлоропирамин","Хлоропирамин раствор для в/в и в/м вв 20mg/ml 1ml №5","ОМС","Да","уп",511,101.17,{"v":51697.87,"d":"51,697.87"}]
["R06AC03","противоаллергическое средство - H1-гистаминовых рецепторов блокатор","Хлоропирамин","Хлоропирамин раствор для в/в и в/м вв 20mg/ml 1ml №5","ПЛАТ","Да","уп",43,101.17,{"v":4350.31,"d":"4,350.31"}]
["R06AC03","противоаллергическое средство - H1-гистаминовых рецепторов блокатор","Хлоропирамин","Хлоропирамин табл 25mg №20","Бюджет","Да","уп",3,73.23,219.69]
["R06AC03","противоаллергическое средство - H1-гистаминовых рецепторов блокатор","Хлоропирамин","Хлоропирамин табл 25mg №20","ОМС","Да","уп",243,73.23,{"v":17794.89,"d":"17,794.89"}]
["R06AC03","противоаллергическое средство - H1-гистаминовых рецепторов блокатор","Хлоропирамин","Хлоропирамин табл 25mg №20","ПЛАТ","Да","уп",10,73.23,{"v":732.3000000000001,"d":"732.30"}]
["R06AX13","противоаллергическое средство - H1-гистаминовых рецепторов блокатор","Лоратадин","Лоратадин табл 10mg  №10","ОМС","Да","уп",69,58.5,{"v":4036.5,"d":"4,036.50"}]
["R06AX13","противоаллергическое средство - H1-гистаминовых рецепторов блокатор","Лоратадин","Лоратадин табл 10mg  №10","ПЛАТ","Да","уп",15,58.5,{"v":877.5,"d":"877.50"}]
["R06AX27","противоаллергическое средство - H1-гистаминовых рецепторов блокатор","Дезлоратадин","Дезлоратадин  табл 5mg №10","ОМС","Нет","уп",10,131.42,{"v":1314.1999999999998,"d":"1,314.20"}]
["R06AX27","противоаллергическое средство - H1-гистаминовых рецепторов блокатор","Дезлоратадин","Лордестин табл п/п/о 5mg №10","ОМС","Нет","уп",8,315.98,{"v":2527.84,"d":"2,527.84"}]
["R06AX27","противоаллергическое средство - H1-гистаминовых рецепторов блокатор","Дезлоратадин","Лордестин табл п/п/о 5mg №10","ПЛАТ","Нет","уп",2,315.98,631.96]
["R07AB","аналептическое средство","Сульфокамфорная кислота+Прокаин","Сульфокамфокаин раствор для инъекций 100mg/ml 2ml №10","ОМС","Нет","уп",15,192.36,{"v":2885.4,"d":"2,885.40"}]
["R07AB","аналептическое средство","Сульфокамфорная кислота+Прокаин","Сульфокамфокаин раствор для инъекций 100mg/ml 2ml №10","ПЛАТ","Нет","уп",2,192.36,384.72]
["R07AB","антисептическое средство+местноанестезирующее средство","Аммиак","Аммиак р-р д/нар прим и инг 10% 40ml №1","ОМС","Нет","уп",298,16.65,{"v":4961.7,"d":"4,961.70"}]
["R07AB","антисептическое средство+местноанестезирующее средство","Аммиак","Аммиак р-р д/нар прим и инг 10% 40ml №1","ПЛАТ","Нет","уп",8,16.65,{"v":133.2,"d":"133.20"}]
["R07AB02","аналептическое средство","Никетамид","Кордиамин раствор для инъекций 250mg/ml 2ml №10","Бюджет","Нет","уп",1,568.74,568.74]
["R07AB02","аналептическое средство","Никетамид","Кордиамин раствор для инъекций 250mg/ml 2ml №10","ОМС","Нет","уп",5,568.74,{"v":2843.7,"d":"2,843.70"}]
["R07AB02","аналептическое средство","Никетамид","Кордиамин раствор для инъекций 250mg/ml 2ml №10","ПЛАТ","Нет","уп",2,568.74,{"v":1137.48,"d":"1,137.48"}]
["S01AA09","антибиотик-тетрациклин","Тетрациклин","Тетрациклин мазь глазная 1% 3g","ОМС","Да","уп",185,40.78,{"v":7544.3,"d":"7,544.30"}]
["S01AA09","антибиотик-тетрациклин","Тетрациклин","Тетрациклин мазь глазная 1% 3g","ПЛАТ","Да","уп",25,40.78,{"v":1019.5,"d":"1,019.50"}]
["S01AA13","антибиотик полициклической структуры","Фузидовая кислота","Фуциталмик капли глазные 1% 5g ","ОМС","Нет","уп",5,555,{"v":2775,"d":"2,775.00"}]
["S01AB04","противомикробное средство - сульфаниламид","Сульфацетамид","Сульфацил-натрий капли глазные 20% 1,5ml №2 тюбик-капельницы","ОМС","Нет","уп",151,20.05,{"v":3027.55,"d":"3,027.55"}]
["S01AB04","противомикробное средство - сульфаниламид","Сульфацетамид","Сульфацил-натрий капли глазные 20% 1,5ml №2 тюбик-капельницы","ПЛАТ","Нет","уп",52,20.05,{"v":1042.6000000000001,"d":"1,042.60"}]
["S01AD","иммуностимулирующее средство","Полиадениловая кислота+Полиуридиловая кислота","Полудан лиоф д/приг гл кап 100ЕД 5ml №1","ОМС","Нет","уп",5,165.95,829.75]
["S01AD03","противовирусное средство для местного применения","Ацикловир","Ацикловир мазь глазная 3% 5,0","ОМС","Да","уп",30,139.15,{"v":4174.5,"d":"4,174.50"}]
["S01AD03","противовирусное средство для местного применения","Ацикловир","Ацикловир мазь глазная 3% 5,0","ПЛАТ","Да","уп",4,139.15,{"v":556.6,"d":"556.60"}]
["S01AD03","противовирусное средство для местного применения","Ацикловир","Ацикловир мазь д/наружн прим 5% 10g","ОМС","Да","уп",5,43.42,{"v":217.10000000000002,"d":"217.10"}]
["S01AD03","противовирусное средство для местного применения","Ацикловир","Ацикловир мазь д/наружн прим 5% 10g","ПЛАТ","Да","уп",5,43.42,{"v":217.10000000000002,"d":"217.10"}]
["S01AD05","противовирусное средство комбинированное (цитокин + H1-гистаминовых рецепторов блокатор)","Интерферон альфа-2b + дифенгидрамин","Офтальмоферон капли глазные 10000МЕ/ml + 1mg/g 10ml №1","ОМС","Нет","уп",45,381.19,{"v":17153.55,"d":"17,153.55"}]
["S01AD05","противовирусное средство комбинированное (цитокин + H1-гистаминовых рецепторов блокатор)","Интерферон альфа-2b + дифенгидрамин","Офтальмоферон капли глазные 10000МЕ/ml + 1mg/g 10ml №1","ПЛАТ","Нет","уп",2,381.19,762.38]
["S01AE07","противомикробное средство - фторхинолон","Моксифлоксацин","Максифлокс  капли глазные 5mg/ml 5ml ","ОМС","Да","уп",80,160.46,{"v":12836.800000000001,"d":"12,836.80"}]
["S01AE07","противомикробное средство - фторхинолон","Моксифлоксацин","Максифлокс  капли глазные 5mg/ml 5ml ","ПЛАТ","Да","уп",10,160.46,{"v":1604.6000000000001,"d":"1,604.60"}]
["S01AX","антисептическое средство","Бензилдиметил-миристоиламино-пропиламмоний","Окомистин капли глазные 0,01% 10ml","Бюджет","Нет","уп",9,202.07,{"v":1818.6299999999999,"d":"1,818.63"}]
["S01AX","антисептическое средство","Бензилдиметил-миристоиламино-пропиламмоний","Окомистин капли глазные 0,01% 10ml","ОМС","Нет","уп",1100,202.07,{"v":222277,"d":"222,277.00"}]
["S01AX","антисептическое средство","Бензилдиметил-миристоиламино-пропиламмоний","Окомистин капли глазные 0,01% 10ml","ПЛАТ","Нет","уп",285,202.07,{"v":57589.95,"d":"57,589.95"}]
["S01AX11","противомикробное средство - фторхинолон","Офлоксацин","Флоксал мазь глазная 3mg/g 3,0","ОМС","Да","уп",5,156.59,782.95]
["S01AX19","противомикробное средство - фторхинолон","Левофлоксацин","Л-Оптик Ромфарм капли глазные 0,5% 5ml","Бюджет","Да","уп",100,166.98,{"v":16698,"d":"16,698.00"}]
["S01AX19","противомикробное средство - фторхинолон","Левофлоксацин","Л-Оптик Ромфарм капли глазные 0,5% 5ml","ОМС","Да","уп",1950,166.98,{"v":325611,"d":"325,611.00"}]
["S01AX19","противомикробное средство - фторхинолон","Левофлоксацин","Л-Оптик Ромфарм капли глазные 0,5% 5ml","ПЛАТ","Да","уп",102,166.98,{"v":17031.96,"d":"17,031.96"}]
["S01BA01","глюкокортикостероид для местного применения","Дексаметазон","Озурдекс имплантат д/интравитреального введ 0,7mg","ПЛАТ","Да","уп",15,56430,{"v":846450,"d":"846,450.00"}]
["S01BA01, H02AB02","глюкокортикостероид","Дексаметазон","Дексаметазон глазные капли 0,1% 10ml №1","Бюджет","Нет","уп",100,100.23,{"v":10023,"d":"10,023.00"}]
["S01BA01, H02AB02","глюкокортикостероид","Дексаметазон","Дексаметазон глазные капли 0,1% 10ml №1","ОМС","Нет","уп",1600,100.23,{"v":160368,"d":"160,368.00"}]
["S01BA01, H02AB02","глюкокортикостероид","Дексаметазон","Дексаметазон глазные капли 0,1% 10ml №1","ПЛАТ","Нет","уп",505,100.23,{"$f":"H1155*I1155","v":{"v":50616.15,"d":"50,616.15"}}]
["S01BA01, H02AB02","глюкокортикостероид","Дексаметазон","Дексаметазон раствор для инъекций 4mg/ml 1ml №25","Бюджет","Да","уп",87,272.63,{"v":23718.81,"d":"23,718.81"}]
["S01BA01, H02AB02","глюкокортикостероид","Дексаметазон","Дексаметазон раствор для инъекций 4mg/ml 1ml №25","ОМС","Да","уп",2370,272.63,{"v":646133.1,"d":"646,133.10"}]
["S01BA01, H02AB02","глюкокортикостероид","Дексаметазон","Дексаметазон раствор для инъекций 4mg/ml 1ml №25","ПЛАТ","Да","уп",108,272.63,{"v":29444.04,"d":"29,444.04"}]
["S01BA01, H02AB02","глюкокортикостероид","Дексаметазон","Дексаметазон раствор для инъекций 4mg/ml 2ml №25","Бюджет","Да","уп",71,273.63,{"v":19427.73,"d":"19,427.73"}]
["S01BA01, H02AB02","глюкокортикостероид","Дексаметазон","Дексаметазон раствор для инъекций 4mg/ml 2ml №25","ОМС","Да","уп",2056,273.63,{"v":562583.28,"d":"562,583.28"}]
["S01BA01, H02AB02","глюкокортикостероид","Дексаметазон","Дексаметазон раствор для инъекций 4mg/ml 2ml №25","ПЛАТ","Да","уп",80,273.63,{"v":21890.4,"d":"21,890.40"}]
["S01BA01, H02AB02","глюкокортикостероид","Дексаметазон","Дексаметазон табл 0,5mg №10","ОМС","Да","уп",7,36.12,{"v":252.83999999999997,"d":"252.84"}]
["S01BA01, H02AB02","глюкокортикостероид","Дексаметазон","Дексаметазон табл 0,5mg №10","ПЛАТ","Да","уп",2,36.12,72.24]
["S01BA02","глюкокортикостероид для местного применения","Гидрокортизон","Гидрокортизон мазь глазная 0,5% 3g","ОМС","Да","уп",34,35.97,{"v":1222.98,"d":"1,222.98"}]
["S01BA02","глюкокортикостероид для местного применения","Гидрокортизон","Гидрокортизон мазь глазная 0,5% 3g","ПЛАТ","Да","уп",2,35.97,71.94]
["S01BC01","НПВП","Индометацин","Индоколлир  капли глазные 0,1% 5ml","ОМС","Нет","уп",260,480.43,{"v":124911.8,"d":"124,911.80"}]
["S01BC01","НПВП","Индометацин","Индоколлир  капли глазные 0,1% 5ml","ПЛАТ","Нет","уп",70,480.43,{"v":33630.1,"d":"33,630.10"}]
["S01CA01","глюкокортикостероид для местного применения+антибиотик-аминогликозид+противогрибковое средство","Дексаметазон+Тобрамицин","ДексаТобропт капли глазные 5ml","ОМС","Нет","уп",50,251.47,{"v":12573.5,"d":"12,573.50"}]
["S01CA01","глюкокортикостероид для местного применения+антибиотик-аминогликозид+противогрибковое средство","Дексаметазон+Тобрамицин","ДексаТобропт капли глазные 5ml","ПЛАТ","Нет","уп",20,251.47,{"v":5029.4,"d":"5,029.40"}]
["S01EB01","противоглаукомное средство - м-холиномиметик","Пилокарпин","Пилокарпин капли глазные 10mg/ml 5ml","ОМС","Да","уп",32.005,30.69,{"v":982.2334500000002,"d":"982.23"}]
["S01EB51","противоглаукомное средство комбинированное (м-холиномиметик+бета-адреноблокатор)","Пилокарпин+ тимолол","Фотил форте капли глазные 40mg/ml+5mg/ml 5ml","ОМС","Нет","уп",190,299.62,{"v":56927.8,"d":"56,927.80"}]
["S01EC01","диуретическое средство","Ацетазоламид","Диакарб табл 250mg №30","Бюджет","Да","уп",2,254.02,508.04]
["S01EC01","диуретическое средство","Ацетазоламид","Диакарб табл 250mg №30","ОМС","Да","уп",374,254.02,{"v":95003.48000000001,"d":"95,003.48"}]
["S01EC01","диуретическое средство","Ацетазоламид","Диакарб табл 250mg №30","ПЛАТ","Да","уп",13,254.02,{"v":3302.26,"d":"3,302.26"}]
["S01EC03","противоглаукомное средство - карбоангидразы ингибитор","Дорзоламид","Дорзопт  капли глазные 2% 5ml №3","ОМС","Да","уп",152,1334.75,{"v":202882,"d":"202,882.00"}]
["S01EC03","противоглаукомное средство - карбоангидразы ингибитор","Дорзоламид","Дорзопт  капли глазные 2% 5ml №3","ПЛАТ","Да","уп",20,1334.75,{"v":26695,"d":"26,695.00"}]
["S01ED01","противоглаукомное средство - бета-адреноблокатор","Тимолол","Тимолол-СОЛОфарм  капли глазные 0,5% 5ml","ОМС","Да","уп",130,40.82,{"v":5306.6,"d":"5,306.60"}]
["S01ED01","противоглаукомное средство - бета-адреноблокатор","Тимолол","Тимолол-СОЛОфарм  капли глазные 0,5% 5ml","ПЛАТ","Да","уп",10,40.82,{"v":408.2,"d":"408.20"}]
["S01ED51","бета-адреноблокатор","Дорзоламид+Тимолол","Дорзопт Плюс  капли глазные 20mg+5mg/ml 5ml","ОМС","Нет","уп",56,864.33,{"v":48402.48,"d":"48,402.48"}]
["S01ED51","бета-адреноблокатор","Дорзоламид+Тимолол","Дорзопт Плюс  капли глазные 20mg+5mg/ml 5ml","ПЛАТ","Нет","уп",2,864.33,{"v":1728.66,"d":"1,728.66"}]
["S01EE01","противоглаукомное средство - простагландина F2-альфа аналог синтетический","Латанопрост","Трилактан глазные капли 0,005% 2.5 ml","ОМС","Нет","уп",33,703.29,{"v":23208.57,"d":"23,208.57"}]
["S01FA56","офтальмологических заболеваний средство диагностики (м-холиноблокатор+альфа-адреномиметик)","Тропикамид+Фенилэфрин","Аппамид плюс капли глазные 5ml","Бюджет","Нет","уп",100,172.66,{"v":17266,"d":"17,266.00"}]
["S01FA56","офтальмологических заболеваний средство диагностики (м-холиноблокатор+альфа-адреномиметик)","Тропикамид+Фенилэфрин","Аппамид плюс капли глазные 5ml","ОМС","Нет","уп",1713,172.66,{"v":295766.58,"d":"295,766.58"}]
["S01FA56","офтальмологических заболеваний средство диагностики (м-холиноблокатор+альфа-адреномиметик)","Тропикамид+Фенилэфрин","Аппамид плюс капли глазные 5ml","ПЛАТ","Нет","уп",420,172.66,{"v":72517.2,"d":"72,517.20"}]
["S01HA02","местноанестезирующее средство","Оксибупрокаин","Инокаин капли глазные 0,4% 5ml","Бюджет","Да","уп",50,114.06,{"v":5703,"d":"5,703.00"}]
["S01HA02","местноанестезирующее средство","Оксибупрокаин","Инокаин капли глазные 0,4% 5ml","ОМС","Да","уп",3553,114.06,{"v":405255.18,"d":"405,255.18"}]
["S01HA02","местноанестезирующее средство","Оксибупрокаин","Инокаин капли глазные 0,4% 5ml","ПЛАТ","Да","уп",435,114.06,{"v":49616.1,"d":"49,616.10"}]
["S01JA01","диагностическое средство","Флуоресцеин натрия","Флуоресцеин Новартис раствор для в/в  вв 100mg/ml 5ml №10","ОМС","Да","уп",30,2399.38,{"v":71981.40000000001,"d":"71,981.40"}]
["S01JA01","диагностическое средство","Флуоресцеин натрия","Флуоресцеин натрия раствор для в/в  вв 100mg/ml 5ml №1","ОМС","Да","уп",500,188.49,{"v":94245,"d":"94,245.00"}]
["S01LA05","средства, препятствующие новообразованию сосудов","Афлиберцепт ","Эйлеа р-р д/внутригл введ 40mg/ml 0,1ml №1","ПЛАТ","Да","уп",90,53420.4,{"v":4807836,"d":"4,807,836.00"}]
["S01XA12","репарации тканей стимулятор","Декспантенол","Корнерегель гель глазной 5% 10g №1","Бюджет","Нет","уп",5,968.25,{"v":4841.25,"d":"4,841.25"}]
["S01XA12","репарации тканей стимулятор","Декспантенол","Корнерегель гель глазной 5% 10g №1","ОМС","Нет","уп",610,968.25,{"v":590632.5,"d":"590,632.50"}]
["S01XA12","репарации тканей стимулятор","Декспантенол","Корнерегель гель глазной 5% 10g №1","ПЛАТ","Нет","уп",63,968.25,{"v":60999.75,"d":"60,999.75"}]
["V03AB","комплексообразующее средство","Димеркаптопропансульфонат натрия ","Унитиол р-р для в/м и п/к введ 50 mg/ml 5ml №10","ОМС","Да","уп",3,517.42,{"v":1552.2599999999998,"d":"1,552.26"}]
["V03AB","комплексообразующее средство","Димеркаптопропансульфонат натрия ","Унитиол р-р для в/м и п/к введ 50 mg/ml 5ml №10","ПЛАТ","Да","уп",2,517.42,{"v":1034.84,"d":"1,034.84"}]
["V03AB06","комплексообразующее средство","Натрия тиосульфат","Натрия тиосульфат раствор для в/в  вв 300mg/ml 10ml №10","ОМС","Да","уп",87,84.61,{"v":7361.07,"d":"7,361.07"}]
["V03AB06","комплексообразующее средство","Натрия тиосульфат","Натрия тиосульфат раствор для в/в  вв 300mg/ml 10ml №10","ПЛАТ","Да","уп",2,84.61,169.22]
["V03AB14","гемостатическое средство","Протамина сульфат","Протамина сульфат раствор для в/в  вв 10mg/ml 5ml №10","Бюджет","Да","уп",70,1543.42,{"v":108039.40000000001,"d":"108,039.40"}]
["V03AB14","гемостатическое средство","Протамина сульфат","Протамина сульфат раствор для в/в  вв 10mg/ml 5ml №10","ОМС","Да","уп",130,1543.42,{"v":200644.6,"d":"200,644.60"}]
["V03AB15","опиоидных рецепторов антагонист","Налоксон","Налоксон раствор для инъекций 0,4mg/ml 1ml №10","ОМС","Да","уп",1,202.27,202.27]
["V03AB35","антидот","Сугаммадекс","Брайдан раствор для в/в  вв 100mg/ml 2ml №10","Бюджет","Да","уп",10,74274.28,{"v":742742.8,"d":"742,742.80"}]
["V03AB35","антидот","Сугаммадекс","Брайдан раствор для в/в  вв 100mg/ml 2ml №10","ОМС","Да","уп",13,74274.28,{"v":965565.64,"d":"965,565.64"}]
["V03AB35","антидот","Сугаммадекс","Брайдан раствор для в/в  вв 100mg/ml 2ml №10","ПЛАТ","Да","уп",9,74274.28,{"v":668468.52,"d":"668,468.52"}]
["V03AX","ферментное средство","Гиалуронидаза","Лидаза лиоф д/пр р-ра д/и и мест/пр 64УЕ №10","ОМС","Нет","уп.",10,362.68,{"v":3626.8,"d":"3,626.80"}]
["V04CX","диагностическое средство","Индоцианин зеленый","Индоцианин зеленый-ПУЛЬСИОН лиоф д/пр р-ра д/в/в вв 25mg №5","ПЛАТ","Нет","уп",1,48300,{"v":48300,"d":"48,300.00"}]
["V07AB","растворитель","Вода","Вода для инъекций растворитель для приг.лек.форм для инъекций 500ml №24","Бюджет","Да","уп",15,1093.92,{"v":16408.800000000003,"d":"16,408.80"}]
["V07AB","растворитель","Вода","Вода для инъекций растворитель для приг.лек.форм для инъекций 500ml №24","ОМС","Да","уп",527,1093.92,{"v":576495.8400000001,"d":"576,495.84"}]
["V07AB","растворитель","Декстроза","Глюкоза Браун раствор для инфузий 5% 250ml №10","ОМС","Да","уп",52,226.46,{"v":11775.92,"d":"11,775.92"}]
["V07AB","растворитель","Декстроза","Глюкоза Браун раствор для инфузий 5% 250ml №10","ПЛАТ","Да","уп",10,226.46,{"v":2264.6,"d":"2,264.60"}]
["V07AB","растворитель","Натрия хлорид ","Натрия хлорид  растворитель для приг.лек.форм для инъекций 0,9%-10ml №10","ОМС","Да","уп.",275,49.53,{"v":13620.75,"d":"13,620.75"}]
["V08AB02","рентгеноконтрастное средство","Йогексол","Омнипак раствор для инъекций 350mg/ml 100ml №10","ОМС","Да","уп",200,19516.25,{"v":3903250,"d":"3,903,250.00"}]
["V08AB02","рентгеноконтрастное средство","Йогексол","Омнипак раствор для инъекций 350mg/ml 50ml №10","ОМС","Да","уп",330,10343.62,{"v":3413394.6,"d":"3,413,394.60"}]
["V08AB02","рентгеноконтрастное средство","Йогексол","Омнипак раствор для инъекций 350mg/ml 50ml №10","ПЛАТ","Да","уп",8,10343.62,{"v":82748.96,"d":"82,748.96"}]
["V08AB05","рентгеноконтрастное средство","Йопромид","Ультравист раствор для инъекций 300mg/ml 500ml №8","Бюджет","Да","уп",10,80916.5,{"v":809165,"d":"809,165.00"}]
["V08AB05","рентгеноконтрастное средство","Йопромид","Ультравист раствор для инъекций 300mg/ml 500ml №8","ОМС","Да","уп",118,80916.5,{"v":9548147,"d":"9,548,147.00"}]
["V08AB05","рентгеноконтрастное средство","Йопромид","Ультравист раствор для инъекций 300mg/ml 500ml №8","ПЛАТ","Да","уп",12,80916.5,{"v":970998,"d":"970,998.00"}]
["V08BA02","рентгеноконтрастное средство","Бария сульфат","Бар-ВИПС порошок д/приг суспензии д/вн прим 240g №40","ОМС","Да","уп",8,4015.5,{"v":32124,"d":"32,124.00"}]
["V08CA03","контрастное средство для МРТ","Гадодиамид","Омнискан раствор для в/в  вв 0,5mmol/ml 20ml №10","ОМС","Да","уп",231,29453.02,{"v":6803647.62,"d":"6,803,647.62"}]
["V08CA03","контрастное средство для МРТ","Гадодиамид","Омнискан раствор для в/в  вв 0,5mmol/ml 20ml №10","ПЛАТ","Да","уп",14,29453.02,{"$f":"H1219*I1219","v":{"v":412342.28,"d":"412,342.28"}}]
["`",null,"Формальдегид","Р-р Формалина 10%  р-р для наружного применения 200ml","ОМС","Нет","фл",240,8.44,{"v":2025.6,"d":"2,025.60"}]
["~","диуретическое средство растительного происхождения","~","Канефрон Н драже №60","ОМС","Нет","уп",6,704.85,{"v":4229.1,"d":"4,229.10"}]
["~","диуретическое средство растительного происхождения","~","Канефрон Н драже №60","ПЛАТ","Нет","уп",9,704.85,{"v":6343.650000000001,"d":"6,343.65"}]
["~","противовоспалительное средство растительного происхождения","~","Стоматофит экстракт для местного применения, [жидкий] 100ml","ПЛАТ","Нет","уп",20,319.28,{"v":6385.599999999999,"d":"6,385.60"}]
["А02BC02","желез желудка секрецию понижающее средство - протонного насоса ингибитор","Пантопразол","Нольпаза лиоф д/пр р-ра д/в/в вв 40mg №1","ОМС","Нет","уп",50,301.45,{"v":15072.5,"d":"15,072.50"}]
["А02BC02","желез желудка секрецию понижающее средство - протонного насоса ингибитор","Пантопразол","Нольпаза лиоф д/пр р-ра д/в/в вв 40mg №1","ПЛАТ","Нет","уп",61,301.45,{"v":18388.45,"d":"18,388.45"}]
["А02BC02","желез желудка секрецию понижающее средство - протонного насоса ингибитор","Пантопразол","Нольпаза табл п/к/р/о 40mg №14","ОМС","Нет","уп",298,184.04,{"v":54843.92,"d":"54,843.92"}]
["А02BC02","желез желудка секрецию понижающее средство - протонного насоса ингибитор","Пантопразол","Нольпаза табл п/к/р/о 40mg №14","ПЛАТ","Нет","уп",20,184.04,{"v":3680.7999999999997,"d":"3,680.80"}]
["А04АА01","противорвотное средство - серотониновых рецепторов антагонист","Ондансетрон","Латран раствор для в/в и в/м вв 2mg/ml 2ml №5","Бюджет","Да","уп",10,456.12,{"v":4561.2,"d":"4,561.20"}]
["А04АА01","противорвотное средство - серотониновых рецепторов антагонист","Ондансетрон","Латран раствор для в/в и в/м вв 2mg/ml 2ml №5","ОМС","Да","уп",90,456.12,{"v":41050.8,"d":"41,050.80"}]
["А04АА01","противорвотное средство - серотониновых рецепторов антагонист","Ондансетрон","Латран раствор для в/в и в/м вв 2mg/ml 2ml №5","ПЛАТ","Да","уп",21,456.12,{"v":9578.52,"d":"9,578.52"}]
["А05АА02","гепатопротекторное средство","Урсодезоксихолевая кислота","Урсодезоксихолевая кислота капсулы 250mg №50","ОМС","Да","уп",32,571.14,{"v":18276.48,"d":"18,276.48"}]
["А05АА02","гепатопротекторное средство","Урсодезоксихолевая кислота","Урсодезоксихолевая кислота капсулы 250mg №50","ПЛАТ","Да","уп",8,571.14,{"v":4569.12,"d":"4,569.12"}]
["А06АВ06","слабительное средство растительного происхождения","Сеннозиды А и В","Сенадексин  табл №20","ОМС","Да","уп",354,15.84,{"v":5607.36,"d":"5,607.36"}]
["А06АВ06","слабительное средство растительного происхождения","Сеннозиды А и В","Сенадексин  табл №20","ПЛАТ","Да","уп",3,15.84,{"v":47.519999999999996,"d":"47.52"}]
["А09АА02","пищеварительное ферментное средство","Панкреатин","Креон 25000 капс к/раст 300mg №20","ОМС","Да","уп",55,562.03,{"v":30911.649999999998,"d":"30,911.65"}]
["А09АА02","пищеварительное ферментное средство","Панкреатин","Креон 25000 капс к/раст 300mg №20","ПЛАТ","Да","уп",45,562.03,{"v":25291.35,"d":"25,291.35"}]
["А09АА02","пищеварительное ферментное средство","Панкреатин","Мезим форте 10000 табл п/к/р/о  №20","ОМС","Да","уп",758,180.66,{"v":136940.28,"d":"136,940.28"}]
["А09АА02","пищеварительное ферментное средство","Панкреатин","Мезим форте 10000 табл п/к/р/о  №20","ПЛАТ","Да","уп",142,180.66,{"v":25653.72,"d":"25,653.72"}]
["А09АА02","пищеварительное ферментное средство","Панкреатин","Микразим капсулы 25000 ЕД №50","ОМС","Да","уп",326,792.55,{"v":258371.3,"d":"258,371.30"}]
["А09АА02","пищеварительное ферментное средство","Панкреатин","Микразим капсулы 25000 ЕД №50","ПЛАТ","Да","уп",54,792.55,{"v":42797.7,"d":"42,797.70"}]
["А09АА02","пищеварительное ферментное средство","Панкреатин","Микразим капсулы 40000 EД №50","ОМС","Да","уп",4,1516.61,{"v":6066.44,"d":"6,066.44"}]
["А09АА02","пищеварительное ферментное средство","Панкреатин","Микразим капсулы 40000 EД №50","ПЛАТ","Да","уп",4,1516.61,{"v":6066.44,"d":"6,066.44"}]
["А11НА03","витамин","Витамин Е","Лайфевит капсулы 100mg №30","ОМС","Нет","уп",20,188.7,{"v":3774,"d":"3,774.00"}]
["А11НА03","витамин","Витамин Е","альфа-Токоферола ацетат (Витамин E)  капсулы 100mg №10","ОМС","Нет","уп",50,85.35,{"v":4267.5,"d":"4,267.50"}]
["А16АХ01","метаболическое средство","Тиоктовая кислота","Тиоктовая кислота концентрат для приготовления р-ра для инфузий 30mg/ml 10ml №10","ОМС","Да","уп",55,1073.42,{"v":59038.100000000006,"d":"59,038.10"}]
["А16АХ01","метаболическое средство","Тиоктовая кислота","Тиоктовая кислота концентрат для приготовления р-ра для инфузий 30mg/ml 10ml №10","ПЛАТ","Да","уп",5,1073.42,{"v":5367.1,"d":"5,367.10"}]
["В01АВ01","антикоагулянтное средство прямого действия","Гепарин натрия","Гепарин-натрий Браун раствор для в/в и п/к  вв 5000МЕ/ml 5ml №10","Бюджет","Да","уп",169,1380.45,{"v":233296.05000000002,"d":"233,296.05"}]
["В01АВ01","антикоагулянтное средство прямого действия","Гепарин натрия","Гепарин-натрий Браун раствор для в/в и п/к  вв 5000МЕ/ml 5ml №10","ОМС","Да","уп",3257,1380.45,{"v":4496125.65,"d":"4,496,125.65"}]
["В01АВ01","антикоагулянтное средство прямого действия","Гепарин натрия","Гепарин-натрий Браун раствор для в/в и п/к  вв 5000МЕ/ml 5ml №10","ПЛАТ","Да","уп",138,1380.45,{"v":190502.1,"d":"190,502.10"}]
["В01АВ05","антикоагулянтное средство прямого действия","Эноксапарин натрия","Эниксум раствор для инъекций 10000анти-Ха МЕ/1ml 0,6ml №10","ОМС","Да","уп",24,3056.8,{"v":73363.20000000001,"d":"73,363.20"}]
["В05АА06","плазмозамещающее средство","Желатин","Гелофузин раствор для инфузий 4% 500мл №10","Бюджет","Да","уп",37,2337.19,{"v":86476.03,"d":"86,476.03"}]
["В05АА06","плазмозамещающее средство","Желатин","Гелофузин раствор для инфузий 4% 500мл №10","ОМС","Да","уп",134,2337.19,{"v":313183.46,"d":"313,183.46"}]
["В05АА06","плазмозамещающее средство","Желатин","Гелофузин раствор для инфузий 4% 500мл №10","ПЛАТ","Да","уп",1,2337.19,{"v":2337.19,"d":"2,337.19"}]
["В05ВА03","питания углеводного средство","Декстроза","Глюкоза-СОЛОфарм раствор для инфузий 10% 500ml №1","ОМС","Да","уп",120,55.99,{"v":6718.8,"d":"6,718.80"}]
["В05СВ01","регидратирующее средство","Натрия хлорид","Натрия хлорид-СОЛОфарм  раствор для инфузий 0,9% 100ml №36","ОМС","Да","уп",6,1130.4,{"v":6782.400000000001,"d":"6,782.40"}]
["В05СВ01","регидратирующее средство","Натрия хлорид","Натрия хлорид-СОЛОфарм  раствор для инфузий 0,9% 250ml №1","ОМС","Да","уп",2500,53.76,{"v":134400,"d":"134,400.00"}]
["В05СВ01","регидратирующее средство","Натрия хлорид","Натрия хлорид-СОЛОфарм  раствор для инфузий 0,9% 500ml №1","ОМС","Да","уп",1000,68.74,{"v":68740,"d":"68,740.00"}]
["В06АВ","репарации тканей стимулятор","Депротеинизированный гемодериват крови телят","Актовегин раствор для инъекций 40mg/ml 5ml №5","ОМС","Нет","уп",380,623.73,{"v":237017.4,"d":"237,017.40"}]
["В06АВ","репарации тканей стимулятор","Депротеинизированный гемодериват крови телят","Актовегин раствор для инъекций 40mg/ml 5ml №5","ПЛАТ","Нет","уп",253,623.73,{"v":157803.69,"d":"157,803.69"}]
["Н01СВ02","соматостатина аналог синтетический","Октреотид","Октреотид Сан раствор для в/в и п/к  вв 100mkg/ml 1ml №1","Бюджет","Да","уп",20,181.23,{"v":3624.6,"d":"3,624.60"}]
["Н01СВ02","соматостатина аналог синтетический","Октреотид","Октреотид Сан раствор для в/в и п/к  вв 100mkg/ml 1ml №1","ОМС","Да","уп",337,181.23,{"v":61074.509999999995,"d":"61,074.51"}]
["Н01СВ02","соматостатина аналог синтетический","Октреотид","Октреотид Сан раствор для в/в и п/к  вв 100mkg/ml 1ml №1","ПЛАТ","Да","уп",20,181.23,{"v":3624.6,"d":"3,624.60"}]
["Н02AB02","глюкокортикостероид","Дексаметазон","Дексаметазон-Ферейн раствор для инъекций 4mg/ml 2ml №25","ОМС","Да","уп",600,350.25,{"v":210150,"d":"210,150.00"}]
["Н03АА01","тиреоидное средство","Левотироксин натрия","L-Тироксин 100 Берлин-Хеми табл 100mkg №100","ОМС","Да","уп",11,136.3,{"v":1499.3000000000002,"d":"1,499.30"}]
["С01BD01","антиаритмическое средство","Амиодарон","Амиодарон конц-т д/приг раствора для в/в вв 50mg/ml 3ml №10","Бюджет","Да","уп",40,240.47,{"v":9618.8,"d":"9,618.80"}]
["С01BD01","антиаритмическое средство","Амиодарон","Амиодарон конц-т д/приг раствора для в/в вв 50mg/ml 3ml №10","ОМС","Да","уп",1243,240.47,{"v":298904.21,"d":"298,904.21"}]
["С01BD01","антиаритмическое средство","Амиодарон","Амиодарон табл 200mg №30","Бюджет","Да","уп",30,183.56,{"v":5506.8,"d":"5,506.80"}]
["С01BD01","антиаритмическое средство","Амиодарон","Амиодарон табл 200mg №30","ОМС","Да","уп",440,183.56,{"v":80766.4,"d":"80,766.40"}]
["С01BD01","антиаритмическое средство","Амиодарон","Амиодарон табл 200mg №30","ПЛАТ","Да","уп",20,183.56,{"v":3671.2,"d":"3,671.20"}]
["С01DA08","вазодилатирующее средство - нитрат","Изосорбида динитрат","Кардикет  табл пролог п/п/о 20mg №20","ОМС","Да","уп",40,58.89,{"v":2355.6,"d":"2,355.60"}]
["С01DA08","вазодилатирующее средство - нитрат","Изосорбида динитрат","Кардикет  табл пролог п/п/о 20mg №20","ПЛАТ","Да","уп",2,58.89,117.78]
["С01DA08","вазодилатирующее средство - нитрат","Изосорбида динитрат","Кардикет  табл. пролонг. 60mg №20","ОМС","Да","уп",66,131.3,{"v":8665.800000000001,"d":"8,665.80"}]
["С01DA08","вазодилатирующее средство - нитрат","Изосорбида динитрат","Кардикет  табл. пролонг. 60mg №20","ПЛАТ","Да","уп",2,131.3,{"v":262.6,"d":"262.60"}]
["С01DA14","вазодилатирующее средство - нитрат","Изосорбида мононитрат","Моночинкве ретард капс ретард 50mg №30","ОМС","Да","уп",17,341.56,{"v":5806.52,"d":"5,806.52"}]
["С01DA14","вазодилатирующее средство - нитрат","Изосорбида мононитрат","Моночинкве ретард капс ретард 50mg №30","ПЛАТ","Да","уп",5,341.56,{"v":1707.8,"d":"1,707.80"}]
["С01DА02","вазодилатирующее средство - нитрат","Нитроглицерин","Нитроглицерин табл сублинг 0,5mg №40","Б.Опк","Да","уп",2,44.98,89.96]
["С01DА02","вазодилатирующее средство - нитрат","Нитроглицерин","Нитроглицерин табл сублинг 0,5mg №40","ОМС","Да","уп",28,44.98,{"v":1259.4399999999998,"d":"1,259.44"}]
["С01ВС03","антиаритмическое средство","Пропафенон","Пропафенон  табл п/п/о 150mg №50","ОМС","Да","уп",22,390.88,{"v":8599.36,"d":"8,599.36"}]
["С04АС01","витамин","Никотиновая кислота","Никотиновая кислота - СОЛОфарм раствор для инъекций 10mg/ml 1ml №10","Бюджет","Нет","уп",200,44.4,{"v":8880,"d":"8,880.00"}]
["С04АС01","витамин","Никотиновая кислота","Никотиновая кислота - СОЛОфарм раствор для инъекций 10mg/ml 1ml №10","ОМС","Нет","уп",364,44.4,{"v":16161.6,"d":"16,161.60"}]
["С04АС01","витамин","Никотиновая кислота","Никотиновая кислота - СОЛОфарм раствор для инъекций 10mg/ml 1ml №10","ПЛАТ","Нет","уп",35,44.4,{"v":1554,"d":"1,554.00"}]
["С05СА53","венотонизирующее и венопротекторное средство","Очищенная микронизированная флавоноидная фракция (диосмин + флавоноиды в пересчете на гесперидин)","Детравенол табл п/п/о 500mg №30","ОМС","Нет","уп",7,386.51,{"v":2705.5699999999997,"d":"2,705.57"}]
["С05СА53","венотонизирующее и венопротекторное средство","Очищенная микронизированная флавоноидная фракция (диосмин + флавоноиды в пересчете на гесперидин)","Детравенол табл п/п/о 500mg №30","ПЛАТ","Нет","уп",4,386.51,{"$f":"H1283*I1283","v":{"v":1546.04,"d":"1,546.04"}}]
["С07АB02","бета1-адреноблокатор селективный","Метопролол","Метопролол раствор для в/в  вв 1mg/ml 5ml №5","ОМС","Да","уп",30,123.93,{"v":3717.9,"d":"3,717.90"}]
["С07АB02","бета1-адреноблокатор селективный","Метопролол","Метопролол табл 25mg №60","Бюджет","Да","уп",10,91.08,{"v":910.8,"d":"910.80"}]
["С07АB02","бета1-адреноблокатор селективный","Метопролол","Метопролол табл 25mg №60","ОМС","Да","уп",339,91.08,{"v":30876.12,"d":"30,876.12"}]
["С07АB02","бета1-адреноблокатор селективный","Метопролол","Метопролол табл 25mg №60","ПЛАТ","Да","уп",2,91.08,182.16]
["С07АB02","бета1-адреноблокатор селективный","Метопролол","Метопролол табл 50mg №30","Бюджет","Да","уп",20,29.66,{"v":593.2,"d":"593.20"}]
["С07АB02","бета1-адреноблокатор селективный","Метопролол","Метопролол табл 50mg №30","ОМС","Да","уп",961,29.66,{"v":28503.26,"d":"28,503.26"}]
["С07АА07","бета-адреноблокатор","Соталол","Соталол табл 160mg №20","Бюджет","Да","уп",30,107.77,{"v":3233.1,"d":"3,233.10"}]
["С07АА07","бета-адреноблокатор","Соталол","Соталол табл 160mg №20","ОМС","Да","уп",117,107.77,{"v":12609.09,"d":"12,609.09"}]
["С07АА07","бета-адреноблокатор","Соталол","Соталол табл 80mg №20","Бюджет","Да","уп",10,65.52,{"v":655.1999999999999,"d":"655.20"}]
["С07АА07","бета-адреноблокатор","Соталол","Соталол табл 80mg №20","ОМС","Да","уп",125,65.52,{"v":8189.999999999999,"d":"8,190.00"}]
["С07АА07","бета-адреноблокатор","Соталол","Соталол табл 80mg №20","ПЛАТ","Да","уп",5,65.52,{"v":327.59999999999997,"d":"327.60"}]
["С07АВ","бета1-адреноблокатор селективный","Атенолол","Атенолол табл п/п/о 50mg №30","Бюджет","Да","уп",5,31.16,{"v":155.8,"d":"155.80"}]
["С07АВ","бета1-адреноблокатор селективный","Атенолол","Атенолол табл п/п/о 50mg №30","ОМС","Да","уп",43,31.16,{"v":1339.88,"d":"1,339.88"}]
["С07АВ","бета1-адреноблокатор селективный","Атенолол","Атенолол табл п/п/о 50mg №30","ПЛАТ","Да","уп",5,31.16,{"v":155.8,"d":"155.80"}]
["С07АВ07","бета1-адреноблокатор селективный","Бисопролол","Бисопролол-Прана табл п/п/о 10mg №30","ОМС","Да","уп",180,163.94,{"v":29509.2,"d":"29,509.20"}]
["С07АВ07","бета1-адреноблокатор селективный","Бисопролол","Бисопролол-Прана табл п/п/о 5mg №30","Бюджет","Да","уп",20,95.63,{"v":1912.6,"d":"1,912.60"}]
["С07АВ07","бета1-адреноблокатор селективный","Бисопролол","Бисопролол-Прана табл п/п/о 5mg №30","ОМС","Да","уп",580,95.63,{"v":55465.399999999994,"d":"55,465.40"}]
["С08CА05","блокатор \"медленных\" кальциевых каналов","Нифедипин","Нифедипин табл п/п/о 10mg №50","ОМС","Да","уп",400,39.25,{"v":15700,"d":"15,700.00"}]
["С09АА09","АПФ ингибитор","Фозиноприл","Фозиноприл табл 10mg №28","ОМС","Нет","уп",15,245.08,{"v":3676.2000000000003,"d":"3,676.20"}]
["С09ВА","гипотензивное средство комбинированное (диуретик+АПФ ингибитор)","Индапамид+Периндоприл","Индапамид/Периндоприл-Тева  табл п/п/о 1,25mg+5mg №30","ОМС","Нет","уп",90,339.68,{"v":30571.2,"d":"30,571.20"}]
["С09ВА","гипотензивное средство комбинированное (диуретик+АПФ ингибитор)","Индапамид+Периндоприл","Индапамид/Периндоприл-Тева  табл п/п/о 1,25mg+5mg №30","ПЛАТ","Нет","уп",15,339.68,{"v":5095.2,"d":"5,095.20"}]
["С09СА01","ангиотензина II рецепторов антагонист","Лозартан","Лозартан табл п/п/о 50mg №30","Бюджет","Да","уп",10,275.61,{"v":2756.1000000000004,"d":"2,756.10"}]
["С09СА01","ангиотензина II рецепторов антагонист","Лозартан","Лозартан табл п/п/о 50mg №30","ОМС","Да","уп",492,275.61,{"v":135600.12,"d":"135,600.12"}]
["С09СА01","ангиотензина II рецепторов антагонист","Лозартан","Лозартан табл п/п/о 50mg №30","ПЛАТ","Да","уп",30,275.61,{"v":8268.300000000001,"d":"8,268.30"}]
["С09СА03","ангиотензина II рецепторов антагонист","Валсартан","Вальсакор табл п/п/о 80mg №30","ОМС","Нет","уп",23,490.17,{"v":11273.91,"d":"11,273.91"}]
["С09СА03","ангиотензина II рецепторов антагонист","Валсартан","Вальсакор табл п/п/о 80mg №30","ПЛАТ","Нет","уп",14,490.17,{"v":6862.38,"d":"6,862.38"}]
["С09СА07","ангиотензина II рецепторов антагонист","Телмисартан","Телмиста табл 80mg №28","ПЛАТ","Нет","уп",2,600.98,{"v":1201.96,"d":"1,201.96"}]
["С1",null,"Натрия хлорид","Натрия хлорид субстанция-порошок кг","ОМС","Нет","кг",62,166.5,{"v":10323,"d":"10,323.00"}]
["С10АА05","гиполипидемическое средство - ГМГ-КоА-редуктазы ингибитор","Аторвастатин","Аторвастатин-К  табл п/п/о 20mg №30","Бюджет","Да","уп",30,442.75,{"v":13282.5,"d":"13,282.50"}]
["С10АА05","гиполипидемическое средство - ГМГ-КоА-редуктазы ингибитор","Аторвастатин","Аторвастатин-К  табл п/п/о 20mg №30","ОМС","Да","уп",205,442.75,{"v":90763.75,"d":"90,763.75"}]
["С10АА05","гиполипидемическое средство - ГМГ-КоА-редуктазы ингибитор","Аторвастатин","Аторвастатин-К  табл п/п/о 20mg №30","ПЛАТ","Да","уп",30,442.75,{"v":13282.5,"d":"13,282.50"}]
["С10АА07","гиполипидемическое средство - ГМГ-КоА-редуктазы ингибитор","Розувастатин","Розувастатин табл п/п/о 20mg №30","ОМС","Нет","уп",25,285.71,{"v":7142.749999999999,"d":"7,142.75"}]
["С10АА07","гиполипидемическое средство - ГМГ-КоА-редуктазы ингибитор","Розувастатин","Розувастатин табл п/п/о 20mg №30","ПЛАТ","Нет","уп",15,285.71,{"v":4285.65,"d":"4,285.65"}]
["Э",null,"~","Антигриппин порошок для внутр. применения 1,04 г","Бюджет","Нет","пор.",50,2.9,{"v":145,"d":"145.00"}]
["Э",null,"~","Антигриппин порошок для внутр. применения 1,04 г","ОМС","Нет","пор.",8052,2.9,{"v":23350.8,"d":"23,350.80"}]
["Э",null,"~","Антигриппин порошок для внутр. применения 1,04 г","ПЛАТ","Нет","пор.",340,2.9,{"v":986,"d":"986.00"}]
["Э",null,"~","Капли Морозова(сердечное)  капл д/пр внутрь 45 ml","Бюджет","Нет","фл",40,32.18,{"v":1287.2,"d":"1,287.20"}]
["Э",null,"~","Капли Морозова(сердечное)  капл д/пр внутрь 45 ml","ОМС","Нет","фл",1213,32.18,{"v":39034.34,"d":"39,034.34"}]
["Э",null,"~","Капли Морозова(сердечное)  капл д/пр внутрь 45 ml","ПЛАТ","Нет","фл",37,32.18,{"v":1190.66,"d":"1,190.66"}]
["Э",null,"~","Краска ВГД  для измерения внутриглазного давл. 5,04g","ОМС","Нет","фл",608,374.64,{"v":227781.12,"d":"227,781.12"}]
["Э",null,"~","Мазь Анестезиновая 5% мазь д/наружн прим 100g","ОМС","Нет","банка",5,39.56,{"v":197.8,"d":"197.80"}]
["Э",null,"~","Мазь Ксероформная 10%  мазь д/наружн прим 100g","ОМС","Нет","банка",10,96.91,{"v":969.0999999999999,"d":"969.10"}]
["Э",null,"~","Мазь Ланолиновая  мазь д/наружн прим 50g","ПЛАТ","Нет","банка",2,49.37,98.74]
["Э",null,"~","Мазь Стрептоцидовая 10% мазь д/мест и наруж/пр 100g","ОМС","Нет","банка",5,241.88,{"v":1209.4,"d":"1,209.40"}]
["Э",null,"~","Мазь в нос  мазь д/мест и наруж/пр 10g","Бюджет","Нет","банка",5,10.38,{"v":51.900000000000006,"d":"51.90"}]
["Э",null,"~","Мазь в нос  мазь д/мест и наруж/пр 10g","ОМС","Нет","банка",60,10.38,{"v":622.8000000000001,"d":"622.80"}]
["Э",null,"~","Мазь в нос  мазь д/мест и наруж/пр 10g","ПЛАТ","Нет","банка",5,10.38,{"v":51.900000000000006,"d":"51.90"}]
["Э",null,"~","Масло вазелиновое масло для наружн. примненения 100g","ОМС","Нет","фл",66,44.07,{"v":2908.62,"d":"2,908.62"}]
["Э",null,"~","Масло вазелиновое масло для наружн. примненения 100g","ПЛАТ","Нет","фл",20,44.07,{"v":881.4,"d":"881.40"}]
["Э",null,"~","Микстура Кватера  микстура 400mll","Бюджет","Нет","фл",30,28,{"v":840,"d":"840.00"}]
["Э",null,"~","Микстура Кватера  микстура 400mll","ОМС","Нет","фл",2300,28,{"v":64400,"d":"64,400.00"}]
["Э",null,"~","Микстура Кватера  микстура 400mll","ПЛАТ","Нет","фл",120,28,{"v":3360,"d":"3,360.00"}]
["Э",null,"~","Настойка Боярышника (капли) капл д/пр внутрь 25g","ОМС","Нет","фл",30,6.05,{"v":181.5,"d":"181.50"}]
["Э",null,"~","Настойка Боярышника (капли) капл д/пр внутрь 25g","ПЛАТ","Нет","фл",20,6.05,{"v":121,"d":"121.00"}]
["Э",null,"~","Настойка Валерианы (капли) капл д/пр внутрь 25g","ОМС","Нет","фл",107,11.38,{"v":1217.66,"d":"1,217.66"}]
["Э",null,"~","Настойка Валерианы (капли) капл д/пр внутрь 25g","ПЛАТ","Нет","фл",20,11.38,{"v":227.60000000000002,"d":"227.60"}]
["Э",null,"~","Настойка Пустырника (капли) капл д/пр внутрь 25g","ОМС","Нет","фл",102,7.38,752.76]
["Э",null,"~","Настойка Пустырника (капли) капл д/пр внутрь 25g","ПЛАТ","Нет","фл",20,7.38,{"v":147.6,"d":"147.60"}]
["Э",null,"~","Порошок Глюкозы  порошок для внутр. применения 100g","ОМС","Нет","уп.",329,13,{"v":4277,"d":"4,277.00"}]
["Э",null,"~","Р-Р Магния сульфата 3%  раствор для ФТО 200ml","ОМС","Нет","фл",20,1.51,{"v":30.2,"d":"30.20"}]
["Э",null,"~","Р-р Анальгина 2%  раствор для ФТО 200ml","ОМС","Нет","фл",20,11.68,{"v":233.6,"d":"233.60"}]
["Э",null,"~","Р-р Борной кислоты 2%  р-р для наружного применения 400ml","ОМС","Нет","фл",1,3.95,3.95]
["Э",null,"~","Р-р Йода спиртовый 5%  р-р для наружного применения 30ml","Б.Опк","Нет","фл",8,29.3,{"v":234.4,"d":"234.40"}]
["Э",null,"~","Р-р Йода спиртовый 5%  р-р для наружного применения 30ml","Бюджет","Нет","фл",2,29.3,{"$f":"H1347*I1347","v":{"v":58.6,"d":"58.60"}}]
["Э",null,"~","Р-р Йода спиртовый 5%  р-р для наружного применения 30ml","ОМС","Нет","фл",323,29.3,{"v":9463.9,"d":"9,463.90"}]
["Э",null,"~","Р-р Йода спиртовый 5%  р-р для наружного применения 30ml","ПЛАТ","Нет","фл",20,29.3,{"v":586,"d":"586.00"}]
["Э",null,"~","Р-р Калия йодида 3%  раствор для ФТО 100ml","ОМС","Нет","фл",200,24.98,{"v":4996,"d":"4,996.00"}]
["Э",null,"~","Р-р Калия йодида 3%  раствор для ФТО 200ml","ОМС","Нет","фл",30,49.95,{"v":1498.5,"d":"1,498.50"}]
["Э",null,"~","Р-р Калия перманганата 0,05% р-р для наружного применения 20ml","ОМС","Нет","фл",110,0.12,{"v":13.2,"d":"13.20"}]
["Э",null,"~","Р-р Калия перманганата 5%  р-р для наружного применения 50ml","Бюджет","Нет","фл",5,35.52,{"v":177.60000000000002,"d":"177.60"}]
["Э",null,"~","Р-р Калия перманганата 5%  р-р для наружного применения 50ml","ОМС","Нет","фл",180,35.52,{"v":6393.6,"d":"6,393.60"}]
["Э",null,"~","Р-р Калия перманганата 5%  р-р для наружного применения 50ml","ПЛАТ","Нет","фл",5,35.52,{"v":177.60000000000002,"d":"177.60"}]
["Э",null,"~","Р-р Кальция хлорида 2%  раствор для ФТО 200ml","ОМС","Нет","фл",130,2.22,{"v":288.6,"d":"288.60"}]
["Э",null,"~","Р-р Колларгола 2%  р-р для наружного применения 200ml","ОМС","Нет","фл",20,745.92,{"v":14918.4,"d":"14,918.40"}]
["Э",null,"~","Р-р Колларгола 2%  р-р для наружного применения 200ml","ПЛАТ","Нет","фл",12,745.92,{"v":8951.039999999999,"d":"8,951.04"}]
["Э",null,"~","Р-р Левомицетина 0,25%  раствор для ФТО 200ml","ОМС","Нет","фл",50,3.66,{"v":183,"d":"183.00"}]
["Э",null,"~","Р-р Натрия тиосульфата 2%  раствор для ФТО 200ml","ОМС","Нет","фл",20,0.93,{"v":18.6,"d":"18.60"}]
["Э",null,"~","Р-р Натрия хлорида 0,9%  р-р для наружного применения 3 l","Б.Опк","Нет","фл",48,3.6,{"v":172.8,"d":"172.80"}]
["Э",null,"~","Р-р Натрия хлорида 0,9%  р-р для наружного применения 3 l","ОМС","Нет","фл",48,3.6,{"v":172.8,"d":"172.80"}]
["Э",null,"~","Р-р Натрия хлорида 10%  р-р для наружного применения 3 l","ОМС","Нет","фл",30,39.96,{"v":1198.8,"d":"1,198.80"}]
["Э",null,"~","Р-р Новокаина 2%  раствор для ФТО 200ml","ОМС","Нет","фл",80,23.09,{"v":1847.2,"d":"1,847.20"}]
["Э",null,"~","Р-р Перекиси водорода 3%  р-р для наружного применения 200ml","ОМС","Нет","фл",1575,4.8,{"v":7560,"d":"7,560.00"}]
["Э",null,"~","Р-р Перекиси водорода 3%  р-р для наружного применения 200ml","ПЛАТ","Нет","фл",5,4.8,{"v":24,"d":"24.00"}]
["Э",null,"~","Р-р Перекиси водорода 3%  р-р для наружного применения 20ml","ОМС","Нет","фл",1321,0.48,{"v":634.0799999999999,"d":"634.08"}]
["Э",null,"~","Р-р Перекиси водорода 3%  р-р для наружного применения 400ml","Б.Опк","Нет","фл",48,9.54,{"v":457.91999999999996,"d":"457.92"}]
["Э",null,"~","Р-р Перекиси водорода 3%  р-р для наружного применения 400ml","ОМС","Нет","фл",2687,9.54,{"v":25633.979999999996,"d":"25,633.98"}]
["Э",null,"~","Р-р Перекиси водорода 4%  р-р для дезинф 400ml","Б.Опк","Нет","фл",500,12.69,{"v":6345,"d":"6,345.00"}]
["Э",null,"~","Р-р Перекиси водорода 4%  р-р для дезинф 400ml","ОМС","Нет","фл",2396,12.69,{"v":30405.239999999998,"d":"30,405.24"}]
["Э",null,"~","Р-р Перекиси водорода 4%  р-р для дезинф 5 l","ОМС","Нет","канистра",20,158.56,{"v":3171.2,"d":"3,171.20"}]
["Э",null,"~","Р-р Перекиси водорода 6%  р-р для дезинф 200ml","Б.Опк","Нет","фл",800,9.55,{"v":7640.000000000001,"d":"7,640.00"}]
["Э",null,"~","Р-р Перекиси водорода 6%  р-р для дезинф 200ml","ОМС","Нет","фл",1480,9.55,{"v":14134.000000000002,"d":"14,134.00"}]
["Э",null,"~","Р-р Перекиси водорода 6%  р-р для дезинф 400ml","Бюджет","Нет","фл",30,19.09,{"v":572.7,"d":"572.70"}]
["Э",null,"~","Р-р Перекиси водорода 6%  р-р для дезинф 400ml","ОМС","Нет","фл",466,19.09,{"v":8895.94,"d":"8,895.94"}]
["Э",null,"~","Р-р Фурацилина 0,02%  р-р для наружного применения 400ml","ОМС","Нет","фл",9183,0.81,{"v":7438.2300000000005,"d":"7,438.23"}]
["Э",null,"~","Р-р Фурацилина 0,02%  р-р для наружного применения 400ml","ПЛАТ","Нет","фл",6,0.81,4.86]
["Э",null,"~","Р-р Хлоргексидина 0,02% асепт. р-р д/нар и местн прим 200ml","ОМС","Нет","фл",11340,0.52,{"v":5896.8,"d":"5,896.80"}]
["Э",null,"~","Р-р Хлоргексидина 0,25%  р-р для наружного применения 200ml","Бюджет","Нет","фл",21,6.52,136.92]
["Э",null,"~","Р-р Хлоргексидина 0,25%  р-р для наружного применения 200ml","ОМС","Нет","фл",1995,6.52,{"v":13007.4,"d":"13,007.40"}]
["Э",null,"~","Р-р Хлоргексидина 0,25%  р-р для наружного применения 400ml","ОМС","Нет","фл",1764,13.04,{"v":23002.559999999998,"d":"23,002.56"}]
["Э",null,"Борная кислота","Кислота борная порошок для наруж примен(присыпка) 100g","ОМС","Нет","уп",34,79.92,{"v":2717.28,"d":"2,717.28"}]
["Э",null,"Вазелин","Вазелин (мазь) мазь д/наружн прим 30g","ОМС","Нет","банка",188,6.62,{"v":1244.56,"d":"1,244.56"}]
["Э",null,"Вазелин","Вазелин (мазь) мазь д/наружн прим 30g","ПЛАТ","Нет","банка",3,6.62,19.86]
["Э",null,"Глицерол","Глицерин  р-р для наружного применения 50g","ОМС","Нет","фл",88,27.53,{"v":2422.6400000000003,"d":"2,422.64"}]
["Э",null,"Калия хлорид","Р-р Калия хлорида 10%   стер. раствор для в/в  вв 200ml","Бюджет","Нет","фл",370,7.9,{"v":2923,"d":"2,923.00"}]
["Э",null,"Калия хлорид","Р-р Калия хлорида 10%   стер. раствор для в/в  вв 200ml","ОМС","Нет","фл",2260,7.9,{"v":17854,"d":"17,854.00"}]
["Э",null,"Кальция хлорид","Р-р Кальция хлорида 1%  стер. раствор для инъекций 200ml","ОМС","Нет","фл",310,1.12,{"v":347.20000000000005,"d":"347.20"}]
["Э",null,"Ксероформ ","Ксероформ (присыпка) порошок для наруж примен(присыпка) 10g","ОМС","Нет","уп.",75,77.03,{"v":5777.25,"d":"5,777.25"}]
["Э",null,"Мяты перечной листьев масло+Фенобарбитал+Этилбромизовалерианат","Корвалол (капли) капл д/пр внутрь 25g","Б.Опк","Нет","фл",2,33.85,{"v":67.7,"d":"67.70"}]
["Э",null,"Мяты перечной листьев масло+Фенобарбитал+Этилбромизовалерианат","Корвалол (капли) капл д/пр внутрь 25g","Бюджет","Нет","фл",8,33.85,{"v":270.8,"d":"270.80"}]
["Э",null,"Мяты перечной листьев масло+Фенобарбитал+Этилбромизовалерианат","Корвалол (капли) капл д/пр внутрь 25g","ОМС","Нет","фл",132,33.85,{"v":4468.2,"d":"4,468.20"}]
["Э",null,"Мяты перечной листьев масло+Фенобарбитал+Этилбромизовалерианат","Корвалол (капли) капл д/пр внутрь 25g","ПЛАТ","Нет","фл",20,33.85,{"v":677,"d":"677.00"}]
["Э",null,"Натрия гидрокарбонат","Р-р Натрия гидрокарбоната 3% стер. раствор для в/в  вв 150ml","ОМС","Нет","фл",1100,0.94,{"v":1034,"d":"1,034.00"}]
["Э",null,"Натрия хлорид","Р-р Натрия хлорида 0,9%  стер. раствор для инфузий 150ml","ОМС","Нет","фл",400,0.22,{"v":88,"d":"88.00"}]
["Э",null,"Натрия хлорид","Р-р Натрия хлорида 10%  стер. раствор для инъекций 150ml","ОМС","Нет","фл",967,2,{"v":1934,"d":"1,934.00"}]
["Э",null,"Нитрофурал","Р-р Фурацилина 0,02%  изот. стер. р-р для наружного применения 350ml","Бюджет","Нет","фл",50,1.13,{"v":56.49999999999999,"d":"56.50"}]
["Э",null,"Нитрофурал","Р-р Фурацилина 0,02%  изот. стер. р-р для наружного применения 350ml","ОМС","Нет","фл",1830,1.13,{"v":2067.8999999999996,"d":"2,067.90"}]
["Э",null,"Парафин жидкий","Масло вазелиновое  стер. масло для наружн. примненения 5g","ОМС","Нет","фл",8462,2.43,{"v":20562.66,"d":"20,562.66"}]
["Э",null,"Парафин жидкий","Масло вазелиновое  стер. масло для наружн. примненения 5g","ПЛАТ","Нет","фл",20,2.43,{"v":48.6,"d":"48.60"}]
["Э",null,"Тальк","Тальк (присыпка) порошок для наруж примен(присыпка) 100g","ОМС","Нет","уп",6,14.43,86.58]
["Э",null,"Формальдегид","Р-р Формалина 10% р-р для наружного применения 5 l","ОМС","Нет","канистра",125,231.99,{"v":28998.75,"d":"28,998.75"}]
[{"$nulls":9},{"$f":"SUBTOTAL(9,J2:J1403)","v":{"v":140134307.36510995,"d":"140,134,307.37"}},{"$f":"Общий!J1517","v":{"v":141123917.76545998,"d":"141,123,917.77"}}]
[{"$nulls":10},{"$f":"J1404-K1404","v":{"v":-989610.4003500342,"d":"-989,610.40"}}]
[{"$nulls":9},{"$f":"J1404-БЮДЖ!J1489","v":{"v":130316585.99270995,"d":"130,316,585.99"}}]